{"text_format":"3","workbook":"xlsx","n_sheets":11,"sheets":["Rekapitulace stavby","01 - 5.NP - č. 528 - Koup...","02 - 5.NP - č. 529 - Koup...","03 - 5.NP - č. 521a - Kou...","04 - 5.NP - č. 514a - Kou...","05 - 6.NP - č. 628 - Koup...","06 - 6.NP - č. 629 - Koup...","07 - 6.NP - č. 621a - Kou...","08 - 6.NP - č. 614a - Kou...","VRN - Vedlejší rozpočtové...","Pokyny pro vyplnění"],"not_rendered":{"images":1,"defined_names":30},"read":"whole","date_system":"1900"}

{"sheet":"Rekapitulace stavby","index":0,"n_rows":63,"n_cols":91,"rows_kept":63,"merged":[[1,43,1,56],[4,10,4,40],[4,56,31,56],[5,10,5,40],[13,4,13,35],[22,4,22,39],[25,36,25,40],[27,11,27,15],[27,22,27,30],[27,36,27,40],[28,11,28,15],[28,22,28,30],[28,36,28,40],[29,11,29,15],[29,22,29,30],[29,36,29,40],[30,11,30,15],[30,22,30,30],[30,36,30,40],[31,11,31,15],[31,22,31,30],[31,36,31,40],[32,11,32,15],[32,22,32,30],[32,36,32,40],[34,23,34,27],[34,36,34,40],[44,11,44,40],[46,38,46,39],[48,38,48,41],[48,44,50,45],[49,38,49,41],[51,2,51,6],[51,8,51,31],[51,32,51,38],[51,39,51,41],[53,32,53,38],[53,39,53,41],[54,3,54,7],[54,9,54,31],[54,32,54,38],[54,39,54,41],[55,3,55,7],[55,9,55,31],[55,32,55,38],[55,39,55,41],[56,3,56,7],[56,9,56,31],[56,32,56,38],[56,39,56,41],[57,3,57,7],[57,9,57,31],[57,32,57,38],[57,39,57,41],[58,3,58,7],[58,9,58,31],[58,32,58,38],[58,39,58,41],[59,3,59,7],[59,9,59,31],[59,32,59,38],[59,39,59,41],[60,3,60,7],[60,9,60,31],[60,32,60,38],[60,39,60,41],[61,3,61,7],[61,9,61,31],[61,32,61,38],[61,39,61,41],[62,3,62,7],[62,9,62,31],[62,32,62,38],[62,39,62,41]]}
["Export Komplet",{"$nulls":50},"VZ","2.0","ZAMOK",{"$nulls":17},"False","False","{e03e6968-9111-449e-9f3d-c5c71a54fdc7}"]
[{"$nulls":70},"0,01","21"]
[{"$nulls":70},"0,01","12"]
[{"$nulls":3},"REKAPITULACE STAVBY",{"$nulls":40},"v ---  níže se nacházejí doplnkové a pomocné údaje k sestavám  --- v",{"$nulls":11},"Návod na vyplnění",{"$nulls":13},"0,001"]
[{"$nulls":3},"Kód:",{"$nulls":6},"137-1",{"$nulls":45},"Měnit lze pouze buňky se žlutým podbarvením!\r\n\r\n1) v Rekapitulaci stavby vyplňte údaje o Účastníkovi (přenesou se do ostatních sestav i v jiných listech)\r\n\r\n2) na vybraných listech vyplňte v sestavě Soupis prací ceny u položek",{"$nulls":13},"0,01"]
[{"$nulls":3},"Stavba:",{"$nulls":6},"Rekonstrukce hygienických prostor ISŠT, Benešov, Černoleská 1997",{"$nulls":59},"0,01"]
[{"$nulls":3},"KSO:",{"$nulls":6},"801 3",{"$nulls":25},"CC-CZ:",null,null,"1263",{"$nulls":30},"0,01"]
[{"$nulls":3},"Místo:",{"$nulls":6},"Benešov, Černoleská 1997",{"$nulls":25},"Datum:",null,null,"2025-08-11",{"$nulls":30},"0,01"]
[{"$nulls":3},"CZ-CPV:",{"$nulls":6},"45214000-0",{"$nulls":59},"0,01"]
[{"$nulls":3},"Zadavatel:",{"$nulls":32},"IČ:",null,null,"18620442",{"$nulls":30},"0,01"]
[{"$nulls":4},"Integrovaná střední škola technická",{"$nulls":31},"DIČ:",null,null,"",{"$nulls":30},"0,01"]
[{"$nulls":70},"0,01"]
[{"$nulls":3},"Účastník:",{"$nulls":32},"IČ:",null,null,"24832898",{"$nulls":30},"0,01"]
[{"$nulls":4},"OTISTAV s.r.o.",{"$nulls":31},"DIČ:",null,null,"CZ24832898",{"$nulls":30},"0,01"]
[{"$nulls":70},"False"]
[{"$nulls":3},"Projektant:",{"$nulls":32},"IČ:",null,null,"05270235",{"$nulls":30},"False"]
[{"$nulls":4},"Ing. arch. Ondřej Lovíšek",{"$nulls":31},"DIČ:",null,null,"",{"$nulls":30},"True"]
[{"$nulls":70},"0,01"]
[{"$nulls":3},"Zpracovatel:",{"$nulls":32},"IČ:",null,null,"",{"$nulls":30},"0,01"]
[{"$nulls":4}," ",{"$nulls":31},"DIČ:",null,null,"",{"$nulls":30},"False"]
[]
[{"$nulls":3},"Poznámka:"]
[{"$nulls":4},"Soupis prací je sestaven s využitím Cenové soustavy ÚRS. Položky, které pochází z této cenové soustavy, jsou ve sloupci 'Cenová soustava' označeny popisem 'CS ÚRS' a úrovní příslušného kalendářního pololetí. Veškeré další informace vymezující popis a podmínky použití těchto položek z Cenové soustavy, které nejsou uvedeny přímo v soupisu prací, jsou neomezeně dálkově k dispozici na webu podminky.urs.cz."]
[]
[]
[{"$nulls":3},"Cena bez DPH",{"$nulls":32},{"$f":"ROUND(AG54,2)","v":{"v":1388888,"d":"1,388,888.00"}}]
[]
[{"$nulls":11},"Sazba daně",{"$nulls":10},"Základ daně",{"$nulls":13},"Výše daně"]
[{"$nulls":3},"DPH",null,"základní",{"$nulls":5},{"v":0.21,"d":"21.00%"},{"$nulls":10},{"$f":"ROUND(AZ54, 2)","v":{"v":1388888,"d":"1,388,888.00"}},{"$nulls":13},{"$f":"ROUND(AV54, 2)","v":{"v":291666.48,"d":"291,666.48"}}]
[{"$nulls":5},"snížená",{"$nulls":5},{"v":0.12,"d":"12.00%"},{"$nulls":10},{"$f":"ROUND(BA54, 2)","v":{"v":0,"d":"0.00"}},{"$nulls":13},{"$f":"ROUND(AW54, 2)","v":{"v":0,"d":"0.00"}}]
[{"$nulls":5},"zákl. přenesená",{"$nulls":5},{"v":0.21,"d":"21.00%"},{"$nulls":10},{"$f":"ROUND(BB54, 2)","v":{"v":0,"d":"0.00"}},{"$nulls":13},{"v":0,"d":"0.00"}]
[{"$nulls":5},"sníž. přenesená",{"$nulls":5},{"v":0.12,"d":"12.00%"},{"$nulls":10},{"$f":"ROUND(BC54, 2)","v":{"v":0,"d":"0.00"}},{"$nulls":13},{"v":0,"d":"0.00"}]
[{"$nulls":5},"nulová",{"$nulls":5},{"v":0,"d":"0.00%"},{"$nulls":10},{"$f":"ROUND(BD54, 2)","v":{"v":0,"d":"0.00"}},{"$nulls":13},{"v":0,"d":"0.00"}]
[]
[{"$nulls":3},"Cena s DPH",{"$nulls":15},"v",{"$nulls":3},"CZK",{"$nulls":12},{"$f":"SUM(AK26:AK33)","v":{"v":1680554.48,"d":"1,680,554.48"}}]
[]
[]
[]
[]
[]
[]
[null,null,"REKAPITULACE OBJEKTŮ STAVBY A SOUPISŮ PRACÍ"]
[]
[null,null,"Kód:",{"$nulls":8},{"$f":"K5","v":"137-1"}]
[null,null,"Stavba:",{"$nulls":8},{"$f":"K6","v":"Rekonstrukce hygienických prostor ISŠT, Benešov, Černoleská 1997"}]
[]
[null,null,"Místo:",{"$nulls":8},{"$f":"IF(K8=\"\",\"\",K8)","v":"Benešov, Černoleská 1997"},{"$nulls":22},"Datum:",{"$nulls":3},{"$f":"IF(AN8= \"\",\"\",AN8)","v":"2025-08-11"}]
[]
[null,null,"Zadavatel:",{"$nulls":8},{"$f":"IF(E11= \"\",\"\",E11)","v":"Integrovaná střední škola technická"},{"$nulls":22},"Projektant:",{"$nulls":3},{"$f":"IF(E17=\"\",\"\",E17)","v":"Ing. arch. Ondřej Lovíšek"},{"$nulls":5},"Informatívní údaje z listů zakázek"]
[null,null,"Účastník:",{"$nulls":8},{"$f":"IF(E14= \"Vyplň údaj\",\"\",E14)","v":"OTISTAV s.r.o."},{"$nulls":22},"Zpracovatel:",{"$nulls":3},{"$f":"IF(E20=\"\",\"\",E20)","v":" "}]
[]
[null,null,"Kód",{"$nulls":5},"Popis",{"$nulls":23},"Cena bez DPH [CZK]",{"$nulls":6},"Cena s DPH [CZK]",null,null,"Typ",null,"z toho Ostat.\r\nnáklady [CZK]","DPH [CZK]","Normohodiny [h]","DPH základní [CZK]","DPH snížená [CZK]","DPH základní přenesená\r\n[CZK]","DPH snížená přenesená\r\n[CZK]","Základna\r\nDPH základní","Základna\r\nDPH snížená","Základna\r\nDPH zákl. přenesená","Základna\r\nDPH sníž. přenesená","Základna\r\nDPH nulová"]
[]
[null,null,"Náklady stavby celkem",{"$nulls":29},{"$f":"ROUND(SUM(AG55:AG63),2)","v":{"v":1388888,"d":"1,388,888.00"}},{"$nulls":6},{"$f":"SUM(AG54,AT54)","v":{"v":1680554.48,"d":"1,680,554.48"}},null,null,"",null,{"$f":"ROUND(SUM(AS55:AS63),2)","v":{"v":0,"d":"0.00"}},{"$f":"ROUND(SUM(AV54:AW54),2)","v":{"v":291666.48,"d":"291,666.48"}},{"$f":"ROUND(SUM(AU55:AU63),5)","v":{"v":0,"d":"0.00000"}},{"$f":"ROUND(AZ54*L29,2)","v":{"v":291666.48,"d":"291,666.48"}},{"$f":"ROUND(BA54*L30,2)","v":{"v":0,"d":"0.00"}},{"$f":"ROUND(BB54*L29,2)","v":{"v":0,"d":"0.00"}},{"$f":"ROUND(BC54*L30,2)","v":{"v":0,"d":"0.00"}},{"$f":"ROUND(SUM(AZ55:AZ63),2)","v":{"v":1388888,"d":"1,388,888.00"}},{"$f":"ROUND(SUM(BA55:BA63),2)","v":{"v":0,"d":"0.00"}},{"$f":"ROUND(SUM(BB55:BB63),2)","v":{"v":0,"d":"0.00"}},{"$f":"ROUND(SUM(BC55:BC63),2)","v":{"v":0,"d":"0.00"}},{"$f":"ROUND(SUM(BD55:BD63),2)","v":{"v":0,"d":"0.00"}},{"$nulls":14},"D","0","###NOIMPORT###","IMPORT","{e03e6968-9111-449e-9f3d-c5c71a54fdc7}","{00000000-0000-0000-0000-000000000000}",{"$nulls":13},"801 3"]
["/",null,null,"01",{"$nulls":5},"5.NP - č. 528 - Koupelna typ B",{"$nulls":22},{"$f":"'01 - 5.NP - č. 528 - Koup...'!J30","v":{"v":188318.82,"d":"188,318.82"}},{"$nulls":6},{"v":227865.77000000002,"d":"227,865.77"},null,null,"STA",null,{"v":0,"d":"0.00"},{"v":39546.95,"d":"39,546.95"},{"$f":"'01 - 5.NP - č. 528 - Koup...'!P99","v":{"v":0,"d":"0.00000"}},{"$f":"'01 - 5.NP - č. 528 - Koup...'!J33","v":{"v":39546.95,"d":"39,546.95"}},{"$f":"'01 - 5.NP - č. 528 - Koup...'!J34","v":{"v":0,"d":"0.00"}},{"$f":"'01 - 5.NP - č. 528 - Koup...'!J35","v":{"v":0,"d":"0.00"}},{"$f":"'01 - 5.NP - č. 528 - Koup...'!J36","v":{"v":0,"d":"0.00"}},{"$f":"'01 - 5.NP - č. 528 - Koup...'!F33","v":{"v":188318.82,"d":"188,318.82"}},{"$f":"'01 - 5.NP - č. 528 - Koup...'!F34","v":{"v":0,"d":"0.00"}},{"$f":"'01 - 5.NP - č. 528 - Koup...'!F35","v":{"v":0,"d":"0.00"}},{"$f":"'01 - 5.NP - č. 528 - Koup...'!F36","v":{"v":0,"d":"0.00"}},{"$f":"'01 - 5.NP - č. 528 - Koup...'!F37","v":{"v":0,"d":"0.00"}},{"$nulls":15},"1",null,"IMPORT","{30dab0b1-f4c6-41aa-b6a1-3ac70dec7483}","{e03e6968-9111-449e-9f3d-c5c71a54fdc7}",{"$nulls":13},"","2"]
["/",null,null,"02",{"$nulls":5},"5.NP - č. 529 - Koupelna typ B",{"$nulls":22},{"$f":"'02 - 5.NP - č. 529 - Koup...'!J30","v":{"v":188318.82,"d":"188,318.82"}},{"$nulls":6},{"v":227865.77000000002,"d":"227,865.77"},null,null,"STA",null,{"v":0,"d":"0.00"},{"v":39546.95,"d":"39,546.95"},{"$f":"'02 - 5.NP - č. 529 - Koup...'!P99","v":{"v":0,"d":"0.00000"}},{"$f":"'02 - 5.NP - č. 529 - Koup...'!J33","v":{"v":39546.95,"d":"39,546.95"}},{"$f":"'02 - 5.NP - č. 529 - Koup...'!J34","v":{"v":0,"d":"0.00"}},{"$f":"'02 - 5.NP - č. 529 - Koup...'!J35","v":{"v":0,"d":"0.00"}},{"$f":"'02 - 5.NP - č. 529 - Koup...'!J36","v":{"v":0,"d":"0.00"}},{"$f":"'02 - 5.NP - č. 529 - Koup...'!F33","v":{"v":188318.82,"d":"188,318.82"}},{"$f":"'02 - 5.NP - č. 529 - Koup...'!F34","v":{"v":0,"d":"0.00"}},{"$f":"'02 - 5.NP - č. 529 - Koup...'!F35","v":{"v":0,"d":"0.00"}},{"$f":"'02 - 5.NP - č. 529 - Koup...'!F36","v":{"v":0,"d":"0.00"}},{"$f":"'02 - 5.NP - č. 529 - Koup...'!F37","v":{"v":0,"d":"0.00"}},{"$nulls":15},"1",null,"IMPORT","{a462ead7-898b-414a-8348-9338b7a6aeef}","{e03e6968-9111-449e-9f3d-c5c71a54fdc7}",{"$nulls":13},"","2"]
["/",null,null,"03",{"$nulls":5},"5.NP - č. 521a - Koupelna typ A1",{"$nulls":22},{"$f":"'03 - 5.NP - č. 521a - Kou...'!J30","v":{"v":155241.1,"d":"155,241.10"}},{"$nulls":6},{"v":187841.73,"d":"187,841.73"},null,null,"STA",null,{"v":0,"d":"0.00"},{"v":32600.63,"d":"32,600.63"},{"$f":"'03 - 5.NP - č. 521a - Kou...'!P98","v":{"v":0,"d":"0.00000"}},{"$f":"'03 - 5.NP - č. 521a - Kou...'!J33","v":{"v":32600.63,"d":"32,600.63"}},{"$f":"'03 - 5.NP - č. 521a - Kou...'!J34","v":{"v":0,"d":"0.00"}},{"$f":"'03 - 5.NP - č. 521a - Kou...'!J35","v":{"v":0,"d":"0.00"}},{"$f":"'03 - 5.NP - č. 521a - Kou...'!J36","v":{"v":0,"d":"0.00"}},{"$f":"'03 - 5.NP - č. 521a - Kou...'!F33","v":{"v":155241.1,"d":"155,241.10"}},{"$f":"'03 - 5.NP - č. 521a - Kou...'!F34","v":{"v":0,"d":"0.00"}},{"$f":"'03 - 5.NP - č. 521a - Kou...'!F35","v":{"v":0,"d":"0.00"}},{"$f":"'03 - 5.NP - č. 521a - Kou...'!F36","v":{"v":0,"d":"0.00"}},{"$f":"'03 - 5.NP - č. 521a - Kou...'!F37","v":{"v":0,"d":"0.00"}},{"$nulls":15},"1",null,"IMPORT","{96fd7ae7-5d4c-499e-b7e5-1e0ffcac4397}","{e03e6968-9111-449e-9f3d-c5c71a54fdc7}",{"$nulls":13},"","2"]
["/",null,null,"04",{"$nulls":5},"5.NP - č. 514a - Koupelna typ A2",{"$nulls":22},{"$f":"'04 - 5.NP - č. 514a - Kou...'!J30","v":{"v":155502.3,"d":"155,502.30"}},{"$nulls":6},{"v":188157.78,"d":"188,157.78"},null,null,"STA",null,{"v":0,"d":"0.00"},{"v":32655.48,"d":"32,655.48"},{"$f":"'04 - 5.NP - č. 514a - Kou...'!P98","v":{"v":0,"d":"0.00000"}},{"$f":"'04 - 5.NP - č. 514a - Kou...'!J33","v":{"v":32655.48,"d":"32,655.48"}},{"$f":"'04 - 5.NP - č. 514a - Kou...'!J34","v":{"v":0,"d":"0.00"}},{"$f":"'04 - 5.NP - č. 514a - Kou...'!J35","v":{"v":0,"d":"0.00"}},{"$f":"'04 - 5.NP - č. 514a - Kou...'!J36","v":{"v":0,"d":"0.00"}},{"$f":"'04 - 5.NP - č. 514a - Kou...'!F33","v":{"v":155502.3,"d":"155,502.30"}},{"$f":"'04 - 5.NP - č. 514a - Kou...'!F34","v":{"v":0,"d":"0.00"}},{"$f":"'04 - 5.NP - č. 514a - Kou...'!F35","v":{"v":0,"d":"0.00"}},{"$f":"'04 - 5.NP - č. 514a - Kou...'!F36","v":{"v":0,"d":"0.00"}},{"$f":"'04 - 5.NP - č. 514a - Kou...'!F37","v":{"v":0,"d":"0.00"}},{"$nulls":15},"1",null,"IMPORT","{99071232-b184-47cb-97e0-dfd305bef81b}","{e03e6968-9111-449e-9f3d-c5c71a54fdc7}",{"$nulls":13},"","2"]
["/",null,null,"05",{"$nulls":5},"6.NP - č. 628 - Koupelna typ B",{"$nulls":22},{"$f":"'05 - 6.NP - č. 628 - Koup...'!J30","v":{"v":188318.82,"d":"188,318.82"}},{"$nulls":6},{"v":227865.77000000002,"d":"227,865.77"},null,null,"STA",null,{"v":0,"d":"0.00"},{"v":39546.95,"d":"39,546.95"},{"$f":"'05 - 6.NP - č. 628 - Koup...'!P99","v":{"v":0,"d":"0.00000"}},{"$f":"'05 - 6.NP - č. 628 - Koup...'!J33","v":{"v":39546.95,"d":"39,546.95"}},{"$f":"'05 - 6.NP - č. 628 - Koup...'!J34","v":{"v":0,"d":"0.00"}},{"$f":"'05 - 6.NP - č. 628 - Koup...'!J35","v":{"v":0,"d":"0.00"}},{"$f":"'05 - 6.NP - č. 628 - Koup...'!J36","v":{"v":0,"d":"0.00"}},{"$f":"'05 - 6.NP - č. 628 - Koup...'!F33","v":{"v":188318.82,"d":"188,318.82"}},{"$f":"'05 - 6.NP - č. 628 - Koup...'!F34","v":{"v":0,"d":"0.00"}},{"$f":"'05 - 6.NP - č. 628 - Koup...'!F35","v":{"v":0,"d":"0.00"}},{"$f":"'05 - 6.NP - č. 628 - Koup...'!F36","v":{"v":0,"d":"0.00"}},{"$f":"'05 - 6.NP - č. 628 - Koup...'!F37","v":{"v":0,"d":"0.00"}},{"$nulls":15},"1",null,"IMPORT","{dbd4fc0f-fecb-484a-97f6-83eaf7055950}","{e03e6968-9111-449e-9f3d-c5c71a54fdc7}",{"$nulls":13},"","2"]
["/",null,null,"06",{"$nulls":5},"6.NP - č. 629 - Koupelna typ B",{"$nulls":22},{"$f":"'06 - 6.NP - č. 629 - Koup...'!J30","v":{"v":188318.82,"d":"188,318.82"}},{"$nulls":6},{"v":227865.77000000002,"d":"227,865.77"},null,null,"STA",null,{"v":0,"d":"0.00"},{"v":39546.95,"d":"39,546.95"},{"$f":"'06 - 6.NP - č. 629 - Koup...'!P99","v":{"v":0,"d":"0.00000"}},{"$f":"'06 - 6.NP - č. 629 - Koup...'!J33","v":{"v":39546.95,"d":"39,546.95"}},{"$f":"'06 - 6.NP - č. 629 - Koup...'!J34","v":{"v":0,"d":"0.00"}},{"$f":"'06 - 6.NP - č. 629 - Koup...'!J35","v":{"v":0,"d":"0.00"}},{"$f":"'06 - 6.NP - č. 629 - Koup...'!J36","v":{"v":0,"d":"0.00"}},{"$f":"'06 - 6.NP - č. 629 - Koup...'!F33","v":{"v":188318.82,"d":"188,318.82"}},{"$f":"'06 - 6.NP - č. 629 - Koup...'!F34","v":{"v":0,"d":"0.00"}},{"$f":"'06 - 6.NP - č. 629 - Koup...'!F35","v":{"v":0,"d":"0.00"}},{"$f":"'06 - 6.NP - č. 629 - Koup...'!F36","v":{"v":0,"d":"0.00"}},{"$f":"'06 - 6.NP - č. 629 - Koup...'!F37","v":{"v":0,"d":"0.00"}},{"$nulls":15},"1",null,"IMPORT","{8c8092fd-35d6-4c98-8501-18b16538dec8}","{e03e6968-9111-449e-9f3d-c5c71a54fdc7}",{"$nulls":13},"","2"]
["/",null,null,"07",{"$nulls":5},"6.NP - č. 621a - Koupelna typ A1",{"$nulls":22},{"$f":"'07 - 6.NP - č. 621a - Kou...'!J30","v":{"v":155241.1,"d":"155,241.10"}},{"$nulls":6},{"v":187841.73,"d":"187,841.73"},null,null,"STA",null,{"v":0,"d":"0.00"},{"v":32600.63,"d":"32,600.63"},{"$f":"'07 - 6.NP - č. 621a - Kou...'!P98","v":{"v":0,"d":"0.00000"}},{"$f":"'07 - 6.NP - č. 621a - Kou...'!J33","v":{"v":32600.63,"d":"32,600.63"}},{"$f":"'07 - 6.NP - č. 621a - Kou...'!J34","v":{"v":0,"d":"0.00"}},{"$f":"'07 - 6.NP - č. 621a - Kou...'!J35","v":{"v":0,"d":"0.00"}},{"$f":"'07 - 6.NP - č. 621a - Kou...'!J36","v":{"v":0,"d":"0.00"}},{"$f":"'07 - 6.NP - č. 621a - Kou...'!F33","v":{"v":155241.1,"d":"155,241.10"}},{"$f":"'07 - 6.NP - č. 621a - Kou...'!F34","v":{"v":0,"d":"0.00"}},{"$f":"'07 - 6.NP - č. 621a - Kou...'!F35","v":{"v":0,"d":"0.00"}},{"$f":"'07 - 6.NP - č. 621a - Kou...'!F36","v":{"v":0,"d":"0.00"}},{"$f":"'07 - 6.NP - č. 621a - Kou...'!F37","v":{"v":0,"d":"0.00"}},{"$nulls":15},"1",null,"IMPORT","{7e72d039-acc5-4cc8-99d2-231fd996fe30}","{e03e6968-9111-449e-9f3d-c5c71a54fdc7}",{"$nulls":13},"","2"]
["/",null,null,"08",{"$nulls":5},"6.NP - č. 614a - Koupelna typ A2",{"$nulls":22},{"$f":"'08 - 6.NP - č. 614a - Kou...'!J30","v":{"v":155502.3,"d":"155,502.30"}},{"$nulls":6},{"v":188157.78,"d":"188,157.78"},null,null,"STA",null,{"v":0,"d":"0.00"},{"v":32655.48,"d":"32,655.48"},{"$f":"'08 - 6.NP - č. 614a - Kou...'!P98","v":{"v":0,"d":"0.00000"}},{"$f":"'08 - 6.NP - č. 614a - Kou...'!J33","v":{"v":32655.48,"d":"32,655.48"}},{"$f":"'08 - 6.NP - č. 614a - Kou...'!J34","v":{"v":0,"d":"0.00"}},{"$f":"'08 - 6.NP - č. 614a - Kou...'!J35","v":{"v":0,"d":"0.00"}},{"$f":"'08 - 6.NP - č. 614a - Kou...'!J36","v":{"v":0,"d":"0.00"}},{"$f":"'08 - 6.NP - č. 614a - Kou...'!F33","v":{"v":155502.3,"d":"155,502.30"}},{"$f":"'08 - 6.NP - č. 614a - Kou...'!F34","v":{"v":0,"d":"0.00"}},{"$f":"'08 - 6.NP - č. 614a - Kou...'!F35","v":{"v":0,"d":"0.00"}},{"$f":"'08 - 6.NP - č. 614a - Kou...'!F36","v":{"v":0,"d":"0.00"}},{"$f":"'08 - 6.NP - č. 614a - Kou...'!F37","v":{"v":0,"d":"0.00"}},{"$nulls":15},"1",null,"IMPORT","{1b9f5fea-0f32-43d9-b457-164c5e520301}","{e03e6968-9111-449e-9f3d-c5c71a54fdc7}",{"$nulls":13},"","2"]
["/",null,null,"VRN",{"$nulls":5},"Vedlejší rozpočtové náklady",{"$nulls":22},{"$f":"'VRN - Vedlejší rozpočtové...'!J30","v":{"v":14125.92,"d":"14,125.92"}},{"$nulls":6},{"v":17092.36,"d":"17,092.36"},null,null,"STA",null,{"v":0,"d":"0.00"},{"v":2966.44,"d":"2,966.44"},{"$f":"'VRN - Vedlejší rozpočtové...'!P82","v":{"v":0,"d":"0.00000"}},{"$f":"'VRN - Vedlejší rozpočtové...'!J33","v":{"v":2966.44,"d":"2,966.44"}},{"$f":"'VRN - Vedlejší rozpočtové...'!J34","v":{"v":0,"d":"0.00"}},{"$f":"'VRN - Vedlejší rozpočtové...'!J35","v":{"v":0,"d":"0.00"}},{"$f":"'VRN - Vedlejší rozpočtové...'!J36","v":{"v":0,"d":"0.00"}},{"$f":"'VRN - Vedlejší rozpočtové...'!F33","v":{"v":14125.92,"d":"14,125.92"}},{"$f":"'VRN - Vedlejší rozpočtové...'!F34","v":{"v":0,"d":"0.00"}},{"$f":"'VRN - Vedlejší rozpočtové...'!F35","v":{"v":0,"d":"0.00"}},{"$f":"'VRN - Vedlejší rozpočtové...'!F36","v":{"v":0,"d":"0.00"}},{"$f":"'VRN - Vedlejší rozpočtové...'!F37","v":{"v":0,"d":"0.00"}},{"$nulls":15},"1",null,"IMPORT","{bc929385-14e1-4e65-b0e6-897c3f94e34e}","{e03e6968-9111-449e-9f3d-c5c71a54fdc7}",{"$nulls":13},"","2"]

{"sheet":"01 - 5.NP - č. 528 - Koup...","index":1,"n_rows":577,"n_cols":65,"rows_kept":577,"merged":[[1,11,1,21],[6,4,6,7],[8,4,8,7],[17,4,17,7],[26,4,26,7],[47,4,47,7],[49,4,49,7],[88,4,88,7],[90,4,90,7]]}
[]
[{"$nulls":45},"{30dab0b1-f4c6-41aa-b6a1-3ac70dec7483}"]
[{"$nulls":45},"2"]
[{"$nulls":3},"KRYCÍ LIST SOUPISU PRACÍ",{"$nulls":8},"v ---  níže se nacházejí doplnkové a pomocné údaje k sestavám  --- v",{"$nulls":32},"False"]
[]
[{"$nulls":3},"Stavba:"]
[{"$nulls":4},{"$f":"'Rekapitulace stavby'!K6","v":"Rekonstrukce hygienických prostor ISŠT, Benešov, Černoleská 1997"}]
[{"$nulls":3},"Objekt:"]
[{"$nulls":4},"01 - 5.NP - č. 528 - Koupelna typ B"]
[]
[{"$nulls":3},"KSO:",null,"",null,null,"CC-CZ:",""]
[{"$nulls":3},"Místo:",null,"Benešov, Černoleská 1997",null,null,"Datum:",{"$f":"'Rekapitulace stavby'!AN8","v":"2025-08-11"}]
[]
[{"$nulls":3},"Zadavatel:",{"$nulls":4},"IČ:","18620442"]
[{"$nulls":4},"Integrovaná střední škola technická",{"$nulls":3},"DIČ:",""]
[]
[{"$nulls":3},"Účastník:",{"$nulls":4},"IČ:",{"$f":"'Rekapitulace stavby'!AN13","v":"24832898"}]
[{"$nulls":4},{"$f":"'Rekapitulace stavby'!E14","v":"OTISTAV s.r.o."},{"$nulls":3},"DIČ:",{"$f":"'Rekapitulace stavby'!AN14","v":"CZ24832898"}]
[]
[{"$nulls":3},"Projektant:",{"$nulls":4},"IČ:",""]
[{"$nulls":4},"Ing. arch. Ondřej Lovíšek",{"$nulls":3},"DIČ:",""]
[]
[{"$nulls":3},"Zpracovatel:",{"$nulls":4},"IČ:",{"$f":"IF('Rekapitulace stavby'!AN19=\"\",\"\",'Rekapitulace stavby'!AN19)","v":""}]
[{"$nulls":4},{"$f":"IF('Rekapitulace stavby'!E20=\"\",\"\",'Rekapitulace stavby'!E20)","v":" "},{"$nulls":3},"DIČ:",{"$f":"IF('Rekapitulace stavby'!AN20=\"\",\"\",'Rekapitulace stavby'!AN20)","v":""}]
[]
[{"$nulls":3},"Poznámka:"]
[{"$nulls":4},""]
[]
[]
[{"$nulls":3},"Cena bez DPH",{"$nulls":5},{"$f":"ROUND(J99, 2)","v":{"v":188318.82,"d":"188,318.82"}}]
[]
[{"$nulls":5},"Základ daně",null,null,"Sazba daně","Výše daně"]
[{"$nulls":3},"DPH","základní",{"$f":"ROUND((SUM(BE99:BE577)),  2)","v":{"v":188318.82,"d":"188,318.82"}},null,null,{"v":0.21,"d":"21.00%"},{"$f":"ROUND(((SUM(BE99:BE577))*I33),  2)","v":{"v":39546.95,"d":"39,546.95"}}]
[{"$nulls":4},"snížená",{"$f":"ROUND((SUM(BF99:BF577)),  2)","v":{"v":0,"d":"0.00"}},null,null,{"v":0.12,"d":"12.00%"},{"$f":"ROUND(((SUM(BF99:BF577))*I34),  2)","v":{"v":0,"d":"0.00"}}]
[{"$nulls":4},"zákl. přenesená",{"$f":"ROUND((SUM(BG99:BG577)),  2)","v":{"v":0,"d":"0.00"}},null,null,{"v":0.21,"d":"21.00%"},{"$f":"0","v":{"v":0,"d":"0.00"}}]
[{"$nulls":4},"sníž. přenesená",{"$f":"ROUND((SUM(BH99:BH577)),  2)","v":{"v":0,"d":"0.00"}},null,null,{"v":0.12,"d":"12.00%"},{"$f":"0","v":{"v":0,"d":"0.00"}}]
[{"$nulls":4},"nulová",{"$f":"ROUND((SUM(BI99:BI577)),  2)","v":{"v":0,"d":"0.00"}},null,null,{"v":0,"d":"0.00%"},{"$f":"0","v":{"v":0,"d":"0.00"}}]
[]
[{"$nulls":3},"Cena s DPH",null,null,"v","CZK",null,{"$f":"SUM(J30:J37)","v":{"v":227865.77000000002,"d":"227,865.77"}}]
[]
[]
[]
[]
[]
[null,null,"REKAPITULACE ČLENĚNÍ SOUPISU PRACÍ"]
[]
[null,null,"Stavba:"]
[{"$nulls":4},{"$f":"E7","v":"Rekonstrukce hygienických prostor ISŠT, Benešov, Černoleská 1997"}]
[null,null,"Objekt:"]
[{"$nulls":4},{"$f":"E9","v":"01 - 5.NP - č. 528 - Koupelna typ B"}]
[]
[null,null,"Místo:",null,null,{"$f":"F12","v":"Benešov, Černoleská 1997"},null,null,"Datum:",{"$f":"IF(J12=\"\",\"\",J12)","v":"2025-08-11"}]
[]
[null,null,"Zadavatel:",null,null,{"$f":"E15","v":"Integrovaná střední škola technická"},null,null,"Projektant:",{"$f":"E21","v":"Ing. arch. Ondřej Lovíšek"}]
[null,null,"Účastník:",null,null,{"$f":"IF(E18=\"\",\"\",E18)","v":"OTISTAV s.r.o."},null,null,"Zpracovatel:",{"$f":"E24","v":" "}]
[]
[null,null,"Kód dílu - Popis",{"$nulls":6},"Cena celkem [CZK]"]
[]
[null,null,"Náklady stavby celkem",{"$nulls":6},{"$f":"J99","v":{"v":188318.82,"d":"188,318.82"}},{"$nulls":36},"-1"]
[{"$nulls":3},"HSV - Práce a dodávky HSV",{"$nulls":5},{"$f":"J100","v":{"v":64595.37000000001,"d":"64,595.37"}}]
[{"$nulls":3},"    6 - Úpravy povrchů, podlahy a osazování výplní",{"$nulls":5},{"$f":"J101","v":{"v":38726.520000000004,"d":"38,726.52"}}]
[{"$nulls":3},"    9 - Ostatní konstrukce a práce, bourání",{"$nulls":5},{"$f":"J158","v":{"v":15672.980000000001,"d":"15,672.98"}}]
[{"$nulls":3},"    997 - Přesun sutě",{"$nulls":5},{"$f":"J216","v":{"v":6673.009999999999,"d":"6,673.01"}}]
[{"$nulls":3},"    998 - Přesun hmot",{"$nulls":5},{"$f":"J228","v":{"v":3522.86,"d":"3,522.86"}}]
[{"$nulls":3},"PSV - Práce a dodávky PSV",{"$nulls":5},{"$f":"J231","v":{"v":120662.83,"d":"120,662.83"}}]
[{"$nulls":3},"    721 - Zdravotechnika - vnitřní kanalizace",{"$nulls":5},{"$f":"J232","v":{"v":6827.78,"d":"6,827.78"}}]
[{"$nulls":3},"    722 - Zdravotechnika - vnitřní vodovod",{"$nulls":5},{"$f":"J257","v":{"v":7628.460000000001,"d":"7,628.46"}}]
[{"$nulls":3},"    725 - Zdravotechnika - zařizovací předměty",{"$nulls":5},{"$f":"J273","v":{"v":34615.7,"d":"34,615.70"}}]
[{"$nulls":3},"    741 - Elektroinstalace - silnoproud",{"$nulls":5},{"$f":"J314","v":{"v":6690.61,"d":"6,690.61"}}]
[{"$nulls":3},"    751 - Vzduchotechnika",{"$nulls":5},{"$f":"J366","v":{"v":1391.25,"d":"1,391.25"}}]
[{"$nulls":3},"    763 - Konstrukce suché výstavby",{"$nulls":5},{"$f":"J383","v":{"v":1486.28,"d":"1,486.28"}}]
[{"$nulls":3},"    766 - Konstrukce truhlářské",{"$nulls":5},{"$f":"J390","v":{"v":12137.230000000001,"d":"12,137.23"}}]
[{"$nulls":3},"    767 - Konstrukce zámečnické",{"$nulls":5},{"$f":"J437","v":{"v":1144.53,"d":"1,144.53"}}]
[{"$nulls":3},"    771 - Podlahy z dlaždic",{"$nulls":5},{"$f":"J451","v":{"v":13658.140000000001,"d":"13,658.14"}}]
[{"$nulls":3},"    781 - Dokončovací práce - obklady",{"$nulls":5},{"$f":"J505","v":{"v":31430.96,"d":"31,430.96"}}]
[{"$nulls":3},"    783 - Dokončovací práce - nátěry",{"$nulls":5},{"$f":"J542","v":{"v":1827.94,"d":"1,827.94"}}]
[{"$nulls":3},"    784 - Dokončovací práce - malby a tapety",{"$nulls":5},{"$f":"J559","v":{"v":1823.95,"d":"1,823.95"}}]
[{"$nulls":3},"VRN - Vedlejší rozpočtové náklady",{"$nulls":5},{"$f":"J574","v":{"v":3060.62,"d":"3,060.62"}}]
[{"$nulls":3},"    VRN4 - Inženýrská činnost",{"$nulls":5},{"$f":"J575","v":{"v":3060.62,"d":"3,060.62"}}]
[]
[]
[]
[]
[]
[]
[null,null,"SOUPIS PRACÍ"]
[]
[null,null,"Stavba:"]
[{"$nulls":4},{"$f":"E7","v":"Rekonstrukce hygienických prostor ISŠT, Benešov, Černoleská 1997"}]
[null,null,"Objekt:"]
[{"$nulls":4},{"$f":"E9","v":"01 - 5.NP - č. 528 - Koupelna typ B"}]
[]
[null,null,"Místo:",null,null,{"$f":"F12","v":"Benešov, Černoleská 1997"},null,null,"Datum:",{"$f":"IF(J12=\"\",\"\",J12)","v":"2025-08-11"}]
[]
[null,null,"Zadavatel:",null,null,{"$f":"E15","v":"Integrovaná střední škola technická"},null,null,"Projektant:",{"$f":"E21","v":"Ing. arch. Ondřej Lovíšek"}]
[null,null,"Účastník:",null,null,{"$f":"IF(E18=\"\",\"\",E18)","v":"OTISTAV s.r.o."},null,null,"Zpracovatel:",{"$f":"E24","v":" "}]
[]
[null,null,"PČ","Typ","Kód","Popis","MJ","Množství","J.cena [CZK]","Cena celkem [CZK]","Cenová soustava",null,"","DPH","J. Nh [h]","Nh celkem [h]","J. hmotnost [t]","Hmotnost celkem [t]","J. suť [t]","Suť Celkem [t]"]
[null,null,"Náklady soupisu celkem",{"$nulls":6},{"$f":"BK99","v":{"v":188318.82,"d":"188,318.82"}},{"$nulls":5},{"$f":"P100+P231+P574","v":{"v":0,"d":"0.00000"}},null,{"$f":"R100+R231+R574","v":{"v":3.5393803351999997,"d":"3.53938"}},null,{"$f":"T100+T231+T574","v":{"v":2.5308450000000002,"d":"2.53085"}},{"$nulls":25},"D","-1",{"$nulls":15},{"$f":"BK100+BK231+BK574","v":{"v":188318.82,"d":"188,318.82"}}]
[{"$nulls":3},"D","HSV","Práce a dodávky HSV",{"$nulls":3},{"$f":"BK100","v":{"v":64595.37000000001,"d":"64,595.37"}},{"$nulls":5},{"$f":"P101+P158+P216+P228","v":{"v":0,"d":"0.00000"}},null,{"$f":"R101+R158+R216+R228","v":{"v":2.77128593,"d":"2.77129"}},null,{"$f":"T101+T158+T216+T228","v":{"v":2.4029550000000004,"d":"2.40296"}},{"$nulls":23},"1",null,"D","0",{"$nulls":3},"ROZPOCET",{"$nulls":11},{"$f":"BK101+BK158+BK216+BK228","v":{"v":64595.37000000001,"d":"64,595.37"}}]
[{"$nulls":3},"D","6","Úpravy povrchů, podlahy a osazování výplní",{"$nulls":3},{"$f":"BK101","v":{"v":38726.520000000004,"d":"38,726.52"}},{"$nulls":5},{"$f":"SUM(P102:P157)","v":{"v":0,"d":"0.00000"}},null,{"$f":"SUM(R102:R157)","v":{"v":2.77083692,"d":"2.77084"}},null,{"$f":"SUM(T102:T157)","v":{"v":0,"d":"0.00000"}},{"$nulls":23},"1",null,"D","1",{"$nulls":3},"ROZPOCET",{"$nulls":11},{"$f":"SUM(BK102:BK157)","v":{"v":38726.520000000004,"d":"38,726.52"}}]
[null,null,"1","K","612135101","Hrubá výplň rýh maltou jakékoli šířky rýhy ve stěnách","m2",{"v":3,"d":"3.000"},{"v":706.3,"d":"706.30"},{"$f":"ROUND(I102*H102,2)","v":{"v":2118.9,"d":"2,118.90"}},"CS ÚRS 2025 01",null,"","základní",null,{"$f":"O102*H102","v":{"v":0,"d":"0.00000"}},{"v":0.056,"d":"0.05600"},{"$f":"Q102*H102","v":{"v":0.168,"d":"0.16800"}},{"v":0,"d":"0.00000"},{"$f":"S102*H102","v":{"v":0,"d":"0.00000"}},{"$nulls":23},"4",null,"K","2",{"$nulls":3},"ROZPOCET",{"$nulls":5},{"$f":"IF(N102=\"základní\",J102,0)","v":{"v":2118.9,"d":"2,118.90"}},{"$f":"IF(N102=\"snížená\",J102,0)","v":{"v":0,"d":"0.00"}},{"$f":"IF(N102=\"zákl. přenesená\",J102,0)","v":{"v":0,"d":"0.00"}},{"$f":"IF(N102=\"sníž. přenesená\",J102,0)","v":{"v":0,"d":"0.00"}},{"$f":"IF(N102=\"nulová\",J102,0)","v":{"v":0,"d":"0.00"}},"1",{"$f":"ROUND(I102*H102,2)","v":{"v":2118.9,"d":"2,118.90"}},"4","-1289229463"]
[{"$nulls":3},"Online PSC",null,"https://podminky.urs.cz/item/CS_URS_2025_01/612135101",{"$nulls":39},"Online PSC","2"]
[{"$nulls":3},"VV","","\"zapravení rýh ve zdivu po rozvodech vody, kanalizace\"",null,"",{"$nulls":37},"VV","2","1","True","0","ROZPOCET"]
[{"$nulls":3},"VV","","10*0,3",null,{"v":3,"d":"3.000"},{"$nulls":37},"VV","2","2","True","1","ROZPOCET"]
[null,null,"2","K","611142001","Pletivo vnitřních ploch v ploše nebo pruzích, na plném podkladu sklovláknité vtlačené do tmelu včetně tmelu stropů","m2",3.377,291.94,{"$f":"ROUND(I106*H106,2)","v":985.88},"CS ÚRS 2025 01",null,"","základní",null,{"$f":"O106*H106","v":{"v":0,"d":"0.00000"}},0.00438,{"$f":"Q106*H106","v":{"v":0.01479126,"d":"0.01479"}},{"v":0,"d":"0.00000"},{"$f":"S106*H106","v":{"v":0,"d":"0.00000"}},{"$nulls":23},"4",null,"K","2",{"$nulls":3},"ROZPOCET",{"$nulls":5},{"$f":"IF(N106=\"základní\",J106,0)","v":985.88},{"$f":"IF(N106=\"snížená\",J106,0)","v":{"v":0,"d":"0.00"}},{"$f":"IF(N106=\"zákl. přenesená\",J106,0)","v":{"v":0,"d":"0.00"}},{"$f":"IF(N106=\"sníž. přenesená\",J106,0)","v":{"v":0,"d":"0.00"}},{"$f":"IF(N106=\"nulová\",J106,0)","v":{"v":0,"d":"0.00"}},"1",{"$f":"ROUND(I106*H106,2)","v":985.88},"4","1575989164"]
[{"$nulls":3},"Online PSC",null,"https://podminky.urs.cz/item/CS_URS_2025_01/611142001",{"$nulls":39},"Online PSC","2"]
[{"$nulls":3},"VV","","\"prostor umyvadel\"",null,"",{"$nulls":37},"VV","2","1","True","0","ROZPOCET"]
[{"$nulls":3},"VV","","1,42*0,82",null,1.164,{"$nulls":37},"VV","2","2","True","0","ROZPOCET"]
[{"$nulls":3},"VV","","\"sprcha\"",null,"",{"$nulls":37},"VV","2","1","True","0","ROZPOCET"]
[{"$nulls":3},"VV","","1,42*0,9",null,1.278,{"$nulls":37},"VV","2","2","True","0","ROZPOCET"]
[{"$nulls":3},"VV","","\"WC\"",null,"",{"$nulls":37},"VV","2","1","True","0","ROZPOCET"]
[{"$nulls":3},"VV","","0,82*1,14",null,0.935,{"$nulls":37},"VV","2","2","True","0","ROZPOCET"]
[{"$nulls":3},"VV","","Součet",null,3.377,{"$nulls":37},"VV","2","4","True","1","ROZPOCET"]
[null,null,"3","K","611131121","Podkladní a spojovací vrstva vnitřních omítaných ploch penetrace disperzní nanášená ručně stropů","m2",3.377,55.56,{"$f":"ROUND(I115*H115,2)","v":187.63},"CS ÚRS 2025 01",null,"","základní",null,{"$f":"O115*H115","v":{"v":0,"d":"0.00000"}},0.00026,{"$f":"Q115*H115","v":{"v":8.7801999999999986E-4,"d":"0.00088"}},{"v":0,"d":"0.00000"},{"$f":"S115*H115","v":{"v":0,"d":"0.00000"}},{"$nulls":23},"4",null,"K","2",{"$nulls":3},"ROZPOCET",{"$nulls":5},{"$f":"IF(N115=\"základní\",J115,0)","v":187.63},{"$f":"IF(N115=\"snížená\",J115,0)","v":{"v":0,"d":"0.00"}},{"$f":"IF(N115=\"zákl. přenesená\",J115,0)","v":{"v":0,"d":"0.00"}},{"$f":"IF(N115=\"sníž. přenesená\",J115,0)","v":{"v":0,"d":"0.00"}},{"$f":"IF(N115=\"nulová\",J115,0)","v":{"v":0,"d":"0.00"}},"1",{"$f":"ROUND(I115*H115,2)","v":187.63},"4","-58793847"]
[{"$nulls":3},"Online PSC",null,"https://podminky.urs.cz/item/CS_URS_2025_01/611131121",{"$nulls":39},"Online PSC","2"]
[null,null,"4","K","611321141","Omítka vápenocementová vnitřních ploch nanášená ručně dvouvrstvá, tloušťky jádrové omítky do 10 mm a tloušťky štuku do 3 mm štuková vodorovných konstrukcí stropů rovných","m2",3.377,602.71,{"$f":"ROUND(I117*H117,2)","v":{"v":2035.35,"d":"2,035.35"}},"CS ÚRS 2025 01",null,"","základní",null,{"$f":"O117*H117","v":{"v":0,"d":"0.00000"}},0.01838,{"$f":"Q117*H117","v":{"v":0.06206926,"d":"0.06207"}},{"v":0,"d":"0.00000"},{"$f":"S117*H117","v":{"v":0,"d":"0.00000"}},{"$nulls":23},"4",null,"K","2",{"$nulls":3},"ROZPOCET",{"$nulls":5},{"$f":"IF(N117=\"základní\",J117,0)","v":{"v":2035.35,"d":"2,035.35"}},{"$f":"IF(N117=\"snížená\",J117,0)","v":{"v":0,"d":"0.00"}},{"$f":"IF(N117=\"zákl. přenesená\",J117,0)","v":{"v":0,"d":"0.00"}},{"$f":"IF(N117=\"sníž. přenesená\",J117,0)","v":{"v":0,"d":"0.00"}},{"$f":"IF(N117=\"nulová\",J117,0)","v":{"v":0,"d":"0.00"}},"1",{"$f":"ROUND(I117*H117,2)","v":{"v":2035.35,"d":"2,035.35"}},"4","1864216325"]
[{"$nulls":3},"Online PSC",null,"https://podminky.urs.cz/item/CS_URS_2025_01/611321141",{"$nulls":39},"Online PSC","2"]
[null,null,"5","K","612135001","Vyrovnání podkladu vnitřních stěn maltou vápenocementovou tl do 10 mm","m2",26.715,{"v":273.1,"d":"273.10"},{"$f":"ROUND(I119*H119,2)","v":{"v":7295.87,"d":"7,295.87"}},"CS ÚRS 2025 01",null,"","základní",null,{"$f":"O119*H119","v":{"v":0,"d":"0.00000"}},0.02048,{"$f":"Q119*H119","v":{"v":0.5471232,"d":"0.54712"}},{"v":0,"d":"0.00000"},{"$f":"S119*H119","v":{"v":0,"d":"0.00000"}},{"$nulls":23},"4",null,"K","2",{"$nulls":3},"ROZPOCET",{"$nulls":5},{"$f":"IF(N119=\"základní\",J119,0)","v":{"v":7295.87,"d":"7,295.87"}},{"$f":"IF(N119=\"snížená\",J119,0)","v":{"v":0,"d":"0.00"}},{"$f":"IF(N119=\"zákl. přenesená\",J119,0)","v":{"v":0,"d":"0.00"}},{"$f":"IF(N119=\"sníž. přenesená\",J119,0)","v":{"v":0,"d":"0.00"}},{"$f":"IF(N119=\"nulová\",J119,0)","v":{"v":0,"d":"0.00"}},"1",{"$f":"ROUND(I119*H119,2)","v":{"v":7295.87,"d":"7,295.87"}},"4","-558823241"]
[{"$nulls":3},"Online PSC",null,"https://podminky.urs.cz/item/CS_URS_2025_01/612135001",{"$nulls":39},"Online PSC","2"]
[{"$nulls":3},"VV","","\"místy nutné vyrovnání stěn až 5cm, vyrovnání v celé ploše i v místech obkladů\"",null,"",{"$nulls":37},"VV","2","1","True","0","ROZPOCET"]
[{"$nulls":3},"VV","","\"prostor umyvadel\"",null,"",{"$nulls":37},"VV","2","1","True","0","ROZPOCET"]
[{"$nulls":3},"VV","","(1,42+0,82*2)*2,54",null,7.772,{"$nulls":37},"VV","2","2","True","0","ROZPOCET"]
[{"$nulls":3},"VV","","\"sprcha\"",null,"",{"$nulls":37},"VV","2","1","True","0","ROZPOCET"]
[{"$nulls":3},"VV","","(1,42*2+0,9*2)*2,54-(0,7*2)",null,10.386,{"$nulls":37},"VV","2","2","True","0","ROZPOCET"]
[{"$nulls":3},"VV","","\"WC\"",null,"",{"$nulls":37},"VV","2","1","True","0","ROZPOCET"]
[{"$nulls":3},"VV","","(0,82*2+1,14*2)*2,54-(0,7*2)",null,8.557,{"$nulls":37},"VV","2","2","True","0","ROZPOCET"]
[{"$nulls":3},"VV","","Součet",null,26.715,{"$nulls":37},"VV","2","4","True","1","ROZPOCET"]
[null,null,"6","K","612135091","Vyrovnání nerovností podkladu vnitřních omítaných ploch Příplatek k ceně za každých dalších 5 mm tloušťky podkladní vrstvy přes 10 mm maltou vápenocementovou stěn","m2",213.718,55.56,{"$f":"ROUND(I129*H129,2)","v":{"v":11874.17,"d":"11,874.17"}},"CS ÚRS 2025 01",null,"","základní",null,{"$f":"O129*H129","v":{"v":0,"d":"0.00000"}},{"v":0.0079,"d":"0.00790"},{"$f":"Q129*H129","v":{"v":1.6883722,"d":"1.68837"}},{"v":0,"d":"0.00000"},{"$f":"S129*H129","v":{"v":0,"d":"0.00000"}},{"$nulls":23},"4",null,"K","2",{"$nulls":3},"ROZPOCET",{"$nulls":5},{"$f":"IF(N129=\"základní\",J129,0)","v":{"v":11874.17,"d":"11,874.17"}},{"$f":"IF(N129=\"snížená\",J129,0)","v":{"v":0,"d":"0.00"}},{"$f":"IF(N129=\"zákl. přenesená\",J129,0)","v":{"v":0,"d":"0.00"}},{"$f":"IF(N129=\"sníž. přenesená\",J129,0)","v":{"v":0,"d":"0.00"}},{"$f":"IF(N129=\"nulová\",J129,0)","v":{"v":0,"d":"0.00"}},"1",{"$f":"ROUND(I129*H129,2)","v":{"v":11874.17,"d":"11,874.17"}},"4","2051524646"]
[{"$nulls":3},"Online PSC",null,"https://podminky.urs.cz/item/CS_URS_2025_01/612135091",{"$nulls":39},"Online PSC","2"]
[{"$nulls":3},"VV","","\"místy nutné vyrovnání stěn až 5cm, vyrovnání v celé ploše i v místech obkladů\"",null,"",{"$nulls":37},"VV","2","1","True","0","ROZPOCET"]
[{"$nulls":3},"VV","","\"prostor umyvadel\"",null,"",{"$nulls":37},"VV","2","1","True","0","ROZPOCET"]
[{"$nulls":3},"VV","","(1,42+0,82*2)*2,54*8",null,62.179,{"$nulls":37},"VV","2","2","True","0","ROZPOCET"]
[{"$nulls":3},"VV","","\"sprcha\"",null,"",{"$nulls":37},"VV","2","1","True","0","ROZPOCET"]
[{"$nulls":3},"VV","","((1,42*2+0,9*2)*2,54-(0,7*2))*8",null,83.085,{"$nulls":37},"VV","2","2","True","0","ROZPOCET"]
[{"$nulls":3},"VV","","\"WC\"",null,"",{"$nulls":37},"VV","2","1","True","0","ROZPOCET"]
[{"$nulls":3},"VV","","((0,82*2+1,14*2)*2,54-(0,7*2))*8",null,68.454,{"$nulls":37},"VV","2","2","True","0","ROZPOCET"]
[{"$nulls":3},"VV","","Součet",null,213.718,{"$nulls":37},"VV","2","4","True","1","ROZPOCET"]
[null,null,"7","K","612142001","Pletivo vnitřních ploch v ploše nebo pruzích, na plném podkladu sklovláknité vtlačené do tmelu včetně tmelu stěn","m2",26.715,291.94,{"$f":"ROUND(I139*H139,2)","v":{"v":7799.18,"d":"7,799.18"}},"CS ÚRS 2025 01",null,"","základní",null,{"$f":"O139*H139","v":{"v":0,"d":"0.00000"}},0.00438,{"$f":"Q139*H139","v":{"v":0.11701170000000001,"d":"0.11701"}},{"v":0,"d":"0.00000"},{"$f":"S139*H139","v":{"v":0,"d":"0.00000"}},{"$nulls":23},"4",null,"K","2",{"$nulls":3},"ROZPOCET",{"$nulls":5},{"$f":"IF(N139=\"základní\",J139,0)","v":{"v":7799.18,"d":"7,799.18"}},{"$f":"IF(N139=\"snížená\",J139,0)","v":{"v":0,"d":"0.00"}},{"$f":"IF(N139=\"zákl. přenesená\",J139,0)","v":{"v":0,"d":"0.00"}},{"$f":"IF(N139=\"sníž. přenesená\",J139,0)","v":{"v":0,"d":"0.00"}},{"$f":"IF(N139=\"nulová\",J139,0)","v":{"v":0,"d":"0.00"}},"1",{"$f":"ROUND(I139*H139,2)","v":{"v":7799.18,"d":"7,799.18"}},"4","332087584"]
[{"$nulls":3},"Online PSC",null,"https://podminky.urs.cz/item/CS_URS_2025_01/612142001",{"$nulls":39},"Online PSC","2"]
[null,null,"8","K","612131121","Podkladní a spojovací vrstva vnitřních omítaných ploch penetrace disperzní nanášená ručně stěn","m2",9.227,55.56,{"$f":"ROUND(I141*H141,2)","v":512.65},"CS ÚRS 2025 01",null,"","základní",null,{"$f":"O141*H141","v":{"v":0,"d":"0.00000"}},0.00026,{"$f":"Q141*H141","v":{"v":2.39902E-3,"d":"0.00240"}},{"v":0,"d":"0.00000"},{"$f":"S141*H141","v":{"v":0,"d":"0.00000"}},{"$nulls":23},"4",null,"K","2",{"$nulls":3},"ROZPOCET",{"$nulls":5},{"$f":"IF(N141=\"základní\",J141,0)","v":512.65},{"$f":"IF(N141=\"snížená\",J141,0)","v":{"v":0,"d":"0.00"}},{"$f":"IF(N141=\"zákl. přenesená\",J141,0)","v":{"v":0,"d":"0.00"}},{"$f":"IF(N141=\"sníž. přenesená\",J141,0)","v":{"v":0,"d":"0.00"}},{"$f":"IF(N141=\"nulová\",J141,0)","v":{"v":0,"d":"0.00"}},"1",{"$f":"ROUND(I141*H141,2)","v":512.65},"4","1054322622"]
[{"$nulls":3},"Online PSC",null,"https://podminky.urs.cz/item/CS_URS_2025_01/612131121",{"$nulls":39},"Online PSC","2"]
[{"$nulls":3},"VV","","\"v místech mimo obklad\"",null,"",{"$nulls":37},"VV","2","1","True","0","ROZPOCET"]
[{"$nulls":3},"VV","","\"prostor umyvadel\"",null,"",{"$nulls":37},"VV","2","1","True","0","ROZPOCET"]
[{"$nulls":3},"VV","","(1,42+0,82*2)*(2,54-1,53)",null,3.091,{"$nulls":37},"VV","2","2","True","0","ROZPOCET"]
[{"$nulls":3},"VV","","\"sprcha\"",null,"",{"$nulls":37},"VV","2","1","True","0","ROZPOCET"]
[{"$nulls":3},"VV","","(1,42*2+0,9*2)*(2,54-2)",null,2.506,{"$nulls":37},"VV","2","2","True","0","ROZPOCET"]
[{"$nulls":3},"VV","","\"WC\"",null,"",{"$nulls":37},"VV","2","1","True","0","ROZPOCET"]
[{"$nulls":3},"VV","","(0,82*2+1,14*2)*(2,54-1,53)-(0,7*0,47)",null,{"v":3.63,"d":"3.630"},{"$nulls":37},"VV","2","2","True","0","ROZPOCET"]
[{"$nulls":3},"VV","","Součet",null,9.227,{"$nulls":37},"VV","2","4","True","1","ROZPOCET"]
[null,null,"9","K","612321141","Omítka vápenocementová vnitřních ploch nanášená ručně dvouvrstvá, tloušťky jádrové omítky do 10 mm a tloušťky štuku do 3 mm štuková svislých konstrukcí stěn","m2",9.227,602.71,{"$f":"ROUND(I151*H151,2)","v":{"v":5561.21,"d":"5,561.21"}},"CS ÚRS 2025 01",null,"","základní",null,{"$f":"O151*H151","v":{"v":0,"d":"0.00000"}},0.01838,{"$f":"Q151*H151","v":{"v":0.16959226000000002,"d":"0.16959"}},{"v":0,"d":"0.00000"},{"$f":"S151*H151","v":{"v":0,"d":"0.00000"}},{"$nulls":23},"4",null,"K","2",{"$nulls":3},"ROZPOCET",{"$nulls":5},{"$f":"IF(N151=\"základní\",J151,0)","v":{"v":5561.21,"d":"5,561.21"}},{"$f":"IF(N151=\"snížená\",J151,0)","v":{"v":0,"d":"0.00"}},{"$f":"IF(N151=\"zákl. přenesená\",J151,0)","v":{"v":0,"d":"0.00"}},{"$f":"IF(N151=\"sníž. přenesená\",J151,0)","v":{"v":0,"d":"0.00"}},{"$f":"IF(N151=\"nulová\",J151,0)","v":{"v":0,"d":"0.00"}},"1",{"$f":"ROUND(I151*H151,2)","v":{"v":5561.21,"d":"5,561.21"}},"4","-896685535"]
[{"$nulls":3},"Online PSC",null,"https://podminky.urs.cz/item/CS_URS_2025_01/612321141",{"$nulls":39},"Online PSC","2"]
[null,null,"10","K","622143003","Montáž omítkových profilů plastových, pozinkovaných nebo dřevěných upevněných vtlačením do podkladní vrstvy nebo přibitím rohových s tkaninou","m",{"v":5.08,"d":"5.080"},55.56,{"$f":"ROUND(I153*H153,2)","v":282.24},"CS ÚRS 2025 01",null,"","základní",null,{"$f":"O153*H153","v":{"v":0,"d":"0.00000"}},{"v":0,"d":"0.00000"},{"$f":"Q153*H153","v":{"v":0,"d":"0.00000"}},{"v":0,"d":"0.00000"},{"$f":"S153*H153","v":{"v":0,"d":"0.00000"}},{"$nulls":23},"4",null,"K","2",{"$nulls":3},"ROZPOCET",{"$nulls":5},{"$f":"IF(N153=\"základní\",J153,0)","v":282.24},{"$f":"IF(N153=\"snížená\",J153,0)","v":{"v":0,"d":"0.00"}},{"$f":"IF(N153=\"zákl. přenesená\",J153,0)","v":{"v":0,"d":"0.00"}},{"$f":"IF(N153=\"sníž. přenesená\",J153,0)","v":{"v":0,"d":"0.00"}},{"$f":"IF(N153=\"nulová\",J153,0)","v":{"v":0,"d":"0.00"}},"1",{"$f":"ROUND(I153*H153,2)","v":282.24},"4","-1082416522"]
[{"$nulls":3},"Online PSC",null,"https://podminky.urs.cz/item/CS_URS_2025_01/622143003",{"$nulls":39},"Online PSC","2"]
[{"$nulls":3},"VV","","\"prostor umyvadel\"",null,"",{"$nulls":37},"VV","2","1","True","0","ROZPOCET"]
[{"$nulls":3},"VV","","2,54*2",null,{"v":5.08,"d":"5.080"},{"$nulls":37},"VV","2","2","True","1","ROZPOCET"]
[null,null,"11","M","28341033","profil ukončovací PVC pro napojení různých povrchových úprav","m",{"v":6,"d":"6.000"},12.24,{"$f":"ROUND(I157*H157,2)","v":73.44},"CS ÚRS 2025 01",null,"","základní",null,{"$f":"O157*H157","v":{"v":0,"d":"0.00000"}},{"v":1E-4,"d":"0.00010"},{"$f":"Q157*H157","v":{"v":6.0000000000000006E-4,"d":"0.00060"}},{"v":0,"d":"0.00000"},{"$f":"S157*H157","v":{"v":0,"d":"0.00000"}},{"$nulls":23},"8",null,"M","2",{"$nulls":3},"ROZPOCET",{"$nulls":5},{"$f":"IF(N157=\"základní\",J157,0)","v":73.44},{"$f":"IF(N157=\"snížená\",J157,0)","v":{"v":0,"d":"0.00"}},{"$f":"IF(N157=\"zákl. přenesená\",J157,0)","v":{"v":0,"d":"0.00"}},{"$f":"IF(N157=\"sníž. přenesená\",J157,0)","v":{"v":0,"d":"0.00"}},{"$f":"IF(N157=\"nulová\",J157,0)","v":{"v":0,"d":"0.00"}},"1",{"$f":"ROUND(I157*H157,2)","v":73.44},"4","829015234"]
[{"$nulls":3},"D","9","Ostatní konstrukce a práce, bourání",{"$nulls":3},{"$f":"BK158","v":{"v":15672.980000000001,"d":"15,672.98"}},{"$nulls":5},{"$f":"SUM(P159:P215)","v":{"v":0,"d":"0.00000"}},null,{"$f":"SUM(R159:R215)","v":{"v":4.4900999999999996E-4,"d":"0.00045"}},null,{"$f":"SUM(T159:T215)","v":{"v":2.4029550000000004,"d":"2.40296"}},{"$nulls":23},"1",null,"D","1",{"$nulls":3},"ROZPOCET",{"$nulls":11},{"$f":"SUM(BK159:BK215)","v":{"v":15672.980000000001,"d":"15,672.98"}}]
[null,null,"12","K","949101111","Lešení pomocné pracovní pro objekty pozemních staveb pro zatížení do 150 kg/m2, o výšce lešeňové podlahy do 1,9 m","m2",3.377,46.14,{"$f":"ROUND(I159*H159,2)","v":155.81},"CS ÚRS 2025 01",null,"","základní",null,{"$f":"O159*H159","v":{"v":0,"d":"0.00000"}},0.00013,{"$f":"Q159*H159","v":{"v":4.3900999999999993E-4,"d":"0.00044"}},{"v":0,"d":"0.00000"},{"$f":"S159*H159","v":{"v":0,"d":"0.00000"}},{"$nulls":23},"4",null,"K","2",{"$nulls":3},"ROZPOCET",{"$nulls":5},{"$f":"IF(N159=\"základní\",J159,0)","v":155.81},{"$f":"IF(N159=\"snížená\",J159,0)","v":{"v":0,"d":"0.00"}},{"$f":"IF(N159=\"zákl. přenesená\",J159,0)","v":{"v":0,"d":"0.00"}},{"$f":"IF(N159=\"sníž. přenesená\",J159,0)","v":{"v":0,"d":"0.00"}},{"$f":"IF(N159=\"nulová\",J159,0)","v":{"v":0,"d":"0.00"}},"1",{"$f":"ROUND(I159*H159,2)","v":155.81},"4","-264864067"]
[{"$nulls":3},"Online PSC",null,"https://podminky.urs.cz/item/CS_URS_2025_01/949101111",{"$nulls":39},"Online PSC","2"]
[{"$nulls":3},"VV","","\"prostor umyvadel\"",null,"",{"$nulls":37},"VV","2","1","True","0","ROZPOCET"]
[{"$nulls":3},"VV","","1,42*0,82",null,1.164,{"$nulls":37},"VV","2","2","True","0","ROZPOCET"]
[{"$nulls":3},"VV","","\"sprcha\"",null,"",{"$nulls":37},"VV","2","1","True","0","ROZPOCET"]
[{"$nulls":3},"VV","","1,42*0,9",null,1.278,{"$nulls":37},"VV","2","2","True","0","ROZPOCET"]
[{"$nulls":3},"VV","","\"WC\"",null,"",{"$nulls":37},"VV","2","1","True","0","ROZPOCET"]
[{"$nulls":3},"VV","","0,82*1,14",null,0.935,{"$nulls":37},"VV","2","2","True","0","ROZPOCET"]
[{"$nulls":3},"VV","","Součet",null,3.377,{"$nulls":37},"VV","2","4","True","1","ROZPOCET"]
[null,null,"13","K","978059541","Odsekání obkladů stěn včetně otlučení podkladní omítky až na zdivo z obkládaček vnitřních, z jakýchkoliv materiálů, plochy přes 1 m2","m2",{"v":19.96,"d":"19.960"},226.01,{"$f":"ROUND(I168*H168,2)","v":{"v":4511.16,"d":"4,511.16"}},"CS ÚRS 2025 01",null,"","základní",null,{"$f":"O168*H168","v":{"v":0,"d":"0.00000"}},{"v":0,"d":"0.00000"},{"$f":"Q168*H168","v":{"v":0,"d":"0.00000"}},{"v":0.068,"d":"0.06800"},{"$f":"S168*H168","v":{"v":1.3572800000000003,"d":"1.35728"}},{"$nulls":23},"4",null,"K","2",{"$nulls":3},"ROZPOCET",{"$nulls":5},{"$f":"IF(N168=\"základní\",J168,0)","v":{"v":4511.16,"d":"4,511.16"}},{"$f":"IF(N168=\"snížená\",J168,0)","v":{"v":0,"d":"0.00"}},{"$f":"IF(N168=\"zákl. přenesená\",J168,0)","v":{"v":0,"d":"0.00"}},{"$f":"IF(N168=\"sníž. přenesená\",J168,0)","v":{"v":0,"d":"0.00"}},{"$f":"IF(N168=\"nulová\",J168,0)","v":{"v":0,"d":"0.00"}},"1",{"$f":"ROUND(I168*H168,2)","v":{"v":4511.16,"d":"4,511.16"}},"4","-1238564972"]
[{"$nulls":3},"Online PSC",null,"https://podminky.urs.cz/item/CS_URS_2025_01/978059541",{"$nulls":39},"Online PSC","2"]
[{"$nulls":3},"VV","","\"prostor umyvadel\"",null,"",{"$nulls":37},"VV","2","1","True","0","ROZPOCET"]
[{"$nulls":3},"VV","","(1,42+0,82*2)*1,53",null,4.682,{"$nulls":37},"VV","2","2","True","0","ROZPOCET"]
[{"$nulls":3},"VV","","\"sprcha\"",null,"",{"$nulls":37},"VV","2","1","True","0","ROZPOCET"]
[{"$nulls":3},"VV","","(1,42*2+0,9*2)*2",null,{"v":9.28,"d":"9.280"},{"$nulls":37},"VV","2","2","True","0","ROZPOCET"]
[{"$nulls":3},"VV","","\"WC\"",null,"",{"$nulls":37},"VV","2","1","True","0","ROZPOCET"]
[{"$nulls":3},"VV","","(0,82*2+1,14*2)*1,53",null,5.998,{"$nulls":37},"VV","2","2","True","0","ROZPOCET"]
[{"$nulls":3},"VV","","Součet",null,{"v":19.96,"d":"19.960"},{"$nulls":37},"VV","2","4","True","1","ROZPOCET"]
[null,null,"14","K","965081223","Bourání podlah z dlaždic bez podkladního lože nebo mazaniny, s jakoukoliv výplní spár keramických nebo xylolitových tl. přes 10 mm plochy přes 1 m2","m2",3.917,226.01,{"$f":"ROUND(I177*H177,2)","v":885.28},"CS ÚRS 2025 01",null,"","základní",null,{"$f":"O177*H177","v":{"v":0,"d":"0.00000"}},{"v":0,"d":"0.00000"},{"$f":"Q177*H177","v":{"v":0,"d":"0.00000"}},{"v":0.057,"d":"0.05700"},{"$f":"S177*H177","v":{"v":0.223269,"d":"0.22327"}},{"$nulls":23},"4",null,"K","2",{"$nulls":3},"ROZPOCET",{"$nulls":5},{"$f":"IF(N177=\"základní\",J177,0)","v":885.28},{"$f":"IF(N177=\"snížená\",J177,0)","v":{"v":0,"d":"0.00"}},{"$f":"IF(N177=\"zákl. přenesená\",J177,0)","v":{"v":0,"d":"0.00"}},{"$f":"IF(N177=\"sníž. přenesená\",J177,0)","v":{"v":0,"d":"0.00"}},{"$f":"IF(N177=\"nulová\",J177,0)","v":{"v":0,"d":"0.00"}},"1",{"$f":"ROUND(I177*H177,2)","v":885.28},"4","-1389090483"]
[{"$nulls":3},"Online PSC",null,"https://podminky.urs.cz/item/CS_URS_2025_01/965081223",{"$nulls":39},"Online PSC","2"]
[{"$nulls":3},"VV","","\"prostor umyvadel\"",null,"",{"$nulls":37},"VV","2","1","True","0","ROZPOCET"]
[{"$nulls":3},"VV","","1,42*0,82",null,1.164,{"$nulls":37},"VV","2","2","True","0","ROZPOCET"]
[{"$nulls":3},"VV","","\"sprcha\"",null,"",{"$nulls":37},"VV","2","1","True","0","ROZPOCET"]
[{"$nulls":3},"VV","","1,42*0,9+(0,2+0,2+0,2)*0,9",null,1.818,{"$nulls":37},"VV","2","2","True","0","ROZPOCET"]
[{"$nulls":3},"VV","","\"WC\"",null,"",{"$nulls":37},"VV","2","1","True","0","ROZPOCET"]
[{"$nulls":3},"VV","","0,82*1,14",null,0.935,{"$nulls":37},"VV","2","2","True","0","ROZPOCET"]
[{"$nulls":3},"VV","","Součet",null,3.917,{"$nulls":37},"VV","2","4","True","1","ROZPOCET"]
[null,null,"15","K","962031133","Bourání příček nebo přizdívek z cihel pálených plných nebo dutých, tl. přes 100 do 150 mm","m2",{"v":0.18,"d":"0.180"},226.01,{"$f":"ROUND(I186*H186,2)","v":40.68},"CS ÚRS 2025 01",null,"","základní",null,{"$f":"O186*H186","v":{"v":0,"d":"0.00000"}},{"v":0,"d":"0.00000"},{"$f":"Q186*H186","v":{"v":0,"d":"0.00000"}},{"v":0.261,"d":"0.26100"},{"$f":"S186*H186","v":0.04698},{"$nulls":23},"4",null,"K","2",{"$nulls":3},"ROZPOCET",{"$nulls":5},{"$f":"IF(N186=\"základní\",J186,0)","v":40.68},{"$f":"IF(N186=\"snížená\",J186,0)","v":{"v":0,"d":"0.00"}},{"$f":"IF(N186=\"zákl. přenesená\",J186,0)","v":{"v":0,"d":"0.00"}},{"$f":"IF(N186=\"sníž. přenesená\",J186,0)","v":{"v":0,"d":"0.00"}},{"$f":"IF(N186=\"nulová\",J186,0)","v":{"v":0,"d":"0.00"}},"1",{"$f":"ROUND(I186*H186,2)","v":40.68},"4","-432159224"]
[{"$nulls":3},"Online PSC",null,"https://podminky.urs.cz/item/CS_URS_2025_01/962031133",{"$nulls":39},"Online PSC","2"]
[{"$nulls":3},"VV","","\"sprcha - schod zděné vaničky\"",null,"",{"$nulls":37},"VV","2","1","True","0","ROZPOCET"]
[{"$nulls":3},"VV","","0,2*0,9",null,{"v":0.18,"d":"0.180"},{"$nulls":37},"VV","2","2","True","1","ROZPOCET"]
[null,null,"16","K","96904111R","Vybourání vnitřního plastového potrubí do DN 200 včetně vysekání drážky","m",{"v":18,"d":"18.000"},226.01,{"$f":"ROUND(I190*H190,2)","v":{"v":4068.18,"d":"4,068.18"}},"vlastní",null,"","základní",null,{"$f":"O190*H190","v":{"v":0,"d":"0.00000"}},{"v":0,"d":"0.00000"},{"$f":"Q190*H190","v":{"v":0,"d":"0.00000"}},{"v":0.0065,"d":"0.00650"},{"$f":"S190*H190","v":{"v":0.11699999999999999,"d":"0.11700"}},{"$nulls":23},"4",null,"K","2",{"$nulls":3},"ROZPOCET",{"$nulls":5},{"$f":"IF(N190=\"základní\",J190,0)","v":{"v":4068.18,"d":"4,068.18"}},{"$f":"IF(N190=\"snížená\",J190,0)","v":{"v":0,"d":"0.00"}},{"$f":"IF(N190=\"zákl. přenesená\",J190,0)","v":{"v":0,"d":"0.00"}},{"$f":"IF(N190=\"sníž. přenesená\",J190,0)","v":{"v":0,"d":"0.00"}},{"$f":"IF(N190=\"nulová\",J190,0)","v":{"v":0,"d":"0.00"}},"1",{"$f":"ROUND(I190*H190,2)","v":{"v":4068.18,"d":"4,068.18"}},"4","1592636687"]
[{"$nulls":3},"VV","","\"odpadní potrubí, vodovod ve zdivu a v podlaze\"",null,"",{"$nulls":37},"VV","2","1","True","0","ROZPOCET"]
[{"$nulls":3},"VV","","18",null,{"v":18,"d":"18.000"},{"$nulls":37},"VV","2","2","True","1","ROZPOCET"]
[null,null,"17","K","971033331","Vybourání otvorů ve zdivu základovém nebo nadzákladovém z cihel, tvárnic, příčkovek z cihel pálených na maltu vápennou nebo vápenocementovou plochy do 0,09 m2, tl. do 150 mm","kus",{"v":2,"d":"2.000"},84.76,{"$f":"ROUND(I193*H193,2)","v":169.52},"CS ÚRS 2025 01",null,"","základní",null,{"$f":"O193*H193","v":{"v":0,"d":"0.00000"}},{"v":0,"d":"0.00000"},{"$f":"Q193*H193","v":{"v":0,"d":"0.00000"}},{"v":0.025,"d":"0.02500"},{"$f":"S193*H193","v":{"v":0.05,"d":"0.05000"}},{"$nulls":23},"16",null,"K","2",{"$nulls":3},"ROZPOCET",{"$nulls":5},{"$f":"IF(N193=\"základní\",J193,0)","v":169.52},{"$f":"IF(N193=\"snížená\",J193,0)","v":{"v":0,"d":"0.00"}},{"$f":"IF(N193=\"zákl. přenesená\",J193,0)","v":{"v":0,"d":"0.00"}},{"$f":"IF(N193=\"sníž. přenesená\",J193,0)","v":{"v":0,"d":"0.00"}},{"$f":"IF(N193=\"nulová\",J193,0)","v":{"v":0,"d":"0.00"}},"1",{"$f":"ROUND(I193*H193,2)","v":169.52},"16","-1269997224"]
[{"$nulls":3},"Online PSC",null,"https://podminky.urs.cz/item/CS_URS_2025_01/971033331",{"$nulls":39},"Online PSC","2"]
[{"$nulls":3},"VV","","\"otvor do stoupací šachty\"",null,"",{"$nulls":37},"VV","2","1","True","0","ROZPOCET"]
[{"$nulls":3},"VV","","2",null,{"v":2,"d":"2.000"},{"$nulls":37},"VV","2","2","True","1","ROZPOCET"]
[null,null,"18","K","978011191","Otlučení vápenných nebo vápenocementových omítek vnitřních ploch stropů, v rozsahu přes 50 do 100 %","m2",3.377,226.01,{"$f":"ROUND(I197*H197,2)","v":763.24},"CS ÚRS 2025 01",null,"","základní",null,{"$f":"O197*H197","v":{"v":0,"d":"0.00000"}},{"v":0,"d":"0.00000"},{"$f":"Q197*H197","v":{"v":0,"d":"0.00000"}},{"v":0.05,"d":"0.05000"},{"$f":"S197*H197","v":0.16885},{"$nulls":23},"4",null,"K","2",{"$nulls":3},"ROZPOCET",{"$nulls":5},{"$f":"IF(N197=\"základní\",J197,0)","v":763.24},{"$f":"IF(N197=\"snížená\",J197,0)","v":{"v":0,"d":"0.00"}},{"$f":"IF(N197=\"zákl. přenesená\",J197,0)","v":{"v":0,"d":"0.00"}},{"$f":"IF(N197=\"sníž. přenesená\",J197,0)","v":{"v":0,"d":"0.00"}},{"$f":"IF(N197=\"nulová\",J197,0)","v":{"v":0,"d":"0.00"}},"1",{"$f":"ROUND(I197*H197,2)","v":763.24},"4","970832870"]
[{"$nulls":3},"Online PSC",null,"https://podminky.urs.cz/item/CS_URS_2025_01/978011191",{"$nulls":39},"Online PSC","2"]
[{"$nulls":3},"VV","","\"prostor umyvadel\"",null,"",{"$nulls":37},"VV","2","1","True","0","ROZPOCET"]
[{"$nulls":3},"VV","","1,42*0,82",null,1.164,{"$nulls":37},"VV","2","2","True","0","ROZPOCET"]
[{"$nulls":3},"VV","","\"sprcha\"",null,"",{"$nulls":37},"VV","2","1","True","0","ROZPOCET"]
[{"$nulls":3},"VV","","1,42*0,9",null,1.278,{"$nulls":37},"VV","2","2","True","0","ROZPOCET"]
[{"$nulls":3},"VV","","\"WC\"",null,"",{"$nulls":37},"VV","2","1","True","0","ROZPOCET"]
[{"$nulls":3},"VV","","0,82*1,14",null,0.935,{"$nulls":37},"VV","2","2","True","0","ROZPOCET"]
[{"$nulls":3},"VV","","Součet",null,3.377,{"$nulls":37},"VV","2","4","True","1","ROZPOCET"]
[null,null,"19","K","978013191","Otlučení vápenných nebo vápenocementových omítek vnitřních ploch stěn s vyškrabáním spar, s očištěním zdiva, v rozsahu přes 50 do 100 %","m2",9.556,226.01,{"$f":"ROUND(I206*H206,2)","v":{"v":2159.75,"d":"2,159.75"}},"CS ÚRS 2025 01",null,"","základní",null,{"$f":"O206*H206","v":{"v":0,"d":"0.00000"}},{"v":0,"d":"0.00000"},{"$f":"Q206*H206","v":{"v":0,"d":"0.00000"}},{"v":0.046,"d":"0.04600"},{"$f":"S206*H206","v":{"v":0.43957599999999997,"d":"0.43958"}},{"$nulls":23},"4",null,"K","2",{"$nulls":3},"ROZPOCET",{"$nulls":5},{"$f":"IF(N206=\"základní\",J206,0)","v":{"v":2159.75,"d":"2,159.75"}},{"$f":"IF(N206=\"snížená\",J206,0)","v":{"v":0,"d":"0.00"}},{"$f":"IF(N206=\"zákl. přenesená\",J206,0)","v":{"v":0,"d":"0.00"}},{"$f":"IF(N206=\"sníž. přenesená\",J206,0)","v":{"v":0,"d":"0.00"}},{"$f":"IF(N206=\"nulová\",J206,0)","v":{"v":0,"d":"0.00"}},"1",{"$f":"ROUND(I206*H206,2)","v":{"v":2159.75,"d":"2,159.75"}},"4","1989102358"]
[{"$nulls":3},"Online PSC",null,"https://podminky.urs.cz/item/CS_URS_2025_01/978013191",{"$nulls":39},"Online PSC","2"]
[{"$nulls":3},"VV","","\"prostor umyvadel\"",null,"",{"$nulls":37},"VV","2","1","True","0","ROZPOCET"]
[{"$nulls":3},"VV","","(1,42+0,82*2)*(2,54-1,53)",null,3.091,{"$nulls":37},"VV","2","2","True","0","ROZPOCET"]
[{"$nulls":3},"VV","","\"sprcha\"",null,"",{"$nulls":37},"VV","2","1","True","0","ROZPOCET"]
[{"$nulls":3},"VV","","(1,42*2+0,9*2)*(2,54-2)",null,2.506,{"$nulls":37},"VV","2","2","True","0","ROZPOCET"]
[{"$nulls":3},"VV","","\"WC\"",null,"",{"$nulls":37},"VV","2","1","True","0","ROZPOCET"]
[{"$nulls":3},"VV","","(0,82*2+1,14*2)*(2,54-1,53)",null,3.959,{"$nulls":37},"VV","2","2","True","0","ROZPOCET"]
[{"$nulls":3},"VV","","Součet",null,9.556,{"$nulls":37},"VV","2","4","True","1","ROZPOCET"]
[null,null,"20","K","95290110R","Čištění budov - závěrečný úklid, umytí obkladů, zařizovacích předmětů, dveří, zametení a vytření podlahy, a další potřebné práce","kpl",{"v":1,"d":"1.000"},{"v":2919.36,"d":"2,919.36"},{"$f":"ROUND(I215*H215,2)","v":{"v":2919.36,"d":"2,919.36"}},"vlastní",null,"","základní",null,{"$f":"O215*H215","v":{"v":0,"d":"0.00000"}},{"v":1e-05,"d":"0.00001"},{"$f":"Q215*H215","v":{"v":1e-05,"d":"0.00001"}},{"v":0,"d":"0.00000"},{"$f":"S215*H215","v":{"v":0,"d":"0.00000"}},{"$nulls":23},"4",null,"K","2",{"$nulls":3},"ROZPOCET",{"$nulls":5},{"$f":"IF(N215=\"základní\",J215,0)","v":{"v":2919.36,"d":"2,919.36"}},{"$f":"IF(N215=\"snížená\",J215,0)","v":{"v":0,"d":"0.00"}},{"$f":"IF(N215=\"zákl. přenesená\",J215,0)","v":{"v":0,"d":"0.00"}},{"$f":"IF(N215=\"sníž. přenesená\",J215,0)","v":{"v":0,"d":"0.00"}},{"$f":"IF(N215=\"nulová\",J215,0)","v":{"v":0,"d":"0.00"}},"1",{"$f":"ROUND(I215*H215,2)","v":{"v":2919.36,"d":"2,919.36"}},"4","-289929788"]
[{"$nulls":3},"D","997","Přesun sutě",{"$nulls":3},{"$f":"BK216","v":{"v":6673.009999999999,"d":"6,673.01"}},{"$nulls":5},{"$f":"SUM(P217:P227)","v":{"v":0,"d":"0.00000"}},null,{"$f":"SUM(R217:R227)","v":{"v":0,"d":"0.00000"}},null,{"$f":"SUM(T217:T227)","v":{"v":0,"d":"0.00000"}},{"$nulls":23},"1",null,"D","1",{"$nulls":3},"ROZPOCET",{"$nulls":11},{"$f":"SUM(BK217:BK227)","v":{"v":6673.009999999999,"d":"6,673.01"}}]
[null,null,"21","K","997013117","Vnitrostaveništní doprava suti a vybouraných hmot vodorovně do 50 m s naložením základní pro budovy a haly výšky přes 21 do 24 m","t",2.531,{"v":1271.33,"d":"1,271.33"},{"$f":"ROUND(I217*H217,2)","v":{"v":3217.74,"d":"3,217.74"}},"CS ÚRS 2025 01",null,"","základní",null,{"$f":"O217*H217","v":{"v":0,"d":"0.00000"}},{"v":0,"d":"0.00000"},{"$f":"Q217*H217","v":{"v":0,"d":"0.00000"}},{"v":0,"d":"0.00000"},{"$f":"S217*H217","v":{"v":0,"d":"0.00000"}},{"$nulls":23},"4",null,"K","2",{"$nulls":3},"ROZPOCET",{"$nulls":5},{"$f":"IF(N217=\"základní\",J217,0)","v":{"v":3217.74,"d":"3,217.74"}},{"$f":"IF(N217=\"snížená\",J217,0)","v":{"v":0,"d":"0.00"}},{"$f":"IF(N217=\"zákl. přenesená\",J217,0)","v":{"v":0,"d":"0.00"}},{"$f":"IF(N217=\"sníž. přenesená\",J217,0)","v":{"v":0,"d":"0.00"}},{"$f":"IF(N217=\"nulová\",J217,0)","v":{"v":0,"d":"0.00"}},"1",{"$f":"ROUND(I217*H217,2)","v":{"v":3217.74,"d":"3,217.74"}},"4","1997577997"]
[{"$nulls":3},"Online PSC",null,"https://podminky.urs.cz/item/CS_URS_2025_01/997013117",{"$nulls":39},"Online PSC","2"]
[null,null,"22","K","997013501","Odvoz suti a vybouraných hmot na skládku nebo meziskládku se složením, na vzdálenost do 1 km","t",2.531,452.03,{"$f":"ROUND(I219*H219,2)","v":{"v":1144.09,"d":"1,144.09"}},"CS ÚRS 2025 01",null,"","základní",null,{"$f":"O219*H219","v":{"v":0,"d":"0.00000"}},{"v":0,"d":"0.00000"},{"$f":"Q219*H219","v":{"v":0,"d":"0.00000"}},{"v":0,"d":"0.00000"},{"$f":"S219*H219","v":{"v":0,"d":"0.00000"}},{"$nulls":23},"4",null,"K","2",{"$nulls":3},"ROZPOCET",{"$nulls":5},{"$f":"IF(N219=\"základní\",J219,0)","v":{"v":1144.09,"d":"1,144.09"}},{"$f":"IF(N219=\"snížená\",J219,0)","v":{"v":0,"d":"0.00"}},{"$f":"IF(N219=\"zákl. přenesená\",J219,0)","v":{"v":0,"d":"0.00"}},{"$f":"IF(N219=\"sníž. přenesená\",J219,0)","v":{"v":0,"d":"0.00"}},{"$f":"IF(N219=\"nulová\",J219,0)","v":{"v":0,"d":"0.00"}},"1",{"$f":"ROUND(I219*H219,2)","v":{"v":1144.09,"d":"1,144.09"}},"4","-2025577218"]
[{"$nulls":3},"Online PSC",null,"https://podminky.urs.cz/item/CS_URS_2025_01/997013501",{"$nulls":39},"Online PSC","2"]
[null,null,"23","K","997013509","Odvoz suti a vybouraných hmot na skládku nebo meziskládku se složením, na vzdálenost Příplatek k ceně za každý další započatý 1 km přes 1 km","t",22.779,12.52,{"$f":"ROUND(I221*H221,2)","v":285.19},"CS ÚRS 2025 01",null,"","základní",null,{"$f":"O221*H221","v":{"v":0,"d":"0.00000"}},{"v":0,"d":"0.00000"},{"$f":"Q221*H221","v":{"v":0,"d":"0.00000"}},{"v":0,"d":"0.00000"},{"$f":"S221*H221","v":{"v":0,"d":"0.00000"}},{"$nulls":23},"4",null,"K","2",{"$nulls":3},"ROZPOCET",{"$nulls":5},{"$f":"IF(N221=\"základní\",J221,0)","v":285.19},{"$f":"IF(N221=\"snížená\",J221,0)","v":{"v":0,"d":"0.00"}},{"$f":"IF(N221=\"zákl. přenesená\",J221,0)","v":{"v":0,"d":"0.00"}},{"$f":"IF(N221=\"sníž. přenesená\",J221,0)","v":{"v":0,"d":"0.00"}},{"$f":"IF(N221=\"nulová\",J221,0)","v":{"v":0,"d":"0.00"}},"1",{"$f":"ROUND(I221*H221,2)","v":285.19},"4","-1380485949"]
[{"$nulls":3},"Online PSC",null,"https://podminky.urs.cz/item/CS_URS_2025_01/997013509",{"$nulls":39},"Online PSC","2"]
[{"$nulls":3},"VV","","2,531*9",null,22.779,{"$nulls":37},"VV","2","2","True","1","ROZPOCET"]
[null,null,"24","K","997013609","Poplatek za uložení stavebního odpadu na skládce (skládkovné) ze směsí nebo oddělených frakcí betonu, cihel a keramických výrobků zatříděného do Katalogu odpadů pod kódem 17 01 07","t",2.286,800.47,{"$f":"ROUND(I224*H224,2)","v":{"v":1829.87,"d":"1,829.87"}},"CS ÚRS 2025 01",null,"","základní",null,{"$f":"O224*H224","v":{"v":0,"d":"0.00000"}},{"v":0,"d":"0.00000"},{"$f":"Q224*H224","v":{"v":0,"d":"0.00000"}},{"v":0,"d":"0.00000"},{"$f":"S224*H224","v":{"v":0,"d":"0.00000"}},{"$nulls":23},"4",null,"K","2",{"$nulls":3},"ROZPOCET",{"$nulls":5},{"$f":"IF(N224=\"základní\",J224,0)","v":{"v":1829.87,"d":"1,829.87"}},{"$f":"IF(N224=\"snížená\",J224,0)","v":{"v":0,"d":"0.00"}},{"$f":"IF(N224=\"zákl. přenesená\",J224,0)","v":{"v":0,"d":"0.00"}},{"$f":"IF(N224=\"sníž. přenesená\",J224,0)","v":{"v":0,"d":"0.00"}},{"$f":"IF(N224=\"nulová\",J224,0)","v":{"v":0,"d":"0.00"}},"1",{"$f":"ROUND(I224*H224,2)","v":{"v":1829.87,"d":"1,829.87"}},"4","-464478931"]
[{"$nulls":3},"Online PSC",null,"https://podminky.urs.cz/item/CS_URS_2025_01/997013609",{"$nulls":39},"Online PSC","2"]
[null,null,"25","K","997013631","Poplatek za uložení stavebního odpadu na skládce (skládkovné) směsného stavebního a demoličního zatříděného do Katalogu odpadů pod kódem 17 09 04","t",0.245,800.47,{"$f":"ROUND(I226*H226,2)","v":196.12},"CS ÚRS 2025 01",null,"","základní",null,{"$f":"O226*H226","v":{"v":0,"d":"0.00000"}},{"v":0,"d":"0.00000"},{"$f":"Q226*H226","v":{"v":0,"d":"0.00000"}},{"v":0,"d":"0.00000"},{"$f":"S226*H226","v":{"v":0,"d":"0.00000"}},{"$nulls":23},"4",null,"K","2",{"$nulls":3},"ROZPOCET",{"$nulls":5},{"$f":"IF(N226=\"základní\",J226,0)","v":196.12},{"$f":"IF(N226=\"snížená\",J226,0)","v":{"v":0,"d":"0.00"}},{"$f":"IF(N226=\"zákl. přenesená\",J226,0)","v":{"v":0,"d":"0.00"}},{"$f":"IF(N226=\"sníž. přenesená\",J226,0)","v":{"v":0,"d":"0.00"}},{"$f":"IF(N226=\"nulová\",J226,0)","v":{"v":0,"d":"0.00"}},"1",{"$f":"ROUND(I226*H226,2)","v":196.12},"4","-1849174508"]
[{"$nulls":3},"Online PSC",null,"https://podminky.urs.cz/item/CS_URS_2025_01/997013631",{"$nulls":39},"Online PSC","2"]
[{"$nulls":3},"D","998","Přesun hmot",{"$nulls":3},{"$f":"BK228","v":{"v":3522.86,"d":"3,522.86"}},{"$nulls":5},{"$f":"SUM(P229:P230)","v":{"v":0,"d":"0.00000"}},null,{"$f":"SUM(R229:R230)","v":{"v":0,"d":"0.00000"}},null,{"$f":"SUM(T229:T230)","v":{"v":0,"d":"0.00000"}},{"$nulls":23},"1",null,"D","1",{"$nulls":3},"ROZPOCET",{"$nulls":11},{"$f":"SUM(BK229:BK230)","v":{"v":3522.86,"d":"3,522.86"}}]
[null,null,"26","K","998011003","Přesun hmot pro budovy občanské výstavby, bydlení, výrobu a služby s nosnou svislou konstrukcí zděnou z cihel, tvárnic nebo kamene vodorovná dopravní vzdálenost do 100 m základní pro budovy výšky přes 12 do 24 m","t",2.771,{"v":1271.33,"d":"1,271.33"},{"$f":"ROUND(I229*H229,2)","v":{"v":3522.86,"d":"3,522.86"}},"CS ÚRS 2025 01",null,"","základní",null,{"$f":"O229*H229","v":{"v":0,"d":"0.00000"}},{"v":0,"d":"0.00000"},{"$f":"Q229*H229","v":{"v":0,"d":"0.00000"}},{"v":0,"d":"0.00000"},{"$f":"S229*H229","v":{"v":0,"d":"0.00000"}},{"$nulls":23},"4",null,"K","2",{"$nulls":3},"ROZPOCET",{"$nulls":5},{"$f":"IF(N229=\"základní\",J229,0)","v":{"v":3522.86,"d":"3,522.86"}},{"$f":"IF(N229=\"snížená\",J229,0)","v":{"v":0,"d":"0.00"}},{"$f":"IF(N229=\"zákl. přenesená\",J229,0)","v":{"v":0,"d":"0.00"}},{"$f":"IF(N229=\"sníž. přenesená\",J229,0)","v":{"v":0,"d":"0.00"}},{"$f":"IF(N229=\"nulová\",J229,0)","v":{"v":0,"d":"0.00"}},"1",{"$f":"ROUND(I229*H229,2)","v":{"v":3522.86,"d":"3,522.86"}},"4","-809637624"]
[{"$nulls":3},"Online PSC",null,"https://podminky.urs.cz/item/CS_URS_2025_01/998011003",{"$nulls":39},"Online PSC","2"]
[{"$nulls":3},"D","PSV","Práce a dodávky PSV",{"$nulls":3},{"$f":"BK231","v":{"v":120662.83,"d":"120,662.83"}},{"$nulls":5},{"$f":"P232+P257+P273+P314+P366+P383+P390+P437+P451+P505+P542+P559","v":{"v":0,"d":"0.00000"}},null,{"$f":"R232+R257+R273+R314+R366+R383+R390+R437+R451+R505+R542+R559","v":{"v":0.7680944052,"d":"0.76809"}},null,{"$f":"T232+T257+T273+T314+T366+T383+T390+T437+T451+T505+T542+T559","v":0.12789},{"$nulls":23},"2",null,"D","0",{"$nulls":3},"ROZPOCET",{"$nulls":11},{"$f":"BK232+BK257+BK273+BK314+BK366+BK383+BK390+BK437+BK451+BK505+BK542+BK559","v":{"v":120662.83,"d":"120,662.83"}}]
[{"$nulls":3},"D","721","Zdravotechnika - vnitřní kanalizace",{"$nulls":3},{"$f":"BK232","v":{"v":6827.78,"d":"6,827.78"}},{"$nulls":5},{"$f":"SUM(P233:P256)","v":{"v":0,"d":"0.00000"}},null,{"$f":"SUM(R233:R256)","v":{"v":0.015220000000000001,"d":"0.01522"}},null,{"$f":"SUM(T233:T256)","v":{"v":0,"d":"0.00000"}},{"$nulls":23},"2",null,"D","1",{"$nulls":3},"ROZPOCET",{"$nulls":11},{"$f":"SUM(BK233:BK256)","v":{"v":6827.78,"d":"6,827.78"}}]
[null,null,"27","K","721174004","Potrubí z trub polypropylenových svodné (ležaté) DN 75","m",{"v":2,"d":"2.000"},452.03,{"$f":"ROUND(I233*H233,2)","v":904.06},"CS ÚRS 2025 01",null,"","základní",null,{"$f":"O233*H233","v":{"v":0,"d":"0.00000"}},0.00071,{"$f":"Q233*H233","v":{"v":1.42E-3,"d":"0.00142"}},{"v":0,"d":"0.00000"},{"$f":"S233*H233","v":{"v":0,"d":"0.00000"}},{"$nulls":23},"16",null,"K","2",{"$nulls":3},"ROZPOCET",{"$nulls":5},{"$f":"IF(N233=\"základní\",J233,0)","v":904.06},{"$f":"IF(N233=\"snížená\",J233,0)","v":{"v":0,"d":"0.00"}},{"$f":"IF(N233=\"zákl. přenesená\",J233,0)","v":{"v":0,"d":"0.00"}},{"$f":"IF(N233=\"sníž. přenesená\",J233,0)","v":{"v":0,"d":"0.00"}},{"$f":"IF(N233=\"nulová\",J233,0)","v":{"v":0,"d":"0.00"}},"1",{"$f":"ROUND(I233*H233,2)","v":904.06},"16","-1565255594"]
[{"$nulls":3},"Online PSC",null,"https://podminky.urs.cz/item/CS_URS_2025_01/721174004",{"$nulls":39},"Online PSC","2"]
[{"$nulls":3},"VV","","\"prostor umyvadel\"",null,"",{"$nulls":37},"VV","2","1","True","0","ROZPOCET"]
[{"$nulls":3},"VV","","2",null,{"v":2,"d":"2.000"},{"$nulls":37},"VV","2","2","True","1","ROZPOCET"]
[null,null,"28","K","721174005","Potrubí z trub polypropylenových svodné (ležaté) DN 110","m",{"v":6,"d":"6.000"},555.62,{"$f":"ROUND(I237*H237,2)","v":{"v":3333.72,"d":"3,333.72"}},"CS ÚRS 2025 01",null,"","základní",null,{"$f":"O237*H237","v":{"v":0,"d":"0.00000"}},0.00206,{"$f":"Q237*H237","v":{"v":0.012360000000000001,"d":"0.01236"}},{"v":0,"d":"0.00000"},{"$f":"S237*H237","v":{"v":0,"d":"0.00000"}},{"$nulls":23},"16",null,"K","2",{"$nulls":3},"ROZPOCET",{"$nulls":5},{"$f":"IF(N237=\"základní\",J237,0)","v":{"v":3333.72,"d":"3,333.72"}},{"$f":"IF(N237=\"snížená\",J237,0)","v":{"v":0,"d":"0.00"}},{"$f":"IF(N237=\"zákl. přenesená\",J237,0)","v":{"v":0,"d":"0.00"}},{"$f":"IF(N237=\"sníž. přenesená\",J237,0)","v":{"v":0,"d":"0.00"}},{"$f":"IF(N237=\"nulová\",J237,0)","v":{"v":0,"d":"0.00"}},"1",{"$f":"ROUND(I237*H237,2)","v":{"v":3333.72,"d":"3,333.72"}},"16","-369844456"]
[{"$nulls":3},"Online PSC",null,"https://podminky.urs.cz/item/CS_URS_2025_01/721174005",{"$nulls":39},"Online PSC","2"]
[{"$nulls":3},"VV","","\"prostor umyvadel\"",null,"",{"$nulls":37},"VV","2","1","True","0","ROZPOCET"]
[{"$nulls":3},"VV","","2",null,{"v":2,"d":"2.000"},{"$nulls":37},"VV","2","2","True","0","ROZPOCET"]
[{"$nulls":3},"VV","","\"sprcha\"",null,"",{"$nulls":37},"VV","2","1","True","0","ROZPOCET"]
[{"$nulls":3},"VV","","2",null,{"v":2,"d":"2.000"},{"$nulls":37},"VV","2","2","True","0","ROZPOCET"]
[{"$nulls":3},"VV","","\"WC\"",null,"",{"$nulls":37},"VV","2","1","True","0","ROZPOCET"]
[{"$nulls":3},"VV","","2",null,{"v":2,"d":"2.000"},{"$nulls":37},"VV","2","2","True","0","ROZPOCET"]
[{"$nulls":3},"VV","","Součet",null,{"v":6,"d":"6.000"},{"$nulls":37},"VV","2","4","True","1","ROZPOCET"]
[null,null,"29","K","721174043","Potrubí z trub polypropylenových připojovací DN 50","m",{"v":3,"d":"3.000"},395.53,{"$f":"ROUND(I246*H246,2)","v":{"v":1186.59,"d":"1,186.59"}},"CS ÚRS 2025 01",null,"","základní",null,{"$f":"O246*H246","v":{"v":0,"d":"0.00000"}},0.00048,{"$f":"Q246*H246","v":0.00144},{"v":0,"d":"0.00000"},{"$f":"S246*H246","v":{"v":0,"d":"0.00000"}},{"$nulls":23},"16",null,"K","2",{"$nulls":3},"ROZPOCET",{"$nulls":5},{"$f":"IF(N246=\"základní\",J246,0)","v":{"v":1186.59,"d":"1,186.59"}},{"$f":"IF(N246=\"snížená\",J246,0)","v":{"v":0,"d":"0.00"}},{"$f":"IF(N246=\"zákl. přenesená\",J246,0)","v":{"v":0,"d":"0.00"}},{"$f":"IF(N246=\"sníž. přenesená\",J246,0)","v":{"v":0,"d":"0.00"}},{"$f":"IF(N246=\"nulová\",J246,0)","v":{"v":0,"d":"0.00"}},"1",{"$f":"ROUND(I246*H246,2)","v":{"v":1186.59,"d":"1,186.59"}},"16","10737146"]
[{"$nulls":3},"Online PSC",null,"https://podminky.urs.cz/item/CS_URS_2025_01/721174043",{"$nulls":39},"Online PSC","2"]
[{"$nulls":3},"VV","","\"prostor umyvadel\"",null,"",{"$nulls":37},"VV","2","1","True","0","ROZPOCET"]
[{"$nulls":3},"VV","","3",null,{"v":3,"d":"3.000"},{"$nulls":37},"VV","2","2","True","1","ROZPOCET"]
[null,null,"30","K","721194105","Vyměření přípojek na potrubí vyvedení a upevnění odpadních výpustek DN 50","kus",{"v":2,"d":"2.000"},103.59,{"$f":"ROUND(I250*H250,2)","v":207.18},"CS ÚRS 2025 01",null,"","základní",null,{"$f":"O250*H250","v":{"v":0,"d":"0.00000"}},{"v":0,"d":"0.00000"},{"$f":"Q250*H250","v":{"v":0,"d":"0.00000"}},{"v":0,"d":"0.00000"},{"$f":"S250*H250","v":{"v":0,"d":"0.00000"}},{"$nulls":23},"16",null,"K","2",{"$nulls":3},"ROZPOCET",{"$nulls":5},{"$f":"IF(N250=\"základní\",J250,0)","v":207.18},{"$f":"IF(N250=\"snížená\",J250,0)","v":{"v":0,"d":"0.00"}},{"$f":"IF(N250=\"zákl. přenesená\",J250,0)","v":{"v":0,"d":"0.00"}},{"$f":"IF(N250=\"sníž. přenesená\",J250,0)","v":{"v":0,"d":"0.00"}},{"$f":"IF(N250=\"nulová\",J250,0)","v":{"v":0,"d":"0.00"}},"1",{"$f":"ROUND(I250*H250,2)","v":207.18},"16","1906867419"]
[{"$nulls":3},"Online PSC",null,"https://podminky.urs.cz/item/CS_URS_2025_01/721194105",{"$nulls":39},"Online PSC","2"]
[null,null,"31","K","721194109","Vyměření přípojek na potrubí vyvedení a upevnění odpadních výpustek DN 110","kus",{"v":2,"d":"2.000"},141.26,{"$f":"ROUND(I252*H252,2)","v":282.52},"CS ÚRS 2025 01",null,"","základní",null,{"$f":"O252*H252","v":{"v":0,"d":"0.00000"}},{"v":0,"d":"0.00000"},{"$f":"Q252*H252","v":{"v":0,"d":"0.00000"}},{"v":0,"d":"0.00000"},{"$f":"S252*H252","v":{"v":0,"d":"0.00000"}},{"$nulls":23},"16",null,"K","2",{"$nulls":3},"ROZPOCET",{"$nulls":5},{"$f":"IF(N252=\"základní\",J252,0)","v":282.52},{"$f":"IF(N252=\"snížená\",J252,0)","v":{"v":0,"d":"0.00"}},{"$f":"IF(N252=\"zákl. přenesená\",J252,0)","v":{"v":0,"d":"0.00"}},{"$f":"IF(N252=\"sníž. přenesená\",J252,0)","v":{"v":0,"d":"0.00"}},{"$f":"IF(N252=\"nulová\",J252,0)","v":{"v":0,"d":"0.00"}},"1",{"$f":"ROUND(I252*H252,2)","v":282.52},"16","-1293533382"]
[{"$nulls":3},"Online PSC",null,"https://podminky.urs.cz/item/CS_URS_2025_01/721194109",{"$nulls":39},"Online PSC","2"]
[null,null,"32","K","72119410R","Zřízení přípojky na stávající odpadní potrubí v šachtě včetně potřebného materiálu","kpl",{"v":1,"d":"1.000"},894.64,{"$f":"ROUND(I254*H254,2)","v":894.64},"vlastní",null,"","základní",null,{"$f":"O254*H254","v":{"v":0,"d":"0.00000"}},{"v":0,"d":"0.00000"},{"$f":"Q254*H254","v":{"v":0,"d":"0.00000"}},{"v":0,"d":"0.00000"},{"$f":"S254*H254","v":{"v":0,"d":"0.00000"}},{"$nulls":23},"16",null,"K","2",{"$nulls":3},"ROZPOCET",{"$nulls":5},{"$f":"IF(N254=\"základní\",J254,0)","v":894.64},{"$f":"IF(N254=\"snížená\",J254,0)","v":{"v":0,"d":"0.00"}},{"$f":"IF(N254=\"zákl. přenesená\",J254,0)","v":{"v":0,"d":"0.00"}},{"$f":"IF(N254=\"sníž. přenesená\",J254,0)","v":{"v":0,"d":"0.00"}},{"$f":"IF(N254=\"nulová\",J254,0)","v":{"v":0,"d":"0.00"}},"1",{"$f":"ROUND(I254*H254,2)","v":894.64},"16","868113307"]
[null,null,"33","K","998721103","Přesun hmot pro vnitřní kanalizaci stanovený z hmotnosti přesunovaného materiálu vodorovná dopravní vzdálenost do 50 m základní v objektech výšky přes 12 do 24 m","t",0.015,{"v":1271.33,"d":"1,271.33"},{"$f":"ROUND(I255*H255,2)","v":19.07},"CS ÚRS 2025 01",null,"","základní",null,{"$f":"O255*H255","v":{"v":0,"d":"0.00000"}},{"v":0,"d":"0.00000"},{"$f":"Q255*H255","v":{"v":0,"d":"0.00000"}},{"v":0,"d":"0.00000"},{"$f":"S255*H255","v":{"v":0,"d":"0.00000"}},{"$nulls":23},"16",null,"K","2",{"$nulls":3},"ROZPOCET",{"$nulls":5},{"$f":"IF(N255=\"základní\",J255,0)","v":19.07},{"$f":"IF(N255=\"snížená\",J255,0)","v":{"v":0,"d":"0.00"}},{"$f":"IF(N255=\"zákl. přenesená\",J255,0)","v":{"v":0,"d":"0.00"}},{"$f":"IF(N255=\"sníž. přenesená\",J255,0)","v":{"v":0,"d":"0.00"}},{"$f":"IF(N255=\"nulová\",J255,0)","v":{"v":0,"d":"0.00"}},"1",{"$f":"ROUND(I255*H255,2)","v":19.07},"16","1362457834"]
[{"$nulls":3},"Online PSC",null,"https://podminky.urs.cz/item/CS_URS_2025_01/998721103",{"$nulls":39},"Online PSC","2"]
[{"$nulls":3},"D","722","Zdravotechnika - vnitřní vodovod",{"$nulls":3},{"$f":"BK257","v":{"v":7628.460000000001,"d":"7,628.46"}},{"$nulls":5},{"$f":"SUM(P258:P272)","v":{"v":0,"d":"0.00000"}},null,{"$f":"SUM(R258:R272)","v":{"v":0.013399999999999999,"d":"0.01340"}},null,{"$f":"SUM(T258:T272)","v":{"v":0,"d":"0.00000"}},{"$nulls":23},"2",null,"D","1",{"$nulls":3},"ROZPOCET",{"$nulls":11},{"$f":"SUM(BK258:BK272)","v":{"v":7628.460000000001,"d":"7,628.46"}}]
[null,null,"34","K","722174003","Potrubí z plastových trubek z polypropylenu PPR svařovaných polyfúzně PN 16 (SDR 7,4) D 25 x 3,5","m",{"v":5,"d":"5.000"},414.36,{"$f":"ROUND(I258*H258,2)","v":{"v":2071.8,"d":"2,071.80"}},"CS ÚRS 2025 01",null,"","základní",null,{"$f":"O258*H258","v":{"v":0,"d":"0.00000"}},{"v":1.16E-3,"d":"0.00116"},{"$f":"Q258*H258","v":{"v":0.0058,"d":"0.00580"}},{"v":0,"d":"0.00000"},{"$f":"S258*H258","v":{"v":0,"d":"0.00000"}},{"$nulls":23},"16",null,"K","2",{"$nulls":3},"ROZPOCET",{"$nulls":5},{"$f":"IF(N258=\"základní\",J258,0)","v":{"v":2071.8,"d":"2,071.80"}},{"$f":"IF(N258=\"snížená\",J258,0)","v":{"v":0,"d":"0.00"}},{"$f":"IF(N258=\"zákl. přenesená\",J258,0)","v":{"v":0,"d":"0.00"}},{"$f":"IF(N258=\"sníž. přenesená\",J258,0)","v":{"v":0,"d":"0.00"}},{"$f":"IF(N258=\"nulová\",J258,0)","v":{"v":0,"d":"0.00"}},"1",{"$f":"ROUND(I258*H258,2)","v":{"v":2071.8,"d":"2,071.80"}},"16","1162783971"]
[{"$nulls":3},"Online PSC",null,"https://podminky.urs.cz/item/CS_URS_2025_01/722174003",{"$nulls":39},"Online PSC","2"]
[null,null,"35","K","722174023","Potrubí z plastových trubek z polypropylenu PPR svařovaných polyfúzně PN 20 (SDR 6) D 25 x 4,2","m",{"v":5,"d":"5.000"},452.03,{"$f":"ROUND(I260*H260,2)","v":{"v":2260.15,"d":"2,260.15"}},"CS ÚRS 2025 01",null,"","základní",null,{"$f":"O260*H260","v":{"v":0,"d":"0.00000"}},0.00126,{"$f":"Q260*H260","v":{"v":6.3E-3,"d":"0.00630"}},{"v":0,"d":"0.00000"},{"$f":"S260*H260","v":{"v":0,"d":"0.00000"}},{"$nulls":23},"16",null,"K","2",{"$nulls":3},"ROZPOCET",{"$nulls":5},{"$f":"IF(N260=\"základní\",J260,0)","v":{"v":2260.15,"d":"2,260.15"}},{"$f":"IF(N260=\"snížená\",J260,0)","v":{"v":0,"d":"0.00"}},{"$f":"IF(N260=\"zákl. přenesená\",J260,0)","v":{"v":0,"d":"0.00"}},{"$f":"IF(N260=\"sníž. přenesená\",J260,0)","v":{"v":0,"d":"0.00"}},{"$f":"IF(N260=\"nulová\",J260,0)","v":{"v":0,"d":"0.00"}},"1",{"$f":"ROUND(I260*H260,2)","v":{"v":2260.15,"d":"2,260.15"}},"16","125689196"]
[{"$nulls":3},"Online PSC",null,"https://podminky.urs.cz/item/CS_URS_2025_01/722174023",{"$nulls":39},"Online PSC","2"]
[null,null,"36","K","722181212","Ochrana potrubí termoizolačními trubicemi z pěnového polyetylenu PE přilepenými v příčných a podélných spojích, tloušťky izolace do 6 mm, vnitřního průměru izolace DN přes 22 do 32 mm","m",{"v":10,"d":"10.000"},67.33,{"$f":"ROUND(I262*H262,2)","v":{"v":673.3,"d":"673.30"}},"CS ÚRS 2025 01",null,"","základní",null,{"$f":"O262*H262","v":{"v":0,"d":"0.00000"}},{"v":4e-05,"d":"0.00004"},{"$f":"Q262*H262","v":{"v":0.0004,"d":"0.00040"}},{"v":0,"d":"0.00000"},{"$f":"S262*H262","v":{"v":0,"d":"0.00000"}},{"$nulls":23},"16",null,"K","2",{"$nulls":3},"ROZPOCET",{"$nulls":5},{"$f":"IF(N262=\"základní\",J262,0)","v":{"v":673.3,"d":"673.30"}},{"$f":"IF(N262=\"snížená\",J262,0)","v":{"v":0,"d":"0.00"}},{"$f":"IF(N262=\"zákl. přenesená\",J262,0)","v":{"v":0,"d":"0.00"}},{"$f":"IF(N262=\"sníž. přenesená\",J262,0)","v":{"v":0,"d":"0.00"}},{"$f":"IF(N262=\"nulová\",J262,0)","v":{"v":0,"d":"0.00"}},"1",{"$f":"ROUND(I262*H262,2)","v":{"v":673.3,"d":"673.30"}},"16","1037954024"]
[{"$nulls":3},"Online PSC",null,"https://podminky.urs.cz/item/CS_URS_2025_01/722181212",{"$nulls":39},"Online PSC","2"]
[null,null,"37","K","722220153","Armatury s jedním závitem plastové (PPR) PN 20 (SDR 6) DN 25 x G 3/4\"","kus",{"v":4,"d":"4.000"},218.48,{"$f":"ROUND(I264*H264,2)","v":873.92},"CS ÚRS 2025 01",null,"","základní",null,{"$f":"O264*H264","v":{"v":0,"d":"0.00000"}},{"v":0.0002,"d":"0.00020"},{"$f":"Q264*H264","v":{"v":0.0008,"d":"0.00080"}},{"v":0,"d":"0.00000"},{"$f":"S264*H264","v":{"v":0,"d":"0.00000"}},{"$nulls":23},"16",null,"K","2",{"$nulls":3},"ROZPOCET",{"$nulls":5},{"$f":"IF(N264=\"základní\",J264,0)","v":873.92},{"$f":"IF(N264=\"snížená\",J264,0)","v":{"v":0,"d":"0.00"}},{"$f":"IF(N264=\"zákl. přenesená\",J264,0)","v":{"v":0,"d":"0.00"}},{"$f":"IF(N264=\"sníž. přenesená\",J264,0)","v":{"v":0,"d":"0.00"}},{"$f":"IF(N264=\"nulová\",J264,0)","v":{"v":0,"d":"0.00"}},"1",{"$f":"ROUND(I264*H264,2)","v":873.92},"16","-523537750"]
[{"$nulls":3},"Online PSC",null,"https://podminky.urs.cz/item/CS_URS_2025_01/722220153",{"$nulls":39},"Online PSC","2"]
[null,null,"38","K","722190401","Zřízení přípojek na potrubí vyvedení a upevnění výpustek do DN 25","kus",{"v":4,"d":"4.000"},150.68,{"$f":"ROUND(I266*H266,2)","v":602.72},"CS ÚRS 2025 01",null,"","základní",null,{"$f":"O266*H266","v":{"v":0,"d":"0.00000"}},{"v":0,"d":"0.00000"},{"$f":"Q266*H266","v":{"v":0,"d":"0.00000"}},{"v":0,"d":"0.00000"},{"$f":"S266*H266","v":{"v":0,"d":"0.00000"}},{"$nulls":23},"16",null,"K","2",{"$nulls":3},"ROZPOCET",{"$nulls":5},{"$f":"IF(N266=\"základní\",J266,0)","v":602.72},{"$f":"IF(N266=\"snížená\",J266,0)","v":{"v":0,"d":"0.00"}},{"$f":"IF(N266=\"zákl. přenesená\",J266,0)","v":{"v":0,"d":"0.00"}},{"$f":"IF(N266=\"sníž. přenesená\",J266,0)","v":{"v":0,"d":"0.00"}},{"$f":"IF(N266=\"nulová\",J266,0)","v":{"v":0,"d":"0.00"}},"1",{"$f":"ROUND(I266*H266,2)","v":602.72},"16","230328589"]
[{"$nulls":3},"Online PSC",null,"https://podminky.urs.cz/item/CS_URS_2025_01/722190401",{"$nulls":39},"Online PSC","2"]
[null,null,"39","K","72219040R","Zřízení přípojek na stávající potrubí v šachtě včetně potřebného materiálu","kpl",{"v":1,"d":"1.000"},894.64,{"$f":"ROUND(I268*H268,2)","v":894.64},"vlastní",null,"","základní",null,{"$f":"O268*H268","v":{"v":0,"d":"0.00000"}},{"v":0,"d":"0.00000"},{"$f":"Q268*H268","v":{"v":0,"d":"0.00000"}},{"v":0,"d":"0.00000"},{"$f":"S268*H268","v":{"v":0,"d":"0.00000"}},{"$nulls":23},"16",null,"K","2",{"$nulls":3},"ROZPOCET",{"$nulls":5},{"$f":"IF(N268=\"základní\",J268,0)","v":894.64},{"$f":"IF(N268=\"snížená\",J268,0)","v":{"v":0,"d":"0.00"}},{"$f":"IF(N268=\"zákl. přenesená\",J268,0)","v":{"v":0,"d":"0.00"}},{"$f":"IF(N268=\"sníž. přenesená\",J268,0)","v":{"v":0,"d":"0.00"}},{"$f":"IF(N268=\"nulová\",J268,0)","v":{"v":0,"d":"0.00"}},"1",{"$f":"ROUND(I268*H268,2)","v":894.64},"16","435937680"]
[null,null,"40","K","722290234","Zkoušky, proplach a desinfekce vodovodního potrubí proplach a desinfekce vodovodního potrubí do DN 80","m",{"v":10,"d":"10.000"},23.54,{"$f":"ROUND(I269*H269,2)","v":{"v":235.4,"d":"235.40"}},"CS ÚRS 2025 01",null,"","základní",null,{"$f":"O269*H269","v":{"v":0,"d":"0.00000"}},{"v":1e-05,"d":"0.00001"},{"$f":"Q269*H269","v":{"v":1E-4,"d":"0.00010"}},{"v":0,"d":"0.00000"},{"$f":"S269*H269","v":{"v":0,"d":"0.00000"}},{"$nulls":23},"16",null,"K","2",{"$nulls":3},"ROZPOCET",{"$nulls":5},{"$f":"IF(N269=\"základní\",J269,0)","v":{"v":235.4,"d":"235.40"}},{"$f":"IF(N269=\"snížená\",J269,0)","v":{"v":0,"d":"0.00"}},{"$f":"IF(N269=\"zákl. přenesená\",J269,0)","v":{"v":0,"d":"0.00"}},{"$f":"IF(N269=\"sníž. přenesená\",J269,0)","v":{"v":0,"d":"0.00"}},{"$f":"IF(N269=\"nulová\",J269,0)","v":{"v":0,"d":"0.00"}},"1",{"$f":"ROUND(I269*H269,2)","v":{"v":235.4,"d":"235.40"}},"16","721872300"]
[{"$nulls":3},"Online PSC",null,"https://podminky.urs.cz/item/CS_URS_2025_01/722290234",{"$nulls":39},"Online PSC","2"]
[null,null,"41","K","998722103","Přesun hmot pro vnitřní vodovod stanovený z hmotnosti přesunovaného materiálu vodorovná dopravní vzdálenost do 50 m základní v objektech výšky přes 12 do 24 m","t",0.013,{"v":1271.33,"d":"1,271.33"},{"$f":"ROUND(I271*H271,2)","v":16.53},"CS ÚRS 2025 01",null,"","základní",null,{"$f":"O271*H271","v":{"v":0,"d":"0.00000"}},{"v":0,"d":"0.00000"},{"$f":"Q271*H271","v":{"v":0,"d":"0.00000"}},{"v":0,"d":"0.00000"},{"$f":"S271*H271","v":{"v":0,"d":"0.00000"}},{"$nulls":23},"16",null,"K","2",{"$nulls":3},"ROZPOCET",{"$nulls":5},{"$f":"IF(N271=\"základní\",J271,0)","v":16.53},{"$f":"IF(N271=\"snížená\",J271,0)","v":{"v":0,"d":"0.00"}},{"$f":"IF(N271=\"zákl. přenesená\",J271,0)","v":{"v":0,"d":"0.00"}},{"$f":"IF(N271=\"sníž. přenesená\",J271,0)","v":{"v":0,"d":"0.00"}},{"$f":"IF(N271=\"nulová\",J271,0)","v":{"v":0,"d":"0.00"}},"1",{"$f":"ROUND(I271*H271,2)","v":16.53},"16","73872537"]
[{"$nulls":3},"Online PSC",null,"https://podminky.urs.cz/item/CS_URS_2025_01/998722103",{"$nulls":39},"Online PSC","2"]
[{"$nulls":3},"D","725","Zdravotechnika - zařizovací předměty",{"$nulls":3},{"$f":"BK273","v":{"v":34615.7,"d":"34,615.70"}},{"$nulls":5},{"$f":"SUM(P274:P313)","v":{"v":0,"d":"0.00000"}},null,{"$f":"SUM(R274:R313)","v":{"v":0.08892000000000001,"d":"0.08892"}},null,{"$f":"SUM(T274:T313)","v":0.06899},{"$nulls":23},"2",null,"D","1",{"$nulls":3},"ROZPOCET",{"$nulls":11},{"$f":"SUM(BK274:BK313)","v":{"v":34615.7,"d":"34,615.70"}}]
[null,null,"42","K","725820801","Demontáž baterií nástěnných do G 3/4","soubor",{"v":2,"d":"2.000"},84.76,{"$f":"ROUND(I274*H274,2)","v":169.52},"CS ÚRS 2025 01",null,"","základní",null,{"$f":"O274*H274","v":{"v":0,"d":"0.00000"}},{"v":0,"d":"0.00000"},{"$f":"Q274*H274","v":{"v":0,"d":"0.00000"}},{"v":1.56E-3,"d":"0.00156"},{"$f":"S274*H274","v":0.00312},{"$nulls":23},"16",null,"K","2",{"$nulls":3},"ROZPOCET",{"$nulls":5},{"$f":"IF(N274=\"základní\",J274,0)","v":169.52},{"$f":"IF(N274=\"snížená\",J274,0)","v":{"v":0,"d":"0.00"}},{"$f":"IF(N274=\"zákl. přenesená\",J274,0)","v":{"v":0,"d":"0.00"}},{"$f":"IF(N274=\"sníž. přenesená\",J274,0)","v":{"v":0,"d":"0.00"}},{"$f":"IF(N274=\"nulová\",J274,0)","v":{"v":0,"d":"0.00"}},"1",{"$f":"ROUND(I274*H274,2)","v":169.52},"16","2005645435"]
[{"$nulls":3},"Online PSC",null,"https://podminky.urs.cz/item/CS_URS_2025_01/725820801",{"$nulls":39},"Online PSC","2"]
[null,null,"43","K","725840851","Demontáž baterií sprchových nástěnných","kus",{"v":1,"d":"1.000"},84.76,{"$f":"ROUND(I276*H276,2)","v":84.76},"CS ÚRS 2025 01",null,"","základní",null,{"$f":"O276*H276","v":{"v":0,"d":"0.00000"}},{"v":0,"d":"0.00000"},{"$f":"Q276*H276","v":{"v":0,"d":"0.00000"}},{"v":7.62E-3,"d":"0.00762"},{"$f":"S276*H276","v":{"v":7.62E-3,"d":"0.00762"}},{"$nulls":23},"16",null,"K","2",{"$nulls":3},"ROZPOCET",{"$nulls":5},{"$f":"IF(N276=\"základní\",J276,0)","v":84.76},{"$f":"IF(N276=\"snížená\",J276,0)","v":{"v":0,"d":"0.00"}},{"$f":"IF(N276=\"zákl. přenesená\",J276,0)","v":{"v":0,"d":"0.00"}},{"$f":"IF(N276=\"sníž. přenesená\",J276,0)","v":{"v":0,"d":"0.00"}},{"$f":"IF(N276=\"nulová\",J276,0)","v":{"v":0,"d":"0.00"}},"1",{"$f":"ROUND(I276*H276,2)","v":84.76},"16","-561053602"]
[{"$nulls":3},"Online PSC",null,"https://podminky.urs.cz/item/CS_URS_2025_01/725840851",{"$nulls":39},"Online PSC","2"]
[null,null,"44","K","725110811","Demontáž klozetů splachovacích s nádrží nebo tlakovým splachovačem","soubor",{"v":1,"d":"1.000"},235.43,{"$f":"ROUND(I278*H278,2)","v":235.43},"CS ÚRS 2025 01",null,"","základní",null,{"$f":"O278*H278","v":{"v":0,"d":"0.00000"}},{"v":0,"d":"0.00000"},{"$f":"Q278*H278","v":{"v":0,"d":"0.00000"}},0.01933,{"$f":"S278*H278","v":0.01933},{"$nulls":23},"16",null,"K","2",{"$nulls":3},"ROZPOCET",{"$nulls":5},{"$f":"IF(N278=\"základní\",J278,0)","v":235.43},{"$f":"IF(N278=\"snížená\",J278,0)","v":{"v":0,"d":"0.00"}},{"$f":"IF(N278=\"zákl. přenesená\",J278,0)","v":{"v":0,"d":"0.00"}},{"$f":"IF(N278=\"sníž. přenesená\",J278,0)","v":{"v":0,"d":"0.00"}},{"$f":"IF(N278=\"nulová\",J278,0)","v":{"v":0,"d":"0.00"}},"1",{"$f":"ROUND(I278*H278,2)","v":235.43},"16","-914164696"]
[{"$nulls":3},"Online PSC",null,"https://podminky.urs.cz/item/CS_URS_2025_01/725110811",{"$nulls":39},"Online PSC","2"]
[null,null,"45","K","725210821","Demontáž umyvadel bez výtokových armatur umyvadel","soubor",{"v":2,"d":"2.000"},235.43,{"$f":"ROUND(I280*H280,2)","v":470.86},"CS ÚRS 2025 01",null,"","základní",null,{"$f":"O280*H280","v":{"v":0,"d":"0.00000"}},{"v":0,"d":"0.00000"},{"$f":"Q280*H280","v":{"v":0,"d":"0.00000"}},0.01946,{"$f":"S280*H280","v":0.03892},{"$nulls":23},"16",null,"K","2",{"$nulls":3},"ROZPOCET",{"$nulls":5},{"$f":"IF(N280=\"základní\",J280,0)","v":470.86},{"$f":"IF(N280=\"snížená\",J280,0)","v":{"v":0,"d":"0.00"}},{"$f":"IF(N280=\"zákl. přenesená\",J280,0)","v":{"v":0,"d":"0.00"}},{"$f":"IF(N280=\"sníž. přenesená\",J280,0)","v":{"v":0,"d":"0.00"}},{"$f":"IF(N280=\"nulová\",J280,0)","v":{"v":0,"d":"0.00"}},"1",{"$f":"ROUND(I280*H280,2)","v":470.86},"16","472655249"]
[{"$nulls":3},"Online PSC",null,"https://podminky.urs.cz/item/CS_URS_2025_01/725210821",{"$nulls":39},"Online PSC","2"]
[null,null,"46","K","725813111","Ventily rohové bez připojovací trubičky nebo flexi hadičky G 1/2\"","soubor",{"v":5,"d":"5.000"},235.43,{"$f":"ROUND(I282*H282,2)","v":{"v":1177.15,"d":"1,177.15"}},"CS ÚRS 2025 01",null,"","základní",null,{"$f":"O282*H282","v":{"v":0,"d":"0.00000"}},0.00024,{"$f":"Q282*H282","v":{"v":1.2000000000000001E-3,"d":"0.00120"}},{"v":0,"d":"0.00000"},{"$f":"S282*H282","v":{"v":0,"d":"0.00000"}},{"$nulls":23},"16",null,"K","2",{"$nulls":3},"ROZPOCET",{"$nulls":5},{"$f":"IF(N282=\"základní\",J282,0)","v":{"v":1177.15,"d":"1,177.15"}},{"$f":"IF(N282=\"snížená\",J282,0)","v":{"v":0,"d":"0.00"}},{"$f":"IF(N282=\"zákl. přenesená\",J282,0)","v":{"v":0,"d":"0.00"}},{"$f":"IF(N282=\"sníž. přenesená\",J282,0)","v":{"v":0,"d":"0.00"}},{"$f":"IF(N282=\"nulová\",J282,0)","v":{"v":0,"d":"0.00"}},"1",{"$f":"ROUND(I282*H282,2)","v":{"v":1177.15,"d":"1,177.15"}},"16","1846644488"]
[{"$nulls":3},"Online PSC",null,"https://podminky.urs.cz/item/CS_URS_2025_01/725813111",{"$nulls":39},"Online PSC","2"]
[{"$nulls":3},"VV","","\"prostor umyvadel\"",null,"",{"$nulls":37},"VV","2","1","True","0","ROZPOCET"]
[{"$nulls":3},"VV","","2*2",null,{"v":4,"d":"4.000"},{"$nulls":37},"VV","2","2","True","0","ROZPOCET"]
[{"$nulls":3},"VV","","\"sprcha\"",null,"",{"$nulls":37},"VV","2","1","True","0","ROZPOCET"]
[{"$nulls":3},"VV","","0",null,{"v":0,"d":"0.000"},{"$nulls":37},"VV","2","2","True","0","ROZPOCET"]
[{"$nulls":3},"VV","","\"WC\"",null,"",{"$nulls":37},"VV","2","1","True","0","ROZPOCET"]
[{"$nulls":3},"VV","","1",null,{"v":1,"d":"1.000"},{"$nulls":37},"VV","2","2","True","0","ROZPOCET"]
[{"$nulls":3},"VV","","Součet",null,{"v":5,"d":"5.000"},{"$nulls":37},"VV","2","4","True","1","ROZPOCET"]
[null,null,"47","M","55190005","flexi hadice ohebná k baterii D 8x12mm F 1/2\"xM10 500mm","m",{"v":2.5,"d":"2.500"},159.15,{"$f":"ROUND(I291*H291,2)","v":397.88},"CS ÚRS 2025 01",null,"","základní",null,{"$f":"O291*H291","v":{"v":0,"d":"0.00000"}},0.00018,{"$f":"Q291*H291","v":{"v":4.5000000000000004E-4,"d":"0.00045"}},{"v":0,"d":"0.00000"},{"$f":"S291*H291","v":{"v":0,"d":"0.00000"}},{"$nulls":23},"32",null,"M","2",{"$nulls":3},"ROZPOCET",{"$nulls":5},{"$f":"IF(N291=\"základní\",J291,0)","v":397.88},{"$f":"IF(N291=\"snížená\",J291,0)","v":{"v":0,"d":"0.00"}},{"$f":"IF(N291=\"zákl. přenesená\",J291,0)","v":{"v":0,"d":"0.00"}},{"$f":"IF(N291=\"sníž. přenesená\",J291,0)","v":{"v":0,"d":"0.00"}},{"$f":"IF(N291=\"nulová\",J291,0)","v":{"v":0,"d":"0.00"}},"1",{"$f":"ROUND(I291*H291,2)","v":397.88},"16","874528139"]
[{"$nulls":3},"VV","","5*0,5",null,{"v":2.5,"d":"2.500"},{"$nulls":37},"VV","2","2","True","1","ROZPOCET"]
[null,null,"48","K","725112011","Zařízení záchodů klozety keramické standardní samostatně stojící s plochým splachováním odpad vodorovný","soubor",{"v":1,"d":"1.000"},{"v":4002.34,"d":"4,002.34"},{"$f":"ROUND(I293*H293,2)","v":{"v":4002.34,"d":"4,002.34"}},"CS ÚRS 2025 01",null,"","základní",null,{"$f":"O293*H293","v":{"v":0,"d":"0.00000"}},0.01387,{"$f":"Q293*H293","v":0.01387},{"v":0,"d":"0.00000"},{"$f":"S293*H293","v":{"v":0,"d":"0.00000"}},{"$nulls":23},"16",null,"K","2",{"$nulls":3},"ROZPOCET",{"$nulls":5},{"$f":"IF(N293=\"základní\",J293,0)","v":{"v":4002.34,"d":"4,002.34"}},{"$f":"IF(N293=\"snížená\",J293,0)","v":{"v":0,"d":"0.00"}},{"$f":"IF(N293=\"zákl. přenesená\",J293,0)","v":{"v":0,"d":"0.00"}},{"$f":"IF(N293=\"sníž. přenesená\",J293,0)","v":{"v":0,"d":"0.00"}},{"$f":"IF(N293=\"nulová\",J293,0)","v":{"v":0,"d":"0.00"}},"1",{"$f":"ROUND(I293*H293,2)","v":{"v":4002.34,"d":"4,002.34"}},"16","-305216758"]
[{"$nulls":3},"Online PSC",null,"https://podminky.urs.cz/item/CS_URS_2025_01/725112011",{"$nulls":39},"Online PSC","2"]
[null,null,"49","K","725291650","Montáž doplňků zařízení koupelen a záchodů toaletní desky rovné","kus",{"v":1,"d":"1.000"},207.18,{"$f":"ROUND(I295*H295,2)","v":207.18},"CS ÚRS 2025 01",null,"","základní",null,{"$f":"O295*H295","v":{"v":0,"d":"0.00000"}},{"v":0,"d":"0.00000"},{"$f":"Q295*H295","v":{"v":0,"d":"0.00000"}},{"v":0,"d":"0.00000"},{"$f":"S295*H295","v":{"v":0,"d":"0.00000"}},{"$nulls":23},"16",null,"K","2",{"$nulls":3},"ROZPOCET",{"$nulls":5},{"$f":"IF(N295=\"základní\",J295,0)","v":207.18},{"$f":"IF(N295=\"snížená\",J295,0)","v":{"v":0,"d":"0.00"}},{"$f":"IF(N295=\"zákl. přenesená\",J295,0)","v":{"v":0,"d":"0.00"}},{"$f":"IF(N295=\"sníž. přenesená\",J295,0)","v":{"v":0,"d":"0.00"}},{"$f":"IF(N295=\"nulová\",J295,0)","v":{"v":0,"d":"0.00"}},"1",{"$f":"ROUND(I295*H295,2)","v":207.18},"16","993927515"]
[{"$nulls":3},"Online PSC",null,"https://podminky.urs.cz/item/CS_URS_2025_01/725291650",{"$nulls":39},"Online PSC","2"]
[null,null,"50","M","64294623","deska bílá z duroplastu s pomalým sklápěním","kus",{"v":1,"d":"1.000"},{"v":1129.98,"d":"1,129.98"},{"$f":"ROUND(I297*H297,2)","v":{"v":1129.98,"d":"1,129.98"}},"CS ÚRS 2025 01",null,"","základní",null,{"$f":"O297*H297","v":{"v":0,"d":"0.00000"}},{"v":0.0024,"d":"0.00240"},{"$f":"Q297*H297","v":{"v":0.0024,"d":"0.00240"}},{"v":0,"d":"0.00000"},{"$f":"S297*H297","v":{"v":0,"d":"0.00000"}},{"$nulls":23},"32",null,"M","2",{"$nulls":3},"ROZPOCET",{"$nulls":5},{"$f":"IF(N297=\"základní\",J297,0)","v":{"v":1129.98,"d":"1,129.98"}},{"$f":"IF(N297=\"snížená\",J297,0)","v":{"v":0,"d":"0.00"}},{"$f":"IF(N297=\"zákl. přenesená\",J297,0)","v":{"v":0,"d":"0.00"}},{"$f":"IF(N297=\"sníž. přenesená\",J297,0)","v":{"v":0,"d":"0.00"}},{"$f":"IF(N297=\"nulová\",J297,0)","v":{"v":0,"d":"0.00"}},"1",{"$f":"ROUND(I297*H297,2)","v":{"v":1129.98,"d":"1,129.98"}},"16","1993374614"]
[null,null,"51","K","725241901","Sprchové vaničky montáž sprchových vaniček","soubor",{"v":1,"d":"1.000"},{"v":2448.49,"d":"2,448.49"},{"$f":"ROUND(I298*H298,2)","v":{"v":2448.49,"d":"2,448.49"}},"CS ÚRS 2025 01",null,"","základní",null,{"$f":"O298*H298","v":{"v":0,"d":"0.00000"}},0.00583,{"$f":"Q298*H298","v":0.00583},{"v":0,"d":"0.00000"},{"$f":"S298*H298","v":{"v":0,"d":"0.00000"}},{"$nulls":23},"16",null,"K","2",{"$nulls":3},"ROZPOCET",{"$nulls":5},{"$f":"IF(N298=\"základní\",J298,0)","v":{"v":2448.49,"d":"2,448.49"}},{"$f":"IF(N298=\"snížená\",J298,0)","v":{"v":0,"d":"0.00"}},{"$f":"IF(N298=\"zákl. přenesená\",J298,0)","v":{"v":0,"d":"0.00"}},{"$f":"IF(N298=\"sníž. přenesená\",J298,0)","v":{"v":0,"d":"0.00"}},{"$f":"IF(N298=\"nulová\",J298,0)","v":{"v":0,"d":"0.00"}},"1",{"$f":"ROUND(I298*H298,2)","v":{"v":2448.49,"d":"2,448.49"}},"16","2029854859"]
[{"$nulls":3},"Online PSC",null,"https://podminky.urs.cz/item/CS_URS_2025_01/725241901",{"$nulls":39},"Online PSC","2"]
[null,null,"52","M","55423024R","vanička sprchová akrylátová samonosná bílá 900x750x185mm","kus",{"v":1,"d":"1.000"},{"v":4468.5,"d":"4,468.50"},{"$f":"ROUND(I300*H300,2)","v":{"v":4468.5,"d":"4,468.50"}},"vlastní",null,"","základní",null,{"$f":"O300*H300","v":{"v":0,"d":"0.00000"}},{"v":0.013,"d":"0.01300"},{"$f":"Q300*H300","v":{"v":0.013,"d":"0.01300"}},{"v":0,"d":"0.00000"},{"$f":"S300*H300","v":{"v":0,"d":"0.00000"}},{"$nulls":23},"32",null,"M","2",{"$nulls":3},"ROZPOCET",{"$nulls":5},{"$f":"IF(N300=\"základní\",J300,0)","v":{"v":4468.5,"d":"4,468.50"}},{"$f":"IF(N300=\"snížená\",J300,0)","v":{"v":0,"d":"0.00"}},{"$f":"IF(N300=\"zákl. přenesená\",J300,0)","v":{"v":0,"d":"0.00"}},{"$f":"IF(N300=\"sníž. přenesená\",J300,0)","v":{"v":0,"d":"0.00"}},{"$f":"IF(N300=\"nulová\",J300,0)","v":{"v":0,"d":"0.00"}},"1",{"$f":"ROUND(I300*H300,2)","v":{"v":4468.5,"d":"4,468.50"}},"16","-189771087"]
[null,null,"53","K","72586550R","Zápachové uzávěrky zařizovacích předmětů odpadní soupravy se zápachovou uzávěrkou sprchové vaničky","kus",{"v":1,"d":"1.000"},800.47,{"$f":"ROUND(I301*H301,2)","v":800.47},"vlastní",null,"","základní",null,{"$f":"O301*H301","v":{"v":0,"d":"0.00000"}},0.00285,{"$f":"Q301*H301","v":0.00285},{"v":0,"d":"0.00000"},{"$f":"S301*H301","v":{"v":0,"d":"0.00000"}},{"$nulls":23},"16",null,"K","2",{"$nulls":3},"ROZPOCET",{"$nulls":5},{"$f":"IF(N301=\"základní\",J301,0)","v":800.47},{"$f":"IF(N301=\"snížená\",J301,0)","v":{"v":0,"d":"0.00"}},{"$f":"IF(N301=\"zákl. přenesená\",J301,0)","v":{"v":0,"d":"0.00"}},{"$f":"IF(N301=\"sníž. přenesená\",J301,0)","v":{"v":0,"d":"0.00"}},{"$f":"IF(N301=\"nulová\",J301,0)","v":{"v":0,"d":"0.00"}},"1",{"$f":"ROUND(I301*H301,2)","v":800.47},"16","1565311296"]
[null,null,"54","K","725244103","Sprchové dveře a zástěny dveře sprchové do niky rámové se skleněnou výplní tl. 5 mm otvíravé jednokřídlové, na vaničku šířky 900 mm","soubor",{"v":1,"d":"1.000"},{"v":7062.96,"d":"7,062.96"},{"$f":"ROUND(I302*H302,2)","v":{"v":7062.96,"d":"7,062.96"}},"CS ÚRS 2025 01",null,"","základní",null,{"$f":"O302*H302","v":{"v":0,"d":"0.00000"}},{"v":0.0201,"d":"0.02010"},{"$f":"Q302*H302","v":{"v":0.0201,"d":"0.02010"}},{"v":0,"d":"0.00000"},{"$f":"S302*H302","v":{"v":0,"d":"0.00000"}},{"$nulls":23},"16",null,"K","2",{"$nulls":3},"ROZPOCET",{"$nulls":5},{"$f":"IF(N302=\"základní\",J302,0)","v":{"v":7062.96,"d":"7,062.96"}},{"$f":"IF(N302=\"snížená\",J302,0)","v":{"v":0,"d":"0.00"}},{"$f":"IF(N302=\"zákl. přenesená\",J302,0)","v":{"v":0,"d":"0.00"}},{"$f":"IF(N302=\"sníž. přenesená\",J302,0)","v":{"v":0,"d":"0.00"}},{"$f":"IF(N302=\"nulová\",J302,0)","v":{"v":0,"d":"0.00"}},"1",{"$f":"ROUND(I302*H302,2)","v":{"v":7062.96,"d":"7,062.96"}},"16","795755241"]
[{"$nulls":3},"Online PSC",null,"https://podminky.urs.cz/item/CS_URS_2025_01/725244103",{"$nulls":39},"Online PSC","2"]
[null,null,"55","K","725841322R","Baterie sprchová nástěnná se sprchovým setem s roztečí 150 mm - chrom","soubor",{"v":1,"d":"1.000"},{"v":1638.71,"d":"1,638.71"},{"$f":"ROUND(I304*H304,2)","v":{"v":1638.71,"d":"1,638.71"}},"vlastní",null,"","základní",null,{"$f":"O304*H304","v":{"v":0,"d":"0.00000"}},{"v":2.14E-3,"d":"0.00214"},{"$f":"Q304*H304","v":{"v":2.14E-3,"d":"0.00214"}},{"v":0,"d":"0.00000"},{"$f":"S304*H304","v":{"v":0,"d":"0.00000"}},{"$nulls":23},"16",null,"K","2",{"$nulls":3},"ROZPOCET",{"$nulls":5},{"$f":"IF(N304=\"základní\",J304,0)","v":{"v":1638.71,"d":"1,638.71"}},{"$f":"IF(N304=\"snížená\",J304,0)","v":{"v":0,"d":"0.00"}},{"$f":"IF(N304=\"zákl. přenesená\",J304,0)","v":{"v":0,"d":"0.00"}},{"$f":"IF(N304=\"sníž. přenesená\",J304,0)","v":{"v":0,"d":"0.00"}},{"$f":"IF(N304=\"nulová\",J304,0)","v":{"v":0,"d":"0.00"}},"1",{"$f":"ROUND(I304*H304,2)","v":{"v":1638.71,"d":"1,638.71"}},"16","-767835850"]
[null,null,"56","K","725211661R","Umyvadlo keramické bílé zápustné šířky 560 mm připevněné do desky včetně přepadu","soubor",{"v":2,"d":"2.000"},{"v":2683.92,"d":"2,683.92"},{"$f":"ROUND(I305*H305,2)","v":{"v":5367.84,"d":"5,367.84"}},"vlastní",null,"","základní",null,{"$f":"O305*H305","v":{"v":0,"d":"0.00000"}},0.01046,{"$f":"Q305*H305","v":0.02092},{"v":0,"d":"0.00000"},{"$f":"S305*H305","v":{"v":0,"d":"0.00000"}},{"$nulls":23},"16",null,"K","2",{"$nulls":3},"ROZPOCET",{"$nulls":5},{"$f":"IF(N305=\"základní\",J305,0)","v":{"v":5367.84,"d":"5,367.84"}},{"$f":"IF(N305=\"snížená\",J305,0)","v":{"v":0,"d":"0.00"}},{"$f":"IF(N305=\"zákl. přenesená\",J305,0)","v":{"v":0,"d":"0.00"}},{"$f":"IF(N305=\"sníž. přenesená\",J305,0)","v":{"v":0,"d":"0.00"}},{"$f":"IF(N305=\"nulová\",J305,0)","v":{"v":0,"d":"0.00"}},"1",{"$f":"ROUND(I305*H305,2)","v":{"v":5367.84,"d":"5,367.84"}},"16","31809193"]
[null,null,"57","K","725865501","Zápachové uzávěrky zařizovacích předmětů odpadní soupravy se zápachovou uzávěrkou DN 40/50","kus",{"v":2,"d":"2.000"},725.13,{"$f":"ROUND(I306*H306,2)","v":{"v":1450.26,"d":"1,450.26"}},"CS ÚRS 2025 01",null,"","základní",null,{"$f":"O306*H306","v":{"v":0,"d":"0.00000"}},0.00128,{"$f":"Q306*H306","v":0.00256},{"v":0,"d":"0.00000"},{"$f":"S306*H306","v":{"v":0,"d":"0.00000"}},{"$nulls":23},"16",null,"K","2",{"$nulls":3},"ROZPOCET",{"$nulls":5},{"$f":"IF(N306=\"základní\",J306,0)","v":{"v":1450.26,"d":"1,450.26"}},{"$f":"IF(N306=\"snížená\",J306,0)","v":{"v":0,"d":"0.00"}},{"$f":"IF(N306=\"zákl. přenesená\",J306,0)","v":{"v":0,"d":"0.00"}},{"$f":"IF(N306=\"sníž. přenesená\",J306,0)","v":{"v":0,"d":"0.00"}},{"$f":"IF(N306=\"nulová\",J306,0)","v":{"v":0,"d":"0.00"}},"1",{"$f":"ROUND(I306*H306,2)","v":{"v":1450.26,"d":"1,450.26"}},"16","-895291148"]
[{"$nulls":3},"Online PSC",null,"https://podminky.urs.cz/item/CS_URS_2025_01/725865501",{"$nulls":39},"Online PSC","2"]
[{"$nulls":3},"VV","","\"chrom\"",null,"",{"$nulls":37},"VV","2","1","True","0","ROZPOCET"]
[{"$nulls":3},"VV","","2",null,{"v":2,"d":"2.000"},{"$nulls":37},"VV","2","2","True","1","ROZPOCET"]
[null,null,"58","K","725822611","Baterie umyvadlová stojánková páková bez výpusti - chrom","soubor",{"v":2,"d":"2.000"},{"v":1695.11,"d":"1,695.11"},{"$f":"ROUND(I310*H310,2)","v":{"v":3390.22,"d":"3,390.22"}},"CS ÚRS 2025 01",null,"","základní",null,{"$f":"O310*H310","v":{"v":0,"d":"0.00000"}},{"v":1.8E-3,"d":"0.00180"},{"$f":"Q310*H310","v":{"v":0.0036,"d":"0.00360"}},{"v":0,"d":"0.00000"},{"$f":"S310*H310","v":{"v":0,"d":"0.00000"}},{"$nulls":23},"16",null,"K","2",{"$nulls":3},"ROZPOCET",{"$nulls":5},{"$f":"IF(N310=\"základní\",J310,0)","v":{"v":3390.22,"d":"3,390.22"}},{"$f":"IF(N310=\"snížená\",J310,0)","v":{"v":0,"d":"0.00"}},{"$f":"IF(N310=\"zákl. přenesená\",J310,0)","v":{"v":0,"d":"0.00"}},{"$f":"IF(N310=\"sníž. přenesená\",J310,0)","v":{"v":0,"d":"0.00"}},{"$f":"IF(N310=\"nulová\",J310,0)","v":{"v":0,"d":"0.00"}},"1",{"$f":"ROUND(I310*H310,2)","v":{"v":3390.22,"d":"3,390.22"}},"16","1367580556"]
[{"$nulls":3},"Online PSC",null,"https://podminky.urs.cz/item/CS_URS_2025_01/725822611",{"$nulls":39},"Online PSC","2"]
[null,null,"59","K","998725103","Přesun hmot pro zařizovací předměty stanovený z hmotnosti přesunovaného materiálu vodorovná dopravní vzdálenost do 50 m základní v objektech výšky přes 12 do 24 m","t",0.089,{"v":1271.33,"d":"1,271.33"},{"$f":"ROUND(I312*H312,2)","v":113.15},"CS ÚRS 2025 01",null,"","základní",null,{"$f":"O312*H312","v":{"v":0,"d":"0.00000"}},{"v":0,"d":"0.00000"},{"$f":"Q312*H312","v":{"v":0,"d":"0.00000"}},{"v":0,"d":"0.00000"},{"$f":"S312*H312","v":{"v":0,"d":"0.00000"}},{"$nulls":23},"16",null,"K","2",{"$nulls":3},"ROZPOCET",{"$nulls":5},{"$f":"IF(N312=\"základní\",J312,0)","v":113.15},{"$f":"IF(N312=\"snížená\",J312,0)","v":{"v":0,"d":"0.00"}},{"$f":"IF(N312=\"zákl. přenesená\",J312,0)","v":{"v":0,"d":"0.00"}},{"$f":"IF(N312=\"sníž. přenesená\",J312,0)","v":{"v":0,"d":"0.00"}},{"$f":"IF(N312=\"nulová\",J312,0)","v":{"v":0,"d":"0.00"}},"1",{"$f":"ROUND(I312*H312,2)","v":113.15},"16","-1178815574"]
[{"$nulls":3},"Online PSC",null,"https://podminky.urs.cz/item/CS_URS_2025_01/998725103",{"$nulls":39},"Online PSC","2"]
[{"$nulls":3},"D","741","Elektroinstalace - silnoproud",{"$nulls":3},{"$f":"BK314","v":{"v":6690.61,"d":"6,690.61"}},{"$nulls":5},{"$f":"SUM(P315:P365)","v":{"v":0,"d":"0.00000"}},null,{"$f":"SUM(R315:R365)","v":0.00204},null,{"$f":"SUM(T315:T365)","v":{"v":0.0083,"d":"0.00830"}},{"$nulls":23},"2",null,"D","1",{"$nulls":3},"ROZPOCET",{"$nulls":11},{"$f":"SUM(BK315:BK365)","v":{"v":6690.61,"d":"6,690.61"}}]
[null,null,"60","K","74131180R","Demontáž spínačů nástěnných normálních vnitřních","kus",{"v":5,"d":"5.000"},55.56,{"$f":"ROUND(I315*H315,2)","v":{"v":277.8,"d":"277.80"}},"vlastní",null,"","základní",null,{"$f":"O315*H315","v":{"v":0,"d":"0.00000"}},{"v":0,"d":"0.00000"},{"$f":"Q315*H315","v":{"v":0,"d":"0.00000"}},{"v":5e-05,"d":"0.00005"},{"$f":"S315*H315","v":0.00025},{"$nulls":23},"16",null,"K","2",{"$nulls":3},"ROZPOCET",{"$nulls":5},{"$f":"IF(N315=\"základní\",J315,0)","v":{"v":277.8,"d":"277.80"}},{"$f":"IF(N315=\"snížená\",J315,0)","v":{"v":0,"d":"0.00"}},{"$f":"IF(N315=\"zákl. přenesená\",J315,0)","v":{"v":0,"d":"0.00"}},{"$f":"IF(N315=\"sníž. přenesená\",J315,0)","v":{"v":0,"d":"0.00"}},{"$f":"IF(N315=\"nulová\",J315,0)","v":{"v":0,"d":"0.00"}},"1",{"$f":"ROUND(I315*H315,2)","v":{"v":277.8,"d":"277.80"}},"16","-1574855798"]
[{"$nulls":3},"VV","","\"spínače, tlačítka ventilátorů\"",null,"",{"$nulls":37},"VV","2","1","True","0","ROZPOCET"]
[{"$nulls":3},"VV","","\"prostor umyvadel\"",null,"",{"$nulls":37},"VV","2","1","True","0","ROZPOCET"]
[{"$nulls":3},"VV","","1",null,{"v":1,"d":"1.000"},{"$nulls":37},"VV","2","2","True","0","ROZPOCET"]
[{"$nulls":3},"VV","","\"sprcha\"",null,"",{"$nulls":37},"VV","2","1","True","0","ROZPOCET"]
[{"$nulls":3},"VV","","2",null,{"v":2,"d":"2.000"},{"$nulls":37},"VV","2","2","True","0","ROZPOCET"]
[{"$nulls":3},"VV","","\"WC\"",null,"",{"$nulls":37},"VV","2","1","True","0","ROZPOCET"]
[{"$nulls":3},"VV","","2",null,{"v":2,"d":"2.000"},{"$nulls":37},"VV","2","2","True","0","ROZPOCET"]
[{"$nulls":3},"VV","","Součet",null,{"v":5,"d":"5.000"},{"$nulls":37},"VV","2","4","True","1","ROZPOCET"]
[null,null,"61","K","74131582R","Demontáž zásuvek domovních normální prostředí šroubových bez zachování funkčnosti","kus",{"v":1,"d":"1.000"},55.56,{"$f":"ROUND(I324*H324,2)","v":55.56},"vlastní",null,"","základní",null,{"$f":"O324*H324","v":{"v":0,"d":"0.00000"}},{"v":0,"d":"0.00000"},{"$f":"Q324*H324","v":{"v":0,"d":"0.00000"}},{"v":5e-05,"d":"0.00005"},{"$f":"S324*H324","v":{"v":5e-05,"d":"0.00005"}},{"$nulls":23},"16",null,"K","2",{"$nulls":3},"ROZPOCET",{"$nulls":5},{"$f":"IF(N324=\"základní\",J324,0)","v":55.56},{"$f":"IF(N324=\"snížená\",J324,0)","v":{"v":0,"d":"0.00"}},{"$f":"IF(N324=\"zákl. přenesená\",J324,0)","v":{"v":0,"d":"0.00"}},{"$f":"IF(N324=\"sníž. přenesená\",J324,0)","v":{"v":0,"d":"0.00"}},{"$f":"IF(N324=\"nulová\",J324,0)","v":{"v":0,"d":"0.00"}},"1",{"$f":"ROUND(I324*H324,2)","v":55.56},"16","-1075994714"]
[{"$nulls":3},"VV","","\"prostor umyvadel\"",null,"",{"$nulls":37},"VV","2","1","True","0","ROZPOCET"]
[{"$nulls":3},"VV","","1",null,{"v":1,"d":"1.000"},{"$nulls":37},"VV","2","2","True","1","ROZPOCET"]
[null,null,"62","K","741371813","Demontáž svítidel bez zachování funkčnosti (do suti) interiérových modulového systému bodových nastavitelných","kus",{"v":4,"d":"4.000"},93.23,{"$f":"ROUND(I327*H327,2)","v":372.92},"CS ÚRS 2025 01",null,"","základní",null,{"$f":"O327*H327","v":{"v":0,"d":"0.00000"}},{"v":0,"d":"0.00000"},{"$f":"Q327*H327","v":{"v":0,"d":"0.00000"}},{"v":2E-3,"d":"0.00200"},{"$f":"S327*H327","v":{"v":0.008,"d":"0.00800"}},{"$nulls":23},"16",null,"K","2",{"$nulls":3},"ROZPOCET",{"$nulls":5},{"$f":"IF(N327=\"základní\",J327,0)","v":372.92},{"$f":"IF(N327=\"snížená\",J327,0)","v":{"v":0,"d":"0.00"}},{"$f":"IF(N327=\"zákl. přenesená\",J327,0)","v":{"v":0,"d":"0.00"}},{"$f":"IF(N327=\"sníž. přenesená\",J327,0)","v":{"v":0,"d":"0.00"}},{"$f":"IF(N327=\"nulová\",J327,0)","v":{"v":0,"d":"0.00"}},"1",{"$f":"ROUND(I327*H327,2)","v":372.92},"16","-771045298"]
[{"$nulls":3},"Online PSC",null,"https://podminky.urs.cz/item/CS_URS_2025_01/741371813",{"$nulls":39},"Online PSC","2"]
[{"$nulls":3},"VV","","\"prostor umyvadel\"",null,"",{"$nulls":37},"VV","2","1","True","0","ROZPOCET"]
[{"$nulls":3},"VV","","2",null,{"v":2,"d":"2.000"},{"$nulls":37},"VV","2","2","True","0","ROZPOCET"]
[{"$nulls":3},"VV","","\"sprcha\"",null,"",{"$nulls":37},"VV","2","1","True","0","ROZPOCET"]
[{"$nulls":3},"VV","","1",null,{"v":1,"d":"1.000"},{"$nulls":37},"VV","2","2","True","0","ROZPOCET"]
[{"$nulls":3},"VV","","\"WC\"",null,"",{"$nulls":37},"VV","2","1","True","0","ROZPOCET"]
[{"$nulls":3},"VV","","1",null,{"v":1,"d":"1.000"},{"$nulls":37},"VV","2","2","True","0","ROZPOCET"]
[{"$nulls":3},"VV","","Součet",null,{"v":4,"d":"4.000"},{"$nulls":37},"VV","2","4","True","1","ROZPOCET"]
[null,null,"63","K","741372012","Montáž svítidel s integrovaným zdrojem LED se zapojením vodičů interiérových přisazených nástěnných reflektorových bez pohybového čidla","kus",{"v":4,"d":"4.000"},{"v":329.6,"d":"329.60"},{"$f":"ROUND(I336*H336,2)","v":{"v":1318.4,"d":"1,318.40"}},"CS ÚRS 2025 01",null,"","základní",null,{"$f":"O336*H336","v":{"v":0,"d":"0.00000"}},{"v":0,"d":"0.00000"},{"$f":"Q336*H336","v":{"v":0,"d":"0.00000"}},{"v":0,"d":"0.00000"},{"$f":"S336*H336","v":{"v":0,"d":"0.00000"}},{"$nulls":23},"16",null,"K","2",{"$nulls":3},"ROZPOCET",{"$nulls":5},{"$f":"IF(N336=\"základní\",J336,0)","v":{"v":1318.4,"d":"1,318.40"}},{"$f":"IF(N336=\"snížená\",J336,0)","v":{"v":0,"d":"0.00"}},{"$f":"IF(N336=\"zákl. přenesená\",J336,0)","v":{"v":0,"d":"0.00"}},{"$f":"IF(N336=\"sníž. přenesená\",J336,0)","v":{"v":0,"d":"0.00"}},{"$f":"IF(N336=\"nulová\",J336,0)","v":{"v":0,"d":"0.00"}},"1",{"$f":"ROUND(I336*H336,2)","v":{"v":1318.4,"d":"1,318.40"}},"16","-1837774067"]
[{"$nulls":3},"Online PSC",null,"https://podminky.urs.cz/item/CS_URS_2025_01/741372012",{"$nulls":39},"Online PSC","2"]
[null,null,"64","M","34835008R","LED svítidlo nástěnné, vhodné do koupelny, IP ochrana: krytí IP44, výkon 5-9 W, světelný tok 400-800 lm","kus",{"v":4,"d":"4.000"},531.32,{"$f":"ROUND(I338*H338,2)","v":{"v":2125.28,"d":"2,125.28"}},"vlastní",null,"","základní",null,{"$f":"O338*H338","v":{"v":0,"d":"0.00000"}},0.00034,{"$f":"Q338*H338","v":0.00136},{"v":0,"d":"0.00000"},{"$f":"S338*H338","v":{"v":0,"d":"0.00000"}},{"$nulls":23},"32",null,"M","2",{"$nulls":3},"ROZPOCET",{"$nulls":5},{"$f":"IF(N338=\"základní\",J338,0)","v":{"v":2125.28,"d":"2,125.28"}},{"$f":"IF(N338=\"snížená\",J338,0)","v":{"v":0,"d":"0.00"}},{"$f":"IF(N338=\"zákl. přenesená\",J338,0)","v":{"v":0,"d":"0.00"}},{"$f":"IF(N338=\"sníž. přenesená\",J338,0)","v":{"v":0,"d":"0.00"}},{"$f":"IF(N338=\"nulová\",J338,0)","v":{"v":0,"d":"0.00"}},"1",{"$f":"ROUND(I338*H338,2)","v":{"v":2125.28,"d":"2,125.28"}},"16","277047188"]
[null,null,"65","K","741313043","Montáž zásuvek domovních se zapojením vodičů šroubové připojení polozapuštěných nebo zapuštěných 10/16 A, provedení 2x (2P + PE) dvojnásobná","kus",{"v":1,"d":"1.000"},169.51,{"$f":"ROUND(I339*H339,2)","v":169.51},"CS ÚRS 2025 01",null,"","základní",null,{"$f":"O339*H339","v":{"v":0,"d":"0.00000"}},{"v":0,"d":"0.00000"},{"$f":"Q339*H339","v":{"v":0,"d":"0.00000"}},{"v":0,"d":"0.00000"},{"$f":"S339*H339","v":{"v":0,"d":"0.00000"}},{"$nulls":23},"16",null,"K","2",{"$nulls":3},"ROZPOCET",{"$nulls":5},{"$f":"IF(N339=\"základní\",J339,0)","v":169.51},{"$f":"IF(N339=\"snížená\",J339,0)","v":{"v":0,"d":"0.00"}},{"$f":"IF(N339=\"zákl. přenesená\",J339,0)","v":{"v":0,"d":"0.00"}},{"$f":"IF(N339=\"sníž. přenesená\",J339,0)","v":{"v":0,"d":"0.00"}},{"$f":"IF(N339=\"nulová\",J339,0)","v":{"v":0,"d":"0.00"}},"1",{"$f":"ROUND(I339*H339,2)","v":169.51},"16","1582548898"]
[{"$nulls":3},"Online PSC",null,"https://podminky.urs.cz/item/CS_URS_2025_01/741313043",{"$nulls":39},"Online PSC","2"]
[null,null,"66","M","34555201","zásuvka zápustná dvojnásobná chráněná, šroubové svorky","kus",{"v":1,"d":"1.000"},176.29,{"$f":"ROUND(I341*H341,2)","v":176.29},"CS ÚRS 2025 01",null,"","základní",null,{"$f":"O341*H341","v":{"v":0,"d":"0.00000"}},{"v":9e-05,"d":"0.00009"},{"$f":"Q341*H341","v":{"v":9e-05,"d":"0.00009"}},{"v":0,"d":"0.00000"},{"$f":"S341*H341","v":{"v":0,"d":"0.00000"}},{"$nulls":23},"32",null,"M","2",{"$nulls":3},"ROZPOCET",{"$nulls":5},{"$f":"IF(N341=\"základní\",J341,0)","v":176.29},{"$f":"IF(N341=\"snížená\",J341,0)","v":{"v":0,"d":"0.00"}},{"$f":"IF(N341=\"zákl. přenesená\",J341,0)","v":{"v":0,"d":"0.00"}},{"$f":"IF(N341=\"sníž. přenesená\",J341,0)","v":{"v":0,"d":"0.00"}},{"$f":"IF(N341=\"nulová\",J341,0)","v":{"v":0,"d":"0.00"}},"1",{"$f":"ROUND(I341*H341,2)","v":176.29},"16","-1242238877"]
[null,null,"67","K","741310251","Montáž spínačů jedno nebo dvoupólových polozapuštěných nebo zapuštěných se zapojením vodičů šroubové připojení, pro prostředí venkovní nebo mokré spínačů, řazení 1-jednopólových","kus",{"v":3,"d":"3.000"},184.58,{"$f":"ROUND(I342*H342,2)","v":553.74},"CS ÚRS 2025 01",null,"","základní",null,{"$f":"O342*H342","v":{"v":0,"d":"0.00000"}},{"v":0,"d":"0.00000"},{"$f":"Q342*H342","v":{"v":0,"d":"0.00000"}},{"v":0,"d":"0.00000"},{"$f":"S342*H342","v":{"v":0,"d":"0.00000"}},{"$nulls":23},"16",null,"K","2",{"$nulls":3},"ROZPOCET",{"$nulls":5},{"$f":"IF(N342=\"základní\",J342,0)","v":553.74},{"$f":"IF(N342=\"snížená\",J342,0)","v":{"v":0,"d":"0.00"}},{"$f":"IF(N342=\"zákl. přenesená\",J342,0)","v":{"v":0,"d":"0.00"}},{"$f":"IF(N342=\"sníž. přenesená\",J342,0)","v":{"v":0,"d":"0.00"}},{"$f":"IF(N342=\"nulová\",J342,0)","v":{"v":0,"d":"0.00"}},"1",{"$f":"ROUND(I342*H342,2)","v":553.74},"16","659521631"]
[{"$nulls":3},"Online PSC",null,"https://podminky.urs.cz/item/CS_URS_2025_01/741310251",{"$nulls":39},"Online PSC","2"]
[{"$nulls":3},"VV","","\"spínač osvětlení včetně montáže rámečku a krytu\"",null,"",{"$nulls":37},"VV","2","1","True","0","ROZPOCET"]
[{"$nulls":3},"VV","","\"prostor umyvadel\"",null,"",{"$nulls":37},"VV","2","1","True","0","ROZPOCET"]
[{"$nulls":3},"VV","","1",null,{"v":1,"d":"1.000"},{"$nulls":37},"VV","2","2","True","0","ROZPOCET"]
[{"$nulls":3},"VV","","\"sprcha\"",null,"",{"$nulls":37},"VV","2","1","True","0","ROZPOCET"]
[{"$nulls":3},"VV","","1",null,{"v":1,"d":"1.000"},{"$nulls":37},"VV","2","2","True","0","ROZPOCET"]
[{"$nulls":3},"VV","","\"WC\"",null,"",{"$nulls":37},"VV","2","1","True","0","ROZPOCET"]
[{"$nulls":3},"VV","","1",null,{"v":1,"d":"1.000"},{"$nulls":37},"VV","2","2","True","0","ROZPOCET"]
[{"$nulls":3},"VV","","Součet",null,{"v":3,"d":"3.000"},{"$nulls":37},"VV","2","4","True","1","ROZPOCET"]
[null,null,"68","M","34535025","přístroj spínače zápustného jednopólového, s krytem, řazení 1, IP44, šroubové svorky, bílý","kus",{"v":3,"d":"3.000"},140.67,{"$f":"ROUND(I352*H352,2)","v":422.01},"CS ÚRS 2025 01",null,"","základní",null,{"$f":"O352*H352","v":{"v":0,"d":"0.00000"}},{"v":8e-05,"d":"0.00008"},{"$f":"Q352*H352","v":{"v":2.4000000000000003E-4,"d":"0.00024"}},{"v":0,"d":"0.00000"},{"$f":"S352*H352","v":{"v":0,"d":"0.00000"}},{"$nulls":23},"32",null,"M","2",{"$nulls":3},"ROZPOCET",{"$nulls":5},{"$f":"IF(N352=\"základní\",J352,0)","v":422.01},{"$f":"IF(N352=\"snížená\",J352,0)","v":{"v":0,"d":"0.00"}},{"$f":"IF(N352=\"zákl. přenesená\",J352,0)","v":{"v":0,"d":"0.00"}},{"$f":"IF(N352=\"sníž. přenesená\",J352,0)","v":{"v":0,"d":"0.00"}},{"$f":"IF(N352=\"nulová\",J352,0)","v":{"v":0,"d":"0.00"}},"1",{"$f":"ROUND(I352*H352,2)","v":422.01},"16","1309406907"]
[null,null,"69","M","34535013","přístroj přepínače sériového zápustného, s krytem, řazení 5, IP44, šroubové svorky","kus",{"v":3,"d":"3.000"},210.08,{"$f":"ROUND(I353*H353,2)","v":630.24},"CS ÚRS 2025 01",null,"","základní",null,{"$f":"O353*H353","v":{"v":0,"d":"0.00000"}},{"v":8e-05,"d":"0.00008"},{"$f":"Q353*H353","v":{"v":2.4000000000000003E-4,"d":"0.00024"}},{"v":0,"d":"0.00000"},{"$f":"S353*H353","v":{"v":0,"d":"0.00000"}},{"$nulls":23},"32",null,"M","2",{"$nulls":3},"ROZPOCET",{"$nulls":5},{"$f":"IF(N353=\"základní\",J353,0)","v":630.24},{"$f":"IF(N353=\"snížená\",J353,0)","v":{"v":0,"d":"0.00"}},{"$f":"IF(N353=\"zákl. přenesená\",J353,0)","v":{"v":0,"d":"0.00"}},{"$f":"IF(N353=\"sníž. přenesená\",J353,0)","v":{"v":0,"d":"0.00"}},{"$f":"IF(N353=\"nulová\",J353,0)","v":{"v":0,"d":"0.00"}},"1",{"$f":"ROUND(I353*H353,2)","v":630.24},"16","1198668523"]
[null,null,"70","M","34539059","rámeček jednonásobný, bílý","kus",{"v":3,"d":"3.000"},22.04,{"$f":"ROUND(I354*H354,2)","v":66.12},"CS ÚRS 2025 01",null,"","základní",null,{"$f":"O354*H354","v":{"v":0,"d":"0.00000"}},{"v":1e-05,"d":"0.00001"},{"$f":"Q354*H354","v":{"v":3.0000000000000004E-5,"d":"0.00003"}},{"v":0,"d":"0.00000"},{"$f":"S354*H354","v":{"v":0,"d":"0.00000"}},{"$nulls":23},"32",null,"M","2",{"$nulls":3},"ROZPOCET",{"$nulls":5},{"$f":"IF(N354=\"základní\",J354,0)","v":66.12},{"$f":"IF(N354=\"snížená\",J354,0)","v":{"v":0,"d":"0.00"}},{"$f":"IF(N354=\"zákl. přenesená\",J354,0)","v":{"v":0,"d":"0.00"}},{"$f":"IF(N354=\"sníž. přenesená\",J354,0)","v":{"v":0,"d":"0.00"}},{"$f":"IF(N354=\"nulová\",J354,0)","v":{"v":0,"d":"0.00"}},"1",{"$f":"ROUND(I354*H354,2)","v":66.12},"16","1931847663"]
[null,null,"71","K","741310201","Montáž spínačů jedno nebo dvoupólových polozapuštěných nebo zapuštěných se zapojením vodičů šroubové připojení, pro prostředí normální spínačů, řazení 1-jednopólových","kus",{"v":2,"d":"2.000"},169.51,{"$f":"ROUND(I355*H355,2)","v":339.02},"CS ÚRS 2025 01",null,"","základní",null,{"$f":"O355*H355","v":{"v":0,"d":"0.00000"}},{"v":0,"d":"0.00000"},{"$f":"Q355*H355","v":{"v":0,"d":"0.00000"}},{"v":0,"d":"0.00000"},{"$f":"S355*H355","v":{"v":0,"d":"0.00000"}},{"$nulls":23},"16",null,"K","2",{"$nulls":3},"ROZPOCET",{"$nulls":5},{"$f":"IF(N355=\"základní\",J355,0)","v":339.02},{"$f":"IF(N355=\"snížená\",J355,0)","v":{"v":0,"d":"0.00"}},{"$f":"IF(N355=\"zákl. přenesená\",J355,0)","v":{"v":0,"d":"0.00"}},{"$f":"IF(N355=\"sníž. přenesená\",J355,0)","v":{"v":0,"d":"0.00"}},{"$f":"IF(N355=\"nulová\",J355,0)","v":{"v":0,"d":"0.00"}},"1",{"$f":"ROUND(I355*H355,2)","v":339.02},"16","-1121039654"]
[{"$nulls":3},"Online PSC",null,"https://podminky.urs.cz/item/CS_URS_2025_01/741310201",{"$nulls":39},"Online PSC","2"]
[{"$nulls":3},"VV","","\"spínač ventilátorů včetně montáže rámečku a krytu\"",null,"",{"$nulls":37},"VV","2","1","True","0","ROZPOCET"]
[{"$nulls":3},"VV","","\"sprcha\"",null,"",{"$nulls":37},"VV","2","1","True","0","ROZPOCET"]
[{"$nulls":3},"VV","","1",null,{"v":1,"d":"1.000"},{"$nulls":37},"VV","2","2","True","0","ROZPOCET"]
[{"$nulls":3},"VV","","\"WC\"",null,"",{"$nulls":37},"VV","2","1","True","0","ROZPOCET"]
[{"$nulls":3},"VV","","1",null,{"v":1,"d":"1.000"},{"$nulls":37},"VV","2","2","True","0","ROZPOCET"]
[{"$nulls":3},"VV","","Součet",null,{"v":2,"d":"2.000"},{"$nulls":37},"VV","2","4","True","1","ROZPOCET"]
[null,null,"72","M","34535000","spínač kompletní, zápustný, jednopólový, řazení 1, šroubové svorky","kus",{"v":2,"d":"2.000"},90.59,{"$f":"ROUND(I363*H363,2)","v":181.18},"CS ÚRS 2025 01",null,"","základní",null,{"$f":"O363*H363","v":{"v":0,"d":"0.00000"}},{"v":4e-05,"d":"0.00004"},{"$f":"Q363*H363","v":{"v":8e-05,"d":"0.00008"}},{"v":0,"d":"0.00000"},{"$f":"S363*H363","v":{"v":0,"d":"0.00000"}},{"$nulls":23},"32",null,"M","2",{"$nulls":3},"ROZPOCET",{"$nulls":5},{"$f":"IF(N363=\"základní\",J363,0)","v":181.18},{"$f":"IF(N363=\"snížená\",J363,0)","v":{"v":0,"d":"0.00"}},{"$f":"IF(N363=\"zákl. přenesená\",J363,0)","v":{"v":0,"d":"0.00"}},{"$f":"IF(N363=\"sníž. přenesená\",J363,0)","v":{"v":0,"d":"0.00"}},{"$f":"IF(N363=\"nulová\",J363,0)","v":{"v":0,"d":"0.00"}},"1",{"$f":"ROUND(I363*H363,2)","v":181.18},"16","309604022"]
[null,null,"73","K","998741103","Přesun hmot pro silnoproud stanovený z hmotnosti přesunovaného materiálu vodorovná dopravní vzdálenost do 50 m základní v objektech výšky přes 12 do 24 m","t",{"v":2E-3,"d":"0.002"},{"v":1271.33,"d":"1,271.33"},{"$f":"ROUND(I364*H364,2)","v":2.54},"CS ÚRS 2025 01",null,"","základní",null,{"$f":"O364*H364","v":{"v":0,"d":"0.00000"}},{"v":0,"d":"0.00000"},{"$f":"Q364*H364","v":{"v":0,"d":"0.00000"}},{"v":0,"d":"0.00000"},{"$f":"S364*H364","v":{"v":0,"d":"0.00000"}},{"$nulls":23},"16",null,"K","2",{"$nulls":3},"ROZPOCET",{"$nulls":5},{"$f":"IF(N364=\"základní\",J364,0)","v":2.54},{"$f":"IF(N364=\"snížená\",J364,0)","v":{"v":0,"d":"0.00"}},{"$f":"IF(N364=\"zákl. přenesená\",J364,0)","v":{"v":0,"d":"0.00"}},{"$f":"IF(N364=\"sníž. přenesená\",J364,0)","v":{"v":0,"d":"0.00"}},{"$f":"IF(N364=\"nulová\",J364,0)","v":{"v":0,"d":"0.00"}},"1",{"$f":"ROUND(I364*H364,2)","v":2.54},"16","-1547396781"]
[{"$nulls":3},"Online PSC",null,"https://podminky.urs.cz/item/CS_URS_2025_01/998741103",{"$nulls":39},"Online PSC","2"]
[{"$nulls":3},"D","751","Vzduchotechnika",{"$nulls":3},{"$f":"BK366","v":{"v":1391.25,"d":"1,391.25"}},{"$nulls":5},{"$f":"SUM(P367:P382)","v":{"v":0,"d":"0.00000"}},null,{"$f":"SUM(R367:R382)","v":{"v":0.0007,"d":"0.00070"}},null,{"$f":"SUM(T367:T382)","v":{"v":1E-4,"d":"0.00010"}},{"$nulls":23},"2",null,"D","1",{"$nulls":3},"ROZPOCET",{"$nulls":11},{"$f":"SUM(BK367:BK382)","v":{"v":1391.25,"d":"1,391.25"}}]
[null,null,"74","K","751398821.R","Demontáž ostatních zařízení větrací mřížky průřezu do 0,040 m2","kus",{"v":2,"d":"2.000"},226.01,{"$f":"ROUND(I367*H367,2)","v":452.02},"vlastní",null,"","základní",null,{"$f":"O367*H367","v":{"v":0,"d":"0.00000"}},{"v":0,"d":"0.00000"},{"$f":"Q367*H367","v":{"v":0,"d":"0.00000"}},{"v":5e-05,"d":"0.00005"},{"$f":"S367*H367","v":{"v":1E-4,"d":"0.00010"}},{"$nulls":23},"16",null,"K","2",{"$nulls":3},"ROZPOCET",{"$nulls":5},{"$f":"IF(N367=\"základní\",J367,0)","v":452.02},{"$f":"IF(N367=\"snížená\",J367,0)","v":{"v":0,"d":"0.00"}},{"$f":"IF(N367=\"zákl. přenesená\",J367,0)","v":{"v":0,"d":"0.00"}},{"$f":"IF(N367=\"sníž. přenesená\",J367,0)","v":{"v":0,"d":"0.00"}},{"$f":"IF(N367=\"nulová\",J367,0)","v":{"v":0,"d":"0.00"}},"1",{"$f":"ROUND(I367*H367,2)","v":452.02},"16","-85192511"]
[{"$nulls":3},"VV","","\"sprcha\"",null,"",{"$nulls":37},"VV","2","1","True","0","ROZPOCET"]
[{"$nulls":3},"VV","","1",null,{"v":1,"d":"1.000"},{"$nulls":37},"VV","2","2","True","0","ROZPOCET"]
[{"$nulls":3},"VV","","\"WC\"",null,"",{"$nulls":37},"VV","2","1","True","0","ROZPOCET"]
[{"$nulls":3},"VV","","1",null,{"v":1,"d":"1.000"},{"$nulls":37},"VV","2","2","True","0","ROZPOCET"]
[{"$nulls":3},"VV","","Součet",null,{"v":2,"d":"2.000"},{"$nulls":37},"VV","2","4","True","1","ROZPOCET"]
[null,null,"75","K","767810112","Montáž větracích mřížek ocelových čtyřhranných, průřezu přes 0,01 do 0,04 m2","kus",{"v":2,"d":"2.000"},280.63,{"$f":"ROUND(I373*H373,2)","v":561.26},"CS ÚRS 2025 01",null,"","základní",null,{"$f":"O373*H373","v":{"v":0,"d":"0.00000"}},{"v":0,"d":"0.00000"},{"$f":"Q373*H373","v":{"v":0,"d":"0.00000"}},{"v":0,"d":"0.00000"},{"$f":"S373*H373","v":{"v":0,"d":"0.00000"}},{"$nulls":23},"16",null,"K","2",{"$nulls":3},"ROZPOCET",{"$nulls":5},{"$f":"IF(N373=\"základní\",J373,0)","v":561.26},{"$f":"IF(N373=\"snížená\",J373,0)","v":{"v":0,"d":"0.00"}},{"$f":"IF(N373=\"zákl. přenesená\",J373,0)","v":{"v":0,"d":"0.00"}},{"$f":"IF(N373=\"sníž. přenesená\",J373,0)","v":{"v":0,"d":"0.00"}},{"$f":"IF(N373=\"nulová\",J373,0)","v":{"v":0,"d":"0.00"}},"1",{"$f":"ROUND(I373*H373,2)","v":561.26},"16","1395611353"]
[{"$nulls":3},"Online PSC",null,"https://podminky.urs.cz/item/CS_URS_2025_01/767810112",{"$nulls":39},"Online PSC","2"]
[{"$nulls":3},"VV","","\"sprcha\"",null,"",{"$nulls":37},"VV","2","1","True","0","ROZPOCET"]
[{"$nulls":3},"VV","","1",null,{"v":1,"d":"1.000"},{"$nulls":37},"VV","2","2","True","0","ROZPOCET"]
[{"$nulls":3},"VV","","\"WC\"",null,"",{"$nulls":37},"VV","2","1","True","0","ROZPOCET"]
[{"$nulls":3},"VV","","1",null,{"v":1,"d":"1.000"},{"$nulls":37},"VV","2","2","True","0","ROZPOCET"]
[{"$nulls":3},"VV","","Součet",null,{"v":2,"d":"2.000"},{"$nulls":37},"VV","2","4","True","1","ROZPOCET"]
[null,null,"76","M","55341426.R","mřížka větrací nerezová se síťovinou 200x100mm","kus",{"v":2,"d":"2.000"},188.35,{"$f":"ROUND(I380*H380,2)","v":{"v":376.7,"d":"376.70"}},"vlastní",null,"","základní",null,{"$f":"O380*H380","v":{"v":0,"d":"0.00000"}},{"v":3.5E-4,"d":"0.00035"},{"$f":"Q380*H380","v":{"v":0.0007,"d":"0.00070"}},{"v":0,"d":"0.00000"},{"$f":"S380*H380","v":{"v":0,"d":"0.00000"}},{"$nulls":23},"32",null,"M","2",{"$nulls":3},"ROZPOCET",{"$nulls":5},{"$f":"IF(N380=\"základní\",J380,0)","v":{"v":376.7,"d":"376.70"}},{"$f":"IF(N380=\"snížená\",J380,0)","v":{"v":0,"d":"0.00"}},{"$f":"IF(N380=\"zákl. přenesená\",J380,0)","v":{"v":0,"d":"0.00"}},{"$f":"IF(N380=\"sníž. přenesená\",J380,0)","v":{"v":0,"d":"0.00"}},{"$f":"IF(N380=\"nulová\",J380,0)","v":{"v":0,"d":"0.00"}},"1",{"$f":"ROUND(I380*H380,2)","v":{"v":376.7,"d":"376.70"}},"16","-672310296"]
[null,null,"77","K","998751102","Přesun hmot pro vzduchotechniku stanovený z hmotnosti přesunovaného materiálu vodorovná dopravní vzdálenost do 100 m základní v objektech výšky přes 12 do 24 m","t",{"v":1E-3,"d":"0.001"},{"v":1271.33,"d":"1,271.33"},{"$f":"ROUND(I381*H381,2)","v":1.27},"CS ÚRS 2025 01",null,"","základní",null,{"$f":"O381*H381","v":{"v":0,"d":"0.00000"}},{"v":0,"d":"0.00000"},{"$f":"Q381*H381","v":{"v":0,"d":"0.00000"}},{"v":0,"d":"0.00000"},{"$f":"S381*H381","v":{"v":0,"d":"0.00000"}},{"$nulls":23},"16",null,"K","2",{"$nulls":3},"ROZPOCET",{"$nulls":5},{"$f":"IF(N381=\"základní\",J381,0)","v":1.27},{"$f":"IF(N381=\"snížená\",J381,0)","v":{"v":0,"d":"0.00"}},{"$f":"IF(N381=\"zákl. přenesená\",J381,0)","v":{"v":0,"d":"0.00"}},{"$f":"IF(N381=\"sníž. přenesená\",J381,0)","v":{"v":0,"d":"0.00"}},{"$f":"IF(N381=\"nulová\",J381,0)","v":{"v":0,"d":"0.00"}},"1",{"$f":"ROUND(I381*H381,2)","v":1.27},"16","-941082759"]
[{"$nulls":3},"Online PSC",null,"https://podminky.urs.cz/item/CS_URS_2025_01/998751102",{"$nulls":39},"Online PSC","2"]
[{"$nulls":3},"D","763","Konstrukce suché výstavby",{"$nulls":3},{"$f":"BK383","v":{"v":1486.28,"d":"1,486.28"}},{"$nulls":5},{"$f":"SUM(P384:P389)","v":{"v":0,"d":"0.00000"}},null,{"$f":"SUM(R384:R389)","v":{"v":0.014858399999999999,"d":"0.01486"}},null,{"$f":"SUM(T384:T389)","v":{"v":0,"d":"0.00000"}},{"$nulls":23},"2",null,"D","1",{"$nulls":3},"ROZPOCET",{"$nulls":11},{"$f":"SUM(BK384:BK389)","v":{"v":1486.28,"d":"1,486.28"}}]
[null,null,"78","K","763164541","Obklad konstrukcí sádrokartonovými deskami včetně ochranných úhelníků ve tvaru L rozvinuté šíře přes 0,4 do 0,8 m, opláštěný deskou impregnovanou H2, tl. 12,5 mm","m",{"v":1.64,"d":"1.640"},894.64,{"$f":"ROUND(I384*H384,2)","v":{"v":1467.21,"d":"1,467.21"}},"CS ÚRS 2025 01",null,"","základní",null,{"$f":"O384*H384","v":{"v":0,"d":"0.00000"}},0.00906,{"$f":"Q384*H384","v":{"v":0.014858399999999999,"d":"0.01486"}},{"v":0,"d":"0.00000"},{"$f":"S384*H384","v":{"v":0,"d":"0.00000"}},{"$nulls":23},"16",null,"K","2",{"$nulls":3},"ROZPOCET",{"$nulls":5},{"$f":"IF(N384=\"základní\",J384,0)","v":{"v":1467.21,"d":"1,467.21"}},{"$f":"IF(N384=\"snížená\",J384,0)","v":{"v":0,"d":"0.00"}},{"$f":"IF(N384=\"zákl. přenesená\",J384,0)","v":{"v":0,"d":"0.00"}},{"$f":"IF(N384=\"sníž. přenesená\",J384,0)","v":{"v":0,"d":"0.00"}},{"$f":"IF(N384=\"nulová\",J384,0)","v":{"v":0,"d":"0.00"}},"1",{"$f":"ROUND(I384*H384,2)","v":{"v":1467.21,"d":"1,467.21"}},"16","1122615993"]
[{"$nulls":3},"Online PSC",null,"https://podminky.urs.cz/item/CS_URS_2025_01/763164541",{"$nulls":39},"Online PSC","2"]
[{"$nulls":3},"VV","","\"WC\"",null,"",{"$nulls":37},"VV","2","1","True","0","ROZPOCET"]
[{"$nulls":3},"VV","","0,82*2",null,{"v":1.64,"d":"1.640"},{"$nulls":37},"VV","2","2","True","1","ROZPOCET"]
[null,null,"79","K","998763303","Přesun hmot pro konstrukce montované z desek sádrokartonových, sádrovláknitých, cementovláknitých nebo cementových stanovený z hmotnosti přesunovaného materiálu vodorovná dopravní vzdálenost do 50 m základní v objektech výšky přes 12 do 24 m","t",0.015,{"v":1271.33,"d":"1,271.33"},{"$f":"ROUND(I388*H388,2)","v":19.07},"CS ÚRS 2025 01",null,"","základní",null,{"$f":"O388*H388","v":{"v":0,"d":"0.00000"}},{"v":0,"d":"0.00000"},{"$f":"Q388*H388","v":{"v":0,"d":"0.00000"}},{"v":0,"d":"0.00000"},{"$f":"S388*H388","v":{"v":0,"d":"0.00000"}},{"$nulls":23},"16",null,"K","2",{"$nulls":3},"ROZPOCET",{"$nulls":5},{"$f":"IF(N388=\"základní\",J388,0)","v":19.07},{"$f":"IF(N388=\"snížená\",J388,0)","v":{"v":0,"d":"0.00"}},{"$f":"IF(N388=\"zákl. přenesená\",J388,0)","v":{"v":0,"d":"0.00"}},{"$f":"IF(N388=\"sníž. přenesená\",J388,0)","v":{"v":0,"d":"0.00"}},{"$f":"IF(N388=\"nulová\",J388,0)","v":{"v":0,"d":"0.00"}},"1",{"$f":"ROUND(I388*H388,2)","v":19.07},"16","-794487481"]
[{"$nulls":3},"Online PSC",null,"https://podminky.urs.cz/item/CS_URS_2025_01/998763303",{"$nulls":39},"Online PSC","2"]
[{"$nulls":3},"D","766","Konstrukce truhlářské",{"$nulls":3},{"$f":"BK390","v":{"v":12137.230000000001,"d":"12,137.23"}},{"$nulls":5},{"$f":"SUM(P391:P436)","v":{"v":0,"d":"0.00000"}},null,{"$f":"SUM(R391:R436)","v":{"v":0.0722,"d":"0.07220"}},null,{"$f":"SUM(T391:T436)","v":{"v":0.05,"d":"0.05000"}},{"$nulls":23},"2",null,"D","1",{"$nulls":3},"ROZPOCET",{"$nulls":11},{"$f":"SUM(BK391:BK436)","v":{"v":12137.230000000001,"d":"12,137.23"}}]
[null,null,"80","K","766491851","Demontáž ostatních truhlářských konstrukcí prahů dveří jednokřídlových","kus",{"v":2,"d":"2.000"},36.73,{"$f":"ROUND(I391*H391,2)","v":73.46},"CS ÚRS 2025 01",null,"","základní",null,{"$f":"O391*H391","v":{"v":0,"d":"0.00000"}},{"v":0,"d":"0.00000"},{"$f":"Q391*H391","v":{"v":0,"d":"0.00000"}},{"v":1E-3,"d":"0.00100"},{"$f":"S391*H391","v":{"v":2E-3,"d":"0.00200"}},{"$nulls":23},"16",null,"K","2",{"$nulls":3},"ROZPOCET",{"$nulls":5},{"$f":"IF(N391=\"základní\",J391,0)","v":73.46},{"$f":"IF(N391=\"snížená\",J391,0)","v":{"v":0,"d":"0.00"}},{"$f":"IF(N391=\"zákl. přenesená\",J391,0)","v":{"v":0,"d":"0.00"}},{"$f":"IF(N391=\"sníž. přenesená\",J391,0)","v":{"v":0,"d":"0.00"}},{"$f":"IF(N391=\"nulová\",J391,0)","v":{"v":0,"d":"0.00"}},"1",{"$f":"ROUND(I391*H391,2)","v":73.46},"16","-1550289720"]
[{"$nulls":3},"Online PSC",null,"https://podminky.urs.cz/item/CS_URS_2025_01/766491851",{"$nulls":39},"Online PSC","2"]
[{"$nulls":3},"VV","","\"prostor umyvadel\"",null,"",{"$nulls":37},"VV","2","1","True","0","ROZPOCET"]
[{"$nulls":3},"VV","","0",null,{"v":0,"d":"0.000"},{"$nulls":37},"VV","2","2","True","0","ROZPOCET"]
[{"$nulls":3},"VV","","\"sprcha\"",null,"",{"$nulls":37},"VV","2","1","True","0","ROZPOCET"]
[{"$nulls":3},"VV","","1",null,{"v":1,"d":"1.000"},{"$nulls":37},"VV","2","2","True","0","ROZPOCET"]
[{"$nulls":3},"VV","","\"WC\"",null,"",{"$nulls":37},"VV","2","1","True","0","ROZPOCET"]
[{"$nulls":3},"VV","","1",null,{"v":1,"d":"1.000"},{"$nulls":37},"VV","2","2","True","0","ROZPOCET"]
[{"$nulls":3},"VV","","Součet",null,{"v":2,"d":"2.000"},{"$nulls":37},"VV","2","4","True","1","ROZPOCET"]
[null,null,"81","K","766691914","Ostatní práce vyvěšení nebo zavěšení křídel dřevěných dveřních, plochy do 2 m2","kus",{"v":2,"d":"2.000"},36.73,{"$f":"ROUND(I400*H400,2)","v":73.46},"CS ÚRS 2025 01",null,"","základní",null,{"$f":"O400*H400","v":{"v":0,"d":"0.00000"}},{"v":0,"d":"0.00000"},{"$f":"Q400*H400","v":{"v":0,"d":"0.00000"}},{"v":0.024,"d":"0.02400"},{"$f":"S400*H400","v":{"v":0.048,"d":"0.04800"}},{"$nulls":23},"16",null,"K","2",{"$nulls":3},"ROZPOCET",{"$nulls":5},{"$f":"IF(N400=\"základní\",J400,0)","v":73.46},{"$f":"IF(N400=\"snížená\",J400,0)","v":{"v":0,"d":"0.00"}},{"$f":"IF(N400=\"zákl. přenesená\",J400,0)","v":{"v":0,"d":"0.00"}},{"$f":"IF(N400=\"sníž. přenesená\",J400,0)","v":{"v":0,"d":"0.00"}},{"$f":"IF(N400=\"nulová\",J400,0)","v":{"v":0,"d":"0.00"}},"1",{"$f":"ROUND(I400*H400,2)","v":73.46},"16","1726677900"]
[{"$nulls":3},"Online PSC",null,"https://podminky.urs.cz/item/CS_URS_2025_01/766691914",{"$nulls":39},"Online PSC","2"]
[{"$nulls":3},"VV","","\"prostor umyvadel\"",null,"",{"$nulls":37},"VV","2","1","True","0","ROZPOCET"]
[{"$nulls":3},"VV","","0",null,{"v":0,"d":"0.000"},{"$nulls":37},"VV","2","2","True","0","ROZPOCET"]
[{"$nulls":3},"VV","","\"sprcha\"",null,"",{"$nulls":37},"VV","2","1","True","0","ROZPOCET"]
[{"$nulls":3},"VV","","1",null,{"v":1,"d":"1.000"},{"$nulls":37},"VV","2","2","True","0","ROZPOCET"]
[{"$nulls":3},"VV","","\"WC\"",null,"",{"$nulls":37},"VV","2","1","True","0","ROZPOCET"]
[{"$nulls":3},"VV","","1",null,{"v":1,"d":"1.000"},{"$nulls":37},"VV","2","2","True","0","ROZPOCET"]
[{"$nulls":3},"VV","","Součet",null,{"v":2,"d":"2.000"},{"$nulls":37},"VV","2","4","True","1","ROZPOCET"]
[null,null,"82","K","766660001","Montáž dveřních křídel dřevěných nebo plastových otevíravých do ocelové zárubně povrchově upravených jednokřídlových, šířky do 800 mm","kus",{"v":2,"d":"2.000"},800.47,{"$f":"ROUND(I409*H409,2)","v":{"v":1600.94,"d":"1,600.94"}},"CS ÚRS 2025 01",null,"","základní",null,{"$f":"O409*H409","v":{"v":0,"d":"0.00000"}},{"v":0,"d":"0.00000"},{"$f":"Q409*H409","v":{"v":0,"d":"0.00000"}},{"v":0,"d":"0.00000"},{"$f":"S409*H409","v":{"v":0,"d":"0.00000"}},{"$nulls":23},"16",null,"K","2",{"$nulls":3},"ROZPOCET",{"$nulls":5},{"$f":"IF(N409=\"základní\",J409,0)","v":{"v":1600.94,"d":"1,600.94"}},{"$f":"IF(N409=\"snížená\",J409,0)","v":{"v":0,"d":"0.00"}},{"$f":"IF(N409=\"zákl. přenesená\",J409,0)","v":{"v":0,"d":"0.00"}},{"$f":"IF(N409=\"sníž. přenesená\",J409,0)","v":{"v":0,"d":"0.00"}},{"$f":"IF(N409=\"nulová\",J409,0)","v":{"v":0,"d":"0.00"}},"1",{"$f":"ROUND(I409*H409,2)","v":{"v":1600.94,"d":"1,600.94"}},"16","-1298377421"]
[{"$nulls":3},"Online PSC",null,"https://podminky.urs.cz/item/CS_URS_2025_01/766660001",{"$nulls":39},"Online PSC","2"]
[{"$nulls":3},"VV","","\"prostor umyvadel\"",null,"",{"$nulls":37},"VV","2","1","True","0","ROZPOCET"]
[{"$nulls":3},"VV","","0",null,{"v":0,"d":"0.000"},{"$nulls":37},"VV","2","2","True","0","ROZPOCET"]
[{"$nulls":3},"VV","","\"sprcha\"",null,"",{"$nulls":37},"VV","2","1","True","0","ROZPOCET"]
[{"$nulls":3},"VV","","1",null,{"v":1,"d":"1.000"},{"$nulls":37},"VV","2","2","True","0","ROZPOCET"]
[{"$nulls":3},"VV","","\"WC\"",null,"",{"$nulls":37},"VV","2","1","True","0","ROZPOCET"]
[{"$nulls":3},"VV","","1",null,{"v":1,"d":"1.000"},{"$nulls":37},"VV","2","2","True","0","ROZPOCET"]
[{"$nulls":3},"VV","","Součet",null,{"v":2,"d":"2.000"},{"$nulls":37},"VV","2","4","True","1","ROZPOCET"]
[null,null,"83","M","MSN.0027212.URS","dveře interiérové jednokřídlé plné, voština, CPL standard, 60x197","kus",{"v":2,"d":"2.000"},{"v":2892.89,"d":"2,892.89"},{"$f":"ROUND(I418*H418,2)","v":{"v":5785.78,"d":"5,785.78"}},"vlastní",null,"","základní",null,{"$f":"O418*H418","v":{"v":0,"d":"0.00000"}},{"v":0.013,"d":"0.01300"},{"$f":"Q418*H418","v":{"v":0.026,"d":"0.02600"}},{"v":0,"d":"0.00000"},{"$f":"S418*H418","v":{"v":0,"d":"0.00000"}},{"$nulls":23},"32",null,"M","2",{"$nulls":3},"ROZPOCET",{"$nulls":5},{"$f":"IF(N418=\"základní\",J418,0)","v":{"v":5785.78,"d":"5,785.78"}},{"$f":"IF(N418=\"snížená\",J418,0)","v":{"v":0,"d":"0.00"}},{"$f":"IF(N418=\"zákl. přenesená\",J418,0)","v":{"v":0,"d":"0.00"}},{"$f":"IF(N418=\"sníž. přenesená\",J418,0)","v":{"v":0,"d":"0.00"}},{"$f":"IF(N418=\"nulová\",J418,0)","v":{"v":0,"d":"0.00"}},"1",{"$f":"ROUND(I418*H418,2)","v":{"v":5785.78,"d":"5,785.78"}},"16","-320003817"]
[null,null,"84","K","953962112","Kotva chemická s vyvrtáním otvoru do zdiva z plných cihel tmel, hloubka 80 mm, velikost M 10","kus",{"v":4,"d":"4.000"},84.76,{"$f":"ROUND(I419*H419,2)","v":339.04},"CS ÚRS 2025 01",null,"","základní",null,{"$f":"O419*H419","v":{"v":0,"d":"0.00000"}},{"v":1e-05,"d":"0.00001"},{"$f":"Q419*H419","v":{"v":4e-05,"d":"0.00004"}},{"v":0,"d":"0.00000"},{"$f":"S419*H419","v":{"v":0,"d":"0.00000"}},{"$nulls":23},"16",null,"K","2",{"$nulls":3},"ROZPOCET",{"$nulls":5},{"$f":"IF(N419=\"základní\",J419,0)","v":339.04},{"$f":"IF(N419=\"snížená\",J419,0)","v":{"v":0,"d":"0.00"}},{"$f":"IF(N419=\"zákl. přenesená\",J419,0)","v":{"v":0,"d":"0.00"}},{"$f":"IF(N419=\"sníž. přenesená\",J419,0)","v":{"v":0,"d":"0.00"}},{"$f":"IF(N419=\"nulová\",J419,0)","v":{"v":0,"d":"0.00"}},"1",{"$f":"ROUND(I419*H419,2)","v":339.04},"16","1062320997"]
[{"$nulls":3},"Online PSC",null,"https://podminky.urs.cz/item/CS_URS_2025_01/953962112",{"$nulls":39},"Online PSC","2"]
[{"$nulls":3},"VV","","\"pro uchycení desky umyvadel\"",null,"",{"$nulls":37},"VV","2","1","True","0","ROZPOCET"]
[{"$nulls":3},"VV","","4",null,{"v":4,"d":"4.000"},{"$nulls":37},"VV","2","2","True","1","ROZPOCET"]
[null,null,"85","K","953965115","Kotva chemická s vyvrtáním otvoru kotevní šrouby pro chemické kotvy, velikost M 10, délka 130 mm","kus",{"v":4,"d":"4.000"},84.76,{"$f":"ROUND(I423*H423,2)","v":339.04},"CS ÚRS 2025 01",null,"","základní",null,{"$f":"O423*H423","v":{"v":0,"d":"0.00000"}},{"v":7e-05,"d":"0.00007"},{"$f":"Q423*H423","v":0.00028},{"v":0,"d":"0.00000"},{"$f":"S423*H423","v":{"v":0,"d":"0.00000"}},{"$nulls":23},"16",null,"K","2",{"$nulls":3},"ROZPOCET",{"$nulls":5},{"$f":"IF(N423=\"základní\",J423,0)","v":339.04},{"$f":"IF(N423=\"snížená\",J423,0)","v":{"v":0,"d":"0.00"}},{"$f":"IF(N423=\"zákl. přenesená\",J423,0)","v":{"v":0,"d":"0.00"}},{"$f":"IF(N423=\"sníž. přenesená\",J423,0)","v":{"v":0,"d":"0.00"}},{"$f":"IF(N423=\"nulová\",J423,0)","v":{"v":0,"d":"0.00"}},"1",{"$f":"ROUND(I423*H423,2)","v":339.04},"16","-141035641"]
[{"$nulls":3},"Online PSC",null,"https://podminky.urs.cz/item/CS_URS_2025_01/953965115",{"$nulls":39},"Online PSC","2"]
[null,null,"86","K","953941211","Osazování drobných kovových předmětů se zalitím maltou cementovou, do vysekaných kapes nebo připravených otvorů konzol nebo kotev, např. pro schodišťová madla do zdí, radiátorové konzoly apod.","kus",{"v":4,"d":"4.000"},113.01,{"$f":"ROUND(I425*H425,2)","v":452.04},"CS ÚRS 2025 01",null,"","základní",null,{"$f":"O425*H425","v":{"v":0,"d":"0.00000"}},0.00234,{"$f":"Q425*H425","v":0.00936},{"v":0,"d":"0.00000"},{"$f":"S425*H425","v":{"v":0,"d":"0.00000"}},{"$nulls":23},"16",null,"K","2",{"$nulls":3},"ROZPOCET",{"$nulls":5},{"$f":"IF(N425=\"základní\",J425,0)","v":452.04},{"$f":"IF(N425=\"snížená\",J425,0)","v":{"v":0,"d":"0.00"}},{"$f":"IF(N425=\"zákl. přenesená\",J425,0)","v":{"v":0,"d":"0.00"}},{"$f":"IF(N425=\"sníž. přenesená\",J425,0)","v":{"v":0,"d":"0.00"}},{"$f":"IF(N425=\"nulová\",J425,0)","v":{"v":0,"d":"0.00"}},"1",{"$f":"ROUND(I425*H425,2)","v":452.04},"16","2127586384"]
[{"$nulls":3},"Online PSC",null,"https://podminky.urs.cz/item/CS_URS_2025_01/953941211",{"$nulls":39},"Online PSC","2"]
[null,null,"87","M","42392872R","konzole na zeď pro uchycení desky","kus",{"v":4,"d":"4.000"},244.85,{"$f":"ROUND(I427*H427,2)","v":{"v":979.4,"d":"979.40"}},"vlastní",null,"","základní",null,{"$f":"O427*H427","v":{"v":0,"d":"0.00000"}},{"v":5.8E-4,"d":"0.00058"},{"$f":"Q427*H427","v":{"v":2.32E-3,"d":"0.00232"}},{"v":0,"d":"0.00000"},{"$f":"S427*H427","v":{"v":0,"d":"0.00000"}},{"$nulls":23},"32",null,"M","2",{"$nulls":3},"ROZPOCET",{"$nulls":5},{"$f":"IF(N427=\"základní\",J427,0)","v":{"v":979.4,"d":"979.40"}},{"$f":"IF(N427=\"snížená\",J427,0)","v":{"v":0,"d":"0.00"}},{"$f":"IF(N427=\"zákl. přenesená\",J427,0)","v":{"v":0,"d":"0.00"}},{"$f":"IF(N427=\"sníž. přenesená\",J427,0)","v":{"v":0,"d":"0.00"}},{"$f":"IF(N427=\"nulová\",J427,0)","v":{"v":0,"d":"0.00"}},"1",{"$f":"ROUND(I427*H427,2)","v":{"v":979.4,"d":"979.40"}},"16","1706365322"]
[null,null,"88","K","766693412","Montáž ostatních truhlářských konstrukcí umyvadlových desek bez výřezu, délky jednoho dílu přes 1000 do 2000 mm","kus",{"v":1,"d":"1.000"},894.64,{"$f":"ROUND(I428*H428,2)","v":894.64},"CS ÚRS 2025 01",null,"","základní",null,{"$f":"O428*H428","v":{"v":0,"d":"0.00000"}},{"v":0,"d":"0.00000"},{"$f":"Q428*H428","v":{"v":0,"d":"0.00000"}},{"v":0,"d":"0.00000"},{"$f":"S428*H428","v":{"v":0,"d":"0.00000"}},{"$nulls":23},"16",null,"K","2",{"$nulls":3},"ROZPOCET",{"$nulls":5},{"$f":"IF(N428=\"základní\",J428,0)","v":894.64},{"$f":"IF(N428=\"snížená\",J428,0)","v":{"v":0,"d":"0.00"}},{"$f":"IF(N428=\"zákl. přenesená\",J428,0)","v":{"v":0,"d":"0.00"}},{"$f":"IF(N428=\"sníž. přenesená\",J428,0)","v":{"v":0,"d":"0.00"}},{"$f":"IF(N428=\"nulová\",J428,0)","v":{"v":0,"d":"0.00"}},"1",{"$f":"ROUND(I428*H428,2)","v":894.64},"16","1998732683"]
[{"$nulls":3},"Online PSC",null,"https://podminky.urs.cz/item/CS_URS_2025_01/766693412",{"$nulls":39},"Online PSC","2"]
[null,null,"89","M","60722275.R","deska dřevotřísková laminovaná dřevěný dekor 1420 x 600 x (35-50) mm, ABS hrany","kus",{"v":1,"d":"1.000"},{"v":1163.03,"d":"1,163.03"},{"$f":"ROUND(I430*H430,2)","v":{"v":1163.03,"d":"1,163.03"}},"vlastní",null,"","základní",null,{"$f":"O430*H430","v":{"v":0,"d":"0.00000"}},{"v":0.0342,"d":"0.03420"},{"$f":"Q430*H430","v":{"v":0.0342,"d":"0.03420"}},{"v":0,"d":"0.00000"},{"$f":"S430*H430","v":{"v":0,"d":"0.00000"}},{"$nulls":23},"32",null,"M","2",{"$nulls":3},"ROZPOCET",{"$nulls":5},{"$f":"IF(N430=\"základní\",J430,0)","v":{"v":1163.03,"d":"1,163.03"}},{"$f":"IF(N430=\"snížená\",J430,0)","v":{"v":0,"d":"0.00"}},{"$f":"IF(N430=\"zákl. přenesená\",J430,0)","v":{"v":0,"d":"0.00"}},{"$f":"IF(N430=\"sníž. přenesená\",J430,0)","v":{"v":0,"d":"0.00"}},{"$f":"IF(N430=\"nulová\",J430,0)","v":{"v":0,"d":"0.00"}},"1",{"$f":"ROUND(I430*H430,2)","v":{"v":1163.03,"d":"1,163.03"}},"16","1416112654"]
[null,null,"90","K","766693421","Montáž ostatních truhlářských konstrukcí umyvadlových desek Příplatek k ceně za vyřezání otvoru pro umyvadlo","kus",{"v":2,"d":"2.000"},134.67,{"$f":"ROUND(I431*H431,2)","v":269.34},"CS ÚRS 2025 01",null,"","základní",null,{"$f":"O431*H431","v":{"v":0,"d":"0.00000"}},{"v":0,"d":"0.00000"},{"$f":"Q431*H431","v":{"v":0,"d":"0.00000"}},{"v":0,"d":"0.00000"},{"$f":"S431*H431","v":{"v":0,"d":"0.00000"}},{"$nulls":23},"16",null,"K","2",{"$nulls":3},"ROZPOCET",{"$nulls":5},{"$f":"IF(N431=\"základní\",J431,0)","v":269.34},{"$f":"IF(N431=\"snížená\",J431,0)","v":{"v":0,"d":"0.00"}},{"$f":"IF(N431=\"zákl. přenesená\",J431,0)","v":{"v":0,"d":"0.00"}},{"$f":"IF(N431=\"sníž. přenesená\",J431,0)","v":{"v":0,"d":"0.00"}},{"$f":"IF(N431=\"nulová\",J431,0)","v":{"v":0,"d":"0.00"}},"1",{"$f":"ROUND(I431*H431,2)","v":269.34},"16","1520247320"]
[{"$nulls":3},"Online PSC",null,"https://podminky.urs.cz/item/CS_URS_2025_01/766693421",{"$nulls":39},"Online PSC","2"]
[null,null,"91","K","766693422","Montáž ostatních truhlářských konstrukcí umyvadlových desek Příplatek k ceně za vyvrtání otvoru pro baterii","kus",{"v":2,"d":"2.000"},37.76,{"$f":"ROUND(I433*H433,2)","v":75.52},"CS ÚRS 2025 01",null,"","základní",null,{"$f":"O433*H433","v":{"v":0,"d":"0.00000"}},{"v":0,"d":"0.00000"},{"$f":"Q433*H433","v":{"v":0,"d":"0.00000"}},{"v":0,"d":"0.00000"},{"$f":"S433*H433","v":{"v":0,"d":"0.00000"}},{"$nulls":23},"16",null,"K","2",{"$nulls":3},"ROZPOCET",{"$nulls":5},{"$f":"IF(N433=\"základní\",J433,0)","v":75.52},{"$f":"IF(N433=\"snížená\",J433,0)","v":{"v":0,"d":"0.00"}},{"$f":"IF(N433=\"zákl. přenesená\",J433,0)","v":{"v":0,"d":"0.00"}},{"$f":"IF(N433=\"sníž. přenesená\",J433,0)","v":{"v":0,"d":"0.00"}},{"$f":"IF(N433=\"nulová\",J433,0)","v":{"v":0,"d":"0.00"}},"1",{"$f":"ROUND(I433*H433,2)","v":75.52},"16","-1784903161"]
[{"$nulls":3},"Online PSC",null,"https://podminky.urs.cz/item/CS_URS_2025_01/766693422",{"$nulls":39},"Online PSC","2"]
[null,null,"92","K","998766103","Přesun hmot pro konstrukce truhlářské stanovený z hmotnosti přesunovaného materiálu vodorovná dopravní vzdálenost do 50 m základní v objektech výšky přes 12 do 24 m","t",0.072,{"v":1271.33,"d":"1,271.33"},{"$f":"ROUND(I435*H435,2)","v":91.54},"CS ÚRS 2025 01",null,"","základní",null,{"$f":"O435*H435","v":{"v":0,"d":"0.00000"}},{"v":0,"d":"0.00000"},{"$f":"Q435*H435","v":{"v":0,"d":"0.00000"}},{"v":0,"d":"0.00000"},{"$f":"S435*H435","v":{"v":0,"d":"0.00000"}},{"$nulls":23},"16",null,"K","2",{"$nulls":3},"ROZPOCET",{"$nulls":5},{"$f":"IF(N435=\"základní\",J435,0)","v":91.54},{"$f":"IF(N435=\"snížená\",J435,0)","v":{"v":0,"d":"0.00"}},{"$f":"IF(N435=\"zákl. přenesená\",J435,0)","v":{"v":0,"d":"0.00"}},{"$f":"IF(N435=\"sníž. přenesená\",J435,0)","v":{"v":0,"d":"0.00"}},{"$f":"IF(N435=\"nulová\",J435,0)","v":{"v":0,"d":"0.00"}},"1",{"$f":"ROUND(I435*H435,2)","v":91.54},"16","1988815644"]
[{"$nulls":3},"Online PSC",null,"https://podminky.urs.cz/item/CS_URS_2025_01/998766103",{"$nulls":39},"Online PSC","2"]
[{"$nulls":3},"D","767","Konstrukce zámečnické",{"$nulls":3},{"$f":"BK437","v":{"v":1144.53,"d":"1,144.53"}},{"$nulls":5},{"$f":"SUM(P438:P450)","v":{"v":0,"d":"0.00000"}},null,{"$f":"SUM(R438:R450)","v":{"v":1.4116999999999999E-3,"d":"0.00141"}},null,{"$f":"SUM(T438:T450)","v":{"v":0.0005,"d":"0.00050"}},{"$nulls":23},"2",null,"D","1",{"$nulls":3},"ROZPOCET",{"$nulls":11},{"$f":"SUM(BK438:BK450)","v":{"v":1144.53,"d":"1,144.53"}}]
[null,null,"93","K","742110871","Demontáž dvířek revizních","kus",{"v":1,"d":"1.000"},226.01,{"$f":"ROUND(I438*H438,2)","v":226.01},"CS ÚRS 2025 01",null,"","základní",null,{"$f":"O438*H438","v":{"v":0,"d":"0.00000"}},{"v":0,"d":"0.00000"},{"$f":"Q438*H438","v":{"v":0,"d":"0.00000"}},{"v":0.0005,"d":"0.00050"},{"$f":"S438*H438","v":{"v":0.0005,"d":"0.00050"}},{"$nulls":23},"16",null,"K","2",{"$nulls":3},"ROZPOCET",{"$nulls":5},{"$f":"IF(N438=\"základní\",J438,0)","v":226.01},{"$f":"IF(N438=\"snížená\",J438,0)","v":{"v":0,"d":"0.00"}},{"$f":"IF(N438=\"zákl. přenesená\",J438,0)","v":{"v":0,"d":"0.00"}},{"$f":"IF(N438=\"sníž. přenesená\",J438,0)","v":{"v":0,"d":"0.00"}},{"$f":"IF(N438=\"nulová\",J438,0)","v":{"v":0,"d":"0.00"}},"1",{"$f":"ROUND(I438*H438,2)","v":226.01},"16","-617531771"]
[{"$nulls":3},"Online PSC",null,"https://podminky.urs.cz/item/CS_URS_2025_01/742110871",{"$nulls":39},"Online PSC","2"]
[{"$nulls":3},"VV","","\"WC\"",null,"",{"$nulls":37},"VV","2","1","True","0","ROZPOCET"]
[{"$nulls":3},"VV","","1",null,{"v":1,"d":"1.000"},{"$nulls":37},"VV","2","2","True","1","ROZPOCET"]
[null,null,"94","K","767646411","Montáž revizních dveří a dvířek hliníkových, ocelových nebo plastových s rámem jednokřídlových, plochy do 0,5 m2","m2",{"v":0.09,"d":"0.090"},{"v":3662.28,"d":"3,662.28"},{"$f":"ROUND(I442*H442,2)","v":329.61},"CS ÚRS 2025 01",null,"","základní",null,{"$f":"O442*H442","v":{"v":0,"d":"0.00000"}},0.00013,{"$f":"Q442*H442","v":{"v":1.1699999999999998E-5,"d":"0.00001"}},{"v":0,"d":"0.00000"},{"$f":"S442*H442","v":{"v":0,"d":"0.00000"}},{"$nulls":23},"16",null,"K","2",{"$nulls":3},"ROZPOCET",{"$nulls":5},{"$f":"IF(N442=\"základní\",J442,0)","v":329.61},{"$f":"IF(N442=\"snížená\",J442,0)","v":{"v":0,"d":"0.00"}},{"$f":"IF(N442=\"zákl. přenesená\",J442,0)","v":{"v":0,"d":"0.00"}},{"$f":"IF(N442=\"sníž. přenesená\",J442,0)","v":{"v":0,"d":"0.00"}},{"$f":"IF(N442=\"nulová\",J442,0)","v":{"v":0,"d":"0.00"}},"1",{"$f":"ROUND(I442*H442,2)","v":329.61},"16","-783951110"]
[{"$nulls":3},"Online PSC",null,"https://podminky.urs.cz/item/CS_URS_2025_01/767646411",{"$nulls":39},"Online PSC","2"]
[{"$nulls":3},"VV","","0,3*0,3",null,{"v":0.09,"d":"0.090"},{"$nulls":37},"VV","2","2","True","1","ROZPOCET"]
[null,null,"95","M","59030711","dvířka revizní jednokřídlá s automatickým zámkem 300x300mm","kus",{"v":1,"d":"1.000"},587.64,{"$f":"ROUND(I445*H445,2)","v":587.64},"CS ÚRS 2025 01",null,"","základní",null,{"$f":"O445*H445","v":{"v":0,"d":"0.00000"}},{"v":1.4E-3,"d":"0.00140"},{"$f":"Q445*H445","v":{"v":1.4E-3,"d":"0.00140"}},{"v":0,"d":"0.00000"},{"$f":"S445*H445","v":{"v":0,"d":"0.00000"}},{"$nulls":23},"32",null,"M","2",{"$nulls":3},"ROZPOCET",{"$nulls":5},{"$f":"IF(N445=\"základní\",J445,0)","v":587.64},{"$f":"IF(N445=\"snížená\",J445,0)","v":{"v":0,"d":"0.00"}},{"$f":"IF(N445=\"zákl. přenesená\",J445,0)","v":{"v":0,"d":"0.00"}},{"$f":"IF(N445=\"sníž. přenesená\",J445,0)","v":{"v":0,"d":"0.00"}},{"$f":"IF(N445=\"nulová\",J445,0)","v":{"v":0,"d":"0.00"}},"1",{"$f":"ROUND(I445*H445,2)","v":587.64},"16","-1379540020"]
[{"$nulls":3},"VV","","\"nerez\"",null,"",{"$nulls":37},"VV","2","1","True","0","ROZPOCET"]
[{"$nulls":3},"VV","","\"WC\"",null,"",{"$nulls":37},"VV","2","1","True","0","ROZPOCET"]
[{"$nulls":3},"VV","","1",null,{"v":1,"d":"1.000"},{"$nulls":37},"VV","2","2","True","1","ROZPOCET"]
[null,null,"96","K","998767103","Přesun hmot pro zámečnické konstrukce stanovený z hmotnosti přesunovaného materiálu vodorovná dopravní vzdálenost do 50 m základní v objektech výšky přes 12 do 24 m","t",{"v":1E-3,"d":"0.001"},{"v":1271.33,"d":"1,271.33"},{"$f":"ROUND(I449*H449,2)","v":1.27},"CS ÚRS 2025 01",null,"","základní",null,{"$f":"O449*H449","v":{"v":0,"d":"0.00000"}},{"v":0,"d":"0.00000"},{"$f":"Q449*H449","v":{"v":0,"d":"0.00000"}},{"v":0,"d":"0.00000"},{"$f":"S449*H449","v":{"v":0,"d":"0.00000"}},{"$nulls":23},"16",null,"K","2",{"$nulls":3},"ROZPOCET",{"$nulls":5},{"$f":"IF(N449=\"základní\",J449,0)","v":1.27},{"$f":"IF(N449=\"snížená\",J449,0)","v":{"v":0,"d":"0.00"}},{"$f":"IF(N449=\"zákl. přenesená\",J449,0)","v":{"v":0,"d":"0.00"}},{"$f":"IF(N449=\"sníž. přenesená\",J449,0)","v":{"v":0,"d":"0.00"}},{"$f":"IF(N449=\"nulová\",J449,0)","v":{"v":0,"d":"0.00"}},"1",{"$f":"ROUND(I449*H449,2)","v":1.27},"16","-1984887834"]
[{"$nulls":3},"Online PSC",null,"https://podminky.urs.cz/item/CS_URS_2025_01/998767103",{"$nulls":39},"Online PSC","2"]
[{"$nulls":3},"D","771","Podlahy z dlaždic",{"$nulls":3},{"$f":"BK451","v":{"v":13658.140000000001,"d":"13,658.14"}},{"$nulls":5},{"$f":"SUM(P452:P504)","v":{"v":0,"d":"0.00000"}},null,{"$f":"SUM(R452:R504)","v":{"v":0.1928932,"d":"0.19289"}},null,{"$f":"SUM(T452:T504)","v":{"v":0,"d":"0.00000"}},{"$nulls":23},"2",null,"D","1",{"$nulls":3},"ROZPOCET",{"$nulls":11},{"$f":"SUM(BK452:BK504)","v":{"v":13658.140000000001,"d":"13,658.14"}}]
[null,null,"97","K","771111011","Příprava podkladu před provedením dlažby vysátí podlah","m2",3.377,17.89,{"$f":"ROUND(I452*H452,2)","v":60.41},"CS ÚRS 2025 01",null,"","základní",null,{"$f":"O452*H452","v":{"v":0,"d":"0.00000"}},{"v":0,"d":"0.00000"},{"$f":"Q452*H452","v":{"v":0,"d":"0.00000"}},{"v":0,"d":"0.00000"},{"$f":"S452*H452","v":{"v":0,"d":"0.00000"}},{"$nulls":23},"16",null,"K","2",{"$nulls":3},"ROZPOCET",{"$nulls":5},{"$f":"IF(N452=\"základní\",J452,0)","v":60.41},{"$f":"IF(N452=\"snížená\",J452,0)","v":{"v":0,"d":"0.00"}},{"$f":"IF(N452=\"zákl. přenesená\",J452,0)","v":{"v":0,"d":"0.00"}},{"$f":"IF(N452=\"sníž. přenesená\",J452,0)","v":{"v":0,"d":"0.00"}},{"$f":"IF(N452=\"nulová\",J452,0)","v":{"v":0,"d":"0.00"}},"1",{"$f":"ROUND(I452*H452,2)","v":60.41},"16","1654080822"]
[{"$nulls":3},"Online PSC",null,"https://podminky.urs.cz/item/CS_URS_2025_01/771111011",{"$nulls":39},"Online PSC","2"]
[{"$nulls":3},"VV","","\"prostor umyvadel\"",null,"",{"$nulls":37},"VV","2","1","True","0","ROZPOCET"]
[{"$nulls":3},"VV","","1,42*0,82",null,1.164,{"$nulls":37},"VV","2","2","True","0","ROZPOCET"]
[{"$nulls":3},"VV","","\"sprcha\"",null,"",{"$nulls":37},"VV","2","1","True","0","ROZPOCET"]
[{"$nulls":3},"VV","","1,42*0,9",null,1.278,{"$nulls":37},"VV","2","2","True","0","ROZPOCET"]
[{"$nulls":3},"VV","","\"WC\"",null,"",{"$nulls":37},"VV","2","1","True","0","ROZPOCET"]
[{"$nulls":3},"VV","","0,82*1,14",null,0.935,{"$nulls":37},"VV","2","2","True","0","ROZPOCET"]
[{"$nulls":3},"VV","","Součet",null,3.377,{"$nulls":37},"VV","2","4","True","1","ROZPOCET"]
[null,null,"98","K","771121011","Nátěr penetrační na podlahu","m2",3.377,27.31,{"$f":"ROUND(I461*H461,2)","v":92.23},"CS ÚRS 2025 01",null,"","základní",null,{"$f":"O461*H461","v":{"v":0,"d":"0.00000"}},{"v":0.0003,"d":"0.00030"},{"$f":"Q461*H461","v":{"v":1.0130999999999999E-3,"d":"0.00101"}},{"v":0,"d":"0.00000"},{"$f":"S461*H461","v":{"v":0,"d":"0.00000"}},{"$nulls":23},"16",null,"K","2",{"$nulls":3},"ROZPOCET",{"$nulls":5},{"$f":"IF(N461=\"základní\",J461,0)","v":92.23},{"$f":"IF(N461=\"snížená\",J461,0)","v":{"v":0,"d":"0.00"}},{"$f":"IF(N461=\"zákl. přenesená\",J461,0)","v":{"v":0,"d":"0.00"}},{"$f":"IF(N461=\"sníž. přenesená\",J461,0)","v":{"v":0,"d":"0.00"}},{"$f":"IF(N461=\"nulová\",J461,0)","v":{"v":0,"d":"0.00"}},"1",{"$f":"ROUND(I461*H461,2)","v":92.23},"16","760209300"]
[{"$nulls":3},"Online PSC",null,"https://podminky.urs.cz/item/CS_URS_2025_01/771121011",{"$nulls":39},"Online PSC","2"]
[null,null,"99","K","771151024","Příprava podkladu před provedením dlažby samonivelační stěrka min. pevnosti 30 MPa, tloušťky přes 8 do 10 mm","m2",3.377,641.32,{"$f":"ROUND(I463*H463,2)","v":{"v":2165.74,"d":"2,165.74"}},"CS ÚRS 2025 01",null,"","základní",null,{"$f":"O463*H463","v":{"v":0,"d":"0.00000"}},{"v":0.015,"d":"0.01500"},{"$f":"Q463*H463","v":{"v":0.05065499999999999,"d":"0.05066"}},{"v":0,"d":"0.00000"},{"$f":"S463*H463","v":{"v":0,"d":"0.00000"}},{"$nulls":23},"16",null,"K","2",{"$nulls":3},"ROZPOCET",{"$nulls":5},{"$f":"IF(N463=\"základní\",J463,0)","v":{"v":2165.74,"d":"2,165.74"}},{"$f":"IF(N463=\"snížená\",J463,0)","v":{"v":0,"d":"0.00"}},{"$f":"IF(N463=\"zákl. přenesená\",J463,0)","v":{"v":0,"d":"0.00"}},{"$f":"IF(N463=\"sníž. přenesená\",J463,0)","v":{"v":0,"d":"0.00"}},{"$f":"IF(N463=\"nulová\",J463,0)","v":{"v":0,"d":"0.00"}},"1",{"$f":"ROUND(I463*H463,2)","v":{"v":2165.74,"d":"2,165.74"}},"16","-1272749984"]
[{"$nulls":3},"Online PSC",null,"https://podminky.urs.cz/item/CS_URS_2025_01/771151024",{"$nulls":39},"Online PSC","2"]
[null,null,"100","K","771591112","Izolace podlahy pod dlažbu nátěrem nebo stěrkou ve dvou vrstvách","m2",3.377,452.03,{"$f":"ROUND(I465*H465,2)","v":{"v":1526.51,"d":"1,526.51"}},"CS ÚRS 2025 01",null,"","základní",null,{"$f":"O465*H465","v":{"v":0,"d":"0.00000"}},{"v":1.5E-3,"d":"0.00150"},{"$f":"Q465*H465","v":{"v":0.0050655,"d":"0.00507"}},{"v":0,"d":"0.00000"},{"$f":"S465*H465","v":{"v":0,"d":"0.00000"}},{"$nulls":23},"16",null,"K","2",{"$nulls":3},"ROZPOCET",{"$nulls":5},{"$f":"IF(N465=\"základní\",J465,0)","v":{"v":1526.51,"d":"1,526.51"}},{"$f":"IF(N465=\"snížená\",J465,0)","v":{"v":0,"d":"0.00"}},{"$f":"IF(N465=\"zákl. přenesená\",J465,0)","v":{"v":0,"d":"0.00"}},{"$f":"IF(N465=\"sníž. přenesená\",J465,0)","v":{"v":0,"d":"0.00"}},{"$f":"IF(N465=\"nulová\",J465,0)","v":{"v":0,"d":"0.00"}},"1",{"$f":"ROUND(I465*H465,2)","v":{"v":1526.51,"d":"1,526.51"}},"16","-1757120717"]
[{"$nulls":3},"Online PSC",null,"https://podminky.urs.cz/item/CS_URS_2025_01/771591112",{"$nulls":39},"Online PSC","2"]
[null,null,"101","K","771591184","Podlahy - dokončovací práce pracnější řezání dlaždic keramických rovné","m",{"v":5,"d":"5.000"},120.54,{"$f":"ROUND(I467*H467,2)","v":{"v":602.7,"d":"602.70"}},"CS ÚRS 2025 01",null,"","základní",null,{"$f":"O467*H467","v":{"v":0,"d":"0.00000"}},{"v":0,"d":"0.00000"},{"$f":"Q467*H467","v":{"v":0,"d":"0.00000"}},{"v":0,"d":"0.00000"},{"$f":"S467*H467","v":{"v":0,"d":"0.00000"}},{"$nulls":23},"16",null,"K","2",{"$nulls":3},"ROZPOCET",{"$nulls":5},{"$f":"IF(N467=\"základní\",J467,0)","v":{"v":602.7,"d":"602.70"}},{"$f":"IF(N467=\"snížená\",J467,0)","v":{"v":0,"d":"0.00"}},{"$f":"IF(N467=\"zákl. přenesená\",J467,0)","v":{"v":0,"d":"0.00"}},{"$f":"IF(N467=\"sníž. přenesená\",J467,0)","v":{"v":0,"d":"0.00"}},{"$f":"IF(N467=\"nulová\",J467,0)","v":{"v":0,"d":"0.00"}},"1",{"$f":"ROUND(I467*H467,2)","v":{"v":602.7,"d":"602.70"}},"16","-1417751629"]
[{"$nulls":3},"Online PSC",null,"https://podminky.urs.cz/item/CS_URS_2025_01/771591184",{"$nulls":39},"Online PSC","2"]
[{"$nulls":3},"VV","","\"dle potřeby\"",null,"",{"$nulls":37},"VV","2","1","True","0","ROZPOCET"]
[{"$nulls":3},"VV","","5",null,{"v":5,"d":"5.000"},{"$nulls":37},"VV","2","2","True","1","ROZPOCET"]
[null,null,"102","K","771591241","Izolace podlahy pod dlažbu těsnícími izolačními pásy vnitřní kout","kus",{"v":10,"d":"10.000"},{"v":187.4,"d":"187.40"},{"$f":"ROUND(I471*H471,2)","v":{"v":1874,"d":"1,874.00"}},"CS ÚRS 2025 01",null,"","základní",null,{"$f":"O471*H471","v":{"v":0,"d":"0.00000"}},0.00021,{"$f":"Q471*H471","v":{"v":2.1000000000000003E-3,"d":"0.00210"}},{"v":0,"d":"0.00000"},{"$f":"S471*H471","v":{"v":0,"d":"0.00000"}},{"$nulls":23},"16",null,"K","2",{"$nulls":3},"ROZPOCET",{"$nulls":5},{"$f":"IF(N471=\"základní\",J471,0)","v":{"v":1874,"d":"1,874.00"}},{"$f":"IF(N471=\"snížená\",J471,0)","v":{"v":0,"d":"0.00"}},{"$f":"IF(N471=\"zákl. přenesená\",J471,0)","v":{"v":0,"d":"0.00"}},{"$f":"IF(N471=\"sníž. přenesená\",J471,0)","v":{"v":0,"d":"0.00"}},{"$f":"IF(N471=\"nulová\",J471,0)","v":{"v":0,"d":"0.00"}},"1",{"$f":"ROUND(I471*H471,2)","v":{"v":1874,"d":"1,874.00"}},"16","1354673630"]
[{"$nulls":3},"Online PSC",null,"https://podminky.urs.cz/item/CS_URS_2025_01/771591241",{"$nulls":39},"Online PSC","2"]
[{"$nulls":3},"VV","","\"prostor umyvadel\"",null,"",{"$nulls":37},"VV","2","1","True","0","ROZPOCET"]
[{"$nulls":3},"VV","","2",null,{"v":2,"d":"2.000"},{"$nulls":37},"VV","2","2","True","0","ROZPOCET"]
[{"$nulls":3},"VV","","\"sprcha\"",null,"",{"$nulls":37},"VV","2","1","True","0","ROZPOCET"]
[{"$nulls":3},"VV","","4",null,{"v":4,"d":"4.000"},{"$nulls":37},"VV","2","2","True","0","ROZPOCET"]
[{"$nulls":3},"VV","","\"WC\"",null,"",{"$nulls":37},"VV","2","1","True","0","ROZPOCET"]
[{"$nulls":3},"VV","","4",null,{"v":4,"d":"4.000"},{"$nulls":37},"VV","2","2","True","0","ROZPOCET"]
[{"$nulls":3},"VV","","Součet",null,{"v":10,"d":"10.000"},{"$nulls":37},"VV","2","4","True","1","ROZPOCET"]
[null,null,"103","K","771591264","Izolace podlahy pod dlažbu těsnícími izolačními pásy mezi podlahou a stěnu","m",{"v":11.62,"d":"11.620"},140.32,{"$f":"ROUND(I480*H480,2)","v":{"v":1630.52,"d":"1,630.52"}},"CS ÚRS 2025 01",null,"","základní",null,{"$f":"O480*H480","v":{"v":0,"d":"0.00000"}},{"v":1.42E-3,"d":"0.00142"},{"$f":"Q480*H480","v":{"v":0.0165004,"d":"0.01650"}},{"v":0,"d":"0.00000"},{"$f":"S480*H480","v":{"v":0,"d":"0.00000"}},{"$nulls":23},"16",null,"K","2",{"$nulls":3},"ROZPOCET",{"$nulls":5},{"$f":"IF(N480=\"základní\",J480,0)","v":{"v":1630.52,"d":"1,630.52"}},{"$f":"IF(N480=\"snížená\",J480,0)","v":{"v":0,"d":"0.00"}},{"$f":"IF(N480=\"zákl. přenesená\",J480,0)","v":{"v":0,"d":"0.00"}},{"$f":"IF(N480=\"sníž. přenesená\",J480,0)","v":{"v":0,"d":"0.00"}},{"$f":"IF(N480=\"nulová\",J480,0)","v":{"v":0,"d":"0.00"}},"1",{"$f":"ROUND(I480*H480,2)","v":{"v":1630.52,"d":"1,630.52"}},"16","-148263112"]
[{"$nulls":3},"Online PSC",null,"https://podminky.urs.cz/item/CS_URS_2025_01/771591264",{"$nulls":39},"Online PSC","2"]
[{"$nulls":3},"VV","","\"prostor umyvadel\"",null,"",{"$nulls":37},"VV","2","1","True","0","ROZPOCET"]
[{"$nulls":3},"VV","","1,42+0,82*2",null,{"v":3.06,"d":"3.060"},{"$nulls":37},"VV","2","2","True","0","ROZPOCET"]
[{"$nulls":3},"VV","","\"sprcha\"",null,"",{"$nulls":37},"VV","2","1","True","0","ROZPOCET"]
[{"$nulls":3},"VV","","1,42*2+0,9*2",null,{"v":4.64,"d":"4.640"},{"$nulls":37},"VV","2","2","True","0","ROZPOCET"]
[{"$nulls":3},"VV","","\"WC\"",null,"",{"$nulls":37},"VV","2","1","True","0","ROZPOCET"]
[{"$nulls":3},"VV","","0,82*2+1,14*2",null,{"v":3.92,"d":"3.920"},{"$nulls":37},"VV","2","2","True","0","ROZPOCET"]
[{"$nulls":3},"VV","","Součet",null,{"v":11.62,"d":"11.620"},{"$nulls":37},"VV","2","4","True","1","ROZPOCET"]
[null,null,"104","K","771161022","Příprava podkladu před provedením dlažby montáž profilu ukončujícího profilu pro schodové hrany a ukončení dlažby","m",{"v":2.82,"d":"2.820"},{"v":119.6,"d":"119.60"},{"$f":"ROUND(I489*H489,2)","v":337.27},"CS ÚRS 2025 01",null,"","základní",null,{"$f":"O489*H489","v":{"v":0,"d":"0.00000"}},0.00034,{"$f":"Q489*H489","v":{"v":9.588E-4,"d":"0.00096"}},{"v":0,"d":"0.00000"},{"$f":"S489*H489","v":{"v":0,"d":"0.00000"}},{"$nulls":23},"16",null,"K","2",{"$nulls":3},"ROZPOCET",{"$nulls":5},{"$f":"IF(N489=\"základní\",J489,0)","v":337.27},{"$f":"IF(N489=\"snížená\",J489,0)","v":{"v":0,"d":"0.00"}},{"$f":"IF(N489=\"zákl. přenesená\",J489,0)","v":{"v":0,"d":"0.00"}},{"$f":"IF(N489=\"sníž. přenesená\",J489,0)","v":{"v":0,"d":"0.00"}},{"$f":"IF(N489=\"nulová\",J489,0)","v":{"v":0,"d":"0.00"}},"1",{"$f":"ROUND(I489*H489,2)","v":337.27},"16","109877044"]
[{"$nulls":3},"Online PSC",null,"https://podminky.urs.cz/item/CS_URS_2025_01/771161022",{"$nulls":39},"Online PSC","2"]
[{"$nulls":3},"VV","","\"ukončovací lišta ve dveřích, oddělení od ostatního prostoru\"",null,"",{"$nulls":37},"VV","2","1","True","0","ROZPOCET"]
[{"$nulls":3},"VV","","\"prostor umyvadel\"",null,"",{"$nulls":37},"VV","2","1","True","0","ROZPOCET"]
[{"$nulls":3},"VV","","1,42",null,{"v":1.42,"d":"1.420"},{"$nulls":37},"VV","2","2","True","0","ROZPOCET"]
[{"$nulls":3},"VV","","\"sprcha\"",null,"",{"$nulls":37},"VV","2","1","True","0","ROZPOCET"]
[{"$nulls":3},"VV","","0,7",null,{"v":0.7,"d":"0.700"},{"$nulls":37},"VV","2","2","True","0","ROZPOCET"]
[{"$nulls":3},"VV","","\"WC\"",null,"",{"$nulls":37},"VV","2","1","True","0","ROZPOCET"]
[{"$nulls":3},"VV","","0,7",null,{"v":0.7,"d":"0.700"},{"$nulls":37},"VV","2","2","True","0","ROZPOCET"]
[{"$nulls":3},"VV","","Součet",null,{"v":2.82,"d":"2.820"},{"$nulls":37},"VV","2","4","True","1","ROZPOCET"]
[null,null,"105","M","19416008","lišta ukončovací hliníková 10mm","m",{"v":2.82,"d":"2.820"},55.09,{"$f":"ROUND(I499*H499,2)","v":155.35},"CS ÚRS 2025 01",null,"","základní",null,{"$f":"O499*H499","v":{"v":0,"d":"0.00000"}},{"v":1.2E-4,"d":"0.00012"},{"$f":"Q499*H499","v":{"v":0.0003384,"d":"0.00034"}},{"v":0,"d":"0.00000"},{"$f":"S499*H499","v":{"v":0,"d":"0.00000"}},{"$nulls":23},"32",null,"M","2",{"$nulls":3},"ROZPOCET",{"$nulls":5},{"$f":"IF(N499=\"základní\",J499,0)","v":155.35},{"$f":"IF(N499=\"snížená\",J499,0)","v":{"v":0,"d":"0.00"}},{"$f":"IF(N499=\"zákl. přenesená\",J499,0)","v":{"v":0,"d":"0.00"}},{"$f":"IF(N499=\"sníž. přenesená\",J499,0)","v":{"v":0,"d":"0.00"}},{"$f":"IF(N499=\"nulová\",J499,0)","v":{"v":0,"d":"0.00"}},"1",{"$f":"ROUND(I499*H499,2)","v":155.35},"16","155910785"]
[null,null,"106","K","771574416","Montáž podlah z dlaždic keramických lepených cementovým flexibilním lepidlem hladkých, tloušťky do 10 mm přes 9 do 12 ks/m2","m2",3.377,800.47,{"$f":"ROUND(I500*H500,2)","v":{"v":2703.19,"d":"2,703.19"}},"CS ÚRS 2025 01",null,"","základní",null,{"$f":"O500*H500","v":{"v":0,"d":"0.00000"}},{"v":0.006,"d":"0.00600"},{"$f":"Q500*H500","v":{"v":0.020262,"d":"0.02026"}},{"v":0,"d":"0.00000"},{"$f":"S500*H500","v":{"v":0,"d":"0.00000"}},{"$nulls":23},"16",null,"K","2",{"$nulls":3},"ROZPOCET",{"$nulls":5},{"$f":"IF(N500=\"základní\",J500,0)","v":{"v":2703.19,"d":"2,703.19"}},{"$f":"IF(N500=\"snížená\",J500,0)","v":{"v":0,"d":"0.00"}},{"$f":"IF(N500=\"zákl. přenesená\",J500,0)","v":{"v":0,"d":"0.00"}},{"$f":"IF(N500=\"sníž. přenesená\",J500,0)","v":{"v":0,"d":"0.00"}},{"$f":"IF(N500=\"nulová\",J500,0)","v":{"v":0,"d":"0.00"}},"1",{"$f":"ROUND(I500*H500,2)","v":{"v":2703.19,"d":"2,703.19"}},"16","1094763972"]
[{"$nulls":3},"Online PSC",null,"https://podminky.urs.cz/item/CS_URS_2025_01/771574416",{"$nulls":39},"Online PSC","2"]
[null,null,"107","M","59761409.R","dlažba keramická slinutá protiskluzná do interiéru i exteriéru - bude upřesněno investorem","m2",{"v":5,"d":"5.000"},452.97,{"$f":"ROUND(I502*H502,2)","v":{"v":2264.85,"d":"2,264.85"}},"vlastní",null,"","základní",null,{"$f":"O502*H502","v":{"v":0,"d":"0.00000"}},{"v":0.0192,"d":"0.01920"},{"$f":"Q502*H502","v":{"v":0.09599999999999999,"d":"0.09600"}},{"v":0,"d":"0.00000"},{"$f":"S502*H502","v":{"v":0,"d":"0.00000"}},{"$nulls":23},"32",null,"M","2",{"$nulls":3},"ROZPOCET",{"$nulls":5},{"$f":"IF(N502=\"základní\",J502,0)","v":{"v":2264.85,"d":"2,264.85"}},{"$f":"IF(N502=\"snížená\",J502,0)","v":{"v":0,"d":"0.00"}},{"$f":"IF(N502=\"zákl. přenesená\",J502,0)","v":{"v":0,"d":"0.00"}},{"$f":"IF(N502=\"sníž. přenesená\",J502,0)","v":{"v":0,"d":"0.00"}},{"$f":"IF(N502=\"nulová\",J502,0)","v":{"v":0,"d":"0.00"}},"1",{"$f":"ROUND(I502*H502,2)","v":{"v":2264.85,"d":"2,264.85"}},"16","379911173"]
[null,null,"108","K","998771103","Přesun hmot pro podlahy z dlaždic stanovený z hmotnosti přesunovaného materiálu vodorovná dopravní vzdálenost do 50 m základní v objektech výšky přes 12 do 24 m","t",0.193,{"v":1271.33,"d":"1,271.33"},{"$f":"ROUND(I503*H503,2)","v":245.37},"CS ÚRS 2025 01",null,"","základní",null,{"$f":"O503*H503","v":{"v":0,"d":"0.00000"}},{"v":0,"d":"0.00000"},{"$f":"Q503*H503","v":{"v":0,"d":"0.00000"}},{"v":0,"d":"0.00000"},{"$f":"S503*H503","v":{"v":0,"d":"0.00000"}},{"$nulls":23},"16",null,"K","2",{"$nulls":3},"ROZPOCET",{"$nulls":5},{"$f":"IF(N503=\"základní\",J503,0)","v":245.37},{"$f":"IF(N503=\"snížená\",J503,0)","v":{"v":0,"d":"0.00"}},{"$f":"IF(N503=\"zákl. přenesená\",J503,0)","v":{"v":0,"d":"0.00"}},{"$f":"IF(N503=\"sníž. přenesená\",J503,0)","v":{"v":0,"d":"0.00"}},{"$f":"IF(N503=\"nulová\",J503,0)","v":{"v":0,"d":"0.00"}},"1",{"$f":"ROUND(I503*H503,2)","v":245.37},"16","1180974272"]
[{"$nulls":3},"Online PSC",null,"https://podminky.urs.cz/item/CS_URS_2025_01/998771103",{"$nulls":39},"Online PSC","2"]
[{"$nulls":3},"D","781","Dokončovací práce - obklady",{"$nulls":3},{"$f":"BK505","v":{"v":31430.96,"d":"31,430.96"}},{"$nulls":5},{"$f":"SUM(P506:P541)","v":{"v":0,"d":"0.00000"}},null,{"$f":"SUM(R506:R541)","v":{"v":0.3581567,"d":"0.35816"}},null,{"$f":"SUM(T506:T541)","v":{"v":0,"d":"0.00000"}},{"$nulls":23},"2",null,"D","1",{"$nulls":3},"ROZPOCET",{"$nulls":11},{"$f":"SUM(BK506:BK541)","v":{"v":31430.96,"d":"31,430.96"}}]
[null,null,"109","K","781111011","Příprava podkladu před provedením obkladu oprášení (ometení) stěny","m2",17.489,17.89,{"$f":"ROUND(I506*H506,2)","v":312.88},"CS ÚRS 2025 01",null,"","základní",null,{"$f":"O506*H506","v":{"v":0,"d":"0.00000"}},{"v":0,"d":"0.00000"},{"$f":"Q506*H506","v":{"v":0,"d":"0.00000"}},{"v":0,"d":"0.00000"},{"$f":"S506*H506","v":{"v":0,"d":"0.00000"}},{"$nulls":23},"16",null,"K","2",{"$nulls":3},"ROZPOCET",{"$nulls":5},{"$f":"IF(N506=\"základní\",J506,0)","v":312.88},{"$f":"IF(N506=\"snížená\",J506,0)","v":{"v":0,"d":"0.00"}},{"$f":"IF(N506=\"zákl. přenesená\",J506,0)","v":{"v":0,"d":"0.00"}},{"$f":"IF(N506=\"sníž. přenesená\",J506,0)","v":{"v":0,"d":"0.00"}},{"$f":"IF(N506=\"nulová\",J506,0)","v":{"v":0,"d":"0.00"}},"1",{"$f":"ROUND(I506*H506,2)","v":312.88},"16","207010006"]
[{"$nulls":3},"Online PSC",null,"https://podminky.urs.cz/item/CS_URS_2025_01/781111011",{"$nulls":39},"Online PSC","2"]
[{"$nulls":3},"VV","","\"prostor umyvadel\"",null,"",{"$nulls":37},"VV","2","1","True","0","ROZPOCET"]
[{"$nulls":3},"VV","","(1,42+0,82*2)*1,53",null,4.682,{"$nulls":37},"VV","2","2","True","0","ROZPOCET"]
[{"$nulls":3},"VV","","\"sprcha\"",null,"",{"$nulls":37},"VV","2","1","True","0","ROZPOCET"]
[{"$nulls":3},"VV","","(1,42*2+0,9*2)*2-(0,7*2)",null,{"v":7.88,"d":"7.880"},{"$nulls":37},"VV","2","2","True","0","ROZPOCET"]
[{"$nulls":3},"VV","","\"WC\"",null,"",{"$nulls":37},"VV","2","1","True","0","ROZPOCET"]
[{"$nulls":3},"VV","","(0,82*2+1,14*2)*1,53-(0,7*1,53)",null,4.927,{"$nulls":37},"VV","2","2","True","0","ROZPOCET"]
[{"$nulls":3},"VV","","Součet",null,17.489,{"$nulls":37},"VV","2","4","True","1","ROZPOCET"]
[null,null,"110","K","781121011","Nátěr penetrační na stěnu","m2",17.489,27.31,{"$f":"ROUND(I515*H515,2)","v":477.62},"CS ÚRS 2025 01",null,"","základní",null,{"$f":"O515*H515","v":{"v":0,"d":"0.00000"}},{"v":0.0003,"d":"0.00030"},{"$f":"Q515*H515","v":{"v":5.2467E-3,"d":"0.00525"}},{"v":0,"d":"0.00000"},{"$f":"S515*H515","v":{"v":0,"d":"0.00000"}},{"$nulls":23},"16",null,"K","2",{"$nulls":3},"ROZPOCET",{"$nulls":5},{"$f":"IF(N515=\"základní\",J515,0)","v":477.62},{"$f":"IF(N515=\"snížená\",J515,0)","v":{"v":0,"d":"0.00"}},{"$f":"IF(N515=\"zákl. přenesená\",J515,0)","v":{"v":0,"d":"0.00"}},{"$f":"IF(N515=\"sníž. přenesená\",J515,0)","v":{"v":0,"d":"0.00"}},{"$f":"IF(N515=\"nulová\",J515,0)","v":{"v":0,"d":"0.00"}},"1",{"$f":"ROUND(I515*H515,2)","v":477.62},"16","-60586925"]
[{"$nulls":3},"Online PSC",null,"https://podminky.urs.cz/item/CS_URS_2025_01/781121011",{"$nulls":39},"Online PSC","2"]
[null,null,"111","K","781131112","Izolace stěny pod obklad izolace nátěrem nebo stěrkou ve dvou vrstvách","m2",{"v":11.08,"d":"11.080"},452.03,{"$f":"ROUND(I517*H517,2)","v":{"v":5008.49,"d":"5,008.49"}},"CS ÚRS 2025 01",null,"","základní",null,{"$f":"O517*H517","v":{"v":0,"d":"0.00000"}},{"v":1.5E-3,"d":"0.00150"},{"$f":"Q517*H517","v":0.01662},{"v":0,"d":"0.00000"},{"$f":"S517*H517","v":{"v":0,"d":"0.00000"}},{"$nulls":23},"16",null,"K","2",{"$nulls":3},"ROZPOCET",{"$nulls":5},{"$f":"IF(N517=\"základní\",J517,0)","v":{"v":5008.49,"d":"5,008.49"}},{"$f":"IF(N517=\"snížená\",J517,0)","v":{"v":0,"d":"0.00"}},{"$f":"IF(N517=\"zákl. přenesená\",J517,0)","v":{"v":0,"d":"0.00"}},{"$f":"IF(N517=\"sníž. přenesená\",J517,0)","v":{"v":0,"d":"0.00"}},{"$f":"IF(N517=\"nulová\",J517,0)","v":{"v":0,"d":"0.00"}},"1",{"$f":"ROUND(I517*H517,2)","v":{"v":5008.49,"d":"5,008.49"}},"16","1756561883"]
[{"$nulls":3},"Online PSC",null,"https://podminky.urs.cz/item/CS_URS_2025_01/781131112",{"$nulls":39},"Online PSC","2"]
[{"$nulls":3},"VV","","\"prostor umyvadel\"",null,"",{"$nulls":37},"VV","2","1","True","0","ROZPOCET"]
[{"$nulls":3},"VV","","(1,42+0,82*2)*1,53",null,4.682,{"$nulls":37},"VV","2","2","True","0","ROZPOCET"]
[{"$nulls":3},"VV","","\"sprcha\"",null,"",{"$nulls":37},"VV","2","1","True","0","ROZPOCET"]
[{"$nulls":3},"VV","","(0,8+0,9+0,8)*2+(0,62+0,9+0,62-0,7)*0,3",null,5.432,{"$nulls":37},"VV","2","2","True","0","ROZPOCET"]
[{"$nulls":3},"VV","","\"WC\"",null,"",{"$nulls":37},"VV","2","1","True","0","ROZPOCET"]
[{"$nulls":3},"VV","","(0,82*2+1,14*2-0,7)*0,3",null,0.966,{"$nulls":37},"VV","2","2","True","0","ROZPOCET"]
[{"$nulls":3},"VV","","Součet",null,{"v":11.08,"d":"11.080"},{"$nulls":37},"VV","2","4","True","1","ROZPOCET"]
[null,null,"112","K","781161021","Příprava podkladu před provedením obkladu montáž profilu ukončujícího profilu rohového, vanového","m",{"v":13.28,"d":"13.280"},150.68,{"$f":"ROUND(I526*H526,2)","v":{"v":2001.03,"d":"2,001.03"}},"CS ÚRS 2025 01",null,"","základní",null,{"$f":"O526*H526","v":{"v":0,"d":"0.00000"}},{"v":0.0002,"d":"0.00020"},{"$f":"Q526*H526","v":{"v":0.002656,"d":"0.00266"}},{"v":0,"d":"0.00000"},{"$f":"S526*H526","v":{"v":0,"d":"0.00000"}},{"$nulls":23},"16",null,"K","2",{"$nulls":3},"ROZPOCET",{"$nulls":5},{"$f":"IF(N526=\"základní\",J526,0)","v":{"v":2001.03,"d":"2,001.03"}},{"$f":"IF(N526=\"snížená\",J526,0)","v":{"v":0,"d":"0.00"}},{"$f":"IF(N526=\"zákl. přenesená\",J526,0)","v":{"v":0,"d":"0.00"}},{"$f":"IF(N526=\"sníž. přenesená\",J526,0)","v":{"v":0,"d":"0.00"}},{"$f":"IF(N526=\"nulová\",J526,0)","v":{"v":0,"d":"0.00"}},"1",{"$f":"ROUND(I526*H526,2)","v":{"v":2001.03,"d":"2,001.03"}},"16","196276235"]
[{"$nulls":3},"Online PSC",null,"https://podminky.urs.cz/item/CS_URS_2025_01/781161021",{"$nulls":39},"Online PSC","2"]
[{"$nulls":3},"VV","","\"lišty plastové zaoblené\"",null,"",{"$nulls":37},"VV","2","1","True","0","ROZPOCET"]
[{"$nulls":3},"VV","","\"prostor umyvadel\"",null,"",{"$nulls":37},"VV","2","1","True","0","ROZPOCET"]
[{"$nulls":3},"VV","","(1,42+0,82*2)+(1,53*2)",null,{"v":6.12,"d":"6.120"},{"$nulls":37},"VV","2","2","True","0","ROZPOCET"]
[{"$nulls":3},"VV","","\"sprcha\"",null,"",{"$nulls":37},"VV","2","1","True","0","ROZPOCET"]
[{"$nulls":3},"VV","","(1,42*2+0,9*2)-(0,7)",null,{"v":3.94,"d":"3.940"},{"$nulls":37},"VV","2","2","True","0","ROZPOCET"]
[{"$nulls":3},"VV","","\"WC\"",null,"",{"$nulls":37},"VV","2","1","True","0","ROZPOCET"]
[{"$nulls":3},"VV","","(0,82*2+1,14*2)-(0,7)",null,{"v":3.22,"d":"3.220"},{"$nulls":37},"VV","2","2","True","0","ROZPOCET"]
[{"$nulls":3},"VV","","Součet",null,{"v":13.280000000000001,"d":"13.280"},{"$nulls":37},"VV","2","4","True","1","ROZPOCET"]
[null,null,"113","M","28342005","lišta ukončovací z PVC 12,5mm","m",{"v":15,"d":"15.000"},37.95,{"$f":"ROUND(I536*H536,2)","v":569.25},"CS ÚRS 2025 01",null,"","základní",null,{"$f":"O536*H536","v":{"v":0,"d":"0.00000"}},{"v":0.0003,"d":"0.00030"},{"$f":"Q536*H536","v":{"v":0.0045,"d":"0.00450"}},{"v":0,"d":"0.00000"},{"$f":"S536*H536","v":{"v":0,"d":"0.00000"}},{"$nulls":23},"32",null,"M","2",{"$nulls":3},"ROZPOCET",{"$nulls":5},{"$f":"IF(N536=\"základní\",J536,0)","v":569.25},{"$f":"IF(N536=\"snížená\",J536,0)","v":{"v":0,"d":"0.00"}},{"$f":"IF(N536=\"zákl. přenesená\",J536,0)","v":{"v":0,"d":"0.00"}},{"$f":"IF(N536=\"sníž. přenesená\",J536,0)","v":{"v":0,"d":"0.00"}},{"$f":"IF(N536=\"nulová\",J536,0)","v":{"v":0,"d":"0.00"}},"1",{"$f":"ROUND(I536*H536,2)","v":569.25},"16","-1691619190"]
[null,null,"114","K","781472216","Montáž keramických obkladů stěn lepených cementovým flexibilním lepidlem hladkých přes 9 do 12 ks/m2","m2",17.489,800.51,{"$f":"ROUND(I537*H537,2)","v":{"v":14000.12,"d":"14,000.12"}},"CS ÚRS 2025 01",null,"","základní",null,{"$f":"O537*H537","v":{"v":0,"d":"0.00000"}},{"v":0.006,"d":"0.00600"},{"$f":"Q537*H537","v":{"v":0.10493400000000001,"d":"0.10493"}},{"v":0,"d":"0.00000"},{"$f":"S537*H537","v":{"v":0,"d":"0.00000"}},{"$nulls":23},"16",null,"K","2",{"$nulls":3},"ROZPOCET",{"$nulls":5},{"$f":"IF(N537=\"základní\",J537,0)","v":{"v":14000.12,"d":"14,000.12"}},{"$f":"IF(N537=\"snížená\",J537,0)","v":{"v":0,"d":"0.00"}},{"$f":"IF(N537=\"zákl. přenesená\",J537,0)","v":{"v":0,"d":"0.00"}},{"$f":"IF(N537=\"sníž. přenesená\",J537,0)","v":{"v":0,"d":"0.00"}},{"$f":"IF(N537=\"nulová\",J537,0)","v":{"v":0,"d":"0.00"}},"1",{"$f":"ROUND(I537*H537,2)","v":{"v":14000.12,"d":"14,000.12"}},"16","1183124899"]
[{"$nulls":3},"Online PSC",null,"https://podminky.urs.cz/item/CS_URS_2025_01/781472216",{"$nulls":39},"Online PSC","2"]
[null,null,"115","M","59761026R","obklad keramický, OBKLAD - REKTIFIKOVANÝ, 80 % bílý, 20% barevný - dle výběru investora","m2",{"v":19,"d":"19.000"},452.97,{"$f":"ROUND(I539*H539,2)","v":{"v":8606.43,"d":"8,606.43"}},"vlastní",null,"","základní",null,{"$f":"O539*H539","v":{"v":0,"d":"0.00000"}},{"v":0.0118,"d":"0.01180"},{"$f":"Q539*H539","v":{"v":0.22419999999999998,"d":"0.22420"}},{"v":0,"d":"0.00000"},{"$f":"S539*H539","v":{"v":0,"d":"0.00000"}},{"$nulls":23},"32",null,"M","2",{"$nulls":3},"ROZPOCET",{"$nulls":5},{"$f":"IF(N539=\"základní\",J539,0)","v":{"v":8606.43,"d":"8,606.43"}},{"$f":"IF(N539=\"snížená\",J539,0)","v":{"v":0,"d":"0.00"}},{"$f":"IF(N539=\"zákl. přenesená\",J539,0)","v":{"v":0,"d":"0.00"}},{"$f":"IF(N539=\"sníž. přenesená\",J539,0)","v":{"v":0,"d":"0.00"}},{"$f":"IF(N539=\"nulová\",J539,0)","v":{"v":0,"d":"0.00"}},"1",{"$f":"ROUND(I539*H539,2)","v":{"v":8606.43,"d":"8,606.43"}},"16","1592493313"]
[null,null,"116","K","998781103","Přesun hmot pro obklady keramické stanovený z hmotnosti přesunovaného materiálu vodorovná dopravní vzdálenost do 50 m základní v objektech výšky přes 12 do 24 m","t",0.358,{"v":1271.33,"d":"1,271.33"},{"$f":"ROUND(I540*H540,2)","v":455.14},"CS ÚRS 2025 01",null,"","základní",null,{"$f":"O540*H540","v":{"v":0,"d":"0.00000"}},{"v":0,"d":"0.00000"},{"$f":"Q540*H540","v":{"v":0,"d":"0.00000"}},{"v":0,"d":"0.00000"},{"$f":"S540*H540","v":{"v":0,"d":"0.00000"}},{"$nulls":23},"16",null,"K","2",{"$nulls":3},"ROZPOCET",{"$nulls":5},{"$f":"IF(N540=\"základní\",J540,0)","v":455.14},{"$f":"IF(N540=\"snížená\",J540,0)","v":{"v":0,"d":"0.00"}},{"$f":"IF(N540=\"zákl. přenesená\",J540,0)","v":{"v":0,"d":"0.00"}},{"$f":"IF(N540=\"sníž. přenesená\",J540,0)","v":{"v":0,"d":"0.00"}},{"$f":"IF(N540=\"nulová\",J540,0)","v":{"v":0,"d":"0.00"}},"1",{"$f":"ROUND(I540*H540,2)","v":455.14},"16","1413563590"]
[{"$nulls":3},"Online PSC",null,"https://podminky.urs.cz/item/CS_URS_2025_01/998781103",{"$nulls":39},"Online PSC","2"]
[{"$nulls":3},"D","783","Dokončovací práce - nátěry",{"$nulls":3},{"$f":"BK542","v":{"v":1827.94,"d":"1,827.94"}},{"$nulls":5},{"$f":"SUM(P543:P558)","v":{"v":0,"d":"0.00000"}},null,{"$f":"SUM(R543:R558)","v":{"v":1.5731999999999999E-3,"d":"0.00157"}},null,{"$f":"SUM(T543:T558)","v":{"v":0,"d":"0.00000"}},{"$nulls":23},"2",null,"D","1",{"$nulls":3},"ROZPOCET",{"$nulls":11},{"$f":"SUM(BK543:BK558)","v":{"v":1827.94,"d":"1,827.94"}}]
[null,null,"117","K","783306805","Odstranění nátěrů ze zámečnických konstrukcí opálením s obroušením","m2",{"v":4.14,"d":"4.140"},54.59,{"$f":"ROUND(I543*H543,2)","v":{"v":226,"d":"226.00"}},"CS ÚRS 2025 01",null,"","základní",null,{"$f":"O543*H543","v":{"v":0,"d":"0.00000"}},{"v":2e-05,"d":"0.00002"},{"$f":"Q543*H543","v":{"v":8.2800000000000007E-5,"d":"0.00008"}},{"v":0,"d":"0.00000"},{"$f":"S543*H543","v":{"v":0,"d":"0.00000"}},{"$nulls":23},"16",null,"K","2",{"$nulls":3},"ROZPOCET",{"$nulls":5},{"$f":"IF(N543=\"základní\",J543,0)","v":{"v":226,"d":"226.00"}},{"$f":"IF(N543=\"snížená\",J543,0)","v":{"v":0,"d":"0.00"}},{"$f":"IF(N543=\"zákl. přenesená\",J543,0)","v":{"v":0,"d":"0.00"}},{"$f":"IF(N543=\"sníž. přenesená\",J543,0)","v":{"v":0,"d":"0.00"}},{"$f":"IF(N543=\"nulová\",J543,0)","v":{"v":0,"d":"0.00"}},"1",{"$f":"ROUND(I543*H543,2)","v":{"v":226,"d":"226.00"}},"16","-629401242"]
[{"$nulls":3},"Online PSC",null,"https://podminky.urs.cz/item/CS_URS_2025_01/783306805",{"$nulls":39},"Online PSC","2"]
[{"$nulls":3},"VV","","\"stávající zárubně\"",null,"",{"$nulls":37},"VV","2","1","True","0","ROZPOCET"]
[{"$nulls":3},"VV","","\"prostor umyvadel\"",null,"",{"$nulls":37},"VV","2","1","True","0","ROZPOCET"]
[{"$nulls":3},"VV","","0",null,{"v":0,"d":"0.000"},{"$nulls":37},"VV","2","2","True","0","ROZPOCET"]
[{"$nulls":3},"VV","","\"sprcha\"",null,"",{"$nulls":37},"VV","2","1","True","0","ROZPOCET"]
[{"$nulls":3},"VV","","(2+0,6+2)*(0,15*3)",null,{"v":2.07,"d":"2.070"},{"$nulls":37},"VV","2","2","True","0","ROZPOCET"]
[{"$nulls":3},"VV","","\"WC\"",null,"",{"$nulls":37},"VV","2","1","True","0","ROZPOCET"]
[{"$nulls":3},"VV","","(2+0,6+2)*(0,15*3)",null,{"v":2.07,"d":"2.070"},{"$nulls":37},"VV","2","2","True","0","ROZPOCET"]
[{"$nulls":3},"VV","","Součet",null,{"v":4.14,"d":"4.140"},{"$nulls":37},"VV","2","4","True","1","ROZPOCET"]
[null,null,"118","K","783301313","Příprava podkladu zámečnických konstrukcí před provedením nátěru odmaštění odmašťovačem ředidlovým","m2",{"v":4.14,"d":"4.140"},128.98,{"$f":"ROUND(I553*H553,2)","v":533.98},"CS ÚRS 2025 01",null,"","základní",null,{"$f":"O553*H553","v":{"v":0,"d":"0.00000"}},{"v":7e-05,"d":"0.00007"},{"$f":"Q553*H553","v":{"v":2.8979999999999994E-4,"d":"0.00029"}},{"v":0,"d":"0.00000"},{"$f":"S553*H553","v":{"v":0,"d":"0.00000"}},{"$nulls":23},"16",null,"K","2",{"$nulls":3},"ROZPOCET",{"$nulls":5},{"$f":"IF(N553=\"základní\",J553,0)","v":533.98},{"$f":"IF(N553=\"snížená\",J553,0)","v":{"v":0,"d":"0.00"}},{"$f":"IF(N553=\"zákl. přenesená\",J553,0)","v":{"v":0,"d":"0.00"}},{"$f":"IF(N553=\"sníž. přenesená\",J553,0)","v":{"v":0,"d":"0.00"}},{"$f":"IF(N553=\"nulová\",J553,0)","v":{"v":0,"d":"0.00"}},"1",{"$f":"ROUND(I553*H553,2)","v":533.98},"16","-187625780"]
[{"$nulls":3},"Online PSC",null,"https://podminky.urs.cz/item/CS_URS_2025_01/783301313",{"$nulls":39},"Online PSC","2"]
[null,null,"119","K","783314201","Základní antikorozní nátěr zámečnických konstrukcí jednonásobný syntetický standardní","m2",{"v":4.14,"d":"4.140"},128.98,{"$f":"ROUND(I555*H555,2)","v":533.98},"CS ÚRS 2025 01",null,"","základní",null,{"$f":"O555*H555","v":{"v":0,"d":"0.00000"}},0.00017,{"$f":"Q555*H555","v":{"v":0.0007038,"d":"0.00070"}},{"v":0,"d":"0.00000"},{"$f":"S555*H555","v":{"v":0,"d":"0.00000"}},{"$nulls":23},"16",null,"K","2",{"$nulls":3},"ROZPOCET",{"$nulls":5},{"$f":"IF(N555=\"základní\",J555,0)","v":533.98},{"$f":"IF(N555=\"snížená\",J555,0)","v":{"v":0,"d":"0.00"}},{"$f":"IF(N555=\"zákl. přenesená\",J555,0)","v":{"v":0,"d":"0.00"}},{"$f":"IF(N555=\"sníž. přenesená\",J555,0)","v":{"v":0,"d":"0.00"}},{"$f":"IF(N555=\"nulová\",J555,0)","v":{"v":0,"d":"0.00"}},"1",{"$f":"ROUND(I555*H555,2)","v":533.98},"16","506202775"]
[{"$nulls":3},"Online PSC",null,"https://podminky.urs.cz/item/CS_URS_2025_01/783314201",{"$nulls":39},"Online PSC","2"]
[null,null,"120","K","783317101","Krycí nátěr (email) zámečnických konstrukcí jednonásobný syntetický standardní","m2",{"v":4.14,"d":"4.140"},128.98,{"$f":"ROUND(I557*H557,2)","v":533.98},"CS ÚRS 2025 01",null,"","základní",null,{"$f":"O557*H557","v":{"v":0,"d":"0.00000"}},{"v":1.2E-4,"d":"0.00012"},{"$f":"Q557*H557","v":{"v":4.9679999999999993E-4,"d":"0.00050"}},{"v":0,"d":"0.00000"},{"$f":"S557*H557","v":{"v":0,"d":"0.00000"}},{"$nulls":23},"16",null,"K","2",{"$nulls":3},"ROZPOCET",{"$nulls":5},{"$f":"IF(N557=\"základní\",J557,0)","v":533.98},{"$f":"IF(N557=\"snížená\",J557,0)","v":{"v":0,"d":"0.00"}},{"$f":"IF(N557=\"zákl. přenesená\",J557,0)","v":{"v":0,"d":"0.00"}},{"$f":"IF(N557=\"sníž. přenesená\",J557,0)","v":{"v":0,"d":"0.00"}},{"$f":"IF(N557=\"nulová\",J557,0)","v":{"v":0,"d":"0.00"}},"1",{"$f":"ROUND(I557*H557,2)","v":533.98},"16","-1766083860"]
[{"$nulls":3},"Online PSC",null,"https://podminky.urs.cz/item/CS_URS_2025_01/783317101",{"$nulls":39},"Online PSC","2"]
[{"$nulls":3},"D","784","Dokončovací práce - malby a tapety",{"$nulls":3},{"$f":"BK559","v":{"v":1823.95,"d":"1,823.95"}},{"$nulls":5},{"$f":"SUM(P560:P573)","v":{"v":0,"d":"0.00000"}},null,{"$f":"SUM(R560:R573)","v":{"v":0.0067212052,"d":"0.00672"}},null,{"$f":"SUM(T560:T573)","v":{"v":0,"d":"0.00000"}},{"$nulls":23},"2",null,"D","1",{"$nulls":3},"ROZPOCET",{"$nulls":11},{"$f":"SUM(BK560:BK573)","v":{"v":1823.95,"d":"1,823.95"}}]
[null,null,"121","K","784111001","Oprášení (ometení) podkladu v místnostech výšky do 3,80 m","m2",14.138,17.89,{"$f":"ROUND(I560*H560,2)","v":252.93},"CS ÚRS 2025 01",null,"","základní",null,{"$f":"O560*H560","v":{"v":0,"d":"0.00000"}},{"v":0,"d":"0.00000"},{"$f":"Q560*H560","v":{"v":0,"d":"0.00000"}},{"v":0,"d":"0.00000"},{"$f":"S560*H560","v":{"v":0,"d":"0.00000"}},{"$nulls":23},"16",null,"K","2",{"$nulls":3},"ROZPOCET",{"$nulls":5},{"$f":"IF(N560=\"základní\",J560,0)","v":252.93},{"$f":"IF(N560=\"snížená\",J560,0)","v":{"v":0,"d":"0.00"}},{"$f":"IF(N560=\"zákl. přenesená\",J560,0)","v":{"v":0,"d":"0.00"}},{"$f":"IF(N560=\"sníž. přenesená\",J560,0)","v":{"v":0,"d":"0.00"}},{"$f":"IF(N560=\"nulová\",J560,0)","v":{"v":0,"d":"0.00"}},"1",{"$f":"ROUND(I560*H560,2)","v":252.93},"16","-2008333192"]
[{"$nulls":3},"Online PSC",null,"https://podminky.urs.cz/item/CS_URS_2025_01/784111001",{"$nulls":39},"Online PSC","2"]
[null,null,"122","K","784181101","Penetrace podkladu jednonásobná základní akrylátová bezbarvá v místnostech výšky do 3,80 m","m2",14.138,27.31,{"$f":"ROUND(I562*H562,2)","v":386.11},"CS ÚRS 2025 01",null,"","základní",null,{"$f":"O562*H562","v":{"v":0,"d":"0.00000"}},{"v":0.0002,"d":"0.00020"},{"$f":"Q562*H562","v":{"v":2.8276E-3,"d":"0.00283"}},{"v":0,"d":"0.00000"},{"$f":"S562*H562","v":{"v":0,"d":"0.00000"}},{"$nulls":23},"16",null,"K","2",{"$nulls":3},"ROZPOCET",{"$nulls":5},{"$f":"IF(N562=\"základní\",J562,0)","v":386.11},{"$f":"IF(N562=\"snížená\",J562,0)","v":{"v":0,"d":"0.00"}},{"$f":"IF(N562=\"zákl. přenesená\",J562,0)","v":{"v":0,"d":"0.00"}},{"$f":"IF(N562=\"sníž. přenesená\",J562,0)","v":{"v":0,"d":"0.00"}},{"$f":"IF(N562=\"nulová\",J562,0)","v":{"v":0,"d":"0.00"}},"1",{"$f":"ROUND(I562*H562,2)","v":386.11},"16","-778642267"]
[{"$nulls":3},"Online PSC",null,"https://podminky.urs.cz/item/CS_URS_2025_01/784181101",{"$nulls":39},"Online PSC","2"]
[{"$nulls":3},"VV","","\"stěny, stropy\"",null,"",{"$nulls":37},"VV","2","1","True","0","ROZPOCET"]
[{"$nulls":3},"VV","","\"prostor umyvadel\"",null,"",{"$nulls":37},"VV","2","1","True","0","ROZPOCET"]
[{"$nulls":3},"VV","","(1,42+0,82*2)*(2,54-1,53)+(1,42*0,82)",null,4.255,{"$nulls":37},"VV","2","2","True","0","ROZPOCET"]
[{"$nulls":3},"VV","","\"sprcha\"",null,"",{"$nulls":37},"VV","2","1","True","0","ROZPOCET"]
[{"$nulls":3},"VV","","(1,42*2+0,9*2)*(2,54-2)+(1,42+0,9)",null,4.826,{"$nulls":37},"VV","2","2","True","0","ROZPOCET"]
[{"$nulls":3},"VV","","\"WC\"",null,"",{"$nulls":37},"VV","2","1","True","0","ROZPOCET"]
[{"$nulls":3},"VV","","(0,82*2+1,14*2)*(2,54-1,53)-(0,7*(2-1,53))+(0,82*0,6+0,82*1,14)",null,5.057,{"$nulls":37},"VV","2","2","True","0","ROZPOCET"]
[{"$nulls":3},"VV","","Součet",null,14.138,{"$nulls":37},"VV","2","4","True","1","ROZPOCET"]
[null,null,"123","K","784211121","Dvojnásobné bílé malby ze směsí za mokra středně oděruvzdorných v místnostech v do 3,80 m","m2",14.138,83.81,{"$f":"ROUND(I572*H572,2)","v":{"v":1184.91,"d":"1,184.91"}},"CS ÚRS 2025 01",null,"","základní",null,{"$f":"O572*H572","v":{"v":0,"d":"0.00000"}},{"v":0.0002754,"d":"0.00028"},{"$f":"Q572*H572","v":{"v":0.0038936052,"d":"0.00389"}},{"v":0,"d":"0.00000"},{"$f":"S572*H572","v":{"v":0,"d":"0.00000"}},{"$nulls":23},"16",null,"K","2",{"$nulls":3},"ROZPOCET",{"$nulls":5},{"$f":"IF(N572=\"základní\",J572,0)","v":{"v":1184.91,"d":"1,184.91"}},{"$f":"IF(N572=\"snížená\",J572,0)","v":{"v":0,"d":"0.00"}},{"$f":"IF(N572=\"zákl. přenesená\",J572,0)","v":{"v":0,"d":"0.00"}},{"$f":"IF(N572=\"sníž. přenesená\",J572,0)","v":{"v":0,"d":"0.00"}},{"$f":"IF(N572=\"nulová\",J572,0)","v":{"v":0,"d":"0.00"}},"1",{"$f":"ROUND(I572*H572,2)","v":{"v":1184.91,"d":"1,184.91"}},"16","72393006"]
[{"$nulls":3},"Online PSC",null,"https://podminky.urs.cz/item/CS_URS_2025_01/784211121",{"$nulls":39},"Online PSC","2"]
[{"$nulls":3},"D","VRN","Vedlejší rozpočtové náklady",{"$nulls":3},{"$f":"BK574","v":{"v":3060.62,"d":"3,060.62"}},{"$nulls":5},{"$f":"P575","v":{"v":0,"d":"0.00000"}},null,{"$f":"R575","v":{"v":0,"d":"0.00000"}},null,{"$f":"T575","v":{"v":0,"d":"0.00000"}},{"$nulls":23},"5",null,"D","0",{"$nulls":3},"ROZPOCET",{"$nulls":11},{"$f":"BK575","v":{"v":3060.62,"d":"3,060.62"}}]
[{"$nulls":3},"D","VRN4","Inženýrská činnost",{"$nulls":3},{"$f":"BK575","v":{"v":3060.62,"d":"3,060.62"}},{"$nulls":5},{"$f":"SUM(P576:P577)","v":{"v":0,"d":"0.00000"}},null,{"$f":"SUM(R576:R577)","v":{"v":0,"d":"0.00000"}},null,{"$f":"SUM(T576:T577)","v":{"v":0,"d":"0.00000"}},{"$nulls":23},"5",null,"D","1",{"$nulls":3},"ROZPOCET",{"$nulls":11},{"$f":"SUM(BK576:BK577)","v":{"v":3060.62,"d":"3,060.62"}}]
[null,null,"124","K","043203003","Rozbor vody zkrácený z umyvadla","soubor",{"v":1,"d":"1.000"},{"v":3060.62,"d":"3,060.62"},{"$f":"ROUND(I576*H576,2)","v":{"v":3060.62,"d":"3,060.62"}},"CS ÚRS 2025 01",null,"","základní",null,{"$f":"O576*H576","v":{"v":0,"d":"0.00000"}},{"v":0,"d":"0.00000"},{"$f":"Q576*H576","v":{"v":0,"d":"0.00000"}},{"v":0,"d":"0.00000"},{"$f":"S576*H576","v":{"v":0,"d":"0.00000"}},{"$nulls":23},"1024",null,"K","2",{"$nulls":3},"ROZPOCET",{"$nulls":5},{"$f":"IF(N576=\"základní\",J576,0)","v":{"v":3060.62,"d":"3,060.62"}},{"$f":"IF(N576=\"snížená\",J576,0)","v":{"v":0,"d":"0.00"}},{"$f":"IF(N576=\"zákl. přenesená\",J576,0)","v":{"v":0,"d":"0.00"}},{"$f":"IF(N576=\"sníž. přenesená\",J576,0)","v":{"v":0,"d":"0.00"}},{"$f":"IF(N576=\"nulová\",J576,0)","v":{"v":0,"d":"0.00"}},"1",{"$f":"ROUND(I576*H576,2)","v":{"v":3060.62,"d":"3,060.62"}},"1024","-844301074"]
[{"$nulls":3},"Online PSC",null,"https://podminky.urs.cz/item/CS_URS_2025_01/043203003",{"$nulls":39},"Online PSC","2"]

{"sheet":"02 - 5.NP - č. 529 - Koup...","index":2,"n_rows":577,"n_cols":65,"rows_kept":577,"merged":[[1,11,1,21],[6,4,6,7],[8,4,8,7],[17,4,17,7],[26,4,26,7],[47,4,47,7],[49,4,49,7],[88,4,88,7],[90,4,90,7]]}
[]
[{"$nulls":45},"{a462ead7-898b-414a-8348-9338b7a6aeef}"]
[{"$nulls":45},"2"]
[{"$nulls":3},"KRYCÍ LIST SOUPISU PRACÍ",{"$nulls":8},"v ---  níže se nacházejí doplnkové a pomocné údaje k sestavám  --- v",{"$nulls":32},"False"]
[]
[{"$nulls":3},"Stavba:"]
[{"$nulls":4},{"$f":"'Rekapitulace stavby'!K6","v":"Rekonstrukce hygienických prostor ISŠT, Benešov, Černoleská 1997"}]
[{"$nulls":3},"Objekt:"]
[{"$nulls":4},"02 - 5.NP - č. 529 - Koupelna typ B"]
[]
[{"$nulls":3},"KSO:",null,"",null,null,"CC-CZ:",""]
[{"$nulls":3},"Místo:",null,"Benešov, Černoleská 1997",null,null,"Datum:",{"$f":"'Rekapitulace stavby'!AN8","v":"2025-08-11"}]
[]
[{"$nulls":3},"Zadavatel:",{"$nulls":4},"IČ:","18620442"]
[{"$nulls":4},"Integrovaná střední škola technická",{"$nulls":3},"DIČ:",""]
[]
[{"$nulls":3},"Účastník:",{"$nulls":4},"IČ:",{"$f":"'Rekapitulace stavby'!AN13","v":"24832898"}]
[{"$nulls":4},{"$f":"'Rekapitulace stavby'!E14","v":"OTISTAV s.r.o."},{"$nulls":3},"DIČ:",{"$f":"'Rekapitulace stavby'!AN14","v":"CZ24832898"}]
[]
[{"$nulls":3},"Projektant:",{"$nulls":4},"IČ:",""]
[{"$nulls":4},"Ing. arch. Ondřej Lovíšek",{"$nulls":3},"DIČ:",""]
[]
[{"$nulls":3},"Zpracovatel:",{"$nulls":4},"IČ:",{"$f":"IF('Rekapitulace stavby'!AN19=\"\",\"\",'Rekapitulace stavby'!AN19)","v":""}]
[{"$nulls":4},{"$f":"IF('Rekapitulace stavby'!E20=\"\",\"\",'Rekapitulace stavby'!E20)","v":" "},{"$nulls":3},"DIČ:",{"$f":"IF('Rekapitulace stavby'!AN20=\"\",\"\",'Rekapitulace stavby'!AN20)","v":""}]
[]
[{"$nulls":3},"Poznámka:"]
[{"$nulls":4},""]
[]
[]
[{"$nulls":3},"Cena bez DPH",{"$nulls":5},{"$f":"ROUND(J99, 2)","v":{"v":188318.82,"d":"188,318.82"}}]
[]
[{"$nulls":5},"Základ daně",null,null,"Sazba daně","Výše daně"]
[{"$nulls":3},"DPH","základní",{"$f":"ROUND((SUM(BE99:BE577)),  2)","v":{"v":188318.82,"d":"188,318.82"}},null,null,{"v":0.21,"d":"21.00%"},{"$f":"ROUND(((SUM(BE99:BE577))*I33),  2)","v":{"v":39546.95,"d":"39,546.95"}}]
[{"$nulls":4},"snížená",{"$f":"ROUND((SUM(BF99:BF577)),  2)","v":{"v":0,"d":"0.00"}},null,null,{"v":0.12,"d":"12.00%"},{"$f":"ROUND(((SUM(BF99:BF577))*I34),  2)","v":{"v":0,"d":"0.00"}}]
[{"$nulls":4},"zákl. přenesená",{"$f":"ROUND((SUM(BG99:BG577)),  2)","v":{"v":0,"d":"0.00"}},null,null,{"v":0.21,"d":"21.00%"},{"$f":"0","v":{"v":0,"d":"0.00"}}]
[{"$nulls":4},"sníž. přenesená",{"$f":"ROUND((SUM(BH99:BH577)),  2)","v":{"v":0,"d":"0.00"}},null,null,{"v":0.12,"d":"12.00%"},{"$f":"0","v":{"v":0,"d":"0.00"}}]
[{"$nulls":4},"nulová",{"$f":"ROUND((SUM(BI99:BI577)),  2)","v":{"v":0,"d":"0.00"}},null,null,{"v":0,"d":"0.00%"},{"$f":"0","v":{"v":0,"d":"0.00"}}]
[]
[{"$nulls":3},"Cena s DPH",null,null,"v","CZK",null,{"$f":"SUM(J30:J37)","v":{"v":227865.77000000002,"d":"227,865.77"}}]
[]
[]
[]
[]
[]
[null,null,"REKAPITULACE ČLENĚNÍ SOUPISU PRACÍ"]
[]
[null,null,"Stavba:"]
[{"$nulls":4},{"$f":"E7","v":"Rekonstrukce hygienických prostor ISŠT, Benešov, Černoleská 1997"}]
[null,null,"Objekt:"]
[{"$nulls":4},{"$f":"E9","v":"02 - 5.NP - č. 529 - Koupelna typ B"}]
[]
[null,null,"Místo:",null,null,{"$f":"F12","v":"Benešov, Černoleská 1997"},null,null,"Datum:",{"$f":"IF(J12=\"\",\"\",J12)","v":"2025-08-11"}]
[]
[null,null,"Zadavatel:",null,null,{"$f":"E15","v":"Integrovaná střední škola technická"},null,null,"Projektant:",{"$f":"E21","v":"Ing. arch. Ondřej Lovíšek"}]
[null,null,"Účastník:",null,null,{"$f":"IF(E18=\"\",\"\",E18)","v":"OTISTAV s.r.o."},null,null,"Zpracovatel:",{"$f":"E24","v":" "}]
[]
[null,null,"Kód dílu - Popis",{"$nulls":6},"Cena celkem [CZK]"]
[]
[null,null,"Náklady stavby celkem",{"$nulls":6},{"$f":"J99","v":{"v":188318.82,"d":"188,318.82"}},{"$nulls":36},"-1"]
[{"$nulls":3},"HSV - Práce a dodávky HSV",{"$nulls":5},{"$f":"J100","v":{"v":64595.37000000001,"d":"64,595.37"}}]
[{"$nulls":3},"    6 - Úpravy povrchů, podlahy a osazování výplní",{"$nulls":5},{"$f":"J101","v":{"v":38726.520000000004,"d":"38,726.52"}}]
[{"$nulls":3},"    9 - Ostatní konstrukce a práce, bourání",{"$nulls":5},{"$f":"J158","v":{"v":15672.980000000001,"d":"15,672.98"}}]
[{"$nulls":3},"    997 - Přesun sutě",{"$nulls":5},{"$f":"J216","v":{"v":6673.009999999999,"d":"6,673.01"}}]
[{"$nulls":3},"    998 - Přesun hmot",{"$nulls":5},{"$f":"J228","v":{"v":3522.86,"d":"3,522.86"}}]
[{"$nulls":3},"PSV - Práce a dodávky PSV",{"$nulls":5},{"$f":"J231","v":{"v":120662.83,"d":"120,662.83"}}]
[{"$nulls":3},"    721 - Zdravotechnika - vnitřní kanalizace",{"$nulls":5},{"$f":"J232","v":{"v":6827.78,"d":"6,827.78"}}]
[{"$nulls":3},"    722 - Zdravotechnika - vnitřní vodovod",{"$nulls":5},{"$f":"J257","v":{"v":7628.460000000001,"d":"7,628.46"}}]
[{"$nulls":3},"    725 - Zdravotechnika - zařizovací předměty",{"$nulls":5},{"$f":"J273","v":{"v":34615.7,"d":"34,615.70"}}]
[{"$nulls":3},"    741 - Elektroinstalace - silnoproud",{"$nulls":5},{"$f":"J314","v":{"v":6690.61,"d":"6,690.61"}}]
[{"$nulls":3},"    751 - Vzduchotechnika",{"$nulls":5},{"$f":"J366","v":{"v":1391.25,"d":"1,391.25"}}]
[{"$nulls":3},"    763 - Konstrukce suché výstavby",{"$nulls":5},{"$f":"J383","v":{"v":1486.28,"d":"1,486.28"}}]
[{"$nulls":3},"    766 - Konstrukce truhlářské",{"$nulls":5},{"$f":"J390","v":{"v":12137.230000000001,"d":"12,137.23"}}]
[{"$nulls":3},"    767 - Konstrukce zámečnické",{"$nulls":5},{"$f":"J437","v":{"v":1144.53,"d":"1,144.53"}}]
[{"$nulls":3},"    771 - Podlahy z dlaždic",{"$nulls":5},{"$f":"J451","v":{"v":13658.140000000001,"d":"13,658.14"}}]
[{"$nulls":3},"    781 - Dokončovací práce - obklady",{"$nulls":5},{"$f":"J505","v":{"v":31430.96,"d":"31,430.96"}}]
[{"$nulls":3},"    783 - Dokončovací práce - nátěry",{"$nulls":5},{"$f":"J542","v":{"v":1827.94,"d":"1,827.94"}}]
[{"$nulls":3},"    784 - Dokončovací práce - malby a tapety",{"$nulls":5},{"$f":"J559","v":{"v":1823.95,"d":"1,823.95"}}]
[{"$nulls":3},"VRN - Vedlejší rozpočtové náklady",{"$nulls":5},{"$f":"J574","v":{"v":3060.62,"d":"3,060.62"}}]
[{"$nulls":3},"    VRN4 - Inženýrská činnost",{"$nulls":5},{"$f":"J575","v":{"v":3060.62,"d":"3,060.62"}}]
[]
[]
[]
[]
[]
[]
[null,null,"SOUPIS PRACÍ"]
[]
[null,null,"Stavba:"]
[{"$nulls":4},{"$f":"E7","v":"Rekonstrukce hygienických prostor ISŠT, Benešov, Černoleská 1997"}]
[null,null,"Objekt:"]
[{"$nulls":4},{"$f":"E9","v":"02 - 5.NP - č. 529 - Koupelna typ B"}]
[]
[null,null,"Místo:",null,null,{"$f":"F12","v":"Benešov, Černoleská 1997"},null,null,"Datum:",{"$f":"IF(J12=\"\",\"\",J12)","v":"2025-08-11"}]
[]
[null,null,"Zadavatel:",null,null,{"$f":"E15","v":"Integrovaná střední škola technická"},null,null,"Projektant:",{"$f":"E21","v":"Ing. arch. Ondřej Lovíšek"}]
[null,null,"Účastník:",null,null,{"$f":"IF(E18=\"\",\"\",E18)","v":"OTISTAV s.r.o."},null,null,"Zpracovatel:",{"$f":"E24","v":" "}]
[]
[null,null,"PČ","Typ","Kód","Popis","MJ","Množství","J.cena [CZK]","Cena celkem [CZK]","Cenová soustava",null,"","DPH","J. Nh [h]","Nh celkem [h]","J. hmotnost [t]","Hmotnost celkem [t]","J. suť [t]","Suť Celkem [t]"]
[null,null,"Náklady soupisu celkem",{"$nulls":6},{"$f":"BK99","v":{"v":188318.82,"d":"188,318.82"}},{"$nulls":5},{"$f":"P100+P231+P574","v":{"v":0,"d":"0.00000"}},null,{"$f":"R100+R231+R574","v":{"v":3.5393803351999997,"d":"3.53938"}},null,{"$f":"T100+T231+T574","v":{"v":2.5308450000000002,"d":"2.53085"}},{"$nulls":25},"D","-1",{"$nulls":15},{"$f":"BK100+BK231+BK574","v":{"v":188318.82,"d":"188,318.82"}}]
[{"$nulls":3},"D","HSV","Práce a dodávky HSV",{"$nulls":3},{"$f":"BK100","v":{"v":64595.37000000001,"d":"64,595.37"}},{"$nulls":5},{"$f":"P101+P158+P216+P228","v":{"v":0,"d":"0.00000"}},null,{"$f":"R101+R158+R216+R228","v":{"v":2.77128593,"d":"2.77129"}},null,{"$f":"T101+T158+T216+T228","v":{"v":2.4029550000000004,"d":"2.40296"}},{"$nulls":23},"1",null,"D","0",{"$nulls":3},"ROZPOCET",{"$nulls":11},{"$f":"BK101+BK158+BK216+BK228","v":{"v":64595.37000000001,"d":"64,595.37"}}]
[{"$nulls":3},"D","6","Úpravy povrchů, podlahy a osazování výplní",{"$nulls":3},{"$f":"BK101","v":{"v":38726.520000000004,"d":"38,726.52"}},{"$nulls":5},{"$f":"SUM(P102:P157)","v":{"v":0,"d":"0.00000"}},null,{"$f":"SUM(R102:R157)","v":{"v":2.77083692,"d":"2.77084"}},null,{"$f":"SUM(T102:T157)","v":{"v":0,"d":"0.00000"}},{"$nulls":23},"1",null,"D","1",{"$nulls":3},"ROZPOCET",{"$nulls":11},{"$f":"SUM(BK102:BK157)","v":{"v":38726.520000000004,"d":"38,726.52"}}]
[null,null,"1","K","612135101","Hrubá výplň rýh maltou jakékoli šířky rýhy ve stěnách","m2",{"v":3,"d":"3.000"},{"v":706.3,"d":"706.30"},{"$f":"ROUND(I102*H102,2)","v":{"v":2118.9,"d":"2,118.90"}},"CS ÚRS 2025 01",null,"","základní",null,{"$f":"O102*H102","v":{"v":0,"d":"0.00000"}},{"v":0.056,"d":"0.05600"},{"$f":"Q102*H102","v":{"v":0.168,"d":"0.16800"}},{"v":0,"d":"0.00000"},{"$f":"S102*H102","v":{"v":0,"d":"0.00000"}},{"$nulls":23},"4",null,"K","2",{"$nulls":3},"ROZPOCET",{"$nulls":5},{"$f":"IF(N102=\"základní\",J102,0)","v":{"v":2118.9,"d":"2,118.90"}},{"$f":"IF(N102=\"snížená\",J102,0)","v":{"v":0,"d":"0.00"}},{"$f":"IF(N102=\"zákl. přenesená\",J102,0)","v":{"v":0,"d":"0.00"}},{"$f":"IF(N102=\"sníž. přenesená\",J102,0)","v":{"v":0,"d":"0.00"}},{"$f":"IF(N102=\"nulová\",J102,0)","v":{"v":0,"d":"0.00"}},"1",{"$f":"ROUND(I102*H102,2)","v":{"v":2118.9,"d":"2,118.90"}},"4","-1289229463"]
[{"$nulls":3},"Online PSC",null,"https://podminky.urs.cz/item/CS_URS_2025_01/612135101",{"$nulls":39},"Online PSC","2"]
[{"$nulls":3},"VV","","\"zapravení rýh ve zdivu po rozvodech vody, kanalizace\"",null,"",{"$nulls":37},"VV","2","1","True","0","ROZPOCET"]
[{"$nulls":3},"VV","","10*0,3",null,{"v":3,"d":"3.000"},{"$nulls":37},"VV","2","2","True","1","ROZPOCET"]
[null,null,"2","K","611142001","Pletivo vnitřních ploch v ploše nebo pruzích, na plném podkladu sklovláknité vtlačené do tmelu včetně tmelu stropů","m2",3.377,291.94,{"$f":"ROUND(I106*H106,2)","v":985.88},"CS ÚRS 2025 01",null,"","základní",null,{"$f":"O106*H106","v":{"v":0,"d":"0.00000"}},0.00438,{"$f":"Q106*H106","v":{"v":0.01479126,"d":"0.01479"}},{"v":0,"d":"0.00000"},{"$f":"S106*H106","v":{"v":0,"d":"0.00000"}},{"$nulls":23},"4",null,"K","2",{"$nulls":3},"ROZPOCET",{"$nulls":5},{"$f":"IF(N106=\"základní\",J106,0)","v":985.88},{"$f":"IF(N106=\"snížená\",J106,0)","v":{"v":0,"d":"0.00"}},{"$f":"IF(N106=\"zákl. přenesená\",J106,0)","v":{"v":0,"d":"0.00"}},{"$f":"IF(N106=\"sníž. přenesená\",J106,0)","v":{"v":0,"d":"0.00"}},{"$f":"IF(N106=\"nulová\",J106,0)","v":{"v":0,"d":"0.00"}},"1",{"$f":"ROUND(I106*H106,2)","v":985.88},"4","1575989164"]
[{"$nulls":3},"Online PSC",null,"https://podminky.urs.cz/item/CS_URS_2025_01/611142001",{"$nulls":39},"Online PSC","2"]
[{"$nulls":3},"VV","","\"prostor umyvadel\"",null,"",{"$nulls":37},"VV","2","1","True","0","ROZPOCET"]
[{"$nulls":3},"VV","","1,42*0,82",null,1.164,{"$nulls":37},"VV","2","2","True","0","ROZPOCET"]
[{"$nulls":3},"VV","","\"sprcha\"",null,"",{"$nulls":37},"VV","2","1","True","0","ROZPOCET"]
[{"$nulls":3},"VV","","1,42*0,9",null,1.278,{"$nulls":37},"VV","2","2","True","0","ROZPOCET"]
[{"$nulls":3},"VV","","\"WC\"",null,"",{"$nulls":37},"VV","2","1","True","0","ROZPOCET"]
[{"$nulls":3},"VV","","0,82*1,14",null,0.935,{"$nulls":37},"VV","2","2","True","0","ROZPOCET"]
[{"$nulls":3},"VV","","Součet",null,3.377,{"$nulls":37},"VV","2","4","True","1","ROZPOCET"]
[null,null,"3","K","611131121","Podkladní a spojovací vrstva vnitřních omítaných ploch penetrace disperzní nanášená ručně stropů","m2",3.377,55.56,{"$f":"ROUND(I115*H115,2)","v":187.63},"CS ÚRS 2025 01",null,"","základní",null,{"$f":"O115*H115","v":{"v":0,"d":"0.00000"}},0.00026,{"$f":"Q115*H115","v":{"v":8.7801999999999986E-4,"d":"0.00088"}},{"v":0,"d":"0.00000"},{"$f":"S115*H115","v":{"v":0,"d":"0.00000"}},{"$nulls":23},"4",null,"K","2",{"$nulls":3},"ROZPOCET",{"$nulls":5},{"$f":"IF(N115=\"základní\",J115,0)","v":187.63},{"$f":"IF(N115=\"snížená\",J115,0)","v":{"v":0,"d":"0.00"}},{"$f":"IF(N115=\"zákl. přenesená\",J115,0)","v":{"v":0,"d":"0.00"}},{"$f":"IF(N115=\"sníž. přenesená\",J115,0)","v":{"v":0,"d":"0.00"}},{"$f":"IF(N115=\"nulová\",J115,0)","v":{"v":0,"d":"0.00"}},"1",{"$f":"ROUND(I115*H115,2)","v":187.63},"4","-58793847"]
[{"$nulls":3},"Online PSC",null,"https://podminky.urs.cz/item/CS_URS_2025_01/611131121",{"$nulls":39},"Online PSC","2"]
[null,null,"4","K","611321141","Omítka vápenocementová vnitřních ploch nanášená ručně dvouvrstvá, tloušťky jádrové omítky do 10 mm a tloušťky štuku do 3 mm štuková vodorovných konstrukcí stropů rovných","m2",3.377,602.71,{"$f":"ROUND(I117*H117,2)","v":{"v":2035.35,"d":"2,035.35"}},"CS ÚRS 2025 01",null,"","základní",null,{"$f":"O117*H117","v":{"v":0,"d":"0.00000"}},0.01838,{"$f":"Q117*H117","v":{"v":0.06206926,"d":"0.06207"}},{"v":0,"d":"0.00000"},{"$f":"S117*H117","v":{"v":0,"d":"0.00000"}},{"$nulls":23},"4",null,"K","2",{"$nulls":3},"ROZPOCET",{"$nulls":5},{"$f":"IF(N117=\"základní\",J117,0)","v":{"v":2035.35,"d":"2,035.35"}},{"$f":"IF(N117=\"snížená\",J117,0)","v":{"v":0,"d":"0.00"}},{"$f":"IF(N117=\"zákl. přenesená\",J117,0)","v":{"v":0,"d":"0.00"}},{"$f":"IF(N117=\"sníž. přenesená\",J117,0)","v":{"v":0,"d":"0.00"}},{"$f":"IF(N117=\"nulová\",J117,0)","v":{"v":0,"d":"0.00"}},"1",{"$f":"ROUND(I117*H117,2)","v":{"v":2035.35,"d":"2,035.35"}},"4","1864216325"]
[{"$nulls":3},"Online PSC",null,"https://podminky.urs.cz/item/CS_URS_2025_01/611321141",{"$nulls":39},"Online PSC","2"]
[null,null,"5","K","612135001","Vyrovnání podkladu vnitřních stěn maltou vápenocementovou tl do 10 mm","m2",26.715,{"v":273.1,"d":"273.10"},{"$f":"ROUND(I119*H119,2)","v":{"v":7295.87,"d":"7,295.87"}},"CS ÚRS 2025 01",null,"","základní",null,{"$f":"O119*H119","v":{"v":0,"d":"0.00000"}},0.02048,{"$f":"Q119*H119","v":{"v":0.5471232,"d":"0.54712"}},{"v":0,"d":"0.00000"},{"$f":"S119*H119","v":{"v":0,"d":"0.00000"}},{"$nulls":23},"4",null,"K","2",{"$nulls":3},"ROZPOCET",{"$nulls":5},{"$f":"IF(N119=\"základní\",J119,0)","v":{"v":7295.87,"d":"7,295.87"}},{"$f":"IF(N119=\"snížená\",J119,0)","v":{"v":0,"d":"0.00"}},{"$f":"IF(N119=\"zákl. přenesená\",J119,0)","v":{"v":0,"d":"0.00"}},{"$f":"IF(N119=\"sníž. přenesená\",J119,0)","v":{"v":0,"d":"0.00"}},{"$f":"IF(N119=\"nulová\",J119,0)","v":{"v":0,"d":"0.00"}},"1",{"$f":"ROUND(I119*H119,2)","v":{"v":7295.87,"d":"7,295.87"}},"4","-558823241"]
[{"$nulls":3},"Online PSC",null,"https://podminky.urs.cz/item/CS_URS_2025_01/612135001",{"$nulls":39},"Online PSC","2"]
[{"$nulls":3},"VV","","\"místy nutné vyrovnání stěn až 5cm, vyrovnání v celé ploše i v místech obkladů\"",null,"",{"$nulls":37},"VV","2","1","True","0","ROZPOCET"]
[{"$nulls":3},"VV","","\"prostor umyvadel\"",null,"",{"$nulls":37},"VV","2","1","True","0","ROZPOCET"]
[{"$nulls":3},"VV","","(1,42+0,82*2)*2,54",null,7.772,{"$nulls":37},"VV","2","2","True","0","ROZPOCET"]
[{"$nulls":3},"VV","","\"sprcha\"",null,"",{"$nulls":37},"VV","2","1","True","0","ROZPOCET"]
[{"$nulls":3},"VV","","(1,42*2+0,9*2)*2,54-(0,7*2)",null,10.386,{"$nulls":37},"VV","2","2","True","0","ROZPOCET"]
[{"$nulls":3},"VV","","\"WC\"",null,"",{"$nulls":37},"VV","2","1","True","0","ROZPOCET"]
[{"$nulls":3},"VV","","(0,82*2+1,14*2)*2,54-(0,7*2)",null,8.557,{"$nulls":37},"VV","2","2","True","0","ROZPOCET"]
[{"$nulls":3},"VV","","Součet",null,26.715,{"$nulls":37},"VV","2","4","True","1","ROZPOCET"]
[null,null,"6","K","612135091","Vyrovnání nerovností podkladu vnitřních omítaných ploch Příplatek k ceně za každých dalších 5 mm tloušťky podkladní vrstvy přes 10 mm maltou vápenocementovou stěn","m2",213.718,55.56,{"$f":"ROUND(I129*H129,2)","v":{"v":11874.17,"d":"11,874.17"}},"CS ÚRS 2025 01",null,"","základní",null,{"$f":"O129*H129","v":{"v":0,"d":"0.00000"}},{"v":0.0079,"d":"0.00790"},{"$f":"Q129*H129","v":{"v":1.6883722,"d":"1.68837"}},{"v":0,"d":"0.00000"},{"$f":"S129*H129","v":{"v":0,"d":"0.00000"}},{"$nulls":23},"4",null,"K","2",{"$nulls":3},"ROZPOCET",{"$nulls":5},{"$f":"IF(N129=\"základní\",J129,0)","v":{"v":11874.17,"d":"11,874.17"}},{"$f":"IF(N129=\"snížená\",J129,0)","v":{"v":0,"d":"0.00"}},{"$f":"IF(N129=\"zákl. přenesená\",J129,0)","v":{"v":0,"d":"0.00"}},{"$f":"IF(N129=\"sníž. přenesená\",J129,0)","v":{"v":0,"d":"0.00"}},{"$f":"IF(N129=\"nulová\",J129,0)","v":{"v":0,"d":"0.00"}},"1",{"$f":"ROUND(I129*H129,2)","v":{"v":11874.17,"d":"11,874.17"}},"4","2051524646"]
[{"$nulls":3},"Online PSC",null,"https://podminky.urs.cz/item/CS_URS_2025_01/612135091",{"$nulls":39},"Online PSC","2"]
[{"$nulls":3},"VV","","\"místy nutné vyrovnání stěn až 5cm, vyrovnání v celé ploše i v místech obkladů\"",null,"",{"$nulls":37},"VV","2","1","True","0","ROZPOCET"]
[{"$nulls":3},"VV","","\"prostor umyvadel\"",null,"",{"$nulls":37},"VV","2","1","True","0","ROZPOCET"]
[{"$nulls":3},"VV","","(1,42+0,82*2)*2,54*8",null,62.179,{"$nulls":37},"VV","2","2","True","0","ROZPOCET"]
[{"$nulls":3},"VV","","\"sprcha\"",null,"",{"$nulls":37},"VV","2","1","True","0","ROZPOCET"]
[{"$nulls":3},"VV","","((1,42*2+0,9*2)*2,54-(0,7*2))*8",null,83.085,{"$nulls":37},"VV","2","2","True","0","ROZPOCET"]
[{"$nulls":3},"VV","","\"WC\"",null,"",{"$nulls":37},"VV","2","1","True","0","ROZPOCET"]
[{"$nulls":3},"VV","","((0,82*2+1,14*2)*2,54-(0,7*2))*8",null,68.454,{"$nulls":37},"VV","2","2","True","0","ROZPOCET"]
[{"$nulls":3},"VV","","Součet",null,213.718,{"$nulls":37},"VV","2","4","True","1","ROZPOCET"]
[null,null,"7","K","612142001","Pletivo vnitřních ploch v ploše nebo pruzích, na plném podkladu sklovláknité vtlačené do tmelu včetně tmelu stěn","m2",26.715,291.94,{"$f":"ROUND(I139*H139,2)","v":{"v":7799.18,"d":"7,799.18"}},"CS ÚRS 2025 01",null,"","základní",null,{"$f":"O139*H139","v":{"v":0,"d":"0.00000"}},0.00438,{"$f":"Q139*H139","v":{"v":0.11701170000000001,"d":"0.11701"}},{"v":0,"d":"0.00000"},{"$f":"S139*H139","v":{"v":0,"d":"0.00000"}},{"$nulls":23},"4",null,"K","2",{"$nulls":3},"ROZPOCET",{"$nulls":5},{"$f":"IF(N139=\"základní\",J139,0)","v":{"v":7799.18,"d":"7,799.18"}},{"$f":"IF(N139=\"snížená\",J139,0)","v":{"v":0,"d":"0.00"}},{"$f":"IF(N139=\"zákl. přenesená\",J139,0)","v":{"v":0,"d":"0.00"}},{"$f":"IF(N139=\"sníž. přenesená\",J139,0)","v":{"v":0,"d":"0.00"}},{"$f":"IF(N139=\"nulová\",J139,0)","v":{"v":0,"d":"0.00"}},"1",{"$f":"ROUND(I139*H139,2)","v":{"v":7799.18,"d":"7,799.18"}},"4","332087584"]
[{"$nulls":3},"Online PSC",null,"https://podminky.urs.cz/item/CS_URS_2025_01/612142001",{"$nulls":39},"Online PSC","2"]
[null,null,"8","K","612131121","Podkladní a spojovací vrstva vnitřních omítaných ploch penetrace disperzní nanášená ručně stěn","m2",9.227,55.56,{"$f":"ROUND(I141*H141,2)","v":512.65},"CS ÚRS 2025 01",null,"","základní",null,{"$f":"O141*H141","v":{"v":0,"d":"0.00000"}},0.00026,{"$f":"Q141*H141","v":{"v":2.39902E-3,"d":"0.00240"}},{"v":0,"d":"0.00000"},{"$f":"S141*H141","v":{"v":0,"d":"0.00000"}},{"$nulls":23},"4",null,"K","2",{"$nulls":3},"ROZPOCET",{"$nulls":5},{"$f":"IF(N141=\"základní\",J141,0)","v":512.65},{"$f":"IF(N141=\"snížená\",J141,0)","v":{"v":0,"d":"0.00"}},{"$f":"IF(N141=\"zákl. přenesená\",J141,0)","v":{"v":0,"d":"0.00"}},{"$f":"IF(N141=\"sníž. přenesená\",J141,0)","v":{"v":0,"d":"0.00"}},{"$f":"IF(N141=\"nulová\",J141,0)","v":{"v":0,"d":"0.00"}},"1",{"$f":"ROUND(I141*H141,2)","v":512.65},"4","1054322622"]
[{"$nulls":3},"Online PSC",null,"https://podminky.urs.cz/item/CS_URS_2025_01/612131121",{"$nulls":39},"Online PSC","2"]
[{"$nulls":3},"VV","","\"v místech mimo obklad\"",null,"",{"$nulls":37},"VV","2","1","True","0","ROZPOCET"]
[{"$nulls":3},"VV","","\"prostor umyvadel\"",null,"",{"$nulls":37},"VV","2","1","True","0","ROZPOCET"]
[{"$nulls":3},"VV","","(1,42+0,82*2)*(2,54-1,53)",null,3.091,{"$nulls":37},"VV","2","2","True","0","ROZPOCET"]
[{"$nulls":3},"VV","","\"sprcha\"",null,"",{"$nulls":37},"VV","2","1","True","0","ROZPOCET"]
[{"$nulls":3},"VV","","(1,42*2+0,9*2)*(2,54-2)",null,2.506,{"$nulls":37},"VV","2","2","True","0","ROZPOCET"]
[{"$nulls":3},"VV","","\"WC\"",null,"",{"$nulls":37},"VV","2","1","True","0","ROZPOCET"]
[{"$nulls":3},"VV","","(0,82*2+1,14*2)*(2,54-1,53)-(0,7*0,47)",null,{"v":3.63,"d":"3.630"},{"$nulls":37},"VV","2","2","True","0","ROZPOCET"]
[{"$nulls":3},"VV","","Součet",null,9.227,{"$nulls":37},"VV","2","4","True","1","ROZPOCET"]
[null,null,"9","K","612321141","Omítka vápenocementová vnitřních ploch nanášená ručně dvouvrstvá, tloušťky jádrové omítky do 10 mm a tloušťky štuku do 3 mm štuková svislých konstrukcí stěn","m2",9.227,602.71,{"$f":"ROUND(I151*H151,2)","v":{"v":5561.21,"d":"5,561.21"}},"CS ÚRS 2025 01",null,"","základní",null,{"$f":"O151*H151","v":{"v":0,"d":"0.00000"}},0.01838,{"$f":"Q151*H151","v":{"v":0.16959226000000002,"d":"0.16959"}},{"v":0,"d":"0.00000"},{"$f":"S151*H151","v":{"v":0,"d":"0.00000"}},{"$nulls":23},"4",null,"K","2",{"$nulls":3},"ROZPOCET",{"$nulls":5},{"$f":"IF(N151=\"základní\",J151,0)","v":{"v":5561.21,"d":"5,561.21"}},{"$f":"IF(N151=\"snížená\",J151,0)","v":{"v":0,"d":"0.00"}},{"$f":"IF(N151=\"zákl. přenesená\",J151,0)","v":{"v":0,"d":"0.00"}},{"$f":"IF(N151=\"sníž. přenesená\",J151,0)","v":{"v":0,"d":"0.00"}},{"$f":"IF(N151=\"nulová\",J151,0)","v":{"v":0,"d":"0.00"}},"1",{"$f":"ROUND(I151*H151,2)","v":{"v":5561.21,"d":"5,561.21"}},"4","-896685535"]
[{"$nulls":3},"Online PSC",null,"https://podminky.urs.cz/item/CS_URS_2025_01/612321141",{"$nulls":39},"Online PSC","2"]
[null,null,"10","K","622143003","Montáž omítkových profilů plastových, pozinkovaných nebo dřevěných upevněných vtlačením do podkladní vrstvy nebo přibitím rohových s tkaninou","m",{"v":5.08,"d":"5.080"},55.56,{"$f":"ROUND(I153*H153,2)","v":282.24},"CS ÚRS 2025 01",null,"","základní",null,{"$f":"O153*H153","v":{"v":0,"d":"0.00000"}},{"v":0,"d":"0.00000"},{"$f":"Q153*H153","v":{"v":0,"d":"0.00000"}},{"v":0,"d":"0.00000"},{"$f":"S153*H153","v":{"v":0,"d":"0.00000"}},{"$nulls":23},"4",null,"K","2",{"$nulls":3},"ROZPOCET",{"$nulls":5},{"$f":"IF(N153=\"základní\",J153,0)","v":282.24},{"$f":"IF(N153=\"snížená\",J153,0)","v":{"v":0,"d":"0.00"}},{"$f":"IF(N153=\"zákl. přenesená\",J153,0)","v":{"v":0,"d":"0.00"}},{"$f":"IF(N153=\"sníž. přenesená\",J153,0)","v":{"v":0,"d":"0.00"}},{"$f":"IF(N153=\"nulová\",J153,0)","v":{"v":0,"d":"0.00"}},"1",{"$f":"ROUND(I153*H153,2)","v":282.24},"4","-1082416522"]
[{"$nulls":3},"Online PSC",null,"https://podminky.urs.cz/item/CS_URS_2025_01/622143003",{"$nulls":39},"Online PSC","2"]
[{"$nulls":3},"VV","","\"prostor umyvadel\"",null,"",{"$nulls":37},"VV","2","1","True","0","ROZPOCET"]
[{"$nulls":3},"VV","","2,54*2",null,{"v":5.08,"d":"5.080"},{"$nulls":37},"VV","2","2","True","1","ROZPOCET"]
[null,null,"11","M","28341033","profil ukončovací PVC pro napojení různých povrchových úprav","m",{"v":6,"d":"6.000"},12.24,{"$f":"ROUND(I157*H157,2)","v":73.44},"CS ÚRS 2025 01",null,"","základní",null,{"$f":"O157*H157","v":{"v":0,"d":"0.00000"}},{"v":1E-4,"d":"0.00010"},{"$f":"Q157*H157","v":{"v":6.0000000000000006E-4,"d":"0.00060"}},{"v":0,"d":"0.00000"},{"$f":"S157*H157","v":{"v":0,"d":"0.00000"}},{"$nulls":23},"8",null,"M","2",{"$nulls":3},"ROZPOCET",{"$nulls":5},{"$f":"IF(N157=\"základní\",J157,0)","v":73.44},{"$f":"IF(N157=\"snížená\",J157,0)","v":{"v":0,"d":"0.00"}},{"$f":"IF(N157=\"zákl. přenesená\",J157,0)","v":{"v":0,"d":"0.00"}},{"$f":"IF(N157=\"sníž. přenesená\",J157,0)","v":{"v":0,"d":"0.00"}},{"$f":"IF(N157=\"nulová\",J157,0)","v":{"v":0,"d":"0.00"}},"1",{"$f":"ROUND(I157*H157,2)","v":73.44},"4","829015234"]
[{"$nulls":3},"D","9","Ostatní konstrukce a práce, bourání",{"$nulls":3},{"$f":"BK158","v":{"v":15672.980000000001,"d":"15,672.98"}},{"$nulls":5},{"$f":"SUM(P159:P215)","v":{"v":0,"d":"0.00000"}},null,{"$f":"SUM(R159:R215)","v":{"v":4.4900999999999996E-4,"d":"0.00045"}},null,{"$f":"SUM(T159:T215)","v":{"v":2.4029550000000004,"d":"2.40296"}},{"$nulls":23},"1",null,"D","1",{"$nulls":3},"ROZPOCET",{"$nulls":11},{"$f":"SUM(BK159:BK215)","v":{"v":15672.980000000001,"d":"15,672.98"}}]
[null,null,"12","K","949101111","Lešení pomocné pracovní pro objekty pozemních staveb pro zatížení do 150 kg/m2, o výšce lešeňové podlahy do 1,9 m","m2",3.377,46.14,{"$f":"ROUND(I159*H159,2)","v":155.81},"CS ÚRS 2025 01",null,"","základní",null,{"$f":"O159*H159","v":{"v":0,"d":"0.00000"}},0.00013,{"$f":"Q159*H159","v":{"v":4.3900999999999993E-4,"d":"0.00044"}},{"v":0,"d":"0.00000"},{"$f":"S159*H159","v":{"v":0,"d":"0.00000"}},{"$nulls":23},"4",null,"K","2",{"$nulls":3},"ROZPOCET",{"$nulls":5},{"$f":"IF(N159=\"základní\",J159,0)","v":155.81},{"$f":"IF(N159=\"snížená\",J159,0)","v":{"v":0,"d":"0.00"}},{"$f":"IF(N159=\"zákl. přenesená\",J159,0)","v":{"v":0,"d":"0.00"}},{"$f":"IF(N159=\"sníž. přenesená\",J159,0)","v":{"v":0,"d":"0.00"}},{"$f":"IF(N159=\"nulová\",J159,0)","v":{"v":0,"d":"0.00"}},"1",{"$f":"ROUND(I159*H159,2)","v":155.81},"4","-264864067"]
[{"$nulls":3},"Online PSC",null,"https://podminky.urs.cz/item/CS_URS_2025_01/949101111",{"$nulls":39},"Online PSC","2"]
[{"$nulls":3},"VV","","\"prostor umyvadel\"",null,"",{"$nulls":37},"VV","2","1","True","0","ROZPOCET"]
[{"$nulls":3},"VV","","1,42*0,82",null,1.164,{"$nulls":37},"VV","2","2","True","0","ROZPOCET"]
[{"$nulls":3},"VV","","\"sprcha\"",null,"",{"$nulls":37},"VV","2","1","True","0","ROZPOCET"]
[{"$nulls":3},"VV","","1,42*0,9",null,1.278,{"$nulls":37},"VV","2","2","True","0","ROZPOCET"]
[{"$nulls":3},"VV","","\"WC\"",null,"",{"$nulls":37},"VV","2","1","True","0","ROZPOCET"]
[{"$nulls":3},"VV","","0,82*1,14",null,0.935,{"$nulls":37},"VV","2","2","True","0","ROZPOCET"]
[{"$nulls":3},"VV","","Součet",null,3.377,{"$nulls":37},"VV","2","4","True","1","ROZPOCET"]
[null,null,"13","K","978059541","Odsekání obkladů stěn včetně otlučení podkladní omítky až na zdivo z obkládaček vnitřních, z jakýchkoliv materiálů, plochy přes 1 m2","m2",{"v":19.96,"d":"19.960"},226.01,{"$f":"ROUND(I168*H168,2)","v":{"v":4511.16,"d":"4,511.16"}},"CS ÚRS 2025 01",null,"","základní",null,{"$f":"O168*H168","v":{"v":0,"d":"0.00000"}},{"v":0,"d":"0.00000"},{"$f":"Q168*H168","v":{"v":0,"d":"0.00000"}},{"v":0.068,"d":"0.06800"},{"$f":"S168*H168","v":{"v":1.3572800000000003,"d":"1.35728"}},{"$nulls":23},"4",null,"K","2",{"$nulls":3},"ROZPOCET",{"$nulls":5},{"$f":"IF(N168=\"základní\",J168,0)","v":{"v":4511.16,"d":"4,511.16"}},{"$f":"IF(N168=\"snížená\",J168,0)","v":{"v":0,"d":"0.00"}},{"$f":"IF(N168=\"zákl. přenesená\",J168,0)","v":{"v":0,"d":"0.00"}},{"$f":"IF(N168=\"sníž. přenesená\",J168,0)","v":{"v":0,"d":"0.00"}},{"$f":"IF(N168=\"nulová\",J168,0)","v":{"v":0,"d":"0.00"}},"1",{"$f":"ROUND(I168*H168,2)","v":{"v":4511.16,"d":"4,511.16"}},"4","-1238564972"]
[{"$nulls":3},"Online PSC",null,"https://podminky.urs.cz/item/CS_URS_2025_01/978059541",{"$nulls":39},"Online PSC","2"]
[{"$nulls":3},"VV","","\"prostor umyvadel\"",null,"",{"$nulls":37},"VV","2","1","True","0","ROZPOCET"]
[{"$nulls":3},"VV","","(1,42+0,82*2)*1,53",null,4.682,{"$nulls":37},"VV","2","2","True","0","ROZPOCET"]
[{"$nulls":3},"VV","","\"sprcha\"",null,"",{"$nulls":37},"VV","2","1","True","0","ROZPOCET"]
[{"$nulls":3},"VV","","(1,42*2+0,9*2)*2",null,{"v":9.28,"d":"9.280"},{"$nulls":37},"VV","2","2","True","0","ROZPOCET"]
[{"$nulls":3},"VV","","\"WC\"",null,"",{"$nulls":37},"VV","2","1","True","0","ROZPOCET"]
[{"$nulls":3},"VV","","(0,82*2+1,14*2)*1,53",null,5.998,{"$nulls":37},"VV","2","2","True","0","ROZPOCET"]
[{"$nulls":3},"VV","","Součet",null,{"v":19.96,"d":"19.960"},{"$nulls":37},"VV","2","4","True","1","ROZPOCET"]
[null,null,"14","K","965081223","Bourání podlah z dlaždic bez podkladního lože nebo mazaniny, s jakoukoliv výplní spár keramických nebo xylolitových tl. přes 10 mm plochy přes 1 m2","m2",3.917,226.01,{"$f":"ROUND(I177*H177,2)","v":885.28},"CS ÚRS 2025 01",null,"","základní",null,{"$f":"O177*H177","v":{"v":0,"d":"0.00000"}},{"v":0,"d":"0.00000"},{"$f":"Q177*H177","v":{"v":0,"d":"0.00000"}},{"v":0.057,"d":"0.05700"},{"$f":"S177*H177","v":{"v":0.223269,"d":"0.22327"}},{"$nulls":23},"4",null,"K","2",{"$nulls":3},"ROZPOCET",{"$nulls":5},{"$f":"IF(N177=\"základní\",J177,0)","v":885.28},{"$f":"IF(N177=\"snížená\",J177,0)","v":{"v":0,"d":"0.00"}},{"$f":"IF(N177=\"zákl. přenesená\",J177,0)","v":{"v":0,"d":"0.00"}},{"$f":"IF(N177=\"sníž. přenesená\",J177,0)","v":{"v":0,"d":"0.00"}},{"$f":"IF(N177=\"nulová\",J177,0)","v":{"v":0,"d":"0.00"}},"1",{"$f":"ROUND(I177*H177,2)","v":885.28},"4","-1389090483"]
[{"$nulls":3},"Online PSC",null,"https://podminky.urs.cz/item/CS_URS_2025_01/965081223",{"$nulls":39},"Online PSC","2"]
[{"$nulls":3},"VV","","\"prostor umyvadel\"",null,"",{"$nulls":37},"VV","2","1","True","0","ROZPOCET"]
[{"$nulls":3},"VV","","1,42*0,82",null,1.164,{"$nulls":37},"VV","2","2","True","0","ROZPOCET"]
[{"$nulls":3},"VV","","\"sprcha\"",null,"",{"$nulls":37},"VV","2","1","True","0","ROZPOCET"]
[{"$nulls":3},"VV","","1,42*0,9+(0,2+0,2+0,2)*0,9",null,1.818,{"$nulls":37},"VV","2","2","True","0","ROZPOCET"]
[{"$nulls":3},"VV","","\"WC\"",null,"",{"$nulls":37},"VV","2","1","True","0","ROZPOCET"]
[{"$nulls":3},"VV","","0,82*1,14",null,0.935,{"$nulls":37},"VV","2","2","True","0","ROZPOCET"]
[{"$nulls":3},"VV","","Součet",null,3.917,{"$nulls":37},"VV","2","4","True","1","ROZPOCET"]
[null,null,"15","K","962031133","Bourání příček nebo přizdívek z cihel pálených plných nebo dutých, tl. přes 100 do 150 mm","m2",{"v":0.18,"d":"0.180"},226.01,{"$f":"ROUND(I186*H186,2)","v":40.68},"CS ÚRS 2025 01",null,"","základní",null,{"$f":"O186*H186","v":{"v":0,"d":"0.00000"}},{"v":0,"d":"0.00000"},{"$f":"Q186*H186","v":{"v":0,"d":"0.00000"}},{"v":0.261,"d":"0.26100"},{"$f":"S186*H186","v":0.04698},{"$nulls":23},"4",null,"K","2",{"$nulls":3},"ROZPOCET",{"$nulls":5},{"$f":"IF(N186=\"základní\",J186,0)","v":40.68},{"$f":"IF(N186=\"snížená\",J186,0)","v":{"v":0,"d":"0.00"}},{"$f":"IF(N186=\"zákl. přenesená\",J186,0)","v":{"v":0,"d":"0.00"}},{"$f":"IF(N186=\"sníž. přenesená\",J186,0)","v":{"v":0,"d":"0.00"}},{"$f":"IF(N186=\"nulová\",J186,0)","v":{"v":0,"d":"0.00"}},"1",{"$f":"ROUND(I186*H186,2)","v":40.68},"4","-432159224"]
[{"$nulls":3},"Online PSC",null,"https://podminky.urs.cz/item/CS_URS_2025_01/962031133",{"$nulls":39},"Online PSC","2"]
[{"$nulls":3},"VV","","\"sprcha - schod zděné vaničky\"",null,"",{"$nulls":37},"VV","2","1","True","0","ROZPOCET"]
[{"$nulls":3},"VV","","0,2*0,9",null,{"v":0.18,"d":"0.180"},{"$nulls":37},"VV","2","2","True","1","ROZPOCET"]
[null,null,"16","K","96904111R","Vybourání vnitřního plastového potrubí do DN 200 včetně vysekání drážky","m",{"v":18,"d":"18.000"},226.01,{"$f":"ROUND(I190*H190,2)","v":{"v":4068.18,"d":"4,068.18"}},"vlastní",null,"","základní",null,{"$f":"O190*H190","v":{"v":0,"d":"0.00000"}},{"v":0,"d":"0.00000"},{"$f":"Q190*H190","v":{"v":0,"d":"0.00000"}},{"v":0.0065,"d":"0.00650"},{"$f":"S190*H190","v":{"v":0.11699999999999999,"d":"0.11700"}},{"$nulls":23},"4",null,"K","2",{"$nulls":3},"ROZPOCET",{"$nulls":5},{"$f":"IF(N190=\"základní\",J190,0)","v":{"v":4068.18,"d":"4,068.18"}},{"$f":"IF(N190=\"snížená\",J190,0)","v":{"v":0,"d":"0.00"}},{"$f":"IF(N190=\"zákl. přenesená\",J190,0)","v":{"v":0,"d":"0.00"}},{"$f":"IF(N190=\"sníž. přenesená\",J190,0)","v":{"v":0,"d":"0.00"}},{"$f":"IF(N190=\"nulová\",J190,0)","v":{"v":0,"d":"0.00"}},"1",{"$f":"ROUND(I190*H190,2)","v":{"v":4068.18,"d":"4,068.18"}},"4","1592636687"]
[{"$nulls":3},"VV","","\"odpadní potrubí, vodovod ve zdivu a v podlaze\"",null,"",{"$nulls":37},"VV","2","1","True","0","ROZPOCET"]
[{"$nulls":3},"VV","","18",null,{"v":18,"d":"18.000"},{"$nulls":37},"VV","2","2","True","1","ROZPOCET"]
[null,null,"17","K","971033331","Vybourání otvorů ve zdivu základovém nebo nadzákladovém z cihel, tvárnic, příčkovek z cihel pálených na maltu vápennou nebo vápenocementovou plochy do 0,09 m2, tl. do 150 mm","kus",{"v":2,"d":"2.000"},84.76,{"$f":"ROUND(I193*H193,2)","v":169.52},"CS ÚRS 2025 01",null,"","základní",null,{"$f":"O193*H193","v":{"v":0,"d":"0.00000"}},{"v":0,"d":"0.00000"},{"$f":"Q193*H193","v":{"v":0,"d":"0.00000"}},{"v":0.025,"d":"0.02500"},{"$f":"S193*H193","v":{"v":0.05,"d":"0.05000"}},{"$nulls":23},"16",null,"K","2",{"$nulls":3},"ROZPOCET",{"$nulls":5},{"$f":"IF(N193=\"základní\",J193,0)","v":169.52},{"$f":"IF(N193=\"snížená\",J193,0)","v":{"v":0,"d":"0.00"}},{"$f":"IF(N193=\"zákl. přenesená\",J193,0)","v":{"v":0,"d":"0.00"}},{"$f":"IF(N193=\"sníž. přenesená\",J193,0)","v":{"v":0,"d":"0.00"}},{"$f":"IF(N193=\"nulová\",J193,0)","v":{"v":0,"d":"0.00"}},"1",{"$f":"ROUND(I193*H193,2)","v":169.52},"16","-1269997224"]
[{"$nulls":3},"Online PSC",null,"https://podminky.urs.cz/item/CS_URS_2025_01/971033331",{"$nulls":39},"Online PSC","2"]
[{"$nulls":3},"VV","","\"otvor do stoupací šachty\"",null,"",{"$nulls":37},"VV","2","1","True","0","ROZPOCET"]
[{"$nulls":3},"VV","","2",null,{"v":2,"d":"2.000"},{"$nulls":37},"VV","2","2","True","1","ROZPOCET"]
[null,null,"18","K","978011191","Otlučení vápenných nebo vápenocementových omítek vnitřních ploch stropů, v rozsahu přes 50 do 100 %","m2",3.377,226.01,{"$f":"ROUND(I197*H197,2)","v":763.24},"CS ÚRS 2025 01",null,"","základní",null,{"$f":"O197*H197","v":{"v":0,"d":"0.00000"}},{"v":0,"d":"0.00000"},{"$f":"Q197*H197","v":{"v":0,"d":"0.00000"}},{"v":0.05,"d":"0.05000"},{"$f":"S197*H197","v":0.16885},{"$nulls":23},"4",null,"K","2",{"$nulls":3},"ROZPOCET",{"$nulls":5},{"$f":"IF(N197=\"základní\",J197,0)","v":763.24},{"$f":"IF(N197=\"snížená\",J197,0)","v":{"v":0,"d":"0.00"}},{"$f":"IF(N197=\"zákl. přenesená\",J197,0)","v":{"v":0,"d":"0.00"}},{"$f":"IF(N197=\"sníž. přenesená\",J197,0)","v":{"v":0,"d":"0.00"}},{"$f":"IF(N197=\"nulová\",J197,0)","v":{"v":0,"d":"0.00"}},"1",{"$f":"ROUND(I197*H197,2)","v":763.24},"4","970832870"]
[{"$nulls":3},"Online PSC",null,"https://podminky.urs.cz/item/CS_URS_2025_01/978011191",{"$nulls":39},"Online PSC","2"]
[{"$nulls":3},"VV","","\"prostor umyvadel\"",null,"",{"$nulls":37},"VV","2","1","True","0","ROZPOCET"]
[{"$nulls":3},"VV","","1,42*0,82",null,1.164,{"$nulls":37},"VV","2","2","True","0","ROZPOCET"]
[{"$nulls":3},"VV","","\"sprcha\"",null,"",{"$nulls":37},"VV","2","1","True","0","ROZPOCET"]
[{"$nulls":3},"VV","","1,42*0,9",null,1.278,{"$nulls":37},"VV","2","2","True","0","ROZPOCET"]
[{"$nulls":3},"VV","","\"WC\"",null,"",{"$nulls":37},"VV","2","1","True","0","ROZPOCET"]
[{"$nulls":3},"VV","","0,82*1,14",null,0.935,{"$nulls":37},"VV","2","2","True","0","ROZPOCET"]
[{"$nulls":3},"VV","","Součet",null,3.377,{"$nulls":37},"VV","2","4","True","1","ROZPOCET"]
[null,null,"19","K","978013191","Otlučení vápenných nebo vápenocementových omítek vnitřních ploch stěn s vyškrabáním spar, s očištěním zdiva, v rozsahu přes 50 do 100 %","m2",9.556,226.01,{"$f":"ROUND(I206*H206,2)","v":{"v":2159.75,"d":"2,159.75"}},"CS ÚRS 2025 01",null,"","základní",null,{"$f":"O206*H206","v":{"v":0,"d":"0.00000"}},{"v":0,"d":"0.00000"},{"$f":"Q206*H206","v":{"v":0,"d":"0.00000"}},{"v":0.046,"d":"0.04600"},{"$f":"S206*H206","v":{"v":0.43957599999999997,"d":"0.43958"}},{"$nulls":23},"4",null,"K","2",{"$nulls":3},"ROZPOCET",{"$nulls":5},{"$f":"IF(N206=\"základní\",J206,0)","v":{"v":2159.75,"d":"2,159.75"}},{"$f":"IF(N206=\"snížená\",J206,0)","v":{"v":0,"d":"0.00"}},{"$f":"IF(N206=\"zákl. přenesená\",J206,0)","v":{"v":0,"d":"0.00"}},{"$f":"IF(N206=\"sníž. přenesená\",J206,0)","v":{"v":0,"d":"0.00"}},{"$f":"IF(N206=\"nulová\",J206,0)","v":{"v":0,"d":"0.00"}},"1",{"$f":"ROUND(I206*H206,2)","v":{"v":2159.75,"d":"2,159.75"}},"4","1989102358"]
[{"$nulls":3},"Online PSC",null,"https://podminky.urs.cz/item/CS_URS_2025_01/978013191",{"$nulls":39},"Online PSC","2"]
[{"$nulls":3},"VV","","\"prostor umyvadel\"",null,"",{"$nulls":37},"VV","2","1","True","0","ROZPOCET"]
[{"$nulls":3},"VV","","(1,42+0,82*2)*(2,54-1,53)",null,3.091,{"$nulls":37},"VV","2","2","True","0","ROZPOCET"]
[{"$nulls":3},"VV","","\"sprcha\"",null,"",{"$nulls":37},"VV","2","1","True","0","ROZPOCET"]
[{"$nulls":3},"VV","","(1,42*2+0,9*2)*(2,54-2)",null,2.506,{"$nulls":37},"VV","2","2","True","0","ROZPOCET"]
[{"$nulls":3},"VV","","\"WC\"",null,"",{"$nulls":37},"VV","2","1","True","0","ROZPOCET"]
[{"$nulls":3},"VV","","(0,82*2+1,14*2)*(2,54-1,53)",null,3.959,{"$nulls":37},"VV","2","2","True","0","ROZPOCET"]
[{"$nulls":3},"VV","","Součet",null,9.556,{"$nulls":37},"VV","2","4","True","1","ROZPOCET"]
[null,null,"20","K","95290110R","Čištění budov - závěrečný úklid, umytí obkladů, zařizovacích předmětů, dveří, zametení a vytření podlahy, a další potřebné práce","kpl",{"v":1,"d":"1.000"},{"v":2919.36,"d":"2,919.36"},{"$f":"ROUND(I215*H215,2)","v":{"v":2919.36,"d":"2,919.36"}},"vlastní",null,"","základní",null,{"$f":"O215*H215","v":{"v":0,"d":"0.00000"}},{"v":1e-05,"d":"0.00001"},{"$f":"Q215*H215","v":{"v":1e-05,"d":"0.00001"}},{"v":0,"d":"0.00000"},{"$f":"S215*H215","v":{"v":0,"d":"0.00000"}},{"$nulls":23},"4",null,"K","2",{"$nulls":3},"ROZPOCET",{"$nulls":5},{"$f":"IF(N215=\"základní\",J215,0)","v":{"v":2919.36,"d":"2,919.36"}},{"$f":"IF(N215=\"snížená\",J215,0)","v":{"v":0,"d":"0.00"}},{"$f":"IF(N215=\"zákl. přenesená\",J215,0)","v":{"v":0,"d":"0.00"}},{"$f":"IF(N215=\"sníž. přenesená\",J215,0)","v":{"v":0,"d":"0.00"}},{"$f":"IF(N215=\"nulová\",J215,0)","v":{"v":0,"d":"0.00"}},"1",{"$f":"ROUND(I215*H215,2)","v":{"v":2919.36,"d":"2,919.36"}},"4","-289929788"]
[{"$nulls":3},"D","997","Přesun sutě",{"$nulls":3},{"$f":"BK216","v":{"v":6673.009999999999,"d":"6,673.01"}},{"$nulls":5},{"$f":"SUM(P217:P227)","v":{"v":0,"d":"0.00000"}},null,{"$f":"SUM(R217:R227)","v":{"v":0,"d":"0.00000"}},null,{"$f":"SUM(T217:T227)","v":{"v":0,"d":"0.00000"}},{"$nulls":23},"1",null,"D","1",{"$nulls":3},"ROZPOCET",{"$nulls":11},{"$f":"SUM(BK217:BK227)","v":{"v":6673.009999999999,"d":"6,673.01"}}]
[null,null,"21","K","997013117","Vnitrostaveništní doprava suti a vybouraných hmot vodorovně do 50 m s naložením základní pro budovy a haly výšky přes 21 do 24 m","t",2.531,{"v":1271.33,"d":"1,271.33"},{"$f":"ROUND(I217*H217,2)","v":{"v":3217.74,"d":"3,217.74"}},"CS ÚRS 2025 01",null,"","základní",null,{"$f":"O217*H217","v":{"v":0,"d":"0.00000"}},{"v":0,"d":"0.00000"},{"$f":"Q217*H217","v":{"v":0,"d":"0.00000"}},{"v":0,"d":"0.00000"},{"$f":"S217*H217","v":{"v":0,"d":"0.00000"}},{"$nulls":23},"4",null,"K","2",{"$nulls":3},"ROZPOCET",{"$nulls":5},{"$f":"IF(N217=\"základní\",J217,0)","v":{"v":3217.74,"d":"3,217.74"}},{"$f":"IF(N217=\"snížená\",J217,0)","v":{"v":0,"d":"0.00"}},{"$f":"IF(N217=\"zákl. přenesená\",J217,0)","v":{"v":0,"d":"0.00"}},{"$f":"IF(N217=\"sníž. přenesená\",J217,0)","v":{"v":0,"d":"0.00"}},{"$f":"IF(N217=\"nulová\",J217,0)","v":{"v":0,"d":"0.00"}},"1",{"$f":"ROUND(I217*H217,2)","v":{"v":3217.74,"d":"3,217.74"}},"4","1997577997"]
[{"$nulls":3},"Online PSC",null,"https://podminky.urs.cz/item/CS_URS_2025_01/997013117",{"$nulls":39},"Online PSC","2"]
[null,null,"22","K","997013501","Odvoz suti a vybouraných hmot na skládku nebo meziskládku se složením, na vzdálenost do 1 km","t",2.531,452.03,{"$f":"ROUND(I219*H219,2)","v":{"v":1144.09,"d":"1,144.09"}},"CS ÚRS 2025 01",null,"","základní",null,{"$f":"O219*H219","v":{"v":0,"d":"0.00000"}},{"v":0,"d":"0.00000"},{"$f":"Q219*H219","v":{"v":0,"d":"0.00000"}},{"v":0,"d":"0.00000"},{"$f":"S219*H219","v":{"v":0,"d":"0.00000"}},{"$nulls":23},"4",null,"K","2",{"$nulls":3},"ROZPOCET",{"$nulls":5},{"$f":"IF(N219=\"základní\",J219,0)","v":{"v":1144.09,"d":"1,144.09"}},{"$f":"IF(N219=\"snížená\",J219,0)","v":{"v":0,"d":"0.00"}},{"$f":"IF(N219=\"zákl. přenesená\",J219,0)","v":{"v":0,"d":"0.00"}},{"$f":"IF(N219=\"sníž. přenesená\",J219,0)","v":{"v":0,"d":"0.00"}},{"$f":"IF(N219=\"nulová\",J219,0)","v":{"v":0,"d":"0.00"}},"1",{"$f":"ROUND(I219*H219,2)","v":{"v":1144.09,"d":"1,144.09"}},"4","-2025577218"]
[{"$nulls":3},"Online PSC",null,"https://podminky.urs.cz/item/CS_URS_2025_01/997013501",{"$nulls":39},"Online PSC","2"]
[null,null,"23","K","997013509","Odvoz suti a vybouraných hmot na skládku nebo meziskládku se složením, na vzdálenost Příplatek k ceně za každý další započatý 1 km přes 1 km","t",22.779,12.52,{"$f":"ROUND(I221*H221,2)","v":285.19},"CS ÚRS 2025 01",null,"","základní",null,{"$f":"O221*H221","v":{"v":0,"d":"0.00000"}},{"v":0,"d":"0.00000"},{"$f":"Q221*H221","v":{"v":0,"d":"0.00000"}},{"v":0,"d":"0.00000"},{"$f":"S221*H221","v":{"v":0,"d":"0.00000"}},{"$nulls":23},"4",null,"K","2",{"$nulls":3},"ROZPOCET",{"$nulls":5},{"$f":"IF(N221=\"základní\",J221,0)","v":285.19},{"$f":"IF(N221=\"snížená\",J221,0)","v":{"v":0,"d":"0.00"}},{"$f":"IF(N221=\"zákl. přenesená\",J221,0)","v":{"v":0,"d":"0.00"}},{"$f":"IF(N221=\"sníž. přenesená\",J221,0)","v":{"v":0,"d":"0.00"}},{"$f":"IF(N221=\"nulová\",J221,0)","v":{"v":0,"d":"0.00"}},"1",{"$f":"ROUND(I221*H221,2)","v":285.19},"4","-1380485949"]
[{"$nulls":3},"Online PSC",null,"https://podminky.urs.cz/item/CS_URS_2025_01/997013509",{"$nulls":39},"Online PSC","2"]
[{"$nulls":3},"VV","","2,531*9",null,22.779,{"$nulls":37},"VV","2","2","True","1","ROZPOCET"]
[null,null,"24","K","997013609","Poplatek za uložení stavebního odpadu na skládce (skládkovné) ze směsí nebo oddělených frakcí betonu, cihel a keramických výrobků zatříděného do Katalogu odpadů pod kódem 17 01 07","t",2.286,800.47,{"$f":"ROUND(I224*H224,2)","v":{"v":1829.87,"d":"1,829.87"}},"CS ÚRS 2025 01",null,"","základní",null,{"$f":"O224*H224","v":{"v":0,"d":"0.00000"}},{"v":0,"d":"0.00000"},{"$f":"Q224*H224","v":{"v":0,"d":"0.00000"}},{"v":0,"d":"0.00000"},{"$f":"S224*H224","v":{"v":0,"d":"0.00000"}},{"$nulls":23},"4",null,"K","2",{"$nulls":3},"ROZPOCET",{"$nulls":5},{"$f":"IF(N224=\"základní\",J224,0)","v":{"v":1829.87,"d":"1,829.87"}},{"$f":"IF(N224=\"snížená\",J224,0)","v":{"v":0,"d":"0.00"}},{"$f":"IF(N224=\"zákl. přenesená\",J224,0)","v":{"v":0,"d":"0.00"}},{"$f":"IF(N224=\"sníž. přenesená\",J224,0)","v":{"v":0,"d":"0.00"}},{"$f":"IF(N224=\"nulová\",J224,0)","v":{"v":0,"d":"0.00"}},"1",{"$f":"ROUND(I224*H224,2)","v":{"v":1829.87,"d":"1,829.87"}},"4","-464478931"]
[{"$nulls":3},"Online PSC",null,"https://podminky.urs.cz/item/CS_URS_2025_01/997013609",{"$nulls":39},"Online PSC","2"]
[null,null,"25","K","997013631","Poplatek za uložení stavebního odpadu na skládce (skládkovné) směsného stavebního a demoličního zatříděného do Katalogu odpadů pod kódem 17 09 04","t",0.245,800.47,{"$f":"ROUND(I226*H226,2)","v":196.12},"CS ÚRS 2025 01",null,"","základní",null,{"$f":"O226*H226","v":{"v":0,"d":"0.00000"}},{"v":0,"d":"0.00000"},{"$f":"Q226*H226","v":{"v":0,"d":"0.00000"}},{"v":0,"d":"0.00000"},{"$f":"S226*H226","v":{"v":0,"d":"0.00000"}},{"$nulls":23},"4",null,"K","2",{"$nulls":3},"ROZPOCET",{"$nulls":5},{"$f":"IF(N226=\"základní\",J226,0)","v":196.12},{"$f":"IF(N226=\"snížená\",J226,0)","v":{"v":0,"d":"0.00"}},{"$f":"IF(N226=\"zákl. přenesená\",J226,0)","v":{"v":0,"d":"0.00"}},{"$f":"IF(N226=\"sníž. přenesená\",J226,0)","v":{"v":0,"d":"0.00"}},{"$f":"IF(N226=\"nulová\",J226,0)","v":{"v":0,"d":"0.00"}},"1",{"$f":"ROUND(I226*H226,2)","v":196.12},"4","-1849174508"]
[{"$nulls":3},"Online PSC",null,"https://podminky.urs.cz/item/CS_URS_2025_01/997013631",{"$nulls":39},"Online PSC","2"]
[{"$nulls":3},"D","998","Přesun hmot",{"$nulls":3},{"$f":"BK228","v":{"v":3522.86,"d":"3,522.86"}},{"$nulls":5},{"$f":"SUM(P229:P230)","v":{"v":0,"d":"0.00000"}},null,{"$f":"SUM(R229:R230)","v":{"v":0,"d":"0.00000"}},null,{"$f":"SUM(T229:T230)","v":{"v":0,"d":"0.00000"}},{"$nulls":23},"1",null,"D","1",{"$nulls":3},"ROZPOCET",{"$nulls":11},{"$f":"SUM(BK229:BK230)","v":{"v":3522.86,"d":"3,522.86"}}]
[null,null,"26","K","998011003","Přesun hmot pro budovy občanské výstavby, bydlení, výrobu a služby s nosnou svislou konstrukcí zděnou z cihel, tvárnic nebo kamene vodorovná dopravní vzdálenost do 100 m základní pro budovy výšky přes 12 do 24 m","t",2.771,{"v":1271.33,"d":"1,271.33"},{"$f":"ROUND(I229*H229,2)","v":{"v":3522.86,"d":"3,522.86"}},"CS ÚRS 2025 01",null,"","základní",null,{"$f":"O229*H229","v":{"v":0,"d":"0.00000"}},{"v":0,"d":"0.00000"},{"$f":"Q229*H229","v":{"v":0,"d":"0.00000"}},{"v":0,"d":"0.00000"},{"$f":"S229*H229","v":{"v":0,"d":"0.00000"}},{"$nulls":23},"4",null,"K","2",{"$nulls":3},"ROZPOCET",{"$nulls":5},{"$f":"IF(N229=\"základní\",J229,0)","v":{"v":3522.86,"d":"3,522.86"}},{"$f":"IF(N229=\"snížená\",J229,0)","v":{"v":0,"d":"0.00"}},{"$f":"IF(N229=\"zákl. přenesená\",J229,0)","v":{"v":0,"d":"0.00"}},{"$f":"IF(N229=\"sníž. přenesená\",J229,0)","v":{"v":0,"d":"0.00"}},{"$f":"IF(N229=\"nulová\",J229,0)","v":{"v":0,"d":"0.00"}},"1",{"$f":"ROUND(I229*H229,2)","v":{"v":3522.86,"d":"3,522.86"}},"4","-809637624"]
[{"$nulls":3},"Online PSC",null,"https://podminky.urs.cz/item/CS_URS_2025_01/998011003",{"$nulls":39},"Online PSC","2"]
[{"$nulls":3},"D","PSV","Práce a dodávky PSV",{"$nulls":3},{"$f":"BK231","v":{"v":120662.83,"d":"120,662.83"}},{"$nulls":5},{"$f":"P232+P257+P273+P314+P366+P383+P390+P437+P451+P505+P542+P559","v":{"v":0,"d":"0.00000"}},null,{"$f":"R232+R257+R273+R314+R366+R383+R390+R437+R451+R505+R542+R559","v":{"v":0.7680944052,"d":"0.76809"}},null,{"$f":"T232+T257+T273+T314+T366+T383+T390+T437+T451+T505+T542+T559","v":0.12789},{"$nulls":23},"2",null,"D","0",{"$nulls":3},"ROZPOCET",{"$nulls":11},{"$f":"BK232+BK257+BK273+BK314+BK366+BK383+BK390+BK437+BK451+BK505+BK542+BK559","v":{"v":120662.83,"d":"120,662.83"}}]
[{"$nulls":3},"D","721","Zdravotechnika - vnitřní kanalizace",{"$nulls":3},{"$f":"BK232","v":{"v":6827.78,"d":"6,827.78"}},{"$nulls":5},{"$f":"SUM(P233:P256)","v":{"v":0,"d":"0.00000"}},null,{"$f":"SUM(R233:R256)","v":{"v":0.015220000000000001,"d":"0.01522"}},null,{"$f":"SUM(T233:T256)","v":{"v":0,"d":"0.00000"}},{"$nulls":23},"2",null,"D","1",{"$nulls":3},"ROZPOCET",{"$nulls":11},{"$f":"SUM(BK233:BK256)","v":{"v":6827.78,"d":"6,827.78"}}]
[null,null,"27","K","721174004","Potrubí z trub polypropylenových svodné (ležaté) DN 75","m",{"v":2,"d":"2.000"},452.03,{"$f":"ROUND(I233*H233,2)","v":904.06},"CS ÚRS 2025 01",null,"","základní",null,{"$f":"O233*H233","v":{"v":0,"d":"0.00000"}},0.00071,{"$f":"Q233*H233","v":{"v":1.42E-3,"d":"0.00142"}},{"v":0,"d":"0.00000"},{"$f":"S233*H233","v":{"v":0,"d":"0.00000"}},{"$nulls":23},"16",null,"K","2",{"$nulls":3},"ROZPOCET",{"$nulls":5},{"$f":"IF(N233=\"základní\",J233,0)","v":904.06},{"$f":"IF(N233=\"snížená\",J233,0)","v":{"v":0,"d":"0.00"}},{"$f":"IF(N233=\"zákl. přenesená\",J233,0)","v":{"v":0,"d":"0.00"}},{"$f":"IF(N233=\"sníž. přenesená\",J233,0)","v":{"v":0,"d":"0.00"}},{"$f":"IF(N233=\"nulová\",J233,0)","v":{"v":0,"d":"0.00"}},"1",{"$f":"ROUND(I233*H233,2)","v":904.06},"16","-1565255594"]
[{"$nulls":3},"Online PSC",null,"https://podminky.urs.cz/item/CS_URS_2025_01/721174004",{"$nulls":39},"Online PSC","2"]
[{"$nulls":3},"VV","","\"prostor umyvadel\"",null,"",{"$nulls":37},"VV","2","1","True","0","ROZPOCET"]
[{"$nulls":3},"VV","","2",null,{"v":2,"d":"2.000"},{"$nulls":37},"VV","2","2","True","1","ROZPOCET"]
[null,null,"28","K","721174005","Potrubí z trub polypropylenových svodné (ležaté) DN 110","m",{"v":6,"d":"6.000"},555.62,{"$f":"ROUND(I237*H237,2)","v":{"v":3333.72,"d":"3,333.72"}},"CS ÚRS 2025 01",null,"","základní",null,{"$f":"O237*H237","v":{"v":0,"d":"0.00000"}},0.00206,{"$f":"Q237*H237","v":{"v":0.012360000000000001,"d":"0.01236"}},{"v":0,"d":"0.00000"},{"$f":"S237*H237","v":{"v":0,"d":"0.00000"}},{"$nulls":23},"16",null,"K","2",{"$nulls":3},"ROZPOCET",{"$nulls":5},{"$f":"IF(N237=\"základní\",J237,0)","v":{"v":3333.72,"d":"3,333.72"}},{"$f":"IF(N237=\"snížená\",J237,0)","v":{"v":0,"d":"0.00"}},{"$f":"IF(N237=\"zákl. přenesená\",J237,0)","v":{"v":0,"d":"0.00"}},{"$f":"IF(N237=\"sníž. přenesená\",J237,0)","v":{"v":0,"d":"0.00"}},{"$f":"IF(N237=\"nulová\",J237,0)","v":{"v":0,"d":"0.00"}},"1",{"$f":"ROUND(I237*H237,2)","v":{"v":3333.72,"d":"3,333.72"}},"16","-369844456"]
[{"$nulls":3},"Online PSC",null,"https://podminky.urs.cz/item/CS_URS_2025_01/721174005",{"$nulls":39},"Online PSC","2"]
[{"$nulls":3},"VV","","\"prostor umyvadel\"",null,"",{"$nulls":37},"VV","2","1","True","0","ROZPOCET"]
[{"$nulls":3},"VV","","2",null,{"v":2,"d":"2.000"},{"$nulls":37},"VV","2","2","True","0","ROZPOCET"]
[{"$nulls":3},"VV","","\"sprcha\"",null,"",{"$nulls":37},"VV","2","1","True","0","ROZPOCET"]
[{"$nulls":3},"VV","","2",null,{"v":2,"d":"2.000"},{"$nulls":37},"VV","2","2","True","0","ROZPOCET"]
[{"$nulls":3},"VV","","\"WC\"",null,"",{"$nulls":37},"VV","2","1","True","0","ROZPOCET"]
[{"$nulls":3},"VV","","2",null,{"v":2,"d":"2.000"},{"$nulls":37},"VV","2","2","True","0","ROZPOCET"]
[{"$nulls":3},"VV","","Součet",null,{"v":6,"d":"6.000"},{"$nulls":37},"VV","2","4","True","1","ROZPOCET"]
[null,null,"29","K","721174043","Potrubí z trub polypropylenových připojovací DN 50","m",{"v":3,"d":"3.000"},395.53,{"$f":"ROUND(I246*H246,2)","v":{"v":1186.59,"d":"1,186.59"}},"CS ÚRS 2025 01",null,"","základní",null,{"$f":"O246*H246","v":{"v":0,"d":"0.00000"}},0.00048,{"$f":"Q246*H246","v":0.00144},{"v":0,"d":"0.00000"},{"$f":"S246*H246","v":{"v":0,"d":"0.00000"}},{"$nulls":23},"16",null,"K","2",{"$nulls":3},"ROZPOCET",{"$nulls":5},{"$f":"IF(N246=\"základní\",J246,0)","v":{"v":1186.59,"d":"1,186.59"}},{"$f":"IF(N246=\"snížená\",J246,0)","v":{"v":0,"d":"0.00"}},{"$f":"IF(N246=\"zákl. přenesená\",J246,0)","v":{"v":0,"d":"0.00"}},{"$f":"IF(N246=\"sníž. přenesená\",J246,0)","v":{"v":0,"d":"0.00"}},{"$f":"IF(N246=\"nulová\",J246,0)","v":{"v":0,"d":"0.00"}},"1",{"$f":"ROUND(I246*H246,2)","v":{"v":1186.59,"d":"1,186.59"}},"16","10737146"]
[{"$nulls":3},"Online PSC",null,"https://podminky.urs.cz/item/CS_URS_2025_01/721174043",{"$nulls":39},"Online PSC","2"]
[{"$nulls":3},"VV","","\"prostor umyvadel\"",null,"",{"$nulls":37},"VV","2","1","True","0","ROZPOCET"]
[{"$nulls":3},"VV","","3",null,{"v":3,"d":"3.000"},{"$nulls":37},"VV","2","2","True","1","ROZPOCET"]
[null,null,"30","K","721194105","Vyměření přípojek na potrubí vyvedení a upevnění odpadních výpustek DN 50","kus",{"v":2,"d":"2.000"},103.59,{"$f":"ROUND(I250*H250,2)","v":207.18},"CS ÚRS 2025 01",null,"","základní",null,{"$f":"O250*H250","v":{"v":0,"d":"0.00000"}},{"v":0,"d":"0.00000"},{"$f":"Q250*H250","v":{"v":0,"d":"0.00000"}},{"v":0,"d":"0.00000"},{"$f":"S250*H250","v":{"v":0,"d":"0.00000"}},{"$nulls":23},"16",null,"K","2",{"$nulls":3},"ROZPOCET",{"$nulls":5},{"$f":"IF(N250=\"základní\",J250,0)","v":207.18},{"$f":"IF(N250=\"snížená\",J250,0)","v":{"v":0,"d":"0.00"}},{"$f":"IF(N250=\"zákl. přenesená\",J250,0)","v":{"v":0,"d":"0.00"}},{"$f":"IF(N250=\"sníž. přenesená\",J250,0)","v":{"v":0,"d":"0.00"}},{"$f":"IF(N250=\"nulová\",J250,0)","v":{"v":0,"d":"0.00"}},"1",{"$f":"ROUND(I250*H250,2)","v":207.18},"16","1906867419"]
[{"$nulls":3},"Online PSC",null,"https://podminky.urs.cz/item/CS_URS_2025_01/721194105",{"$nulls":39},"Online PSC","2"]
[null,null,"31","K","721194109","Vyměření přípojek na potrubí vyvedení a upevnění odpadních výpustek DN 110","kus",{"v":2,"d":"2.000"},141.26,{"$f":"ROUND(I252*H252,2)","v":282.52},"CS ÚRS 2025 01",null,"","základní",null,{"$f":"O252*H252","v":{"v":0,"d":"0.00000"}},{"v":0,"d":"0.00000"},{"$f":"Q252*H252","v":{"v":0,"d":"0.00000"}},{"v":0,"d":"0.00000"},{"$f":"S252*H252","v":{"v":0,"d":"0.00000"}},{"$nulls":23},"16",null,"K","2",{"$nulls":3},"ROZPOCET",{"$nulls":5},{"$f":"IF(N252=\"základní\",J252,0)","v":282.52},{"$f":"IF(N252=\"snížená\",J252,0)","v":{"v":0,"d":"0.00"}},{"$f":"IF(N252=\"zákl. přenesená\",J252,0)","v":{"v":0,"d":"0.00"}},{"$f":"IF(N252=\"sníž. přenesená\",J252,0)","v":{"v":0,"d":"0.00"}},{"$f":"IF(N252=\"nulová\",J252,0)","v":{"v":0,"d":"0.00"}},"1",{"$f":"ROUND(I252*H252,2)","v":282.52},"16","-1293533382"]
[{"$nulls":3},"Online PSC",null,"https://podminky.urs.cz/item/CS_URS_2025_01/721194109",{"$nulls":39},"Online PSC","2"]
[null,null,"32","K","72119410R","Zřízení přípojky na stávající odpadní potrubí v šachtě včetně potřebného materiálu","kpl",{"v":1,"d":"1.000"},894.64,{"$f":"ROUND(I254*H254,2)","v":894.64},"vlastní",null,"","základní",null,{"$f":"O254*H254","v":{"v":0,"d":"0.00000"}},{"v":0,"d":"0.00000"},{"$f":"Q254*H254","v":{"v":0,"d":"0.00000"}},{"v":0,"d":"0.00000"},{"$f":"S254*H254","v":{"v":0,"d":"0.00000"}},{"$nulls":23},"16",null,"K","2",{"$nulls":3},"ROZPOCET",{"$nulls":5},{"$f":"IF(N254=\"základní\",J254,0)","v":894.64},{"$f":"IF(N254=\"snížená\",J254,0)","v":{"v":0,"d":"0.00"}},{"$f":"IF(N254=\"zákl. přenesená\",J254,0)","v":{"v":0,"d":"0.00"}},{"$f":"IF(N254=\"sníž. přenesená\",J254,0)","v":{"v":0,"d":"0.00"}},{"$f":"IF(N254=\"nulová\",J254,0)","v":{"v":0,"d":"0.00"}},"1",{"$f":"ROUND(I254*H254,2)","v":894.64},"16","868113307"]
[null,null,"33","K","998721103","Přesun hmot pro vnitřní kanalizaci stanovený z hmotnosti přesunovaného materiálu vodorovná dopravní vzdálenost do 50 m základní v objektech výšky přes 12 do 24 m","t",0.015,{"v":1271.33,"d":"1,271.33"},{"$f":"ROUND(I255*H255,2)","v":19.07},"CS ÚRS 2025 01",null,"","základní",null,{"$f":"O255*H255","v":{"v":0,"d":"0.00000"}},{"v":0,"d":"0.00000"},{"$f":"Q255*H255","v":{"v":0,"d":"0.00000"}},{"v":0,"d":"0.00000"},{"$f":"S255*H255","v":{"v":0,"d":"0.00000"}},{"$nulls":23},"16",null,"K","2",{"$nulls":3},"ROZPOCET",{"$nulls":5},{"$f":"IF(N255=\"základní\",J255,0)","v":19.07},{"$f":"IF(N255=\"snížená\",J255,0)","v":{"v":0,"d":"0.00"}},{"$f":"IF(N255=\"zákl. přenesená\",J255,0)","v":{"v":0,"d":"0.00"}},{"$f":"IF(N255=\"sníž. přenesená\",J255,0)","v":{"v":0,"d":"0.00"}},{"$f":"IF(N255=\"nulová\",J255,0)","v":{"v":0,"d":"0.00"}},"1",{"$f":"ROUND(I255*H255,2)","v":19.07},"16","1362457834"]
[{"$nulls":3},"Online PSC",null,"https://podminky.urs.cz/item/CS_URS_2025_01/998721103",{"$nulls":39},"Online PSC","2"]
[{"$nulls":3},"D","722","Zdravotechnika - vnitřní vodovod",{"$nulls":3},{"$f":"BK257","v":{"v":7628.460000000001,"d":"7,628.46"}},{"$nulls":5},{"$f":"SUM(P258:P272)","v":{"v":0,"d":"0.00000"}},null,{"$f":"SUM(R258:R272)","v":{"v":0.013399999999999999,"d":"0.01340"}},null,{"$f":"SUM(T258:T272)","v":{"v":0,"d":"0.00000"}},{"$nulls":23},"2",null,"D","1",{"$nulls":3},"ROZPOCET",{"$nulls":11},{"$f":"SUM(BK258:BK272)","v":{"v":7628.460000000001,"d":"7,628.46"}}]
[null,null,"34","K","722174003","Potrubí z plastových trubek z polypropylenu PPR svařovaných polyfúzně PN 16 (SDR 7,4) D 25 x 3,5","m",{"v":5,"d":"5.000"},414.36,{"$f":"ROUND(I258*H258,2)","v":{"v":2071.8,"d":"2,071.80"}},"CS ÚRS 2025 01",null,"","základní",null,{"$f":"O258*H258","v":{"v":0,"d":"0.00000"}},{"v":1.16E-3,"d":"0.00116"},{"$f":"Q258*H258","v":{"v":0.0058,"d":"0.00580"}},{"v":0,"d":"0.00000"},{"$f":"S258*H258","v":{"v":0,"d":"0.00000"}},{"$nulls":23},"16",null,"K","2",{"$nulls":3},"ROZPOCET",{"$nulls":5},{"$f":"IF(N258=\"základní\",J258,0)","v":{"v":2071.8,"d":"2,071.80"}},{"$f":"IF(N258=\"snížená\",J258,0)","v":{"v":0,"d":"0.00"}},{"$f":"IF(N258=\"zákl. přenesená\",J258,0)","v":{"v":0,"d":"0.00"}},{"$f":"IF(N258=\"sníž. přenesená\",J258,0)","v":{"v":0,"d":"0.00"}},{"$f":"IF(N258=\"nulová\",J258,0)","v":{"v":0,"d":"0.00"}},"1",{"$f":"ROUND(I258*H258,2)","v":{"v":2071.8,"d":"2,071.80"}},"16","1162783971"]
[{"$nulls":3},"Online PSC",null,"https://podminky.urs.cz/item/CS_URS_2025_01/722174003",{"$nulls":39},"Online PSC","2"]
[null,null,"35","K","722174023","Potrubí z plastových trubek z polypropylenu PPR svařovaných polyfúzně PN 20 (SDR 6) D 25 x 4,2","m",{"v":5,"d":"5.000"},452.03,{"$f":"ROUND(I260*H260,2)","v":{"v":2260.15,"d":"2,260.15"}},"CS ÚRS 2025 01",null,"","základní",null,{"$f":"O260*H260","v":{"v":0,"d":"0.00000"}},0.00126,{"$f":"Q260*H260","v":{"v":6.3E-3,"d":"0.00630"}},{"v":0,"d":"0.00000"},{"$f":"S260*H260","v":{"v":0,"d":"0.00000"}},{"$nulls":23},"16",null,"K","2",{"$nulls":3},"ROZPOCET",{"$nulls":5},{"$f":"IF(N260=\"základní\",J260,0)","v":{"v":2260.15,"d":"2,260.15"}},{"$f":"IF(N260=\"snížená\",J260,0)","v":{"v":0,"d":"0.00"}},{"$f":"IF(N260=\"zákl. přenesená\",J260,0)","v":{"v":0,"d":"0.00"}},{"$f":"IF(N260=\"sníž. přenesená\",J260,0)","v":{"v":0,"d":"0.00"}},{"$f":"IF(N260=\"nulová\",J260,0)","v":{"v":0,"d":"0.00"}},"1",{"$f":"ROUND(I260*H260,2)","v":{"v":2260.15,"d":"2,260.15"}},"16","125689196"]
[{"$nulls":3},"Online PSC",null,"https://podminky.urs.cz/item/CS_URS_2025_01/722174023",{"$nulls":39},"Online PSC","2"]
[null,null,"36","K","722181212","Ochrana potrubí termoizolačními trubicemi z pěnového polyetylenu PE přilepenými v příčných a podélných spojích, tloušťky izolace do 6 mm, vnitřního průměru izolace DN přes 22 do 32 mm","m",{"v":10,"d":"10.000"},67.33,{"$f":"ROUND(I262*H262,2)","v":{"v":673.3,"d":"673.30"}},"CS ÚRS 2025 01",null,"","základní",null,{"$f":"O262*H262","v":{"v":0,"d":"0.00000"}},{"v":4e-05,"d":"0.00004"},{"$f":"Q262*H262","v":{"v":0.0004,"d":"0.00040"}},{"v":0,"d":"0.00000"},{"$f":"S262*H262","v":{"v":0,"d":"0.00000"}},{"$nulls":23},"16",null,"K","2",{"$nulls":3},"ROZPOCET",{"$nulls":5},{"$f":"IF(N262=\"základní\",J262,0)","v":{"v":673.3,"d":"673.30"}},{"$f":"IF(N262=\"snížená\",J262,0)","v":{"v":0,"d":"0.00"}},{"$f":"IF(N262=\"zákl. přenesená\",J262,0)","v":{"v":0,"d":"0.00"}},{"$f":"IF(N262=\"sníž. přenesená\",J262,0)","v":{"v":0,"d":"0.00"}},{"$f":"IF(N262=\"nulová\",J262,0)","v":{"v":0,"d":"0.00"}},"1",{"$f":"ROUND(I262*H262,2)","v":{"v":673.3,"d":"673.30"}},"16","1037954024"]
[{"$nulls":3},"Online PSC",null,"https://podminky.urs.cz/item/CS_URS_2025_01/722181212",{"$nulls":39},"Online PSC","2"]
[null,null,"37","K","722220153","Armatury s jedním závitem plastové (PPR) PN 20 (SDR 6) DN 25 x G 3/4\"","kus",{"v":4,"d":"4.000"},218.48,{"$f":"ROUND(I264*H264,2)","v":873.92},"CS ÚRS 2025 01",null,"","základní",null,{"$f":"O264*H264","v":{"v":0,"d":"0.00000"}},{"v":0.0002,"d":"0.00020"},{"$f":"Q264*H264","v":{"v":0.0008,"d":"0.00080"}},{"v":0,"d":"0.00000"},{"$f":"S264*H264","v":{"v":0,"d":"0.00000"}},{"$nulls":23},"16",null,"K","2",{"$nulls":3},"ROZPOCET",{"$nulls":5},{"$f":"IF(N264=\"základní\",J264,0)","v":873.92},{"$f":"IF(N264=\"snížená\",J264,0)","v":{"v":0,"d":"0.00"}},{"$f":"IF(N264=\"zákl. přenesená\",J264,0)","v":{"v":0,"d":"0.00"}},{"$f":"IF(N264=\"sníž. přenesená\",J264,0)","v":{"v":0,"d":"0.00"}},{"$f":"IF(N264=\"nulová\",J264,0)","v":{"v":0,"d":"0.00"}},"1",{"$f":"ROUND(I264*H264,2)","v":873.92},"16","-523537750"]
[{"$nulls":3},"Online PSC",null,"https://podminky.urs.cz/item/CS_URS_2025_01/722220153",{"$nulls":39},"Online PSC","2"]
[null,null,"38","K","722190401","Zřízení přípojek na potrubí vyvedení a upevnění výpustek do DN 25","kus",{"v":4,"d":"4.000"},150.68,{"$f":"ROUND(I266*H266,2)","v":602.72},"CS ÚRS 2025 01",null,"","základní",null,{"$f":"O266*H266","v":{"v":0,"d":"0.00000"}},{"v":0,"d":"0.00000"},{"$f":"Q266*H266","v":{"v":0,"d":"0.00000"}},{"v":0,"d":"0.00000"},{"$f":"S266*H266","v":{"v":0,"d":"0.00000"}},{"$nulls":23},"16",null,"K","2",{"$nulls":3},"ROZPOCET",{"$nulls":5},{"$f":"IF(N266=\"základní\",J266,0)","v":602.72},{"$f":"IF(N266=\"snížená\",J266,0)","v":{"v":0,"d":"0.00"}},{"$f":"IF(N266=\"zákl. přenesená\",J266,0)","v":{"v":0,"d":"0.00"}},{"$f":"IF(N266=\"sníž. přenesená\",J266,0)","v":{"v":0,"d":"0.00"}},{"$f":"IF(N266=\"nulová\",J266,0)","v":{"v":0,"d":"0.00"}},"1",{"$f":"ROUND(I266*H266,2)","v":602.72},"16","230328589"]
[{"$nulls":3},"Online PSC",null,"https://podminky.urs.cz/item/CS_URS_2025_01/722190401",{"$nulls":39},"Online PSC","2"]
[null,null,"39","K","72219040R","Zřízení přípojek na stávající potrubí v šachtě včetně potřebného materiálu","kpl",{"v":1,"d":"1.000"},894.64,{"$f":"ROUND(I268*H268,2)","v":894.64},"vlastní",null,"","základní",null,{"$f":"O268*H268","v":{"v":0,"d":"0.00000"}},{"v":0,"d":"0.00000"},{"$f":"Q268*H268","v":{"v":0,"d":"0.00000"}},{"v":0,"d":"0.00000"},{"$f":"S268*H268","v":{"v":0,"d":"0.00000"}},{"$nulls":23},"16",null,"K","2",{"$nulls":3},"ROZPOCET",{"$nulls":5},{"$f":"IF(N268=\"základní\",J268,0)","v":894.64},{"$f":"IF(N268=\"snížená\",J268,0)","v":{"v":0,"d":"0.00"}},{"$f":"IF(N268=\"zákl. přenesená\",J268,0)","v":{"v":0,"d":"0.00"}},{"$f":"IF(N268=\"sníž. přenesená\",J268,0)","v":{"v":0,"d":"0.00"}},{"$f":"IF(N268=\"nulová\",J268,0)","v":{"v":0,"d":"0.00"}},"1",{"$f":"ROUND(I268*H268,2)","v":894.64},"16","435937680"]
[null,null,"40","K","722290234","Zkoušky, proplach a desinfekce vodovodního potrubí proplach a desinfekce vodovodního potrubí do DN 80","m",{"v":10,"d":"10.000"},23.54,{"$f":"ROUND(I269*H269,2)","v":{"v":235.4,"d":"235.40"}},"CS ÚRS 2025 01",null,"","základní",null,{"$f":"O269*H269","v":{"v":0,"d":"0.00000"}},{"v":1e-05,"d":"0.00001"},{"$f":"Q269*H269","v":{"v":1E-4,"d":"0.00010"}},{"v":0,"d":"0.00000"},{"$f":"S269*H269","v":{"v":0,"d":"0.00000"}},{"$nulls":23},"16",null,"K","2",{"$nulls":3},"ROZPOCET",{"$nulls":5},{"$f":"IF(N269=\"základní\",J269,0)","v":{"v":235.4,"d":"235.40"}},{"$f":"IF(N269=\"snížená\",J269,0)","v":{"v":0,"d":"0.00"}},{"$f":"IF(N269=\"zákl. přenesená\",J269,0)","v":{"v":0,"d":"0.00"}},{"$f":"IF(N269=\"sníž. přenesená\",J269,0)","v":{"v":0,"d":"0.00"}},{"$f":"IF(N269=\"nulová\",J269,0)","v":{"v":0,"d":"0.00"}},"1",{"$f":"ROUND(I269*H269,2)","v":{"v":235.4,"d":"235.40"}},"16","721872300"]
[{"$nulls":3},"Online PSC",null,"https://podminky.urs.cz/item/CS_URS_2025_01/722290234",{"$nulls":39},"Online PSC","2"]
[null,null,"41","K","998722103","Přesun hmot pro vnitřní vodovod stanovený z hmotnosti přesunovaného materiálu vodorovná dopravní vzdálenost do 50 m základní v objektech výšky přes 12 do 24 m","t",0.013,{"v":1271.33,"d":"1,271.33"},{"$f":"ROUND(I271*H271,2)","v":16.53},"CS ÚRS 2025 01",null,"","základní",null,{"$f":"O271*H271","v":{"v":0,"d":"0.00000"}},{"v":0,"d":"0.00000"},{"$f":"Q271*H271","v":{"v":0,"d":"0.00000"}},{"v":0,"d":"0.00000"},{"$f":"S271*H271","v":{"v":0,"d":"0.00000"}},{"$nulls":23},"16",null,"K","2",{"$nulls":3},"ROZPOCET",{"$nulls":5},{"$f":"IF(N271=\"základní\",J271,0)","v":16.53},{"$f":"IF(N271=\"snížená\",J271,0)","v":{"v":0,"d":"0.00"}},{"$f":"IF(N271=\"zákl. přenesená\",J271,0)","v":{"v":0,"d":"0.00"}},{"$f":"IF(N271=\"sníž. přenesená\",J271,0)","v":{"v":0,"d":"0.00"}},{"$f":"IF(N271=\"nulová\",J271,0)","v":{"v":0,"d":"0.00"}},"1",{"$f":"ROUND(I271*H271,2)","v":16.53},"16","73872537"]
[{"$nulls":3},"Online PSC",null,"https://podminky.urs.cz/item/CS_URS_2025_01/998722103",{"$nulls":39},"Online PSC","2"]
[{"$nulls":3},"D","725","Zdravotechnika - zařizovací předměty",{"$nulls":3},{"$f":"BK273","v":{"v":34615.7,"d":"34,615.70"}},{"$nulls":5},{"$f":"SUM(P274:P313)","v":{"v":0,"d":"0.00000"}},null,{"$f":"SUM(R274:R313)","v":{"v":0.08892000000000001,"d":"0.08892"}},null,{"$f":"SUM(T274:T313)","v":0.06899},{"$nulls":23},"2",null,"D","1",{"$nulls":3},"ROZPOCET",{"$nulls":11},{"$f":"SUM(BK274:BK313)","v":{"v":34615.7,"d":"34,615.70"}}]
[null,null,"42","K","725820801","Demontáž baterií nástěnných do G 3/4","soubor",{"v":2,"d":"2.000"},84.76,{"$f":"ROUND(I274*H274,2)","v":169.52},"CS ÚRS 2025 01",null,"","základní",null,{"$f":"O274*H274","v":{"v":0,"d":"0.00000"}},{"v":0,"d":"0.00000"},{"$f":"Q274*H274","v":{"v":0,"d":"0.00000"}},{"v":1.56E-3,"d":"0.00156"},{"$f":"S274*H274","v":0.00312},{"$nulls":23},"16",null,"K","2",{"$nulls":3},"ROZPOCET",{"$nulls":5},{"$f":"IF(N274=\"základní\",J274,0)","v":169.52},{"$f":"IF(N274=\"snížená\",J274,0)","v":{"v":0,"d":"0.00"}},{"$f":"IF(N274=\"zákl. přenesená\",J274,0)","v":{"v":0,"d":"0.00"}},{"$f":"IF(N274=\"sníž. přenesená\",J274,0)","v":{"v":0,"d":"0.00"}},{"$f":"IF(N274=\"nulová\",J274,0)","v":{"v":0,"d":"0.00"}},"1",{"$f":"ROUND(I274*H274,2)","v":169.52},"16","2005645435"]
[{"$nulls":3},"Online PSC",null,"https://podminky.urs.cz/item/CS_URS_2025_01/725820801",{"$nulls":39},"Online PSC","2"]
[null,null,"43","K","725840851","Demontáž baterií sprchových nástěnných","kus",{"v":1,"d":"1.000"},84.76,{"$f":"ROUND(I276*H276,2)","v":84.76},"CS ÚRS 2025 01",null,"","základní",null,{"$f":"O276*H276","v":{"v":0,"d":"0.00000"}},{"v":0,"d":"0.00000"},{"$f":"Q276*H276","v":{"v":0,"d":"0.00000"}},{"v":7.62E-3,"d":"0.00762"},{"$f":"S276*H276","v":{"v":7.62E-3,"d":"0.00762"}},{"$nulls":23},"16",null,"K","2",{"$nulls":3},"ROZPOCET",{"$nulls":5},{"$f":"IF(N276=\"základní\",J276,0)","v":84.76},{"$f":"IF(N276=\"snížená\",J276,0)","v":{"v":0,"d":"0.00"}},{"$f":"IF(N276=\"zákl. přenesená\",J276,0)","v":{"v":0,"d":"0.00"}},{"$f":"IF(N276=\"sníž. přenesená\",J276,0)","v":{"v":0,"d":"0.00"}},{"$f":"IF(N276=\"nulová\",J276,0)","v":{"v":0,"d":"0.00"}},"1",{"$f":"ROUND(I276*H276,2)","v":84.76},"16","-561053602"]
[{"$nulls":3},"Online PSC",null,"https://podminky.urs.cz/item/CS_URS_2025_01/725840851",{"$nulls":39},"Online PSC","2"]
[null,null,"44","K","725110811","Demontáž klozetů splachovacích s nádrží nebo tlakovým splachovačem","soubor",{"v":1,"d":"1.000"},235.43,{"$f":"ROUND(I278*H278,2)","v":235.43},"CS ÚRS 2025 01",null,"","základní",null,{"$f":"O278*H278","v":{"v":0,"d":"0.00000"}},{"v":0,"d":"0.00000"},{"$f":"Q278*H278","v":{"v":0,"d":"0.00000"}},0.01933,{"$f":"S278*H278","v":0.01933},{"$nulls":23},"16",null,"K","2",{"$nulls":3},"ROZPOCET",{"$nulls":5},{"$f":"IF(N278=\"základní\",J278,0)","v":235.43},{"$f":"IF(N278=\"snížená\",J278,0)","v":{"v":0,"d":"0.00"}},{"$f":"IF(N278=\"zákl. přenesená\",J278,0)","v":{"v":0,"d":"0.00"}},{"$f":"IF(N278=\"sníž. přenesená\",J278,0)","v":{"v":0,"d":"0.00"}},{"$f":"IF(N278=\"nulová\",J278,0)","v":{"v":0,"d":"0.00"}},"1",{"$f":"ROUND(I278*H278,2)","v":235.43},"16","-914164696"]
[{"$nulls":3},"Online PSC",null,"https://podminky.urs.cz/item/CS_URS_2025_01/725110811",{"$nulls":39},"Online PSC","2"]
[null,null,"45","K","725210821","Demontáž umyvadel bez výtokových armatur umyvadel","soubor",{"v":2,"d":"2.000"},235.43,{"$f":"ROUND(I280*H280,2)","v":470.86},"CS ÚRS 2025 01",null,"","základní",null,{"$f":"O280*H280","v":{"v":0,"d":"0.00000"}},{"v":0,"d":"0.00000"},{"$f":"Q280*H280","v":{"v":0,"d":"0.00000"}},0.01946,{"$f":"S280*H280","v":0.03892},{"$nulls":23},"16",null,"K","2",{"$nulls":3},"ROZPOCET",{"$nulls":5},{"$f":"IF(N280=\"základní\",J280,0)","v":470.86},{"$f":"IF(N280=\"snížená\",J280,0)","v":{"v":0,"d":"0.00"}},{"$f":"IF(N280=\"zákl. přenesená\",J280,0)","v":{"v":0,"d":"0.00"}},{"$f":"IF(N280=\"sníž. přenesená\",J280,0)","v":{"v":0,"d":"0.00"}},{"$f":"IF(N280=\"nulová\",J280,0)","v":{"v":0,"d":"0.00"}},"1",{"$f":"ROUND(I280*H280,2)","v":470.86},"16","472655249"]
[{"$nulls":3},"Online PSC",null,"https://podminky.urs.cz/item/CS_URS_2025_01/725210821",{"$nulls":39},"Online PSC","2"]
[null,null,"46","K","725813111","Ventily rohové bez připojovací trubičky nebo flexi hadičky G 1/2\"","soubor",{"v":5,"d":"5.000"},235.43,{"$f":"ROUND(I282*H282,2)","v":{"v":1177.15,"d":"1,177.15"}},"CS ÚRS 2025 01",null,"","základní",null,{"$f":"O282*H282","v":{"v":0,"d":"0.00000"}},0.00024,{"$f":"Q282*H282","v":{"v":1.2000000000000001E-3,"d":"0.00120"}},{"v":0,"d":"0.00000"},{"$f":"S282*H282","v":{"v":0,"d":"0.00000"}},{"$nulls":23},"16",null,"K","2",{"$nulls":3},"ROZPOCET",{"$nulls":5},{"$f":"IF(N282=\"základní\",J282,0)","v":{"v":1177.15,"d":"1,177.15"}},{"$f":"IF(N282=\"snížená\",J282,0)","v":{"v":0,"d":"0.00"}},{"$f":"IF(N282=\"zákl. přenesená\",J282,0)","v":{"v":0,"d":"0.00"}},{"$f":"IF(N282=\"sníž. přenesená\",J282,0)","v":{"v":0,"d":"0.00"}},{"$f":"IF(N282=\"nulová\",J282,0)","v":{"v":0,"d":"0.00"}},"1",{"$f":"ROUND(I282*H282,2)","v":{"v":1177.15,"d":"1,177.15"}},"16","1846644488"]
[{"$nulls":3},"Online PSC",null,"https://podminky.urs.cz/item/CS_URS_2025_01/725813111",{"$nulls":39},"Online PSC","2"]
[{"$nulls":3},"VV","","\"prostor umyvadel\"",null,"",{"$nulls":37},"VV","2","1","True","0","ROZPOCET"]
[{"$nulls":3},"VV","","2*2",null,{"v":4,"d":"4.000"},{"$nulls":37},"VV","2","2","True","0","ROZPOCET"]
[{"$nulls":3},"VV","","\"sprcha\"",null,"",{"$nulls":37},"VV","2","1","True","0","ROZPOCET"]
[{"$nulls":3},"VV","","0",null,{"v":0,"d":"0.000"},{"$nulls":37},"VV","2","2","True","0","ROZPOCET"]
[{"$nulls":3},"VV","","\"WC\"",null,"",{"$nulls":37},"VV","2","1","True","0","ROZPOCET"]
[{"$nulls":3},"VV","","1",null,{"v":1,"d":"1.000"},{"$nulls":37},"VV","2","2","True","0","ROZPOCET"]
[{"$nulls":3},"VV","","Součet",null,{"v":5,"d":"5.000"},{"$nulls":37},"VV","2","4","True","1","ROZPOCET"]
[null,null,"47","M","55190005","flexi hadice ohebná k baterii D 8x12mm F 1/2\"xM10 500mm","m",{"v":2.5,"d":"2.500"},159.15,{"$f":"ROUND(I291*H291,2)","v":397.88},"CS ÚRS 2025 01",null,"","základní",null,{"$f":"O291*H291","v":{"v":0,"d":"0.00000"}},0.00018,{"$f":"Q291*H291","v":{"v":4.5000000000000004E-4,"d":"0.00045"}},{"v":0,"d":"0.00000"},{"$f":"S291*H291","v":{"v":0,"d":"0.00000"}},{"$nulls":23},"32",null,"M","2",{"$nulls":3},"ROZPOCET",{"$nulls":5},{"$f":"IF(N291=\"základní\",J291,0)","v":397.88},{"$f":"IF(N291=\"snížená\",J291,0)","v":{"v":0,"d":"0.00"}},{"$f":"IF(N291=\"zákl. přenesená\",J291,0)","v":{"v":0,"d":"0.00"}},{"$f":"IF(N291=\"sníž. přenesená\",J291,0)","v":{"v":0,"d":"0.00"}},{"$f":"IF(N291=\"nulová\",J291,0)","v":{"v":0,"d":"0.00"}},"1",{"$f":"ROUND(I291*H291,2)","v":397.88},"16","874528139"]
[{"$nulls":3},"VV","","5*0,5",null,{"v":2.5,"d":"2.500"},{"$nulls":37},"VV","2","2","True","1","ROZPOCET"]
[null,null,"48","K","725112011","Zařízení záchodů klozety keramické standardní samostatně stojící s plochým splachováním odpad vodorovný","soubor",{"v":1,"d":"1.000"},{"v":4002.34,"d":"4,002.34"},{"$f":"ROUND(I293*H293,2)","v":{"v":4002.34,"d":"4,002.34"}},"CS ÚRS 2025 01",null,"","základní",null,{"$f":"O293*H293","v":{"v":0,"d":"0.00000"}},0.01387,{"$f":"Q293*H293","v":0.01387},{"v":0,"d":"0.00000"},{"$f":"S293*H293","v":{"v":0,"d":"0.00000"}},{"$nulls":23},"16",null,"K","2",{"$nulls":3},"ROZPOCET",{"$nulls":5},{"$f":"IF(N293=\"základní\",J293,0)","v":{"v":4002.34,"d":"4,002.34"}},{"$f":"IF(N293=\"snížená\",J293,0)","v":{"v":0,"d":"0.00"}},{"$f":"IF(N293=\"zákl. přenesená\",J293,0)","v":{"v":0,"d":"0.00"}},{"$f":"IF(N293=\"sníž. přenesená\",J293,0)","v":{"v":0,"d":"0.00"}},{"$f":"IF(N293=\"nulová\",J293,0)","v":{"v":0,"d":"0.00"}},"1",{"$f":"ROUND(I293*H293,2)","v":{"v":4002.34,"d":"4,002.34"}},"16","-305216758"]
[{"$nulls":3},"Online PSC",null,"https://podminky.urs.cz/item/CS_URS_2025_01/725112011",{"$nulls":39},"Online PSC","2"]
[null,null,"49","K","725291650","Montáž doplňků zařízení koupelen a záchodů toaletní desky rovné","kus",{"v":1,"d":"1.000"},207.18,{"$f":"ROUND(I295*H295,2)","v":207.18},"CS ÚRS 2025 01",null,"","základní",null,{"$f":"O295*H295","v":{"v":0,"d":"0.00000"}},{"v":0,"d":"0.00000"},{"$f":"Q295*H295","v":{"v":0,"d":"0.00000"}},{"v":0,"d":"0.00000"},{"$f":"S295*H295","v":{"v":0,"d":"0.00000"}},{"$nulls":23},"16",null,"K","2",{"$nulls":3},"ROZPOCET",{"$nulls":5},{"$f":"IF(N295=\"základní\",J295,0)","v":207.18},{"$f":"IF(N295=\"snížená\",J295,0)","v":{"v":0,"d":"0.00"}},{"$f":"IF(N295=\"zákl. přenesená\",J295,0)","v":{"v":0,"d":"0.00"}},{"$f":"IF(N295=\"sníž. přenesená\",J295,0)","v":{"v":0,"d":"0.00"}},{"$f":"IF(N295=\"nulová\",J295,0)","v":{"v":0,"d":"0.00"}},"1",{"$f":"ROUND(I295*H295,2)","v":207.18},"16","993927515"]
[{"$nulls":3},"Online PSC",null,"https://podminky.urs.cz/item/CS_URS_2025_01/725291650",{"$nulls":39},"Online PSC","2"]
[null,null,"50","M","64294623","deska bílá z duroplastu s pomalým sklápěním","kus",{"v":1,"d":"1.000"},{"v":1129.98,"d":"1,129.98"},{"$f":"ROUND(I297*H297,2)","v":{"v":1129.98,"d":"1,129.98"}},"CS ÚRS 2025 01",null,"","základní",null,{"$f":"O297*H297","v":{"v":0,"d":"0.00000"}},{"v":0.0024,"d":"0.00240"},{"$f":"Q297*H297","v":{"v":0.0024,"d":"0.00240"}},{"v":0,"d":"0.00000"},{"$f":"S297*H297","v":{"v":0,"d":"0.00000"}},{"$nulls":23},"32",null,"M","2",{"$nulls":3},"ROZPOCET",{"$nulls":5},{"$f":"IF(N297=\"základní\",J297,0)","v":{"v":1129.98,"d":"1,129.98"}},{"$f":"IF(N297=\"snížená\",J297,0)","v":{"v":0,"d":"0.00"}},{"$f":"IF(N297=\"zákl. přenesená\",J297,0)","v":{"v":0,"d":"0.00"}},{"$f":"IF(N297=\"sníž. přenesená\",J297,0)","v":{"v":0,"d":"0.00"}},{"$f":"IF(N297=\"nulová\",J297,0)","v":{"v":0,"d":"0.00"}},"1",{"$f":"ROUND(I297*H297,2)","v":{"v":1129.98,"d":"1,129.98"}},"16","1993374614"]
[null,null,"51","K","725241901","Sprchové vaničky montáž sprchových vaniček","soubor",{"v":1,"d":"1.000"},{"v":2448.49,"d":"2,448.49"},{"$f":"ROUND(I298*H298,2)","v":{"v":2448.49,"d":"2,448.49"}},"CS ÚRS 2025 01",null,"","základní",null,{"$f":"O298*H298","v":{"v":0,"d":"0.00000"}},0.00583,{"$f":"Q298*H298","v":0.00583},{"v":0,"d":"0.00000"},{"$f":"S298*H298","v":{"v":0,"d":"0.00000"}},{"$nulls":23},"16",null,"K","2",{"$nulls":3},"ROZPOCET",{"$nulls":5},{"$f":"IF(N298=\"základní\",J298,0)","v":{"v":2448.49,"d":"2,448.49"}},{"$f":"IF(N298=\"snížená\",J298,0)","v":{"v":0,"d":"0.00"}},{"$f":"IF(N298=\"zákl. přenesená\",J298,0)","v":{"v":0,"d":"0.00"}},{"$f":"IF(N298=\"sníž. přenesená\",J298,0)","v":{"v":0,"d":"0.00"}},{"$f":"IF(N298=\"nulová\",J298,0)","v":{"v":0,"d":"0.00"}},"1",{"$f":"ROUND(I298*H298,2)","v":{"v":2448.49,"d":"2,448.49"}},"16","2029854859"]
[{"$nulls":3},"Online PSC",null,"https://podminky.urs.cz/item/CS_URS_2025_01/725241901",{"$nulls":39},"Online PSC","2"]
[null,null,"52","M","55423024R","vanička sprchová akrylátová samonosná bílá 900x750x185mm","kus",{"v":1,"d":"1.000"},{"v":4468.5,"d":"4,468.50"},{"$f":"ROUND(I300*H300,2)","v":{"v":4468.5,"d":"4,468.50"}},"vlastní",null,"","základní",null,{"$f":"O300*H300","v":{"v":0,"d":"0.00000"}},{"v":0.013,"d":"0.01300"},{"$f":"Q300*H300","v":{"v":0.013,"d":"0.01300"}},{"v":0,"d":"0.00000"},{"$f":"S300*H300","v":{"v":0,"d":"0.00000"}},{"$nulls":23},"32",null,"M","2",{"$nulls":3},"ROZPOCET",{"$nulls":5},{"$f":"IF(N300=\"základní\",J300,0)","v":{"v":4468.5,"d":"4,468.50"}},{"$f":"IF(N300=\"snížená\",J300,0)","v":{"v":0,"d":"0.00"}},{"$f":"IF(N300=\"zákl. přenesená\",J300,0)","v":{"v":0,"d":"0.00"}},{"$f":"IF(N300=\"sníž. přenesená\",J300,0)","v":{"v":0,"d":"0.00"}},{"$f":"IF(N300=\"nulová\",J300,0)","v":{"v":0,"d":"0.00"}},"1",{"$f":"ROUND(I300*H300,2)","v":{"v":4468.5,"d":"4,468.50"}},"16","-189771087"]
[null,null,"53","K","72586550R","Zápachové uzávěrky zařizovacích předmětů odpadní soupravy se zápachovou uzávěrkou sprchové vaničky","kus",{"v":1,"d":"1.000"},800.47,{"$f":"ROUND(I301*H301,2)","v":800.47},"vlastní",null,"","základní",null,{"$f":"O301*H301","v":{"v":0,"d":"0.00000"}},0.00285,{"$f":"Q301*H301","v":0.00285},{"v":0,"d":"0.00000"},{"$f":"S301*H301","v":{"v":0,"d":"0.00000"}},{"$nulls":23},"16",null,"K","2",{"$nulls":3},"ROZPOCET",{"$nulls":5},{"$f":"IF(N301=\"základní\",J301,0)","v":800.47},{"$f":"IF(N301=\"snížená\",J301,0)","v":{"v":0,"d":"0.00"}},{"$f":"IF(N301=\"zákl. přenesená\",J301,0)","v":{"v":0,"d":"0.00"}},{"$f":"IF(N301=\"sníž. přenesená\",J301,0)","v":{"v":0,"d":"0.00"}},{"$f":"IF(N301=\"nulová\",J301,0)","v":{"v":0,"d":"0.00"}},"1",{"$f":"ROUND(I301*H301,2)","v":800.47},"16","1565311296"]
[null,null,"54","K","725244103","Sprchové dveře a zástěny dveře sprchové do niky rámové se skleněnou výplní tl. 5 mm otvíravé jednokřídlové, na vaničku šířky 900 mm","soubor",{"v":1,"d":"1.000"},{"v":7062.96,"d":"7,062.96"},{"$f":"ROUND(I302*H302,2)","v":{"v":7062.96,"d":"7,062.96"}},"CS ÚRS 2025 01",null,"","základní",null,{"$f":"O302*H302","v":{"v":0,"d":"0.00000"}},{"v":0.0201,"d":"0.02010"},{"$f":"Q302*H302","v":{"v":0.0201,"d":"0.02010"}},{"v":0,"d":"0.00000"},{"$f":"S302*H302","v":{"v":0,"d":"0.00000"}},{"$nulls":23},"16",null,"K","2",{"$nulls":3},"ROZPOCET",{"$nulls":5},{"$f":"IF(N302=\"základní\",J302,0)","v":{"v":7062.96,"d":"7,062.96"}},{"$f":"IF(N302=\"snížená\",J302,0)","v":{"v":0,"d":"0.00"}},{"$f":"IF(N302=\"zákl. přenesená\",J302,0)","v":{"v":0,"d":"0.00"}},{"$f":"IF(N302=\"sníž. přenesená\",J302,0)","v":{"v":0,"d":"0.00"}},{"$f":"IF(N302=\"nulová\",J302,0)","v":{"v":0,"d":"0.00"}},"1",{"$f":"ROUND(I302*H302,2)","v":{"v":7062.96,"d":"7,062.96"}},"16","795755241"]
[{"$nulls":3},"Online PSC",null,"https://podminky.urs.cz/item/CS_URS_2025_01/725244103",{"$nulls":39},"Online PSC","2"]
[null,null,"55","K","725841322R","Baterie sprchová nástěnná se sprchovým setem s roztečí 150 mm - chrom","soubor",{"v":1,"d":"1.000"},{"v":1638.71,"d":"1,638.71"},{"$f":"ROUND(I304*H304,2)","v":{"v":1638.71,"d":"1,638.71"}},"vlastní",null,"","základní",null,{"$f":"O304*H304","v":{"v":0,"d":"0.00000"}},{"v":2.14E-3,"d":"0.00214"},{"$f":"Q304*H304","v":{"v":2.14E-3,"d":"0.00214"}},{"v":0,"d":"0.00000"},{"$f":"S304*H304","v":{"v":0,"d":"0.00000"}},{"$nulls":23},"16",null,"K","2",{"$nulls":3},"ROZPOCET",{"$nulls":5},{"$f":"IF(N304=\"základní\",J304,0)","v":{"v":1638.71,"d":"1,638.71"}},{"$f":"IF(N304=\"snížená\",J304,0)","v":{"v":0,"d":"0.00"}},{"$f":"IF(N304=\"zákl. přenesená\",J304,0)","v":{"v":0,"d":"0.00"}},{"$f":"IF(N304=\"sníž. přenesená\",J304,0)","v":{"v":0,"d":"0.00"}},{"$f":"IF(N304=\"nulová\",J304,0)","v":{"v":0,"d":"0.00"}},"1",{"$f":"ROUND(I304*H304,2)","v":{"v":1638.71,"d":"1,638.71"}},"16","-767835850"]
[null,null,"56","K","725211661R","Umyvadlo keramické bílé zápustné šířky 560 mm připevněné do desky včetně přepadu","soubor",{"v":2,"d":"2.000"},{"v":2683.92,"d":"2,683.92"},{"$f":"ROUND(I305*H305,2)","v":{"v":5367.84,"d":"5,367.84"}},"vlastní",null,"","základní",null,{"$f":"O305*H305","v":{"v":0,"d":"0.00000"}},0.01046,{"$f":"Q305*H305","v":0.02092},{"v":0,"d":"0.00000"},{"$f":"S305*H305","v":{"v":0,"d":"0.00000"}},{"$nulls":23},"16",null,"K","2",{"$nulls":3},"ROZPOCET",{"$nulls":5},{"$f":"IF(N305=\"základní\",J305,0)","v":{"v":5367.84,"d":"5,367.84"}},{"$f":"IF(N305=\"snížená\",J305,0)","v":{"v":0,"d":"0.00"}},{"$f":"IF(N305=\"zákl. přenesená\",J305,0)","v":{"v":0,"d":"0.00"}},{"$f":"IF(N305=\"sníž. přenesená\",J305,0)","v":{"v":0,"d":"0.00"}},{"$f":"IF(N305=\"nulová\",J305,0)","v":{"v":0,"d":"0.00"}},"1",{"$f":"ROUND(I305*H305,2)","v":{"v":5367.84,"d":"5,367.84"}},"16","31809193"]
[null,null,"57","K","725865501","Zápachové uzávěrky zařizovacích předmětů odpadní soupravy se zápachovou uzávěrkou DN 40/50","kus",{"v":2,"d":"2.000"},725.13,{"$f":"ROUND(I306*H306,2)","v":{"v":1450.26,"d":"1,450.26"}},"CS ÚRS 2025 01",null,"","základní",null,{"$f":"O306*H306","v":{"v":0,"d":"0.00000"}},0.00128,{"$f":"Q306*H306","v":0.00256},{"v":0,"d":"0.00000"},{"$f":"S306*H306","v":{"v":0,"d":"0.00000"}},{"$nulls":23},"16",null,"K","2",{"$nulls":3},"ROZPOCET",{"$nulls":5},{"$f":"IF(N306=\"základní\",J306,0)","v":{"v":1450.26,"d":"1,450.26"}},{"$f":"IF(N306=\"snížená\",J306,0)","v":{"v":0,"d":"0.00"}},{"$f":"IF(N306=\"zákl. přenesená\",J306,0)","v":{"v":0,"d":"0.00"}},{"$f":"IF(N306=\"sníž. přenesená\",J306,0)","v":{"v":0,"d":"0.00"}},{"$f":"IF(N306=\"nulová\",J306,0)","v":{"v":0,"d":"0.00"}},"1",{"$f":"ROUND(I306*H306,2)","v":{"v":1450.26,"d":"1,450.26"}},"16","-895291148"]
[{"$nulls":3},"Online PSC",null,"https://podminky.urs.cz/item/CS_URS_2025_01/725865501",{"$nulls":39},"Online PSC","2"]
[{"$nulls":3},"VV","","\"chrom\"",null,"",{"$nulls":37},"VV","2","1","True","0","ROZPOCET"]
[{"$nulls":3},"VV","","2",null,{"v":2,"d":"2.000"},{"$nulls":37},"VV","2","2","True","1","ROZPOCET"]
[null,null,"58","K","725822611","Baterie umyvadlová stojánková páková bez výpusti - chrom","soubor",{"v":2,"d":"2.000"},{"v":1695.11,"d":"1,695.11"},{"$f":"ROUND(I310*H310,2)","v":{"v":3390.22,"d":"3,390.22"}},"CS ÚRS 2025 01",null,"","základní",null,{"$f":"O310*H310","v":{"v":0,"d":"0.00000"}},{"v":1.8E-3,"d":"0.00180"},{"$f":"Q310*H310","v":{"v":0.0036,"d":"0.00360"}},{"v":0,"d":"0.00000"},{"$f":"S310*H310","v":{"v":0,"d":"0.00000"}},{"$nulls":23},"16",null,"K","2",{"$nulls":3},"ROZPOCET",{"$nulls":5},{"$f":"IF(N310=\"základní\",J310,0)","v":{"v":3390.22,"d":"3,390.22"}},{"$f":"IF(N310=\"snížená\",J310,0)","v":{"v":0,"d":"0.00"}},{"$f":"IF(N310=\"zákl. přenesená\",J310,0)","v":{"v":0,"d":"0.00"}},{"$f":"IF(N310=\"sníž. přenesená\",J310,0)","v":{"v":0,"d":"0.00"}},{"$f":"IF(N310=\"nulová\",J310,0)","v":{"v":0,"d":"0.00"}},"1",{"$f":"ROUND(I310*H310,2)","v":{"v":3390.22,"d":"3,390.22"}},"16","1367580556"]
[{"$nulls":3},"Online PSC",null,"https://podminky.urs.cz/item/CS_URS_2025_01/725822611",{"$nulls":39},"Online PSC","2"]
[null,null,"59","K","998725103","Přesun hmot pro zařizovací předměty stanovený z hmotnosti přesunovaného materiálu vodorovná dopravní vzdálenost do 50 m základní v objektech výšky přes 12 do 24 m","t",0.089,{"v":1271.33,"d":"1,271.33"},{"$f":"ROUND(I312*H312,2)","v":113.15},"CS ÚRS 2025 01",null,"","základní",null,{"$f":"O312*H312","v":{"v":0,"d":"0.00000"}},{"v":0,"d":"0.00000"},{"$f":"Q312*H312","v":{"v":0,"d":"0.00000"}},{"v":0,"d":"0.00000"},{"$f":"S312*H312","v":{"v":0,"d":"0.00000"}},{"$nulls":23},"16",null,"K","2",{"$nulls":3},"ROZPOCET",{"$nulls":5},{"$f":"IF(N312=\"základní\",J312,0)","v":113.15},{"$f":"IF(N312=\"snížená\",J312,0)","v":{"v":0,"d":"0.00"}},{"$f":"IF(N312=\"zákl. přenesená\",J312,0)","v":{"v":0,"d":"0.00"}},{"$f":"IF(N312=\"sníž. přenesená\",J312,0)","v":{"v":0,"d":"0.00"}},{"$f":"IF(N312=\"nulová\",J312,0)","v":{"v":0,"d":"0.00"}},"1",{"$f":"ROUND(I312*H312,2)","v":113.15},"16","-1178815574"]
[{"$nulls":3},"Online PSC",null,"https://podminky.urs.cz/item/CS_URS_2025_01/998725103",{"$nulls":39},"Online PSC","2"]
[{"$nulls":3},"D","741","Elektroinstalace - silnoproud",{"$nulls":3},{"$f":"BK314","v":{"v":6690.61,"d":"6,690.61"}},{"$nulls":5},{"$f":"SUM(P315:P365)","v":{"v":0,"d":"0.00000"}},null,{"$f":"SUM(R315:R365)","v":0.00204},null,{"$f":"SUM(T315:T365)","v":{"v":0.0083,"d":"0.00830"}},{"$nulls":23},"2",null,"D","1",{"$nulls":3},"ROZPOCET",{"$nulls":11},{"$f":"SUM(BK315:BK365)","v":{"v":6690.61,"d":"6,690.61"}}]
[null,null,"60","K","74131180R","Demontáž spínačů nástěnných normálních vnitřních","kus",{"v":5,"d":"5.000"},55.56,{"$f":"ROUND(I315*H315,2)","v":{"v":277.8,"d":"277.80"}},"vlastní",null,"","základní",null,{"$f":"O315*H315","v":{"v":0,"d":"0.00000"}},{"v":0,"d":"0.00000"},{"$f":"Q315*H315","v":{"v":0,"d":"0.00000"}},{"v":5e-05,"d":"0.00005"},{"$f":"S315*H315","v":0.00025},{"$nulls":23},"16",null,"K","2",{"$nulls":3},"ROZPOCET",{"$nulls":5},{"$f":"IF(N315=\"základní\",J315,0)","v":{"v":277.8,"d":"277.80"}},{"$f":"IF(N315=\"snížená\",J315,0)","v":{"v":0,"d":"0.00"}},{"$f":"IF(N315=\"zákl. přenesená\",J315,0)","v":{"v":0,"d":"0.00"}},{"$f":"IF(N315=\"sníž. přenesená\",J315,0)","v":{"v":0,"d":"0.00"}},{"$f":"IF(N315=\"nulová\",J315,0)","v":{"v":0,"d":"0.00"}},"1",{"$f":"ROUND(I315*H315,2)","v":{"v":277.8,"d":"277.80"}},"16","-1574855798"]
[{"$nulls":3},"VV","","\"spínače, tlačítka ventilátorů\"",null,"",{"$nulls":37},"VV","2","1","True","0","ROZPOCET"]
[{"$nulls":3},"VV","","\"prostor umyvadel\"",null,"",{"$nulls":37},"VV","2","1","True","0","ROZPOCET"]
[{"$nulls":3},"VV","","1",null,{"v":1,"d":"1.000"},{"$nulls":37},"VV","2","2","True","0","ROZPOCET"]
[{"$nulls":3},"VV","","\"sprcha\"",null,"",{"$nulls":37},"VV","2","1","True","0","ROZPOCET"]
[{"$nulls":3},"VV","","2",null,{"v":2,"d":"2.000"},{"$nulls":37},"VV","2","2","True","0","ROZPOCET"]
[{"$nulls":3},"VV","","\"WC\"",null,"",{"$nulls":37},"VV","2","1","True","0","ROZPOCET"]
[{"$nulls":3},"VV","","2",null,{"v":2,"d":"2.000"},{"$nulls":37},"VV","2","2","True","0","ROZPOCET"]
[{"$nulls":3},"VV","","Součet",null,{"v":5,"d":"5.000"},{"$nulls":37},"VV","2","4","True","1","ROZPOCET"]
[null,null,"61","K","74131582R","Demontáž zásuvek domovních normální prostředí šroubových bez zachování funkčnosti","kus",{"v":1,"d":"1.000"},55.56,{"$f":"ROUND(I324*H324,2)","v":55.56},"vlastní",null,"","základní",null,{"$f":"O324*H324","v":{"v":0,"d":"0.00000"}},{"v":0,"d":"0.00000"},{"$f":"Q324*H324","v":{"v":0,"d":"0.00000"}},{"v":5e-05,"d":"0.00005"},{"$f":"S324*H324","v":{"v":5e-05,"d":"0.00005"}},{"$nulls":23},"16",null,"K","2",{"$nulls":3},"ROZPOCET",{"$nulls":5},{"$f":"IF(N324=\"základní\",J324,0)","v":55.56},{"$f":"IF(N324=\"snížená\",J324,0)","v":{"v":0,"d":"0.00"}},{"$f":"IF(N324=\"zákl. přenesená\",J324,0)","v":{"v":0,"d":"0.00"}},{"$f":"IF(N324=\"sníž. přenesená\",J324,0)","v":{"v":0,"d":"0.00"}},{"$f":"IF(N324=\"nulová\",J324,0)","v":{"v":0,"d":"0.00"}},"1",{"$f":"ROUND(I324*H324,2)","v":55.56},"16","-1075994714"]
[{"$nulls":3},"VV","","\"prostor umyvadel\"",null,"",{"$nulls":37},"VV","2","1","True","0","ROZPOCET"]
[{"$nulls":3},"VV","","1",null,{"v":1,"d":"1.000"},{"$nulls":37},"VV","2","2","True","1","ROZPOCET"]
[null,null,"62","K","741371813","Demontáž svítidel bez zachování funkčnosti (do suti) interiérových modulového systému bodových nastavitelných","kus",{"v":4,"d":"4.000"},93.23,{"$f":"ROUND(I327*H327,2)","v":372.92},"CS ÚRS 2025 01",null,"","základní",null,{"$f":"O327*H327","v":{"v":0,"d":"0.00000"}},{"v":0,"d":"0.00000"},{"$f":"Q327*H327","v":{"v":0,"d":"0.00000"}},{"v":2E-3,"d":"0.00200"},{"$f":"S327*H327","v":{"v":0.008,"d":"0.00800"}},{"$nulls":23},"16",null,"K","2",{"$nulls":3},"ROZPOCET",{"$nulls":5},{"$f":"IF(N327=\"základní\",J327,0)","v":372.92},{"$f":"IF(N327=\"snížená\",J327,0)","v":{"v":0,"d":"0.00"}},{"$f":"IF(N327=\"zákl. přenesená\",J327,0)","v":{"v":0,"d":"0.00"}},{"$f":"IF(N327=\"sníž. přenesená\",J327,0)","v":{"v":0,"d":"0.00"}},{"$f":"IF(N327=\"nulová\",J327,0)","v":{"v":0,"d":"0.00"}},"1",{"$f":"ROUND(I327*H327,2)","v":372.92},"16","-771045298"]
[{"$nulls":3},"Online PSC",null,"https://podminky.urs.cz/item/CS_URS_2025_01/741371813",{"$nulls":39},"Online PSC","2"]
[{"$nulls":3},"VV","","\"prostor umyvadel\"",null,"",{"$nulls":37},"VV","2","1","True","0","ROZPOCET"]
[{"$nulls":3},"VV","","2",null,{"v":2,"d":"2.000"},{"$nulls":37},"VV","2","2","True","0","ROZPOCET"]
[{"$nulls":3},"VV","","\"sprcha\"",null,"",{"$nulls":37},"VV","2","1","True","0","ROZPOCET"]
[{"$nulls":3},"VV","","1",null,{"v":1,"d":"1.000"},{"$nulls":37},"VV","2","2","True","0","ROZPOCET"]
[{"$nulls":3},"VV","","\"WC\"",null,"",{"$nulls":37},"VV","2","1","True","0","ROZPOCET"]
[{"$nulls":3},"VV","","1",null,{"v":1,"d":"1.000"},{"$nulls":37},"VV","2","2","True","0","ROZPOCET"]
[{"$nulls":3},"VV","","Součet",null,{"v":4,"d":"4.000"},{"$nulls":37},"VV","2","4","True","1","ROZPOCET"]
[null,null,"63","K","741372012","Montáž svítidel s integrovaným zdrojem LED se zapojením vodičů interiérových přisazených nástěnných reflektorových bez pohybového čidla","kus",{"v":4,"d":"4.000"},{"v":329.6,"d":"329.60"},{"$f":"ROUND(I336*H336,2)","v":{"v":1318.4,"d":"1,318.40"}},"CS ÚRS 2025 01",null,"","základní",null,{"$f":"O336*H336","v":{"v":0,"d":"0.00000"}},{"v":0,"d":"0.00000"},{"$f":"Q336*H336","v":{"v":0,"d":"0.00000"}},{"v":0,"d":"0.00000"},{"$f":"S336*H336","v":{"v":0,"d":"0.00000"}},{"$nulls":23},"16",null,"K","2",{"$nulls":3},"ROZPOCET",{"$nulls":5},{"$f":"IF(N336=\"základní\",J336,0)","v":{"v":1318.4,"d":"1,318.40"}},{"$f":"IF(N336=\"snížená\",J336,0)","v":{"v":0,"d":"0.00"}},{"$f":"IF(N336=\"zákl. přenesená\",J336,0)","v":{"v":0,"d":"0.00"}},{"$f":"IF(N336=\"sníž. přenesená\",J336,0)","v":{"v":0,"d":"0.00"}},{"$f":"IF(N336=\"nulová\",J336,0)","v":{"v":0,"d":"0.00"}},"1",{"$f":"ROUND(I336*H336,2)","v":{"v":1318.4,"d":"1,318.40"}},"16","-1837774067"]
[{"$nulls":3},"Online PSC",null,"https://podminky.urs.cz/item/CS_URS_2025_01/741372012",{"$nulls":39},"Online PSC","2"]
[null,null,"64","M","34835008R","LED svítidlo nástěnné, vhodné do koupelny, IP ochrana: krytí IP44, výkon 5-9 W, světelný tok 400-800 lm","kus",{"v":4,"d":"4.000"},531.32,{"$f":"ROUND(I338*H338,2)","v":{"v":2125.28,"d":"2,125.28"}},"vlastní",null,"","základní",null,{"$f":"O338*H338","v":{"v":0,"d":"0.00000"}},0.00034,{"$f":"Q338*H338","v":0.00136},{"v":0,"d":"0.00000"},{"$f":"S338*H338","v":{"v":0,"d":"0.00000"}},{"$nulls":23},"32",null,"M","2",{"$nulls":3},"ROZPOCET",{"$nulls":5},{"$f":"IF(N338=\"základní\",J338,0)","v":{"v":2125.28,"d":"2,125.28"}},{"$f":"IF(N338=\"snížená\",J338,0)","v":{"v":0,"d":"0.00"}},{"$f":"IF(N338=\"zákl. přenesená\",J338,0)","v":{"v":0,"d":"0.00"}},{"$f":"IF(N338=\"sníž. přenesená\",J338,0)","v":{"v":0,"d":"0.00"}},{"$f":"IF(N338=\"nulová\",J338,0)","v":{"v":0,"d":"0.00"}},"1",{"$f":"ROUND(I338*H338,2)","v":{"v":2125.28,"d":"2,125.28"}},"16","277047188"]
[null,null,"65","K","741313043","Montáž zásuvek domovních se zapojením vodičů šroubové připojení polozapuštěných nebo zapuštěných 10/16 A, provedení 2x (2P + PE) dvojnásobná","kus",{"v":1,"d":"1.000"},169.51,{"$f":"ROUND(I339*H339,2)","v":169.51},"CS ÚRS 2025 01",null,"","základní",null,{"$f":"O339*H339","v":{"v":0,"d":"0.00000"}},{"v":0,"d":"0.00000"},{"$f":"Q339*H339","v":{"v":0,"d":"0.00000"}},{"v":0,"d":"0.00000"},{"$f":"S339*H339","v":{"v":0,"d":"0.00000"}},{"$nulls":23},"16",null,"K","2",{"$nulls":3},"ROZPOCET",{"$nulls":5},{"$f":"IF(N339=\"základní\",J339,0)","v":169.51},{"$f":"IF(N339=\"snížená\",J339,0)","v":{"v":0,"d":"0.00"}},{"$f":"IF(N339=\"zákl. přenesená\",J339,0)","v":{"v":0,"d":"0.00"}},{"$f":"IF(N339=\"sníž. přenesená\",J339,0)","v":{"v":0,"d":"0.00"}},{"$f":"IF(N339=\"nulová\",J339,0)","v":{"v":0,"d":"0.00"}},"1",{"$f":"ROUND(I339*H339,2)","v":169.51},"16","1582548898"]
[{"$nulls":3},"Online PSC",null,"https://podminky.urs.cz/item/CS_URS_2025_01/741313043",{"$nulls":39},"Online PSC","2"]
[null,null,"66","M","34555201","zásuvka zápustná dvojnásobná chráněná, šroubové svorky","kus",{"v":1,"d":"1.000"},176.29,{"$f":"ROUND(I341*H341,2)","v":176.29},"CS ÚRS 2025 01",null,"","základní",null,{"$f":"O341*H341","v":{"v":0,"d":"0.00000"}},{"v":9e-05,"d":"0.00009"},{"$f":"Q341*H341","v":{"v":9e-05,"d":"0.00009"}},{"v":0,"d":"0.00000"},{"$f":"S341*H341","v":{"v":0,"d":"0.00000"}},{"$nulls":23},"32",null,"M","2",{"$nulls":3},"ROZPOCET",{"$nulls":5},{"$f":"IF(N341=\"základní\",J341,0)","v":176.29},{"$f":"IF(N341=\"snížená\",J341,0)","v":{"v":0,"d":"0.00"}},{"$f":"IF(N341=\"zákl. přenesená\",J341,0)","v":{"v":0,"d":"0.00"}},{"$f":"IF(N341=\"sníž. přenesená\",J341,0)","v":{"v":0,"d":"0.00"}},{"$f":"IF(N341=\"nulová\",J341,0)","v":{"v":0,"d":"0.00"}},"1",{"$f":"ROUND(I341*H341,2)","v":176.29},"16","-1242238877"]
[null,null,"67","K","741310251","Montáž spínačů jedno nebo dvoupólových polozapuštěných nebo zapuštěných se zapojením vodičů šroubové připojení, pro prostředí venkovní nebo mokré spínačů, řazení 1-jednopólových","kus",{"v":3,"d":"3.000"},184.58,{"$f":"ROUND(I342*H342,2)","v":553.74},"CS ÚRS 2025 01",null,"","základní",null,{"$f":"O342*H342","v":{"v":0,"d":"0.00000"}},{"v":0,"d":"0.00000"},{"$f":"Q342*H342","v":{"v":0,"d":"0.00000"}},{"v":0,"d":"0.00000"},{"$f":"S342*H342","v":{"v":0,"d":"0.00000"}},{"$nulls":23},"16",null,"K","2",{"$nulls":3},"ROZPOCET",{"$nulls":5},{"$f":"IF(N342=\"základní\",J342,0)","v":553.74},{"$f":"IF(N342=\"snížená\",J342,0)","v":{"v":0,"d":"0.00"}},{"$f":"IF(N342=\"zákl. přenesená\",J342,0)","v":{"v":0,"d":"0.00"}},{"$f":"IF(N342=\"sníž. přenesená\",J342,0)","v":{"v":0,"d":"0.00"}},{"$f":"IF(N342=\"nulová\",J342,0)","v":{"v":0,"d":"0.00"}},"1",{"$f":"ROUND(I342*H342,2)","v":553.74},"16","659521631"]
[{"$nulls":3},"Online PSC",null,"https://podminky.urs.cz/item/CS_URS_2025_01/741310251",{"$nulls":39},"Online PSC","2"]
[{"$nulls":3},"VV","","\"spínač osvětlení včetně montáže rámečku a krytu\"",null,"",{"$nulls":37},"VV","2","1","True","0","ROZPOCET"]
[{"$nulls":3},"VV","","\"prostor umyvadel\"",null,"",{"$nulls":37},"VV","2","1","True","0","ROZPOCET"]
[{"$nulls":3},"VV","","1",null,{"v":1,"d":"1.000"},{"$nulls":37},"VV","2","2","True","0","ROZPOCET"]
[{"$nulls":3},"VV","","\"sprcha\"",null,"",{"$nulls":37},"VV","2","1","True","0","ROZPOCET"]
[{"$nulls":3},"VV","","1",null,{"v":1,"d":"1.000"},{"$nulls":37},"VV","2","2","True","0","ROZPOCET"]
[{"$nulls":3},"VV","","\"WC\"",null,"",{"$nulls":37},"VV","2","1","True","0","ROZPOCET"]
[{"$nulls":3},"VV","","1",null,{"v":1,"d":"1.000"},{"$nulls":37},"VV","2","2","True","0","ROZPOCET"]
[{"$nulls":3},"VV","","Součet",null,{"v":3,"d":"3.000"},{"$nulls":37},"VV","2","4","True","1","ROZPOCET"]
[null,null,"68","M","34535025","přístroj spínače zápustného jednopólového, s krytem, řazení 1, IP44, šroubové svorky, bílý","kus",{"v":3,"d":"3.000"},140.67,{"$f":"ROUND(I352*H352,2)","v":422.01},"CS ÚRS 2025 01",null,"","základní",null,{"$f":"O352*H352","v":{"v":0,"d":"0.00000"}},{"v":8e-05,"d":"0.00008"},{"$f":"Q352*H352","v":{"v":2.4000000000000003E-4,"d":"0.00024"}},{"v":0,"d":"0.00000"},{"$f":"S352*H352","v":{"v":0,"d":"0.00000"}},{"$nulls":23},"32",null,"M","2",{"$nulls":3},"ROZPOCET",{"$nulls":5},{"$f":"IF(N352=\"základní\",J352,0)","v":422.01},{"$f":"IF(N352=\"snížená\",J352,0)","v":{"v":0,"d":"0.00"}},{"$f":"IF(N352=\"zákl. přenesená\",J352,0)","v":{"v":0,"d":"0.00"}},{"$f":"IF(N352=\"sníž. přenesená\",J352,0)","v":{"v":0,"d":"0.00"}},{"$f":"IF(N352=\"nulová\",J352,0)","v":{"v":0,"d":"0.00"}},"1",{"$f":"ROUND(I352*H352,2)","v":422.01},"16","1309406907"]
[null,null,"69","M","34535013","přístroj přepínače sériového zápustného, s krytem, řazení 5, IP44, šroubové svorky","kus",{"v":3,"d":"3.000"},210.08,{"$f":"ROUND(I353*H353,2)","v":630.24},"CS ÚRS 2025 01",null,"","základní",null,{"$f":"O353*H353","v":{"v":0,"d":"0.00000"}},{"v":8e-05,"d":"0.00008"},{"$f":"Q353*H353","v":{"v":2.4000000000000003E-4,"d":"0.00024"}},{"v":0,"d":"0.00000"},{"$f":"S353*H353","v":{"v":0,"d":"0.00000"}},{"$nulls":23},"32",null,"M","2",{"$nulls":3},"ROZPOCET",{"$nulls":5},{"$f":"IF(N353=\"základní\",J353,0)","v":630.24},{"$f":"IF(N353=\"snížená\",J353,0)","v":{"v":0,"d":"0.00"}},{"$f":"IF(N353=\"zákl. přenesená\",J353,0)","v":{"v":0,"d":"0.00"}},{"$f":"IF(N353=\"sníž. přenesená\",J353,0)","v":{"v":0,"d":"0.00"}},{"$f":"IF(N353=\"nulová\",J353,0)","v":{"v":0,"d":"0.00"}},"1",{"$f":"ROUND(I353*H353,2)","v":630.24},"16","1198668523"]
[null,null,"70","M","34539059","rámeček jednonásobný, bílý","kus",{"v":3,"d":"3.000"},22.04,{"$f":"ROUND(I354*H354,2)","v":66.12},"CS ÚRS 2025 01",null,"","základní",null,{"$f":"O354*H354","v":{"v":0,"d":"0.00000"}},{"v":1e-05,"d":"0.00001"},{"$f":"Q354*H354","v":{"v":3.0000000000000004E-5,"d":"0.00003"}},{"v":0,"d":"0.00000"},{"$f":"S354*H354","v":{"v":0,"d":"0.00000"}},{"$nulls":23},"32",null,"M","2",{"$nulls":3},"ROZPOCET",{"$nulls":5},{"$f":"IF(N354=\"základní\",J354,0)","v":66.12},{"$f":"IF(N354=\"snížená\",J354,0)","v":{"v":0,"d":"0.00"}},{"$f":"IF(N354=\"zákl. přenesená\",J354,0)","v":{"v":0,"d":"0.00"}},{"$f":"IF(N354=\"sníž. přenesená\",J354,0)","v":{"v":0,"d":"0.00"}},{"$f":"IF(N354=\"nulová\",J354,0)","v":{"v":0,"d":"0.00"}},"1",{"$f":"ROUND(I354*H354,2)","v":66.12},"16","1931847663"]
[null,null,"71","K","741310201","Montáž spínačů jedno nebo dvoupólových polozapuštěných nebo zapuštěných se zapojením vodičů šroubové připojení, pro prostředí normální spínačů, řazení 1-jednopólových","kus",{"v":2,"d":"2.000"},169.51,{"$f":"ROUND(I355*H355,2)","v":339.02},"CS ÚRS 2025 01",null,"","základní",null,{"$f":"O355*H355","v":{"v":0,"d":"0.00000"}},{"v":0,"d":"0.00000"},{"$f":"Q355*H355","v":{"v":0,"d":"0.00000"}},{"v":0,"d":"0.00000"},{"$f":"S355*H355","v":{"v":0,"d":"0.00000"}},{"$nulls":23},"16",null,"K","2",{"$nulls":3},"ROZPOCET",{"$nulls":5},{"$f":"IF(N355=\"základní\",J355,0)","v":339.02},{"$f":"IF(N355=\"snížená\",J355,0)","v":{"v":0,"d":"0.00"}},{"$f":"IF(N355=\"zákl. přenesená\",J355,0)","v":{"v":0,"d":"0.00"}},{"$f":"IF(N355=\"sníž. přenesená\",J355,0)","v":{"v":0,"d":"0.00"}},{"$f":"IF(N355=\"nulová\",J355,0)","v":{"v":0,"d":"0.00"}},"1",{"$f":"ROUND(I355*H355,2)","v":339.02},"16","-1121039654"]
[{"$nulls":3},"Online PSC",null,"https://podminky.urs.cz/item/CS_URS_2025_01/741310201",{"$nulls":39},"Online PSC","2"]
[{"$nulls":3},"VV","","\"spínač ventilátorů včetně montáže rámečku a krytu\"",null,"",{"$nulls":37},"VV","2","1","True","0","ROZPOCET"]
[{"$nulls":3},"VV","","\"sprcha\"",null,"",{"$nulls":37},"VV","2","1","True","0","ROZPOCET"]
[{"$nulls":3},"VV","","1",null,{"v":1,"d":"1.000"},{"$nulls":37},"VV","2","2","True","0","ROZPOCET"]
[{"$nulls":3},"VV","","\"WC\"",null,"",{"$nulls":37},"VV","2","1","True","0","ROZPOCET"]
[{"$nulls":3},"VV","","1",null,{"v":1,"d":"1.000"},{"$nulls":37},"VV","2","2","True","0","ROZPOCET"]
[{"$nulls":3},"VV","","Součet",null,{"v":2,"d":"2.000"},{"$nulls":37},"VV","2","4","True","1","ROZPOCET"]
[null,null,"72","M","34535000","spínač kompletní, zápustný, jednopólový, řazení 1, šroubové svorky","kus",{"v":2,"d":"2.000"},90.59,{"$f":"ROUND(I363*H363,2)","v":181.18},"CS ÚRS 2025 01",null,"","základní",null,{"$f":"O363*H363","v":{"v":0,"d":"0.00000"}},{"v":4e-05,"d":"0.00004"},{"$f":"Q363*H363","v":{"v":8e-05,"d":"0.00008"}},{"v":0,"d":"0.00000"},{"$f":"S363*H363","v":{"v":0,"d":"0.00000"}},{"$nulls":23},"32",null,"M","2",{"$nulls":3},"ROZPOCET",{"$nulls":5},{"$f":"IF(N363=\"základní\",J363,0)","v":181.18},{"$f":"IF(N363=\"snížená\",J363,0)","v":{"v":0,"d":"0.00"}},{"$f":"IF(N363=\"zákl. přenesená\",J363,0)","v":{"v":0,"d":"0.00"}},{"$f":"IF(N363=\"sníž. přenesená\",J363,0)","v":{"v":0,"d":"0.00"}},{"$f":"IF(N363=\"nulová\",J363,0)","v":{"v":0,"d":"0.00"}},"1",{"$f":"ROUND(I363*H363,2)","v":181.18},"16","309604022"]
[null,null,"73","K","998741103","Přesun hmot pro silnoproud stanovený z hmotnosti přesunovaného materiálu vodorovná dopravní vzdálenost do 50 m základní v objektech výšky přes 12 do 24 m","t",{"v":2E-3,"d":"0.002"},{"v":1271.33,"d":"1,271.33"},{"$f":"ROUND(I364*H364,2)","v":2.54},"CS ÚRS 2025 01",null,"","základní",null,{"$f":"O364*H364","v":{"v":0,"d":"0.00000"}},{"v":0,"d":"0.00000"},{"$f":"Q364*H364","v":{"v":0,"d":"0.00000"}},{"v":0,"d":"0.00000"},{"$f":"S364*H364","v":{"v":0,"d":"0.00000"}},{"$nulls":23},"16",null,"K","2",{"$nulls":3},"ROZPOCET",{"$nulls":5},{"$f":"IF(N364=\"základní\",J364,0)","v":2.54},{"$f":"IF(N364=\"snížená\",J364,0)","v":{"v":0,"d":"0.00"}},{"$f":"IF(N364=\"zákl. přenesená\",J364,0)","v":{"v":0,"d":"0.00"}},{"$f":"IF(N364=\"sníž. přenesená\",J364,0)","v":{"v":0,"d":"0.00"}},{"$f":"IF(N364=\"nulová\",J364,0)","v":{"v":0,"d":"0.00"}},"1",{"$f":"ROUND(I364*H364,2)","v":2.54},"16","-1547396781"]
[{"$nulls":3},"Online PSC",null,"https://podminky.urs.cz/item/CS_URS_2025_01/998741103",{"$nulls":39},"Online PSC","2"]
[{"$nulls":3},"D","751","Vzduchotechnika",{"$nulls":3},{"$f":"BK366","v":{"v":1391.25,"d":"1,391.25"}},{"$nulls":5},{"$f":"SUM(P367:P382)","v":{"v":0,"d":"0.00000"}},null,{"$f":"SUM(R367:R382)","v":{"v":0.0007,"d":"0.00070"}},null,{"$f":"SUM(T367:T382)","v":{"v":1E-4,"d":"0.00010"}},{"$nulls":23},"2",null,"D","1",{"$nulls":3},"ROZPOCET",{"$nulls":11},{"$f":"SUM(BK367:BK382)","v":{"v":1391.25,"d":"1,391.25"}}]
[null,null,"74","K","751398821.R","Demontáž ostatních zařízení větrací mřížky průřezu do 0,040 m2","kus",{"v":2,"d":"2.000"},226.01,{"$f":"ROUND(I367*H367,2)","v":452.02},"vlastní",null,"","základní",null,{"$f":"O367*H367","v":{"v":0,"d":"0.00000"}},{"v":0,"d":"0.00000"},{"$f":"Q367*H367","v":{"v":0,"d":"0.00000"}},{"v":5e-05,"d":"0.00005"},{"$f":"S367*H367","v":{"v":1E-4,"d":"0.00010"}},{"$nulls":23},"16",null,"K","2",{"$nulls":3},"ROZPOCET",{"$nulls":5},{"$f":"IF(N367=\"základní\",J367,0)","v":452.02},{"$f":"IF(N367=\"snížená\",J367,0)","v":{"v":0,"d":"0.00"}},{"$f":"IF(N367=\"zákl. přenesená\",J367,0)","v":{"v":0,"d":"0.00"}},{"$f":"IF(N367=\"sníž. přenesená\",J367,0)","v":{"v":0,"d":"0.00"}},{"$f":"IF(N367=\"nulová\",J367,0)","v":{"v":0,"d":"0.00"}},"1",{"$f":"ROUND(I367*H367,2)","v":452.02},"16","-85192511"]
[{"$nulls":3},"VV","","\"sprcha\"",null,"",{"$nulls":37},"VV","2","1","True","0","ROZPOCET"]
[{"$nulls":3},"VV","","1",null,{"v":1,"d":"1.000"},{"$nulls":37},"VV","2","2","True","0","ROZPOCET"]
[{"$nulls":3},"VV","","\"WC\"",null,"",{"$nulls":37},"VV","2","1","True","0","ROZPOCET"]
[{"$nulls":3},"VV","","1",null,{"v":1,"d":"1.000"},{"$nulls":37},"VV","2","2","True","0","ROZPOCET"]
[{"$nulls":3},"VV","","Součet",null,{"v":2,"d":"2.000"},{"$nulls":37},"VV","2","4","True","1","ROZPOCET"]
[null,null,"75","K","767810112","Montáž větracích mřížek ocelových čtyřhranných, průřezu přes 0,01 do 0,04 m2","kus",{"v":2,"d":"2.000"},280.63,{"$f":"ROUND(I373*H373,2)","v":561.26},"CS ÚRS 2025 01",null,"","základní",null,{"$f":"O373*H373","v":{"v":0,"d":"0.00000"}},{"v":0,"d":"0.00000"},{"$f":"Q373*H373","v":{"v":0,"d":"0.00000"}},{"v":0,"d":"0.00000"},{"$f":"S373*H373","v":{"v":0,"d":"0.00000"}},{"$nulls":23},"16",null,"K","2",{"$nulls":3},"ROZPOCET",{"$nulls":5},{"$f":"IF(N373=\"základní\",J373,0)","v":561.26},{"$f":"IF(N373=\"snížená\",J373,0)","v":{"v":0,"d":"0.00"}},{"$f":"IF(N373=\"zákl. přenesená\",J373,0)","v":{"v":0,"d":"0.00"}},{"$f":"IF(N373=\"sníž. přenesená\",J373,0)","v":{"v":0,"d":"0.00"}},{"$f":"IF(N373=\"nulová\",J373,0)","v":{"v":0,"d":"0.00"}},"1",{"$f":"ROUND(I373*H373,2)","v":561.26},"16","1395611353"]
[{"$nulls":3},"Online PSC",null,"https://podminky.urs.cz/item/CS_URS_2025_01/767810112",{"$nulls":39},"Online PSC","2"]
[{"$nulls":3},"VV","","\"sprcha\"",null,"",{"$nulls":37},"VV","2","1","True","0","ROZPOCET"]
[{"$nulls":3},"VV","","1",null,{"v":1,"d":"1.000"},{"$nulls":37},"VV","2","2","True","0","ROZPOCET"]
[{"$nulls":3},"VV","","\"WC\"",null,"",{"$nulls":37},"VV","2","1","True","0","ROZPOCET"]
[{"$nulls":3},"VV","","1",null,{"v":1,"d":"1.000"},{"$nulls":37},"VV","2","2","True","0","ROZPOCET"]
[{"$nulls":3},"VV","","Součet",null,{"v":2,"d":"2.000"},{"$nulls":37},"VV","2","4","True","1","ROZPOCET"]
[null,null,"76","M","55341426.R","mřížka větrací nerezová se síťovinou 200x100mm","kus",{"v":2,"d":"2.000"},188.35,{"$f":"ROUND(I380*H380,2)","v":{"v":376.7,"d":"376.70"}},"vlastní",null,"","základní",null,{"$f":"O380*H380","v":{"v":0,"d":"0.00000"}},{"v":3.5E-4,"d":"0.00035"},{"$f":"Q380*H380","v":{"v":0.0007,"d":"0.00070"}},{"v":0,"d":"0.00000"},{"$f":"S380*H380","v":{"v":0,"d":"0.00000"}},{"$nulls":23},"32",null,"M","2",{"$nulls":3},"ROZPOCET",{"$nulls":5},{"$f":"IF(N380=\"základní\",J380,0)","v":{"v":376.7,"d":"376.70"}},{"$f":"IF(N380=\"snížená\",J380,0)","v":{"v":0,"d":"0.00"}},{"$f":"IF(N380=\"zákl. přenesená\",J380,0)","v":{"v":0,"d":"0.00"}},{"$f":"IF(N380=\"sníž. přenesená\",J380,0)","v":{"v":0,"d":"0.00"}},{"$f":"IF(N380=\"nulová\",J380,0)","v":{"v":0,"d":"0.00"}},"1",{"$f":"ROUND(I380*H380,2)","v":{"v":376.7,"d":"376.70"}},"16","-672310296"]
[null,null,"77","K","998751102","Přesun hmot pro vzduchotechniku stanovený z hmotnosti přesunovaného materiálu vodorovná dopravní vzdálenost do 100 m základní v objektech výšky přes 12 do 24 m","t",{"v":1E-3,"d":"0.001"},{"v":1271.33,"d":"1,271.33"},{"$f":"ROUND(I381*H381,2)","v":1.27},"CS ÚRS 2025 01",null,"","základní",null,{"$f":"O381*H381","v":{"v":0,"d":"0.00000"}},{"v":0,"d":"0.00000"},{"$f":"Q381*H381","v":{"v":0,"d":"0.00000"}},{"v":0,"d":"0.00000"},{"$f":"S381*H381","v":{"v":0,"d":"0.00000"}},{"$nulls":23},"16",null,"K","2",{"$nulls":3},"ROZPOCET",{"$nulls":5},{"$f":"IF(N381=\"základní\",J381,0)","v":1.27},{"$f":"IF(N381=\"snížená\",J381,0)","v":{"v":0,"d":"0.00"}},{"$f":"IF(N381=\"zákl. přenesená\",J381,0)","v":{"v":0,"d":"0.00"}},{"$f":"IF(N381=\"sníž. přenesená\",J381,0)","v":{"v":0,"d":"0.00"}},{"$f":"IF(N381=\"nulová\",J381,0)","v":{"v":0,"d":"0.00"}},"1",{"$f":"ROUND(I381*H381,2)","v":1.27},"16","-941082759"]
[{"$nulls":3},"Online PSC",null,"https://podminky.urs.cz/item/CS_URS_2025_01/998751102",{"$nulls":39},"Online PSC","2"]
[{"$nulls":3},"D","763","Konstrukce suché výstavby",{"$nulls":3},{"$f":"BK383","v":{"v":1486.28,"d":"1,486.28"}},{"$nulls":5},{"$f":"SUM(P384:P389)","v":{"v":0,"d":"0.00000"}},null,{"$f":"SUM(R384:R389)","v":{"v":0.014858399999999999,"d":"0.01486"}},null,{"$f":"SUM(T384:T389)","v":{"v":0,"d":"0.00000"}},{"$nulls":23},"2",null,"D","1",{"$nulls":3},"ROZPOCET",{"$nulls":11},{"$f":"SUM(BK384:BK389)","v":{"v":1486.28,"d":"1,486.28"}}]
[null,null,"78","K","763164541","Obklad konstrukcí sádrokartonovými deskami včetně ochranných úhelníků ve tvaru L rozvinuté šíře přes 0,4 do 0,8 m, opláštěný deskou impregnovanou H2, tl. 12,5 mm","m",{"v":1.64,"d":"1.640"},894.64,{"$f":"ROUND(I384*H384,2)","v":{"v":1467.21,"d":"1,467.21"}},"CS ÚRS 2025 01",null,"","základní",null,{"$f":"O384*H384","v":{"v":0,"d":"0.00000"}},0.00906,{"$f":"Q384*H384","v":{"v":0.014858399999999999,"d":"0.01486"}},{"v":0,"d":"0.00000"},{"$f":"S384*H384","v":{"v":0,"d":"0.00000"}},{"$nulls":23},"16",null,"K","2",{"$nulls":3},"ROZPOCET",{"$nulls":5},{"$f":"IF(N384=\"základní\",J384,0)","v":{"v":1467.21,"d":"1,467.21"}},{"$f":"IF(N384=\"snížená\",J384,0)","v":{"v":0,"d":"0.00"}},{"$f":"IF(N384=\"zákl. přenesená\",J384,0)","v":{"v":0,"d":"0.00"}},{"$f":"IF(N384=\"sníž. přenesená\",J384,0)","v":{"v":0,"d":"0.00"}},{"$f":"IF(N384=\"nulová\",J384,0)","v":{"v":0,"d":"0.00"}},"1",{"$f":"ROUND(I384*H384,2)","v":{"v":1467.21,"d":"1,467.21"}},"16","1122615993"]
[{"$nulls":3},"Online PSC",null,"https://podminky.urs.cz/item/CS_URS_2025_01/763164541",{"$nulls":39},"Online PSC","2"]
[{"$nulls":3},"VV","","\"WC\"",null,"",{"$nulls":37},"VV","2","1","True","0","ROZPOCET"]
[{"$nulls":3},"VV","","0,82*2",null,{"v":1.64,"d":"1.640"},{"$nulls":37},"VV","2","2","True","1","ROZPOCET"]
[null,null,"79","K","998763303","Přesun hmot pro konstrukce montované z desek sádrokartonových, sádrovláknitých, cementovláknitých nebo cementových stanovený z hmotnosti přesunovaného materiálu vodorovná dopravní vzdálenost do 50 m základní v objektech výšky přes 12 do 24 m","t",0.015,{"v":1271.33,"d":"1,271.33"},{"$f":"ROUND(I388*H388,2)","v":19.07},"CS ÚRS 2025 01",null,"","základní",null,{"$f":"O388*H388","v":{"v":0,"d":"0.00000"}},{"v":0,"d":"0.00000"},{"$f":"Q388*H388","v":{"v":0,"d":"0.00000"}},{"v":0,"d":"0.00000"},{"$f":"S388*H388","v":{"v":0,"d":"0.00000"}},{"$nulls":23},"16",null,"K","2",{"$nulls":3},"ROZPOCET",{"$nulls":5},{"$f":"IF(N388=\"základní\",J388,0)","v":19.07},{"$f":"IF(N388=\"snížená\",J388,0)","v":{"v":0,"d":"0.00"}},{"$f":"IF(N388=\"zákl. přenesená\",J388,0)","v":{"v":0,"d":"0.00"}},{"$f":"IF(N388=\"sníž. přenesená\",J388,0)","v":{"v":0,"d":"0.00"}},{"$f":"IF(N388=\"nulová\",J388,0)","v":{"v":0,"d":"0.00"}},"1",{"$f":"ROUND(I388*H388,2)","v":19.07},"16","-794487481"]
[{"$nulls":3},"Online PSC",null,"https://podminky.urs.cz/item/CS_URS_2025_01/998763303",{"$nulls":39},"Online PSC","2"]
[{"$nulls":3},"D","766","Konstrukce truhlářské",{"$nulls":3},{"$f":"BK390","v":{"v":12137.230000000001,"d":"12,137.23"}},{"$nulls":5},{"$f":"SUM(P391:P436)","v":{"v":0,"d":"0.00000"}},null,{"$f":"SUM(R391:R436)","v":{"v":0.0722,"d":"0.07220"}},null,{"$f":"SUM(T391:T436)","v":{"v":0.05,"d":"0.05000"}},{"$nulls":23},"2",null,"D","1",{"$nulls":3},"ROZPOCET",{"$nulls":11},{"$f":"SUM(BK391:BK436)","v":{"v":12137.230000000001,"d":"12,137.23"}}]
[null,null,"80","K","766491851","Demontáž ostatních truhlářských konstrukcí prahů dveří jednokřídlových","kus",{"v":2,"d":"2.000"},36.73,{"$f":"ROUND(I391*H391,2)","v":73.46},"CS ÚRS 2025 01",null,"","základní",null,{"$f":"O391*H391","v":{"v":0,"d":"0.00000"}},{"v":0,"d":"0.00000"},{"$f":"Q391*H391","v":{"v":0,"d":"0.00000"}},{"v":1E-3,"d":"0.00100"},{"$f":"S391*H391","v":{"v":2E-3,"d":"0.00200"}},{"$nulls":23},"16",null,"K","2",{"$nulls":3},"ROZPOCET",{"$nulls":5},{"$f":"IF(N391=\"základní\",J391,0)","v":73.46},{"$f":"IF(N391=\"snížená\",J391,0)","v":{"v":0,"d":"0.00"}},{"$f":"IF(N391=\"zákl. přenesená\",J391,0)","v":{"v":0,"d":"0.00"}},{"$f":"IF(N391=\"sníž. přenesená\",J391,0)","v":{"v":0,"d":"0.00"}},{"$f":"IF(N391=\"nulová\",J391,0)","v":{"v":0,"d":"0.00"}},"1",{"$f":"ROUND(I391*H391,2)","v":73.46},"16","-1550289720"]
[{"$nulls":3},"Online PSC",null,"https://podminky.urs.cz/item/CS_URS_2025_01/766491851",{"$nulls":39},"Online PSC","2"]
[{"$nulls":3},"VV","","\"prostor umyvadel\"",null,"",{"$nulls":37},"VV","2","1","True","0","ROZPOCET"]
[{"$nulls":3},"VV","","0",null,{"v":0,"d":"0.000"},{"$nulls":37},"VV","2","2","True","0","ROZPOCET"]
[{"$nulls":3},"VV","","\"sprcha\"",null,"",{"$nulls":37},"VV","2","1","True","0","ROZPOCET"]
[{"$nulls":3},"VV","","1",null,{"v":1,"d":"1.000"},{"$nulls":37},"VV","2","2","True","0","ROZPOCET"]
[{"$nulls":3},"VV","","\"WC\"",null,"",{"$nulls":37},"VV","2","1","True","0","ROZPOCET"]
[{"$nulls":3},"VV","","1",null,{"v":1,"d":"1.000"},{"$nulls":37},"VV","2","2","True","0","ROZPOCET"]
[{"$nulls":3},"VV","","Součet",null,{"v":2,"d":"2.000"},{"$nulls":37},"VV","2","4","True","1","ROZPOCET"]
[null,null,"81","K","766691914","Ostatní práce vyvěšení nebo zavěšení křídel dřevěných dveřních, plochy do 2 m2","kus",{"v":2,"d":"2.000"},36.73,{"$f":"ROUND(I400*H400,2)","v":73.46},"CS ÚRS 2025 01",null,"","základní",null,{"$f":"O400*H400","v":{"v":0,"d":"0.00000"}},{"v":0,"d":"0.00000"},{"$f":"Q400*H400","v":{"v":0,"d":"0.00000"}},{"v":0.024,"d":"0.02400"},{"$f":"S400*H400","v":{"v":0.048,"d":"0.04800"}},{"$nulls":23},"16",null,"K","2",{"$nulls":3},"ROZPOCET",{"$nulls":5},{"$f":"IF(N400=\"základní\",J400,0)","v":73.46},{"$f":"IF(N400=\"snížená\",J400,0)","v":{"v":0,"d":"0.00"}},{"$f":"IF(N400=\"zákl. přenesená\",J400,0)","v":{"v":0,"d":"0.00"}},{"$f":"IF(N400=\"sníž. přenesená\",J400,0)","v":{"v":0,"d":"0.00"}},{"$f":"IF(N400=\"nulová\",J400,0)","v":{"v":0,"d":"0.00"}},"1",{"$f":"ROUND(I400*H400,2)","v":73.46},"16","1726677900"]
[{"$nulls":3},"Online PSC",null,"https://podminky.urs.cz/item/CS_URS_2025_01/766691914",{"$nulls":39},"Online PSC","2"]
[{"$nulls":3},"VV","","\"prostor umyvadel\"",null,"",{"$nulls":37},"VV","2","1","True","0","ROZPOCET"]
[{"$nulls":3},"VV","","0",null,{"v":0,"d":"0.000"},{"$nulls":37},"VV","2","2","True","0","ROZPOCET"]
[{"$nulls":3},"VV","","\"sprcha\"",null,"",{"$nulls":37},"VV","2","1","True","0","ROZPOCET"]
[{"$nulls":3},"VV","","1",null,{"v":1,"d":"1.000"},{"$nulls":37},"VV","2","2","True","0","ROZPOCET"]
[{"$nulls":3},"VV","","\"WC\"",null,"",{"$nulls":37},"VV","2","1","True","0","ROZPOCET"]
[{"$nulls":3},"VV","","1",null,{"v":1,"d":"1.000"},{"$nulls":37},"VV","2","2","True","0","ROZPOCET"]
[{"$nulls":3},"VV","","Součet",null,{"v":2,"d":"2.000"},{"$nulls":37},"VV","2","4","True","1","ROZPOCET"]
[null,null,"82","K","766660001","Montáž dveřních křídel dřevěných nebo plastových otevíravých do ocelové zárubně povrchově upravených jednokřídlových, šířky do 800 mm","kus",{"v":2,"d":"2.000"},800.47,{"$f":"ROUND(I409*H409,2)","v":{"v":1600.94,"d":"1,600.94"}},"CS ÚRS 2025 01",null,"","základní",null,{"$f":"O409*H409","v":{"v":0,"d":"0.00000"}},{"v":0,"d":"0.00000"},{"$f":"Q409*H409","v":{"v":0,"d":"0.00000"}},{"v":0,"d":"0.00000"},{"$f":"S409*H409","v":{"v":0,"d":"0.00000"}},{"$nulls":23},"16",null,"K","2",{"$nulls":3},"ROZPOCET",{"$nulls":5},{"$f":"IF(N409=\"základní\",J409,0)","v":{"v":1600.94,"d":"1,600.94"}},{"$f":"IF(N409=\"snížená\",J409,0)","v":{"v":0,"d":"0.00"}},{"$f":"IF(N409=\"zákl. přenesená\",J409,0)","v":{"v":0,"d":"0.00"}},{"$f":"IF(N409=\"sníž. přenesená\",J409,0)","v":{"v":0,"d":"0.00"}},{"$f":"IF(N409=\"nulová\",J409,0)","v":{"v":0,"d":"0.00"}},"1",{"$f":"ROUND(I409*H409,2)","v":{"v":1600.94,"d":"1,600.94"}},"16","-1298377421"]
[{"$nulls":3},"Online PSC",null,"https://podminky.urs.cz/item/CS_URS_2025_01/766660001",{"$nulls":39},"Online PSC","2"]
[{"$nulls":3},"VV","","\"prostor umyvadel\"",null,"",{"$nulls":37},"VV","2","1","True","0","ROZPOCET"]
[{"$nulls":3},"VV","","0",null,{"v":0,"d":"0.000"},{"$nulls":37},"VV","2","2","True","0","ROZPOCET"]
[{"$nulls":3},"VV","","\"sprcha\"",null,"",{"$nulls":37},"VV","2","1","True","0","ROZPOCET"]
[{"$nulls":3},"VV","","1",null,{"v":1,"d":"1.000"},{"$nulls":37},"VV","2","2","True","0","ROZPOCET"]
[{"$nulls":3},"VV","","\"WC\"",null,"",{"$nulls":37},"VV","2","1","True","0","ROZPOCET"]
[{"$nulls":3},"VV","","1",null,{"v":1,"d":"1.000"},{"$nulls":37},"VV","2","2","True","0","ROZPOCET"]
[{"$nulls":3},"VV","","Součet",null,{"v":2,"d":"2.000"},{"$nulls":37},"VV","2","4","True","1","ROZPOCET"]
[null,null,"83","M","MSN.0027212.URS","dveře interiérové jednokřídlé plné, voština, CPL standard, 60x197","kus",{"v":2,"d":"2.000"},{"v":2892.89,"d":"2,892.89"},{"$f":"ROUND(I418*H418,2)","v":{"v":5785.78,"d":"5,785.78"}},"vlastní",null,"","základní",null,{"$f":"O418*H418","v":{"v":0,"d":"0.00000"}},{"v":0.013,"d":"0.01300"},{"$f":"Q418*H418","v":{"v":0.026,"d":"0.02600"}},{"v":0,"d":"0.00000"},{"$f":"S418*H418","v":{"v":0,"d":"0.00000"}},{"$nulls":23},"32",null,"M","2",{"$nulls":3},"ROZPOCET",{"$nulls":5},{"$f":"IF(N418=\"základní\",J418,0)","v":{"v":5785.78,"d":"5,785.78"}},{"$f":"IF(N418=\"snížená\",J418,0)","v":{"v":0,"d":"0.00"}},{"$f":"IF(N418=\"zákl. přenesená\",J418,0)","v":{"v":0,"d":"0.00"}},{"$f":"IF(N418=\"sníž. přenesená\",J418,0)","v":{"v":0,"d":"0.00"}},{"$f":"IF(N418=\"nulová\",J418,0)","v":{"v":0,"d":"0.00"}},"1",{"$f":"ROUND(I418*H418,2)","v":{"v":5785.78,"d":"5,785.78"}},"16","-320003817"]
[null,null,"84","K","953962112","Kotva chemická s vyvrtáním otvoru do zdiva z plných cihel tmel, hloubka 80 mm, velikost M 10","kus",{"v":4,"d":"4.000"},84.76,{"$f":"ROUND(I419*H419,2)","v":339.04},"CS ÚRS 2025 01",null,"","základní",null,{"$f":"O419*H419","v":{"v":0,"d":"0.00000"}},{"v":1e-05,"d":"0.00001"},{"$f":"Q419*H419","v":{"v":4e-05,"d":"0.00004"}},{"v":0,"d":"0.00000"},{"$f":"S419*H419","v":{"v":0,"d":"0.00000"}},{"$nulls":23},"16",null,"K","2",{"$nulls":3},"ROZPOCET",{"$nulls":5},{"$f":"IF(N419=\"základní\",J419,0)","v":339.04},{"$f":"IF(N419=\"snížená\",J419,0)","v":{"v":0,"d":"0.00"}},{"$f":"IF(N419=\"zákl. přenesená\",J419,0)","v":{"v":0,"d":"0.00"}},{"$f":"IF(N419=\"sníž. přenesená\",J419,0)","v":{"v":0,"d":"0.00"}},{"$f":"IF(N419=\"nulová\",J419,0)","v":{"v":0,"d":"0.00"}},"1",{"$f":"ROUND(I419*H419,2)","v":339.04},"16","1062320997"]
[{"$nulls":3},"Online PSC",null,"https://podminky.urs.cz/item/CS_URS_2025_01/953962112",{"$nulls":39},"Online PSC","2"]
[{"$nulls":3},"VV","","\"pro uchycení desky umyvadel\"",null,"",{"$nulls":37},"VV","2","1","True","0","ROZPOCET"]
[{"$nulls":3},"VV","","4",null,{"v":4,"d":"4.000"},{"$nulls":37},"VV","2","2","True","1","ROZPOCET"]
[null,null,"85","K","953965115","Kotva chemická s vyvrtáním otvoru kotevní šrouby pro chemické kotvy, velikost M 10, délka 130 mm","kus",{"v":4,"d":"4.000"},84.76,{"$f":"ROUND(I423*H423,2)","v":339.04},"CS ÚRS 2025 01",null,"","základní",null,{"$f":"O423*H423","v":{"v":0,"d":"0.00000"}},{"v":7e-05,"d":"0.00007"},{"$f":"Q423*H423","v":0.00028},{"v":0,"d":"0.00000"},{"$f":"S423*H423","v":{"v":0,"d":"0.00000"}},{"$nulls":23},"16",null,"K","2",{"$nulls":3},"ROZPOCET",{"$nulls":5},{"$f":"IF(N423=\"základní\",J423,0)","v":339.04},{"$f":"IF(N423=\"snížená\",J423,0)","v":{"v":0,"d":"0.00"}},{"$f":"IF(N423=\"zákl. přenesená\",J423,0)","v":{"v":0,"d":"0.00"}},{"$f":"IF(N423=\"sníž. přenesená\",J423,0)","v":{"v":0,"d":"0.00"}},{"$f":"IF(N423=\"nulová\",J423,0)","v":{"v":0,"d":"0.00"}},"1",{"$f":"ROUND(I423*H423,2)","v":339.04},"16","-141035641"]
[{"$nulls":3},"Online PSC",null,"https://podminky.urs.cz/item/CS_URS_2025_01/953965115",{"$nulls":39},"Online PSC","2"]
[null,null,"86","K","953941211","Osazování drobných kovových předmětů se zalitím maltou cementovou, do vysekaných kapes nebo připravených otvorů konzol nebo kotev, např. pro schodišťová madla do zdí, radiátorové konzoly apod.","kus",{"v":4,"d":"4.000"},113.01,{"$f":"ROUND(I425*H425,2)","v":452.04},"CS ÚRS 2025 01",null,"","základní",null,{"$f":"O425*H425","v":{"v":0,"d":"0.00000"}},0.00234,{"$f":"Q425*H425","v":0.00936},{"v":0,"d":"0.00000"},{"$f":"S425*H425","v":{"v":0,"d":"0.00000"}},{"$nulls":23},"16",null,"K","2",{"$nulls":3},"ROZPOCET",{"$nulls":5},{"$f":"IF(N425=\"základní\",J425,0)","v":452.04},{"$f":"IF(N425=\"snížená\",J425,0)","v":{"v":0,"d":"0.00"}},{"$f":"IF(N425=\"zákl. přenesená\",J425,0)","v":{"v":0,"d":"0.00"}},{"$f":"IF(N425=\"sníž. přenesená\",J425,0)","v":{"v":0,"d":"0.00"}},{"$f":"IF(N425=\"nulová\",J425,0)","v":{"v":0,"d":"0.00"}},"1",{"$f":"ROUND(I425*H425,2)","v":452.04},"16","2127586384"]
[{"$nulls":3},"Online PSC",null,"https://podminky.urs.cz/item/CS_URS_2025_01/953941211",{"$nulls":39},"Online PSC","2"]
[null,null,"87","M","42392872R","konzole na zeď pro uchycení desky","kus",{"v":4,"d":"4.000"},244.85,{"$f":"ROUND(I427*H427,2)","v":{"v":979.4,"d":"979.40"}},"vlastní",null,"","základní",null,{"$f":"O427*H427","v":{"v":0,"d":"0.00000"}},{"v":5.8E-4,"d":"0.00058"},{"$f":"Q427*H427","v":{"v":2.32E-3,"d":"0.00232"}},{"v":0,"d":"0.00000"},{"$f":"S427*H427","v":{"v":0,"d":"0.00000"}},{"$nulls":23},"32",null,"M","2",{"$nulls":3},"ROZPOCET",{"$nulls":5},{"$f":"IF(N427=\"základní\",J427,0)","v":{"v":979.4,"d":"979.40"}},{"$f":"IF(N427=\"snížená\",J427,0)","v":{"v":0,"d":"0.00"}},{"$f":"IF(N427=\"zákl. přenesená\",J427,0)","v":{"v":0,"d":"0.00"}},{"$f":"IF(N427=\"sníž. přenesená\",J427,0)","v":{"v":0,"d":"0.00"}},{"$f":"IF(N427=\"nulová\",J427,0)","v":{"v":0,"d":"0.00"}},"1",{"$f":"ROUND(I427*H427,2)","v":{"v":979.4,"d":"979.40"}},"16","1706365322"]
[null,null,"88","K","766693412","Montáž ostatních truhlářských konstrukcí umyvadlových desek bez výřezu, délky jednoho dílu přes 1000 do 2000 mm","kus",{"v":1,"d":"1.000"},894.64,{"$f":"ROUND(I428*H428,2)","v":894.64},"CS ÚRS 2025 01",null,"","základní",null,{"$f":"O428*H428","v":{"v":0,"d":"0.00000"}},{"v":0,"d":"0.00000"},{"$f":"Q428*H428","v":{"v":0,"d":"0.00000"}},{"v":0,"d":"0.00000"},{"$f":"S428*H428","v":{"v":0,"d":"0.00000"}},{"$nulls":23},"16",null,"K","2",{"$nulls":3},"ROZPOCET",{"$nulls":5},{"$f":"IF(N428=\"základní\",J428,0)","v":894.64},{"$f":"IF(N428=\"snížená\",J428,0)","v":{"v":0,"d":"0.00"}},{"$f":"IF(N428=\"zákl. přenesená\",J428,0)","v":{"v":0,"d":"0.00"}},{"$f":"IF(N428=\"sníž. přenesená\",J428,0)","v":{"v":0,"d":"0.00"}},{"$f":"IF(N428=\"nulová\",J428,0)","v":{"v":0,"d":"0.00"}},"1",{"$f":"ROUND(I428*H428,2)","v":894.64},"16","1998732683"]
[{"$nulls":3},"Online PSC",null,"https://podminky.urs.cz/item/CS_URS_2025_01/766693412",{"$nulls":39},"Online PSC","2"]
[null,null,"89","M","60722275.R","deska dřevotřísková laminovaná dřevěný dekor 1420 x 600 x (35-50) mm, ABS hrany","kus",{"v":1,"d":"1.000"},{"v":1163.03,"d":"1,163.03"},{"$f":"ROUND(I430*H430,2)","v":{"v":1163.03,"d":"1,163.03"}},"vlastní",null,"","základní",null,{"$f":"O430*H430","v":{"v":0,"d":"0.00000"}},{"v":0.0342,"d":"0.03420"},{"$f":"Q430*H430","v":{"v":0.0342,"d":"0.03420"}},{"v":0,"d":"0.00000"},{"$f":"S430*H430","v":{"v":0,"d":"0.00000"}},{"$nulls":23},"32",null,"M","2",{"$nulls":3},"ROZPOCET",{"$nulls":5},{"$f":"IF(N430=\"základní\",J430,0)","v":{"v":1163.03,"d":"1,163.03"}},{"$f":"IF(N430=\"snížená\",J430,0)","v":{"v":0,"d":"0.00"}},{"$f":"IF(N430=\"zákl. přenesená\",J430,0)","v":{"v":0,"d":"0.00"}},{"$f":"IF(N430=\"sníž. přenesená\",J430,0)","v":{"v":0,"d":"0.00"}},{"$f":"IF(N430=\"nulová\",J430,0)","v":{"v":0,"d":"0.00"}},"1",{"$f":"ROUND(I430*H430,2)","v":{"v":1163.03,"d":"1,163.03"}},"16","1416112654"]
[null,null,"90","K","766693421","Montáž ostatních truhlářských konstrukcí umyvadlových desek Příplatek k ceně za vyřezání otvoru pro umyvadlo","kus",{"v":2,"d":"2.000"},134.67,{"$f":"ROUND(I431*H431,2)","v":269.34},"CS ÚRS 2025 01",null,"","základní",null,{"$f":"O431*H431","v":{"v":0,"d":"0.00000"}},{"v":0,"d":"0.00000"},{"$f":"Q431*H431","v":{"v":0,"d":"0.00000"}},{"v":0,"d":"0.00000"},{"$f":"S431*H431","v":{"v":0,"d":"0.00000"}},{"$nulls":23},"16",null,"K","2",{"$nulls":3},"ROZPOCET",{"$nulls":5},{"$f":"IF(N431=\"základní\",J431,0)","v":269.34},{"$f":"IF(N431=\"snížená\",J431,0)","v":{"v":0,"d":"0.00"}},{"$f":"IF(N431=\"zákl. přenesená\",J431,0)","v":{"v":0,"d":"0.00"}},{"$f":"IF(N431=\"sníž. přenesená\",J431,0)","v":{"v":0,"d":"0.00"}},{"$f":"IF(N431=\"nulová\",J431,0)","v":{"v":0,"d":"0.00"}},"1",{"$f":"ROUND(I431*H431,2)","v":269.34},"16","1520247320"]
[{"$nulls":3},"Online PSC",null,"https://podminky.urs.cz/item/CS_URS_2025_01/766693421",{"$nulls":39},"Online PSC","2"]
[null,null,"91","K","766693422","Montáž ostatních truhlářských konstrukcí umyvadlových desek Příplatek k ceně za vyvrtání otvoru pro baterii","kus",{"v":2,"d":"2.000"},37.76,{"$f":"ROUND(I433*H433,2)","v":75.52},"CS ÚRS 2025 01",null,"","základní",null,{"$f":"O433*H433","v":{"v":0,"d":"0.00000"}},{"v":0,"d":"0.00000"},{"$f":"Q433*H433","v":{"v":0,"d":"0.00000"}},{"v":0,"d":"0.00000"},{"$f":"S433*H433","v":{"v":0,"d":"0.00000"}},{"$nulls":23},"16",null,"K","2",{"$nulls":3},"ROZPOCET",{"$nulls":5},{"$f":"IF(N433=\"základní\",J433,0)","v":75.52},{"$f":"IF(N433=\"snížená\",J433,0)","v":{"v":0,"d":"0.00"}},{"$f":"IF(N433=\"zákl. přenesená\",J433,0)","v":{"v":0,"d":"0.00"}},{"$f":"IF(N433=\"sníž. přenesená\",J433,0)","v":{"v":0,"d":"0.00"}},{"$f":"IF(N433=\"nulová\",J433,0)","v":{"v":0,"d":"0.00"}},"1",{"$f":"ROUND(I433*H433,2)","v":75.52},"16","-1784903161"]
[{"$nulls":3},"Online PSC",null,"https://podminky.urs.cz/item/CS_URS_2025_01/766693422",{"$nulls":39},"Online PSC","2"]
[null,null,"92","K","998766103","Přesun hmot pro konstrukce truhlářské stanovený z hmotnosti přesunovaného materiálu vodorovná dopravní vzdálenost do 50 m základní v objektech výšky přes 12 do 24 m","t",0.072,{"v":1271.33,"d":"1,271.33"},{"$f":"ROUND(I435*H435,2)","v":91.54},"CS ÚRS 2025 01",null,"","základní",null,{"$f":"O435*H435","v":{"v":0,"d":"0.00000"}},{"v":0,"d":"0.00000"},{"$f":"Q435*H435","v":{"v":0,"d":"0.00000"}},{"v":0,"d":"0.00000"},{"$f":"S435*H435","v":{"v":0,"d":"0.00000"}},{"$nulls":23},"16",null,"K","2",{"$nulls":3},"ROZPOCET",{"$nulls":5},{"$f":"IF(N435=\"základní\",J435,0)","v":91.54},{"$f":"IF(N435=\"snížená\",J435,0)","v":{"v":0,"d":"0.00"}},{"$f":"IF(N435=\"zákl. přenesená\",J435,0)","v":{"v":0,"d":"0.00"}},{"$f":"IF(N435=\"sníž. přenesená\",J435,0)","v":{"v":0,"d":"0.00"}},{"$f":"IF(N435=\"nulová\",J435,0)","v":{"v":0,"d":"0.00"}},"1",{"$f":"ROUND(I435*H435,2)","v":91.54},"16","1988815644"]
[{"$nulls":3},"Online PSC",null,"https://podminky.urs.cz/item/CS_URS_2025_01/998766103",{"$nulls":39},"Online PSC","2"]
[{"$nulls":3},"D","767","Konstrukce zámečnické",{"$nulls":3},{"$f":"BK437","v":{"v":1144.53,"d":"1,144.53"}},{"$nulls":5},{"$f":"SUM(P438:P450)","v":{"v":0,"d":"0.00000"}},null,{"$f":"SUM(R438:R450)","v":{"v":1.4116999999999999E-3,"d":"0.00141"}},null,{"$f":"SUM(T438:T450)","v":{"v":0.0005,"d":"0.00050"}},{"$nulls":23},"2",null,"D","1",{"$nulls":3},"ROZPOCET",{"$nulls":11},{"$f":"SUM(BK438:BK450)","v":{"v":1144.53,"d":"1,144.53"}}]
[null,null,"93","K","742110871","Demontáž dvířek revizních","kus",{"v":1,"d":"1.000"},226.01,{"$f":"ROUND(I438*H438,2)","v":226.01},"CS ÚRS 2025 01",null,"","základní",null,{"$f":"O438*H438","v":{"v":0,"d":"0.00000"}},{"v":0,"d":"0.00000"},{"$f":"Q438*H438","v":{"v":0,"d":"0.00000"}},{"v":0.0005,"d":"0.00050"},{"$f":"S438*H438","v":{"v":0.0005,"d":"0.00050"}},{"$nulls":23},"16",null,"K","2",{"$nulls":3},"ROZPOCET",{"$nulls":5},{"$f":"IF(N438=\"základní\",J438,0)","v":226.01},{"$f":"IF(N438=\"snížená\",J438,0)","v":{"v":0,"d":"0.00"}},{"$f":"IF(N438=\"zákl. přenesená\",J438,0)","v":{"v":0,"d":"0.00"}},{"$f":"IF(N438=\"sníž. přenesená\",J438,0)","v":{"v":0,"d":"0.00"}},{"$f":"IF(N438=\"nulová\",J438,0)","v":{"v":0,"d":"0.00"}},"1",{"$f":"ROUND(I438*H438,2)","v":226.01},"16","-617531771"]
[{"$nulls":3},"Online PSC",null,"https://podminky.urs.cz/item/CS_URS_2025_01/742110871",{"$nulls":39},"Online PSC","2"]
[{"$nulls":3},"VV","","\"WC\"",null,"",{"$nulls":37},"VV","2","1","True","0","ROZPOCET"]
[{"$nulls":3},"VV","","1",null,{"v":1,"d":"1.000"},{"$nulls":37},"VV","2","2","True","1","ROZPOCET"]
[null,null,"94","K","767646411","Montáž revizních dveří a dvířek hliníkových, ocelových nebo plastových s rámem jednokřídlových, plochy do 0,5 m2","m2",{"v":0.09,"d":"0.090"},{"v":3662.28,"d":"3,662.28"},{"$f":"ROUND(I442*H442,2)","v":329.61},"CS ÚRS 2025 01",null,"","základní",null,{"$f":"O442*H442","v":{"v":0,"d":"0.00000"}},0.00013,{"$f":"Q442*H442","v":{"v":1.1699999999999998E-5,"d":"0.00001"}},{"v":0,"d":"0.00000"},{"$f":"S442*H442","v":{"v":0,"d":"0.00000"}},{"$nulls":23},"16",null,"K","2",{"$nulls":3},"ROZPOCET",{"$nulls":5},{"$f":"IF(N442=\"základní\",J442,0)","v":329.61},{"$f":"IF(N442=\"snížená\",J442,0)","v":{"v":0,"d":"0.00"}},{"$f":"IF(N442=\"zákl. přenesená\",J442,0)","v":{"v":0,"d":"0.00"}},{"$f":"IF(N442=\"sníž. přenesená\",J442,0)","v":{"v":0,"d":"0.00"}},{"$f":"IF(N442=\"nulová\",J442,0)","v":{"v":0,"d":"0.00"}},"1",{"$f":"ROUND(I442*H442,2)","v":329.61},"16","-783951110"]
[{"$nulls":3},"Online PSC",null,"https://podminky.urs.cz/item/CS_URS_2025_01/767646411",{"$nulls":39},"Online PSC","2"]
[{"$nulls":3},"VV","","0,3*0,3",null,{"v":0.09,"d":"0.090"},{"$nulls":37},"VV","2","2","True","1","ROZPOCET"]
[null,null,"95","M","59030711","dvířka revizní jednokřídlá s automatickým zámkem 300x300mm","kus",{"v":1,"d":"1.000"},587.64,{"$f":"ROUND(I445*H445,2)","v":587.64},"CS ÚRS 2025 01",null,"","základní",null,{"$f":"O445*H445","v":{"v":0,"d":"0.00000"}},{"v":1.4E-3,"d":"0.00140"},{"$f":"Q445*H445","v":{"v":1.4E-3,"d":"0.00140"}},{"v":0,"d":"0.00000"},{"$f":"S445*H445","v":{"v":0,"d":"0.00000"}},{"$nulls":23},"32",null,"M","2",{"$nulls":3},"ROZPOCET",{"$nulls":5},{"$f":"IF(N445=\"základní\",J445,0)","v":587.64},{"$f":"IF(N445=\"snížená\",J445,0)","v":{"v":0,"d":"0.00"}},{"$f":"IF(N445=\"zákl. přenesená\",J445,0)","v":{"v":0,"d":"0.00"}},{"$f":"IF(N445=\"sníž. přenesená\",J445,0)","v":{"v":0,"d":"0.00"}},{"$f":"IF(N445=\"nulová\",J445,0)","v":{"v":0,"d":"0.00"}},"1",{"$f":"ROUND(I445*H445,2)","v":587.64},"16","-1379540020"]
[{"$nulls":3},"VV","","\"nerez\"",null,"",{"$nulls":37},"VV","2","1","True","0","ROZPOCET"]
[{"$nulls":3},"VV","","\"WC\"",null,"",{"$nulls":37},"VV","2","1","True","0","ROZPOCET"]
[{"$nulls":3},"VV","","1",null,{"v":1,"d":"1.000"},{"$nulls":37},"VV","2","2","True","1","ROZPOCET"]
[null,null,"96","K","998767103","Přesun hmot pro zámečnické konstrukce stanovený z hmotnosti přesunovaného materiálu vodorovná dopravní vzdálenost do 50 m základní v objektech výšky přes 12 do 24 m","t",{"v":1E-3,"d":"0.001"},{"v":1271.33,"d":"1,271.33"},{"$f":"ROUND(I449*H449,2)","v":1.27},"CS ÚRS 2025 01",null,"","základní",null,{"$f":"O449*H449","v":{"v":0,"d":"0.00000"}},{"v":0,"d":"0.00000"},{"$f":"Q449*H449","v":{"v":0,"d":"0.00000"}},{"v":0,"d":"0.00000"},{"$f":"S449*H449","v":{"v":0,"d":"0.00000"}},{"$nulls":23},"16",null,"K","2",{"$nulls":3},"ROZPOCET",{"$nulls":5},{"$f":"IF(N449=\"základní\",J449,0)","v":1.27},{"$f":"IF(N449=\"snížená\",J449,0)","v":{"v":0,"d":"0.00"}},{"$f":"IF(N449=\"zákl. přenesená\",J449,0)","v":{"v":0,"d":"0.00"}},{"$f":"IF(N449=\"sníž. přenesená\",J449,0)","v":{"v":0,"d":"0.00"}},{"$f":"IF(N449=\"nulová\",J449,0)","v":{"v":0,"d":"0.00"}},"1",{"$f":"ROUND(I449*H449,2)","v":1.27},"16","-1984887834"]
[{"$nulls":3},"Online PSC",null,"https://podminky.urs.cz/item/CS_URS_2025_01/998767103",{"$nulls":39},"Online PSC","2"]
[{"$nulls":3},"D","771","Podlahy z dlaždic",{"$nulls":3},{"$f":"BK451","v":{"v":13658.140000000001,"d":"13,658.14"}},{"$nulls":5},{"$f":"SUM(P452:P504)","v":{"v":0,"d":"0.00000"}},null,{"$f":"SUM(R452:R504)","v":{"v":0.1928932,"d":"0.19289"}},null,{"$f":"SUM(T452:T504)","v":{"v":0,"d":"0.00000"}},{"$nulls":23},"2",null,"D","1",{"$nulls":3},"ROZPOCET",{"$nulls":11},{"$f":"SUM(BK452:BK504)","v":{"v":13658.140000000001,"d":"13,658.14"}}]
[null,null,"97","K","771111011","Příprava podkladu před provedením dlažby vysátí podlah","m2",3.377,17.89,{"$f":"ROUND(I452*H452,2)","v":60.41},"CS ÚRS 2025 01",null,"","základní",null,{"$f":"O452*H452","v":{"v":0,"d":"0.00000"}},{"v":0,"d":"0.00000"},{"$f":"Q452*H452","v":{"v":0,"d":"0.00000"}},{"v":0,"d":"0.00000"},{"$f":"S452*H452","v":{"v":0,"d":"0.00000"}},{"$nulls":23},"16",null,"K","2",{"$nulls":3},"ROZPOCET",{"$nulls":5},{"$f":"IF(N452=\"základní\",J452,0)","v":60.41},{"$f":"IF(N452=\"snížená\",J452,0)","v":{"v":0,"d":"0.00"}},{"$f":"IF(N452=\"zákl. přenesená\",J452,0)","v":{"v":0,"d":"0.00"}},{"$f":"IF(N452=\"sníž. přenesená\",J452,0)","v":{"v":0,"d":"0.00"}},{"$f":"IF(N452=\"nulová\",J452,0)","v":{"v":0,"d":"0.00"}},"1",{"$f":"ROUND(I452*H452,2)","v":60.41},"16","1654080822"]
[{"$nulls":3},"Online PSC",null,"https://podminky.urs.cz/item/CS_URS_2025_01/771111011",{"$nulls":39},"Online PSC","2"]
[{"$nulls":3},"VV","","\"prostor umyvadel\"",null,"",{"$nulls":37},"VV","2","1","True","0","ROZPOCET"]
[{"$nulls":3},"VV","","1,42*0,82",null,1.164,{"$nulls":37},"VV","2","2","True","0","ROZPOCET"]
[{"$nulls":3},"VV","","\"sprcha\"",null,"",{"$nulls":37},"VV","2","1","True","0","ROZPOCET"]
[{"$nulls":3},"VV","","1,42*0,9",null,1.278,{"$nulls":37},"VV","2","2","True","0","ROZPOCET"]
[{"$nulls":3},"VV","","\"WC\"",null,"",{"$nulls":37},"VV","2","1","True","0","ROZPOCET"]
[{"$nulls":3},"VV","","0,82*1,14",null,0.935,{"$nulls":37},"VV","2","2","True","0","ROZPOCET"]
[{"$nulls":3},"VV","","Součet",null,3.377,{"$nulls":37},"VV","2","4","True","1","ROZPOCET"]
[null,null,"98","K","771121011","Nátěr penetrační na podlahu","m2",3.377,27.31,{"$f":"ROUND(I461*H461,2)","v":92.23},"CS ÚRS 2025 01",null,"","základní",null,{"$f":"O461*H461","v":{"v":0,"d":"0.00000"}},{"v":0.0003,"d":"0.00030"},{"$f":"Q461*H461","v":{"v":1.0130999999999999E-3,"d":"0.00101"}},{"v":0,"d":"0.00000"},{"$f":"S461*H461","v":{"v":0,"d":"0.00000"}},{"$nulls":23},"16",null,"K","2",{"$nulls":3},"ROZPOCET",{"$nulls":5},{"$f":"IF(N461=\"základní\",J461,0)","v":92.23},{"$f":"IF(N461=\"snížená\",J461,0)","v":{"v":0,"d":"0.00"}},{"$f":"IF(N461=\"zákl. přenesená\",J461,0)","v":{"v":0,"d":"0.00"}},{"$f":"IF(N461=\"sníž. přenesená\",J461,0)","v":{"v":0,"d":"0.00"}},{"$f":"IF(N461=\"nulová\",J461,0)","v":{"v":0,"d":"0.00"}},"1",{"$f":"ROUND(I461*H461,2)","v":92.23},"16","760209300"]
[{"$nulls":3},"Online PSC",null,"https://podminky.urs.cz/item/CS_URS_2025_01/771121011",{"$nulls":39},"Online PSC","2"]
[null,null,"99","K","771151024","Příprava podkladu před provedením dlažby samonivelační stěrka min. pevnosti 30 MPa, tloušťky přes 8 do 10 mm","m2",3.377,641.32,{"$f":"ROUND(I463*H463,2)","v":{"v":2165.74,"d":"2,165.74"}},"CS ÚRS 2025 01",null,"","základní",null,{"$f":"O463*H463","v":{"v":0,"d":"0.00000"}},{"v":0.015,"d":"0.01500"},{"$f":"Q463*H463","v":{"v":0.05065499999999999,"d":"0.05066"}},{"v":0,"d":"0.00000"},{"$f":"S463*H463","v":{"v":0,"d":"0.00000"}},{"$nulls":23},"16",null,"K","2",{"$nulls":3},"ROZPOCET",{"$nulls":5},{"$f":"IF(N463=\"základní\",J463,0)","v":{"v":2165.74,"d":"2,165.74"}},{"$f":"IF(N463=\"snížená\",J463,0)","v":{"v":0,"d":"0.00"}},{"$f":"IF(N463=\"zákl. přenesená\",J463,0)","v":{"v":0,"d":"0.00"}},{"$f":"IF(N463=\"sníž. přenesená\",J463,0)","v":{"v":0,"d":"0.00"}},{"$f":"IF(N463=\"nulová\",J463,0)","v":{"v":0,"d":"0.00"}},"1",{"$f":"ROUND(I463*H463,2)","v":{"v":2165.74,"d":"2,165.74"}},"16","-1272749984"]
[{"$nulls":3},"Online PSC",null,"https://podminky.urs.cz/item/CS_URS_2025_01/771151024",{"$nulls":39},"Online PSC","2"]
[null,null,"100","K","771591112","Izolace podlahy pod dlažbu nátěrem nebo stěrkou ve dvou vrstvách","m2",3.377,452.03,{"$f":"ROUND(I465*H465,2)","v":{"v":1526.51,"d":"1,526.51"}},"CS ÚRS 2025 01",null,"","základní",null,{"$f":"O465*H465","v":{"v":0,"d":"0.00000"}},{"v":1.5E-3,"d":"0.00150"},{"$f":"Q465*H465","v":{"v":0.0050655,"d":"0.00507"}},{"v":0,"d":"0.00000"},{"$f":"S465*H465","v":{"v":0,"d":"0.00000"}},{"$nulls":23},"16",null,"K","2",{"$nulls":3},"ROZPOCET",{"$nulls":5},{"$f":"IF(N465=\"základní\",J465,0)","v":{"v":1526.51,"d":"1,526.51"}},{"$f":"IF(N465=\"snížená\",J465,0)","v":{"v":0,"d":"0.00"}},{"$f":"IF(N465=\"zákl. přenesená\",J465,0)","v":{"v":0,"d":"0.00"}},{"$f":"IF(N465=\"sníž. přenesená\",J465,0)","v":{"v":0,"d":"0.00"}},{"$f":"IF(N465=\"nulová\",J465,0)","v":{"v":0,"d":"0.00"}},"1",{"$f":"ROUND(I465*H465,2)","v":{"v":1526.51,"d":"1,526.51"}},"16","-1757120717"]
[{"$nulls":3},"Online PSC",null,"https://podminky.urs.cz/item/CS_URS_2025_01/771591112",{"$nulls":39},"Online PSC","2"]
[null,null,"101","K","771591184","Podlahy - dokončovací práce pracnější řezání dlaždic keramických rovné","m",{"v":5,"d":"5.000"},120.54,{"$f":"ROUND(I467*H467,2)","v":{"v":602.7,"d":"602.70"}},"CS ÚRS 2025 01",null,"","základní",null,{"$f":"O467*H467","v":{"v":0,"d":"0.00000"}},{"v":0,"d":"0.00000"},{"$f":"Q467*H467","v":{"v":0,"d":"0.00000"}},{"v":0,"d":"0.00000"},{"$f":"S467*H467","v":{"v":0,"d":"0.00000"}},{"$nulls":23},"16",null,"K","2",{"$nulls":3},"ROZPOCET",{"$nulls":5},{"$f":"IF(N467=\"základní\",J467,0)","v":{"v":602.7,"d":"602.70"}},{"$f":"IF(N467=\"snížená\",J467,0)","v":{"v":0,"d":"0.00"}},{"$f":"IF(N467=\"zákl. přenesená\",J467,0)","v":{"v":0,"d":"0.00"}},{"$f":"IF(N467=\"sníž. přenesená\",J467,0)","v":{"v":0,"d":"0.00"}},{"$f":"IF(N467=\"nulová\",J467,0)","v":{"v":0,"d":"0.00"}},"1",{"$f":"ROUND(I467*H467,2)","v":{"v":602.7,"d":"602.70"}},"16","-1417751629"]
[{"$nulls":3},"Online PSC",null,"https://podminky.urs.cz/item/CS_URS_2025_01/771591184",{"$nulls":39},"Online PSC","2"]
[{"$nulls":3},"VV","","\"dle potřeby\"",null,"",{"$nulls":37},"VV","2","1","True","0","ROZPOCET"]
[{"$nulls":3},"VV","","5",null,{"v":5,"d":"5.000"},{"$nulls":37},"VV","2","2","True","1","ROZPOCET"]
[null,null,"102","K","771591241","Izolace podlahy pod dlažbu těsnícími izolačními pásy vnitřní kout","kus",{"v":10,"d":"10.000"},{"v":187.4,"d":"187.40"},{"$f":"ROUND(I471*H471,2)","v":{"v":1874,"d":"1,874.00"}},"CS ÚRS 2025 01",null,"","základní",null,{"$f":"O471*H471","v":{"v":0,"d":"0.00000"}},0.00021,{"$f":"Q471*H471","v":{"v":2.1000000000000003E-3,"d":"0.00210"}},{"v":0,"d":"0.00000"},{"$f":"S471*H471","v":{"v":0,"d":"0.00000"}},{"$nulls":23},"16",null,"K","2",{"$nulls":3},"ROZPOCET",{"$nulls":5},{"$f":"IF(N471=\"základní\",J471,0)","v":{"v":1874,"d":"1,874.00"}},{"$f":"IF(N471=\"snížená\",J471,0)","v":{"v":0,"d":"0.00"}},{"$f":"IF(N471=\"zákl. přenesená\",J471,0)","v":{"v":0,"d":"0.00"}},{"$f":"IF(N471=\"sníž. přenesená\",J471,0)","v":{"v":0,"d":"0.00"}},{"$f":"IF(N471=\"nulová\",J471,0)","v":{"v":0,"d":"0.00"}},"1",{"$f":"ROUND(I471*H471,2)","v":{"v":1874,"d":"1,874.00"}},"16","1354673630"]
[{"$nulls":3},"Online PSC",null,"https://podminky.urs.cz/item/CS_URS_2025_01/771591241",{"$nulls":39},"Online PSC","2"]
[{"$nulls":3},"VV","","\"prostor umyvadel\"",null,"",{"$nulls":37},"VV","2","1","True","0","ROZPOCET"]
[{"$nulls":3},"VV","","2",null,{"v":2,"d":"2.000"},{"$nulls":37},"VV","2","2","True","0","ROZPOCET"]
[{"$nulls":3},"VV","","\"sprcha\"",null,"",{"$nulls":37},"VV","2","1","True","0","ROZPOCET"]
[{"$nulls":3},"VV","","4",null,{"v":4,"d":"4.000"},{"$nulls":37},"VV","2","2","True","0","ROZPOCET"]
[{"$nulls":3},"VV","","\"WC\"",null,"",{"$nulls":37},"VV","2","1","True","0","ROZPOCET"]
[{"$nulls":3},"VV","","4",null,{"v":4,"d":"4.000"},{"$nulls":37},"VV","2","2","True","0","ROZPOCET"]
[{"$nulls":3},"VV","","Součet",null,{"v":10,"d":"10.000"},{"$nulls":37},"VV","2","4","True","1","ROZPOCET"]
[null,null,"103","K","771591264","Izolace podlahy pod dlažbu těsnícími izolačními pásy mezi podlahou a stěnu","m",{"v":11.62,"d":"11.620"},140.32,{"$f":"ROUND(I480*H480,2)","v":{"v":1630.52,"d":"1,630.52"}},"CS ÚRS 2025 01",null,"","základní",null,{"$f":"O480*H480","v":{"v":0,"d":"0.00000"}},{"v":1.42E-3,"d":"0.00142"},{"$f":"Q480*H480","v":{"v":0.0165004,"d":"0.01650"}},{"v":0,"d":"0.00000"},{"$f":"S480*H480","v":{"v":0,"d":"0.00000"}},{"$nulls":23},"16",null,"K","2",{"$nulls":3},"ROZPOCET",{"$nulls":5},{"$f":"IF(N480=\"základní\",J480,0)","v":{"v":1630.52,"d":"1,630.52"}},{"$f":"IF(N480=\"snížená\",J480,0)","v":{"v":0,"d":"0.00"}},{"$f":"IF(N480=\"zákl. přenesená\",J480,0)","v":{"v":0,"d":"0.00"}},{"$f":"IF(N480=\"sníž. přenesená\",J480,0)","v":{"v":0,"d":"0.00"}},{"$f":"IF(N480=\"nulová\",J480,0)","v":{"v":0,"d":"0.00"}},"1",{"$f":"ROUND(I480*H480,2)","v":{"v":1630.52,"d":"1,630.52"}},"16","-148263112"]
[{"$nulls":3},"Online PSC",null,"https://podminky.urs.cz/item/CS_URS_2025_01/771591264",{"$nulls":39},"Online PSC","2"]
[{"$nulls":3},"VV","","\"prostor umyvadel\"",null,"",{"$nulls":37},"VV","2","1","True","0","ROZPOCET"]
[{"$nulls":3},"VV","","1,42+0,82*2",null,{"v":3.06,"d":"3.060"},{"$nulls":37},"VV","2","2","True","0","ROZPOCET"]
[{"$nulls":3},"VV","","\"sprcha\"",null,"",{"$nulls":37},"VV","2","1","True","0","ROZPOCET"]
[{"$nulls":3},"VV","","1,42*2+0,9*2",null,{"v":4.64,"d":"4.640"},{"$nulls":37},"VV","2","2","True","0","ROZPOCET"]
[{"$nulls":3},"VV","","\"WC\"",null,"",{"$nulls":37},"VV","2","1","True","0","ROZPOCET"]
[{"$nulls":3},"VV","","0,82*2+1,14*2",null,{"v":3.92,"d":"3.920"},{"$nulls":37},"VV","2","2","True","0","ROZPOCET"]
[{"$nulls":3},"VV","","Součet",null,{"v":11.62,"d":"11.620"},{"$nulls":37},"VV","2","4","True","1","ROZPOCET"]
[null,null,"104","K","771161022","Příprava podkladu před provedením dlažby montáž profilu ukončujícího profilu pro schodové hrany a ukončení dlažby","m",{"v":2.82,"d":"2.820"},{"v":119.6,"d":"119.60"},{"$f":"ROUND(I489*H489,2)","v":337.27},"CS ÚRS 2025 01",null,"","základní",null,{"$f":"O489*H489","v":{"v":0,"d":"0.00000"}},0.00034,{"$f":"Q489*H489","v":{"v":9.588E-4,"d":"0.00096"}},{"v":0,"d":"0.00000"},{"$f":"S489*H489","v":{"v":0,"d":"0.00000"}},{"$nulls":23},"16",null,"K","2",{"$nulls":3},"ROZPOCET",{"$nulls":5},{"$f":"IF(N489=\"základní\",J489,0)","v":337.27},{"$f":"IF(N489=\"snížená\",J489,0)","v":{"v":0,"d":"0.00"}},{"$f":"IF(N489=\"zákl. přenesená\",J489,0)","v":{"v":0,"d":"0.00"}},{"$f":"IF(N489=\"sníž. přenesená\",J489,0)","v":{"v":0,"d":"0.00"}},{"$f":"IF(N489=\"nulová\",J489,0)","v":{"v":0,"d":"0.00"}},"1",{"$f":"ROUND(I489*H489,2)","v":337.27},"16","109877044"]
[{"$nulls":3},"Online PSC",null,"https://podminky.urs.cz/item/CS_URS_2025_01/771161022",{"$nulls":39},"Online PSC","2"]
[{"$nulls":3},"VV","","\"ukončovací lišta ve dveřích, oddělení od ostatního prostoru\"",null,"",{"$nulls":37},"VV","2","1","True","0","ROZPOCET"]
[{"$nulls":3},"VV","","\"prostor umyvadel\"",null,"",{"$nulls":37},"VV","2","1","True","0","ROZPOCET"]
[{"$nulls":3},"VV","","1,42",null,{"v":1.42,"d":"1.420"},{"$nulls":37},"VV","2","2","True","0","ROZPOCET"]
[{"$nulls":3},"VV","","\"sprcha\"",null,"",{"$nulls":37},"VV","2","1","True","0","ROZPOCET"]
[{"$nulls":3},"VV","","0,7",null,{"v":0.7,"d":"0.700"},{"$nulls":37},"VV","2","2","True","0","ROZPOCET"]
[{"$nulls":3},"VV","","\"WC\"",null,"",{"$nulls":37},"VV","2","1","True","0","ROZPOCET"]
[{"$nulls":3},"VV","","0,7",null,{"v":0.7,"d":"0.700"},{"$nulls":37},"VV","2","2","True","0","ROZPOCET"]
[{"$nulls":3},"VV","","Součet",null,{"v":2.82,"d":"2.820"},{"$nulls":37},"VV","2","4","True","1","ROZPOCET"]
[null,null,"105","M","19416008","lišta ukončovací hliníková 10mm","m",{"v":2.82,"d":"2.820"},55.09,{"$f":"ROUND(I499*H499,2)","v":155.35},"CS ÚRS 2025 01",null,"","základní",null,{"$f":"O499*H499","v":{"v":0,"d":"0.00000"}},{"v":1.2E-4,"d":"0.00012"},{"$f":"Q499*H499","v":{"v":0.0003384,"d":"0.00034"}},{"v":0,"d":"0.00000"},{"$f":"S499*H499","v":{"v":0,"d":"0.00000"}},{"$nulls":23},"32",null,"M","2",{"$nulls":3},"ROZPOCET",{"$nulls":5},{"$f":"IF(N499=\"základní\",J499,0)","v":155.35},{"$f":"IF(N499=\"snížená\",J499,0)","v":{"v":0,"d":"0.00"}},{"$f":"IF(N499=\"zákl. přenesená\",J499,0)","v":{"v":0,"d":"0.00"}},{"$f":"IF(N499=\"sníž. přenesená\",J499,0)","v":{"v":0,"d":"0.00"}},{"$f":"IF(N499=\"nulová\",J499,0)","v":{"v":0,"d":"0.00"}},"1",{"$f":"ROUND(I499*H499,2)","v":155.35},"16","155910785"]
[null,null,"106","K","771574416","Montáž podlah z dlaždic keramických lepených cementovým flexibilním lepidlem hladkých, tloušťky do 10 mm přes 9 do 12 ks/m2","m2",3.377,800.47,{"$f":"ROUND(I500*H500,2)","v":{"v":2703.19,"d":"2,703.19"}},"CS ÚRS 2025 01",null,"","základní",null,{"$f":"O500*H500","v":{"v":0,"d":"0.00000"}},{"v":0.006,"d":"0.00600"},{"$f":"Q500*H500","v":{"v":0.020262,"d":"0.02026"}},{"v":0,"d":"0.00000"},{"$f":"S500*H500","v":{"v":0,"d":"0.00000"}},{"$nulls":23},"16",null,"K","2",{"$nulls":3},"ROZPOCET",{"$nulls":5},{"$f":"IF(N500=\"základní\",J500,0)","v":{"v":2703.19,"d":"2,703.19"}},{"$f":"IF(N500=\"snížená\",J500,0)","v":{"v":0,"d":"0.00"}},{"$f":"IF(N500=\"zákl. přenesená\",J500,0)","v":{"v":0,"d":"0.00"}},{"$f":"IF(N500=\"sníž. přenesená\",J500,0)","v":{"v":0,"d":"0.00"}},{"$f":"IF(N500=\"nulová\",J500,0)","v":{"v":0,"d":"0.00"}},"1",{"$f":"ROUND(I500*H500,2)","v":{"v":2703.19,"d":"2,703.19"}},"16","1094763972"]
[{"$nulls":3},"Online PSC",null,"https://podminky.urs.cz/item/CS_URS_2025_01/771574416",{"$nulls":39},"Online PSC","2"]
[null,null,"107","M","59761409.R","dlažba keramická slinutá protiskluzná do interiéru i exteriéru - bude upřesněno investorem","m2",{"v":5,"d":"5.000"},452.97,{"$f":"ROUND(I502*H502,2)","v":{"v":2264.85,"d":"2,264.85"}},"vlastní",null,"","základní",null,{"$f":"O502*H502","v":{"v":0,"d":"0.00000"}},{"v":0.0192,"d":"0.01920"},{"$f":"Q502*H502","v":{"v":0.09599999999999999,"d":"0.09600"}},{"v":0,"d":"0.00000"},{"$f":"S502*H502","v":{"v":0,"d":"0.00000"}},{"$nulls":23},"32",null,"M","2",{"$nulls":3},"ROZPOCET",{"$nulls":5},{"$f":"IF(N502=\"základní\",J502,0)","v":{"v":2264.85,"d":"2,264.85"}},{"$f":"IF(N502=\"snížená\",J502,0)","v":{"v":0,"d":"0.00"}},{"$f":"IF(N502=\"zákl. přenesená\",J502,0)","v":{"v":0,"d":"0.00"}},{"$f":"IF(N502=\"sníž. přenesená\",J502,0)","v":{"v":0,"d":"0.00"}},{"$f":"IF(N502=\"nulová\",J502,0)","v":{"v":0,"d":"0.00"}},"1",{"$f":"ROUND(I502*H502,2)","v":{"v":2264.85,"d":"2,264.85"}},"16","379911173"]
[null,null,"108","K","998771103","Přesun hmot pro podlahy z dlaždic stanovený z hmotnosti přesunovaného materiálu vodorovná dopravní vzdálenost do 50 m základní v objektech výšky přes 12 do 24 m","t",0.193,{"v":1271.33,"d":"1,271.33"},{"$f":"ROUND(I503*H503,2)","v":245.37},"CS ÚRS 2025 01",null,"","základní",null,{"$f":"O503*H503","v":{"v":0,"d":"0.00000"}},{"v":0,"d":"0.00000"},{"$f":"Q503*H503","v":{"v":0,"d":"0.00000"}},{"v":0,"d":"0.00000"},{"$f":"S503*H503","v":{"v":0,"d":"0.00000"}},{"$nulls":23},"16",null,"K","2",{"$nulls":3},"ROZPOCET",{"$nulls":5},{"$f":"IF(N503=\"základní\",J503,0)","v":245.37},{"$f":"IF(N503=\"snížená\",J503,0)","v":{"v":0,"d":"0.00"}},{"$f":"IF(N503=\"zákl. přenesená\",J503,0)","v":{"v":0,"d":"0.00"}},{"$f":"IF(N503=\"sníž. přenesená\",J503,0)","v":{"v":0,"d":"0.00"}},{"$f":"IF(N503=\"nulová\",J503,0)","v":{"v":0,"d":"0.00"}},"1",{"$f":"ROUND(I503*H503,2)","v":245.37},"16","1180974272"]
[{"$nulls":3},"Online PSC",null,"https://podminky.urs.cz/item/CS_URS_2025_01/998771103",{"$nulls":39},"Online PSC","2"]
[{"$nulls":3},"D","781","Dokončovací práce - obklady",{"$nulls":3},{"$f":"BK505","v":{"v":31430.96,"d":"31,430.96"}},{"$nulls":5},{"$f":"SUM(P506:P541)","v":{"v":0,"d":"0.00000"}},null,{"$f":"SUM(R506:R541)","v":{"v":0.3581567,"d":"0.35816"}},null,{"$f":"SUM(T506:T541)","v":{"v":0,"d":"0.00000"}},{"$nulls":23},"2",null,"D","1",{"$nulls":3},"ROZPOCET",{"$nulls":11},{"$f":"SUM(BK506:BK541)","v":{"v":31430.96,"d":"31,430.96"}}]
[null,null,"109","K","781111011","Příprava podkladu před provedením obkladu oprášení (ometení) stěny","m2",17.489,17.89,{"$f":"ROUND(I506*H506,2)","v":312.88},"CS ÚRS 2025 01",null,"","základní",null,{"$f":"O506*H506","v":{"v":0,"d":"0.00000"}},{"v":0,"d":"0.00000"},{"$f":"Q506*H506","v":{"v":0,"d":"0.00000"}},{"v":0,"d":"0.00000"},{"$f":"S506*H506","v":{"v":0,"d":"0.00000"}},{"$nulls":23},"16",null,"K","2",{"$nulls":3},"ROZPOCET",{"$nulls":5},{"$f":"IF(N506=\"základní\",J506,0)","v":312.88},{"$f":"IF(N506=\"snížená\",J506,0)","v":{"v":0,"d":"0.00"}},{"$f":"IF(N506=\"zákl. přenesená\",J506,0)","v":{"v":0,"d":"0.00"}},{"$f":"IF(N506=\"sníž. přenesená\",J506,0)","v":{"v":0,"d":"0.00"}},{"$f":"IF(N506=\"nulová\",J506,0)","v":{"v":0,"d":"0.00"}},"1",{"$f":"ROUND(I506*H506,2)","v":312.88},"16","207010006"]
[{"$nulls":3},"Online PSC",null,"https://podminky.urs.cz/item/CS_URS_2025_01/781111011",{"$nulls":39},"Online PSC","2"]
[{"$nulls":3},"VV","","\"prostor umyvadel\"",null,"",{"$nulls":37},"VV","2","1","True","0","ROZPOCET"]
[{"$nulls":3},"VV","","(1,42+0,82*2)*1,53",null,4.682,{"$nulls":37},"VV","2","2","True","0","ROZPOCET"]
[{"$nulls":3},"VV","","\"sprcha\"",null,"",{"$nulls":37},"VV","2","1","True","0","ROZPOCET"]
[{"$nulls":3},"VV","","(1,42*2+0,9*2)*2-(0,7*2)",null,{"v":7.88,"d":"7.880"},{"$nulls":37},"VV","2","2","True","0","ROZPOCET"]
[{"$nulls":3},"VV","","\"WC\"",null,"",{"$nulls":37},"VV","2","1","True","0","ROZPOCET"]
[{"$nulls":3},"VV","","(0,82*2+1,14*2)*1,53-(0,7*1,53)",null,4.927,{"$nulls":37},"VV","2","2","True","0","ROZPOCET"]
[{"$nulls":3},"VV","","Součet",null,17.489,{"$nulls":37},"VV","2","4","True","1","ROZPOCET"]
[null,null,"110","K","781121011","Nátěr penetrační na stěnu","m2",17.489,27.31,{"$f":"ROUND(I515*H515,2)","v":477.62},"CS ÚRS 2025 01",null,"","základní",null,{"$f":"O515*H515","v":{"v":0,"d":"0.00000"}},{"v":0.0003,"d":"0.00030"},{"$f":"Q515*H515","v":{"v":5.2467E-3,"d":"0.00525"}},{"v":0,"d":"0.00000"},{"$f":"S515*H515","v":{"v":0,"d":"0.00000"}},{"$nulls":23},"16",null,"K","2",{"$nulls":3},"ROZPOCET",{"$nulls":5},{"$f":"IF(N515=\"základní\",J515,0)","v":477.62},{"$f":"IF(N515=\"snížená\",J515,0)","v":{"v":0,"d":"0.00"}},{"$f":"IF(N515=\"zákl. přenesená\",J515,0)","v":{"v":0,"d":"0.00"}},{"$f":"IF(N515=\"sníž. přenesená\",J515,0)","v":{"v":0,"d":"0.00"}},{"$f":"IF(N515=\"nulová\",J515,0)","v":{"v":0,"d":"0.00"}},"1",{"$f":"ROUND(I515*H515,2)","v":477.62},"16","-60586925"]
[{"$nulls":3},"Online PSC",null,"https://podminky.urs.cz/item/CS_URS_2025_01/781121011",{"$nulls":39},"Online PSC","2"]
[null,null,"111","K","781131112","Izolace stěny pod obklad izolace nátěrem nebo stěrkou ve dvou vrstvách","m2",{"v":11.08,"d":"11.080"},452.03,{"$f":"ROUND(I517*H517,2)","v":{"v":5008.49,"d":"5,008.49"}},"CS ÚRS 2025 01",null,"","základní",null,{"$f":"O517*H517","v":{"v":0,"d":"0.00000"}},{"v":1.5E-3,"d":"0.00150"},{"$f":"Q517*H517","v":0.01662},{"v":0,"d":"0.00000"},{"$f":"S517*H517","v":{"v":0,"d":"0.00000"}},{"$nulls":23},"16",null,"K","2",{"$nulls":3},"ROZPOCET",{"$nulls":5},{"$f":"IF(N517=\"základní\",J517,0)","v":{"v":5008.49,"d":"5,008.49"}},{"$f":"IF(N517=\"snížená\",J517,0)","v":{"v":0,"d":"0.00"}},{"$f":"IF(N517=\"zákl. přenesená\",J517,0)","v":{"v":0,"d":"0.00"}},{"$f":"IF(N517=\"sníž. přenesená\",J517,0)","v":{"v":0,"d":"0.00"}},{"$f":"IF(N517=\"nulová\",J517,0)","v":{"v":0,"d":"0.00"}},"1",{"$f":"ROUND(I517*H517,2)","v":{"v":5008.49,"d":"5,008.49"}},"16","1756561883"]
[{"$nulls":3},"Online PSC",null,"https://podminky.urs.cz/item/CS_URS_2025_01/781131112",{"$nulls":39},"Online PSC","2"]
[{"$nulls":3},"VV","","\"prostor umyvadel\"",null,"",{"$nulls":37},"VV","2","1","True","0","ROZPOCET"]
[{"$nulls":3},"VV","","(1,42+0,82*2)*1,53",null,4.682,{"$nulls":37},"VV","2","2","True","0","ROZPOCET"]
[{"$nulls":3},"VV","","\"sprcha\"",null,"",{"$nulls":37},"VV","2","1","True","0","ROZPOCET"]
[{"$nulls":3},"VV","","(0,8+0,9+0,8)*2+(0,62+0,9+0,62-0,7)*0,3",null,5.432,{"$nulls":37},"VV","2","2","True","0","ROZPOCET"]
[{"$nulls":3},"VV","","\"WC\"",null,"",{"$nulls":37},"VV","2","1","True","0","ROZPOCET"]
[{"$nulls":3},"VV","","(0,82*2+1,14*2-0,7)*0,3",null,0.966,{"$nulls":37},"VV","2","2","True","0","ROZPOCET"]
[{"$nulls":3},"VV","","Součet",null,{"v":11.08,"d":"11.080"},{"$nulls":37},"VV","2","4","True","1","ROZPOCET"]
[null,null,"112","K","781161021","Příprava podkladu před provedením obkladu montáž profilu ukončujícího profilu rohového, vanového","m",{"v":13.28,"d":"13.280"},150.68,{"$f":"ROUND(I526*H526,2)","v":{"v":2001.03,"d":"2,001.03"}},"CS ÚRS 2025 01",null,"","základní",null,{"$f":"O526*H526","v":{"v":0,"d":"0.00000"}},{"v":0.0002,"d":"0.00020"},{"$f":"Q526*H526","v":{"v":0.002656,"d":"0.00266"}},{"v":0,"d":"0.00000"},{"$f":"S526*H526","v":{"v":0,"d":"0.00000"}},{"$nulls":23},"16",null,"K","2",{"$nulls":3},"ROZPOCET",{"$nulls":5},{"$f":"IF(N526=\"základní\",J526,0)","v":{"v":2001.03,"d":"2,001.03"}},{"$f":"IF(N526=\"snížená\",J526,0)","v":{"v":0,"d":"0.00"}},{"$f":"IF(N526=\"zákl. přenesená\",J526,0)","v":{"v":0,"d":"0.00"}},{"$f":"IF(N526=\"sníž. přenesená\",J526,0)","v":{"v":0,"d":"0.00"}},{"$f":"IF(N526=\"nulová\",J526,0)","v":{"v":0,"d":"0.00"}},"1",{"$f":"ROUND(I526*H526,2)","v":{"v":2001.03,"d":"2,001.03"}},"16","196276235"]
[{"$nulls":3},"Online PSC",null,"https://podminky.urs.cz/item/CS_URS_2025_01/781161021",{"$nulls":39},"Online PSC","2"]
[{"$nulls":3},"VV","","\"lišty plastové zaoblené\"",null,"",{"$nulls":37},"VV","2","1","True","0","ROZPOCET"]
[{"$nulls":3},"VV","","\"prostor umyvadel\"",null,"",{"$nulls":37},"VV","2","1","True","0","ROZPOCET"]
[{"$nulls":3},"VV","","(1,42+0,82*2)+(1,53*2)",null,{"v":6.12,"d":"6.120"},{"$nulls":37},"VV","2","2","True","0","ROZPOCET"]
[{"$nulls":3},"VV","","\"sprcha\"",null,"",{"$nulls":37},"VV","2","1","True","0","ROZPOCET"]
[{"$nulls":3},"VV","","(1,42*2+0,9*2)-(0,7)",null,{"v":3.94,"d":"3.940"},{"$nulls":37},"VV","2","2","True","0","ROZPOCET"]
[{"$nulls":3},"VV","","\"WC\"",null,"",{"$nulls":37},"VV","2","1","True","0","ROZPOCET"]
[{"$nulls":3},"VV","","(0,82*2+1,14*2)-(0,7)",null,{"v":3.22,"d":"3.220"},{"$nulls":37},"VV","2","2","True","0","ROZPOCET"]
[{"$nulls":3},"VV","","Součet",null,{"v":13.280000000000001,"d":"13.280"},{"$nulls":37},"VV","2","4","True","1","ROZPOCET"]
[null,null,"113","M","28342005","lišta ukončovací z PVC 12,5mm","m",{"v":15,"d":"15.000"},37.95,{"$f":"ROUND(I536*H536,2)","v":569.25},"CS ÚRS 2025 01",null,"","základní",null,{"$f":"O536*H536","v":{"v":0,"d":"0.00000"}},{"v":0.0003,"d":"0.00030"},{"$f":"Q536*H536","v":{"v":0.0045,"d":"0.00450"}},{"v":0,"d":"0.00000"},{"$f":"S536*H536","v":{"v":0,"d":"0.00000"}},{"$nulls":23},"32",null,"M","2",{"$nulls":3},"ROZPOCET",{"$nulls":5},{"$f":"IF(N536=\"základní\",J536,0)","v":569.25},{"$f":"IF(N536=\"snížená\",J536,0)","v":{"v":0,"d":"0.00"}},{"$f":"IF(N536=\"zákl. přenesená\",J536,0)","v":{"v":0,"d":"0.00"}},{"$f":"IF(N536=\"sníž. přenesená\",J536,0)","v":{"v":0,"d":"0.00"}},{"$f":"IF(N536=\"nulová\",J536,0)","v":{"v":0,"d":"0.00"}},"1",{"$f":"ROUND(I536*H536,2)","v":569.25},"16","-1691619190"]
[null,null,"114","K","781472216","Montáž keramických obkladů stěn lepených cementovým flexibilním lepidlem hladkých přes 9 do 12 ks/m2","m2",17.489,800.51,{"$f":"ROUND(I537*H537,2)","v":{"v":14000.12,"d":"14,000.12"}},"CS ÚRS 2025 01",null,"","základní",null,{"$f":"O537*H537","v":{"v":0,"d":"0.00000"}},{"v":0.006,"d":"0.00600"},{"$f":"Q537*H537","v":{"v":0.10493400000000001,"d":"0.10493"}},{"v":0,"d":"0.00000"},{"$f":"S537*H537","v":{"v":0,"d":"0.00000"}},{"$nulls":23},"16",null,"K","2",{"$nulls":3},"ROZPOCET",{"$nulls":5},{"$f":"IF(N537=\"základní\",J537,0)","v":{"v":14000.12,"d":"14,000.12"}},{"$f":"IF(N537=\"snížená\",J537,0)","v":{"v":0,"d":"0.00"}},{"$f":"IF(N537=\"zákl. přenesená\",J537,0)","v":{"v":0,"d":"0.00"}},{"$f":"IF(N537=\"sníž. přenesená\",J537,0)","v":{"v":0,"d":"0.00"}},{"$f":"IF(N537=\"nulová\",J537,0)","v":{"v":0,"d":"0.00"}},"1",{"$f":"ROUND(I537*H537,2)","v":{"v":14000.12,"d":"14,000.12"}},"16","1183124899"]
[{"$nulls":3},"Online PSC",null,"https://podminky.urs.cz/item/CS_URS_2025_01/781472216",{"$nulls":39},"Online PSC","2"]
[null,null,"115","M","59761026R","obklad keramický, OBKLAD - REKTIFIKOVANÝ, 80 % bílý, 20% barevný - dle výběru investora","m2",{"v":19,"d":"19.000"},452.97,{"$f":"ROUND(I539*H539,2)","v":{"v":8606.43,"d":"8,606.43"}},"vlastní",null,"","základní",null,{"$f":"O539*H539","v":{"v":0,"d":"0.00000"}},{"v":0.0118,"d":"0.01180"},{"$f":"Q539*H539","v":{"v":0.22419999999999998,"d":"0.22420"}},{"v":0,"d":"0.00000"},{"$f":"S539*H539","v":{"v":0,"d":"0.00000"}},{"$nulls":23},"32",null,"M","2",{"$nulls":3},"ROZPOCET",{"$nulls":5},{"$f":"IF(N539=\"základní\",J539,0)","v":{"v":8606.43,"d":"8,606.43"}},{"$f":"IF(N539=\"snížená\",J539,0)","v":{"v":0,"d":"0.00"}},{"$f":"IF(N539=\"zákl. přenesená\",J539,0)","v":{"v":0,"d":"0.00"}},{"$f":"IF(N539=\"sníž. přenesená\",J539,0)","v":{"v":0,"d":"0.00"}},{"$f":"IF(N539=\"nulová\",J539,0)","v":{"v":0,"d":"0.00"}},"1",{"$f":"ROUND(I539*H539,2)","v":{"v":8606.43,"d":"8,606.43"}},"16","1592493313"]
[null,null,"116","K","998781103","Přesun hmot pro obklady keramické stanovený z hmotnosti přesunovaného materiálu vodorovná dopravní vzdálenost do 50 m základní v objektech výšky přes 12 do 24 m","t",0.358,{"v":1271.33,"d":"1,271.33"},{"$f":"ROUND(I540*H540,2)","v":455.14},"CS ÚRS 2025 01",null,"","základní",null,{"$f":"O540*H540","v":{"v":0,"d":"0.00000"}},{"v":0,"d":"0.00000"},{"$f":"Q540*H540","v":{"v":0,"d":"0.00000"}},{"v":0,"d":"0.00000"},{"$f":"S540*H540","v":{"v":0,"d":"0.00000"}},{"$nulls":23},"16",null,"K","2",{"$nulls":3},"ROZPOCET",{"$nulls":5},{"$f":"IF(N540=\"základní\",J540,0)","v":455.14},{"$f":"IF(N540=\"snížená\",J540,0)","v":{"v":0,"d":"0.00"}},{"$f":"IF(N540=\"zákl. přenesená\",J540,0)","v":{"v":0,"d":"0.00"}},{"$f":"IF(N540=\"sníž. přenesená\",J540,0)","v":{"v":0,"d":"0.00"}},{"$f":"IF(N540=\"nulová\",J540,0)","v":{"v":0,"d":"0.00"}},"1",{"$f":"ROUND(I540*H540,2)","v":455.14},"16","1413563590"]
[{"$nulls":3},"Online PSC",null,"https://podminky.urs.cz/item/CS_URS_2025_01/998781103",{"$nulls":39},"Online PSC","2"]
[{"$nulls":3},"D","783","Dokončovací práce - nátěry",{"$nulls":3},{"$f":"BK542","v":{"v":1827.94,"d":"1,827.94"}},{"$nulls":5},{"$f":"SUM(P543:P558)","v":{"v":0,"d":"0.00000"}},null,{"$f":"SUM(R543:R558)","v":{"v":1.5731999999999999E-3,"d":"0.00157"}},null,{"$f":"SUM(T543:T558)","v":{"v":0,"d":"0.00000"}},{"$nulls":23},"2",null,"D","1",{"$nulls":3},"ROZPOCET",{"$nulls":11},{"$f":"SUM(BK543:BK558)","v":{"v":1827.94,"d":"1,827.94"}}]
[null,null,"117","K","783306805","Odstranění nátěrů ze zámečnických konstrukcí opálením s obroušením","m2",{"v":4.14,"d":"4.140"},54.59,{"$f":"ROUND(I543*H543,2)","v":{"v":226,"d":"226.00"}},"CS ÚRS 2025 01",null,"","základní",null,{"$f":"O543*H543","v":{"v":0,"d":"0.00000"}},{"v":2e-05,"d":"0.00002"},{"$f":"Q543*H543","v":{"v":8.2800000000000007E-5,"d":"0.00008"}},{"v":0,"d":"0.00000"},{"$f":"S543*H543","v":{"v":0,"d":"0.00000"}},{"$nulls":23},"16",null,"K","2",{"$nulls":3},"ROZPOCET",{"$nulls":5},{"$f":"IF(N543=\"základní\",J543,0)","v":{"v":226,"d":"226.00"}},{"$f":"IF(N543=\"snížená\",J543,0)","v":{"v":0,"d":"0.00"}},{"$f":"IF(N543=\"zákl. přenesená\",J543,0)","v":{"v":0,"d":"0.00"}},{"$f":"IF(N543=\"sníž. přenesená\",J543,0)","v":{"v":0,"d":"0.00"}},{"$f":"IF(N543=\"nulová\",J543,0)","v":{"v":0,"d":"0.00"}},"1",{"$f":"ROUND(I543*H543,2)","v":{"v":226,"d":"226.00"}},"16","-629401242"]
[{"$nulls":3},"Online PSC",null,"https://podminky.urs.cz/item/CS_URS_2025_01/783306805",{"$nulls":39},"Online PSC","2"]
[{"$nulls":3},"VV","","\"stávající zárubně\"",null,"",{"$nulls":37},"VV","2","1","True","0","ROZPOCET"]
[{"$nulls":3},"VV","","\"prostor umyvadel\"",null,"",{"$nulls":37},"VV","2","1","True","0","ROZPOCET"]
[{"$nulls":3},"VV","","0",null,{"v":0,"d":"0.000"},{"$nulls":37},"VV","2","2","True","0","ROZPOCET"]
[{"$nulls":3},"VV","","\"sprcha\"",null,"",{"$nulls":37},"VV","2","1","True","0","ROZPOCET"]
[{"$nulls":3},"VV","","(2+0,6+2)*(0,15*3)",null,{"v":2.07,"d":"2.070"},{"$nulls":37},"VV","2","2","True","0","ROZPOCET"]
[{"$nulls":3},"VV","","\"WC\"",null,"",{"$nulls":37},"VV","2","1","True","0","ROZPOCET"]
[{"$nulls":3},"VV","","(2+0,6+2)*(0,15*3)",null,{"v":2.07,"d":"2.070"},{"$nulls":37},"VV","2","2","True","0","ROZPOCET"]
[{"$nulls":3},"VV","","Součet",null,{"v":4.14,"d":"4.140"},{"$nulls":37},"VV","2","4","True","1","ROZPOCET"]
[null,null,"118","K","783301313","Příprava podkladu zámečnických konstrukcí před provedením nátěru odmaštění odmašťovačem ředidlovým","m2",{"v":4.14,"d":"4.140"},128.98,{"$f":"ROUND(I553*H553,2)","v":533.98},"CS ÚRS 2025 01",null,"","základní",null,{"$f":"O553*H553","v":{"v":0,"d":"0.00000"}},{"v":7e-05,"d":"0.00007"},{"$f":"Q553*H553","v":{"v":2.8979999999999994E-4,"d":"0.00029"}},{"v":0,"d":"0.00000"},{"$f":"S553*H553","v":{"v":0,"d":"0.00000"}},{"$nulls":23},"16",null,"K","2",{"$nulls":3},"ROZPOCET",{"$nulls":5},{"$f":"IF(N553=\"základní\",J553,0)","v":533.98},{"$f":"IF(N553=\"snížená\",J553,0)","v":{"v":0,"d":"0.00"}},{"$f":"IF(N553=\"zákl. přenesená\",J553,0)","v":{"v":0,"d":"0.00"}},{"$f":"IF(N553=\"sníž. přenesená\",J553,0)","v":{"v":0,"d":"0.00"}},{"$f":"IF(N553=\"nulová\",J553,0)","v":{"v":0,"d":"0.00"}},"1",{"$f":"ROUND(I553*H553,2)","v":533.98},"16","-187625780"]
[{"$nulls":3},"Online PSC",null,"https://podminky.urs.cz/item/CS_URS_2025_01/783301313",{"$nulls":39},"Online PSC","2"]
[null,null,"119","K","783314201","Základní antikorozní nátěr zámečnických konstrukcí jednonásobný syntetický standardní","m2",{"v":4.14,"d":"4.140"},128.98,{"$f":"ROUND(I555*H555,2)","v":533.98},"CS ÚRS 2025 01",null,"","základní",null,{"$f":"O555*H555","v":{"v":0,"d":"0.00000"}},0.00017,{"$f":"Q555*H555","v":{"v":0.0007038,"d":"0.00070"}},{"v":0,"d":"0.00000"},{"$f":"S555*H555","v":{"v":0,"d":"0.00000"}},{"$nulls":23},"16",null,"K","2",{"$nulls":3},"ROZPOCET",{"$nulls":5},{"$f":"IF(N555=\"základní\",J555,0)","v":533.98},{"$f":"IF(N555=\"snížená\",J555,0)","v":{"v":0,"d":"0.00"}},{"$f":"IF(N555=\"zákl. přenesená\",J555,0)","v":{"v":0,"d":"0.00"}},{"$f":"IF(N555=\"sníž. přenesená\",J555,0)","v":{"v":0,"d":"0.00"}},{"$f":"IF(N555=\"nulová\",J555,0)","v":{"v":0,"d":"0.00"}},"1",{"$f":"ROUND(I555*H555,2)","v":533.98},"16","506202775"]
[{"$nulls":3},"Online PSC",null,"https://podminky.urs.cz/item/CS_URS_2025_01/783314201",{"$nulls":39},"Online PSC","2"]
[null,null,"120","K","783317101","Krycí nátěr (email) zámečnických konstrukcí jednonásobný syntetický standardní","m2",{"v":4.14,"d":"4.140"},128.98,{"$f":"ROUND(I557*H557,2)","v":533.98},"CS ÚRS 2025 01",null,"","základní",null,{"$f":"O557*H557","v":{"v":0,"d":"0.00000"}},{"v":1.2E-4,"d":"0.00012"},{"$f":"Q557*H557","v":{"v":4.9679999999999993E-4,"d":"0.00050"}},{"v":0,"d":"0.00000"},{"$f":"S557*H557","v":{"v":0,"d":"0.00000"}},{"$nulls":23},"16",null,"K","2",{"$nulls":3},"ROZPOCET",{"$nulls":5},{"$f":"IF(N557=\"základní\",J557,0)","v":533.98},{"$f":"IF(N557=\"snížená\",J557,0)","v":{"v":0,"d":"0.00"}},{"$f":"IF(N557=\"zákl. přenesená\",J557,0)","v":{"v":0,"d":"0.00"}},{"$f":"IF(N557=\"sníž. přenesená\",J557,0)","v":{"v":0,"d":"0.00"}},{"$f":"IF(N557=\"nulová\",J557,0)","v":{"v":0,"d":"0.00"}},"1",{"$f":"ROUND(I557*H557,2)","v":533.98},"16","-1766083860"]
[{"$nulls":3},"Online PSC",null,"https://podminky.urs.cz/item/CS_URS_2025_01/783317101",{"$nulls":39},"Online PSC","2"]
[{"$nulls":3},"D","784","Dokončovací práce - malby a tapety",{"$nulls":3},{"$f":"BK559","v":{"v":1823.95,"d":"1,823.95"}},{"$nulls":5},{"$f":"SUM(P560:P573)","v":{"v":0,"d":"0.00000"}},null,{"$f":"SUM(R560:R573)","v":{"v":0.0067212052,"d":"0.00672"}},null,{"$f":"SUM(T560:T573)","v":{"v":0,"d":"0.00000"}},{"$nulls":23},"2",null,"D","1",{"$nulls":3},"ROZPOCET",{"$nulls":11},{"$f":"SUM(BK560:BK573)","v":{"v":1823.95,"d":"1,823.95"}}]
[null,null,"121","K","784111001","Oprášení (ometení) podkladu v místnostech výšky do 3,80 m","m2",14.138,17.89,{"$f":"ROUND(I560*H560,2)","v":252.93},"CS ÚRS 2025 01",null,"","základní",null,{"$f":"O560*H560","v":{"v":0,"d":"0.00000"}},{"v":0,"d":"0.00000"},{"$f":"Q560*H560","v":{"v":0,"d":"0.00000"}},{"v":0,"d":"0.00000"},{"$f":"S560*H560","v":{"v":0,"d":"0.00000"}},{"$nulls":23},"16",null,"K","2",{"$nulls":3},"ROZPOCET",{"$nulls":5},{"$f":"IF(N560=\"základní\",J560,0)","v":252.93},{"$f":"IF(N560=\"snížená\",J560,0)","v":{"v":0,"d":"0.00"}},{"$f":"IF(N560=\"zákl. přenesená\",J560,0)","v":{"v":0,"d":"0.00"}},{"$f":"IF(N560=\"sníž. přenesená\",J560,0)","v":{"v":0,"d":"0.00"}},{"$f":"IF(N560=\"nulová\",J560,0)","v":{"v":0,"d":"0.00"}},"1",{"$f":"ROUND(I560*H560,2)","v":252.93},"16","1240866701"]
[{"$nulls":3},"Online PSC",null,"https://podminky.urs.cz/item/CS_URS_2025_01/784111001",{"$nulls":39},"Online PSC","2"]
[null,null,"122","K","784181101","Penetrace podkladu jednonásobná základní akrylátová bezbarvá v místnostech výšky do 3,80 m","m2",14.138,27.31,{"$f":"ROUND(I562*H562,2)","v":386.11},"CS ÚRS 2025 01",null,"","základní",null,{"$f":"O562*H562","v":{"v":0,"d":"0.00000"}},{"v":0.0002,"d":"0.00020"},{"$f":"Q562*H562","v":{"v":2.8276E-3,"d":"0.00283"}},{"v":0,"d":"0.00000"},{"$f":"S562*H562","v":{"v":0,"d":"0.00000"}},{"$nulls":23},"16",null,"K","2",{"$nulls":3},"ROZPOCET",{"$nulls":5},{"$f":"IF(N562=\"základní\",J562,0)","v":386.11},{"$f":"IF(N562=\"snížená\",J562,0)","v":{"v":0,"d":"0.00"}},{"$f":"IF(N562=\"zákl. přenesená\",J562,0)","v":{"v":0,"d":"0.00"}},{"$f":"IF(N562=\"sníž. přenesená\",J562,0)","v":{"v":0,"d":"0.00"}},{"$f":"IF(N562=\"nulová\",J562,0)","v":{"v":0,"d":"0.00"}},"1",{"$f":"ROUND(I562*H562,2)","v":386.11},"16","-1167198594"]
[{"$nulls":3},"Online PSC",null,"https://podminky.urs.cz/item/CS_URS_2025_01/784181101",{"$nulls":39},"Online PSC","2"]
[{"$nulls":3},"VV","","\"stěny, stropy\"",null,"",{"$nulls":37},"VV","2","1","True","0","ROZPOCET"]
[{"$nulls":3},"VV","","\"prostor umyvadel\"",null,"",{"$nulls":37},"VV","2","1","True","0","ROZPOCET"]
[{"$nulls":3},"VV","","(1,42+0,82*2)*(2,54-1,53)+(1,42*0,82)",null,4.255,{"$nulls":37},"VV","2","2","True","0","ROZPOCET"]
[{"$nulls":3},"VV","","\"sprcha\"",null,"",{"$nulls":37},"VV","2","1","True","0","ROZPOCET"]
[{"$nulls":3},"VV","","(1,42*2+0,9*2)*(2,54-2)+(1,42+0,9)",null,4.826,{"$nulls":37},"VV","2","2","True","0","ROZPOCET"]
[{"$nulls":3},"VV","","\"WC\"",null,"",{"$nulls":37},"VV","2","1","True","0","ROZPOCET"]
[{"$nulls":3},"VV","","(0,82*2+1,14*2)*(2,54-1,53)-(0,7*(2-1,53))+(0,82*0,6+0,82*1,14)",null,5.057,{"$nulls":37},"VV","2","2","True","0","ROZPOCET"]
[{"$nulls":3},"VV","","Součet",null,14.138,{"$nulls":37},"VV","2","4","True","1","ROZPOCET"]
[null,null,"123","K","784211121","Dvojnásobné bílé malby ze směsí za mokra středně oděruvzdorných v místnostech v do 3,80 m","m2",14.138,83.81,{"$f":"ROUND(I572*H572,2)","v":{"v":1184.91,"d":"1,184.91"}},"CS ÚRS 2025 01",null,"","základní",null,{"$f":"O572*H572","v":{"v":0,"d":"0.00000"}},{"v":0.0002754,"d":"0.00028"},{"$f":"Q572*H572","v":{"v":0.0038936052,"d":"0.00389"}},{"v":0,"d":"0.00000"},{"$f":"S572*H572","v":{"v":0,"d":"0.00000"}},{"$nulls":23},"16",null,"K","2",{"$nulls":3},"ROZPOCET",{"$nulls":5},{"$f":"IF(N572=\"základní\",J572,0)","v":{"v":1184.91,"d":"1,184.91"}},{"$f":"IF(N572=\"snížená\",J572,0)","v":{"v":0,"d":"0.00"}},{"$f":"IF(N572=\"zákl. přenesená\",J572,0)","v":{"v":0,"d":"0.00"}},{"$f":"IF(N572=\"sníž. přenesená\",J572,0)","v":{"v":0,"d":"0.00"}},{"$f":"IF(N572=\"nulová\",J572,0)","v":{"v":0,"d":"0.00"}},"1",{"$f":"ROUND(I572*H572,2)","v":{"v":1184.91,"d":"1,184.91"}},"16","-916795326"]
[{"$nulls":3},"Online PSC",null,"https://podminky.urs.cz/item/CS_URS_2025_01/784211121",{"$nulls":39},"Online PSC","2"]
[{"$nulls":3},"D","VRN","Vedlejší rozpočtové náklady",{"$nulls":3},{"$f":"BK574","v":{"v":3060.62,"d":"3,060.62"}},{"$nulls":5},{"$f":"P575","v":{"v":0,"d":"0.00000"}},null,{"$f":"R575","v":{"v":0,"d":"0.00000"}},null,{"$f":"T575","v":{"v":0,"d":"0.00000"}},{"$nulls":23},"5",null,"D","0",{"$nulls":3},"ROZPOCET",{"$nulls":11},{"$f":"BK575","v":{"v":3060.62,"d":"3,060.62"}}]
[{"$nulls":3},"D","VRN4","Inženýrská činnost",{"$nulls":3},{"$f":"BK575","v":{"v":3060.62,"d":"3,060.62"}},{"$nulls":5},{"$f":"SUM(P576:P577)","v":{"v":0,"d":"0.00000"}},null,{"$f":"SUM(R576:R577)","v":{"v":0,"d":"0.00000"}},null,{"$f":"SUM(T576:T577)","v":{"v":0,"d":"0.00000"}},{"$nulls":23},"5",null,"D","1",{"$nulls":3},"ROZPOCET",{"$nulls":11},{"$f":"SUM(BK576:BK577)","v":{"v":3060.62,"d":"3,060.62"}}]
[null,null,"124","K","043203003","Rozbor vody zkrácený z umyvadla","soubor",{"v":1,"d":"1.000"},{"v":3060.62,"d":"3,060.62"},{"$f":"ROUND(I576*H576,2)","v":{"v":3060.62,"d":"3,060.62"}},"CS ÚRS 2025 01",null,"","základní",null,{"$f":"O576*H576","v":{"v":0,"d":"0.00000"}},{"v":0,"d":"0.00000"},{"$f":"Q576*H576","v":{"v":0,"d":"0.00000"}},{"v":0,"d":"0.00000"},{"$f":"S576*H576","v":{"v":0,"d":"0.00000"}},{"$nulls":23},"1024",null,"K","2",{"$nulls":3},"ROZPOCET",{"$nulls":5},{"$f":"IF(N576=\"základní\",J576,0)","v":{"v":3060.62,"d":"3,060.62"}},{"$f":"IF(N576=\"snížená\",J576,0)","v":{"v":0,"d":"0.00"}},{"$f":"IF(N576=\"zákl. přenesená\",J576,0)","v":{"v":0,"d":"0.00"}},{"$f":"IF(N576=\"sníž. přenesená\",J576,0)","v":{"v":0,"d":"0.00"}},{"$f":"IF(N576=\"nulová\",J576,0)","v":{"v":0,"d":"0.00"}},"1",{"$f":"ROUND(I576*H576,2)","v":{"v":3060.62,"d":"3,060.62"}},"1024","-844301074"]
[{"$nulls":3},"Online PSC",null,"https://podminky.urs.cz/item/CS_URS_2025_01/043203003",{"$nulls":39},"Online PSC","2"]

{"sheet":"03 - 5.NP - č. 521a - Kou...","index":3,"n_rows":488,"n_cols":65,"rows_kept":488,"merged":[[1,11,1,21],[6,4,6,7],[8,4,8,7],[17,4,17,7],[26,4,26,7],[47,4,47,7],[49,4,49,7],[87,4,87,7],[89,4,89,7]]}
[]
[{"$nulls":45},"{96fd7ae7-5d4c-499e-b7e5-1e0ffcac4397}"]
[{"$nulls":45},"2"]
[{"$nulls":3},"KRYCÍ LIST SOUPISU PRACÍ",{"$nulls":8},"v ---  níže se nacházejí doplnkové a pomocné údaje k sestavám  --- v",{"$nulls":32},"False"]
[]
[{"$nulls":3},"Stavba:"]
[{"$nulls":4},{"$f":"'Rekapitulace stavby'!K6","v":"Rekonstrukce hygienických prostor ISŠT, Benešov, Černoleská 1997"}]
[{"$nulls":3},"Objekt:"]
[{"$nulls":4},"03 - 5.NP - č. 521a - Koupelna typ A1"]
[]
[{"$nulls":3},"KSO:",null,"",null,null,"CC-CZ:",""]
[{"$nulls":3},"Místo:",null,"Benešov, Černoleská 1997",null,null,"Datum:",{"$f":"'Rekapitulace stavby'!AN8","v":"2025-08-11"}]
[]
[{"$nulls":3},"Zadavatel:",{"$nulls":4},"IČ:","18620442"]
[{"$nulls":4},"Integrovaná střední škola technická",{"$nulls":3},"DIČ:",""]
[]
[{"$nulls":3},"Účastník:",{"$nulls":4},"IČ:",{"$f":"'Rekapitulace stavby'!AN13","v":"24832898"}]
[{"$nulls":4},{"$f":"'Rekapitulace stavby'!E14","v":"OTISTAV s.r.o."},{"$nulls":3},"DIČ:",{"$f":"'Rekapitulace stavby'!AN14","v":"CZ24832898"}]
[]
[{"$nulls":3},"Projektant:",{"$nulls":4},"IČ:",""]
[{"$nulls":4},"Ing. arch. Ondřej Lovíšek",{"$nulls":3},"DIČ:",""]
[]
[{"$nulls":3},"Zpracovatel:",{"$nulls":4},"IČ:",{"$f":"IF('Rekapitulace stavby'!AN19=\"\",\"\",'Rekapitulace stavby'!AN19)","v":""}]
[{"$nulls":4},{"$f":"IF('Rekapitulace stavby'!E20=\"\",\"\",'Rekapitulace stavby'!E20)","v":" "},{"$nulls":3},"DIČ:",{"$f":"IF('Rekapitulace stavby'!AN20=\"\",\"\",'Rekapitulace stavby'!AN20)","v":""}]
[]
[{"$nulls":3},"Poznámka:"]
[{"$nulls":4},""]
[]
[]
[{"$nulls":3},"Cena bez DPH",{"$nulls":5},{"$f":"ROUND(J98, 2)","v":{"v":155241.1,"d":"155,241.10"}}]
[]
[{"$nulls":5},"Základ daně",null,null,"Sazba daně","Výše daně"]
[{"$nulls":3},"DPH","základní",{"$f":"ROUND((SUM(BE98:BE488)),  2)","v":{"v":155241.1,"d":"155,241.10"}},null,null,{"v":0.21,"d":"21.00%"},{"$f":"ROUND(((SUM(BE98:BE488))*I33),  2)","v":{"v":32600.63,"d":"32,600.63"}}]
[{"$nulls":4},"snížená",{"$f":"ROUND((SUM(BF98:BF488)),  2)","v":{"v":0,"d":"0.00"}},null,null,{"v":0.12,"d":"12.00%"},{"$f":"ROUND(((SUM(BF98:BF488))*I34),  2)","v":{"v":0,"d":"0.00"}}]
[{"$nulls":4},"zákl. přenesená",{"$f":"ROUND((SUM(BG98:BG488)),  2)","v":{"v":0,"d":"0.00"}},null,null,{"v":0.21,"d":"21.00%"},{"$f":"0","v":{"v":0,"d":"0.00"}}]
[{"$nulls":4},"sníž. přenesená",{"$f":"ROUND((SUM(BH98:BH488)),  2)","v":{"v":0,"d":"0.00"}},null,null,{"v":0.12,"d":"12.00%"},{"$f":"0","v":{"v":0,"d":"0.00"}}]
[{"$nulls":4},"nulová",{"$f":"ROUND((SUM(BI98:BI488)),  2)","v":{"v":0,"d":"0.00"}},null,null,{"v":0,"d":"0.00%"},{"$f":"0","v":{"v":0,"d":"0.00"}}]
[]
[{"$nulls":3},"Cena s DPH",null,null,"v","CZK",null,{"$f":"SUM(J30:J37)","v":{"v":187841.73,"d":"187,841.73"}}]
[]
[]
[]
[]
[]
[null,null,"REKAPITULACE ČLENĚNÍ SOUPISU PRACÍ"]
[]
[null,null,"Stavba:"]
[{"$nulls":4},{"$f":"E7","v":"Rekonstrukce hygienických prostor ISŠT, Benešov, Černoleská 1997"}]
[null,null,"Objekt:"]
[{"$nulls":4},{"$f":"E9","v":"03 - 5.NP - č. 521a - Koupelna typ A1"}]
[]
[null,null,"Místo:",null,null,{"$f":"F12","v":"Benešov, Černoleská 1997"},null,null,"Datum:",{"$f":"IF(J12=\"\",\"\",J12)","v":"2025-08-11"}]
[]
[null,null,"Zadavatel:",null,null,{"$f":"E15","v":"Integrovaná střední škola technická"},null,null,"Projektant:",{"$f":"E21","v":"Ing. arch. Ondřej Lovíšek"}]
[null,null,"Účastník:",null,null,{"$f":"IF(E18=\"\",\"\",E18)","v":"OTISTAV s.r.o."},null,null,"Zpracovatel:",{"$f":"E24","v":" "}]
[]
[null,null,"Kód dílu - Popis",{"$nulls":6},"Cena celkem [CZK]"]
[]
[null,null,"Náklady stavby celkem",{"$nulls":6},{"$f":"J98","v":{"v":155241.09999999998,"d":"155,241.10"}},{"$nulls":36},"-1"]
[{"$nulls":3},"HSV - Práce a dodávky HSV",{"$nulls":5},{"$f":"J99","v":{"v":57434.92999999999,"d":"57,434.93"}}]
[{"$nulls":3},"    6 - Úpravy povrchů, podlahy a osazování výplní",{"$nulls":5},{"$f":"J100","v":{"v":34779.88,"d":"34,779.88"}}]
[{"$nulls":3},"    9 - Ostatní konstrukce a práce, bourání",{"$nulls":5},{"$f":"J139","v":{"v":13337.61,"d":"13,337.61"}}]
[{"$nulls":3},"    997 - Přesun sutě",{"$nulls":5},{"$f":"J191","v":{"v":6103.52,"d":"6,103.52"}}]
[{"$nulls":3},"    998 - Přesun hmot",{"$nulls":5},{"$f":"J203","v":{"v":3213.92,"d":"3,213.92"}}]
[{"$nulls":3},"PSV - Práce a dodávky PSV",{"$nulls":5},{"$f":"J206","v":{"v":94745.55,"d":"94,745.55"}}]
[{"$nulls":3},"    721 - Zdravotechnika - vnitřní kanalizace",{"$nulls":5},{"$f":"J207","v":{"v":6328.660000000001,"d":"6,328.66"}}]
[{"$nulls":3},"    722 - Zdravotechnika - vnitřní vodovod",{"$nulls":5},{"$f":"J221","v":{"v":7259.3,"d":"7,259.30"}}]
[{"$nulls":3},"    725 - Zdravotechnika - zařizovací předměty",{"$nulls":5},{"$f":"J237","v":{"v":21096.22,"d":"21,096.22"}}]
[{"$nulls":3},"    741 - Elektroinstalace - silnoproud",{"$nulls":5},{"$f":"J273","v":{"v":4781.040000000001,"d":"4,781.04"}}]
[{"$nulls":3},"    751 - Vzduchotechnika",{"$nulls":5},{"$f":"J326","v":{"v":1391.25,"d":"1,391.25"}}]
[{"$nulls":3},"    766 - Konstrukce truhlářské",{"$nulls":5},{"$f":"J338","v":{"v":7566.69,"d":"7,566.69"}}]
[{"$nulls":3},"    767 - Konstrukce zámečnické",{"$nulls":5},{"$f":"J358","v":{"v":1144.53,"d":"1,144.53"}}]
[{"$nulls":3},"    771 - Podlahy z dlaždic",{"$nulls":5},{"$f":"J371","v":{"v":12045.759999999998,"d":"12,045.76"}}]
[{"$nulls":3},"    781 - Dokončovací práce - obklady",{"$nulls":5},{"$f":"J422","v":{"v":29893.559999999998,"d":"29,893.56"}}]
[{"$nulls":3},"    783 - Dokončovací práce - nátěry",{"$nulls":5},{"$f":"J452","v":{"v":1827.94,"d":"1,827.94"}}]
[{"$nulls":3},"    784 - Dokončovací práce - malby a tapety",{"$nulls":5},{"$f":"J467","v":{"v":1410.6,"d":"1,410.60"}}]
[{"$nulls":3},"VRN - Vedlejší rozpočtové náklady",{"$nulls":5},{"$f":"J485","v":{"v":3060.62,"d":"3,060.62"}}]
[{"$nulls":3},"    VRN4 - Inženýrská činnost",{"$nulls":5},{"$f":"J486","v":{"v":3060.62,"d":"3,060.62"}}]
[]
[]
[]
[]
[]
[]
[null,null,"SOUPIS PRACÍ"]
[]
[null,null,"Stavba:"]
[{"$nulls":4},{"$f":"E7","v":"Rekonstrukce hygienických prostor ISŠT, Benešov, Černoleská 1997"}]
[null,null,"Objekt:"]
[{"$nulls":4},{"$f":"E9","v":"03 - 5.NP - č. 521a - Koupelna typ A1"}]
[]
[null,null,"Místo:",null,null,{"$f":"F12","v":"Benešov, Černoleská 1997"},null,null,"Datum:",{"$f":"IF(J12=\"\",\"\",J12)","v":"2025-08-11"}]
[]
[null,null,"Zadavatel:",null,null,{"$f":"E15","v":"Integrovaná střední škola technická"},null,null,"Projektant:",{"$f":"E21","v":"Ing. arch. Ondřej Lovíšek"}]
[null,null,"Účastník:",null,null,{"$f":"IF(E18=\"\",\"\",E18)","v":"OTISTAV s.r.o."},null,null,"Zpracovatel:",{"$f":"E24","v":" "}]
[]
[null,null,"PČ","Typ","Kód","Popis","MJ","Množství","J.cena [CZK]","Cena celkem [CZK]","Cenová soustava",null,"","DPH","J. Nh [h]","Nh celkem [h]","J. hmotnost [t]","Hmotnost celkem [t]","J. suť [t]","Suť Celkem [t]"]
[null,null,"Náklady soupisu celkem",{"$nulls":6},{"$f":"BK98","v":{"v":155241.09999999998,"d":"155,241.10"}},{"$nulls":5},{"$f":"P99+P206+P485","v":{"v":0,"d":"0.00000"}},null,{"$f":"R99+R206+R485","v":{"v":3.1644057236,"d":"3.16441"}},null,{"$f":"T99+T206+T485","v":{"v":2.314996,"d":"2.31500"}},{"$nulls":25},"D","-1",{"$nulls":15},{"$f":"BK99+BK206+BK485","v":{"v":155241.09999999998,"d":"155,241.10"}}]
[{"$nulls":3},"D","HSV","Práce a dodávky HSV",{"$nulls":3},{"$f":"BK99","v":{"v":57434.92999999999,"d":"57,434.93"}},{"$nulls":5},{"$f":"P100+P139+P191+P203","v":{"v":0,"d":"0.00000"}},null,{"$f":"R100+R139+R191+R203","v":{"v":2.5281064,"d":"2.52811"}},null,{"$f":"T100+T139+T191+T203","v":{"v":2.212126,"d":"2.21213"}},{"$nulls":23},"1",null,"D","0",{"$nulls":3},"ROZPOCET",{"$nulls":11},{"$f":"BK100+BK139+BK191+BK203","v":{"v":57434.92999999999,"d":"57,434.93"}}]
[{"$nulls":3},"D","6","Úpravy povrchů, podlahy a osazování výplní",{"$nulls":3},{"$f":"BK100","v":{"v":34779.88,"d":"34,779.88"}},{"$nulls":5},{"$f":"SUM(P101:P138)","v":{"v":0,"d":"0.00000"}},null,{"$f":"SUM(R101:R138)","v":{"v":2.52769392,"d":"2.52769"}},null,{"$f":"SUM(T101:T138)","v":{"v":0,"d":"0.00000"}},{"$nulls":23},"1",null,"D","1",{"$nulls":3},"ROZPOCET",{"$nulls":11},{"$f":"SUM(BK101:BK138)","v":{"v":34779.88,"d":"34,779.88"}}]
[null,null,"1","K","612135101","Hrubá výplň rýh maltou jakékoli šířky rýhy ve stěnách","m2",{"v":3,"d":"3.000"},{"v":706.3,"d":"706.30"},{"$f":"ROUND(I101*H101,2)","v":{"v":2118.9,"d":"2,118.90"}},"CS ÚRS 2025 01",null,"","základní",null,{"$f":"O101*H101","v":{"v":0,"d":"0.00000"}},{"v":0.056,"d":"0.05600"},{"$f":"Q101*H101","v":{"v":0.168,"d":"0.16800"}},{"v":0,"d":"0.00000"},{"$f":"S101*H101","v":{"v":0,"d":"0.00000"}},{"$nulls":23},"4",null,"K","2",{"$nulls":3},"ROZPOCET",{"$nulls":5},{"$f":"IF(N101=\"základní\",J101,0)","v":{"v":2118.9,"d":"2,118.90"}},{"$f":"IF(N101=\"snížená\",J101,0)","v":{"v":0,"d":"0.00"}},{"$f":"IF(N101=\"zákl. přenesená\",J101,0)","v":{"v":0,"d":"0.00"}},{"$f":"IF(N101=\"sníž. přenesená\",J101,0)","v":{"v":0,"d":"0.00"}},{"$f":"IF(N101=\"nulová\",J101,0)","v":{"v":0,"d":"0.00"}},"1",{"$f":"ROUND(I101*H101,2)","v":{"v":2118.9,"d":"2,118.90"}},"4","-1226278407"]
[{"$nulls":3},"Online PSC",null,"https://podminky.urs.cz/item/CS_URS_2025_01/612135101",{"$nulls":39},"Online PSC","2"]
[{"$nulls":3},"VV","","\"zapravení rýh ve zdivu po rozvodech vody, kanalizace\"",null,"",{"$nulls":37},"VV","2","1","True","0","ROZPOCET"]
[{"$nulls":3},"VV","","10*0,3",null,{"v":3,"d":"3.000"},{"$nulls":37},"VV","2","2","True","1","ROZPOCET"]
[null,null,"2","K","611131121","Podkladní a spojovací vrstva vnitřních omítaných ploch penetrace disperzní nanášená ručně stropů","m2",3.096,55.56,{"$f":"ROUND(I105*H105,2)","v":172.01},"CS ÚRS 2025 01",null,"","základní",null,{"$f":"O105*H105","v":{"v":0,"d":"0.00000"}},0.00026,{"$f":"Q105*H105","v":{"v":0.00080496,"d":"0.00080"}},{"v":0,"d":"0.00000"},{"$f":"S105*H105","v":{"v":0,"d":"0.00000"}},{"$nulls":23},"4",null,"K","2",{"$nulls":3},"ROZPOCET",{"$nulls":5},{"$f":"IF(N105=\"základní\",J105,0)","v":172.01},{"$f":"IF(N105=\"snížená\",J105,0)","v":{"v":0,"d":"0.00"}},{"$f":"IF(N105=\"zákl. přenesená\",J105,0)","v":{"v":0,"d":"0.00"}},{"$f":"IF(N105=\"sníž. přenesená\",J105,0)","v":{"v":0,"d":"0.00"}},{"$f":"IF(N105=\"nulová\",J105,0)","v":{"v":0,"d":"0.00"}},"1",{"$f":"ROUND(I105*H105,2)","v":172.01},"4","1824693536"]
[{"$nulls":3},"Online PSC",null,"https://podminky.urs.cz/item/CS_URS_2025_01/611131121",{"$nulls":39},"Online PSC","2"]
[{"$nulls":3},"VV","","\"WC\"",null,"",{"$nulls":37},"VV","2","1","True","0","ROZPOCET"]
[{"$nulls":3},"VV","","0,82*1,6",null,1.312,{"$nulls":37},"VV","2","2","True","0","ROZPOCET"]
[{"$nulls":3},"VV","","\"koupelna\"",null,"",{"$nulls":37},"VV","2","1","True","0","ROZPOCET"]
[{"$nulls":3},"VV","","1,72*0,85+0,92*0,35",null,1.784,{"$nulls":37},"VV","2","2","True","0","ROZPOCET"]
[{"$nulls":3},"VV","","Součet",null,3.096,{"$nulls":37},"VV","2","4","True","1","ROZPOCET"]
[null,null,"3","K","611142001","Pletivo vnitřních ploch v ploše nebo pruzích, na plném podkladu sklovláknité vtlačené do tmelu včetně tmelu stropů","m2",3.096,291.94,{"$f":"ROUND(I112*H112,2)","v":903.85},"CS ÚRS 2025 01",null,"","základní",null,{"$f":"O112*H112","v":{"v":0,"d":"0.00000"}},0.00438,{"$f":"Q112*H112","v":{"v":0.013560480000000001,"d":"0.01356"}},{"v":0,"d":"0.00000"},{"$f":"S112*H112","v":{"v":0,"d":"0.00000"}},{"$nulls":23},"4",null,"K","2",{"$nulls":3},"ROZPOCET",{"$nulls":5},{"$f":"IF(N112=\"základní\",J112,0)","v":903.85},{"$f":"IF(N112=\"snížená\",J112,0)","v":{"v":0,"d":"0.00"}},{"$f":"IF(N112=\"zákl. přenesená\",J112,0)","v":{"v":0,"d":"0.00"}},{"$f":"IF(N112=\"sníž. přenesená\",J112,0)","v":{"v":0,"d":"0.00"}},{"$f":"IF(N112=\"nulová\",J112,0)","v":{"v":0,"d":"0.00"}},"1",{"$f":"ROUND(I112*H112,2)","v":903.85},"4","1051918594"]
[{"$nulls":3},"Online PSC",null,"https://podminky.urs.cz/item/CS_URS_2025_01/611142001",{"$nulls":39},"Online PSC","2"]
[null,null,"4","K","611321141","Omítka vápenocementová vnitřních ploch nanášená ručně dvouvrstvá, tloušťky jádrové omítky do 10 mm a tloušťky štuku do 3 mm štuková vodorovných konstrukcí stropů rovných","m2",3.096,602.71,{"$f":"ROUND(I114*H114,2)","v":{"v":1865.99,"d":"1,865.99"}},"CS ÚRS 2025 01",null,"","základní",null,{"$f":"O114*H114","v":{"v":0,"d":"0.00000"}},0.01838,{"$f":"Q114*H114","v":{"v":0.05690448,"d":"0.05690"}},{"v":0,"d":"0.00000"},{"$f":"S114*H114","v":{"v":0,"d":"0.00000"}},{"$nulls":23},"4",null,"K","2",{"$nulls":3},"ROZPOCET",{"$nulls":5},{"$f":"IF(N114=\"základní\",J114,0)","v":{"v":1865.99,"d":"1,865.99"}},{"$f":"IF(N114=\"snížená\",J114,0)","v":{"v":0,"d":"0.00"}},{"$f":"IF(N114=\"zákl. přenesená\",J114,0)","v":{"v":0,"d":"0.00"}},{"$f":"IF(N114=\"sníž. přenesená\",J114,0)","v":{"v":0,"d":"0.00"}},{"$f":"IF(N114=\"nulová\",J114,0)","v":{"v":0,"d":"0.00"}},"1",{"$f":"ROUND(I114*H114,2)","v":{"v":1865.99,"d":"1,865.99"}},"4","-348378221"]
[{"$nulls":3},"Online PSC",null,"https://podminky.urs.cz/item/CS_URS_2025_01/611321141",{"$nulls":39},"Online PSC","2"]
[null,null,"5","K","612135001","Vyrovnání podkladu vnitřních stěn maltou vápenocementovou tl do 10 mm","m2",24.328,{"v":273.1,"d":"273.10"},{"$f":"ROUND(I116*H116,2)","v":{"v":6643.98,"d":"6,643.98"}},"CS ÚRS 2025 01",null,"","základní",null,{"$f":"O116*H116","v":{"v":0,"d":"0.00000"}},0.02048,{"$f":"Q116*H116","v":{"v":0.49823744000000003,"d":"0.49824"}},{"v":0,"d":"0.00000"},{"$f":"S116*H116","v":{"v":0,"d":"0.00000"}},{"$nulls":23},"4",null,"K","2",{"$nulls":3},"ROZPOCET",{"$nulls":5},{"$f":"IF(N116=\"základní\",J116,0)","v":{"v":6643.98,"d":"6,643.98"}},{"$f":"IF(N116=\"snížená\",J116,0)","v":{"v":0,"d":"0.00"}},{"$f":"IF(N116=\"zákl. přenesená\",J116,0)","v":{"v":0,"d":"0.00"}},{"$f":"IF(N116=\"sníž. přenesená\",J116,0)","v":{"v":0,"d":"0.00"}},{"$f":"IF(N116=\"nulová\",J116,0)","v":{"v":0,"d":"0.00"}},"1",{"$f":"ROUND(I116*H116,2)","v":{"v":6643.98,"d":"6,643.98"}},"4","1742351383"]
[{"$nulls":3},"Online PSC",null,"https://podminky.urs.cz/item/CS_URS_2025_01/612135001",{"$nulls":39},"Online PSC","2"]
[{"$nulls":3},"VV","","\"místy nutné vyrovnání stěn až 5cm, vyrovnání v celé ploše i v místech obkladů\"",null,"",{"$nulls":37},"VV","2","1","True","0","ROZPOCET"]
[{"$nulls":3},"VV","","\"WC\"",null,"",{"$nulls":37},"VV","2","1","True","0","ROZPOCET"]
[{"$nulls":3},"VV","","(0,82*2+1,6*2)*2,54-(0,7*2)",null,10.894,{"$nulls":37},"VV","2","2","True","0","ROZPOCET"]
[{"$nulls":3},"VV","","\"koupelna\"",null,"",{"$nulls":37},"VV","2","1","True","0","ROZPOCET"]
[{"$nulls":3},"VV","","(1,72*2+1,2*2)*2,54-(0,7*2)",null,13.434,{"$nulls":37},"VV","2","2","True","0","ROZPOCET"]
[{"$nulls":3},"VV","","Součet",null,24.328,{"$nulls":37},"VV","2","4","True","1","ROZPOCET"]
[null,null,"6","K","612135091","Vyrovnání nerovností podkladu vnitřních omítaných ploch Příplatek k ceně za každých dalších 5 mm tloušťky podkladní vrstvy přes 10 mm maltou vápenocementovou stěn","m2",194.624,55.56,{"$f":"ROUND(I124*H124,2)","v":{"v":10813.31,"d":"10,813.31"}},"CS ÚRS 2025 01",null,"","základní",null,{"$f":"O124*H124","v":{"v":0,"d":"0.00000"}},{"v":0.0079,"d":"0.00790"},{"$f":"Q124*H124","v":{"v":1.5375296,"d":"1.53753"}},{"v":0,"d":"0.00000"},{"$f":"S124*H124","v":{"v":0,"d":"0.00000"}},{"$nulls":23},"4",null,"K","2",{"$nulls":3},"ROZPOCET",{"$nulls":5},{"$f":"IF(N124=\"základní\",J124,0)","v":{"v":10813.31,"d":"10,813.31"}},{"$f":"IF(N124=\"snížená\",J124,0)","v":{"v":0,"d":"0.00"}},{"$f":"IF(N124=\"zákl. přenesená\",J124,0)","v":{"v":0,"d":"0.00"}},{"$f":"IF(N124=\"sníž. přenesená\",J124,0)","v":{"v":0,"d":"0.00"}},{"$f":"IF(N124=\"nulová\",J124,0)","v":{"v":0,"d":"0.00"}},"1",{"$f":"ROUND(I124*H124,2)","v":{"v":10813.31,"d":"10,813.31"}},"4","-149725129"]
[{"$nulls":3},"Online PSC",null,"https://podminky.urs.cz/item/CS_URS_2025_01/612135091",{"$nulls":39},"Online PSC","2"]
[{"$nulls":3},"VV","","24,328*8",null,194.624,{"$nulls":37},"VV","2","2","True","1","ROZPOCET"]
[null,null,"7","K","612142001","Pletivo vnitřních ploch v ploše nebo pruzích, na plném podkladu sklovláknité vtlačené do tmelu včetně tmelu stěn","m2",24.328,291.94,{"$f":"ROUND(I127*H127,2)","v":{"v":7102.32,"d":"7,102.32"}},"CS ÚRS 2025 01",null,"","základní",null,{"$f":"O127*H127","v":{"v":0,"d":"0.00000"}},0.00438,{"$f":"Q127*H127","v":{"v":0.10655664000000001,"d":"0.10656"}},{"v":0,"d":"0.00000"},{"$f":"S127*H127","v":{"v":0,"d":"0.00000"}},{"$nulls":23},"4",null,"K","2",{"$nulls":3},"ROZPOCET",{"$nulls":5},{"$f":"IF(N127=\"základní\",J127,0)","v":{"v":7102.32,"d":"7,102.32"}},{"$f":"IF(N127=\"snížená\",J127,0)","v":{"v":0,"d":"0.00"}},{"$f":"IF(N127=\"zákl. přenesená\",J127,0)","v":{"v":0,"d":"0.00"}},{"$f":"IF(N127=\"sníž. přenesená\",J127,0)","v":{"v":0,"d":"0.00"}},{"$f":"IF(N127=\"nulová\",J127,0)","v":{"v":0,"d":"0.00"}},"1",{"$f":"ROUND(I127*H127,2)","v":{"v":7102.32,"d":"7,102.32"}},"4","974999523"]
[{"$nulls":3},"Online PSC",null,"https://podminky.urs.cz/item/CS_URS_2025_01/612142001",{"$nulls":39},"Online PSC","2"]
[null,null,"8","K","612131121","Podkladní a spojovací vrstva vnitřních omítaných ploch penetrace disperzní nanášená ručně stěn","m2",7.838,55.56,{"$f":"ROUND(I129*H129,2)","v":435.48},"CS ÚRS 2025 01",null,"","základní",null,{"$f":"O129*H129","v":{"v":0,"d":"0.00000"}},0.00026,{"$f":"Q129*H129","v":{"v":2.0378799999999997E-3,"d":"0.00204"}},{"v":0,"d":"0.00000"},{"$f":"S129*H129","v":{"v":0,"d":"0.00000"}},{"$nulls":23},"4",null,"K","2",{"$nulls":3},"ROZPOCET",{"$nulls":5},{"$f":"IF(N129=\"základní\",J129,0)","v":435.48},{"$f":"IF(N129=\"snížená\",J129,0)","v":{"v":0,"d":"0.00"}},{"$f":"IF(N129=\"zákl. přenesená\",J129,0)","v":{"v":0,"d":"0.00"}},{"$f":"IF(N129=\"sníž. přenesená\",J129,0)","v":{"v":0,"d":"0.00"}},{"$f":"IF(N129=\"nulová\",J129,0)","v":{"v":0,"d":"0.00"}},"1",{"$f":"ROUND(I129*H129,2)","v":435.48},"4","61208206"]
[{"$nulls":3},"Online PSC",null,"https://podminky.urs.cz/item/CS_URS_2025_01/612131121",{"$nulls":39},"Online PSC","2"]
[{"$nulls":3},"VV","","\"mimo obklad\"",null,"",{"$nulls":37},"VV","2","1","True","0","ROZPOCET"]
[{"$nulls":3},"VV","","\"WC\"",null,"",{"$nulls":37},"VV","2","1","True","0","ROZPOCET"]
[{"$nulls":3},"VV","","(0,82*2+1,6*2)*(2,54-1,5)-(0,7*(2-1,5))",null,4.684,{"$nulls":37},"VV","2","2","True","0","ROZPOCET"]
[{"$nulls":3},"VV","","\"koupelna\"",null,"",{"$nulls":37},"VV","2","1","True","0","ROZPOCET"]
[{"$nulls":3},"VV","","(1,72*2+1,2*2)*(2,54-2)",null,3.154,{"$nulls":37},"VV","2","2","True","0","ROZPOCET"]
[{"$nulls":3},"VV","","Součet",null,7.838,{"$nulls":37},"VV","2","4","True","1","ROZPOCET"]
[null,null,"9","K","612321141","Omítka vápenocementová vnitřních ploch nanášená ručně dvouvrstvá, tloušťky jádrové omítky do 10 mm a tloušťky štuku do 3 mm štuková svislých konstrukcí stěn","m2",7.838,602.71,{"$f":"ROUND(I137*H137,2)","v":{"v":4724.04,"d":"4,724.04"}},"CS ÚRS 2025 01",null,"","základní",null,{"$f":"O137*H137","v":{"v":0,"d":"0.00000"}},0.01838,{"$f":"Q137*H137","v":{"v":0.14406244,"d":"0.14406"}},{"v":0,"d":"0.00000"},{"$f":"S137*H137","v":{"v":0,"d":"0.00000"}},{"$nulls":23},"4",null,"K","2",{"$nulls":3},"ROZPOCET",{"$nulls":5},{"$f":"IF(N137=\"základní\",J137,0)","v":{"v":4724.04,"d":"4,724.04"}},{"$f":"IF(N137=\"snížená\",J137,0)","v":{"v":0,"d":"0.00"}},{"$f":"IF(N137=\"zákl. přenesená\",J137,0)","v":{"v":0,"d":"0.00"}},{"$f":"IF(N137=\"sníž. přenesená\",J137,0)","v":{"v":0,"d":"0.00"}},{"$f":"IF(N137=\"nulová\",J137,0)","v":{"v":0,"d":"0.00"}},"1",{"$f":"ROUND(I137*H137,2)","v":{"v":4724.04,"d":"4,724.04"}},"4","1839442943"]
[{"$nulls":3},"Online PSC",null,"https://podminky.urs.cz/item/CS_URS_2025_01/612321141",{"$nulls":39},"Online PSC","2"]
[{"$nulls":3},"D","9","Ostatní konstrukce a práce, bourání",{"$nulls":3},{"$f":"BK139","v":{"v":13337.61,"d":"13,337.61"}},{"$nulls":5},{"$f":"SUM(P140:P190)","v":{"v":0,"d":"0.00000"}},null,{"$f":"SUM(R140:R190)","v":{"v":0.00041248,"d":"0.00041"}},null,{"$f":"SUM(T140:T190)","v":{"v":2.212126,"d":"2.21213"}},{"$nulls":23},"1",null,"D","1",{"$nulls":3},"ROZPOCET",{"$nulls":11},{"$f":"SUM(BK140:BK190)","v":{"v":13337.61,"d":"13,337.61"}}]
[null,null,"10","K","949101111","Lešení pomocné pracovní pro objekty pozemních staveb pro zatížení do 150 kg/m2, o výšce lešeňové podlahy do 1,9 m","m2",3.096,46.14,{"$f":"ROUND(I140*H140,2)","v":142.85},"CS ÚRS 2025 01",null,"","základní",null,{"$f":"O140*H140","v":{"v":0,"d":"0.00000"}},0.00013,{"$f":"Q140*H140","v":{"v":0.00040248,"d":"0.00040"}},{"v":0,"d":"0.00000"},{"$f":"S140*H140","v":{"v":0,"d":"0.00000"}},{"$nulls":23},"4",null,"K","2",{"$nulls":3},"ROZPOCET",{"$nulls":5},{"$f":"IF(N140=\"základní\",J140,0)","v":142.85},{"$f":"IF(N140=\"snížená\",J140,0)","v":{"v":0,"d":"0.00"}},{"$f":"IF(N140=\"zákl. přenesená\",J140,0)","v":{"v":0,"d":"0.00"}},{"$f":"IF(N140=\"sníž. přenesená\",J140,0)","v":{"v":0,"d":"0.00"}},{"$f":"IF(N140=\"nulová\",J140,0)","v":{"v":0,"d":"0.00"}},"1",{"$f":"ROUND(I140*H140,2)","v":142.85},"4","-1053352852"]
[{"$nulls":3},"Online PSC",null,"https://podminky.urs.cz/item/CS_URS_2025_01/949101111",{"$nulls":39},"Online PSC","2"]
[{"$nulls":3},"VV","","\"WC\"",null,"",{"$nulls":37},"VV","2","1","True","0","ROZPOCET"]
[{"$nulls":3},"VV","","0,82*1,6",null,1.312,{"$nulls":37},"VV","2","2","True","0","ROZPOCET"]
[{"$nulls":3},"VV","","\"koupelna\"",null,"",{"$nulls":37},"VV","2","1","True","0","ROZPOCET"]
[{"$nulls":3},"VV","","1,72*0,85+0,92*0,35",null,1.784,{"$nulls":37},"VV","2","2","True","0","ROZPOCET"]
[{"$nulls":3},"VV","","Součet",null,3.096,{"$nulls":37},"VV","2","4","True","1","ROZPOCET"]
[null,null,"11","K","978059541","Odsekání obkladů stěn včetně otlučení podkladní omítky až na zdivo z obkládaček vnitřních, z jakýchkoliv materiálů, plochy přes 1 m2","m2",{"v":16.49,"d":"16.490"},226.01,{"$f":"ROUND(I147*H147,2)","v":{"v":3726.9,"d":"3,726.90"}},"CS ÚRS 2025 01",null,"","základní",null,{"$f":"O147*H147","v":{"v":0,"d":"0.00000"}},{"v":0,"d":"0.00000"},{"$f":"Q147*H147","v":{"v":0,"d":"0.00000"}},{"v":0.068,"d":"0.06800"},{"$f":"S147*H147","v":{"v":1.1213199999999999,"d":"1.12132"}},{"$nulls":23},"4",null,"K","2",{"$nulls":3},"ROZPOCET",{"$nulls":5},{"$f":"IF(N147=\"základní\",J147,0)","v":{"v":3726.9,"d":"3,726.90"}},{"$f":"IF(N147=\"snížená\",J147,0)","v":{"v":0,"d":"0.00"}},{"$f":"IF(N147=\"zákl. přenesená\",J147,0)","v":{"v":0,"d":"0.00"}},{"$f":"IF(N147=\"sníž. přenesená\",J147,0)","v":{"v":0,"d":"0.00"}},{"$f":"IF(N147=\"nulová\",J147,0)","v":{"v":0,"d":"0.00"}},"1",{"$f":"ROUND(I147*H147,2)","v":{"v":3726.9,"d":"3,726.90"}},"4","-780803390"]
[{"$nulls":3},"Online PSC",null,"https://podminky.urs.cz/item/CS_URS_2025_01/978059541",{"$nulls":39},"Online PSC","2"]
[{"$nulls":3},"VV","","\"WC\"",null,"",{"$nulls":37},"VV","2","1","True","0","ROZPOCET"]
[{"$nulls":3},"VV","","(0,82*2+1,6*2)*1,5-(0,7*1,5)",null,{"v":6.21,"d":"6.210"},{"$nulls":37},"VV","2","2","True","0","ROZPOCET"]
[{"$nulls":3},"VV","","\"koupelna\"",null,"",{"$nulls":37},"VV","2","1","True","0","ROZPOCET"]
[{"$nulls":3},"VV","","(1,72*2+1,2*2)*2-(0,7*2)",null,{"v":10.28,"d":"10.280"},{"$nulls":37},"VV","2","2","True","0","ROZPOCET"]
[{"$nulls":3},"VV","","Součet",null,{"v":16.49,"d":"16.490"},{"$nulls":37},"VV","2","4","True","1","ROZPOCET"]
[null,null,"12","K","965081223","Bourání podlah z dlaždic bez podkladního lože nebo mazaniny, s jakoukoliv výplní spár keramických nebo xylolitových tl. přes 10 mm plochy přes 1 m2","m2",3.479,226.01,{"$f":"ROUND(I154*H154,2)","v":786.29},"CS ÚRS 2025 01",null,"","základní",null,{"$f":"O154*H154","v":{"v":0,"d":"0.00000"}},{"v":0,"d":"0.00000"},{"$f":"Q154*H154","v":{"v":0,"d":"0.00000"}},{"v":0.057,"d":"0.05700"},{"$f":"S154*H154","v":{"v":0.198303,"d":"0.19830"}},{"$nulls":23},"4",null,"K","2",{"$nulls":3},"ROZPOCET",{"$nulls":5},{"$f":"IF(N154=\"základní\",J154,0)","v":786.29},{"$f":"IF(N154=\"snížená\",J154,0)","v":{"v":0,"d":"0.00"}},{"$f":"IF(N154=\"zákl. přenesená\",J154,0)","v":{"v":0,"d":"0.00"}},{"$f":"IF(N154=\"sníž. přenesená\",J154,0)","v":{"v":0,"d":"0.00"}},{"$f":"IF(N154=\"nulová\",J154,0)","v":{"v":0,"d":"0.00"}},"1",{"$f":"ROUND(I154*H154,2)","v":786.29},"4","-1527297072"]
[{"$nulls":3},"Online PSC",null,"https://podminky.urs.cz/item/CS_URS_2025_01/965081223",{"$nulls":39},"Online PSC","2"]
[{"$nulls":3},"VV","","\"WC\"",null,"",{"$nulls":37},"VV","2","1","True","0","ROZPOCET"]
[{"$nulls":3},"VV","","0,82*1,6",null,1.312,{"$nulls":37},"VV","2","2","True","0","ROZPOCET"]
[{"$nulls":3},"VV","","\"koupelna\"",null,"",{"$nulls":37},"VV","2","1","True","0","ROZPOCET"]
[{"$nulls":3},"VV","","1,72*0,85+0,92*0,35+0,85*0,15+0,85*0,3",null,2.167,{"$nulls":37},"VV","2","2","True","0","ROZPOCET"]
[{"$nulls":3},"VV","","Součet",null,3.479,{"$nulls":37},"VV","2","4","True","1","ROZPOCET"]
[null,null,"13","K","962031133","Bourání příček nebo přizdívek z cihel pálených plných nebo dutých, tl. přes 100 do 150 mm","m2",0.255,226.01,{"$f":"ROUND(I161*H161,2)","v":57.63},"CS ÚRS 2025 01",null,"","základní",null,{"$f":"O161*H161","v":{"v":0,"d":"0.00000"}},{"v":0,"d":"0.00000"},{"$f":"Q161*H161","v":{"v":0,"d":"0.00000"}},{"v":0.261,"d":"0.26100"},{"$f":"S161*H161","v":{"v":0.066555,"d":"0.06656"}},{"$nulls":23},"4",null,"K","2",{"$nulls":3},"ROZPOCET",{"$nulls":5},{"$f":"IF(N161=\"základní\",J161,0)","v":57.63},{"$f":"IF(N161=\"snížená\",J161,0)","v":{"v":0,"d":"0.00"}},{"$f":"IF(N161=\"zákl. přenesená\",J161,0)","v":{"v":0,"d":"0.00"}},{"$f":"IF(N161=\"sníž. přenesená\",J161,0)","v":{"v":0,"d":"0.00"}},{"$f":"IF(N161=\"nulová\",J161,0)","v":{"v":0,"d":"0.00"}},"1",{"$f":"ROUND(I161*H161,2)","v":57.63},"4","-2022469073"]
[{"$nulls":3},"Online PSC",null,"https://podminky.urs.cz/item/CS_URS_2025_01/962031133",{"$nulls":39},"Online PSC","2"]
[{"$nulls":3},"VV","","\"koupelna zděná vanička\"",null,"",{"$nulls":37},"VV","2","1","True","0","ROZPOCET"]
[{"$nulls":3},"VV","","0,85*0,3",null,0.255,{"$nulls":37},"VV","2","2","True","1","ROZPOCET"]
[null,null,"14","K","965042221","Bourání mazanin betonových nebo z litého asfaltu tl. přes 100 mm, plochy do 1 m2","m3",0.083,{"v":4237.78,"d":"4,237.78"},{"$f":"ROUND(I165*H165,2)","v":351.74},"CS ÚRS 2025 01",null,"","základní",null,{"$f":"O165*H165","v":{"v":0,"d":"0.00000"}},{"v":0,"d":"0.00000"},{"$f":"Q165*H165","v":{"v":0,"d":"0.00000"}},{"v":2.2,"d":"2.20000"},{"$f":"S165*H165","v":{"v":0.1826,"d":"0.18260"}},{"$nulls":23},"4",null,"K","2",{"$nulls":3},"ROZPOCET",{"$nulls":5},{"$f":"IF(N165=\"základní\",J165,0)","v":351.74},{"$f":"IF(N165=\"snížená\",J165,0)","v":{"v":0,"d":"0.00"}},{"$f":"IF(N165=\"zákl. přenesená\",J165,0)","v":{"v":0,"d":"0.00"}},{"$f":"IF(N165=\"sníž. přenesená\",J165,0)","v":{"v":0,"d":"0.00"}},{"$f":"IF(N165=\"nulová\",J165,0)","v":{"v":0,"d":"0.00"}},"1",{"$f":"ROUND(I165*H165,2)","v":351.74},"4","988123403"]
[{"$nulls":3},"Online PSC",null,"https://podminky.urs.cz/item/CS_URS_2025_01/965042221",{"$nulls":39},"Online PSC","2"]
[{"$nulls":3},"VV","","\"koupelna - zděna vanička\"",null,"",{"$nulls":37},"VV","2","1","True","0","ROZPOCET"]
[{"$nulls":3},"VV","","0,65*0,85*0,15",null,0.083,{"$nulls":37},"VV","2","2","True","1","ROZPOCET"]
[null,null,"15","K","96904111R","Vybourání vnitřního plastového potrubí do DN 200 včetně vysekání drážky","m",{"v":12,"d":"12.000"},226.01,{"$f":"ROUND(I169*H169,2)","v":{"v":2712.12,"d":"2,712.12"}},"vlastní",null,"","základní",null,{"$f":"O169*H169","v":{"v":0,"d":"0.00000"}},{"v":0,"d":"0.00000"},{"$f":"Q169*H169","v":{"v":0,"d":"0.00000"}},{"v":0.0065,"d":"0.00650"},{"$f":"S169*H169","v":{"v":0.078,"d":"0.07800"}},{"$nulls":23},"4",null,"K","2",{"$nulls":3},"ROZPOCET",{"$nulls":5},{"$f":"IF(N169=\"základní\",J169,0)","v":{"v":2712.12,"d":"2,712.12"}},{"$f":"IF(N169=\"snížená\",J169,0)","v":{"v":0,"d":"0.00"}},{"$f":"IF(N169=\"zákl. přenesená\",J169,0)","v":{"v":0,"d":"0.00"}},{"$f":"IF(N169=\"sníž. přenesená\",J169,0)","v":{"v":0,"d":"0.00"}},{"$f":"IF(N169=\"nulová\",J169,0)","v":{"v":0,"d":"0.00"}},"1",{"$f":"ROUND(I169*H169,2)","v":{"v":2712.12,"d":"2,712.12"}},"4","2128134802"]
[{"$nulls":3},"VV","","\"odpadní potrubí, vodovod ve zdivu a v podlaze\"",null,"",{"$nulls":37},"VV","2","1","True","0","ROZPOCET"]
[{"$nulls":3},"VV","","12",null,{"v":12,"d":"12.000"},{"$nulls":37},"VV","2","2","True","1","ROZPOCET"]
[null,null,"16","K","971033331","Vybourání otvorů ve zdivu základovém nebo nadzákladovém z cihel, tvárnic, příčkovek z cihel pálených na maltu vápennou nebo vápenocementovou plochy do 0,09 m2, tl. do 150 mm","kus",{"v":2,"d":"2.000"},84.76,{"$f":"ROUND(I172*H172,2)","v":169.52},"CS ÚRS 2025 01",null,"","základní",null,{"$f":"O172*H172","v":{"v":0,"d":"0.00000"}},{"v":0,"d":"0.00000"},{"$f":"Q172*H172","v":{"v":0,"d":"0.00000"}},{"v":0.025,"d":"0.02500"},{"$f":"S172*H172","v":{"v":0.05,"d":"0.05000"}},{"$nulls":23},"16",null,"K","2",{"$nulls":3},"ROZPOCET",{"$nulls":5},{"$f":"IF(N172=\"základní\",J172,0)","v":169.52},{"$f":"IF(N172=\"snížená\",J172,0)","v":{"v":0,"d":"0.00"}},{"$f":"IF(N172=\"zákl. přenesená\",J172,0)","v":{"v":0,"d":"0.00"}},{"$f":"IF(N172=\"sníž. přenesená\",J172,0)","v":{"v":0,"d":"0.00"}},{"$f":"IF(N172=\"nulová\",J172,0)","v":{"v":0,"d":"0.00"}},"1",{"$f":"ROUND(I172*H172,2)","v":169.52},"16","202370975"]
[{"$nulls":3},"Online PSC",null,"https://podminky.urs.cz/item/CS_URS_2025_01/971033331",{"$nulls":39},"Online PSC","2"]
[{"$nulls":3},"VV","","\"otvor do stoupací šachty\"",null,"",{"$nulls":37},"VV","2","1","True","0","ROZPOCET"]
[{"$nulls":3},"VV","","2",null,{"v":2,"d":"2.000"},{"$nulls":37},"VV","2","2","True","1","ROZPOCET"]
[null,null,"17","K","978011191","Otlučení vápenných nebo vápenocementových omítek vnitřních ploch stropů, v rozsahu přes 50 do 100 %","m2",3.096,226.01,{"$f":"ROUND(I176*H176,2)","v":699.73},"CS ÚRS 2025 01",null,"","základní",null,{"$f":"O176*H176","v":{"v":0,"d":"0.00000"}},{"v":0,"d":"0.00000"},{"$f":"Q176*H176","v":{"v":0,"d":"0.00000"}},{"v":0.05,"d":"0.05000"},{"$f":"S176*H176","v":{"v":0.15480000000000002,"d":"0.15480"}},{"$nulls":23},"4",null,"K","2",{"$nulls":3},"ROZPOCET",{"$nulls":5},{"$f":"IF(N176=\"základní\",J176,0)","v":699.73},{"$f":"IF(N176=\"snížená\",J176,0)","v":{"v":0,"d":"0.00"}},{"$f":"IF(N176=\"zákl. přenesená\",J176,0)","v":{"v":0,"d":"0.00"}},{"$f":"IF(N176=\"sníž. přenesená\",J176,0)","v":{"v":0,"d":"0.00"}},{"$f":"IF(N176=\"nulová\",J176,0)","v":{"v":0,"d":"0.00"}},"1",{"$f":"ROUND(I176*H176,2)","v":699.73},"4","214013648"]
[{"$nulls":3},"Online PSC",null,"https://podminky.urs.cz/item/CS_URS_2025_01/978011191",{"$nulls":39},"Online PSC","2"]
[{"$nulls":3},"VV","","\"WC\"",null,"",{"$nulls":37},"VV","2","1","True","0","ROZPOCET"]
[{"$nulls":3},"VV","","0,82*1,6",null,1.312,{"$nulls":37},"VV","2","2","True","0","ROZPOCET"]
[{"$nulls":3},"VV","","\"koupelna\"",null,"",{"$nulls":37},"VV","2","1","True","0","ROZPOCET"]
[{"$nulls":3},"VV","","1,72*0,85+0,92*0,35",null,1.784,{"$nulls":37},"VV","2","2","True","0","ROZPOCET"]
[{"$nulls":3},"VV","","Součet",null,3.096,{"$nulls":37},"VV","2","4","True","1","ROZPOCET"]
[null,null,"18","K","978013191","Otlučení vápenných nebo vápenocementových omítek vnitřních ploch stěn s vyškrabáním spar, s očištěním zdiva, v rozsahu přes 50 do 100 %","m2",7.838,226.01,{"$f":"ROUND(I183*H183,2)","v":{"v":1771.47,"d":"1,771.47"}},"CS ÚRS 2025 01",null,"","základní",null,{"$f":"O183*H183","v":{"v":0,"d":"0.00000"}},{"v":0,"d":"0.00000"},{"$f":"Q183*H183","v":{"v":0,"d":"0.00000"}},{"v":0.046,"d":"0.04600"},{"$f":"S183*H183","v":{"v":0.360548,"d":"0.36055"}},{"$nulls":23},"4",null,"K","2",{"$nulls":3},"ROZPOCET",{"$nulls":5},{"$f":"IF(N183=\"základní\",J183,0)","v":{"v":1771.47,"d":"1,771.47"}},{"$f":"IF(N183=\"snížená\",J183,0)","v":{"v":0,"d":"0.00"}},{"$f":"IF(N183=\"zákl. přenesená\",J183,0)","v":{"v":0,"d":"0.00"}},{"$f":"IF(N183=\"sníž. přenesená\",J183,0)","v":{"v":0,"d":"0.00"}},{"$f":"IF(N183=\"nulová\",J183,0)","v":{"v":0,"d":"0.00"}},"1",{"$f":"ROUND(I183*H183,2)","v":{"v":1771.47,"d":"1,771.47"}},"4","1747160337"]
[{"$nulls":3},"Online PSC",null,"https://podminky.urs.cz/item/CS_URS_2025_01/978013191",{"$nulls":39},"Online PSC","2"]
[{"$nulls":3},"VV","","\"WC\"",null,"",{"$nulls":37},"VV","2","1","True","0","ROZPOCET"]
[{"$nulls":3},"VV","","(0,82*2+1,6*2)*(2,54-1,5)-(0,7*(2-1,5))",null,4.684,{"$nulls":37},"VV","2","2","True","0","ROZPOCET"]
[{"$nulls":3},"VV","","\"koupelna\"",null,"",{"$nulls":37},"VV","2","1","True","0","ROZPOCET"]
[{"$nulls":3},"VV","","(1,72*2+1,2*2)*(2,54-2)",null,3.154,{"$nulls":37},"VV","2","2","True","0","ROZPOCET"]
[{"$nulls":3},"VV","","Součet",null,7.838,{"$nulls":37},"VV","2","4","True","1","ROZPOCET"]
[null,null,"19","K","95290110R","Čištění budov - závěrečný úklid, umytí obkladů, zařizovacích předmětů, dveří, zametení a vytření podlahy, a další potřebné práce","kpl",{"v":1,"d":"1.000"},{"v":2919.36,"d":"2,919.36"},{"$f":"ROUND(I190*H190,2)","v":{"v":2919.36,"d":"2,919.36"}},"vlastní",null,"","základní",null,{"$f":"O190*H190","v":{"v":0,"d":"0.00000"}},{"v":1e-05,"d":"0.00001"},{"$f":"Q190*H190","v":{"v":1e-05,"d":"0.00001"}},{"v":0,"d":"0.00000"},{"$f":"S190*H190","v":{"v":0,"d":"0.00000"}},{"$nulls":23},"4",null,"K","2",{"$nulls":3},"ROZPOCET",{"$nulls":5},{"$f":"IF(N190=\"základní\",J190,0)","v":{"v":2919.36,"d":"2,919.36"}},{"$f":"IF(N190=\"snížená\",J190,0)","v":{"v":0,"d":"0.00"}},{"$f":"IF(N190=\"zákl. přenesená\",J190,0)","v":{"v":0,"d":"0.00"}},{"$f":"IF(N190=\"sníž. přenesená\",J190,0)","v":{"v":0,"d":"0.00"}},{"$f":"IF(N190=\"nulová\",J190,0)","v":{"v":0,"d":"0.00"}},"1",{"$f":"ROUND(I190*H190,2)","v":{"v":2919.36,"d":"2,919.36"}},"4","1540369999"]
[{"$nulls":3},"D","997","Přesun sutě",{"$nulls":3},{"$f":"BK191","v":{"v":6103.52,"d":"6,103.52"}},{"$nulls":5},{"$f":"SUM(P192:P202)","v":{"v":0,"d":"0.00000"}},null,{"$f":"SUM(R192:R202)","v":{"v":0,"d":"0.00000"}},null,{"$f":"SUM(T192:T202)","v":{"v":0,"d":"0.00000"}},{"$nulls":23},"1",null,"D","1",{"$nulls":3},"ROZPOCET",{"$nulls":11},{"$f":"SUM(BK192:BK202)","v":{"v":6103.52,"d":"6,103.52"}}]
[null,null,"20","K","997013117","Vnitrostaveništní doprava suti a vybouraných hmot vodorovně do 50 m s naložením základní pro budovy a haly výšky přes 21 do 24 m","t",2.315,{"v":1271.33,"d":"1,271.33"},{"$f":"ROUND(I192*H192,2)","v":{"v":2943.13,"d":"2,943.13"}},"CS ÚRS 2025 01",null,"","základní",null,{"$f":"O192*H192","v":{"v":0,"d":"0.00000"}},{"v":0,"d":"0.00000"},{"$f":"Q192*H192","v":{"v":0,"d":"0.00000"}},{"v":0,"d":"0.00000"},{"$f":"S192*H192","v":{"v":0,"d":"0.00000"}},{"$nulls":23},"4",null,"K","2",{"$nulls":3},"ROZPOCET",{"$nulls":5},{"$f":"IF(N192=\"základní\",J192,0)","v":{"v":2943.13,"d":"2,943.13"}},{"$f":"IF(N192=\"snížená\",J192,0)","v":{"v":0,"d":"0.00"}},{"$f":"IF(N192=\"zákl. přenesená\",J192,0)","v":{"v":0,"d":"0.00"}},{"$f":"IF(N192=\"sníž. přenesená\",J192,0)","v":{"v":0,"d":"0.00"}},{"$f":"IF(N192=\"nulová\",J192,0)","v":{"v":0,"d":"0.00"}},"1",{"$f":"ROUND(I192*H192,2)","v":{"v":2943.13,"d":"2,943.13"}},"4","-370797371"]
[{"$nulls":3},"Online PSC",null,"https://podminky.urs.cz/item/CS_URS_2025_01/997013117",{"$nulls":39},"Online PSC","2"]
[null,null,"21","K","997013501","Odvoz suti a vybouraných hmot na skládku nebo meziskládku se složením, na vzdálenost do 1 km","t",2.315,452.03,{"$f":"ROUND(I194*H194,2)","v":{"v":1046.45,"d":"1,046.45"}},"CS ÚRS 2025 01",null,"","základní",null,{"$f":"O194*H194","v":{"v":0,"d":"0.00000"}},{"v":0,"d":"0.00000"},{"$f":"Q194*H194","v":{"v":0,"d":"0.00000"}},{"v":0,"d":"0.00000"},{"$f":"S194*H194","v":{"v":0,"d":"0.00000"}},{"$nulls":23},"4",null,"K","2",{"$nulls":3},"ROZPOCET",{"$nulls":5},{"$f":"IF(N194=\"základní\",J194,0)","v":{"v":1046.45,"d":"1,046.45"}},{"$f":"IF(N194=\"snížená\",J194,0)","v":{"v":0,"d":"0.00"}},{"$f":"IF(N194=\"zákl. přenesená\",J194,0)","v":{"v":0,"d":"0.00"}},{"$f":"IF(N194=\"sníž. přenesená\",J194,0)","v":{"v":0,"d":"0.00"}},{"$f":"IF(N194=\"nulová\",J194,0)","v":{"v":0,"d":"0.00"}},"1",{"$f":"ROUND(I194*H194,2)","v":{"v":1046.45,"d":"1,046.45"}},"4","1979065705"]
[{"$nulls":3},"Online PSC",null,"https://podminky.urs.cz/item/CS_URS_2025_01/997013501",{"$nulls":39},"Online PSC","2"]
[null,null,"22","K","997013509","Odvoz suti a vybouraných hmot na skládku nebo meziskládku se složením, na vzdálenost Příplatek k ceně za každý další započatý 1 km přes 1 km","t",20.835,12.52,{"$f":"ROUND(I196*H196,2)","v":260.85},"CS ÚRS 2025 01",null,"","základní",null,{"$f":"O196*H196","v":{"v":0,"d":"0.00000"}},{"v":0,"d":"0.00000"},{"$f":"Q196*H196","v":{"v":0,"d":"0.00000"}},{"v":0,"d":"0.00000"},{"$f":"S196*H196","v":{"v":0,"d":"0.00000"}},{"$nulls":23},"4",null,"K","2",{"$nulls":3},"ROZPOCET",{"$nulls":5},{"$f":"IF(N196=\"základní\",J196,0)","v":260.85},{"$f":"IF(N196=\"snížená\",J196,0)","v":{"v":0,"d":"0.00"}},{"$f":"IF(N196=\"zákl. přenesená\",J196,0)","v":{"v":0,"d":"0.00"}},{"$f":"IF(N196=\"sníž. přenesená\",J196,0)","v":{"v":0,"d":"0.00"}},{"$f":"IF(N196=\"nulová\",J196,0)","v":{"v":0,"d":"0.00"}},"1",{"$f":"ROUND(I196*H196,2)","v":260.85},"4","-555659992"]
[{"$nulls":3},"Online PSC",null,"https://podminky.urs.cz/item/CS_URS_2025_01/997013509",{"$nulls":39},"Online PSC","2"]
[{"$nulls":3},"VV","","2,315*9",null,20.835,{"$nulls":37},"VV","2","2","True","1","ROZPOCET"]
[null,null,"23","K","997013609","Poplatek za uložení stavebního odpadu na skládce (skládkovné) ze směsí nebo oddělených frakcí betonu, cihel a keramických výrobků zatříděného do Katalogu odpadů pod kódem 17 01 07","t",2.134,800.47,{"$f":"ROUND(I199*H199,2)","v":{"v":1708.2,"d":"1,708.20"}},"CS ÚRS 2025 01",null,"","základní",null,{"$f":"O199*H199","v":{"v":0,"d":"0.00000"}},{"v":0,"d":"0.00000"},{"$f":"Q199*H199","v":{"v":0,"d":"0.00000"}},{"v":0,"d":"0.00000"},{"$f":"S199*H199","v":{"v":0,"d":"0.00000"}},{"$nulls":23},"4",null,"K","2",{"$nulls":3},"ROZPOCET",{"$nulls":5},{"$f":"IF(N199=\"základní\",J199,0)","v":{"v":1708.2,"d":"1,708.20"}},{"$f":"IF(N199=\"snížená\",J199,0)","v":{"v":0,"d":"0.00"}},{"$f":"IF(N199=\"zákl. přenesená\",J199,0)","v":{"v":0,"d":"0.00"}},{"$f":"IF(N199=\"sníž. přenesená\",J199,0)","v":{"v":0,"d":"0.00"}},{"$f":"IF(N199=\"nulová\",J199,0)","v":{"v":0,"d":"0.00"}},"1",{"$f":"ROUND(I199*H199,2)","v":{"v":1708.2,"d":"1,708.20"}},"4","-1179118999"]
[{"$nulls":3},"Online PSC",null,"https://podminky.urs.cz/item/CS_URS_2025_01/997013609",{"$nulls":39},"Online PSC","2"]
[null,null,"24","K","997013631","Poplatek za uložení stavebního odpadu na skládce (skládkovné) směsného stavebního a demoličního zatříděného do Katalogu odpadů pod kódem 17 09 04","t",0.181,800.47,{"$f":"ROUND(I201*H201,2)","v":144.89},"CS ÚRS 2025 01",null,"","základní",null,{"$f":"O201*H201","v":{"v":0,"d":"0.00000"}},{"v":0,"d":"0.00000"},{"$f":"Q201*H201","v":{"v":0,"d":"0.00000"}},{"v":0,"d":"0.00000"},{"$f":"S201*H201","v":{"v":0,"d":"0.00000"}},{"$nulls":23},"4",null,"K","2",{"$nulls":3},"ROZPOCET",{"$nulls":5},{"$f":"IF(N201=\"základní\",J201,0)","v":144.89},{"$f":"IF(N201=\"snížená\",J201,0)","v":{"v":0,"d":"0.00"}},{"$f":"IF(N201=\"zákl. přenesená\",J201,0)","v":{"v":0,"d":"0.00"}},{"$f":"IF(N201=\"sníž. přenesená\",J201,0)","v":{"v":0,"d":"0.00"}},{"$f":"IF(N201=\"nulová\",J201,0)","v":{"v":0,"d":"0.00"}},"1",{"$f":"ROUND(I201*H201,2)","v":144.89},"4","-115562789"]
[{"$nulls":3},"Online PSC",null,"https://podminky.urs.cz/item/CS_URS_2025_01/997013631",{"$nulls":39},"Online PSC","2"]
[{"$nulls":3},"D","998","Přesun hmot",{"$nulls":3},{"$f":"BK203","v":{"v":3213.92,"d":"3,213.92"}},{"$nulls":5},{"$f":"SUM(P204:P205)","v":{"v":0,"d":"0.00000"}},null,{"$f":"SUM(R204:R205)","v":{"v":0,"d":"0.00000"}},null,{"$f":"SUM(T204:T205)","v":{"v":0,"d":"0.00000"}},{"$nulls":23},"1",null,"D","1",{"$nulls":3},"ROZPOCET",{"$nulls":11},{"$f":"SUM(BK204:BK205)","v":{"v":3213.92,"d":"3,213.92"}}]
[null,null,"25","K","998011003","Přesun hmot pro budovy občanské výstavby, bydlení, výrobu a služby s nosnou svislou konstrukcí zděnou z cihel, tvárnic nebo kamene vodorovná dopravní vzdálenost do 100 m základní pro budovy výšky přes 12 do 24 m","t",2.528,{"v":1271.33,"d":"1,271.33"},{"$f":"ROUND(I204*H204,2)","v":{"v":3213.92,"d":"3,213.92"}},"CS ÚRS 2025 01",null,"","základní",null,{"$f":"O204*H204","v":{"v":0,"d":"0.00000"}},{"v":0,"d":"0.00000"},{"$f":"Q204*H204","v":{"v":0,"d":"0.00000"}},{"v":0,"d":"0.00000"},{"$f":"S204*H204","v":{"v":0,"d":"0.00000"}},{"$nulls":23},"4",null,"K","2",{"$nulls":3},"ROZPOCET",{"$nulls":5},{"$f":"IF(N204=\"základní\",J204,0)","v":{"v":3213.92,"d":"3,213.92"}},{"$f":"IF(N204=\"snížená\",J204,0)","v":{"v":0,"d":"0.00"}},{"$f":"IF(N204=\"zákl. přenesená\",J204,0)","v":{"v":0,"d":"0.00"}},{"$f":"IF(N204=\"sníž. přenesená\",J204,0)","v":{"v":0,"d":"0.00"}},{"$f":"IF(N204=\"nulová\",J204,0)","v":{"v":0,"d":"0.00"}},"1",{"$f":"ROUND(I204*H204,2)","v":{"v":3213.92,"d":"3,213.92"}},"4","-2014951034"]
[{"$nulls":3},"Online PSC",null,"https://podminky.urs.cz/item/CS_URS_2025_01/998011003",{"$nulls":39},"Online PSC","2"]
[{"$nulls":3},"D","PSV","Práce a dodávky PSV",{"$nulls":3},{"$f":"BK206","v":{"v":94745.55,"d":"94,745.55"}},{"$nulls":5},{"$f":"P207+P221+P237+P273+P326+P338+P358+P371+P422+P452+P467","v":{"v":0,"d":"0.00000"}},null,{"$f":"R207+R221+R237+R273+R326+R338+R358+R371+R422+R452+R467","v":{"v":0.6362993236000001,"d":"0.63630"}},null,{"$f":"T207+T221+T237+T273+T326+T338+T358+T371+T422+T452+T467","v":{"v":0.10287000000000002,"d":"0.10287"}},{"$nulls":23},"2",null,"D","0",{"$nulls":3},"ROZPOCET",{"$nulls":11},{"$f":"BK207+BK221+BK237+BK273+BK326+BK338+BK358+BK371+BK422+BK452+BK467","v":{"v":94745.55,"d":"94,745.55"}}]
[{"$nulls":3},"D","721","Zdravotechnika - vnitřní kanalizace",{"$nulls":3},{"$f":"BK207","v":{"v":6328.660000000001,"d":"6,328.66"}},{"$nulls":5},{"$f":"SUM(P208:P220)","v":{"v":0,"d":"0.00000"}},null,{"$f":"SUM(R208:R220)","v":{"v":0.014740000000000001,"d":"0.01474"}},null,{"$f":"SUM(T208:T220)","v":{"v":0,"d":"0.00000"}},{"$nulls":23},"2",null,"D","1",{"$nulls":3},"ROZPOCET",{"$nulls":11},{"$f":"SUM(BK208:BK220)","v":{"v":6328.660000000001,"d":"6,328.66"}}]
[null,null,"26","K","721174004","Potrubí z trub polypropylenových svodné (ležaté) DN 75","m",{"v":2,"d":"2.000"},452.03,{"$f":"ROUND(I208*H208,2)","v":904.06},"CS ÚRS 2025 01",null,"","základní",null,{"$f":"O208*H208","v":{"v":0,"d":"0.00000"}},0.00071,{"$f":"Q208*H208","v":{"v":1.42E-3,"d":"0.00142"}},{"v":0,"d":"0.00000"},{"$f":"S208*H208","v":{"v":0,"d":"0.00000"}},{"$nulls":23},"16",null,"K","2",{"$nulls":3},"ROZPOCET",{"$nulls":5},{"$f":"IF(N208=\"základní\",J208,0)","v":904.06},{"$f":"IF(N208=\"snížená\",J208,0)","v":{"v":0,"d":"0.00"}},{"$f":"IF(N208=\"zákl. přenesená\",J208,0)","v":{"v":0,"d":"0.00"}},{"$f":"IF(N208=\"sníž. přenesená\",J208,0)","v":{"v":0,"d":"0.00"}},{"$f":"IF(N208=\"nulová\",J208,0)","v":{"v":0,"d":"0.00"}},"1",{"$f":"ROUND(I208*H208,2)","v":904.06},"16","-1664681501"]
[{"$nulls":3},"Online PSC",null,"https://podminky.urs.cz/item/CS_URS_2025_01/721174004",{"$nulls":39},"Online PSC","2"]
[null,null,"27","K","721174005","Potrubí z trub polypropylenových svodné (ležaté) DN 110","m",{"v":6,"d":"6.000"},555.62,{"$f":"ROUND(I210*H210,2)","v":{"v":3333.72,"d":"3,333.72"}},"CS ÚRS 2025 01",null,"","základní",null,{"$f":"O210*H210","v":{"v":0,"d":"0.00000"}},0.00206,{"$f":"Q210*H210","v":{"v":0.012360000000000001,"d":"0.01236"}},{"v":0,"d":"0.00000"},{"$f":"S210*H210","v":{"v":0,"d":"0.00000"}},{"$nulls":23},"16",null,"K","2",{"$nulls":3},"ROZPOCET",{"$nulls":5},{"$f":"IF(N210=\"základní\",J210,0)","v":{"v":3333.72,"d":"3,333.72"}},{"$f":"IF(N210=\"snížená\",J210,0)","v":{"v":0,"d":"0.00"}},{"$f":"IF(N210=\"zákl. přenesená\",J210,0)","v":{"v":0,"d":"0.00"}},{"$f":"IF(N210=\"sníž. přenesená\",J210,0)","v":{"v":0,"d":"0.00"}},{"$f":"IF(N210=\"nulová\",J210,0)","v":{"v":0,"d":"0.00"}},"1",{"$f":"ROUND(I210*H210,2)","v":{"v":3333.72,"d":"3,333.72"}},"16","-555077723"]
[{"$nulls":3},"Online PSC",null,"https://podminky.urs.cz/item/CS_URS_2025_01/721174005",{"$nulls":39},"Online PSC","2"]
[null,null,"28","K","721174043","Potrubí z trub polypropylenových připojovací DN 50","m",{"v":2,"d":"2.000"},395.53,{"$f":"ROUND(I212*H212,2)","v":791.06},"CS ÚRS 2025 01",null,"","základní",null,{"$f":"O212*H212","v":{"v":0,"d":"0.00000"}},0.00048,{"$f":"Q212*H212","v":0.00096},{"v":0,"d":"0.00000"},{"$f":"S212*H212","v":{"v":0,"d":"0.00000"}},{"$nulls":23},"16",null,"K","2",{"$nulls":3},"ROZPOCET",{"$nulls":5},{"$f":"IF(N212=\"základní\",J212,0)","v":791.06},{"$f":"IF(N212=\"snížená\",J212,0)","v":{"v":0,"d":"0.00"}},{"$f":"IF(N212=\"zákl. přenesená\",J212,0)","v":{"v":0,"d":"0.00"}},{"$f":"IF(N212=\"sníž. přenesená\",J212,0)","v":{"v":0,"d":"0.00"}},{"$f":"IF(N212=\"nulová\",J212,0)","v":{"v":0,"d":"0.00"}},"1",{"$f":"ROUND(I212*H212,2)","v":791.06},"16","-1667721294"]
[{"$nulls":3},"Online PSC",null,"https://podminky.urs.cz/item/CS_URS_2025_01/721174043",{"$nulls":39},"Online PSC","2"]
[null,null,"29","K","721194105","Vyměření přípojek na potrubí vyvedení a upevnění odpadních výpustek DN 50","kus",{"v":1,"d":"1.000"},103.59,{"$f":"ROUND(I214*H214,2)","v":103.59},"CS ÚRS 2025 01",null,"","základní",null,{"$f":"O214*H214","v":{"v":0,"d":"0.00000"}},{"v":0,"d":"0.00000"},{"$f":"Q214*H214","v":{"v":0,"d":"0.00000"}},{"v":0,"d":"0.00000"},{"$f":"S214*H214","v":{"v":0,"d":"0.00000"}},{"$nulls":23},"16",null,"K","2",{"$nulls":3},"ROZPOCET",{"$nulls":5},{"$f":"IF(N214=\"základní\",J214,0)","v":103.59},{"$f":"IF(N214=\"snížená\",J214,0)","v":{"v":0,"d":"0.00"}},{"$f":"IF(N214=\"zákl. přenesená\",J214,0)","v":{"v":0,"d":"0.00"}},{"$f":"IF(N214=\"sníž. přenesená\",J214,0)","v":{"v":0,"d":"0.00"}},{"$f":"IF(N214=\"nulová\",J214,0)","v":{"v":0,"d":"0.00"}},"1",{"$f":"ROUND(I214*H214,2)","v":103.59},"16","1685146820"]
[{"$nulls":3},"Online PSC",null,"https://podminky.urs.cz/item/CS_URS_2025_01/721194105",{"$nulls":39},"Online PSC","2"]
[null,null,"30","K","721194109","Vyměření přípojek na potrubí vyvedení a upevnění odpadních výpustek DN 110","kus",{"v":2,"d":"2.000"},141.26,{"$f":"ROUND(I216*H216,2)","v":282.52},"CS ÚRS 2025 01",null,"","základní",null,{"$f":"O216*H216","v":{"v":0,"d":"0.00000"}},{"v":0,"d":"0.00000"},{"$f":"Q216*H216","v":{"v":0,"d":"0.00000"}},{"v":0,"d":"0.00000"},{"$f":"S216*H216","v":{"v":0,"d":"0.00000"}},{"$nulls":23},"16",null,"K","2",{"$nulls":3},"ROZPOCET",{"$nulls":5},{"$f":"IF(N216=\"základní\",J216,0)","v":282.52},{"$f":"IF(N216=\"snížená\",J216,0)","v":{"v":0,"d":"0.00"}},{"$f":"IF(N216=\"zákl. přenesená\",J216,0)","v":{"v":0,"d":"0.00"}},{"$f":"IF(N216=\"sníž. přenesená\",J216,0)","v":{"v":0,"d":"0.00"}},{"$f":"IF(N216=\"nulová\",J216,0)","v":{"v":0,"d":"0.00"}},"1",{"$f":"ROUND(I216*H216,2)","v":282.52},"16","490790385"]
[{"$nulls":3},"Online PSC",null,"https://podminky.urs.cz/item/CS_URS_2025_01/721194109",{"$nulls":39},"Online PSC","2"]
[null,null,"31","K","72119410R","Zřízení přípojky na stávající odpadní potrubí v šachtě včetně potřebného materiálu","kpl",{"v":1,"d":"1.000"},894.64,{"$f":"ROUND(I218*H218,2)","v":894.64},"vlastní",null,"","základní",null,{"$f":"O218*H218","v":{"v":0,"d":"0.00000"}},{"v":0,"d":"0.00000"},{"$f":"Q218*H218","v":{"v":0,"d":"0.00000"}},{"v":0,"d":"0.00000"},{"$f":"S218*H218","v":{"v":0,"d":"0.00000"}},{"$nulls":23},"16",null,"K","2",{"$nulls":3},"ROZPOCET",{"$nulls":5},{"$f":"IF(N218=\"základní\",J218,0)","v":894.64},{"$f":"IF(N218=\"snížená\",J218,0)","v":{"v":0,"d":"0.00"}},{"$f":"IF(N218=\"zákl. přenesená\",J218,0)","v":{"v":0,"d":"0.00"}},{"$f":"IF(N218=\"sníž. přenesená\",J218,0)","v":{"v":0,"d":"0.00"}},{"$f":"IF(N218=\"nulová\",J218,0)","v":{"v":0,"d":"0.00"}},"1",{"$f":"ROUND(I218*H218,2)","v":894.64},"16","811328558"]
[null,null,"32","K","998721103","Přesun hmot pro vnitřní kanalizaci stanovený z hmotnosti přesunovaného materiálu vodorovná dopravní vzdálenost do 50 m základní v objektech výšky přes 12 do 24 m","t",0.015,{"v":1271.33,"d":"1,271.33"},{"$f":"ROUND(I219*H219,2)","v":19.07},"CS ÚRS 2025 01",null,"","základní",null,{"$f":"O219*H219","v":{"v":0,"d":"0.00000"}},{"v":0,"d":"0.00000"},{"$f":"Q219*H219","v":{"v":0,"d":"0.00000"}},{"v":0,"d":"0.00000"},{"$f":"S219*H219","v":{"v":0,"d":"0.00000"}},{"$nulls":23},"16",null,"K","2",{"$nulls":3},"ROZPOCET",{"$nulls":5},{"$f":"IF(N219=\"základní\",J219,0)","v":19.07},{"$f":"IF(N219=\"snížená\",J219,0)","v":{"v":0,"d":"0.00"}},{"$f":"IF(N219=\"zákl. přenesená\",J219,0)","v":{"v":0,"d":"0.00"}},{"$f":"IF(N219=\"sníž. přenesená\",J219,0)","v":{"v":0,"d":"0.00"}},{"$f":"IF(N219=\"nulová\",J219,0)","v":{"v":0,"d":"0.00"}},"1",{"$f":"ROUND(I219*H219,2)","v":19.07},"16","-532162592"]
[{"$nulls":3},"Online PSC",null,"https://podminky.urs.cz/item/CS_URS_2025_01/998721103",{"$nulls":39},"Online PSC","2"]
[{"$nulls":3},"D","722","Zdravotechnika - vnitřní vodovod",{"$nulls":3},{"$f":"BK221","v":{"v":7259.3,"d":"7,259.30"}},{"$nulls":5},{"$f":"SUM(P222:P236)","v":{"v":0,"d":"0.00000"}},null,{"$f":"SUM(R222:R236)","v":{"v":0.013199999999999998,"d":"0.01320"}},null,{"$f":"SUM(T222:T236)","v":{"v":0,"d":"0.00000"}},{"$nulls":23},"2",null,"D","1",{"$nulls":3},"ROZPOCET",{"$nulls":11},{"$f":"SUM(BK222:BK236)","v":{"v":7259.3,"d":"7,259.30"}}]
[null,null,"33","K","722174003","Potrubí z plastových trubek z polypropylenu PPR svařovaných polyfúzně PN 16 (SDR 7,4) D 25 x 3,5","m",{"v":5,"d":"5.000"},414.36,{"$f":"ROUND(I222*H222,2)","v":{"v":2071.8,"d":"2,071.80"}},"CS ÚRS 2025 01",null,"","základní",null,{"$f":"O222*H222","v":{"v":0,"d":"0.00000"}},{"v":1.16E-3,"d":"0.00116"},{"$f":"Q222*H222","v":{"v":0.0058,"d":"0.00580"}},{"v":0,"d":"0.00000"},{"$f":"S222*H222","v":{"v":0,"d":"0.00000"}},{"$nulls":23},"16",null,"K","2",{"$nulls":3},"ROZPOCET",{"$nulls":5},{"$f":"IF(N222=\"základní\",J222,0)","v":{"v":2071.8,"d":"2,071.80"}},{"$f":"IF(N222=\"snížená\",J222,0)","v":{"v":0,"d":"0.00"}},{"$f":"IF(N222=\"zákl. přenesená\",J222,0)","v":{"v":0,"d":"0.00"}},{"$f":"IF(N222=\"sníž. přenesená\",J222,0)","v":{"v":0,"d":"0.00"}},{"$f":"IF(N222=\"nulová\",J222,0)","v":{"v":0,"d":"0.00"}},"1",{"$f":"ROUND(I222*H222,2)","v":{"v":2071.8,"d":"2,071.80"}},"16","-1311765262"]
[{"$nulls":3},"Online PSC",null,"https://podminky.urs.cz/item/CS_URS_2025_01/722174003",{"$nulls":39},"Online PSC","2"]
[null,null,"34","K","722174023","Potrubí z plastových trubek z polypropylenu PPR svařovaných polyfúzně PN 20 (SDR 6) D 25 x 4,2","m",{"v":5,"d":"5.000"},452.03,{"$f":"ROUND(I224*H224,2)","v":{"v":2260.15,"d":"2,260.15"}},"CS ÚRS 2025 01",null,"","základní",null,{"$f":"O224*H224","v":{"v":0,"d":"0.00000"}},0.00126,{"$f":"Q224*H224","v":{"v":6.3E-3,"d":"0.00630"}},{"v":0,"d":"0.00000"},{"$f":"S224*H224","v":{"v":0,"d":"0.00000"}},{"$nulls":23},"16",null,"K","2",{"$nulls":3},"ROZPOCET",{"$nulls":5},{"$f":"IF(N224=\"základní\",J224,0)","v":{"v":2260.15,"d":"2,260.15"}},{"$f":"IF(N224=\"snížená\",J224,0)","v":{"v":0,"d":"0.00"}},{"$f":"IF(N224=\"zákl. přenesená\",J224,0)","v":{"v":0,"d":"0.00"}},{"$f":"IF(N224=\"sníž. přenesená\",J224,0)","v":{"v":0,"d":"0.00"}},{"$f":"IF(N224=\"nulová\",J224,0)","v":{"v":0,"d":"0.00"}},"1",{"$f":"ROUND(I224*H224,2)","v":{"v":2260.15,"d":"2,260.15"}},"16","-621957167"]
[{"$nulls":3},"Online PSC",null,"https://podminky.urs.cz/item/CS_URS_2025_01/722174023",{"$nulls":39},"Online PSC","2"]
[null,null,"35","K","722181212","Ochrana potrubí termoizolačními trubicemi z pěnového polyetylenu PE přilepenými v příčných a podélných spojích, tloušťky izolace do 6 mm, vnitřního průměru izolace DN přes 22 do 32 mm","m",{"v":10,"d":"10.000"},67.33,{"$f":"ROUND(I226*H226,2)","v":{"v":673.3,"d":"673.30"}},"CS ÚRS 2025 01",null,"","základní",null,{"$f":"O226*H226","v":{"v":0,"d":"0.00000"}},{"v":4e-05,"d":"0.00004"},{"$f":"Q226*H226","v":{"v":0.0004,"d":"0.00040"}},{"v":0,"d":"0.00000"},{"$f":"S226*H226","v":{"v":0,"d":"0.00000"}},{"$nulls":23},"16",null,"K","2",{"$nulls":3},"ROZPOCET",{"$nulls":5},{"$f":"IF(N226=\"základní\",J226,0)","v":{"v":673.3,"d":"673.30"}},{"$f":"IF(N226=\"snížená\",J226,0)","v":{"v":0,"d":"0.00"}},{"$f":"IF(N226=\"zákl. přenesená\",J226,0)","v":{"v":0,"d":"0.00"}},{"$f":"IF(N226=\"sníž. přenesená\",J226,0)","v":{"v":0,"d":"0.00"}},{"$f":"IF(N226=\"nulová\",J226,0)","v":{"v":0,"d":"0.00"}},"1",{"$f":"ROUND(I226*H226,2)","v":{"v":673.3,"d":"673.30"}},"16","1823329832"]
[{"$nulls":3},"Online PSC",null,"https://podminky.urs.cz/item/CS_URS_2025_01/722181212",{"$nulls":39},"Online PSC","2"]
[null,null,"36","K","722190401","Zřízení přípojek na potrubí vyvedení a upevnění výpustek do DN 25","kus",{"v":3,"d":"3.000"},150.68,{"$f":"ROUND(I228*H228,2)","v":452.04},"CS ÚRS 2025 01",null,"","základní",null,{"$f":"O228*H228","v":{"v":0,"d":"0.00000"}},{"v":0,"d":"0.00000"},{"$f":"Q228*H228","v":{"v":0,"d":"0.00000"}},{"v":0,"d":"0.00000"},{"$f":"S228*H228","v":{"v":0,"d":"0.00000"}},{"$nulls":23},"16",null,"K","2",{"$nulls":3},"ROZPOCET",{"$nulls":5},{"$f":"IF(N228=\"základní\",J228,0)","v":452.04},{"$f":"IF(N228=\"snížená\",J228,0)","v":{"v":0,"d":"0.00"}},{"$f":"IF(N228=\"zákl. přenesená\",J228,0)","v":{"v":0,"d":"0.00"}},{"$f":"IF(N228=\"sníž. přenesená\",J228,0)","v":{"v":0,"d":"0.00"}},{"$f":"IF(N228=\"nulová\",J228,0)","v":{"v":0,"d":"0.00"}},"1",{"$f":"ROUND(I228*H228,2)","v":452.04},"16","882248425"]
[{"$nulls":3},"Online PSC",null,"https://podminky.urs.cz/item/CS_URS_2025_01/722190401",{"$nulls":39},"Online PSC","2"]
[null,null,"37","K","72219040R","Zřízení přípojek na stávající potrubí v šachtě včetně potřebného materiálu","kpl",{"v":1,"d":"1.000"},894.64,{"$f":"ROUND(I230*H230,2)","v":894.64},"vlastní",null,"","základní",null,{"$f":"O230*H230","v":{"v":0,"d":"0.00000"}},{"v":0,"d":"0.00000"},{"$f":"Q230*H230","v":{"v":0,"d":"0.00000"}},{"v":0,"d":"0.00000"},{"$f":"S230*H230","v":{"v":0,"d":"0.00000"}},{"$nulls":23},"16",null,"K","2",{"$nulls":3},"ROZPOCET",{"$nulls":5},{"$f":"IF(N230=\"základní\",J230,0)","v":894.64},{"$f":"IF(N230=\"snížená\",J230,0)","v":{"v":0,"d":"0.00"}},{"$f":"IF(N230=\"zákl. přenesená\",J230,0)","v":{"v":0,"d":"0.00"}},{"$f":"IF(N230=\"sníž. přenesená\",J230,0)","v":{"v":0,"d":"0.00"}},{"$f":"IF(N230=\"nulová\",J230,0)","v":{"v":0,"d":"0.00"}},"1",{"$f":"ROUND(I230*H230,2)","v":894.64},"16","-1054159394"]
[null,null,"38","K","722220153","Armatury s jedním závitem plastové (PPR) PN 20 (SDR 6) DN 25 x G 3/4\"","kus",{"v":3,"d":"3.000"},218.48,{"$f":"ROUND(I231*H231,2)","v":655.44},"CS ÚRS 2025 01",null,"","základní",null,{"$f":"O231*H231","v":{"v":0,"d":"0.00000"}},{"v":0.0002,"d":"0.00020"},{"$f":"Q231*H231","v":{"v":6.0000000000000006E-4,"d":"0.00060"}},{"v":0,"d":"0.00000"},{"$f":"S231*H231","v":{"v":0,"d":"0.00000"}},{"$nulls":23},"16",null,"K","2",{"$nulls":3},"ROZPOCET",{"$nulls":5},{"$f":"IF(N231=\"základní\",J231,0)","v":655.44},{"$f":"IF(N231=\"snížená\",J231,0)","v":{"v":0,"d":"0.00"}},{"$f":"IF(N231=\"zákl. přenesená\",J231,0)","v":{"v":0,"d":"0.00"}},{"$f":"IF(N231=\"sníž. přenesená\",J231,0)","v":{"v":0,"d":"0.00"}},{"$f":"IF(N231=\"nulová\",J231,0)","v":{"v":0,"d":"0.00"}},"1",{"$f":"ROUND(I231*H231,2)","v":655.44},"16","-1334044520"]
[{"$nulls":3},"Online PSC",null,"https://podminky.urs.cz/item/CS_URS_2025_01/722220153",{"$nulls":39},"Online PSC","2"]
[null,null,"39","K","722290234","Zkoušky, proplach a desinfekce vodovodního potrubí proplach a desinfekce vodovodního potrubí do DN 80","m",{"v":10,"d":"10.000"},23.54,{"$f":"ROUND(I233*H233,2)","v":{"v":235.4,"d":"235.40"}},"CS ÚRS 2025 01",null,"","základní",null,{"$f":"O233*H233","v":{"v":0,"d":"0.00000"}},{"v":1e-05,"d":"0.00001"},{"$f":"Q233*H233","v":{"v":1E-4,"d":"0.00010"}},{"v":0,"d":"0.00000"},{"$f":"S233*H233","v":{"v":0,"d":"0.00000"}},{"$nulls":23},"16",null,"K","2",{"$nulls":3},"ROZPOCET",{"$nulls":5},{"$f":"IF(N233=\"základní\",J233,0)","v":{"v":235.4,"d":"235.40"}},{"$f":"IF(N233=\"snížená\",J233,0)","v":{"v":0,"d":"0.00"}},{"$f":"IF(N233=\"zákl. přenesená\",J233,0)","v":{"v":0,"d":"0.00"}},{"$f":"IF(N233=\"sníž. přenesená\",J233,0)","v":{"v":0,"d":"0.00"}},{"$f":"IF(N233=\"nulová\",J233,0)","v":{"v":0,"d":"0.00"}},"1",{"$f":"ROUND(I233*H233,2)","v":{"v":235.4,"d":"235.40"}},"16","1495600197"]
[{"$nulls":3},"Online PSC",null,"https://podminky.urs.cz/item/CS_URS_2025_01/722290234",{"$nulls":39},"Online PSC","2"]
[null,null,"40","K","998722103","Přesun hmot pro vnitřní vodovod stanovený z hmotnosti přesunovaného materiálu vodorovná dopravní vzdálenost do 50 m základní v objektech výšky přes 12 do 24 m","t",0.013,{"v":1271.33,"d":"1,271.33"},{"$f":"ROUND(I235*H235,2)","v":16.53},"CS ÚRS 2025 01",null,"","základní",null,{"$f":"O235*H235","v":{"v":0,"d":"0.00000"}},{"v":0,"d":"0.00000"},{"$f":"Q235*H235","v":{"v":0,"d":"0.00000"}},{"v":0,"d":"0.00000"},{"$f":"S235*H235","v":{"v":0,"d":"0.00000"}},{"$nulls":23},"16",null,"K","2",{"$nulls":3},"ROZPOCET",{"$nulls":5},{"$f":"IF(N235=\"základní\",J235,0)","v":16.53},{"$f":"IF(N235=\"snížená\",J235,0)","v":{"v":0,"d":"0.00"}},{"$f":"IF(N235=\"zákl. přenesená\",J235,0)","v":{"v":0,"d":"0.00"}},{"$f":"IF(N235=\"sníž. přenesená\",J235,0)","v":{"v":0,"d":"0.00"}},{"$f":"IF(N235=\"nulová\",J235,0)","v":{"v":0,"d":"0.00"}},"1",{"$f":"ROUND(I235*H235,2)","v":16.53},"16","-2110014948"]
[{"$nulls":3},"Online PSC",null,"https://podminky.urs.cz/item/CS_URS_2025_01/998722103",{"$nulls":39},"Online PSC","2"]
[{"$nulls":3},"D","725","Zdravotechnika - zařizovací předměty",{"$nulls":3},{"$f":"BK237","v":{"v":21096.22,"d":"21,096.22"}},{"$nulls":5},{"$f":"SUM(P238:P272)","v":{"v":0,"d":"0.00000"}},null,{"$f":"SUM(R238:R272)","v":{"v":0.06939000000000001,"d":"0.06939"}},null,{"$f":"SUM(T238:T272)","v":{"v":0.047970000000000006,"d":"0.04797"}},{"$nulls":23},"2",null,"D","1",{"$nulls":3},"ROZPOCET",{"$nulls":11},{"$f":"SUM(BK238:BK272)","v":{"v":21096.22,"d":"21,096.22"}}]
[null,null,"41","K","725110811","Demontáž klozetů splachovacích s nádrží nebo tlakovým splachovačem","soubor",{"v":1,"d":"1.000"},235.43,{"$f":"ROUND(I238*H238,2)","v":235.43},"CS ÚRS 2025 01",null,"","základní",null,{"$f":"O238*H238","v":{"v":0,"d":"0.00000"}},{"v":0,"d":"0.00000"},{"$f":"Q238*H238","v":{"v":0,"d":"0.00000"}},0.01933,{"$f":"S238*H238","v":0.01933},{"$nulls":23},"16",null,"K","2",{"$nulls":3},"ROZPOCET",{"$nulls":5},{"$f":"IF(N238=\"základní\",J238,0)","v":235.43},{"$f":"IF(N238=\"snížená\",J238,0)","v":{"v":0,"d":"0.00"}},{"$f":"IF(N238=\"zákl. přenesená\",J238,0)","v":{"v":0,"d":"0.00"}},{"$f":"IF(N238=\"sníž. přenesená\",J238,0)","v":{"v":0,"d":"0.00"}},{"$f":"IF(N238=\"nulová\",J238,0)","v":{"v":0,"d":"0.00"}},"1",{"$f":"ROUND(I238*H238,2)","v":235.43},"16","-246495543"]
[{"$nulls":3},"Online PSC",null,"https://podminky.urs.cz/item/CS_URS_2025_01/725110811",{"$nulls":39},"Online PSC","2"]
[null,null,"42","K","725210821","Demontáž umyvadel bez výtokových armatur umyvadel","soubor",{"v":1,"d":"1.000"},235.43,{"$f":"ROUND(I240*H240,2)","v":235.43},"CS ÚRS 2025 01",null,"","základní",null,{"$f":"O240*H240","v":{"v":0,"d":"0.00000"}},{"v":0,"d":"0.00000"},{"$f":"Q240*H240","v":{"v":0,"d":"0.00000"}},0.01946,{"$f":"S240*H240","v":0.01946},{"$nulls":23},"16",null,"K","2",{"$nulls":3},"ROZPOCET",{"$nulls":5},{"$f":"IF(N240=\"základní\",J240,0)","v":235.43},{"$f":"IF(N240=\"snížená\",J240,0)","v":{"v":0,"d":"0.00"}},{"$f":"IF(N240=\"zákl. přenesená\",J240,0)","v":{"v":0,"d":"0.00"}},{"$f":"IF(N240=\"sníž. přenesená\",J240,0)","v":{"v":0,"d":"0.00"}},{"$f":"IF(N240=\"nulová\",J240,0)","v":{"v":0,"d":"0.00"}},"1",{"$f":"ROUND(I240*H240,2)","v":235.43},"16","551959161"]
[{"$nulls":3},"Online PSC",null,"https://podminky.urs.cz/item/CS_URS_2025_01/725210821",{"$nulls":39},"Online PSC","2"]
[null,null,"43","K","725820801","Demontáž baterií nástěnných do G 3/4","soubor",{"v":1,"d":"1.000"},84.76,{"$f":"ROUND(I242*H242,2)","v":84.76},"CS ÚRS 2025 01",null,"","základní",null,{"$f":"O242*H242","v":{"v":0,"d":"0.00000"}},{"v":0,"d":"0.00000"},{"$f":"Q242*H242","v":{"v":0,"d":"0.00000"}},{"v":1.56E-3,"d":"0.00156"},{"$f":"S242*H242","v":{"v":1.56E-3,"d":"0.00156"}},{"$nulls":23},"16",null,"K","2",{"$nulls":3},"ROZPOCET",{"$nulls":5},{"$f":"IF(N242=\"základní\",J242,0)","v":84.76},{"$f":"IF(N242=\"snížená\",J242,0)","v":{"v":0,"d":"0.00"}},{"$f":"IF(N242=\"zákl. přenesená\",J242,0)","v":{"v":0,"d":"0.00"}},{"$f":"IF(N242=\"sníž. přenesená\",J242,0)","v":{"v":0,"d":"0.00"}},{"$f":"IF(N242=\"nulová\",J242,0)","v":{"v":0,"d":"0.00"}},"1",{"$f":"ROUND(I242*H242,2)","v":84.76},"16","-879959601"]
[{"$nulls":3},"Online PSC",null,"https://podminky.urs.cz/item/CS_URS_2025_01/725820801",{"$nulls":39},"Online PSC","2"]
[null,null,"44","K","725840851","Demontáž baterií sprchových nástěnných","kus",{"v":1,"d":"1.000"},84.76,{"$f":"ROUND(I244*H244,2)","v":84.76},"CS ÚRS 2025 01",null,"","základní",null,{"$f":"O244*H244","v":{"v":0,"d":"0.00000"}},{"v":0,"d":"0.00000"},{"$f":"Q244*H244","v":{"v":0,"d":"0.00000"}},{"v":7.62E-3,"d":"0.00762"},{"$f":"S244*H244","v":{"v":7.62E-3,"d":"0.00762"}},{"$nulls":23},"16",null,"K","2",{"$nulls":3},"ROZPOCET",{"$nulls":5},{"$f":"IF(N244=\"základní\",J244,0)","v":84.76},{"$f":"IF(N244=\"snížená\",J244,0)","v":{"v":0,"d":"0.00"}},{"$f":"IF(N244=\"zákl. přenesená\",J244,0)","v":{"v":0,"d":"0.00"}},{"$f":"IF(N244=\"sníž. přenesená\",J244,0)","v":{"v":0,"d":"0.00"}},{"$f":"IF(N244=\"nulová\",J244,0)","v":{"v":0,"d":"0.00"}},"1",{"$f":"ROUND(I244*H244,2)","v":84.76},"16","1248187691"]
[{"$nulls":3},"Online PSC",null,"https://podminky.urs.cz/item/CS_URS_2025_01/725840851",{"$nulls":39},"Online PSC","2"]
[null,null,"45","K","725112011","Zařízení záchodů klozety keramické standardní samostatně stojící s plochým splachováním odpad vodorovný","soubor",{"v":1,"d":"1.000"},{"v":4002.34,"d":"4,002.34"},{"$f":"ROUND(I246*H246,2)","v":{"v":4002.34,"d":"4,002.34"}},"CS ÚRS 2025 01",null,"","základní",null,{"$f":"O246*H246","v":{"v":0,"d":"0.00000"}},0.01387,{"$f":"Q246*H246","v":0.01387},{"v":0,"d":"0.00000"},{"$f":"S246*H246","v":{"v":0,"d":"0.00000"}},{"$nulls":23},"16",null,"K","2",{"$nulls":3},"ROZPOCET",{"$nulls":5},{"$f":"IF(N246=\"základní\",J246,0)","v":{"v":4002.34,"d":"4,002.34"}},{"$f":"IF(N246=\"snížená\",J246,0)","v":{"v":0,"d":"0.00"}},{"$f":"IF(N246=\"zákl. přenesená\",J246,0)","v":{"v":0,"d":"0.00"}},{"$f":"IF(N246=\"sníž. přenesená\",J246,0)","v":{"v":0,"d":"0.00"}},{"$f":"IF(N246=\"nulová\",J246,0)","v":{"v":0,"d":"0.00"}},"1",{"$f":"ROUND(I246*H246,2)","v":{"v":4002.34,"d":"4,002.34"}},"16","1089537571"]
[{"$nulls":3},"Online PSC",null,"https://podminky.urs.cz/item/CS_URS_2025_01/725112011",{"$nulls":39},"Online PSC","2"]
[null,null,"46","K","725211601","Umyvadla keramická bílá bez výtokových armatur připevněná na stěnu šrouby bez sloupu nebo krytu na sifon, šířka umyvadla 500 mm","soubor",{"v":1,"d":"1.000"},{"v":2683.92,"d":"2,683.92"},{"$f":"ROUND(I248*H248,2)","v":{"v":2683.92,"d":"2,683.92"}},"CS ÚRS 2025 01",null,"","základní",null,{"$f":"O248*H248","v":{"v":0,"d":"0.00000"}},0.01247,{"$f":"Q248*H248","v":0.01247},{"v":0,"d":"0.00000"},{"$f":"S248*H248","v":{"v":0,"d":"0.00000"}},{"$nulls":23},"16",null,"K","2",{"$nulls":3},"ROZPOCET",{"$nulls":5},{"$f":"IF(N248=\"základní\",J248,0)","v":{"v":2683.92,"d":"2,683.92"}},{"$f":"IF(N248=\"snížená\",J248,0)","v":{"v":0,"d":"0.00"}},{"$f":"IF(N248=\"zákl. přenesená\",J248,0)","v":{"v":0,"d":"0.00"}},{"$f":"IF(N248=\"sníž. přenesená\",J248,0)","v":{"v":0,"d":"0.00"}},{"$f":"IF(N248=\"nulová\",J248,0)","v":{"v":0,"d":"0.00"}},"1",{"$f":"ROUND(I248*H248,2)","v":{"v":2683.92,"d":"2,683.92"}},"16","1943181894"]
[{"$nulls":3},"Online PSC",null,"https://podminky.urs.cz/item/CS_URS_2025_01/725211601",{"$nulls":39},"Online PSC","2"]
[null,null,"47","K","725822611","Baterie umyvadlová stojánková páková bez výpusti - chrom","soubor",{"v":1,"d":"1.000"},{"v":1695.11,"d":"1,695.11"},{"$f":"ROUND(I250*H250,2)","v":{"v":1695.11,"d":"1,695.11"}},"CS ÚRS 2025 01",null,"","základní",null,{"$f":"O250*H250","v":{"v":0,"d":"0.00000"}},{"v":1.8E-3,"d":"0.00180"},{"$f":"Q250*H250","v":{"v":1.8E-3,"d":"0.00180"}},{"v":0,"d":"0.00000"},{"$f":"S250*H250","v":{"v":0,"d":"0.00000"}},{"$nulls":23},"16",null,"K","2",{"$nulls":3},"ROZPOCET",{"$nulls":5},{"$f":"IF(N250=\"základní\",J250,0)","v":{"v":1695.11,"d":"1,695.11"}},{"$f":"IF(N250=\"snížená\",J250,0)","v":{"v":0,"d":"0.00"}},{"$f":"IF(N250=\"zákl. přenesená\",J250,0)","v":{"v":0,"d":"0.00"}},{"$f":"IF(N250=\"sníž. přenesená\",J250,0)","v":{"v":0,"d":"0.00"}},{"$f":"IF(N250=\"nulová\",J250,0)","v":{"v":0,"d":"0.00"}},"1",{"$f":"ROUND(I250*H250,2)","v":{"v":1695.11,"d":"1,695.11"}},"16","1637807363"]
[{"$nulls":3},"Online PSC",null,"https://podminky.urs.cz/item/CS_URS_2025_01/725822611",{"$nulls":39},"Online PSC","2"]
[null,null,"48","K","725865501","Zápachové uzávěrky zařizovacích předmětů odpadní soupravy se zápachovou uzávěrkou DN 40/50","kus",{"v":1,"d":"1.000"},725.13,{"$f":"ROUND(I252*H252,2)","v":725.13},"CS ÚRS 2025 01",null,"","základní",null,{"$f":"O252*H252","v":{"v":0,"d":"0.00000"}},0.00128,{"$f":"Q252*H252","v":0.00128},{"v":0,"d":"0.00000"},{"$f":"S252*H252","v":{"v":0,"d":"0.00000"}},{"$nulls":23},"16",null,"K","2",{"$nulls":3},"ROZPOCET",{"$nulls":5},{"$f":"IF(N252=\"základní\",J252,0)","v":725.13},{"$f":"IF(N252=\"snížená\",J252,0)","v":{"v":0,"d":"0.00"}},{"$f":"IF(N252=\"zákl. přenesená\",J252,0)","v":{"v":0,"d":"0.00"}},{"$f":"IF(N252=\"sníž. přenesená\",J252,0)","v":{"v":0,"d":"0.00"}},{"$f":"IF(N252=\"nulová\",J252,0)","v":{"v":0,"d":"0.00"}},"1",{"$f":"ROUND(I252*H252,2)","v":725.13},"16","-1863436506"]
[{"$nulls":3},"Online PSC",null,"https://podminky.urs.cz/item/CS_URS_2025_01/725865501",{"$nulls":39},"Online PSC","2"]
[{"$nulls":3},"VV","","\"sifon - chrom\"",null,"",{"$nulls":37},"VV","2","1","True","0","ROZPOCET"]
[{"$nulls":3},"VV","","1",null,{"v":1,"d":"1.000"},{"$nulls":37},"VV","2","2","True","1","ROZPOCET"]
[null,null,"49","K","725241123","Sprchové vaničky akrylátové obdélníkové 900x800 mm","soubor",{"v":1,"d":"1.000"},{"v":4468.5,"d":"4,468.50"},{"$f":"ROUND(I256*H256,2)","v":{"v":4468.5,"d":"4,468.50"}},"CS ÚRS 2025 01",null,"","základní",null,{"$f":"O256*H256","v":{"v":0,"d":"0.00000"}},0.01699,{"$f":"Q256*H256","v":0.01699},{"v":0,"d":"0.00000"},{"$f":"S256*H256","v":{"v":0,"d":"0.00000"}},{"$nulls":23},"16",null,"K","2",{"$nulls":3},"ROZPOCET",{"$nulls":5},{"$f":"IF(N256=\"základní\",J256,0)","v":{"v":4468.5,"d":"4,468.50"}},{"$f":"IF(N256=\"snížená\",J256,0)","v":{"v":0,"d":"0.00"}},{"$f":"IF(N256=\"zákl. přenesená\",J256,0)","v":{"v":0,"d":"0.00"}},{"$f":"IF(N256=\"sníž. přenesená\",J256,0)","v":{"v":0,"d":"0.00"}},{"$f":"IF(N256=\"nulová\",J256,0)","v":{"v":0,"d":"0.00"}},"1",{"$f":"ROUND(I256*H256,2)","v":{"v":4468.5,"d":"4,468.50"}},"16","-742980301"]
[{"$nulls":3},"Online PSC",null,"https://podminky.urs.cz/item/CS_URS_2025_01/725241123",{"$nulls":39},"Online PSC","2"]
[null,null,"50","K","725841322R","Baterie sprchová nástěnná se sprchovým setem s roztečí 150 mm - chrom","soubor",{"v":1,"d":"1.000"},{"v":1638.67,"d":"1,638.67"},{"$f":"ROUND(I258*H258,2)","v":{"v":1638.67,"d":"1,638.67"}},"vlastní",null,"","základní",null,{"$f":"O258*H258","v":{"v":0,"d":"0.00000"}},{"v":2.14E-3,"d":"0.00214"},{"$f":"Q258*H258","v":{"v":2.14E-3,"d":"0.00214"}},{"v":0,"d":"0.00000"},{"$f":"S258*H258","v":{"v":0,"d":"0.00000"}},{"$nulls":23},"16",null,"K","2",{"$nulls":3},"ROZPOCET",{"$nulls":5},{"$f":"IF(N258=\"základní\",J258,0)","v":{"v":1638.67,"d":"1,638.67"}},{"$f":"IF(N258=\"snížená\",J258,0)","v":{"v":0,"d":"0.00"}},{"$f":"IF(N258=\"zákl. přenesená\",J258,0)","v":{"v":0,"d":"0.00"}},{"$f":"IF(N258=\"sníž. přenesená\",J258,0)","v":{"v":0,"d":"0.00"}},{"$f":"IF(N258=\"nulová\",J258,0)","v":{"v":0,"d":"0.00"}},"1",{"$f":"ROUND(I258*H258,2)","v":{"v":1638.67,"d":"1,638.67"}},"16","966066261"]
[null,null,"51","K","72522610.R","D+M sprchová tyč rovná 90x25mm, černá, včetně závěsu","soubor",{"v":1,"d":"1.000"},{"v":2872.27,"d":"2,872.27"},{"$f":"ROUND(I259*H259,2)","v":{"v":2872.27,"d":"2,872.27"}},"vlastní",null,"","základní",null,{"$f":"O259*H259","v":{"v":0,"d":"0.00000"}},0.01745,{"$f":"Q259*H259","v":0.01745},{"v":0,"d":"0.00000"},{"$f":"S259*H259","v":{"v":0,"d":"0.00000"}},{"$nulls":23},"16",null,"K","2",{"$nulls":3},"ROZPOCET",{"$nulls":5},{"$f":"IF(N259=\"základní\",J259,0)","v":{"v":2872.27,"d":"2,872.27"}},{"$f":"IF(N259=\"snížená\",J259,0)","v":{"v":0,"d":"0.00"}},{"$f":"IF(N259=\"zákl. přenesená\",J259,0)","v":{"v":0,"d":"0.00"}},{"$f":"IF(N259=\"sníž. přenesená\",J259,0)","v":{"v":0,"d":"0.00"}},{"$f":"IF(N259=\"nulová\",J259,0)","v":{"v":0,"d":"0.00"}},"1",{"$f":"ROUND(I259*H259,2)","v":{"v":2872.27,"d":"2,872.27"}},"16","-1952143643"]
[null,null,"52","K","725291650","Montáž doplňků zařízení koupelen a záchodů toaletní desky rovné","kus",{"v":1,"d":"1.000"},207.18,{"$f":"ROUND(I260*H260,2)","v":207.18},"CS ÚRS 2025 01",null,"","základní",null,{"$f":"O260*H260","v":{"v":0,"d":"0.00000"}},{"v":0,"d":"0.00000"},{"$f":"Q260*H260","v":{"v":0,"d":"0.00000"}},{"v":0,"d":"0.00000"},{"$f":"S260*H260","v":{"v":0,"d":"0.00000"}},{"$nulls":23},"16",null,"K","2",{"$nulls":3},"ROZPOCET",{"$nulls":5},{"$f":"IF(N260=\"základní\",J260,0)","v":207.18},{"$f":"IF(N260=\"snížená\",J260,0)","v":{"v":0,"d":"0.00"}},{"$f":"IF(N260=\"zákl. přenesená\",J260,0)","v":{"v":0,"d":"0.00"}},{"$f":"IF(N260=\"sníž. přenesená\",J260,0)","v":{"v":0,"d":"0.00"}},{"$f":"IF(N260=\"nulová\",J260,0)","v":{"v":0,"d":"0.00"}},"1",{"$f":"ROUND(I260*H260,2)","v":207.18},"16","894285253"]
[{"$nulls":3},"Online PSC",null,"https://podminky.urs.cz/item/CS_URS_2025_01/725291650",{"$nulls":39},"Online PSC","2"]
[null,null,"53","M","64294623","deska bílá z duroplastu s pomalým sklápěním","kus",{"v":1,"d":"1.000"},{"v":1129.98,"d":"1,129.98"},{"$f":"ROUND(I262*H262,2)","v":{"v":1129.98,"d":"1,129.98"}},"CS ÚRS 2025 01",null,"","základní",null,{"$f":"O262*H262","v":{"v":0,"d":"0.00000"}},{"v":0.0024,"d":"0.00240"},{"$f":"Q262*H262","v":{"v":0.0024,"d":"0.00240"}},{"v":0,"d":"0.00000"},{"$f":"S262*H262","v":{"v":0,"d":"0.00000"}},{"$nulls":23},"32",null,"M","2",{"$nulls":3},"ROZPOCET",{"$nulls":5},{"$f":"IF(N262=\"základní\",J262,0)","v":{"v":1129.98,"d":"1,129.98"}},{"$f":"IF(N262=\"snížená\",J262,0)","v":{"v":0,"d":"0.00"}},{"$f":"IF(N262=\"zákl. přenesená\",J262,0)","v":{"v":0,"d":"0.00"}},{"$f":"IF(N262=\"sníž. přenesená\",J262,0)","v":{"v":0,"d":"0.00"}},{"$f":"IF(N262=\"nulová\",J262,0)","v":{"v":0,"d":"0.00"}},"1",{"$f":"ROUND(I262*H262,2)","v":{"v":1129.98,"d":"1,129.98"}},"16","-1568576447"]
[null,null,"54","K","725813111","Ventily rohové bez připojovací trubičky nebo flexi hadičky G 1/2\"","soubor",{"v":3,"d":"3.000"},235.43,{"$f":"ROUND(I263*H263,2)","v":706.29},"CS ÚRS 2025 01",null,"","základní",null,{"$f":"O263*H263","v":{"v":0,"d":"0.00000"}},0.00024,{"$f":"Q263*H263","v":0.00072},{"v":0,"d":"0.00000"},{"$f":"S263*H263","v":{"v":0,"d":"0.00000"}},{"$nulls":23},"16",null,"K","2",{"$nulls":3},"ROZPOCET",{"$nulls":5},{"$f":"IF(N263=\"základní\",J263,0)","v":706.29},{"$f":"IF(N263=\"snížená\",J263,0)","v":{"v":0,"d":"0.00"}},{"$f":"IF(N263=\"zákl. přenesená\",J263,0)","v":{"v":0,"d":"0.00"}},{"$f":"IF(N263=\"sníž. přenesená\",J263,0)","v":{"v":0,"d":"0.00"}},{"$f":"IF(N263=\"nulová\",J263,0)","v":{"v":0,"d":"0.00"}},"1",{"$f":"ROUND(I263*H263,2)","v":706.29},"16","-15294637"]
[{"$nulls":3},"Online PSC",null,"https://podminky.urs.cz/item/CS_URS_2025_01/725813111",{"$nulls":39},"Online PSC","2"]
[{"$nulls":3},"VV","","\"WC\"",null,"",{"$nulls":37},"VV","2","1","True","0","ROZPOCET"]
[{"$nulls":3},"VV","","1",null,{"v":1,"d":"1.000"},{"$nulls":37},"VV","2","2","True","0","ROZPOCET"]
[{"$nulls":3},"VV","","\"koupelna\"",null,"",{"$nulls":37},"VV","2","1","True","0","ROZPOCET"]
[{"$nulls":3},"VV","","2",null,{"v":2,"d":"2.000"},{"$nulls":37},"VV","2","2","True","0","ROZPOCET"]
[{"$nulls":3},"VV","","Součet",null,{"v":3,"d":"3.000"},{"$nulls":37},"VV","2","4","True","1","ROZPOCET"]
[null,null,"55","M","55190005","flexi hadice ohebná k baterii D 8x12mm F 1/2\"xM10 500mm","m",{"v":1.5,"d":"1.500"},159.15,{"$f":"ROUND(I270*H270,2)","v":238.73},"CS ÚRS 2025 01",null,"","základní",null,{"$f":"O270*H270","v":{"v":0,"d":"0.00000"}},0.00018,{"$f":"Q270*H270","v":{"v":2.7E-4,"d":"0.00027"}},{"v":0,"d":"0.00000"},{"$f":"S270*H270","v":{"v":0,"d":"0.00000"}},{"$nulls":23},"32",null,"M","2",{"$nulls":3},"ROZPOCET",{"$nulls":5},{"$f":"IF(N270=\"základní\",J270,0)","v":238.73},{"$f":"IF(N270=\"snížená\",J270,0)","v":{"v":0,"d":"0.00"}},{"$f":"IF(N270=\"zákl. přenesená\",J270,0)","v":{"v":0,"d":"0.00"}},{"$f":"IF(N270=\"sníž. přenesená\",J270,0)","v":{"v":0,"d":"0.00"}},{"$f":"IF(N270=\"nulová\",J270,0)","v":{"v":0,"d":"0.00"}},"1",{"$f":"ROUND(I270*H270,2)","v":238.73},"16","-14837260"]
[null,null,"56","K","998725103","Přesun hmot pro zařizovací předměty stanovený z hmotnosti přesunovaného materiálu vodorovná dopravní vzdálenost do 50 m základní v objektech výšky přes 12 do 24 m","t",0.069,{"v":1271.33,"d":"1,271.33"},{"$f":"ROUND(I271*H271,2)","v":87.72},"CS ÚRS 2025 01",null,"","základní",null,{"$f":"O271*H271","v":{"v":0,"d":"0.00000"}},{"v":0,"d":"0.00000"},{"$f":"Q271*H271","v":{"v":0,"d":"0.00000"}},{"v":0,"d":"0.00000"},{"$f":"S271*H271","v":{"v":0,"d":"0.00000"}},{"$nulls":23},"16",null,"K","2",{"$nulls":3},"ROZPOCET",{"$nulls":5},{"$f":"IF(N271=\"základní\",J271,0)","v":87.72},{"$f":"IF(N271=\"snížená\",J271,0)","v":{"v":0,"d":"0.00"}},{"$f":"IF(N271=\"zákl. přenesená\",J271,0)","v":{"v":0,"d":"0.00"}},{"$f":"IF(N271=\"sníž. přenesená\",J271,0)","v":{"v":0,"d":"0.00"}},{"$f":"IF(N271=\"nulová\",J271,0)","v":{"v":0,"d":"0.00"}},"1",{"$f":"ROUND(I271*H271,2)","v":87.72},"16","-1131079625"]
[{"$nulls":3},"Online PSC",null,"https://podminky.urs.cz/item/CS_URS_2025_01/998725103",{"$nulls":39},"Online PSC","2"]
[{"$nulls":3},"D","741","Elektroinstalace - silnoproud",{"$nulls":3},{"$f":"BK273","v":{"v":4781.040000000001,"d":"4,781.04"}},{"$nulls":5},{"$f":"SUM(P274:P325)","v":{"v":0,"d":"0.00000"}},null,{"$f":"SUM(R274:R325)","v":0.00136},null,{"$f":"SUM(T274:T325)","v":{"v":4.3E-3,"d":"0.00430"}},{"$nulls":23},"2",null,"D","1",{"$nulls":3},"ROZPOCET",{"$nulls":11},{"$f":"SUM(BK274:BK325)","v":{"v":4781.040000000001,"d":"4,781.04"}}]
[null,null,"57","K","74131180R","Demontáž spínačů nástěnných normálních vnitřních","kus",{"v":5,"d":"5.000"},55.56,{"$f":"ROUND(I274*H274,2)","v":{"v":277.8,"d":"277.80"}},"vlastní",null,"","základní",null,{"$f":"O274*H274","v":{"v":0,"d":"0.00000"}},{"v":0,"d":"0.00000"},{"$f":"Q274*H274","v":{"v":0,"d":"0.00000"}},{"v":5e-05,"d":"0.00005"},{"$f":"S274*H274","v":0.00025},{"$nulls":23},"16",null,"K","2",{"$nulls":3},"ROZPOCET",{"$nulls":5},{"$f":"IF(N274=\"základní\",J274,0)","v":{"v":277.8,"d":"277.80"}},{"$f":"IF(N274=\"snížená\",J274,0)","v":{"v":0,"d":"0.00"}},{"$f":"IF(N274=\"zákl. přenesená\",J274,0)","v":{"v":0,"d":"0.00"}},{"$f":"IF(N274=\"sníž. přenesená\",J274,0)","v":{"v":0,"d":"0.00"}},{"$f":"IF(N274=\"nulová\",J274,0)","v":{"v":0,"d":"0.00"}},"1",{"$f":"ROUND(I274*H274,2)","v":{"v":277.8,"d":"277.80"}},"16","1471550852"]
[{"$nulls":3},"VV","","\"WC - tlačítko ventilátoru, spínač\"",null,"",{"$nulls":37},"VV","2","1","True","0","ROZPOCET"]
[{"$nulls":3},"VV","","3",null,{"v":3,"d":"3.000"},{"$nulls":37},"VV","2","2","True","0","ROZPOCET"]
[{"$nulls":3},"VV","","\"koupelna - tlačítko ventilátoru, spínač\"",null,"",{"$nulls":37},"VV","2","1","True","0","ROZPOCET"]
[{"$nulls":3},"VV","","2",null,{"v":2,"d":"2.000"},{"$nulls":37},"VV","2","2","True","0","ROZPOCET"]
[{"$nulls":3},"VV","","Součet",null,{"v":5,"d":"5.000"},{"$nulls":37},"VV","2","4","True","1","ROZPOCET"]
[null,null,"58","K","74131582R","Demontáž zásuvek domovních normální prostředí šroubových bez zachování funkčnosti","kus",{"v":1,"d":"1.000"},55.56,{"$f":"ROUND(I280*H280,2)","v":55.56},"vlastní",null,"","základní",null,{"$f":"O280*H280","v":{"v":0,"d":"0.00000"}},{"v":0,"d":"0.00000"},{"$f":"Q280*H280","v":{"v":0,"d":"0.00000"}},{"v":5e-05,"d":"0.00005"},{"$f":"S280*H280","v":{"v":5e-05,"d":"0.00005"}},{"$nulls":23},"16",null,"K","2",{"$nulls":3},"ROZPOCET",{"$nulls":5},{"$f":"IF(N280=\"základní\",J280,0)","v":55.56},{"$f":"IF(N280=\"snížená\",J280,0)","v":{"v":0,"d":"0.00"}},{"$f":"IF(N280=\"zákl. přenesená\",J280,0)","v":{"v":0,"d":"0.00"}},{"$f":"IF(N280=\"sníž. přenesená\",J280,0)","v":{"v":0,"d":"0.00"}},{"$f":"IF(N280=\"nulová\",J280,0)","v":{"v":0,"d":"0.00"}},"1",{"$f":"ROUND(I280*H280,2)","v":55.56},"16","336152236"]
[{"$nulls":3},"VV","","\"koupelna - tlačítko ventilátoru, spínač\"",null,"",{"$nulls":37},"VV","2","1","True","0","ROZPOCET"]
[{"$nulls":3},"VV","","1",null,{"v":1,"d":"1.000"},{"$nulls":37},"VV","2","2","True","1","ROZPOCET"]
[null,null,"59","K","741371813","Demontáž svítidel bez zachování funkčnosti (do suti) interiérových modulového systému bodových nastavitelných","kus",{"v":2,"d":"2.000"},93.23,{"$f":"ROUND(I283*H283,2)","v":186.46},"CS ÚRS 2025 01",null,"","základní",null,{"$f":"O283*H283","v":{"v":0,"d":"0.00000"}},{"v":0,"d":"0.00000"},{"$f":"Q283*H283","v":{"v":0,"d":"0.00000"}},{"v":2E-3,"d":"0.00200"},{"$f":"S283*H283","v":{"v":0.004,"d":"0.00400"}},{"$nulls":23},"16",null,"K","2",{"$nulls":3},"ROZPOCET",{"$nulls":5},{"$f":"IF(N283=\"základní\",J283,0)","v":186.46},{"$f":"IF(N283=\"snížená\",J283,0)","v":{"v":0,"d":"0.00"}},{"$f":"IF(N283=\"zákl. přenesená\",J283,0)","v":{"v":0,"d":"0.00"}},{"$f":"IF(N283=\"sníž. přenesená\",J283,0)","v":{"v":0,"d":"0.00"}},{"$f":"IF(N283=\"nulová\",J283,0)","v":{"v":0,"d":"0.00"}},"1",{"$f":"ROUND(I283*H283,2)","v":186.46},"16","-1428998892"]
[{"$nulls":3},"Online PSC",null,"https://podminky.urs.cz/item/CS_URS_2025_01/741371813",{"$nulls":39},"Online PSC","2"]
[{"$nulls":3},"VV","","\"WC\"",null,"",{"$nulls":37},"VV","2","1","True","0","ROZPOCET"]
[{"$nulls":3},"VV","","1",null,{"v":1,"d":"1.000"},{"$nulls":37},"VV","2","2","True","0","ROZPOCET"]
[{"$nulls":3},"VV","","\"koupelna\"",null,"",{"$nulls":37},"VV","2","1","True","0","ROZPOCET"]
[{"$nulls":3},"VV","","1",null,{"v":1,"d":"1.000"},{"$nulls":37},"VV","2","2","True","0","ROZPOCET"]
[{"$nulls":3},"VV","","Součet",null,{"v":2,"d":"2.000"},{"$nulls":37},"VV","2","4","True","1","ROZPOCET"]
[null,null,"60","K","741310201","Montáž spínačů jedno nebo dvoupólových polozapuštěných nebo zapuštěných se zapojením vodičů šroubové připojení, pro prostředí normální spínačů, řazení 1-jednopólových","kus",{"v":2,"d":"2.000"},169.51,{"$f":"ROUND(I290*H290,2)","v":339.02},"CS ÚRS 2025 01",null,"","základní",null,{"$f":"O290*H290","v":{"v":0,"d":"0.00000"}},{"v":0,"d":"0.00000"},{"$f":"Q290*H290","v":{"v":0,"d":"0.00000"}},{"v":0,"d":"0.00000"},{"$f":"S290*H290","v":{"v":0,"d":"0.00000"}},{"$nulls":23},"16",null,"K","2",{"$nulls":3},"ROZPOCET",{"$nulls":5},{"$f":"IF(N290=\"základní\",J290,0)","v":339.02},{"$f":"IF(N290=\"snížená\",J290,0)","v":{"v":0,"d":"0.00"}},{"$f":"IF(N290=\"zákl. přenesená\",J290,0)","v":{"v":0,"d":"0.00"}},{"$f":"IF(N290=\"sníž. přenesená\",J290,0)","v":{"v":0,"d":"0.00"}},{"$f":"IF(N290=\"nulová\",J290,0)","v":{"v":0,"d":"0.00"}},"1",{"$f":"ROUND(I290*H290,2)","v":339.02},"16","-1498433658"]
[{"$nulls":3},"Online PSC",null,"https://podminky.urs.cz/item/CS_URS_2025_01/741310201",{"$nulls":39},"Online PSC","2"]
[{"$nulls":3},"VV","","\"včetně montáže rámečku, krytu\"",null,"",{"$nulls":37},"VV","2","1","True","0","ROZPOCET"]
[{"$nulls":3},"VV","","\"WC - tlačítko ventilátoru\"",null,"",{"$nulls":37},"VV","2","1","True","0","ROZPOCET"]
[{"$nulls":3},"VV","","1",null,{"v":1,"d":"1.000"},{"$nulls":37},"VV","2","2","True","0","ROZPOCET"]
[{"$nulls":3},"VV","","\"koupelna - tlačítko ventilátoru\"",null,"",{"$nulls":37},"VV","2","1","True","0","ROZPOCET"]
[{"$nulls":3},"VV","","1",null,{"v":1,"d":"1.000"},{"$nulls":37},"VV","2","2","True","0","ROZPOCET"]
[{"$nulls":3},"VV","","Součet",null,{"v":2,"d":"2.000"},{"$nulls":37},"VV","2","4","True","1","ROZPOCET"]
[null,null,"61","M","34535000","spínač kompletní, zápustný, jednopólový, řazení 1, šroubové svorky","kus",{"v":2,"d":"2.000"},90.59,{"$f":"ROUND(I298*H298,2)","v":181.18},"CS ÚRS 2025 01",null,"","základní",null,{"$f":"O298*H298","v":{"v":0,"d":"0.00000"}},{"v":4e-05,"d":"0.00004"},{"$f":"Q298*H298","v":{"v":8e-05,"d":"0.00008"}},{"v":0,"d":"0.00000"},{"$f":"S298*H298","v":{"v":0,"d":"0.00000"}},{"$nulls":23},"32",null,"M","2",{"$nulls":3},"ROZPOCET",{"$nulls":5},{"$f":"IF(N298=\"základní\",J298,0)","v":181.18},{"$f":"IF(N298=\"snížená\",J298,0)","v":{"v":0,"d":"0.00"}},{"$f":"IF(N298=\"zákl. přenesená\",J298,0)","v":{"v":0,"d":"0.00"}},{"$f":"IF(N298=\"sníž. přenesená\",J298,0)","v":{"v":0,"d":"0.00"}},{"$f":"IF(N298=\"nulová\",J298,0)","v":{"v":0,"d":"0.00"}},"1",{"$f":"ROUND(I298*H298,2)","v":181.18},"16","1770159029"]
[null,null,"62","K","741310251","Montáž spínačů jedno nebo dvoupólových polozapuštěných nebo zapuštěných se zapojením vodičů šroubové připojení, pro prostředí venkovní nebo mokré spínačů, řazení 1-jednopólových","kus",{"v":3,"d":"3.000"},184.58,{"$f":"ROUND(I299*H299,2)","v":553.74},"CS ÚRS 2025 01",null,"","základní",null,{"$f":"O299*H299","v":{"v":0,"d":"0.00000"}},{"v":0,"d":"0.00000"},{"$f":"Q299*H299","v":{"v":0,"d":"0.00000"}},{"v":0,"d":"0.00000"},{"$f":"S299*H299","v":{"v":0,"d":"0.00000"}},{"$nulls":23},"16",null,"K","2",{"$nulls":3},"ROZPOCET",{"$nulls":5},{"$f":"IF(N299=\"základní\",J299,0)","v":553.74},{"$f":"IF(N299=\"snížená\",J299,0)","v":{"v":0,"d":"0.00"}},{"$f":"IF(N299=\"zákl. přenesená\",J299,0)","v":{"v":0,"d":"0.00"}},{"$f":"IF(N299=\"sníž. přenesená\",J299,0)","v":{"v":0,"d":"0.00"}},{"$f":"IF(N299=\"nulová\",J299,0)","v":{"v":0,"d":"0.00"}},"1",{"$f":"ROUND(I299*H299,2)","v":553.74},"16","-2028220329"]
[{"$nulls":3},"Online PSC",null,"https://podminky.urs.cz/item/CS_URS_2025_01/741310251",{"$nulls":39},"Online PSC","2"]
[{"$nulls":3},"VV","","\"WC - spínač osvětlení\"",null,"",{"$nulls":37},"VV","2","1","True","0","ROZPOCET"]
[{"$nulls":3},"VV","","2",null,{"v":2,"d":"2.000"},{"$nulls":37},"VV","2","2","True","0","ROZPOCET"]
[{"$nulls":3},"VV","","\"koupelna - spínač osvětlení\"",null,"",{"$nulls":37},"VV","2","1","True","0","ROZPOCET"]
[{"$nulls":3},"VV","","1",null,{"v":1,"d":"1.000"},{"$nulls":37},"VV","2","2","True","0","ROZPOCET"]
[{"$nulls":3},"VV","","Součet",null,{"v":3,"d":"3.000"},{"$nulls":37},"VV","2","4","True","1","ROZPOCET"]
[null,null,"63","M","34535025","přístroj spínače zápustného jednopólového, s krytem, řazení 1, IP44, šroubové svorky, bílý","kus",{"v":3,"d":"3.000"},140.67,{"$f":"ROUND(I306*H306,2)","v":422.01},"CS ÚRS 2025 01",null,"","základní",null,{"$f":"O306*H306","v":{"v":0,"d":"0.00000"}},{"v":8e-05,"d":"0.00008"},{"$f":"Q306*H306","v":{"v":2.4000000000000003E-4,"d":"0.00024"}},{"v":0,"d":"0.00000"},{"$f":"S306*H306","v":{"v":0,"d":"0.00000"}},{"$nulls":23},"32",null,"M","2",{"$nulls":3},"ROZPOCET",{"$nulls":5},{"$f":"IF(N306=\"základní\",J306,0)","v":422.01},{"$f":"IF(N306=\"snížená\",J306,0)","v":{"v":0,"d":"0.00"}},{"$f":"IF(N306=\"zákl. přenesená\",J306,0)","v":{"v":0,"d":"0.00"}},{"$f":"IF(N306=\"sníž. přenesená\",J306,0)","v":{"v":0,"d":"0.00"}},{"$f":"IF(N306=\"nulová\",J306,0)","v":{"v":0,"d":"0.00"}},"1",{"$f":"ROUND(I306*H306,2)","v":422.01},"16","-938748783"]
[null,null,"64","M","34535013","přístroj přepínače sériového zápustného, s krytem, řazení 5, IP44, šroubové svorky","kus",{"v":3,"d":"3.000"},210.08,{"$f":"ROUND(I307*H307,2)","v":630.24},"CS ÚRS 2025 01",null,"","základní",null,{"$f":"O307*H307","v":{"v":0,"d":"0.00000"}},{"v":8e-05,"d":"0.00008"},{"$f":"Q307*H307","v":{"v":2.4000000000000003E-4,"d":"0.00024"}},{"v":0,"d":"0.00000"},{"$f":"S307*H307","v":{"v":0,"d":"0.00000"}},{"$nulls":23},"32",null,"M","2",{"$nulls":3},"ROZPOCET",{"$nulls":5},{"$f":"IF(N307=\"základní\",J307,0)","v":630.24},{"$f":"IF(N307=\"snížená\",J307,0)","v":{"v":0,"d":"0.00"}},{"$f":"IF(N307=\"zákl. přenesená\",J307,0)","v":{"v":0,"d":"0.00"}},{"$f":"IF(N307=\"sníž. přenesená\",J307,0)","v":{"v":0,"d":"0.00"}},{"$f":"IF(N307=\"nulová\",J307,0)","v":{"v":0,"d":"0.00"}},"1",{"$f":"ROUND(I307*H307,2)","v":630.24},"16","14913059"]
[null,null,"65","M","34539059","rámeček jednonásobný, bílý","kus",{"v":3,"d":"3.000"},22.04,{"$f":"ROUND(I308*H308,2)","v":66.12},"CS ÚRS 2025 01",null,"","základní",null,{"$f":"O308*H308","v":{"v":0,"d":"0.00000"}},{"v":1e-05,"d":"0.00001"},{"$f":"Q308*H308","v":{"v":3.0000000000000004E-5,"d":"0.00003"}},{"v":0,"d":"0.00000"},{"$f":"S308*H308","v":{"v":0,"d":"0.00000"}},{"$nulls":23},"32",null,"M","2",{"$nulls":3},"ROZPOCET",{"$nulls":5},{"$f":"IF(N308=\"základní\",J308,0)","v":66.12},{"$f":"IF(N308=\"snížená\",J308,0)","v":{"v":0,"d":"0.00"}},{"$f":"IF(N308=\"zákl. přenesená\",J308,0)","v":{"v":0,"d":"0.00"}},{"$f":"IF(N308=\"sníž. přenesená\",J308,0)","v":{"v":0,"d":"0.00"}},{"$f":"IF(N308=\"nulová\",J308,0)","v":{"v":0,"d":"0.00"}},"1",{"$f":"ROUND(I308*H308,2)","v":66.12},"16","-702833628"]
[null,null,"66","K","741313043","Montáž zásuvek domovních se zapojením vodičů šroubové připojení polozapuštěných nebo zapuštěných 10/16 A, provedení 2x (2P + PE) dvojnásobná","kus",{"v":1,"d":"1.000"},169.51,{"$f":"ROUND(I309*H309,2)","v":169.51},"CS ÚRS 2025 01",null,"","základní",null,{"$f":"O309*H309","v":{"v":0,"d":"0.00000"}},{"v":0,"d":"0.00000"},{"$f":"Q309*H309","v":{"v":0,"d":"0.00000"}},{"v":0,"d":"0.00000"},{"$f":"S309*H309","v":{"v":0,"d":"0.00000"}},{"$nulls":23},"16",null,"K","2",{"$nulls":3},"ROZPOCET",{"$nulls":5},{"$f":"IF(N309=\"základní\",J309,0)","v":169.51},{"$f":"IF(N309=\"snížená\",J309,0)","v":{"v":0,"d":"0.00"}},{"$f":"IF(N309=\"zákl. přenesená\",J309,0)","v":{"v":0,"d":"0.00"}},{"$f":"IF(N309=\"sníž. přenesená\",J309,0)","v":{"v":0,"d":"0.00"}},{"$f":"IF(N309=\"nulová\",J309,0)","v":{"v":0,"d":"0.00"}},"1",{"$f":"ROUND(I309*H309,2)","v":169.51},"16","1780925666"]
[{"$nulls":3},"Online PSC",null,"https://podminky.urs.cz/item/CS_URS_2025_01/741313043",{"$nulls":39},"Online PSC","2"]
[{"$nulls":3},"VV","","\"koupelna\"",null,"",{"$nulls":37},"VV","2","1","True","0","ROZPOCET"]
[{"$nulls":3},"VV","","1",null,{"v":1,"d":"1.000"},{"$nulls":37},"VV","2","2","True","1","ROZPOCET"]
[null,null,"67","M","34555201","zásuvka zápustná dvojnásobná chráněná, šroubové svorky","kus",{"v":1,"d":"1.000"},176.29,{"$f":"ROUND(I313*H313,2)","v":176.29},"CS ÚRS 2025 01",null,"","základní",null,{"$f":"O313*H313","v":{"v":0,"d":"0.00000"}},{"v":9e-05,"d":"0.00009"},{"$f":"Q313*H313","v":{"v":9e-05,"d":"0.00009"}},{"v":0,"d":"0.00000"},{"$f":"S313*H313","v":{"v":0,"d":"0.00000"}},{"$nulls":23},"32",null,"M","2",{"$nulls":3},"ROZPOCET",{"$nulls":5},{"$f":"IF(N313=\"základní\",J313,0)","v":176.29},{"$f":"IF(N313=\"snížená\",J313,0)","v":{"v":0,"d":"0.00"}},{"$f":"IF(N313=\"zákl. přenesená\",J313,0)","v":{"v":0,"d":"0.00"}},{"$f":"IF(N313=\"sníž. přenesená\",J313,0)","v":{"v":0,"d":"0.00"}},{"$f":"IF(N313=\"nulová\",J313,0)","v":{"v":0,"d":"0.00"}},"1",{"$f":"ROUND(I313*H313,2)","v":176.29},"16","747925429"]
[null,null,"68","K","741372012","Montáž svítidel s integrovaným zdrojem LED se zapojením vodičů interiérových přisazených nástěnných reflektorových bez pohybového čidla","kus",{"v":2,"d":"2.000"},{"v":329.6,"d":"329.60"},{"$f":"ROUND(I314*H314,2)","v":{"v":659.2,"d":"659.20"}},"CS ÚRS 2025 01",null,"","základní",null,{"$f":"O314*H314","v":{"v":0,"d":"0.00000"}},{"v":0,"d":"0.00000"},{"$f":"Q314*H314","v":{"v":0,"d":"0.00000"}},{"v":0,"d":"0.00000"},{"$f":"S314*H314","v":{"v":0,"d":"0.00000"}},{"$nulls":23},"16",null,"K","2",{"$nulls":3},"ROZPOCET",{"$nulls":5},{"$f":"IF(N314=\"základní\",J314,0)","v":{"v":659.2,"d":"659.20"}},{"$f":"IF(N314=\"snížená\",J314,0)","v":{"v":0,"d":"0.00"}},{"$f":"IF(N314=\"zákl. přenesená\",J314,0)","v":{"v":0,"d":"0.00"}},{"$f":"IF(N314=\"sníž. přenesená\",J314,0)","v":{"v":0,"d":"0.00"}},{"$f":"IF(N314=\"nulová\",J314,0)","v":{"v":0,"d":"0.00"}},"1",{"$f":"ROUND(I314*H314,2)","v":{"v":659.2,"d":"659.20"}},"16","1624421801"]
[{"$nulls":3},"Online PSC",null,"https://podminky.urs.cz/item/CS_URS_2025_01/741372012",{"$nulls":39},"Online PSC","2"]
[{"$nulls":3},"VV","","\"WC\"",null,"",{"$nulls":37},"VV","2","1","True","0","ROZPOCET"]
[{"$nulls":3},"VV","","1",null,{"v":1,"d":"1.000"},{"$nulls":37},"VV","2","2","True","0","ROZPOCET"]
[{"$nulls":3},"VV","","\"koupelna\"",null,"",{"$nulls":37},"VV","2","1","True","0","ROZPOCET"]
[{"$nulls":3},"VV","","1",null,{"v":1,"d":"1.000"},{"$nulls":37},"VV","2","2","True","0","ROZPOCET"]
[{"$nulls":3},"VV","","Součet",null,{"v":2,"d":"2.000"},{"$nulls":37},"VV","2","4","True","1","ROZPOCET"]
[null,null,"69","M","34835008R","LED svítidlo nástěnné, vhodné do koupelny, IP ochrana: krytí IP44","kus",{"v":2,"d":"2.000"},531.32,{"$f":"ROUND(I321*H321,2)","v":{"v":1062.64,"d":"1,062.64"}},"vlastní",null,"","základní",null,{"$f":"O321*H321","v":{"v":0,"d":"0.00000"}},0.00034,{"$f":"Q321*H321","v":0.00068},{"v":0,"d":"0.00000"},{"$f":"S321*H321","v":{"v":0,"d":"0.00000"}},{"$nulls":23},"32",null,"M","2",{"$nulls":3},"ROZPOCET",{"$nulls":5},{"$f":"IF(N321=\"základní\",J321,0)","v":{"v":1062.64,"d":"1,062.64"}},{"$f":"IF(N321=\"snížená\",J321,0)","v":{"v":0,"d":"0.00"}},{"$f":"IF(N321=\"zákl. přenesená\",J321,0)","v":{"v":0,"d":"0.00"}},{"$f":"IF(N321=\"sníž. přenesená\",J321,0)","v":{"v":0,"d":"0.00"}},{"$f":"IF(N321=\"nulová\",J321,0)","v":{"v":0,"d":"0.00"}},"1",{"$f":"ROUND(I321*H321,2)","v":{"v":1062.64,"d":"1,062.64"}},"16","1575519134"]
[{"$nulls":3},"VV","","\"výkon 5-9 W, světelný tok 400-800 lm\"",null,"",{"$nulls":37},"VV","2","1","True","0","ROZPOCET"]
[{"$nulls":3},"VV","","2",null,{"v":2,"d":"2.000"},{"$nulls":37},"VV","2","2","True","1","ROZPOCET"]
[null,null,"70","K","998741103","Přesun hmot pro silnoproud stanovený z hmotnosti přesunovaného materiálu vodorovná dopravní vzdálenost do 50 m základní v objektech výšky přes 12 do 24 m","t",{"v":1E-3,"d":"0.001"},{"v":1271.33,"d":"1,271.33"},{"$f":"ROUND(I324*H324,2)","v":1.27},"CS ÚRS 2025 01",null,"","základní",null,{"$f":"O324*H324","v":{"v":0,"d":"0.00000"}},{"v":0,"d":"0.00000"},{"$f":"Q324*H324","v":{"v":0,"d":"0.00000"}},{"v":0,"d":"0.00000"},{"$f":"S324*H324","v":{"v":0,"d":"0.00000"}},{"$nulls":23},"16",null,"K","2",{"$nulls":3},"ROZPOCET",{"$nulls":5},{"$f":"IF(N324=\"základní\",J324,0)","v":1.27},{"$f":"IF(N324=\"snížená\",J324,0)","v":{"v":0,"d":"0.00"}},{"$f":"IF(N324=\"zákl. přenesená\",J324,0)","v":{"v":0,"d":"0.00"}},{"$f":"IF(N324=\"sníž. přenesená\",J324,0)","v":{"v":0,"d":"0.00"}},{"$f":"IF(N324=\"nulová\",J324,0)","v":{"v":0,"d":"0.00"}},"1",{"$f":"ROUND(I324*H324,2)","v":1.27},"16","1900762462"]
[{"$nulls":3},"Online PSC",null,"https://podminky.urs.cz/item/CS_URS_2025_01/998741103",{"$nulls":39},"Online PSC","2"]
[{"$nulls":3},"D","751","Vzduchotechnika",{"$nulls":3},{"$f":"BK326","v":{"v":1391.25,"d":"1,391.25"}},{"$nulls":5},{"$f":"SUM(P327:P337)","v":{"v":0,"d":"0.00000"}},null,{"$f":"SUM(R327:R337)","v":{"v":0.0007,"d":"0.00070"}},null,{"$f":"SUM(T327:T337)","v":{"v":1E-4,"d":"0.00010"}},{"$nulls":23},"2",null,"D","1",{"$nulls":3},"ROZPOCET",{"$nulls":11},{"$f":"SUM(BK327:BK337)","v":{"v":1391.25,"d":"1,391.25"}}]
[null,null,"71","K","751398821.R","Demontáž ostatních zařízení větrací mřížky průřezu do 0,040 m2","kus",{"v":2,"d":"2.000"},226.01,{"$f":"ROUND(I327*H327,2)","v":452.02},"vlastní",null,"","základní",null,{"$f":"O327*H327","v":{"v":0,"d":"0.00000"}},{"v":0,"d":"0.00000"},{"$f":"Q327*H327","v":{"v":0,"d":"0.00000"}},{"v":5e-05,"d":"0.00005"},{"$f":"S327*H327","v":{"v":1E-4,"d":"0.00010"}},{"$nulls":23},"16",null,"K","2",{"$nulls":3},"ROZPOCET",{"$nulls":5},{"$f":"IF(N327=\"základní\",J327,0)","v":452.02},{"$f":"IF(N327=\"snížená\",J327,0)","v":{"v":0,"d":"0.00"}},{"$f":"IF(N327=\"zákl. přenesená\",J327,0)","v":{"v":0,"d":"0.00"}},{"$f":"IF(N327=\"sníž. přenesená\",J327,0)","v":{"v":0,"d":"0.00"}},{"$f":"IF(N327=\"nulová\",J327,0)","v":{"v":0,"d":"0.00"}},"1",{"$f":"ROUND(I327*H327,2)","v":452.02},"16","236361926"]
[{"$nulls":3},"VV","","\"WC\"",null,"",{"$nulls":37},"VV","2","1","True","0","ROZPOCET"]
[{"$nulls":3},"VV","","1",null,{"v":1,"d":"1.000"},{"$nulls":37},"VV","2","2","True","0","ROZPOCET"]
[{"$nulls":3},"VV","","\"koupelna\"",null,"",{"$nulls":37},"VV","2","1","True","0","ROZPOCET"]
[{"$nulls":3},"VV","","1",null,{"v":1,"d":"1.000"},{"$nulls":37},"VV","2","2","True","0","ROZPOCET"]
[{"$nulls":3},"VV","","Součet",null,{"v":2,"d":"2.000"},{"$nulls":37},"VV","2","4","True","1","ROZPOCET"]
[null,null,"72","K","767810112","Montáž větracích mřížek ocelových čtyřhranných, průřezu přes 0,01 do 0,04 m2","kus",{"v":2,"d":"2.000"},280.63,{"$f":"ROUND(I333*H333,2)","v":561.26},"CS ÚRS 2025 01",null,"","základní",null,{"$f":"O333*H333","v":{"v":0,"d":"0.00000"}},{"v":0,"d":"0.00000"},{"$f":"Q333*H333","v":{"v":0,"d":"0.00000"}},{"v":0,"d":"0.00000"},{"$f":"S333*H333","v":{"v":0,"d":"0.00000"}},{"$nulls":23},"16",null,"K","2",{"$nulls":3},"ROZPOCET",{"$nulls":5},{"$f":"IF(N333=\"základní\",J333,0)","v":561.26},{"$f":"IF(N333=\"snížená\",J333,0)","v":{"v":0,"d":"0.00"}},{"$f":"IF(N333=\"zákl. přenesená\",J333,0)","v":{"v":0,"d":"0.00"}},{"$f":"IF(N333=\"sníž. přenesená\",J333,0)","v":{"v":0,"d":"0.00"}},{"$f":"IF(N333=\"nulová\",J333,0)","v":{"v":0,"d":"0.00"}},"1",{"$f":"ROUND(I333*H333,2)","v":561.26},"16","-1896636078"]
[{"$nulls":3},"Online PSC",null,"https://podminky.urs.cz/item/CS_URS_2025_01/767810112",{"$nulls":39},"Online PSC","2"]
[null,null,"73","M","55341426.R","mřížka větrací nerezová se síťovinou 200x100mm","kus",{"v":2,"d":"2.000"},188.35,{"$f":"ROUND(I335*H335,2)","v":{"v":376.7,"d":"376.70"}},"vlastní",null,"","základní",null,{"$f":"O335*H335","v":{"v":0,"d":"0.00000"}},{"v":3.5E-4,"d":"0.00035"},{"$f":"Q335*H335","v":{"v":0.0007,"d":"0.00070"}},{"v":0,"d":"0.00000"},{"$f":"S335*H335","v":{"v":0,"d":"0.00000"}},{"$nulls":23},"32",null,"M","2",{"$nulls":3},"ROZPOCET",{"$nulls":5},{"$f":"IF(N335=\"základní\",J335,0)","v":{"v":376.7,"d":"376.70"}},{"$f":"IF(N335=\"snížená\",J335,0)","v":{"v":0,"d":"0.00"}},{"$f":"IF(N335=\"zákl. přenesená\",J335,0)","v":{"v":0,"d":"0.00"}},{"$f":"IF(N335=\"sníž. přenesená\",J335,0)","v":{"v":0,"d":"0.00"}},{"$f":"IF(N335=\"nulová\",J335,0)","v":{"v":0,"d":"0.00"}},"1",{"$f":"ROUND(I335*H335,2)","v":{"v":376.7,"d":"376.70"}},"16","-1485656491"]
[null,null,"74","K","998751102","Přesun hmot pro vzduchotechniku stanovený z hmotnosti přesunovaného materiálu vodorovná dopravní vzdálenost do 100 m základní v objektech výšky přes 12 do 24 m","t",{"v":1E-3,"d":"0.001"},{"v":1271.33,"d":"1,271.33"},{"$f":"ROUND(I336*H336,2)","v":1.27},"CS ÚRS 2025 01",null,"","základní",null,{"$f":"O336*H336","v":{"v":0,"d":"0.00000"}},{"v":0,"d":"0.00000"},{"$f":"Q336*H336","v":{"v":0,"d":"0.00000"}},{"v":0,"d":"0.00000"},{"$f":"S336*H336","v":{"v":0,"d":"0.00000"}},{"$nulls":23},"16",null,"K","2",{"$nulls":3},"ROZPOCET",{"$nulls":5},{"$f":"IF(N336=\"základní\",J336,0)","v":1.27},{"$f":"IF(N336=\"snížená\",J336,0)","v":{"v":0,"d":"0.00"}},{"$f":"IF(N336=\"zákl. přenesená\",J336,0)","v":{"v":0,"d":"0.00"}},{"$f":"IF(N336=\"sníž. přenesená\",J336,0)","v":{"v":0,"d":"0.00"}},{"$f":"IF(N336=\"nulová\",J336,0)","v":{"v":0,"d":"0.00"}},"1",{"$f":"ROUND(I336*H336,2)","v":1.27},"16","-1571768699"]
[{"$nulls":3},"Online PSC",null,"https://podminky.urs.cz/item/CS_URS_2025_01/998751102",{"$nulls":39},"Online PSC","2"]
[{"$nulls":3},"D","766","Konstrukce truhlářské",{"$nulls":3},{"$f":"BK338","v":{"v":7566.69,"d":"7,566.69"}},{"$nulls":5},{"$f":"SUM(P339:P357)","v":{"v":0,"d":"0.00000"}},null,{"$f":"SUM(R339:R357)","v":{"v":0.026,"d":"0.02600"}},null,{"$f":"SUM(T339:T357)","v":{"v":0.05,"d":"0.05000"}},{"$nulls":23},"2",null,"D","1",{"$nulls":3},"ROZPOCET",{"$nulls":11},{"$f":"SUM(BK339:BK357)","v":{"v":7566.69,"d":"7,566.69"}}]
[null,null,"75","K","766691914","Ostatní práce vyvěšení nebo zavěšení křídel dřevěných dveřních, plochy do 2 m2","kus",{"v":2,"d":"2.000"},36.73,{"$f":"ROUND(I339*H339,2)","v":73.46},"CS ÚRS 2025 01",null,"","základní",null,{"$f":"O339*H339","v":{"v":0,"d":"0.00000"}},{"v":0,"d":"0.00000"},{"$f":"Q339*H339","v":{"v":0,"d":"0.00000"}},{"v":0.024,"d":"0.02400"},{"$f":"S339*H339","v":{"v":0.048,"d":"0.04800"}},{"$nulls":23},"16",null,"K","2",{"$nulls":3},"ROZPOCET",{"$nulls":5},{"$f":"IF(N339=\"základní\",J339,0)","v":73.46},{"$f":"IF(N339=\"snížená\",J339,0)","v":{"v":0,"d":"0.00"}},{"$f":"IF(N339=\"zákl. přenesená\",J339,0)","v":{"v":0,"d":"0.00"}},{"$f":"IF(N339=\"sníž. přenesená\",J339,0)","v":{"v":0,"d":"0.00"}},{"$f":"IF(N339=\"nulová\",J339,0)","v":{"v":0,"d":"0.00"}},"1",{"$f":"ROUND(I339*H339,2)","v":73.46},"16","-559773667"]
[{"$nulls":3},"Online PSC",null,"https://podminky.urs.cz/item/CS_URS_2025_01/766691914",{"$nulls":39},"Online PSC","2"]
[{"$nulls":3},"VV","","\"WC\"",null,"",{"$nulls":37},"VV","2","1","True","0","ROZPOCET"]
[{"$nulls":3},"VV","","1",null,{"v":1,"d":"1.000"},{"$nulls":37},"VV","2","2","True","0","ROZPOCET"]
[{"$nulls":3},"VV","","\"koupelna\"",null,"",{"$nulls":37},"VV","2","1","True","0","ROZPOCET"]
[{"$nulls":3},"VV","","1",null,{"v":1,"d":"1.000"},{"$nulls":37},"VV","2","2","True","0","ROZPOCET"]
[{"$nulls":3},"VV","","Součet",null,{"v":2,"d":"2.000"},{"$nulls":37},"VV","2","4","True","1","ROZPOCET"]
[null,null,"76","K","766491851","Demontáž ostatních truhlářských konstrukcí prahů dveří jednokřídlových","kus",{"v":2,"d":"2.000"},36.73,{"$f":"ROUND(I346*H346,2)","v":73.46},"CS ÚRS 2025 01",null,"","základní",null,{"$f":"O346*H346","v":{"v":0,"d":"0.00000"}},{"v":0,"d":"0.00000"},{"$f":"Q346*H346","v":{"v":0,"d":"0.00000"}},{"v":1E-3,"d":"0.00100"},{"$f":"S346*H346","v":{"v":2E-3,"d":"0.00200"}},{"$nulls":23},"16",null,"K","2",{"$nulls":3},"ROZPOCET",{"$nulls":5},{"$f":"IF(N346=\"základní\",J346,0)","v":73.46},{"$f":"IF(N346=\"snížená\",J346,0)","v":{"v":0,"d":"0.00"}},{"$f":"IF(N346=\"zákl. přenesená\",J346,0)","v":{"v":0,"d":"0.00"}},{"$f":"IF(N346=\"sníž. přenesená\",J346,0)","v":{"v":0,"d":"0.00"}},{"$f":"IF(N346=\"nulová\",J346,0)","v":{"v":0,"d":"0.00"}},"1",{"$f":"ROUND(I346*H346,2)","v":73.46},"16","52388442"]
[{"$nulls":3},"Online PSC",null,"https://podminky.urs.cz/item/CS_URS_2025_01/766491851",{"$nulls":39},"Online PSC","2"]
[{"$nulls":3},"VV","","\"WC\"",null,"",{"$nulls":37},"VV","2","1","True","0","ROZPOCET"]
[{"$nulls":3},"VV","","1",null,{"v":1,"d":"1.000"},{"$nulls":37},"VV","2","2","True","0","ROZPOCET"]
[{"$nulls":3},"VV","","\"koupelna\"",null,"",{"$nulls":37},"VV","2","1","True","0","ROZPOCET"]
[{"$nulls":3},"VV","","1",null,{"v":1,"d":"1.000"},{"$nulls":37},"VV","2","2","True","0","ROZPOCET"]
[{"$nulls":3},"VV","","Součet",null,{"v":2,"d":"2.000"},{"$nulls":37},"VV","2","4","True","1","ROZPOCET"]
[null,null,"77","K","766660001","Montáž dveřních křídel dřevěných nebo plastových otevíravých do ocelové zárubně povrchově upravených jednokřídlových, šířky do 800 mm","kus",{"v":2,"d":"2.000"},800.47,{"$f":"ROUND(I353*H353,2)","v":{"v":1600.94,"d":"1,600.94"}},"CS ÚRS 2025 01",null,"","základní",null,{"$f":"O353*H353","v":{"v":0,"d":"0.00000"}},{"v":0,"d":"0.00000"},{"$f":"Q353*H353","v":{"v":0,"d":"0.00000"}},{"v":0,"d":"0.00000"},{"$f":"S353*H353","v":{"v":0,"d":"0.00000"}},{"$nulls":23},"16",null,"K","2",{"$nulls":3},"ROZPOCET",{"$nulls":5},{"$f":"IF(N353=\"základní\",J353,0)","v":{"v":1600.94,"d":"1,600.94"}},{"$f":"IF(N353=\"snížená\",J353,0)","v":{"v":0,"d":"0.00"}},{"$f":"IF(N353=\"zákl. přenesená\",J353,0)","v":{"v":0,"d":"0.00"}},{"$f":"IF(N353=\"sníž. přenesená\",J353,0)","v":{"v":0,"d":"0.00"}},{"$f":"IF(N353=\"nulová\",J353,0)","v":{"v":0,"d":"0.00"}},"1",{"$f":"ROUND(I353*H353,2)","v":{"v":1600.94,"d":"1,600.94"}},"16","-1307132109"]
[{"$nulls":3},"Online PSC",null,"https://podminky.urs.cz/item/CS_URS_2025_01/766660001",{"$nulls":39},"Online PSC","2"]
[null,null,"78","M","MSN.0027212.URS","dveře interiérové jednokřídlé plné, voština, CPL standard, 60x197","kus",{"v":2,"d":"2.000"},{"v":2892.89,"d":"2,892.89"},{"$f":"ROUND(I355*H355,2)","v":{"v":5785.78,"d":"5,785.78"}},"vlastní",null,"","základní",null,{"$f":"O355*H355","v":{"v":0,"d":"0.00000"}},{"v":0.013,"d":"0.01300"},{"$f":"Q355*H355","v":{"v":0.026,"d":"0.02600"}},{"v":0,"d":"0.00000"},{"$f":"S355*H355","v":{"v":0,"d":"0.00000"}},{"$nulls":23},"32",null,"M","2",{"$nulls":3},"ROZPOCET",{"$nulls":5},{"$f":"IF(N355=\"základní\",J355,0)","v":{"v":5785.78,"d":"5,785.78"}},{"$f":"IF(N355=\"snížená\",J355,0)","v":{"v":0,"d":"0.00"}},{"$f":"IF(N355=\"zákl. přenesená\",J355,0)","v":{"v":0,"d":"0.00"}},{"$f":"IF(N355=\"sníž. přenesená\",J355,0)","v":{"v":0,"d":"0.00"}},{"$f":"IF(N355=\"nulová\",J355,0)","v":{"v":0,"d":"0.00"}},"1",{"$f":"ROUND(I355*H355,2)","v":{"v":5785.78,"d":"5,785.78"}},"16","-226724276"]
[null,null,"79","K","998766103","Přesun hmot pro konstrukce truhlářské stanovený z hmotnosti přesunovaného materiálu vodorovná dopravní vzdálenost do 50 m základní v objektech výšky přes 12 do 24 m","t",0.026,{"v":1271.33,"d":"1,271.33"},{"$f":"ROUND(I356*H356,2)","v":33.05},"CS ÚRS 2025 01",null,"","základní",null,{"$f":"O356*H356","v":{"v":0,"d":"0.00000"}},{"v":0,"d":"0.00000"},{"$f":"Q356*H356","v":{"v":0,"d":"0.00000"}},{"v":0,"d":"0.00000"},{"$f":"S356*H356","v":{"v":0,"d":"0.00000"}},{"$nulls":23},"16",null,"K","2",{"$nulls":3},"ROZPOCET",{"$nulls":5},{"$f":"IF(N356=\"základní\",J356,0)","v":33.05},{"$f":"IF(N356=\"snížená\",J356,0)","v":{"v":0,"d":"0.00"}},{"$f":"IF(N356=\"zákl. přenesená\",J356,0)","v":{"v":0,"d":"0.00"}},{"$f":"IF(N356=\"sníž. přenesená\",J356,0)","v":{"v":0,"d":"0.00"}},{"$f":"IF(N356=\"nulová\",J356,0)","v":{"v":0,"d":"0.00"}},"1",{"$f":"ROUND(I356*H356,2)","v":33.05},"16","-136847672"]
[{"$nulls":3},"Online PSC",null,"https://podminky.urs.cz/item/CS_URS_2025_01/998766103",{"$nulls":39},"Online PSC","2"]
[{"$nulls":3},"D","767","Konstrukce zámečnické",{"$nulls":3},{"$f":"BK358","v":{"v":1144.53,"d":"1,144.53"}},{"$nulls":5},{"$f":"SUM(P359:P370)","v":{"v":0,"d":"0.00000"}},null,{"$f":"SUM(R359:R370)","v":{"v":1.4116999999999999E-3,"d":"0.00141"}},null,{"$f":"SUM(T359:T370)","v":{"v":0.0005,"d":"0.00050"}},{"$nulls":23},"2",null,"D","1",{"$nulls":3},"ROZPOCET",{"$nulls":11},{"$f":"SUM(BK359:BK370)","v":{"v":1144.53,"d":"1,144.53"}}]
[null,null,"80","K","742110871","Demontáž dvířek revizních","kus",{"v":1,"d":"1.000"},226.01,{"$f":"ROUND(I359*H359,2)","v":226.01},"CS ÚRS 2025 01",null,"","základní",null,{"$f":"O359*H359","v":{"v":0,"d":"0.00000"}},{"v":0,"d":"0.00000"},{"$f":"Q359*H359","v":{"v":0,"d":"0.00000"}},{"v":0.0005,"d":"0.00050"},{"$f":"S359*H359","v":{"v":0.0005,"d":"0.00050"}},{"$nulls":23},"16",null,"K","2",{"$nulls":3},"ROZPOCET",{"$nulls":5},{"$f":"IF(N359=\"základní\",J359,0)","v":226.01},{"$f":"IF(N359=\"snížená\",J359,0)","v":{"v":0,"d":"0.00"}},{"$f":"IF(N359=\"zákl. přenesená\",J359,0)","v":{"v":0,"d":"0.00"}},{"$f":"IF(N359=\"sníž. přenesená\",J359,0)","v":{"v":0,"d":"0.00"}},{"$f":"IF(N359=\"nulová\",J359,0)","v":{"v":0,"d":"0.00"}},"1",{"$f":"ROUND(I359*H359,2)","v":226.01},"16","-1905908820"]
[{"$nulls":3},"Online PSC",null,"https://podminky.urs.cz/item/CS_URS_2025_01/742110871",{"$nulls":39},"Online PSC","2"]
[{"$nulls":3},"VV","","\"koupelna\"",null,"",{"$nulls":37},"VV","2","1","True","0","ROZPOCET"]
[{"$nulls":3},"VV","","1",null,{"v":1,"d":"1.000"},{"$nulls":37},"VV","2","2","True","0","ROZPOCET"]
[{"$nulls":3},"VV","","Součet",null,{"v":1,"d":"1.000"},{"$nulls":37},"VV","2","4","True","1","ROZPOCET"]
[null,null,"81","K","767646411","Montáž revizních dveří a dvířek hliníkových, ocelových nebo plastových s rámem jednokřídlových, plochy do 0,5 m2","m2",{"v":0.09,"d":"0.090"},{"v":3662.28,"d":"3,662.28"},{"$f":"ROUND(I364*H364,2)","v":329.61},"CS ÚRS 2025 01",null,"","základní",null,{"$f":"O364*H364","v":{"v":0,"d":"0.00000"}},0.00013,{"$f":"Q364*H364","v":{"v":1.1699999999999998E-5,"d":"0.00001"}},{"v":0,"d":"0.00000"},{"$f":"S364*H364","v":{"v":0,"d":"0.00000"}},{"$nulls":23},"16",null,"K","2",{"$nulls":3},"ROZPOCET",{"$nulls":5},{"$f":"IF(N364=\"základní\",J364,0)","v":329.61},{"$f":"IF(N364=\"snížená\",J364,0)","v":{"v":0,"d":"0.00"}},{"$f":"IF(N364=\"zákl. přenesená\",J364,0)","v":{"v":0,"d":"0.00"}},{"$f":"IF(N364=\"sníž. přenesená\",J364,0)","v":{"v":0,"d":"0.00"}},{"$f":"IF(N364=\"nulová\",J364,0)","v":{"v":0,"d":"0.00"}},"1",{"$f":"ROUND(I364*H364,2)","v":329.61},"16","-321336471"]
[{"$nulls":3},"Online PSC",null,"https://podminky.urs.cz/item/CS_URS_2025_01/767646411",{"$nulls":39},"Online PSC","2"]
[{"$nulls":3},"VV","","\"koupelna\"",null,"",{"$nulls":37},"VV","2","1","True","0","ROZPOCET"]
[{"$nulls":3},"VV","","0,3*0,3",null,{"v":0.09,"d":"0.090"},{"$nulls":37},"VV","2","2","True","1","ROZPOCET"]
[null,null,"82","M","59030711","dvířka revizní jednokřídlá s automatickým zámkem 300x300mm","kus",{"v":1,"d":"1.000"},587.64,{"$f":"ROUND(I368*H368,2)","v":587.64},"CS ÚRS 2025 01",null,"","základní",null,{"$f":"O368*H368","v":{"v":0,"d":"0.00000"}},{"v":1.4E-3,"d":"0.00140"},{"$f":"Q368*H368","v":{"v":1.4E-3,"d":"0.00140"}},{"v":0,"d":"0.00000"},{"$f":"S368*H368","v":{"v":0,"d":"0.00000"}},{"$nulls":23},"32",null,"M","2",{"$nulls":3},"ROZPOCET",{"$nulls":5},{"$f":"IF(N368=\"základní\",J368,0)","v":587.64},{"$f":"IF(N368=\"snížená\",J368,0)","v":{"v":0,"d":"0.00"}},{"$f":"IF(N368=\"zákl. přenesená\",J368,0)","v":{"v":0,"d":"0.00"}},{"$f":"IF(N368=\"sníž. přenesená\",J368,0)","v":{"v":0,"d":"0.00"}},{"$f":"IF(N368=\"nulová\",J368,0)","v":{"v":0,"d":"0.00"}},"1",{"$f":"ROUND(I368*H368,2)","v":587.64},"16","-629299423"]
[null,null,"83","K","998767103","Přesun hmot pro zámečnické konstrukce stanovený z hmotnosti přesunovaného materiálu vodorovná dopravní vzdálenost do 50 m základní v objektech výšky přes 12 do 24 m","t",{"v":1E-3,"d":"0.001"},{"v":1271.33,"d":"1,271.33"},{"$f":"ROUND(I369*H369,2)","v":1.27},"CS ÚRS 2025 01",null,"","základní",null,{"$f":"O369*H369","v":{"v":0,"d":"0.00000"}},{"v":0,"d":"0.00000"},{"$f":"Q369*H369","v":{"v":0,"d":"0.00000"}},{"v":0,"d":"0.00000"},{"$f":"S369*H369","v":{"v":0,"d":"0.00000"}},{"$nulls":23},"16",null,"K","2",{"$nulls":3},"ROZPOCET",{"$nulls":5},{"$f":"IF(N369=\"základní\",J369,0)","v":1.27},{"$f":"IF(N369=\"snížená\",J369,0)","v":{"v":0,"d":"0.00"}},{"$f":"IF(N369=\"zákl. přenesená\",J369,0)","v":{"v":0,"d":"0.00"}},{"$f":"IF(N369=\"sníž. přenesená\",J369,0)","v":{"v":0,"d":"0.00"}},{"$f":"IF(N369=\"nulová\",J369,0)","v":{"v":0,"d":"0.00"}},"1",{"$f":"ROUND(I369*H369,2)","v":1.27},"16","161172912"]
[{"$nulls":3},"Online PSC",null,"https://podminky.urs.cz/item/CS_URS_2025_01/998767103",{"$nulls":39},"Online PSC","2"]
[{"$nulls":3},"D","771","Podlahy z dlaždic",{"$nulls":3},{"$f":"BK371","v":{"v":12045.759999999998,"d":"12,045.76"}},{"$nulls":5},{"$f":"SUM(P372:P421)","v":{"v":0,"d":"0.00000"}},null,{"$f":"SUM(R372:R421)","v":{"v":0.1633004,"d":"0.16330"}},null,{"$f":"SUM(T372:T421)","v":{"v":0,"d":"0.00000"}},{"$nulls":23},"2",null,"D","1",{"$nulls":3},"ROZPOCET",{"$nulls":11},{"$f":"SUM(BK372:BK421)","v":{"v":12045.759999999998,"d":"12,045.76"}}]
[null,null,"84","K","771111011","Příprava podkladu před provedením dlažby vysátí podlah","m2",3.096,17.89,{"$f":"ROUND(I372*H372,2)","v":55.39},"CS ÚRS 2025 01",null,"","základní",null,{"$f":"O372*H372","v":{"v":0,"d":"0.00000"}},{"v":0,"d":"0.00000"},{"$f":"Q372*H372","v":{"v":0,"d":"0.00000"}},{"v":0,"d":"0.00000"},{"$f":"S372*H372","v":{"v":0,"d":"0.00000"}},{"$nulls":23},"16",null,"K","2",{"$nulls":3},"ROZPOCET",{"$nulls":5},{"$f":"IF(N372=\"základní\",J372,0)","v":55.39},{"$f":"IF(N372=\"snížená\",J372,0)","v":{"v":0,"d":"0.00"}},{"$f":"IF(N372=\"zákl. přenesená\",J372,0)","v":{"v":0,"d":"0.00"}},{"$f":"IF(N372=\"sníž. přenesená\",J372,0)","v":{"v":0,"d":"0.00"}},{"$f":"IF(N372=\"nulová\",J372,0)","v":{"v":0,"d":"0.00"}},"1",{"$f":"ROUND(I372*H372,2)","v":55.39},"16","-1669843448"]
[{"$nulls":3},"Online PSC",null,"https://podminky.urs.cz/item/CS_URS_2025_01/771111011",{"$nulls":39},"Online PSC","2"]
[{"$nulls":3},"VV","","\"WC\"",null,"",{"$nulls":37},"VV","2","1","True","0","ROZPOCET"]
[{"$nulls":3},"VV","","0,82*1,6",null,1.312,{"$nulls":37},"VV","2","2","True","0","ROZPOCET"]
[{"$nulls":3},"VV","","\"koupelna\"",null,"",{"$nulls":37},"VV","2","1","True","0","ROZPOCET"]
[{"$nulls":3},"VV","","1,72*0,85+0,92*0,35",null,1.784,{"$nulls":37},"VV","2","2","True","0","ROZPOCET"]
[{"$nulls":3},"VV","","Součet",null,3.096,{"$nulls":37},"VV","2","4","True","1","ROZPOCET"]
[null,null,"85","K","771121011","Nátěr penetrační na podlahu","m2",3.096,27.31,{"$f":"ROUND(I379*H379,2)","v":84.55},"CS ÚRS 2025 01",null,"","základní",null,{"$f":"O379*H379","v":{"v":0,"d":"0.00000"}},{"v":0.0003,"d":"0.00030"},{"$f":"Q379*H379","v":{"v":9.2879999999999992E-4,"d":"0.00093"}},{"v":0,"d":"0.00000"},{"$f":"S379*H379","v":{"v":0,"d":"0.00000"}},{"$nulls":23},"16",null,"K","2",{"$nulls":3},"ROZPOCET",{"$nulls":5},{"$f":"IF(N379=\"základní\",J379,0)","v":84.55},{"$f":"IF(N379=\"snížená\",J379,0)","v":{"v":0,"d":"0.00"}},{"$f":"IF(N379=\"zákl. přenesená\",J379,0)","v":{"v":0,"d":"0.00"}},{"$f":"IF(N379=\"sníž. přenesená\",J379,0)","v":{"v":0,"d":"0.00"}},{"$f":"IF(N379=\"nulová\",J379,0)","v":{"v":0,"d":"0.00"}},"1",{"$f":"ROUND(I379*H379,2)","v":84.55},"16","1962576135"]
[{"$nulls":3},"Online PSC",null,"https://podminky.urs.cz/item/CS_URS_2025_01/771121011",{"$nulls":39},"Online PSC","2"]
[null,null,"86","K","771151024","Příprava podkladu před provedením dlažby samonivelační stěrka min. pevnosti 30 MPa, tloušťky přes 8 do 10 mm","m2",3.096,641.32,{"$f":"ROUND(I381*H381,2)","v":{"v":1985.53,"d":"1,985.53"}},"CS ÚRS 2025 01",null,"","základní",null,{"$f":"O381*H381","v":{"v":0,"d":"0.00000"}},{"v":0.015,"d":"0.01500"},{"$f":"Q381*H381","v":0.04644},{"v":0,"d":"0.00000"},{"$f":"S381*H381","v":{"v":0,"d":"0.00000"}},{"$nulls":23},"16",null,"K","2",{"$nulls":3},"ROZPOCET",{"$nulls":5},{"$f":"IF(N381=\"základní\",J381,0)","v":{"v":1985.53,"d":"1,985.53"}},{"$f":"IF(N381=\"snížená\",J381,0)","v":{"v":0,"d":"0.00"}},{"$f":"IF(N381=\"zákl. přenesená\",J381,0)","v":{"v":0,"d":"0.00"}},{"$f":"IF(N381=\"sníž. přenesená\",J381,0)","v":{"v":0,"d":"0.00"}},{"$f":"IF(N381=\"nulová\",J381,0)","v":{"v":0,"d":"0.00"}},"1",{"$f":"ROUND(I381*H381,2)","v":{"v":1985.53,"d":"1,985.53"}},"16","-1535999887"]
[{"$nulls":3},"Online PSC",null,"https://podminky.urs.cz/item/CS_URS_2025_01/771151024",{"$nulls":39},"Online PSC","2"]
[null,null,"87","K","771591112","Izolace podlahy pod dlažbu nátěrem nebo stěrkou ve dvou vrstvách","m2",3.096,452.03,{"$f":"ROUND(I383*H383,2)","v":{"v":1399.48,"d":"1,399.48"}},"CS ÚRS 2025 01",null,"","základní",null,{"$f":"O383*H383","v":{"v":0,"d":"0.00000"}},{"v":1.5E-3,"d":"0.00150"},{"$f":"Q383*H383","v":{"v":4.6440000000000006E-3,"d":"0.00464"}},{"v":0,"d":"0.00000"},{"$f":"S383*H383","v":{"v":0,"d":"0.00000"}},{"$nulls":23},"16",null,"K","2",{"$nulls":3},"ROZPOCET",{"$nulls":5},{"$f":"IF(N383=\"základní\",J383,0)","v":{"v":1399.48,"d":"1,399.48"}},{"$f":"IF(N383=\"snížená\",J383,0)","v":{"v":0,"d":"0.00"}},{"$f":"IF(N383=\"zákl. přenesená\",J383,0)","v":{"v":0,"d":"0.00"}},{"$f":"IF(N383=\"sníž. přenesená\",J383,0)","v":{"v":0,"d":"0.00"}},{"$f":"IF(N383=\"nulová\",J383,0)","v":{"v":0,"d":"0.00"}},"1",{"$f":"ROUND(I383*H383,2)","v":{"v":1399.48,"d":"1,399.48"}},"16","1335536035"]
[{"$nulls":3},"Online PSC",null,"https://podminky.urs.cz/item/CS_URS_2025_01/771591112",{"$nulls":39},"Online PSC","2"]
[null,null,"88","K","771591241","Izolace podlahy pod dlažbu těsnícími izolačními pásy vnitřní kout","kus",{"v":9,"d":"9.000"},{"v":187.4,"d":"187.40"},{"$f":"ROUND(I385*H385,2)","v":{"v":1686.6,"d":"1,686.60"}},"CS ÚRS 2025 01",null,"","základní",null,{"$f":"O385*H385","v":{"v":0,"d":"0.00000"}},0.00021,{"$f":"Q385*H385","v":{"v":1.8900000000000002E-3,"d":"0.00189"}},{"v":0,"d":"0.00000"},{"$f":"S385*H385","v":{"v":0,"d":"0.00000"}},{"$nulls":23},"16",null,"K","2",{"$nulls":3},"ROZPOCET",{"$nulls":5},{"$f":"IF(N385=\"základní\",J385,0)","v":{"v":1686.6,"d":"1,686.60"}},{"$f":"IF(N385=\"snížená\",J385,0)","v":{"v":0,"d":"0.00"}},{"$f":"IF(N385=\"zákl. přenesená\",J385,0)","v":{"v":0,"d":"0.00"}},{"$f":"IF(N385=\"sníž. přenesená\",J385,0)","v":{"v":0,"d":"0.00"}},{"$f":"IF(N385=\"nulová\",J385,0)","v":{"v":0,"d":"0.00"}},"1",{"$f":"ROUND(I385*H385,2)","v":{"v":1686.6,"d":"1,686.60"}},"16","1635801809"]
[{"$nulls":3},"Online PSC",null,"https://podminky.urs.cz/item/CS_URS_2025_01/771591241",{"$nulls":39},"Online PSC","2"]
[{"$nulls":3},"VV","","\"WC\"",null,"",{"$nulls":37},"VV","2","1","True","0","ROZPOCET"]
[{"$nulls":3},"VV","","4",null,{"v":4,"d":"4.000"},{"$nulls":37},"VV","2","2","True","0","ROZPOCET"]
[{"$nulls":3},"VV","","\"koupelna\"",null,"",{"$nulls":37},"VV","2","1","True","0","ROZPOCET"]
[{"$nulls":3},"VV","","5",null,{"v":5,"d":"5.000"},{"$nulls":37},"VV","2","2","True","0","ROZPOCET"]
[{"$nulls":3},"VV","","Součet",null,{"v":9,"d":"9.000"},{"$nulls":37},"VV","2","4","True","1","ROZPOCET"]
[null,null,"89","K","771591242","Izolace podlahy pod dlažbu těsnícími izolačními pásy vnější roh","kus",{"v":1,"d":"1.000"},{"v":187.4,"d":"187.40"},{"$f":"ROUND(I392*H392,2)","v":{"v":187.4,"d":"187.40"}},"CS ÚRS 2025 01",null,"","základní",null,{"$f":"O392*H392","v":{"v":0,"d":"0.00000"}},{"v":0.0002,"d":"0.00020"},{"$f":"Q392*H392","v":{"v":0.0002,"d":"0.00020"}},{"v":0,"d":"0.00000"},{"$f":"S392*H392","v":{"v":0,"d":"0.00000"}},{"$nulls":23},"16",null,"K","2",{"$nulls":3},"ROZPOCET",{"$nulls":5},{"$f":"IF(N392=\"základní\",J392,0)","v":{"v":187.4,"d":"187.40"}},{"$f":"IF(N392=\"snížená\",J392,0)","v":{"v":0,"d":"0.00"}},{"$f":"IF(N392=\"zákl. přenesená\",J392,0)","v":{"v":0,"d":"0.00"}},{"$f":"IF(N392=\"sníž. přenesená\",J392,0)","v":{"v":0,"d":"0.00"}},{"$f":"IF(N392=\"nulová\",J392,0)","v":{"v":0,"d":"0.00"}},"1",{"$f":"ROUND(I392*H392,2)","v":{"v":187.4,"d":"187.40"}},"16","1669866113"]
[{"$nulls":3},"Online PSC",null,"https://podminky.urs.cz/item/CS_URS_2025_01/771591242",{"$nulls":39},"Online PSC","2"]
[{"$nulls":3},"VV","","\"koupelna\"",null,"",{"$nulls":37},"VV","2","1","True","0","ROZPOCET"]
[{"$nulls":3},"VV","","1",null,{"v":1,"d":"1.000"},{"$nulls":37},"VV","2","2","True","0","ROZPOCET"]
[{"$nulls":3},"VV","","Součet",null,{"v":1,"d":"1.000"},{"$nulls":37},"VV","2","4","True","1","ROZPOCET"]
[null,null,"90","K","771591264","Izolace podlahy pod dlažbu těsnícími izolačními pásy mezi podlahou a stěnu","m",{"v":9.28,"d":"9.280"},140.32,{"$f":"ROUND(I397*H397,2)","v":{"v":1302.17,"d":"1,302.17"}},"CS ÚRS 2025 01",null,"","základní",null,{"$f":"O397*H397","v":{"v":0,"d":"0.00000"}},{"v":1.42E-3,"d":"0.00142"},{"$f":"Q397*H397","v":{"v":0.0131776,"d":"0.01318"}},{"v":0,"d":"0.00000"},{"$f":"S397*H397","v":{"v":0,"d":"0.00000"}},{"$nulls":23},"16",null,"K","2",{"$nulls":3},"ROZPOCET",{"$nulls":5},{"$f":"IF(N397=\"základní\",J397,0)","v":{"v":1302.17,"d":"1,302.17"}},{"$f":"IF(N397=\"snížená\",J397,0)","v":{"v":0,"d":"0.00"}},{"$f":"IF(N397=\"zákl. přenesená\",J397,0)","v":{"v":0,"d":"0.00"}},{"$f":"IF(N397=\"sníž. přenesená\",J397,0)","v":{"v":0,"d":"0.00"}},{"$f":"IF(N397=\"nulová\",J397,0)","v":{"v":0,"d":"0.00"}},"1",{"$f":"ROUND(I397*H397,2)","v":{"v":1302.17,"d":"1,302.17"}},"16","-306662136"]
[{"$nulls":3},"Online PSC",null,"https://podminky.urs.cz/item/CS_URS_2025_01/771591264",{"$nulls":39},"Online PSC","2"]
[{"$nulls":3},"VV","","\"WC\"",null,"",{"$nulls":37},"VV","2","1","True","0","ROZPOCET"]
[{"$nulls":3},"VV","","0,82*2+1,6*2-0,7",null,{"v":4.14,"d":"4.140"},{"$nulls":37},"VV","2","2","True","0","ROZPOCET"]
[{"$nulls":3},"VV","","\"koupelna\"",null,"",{"$nulls":37},"VV","2","1","True","0","ROZPOCET"]
[{"$nulls":3},"VV","","1,72*2+1,2*2-0,7",null,{"v":5.14,"d":"5.140"},{"$nulls":37},"VV","2","2","True","0","ROZPOCET"]
[{"$nulls":3},"VV","","Součet",null,{"v":9.28,"d":"9.280"},{"$nulls":37},"VV","2","4","True","1","ROZPOCET"]
[null,null,"91","K","771161022","Příprava podkladu před provedením dlažby montáž profilu ukončujícího profilu pro schodové hrany a ukončení dlažby","m",{"v":1.4,"d":"1.400"},{"v":119.6,"d":"119.60"},{"$f":"ROUND(I404*H404,2)","v":167.44},"CS ÚRS 2025 01",null,"","základní",null,{"$f":"O404*H404","v":{"v":0,"d":"0.00000"}},0.00034,{"$f":"Q404*H404","v":{"v":0.000476,"d":"0.00048"}},{"v":0,"d":"0.00000"},{"$f":"S404*H404","v":{"v":0,"d":"0.00000"}},{"$nulls":23},"16",null,"K","2",{"$nulls":3},"ROZPOCET",{"$nulls":5},{"$f":"IF(N404=\"základní\",J404,0)","v":167.44},{"$f":"IF(N404=\"snížená\",J404,0)","v":{"v":0,"d":"0.00"}},{"$f":"IF(N404=\"zákl. přenesená\",J404,0)","v":{"v":0,"d":"0.00"}},{"$f":"IF(N404=\"sníž. přenesená\",J404,0)","v":{"v":0,"d":"0.00"}},{"$f":"IF(N404=\"nulová\",J404,0)","v":{"v":0,"d":"0.00"}},"1",{"$f":"ROUND(I404*H404,2)","v":167.44},"16","76299284"]
[{"$nulls":3},"Online PSC",null,"https://podminky.urs.cz/item/CS_URS_2025_01/771161022",{"$nulls":39},"Online PSC","2"]
[{"$nulls":3},"VV","","\"ve dveřích místo prahu\"",null,"",{"$nulls":37},"VV","2","1","True","0","ROZPOCET"]
[{"$nulls":3},"VV","","\"WC\"",null,"",{"$nulls":37},"VV","2","1","True","0","ROZPOCET"]
[{"$nulls":3},"VV","","0,7",null,{"v":0.7,"d":"0.700"},{"$nulls":37},"VV","2","2","True","0","ROZPOCET"]
[{"$nulls":3},"VV","","\"koupelna\"",null,"",{"$nulls":37},"VV","2","1","True","0","ROZPOCET"]
[{"$nulls":3},"VV","","0,7",null,{"v":0.7,"d":"0.700"},{"$nulls":37},"VV","2","2","True","0","ROZPOCET"]
[{"$nulls":3},"VV","","Součet",null,{"v":1.4,"d":"1.400"},{"$nulls":37},"VV","2","4","True","1","ROZPOCET"]
[null,null,"92","M","19416008","lišta ukončovací hliníková 10mm","m",{"v":1.4,"d":"1.400"},55.09,{"$f":"ROUND(I412*H412,2)","v":77.13},"CS ÚRS 2025 01",null,"","základní",null,{"$f":"O412*H412","v":{"v":0,"d":"0.00000"}},{"v":1.2E-4,"d":"0.00012"},{"$f":"Q412*H412","v":{"v":0.000168,"d":"0.00017"}},{"v":0,"d":"0.00000"},{"$f":"S412*H412","v":{"v":0,"d":"0.00000"}},{"$nulls":23},"32",null,"M","2",{"$nulls":3},"ROZPOCET",{"$nulls":5},{"$f":"IF(N412=\"základní\",J412,0)","v":77.13},{"$f":"IF(N412=\"snížená\",J412,0)","v":{"v":0,"d":"0.00"}},{"$f":"IF(N412=\"zákl. přenesená\",J412,0)","v":{"v":0,"d":"0.00"}},{"$f":"IF(N412=\"sníž. přenesená\",J412,0)","v":{"v":0,"d":"0.00"}},{"$f":"IF(N412=\"nulová\",J412,0)","v":{"v":0,"d":"0.00"}},"1",{"$f":"ROUND(I412*H412,2)","v":77.13},"16","1332405169"]
[null,null,"93","K","771574416","Montáž podlah z dlaždic keramických lepených cementovým flexibilním lepidlem hladkých, tloušťky do 10 mm přes 9 do 12 ks/m2","m2",3.096,800.47,{"$f":"ROUND(I413*H413,2)","v":{"v":2478.26,"d":"2,478.26"}},"CS ÚRS 2025 01",null,"","základní",null,{"$f":"O413*H413","v":{"v":0,"d":"0.00000"}},{"v":0.006,"d":"0.00600"},{"$f":"Q413*H413","v":{"v":0.018576000000000002,"d":"0.01858"}},{"v":0,"d":"0.00000"},{"$f":"S413*H413","v":{"v":0,"d":"0.00000"}},{"$nulls":23},"16",null,"K","2",{"$nulls":3},"ROZPOCET",{"$nulls":5},{"$f":"IF(N413=\"základní\",J413,0)","v":{"v":2478.26,"d":"2,478.26"}},{"$f":"IF(N413=\"snížená\",J413,0)","v":{"v":0,"d":"0.00"}},{"$f":"IF(N413=\"zákl. přenesená\",J413,0)","v":{"v":0,"d":"0.00"}},{"$f":"IF(N413=\"sníž. přenesená\",J413,0)","v":{"v":0,"d":"0.00"}},{"$f":"IF(N413=\"nulová\",J413,0)","v":{"v":0,"d":"0.00"}},"1",{"$f":"ROUND(I413*H413,2)","v":{"v":2478.26,"d":"2,478.26"}},"16","1731678607"]
[{"$nulls":3},"Online PSC",null,"https://podminky.urs.cz/item/CS_URS_2025_01/771574416",{"$nulls":39},"Online PSC","2"]
[null,null,"94","M","59761409.R","dlažba keramická slinutá protiskluzná do interiéru i exteriéru - bude upřesněno investorem","m2",{"v":4,"d":"4.000"},452.97,{"$f":"ROUND(I415*H415,2)","v":{"v":1811.88,"d":"1,811.88"}},"vlastní",null,"","základní",null,{"$f":"O415*H415","v":{"v":0,"d":"0.00000"}},{"v":0.0192,"d":"0.01920"},{"$f":"Q415*H415","v":{"v":0.0768,"d":"0.07680"}},{"v":0,"d":"0.00000"},{"$f":"S415*H415","v":{"v":0,"d":"0.00000"}},{"$nulls":23},"32",null,"M","2",{"$nulls":3},"ROZPOCET",{"$nulls":5},{"$f":"IF(N415=\"základní\",J415,0)","v":{"v":1811.88,"d":"1,811.88"}},{"$f":"IF(N415=\"snížená\",J415,0)","v":{"v":0,"d":"0.00"}},{"$f":"IF(N415=\"zákl. přenesená\",J415,0)","v":{"v":0,"d":"0.00"}},{"$f":"IF(N415=\"sníž. přenesená\",J415,0)","v":{"v":0,"d":"0.00"}},{"$f":"IF(N415=\"nulová\",J415,0)","v":{"v":0,"d":"0.00"}},"1",{"$f":"ROUND(I415*H415,2)","v":{"v":1811.88,"d":"1,811.88"}},"16","1923774711"]
[null,null,"95","K","771591184","Podlahy - dokončovací práce pracnější řezání dlaždic keramických rovné","m",{"v":5,"d":"5.000"},120.54,{"$f":"ROUND(I416*H416,2)","v":{"v":602.7,"d":"602.70"}},"CS ÚRS 2025 01",null,"","základní",null,{"$f":"O416*H416","v":{"v":0,"d":"0.00000"}},{"v":0,"d":"0.00000"},{"$f":"Q416*H416","v":{"v":0,"d":"0.00000"}},{"v":0,"d":"0.00000"},{"$f":"S416*H416","v":{"v":0,"d":"0.00000"}},{"$nulls":23},"16",null,"K","2",{"$nulls":3},"ROZPOCET",{"$nulls":5},{"$f":"IF(N416=\"základní\",J416,0)","v":{"v":602.7,"d":"602.70"}},{"$f":"IF(N416=\"snížená\",J416,0)","v":{"v":0,"d":"0.00"}},{"$f":"IF(N416=\"zákl. přenesená\",J416,0)","v":{"v":0,"d":"0.00"}},{"$f":"IF(N416=\"sníž. přenesená\",J416,0)","v":{"v":0,"d":"0.00"}},{"$f":"IF(N416=\"nulová\",J416,0)","v":{"v":0,"d":"0.00"}},"1",{"$f":"ROUND(I416*H416,2)","v":{"v":602.7,"d":"602.70"}},"16","1695732647"]
[{"$nulls":3},"Online PSC",null,"https://podminky.urs.cz/item/CS_URS_2025_01/771591184",{"$nulls":39},"Online PSC","2"]
[{"$nulls":3},"VV","","\"dle potřeby\"",null,"",{"$nulls":37},"VV","2","1","True","0","ROZPOCET"]
[{"$nulls":3},"VV","","5",null,{"v":5,"d":"5.000"},{"$nulls":37},"VV","2","2","True","1","ROZPOCET"]
[null,null,"96","K","998771103","Přesun hmot pro podlahy z dlaždic stanovený z hmotnosti přesunovaného materiálu vodorovná dopravní vzdálenost do 50 m základní v objektech výšky přes 12 do 24 m","t",0.163,{"v":1271.33,"d":"1,271.33"},{"$f":"ROUND(I420*H420,2)","v":207.23},"CS ÚRS 2025 01",null,"","základní",null,{"$f":"O420*H420","v":{"v":0,"d":"0.00000"}},{"v":0,"d":"0.00000"},{"$f":"Q420*H420","v":{"v":0,"d":"0.00000"}},{"v":0,"d":"0.00000"},{"$f":"S420*H420","v":{"v":0,"d":"0.00000"}},{"$nulls":23},"16",null,"K","2",{"$nulls":3},"ROZPOCET",{"$nulls":5},{"$f":"IF(N420=\"základní\",J420,0)","v":207.23},{"$f":"IF(N420=\"snížená\",J420,0)","v":{"v":0,"d":"0.00"}},{"$f":"IF(N420=\"zákl. přenesená\",J420,0)","v":{"v":0,"d":"0.00"}},{"$f":"IF(N420=\"sníž. přenesená\",J420,0)","v":{"v":0,"d":"0.00"}},{"$f":"IF(N420=\"nulová\",J420,0)","v":{"v":0,"d":"0.00"}},"1",{"$f":"ROUND(I420*H420,2)","v":207.23},"16","-2024529477"]
[{"$nulls":3},"Online PSC",null,"https://podminky.urs.cz/item/CS_URS_2025_01/998771103",{"$nulls":39},"Online PSC","2"]
[{"$nulls":3},"D","781","Dokončovací práce - obklady",{"$nulls":3},{"$f":"BK422","v":{"v":29893.559999999998,"d":"29,893.56"}},{"$nulls":5},{"$f":"SUM(P423:P451)","v":{"v":0,"d":"0.00000"}},null,{"$f":"SUM(R423:R451)","v":{"v":0.339426,"d":"0.33943"}},null,{"$f":"SUM(T423:T451)","v":{"v":0,"d":"0.00000"}},{"$nulls":23},"2",null,"D","1",{"$nulls":3},"ROZPOCET",{"$nulls":11},{"$f":"SUM(BK423:BK451)","v":{"v":29893.559999999998,"d":"29,893.56"}}]
[null,null,"97","K","781111011","Příprava podkladu před provedením obkladu oprášení (ometení) stěny","m2",{"v":16.49,"d":"16.490"},17.89,{"$f":"ROUND(I423*H423,2)","v":295.01},"CS ÚRS 2025 01",null,"","základní",null,{"$f":"O423*H423","v":{"v":0,"d":"0.00000"}},{"v":0,"d":"0.00000"},{"$f":"Q423*H423","v":{"v":0,"d":"0.00000"}},{"v":0,"d":"0.00000"},{"$f":"S423*H423","v":{"v":0,"d":"0.00000"}},{"$nulls":23},"16",null,"K","2",{"$nulls":3},"ROZPOCET",{"$nulls":5},{"$f":"IF(N423=\"základní\",J423,0)","v":295.01},{"$f":"IF(N423=\"snížená\",J423,0)","v":{"v":0,"d":"0.00"}},{"$f":"IF(N423=\"zákl. přenesená\",J423,0)","v":{"v":0,"d":"0.00"}},{"$f":"IF(N423=\"sníž. přenesená\",J423,0)","v":{"v":0,"d":"0.00"}},{"$f":"IF(N423=\"nulová\",J423,0)","v":{"v":0,"d":"0.00"}},"1",{"$f":"ROUND(I423*H423,2)","v":295.01},"16","1026558681"]
[{"$nulls":3},"Online PSC",null,"https://podminky.urs.cz/item/CS_URS_2025_01/781111011",{"$nulls":39},"Online PSC","2"]
[{"$nulls":3},"VV","","\"WC\"",null,"",{"$nulls":37},"VV","2","1","True","0","ROZPOCET"]
[{"$nulls":3},"VV","","(0,82*2+1,6*2)*1,5-(0,7*1,5)",null,{"v":6.21,"d":"6.210"},{"$nulls":37},"VV","2","2","True","0","ROZPOCET"]
[{"$nulls":3},"VV","","\"koupelna\"",null,"",{"$nulls":37},"VV","2","1","True","0","ROZPOCET"]
[{"$nulls":3},"VV","","(1,72*2+1,2*2)*2-(0,7*2)",null,{"v":10.28,"d":"10.280"},{"$nulls":37},"VV","2","2","True","0","ROZPOCET"]
[{"$nulls":3},"VV","","Součet",null,{"v":16.49,"d":"16.490"},{"$nulls":37},"VV","2","4","True","1","ROZPOCET"]
[null,null,"98","K","781121011","Nátěr penetrační na stěnu","m2",{"v":16.49,"d":"16.490"},27.31,{"$f":"ROUND(I430*H430,2)","v":450.34},"CS ÚRS 2025 01",null,"","základní",null,{"$f":"O430*H430","v":{"v":0,"d":"0.00000"}},{"v":0.0003,"d":"0.00030"},{"$f":"Q430*H430","v":{"v":0.004946999999999999,"d":"0.00495"}},{"v":0,"d":"0.00000"},{"$f":"S430*H430","v":{"v":0,"d":"0.00000"}},{"$nulls":23},"16",null,"K","2",{"$nulls":3},"ROZPOCET",{"$nulls":5},{"$f":"IF(N430=\"základní\",J430,0)","v":450.34},{"$f":"IF(N430=\"snížená\",J430,0)","v":{"v":0,"d":"0.00"}},{"$f":"IF(N430=\"zákl. přenesená\",J430,0)","v":{"v":0,"d":"0.00"}},{"$f":"IF(N430=\"sníž. přenesená\",J430,0)","v":{"v":0,"d":"0.00"}},{"$f":"IF(N430=\"nulová\",J430,0)","v":{"v":0,"d":"0.00"}},"1",{"$f":"ROUND(I430*H430,2)","v":450.34},"16","1144367307"]
[{"$nulls":3},"Online PSC",null,"https://podminky.urs.cz/item/CS_URS_2025_01/781121011",{"$nulls":39},"Online PSC","2"]
[null,null,"99","K","781131112","Izolace stěny pod obklad izolace nátěrem nebo stěrkou ve dvou vrstvách","m2",11.522,452.03,{"$f":"ROUND(I432*H432,2)","v":{"v":5208.29,"d":"5,208.29"}},"CS ÚRS 2025 01",null,"","základní",null,{"$f":"O432*H432","v":{"v":0,"d":"0.00000"}},{"v":1.5E-3,"d":"0.00150"},{"$f":"Q432*H432","v":{"v":0.017283,"d":"0.01728"}},{"v":0,"d":"0.00000"},{"$f":"S432*H432","v":{"v":0,"d":"0.00000"}},{"$nulls":23},"16",null,"K","2",{"$nulls":3},"ROZPOCET",{"$nulls":5},{"$f":"IF(N432=\"základní\",J432,0)","v":{"v":5208.29,"d":"5,208.29"}},{"$f":"IF(N432=\"snížená\",J432,0)","v":{"v":0,"d":"0.00"}},{"$f":"IF(N432=\"zákl. přenesená\",J432,0)","v":{"v":0,"d":"0.00"}},{"$f":"IF(N432=\"sníž. přenesená\",J432,0)","v":{"v":0,"d":"0.00"}},{"$f":"IF(N432=\"nulová\",J432,0)","v":{"v":0,"d":"0.00"}},"1",{"$f":"ROUND(I432*H432,2)","v":{"v":5208.29,"d":"5,208.29"}},"16","1233848470"]
[{"$nulls":3},"Online PSC",null,"https://podminky.urs.cz/item/CS_URS_2025_01/781131112",{"$nulls":39},"Online PSC","2"]
[{"$nulls":3},"VV","","\"WC\"",null,"",{"$nulls":37},"VV","2","1","True","0","ROZPOCET"]
[{"$nulls":3},"VV","","(0,82*2+1,6*2)*0,3-(0,7*0,3)",null,1.242,{"$nulls":37},"VV","2","2","True","0","ROZPOCET"]
[{"$nulls":3},"VV","","\"koupelna\"",null,"",{"$nulls":37},"VV","2","1","True","0","ROZPOCET"]
[{"$nulls":3},"VV","","(1,72*2+1,2*2)*2-(0,7*2)",null,{"v":10.28,"d":"10.280"},{"$nulls":37},"VV","2","2","True","0","ROZPOCET"]
[{"$nulls":3},"VV","","Součet",null,{"v":11.521999999999998,"d":"11.522"},{"$nulls":37},"VV","2","4","True","1","ROZPOCET"]
[null,null,"100","K","781161021","Příprava podkladu před provedením obkladu montáž profilu ukončujícího profilu rohového, vanového","m",{"v":11.28,"d":"11.280"},150.68,{"$f":"ROUND(I439*H439,2)","v":{"v":1699.67,"d":"1,699.67"}},"CS ÚRS 2025 01",null,"","základní",null,{"$f":"O439*H439","v":{"v":0,"d":"0.00000"}},{"v":0.0002,"d":"0.00020"},{"$f":"Q439*H439","v":{"v":0.002256,"d":"0.00226"}},{"v":0,"d":"0.00000"},{"$f":"S439*H439","v":{"v":0,"d":"0.00000"}},{"$nulls":23},"16",null,"K","2",{"$nulls":3},"ROZPOCET",{"$nulls":5},{"$f":"IF(N439=\"základní\",J439,0)","v":{"v":1699.67,"d":"1,699.67"}},{"$f":"IF(N439=\"snížená\",J439,0)","v":{"v":0,"d":"0.00"}},{"$f":"IF(N439=\"zákl. přenesená\",J439,0)","v":{"v":0,"d":"0.00"}},{"$f":"IF(N439=\"sníž. přenesená\",J439,0)","v":{"v":0,"d":"0.00"}},{"$f":"IF(N439=\"nulová\",J439,0)","v":{"v":0,"d":"0.00"}},"1",{"$f":"ROUND(I439*H439,2)","v":{"v":1699.67,"d":"1,699.67"}},"16","1584902252"]
[{"$nulls":3},"Online PSC",null,"https://podminky.urs.cz/item/CS_URS_2025_01/781161021",{"$nulls":39},"Online PSC","2"]
[{"$nulls":3},"VV","","\"WC\"",null,"",{"$nulls":37},"VV","2","1","True","0","ROZPOCET"]
[{"$nulls":3},"VV","","(0,82*2+1,6*2)-(0,7)",null,{"v":4.14,"d":"4.140"},{"$nulls":37},"VV","2","2","True","0","ROZPOCET"]
[{"$nulls":3},"VV","","\"koupelna\"",null,"",{"$nulls":37},"VV","2","1","True","0","ROZPOCET"]
[{"$nulls":3},"VV","","(1,72*2+1,2*2)-(0,7)+2",null,{"v":7.14,"d":"7.140"},{"$nulls":37},"VV","2","2","True","0","ROZPOCET"]
[{"$nulls":3},"VV","","Součet",null,{"v":11.28,"d":"11.280"},{"$nulls":37},"VV","2","4","True","1","ROZPOCET"]
[null,null,"101","M","28342005","lišta ukončovací z PVC 12,5mm","m",{"v":12,"d":"12.000"},37.95,{"$f":"ROUND(I446*H446,2)","v":{"v":455.4,"d":"455.40"}},"CS ÚRS 2025 01",null,"","základní",null,{"$f":"O446*H446","v":{"v":0,"d":"0.00000"}},{"v":0.0003,"d":"0.00030"},{"$f":"Q446*H446","v":{"v":0.0036,"d":"0.00360"}},{"v":0,"d":"0.00000"},{"$f":"S446*H446","v":{"v":0,"d":"0.00000"}},{"$nulls":23},"32",null,"M","2",{"$nulls":3},"ROZPOCET",{"$nulls":5},{"$f":"IF(N446=\"základní\",J446,0)","v":{"v":455.4,"d":"455.40"}},{"$f":"IF(N446=\"snížená\",J446,0)","v":{"v":0,"d":"0.00"}},{"$f":"IF(N446=\"zákl. přenesená\",J446,0)","v":{"v":0,"d":"0.00"}},{"$f":"IF(N446=\"sníž. přenesená\",J446,0)","v":{"v":0,"d":"0.00"}},{"$f":"IF(N446=\"nulová\",J446,0)","v":{"v":0,"d":"0.00"}},"1",{"$f":"ROUND(I446*H446,2)","v":{"v":455.4,"d":"455.40"}},"16","2093723723"]
[null,null,"102","K","781472216","Montáž keramických obkladů stěn lepených cementovým flexibilním lepidlem hladkých přes 9 do 12 ks/m2","m2",{"v":16.49,"d":"16.490"},800.51,{"$f":"ROUND(I447*H447,2)","v":{"v":13200.41,"d":"13,200.41"}},"CS ÚRS 2025 01",null,"","základní",null,{"$f":"O447*H447","v":{"v":0,"d":"0.00000"}},{"v":0.006,"d":"0.00600"},{"$f":"Q447*H447","v":{"v":0.09893999999999999,"d":"0.09894"}},{"v":0,"d":"0.00000"},{"$f":"S447*H447","v":{"v":0,"d":"0.00000"}},{"$nulls":23},"16",null,"K","2",{"$nulls":3},"ROZPOCET",{"$nulls":5},{"$f":"IF(N447=\"základní\",J447,0)","v":{"v":13200.41,"d":"13,200.41"}},{"$f":"IF(N447=\"snížená\",J447,0)","v":{"v":0,"d":"0.00"}},{"$f":"IF(N447=\"zákl. přenesená\",J447,0)","v":{"v":0,"d":"0.00"}},{"$f":"IF(N447=\"sníž. přenesená\",J447,0)","v":{"v":0,"d":"0.00"}},{"$f":"IF(N447=\"nulová\",J447,0)","v":{"v":0,"d":"0.00"}},"1",{"$f":"ROUND(I447*H447,2)","v":{"v":13200.41,"d":"13,200.41"}},"16","-541645592"]
[{"$nulls":3},"Online PSC",null,"https://podminky.urs.cz/item/CS_URS_2025_01/781472216",{"$nulls":39},"Online PSC","2"]
[null,null,"103","M","59761026R","obklad keramický, OBKLAD - REKTIFIKOVANÝ, 80 % bílý, 20% barevný - dle výběru investora","m2",{"v":18,"d":"18.000"},452.97,{"$f":"ROUND(I449*H449,2)","v":{"v":8153.46,"d":"8,153.46"}},"vlastní",null,"","základní",null,{"$f":"O449*H449","v":{"v":0,"d":"0.00000"}},{"v":0.0118,"d":"0.01180"},{"$f":"Q449*H449","v":{"v":0.2124,"d":"0.21240"}},{"v":0,"d":"0.00000"},{"$f":"S449*H449","v":{"v":0,"d":"0.00000"}},{"$nulls":23},"32",null,"M","2",{"$nulls":3},"ROZPOCET",{"$nulls":5},{"$f":"IF(N449=\"základní\",J449,0)","v":{"v":8153.46,"d":"8,153.46"}},{"$f":"IF(N449=\"snížená\",J449,0)","v":{"v":0,"d":"0.00"}},{"$f":"IF(N449=\"zákl. přenesená\",J449,0)","v":{"v":0,"d":"0.00"}},{"$f":"IF(N449=\"sníž. přenesená\",J449,0)","v":{"v":0,"d":"0.00"}},{"$f":"IF(N449=\"nulová\",J449,0)","v":{"v":0,"d":"0.00"}},"1",{"$f":"ROUND(I449*H449,2)","v":{"v":8153.46,"d":"8,153.46"}},"16","-2075654801"]
[null,null,"104","K","998781103","Přesun hmot pro obklady keramické stanovený z hmotnosti přesunovaného materiálu vodorovná dopravní vzdálenost do 50 m základní v objektech výšky přes 12 do 24 m","t",0.339,{"v":1271.33,"d":"1,271.33"},{"$f":"ROUND(I450*H450,2)","v":430.98},"CS ÚRS 2025 01",null,"","základní",null,{"$f":"O450*H450","v":{"v":0,"d":"0.00000"}},{"v":0,"d":"0.00000"},{"$f":"Q450*H450","v":{"v":0,"d":"0.00000"}},{"v":0,"d":"0.00000"},{"$f":"S450*H450","v":{"v":0,"d":"0.00000"}},{"$nulls":23},"16",null,"K","2",{"$nulls":3},"ROZPOCET",{"$nulls":5},{"$f":"IF(N450=\"základní\",J450,0)","v":430.98},{"$f":"IF(N450=\"snížená\",J450,0)","v":{"v":0,"d":"0.00"}},{"$f":"IF(N450=\"zákl. přenesená\",J450,0)","v":{"v":0,"d":"0.00"}},{"$f":"IF(N450=\"sníž. přenesená\",J450,0)","v":{"v":0,"d":"0.00"}},{"$f":"IF(N450=\"nulová\",J450,0)","v":{"v":0,"d":"0.00"}},"1",{"$f":"ROUND(I450*H450,2)","v":430.98},"16","-1221543561"]
[{"$nulls":3},"Online PSC",null,"https://podminky.urs.cz/item/CS_URS_2025_01/998781103",{"$nulls":39},"Online PSC","2"]
[{"$nulls":3},"D","783","Dokončovací práce - nátěry",{"$nulls":3},{"$f":"BK452","v":{"v":1827.94,"d":"1,827.94"}},{"$nulls":5},{"$f":"SUM(P453:P466)","v":{"v":0,"d":"0.00000"}},null,{"$f":"SUM(R453:R466)","v":{"v":1.5731999999999999E-3,"d":"0.00157"}},null,{"$f":"SUM(T453:T466)","v":{"v":0,"d":"0.00000"}},{"$nulls":23},"2",null,"D","1",{"$nulls":3},"ROZPOCET",{"$nulls":11},{"$f":"SUM(BK453:BK466)","v":{"v":1827.94,"d":"1,827.94"}}]
[null,null,"105","K","783306805","Odstranění nátěrů ze zámečnických konstrukcí opálením s obroušením","m2",{"v":4.14,"d":"4.140"},54.59,{"$f":"ROUND(I453*H453,2)","v":{"v":226,"d":"226.00"}},"CS ÚRS 2025 01",null,"","základní",null,{"$f":"O453*H453","v":{"v":0,"d":"0.00000"}},{"v":2e-05,"d":"0.00002"},{"$f":"Q453*H453","v":{"v":8.2800000000000007E-5,"d":"0.00008"}},{"v":0,"d":"0.00000"},{"$f":"S453*H453","v":{"v":0,"d":"0.00000"}},{"$nulls":23},"16",null,"K","2",{"$nulls":3},"ROZPOCET",{"$nulls":5},{"$f":"IF(N453=\"základní\",J453,0)","v":{"v":226,"d":"226.00"}},{"$f":"IF(N453=\"snížená\",J453,0)","v":{"v":0,"d":"0.00"}},{"$f":"IF(N453=\"zákl. přenesená\",J453,0)","v":{"v":0,"d":"0.00"}},{"$f":"IF(N453=\"sníž. přenesená\",J453,0)","v":{"v":0,"d":"0.00"}},{"$f":"IF(N453=\"nulová\",J453,0)","v":{"v":0,"d":"0.00"}},"1",{"$f":"ROUND(I453*H453,2)","v":{"v":226,"d":"226.00"}},"16","265601871"]
[{"$nulls":3},"Online PSC",null,"https://podminky.urs.cz/item/CS_URS_2025_01/783306805",{"$nulls":39},"Online PSC","2"]
[null,null,"106","K","783301313","Příprava podkladu zámečnických konstrukcí před provedením nátěru odmaštění odmašťovačem ředidlovým","m2",{"v":4.14,"d":"4.140"},128.98,{"$f":"ROUND(I455*H455,2)","v":533.98},"CS ÚRS 2025 01",null,"","základní",null,{"$f":"O455*H455","v":{"v":0,"d":"0.00000"}},{"v":7e-05,"d":"0.00007"},{"$f":"Q455*H455","v":{"v":2.8979999999999994E-4,"d":"0.00029"}},{"v":0,"d":"0.00000"},{"$f":"S455*H455","v":{"v":0,"d":"0.00000"}},{"$nulls":23},"16",null,"K","2",{"$nulls":3},"ROZPOCET",{"$nulls":5},{"$f":"IF(N455=\"základní\",J455,0)","v":533.98},{"$f":"IF(N455=\"snížená\",J455,0)","v":{"v":0,"d":"0.00"}},{"$f":"IF(N455=\"zákl. přenesená\",J455,0)","v":{"v":0,"d":"0.00"}},{"$f":"IF(N455=\"sníž. přenesená\",J455,0)","v":{"v":0,"d":"0.00"}},{"$f":"IF(N455=\"nulová\",J455,0)","v":{"v":0,"d":"0.00"}},"1",{"$f":"ROUND(I455*H455,2)","v":533.98},"16","1120825173"]
[{"$nulls":3},"Online PSC",null,"https://podminky.urs.cz/item/CS_URS_2025_01/783301313",{"$nulls":39},"Online PSC","2"]
[{"$nulls":3},"VV","","\"stávající zárubně\"",null,"",{"$nulls":37},"VV","2","1","True","0","ROZPOCET"]
[{"$nulls":3},"VV","","\"koupelna\"",null,"",{"$nulls":37},"VV","2","1","True","0","ROZPOCET"]
[{"$nulls":3},"VV","","(2+0,6+2)*(0,15*3)",null,{"v":2.07,"d":"2.070"},{"$nulls":37},"VV","2","2","True","0","ROZPOCET"]
[{"$nulls":3},"VV","","\"WC\"",null,"",{"$nulls":37},"VV","2","1","True","0","ROZPOCET"]
[{"$nulls":3},"VV","","(2+0,6+2)*(0,15*3)",null,{"v":2.07,"d":"2.070"},{"$nulls":37},"VV","2","2","True","0","ROZPOCET"]
[{"$nulls":3},"VV","","Součet",null,{"v":4.14,"d":"4.140"},{"$nulls":37},"VV","2","4","True","1","ROZPOCET"]
[null,null,"107","K","783314201","Základní antikorozní nátěr zámečnických konstrukcí jednonásobný syntetický standardní","m2",{"v":4.14,"d":"4.140"},128.98,{"$f":"ROUND(I463*H463,2)","v":533.98},"CS ÚRS 2025 01",null,"","základní",null,{"$f":"O463*H463","v":{"v":0,"d":"0.00000"}},0.00017,{"$f":"Q463*H463","v":{"v":0.0007038,"d":"0.00070"}},{"v":0,"d":"0.00000"},{"$f":"S463*H463","v":{"v":0,"d":"0.00000"}},{"$nulls":23},"16",null,"K","2",{"$nulls":3},"ROZPOCET",{"$nulls":5},{"$f":"IF(N463=\"základní\",J463,0)","v":533.98},{"$f":"IF(N463=\"snížená\",J463,0)","v":{"v":0,"d":"0.00"}},{"$f":"IF(N463=\"zákl. přenesená\",J463,0)","v":{"v":0,"d":"0.00"}},{"$f":"IF(N463=\"sníž. přenesená\",J463,0)","v":{"v":0,"d":"0.00"}},{"$f":"IF(N463=\"nulová\",J463,0)","v":{"v":0,"d":"0.00"}},"1",{"$f":"ROUND(I463*H463,2)","v":533.98},"16","-205956475"]
[{"$nulls":3},"Online PSC",null,"https://podminky.urs.cz/item/CS_URS_2025_01/783314201",{"$nulls":39},"Online PSC","2"]
[null,null,"108","K","783317101","Krycí nátěr (email) zámečnických konstrukcí jednonásobný syntetický standardní","m2",{"v":4.14,"d":"4.140"},128.98,{"$f":"ROUND(I465*H465,2)","v":533.98},"CS ÚRS 2025 01",null,"","základní",null,{"$f":"O465*H465","v":{"v":0,"d":"0.00000"}},{"v":1.2E-4,"d":"0.00012"},{"$f":"Q465*H465","v":{"v":4.9679999999999993E-4,"d":"0.00050"}},{"v":0,"d":"0.00000"},{"$f":"S465*H465","v":{"v":0,"d":"0.00000"}},{"$nulls":23},"16",null,"K","2",{"$nulls":3},"ROZPOCET",{"$nulls":5},{"$f":"IF(N465=\"základní\",J465,0)","v":533.98},{"$f":"IF(N465=\"snížená\",J465,0)","v":{"v":0,"d":"0.00"}},{"$f":"IF(N465=\"zákl. přenesená\",J465,0)","v":{"v":0,"d":"0.00"}},{"$f":"IF(N465=\"sníž. přenesená\",J465,0)","v":{"v":0,"d":"0.00"}},{"$f":"IF(N465=\"nulová\",J465,0)","v":{"v":0,"d":"0.00"}},"1",{"$f":"ROUND(I465*H465,2)","v":533.98},"16","-1540557770"]
[{"$nulls":3},"Online PSC",null,"https://podminky.urs.cz/item/CS_URS_2025_01/783317101",{"$nulls":39},"Online PSC","2"]
[{"$nulls":3},"D","784","Dokončovací práce - malby a tapety",{"$nulls":3},{"$f":"BK467","v":{"v":1410.6,"d":"1,410.60"}},{"$nulls":5},{"$f":"SUM(P468:P484)","v":{"v":0,"d":"0.00000"}},null,{"$f":"SUM(R468:R484)","v":{"v":0.005198023600000001,"d":"0.00520"}},null,{"$f":"SUM(T468:T484)","v":{"v":0,"d":"0.00000"}},{"$nulls":23},"2",null,"D","1",{"$nulls":3},"ROZPOCET",{"$nulls":11},{"$f":"SUM(BK468:BK484)","v":{"v":1410.6,"d":"1,410.60"}}]
[null,null,"109","K","784111001","Oprášení (ometení) podkladu v místnostech výšky do 3,80 m","m2",10.934,17.89,{"$f":"ROUND(I468*H468,2)","v":195.61},"CS ÚRS 2025 01",null,"","základní",null,{"$f":"O468*H468","v":{"v":0,"d":"0.00000"}},{"v":0,"d":"0.00000"},{"$f":"Q468*H468","v":{"v":0,"d":"0.00000"}},{"v":0,"d":"0.00000"},{"$f":"S468*H468","v":{"v":0,"d":"0.00000"}},{"$nulls":23},"16",null,"K","2",{"$nulls":3},"ROZPOCET",{"$nulls":5},{"$f":"IF(N468=\"základní\",J468,0)","v":195.61},{"$f":"IF(N468=\"snížená\",J468,0)","v":{"v":0,"d":"0.00"}},{"$f":"IF(N468=\"zákl. přenesená\",J468,0)","v":{"v":0,"d":"0.00"}},{"$f":"IF(N468=\"sníž. přenesená\",J468,0)","v":{"v":0,"d":"0.00"}},{"$f":"IF(N468=\"nulová\",J468,0)","v":{"v":0,"d":"0.00"}},"1",{"$f":"ROUND(I468*H468,2)","v":195.61},"16","1256704042"]
[{"$nulls":3},"Online PSC",null,"https://podminky.urs.cz/item/CS_URS_2025_01/784111001",{"$nulls":39},"Online PSC","2"]
[{"$nulls":3},"VV","","stropy",null,"",{"$nulls":37},"VV","2","1","True","0","ROZPOCET"]
[{"$nulls":3},"VV","","\"WC\"",null,"",{"$nulls":37},"VV","2","1","True","0","ROZPOCET"]
[{"$nulls":3},"VV","","0,82*1,6",null,1.312,{"$nulls":37},"VV","2","2","True","0","ROZPOCET"]
[{"$nulls":3},"VV","","\"koupelna\"",null,"",{"$nulls":37},"VV","2","1","True","0","ROZPOCET"]
[{"$nulls":3},"VV","","1,72*0,85+0,92*0,35",null,1.784,{"$nulls":37},"VV","2","2","True","0","ROZPOCET"]
[{"$nulls":3},"VV","","\"stěny mimo obklad\"",null,"",{"$nulls":37},"VV","2","1","True","0","ROZPOCET"]
[{"$nulls":3},"VV","","\"WC\"",null,"",{"$nulls":37},"VV","2","1","True","0","ROZPOCET"]
[{"$nulls":3},"VV","","(0,82*2+1,6*2)*(2,54-1,5)-(0,7*(2-1,5))",null,4.684,{"$nulls":37},"VV","2","2","True","0","ROZPOCET"]
[{"$nulls":3},"VV","","\"koupelna\"",null,"",{"$nulls":37},"VV","2","1","True","0","ROZPOCET"]
[{"$nulls":3},"VV","","(1,72*2+1,2*2)*(2,54-2)",null,3.154,{"$nulls":37},"VV","2","2","True","0","ROZPOCET"]
[{"$nulls":3},"VV","","Součet",null,{"v":10.934000000000001,"d":"10.934"},{"$nulls":37},"VV","2","4","True","1","ROZPOCET"]
[null,null,"110","K","784181101","Penetrace podkladu jednonásobná základní akrylátová bezbarvá v místnostech výšky do 3,80 m","m2",10.934,27.31,{"$f":"ROUND(I481*H481,2)","v":298.61},"CS ÚRS 2025 01",null,"","základní",null,{"$f":"O481*H481","v":{"v":0,"d":"0.00000"}},{"v":0.0002,"d":"0.00020"},{"$f":"Q481*H481","v":{"v":2.1868E-3,"d":"0.00219"}},{"v":0,"d":"0.00000"},{"$f":"S481*H481","v":{"v":0,"d":"0.00000"}},{"$nulls":23},"16",null,"K","2",{"$nulls":3},"ROZPOCET",{"$nulls":5},{"$f":"IF(N481=\"základní\",J481,0)","v":298.61},{"$f":"IF(N481=\"snížená\",J481,0)","v":{"v":0,"d":"0.00"}},{"$f":"IF(N481=\"zákl. přenesená\",J481,0)","v":{"v":0,"d":"0.00"}},{"$f":"IF(N481=\"sníž. přenesená\",J481,0)","v":{"v":0,"d":"0.00"}},{"$f":"IF(N481=\"nulová\",J481,0)","v":{"v":0,"d":"0.00"}},"1",{"$f":"ROUND(I481*H481,2)","v":298.61},"16","899921752"]
[{"$nulls":3},"Online PSC",null,"https://podminky.urs.cz/item/CS_URS_2025_01/784181101",{"$nulls":39},"Online PSC","2"]
[null,null,"111","K","784211121","Dvojnásobné bílé malby ze směsí za mokra středně oděruvzdorných v místnostech v do 3,80 m","m2",10.934,83.81,{"$f":"ROUND(I483*H483,2)","v":916.38},"CS ÚRS 2025 01",null,"","základní",null,{"$f":"O483*H483","v":{"v":0,"d":"0.00000"}},{"v":0.0002754,"d":"0.00028"},{"$f":"Q483*H483","v":{"v":0.0030112236,"d":"0.00301"}},{"v":0,"d":"0.00000"},{"$f":"S483*H483","v":{"v":0,"d":"0.00000"}},{"$nulls":23},"16",null,"K","2",{"$nulls":3},"ROZPOCET",{"$nulls":5},{"$f":"IF(N483=\"základní\",J483,0)","v":916.38},{"$f":"IF(N483=\"snížená\",J483,0)","v":{"v":0,"d":"0.00"}},{"$f":"IF(N483=\"zákl. přenesená\",J483,0)","v":{"v":0,"d":"0.00"}},{"$f":"IF(N483=\"sníž. přenesená\",J483,0)","v":{"v":0,"d":"0.00"}},{"$f":"IF(N483=\"nulová\",J483,0)","v":{"v":0,"d":"0.00"}},"1",{"$f":"ROUND(I483*H483,2)","v":916.38},"16","-1276299957"]
[{"$nulls":3},"Online PSC",null,"https://podminky.urs.cz/item/CS_URS_2025_01/784211121",{"$nulls":39},"Online PSC","2"]
[{"$nulls":3},"D","VRN","Vedlejší rozpočtové náklady",{"$nulls":3},{"$f":"BK485","v":{"v":3060.62,"d":"3,060.62"}},{"$nulls":5},{"$f":"P486","v":{"v":0,"d":"0.00000"}},null,{"$f":"R486","v":{"v":0,"d":"0.00000"}},null,{"$f":"T486","v":{"v":0,"d":"0.00000"}},{"$nulls":23},"5",null,"D","0",{"$nulls":3},"ROZPOCET",{"$nulls":11},{"$f":"BK486","v":{"v":3060.62,"d":"3,060.62"}}]
[{"$nulls":3},"D","VRN4","Inženýrská činnost",{"$nulls":3},{"$f":"BK486","v":{"v":3060.62,"d":"3,060.62"}},{"$nulls":5},{"$f":"SUM(P487:P488)","v":{"v":0,"d":"0.00000"}},null,{"$f":"SUM(R487:R488)","v":{"v":0,"d":"0.00000"}},null,{"$f":"SUM(T487:T488)","v":{"v":0,"d":"0.00000"}},{"$nulls":23},"5",null,"D","1",{"$nulls":3},"ROZPOCET",{"$nulls":11},{"$f":"SUM(BK487:BK488)","v":{"v":3060.62,"d":"3,060.62"}}]
[null,null,"112","K","043203003","Rozbor vody zkrácený z umyvadla","soubor",{"v":1,"d":"1.000"},{"v":3060.62,"d":"3,060.62"},{"$f":"ROUND(I487*H487,2)","v":{"v":3060.62,"d":"3,060.62"}},"CS ÚRS 2025 01",null,"","základní",null,{"$f":"O487*H487","v":{"v":0,"d":"0.00000"}},{"v":0,"d":"0.00000"},{"$f":"Q487*H487","v":{"v":0,"d":"0.00000"}},{"v":0,"d":"0.00000"},{"$f":"S487*H487","v":{"v":0,"d":"0.00000"}},{"$nulls":23},"1024",null,"K","2",{"$nulls":3},"ROZPOCET",{"$nulls":5},{"$f":"IF(N487=\"základní\",J487,0)","v":{"v":3060.62,"d":"3,060.62"}},{"$f":"IF(N487=\"snížená\",J487,0)","v":{"v":0,"d":"0.00"}},{"$f":"IF(N487=\"zákl. přenesená\",J487,0)","v":{"v":0,"d":"0.00"}},{"$f":"IF(N487=\"sníž. přenesená\",J487,0)","v":{"v":0,"d":"0.00"}},{"$f":"IF(N487=\"nulová\",J487,0)","v":{"v":0,"d":"0.00"}},"1",{"$f":"ROUND(I487*H487,2)","v":{"v":3060.62,"d":"3,060.62"}},"1024","1553234256"]
[{"$nulls":3},"Online PSC",null,"https://podminky.urs.cz/item/CS_URS_2025_01/043203003",{"$nulls":39},"Online PSC","2"]

{"sheet":"04 - 5.NP - č. 514a - Kou...","index":4,"n_rows":488,"n_cols":65,"rows_kept":488,"merged":[[1,11,1,21],[6,4,6,7],[8,4,8,7],[17,4,17,7],[26,4,26,7],[47,4,47,7],[49,4,49,7],[87,4,87,7],[89,4,89,7]]}
[]
[{"$nulls":45},"{99071232-b184-47cb-97e0-dfd305bef81b}"]
[{"$nulls":45},"2"]
[{"$nulls":3},"KRYCÍ LIST SOUPISU PRACÍ",{"$nulls":8},"v ---  níže se nacházejí doplnkové a pomocné údaje k sestavám  --- v",{"$nulls":32},"False"]
[]
[{"$nulls":3},"Stavba:"]
[{"$nulls":4},{"$f":"'Rekapitulace stavby'!K6","v":"Rekonstrukce hygienických prostor ISŠT, Benešov, Černoleská 1997"}]
[{"$nulls":3},"Objekt:"]
[{"$nulls":4},"04 - 5.NP - č. 514a - Koupelna typ A2"]
[]
[{"$nulls":3},"KSO:",null,"",null,null,"CC-CZ:",""]
[{"$nulls":3},"Místo:",null,"Benešov, Černoleská 1997",null,null,"Datum:",{"$f":"'Rekapitulace stavby'!AN8","v":"2025-08-11"}]
[]
[{"$nulls":3},"Zadavatel:",{"$nulls":4},"IČ:","18620442"]
[{"$nulls":4},"Integrovaná střední škola technická",{"$nulls":3},"DIČ:",""]
[]
[{"$nulls":3},"Účastník:",{"$nulls":4},"IČ:",{"$f":"'Rekapitulace stavby'!AN13","v":"24832898"}]
[{"$nulls":4},{"$f":"'Rekapitulace stavby'!E14","v":"OTISTAV s.r.o."},{"$nulls":3},"DIČ:",{"$f":"'Rekapitulace stavby'!AN14","v":"CZ24832898"}]
[]
[{"$nulls":3},"Projektant:",{"$nulls":4},"IČ:",""]
[{"$nulls":4},"Ing. arch. Ondřej Lovíšek",{"$nulls":3},"DIČ:",""]
[]
[{"$nulls":3},"Zpracovatel:",{"$nulls":4},"IČ:",{"$f":"IF('Rekapitulace stavby'!AN19=\"\",\"\",'Rekapitulace stavby'!AN19)","v":""}]
[{"$nulls":4},{"$f":"IF('Rekapitulace stavby'!E20=\"\",\"\",'Rekapitulace stavby'!E20)","v":" "},{"$nulls":3},"DIČ:",{"$f":"IF('Rekapitulace stavby'!AN20=\"\",\"\",'Rekapitulace stavby'!AN20)","v":""}]
[]
[{"$nulls":3},"Poznámka:"]
[{"$nulls":4},""]
[]
[]
[{"$nulls":3},"Cena bez DPH",{"$nulls":5},{"$f":"ROUND(J98, 2)","v":{"v":155502.3,"d":"155,502.30"}}]
[]
[{"$nulls":5},"Základ daně",null,null,"Sazba daně","Výše daně"]
[{"$nulls":3},"DPH","základní",{"$f":"ROUND((SUM(BE98:BE488)),  2)","v":{"v":155502.3,"d":"155,502.30"}},null,null,{"v":0.21,"d":"21.00%"},{"$f":"ROUND(((SUM(BE98:BE488))*I33),  2)","v":{"v":32655.48,"d":"32,655.48"}}]
[{"$nulls":4},"snížená",{"$f":"ROUND((SUM(BF98:BF488)),  2)","v":{"v":0,"d":"0.00"}},null,null,{"v":0.12,"d":"12.00%"},{"$f":"ROUND(((SUM(BF98:BF488))*I34),  2)","v":{"v":0,"d":"0.00"}}]
[{"$nulls":4},"zákl. přenesená",{"$f":"ROUND((SUM(BG98:BG488)),  2)","v":{"v":0,"d":"0.00"}},null,null,{"v":0.21,"d":"21.00%"},{"$f":"0","v":{"v":0,"d":"0.00"}}]
[{"$nulls":4},"sníž. přenesená",{"$f":"ROUND((SUM(BH98:BH488)),  2)","v":{"v":0,"d":"0.00"}},null,null,{"v":0.12,"d":"12.00%"},{"$f":"0","v":{"v":0,"d":"0.00"}}]
[{"$nulls":4},"nulová",{"$f":"ROUND((SUM(BI98:BI488)),  2)","v":{"v":0,"d":"0.00"}},null,null,{"v":0,"d":"0.00%"},{"$f":"0","v":{"v":0,"d":"0.00"}}]
[]
[{"$nulls":3},"Cena s DPH",null,null,"v","CZK",null,{"$f":"SUM(J30:J37)","v":{"v":188157.78,"d":"188,157.78"}}]
[]
[]
[]
[]
[]
[null,null,"REKAPITULACE ČLENĚNÍ SOUPISU PRACÍ"]
[]
[null,null,"Stavba:"]
[{"$nulls":4},{"$f":"E7","v":"Rekonstrukce hygienických prostor ISŠT, Benešov, Černoleská 1997"}]
[null,null,"Objekt:"]
[{"$nulls":4},{"$f":"E9","v":"04 - 5.NP - č. 514a - Koupelna typ A2"}]
[]
[null,null,"Místo:",null,null,{"$f":"F12","v":"Benešov, Černoleská 1997"},null,null,"Datum:",{"$f":"IF(J12=\"\",\"\",J12)","v":"2025-08-11"}]
[]
[null,null,"Zadavatel:",null,null,{"$f":"E15","v":"Integrovaná střední škola technická"},null,null,"Projektant:",{"$f":"E21","v":"Ing. arch. Ondřej Lovíšek"}]
[null,null,"Účastník:",null,null,{"$f":"IF(E18=\"\",\"\",E18)","v":"OTISTAV s.r.o."},null,null,"Zpracovatel:",{"$f":"E24","v":" "}]
[]
[null,null,"Kód dílu - Popis",{"$nulls":6},"Cena celkem [CZK]"]
[]
[null,null,"Náklady stavby celkem",{"$nulls":6},{"$f":"J98","v":{"v":155502.30000000002,"d":"155,502.30"}},{"$nulls":36},"-1"]
[{"$nulls":3},"HSV - Práce a dodávky HSV",{"$nulls":5},{"$f":"J99","v":{"v":57560.450000000004,"d":"57,560.45"}}]
[{"$nulls":3},"    6 - Úpravy povrchů, podlahy a osazování výplní",{"$nulls":5},{"$f":"J100","v":{"v":34853.15000000001,"d":"34,853.15"}}]
[{"$nulls":3},"    9 - Ostatní konstrukce a práce, bourání",{"$nulls":5},{"$f":"J139","v":{"v":13344.42,"d":"13,344.42"}}]
[{"$nulls":3},"    997 - Přesun sutě",{"$nulls":5},{"$f":"J191","v":{"v":6129.890000000001,"d":"6,129.89"}}]
[{"$nulls":3},"    998 - Přesun hmot",{"$nulls":5},{"$f":"J203","v":{"v":3232.99,"d":"3,232.99"}}]
[{"$nulls":3},"PSV - Práce a dodávky PSV",{"$nulls":5},{"$f":"J206","v":{"v":94881.23000000001,"d":"94,881.23"}}]
[{"$nulls":3},"    721 - Zdravotechnika - vnitřní kanalizace",{"$nulls":5},{"$f":"J207","v":{"v":6328.660000000001,"d":"6,328.66"}}]
[{"$nulls":3},"    722 - Zdravotechnika - vnitřní vodovod",{"$nulls":5},{"$f":"J221","v":{"v":7259.3,"d":"7,259.30"}}]
[{"$nulls":3},"    725 - Zdravotechnika - zařizovací předměty",{"$nulls":5},{"$f":"J237","v":{"v":21093.710000000003,"d":"21,093.71"}}]
[{"$nulls":3},"    741 - Elektroinstalace - silnoproud",{"$nulls":5},{"$f":"J273","v":{"v":4781.040000000001,"d":"4,781.04"}}]
[{"$nulls":3},"    751 - Vzduchotechnika",{"$nulls":5},{"$f":"J326","v":{"v":1391.25,"d":"1,391.25"}}]
[{"$nulls":3},"    766 - Konstrukce truhlářské",{"$nulls":5},{"$f":"J338","v":{"v":7566.69,"d":"7,566.69"}}]
[{"$nulls":3},"    767 - Konstrukce zámečnické",{"$nulls":5},{"$f":"J358","v":{"v":1144.53,"d":"1,144.53"}}]
[{"$nulls":3},"    771 - Podlahy z dlaždic",{"$nulls":5},{"$f":"J371","v":{"v":11856.660000000002,"d":"11,856.66"}}]
[{"$nulls":3},"    781 - Dokončovací práce - obklady",{"$nulls":5},{"$f":"J422","v":{"v":30234.920000000002,"d":"30,234.92"}}]
[{"$nulls":3},"    783 - Dokončovací práce - nátěry",{"$nulls":5},{"$f":"J452","v":{"v":1827.94,"d":"1,827.94"}}]
[{"$nulls":3},"    784 - Dokončovací práce - malby a tapety",{"$nulls":5},{"$f":"J467","v":{"v":1396.53,"d":"1,396.53"}}]
[{"$nulls":3},"VRN - Vedlejší rozpočtové náklady",{"$nulls":5},{"$f":"J485","v":{"v":3060.62,"d":"3,060.62"}}]
[{"$nulls":3},"    VRN4 - Inženýrská činnost",{"$nulls":5},{"$f":"J486","v":{"v":3060.62,"d":"3,060.62"}}]
[]
[]
[]
[]
[]
[]
[null,null,"SOUPIS PRACÍ"]
[]
[null,null,"Stavba:"]
[{"$nulls":4},{"$f":"E7","v":"Rekonstrukce hygienických prostor ISŠT, Benešov, Černoleská 1997"}]
[null,null,"Objekt:"]
[{"$nulls":4},{"$f":"E9","v":"04 - 5.NP - č. 514a - Koupelna typ A2"}]
[]
[null,null,"Místo:",null,null,{"$f":"F12","v":"Benešov, Černoleská 1997"},null,null,"Datum:",{"$f":"IF(J12=\"\",\"\",J12)","v":"2025-08-11"}]
[]
[null,null,"Zadavatel:",null,null,{"$f":"E15","v":"Integrovaná střední škola technická"},null,null,"Projektant:",{"$f":"E21","v":"Ing. arch. Ondřej Lovíšek"}]
[null,null,"Účastník:",null,null,{"$f":"IF(E18=\"\",\"\",E18)","v":"OTISTAV s.r.o."},null,null,"Zpracovatel:",{"$f":"E24","v":" "}]
[]
[null,null,"PČ","Typ","Kód","Popis","MJ","Množství","J.cena [CZK]","Cena celkem [CZK]","Cenová soustava",null,"","DPH","J. Nh [h]","Nh celkem [h]","J. hmotnost [t]","Hmotnost celkem [t]","J. suť [t]","Suť Celkem [t]"]
[null,null,"Náklady soupisu celkem",{"$nulls":6},{"$f":"BK98","v":{"v":155502.30000000002,"d":"155,502.30"}},{"$nulls":5},{"$f":"P99+P206+P485","v":{"v":0,"d":"0.00000"}},null,{"$f":"R99+R206+R485","v":{"v":3.176421305,"d":"3.17642"}},null,{"$f":"T99+T206+T485","v":{"v":2.3252879999999996,"d":"2.32529"}},{"$nulls":25},"D","-1",{"$nulls":15},{"$f":"BK99+BK206+BK485","v":{"v":155502.30000000002,"d":"155,502.30"}}]
[{"$nulls":3},"D","HSV","Práce a dodávky HSV",{"$nulls":3},{"$f":"BK99","v":{"v":57560.450000000004,"d":"57,560.45"}},{"$nulls":5},{"$f":"P100+P139+P191+P203","v":{"v":0,"d":"0.00000"}},null,{"$f":"R100+R139+R191+R203","v":{"v":2.5425717999999997,"d":"2.54257"}},null,{"$f":"T100+T139+T191+T203","v":{"v":2.222418,"d":"2.22242"}},{"$nulls":23},"1",null,"D","0",{"$nulls":3},"ROZPOCET",{"$nulls":11},{"$f":"BK100+BK139+BK191+BK203","v":{"v":57560.450000000004,"d":"57,560.45"}}]
[{"$nulls":3},"D","6","Úpravy povrchů, podlahy a osazování výplní",{"$nulls":3},{"$f":"BK100","v":{"v":34853.15000000001,"d":"34,853.15"}},{"$nulls":5},{"$f":"SUM(P101:P138)","v":{"v":0,"d":"0.00000"}},null,{"$f":"SUM(R101:R138)","v":{"v":2.54217258,"d":"2.54217"}},null,{"$f":"SUM(T101:T138)","v":{"v":0,"d":"0.00000"}},{"$nulls":23},"1",null,"D","1",{"$nulls":3},"ROZPOCET",{"$nulls":11},{"$f":"SUM(BK101:BK138)","v":{"v":34853.15000000001,"d":"34,853.15"}}]
[null,null,"1","K","612135101","Hrubá výplň rýh maltou jakékoli šířky rýhy ve stěnách","m2",{"v":3,"d":"3.000"},{"v":706.3,"d":"706.30"},{"$f":"ROUND(I101*H101,2)","v":{"v":2118.9,"d":"2,118.90"}},"CS ÚRS 2025 01",null,"","základní",null,{"$f":"O101*H101","v":{"v":0,"d":"0.00000"}},{"v":0.056,"d":"0.05600"},{"$f":"Q101*H101","v":{"v":0.168,"d":"0.16800"}},{"v":0,"d":"0.00000"},{"$f":"S101*H101","v":{"v":0,"d":"0.00000"}},{"$nulls":23},"4",null,"K","2",{"$nulls":3},"ROZPOCET",{"$nulls":5},{"$f":"IF(N101=\"základní\",J101,0)","v":{"v":2118.9,"d":"2,118.90"}},{"$f":"IF(N101=\"snížená\",J101,0)","v":{"v":0,"d":"0.00"}},{"$f":"IF(N101=\"zákl. přenesená\",J101,0)","v":{"v":0,"d":"0.00"}},{"$f":"IF(N101=\"sníž. přenesená\",J101,0)","v":{"v":0,"d":"0.00"}},{"$f":"IF(N101=\"nulová\",J101,0)","v":{"v":0,"d":"0.00"}},"1",{"$f":"ROUND(I101*H101,2)","v":{"v":2118.9,"d":"2,118.90"}},"4","-1242534876"]
[{"$nulls":3},"Online PSC",null,"https://podminky.urs.cz/item/CS_URS_2025_01/612135101",{"$nulls":39},"Online PSC","2"]
[{"$nulls":3},"VV","","\"zapravení rýh ve zdivu po rozvodech vody, kanalizace\"",null,"",{"$nulls":37},"VV","2","1","True","0","ROZPOCET"]
[{"$nulls":3},"VV","","10*0,3",null,{"v":3,"d":"3.000"},{"$nulls":37},"VV","2","2","True","1","ROZPOCET"]
[null,null,"2","K","611131121","Podkladní a spojovací vrstva vnitřních omítaných ploch penetrace disperzní nanášená ručně stropů","m2",2.994,55.56,{"$f":"ROUND(I105*H105,2)","v":166.35},"CS ÚRS 2025 01",null,"","základní",null,{"$f":"O105*H105","v":{"v":0,"d":"0.00000"}},0.00026,{"$f":"Q105*H105","v":{"v":0.00077844,"d":"0.00078"}},{"v":0,"d":"0.00000"},{"$f":"S105*H105","v":{"v":0,"d":"0.00000"}},{"$nulls":23},"4",null,"K","2",{"$nulls":3},"ROZPOCET",{"$nulls":5},{"$f":"IF(N105=\"základní\",J105,0)","v":166.35},{"$f":"IF(N105=\"snížená\",J105,0)","v":{"v":0,"d":"0.00"}},{"$f":"IF(N105=\"zákl. přenesená\",J105,0)","v":{"v":0,"d":"0.00"}},{"$f":"IF(N105=\"sníž. přenesená\",J105,0)","v":{"v":0,"d":"0.00"}},{"$f":"IF(N105=\"nulová\",J105,0)","v":{"v":0,"d":"0.00"}},"1",{"$f":"ROUND(I105*H105,2)","v":166.35},"4","-346936540"]
[{"$nulls":3},"Online PSC",null,"https://podminky.urs.cz/item/CS_URS_2025_01/611131121",{"$nulls":39},"Online PSC","2"]
[{"$nulls":3},"VV","","\"WC\"",null,"",{"$nulls":37},"VV","2","1","True","0","ROZPOCET"]
[{"$nulls":3},"VV","","0,82*1,55",null,1.271,{"$nulls":37},"VV","2","2","True","0","ROZPOCET"]
[{"$nulls":3},"VV","","\"koupelna\"",null,"",{"$nulls":37},"VV","2","1","True","0","ROZPOCET"]
[{"$nulls":3},"VV","","1,46*0,55+0,92*1",null,1.723,{"$nulls":37},"VV","2","2","True","0","ROZPOCET"]
[{"$nulls":3},"VV","","Součet",null,2.994,{"$nulls":37},"VV","2","4","True","1","ROZPOCET"]
[null,null,"3","K","611142001","Pletivo vnitřních ploch v ploše nebo pruzích, na plném podkladu sklovláknité vtlačené do tmelu včetně tmelu stropů","m2",2.994,291.94,{"$f":"ROUND(I112*H112,2)","v":874.07},"CS ÚRS 2025 01",null,"","základní",null,{"$f":"O112*H112","v":{"v":0,"d":"0.00000"}},0.00438,{"$f":"Q112*H112","v":{"v":0.013113720000000002,"d":"0.01311"}},{"v":0,"d":"0.00000"},{"$f":"S112*H112","v":{"v":0,"d":"0.00000"}},{"$nulls":23},"4",null,"K","2",{"$nulls":3},"ROZPOCET",{"$nulls":5},{"$f":"IF(N112=\"základní\",J112,0)","v":874.07},{"$f":"IF(N112=\"snížená\",J112,0)","v":{"v":0,"d":"0.00"}},{"$f":"IF(N112=\"zákl. přenesená\",J112,0)","v":{"v":0,"d":"0.00"}},{"$f":"IF(N112=\"sníž. přenesená\",J112,0)","v":{"v":0,"d":"0.00"}},{"$f":"IF(N112=\"nulová\",J112,0)","v":{"v":0,"d":"0.00"}},"1",{"$f":"ROUND(I112*H112,2)","v":874.07},"4","-1360084983"]
[{"$nulls":3},"Online PSC",null,"https://podminky.urs.cz/item/CS_URS_2025_01/611142001",{"$nulls":39},"Online PSC","2"]
[null,null,"4","K","611321141","Omítka vápenocementová vnitřních ploch nanášená ručně dvouvrstvá, tloušťky jádrové omítky do 10 mm a tloušťky štuku do 3 mm štuková vodorovných konstrukcí stropů rovných","m2",2.944,602.71,{"$f":"ROUND(I114*H114,2)","v":{"v":1774.38,"d":"1,774.38"}},"CS ÚRS 2025 01",null,"","základní",null,{"$f":"O114*H114","v":{"v":0,"d":"0.00000"}},0.01838,{"$f":"Q114*H114","v":{"v":0.05411072,"d":"0.05411"}},{"v":0,"d":"0.00000"},{"$f":"S114*H114","v":{"v":0,"d":"0.00000"}},{"$nulls":23},"4",null,"K","2",{"$nulls":3},"ROZPOCET",{"$nulls":5},{"$f":"IF(N114=\"základní\",J114,0)","v":{"v":1774.38,"d":"1,774.38"}},{"$f":"IF(N114=\"snížená\",J114,0)","v":{"v":0,"d":"0.00"}},{"$f":"IF(N114=\"zákl. přenesená\",J114,0)","v":{"v":0,"d":"0.00"}},{"$f":"IF(N114=\"sníž. přenesená\",J114,0)","v":{"v":0,"d":"0.00"}},{"$f":"IF(N114=\"nulová\",J114,0)","v":{"v":0,"d":"0.00"}},"1",{"$f":"ROUND(I114*H114,2)","v":{"v":1774.38,"d":"1,774.38"}},"4","-149324158"]
[{"$nulls":3},"Online PSC",null,"https://podminky.urs.cz/item/CS_URS_2025_01/611321141",{"$nulls":39},"Online PSC","2"]
[null,null,"5","K","612135001","Vyrovnání podkladu vnitřních stěn maltou vápenocementovou tl do 10 mm","m2",24.531,{"v":273.1,"d":"273.10"},{"$f":"ROUND(I116*H116,2)","v":{"v":6699.42,"d":"6,699.42"}},"CS ÚRS 2025 01",null,"","základní",null,{"$f":"O116*H116","v":{"v":0,"d":"0.00000"}},0.02048,{"$f":"Q116*H116","v":{"v":0.50239488,"d":"0.50239"}},{"v":0,"d":"0.00000"},{"$f":"S116*H116","v":{"v":0,"d":"0.00000"}},{"$nulls":23},"4",null,"K","2",{"$nulls":3},"ROZPOCET",{"$nulls":5},{"$f":"IF(N116=\"základní\",J116,0)","v":{"v":6699.42,"d":"6,699.42"}},{"$f":"IF(N116=\"snížená\",J116,0)","v":{"v":0,"d":"0.00"}},{"$f":"IF(N116=\"zákl. přenesená\",J116,0)","v":{"v":0,"d":"0.00"}},{"$f":"IF(N116=\"sníž. přenesená\",J116,0)","v":{"v":0,"d":"0.00"}},{"$f":"IF(N116=\"nulová\",J116,0)","v":{"v":0,"d":"0.00"}},"1",{"$f":"ROUND(I116*H116,2)","v":{"v":6699.42,"d":"6,699.42"}},"4","-80760066"]
[{"$nulls":3},"Online PSC",null,"https://podminky.urs.cz/item/CS_URS_2025_01/612135001",{"$nulls":39},"Online PSC","2"]
[{"$nulls":3},"VV","","\"místy nutné vyrovnání stěn až 5cm, vyrovnání v celé ploše i v místech obkladů\"",null,"",{"$nulls":37},"VV","2","1","True","0","ROZPOCET"]
[{"$nulls":3},"VV","","\"WC\"",null,"",{"$nulls":37},"VV","2","1","True","0","ROZPOCET"]
[{"$nulls":3},"VV","","(0,82*2+1,55*2)*2,54-(0,7*2)",null,{"v":10.64,"d":"10.640"},{"$nulls":37},"VV","2","2","True","0","ROZPOCET"]
[{"$nulls":3},"VV","","\"koupelna\"",null,"",{"$nulls":37},"VV","2","1","True","0","ROZPOCET"]
[{"$nulls":3},"VV","","(1,46*2+1,55*2)*2,54-(0,7*2)",null,13.891,{"$nulls":37},"VV","2","2","True","0","ROZPOCET"]
[{"$nulls":3},"VV","","Součet",null,24.531,{"$nulls":37},"VV","2","4","True","1","ROZPOCET"]
[null,null,"6","K","612135091","Vyrovnání nerovností podkladu vnitřních omítaných ploch Příplatek k ceně za každých dalších 5 mm tloušťky podkladní vrstvy přes 10 mm maltou vápenocementovou stěn","m2",196.248,55.56,{"$f":"ROUND(I124*H124,2)","v":{"v":10903.54,"d":"10,903.54"}},"CS ÚRS 2025 01",null,"","základní",null,{"$f":"O124*H124","v":{"v":0,"d":"0.00000"}},{"v":0.0079,"d":"0.00790"},{"$f":"Q124*H124","v":{"v":1.5503592000000002,"d":"1.55036"}},{"v":0,"d":"0.00000"},{"$f":"S124*H124","v":{"v":0,"d":"0.00000"}},{"$nulls":23},"4",null,"K","2",{"$nulls":3},"ROZPOCET",{"$nulls":5},{"$f":"IF(N124=\"základní\",J124,0)","v":{"v":10903.54,"d":"10,903.54"}},{"$f":"IF(N124=\"snížená\",J124,0)","v":{"v":0,"d":"0.00"}},{"$f":"IF(N124=\"zákl. přenesená\",J124,0)","v":{"v":0,"d":"0.00"}},{"$f":"IF(N124=\"sníž. přenesená\",J124,0)","v":{"v":0,"d":"0.00"}},{"$f":"IF(N124=\"nulová\",J124,0)","v":{"v":0,"d":"0.00"}},"1",{"$f":"ROUND(I124*H124,2)","v":{"v":10903.54,"d":"10,903.54"}},"4","351683337"]
[{"$nulls":3},"Online PSC",null,"https://podminky.urs.cz/item/CS_URS_2025_01/612135091",{"$nulls":39},"Online PSC","2"]
[{"$nulls":3},"VV","","24,531*8",null,196.248,{"$nulls":37},"VV","2","2","True","1","ROZPOCET"]
[null,null,"7","K","612142001","Pletivo vnitřních ploch v ploše nebo pruzích, na plném podkladu sklovláknité vtlačené do tmelu včetně tmelu stěn","m2",24.531,291.94,{"$f":"ROUND(I127*H127,2)","v":{"v":7161.58,"d":"7,161.58"}},"CS ÚRS 2025 01",null,"","základní",null,{"$f":"O127*H127","v":{"v":0,"d":"0.00000"}},0.00438,{"$f":"Q127*H127","v":{"v":0.10744578,"d":"0.10745"}},{"v":0,"d":"0.00000"},{"$f":"S127*H127","v":{"v":0,"d":"0.00000"}},{"$nulls":23},"4",null,"K","2",{"$nulls":3},"ROZPOCET",{"$nulls":5},{"$f":"IF(N127=\"základní\",J127,0)","v":{"v":7161.58,"d":"7,161.58"}},{"$f":"IF(N127=\"snížená\",J127,0)","v":{"v":0,"d":"0.00"}},{"$f":"IF(N127=\"zákl. přenesená\",J127,0)","v":{"v":0,"d":"0.00"}},{"$f":"IF(N127=\"sníž. přenesená\",J127,0)","v":{"v":0,"d":"0.00"}},{"$f":"IF(N127=\"nulová\",J127,0)","v":{"v":0,"d":"0.00"}},"1",{"$f":"ROUND(I127*H127,2)","v":{"v":7161.58,"d":"7,161.58"}},"4","-1900061653"]
[{"$nulls":3},"Online PSC",null,"https://podminky.urs.cz/item/CS_URS_2025_01/612142001",{"$nulls":39},"Online PSC","2"]
[null,null,"8","K","612131121","Podkladní a spojovací vrstva vnitřních omítaných ploch penetrace disperzní nanášená ručně stěn","m2",7.831,55.56,{"$f":"ROUND(I129*H129,2)","v":435.09},"CS ÚRS 2025 01",null,"","základní",null,{"$f":"O129*H129","v":{"v":0,"d":"0.00000"}},0.00026,{"$f":"Q129*H129","v":{"v":0.00203606,"d":"0.00204"}},{"v":0,"d":"0.00000"},{"$f":"S129*H129","v":{"v":0,"d":"0.00000"}},{"$nulls":23},"4",null,"K","2",{"$nulls":3},"ROZPOCET",{"$nulls":5},{"$f":"IF(N129=\"základní\",J129,0)","v":435.09},{"$f":"IF(N129=\"snížená\",J129,0)","v":{"v":0,"d":"0.00"}},{"$f":"IF(N129=\"zákl. přenesená\",J129,0)","v":{"v":0,"d":"0.00"}},{"$f":"IF(N129=\"sníž. přenesená\",J129,0)","v":{"v":0,"d":"0.00"}},{"$f":"IF(N129=\"nulová\",J129,0)","v":{"v":0,"d":"0.00"}},"1",{"$f":"ROUND(I129*H129,2)","v":435.09},"4","2136395647"]
[{"$nulls":3},"Online PSC",null,"https://podminky.urs.cz/item/CS_URS_2025_01/612131121",{"$nulls":39},"Online PSC","2"]
[{"$nulls":3},"VV","","\"mimo obklad\"",null,"",{"$nulls":37},"VV","2","1","True","0","ROZPOCET"]
[{"$nulls":3},"VV","","\"WC\"",null,"",{"$nulls":37},"VV","2","1","True","0","ROZPOCET"]
[{"$nulls":3},"VV","","(0,82*2+1,55*2)*(2,54-1,5)-(0,7*(2-1,5))",null,{"v":4.58,"d":"4.580"},{"$nulls":37},"VV","2","2","True","0","ROZPOCET"]
[{"$nulls":3},"VV","","\"koupelna\"",null,"",{"$nulls":37},"VV","2","1","True","0","ROZPOCET"]
[{"$nulls":3},"VV","","(1,46*2+1,55*2)*(2,54-2)",null,3.251,{"$nulls":37},"VV","2","2","True","0","ROZPOCET"]
[{"$nulls":3},"VV","","Součet",null,7.831,{"$nulls":37},"VV","2","4","True","1","ROZPOCET"]
[null,null,"9","K","612321141","Omítka vápenocementová vnitřních ploch nanášená ručně dvouvrstvá, tloušťky jádrové omítky do 10 mm a tloušťky štuku do 3 mm štuková svislých konstrukcí stěn","m2",7.831,602.71,{"$f":"ROUND(I137*H137,2)","v":{"v":4719.82,"d":"4,719.82"}},"CS ÚRS 2025 01",null,"","základní",null,{"$f":"O137*H137","v":{"v":0,"d":"0.00000"}},0.01838,{"$f":"Q137*H137","v":{"v":0.14393378,"d":"0.14393"}},{"v":0,"d":"0.00000"},{"$f":"S137*H137","v":{"v":0,"d":"0.00000"}},{"$nulls":23},"4",null,"K","2",{"$nulls":3},"ROZPOCET",{"$nulls":5},{"$f":"IF(N137=\"základní\",J137,0)","v":{"v":4719.82,"d":"4,719.82"}},{"$f":"IF(N137=\"snížená\",J137,0)","v":{"v":0,"d":"0.00"}},{"$f":"IF(N137=\"zákl. přenesená\",J137,0)","v":{"v":0,"d":"0.00"}},{"$f":"IF(N137=\"sníž. přenesená\",J137,0)","v":{"v":0,"d":"0.00"}},{"$f":"IF(N137=\"nulová\",J137,0)","v":{"v":0,"d":"0.00"}},"1",{"$f":"ROUND(I137*H137,2)","v":{"v":4719.82,"d":"4,719.82"}},"4","-338269980"]
[{"$nulls":3},"Online PSC",null,"https://podminky.urs.cz/item/CS_URS_2025_01/612321141",{"$nulls":39},"Online PSC","2"]
[{"$nulls":3},"D","9","Ostatní konstrukce a práce, bourání",{"$nulls":3},{"$f":"BK139","v":{"v":13344.42,"d":"13,344.42"}},{"$nulls":5},{"$f":"SUM(P140:P190)","v":{"v":0,"d":"0.00000"}},null,{"$f":"SUM(R140:R190)","v":{"v":3.9922000000000004E-4,"d":"0.00040"}},null,{"$f":"SUM(T140:T190)","v":{"v":2.222418,"d":"2.22242"}},{"$nulls":23},"1",null,"D","1",{"$nulls":3},"ROZPOCET",{"$nulls":11},{"$f":"SUM(BK140:BK190)","v":{"v":13344.42,"d":"13,344.42"}}]
[null,null,"10","K","949101111","Lešení pomocné pracovní pro objekty pozemních staveb pro zatížení do 150 kg/m2, o výšce lešeňové podlahy do 1,9 m","m2",2.994,46.14,{"$f":"ROUND(I140*H140,2)","v":138.14},"CS ÚRS 2025 01",null,"","základní",null,{"$f":"O140*H140","v":{"v":0,"d":"0.00000"}},0.00013,{"$f":"Q140*H140","v":{"v":0.00038922,"d":"0.00039"}},{"v":0,"d":"0.00000"},{"$f":"S140*H140","v":{"v":0,"d":"0.00000"}},{"$nulls":23},"4",null,"K","2",{"$nulls":3},"ROZPOCET",{"$nulls":5},{"$f":"IF(N140=\"základní\",J140,0)","v":138.14},{"$f":"IF(N140=\"snížená\",J140,0)","v":{"v":0,"d":"0.00"}},{"$f":"IF(N140=\"zákl. přenesená\",J140,0)","v":{"v":0,"d":"0.00"}},{"$f":"IF(N140=\"sníž. přenesená\",J140,0)","v":{"v":0,"d":"0.00"}},{"$f":"IF(N140=\"nulová\",J140,0)","v":{"v":0,"d":"0.00"}},"1",{"$f":"ROUND(I140*H140,2)","v":138.14},"4","1793863383"]
[{"$nulls":3},"Online PSC",null,"https://podminky.urs.cz/item/CS_URS_2025_01/949101111",{"$nulls":39},"Online PSC","2"]
[{"$nulls":3},"VV","","\"WC\"",null,"",{"$nulls":37},"VV","2","1","True","0","ROZPOCET"]
[{"$nulls":3},"VV","","0,82*1,55",null,1.271,{"$nulls":37},"VV","2","2","True","0","ROZPOCET"]
[{"$nulls":3},"VV","","\"koupelna\"",null,"",{"$nulls":37},"VV","2","1","True","0","ROZPOCET"]
[{"$nulls":3},"VV","","1,46*0,55+0,92*1",null,1.723,{"$nulls":37},"VV","2","2","True","0","ROZPOCET"]
[{"$nulls":3},"VV","","Součet",null,2.994,{"$nulls":37},"VV","2","4","True","1","ROZPOCET"]
[null,null,"11","K","978059541","Odsekání obkladů stěn včetně otlučení podkladní omítky až na zdivo z obkládaček vnitřních, z jakýchkoliv materiálů, plochy přes 1 m2","m2",{"v":16.7,"d":"16.700"},226.01,{"$f":"ROUND(I147*H147,2)","v":{"v":3774.37,"d":"3,774.37"}},"CS ÚRS 2025 01",null,"","základní",null,{"$f":"O147*H147","v":{"v":0,"d":"0.00000"}},{"v":0,"d":"0.00000"},{"$f":"Q147*H147","v":{"v":0,"d":"0.00000"}},{"v":0.068,"d":"0.06800"},{"$f":"S147*H147","v":{"v":1.1356,"d":"1.13560"}},{"$nulls":23},"4",null,"K","2",{"$nulls":3},"ROZPOCET",{"$nulls":5},{"$f":"IF(N147=\"základní\",J147,0)","v":{"v":3774.37,"d":"3,774.37"}},{"$f":"IF(N147=\"snížená\",J147,0)","v":{"v":0,"d":"0.00"}},{"$f":"IF(N147=\"zákl. přenesená\",J147,0)","v":{"v":0,"d":"0.00"}},{"$f":"IF(N147=\"sníž. přenesená\",J147,0)","v":{"v":0,"d":"0.00"}},{"$f":"IF(N147=\"nulová\",J147,0)","v":{"v":0,"d":"0.00"}},"1",{"$f":"ROUND(I147*H147,2)","v":{"v":3774.37,"d":"3,774.37"}},"4","1455582169"]
[{"$nulls":3},"Online PSC",null,"https://podminky.urs.cz/item/CS_URS_2025_01/978059541",{"$nulls":39},"Online PSC","2"]
[{"$nulls":3},"VV","","\"WC\"",null,"",{"$nulls":37},"VV","2","1","True","0","ROZPOCET"]
[{"$nulls":3},"VV","","(0,82*2+1,55*2)*1,5-(0,7*1,5)",null,{"v":6.06,"d":"6.060"},{"$nulls":37},"VV","2","2","True","0","ROZPOCET"]
[{"$nulls":3},"VV","","\"koupelna\"",null,"",{"$nulls":37},"VV","2","1","True","0","ROZPOCET"]
[{"$nulls":3},"VV","","(1,46*2+1,55*2)*2-(0,7*2)",null,{"v":10.64,"d":"10.640"},{"$nulls":37},"VV","2","2","True","0","ROZPOCET"]
[{"$nulls":3},"VV","","Součet",null,{"v":16.7,"d":"16.700"},{"$nulls":37},"VV","2","4","True","1","ROZPOCET"]
[null,null,"12","K","978013191","Otlučení vápenných nebo vápenocementových omítek vnitřních ploch stěn s vyškrabáním spar, s očištěním zdiva, v rozsahu přes 50 do 100 %","m2",7.831,226.01,{"$f":"ROUND(I154*H154,2)","v":{"v":1769.88,"d":"1,769.88"}},"CS ÚRS 2025 01",null,"","základní",null,{"$f":"O154*H154","v":{"v":0,"d":"0.00000"}},{"v":0,"d":"0.00000"},{"$f":"Q154*H154","v":{"v":0,"d":"0.00000"}},{"v":0.046,"d":"0.04600"},{"$f":"S154*H154","v":{"v":0.360226,"d":"0.36023"}},{"$nulls":23},"4",null,"K","2",{"$nulls":3},"ROZPOCET",{"$nulls":5},{"$f":"IF(N154=\"základní\",J154,0)","v":{"v":1769.88,"d":"1,769.88"}},{"$f":"IF(N154=\"snížená\",J154,0)","v":{"v":0,"d":"0.00"}},{"$f":"IF(N154=\"zákl. přenesená\",J154,0)","v":{"v":0,"d":"0.00"}},{"$f":"IF(N154=\"sníž. přenesená\",J154,0)","v":{"v":0,"d":"0.00"}},{"$f":"IF(N154=\"nulová\",J154,0)","v":{"v":0,"d":"0.00"}},"1",{"$f":"ROUND(I154*H154,2)","v":{"v":1769.88,"d":"1,769.88"}},"4","615735065"]
[{"$nulls":3},"Online PSC",null,"https://podminky.urs.cz/item/CS_URS_2025_01/978013191",{"$nulls":39},"Online PSC","2"]
[{"$nulls":3},"VV","","\"WC\"",null,"",{"$nulls":37},"VV","2","1","True","0","ROZPOCET"]
[{"$nulls":3},"VV","","(0,82*2+1,55*2)*(2,54-1,5)-(0,7*(2-1,5))",null,{"v":4.58,"d":"4.580"},{"$nulls":37},"VV","2","2","True","0","ROZPOCET"]
[{"$nulls":3},"VV","","\"koupelna\"",null,"",{"$nulls":37},"VV","2","1","True","0","ROZPOCET"]
[{"$nulls":3},"VV","","(1,46*2+1,55*2)*(2,54-2)",null,3.251,{"$nulls":37},"VV","2","2","True","0","ROZPOCET"]
[{"$nulls":3},"VV","","Součet",null,7.831,{"$nulls":37},"VV","2","4","True","1","ROZPOCET"]
[null,null,"13","K","978011191","Otlučení vápenných nebo vápenocementových omítek vnitřních ploch stropů, v rozsahu přes 50 do 100 %","m2",2.994,226.01,{"$f":"ROUND(I161*H161,2)","v":676.67},"CS ÚRS 2025 01",null,"","základní",null,{"$f":"O161*H161","v":{"v":0,"d":"0.00000"}},{"v":0,"d":"0.00000"},{"$f":"Q161*H161","v":{"v":0,"d":"0.00000"}},{"v":0.05,"d":"0.05000"},{"$f":"S161*H161","v":{"v":0.14970000000000003,"d":"0.14970"}},{"$nulls":23},"4",null,"K","2",{"$nulls":3},"ROZPOCET",{"$nulls":5},{"$f":"IF(N161=\"základní\",J161,0)","v":676.67},{"$f":"IF(N161=\"snížená\",J161,0)","v":{"v":0,"d":"0.00"}},{"$f":"IF(N161=\"zákl. přenesená\",J161,0)","v":{"v":0,"d":"0.00"}},{"$f":"IF(N161=\"sníž. přenesená\",J161,0)","v":{"v":0,"d":"0.00"}},{"$f":"IF(N161=\"nulová\",J161,0)","v":{"v":0,"d":"0.00"}},"1",{"$f":"ROUND(I161*H161,2)","v":676.67},"4","376840278"]
[{"$nulls":3},"Online PSC",null,"https://podminky.urs.cz/item/CS_URS_2025_01/978011191",{"$nulls":39},"Online PSC","2"]
[{"$nulls":3},"VV","","\"WC\"",null,"",{"$nulls":37},"VV","2","1","True","0","ROZPOCET"]
[{"$nulls":3},"VV","","0,82*1,55",null,1.271,{"$nulls":37},"VV","2","2","True","0","ROZPOCET"]
[{"$nulls":3},"VV","","\"koupelna\"",null,"",{"$nulls":37},"VV","2","1","True","0","ROZPOCET"]
[{"$nulls":3},"VV","","1,46*0,55+0,92*1",null,1.723,{"$nulls":37},"VV","2","2","True","0","ROZPOCET"]
[{"$nulls":3},"VV","","Součet",null,2.994,{"$nulls":37},"VV","2","4","True","1","ROZPOCET"]
[null,null,"14","K","962031133","Bourání příček nebo přizdívek z cihel pálených plných nebo dutých, tl. přes 100 do 150 mm","m2",0.276,226.01,{"$f":"ROUND(I168*H168,2)","v":62.38},"CS ÚRS 2025 01",null,"","základní",null,{"$f":"O168*H168","v":{"v":0,"d":"0.00000"}},{"v":0,"d":"0.00000"},{"$f":"Q168*H168","v":{"v":0,"d":"0.00000"}},{"v":0.261,"d":"0.26100"},{"$f":"S168*H168","v":{"v":0.072036,"d":"0.07204"}},{"$nulls":23},"4",null,"K","2",{"$nulls":3},"ROZPOCET",{"$nulls":5},{"$f":"IF(N168=\"základní\",J168,0)","v":62.38},{"$f":"IF(N168=\"snížená\",J168,0)","v":{"v":0,"d":"0.00"}},{"$f":"IF(N168=\"zákl. přenesená\",J168,0)","v":{"v":0,"d":"0.00"}},{"$f":"IF(N168=\"sníž. přenesená\",J168,0)","v":{"v":0,"d":"0.00"}},{"$f":"IF(N168=\"nulová\",J168,0)","v":{"v":0,"d":"0.00"}},"1",{"$f":"ROUND(I168*H168,2)","v":62.38},"4","-1356082875"]
[{"$nulls":3},"Online PSC",null,"https://podminky.urs.cz/item/CS_URS_2025_01/962031133",{"$nulls":39},"Online PSC","2"]
[{"$nulls":3},"VV","","\"koupelna zděná vanička\"",null,"",{"$nulls":37},"VV","2","1","True","0","ROZPOCET"]
[{"$nulls":3},"VV","","0,92*0,3",null,0.276,{"$nulls":37},"VV","2","2","True","1","ROZPOCET"]
[null,null,"15","K","965042221","Bourání mazanin betonových nebo z litého asfaltu tl. přes 100 mm, plochy do 1 m2","m3",0.083,{"v":4237.78,"d":"4,237.78"},{"$f":"ROUND(I172*H172,2)","v":351.74},"CS ÚRS 2025 01",null,"","základní",null,{"$f":"O172*H172","v":{"v":0,"d":"0.00000"}},{"v":0,"d":"0.00000"},{"$f":"Q172*H172","v":{"v":0,"d":"0.00000"}},{"v":2.2,"d":"2.20000"},{"$f":"S172*H172","v":{"v":0.1826,"d":"0.18260"}},{"$nulls":23},"4",null,"K","2",{"$nulls":3},"ROZPOCET",{"$nulls":5},{"$f":"IF(N172=\"základní\",J172,0)","v":351.74},{"$f":"IF(N172=\"snížená\",J172,0)","v":{"v":0,"d":"0.00"}},{"$f":"IF(N172=\"zákl. přenesená\",J172,0)","v":{"v":0,"d":"0.00"}},{"$f":"IF(N172=\"sníž. přenesená\",J172,0)","v":{"v":0,"d":"0.00"}},{"$f":"IF(N172=\"nulová\",J172,0)","v":{"v":0,"d":"0.00"}},"1",{"$f":"ROUND(I172*H172,2)","v":351.74},"4","1235498339"]
[{"$nulls":3},"Online PSC",null,"https://podminky.urs.cz/item/CS_URS_2025_01/965042221",{"$nulls":39},"Online PSC","2"]
[{"$nulls":3},"VV","","\"koupelna - zděna vanička\"",null,"",{"$nulls":37},"VV","2","1","True","0","ROZPOCET"]
[{"$nulls":3},"VV","","0,92*0,6*0,15",null,0.083,{"$nulls":37},"VV","2","2","True","1","ROZPOCET"]
[null,null,"16","K","965081223","Bourání podlah z dlaždic bez podkladního lože nebo mazaniny, s jakoukoliv výplní spár keramických nebo xylolitových tl. přes 10 mm plochy přes 1 m2","m2",3.408,226.01,{"$f":"ROUND(I176*H176,2)","v":770.24},"CS ÚRS 2025 01",null,"","základní",null,{"$f":"O176*H176","v":{"v":0,"d":"0.00000"}},{"v":0,"d":"0.00000"},{"$f":"Q176*H176","v":{"v":0,"d":"0.00000"}},{"v":0.057,"d":"0.05700"},{"$f":"S176*H176","v":{"v":0.194256,"d":"0.19426"}},{"$nulls":23},"4",null,"K","2",{"$nulls":3},"ROZPOCET",{"$nulls":5},{"$f":"IF(N176=\"základní\",J176,0)","v":770.24},{"$f":"IF(N176=\"snížená\",J176,0)","v":{"v":0,"d":"0.00"}},{"$f":"IF(N176=\"zákl. přenesená\",J176,0)","v":{"v":0,"d":"0.00"}},{"$f":"IF(N176=\"sníž. přenesená\",J176,0)","v":{"v":0,"d":"0.00"}},{"$f":"IF(N176=\"nulová\",J176,0)","v":{"v":0,"d":"0.00"}},"1",{"$f":"ROUND(I176*H176,2)","v":770.24},"4","1812029727"]
[{"$nulls":3},"Online PSC",null,"https://podminky.urs.cz/item/CS_URS_2025_01/965081223",{"$nulls":39},"Online PSC","2"]
[{"$nulls":3},"VV","","\"WC\"",null,"",{"$nulls":37},"VV","2","1","True","0","ROZPOCET"]
[{"$nulls":3},"VV","","0,82*1,55",null,1.271,{"$nulls":37},"VV","2","2","True","0","ROZPOCET"]
[{"$nulls":3},"VV","","\"koupelna\"",null,"",{"$nulls":37},"VV","2","1","True","0","ROZPOCET"]
[{"$nulls":3},"VV","","1,46*0,55+0,92*1+0,92*0,15+0,92*0,3",null,2.137,{"$nulls":37},"VV","2","2","True","0","ROZPOCET"]
[{"$nulls":3},"VV","","Součet",null,3.408,{"$nulls":37},"VV","2","4","True","1","ROZPOCET"]
[null,null,"17","K","96904111R","Vybourání vnitřního plastového potrubí do DN 200 včetně vysekání drážky","m",{"v":12,"d":"12.000"},226.01,{"$f":"ROUND(I183*H183,2)","v":{"v":2712.12,"d":"2,712.12"}},"vlastní",null,"","základní",null,{"$f":"O183*H183","v":{"v":0,"d":"0.00000"}},{"v":0,"d":"0.00000"},{"$f":"Q183*H183","v":{"v":0,"d":"0.00000"}},{"v":0.0065,"d":"0.00650"},{"$f":"S183*H183","v":{"v":0.078,"d":"0.07800"}},{"$nulls":23},"4",null,"K","2",{"$nulls":3},"ROZPOCET",{"$nulls":5},{"$f":"IF(N183=\"základní\",J183,0)","v":{"v":2712.12,"d":"2,712.12"}},{"$f":"IF(N183=\"snížená\",J183,0)","v":{"v":0,"d":"0.00"}},{"$f":"IF(N183=\"zákl. přenesená\",J183,0)","v":{"v":0,"d":"0.00"}},{"$f":"IF(N183=\"sníž. přenesená\",J183,0)","v":{"v":0,"d":"0.00"}},{"$f":"IF(N183=\"nulová\",J183,0)","v":{"v":0,"d":"0.00"}},"1",{"$f":"ROUND(I183*H183,2)","v":{"v":2712.12,"d":"2,712.12"}},"4","-433937087"]
[{"$nulls":3},"VV","","\"odpadní potrubí, vodovod ve zdivu a v podlaze\"",null,"",{"$nulls":37},"VV","2","1","True","0","ROZPOCET"]
[{"$nulls":3},"VV","","12",null,{"v":12,"d":"12.000"},{"$nulls":37},"VV","2","2","True","1","ROZPOCET"]
[null,null,"18","K","971033331","Vybourání otvorů ve zdivu základovém nebo nadzákladovém z cihel, tvárnic, příčkovek z cihel pálených na maltu vápennou nebo vápenocementovou plochy do 0,09 m2, tl. do 150 mm","kus",{"v":2,"d":"2.000"},84.76,{"$f":"ROUND(I186*H186,2)","v":169.52},"CS ÚRS 2025 01",null,"","základní",null,{"$f":"O186*H186","v":{"v":0,"d":"0.00000"}},{"v":0,"d":"0.00000"},{"$f":"Q186*H186","v":{"v":0,"d":"0.00000"}},{"v":0.025,"d":"0.02500"},{"$f":"S186*H186","v":{"v":0.05,"d":"0.05000"}},{"$nulls":23},"16",null,"K","2",{"$nulls":3},"ROZPOCET",{"$nulls":5},{"$f":"IF(N186=\"základní\",J186,0)","v":169.52},{"$f":"IF(N186=\"snížená\",J186,0)","v":{"v":0,"d":"0.00"}},{"$f":"IF(N186=\"zákl. přenesená\",J186,0)","v":{"v":0,"d":"0.00"}},{"$f":"IF(N186=\"sníž. přenesená\",J186,0)","v":{"v":0,"d":"0.00"}},{"$f":"IF(N186=\"nulová\",J186,0)","v":{"v":0,"d":"0.00"}},"1",{"$f":"ROUND(I186*H186,2)","v":169.52},"16","958251055"]
[{"$nulls":3},"Online PSC",null,"https://podminky.urs.cz/item/CS_URS_2025_01/971033331",{"$nulls":39},"Online PSC","2"]
[{"$nulls":3},"VV","","\"otvor do stoupací šachty\"",null,"",{"$nulls":37},"VV","2","1","True","0","ROZPOCET"]
[{"$nulls":3},"VV","","2",null,{"v":2,"d":"2.000"},{"$nulls":37},"VV","2","2","True","1","ROZPOCET"]
[null,null,"19","K","95290110R","Čištění budov - závěrečný úklid, umytí obkladů, zařizovacích předmětů, dveří, zametení a vytření podlahy, a další potřebné práce","kpl",{"v":1,"d":"1.000"},{"v":2919.36,"d":"2,919.36"},{"$f":"ROUND(I190*H190,2)","v":{"v":2919.36,"d":"2,919.36"}},"vlastní",null,"","základní",null,{"$f":"O190*H190","v":{"v":0,"d":"0.00000"}},{"v":1e-05,"d":"0.00001"},{"$f":"Q190*H190","v":{"v":1e-05,"d":"0.00001"}},{"v":0,"d":"0.00000"},{"$f":"S190*H190","v":{"v":0,"d":"0.00000"}},{"$nulls":23},"4",null,"K","2",{"$nulls":3},"ROZPOCET",{"$nulls":5},{"$f":"IF(N190=\"základní\",J190,0)","v":{"v":2919.36,"d":"2,919.36"}},{"$f":"IF(N190=\"snížená\",J190,0)","v":{"v":0,"d":"0.00"}},{"$f":"IF(N190=\"zákl. přenesená\",J190,0)","v":{"v":0,"d":"0.00"}},{"$f":"IF(N190=\"sníž. přenesená\",J190,0)","v":{"v":0,"d":"0.00"}},{"$f":"IF(N190=\"nulová\",J190,0)","v":{"v":0,"d":"0.00"}},"1",{"$f":"ROUND(I190*H190,2)","v":{"v":2919.36,"d":"2,919.36"}},"4","-1297926385"]
[{"$nulls":3},"D","997","Přesun sutě",{"$nulls":3},{"$f":"BK191","v":{"v":6129.890000000001,"d":"6,129.89"}},{"$nulls":5},{"$f":"SUM(P192:P202)","v":{"v":0,"d":"0.00000"}},null,{"$f":"SUM(R192:R202)","v":{"v":0,"d":"0.00000"}},null,{"$f":"SUM(T192:T202)","v":{"v":0,"d":"0.00000"}},{"$nulls":23},"1",null,"D","1",{"$nulls":3},"ROZPOCET",{"$nulls":11},{"$f":"SUM(BK192:BK202)","v":{"v":6129.890000000001,"d":"6,129.89"}}]
[null,null,"20","K","997013117","Vnitrostaveništní doprava suti a vybouraných hmot vodorovně do 50 m s naložením základní pro budovy a haly výšky přes 21 do 24 m","t",2.325,{"v":1271.33,"d":"1,271.33"},{"$f":"ROUND(I192*H192,2)","v":{"v":2955.84,"d":"2,955.84"}},"CS ÚRS 2025 01",null,"","základní",null,{"$f":"O192*H192","v":{"v":0,"d":"0.00000"}},{"v":0,"d":"0.00000"},{"$f":"Q192*H192","v":{"v":0,"d":"0.00000"}},{"v":0,"d":"0.00000"},{"$f":"S192*H192","v":{"v":0,"d":"0.00000"}},{"$nulls":23},"4",null,"K","2",{"$nulls":3},"ROZPOCET",{"$nulls":5},{"$f":"IF(N192=\"základní\",J192,0)","v":{"v":2955.84,"d":"2,955.84"}},{"$f":"IF(N192=\"snížená\",J192,0)","v":{"v":0,"d":"0.00"}},{"$f":"IF(N192=\"zákl. přenesená\",J192,0)","v":{"v":0,"d":"0.00"}},{"$f":"IF(N192=\"sníž. přenesená\",J192,0)","v":{"v":0,"d":"0.00"}},{"$f":"IF(N192=\"nulová\",J192,0)","v":{"v":0,"d":"0.00"}},"1",{"$f":"ROUND(I192*H192,2)","v":{"v":2955.84,"d":"2,955.84"}},"4","1992079148"]
[{"$nulls":3},"Online PSC",null,"https://podminky.urs.cz/item/CS_URS_2025_01/997013117",{"$nulls":39},"Online PSC","2"]
[null,null,"21","K","997013501","Odvoz suti a vybouraných hmot na skládku nebo meziskládku se složením, na vzdálenost do 1 km","t",2.325,452.03,{"$f":"ROUND(I194*H194,2)","v":{"v":1050.97,"d":"1,050.97"}},"CS ÚRS 2025 01",null,"","základní",null,{"$f":"O194*H194","v":{"v":0,"d":"0.00000"}},{"v":0,"d":"0.00000"},{"$f":"Q194*H194","v":{"v":0,"d":"0.00000"}},{"v":0,"d":"0.00000"},{"$f":"S194*H194","v":{"v":0,"d":"0.00000"}},{"$nulls":23},"4",null,"K","2",{"$nulls":3},"ROZPOCET",{"$nulls":5},{"$f":"IF(N194=\"základní\",J194,0)","v":{"v":1050.97,"d":"1,050.97"}},{"$f":"IF(N194=\"snížená\",J194,0)","v":{"v":0,"d":"0.00"}},{"$f":"IF(N194=\"zákl. přenesená\",J194,0)","v":{"v":0,"d":"0.00"}},{"$f":"IF(N194=\"sníž. přenesená\",J194,0)","v":{"v":0,"d":"0.00"}},{"$f":"IF(N194=\"nulová\",J194,0)","v":{"v":0,"d":"0.00"}},"1",{"$f":"ROUND(I194*H194,2)","v":{"v":1050.97,"d":"1,050.97"}},"4","767975410"]
[{"$nulls":3},"Online PSC",null,"https://podminky.urs.cz/item/CS_URS_2025_01/997013501",{"$nulls":39},"Online PSC","2"]
[null,null,"22","K","997013509","Odvoz suti a vybouraných hmot na skládku nebo meziskládku se složením, na vzdálenost Příplatek k ceně za každý další započatý 1 km přes 1 km","t",20.925,12.52,{"$f":"ROUND(I196*H196,2)","v":261.98},"CS ÚRS 2025 01",null,"","základní",null,{"$f":"O196*H196","v":{"v":0,"d":"0.00000"}},{"v":0,"d":"0.00000"},{"$f":"Q196*H196","v":{"v":0,"d":"0.00000"}},{"v":0,"d":"0.00000"},{"$f":"S196*H196","v":{"v":0,"d":"0.00000"}},{"$nulls":23},"4",null,"K","2",{"$nulls":3},"ROZPOCET",{"$nulls":5},{"$f":"IF(N196=\"základní\",J196,0)","v":261.98},{"$f":"IF(N196=\"snížená\",J196,0)","v":{"v":0,"d":"0.00"}},{"$f":"IF(N196=\"zákl. přenesená\",J196,0)","v":{"v":0,"d":"0.00"}},{"$f":"IF(N196=\"sníž. přenesená\",J196,0)","v":{"v":0,"d":"0.00"}},{"$f":"IF(N196=\"nulová\",J196,0)","v":{"v":0,"d":"0.00"}},"1",{"$f":"ROUND(I196*H196,2)","v":261.98},"4","-1657303445"]
[{"$nulls":3},"Online PSC",null,"https://podminky.urs.cz/item/CS_URS_2025_01/997013509",{"$nulls":39},"Online PSC","2"]
[{"$nulls":3},"VV","","2,325*9",null,20.925,{"$nulls":37},"VV","2","2","True","1","ROZPOCET"]
[null,null,"23","K","997013609","Poplatek za uložení stavebního odpadu na skládce (skládkovné) ze směsí nebo oddělených frakcí betonu, cihel a keramických výrobků zatříděného do Katalogu odpadů pod kódem 17 01 07","t",2.144,800.47,{"$f":"ROUND(I199*H199,2)","v":{"v":1716.21,"d":"1,716.21"}},"CS ÚRS 2025 01",null,"","základní",null,{"$f":"O199*H199","v":{"v":0,"d":"0.00000"}},{"v":0,"d":"0.00000"},{"$f":"Q199*H199","v":{"v":0,"d":"0.00000"}},{"v":0,"d":"0.00000"},{"$f":"S199*H199","v":{"v":0,"d":"0.00000"}},{"$nulls":23},"4",null,"K","2",{"$nulls":3},"ROZPOCET",{"$nulls":5},{"$f":"IF(N199=\"základní\",J199,0)","v":{"v":1716.21,"d":"1,716.21"}},{"$f":"IF(N199=\"snížená\",J199,0)","v":{"v":0,"d":"0.00"}},{"$f":"IF(N199=\"zákl. přenesená\",J199,0)","v":{"v":0,"d":"0.00"}},{"$f":"IF(N199=\"sníž. přenesená\",J199,0)","v":{"v":0,"d":"0.00"}},{"$f":"IF(N199=\"nulová\",J199,0)","v":{"v":0,"d":"0.00"}},"1",{"$f":"ROUND(I199*H199,2)","v":{"v":1716.21,"d":"1,716.21"}},"4","48170418"]
[{"$nulls":3},"Online PSC",null,"https://podminky.urs.cz/item/CS_URS_2025_01/997013609",{"$nulls":39},"Online PSC","2"]
[null,null,"24","K","997013631","Poplatek za uložení stavebního odpadu na skládce (skládkovné) směsného stavebního a demoličního zatříděného do Katalogu odpadů pod kódem 17 09 04","t",0.181,800.47,{"$f":"ROUND(I201*H201,2)","v":144.89},"CS ÚRS 2025 01",null,"","základní",null,{"$f":"O201*H201","v":{"v":0,"d":"0.00000"}},{"v":0,"d":"0.00000"},{"$f":"Q201*H201","v":{"v":0,"d":"0.00000"}},{"v":0,"d":"0.00000"},{"$f":"S201*H201","v":{"v":0,"d":"0.00000"}},{"$nulls":23},"4",null,"K","2",{"$nulls":3},"ROZPOCET",{"$nulls":5},{"$f":"IF(N201=\"základní\",J201,0)","v":144.89},{"$f":"IF(N201=\"snížená\",J201,0)","v":{"v":0,"d":"0.00"}},{"$f":"IF(N201=\"zákl. přenesená\",J201,0)","v":{"v":0,"d":"0.00"}},{"$f":"IF(N201=\"sníž. přenesená\",J201,0)","v":{"v":0,"d":"0.00"}},{"$f":"IF(N201=\"nulová\",J201,0)","v":{"v":0,"d":"0.00"}},"1",{"$f":"ROUND(I201*H201,2)","v":144.89},"4","1839804260"]
[{"$nulls":3},"Online PSC",null,"https://podminky.urs.cz/item/CS_URS_2025_01/997013631",{"$nulls":39},"Online PSC","2"]
[{"$nulls":3},"D","998","Přesun hmot",{"$nulls":3},{"$f":"BK203","v":{"v":3232.99,"d":"3,232.99"}},{"$nulls":5},{"$f":"SUM(P204:P205)","v":{"v":0,"d":"0.00000"}},null,{"$f":"SUM(R204:R205)","v":{"v":0,"d":"0.00000"}},null,{"$f":"SUM(T204:T205)","v":{"v":0,"d":"0.00000"}},{"$nulls":23},"1",null,"D","1",{"$nulls":3},"ROZPOCET",{"$nulls":11},{"$f":"SUM(BK204:BK205)","v":{"v":3232.99,"d":"3,232.99"}}]
[null,null,"25","K","998011003","Přesun hmot pro budovy občanské výstavby, bydlení, výrobu a služby s nosnou svislou konstrukcí zděnou z cihel, tvárnic nebo kamene vodorovná dopravní vzdálenost do 100 m základní pro budovy výšky přes 12 do 24 m","t",2.543,{"v":1271.33,"d":"1,271.33"},{"$f":"ROUND(I204*H204,2)","v":{"v":3232.99,"d":"3,232.99"}},"CS ÚRS 2025 01",null,"","základní",null,{"$f":"O204*H204","v":{"v":0,"d":"0.00000"}},{"v":0,"d":"0.00000"},{"$f":"Q204*H204","v":{"v":0,"d":"0.00000"}},{"v":0,"d":"0.00000"},{"$f":"S204*H204","v":{"v":0,"d":"0.00000"}},{"$nulls":23},"4",null,"K","2",{"$nulls":3},"ROZPOCET",{"$nulls":5},{"$f":"IF(N204=\"základní\",J204,0)","v":{"v":3232.99,"d":"3,232.99"}},{"$f":"IF(N204=\"snížená\",J204,0)","v":{"v":0,"d":"0.00"}},{"$f":"IF(N204=\"zákl. přenesená\",J204,0)","v":{"v":0,"d":"0.00"}},{"$f":"IF(N204=\"sníž. přenesená\",J204,0)","v":{"v":0,"d":"0.00"}},{"$f":"IF(N204=\"nulová\",J204,0)","v":{"v":0,"d":"0.00"}},"1",{"$f":"ROUND(I204*H204,2)","v":{"v":3232.99,"d":"3,232.99"}},"4","-1458507871"]
[{"$nulls":3},"Online PSC",null,"https://podminky.urs.cz/item/CS_URS_2025_01/998011003",{"$nulls":39},"Online PSC","2"]
[{"$nulls":3},"D","PSV","Práce a dodávky PSV",{"$nulls":3},{"$f":"BK206","v":{"v":94881.23000000001,"d":"94,881.23"}},{"$nulls":5},{"$f":"P207+P221+P237+P273+P326+P338+P358+P371+P422+P452+P467","v":{"v":0,"d":"0.00000"}},null,{"$f":"R207+R221+R237+R273+R326+R338+R358+R371+R422+R452+R467","v":{"v":0.633849505,"d":"0.63385"}},null,{"$f":"T207+T221+T237+T273+T326+T338+T358+T371+T422+T452+T467","v":0.10287},{"$nulls":23},"2",null,"D","0",{"$nulls":3},"ROZPOCET",{"$nulls":11},{"$f":"BK207+BK221+BK237+BK273+BK326+BK338+BK358+BK371+BK422+BK452+BK467","v":{"v":94881.23000000001,"d":"94,881.23"}}]
[{"$nulls":3},"D","721","Zdravotechnika - vnitřní kanalizace",{"$nulls":3},{"$f":"BK207","v":{"v":6328.660000000001,"d":"6,328.66"}},{"$nulls":5},{"$f":"SUM(P208:P220)","v":{"v":0,"d":"0.00000"}},null,{"$f":"SUM(R208:R220)","v":{"v":0.014740000000000001,"d":"0.01474"}},null,{"$f":"SUM(T208:T220)","v":{"v":0,"d":"0.00000"}},{"$nulls":23},"2",null,"D","1",{"$nulls":3},"ROZPOCET",{"$nulls":11},{"$f":"SUM(BK208:BK220)","v":{"v":6328.660000000001,"d":"6,328.66"}}]
[null,null,"26","K","721174004","Potrubí z trub polypropylenových svodné (ležaté) DN 75","m",{"v":2,"d":"2.000"},452.03,{"$f":"ROUND(I208*H208,2)","v":904.06},"CS ÚRS 2025 01",null,"","základní",null,{"$f":"O208*H208","v":{"v":0,"d":"0.00000"}},0.00071,{"$f":"Q208*H208","v":{"v":1.42E-3,"d":"0.00142"}},{"v":0,"d":"0.00000"},{"$f":"S208*H208","v":{"v":0,"d":"0.00000"}},{"$nulls":23},"16",null,"K","2",{"$nulls":3},"ROZPOCET",{"$nulls":5},{"$f":"IF(N208=\"základní\",J208,0)","v":904.06},{"$f":"IF(N208=\"snížená\",J208,0)","v":{"v":0,"d":"0.00"}},{"$f":"IF(N208=\"zákl. přenesená\",J208,0)","v":{"v":0,"d":"0.00"}},{"$f":"IF(N208=\"sníž. přenesená\",J208,0)","v":{"v":0,"d":"0.00"}},{"$f":"IF(N208=\"nulová\",J208,0)","v":{"v":0,"d":"0.00"}},"1",{"$f":"ROUND(I208*H208,2)","v":904.06},"16","811842008"]
[{"$nulls":3},"Online PSC",null,"https://podminky.urs.cz/item/CS_URS_2025_01/721174004",{"$nulls":39},"Online PSC","2"]
[null,null,"27","K","721174005","Potrubí z trub polypropylenových svodné (ležaté) DN 110","m",{"v":6,"d":"6.000"},555.62,{"$f":"ROUND(I210*H210,2)","v":{"v":3333.72,"d":"3,333.72"}},"CS ÚRS 2025 01",null,"","základní",null,{"$f":"O210*H210","v":{"v":0,"d":"0.00000"}},0.00206,{"$f":"Q210*H210","v":{"v":0.012360000000000001,"d":"0.01236"}},{"v":0,"d":"0.00000"},{"$f":"S210*H210","v":{"v":0,"d":"0.00000"}},{"$nulls":23},"16",null,"K","2",{"$nulls":3},"ROZPOCET",{"$nulls":5},{"$f":"IF(N210=\"základní\",J210,0)","v":{"v":3333.72,"d":"3,333.72"}},{"$f":"IF(N210=\"snížená\",J210,0)","v":{"v":0,"d":"0.00"}},{"$f":"IF(N210=\"zákl. přenesená\",J210,0)","v":{"v":0,"d":"0.00"}},{"$f":"IF(N210=\"sníž. přenesená\",J210,0)","v":{"v":0,"d":"0.00"}},{"$f":"IF(N210=\"nulová\",J210,0)","v":{"v":0,"d":"0.00"}},"1",{"$f":"ROUND(I210*H210,2)","v":{"v":3333.72,"d":"3,333.72"}},"16","-323528108"]
[{"$nulls":3},"Online PSC",null,"https://podminky.urs.cz/item/CS_URS_2025_01/721174005",{"$nulls":39},"Online PSC","2"]
[null,null,"28","K","721174043","Potrubí z trub polypropylenových připojovací DN 50","m",{"v":2,"d":"2.000"},395.53,{"$f":"ROUND(I212*H212,2)","v":791.06},"CS ÚRS 2025 01",null,"","základní",null,{"$f":"O212*H212","v":{"v":0,"d":"0.00000"}},0.00048,{"$f":"Q212*H212","v":0.00096},{"v":0,"d":"0.00000"},{"$f":"S212*H212","v":{"v":0,"d":"0.00000"}},{"$nulls":23},"16",null,"K","2",{"$nulls":3},"ROZPOCET",{"$nulls":5},{"$f":"IF(N212=\"základní\",J212,0)","v":791.06},{"$f":"IF(N212=\"snížená\",J212,0)","v":{"v":0,"d":"0.00"}},{"$f":"IF(N212=\"zákl. přenesená\",J212,0)","v":{"v":0,"d":"0.00"}},{"$f":"IF(N212=\"sníž. přenesená\",J212,0)","v":{"v":0,"d":"0.00"}},{"$f":"IF(N212=\"nulová\",J212,0)","v":{"v":0,"d":"0.00"}},"1",{"$f":"ROUND(I212*H212,2)","v":791.06},"16","-600474156"]
[{"$nulls":3},"Online PSC",null,"https://podminky.urs.cz/item/CS_URS_2025_01/721174043",{"$nulls":39},"Online PSC","2"]
[null,null,"29","K","721194105","Vyměření přípojek na potrubí vyvedení a upevnění odpadních výpustek DN 50","kus",{"v":1,"d":"1.000"},103.59,{"$f":"ROUND(I214*H214,2)","v":103.59},"CS ÚRS 2025 01",null,"","základní",null,{"$f":"O214*H214","v":{"v":0,"d":"0.00000"}},{"v":0,"d":"0.00000"},{"$f":"Q214*H214","v":{"v":0,"d":"0.00000"}},{"v":0,"d":"0.00000"},{"$f":"S214*H214","v":{"v":0,"d":"0.00000"}},{"$nulls":23},"16",null,"K","2",{"$nulls":3},"ROZPOCET",{"$nulls":5},{"$f":"IF(N214=\"základní\",J214,0)","v":103.59},{"$f":"IF(N214=\"snížená\",J214,0)","v":{"v":0,"d":"0.00"}},{"$f":"IF(N214=\"zákl. přenesená\",J214,0)","v":{"v":0,"d":"0.00"}},{"$f":"IF(N214=\"sníž. přenesená\",J214,0)","v":{"v":0,"d":"0.00"}},{"$f":"IF(N214=\"nulová\",J214,0)","v":{"v":0,"d":"0.00"}},"1",{"$f":"ROUND(I214*H214,2)","v":103.59},"16","-1415471354"]
[{"$nulls":3},"Online PSC",null,"https://podminky.urs.cz/item/CS_URS_2025_01/721194105",{"$nulls":39},"Online PSC","2"]
[null,null,"30","K","721194109","Vyměření přípojek na potrubí vyvedení a upevnění odpadních výpustek DN 110","kus",{"v":2,"d":"2.000"},141.26,{"$f":"ROUND(I216*H216,2)","v":282.52},"CS ÚRS 2025 01",null,"","základní",null,{"$f":"O216*H216","v":{"v":0,"d":"0.00000"}},{"v":0,"d":"0.00000"},{"$f":"Q216*H216","v":{"v":0,"d":"0.00000"}},{"v":0,"d":"0.00000"},{"$f":"S216*H216","v":{"v":0,"d":"0.00000"}},{"$nulls":23},"16",null,"K","2",{"$nulls":3},"ROZPOCET",{"$nulls":5},{"$f":"IF(N216=\"základní\",J216,0)","v":282.52},{"$f":"IF(N216=\"snížená\",J216,0)","v":{"v":0,"d":"0.00"}},{"$f":"IF(N216=\"zákl. přenesená\",J216,0)","v":{"v":0,"d":"0.00"}},{"$f":"IF(N216=\"sníž. přenesená\",J216,0)","v":{"v":0,"d":"0.00"}},{"$f":"IF(N216=\"nulová\",J216,0)","v":{"v":0,"d":"0.00"}},"1",{"$f":"ROUND(I216*H216,2)","v":282.52},"16","245161197"]
[{"$nulls":3},"Online PSC",null,"https://podminky.urs.cz/item/CS_URS_2025_01/721194109",{"$nulls":39},"Online PSC","2"]
[null,null,"31","K","72119410R","Zřízení přípojky na stávající odpadní potrubí v šachtě včetně potřebného materiálu","kpl",{"v":1,"d":"1.000"},894.64,{"$f":"ROUND(I218*H218,2)","v":894.64},"vlastní",null,"","základní",null,{"$f":"O218*H218","v":{"v":0,"d":"0.00000"}},{"v":0,"d":"0.00000"},{"$f":"Q218*H218","v":{"v":0,"d":"0.00000"}},{"v":0,"d":"0.00000"},{"$f":"S218*H218","v":{"v":0,"d":"0.00000"}},{"$nulls":23},"16",null,"K","2",{"$nulls":3},"ROZPOCET",{"$nulls":5},{"$f":"IF(N218=\"základní\",J218,0)","v":894.64},{"$f":"IF(N218=\"snížená\",J218,0)","v":{"v":0,"d":"0.00"}},{"$f":"IF(N218=\"zákl. přenesená\",J218,0)","v":{"v":0,"d":"0.00"}},{"$f":"IF(N218=\"sníž. přenesená\",J218,0)","v":{"v":0,"d":"0.00"}},{"$f":"IF(N218=\"nulová\",J218,0)","v":{"v":0,"d":"0.00"}},"1",{"$f":"ROUND(I218*H218,2)","v":894.64},"16","-1468356644"]
[null,null,"32","K","998721103","Přesun hmot pro vnitřní kanalizaci stanovený z hmotnosti přesunovaného materiálu vodorovná dopravní vzdálenost do 50 m základní v objektech výšky přes 12 do 24 m","t",0.015,{"v":1271.33,"d":"1,271.33"},{"$f":"ROUND(I219*H219,2)","v":19.07},"CS ÚRS 2025 01",null,"","základní",null,{"$f":"O219*H219","v":{"v":0,"d":"0.00000"}},{"v":0,"d":"0.00000"},{"$f":"Q219*H219","v":{"v":0,"d":"0.00000"}},{"v":0,"d":"0.00000"},{"$f":"S219*H219","v":{"v":0,"d":"0.00000"}},{"$nulls":23},"16",null,"K","2",{"$nulls":3},"ROZPOCET",{"$nulls":5},{"$f":"IF(N219=\"základní\",J219,0)","v":19.07},{"$f":"IF(N219=\"snížená\",J219,0)","v":{"v":0,"d":"0.00"}},{"$f":"IF(N219=\"zákl. přenesená\",J219,0)","v":{"v":0,"d":"0.00"}},{"$f":"IF(N219=\"sníž. přenesená\",J219,0)","v":{"v":0,"d":"0.00"}},{"$f":"IF(N219=\"nulová\",J219,0)","v":{"v":0,"d":"0.00"}},"1",{"$f":"ROUND(I219*H219,2)","v":19.07},"16","1289171962"]
[{"$nulls":3},"Online PSC",null,"https://podminky.urs.cz/item/CS_URS_2025_01/998721103",{"$nulls":39},"Online PSC","2"]
[{"$nulls":3},"D","722","Zdravotechnika - vnitřní vodovod",{"$nulls":3},{"$f":"BK221","v":{"v":7259.3,"d":"7,259.30"}},{"$nulls":5},{"$f":"SUM(P222:P236)","v":{"v":0,"d":"0.00000"}},null,{"$f":"SUM(R222:R236)","v":{"v":0.013199999999999998,"d":"0.01320"}},null,{"$f":"SUM(T222:T236)","v":{"v":0,"d":"0.00000"}},{"$nulls":23},"2",null,"D","1",{"$nulls":3},"ROZPOCET",{"$nulls":11},{"$f":"SUM(BK222:BK236)","v":{"v":7259.3,"d":"7,259.30"}}]
[null,null,"33","K","722174003","Potrubí z plastových trubek z polypropylenu PPR svařovaných polyfúzně PN 16 (SDR 7,4) D 25 x 3,5","m",{"v":5,"d":"5.000"},414.36,{"$f":"ROUND(I222*H222,2)","v":{"v":2071.8,"d":"2,071.80"}},"CS ÚRS 2025 01",null,"","základní",null,{"$f":"O222*H222","v":{"v":0,"d":"0.00000"}},{"v":1.16E-3,"d":"0.00116"},{"$f":"Q222*H222","v":{"v":0.0058,"d":"0.00580"}},{"v":0,"d":"0.00000"},{"$f":"S222*H222","v":{"v":0,"d":"0.00000"}},{"$nulls":23},"16",null,"K","2",{"$nulls":3},"ROZPOCET",{"$nulls":5},{"$f":"IF(N222=\"základní\",J222,0)","v":{"v":2071.8,"d":"2,071.80"}},{"$f":"IF(N222=\"snížená\",J222,0)","v":{"v":0,"d":"0.00"}},{"$f":"IF(N222=\"zákl. přenesená\",J222,0)","v":{"v":0,"d":"0.00"}},{"$f":"IF(N222=\"sníž. přenesená\",J222,0)","v":{"v":0,"d":"0.00"}},{"$f":"IF(N222=\"nulová\",J222,0)","v":{"v":0,"d":"0.00"}},"1",{"$f":"ROUND(I222*H222,2)","v":{"v":2071.8,"d":"2,071.80"}},"16","1509720658"]
[{"$nulls":3},"Online PSC",null,"https://podminky.urs.cz/item/CS_URS_2025_01/722174003",{"$nulls":39},"Online PSC","2"]
[null,null,"34","K","722174023","Potrubí z plastových trubek z polypropylenu PPR svařovaných polyfúzně PN 20 (SDR 6) D 25 x 4,2","m",{"v":5,"d":"5.000"},452.03,{"$f":"ROUND(I224*H224,2)","v":{"v":2260.15,"d":"2,260.15"}},"CS ÚRS 2025 01",null,"","základní",null,{"$f":"O224*H224","v":{"v":0,"d":"0.00000"}},0.00126,{"$f":"Q224*H224","v":{"v":6.3E-3,"d":"0.00630"}},{"v":0,"d":"0.00000"},{"$f":"S224*H224","v":{"v":0,"d":"0.00000"}},{"$nulls":23},"16",null,"K","2",{"$nulls":3},"ROZPOCET",{"$nulls":5},{"$f":"IF(N224=\"základní\",J224,0)","v":{"v":2260.15,"d":"2,260.15"}},{"$f":"IF(N224=\"snížená\",J224,0)","v":{"v":0,"d":"0.00"}},{"$f":"IF(N224=\"zákl. přenesená\",J224,0)","v":{"v":0,"d":"0.00"}},{"$f":"IF(N224=\"sníž. přenesená\",J224,0)","v":{"v":0,"d":"0.00"}},{"$f":"IF(N224=\"nulová\",J224,0)","v":{"v":0,"d":"0.00"}},"1",{"$f":"ROUND(I224*H224,2)","v":{"v":2260.15,"d":"2,260.15"}},"16","1246698481"]
[{"$nulls":3},"Online PSC",null,"https://podminky.urs.cz/item/CS_URS_2025_01/722174023",{"$nulls":39},"Online PSC","2"]
[null,null,"35","K","722181212","Ochrana potrubí termoizolačními trubicemi z pěnového polyetylenu PE přilepenými v příčných a podélných spojích, tloušťky izolace do 6 mm, vnitřního průměru izolace DN přes 22 do 32 mm","m",{"v":10,"d":"10.000"},67.33,{"$f":"ROUND(I226*H226,2)","v":{"v":673.3,"d":"673.30"}},"CS ÚRS 2025 01",null,"","základní",null,{"$f":"O226*H226","v":{"v":0,"d":"0.00000"}},{"v":4e-05,"d":"0.00004"},{"$f":"Q226*H226","v":{"v":0.0004,"d":"0.00040"}},{"v":0,"d":"0.00000"},{"$f":"S226*H226","v":{"v":0,"d":"0.00000"}},{"$nulls":23},"16",null,"K","2",{"$nulls":3},"ROZPOCET",{"$nulls":5},{"$f":"IF(N226=\"základní\",J226,0)","v":{"v":673.3,"d":"673.30"}},{"$f":"IF(N226=\"snížená\",J226,0)","v":{"v":0,"d":"0.00"}},{"$f":"IF(N226=\"zákl. přenesená\",J226,0)","v":{"v":0,"d":"0.00"}},{"$f":"IF(N226=\"sníž. přenesená\",J226,0)","v":{"v":0,"d":"0.00"}},{"$f":"IF(N226=\"nulová\",J226,0)","v":{"v":0,"d":"0.00"}},"1",{"$f":"ROUND(I226*H226,2)","v":{"v":673.3,"d":"673.30"}},"16","1088239333"]
[{"$nulls":3},"Online PSC",null,"https://podminky.urs.cz/item/CS_URS_2025_01/722181212",{"$nulls":39},"Online PSC","2"]
[null,null,"36","K","722190401","Zřízení přípojek na potrubí vyvedení a upevnění výpustek do DN 25","kus",{"v":3,"d":"3.000"},150.68,{"$f":"ROUND(I228*H228,2)","v":452.04},"CS ÚRS 2025 01",null,"","základní",null,{"$f":"O228*H228","v":{"v":0,"d":"0.00000"}},{"v":0,"d":"0.00000"},{"$f":"Q228*H228","v":{"v":0,"d":"0.00000"}},{"v":0,"d":"0.00000"},{"$f":"S228*H228","v":{"v":0,"d":"0.00000"}},{"$nulls":23},"16",null,"K","2",{"$nulls":3},"ROZPOCET",{"$nulls":5},{"$f":"IF(N228=\"základní\",J228,0)","v":452.04},{"$f":"IF(N228=\"snížená\",J228,0)","v":{"v":0,"d":"0.00"}},{"$f":"IF(N228=\"zákl. přenesená\",J228,0)","v":{"v":0,"d":"0.00"}},{"$f":"IF(N228=\"sníž. přenesená\",J228,0)","v":{"v":0,"d":"0.00"}},{"$f":"IF(N228=\"nulová\",J228,0)","v":{"v":0,"d":"0.00"}},"1",{"$f":"ROUND(I228*H228,2)","v":452.04},"16","-1842229073"]
[{"$nulls":3},"Online PSC",null,"https://podminky.urs.cz/item/CS_URS_2025_01/722190401",{"$nulls":39},"Online PSC","2"]
[null,null,"37","K","72219040R","Zřízení přípojek na stávající potrubí v šachtě včetně potřebného materiálu","kpl",{"v":1,"d":"1.000"},894.64,{"$f":"ROUND(I230*H230,2)","v":894.64},"vlastní",null,"","základní",null,{"$f":"O230*H230","v":{"v":0,"d":"0.00000"}},{"v":0,"d":"0.00000"},{"$f":"Q230*H230","v":{"v":0,"d":"0.00000"}},{"v":0,"d":"0.00000"},{"$f":"S230*H230","v":{"v":0,"d":"0.00000"}},{"$nulls":23},"16",null,"K","2",{"$nulls":3},"ROZPOCET",{"$nulls":5},{"$f":"IF(N230=\"základní\",J230,0)","v":894.64},{"$f":"IF(N230=\"snížená\",J230,0)","v":{"v":0,"d":"0.00"}},{"$f":"IF(N230=\"zákl. přenesená\",J230,0)","v":{"v":0,"d":"0.00"}},{"$f":"IF(N230=\"sníž. přenesená\",J230,0)","v":{"v":0,"d":"0.00"}},{"$f":"IF(N230=\"nulová\",J230,0)","v":{"v":0,"d":"0.00"}},"1",{"$f":"ROUND(I230*H230,2)","v":894.64},"16","139111246"]
[null,null,"38","K","722220153","Armatury s jedním závitem plastové (PPR) PN 20 (SDR 6) DN 25 x G 3/4\"","kus",{"v":3,"d":"3.000"},218.48,{"$f":"ROUND(I231*H231,2)","v":655.44},"CS ÚRS 2025 01",null,"","základní",null,{"$f":"O231*H231","v":{"v":0,"d":"0.00000"}},{"v":0.0002,"d":"0.00020"},{"$f":"Q231*H231","v":{"v":6.0000000000000006E-4,"d":"0.00060"}},{"v":0,"d":"0.00000"},{"$f":"S231*H231","v":{"v":0,"d":"0.00000"}},{"$nulls":23},"16",null,"K","2",{"$nulls":3},"ROZPOCET",{"$nulls":5},{"$f":"IF(N231=\"základní\",J231,0)","v":655.44},{"$f":"IF(N231=\"snížená\",J231,0)","v":{"v":0,"d":"0.00"}},{"$f":"IF(N231=\"zákl. přenesená\",J231,0)","v":{"v":0,"d":"0.00"}},{"$f":"IF(N231=\"sníž. přenesená\",J231,0)","v":{"v":0,"d":"0.00"}},{"$f":"IF(N231=\"nulová\",J231,0)","v":{"v":0,"d":"0.00"}},"1",{"$f":"ROUND(I231*H231,2)","v":655.44},"16","-1071472819"]
[{"$nulls":3},"Online PSC",null,"https://podminky.urs.cz/item/CS_URS_2025_01/722220153",{"$nulls":39},"Online PSC","2"]
[null,null,"39","K","722290234","Zkoušky, proplach a desinfekce vodovodního potrubí proplach a desinfekce vodovodního potrubí do DN 80","m",{"v":10,"d":"10.000"},23.54,{"$f":"ROUND(I233*H233,2)","v":{"v":235.4,"d":"235.40"}},"CS ÚRS 2025 01",null,"","základní",null,{"$f":"O233*H233","v":{"v":0,"d":"0.00000"}},{"v":1e-05,"d":"0.00001"},{"$f":"Q233*H233","v":{"v":1E-4,"d":"0.00010"}},{"v":0,"d":"0.00000"},{"$f":"S233*H233","v":{"v":0,"d":"0.00000"}},{"$nulls":23},"16",null,"K","2",{"$nulls":3},"ROZPOCET",{"$nulls":5},{"$f":"IF(N233=\"základní\",J233,0)","v":{"v":235.4,"d":"235.40"}},{"$f":"IF(N233=\"snížená\",J233,0)","v":{"v":0,"d":"0.00"}},{"$f":"IF(N233=\"zákl. přenesená\",J233,0)","v":{"v":0,"d":"0.00"}},{"$f":"IF(N233=\"sníž. přenesená\",J233,0)","v":{"v":0,"d":"0.00"}},{"$f":"IF(N233=\"nulová\",J233,0)","v":{"v":0,"d":"0.00"}},"1",{"$f":"ROUND(I233*H233,2)","v":{"v":235.4,"d":"235.40"}},"16","1369300247"]
[{"$nulls":3},"Online PSC",null,"https://podminky.urs.cz/item/CS_URS_2025_01/722290234",{"$nulls":39},"Online PSC","2"]
[null,null,"40","K","998722103","Přesun hmot pro vnitřní vodovod stanovený z hmotnosti přesunovaného materiálu vodorovná dopravní vzdálenost do 50 m základní v objektech výšky přes 12 do 24 m","t",0.013,{"v":1271.33,"d":"1,271.33"},{"$f":"ROUND(I235*H235,2)","v":16.53},"CS ÚRS 2025 01",null,"","základní",null,{"$f":"O235*H235","v":{"v":0,"d":"0.00000"}},{"v":0,"d":"0.00000"},{"$f":"Q235*H235","v":{"v":0,"d":"0.00000"}},{"v":0,"d":"0.00000"},{"$f":"S235*H235","v":{"v":0,"d":"0.00000"}},{"$nulls":23},"16",null,"K","2",{"$nulls":3},"ROZPOCET",{"$nulls":5},{"$f":"IF(N235=\"základní\",J235,0)","v":16.53},{"$f":"IF(N235=\"snížená\",J235,0)","v":{"v":0,"d":"0.00"}},{"$f":"IF(N235=\"zákl. přenesená\",J235,0)","v":{"v":0,"d":"0.00"}},{"$f":"IF(N235=\"sníž. přenesená\",J235,0)","v":{"v":0,"d":"0.00"}},{"$f":"IF(N235=\"nulová\",J235,0)","v":{"v":0,"d":"0.00"}},"1",{"$f":"ROUND(I235*H235,2)","v":16.53},"16","1125949559"]
[{"$nulls":3},"Online PSC",null,"https://podminky.urs.cz/item/CS_URS_2025_01/998722103",{"$nulls":39},"Online PSC","2"]
[{"$nulls":3},"D","725","Zdravotechnika - zařizovací předměty",{"$nulls":3},{"$f":"BK237","v":{"v":21093.710000000003,"d":"21,093.71"}},{"$nulls":5},{"$f":"SUM(P238:P272)","v":{"v":0,"d":"0.00000"}},null,{"$f":"SUM(R238:R272)","v":0.06737},null,{"$f":"SUM(T238:T272)","v":0.04797},{"$nulls":23},"2",null,"D","1",{"$nulls":3},"ROZPOCET",{"$nulls":11},{"$f":"SUM(BK238:BK272)","v":{"v":21093.710000000003,"d":"21,093.71"}}]
[null,null,"41","K","725110811","Demontáž klozetů splachovacích s nádrží nebo tlakovým splachovačem","soubor",{"v":1,"d":"1.000"},235.43,{"$f":"ROUND(I238*H238,2)","v":235.43},"CS ÚRS 2025 01",null,"","základní",null,{"$f":"O238*H238","v":{"v":0,"d":"0.00000"}},{"v":0,"d":"0.00000"},{"$f":"Q238*H238","v":{"v":0,"d":"0.00000"}},0.01933,{"$f":"S238*H238","v":0.01933},{"$nulls":23},"16",null,"K","2",{"$nulls":3},"ROZPOCET",{"$nulls":5},{"$f":"IF(N238=\"základní\",J238,0)","v":235.43},{"$f":"IF(N238=\"snížená\",J238,0)","v":{"v":0,"d":"0.00"}},{"$f":"IF(N238=\"zákl. přenesená\",J238,0)","v":{"v":0,"d":"0.00"}},{"$f":"IF(N238=\"sníž. přenesená\",J238,0)","v":{"v":0,"d":"0.00"}},{"$f":"IF(N238=\"nulová\",J238,0)","v":{"v":0,"d":"0.00"}},"1",{"$f":"ROUND(I238*H238,2)","v":235.43},"16","-1534473654"]
[{"$nulls":3},"Online PSC",null,"https://podminky.urs.cz/item/CS_URS_2025_01/725110811",{"$nulls":39},"Online PSC","2"]
[null,null,"42","K","725820801","Demontáž baterií nástěnných do G 3/4","soubor",{"v":1,"d":"1.000"},84.76,{"$f":"ROUND(I240*H240,2)","v":84.76},"CS ÚRS 2025 01",null,"","základní",null,{"$f":"O240*H240","v":{"v":0,"d":"0.00000"}},{"v":0,"d":"0.00000"},{"$f":"Q240*H240","v":{"v":0,"d":"0.00000"}},{"v":1.56E-3,"d":"0.00156"},{"$f":"S240*H240","v":{"v":1.56E-3,"d":"0.00156"}},{"$nulls":23},"16",null,"K","2",{"$nulls":3},"ROZPOCET",{"$nulls":5},{"$f":"IF(N240=\"základní\",J240,0)","v":84.76},{"$f":"IF(N240=\"snížená\",J240,0)","v":{"v":0,"d":"0.00"}},{"$f":"IF(N240=\"zákl. přenesená\",J240,0)","v":{"v":0,"d":"0.00"}},{"$f":"IF(N240=\"sníž. přenesená\",J240,0)","v":{"v":0,"d":"0.00"}},{"$f":"IF(N240=\"nulová\",J240,0)","v":{"v":0,"d":"0.00"}},"1",{"$f":"ROUND(I240*H240,2)","v":84.76},"16","2040919691"]
[{"$nulls":3},"Online PSC",null,"https://podminky.urs.cz/item/CS_URS_2025_01/725820801",{"$nulls":39},"Online PSC","2"]
[null,null,"43","K","725210821","Demontáž umyvadel bez výtokových armatur umyvadel","soubor",{"v":1,"d":"1.000"},235.43,{"$f":"ROUND(I242*H242,2)","v":235.43},"CS ÚRS 2025 01",null,"","základní",null,{"$f":"O242*H242","v":{"v":0,"d":"0.00000"}},{"v":0,"d":"0.00000"},{"$f":"Q242*H242","v":{"v":0,"d":"0.00000"}},0.01946,{"$f":"S242*H242","v":0.01946},{"$nulls":23},"16",null,"K","2",{"$nulls":3},"ROZPOCET",{"$nulls":5},{"$f":"IF(N242=\"základní\",J242,0)","v":235.43},{"$f":"IF(N242=\"snížená\",J242,0)","v":{"v":0,"d":"0.00"}},{"$f":"IF(N242=\"zákl. přenesená\",J242,0)","v":{"v":0,"d":"0.00"}},{"$f":"IF(N242=\"sníž. přenesená\",J242,0)","v":{"v":0,"d":"0.00"}},{"$f":"IF(N242=\"nulová\",J242,0)","v":{"v":0,"d":"0.00"}},"1",{"$f":"ROUND(I242*H242,2)","v":235.43},"16","-317337856"]
[{"$nulls":3},"Online PSC",null,"https://podminky.urs.cz/item/CS_URS_2025_01/725210821",{"$nulls":39},"Online PSC","2"]
[null,null,"44","K","725840851","Demontáž baterií sprchových nástěnných","kus",{"v":1,"d":"1.000"},84.76,{"$f":"ROUND(I244*H244,2)","v":84.76},"CS ÚRS 2025 01",null,"","základní",null,{"$f":"O244*H244","v":{"v":0,"d":"0.00000"}},{"v":0,"d":"0.00000"},{"$f":"Q244*H244","v":{"v":0,"d":"0.00000"}},{"v":7.62E-3,"d":"0.00762"},{"$f":"S244*H244","v":{"v":7.62E-3,"d":"0.00762"}},{"$nulls":23},"16",null,"K","2",{"$nulls":3},"ROZPOCET",{"$nulls":5},{"$f":"IF(N244=\"základní\",J244,0)","v":84.76},{"$f":"IF(N244=\"snížená\",J244,0)","v":{"v":0,"d":"0.00"}},{"$f":"IF(N244=\"zákl. přenesená\",J244,0)","v":{"v":0,"d":"0.00"}},{"$f":"IF(N244=\"sníž. přenesená\",J244,0)","v":{"v":0,"d":"0.00"}},{"$f":"IF(N244=\"nulová\",J244,0)","v":{"v":0,"d":"0.00"}},"1",{"$f":"ROUND(I244*H244,2)","v":84.76},"16","-1086024295"]
[{"$nulls":3},"Online PSC",null,"https://podminky.urs.cz/item/CS_URS_2025_01/725840851",{"$nulls":39},"Online PSC","2"]
[null,null,"45","K","725112011","Zařízení záchodů klozety keramické standardní samostatně stojící s plochým splachováním odpad vodorovný","soubor",{"v":1,"d":"1.000"},{"v":4002.34,"d":"4,002.34"},{"$f":"ROUND(I246*H246,2)","v":{"v":4002.34,"d":"4,002.34"}},"CS ÚRS 2025 01",null,"","základní",null,{"$f":"O246*H246","v":{"v":0,"d":"0.00000"}},0.01387,{"$f":"Q246*H246","v":0.01387},{"v":0,"d":"0.00000"},{"$f":"S246*H246","v":{"v":0,"d":"0.00000"}},{"$nulls":23},"16",null,"K","2",{"$nulls":3},"ROZPOCET",{"$nulls":5},{"$f":"IF(N246=\"základní\",J246,0)","v":{"v":4002.34,"d":"4,002.34"}},{"$f":"IF(N246=\"snížená\",J246,0)","v":{"v":0,"d":"0.00"}},{"$f":"IF(N246=\"zákl. přenesená\",J246,0)","v":{"v":0,"d":"0.00"}},{"$f":"IF(N246=\"sníž. přenesená\",J246,0)","v":{"v":0,"d":"0.00"}},{"$f":"IF(N246=\"nulová\",J246,0)","v":{"v":0,"d":"0.00"}},"1",{"$f":"ROUND(I246*H246,2)","v":{"v":4002.34,"d":"4,002.34"}},"16","117942680"]
[{"$nulls":3},"Online PSC",null,"https://podminky.urs.cz/item/CS_URS_2025_01/725112011",{"$nulls":39},"Online PSC","2"]
[null,null,"46","K","725291650","Montáž doplňků zařízení koupelen a záchodů toaletní desky rovné","kus",{"v":1,"d":"1.000"},207.18,{"$f":"ROUND(I248*H248,2)","v":207.18},"CS ÚRS 2025 01",null,"","základní",null,{"$f":"O248*H248","v":{"v":0,"d":"0.00000"}},{"v":0,"d":"0.00000"},{"$f":"Q248*H248","v":{"v":0,"d":"0.00000"}},{"v":0,"d":"0.00000"},{"$f":"S248*H248","v":{"v":0,"d":"0.00000"}},{"$nulls":23},"16",null,"K","2",{"$nulls":3},"ROZPOCET",{"$nulls":5},{"$f":"IF(N248=\"základní\",J248,0)","v":207.18},{"$f":"IF(N248=\"snížená\",J248,0)","v":{"v":0,"d":"0.00"}},{"$f":"IF(N248=\"zákl. přenesená\",J248,0)","v":{"v":0,"d":"0.00"}},{"$f":"IF(N248=\"sníž. přenesená\",J248,0)","v":{"v":0,"d":"0.00"}},{"$f":"IF(N248=\"nulová\",J248,0)","v":{"v":0,"d":"0.00"}},"1",{"$f":"ROUND(I248*H248,2)","v":207.18},"16","-1435885514"]
[{"$nulls":3},"Online PSC",null,"https://podminky.urs.cz/item/CS_URS_2025_01/725291650",{"$nulls":39},"Online PSC","2"]
[null,null,"47","M","64294623","deska bílá z duroplastu s pomalým sklápěním","kus",{"v":1,"d":"1.000"},{"v":1129.98,"d":"1,129.98"},{"$f":"ROUND(I250*H250,2)","v":{"v":1129.98,"d":"1,129.98"}},"CS ÚRS 2025 01",null,"","základní",null,{"$f":"O250*H250","v":{"v":0,"d":"0.00000"}},{"v":0.0024,"d":"0.00240"},{"$f":"Q250*H250","v":{"v":0.0024,"d":"0.00240"}},{"v":0,"d":"0.00000"},{"$f":"S250*H250","v":{"v":0,"d":"0.00000"}},{"$nulls":23},"32",null,"M","2",{"$nulls":3},"ROZPOCET",{"$nulls":5},{"$f":"IF(N250=\"základní\",J250,0)","v":{"v":1129.98,"d":"1,129.98"}},{"$f":"IF(N250=\"snížená\",J250,0)","v":{"v":0,"d":"0.00"}},{"$f":"IF(N250=\"zákl. přenesená\",J250,0)","v":{"v":0,"d":"0.00"}},{"$f":"IF(N250=\"sníž. přenesená\",J250,0)","v":{"v":0,"d":"0.00"}},{"$f":"IF(N250=\"nulová\",J250,0)","v":{"v":0,"d":"0.00"}},"1",{"$f":"ROUND(I250*H250,2)","v":{"v":1129.98,"d":"1,129.98"}},"16","-1883658536"]
[null,null,"48","K","725211601","Umyvadla keramická bílá bez výtokových armatur připevněná na stěnu šrouby bez sloupu nebo krytu na sifon, šířka umyvadla 500 mm","soubor",{"v":1,"d":"1.000"},{"v":2683.92,"d":"2,683.92"},{"$f":"ROUND(I251*H251,2)","v":{"v":2683.92,"d":"2,683.92"}},"CS ÚRS 2025 01",null,"","základní",null,{"$f":"O251*H251","v":{"v":0,"d":"0.00000"}},0.01247,{"$f":"Q251*H251","v":0.01247},{"v":0,"d":"0.00000"},{"$f":"S251*H251","v":{"v":0,"d":"0.00000"}},{"$nulls":23},"16",null,"K","2",{"$nulls":3},"ROZPOCET",{"$nulls":5},{"$f":"IF(N251=\"základní\",J251,0)","v":{"v":2683.92,"d":"2,683.92"}},{"$f":"IF(N251=\"snížená\",J251,0)","v":{"v":0,"d":"0.00"}},{"$f":"IF(N251=\"zákl. přenesená\",J251,0)","v":{"v":0,"d":"0.00"}},{"$f":"IF(N251=\"sníž. přenesená\",J251,0)","v":{"v":0,"d":"0.00"}},{"$f":"IF(N251=\"nulová\",J251,0)","v":{"v":0,"d":"0.00"}},"1",{"$f":"ROUND(I251*H251,2)","v":{"v":2683.92,"d":"2,683.92"}},"16","-44764707"]
[{"$nulls":3},"Online PSC",null,"https://podminky.urs.cz/item/CS_URS_2025_01/725211601",{"$nulls":39},"Online PSC","2"]
[null,null,"49","K","725865501","Zápachové uzávěrky zařizovacích předmětů odpadní soupravy se zápachovou uzávěrkou DN 40/50","kus",{"v":1,"d":"1.000"},725.13,{"$f":"ROUND(I253*H253,2)","v":725.13},"CS ÚRS 2025 01",null,"","základní",null,{"$f":"O253*H253","v":{"v":0,"d":"0.00000"}},0.00128,{"$f":"Q253*H253","v":0.00128},{"v":0,"d":"0.00000"},{"$f":"S253*H253","v":{"v":0,"d":"0.00000"}},{"$nulls":23},"16",null,"K","2",{"$nulls":3},"ROZPOCET",{"$nulls":5},{"$f":"IF(N253=\"základní\",J253,0)","v":725.13},{"$f":"IF(N253=\"snížená\",J253,0)","v":{"v":0,"d":"0.00"}},{"$f":"IF(N253=\"zákl. přenesená\",J253,0)","v":{"v":0,"d":"0.00"}},{"$f":"IF(N253=\"sníž. přenesená\",J253,0)","v":{"v":0,"d":"0.00"}},{"$f":"IF(N253=\"nulová\",J253,0)","v":{"v":0,"d":"0.00"}},"1",{"$f":"ROUND(I253*H253,2)","v":725.13},"16","388038833"]
[{"$nulls":3},"Online PSC",null,"https://podminky.urs.cz/item/CS_URS_2025_01/725865501",{"$nulls":39},"Online PSC","2"]
[{"$nulls":3},"VV","","\"sifon - chrom\"",null,"",{"$nulls":37},"VV","2","1","True","0","ROZPOCET"]
[{"$nulls":3},"VV","","1",null,{"v":1,"d":"1.000"},{"$nulls":37},"VV","2","2","True","1","ROZPOCET"]
[null,null,"50","K","725822611","Baterie umyvadlová stojánková páková bez výpusti - chrom","soubor",{"v":1,"d":"1.000"},{"v":1695.11,"d":"1,695.11"},{"$f":"ROUND(I257*H257,2)","v":{"v":1695.11,"d":"1,695.11"}},"CS ÚRS 2025 01",null,"","základní",null,{"$f":"O257*H257","v":{"v":0,"d":"0.00000"}},{"v":1.8E-3,"d":"0.00180"},{"$f":"Q257*H257","v":{"v":1.8E-3,"d":"0.00180"}},{"v":0,"d":"0.00000"},{"$f":"S257*H257","v":{"v":0,"d":"0.00000"}},{"$nulls":23},"16",null,"K","2",{"$nulls":3},"ROZPOCET",{"$nulls":5},{"$f":"IF(N257=\"základní\",J257,0)","v":{"v":1695.11,"d":"1,695.11"}},{"$f":"IF(N257=\"snížená\",J257,0)","v":{"v":0,"d":"0.00"}},{"$f":"IF(N257=\"zákl. přenesená\",J257,0)","v":{"v":0,"d":"0.00"}},{"$f":"IF(N257=\"sníž. přenesená\",J257,0)","v":{"v":0,"d":"0.00"}},{"$f":"IF(N257=\"nulová\",J257,0)","v":{"v":0,"d":"0.00"}},"1",{"$f":"ROUND(I257*H257,2)","v":{"v":1695.11,"d":"1,695.11"}},"16","563295256"]
[{"$nulls":3},"Online PSC",null,"https://podminky.urs.cz/item/CS_URS_2025_01/725822611",{"$nulls":39},"Online PSC","2"]
[null,null,"51","K","725241112","Sprchové vaničky akrylátové čtvercové 900x900 mm","soubor",{"v":1,"d":"1.000"},{"v":4468.5,"d":"4,468.50"},{"$f":"ROUND(I259*H259,2)","v":{"v":4468.5,"d":"4,468.50"}},"CS ÚRS 2025 01",null,"","základní",null,{"$f":"O259*H259","v":{"v":0,"d":"0.00000"}},0.01497,{"$f":"Q259*H259","v":0.01497},{"v":0,"d":"0.00000"},{"$f":"S259*H259","v":{"v":0,"d":"0.00000"}},{"$nulls":23},"16",null,"K","2",{"$nulls":3},"ROZPOCET",{"$nulls":5},{"$f":"IF(N259=\"základní\",J259,0)","v":{"v":4468.5,"d":"4,468.50"}},{"$f":"IF(N259=\"snížená\",J259,0)","v":{"v":0,"d":"0.00"}},{"$f":"IF(N259=\"zákl. přenesená\",J259,0)","v":{"v":0,"d":"0.00"}},{"$f":"IF(N259=\"sníž. přenesená\",J259,0)","v":{"v":0,"d":"0.00"}},{"$f":"IF(N259=\"nulová\",J259,0)","v":{"v":0,"d":"0.00"}},"1",{"$f":"ROUND(I259*H259,2)","v":{"v":4468.5,"d":"4,468.50"}},"16","83245370"]
[{"$nulls":3},"Online PSC",null,"https://podminky.urs.cz/item/CS_URS_2025_01/725241112",{"$nulls":39},"Online PSC","2"]
[null,null,"52","K","725813111","Ventily rohové bez připojovací trubičky nebo flexi hadičky G 1/2\"","soubor",{"v":3,"d":"3.000"},235.43,{"$f":"ROUND(I261*H261,2)","v":706.29},"CS ÚRS 2025 01",null,"","základní",null,{"$f":"O261*H261","v":{"v":0,"d":"0.00000"}},0.00024,{"$f":"Q261*H261","v":0.00072},{"v":0,"d":"0.00000"},{"$f":"S261*H261","v":{"v":0,"d":"0.00000"}},{"$nulls":23},"16",null,"K","2",{"$nulls":3},"ROZPOCET",{"$nulls":5},{"$f":"IF(N261=\"základní\",J261,0)","v":706.29},{"$f":"IF(N261=\"snížená\",J261,0)","v":{"v":0,"d":"0.00"}},{"$f":"IF(N261=\"zákl. přenesená\",J261,0)","v":{"v":0,"d":"0.00"}},{"$f":"IF(N261=\"sníž. přenesená\",J261,0)","v":{"v":0,"d":"0.00"}},{"$f":"IF(N261=\"nulová\",J261,0)","v":{"v":0,"d":"0.00"}},"1",{"$f":"ROUND(I261*H261,2)","v":706.29},"16","1394589271"]
[{"$nulls":3},"Online PSC",null,"https://podminky.urs.cz/item/CS_URS_2025_01/725813111",{"$nulls":39},"Online PSC","2"]
[{"$nulls":3},"VV","","\"WC\"",null,"",{"$nulls":37},"VV","2","1","True","0","ROZPOCET"]
[{"$nulls":3},"VV","","1",null,{"v":1,"d":"1.000"},{"$nulls":37},"VV","2","2","True","0","ROZPOCET"]
[{"$nulls":3},"VV","","\"koupelna\"",null,"",{"$nulls":37},"VV","2","1","True","0","ROZPOCET"]
[{"$nulls":3},"VV","","2",null,{"v":2,"d":"2.000"},{"$nulls":37},"VV","2","2","True","0","ROZPOCET"]
[{"$nulls":3},"VV","","Součet",null,{"v":3,"d":"3.000"},{"$nulls":37},"VV","2","4","True","1","ROZPOCET"]
[null,null,"53","M","55190005","flexi hadice ohebná k baterii D 8x12mm F 1/2\"xM10 500mm","m",{"v":1.5,"d":"1.500"},159.15,{"$f":"ROUND(I268*H268,2)","v":238.73},"CS ÚRS 2025 01",null,"","základní",null,{"$f":"O268*H268","v":{"v":0,"d":"0.00000"}},0.00018,{"$f":"Q268*H268","v":{"v":2.7E-4,"d":"0.00027"}},{"v":0,"d":"0.00000"},{"$f":"S268*H268","v":{"v":0,"d":"0.00000"}},{"$nulls":23},"32",null,"M","2",{"$nulls":3},"ROZPOCET",{"$nulls":5},{"$f":"IF(N268=\"základní\",J268,0)","v":238.73},{"$f":"IF(N268=\"snížená\",J268,0)","v":{"v":0,"d":"0.00"}},{"$f":"IF(N268=\"zákl. přenesená\",J268,0)","v":{"v":0,"d":"0.00"}},{"$f":"IF(N268=\"sníž. přenesená\",J268,0)","v":{"v":0,"d":"0.00"}},{"$f":"IF(N268=\"nulová\",J268,0)","v":{"v":0,"d":"0.00"}},"1",{"$f":"ROUND(I268*H268,2)","v":238.73},"16","1001090004"]
[null,null,"54","K","725841322R","Baterie sprchová nástěnná se sprchovým setem s roztečí 150 mm - chrom","soubor",{"v":1,"d":"1.000"},{"v":1638.7,"d":"1,638.70"},{"$f":"ROUND(I269*H269,2)","v":{"v":1638.7,"d":"1,638.70"}},"vlastní",null,"","základní",null,{"$f":"O269*H269","v":{"v":0,"d":"0.00000"}},{"v":2.14E-3,"d":"0.00214"},{"$f":"Q269*H269","v":{"v":2.14E-3,"d":"0.00214"}},{"v":0,"d":"0.00000"},{"$f":"S269*H269","v":{"v":0,"d":"0.00000"}},{"$nulls":23},"16",null,"K","2",{"$nulls":3},"ROZPOCET",{"$nulls":5},{"$f":"IF(N269=\"základní\",J269,0)","v":{"v":1638.7,"d":"1,638.70"}},{"$f":"IF(N269=\"snížená\",J269,0)","v":{"v":0,"d":"0.00"}},{"$f":"IF(N269=\"zákl. přenesená\",J269,0)","v":{"v":0,"d":"0.00"}},{"$f":"IF(N269=\"sníž. přenesená\",J269,0)","v":{"v":0,"d":"0.00"}},{"$f":"IF(N269=\"nulová\",J269,0)","v":{"v":0,"d":"0.00"}},"1",{"$f":"ROUND(I269*H269,2)","v":{"v":1638.7,"d":"1,638.70"}},"16","1968582639"]
[null,null,"55","K","72522610.R","D+M sprchová tyč rovná 90x25mm, černá, včetně závěsu","soubor",{"v":1,"d":"1.000"},{"v":2872.27,"d":"2,872.27"},{"$f":"ROUND(I270*H270,2)","v":{"v":2872.27,"d":"2,872.27"}},"vlastní",null,"","základní",null,{"$f":"O270*H270","v":{"v":0,"d":"0.00000"}},0.01745,{"$f":"Q270*H270","v":0.01745},{"v":0,"d":"0.00000"},{"$f":"S270*H270","v":{"v":0,"d":"0.00000"}},{"$nulls":23},"16",null,"K","2",{"$nulls":3},"ROZPOCET",{"$nulls":5},{"$f":"IF(N270=\"základní\",J270,0)","v":{"v":2872.27,"d":"2,872.27"}},{"$f":"IF(N270=\"snížená\",J270,0)","v":{"v":0,"d":"0.00"}},{"$f":"IF(N270=\"zákl. přenesená\",J270,0)","v":{"v":0,"d":"0.00"}},{"$f":"IF(N270=\"sníž. přenesená\",J270,0)","v":{"v":0,"d":"0.00"}},{"$f":"IF(N270=\"nulová\",J270,0)","v":{"v":0,"d":"0.00"}},"1",{"$f":"ROUND(I270*H270,2)","v":{"v":2872.27,"d":"2,872.27"}},"16","411261335"]
[null,null,"56","K","998725103","Přesun hmot pro zařizovací předměty stanovený z hmotnosti přesunovaného materiálu vodorovná dopravní vzdálenost do 50 m základní v objektech výšky přes 12 do 24 m","t",0.067,{"v":1271.33,"d":"1,271.33"},{"$f":"ROUND(I271*H271,2)","v":85.18},"CS ÚRS 2025 01",null,"","základní",null,{"$f":"O271*H271","v":{"v":0,"d":"0.00000"}},{"v":0,"d":"0.00000"},{"$f":"Q271*H271","v":{"v":0,"d":"0.00000"}},{"v":0,"d":"0.00000"},{"$f":"S271*H271","v":{"v":0,"d":"0.00000"}},{"$nulls":23},"16",null,"K","2",{"$nulls":3},"ROZPOCET",{"$nulls":5},{"$f":"IF(N271=\"základní\",J271,0)","v":85.18},{"$f":"IF(N271=\"snížená\",J271,0)","v":{"v":0,"d":"0.00"}},{"$f":"IF(N271=\"zákl. přenesená\",J271,0)","v":{"v":0,"d":"0.00"}},{"$f":"IF(N271=\"sníž. přenesená\",J271,0)","v":{"v":0,"d":"0.00"}},{"$f":"IF(N271=\"nulová\",J271,0)","v":{"v":0,"d":"0.00"}},"1",{"$f":"ROUND(I271*H271,2)","v":85.18},"16","-1443572115"]
[{"$nulls":3},"Online PSC",null,"https://podminky.urs.cz/item/CS_URS_2025_01/998725103",{"$nulls":39},"Online PSC","2"]
[{"$nulls":3},"D","741","Elektroinstalace - silnoproud",{"$nulls":3},{"$f":"BK273","v":{"v":4781.040000000001,"d":"4,781.04"}},{"$nulls":5},{"$f":"SUM(P274:P325)","v":{"v":0,"d":"0.00000"}},null,{"$f":"SUM(R274:R325)","v":0.00136},null,{"$f":"SUM(T274:T325)","v":{"v":4.3E-3,"d":"0.00430"}},{"$nulls":23},"2",null,"D","1",{"$nulls":3},"ROZPOCET",{"$nulls":11},{"$f":"SUM(BK274:BK325)","v":{"v":4781.040000000001,"d":"4,781.04"}}]
[null,null,"57","K","74131180R","Demontáž spínačů nástěnných normálních vnitřních","kus",{"v":5,"d":"5.000"},55.56,{"$f":"ROUND(I274*H274,2)","v":{"v":277.8,"d":"277.80"}},"vlastní",null,"","základní",null,{"$f":"O274*H274","v":{"v":0,"d":"0.00000"}},{"v":0,"d":"0.00000"},{"$f":"Q274*H274","v":{"v":0,"d":"0.00000"}},{"v":5e-05,"d":"0.00005"},{"$f":"S274*H274","v":0.00025},{"$nulls":23},"16",null,"K","2",{"$nulls":3},"ROZPOCET",{"$nulls":5},{"$f":"IF(N274=\"základní\",J274,0)","v":{"v":277.8,"d":"277.80"}},{"$f":"IF(N274=\"snížená\",J274,0)","v":{"v":0,"d":"0.00"}},{"$f":"IF(N274=\"zákl. přenesená\",J274,0)","v":{"v":0,"d":"0.00"}},{"$f":"IF(N274=\"sníž. přenesená\",J274,0)","v":{"v":0,"d":"0.00"}},{"$f":"IF(N274=\"nulová\",J274,0)","v":{"v":0,"d":"0.00"}},"1",{"$f":"ROUND(I274*H274,2)","v":{"v":277.8,"d":"277.80"}},"16","584628752"]
[{"$nulls":3},"VV","","\"WC - tlačítko ventilátoru, spínač\"",null,"",{"$nulls":37},"VV","2","1","True","0","ROZPOCET"]
[{"$nulls":3},"VV","","3",null,{"v":3,"d":"3.000"},{"$nulls":37},"VV","2","2","True","0","ROZPOCET"]
[{"$nulls":3},"VV","","\"koupelna - tlačítko ventilátoru, spínač\"",null,"",{"$nulls":37},"VV","2","1","True","0","ROZPOCET"]
[{"$nulls":3},"VV","","2",null,{"v":2,"d":"2.000"},{"$nulls":37},"VV","2","2","True","0","ROZPOCET"]
[{"$nulls":3},"VV","","Součet",null,{"v":5,"d":"5.000"},{"$nulls":37},"VV","2","4","True","1","ROZPOCET"]
[null,null,"58","K","74131582R","Demontáž zásuvek domovních normální prostředí šroubových bez zachování funkčnosti","kus",{"v":1,"d":"1.000"},55.56,{"$f":"ROUND(I280*H280,2)","v":55.56},"vlastní",null,"","základní",null,{"$f":"O280*H280","v":{"v":0,"d":"0.00000"}},{"v":0,"d":"0.00000"},{"$f":"Q280*H280","v":{"v":0,"d":"0.00000"}},{"v":5e-05,"d":"0.00005"},{"$f":"S280*H280","v":{"v":5e-05,"d":"0.00005"}},{"$nulls":23},"16",null,"K","2",{"$nulls":3},"ROZPOCET",{"$nulls":5},{"$f":"IF(N280=\"základní\",J280,0)","v":55.56},{"$f":"IF(N280=\"snížená\",J280,0)","v":{"v":0,"d":"0.00"}},{"$f":"IF(N280=\"zákl. přenesená\",J280,0)","v":{"v":0,"d":"0.00"}},{"$f":"IF(N280=\"sníž. přenesená\",J280,0)","v":{"v":0,"d":"0.00"}},{"$f":"IF(N280=\"nulová\",J280,0)","v":{"v":0,"d":"0.00"}},"1",{"$f":"ROUND(I280*H280,2)","v":55.56},"16","-76674498"]
[{"$nulls":3},"VV","","\"koupelna - tlačítko ventilátoru, spínač\"",null,"",{"$nulls":37},"VV","2","1","True","0","ROZPOCET"]
[{"$nulls":3},"VV","","1",null,{"v":1,"d":"1.000"},{"$nulls":37},"VV","2","2","True","1","ROZPOCET"]
[null,null,"59","K","741371813","Demontáž svítidel bez zachování funkčnosti (do suti) interiérových modulového systému bodových nastavitelných","kus",{"v":2,"d":"2.000"},93.23,{"$f":"ROUND(I283*H283,2)","v":186.46},"CS ÚRS 2025 01",null,"","základní",null,{"$f":"O283*H283","v":{"v":0,"d":"0.00000"}},{"v":0,"d":"0.00000"},{"$f":"Q283*H283","v":{"v":0,"d":"0.00000"}},{"v":2E-3,"d":"0.00200"},{"$f":"S283*H283","v":{"v":0.004,"d":"0.00400"}},{"$nulls":23},"16",null,"K","2",{"$nulls":3},"ROZPOCET",{"$nulls":5},{"$f":"IF(N283=\"základní\",J283,0)","v":186.46},{"$f":"IF(N283=\"snížená\",J283,0)","v":{"v":0,"d":"0.00"}},{"$f":"IF(N283=\"zákl. přenesená\",J283,0)","v":{"v":0,"d":"0.00"}},{"$f":"IF(N283=\"sníž. přenesená\",J283,0)","v":{"v":0,"d":"0.00"}},{"$f":"IF(N283=\"nulová\",J283,0)","v":{"v":0,"d":"0.00"}},"1",{"$f":"ROUND(I283*H283,2)","v":186.46},"16","846744948"]
[{"$nulls":3},"Online PSC",null,"https://podminky.urs.cz/item/CS_URS_2025_01/741371813",{"$nulls":39},"Online PSC","2"]
[{"$nulls":3},"VV","","\"WC\"",null,"",{"$nulls":37},"VV","2","1","True","0","ROZPOCET"]
[{"$nulls":3},"VV","","1",null,{"v":1,"d":"1.000"},{"$nulls":37},"VV","2","2","True","0","ROZPOCET"]
[{"$nulls":3},"VV","","\"koupelna\"",null,"",{"$nulls":37},"VV","2","1","True","0","ROZPOCET"]
[{"$nulls":3},"VV","","1",null,{"v":1,"d":"1.000"},{"$nulls":37},"VV","2","2","True","0","ROZPOCET"]
[{"$nulls":3},"VV","","Součet",null,{"v":2,"d":"2.000"},{"$nulls":37},"VV","2","4","True","1","ROZPOCET"]
[null,null,"60","K","741310201","Montáž spínačů jedno nebo dvoupólových polozapuštěných nebo zapuštěných se zapojením vodičů šroubové připojení, pro prostředí normální spínačů, řazení 1-jednopólových","kus",{"v":2,"d":"2.000"},169.51,{"$f":"ROUND(I290*H290,2)","v":339.02},"CS ÚRS 2025 01",null,"","základní",null,{"$f":"O290*H290","v":{"v":0,"d":"0.00000"}},{"v":0,"d":"0.00000"},{"$f":"Q290*H290","v":{"v":0,"d":"0.00000"}},{"v":0,"d":"0.00000"},{"$f":"S290*H290","v":{"v":0,"d":"0.00000"}},{"$nulls":23},"16",null,"K","2",{"$nulls":3},"ROZPOCET",{"$nulls":5},{"$f":"IF(N290=\"základní\",J290,0)","v":339.02},{"$f":"IF(N290=\"snížená\",J290,0)","v":{"v":0,"d":"0.00"}},{"$f":"IF(N290=\"zákl. přenesená\",J290,0)","v":{"v":0,"d":"0.00"}},{"$f":"IF(N290=\"sníž. přenesená\",J290,0)","v":{"v":0,"d":"0.00"}},{"$f":"IF(N290=\"nulová\",J290,0)","v":{"v":0,"d":"0.00"}},"1",{"$f":"ROUND(I290*H290,2)","v":339.02},"16","260351499"]
[{"$nulls":3},"Online PSC",null,"https://podminky.urs.cz/item/CS_URS_2025_01/741310201",{"$nulls":39},"Online PSC","2"]
[{"$nulls":3},"VV","","\"včetně montáže rámečku, krytu\"",null,"",{"$nulls":37},"VV","2","1","True","0","ROZPOCET"]
[{"$nulls":3},"VV","","\"WC - tlačítko ventilátoru\"",null,"",{"$nulls":37},"VV","2","1","True","0","ROZPOCET"]
[{"$nulls":3},"VV","","1",null,{"v":1,"d":"1.000"},{"$nulls":37},"VV","2","2","True","0","ROZPOCET"]
[{"$nulls":3},"VV","","\"koupelna - tlačítko ventilátoru\"",null,"",{"$nulls":37},"VV","2","1","True","0","ROZPOCET"]
[{"$nulls":3},"VV","","1",null,{"v":1,"d":"1.000"},{"$nulls":37},"VV","2","2","True","0","ROZPOCET"]
[{"$nulls":3},"VV","","Součet",null,{"v":2,"d":"2.000"},{"$nulls":37},"VV","2","4","True","1","ROZPOCET"]
[null,null,"61","M","34535000","spínač kompletní, zápustný, jednopólový, řazení 1, šroubové svorky","kus",{"v":2,"d":"2.000"},90.59,{"$f":"ROUND(I298*H298,2)","v":181.18},"CS ÚRS 2025 01",null,"","základní",null,{"$f":"O298*H298","v":{"v":0,"d":"0.00000"}},{"v":4e-05,"d":"0.00004"},{"$f":"Q298*H298","v":{"v":8e-05,"d":"0.00008"}},{"v":0,"d":"0.00000"},{"$f":"S298*H298","v":{"v":0,"d":"0.00000"}},{"$nulls":23},"32",null,"M","2",{"$nulls":3},"ROZPOCET",{"$nulls":5},{"$f":"IF(N298=\"základní\",J298,0)","v":181.18},{"$f":"IF(N298=\"snížená\",J298,0)","v":{"v":0,"d":"0.00"}},{"$f":"IF(N298=\"zákl. přenesená\",J298,0)","v":{"v":0,"d":"0.00"}},{"$f":"IF(N298=\"sníž. přenesená\",J298,0)","v":{"v":0,"d":"0.00"}},{"$f":"IF(N298=\"nulová\",J298,0)","v":{"v":0,"d":"0.00"}},"1",{"$f":"ROUND(I298*H298,2)","v":181.18},"16","-126413091"]
[null,null,"62","K","741310251","Montáž spínačů jedno nebo dvoupólových polozapuštěných nebo zapuštěných se zapojením vodičů šroubové připojení, pro prostředí venkovní nebo mokré spínačů, řazení 1-jednopólových","kus",{"v":3,"d":"3.000"},184.58,{"$f":"ROUND(I299*H299,2)","v":553.74},"CS ÚRS 2025 01",null,"","základní",null,{"$f":"O299*H299","v":{"v":0,"d":"0.00000"}},{"v":0,"d":"0.00000"},{"$f":"Q299*H299","v":{"v":0,"d":"0.00000"}},{"v":0,"d":"0.00000"},{"$f":"S299*H299","v":{"v":0,"d":"0.00000"}},{"$nulls":23},"16",null,"K","2",{"$nulls":3},"ROZPOCET",{"$nulls":5},{"$f":"IF(N299=\"základní\",J299,0)","v":553.74},{"$f":"IF(N299=\"snížená\",J299,0)","v":{"v":0,"d":"0.00"}},{"$f":"IF(N299=\"zákl. přenesená\",J299,0)","v":{"v":0,"d":"0.00"}},{"$f":"IF(N299=\"sníž. přenesená\",J299,0)","v":{"v":0,"d":"0.00"}},{"$f":"IF(N299=\"nulová\",J299,0)","v":{"v":0,"d":"0.00"}},"1",{"$f":"ROUND(I299*H299,2)","v":553.74},"16","2091932083"]
[{"$nulls":3},"Online PSC",null,"https://podminky.urs.cz/item/CS_URS_2025_01/741310251",{"$nulls":39},"Online PSC","2"]
[{"$nulls":3},"VV","","\"WC - spínač osvětlení\"",null,"",{"$nulls":37},"VV","2","1","True","0","ROZPOCET"]
[{"$nulls":3},"VV","","2",null,{"v":2,"d":"2.000"},{"$nulls":37},"VV","2","2","True","0","ROZPOCET"]
[{"$nulls":3},"VV","","\"koupelna - spínač osvětlení\"",null,"",{"$nulls":37},"VV","2","1","True","0","ROZPOCET"]
[{"$nulls":3},"VV","","1",null,{"v":1,"d":"1.000"},{"$nulls":37},"VV","2","2","True","0","ROZPOCET"]
[{"$nulls":3},"VV","","Součet",null,{"v":3,"d":"3.000"},{"$nulls":37},"VV","2","4","True","1","ROZPOCET"]
[null,null,"63","M","34535025","přístroj spínače zápustného jednopólového, s krytem, řazení 1, IP44, šroubové svorky, bílý","kus",{"v":3,"d":"3.000"},140.67,{"$f":"ROUND(I306*H306,2)","v":422.01},"CS ÚRS 2025 01",null,"","základní",null,{"$f":"O306*H306","v":{"v":0,"d":"0.00000"}},{"v":8e-05,"d":"0.00008"},{"$f":"Q306*H306","v":{"v":2.4000000000000003E-4,"d":"0.00024"}},{"v":0,"d":"0.00000"},{"$f":"S306*H306","v":{"v":0,"d":"0.00000"}},{"$nulls":23},"32",null,"M","2",{"$nulls":3},"ROZPOCET",{"$nulls":5},{"$f":"IF(N306=\"základní\",J306,0)","v":422.01},{"$f":"IF(N306=\"snížená\",J306,0)","v":{"v":0,"d":"0.00"}},{"$f":"IF(N306=\"zákl. přenesená\",J306,0)","v":{"v":0,"d":"0.00"}},{"$f":"IF(N306=\"sníž. přenesená\",J306,0)","v":{"v":0,"d":"0.00"}},{"$f":"IF(N306=\"nulová\",J306,0)","v":{"v":0,"d":"0.00"}},"1",{"$f":"ROUND(I306*H306,2)","v":422.01},"16","237330932"]
[null,null,"64","M","34535013","přístroj přepínače sériového zápustného, s krytem, řazení 5, IP44, šroubové svorky","kus",{"v":3,"d":"3.000"},210.08,{"$f":"ROUND(I307*H307,2)","v":630.24},"CS ÚRS 2025 01",null,"","základní",null,{"$f":"O307*H307","v":{"v":0,"d":"0.00000"}},{"v":8e-05,"d":"0.00008"},{"$f":"Q307*H307","v":{"v":2.4000000000000003E-4,"d":"0.00024"}},{"v":0,"d":"0.00000"},{"$f":"S307*H307","v":{"v":0,"d":"0.00000"}},{"$nulls":23},"32",null,"M","2",{"$nulls":3},"ROZPOCET",{"$nulls":5},{"$f":"IF(N307=\"základní\",J307,0)","v":630.24},{"$f":"IF(N307=\"snížená\",J307,0)","v":{"v":0,"d":"0.00"}},{"$f":"IF(N307=\"zákl. přenesená\",J307,0)","v":{"v":0,"d":"0.00"}},{"$f":"IF(N307=\"sníž. přenesená\",J307,0)","v":{"v":0,"d":"0.00"}},{"$f":"IF(N307=\"nulová\",J307,0)","v":{"v":0,"d":"0.00"}},"1",{"$f":"ROUND(I307*H307,2)","v":630.24},"16","-1378676664"]
[null,null,"65","M","34539059","rámeček jednonásobný, bílý","kus",{"v":3,"d":"3.000"},22.04,{"$f":"ROUND(I308*H308,2)","v":66.12},"CS ÚRS 2025 01",null,"","základní",null,{"$f":"O308*H308","v":{"v":0,"d":"0.00000"}},{"v":1e-05,"d":"0.00001"},{"$f":"Q308*H308","v":{"v":3.0000000000000004E-5,"d":"0.00003"}},{"v":0,"d":"0.00000"},{"$f":"S308*H308","v":{"v":0,"d":"0.00000"}},{"$nulls":23},"32",null,"M","2",{"$nulls":3},"ROZPOCET",{"$nulls":5},{"$f":"IF(N308=\"základní\",J308,0)","v":66.12},{"$f":"IF(N308=\"snížená\",J308,0)","v":{"v":0,"d":"0.00"}},{"$f":"IF(N308=\"zákl. přenesená\",J308,0)","v":{"v":0,"d":"0.00"}},{"$f":"IF(N308=\"sníž. přenesená\",J308,0)","v":{"v":0,"d":"0.00"}},{"$f":"IF(N308=\"nulová\",J308,0)","v":{"v":0,"d":"0.00"}},"1",{"$f":"ROUND(I308*H308,2)","v":66.12},"16","-1247509249"]
[null,null,"66","K","741313043","Montáž zásuvek domovních se zapojením vodičů šroubové připojení polozapuštěných nebo zapuštěných 10/16 A, provedení 2x (2P + PE) dvojnásobná","kus",{"v":1,"d":"1.000"},169.51,{"$f":"ROUND(I309*H309,2)","v":169.51},"CS ÚRS 2025 01",null,"","základní",null,{"$f":"O309*H309","v":{"v":0,"d":"0.00000"}},{"v":0,"d":"0.00000"},{"$f":"Q309*H309","v":{"v":0,"d":"0.00000"}},{"v":0,"d":"0.00000"},{"$f":"S309*H309","v":{"v":0,"d":"0.00000"}},{"$nulls":23},"16",null,"K","2",{"$nulls":3},"ROZPOCET",{"$nulls":5},{"$f":"IF(N309=\"základní\",J309,0)","v":169.51},{"$f":"IF(N309=\"snížená\",J309,0)","v":{"v":0,"d":"0.00"}},{"$f":"IF(N309=\"zákl. přenesená\",J309,0)","v":{"v":0,"d":"0.00"}},{"$f":"IF(N309=\"sníž. přenesená\",J309,0)","v":{"v":0,"d":"0.00"}},{"$f":"IF(N309=\"nulová\",J309,0)","v":{"v":0,"d":"0.00"}},"1",{"$f":"ROUND(I309*H309,2)","v":169.51},"16","598430580"]
[{"$nulls":3},"Online PSC",null,"https://podminky.urs.cz/item/CS_URS_2025_01/741313043",{"$nulls":39},"Online PSC","2"]
[{"$nulls":3},"VV","","\"koupelna\"",null,"",{"$nulls":37},"VV","2","1","True","0","ROZPOCET"]
[{"$nulls":3},"VV","","1",null,{"v":1,"d":"1.000"},{"$nulls":37},"VV","2","2","True","1","ROZPOCET"]
[null,null,"67","M","34555201","zásuvka zápustná dvojnásobná chráněná, šroubové svorky","kus",{"v":1,"d":"1.000"},176.29,{"$f":"ROUND(I313*H313,2)","v":176.29},"CS ÚRS 2025 01",null,"","základní",null,{"$f":"O313*H313","v":{"v":0,"d":"0.00000"}},{"v":9e-05,"d":"0.00009"},{"$f":"Q313*H313","v":{"v":9e-05,"d":"0.00009"}},{"v":0,"d":"0.00000"},{"$f":"S313*H313","v":{"v":0,"d":"0.00000"}},{"$nulls":23},"32",null,"M","2",{"$nulls":3},"ROZPOCET",{"$nulls":5},{"$f":"IF(N313=\"základní\",J313,0)","v":176.29},{"$f":"IF(N313=\"snížená\",J313,0)","v":{"v":0,"d":"0.00"}},{"$f":"IF(N313=\"zákl. přenesená\",J313,0)","v":{"v":0,"d":"0.00"}},{"$f":"IF(N313=\"sníž. přenesená\",J313,0)","v":{"v":0,"d":"0.00"}},{"$f":"IF(N313=\"nulová\",J313,0)","v":{"v":0,"d":"0.00"}},"1",{"$f":"ROUND(I313*H313,2)","v":176.29},"16","-722185972"]
[null,null,"68","K","741372012","Montáž svítidel s integrovaným zdrojem LED se zapojením vodičů interiérových přisazených nástěnných reflektorových bez pohybového čidla","kus",{"v":2,"d":"2.000"},{"v":329.6,"d":"329.60"},{"$f":"ROUND(I314*H314,2)","v":{"v":659.2,"d":"659.20"}},"CS ÚRS 2025 01",null,"","základní",null,{"$f":"O314*H314","v":{"v":0,"d":"0.00000"}},{"v":0,"d":"0.00000"},{"$f":"Q314*H314","v":{"v":0,"d":"0.00000"}},{"v":0,"d":"0.00000"},{"$f":"S314*H314","v":{"v":0,"d":"0.00000"}},{"$nulls":23},"16",null,"K","2",{"$nulls":3},"ROZPOCET",{"$nulls":5},{"$f":"IF(N314=\"základní\",J314,0)","v":{"v":659.2,"d":"659.20"}},{"$f":"IF(N314=\"snížená\",J314,0)","v":{"v":0,"d":"0.00"}},{"$f":"IF(N314=\"zákl. přenesená\",J314,0)","v":{"v":0,"d":"0.00"}},{"$f":"IF(N314=\"sníž. přenesená\",J314,0)","v":{"v":0,"d":"0.00"}},{"$f":"IF(N314=\"nulová\",J314,0)","v":{"v":0,"d":"0.00"}},"1",{"$f":"ROUND(I314*H314,2)","v":{"v":659.2,"d":"659.20"}},"16","1792175307"]
[{"$nulls":3},"Online PSC",null,"https://podminky.urs.cz/item/CS_URS_2025_01/741372012",{"$nulls":39},"Online PSC","2"]
[{"$nulls":3},"VV","","\"WC\"",null,"",{"$nulls":37},"VV","2","1","True","0","ROZPOCET"]
[{"$nulls":3},"VV","","1",null,{"v":1,"d":"1.000"},{"$nulls":37},"VV","2","2","True","0","ROZPOCET"]
[{"$nulls":3},"VV","","\"koupelna\"",null,"",{"$nulls":37},"VV","2","1","True","0","ROZPOCET"]
[{"$nulls":3},"VV","","1",null,{"v":1,"d":"1.000"},{"$nulls":37},"VV","2","2","True","0","ROZPOCET"]
[{"$nulls":3},"VV","","Součet",null,{"v":2,"d":"2.000"},{"$nulls":37},"VV","2","4","True","1","ROZPOCET"]
[null,null,"69","M","34835008R","LED svítidlo nástěnné, vhodné do koupelny, IP ochrana: krytí IP44","kus",{"v":2,"d":"2.000"},531.32,{"$f":"ROUND(I321*H321,2)","v":{"v":1062.64,"d":"1,062.64"}},"vlastní",null,"","základní",null,{"$f":"O321*H321","v":{"v":0,"d":"0.00000"}},0.00034,{"$f":"Q321*H321","v":0.00068},{"v":0,"d":"0.00000"},{"$f":"S321*H321","v":{"v":0,"d":"0.00000"}},{"$nulls":23},"32",null,"M","2",{"$nulls":3},"ROZPOCET",{"$nulls":5},{"$f":"IF(N321=\"základní\",J321,0)","v":{"v":1062.64,"d":"1,062.64"}},{"$f":"IF(N321=\"snížená\",J321,0)","v":{"v":0,"d":"0.00"}},{"$f":"IF(N321=\"zákl. přenesená\",J321,0)","v":{"v":0,"d":"0.00"}},{"$f":"IF(N321=\"sníž. přenesená\",J321,0)","v":{"v":0,"d":"0.00"}},{"$f":"IF(N321=\"nulová\",J321,0)","v":{"v":0,"d":"0.00"}},"1",{"$f":"ROUND(I321*H321,2)","v":{"v":1062.64,"d":"1,062.64"}},"16","-1697217787"]
[{"$nulls":3},"VV","","\"výkon 5-9 W, světelný tok 400-800 lm\"",null,"",{"$nulls":37},"VV","2","1","True","0","ROZPOCET"]
[{"$nulls":3},"VV","","2",null,{"v":2,"d":"2.000"},{"$nulls":37},"VV","2","2","True","1","ROZPOCET"]
[null,null,"70","K","998741103","Přesun hmot pro silnoproud stanovený z hmotnosti přesunovaného materiálu vodorovná dopravní vzdálenost do 50 m základní v objektech výšky přes 12 do 24 m","t",{"v":1E-3,"d":"0.001"},{"v":1271.33,"d":"1,271.33"},{"$f":"ROUND(I324*H324,2)","v":1.27},"CS ÚRS 2025 01",null,"","základní",null,{"$f":"O324*H324","v":{"v":0,"d":"0.00000"}},{"v":0,"d":"0.00000"},{"$f":"Q324*H324","v":{"v":0,"d":"0.00000"}},{"v":0,"d":"0.00000"},{"$f":"S324*H324","v":{"v":0,"d":"0.00000"}},{"$nulls":23},"16",null,"K","2",{"$nulls":3},"ROZPOCET",{"$nulls":5},{"$f":"IF(N324=\"základní\",J324,0)","v":1.27},{"$f":"IF(N324=\"snížená\",J324,0)","v":{"v":0,"d":"0.00"}},{"$f":"IF(N324=\"zákl. přenesená\",J324,0)","v":{"v":0,"d":"0.00"}},{"$f":"IF(N324=\"sníž. přenesená\",J324,0)","v":{"v":0,"d":"0.00"}},{"$f":"IF(N324=\"nulová\",J324,0)","v":{"v":0,"d":"0.00"}},"1",{"$f":"ROUND(I324*H324,2)","v":1.27},"16","129704927"]
[{"$nulls":3},"Online PSC",null,"https://podminky.urs.cz/item/CS_URS_2025_01/998741103",{"$nulls":39},"Online PSC","2"]
[{"$nulls":3},"D","751","Vzduchotechnika",{"$nulls":3},{"$f":"BK326","v":{"v":1391.25,"d":"1,391.25"}},{"$nulls":5},{"$f":"SUM(P327:P337)","v":{"v":0,"d":"0.00000"}},null,{"$f":"SUM(R327:R337)","v":{"v":0.0007,"d":"0.00070"}},null,{"$f":"SUM(T327:T337)","v":{"v":1E-4,"d":"0.00010"}},{"$nulls":23},"2",null,"D","1",{"$nulls":3},"ROZPOCET",{"$nulls":11},{"$f":"SUM(BK327:BK337)","v":{"v":1391.25,"d":"1,391.25"}}]
[null,null,"71","K","751398821.R","Demontáž ostatních zařízení větrací mřížky průřezu do 0,040 m2","kus",{"v":2,"d":"2.000"},226.01,{"$f":"ROUND(I327*H327,2)","v":452.02},"vlastní",null,"","základní",null,{"$f":"O327*H327","v":{"v":0,"d":"0.00000"}},{"v":0,"d":"0.00000"},{"$f":"Q327*H327","v":{"v":0,"d":"0.00000"}},{"v":5e-05,"d":"0.00005"},{"$f":"S327*H327","v":{"v":1E-4,"d":"0.00010"}},{"$nulls":23},"16",null,"K","2",{"$nulls":3},"ROZPOCET",{"$nulls":5},{"$f":"IF(N327=\"základní\",J327,0)","v":452.02},{"$f":"IF(N327=\"snížená\",J327,0)","v":{"v":0,"d":"0.00"}},{"$f":"IF(N327=\"zákl. přenesená\",J327,0)","v":{"v":0,"d":"0.00"}},{"$f":"IF(N327=\"sníž. přenesená\",J327,0)","v":{"v":0,"d":"0.00"}},{"$f":"IF(N327=\"nulová\",J327,0)","v":{"v":0,"d":"0.00"}},"1",{"$f":"ROUND(I327*H327,2)","v":452.02},"16","-785017352"]
[{"$nulls":3},"VV","","\"WC\"",null,"",{"$nulls":37},"VV","2","1","True","0","ROZPOCET"]
[{"$nulls":3},"VV","","1",null,{"v":1,"d":"1.000"},{"$nulls":37},"VV","2","2","True","0","ROZPOCET"]
[{"$nulls":3},"VV","","\"koupelna\"",null,"",{"$nulls":37},"VV","2","1","True","0","ROZPOCET"]
[{"$nulls":3},"VV","","1",null,{"v":1,"d":"1.000"},{"$nulls":37},"VV","2","2","True","0","ROZPOCET"]
[{"$nulls":3},"VV","","Součet",null,{"v":2,"d":"2.000"},{"$nulls":37},"VV","2","4","True","1","ROZPOCET"]
[null,null,"72","K","767810112","Montáž větracích mřížek ocelových čtyřhranných, průřezu přes 0,01 do 0,04 m2","kus",{"v":2,"d":"2.000"},280.63,{"$f":"ROUND(I333*H333,2)","v":561.26},"CS ÚRS 2025 01",null,"","základní",null,{"$f":"O333*H333","v":{"v":0,"d":"0.00000"}},{"v":0,"d":"0.00000"},{"$f":"Q333*H333","v":{"v":0,"d":"0.00000"}},{"v":0,"d":"0.00000"},{"$f":"S333*H333","v":{"v":0,"d":"0.00000"}},{"$nulls":23},"16",null,"K","2",{"$nulls":3},"ROZPOCET",{"$nulls":5},{"$f":"IF(N333=\"základní\",J333,0)","v":561.26},{"$f":"IF(N333=\"snížená\",J333,0)","v":{"v":0,"d":"0.00"}},{"$f":"IF(N333=\"zákl. přenesená\",J333,0)","v":{"v":0,"d":"0.00"}},{"$f":"IF(N333=\"sníž. přenesená\",J333,0)","v":{"v":0,"d":"0.00"}},{"$f":"IF(N333=\"nulová\",J333,0)","v":{"v":0,"d":"0.00"}},"1",{"$f":"ROUND(I333*H333,2)","v":561.26},"16","1477859966"]
[{"$nulls":3},"Online PSC",null,"https://podminky.urs.cz/item/CS_URS_2025_01/767810112",{"$nulls":39},"Online PSC","2"]
[null,null,"73","M","55341426.R","mřížka větrací nerezová se síťovinou 200x100mm","kus",{"v":2,"d":"2.000"},188.35,{"$f":"ROUND(I335*H335,2)","v":{"v":376.7,"d":"376.70"}},"vlastní",null,"","základní",null,{"$f":"O335*H335","v":{"v":0,"d":"0.00000"}},{"v":3.5E-4,"d":"0.00035"},{"$f":"Q335*H335","v":{"v":0.0007,"d":"0.00070"}},{"v":0,"d":"0.00000"},{"$f":"S335*H335","v":{"v":0,"d":"0.00000"}},{"$nulls":23},"32",null,"M","2",{"$nulls":3},"ROZPOCET",{"$nulls":5},{"$f":"IF(N335=\"základní\",J335,0)","v":{"v":376.7,"d":"376.70"}},{"$f":"IF(N335=\"snížená\",J335,0)","v":{"v":0,"d":"0.00"}},{"$f":"IF(N335=\"zákl. přenesená\",J335,0)","v":{"v":0,"d":"0.00"}},{"$f":"IF(N335=\"sníž. přenesená\",J335,0)","v":{"v":0,"d":"0.00"}},{"$f":"IF(N335=\"nulová\",J335,0)","v":{"v":0,"d":"0.00"}},"1",{"$f":"ROUND(I335*H335,2)","v":{"v":376.7,"d":"376.70"}},"16","-1092532507"]
[null,null,"74","K","998751102","Přesun hmot pro vzduchotechniku stanovený z hmotnosti přesunovaného materiálu vodorovná dopravní vzdálenost do 100 m základní v objektech výšky přes 12 do 24 m","t",{"v":1E-3,"d":"0.001"},{"v":1271.33,"d":"1,271.33"},{"$f":"ROUND(I336*H336,2)","v":1.27},"CS ÚRS 2025 01",null,"","základní",null,{"$f":"O336*H336","v":{"v":0,"d":"0.00000"}},{"v":0,"d":"0.00000"},{"$f":"Q336*H336","v":{"v":0,"d":"0.00000"}},{"v":0,"d":"0.00000"},{"$f":"S336*H336","v":{"v":0,"d":"0.00000"}},{"$nulls":23},"16",null,"K","2",{"$nulls":3},"ROZPOCET",{"$nulls":5},{"$f":"IF(N336=\"základní\",J336,0)","v":1.27},{"$f":"IF(N336=\"snížená\",J336,0)","v":{"v":0,"d":"0.00"}},{"$f":"IF(N336=\"zákl. přenesená\",J336,0)","v":{"v":0,"d":"0.00"}},{"$f":"IF(N336=\"sníž. přenesená\",J336,0)","v":{"v":0,"d":"0.00"}},{"$f":"IF(N336=\"nulová\",J336,0)","v":{"v":0,"d":"0.00"}},"1",{"$f":"ROUND(I336*H336,2)","v":1.27},"16","1367817108"]
[{"$nulls":3},"Online PSC",null,"https://podminky.urs.cz/item/CS_URS_2025_01/998751102",{"$nulls":39},"Online PSC","2"]
[{"$nulls":3},"D","766","Konstrukce truhlářské",{"$nulls":3},{"$f":"BK338","v":{"v":7566.69,"d":"7,566.69"}},{"$nulls":5},{"$f":"SUM(P339:P357)","v":{"v":0,"d":"0.00000"}},null,{"$f":"SUM(R339:R357)","v":{"v":0.026,"d":"0.02600"}},null,{"$f":"SUM(T339:T357)","v":{"v":0.05,"d":"0.05000"}},{"$nulls":23},"2",null,"D","1",{"$nulls":3},"ROZPOCET",{"$nulls":11},{"$f":"SUM(BK339:BK357)","v":{"v":7566.69,"d":"7,566.69"}}]
[null,null,"75","K","766691914","Ostatní práce vyvěšení nebo zavěšení křídel dřevěných dveřních, plochy do 2 m2","kus",{"v":2,"d":"2.000"},36.73,{"$f":"ROUND(I339*H339,2)","v":73.46},"CS ÚRS 2025 01",null,"","základní",null,{"$f":"O339*H339","v":{"v":0,"d":"0.00000"}},{"v":0,"d":"0.00000"},{"$f":"Q339*H339","v":{"v":0,"d":"0.00000"}},{"v":0.024,"d":"0.02400"},{"$f":"S339*H339","v":{"v":0.048,"d":"0.04800"}},{"$nulls":23},"16",null,"K","2",{"$nulls":3},"ROZPOCET",{"$nulls":5},{"$f":"IF(N339=\"základní\",J339,0)","v":73.46},{"$f":"IF(N339=\"snížená\",J339,0)","v":{"v":0,"d":"0.00"}},{"$f":"IF(N339=\"zákl. přenesená\",J339,0)","v":{"v":0,"d":"0.00"}},{"$f":"IF(N339=\"sníž. přenesená\",J339,0)","v":{"v":0,"d":"0.00"}},{"$f":"IF(N339=\"nulová\",J339,0)","v":{"v":0,"d":"0.00"}},"1",{"$f":"ROUND(I339*H339,2)","v":73.46},"16","1201282084"]
[{"$nulls":3},"Online PSC",null,"https://podminky.urs.cz/item/CS_URS_2025_01/766691914",{"$nulls":39},"Online PSC","2"]
[{"$nulls":3},"VV","","\"WC\"",null,"",{"$nulls":37},"VV","2","1","True","0","ROZPOCET"]
[{"$nulls":3},"VV","","1",null,{"v":1,"d":"1.000"},{"$nulls":37},"VV","2","2","True","0","ROZPOCET"]
[{"$nulls":3},"VV","","\"koupelna\"",null,"",{"$nulls":37},"VV","2","1","True","0","ROZPOCET"]
[{"$nulls":3},"VV","","1",null,{"v":1,"d":"1.000"},{"$nulls":37},"VV","2","2","True","0","ROZPOCET"]
[{"$nulls":3},"VV","","Součet",null,{"v":2,"d":"2.000"},{"$nulls":37},"VV","2","4","True","1","ROZPOCET"]
[null,null,"76","K","766491851","Demontáž ostatních truhlářských konstrukcí prahů dveří jednokřídlových","kus",{"v":2,"d":"2.000"},36.73,{"$f":"ROUND(I346*H346,2)","v":73.46},"CS ÚRS 2025 01",null,"","základní",null,{"$f":"O346*H346","v":{"v":0,"d":"0.00000"}},{"v":0,"d":"0.00000"},{"$f":"Q346*H346","v":{"v":0,"d":"0.00000"}},{"v":1E-3,"d":"0.00100"},{"$f":"S346*H346","v":{"v":2E-3,"d":"0.00200"}},{"$nulls":23},"16",null,"K","2",{"$nulls":3},"ROZPOCET",{"$nulls":5},{"$f":"IF(N346=\"základní\",J346,0)","v":73.46},{"$f":"IF(N346=\"snížená\",J346,0)","v":{"v":0,"d":"0.00"}},{"$f":"IF(N346=\"zákl. přenesená\",J346,0)","v":{"v":0,"d":"0.00"}},{"$f":"IF(N346=\"sníž. přenesená\",J346,0)","v":{"v":0,"d":"0.00"}},{"$f":"IF(N346=\"nulová\",J346,0)","v":{"v":0,"d":"0.00"}},"1",{"$f":"ROUND(I346*H346,2)","v":73.46},"16","-1652732895"]
[{"$nulls":3},"Online PSC",null,"https://podminky.urs.cz/item/CS_URS_2025_01/766491851",{"$nulls":39},"Online PSC","2"]
[{"$nulls":3},"VV","","\"WC\"",null,"",{"$nulls":37},"VV","2","1","True","0","ROZPOCET"]
[{"$nulls":3},"VV","","1",null,{"v":1,"d":"1.000"},{"$nulls":37},"VV","2","2","True","0","ROZPOCET"]
[{"$nulls":3},"VV","","\"koupelna\"",null,"",{"$nulls":37},"VV","2","1","True","0","ROZPOCET"]
[{"$nulls":3},"VV","","1",null,{"v":1,"d":"1.000"},{"$nulls":37},"VV","2","2","True","0","ROZPOCET"]
[{"$nulls":3},"VV","","Součet",null,{"v":2,"d":"2.000"},{"$nulls":37},"VV","2","4","True","1","ROZPOCET"]
[null,null,"77","K","766660001","Montáž dveřních křídel dřevěných nebo plastových otevíravých do ocelové zárubně povrchově upravených jednokřídlových, šířky do 800 mm","kus",{"v":2,"d":"2.000"},800.47,{"$f":"ROUND(I353*H353,2)","v":{"v":1600.94,"d":"1,600.94"}},"CS ÚRS 2025 01",null,"","základní",null,{"$f":"O353*H353","v":{"v":0,"d":"0.00000"}},{"v":0,"d":"0.00000"},{"$f":"Q353*H353","v":{"v":0,"d":"0.00000"}},{"v":0,"d":"0.00000"},{"$f":"S353*H353","v":{"v":0,"d":"0.00000"}},{"$nulls":23},"16",null,"K","2",{"$nulls":3},"ROZPOCET",{"$nulls":5},{"$f":"IF(N353=\"základní\",J353,0)","v":{"v":1600.94,"d":"1,600.94"}},{"$f":"IF(N353=\"snížená\",J353,0)","v":{"v":0,"d":"0.00"}},{"$f":"IF(N353=\"zákl. přenesená\",J353,0)","v":{"v":0,"d":"0.00"}},{"$f":"IF(N353=\"sníž. přenesená\",J353,0)","v":{"v":0,"d":"0.00"}},{"$f":"IF(N353=\"nulová\",J353,0)","v":{"v":0,"d":"0.00"}},"1",{"$f":"ROUND(I353*H353,2)","v":{"v":1600.94,"d":"1,600.94"}},"16","-751722318"]
[{"$nulls":3},"Online PSC",null,"https://podminky.urs.cz/item/CS_URS_2025_01/766660001",{"$nulls":39},"Online PSC","2"]
[null,null,"78","M","MSN.0027212.URS","dveře interiérové jednokřídlé plné, voština, CPL standard, 60x197","kus",{"v":2,"d":"2.000"},{"v":2892.89,"d":"2,892.89"},{"$f":"ROUND(I355*H355,2)","v":{"v":5785.78,"d":"5,785.78"}},"vlastní",null,"","základní",null,{"$f":"O355*H355","v":{"v":0,"d":"0.00000"}},{"v":0.013,"d":"0.01300"},{"$f":"Q355*H355","v":{"v":0.026,"d":"0.02600"}},{"v":0,"d":"0.00000"},{"$f":"S355*H355","v":{"v":0,"d":"0.00000"}},{"$nulls":23},"32",null,"M","2",{"$nulls":3},"ROZPOCET",{"$nulls":5},{"$f":"IF(N355=\"základní\",J355,0)","v":{"v":5785.78,"d":"5,785.78"}},{"$f":"IF(N355=\"snížená\",J355,0)","v":{"v":0,"d":"0.00"}},{"$f":"IF(N355=\"zákl. přenesená\",J355,0)","v":{"v":0,"d":"0.00"}},{"$f":"IF(N355=\"sníž. přenesená\",J355,0)","v":{"v":0,"d":"0.00"}},{"$f":"IF(N355=\"nulová\",J355,0)","v":{"v":0,"d":"0.00"}},"1",{"$f":"ROUND(I355*H355,2)","v":{"v":5785.78,"d":"5,785.78"}},"16","2080428189"]
[null,null,"79","K","998766103","Přesun hmot pro konstrukce truhlářské stanovený z hmotnosti přesunovaného materiálu vodorovná dopravní vzdálenost do 50 m základní v objektech výšky přes 12 do 24 m","t",0.026,{"v":1271.33,"d":"1,271.33"},{"$f":"ROUND(I356*H356,2)","v":33.05},"CS ÚRS 2025 01",null,"","základní",null,{"$f":"O356*H356","v":{"v":0,"d":"0.00000"}},{"v":0,"d":"0.00000"},{"$f":"Q356*H356","v":{"v":0,"d":"0.00000"}},{"v":0,"d":"0.00000"},{"$f":"S356*H356","v":{"v":0,"d":"0.00000"}},{"$nulls":23},"16",null,"K","2",{"$nulls":3},"ROZPOCET",{"$nulls":5},{"$f":"IF(N356=\"základní\",J356,0)","v":33.05},{"$f":"IF(N356=\"snížená\",J356,0)","v":{"v":0,"d":"0.00"}},{"$f":"IF(N356=\"zákl. přenesená\",J356,0)","v":{"v":0,"d":"0.00"}},{"$f":"IF(N356=\"sníž. přenesená\",J356,0)","v":{"v":0,"d":"0.00"}},{"$f":"IF(N356=\"nulová\",J356,0)","v":{"v":0,"d":"0.00"}},"1",{"$f":"ROUND(I356*H356,2)","v":33.05},"16","-1241877543"]
[{"$nulls":3},"Online PSC",null,"https://podminky.urs.cz/item/CS_URS_2025_01/998766103",{"$nulls":39},"Online PSC","2"]
[{"$nulls":3},"D","767","Konstrukce zámečnické",{"$nulls":3},{"$f":"BK358","v":{"v":1144.53,"d":"1,144.53"}},{"$nulls":5},{"$f":"SUM(P359:P370)","v":{"v":0,"d":"0.00000"}},null,{"$f":"SUM(R359:R370)","v":{"v":1.4116999999999999E-3,"d":"0.00141"}},null,{"$f":"SUM(T359:T370)","v":{"v":0.0005,"d":"0.00050"}},{"$nulls":23},"2",null,"D","1",{"$nulls":3},"ROZPOCET",{"$nulls":11},{"$f":"SUM(BK359:BK370)","v":{"v":1144.53,"d":"1,144.53"}}]
[null,null,"80","K","742110871","Demontáž dvířek revizních","kus",{"v":1,"d":"1.000"},226.01,{"$f":"ROUND(I359*H359,2)","v":226.01},"CS ÚRS 2025 01",null,"","základní",null,{"$f":"O359*H359","v":{"v":0,"d":"0.00000"}},{"v":0,"d":"0.00000"},{"$f":"Q359*H359","v":{"v":0,"d":"0.00000"}},{"v":0.0005,"d":"0.00050"},{"$f":"S359*H359","v":{"v":0.0005,"d":"0.00050"}},{"$nulls":23},"16",null,"K","2",{"$nulls":3},"ROZPOCET",{"$nulls":5},{"$f":"IF(N359=\"základní\",J359,0)","v":226.01},{"$f":"IF(N359=\"snížená\",J359,0)","v":{"v":0,"d":"0.00"}},{"$f":"IF(N359=\"zákl. přenesená\",J359,0)","v":{"v":0,"d":"0.00"}},{"$f":"IF(N359=\"sníž. přenesená\",J359,0)","v":{"v":0,"d":"0.00"}},{"$f":"IF(N359=\"nulová\",J359,0)","v":{"v":0,"d":"0.00"}},"1",{"$f":"ROUND(I359*H359,2)","v":226.01},"16","-272839155"]
[{"$nulls":3},"Online PSC",null,"https://podminky.urs.cz/item/CS_URS_2025_01/742110871",{"$nulls":39},"Online PSC","2"]
[{"$nulls":3},"VV","","\"koupelna\"",null,"",{"$nulls":37},"VV","2","1","True","0","ROZPOCET"]
[{"$nulls":3},"VV","","1",null,{"v":1,"d":"1.000"},{"$nulls":37},"VV","2","2","True","0","ROZPOCET"]
[{"$nulls":3},"VV","","Součet",null,{"v":1,"d":"1.000"},{"$nulls":37},"VV","2","4","True","1","ROZPOCET"]
[null,null,"81","K","767646411","Montáž revizních dveří a dvířek hliníkových, ocelových nebo plastových s rámem jednokřídlových, plochy do 0,5 m2","m2",{"v":0.09,"d":"0.090"},{"v":3662.28,"d":"3,662.28"},{"$f":"ROUND(I364*H364,2)","v":329.61},"CS ÚRS 2025 01",null,"","základní",null,{"$f":"O364*H364","v":{"v":0,"d":"0.00000"}},0.00013,{"$f":"Q364*H364","v":{"v":1.1699999999999998E-5,"d":"0.00001"}},{"v":0,"d":"0.00000"},{"$f":"S364*H364","v":{"v":0,"d":"0.00000"}},{"$nulls":23},"16",null,"K","2",{"$nulls":3},"ROZPOCET",{"$nulls":5},{"$f":"IF(N364=\"základní\",J364,0)","v":329.61},{"$f":"IF(N364=\"snížená\",J364,0)","v":{"v":0,"d":"0.00"}},{"$f":"IF(N364=\"zákl. přenesená\",J364,0)","v":{"v":0,"d":"0.00"}},{"$f":"IF(N364=\"sníž. přenesená\",J364,0)","v":{"v":0,"d":"0.00"}},{"$f":"IF(N364=\"nulová\",J364,0)","v":{"v":0,"d":"0.00"}},"1",{"$f":"ROUND(I364*H364,2)","v":329.61},"16","324251521"]
[{"$nulls":3},"Online PSC",null,"https://podminky.urs.cz/item/CS_URS_2025_01/767646411",{"$nulls":39},"Online PSC","2"]
[{"$nulls":3},"VV","","\"koupelna\"",null,"",{"$nulls":37},"VV","2","1","True","0","ROZPOCET"]
[{"$nulls":3},"VV","","0,3*0,3",null,{"v":0.09,"d":"0.090"},{"$nulls":37},"VV","2","2","True","1","ROZPOCET"]
[null,null,"82","M","59030711","dvířka revizní jednokřídlá s automatickým zámkem 300x300mm","kus",{"v":1,"d":"1.000"},587.64,{"$f":"ROUND(I368*H368,2)","v":587.64},"CS ÚRS 2025 01",null,"","základní",null,{"$f":"O368*H368","v":{"v":0,"d":"0.00000"}},{"v":1.4E-3,"d":"0.00140"},{"$f":"Q368*H368","v":{"v":1.4E-3,"d":"0.00140"}},{"v":0,"d":"0.00000"},{"$f":"S368*H368","v":{"v":0,"d":"0.00000"}},{"$nulls":23},"32",null,"M","2",{"$nulls":3},"ROZPOCET",{"$nulls":5},{"$f":"IF(N368=\"základní\",J368,0)","v":587.64},{"$f":"IF(N368=\"snížená\",J368,0)","v":{"v":0,"d":"0.00"}},{"$f":"IF(N368=\"zákl. přenesená\",J368,0)","v":{"v":0,"d":"0.00"}},{"$f":"IF(N368=\"sníž. přenesená\",J368,0)","v":{"v":0,"d":"0.00"}},{"$f":"IF(N368=\"nulová\",J368,0)","v":{"v":0,"d":"0.00"}},"1",{"$f":"ROUND(I368*H368,2)","v":587.64},"16","1034244800"]
[null,null,"83","K","998767103","Přesun hmot pro zámečnické konstrukce stanovený z hmotnosti přesunovaného materiálu vodorovná dopravní vzdálenost do 50 m základní v objektech výšky přes 12 do 24 m","t",{"v":1E-3,"d":"0.001"},{"v":1271.33,"d":"1,271.33"},{"$f":"ROUND(I369*H369,2)","v":1.27},"CS ÚRS 2025 01",null,"","základní",null,{"$f":"O369*H369","v":{"v":0,"d":"0.00000"}},{"v":0,"d":"0.00000"},{"$f":"Q369*H369","v":{"v":0,"d":"0.00000"}},{"v":0,"d":"0.00000"},{"$f":"S369*H369","v":{"v":0,"d":"0.00000"}},{"$nulls":23},"16",null,"K","2",{"$nulls":3},"ROZPOCET",{"$nulls":5},{"$f":"IF(N369=\"základní\",J369,0)","v":1.27},{"$f":"IF(N369=\"snížená\",J369,0)","v":{"v":0,"d":"0.00"}},{"$f":"IF(N369=\"zákl. přenesená\",J369,0)","v":{"v":0,"d":"0.00"}},{"$f":"IF(N369=\"sníž. přenesená\",J369,0)","v":{"v":0,"d":"0.00"}},{"$f":"IF(N369=\"nulová\",J369,0)","v":{"v":0,"d":"0.00"}},"1",{"$f":"ROUND(I369*H369,2)","v":1.27},"16","-769694328"]
[{"$nulls":3},"Online PSC",null,"https://podminky.urs.cz/item/CS_URS_2025_01/998767103",{"$nulls":39},"Online PSC","2"]
[{"$nulls":3},"D","771","Podlahy z dlaždic",{"$nulls":3},{"$f":"BK371","v":{"v":11856.660000000002,"d":"11,856.66"}},{"$nulls":5},{"$f":"SUM(P372:P421)","v":{"v":0,"d":"0.00000"}},null,{"$f":"SUM(R372:R421)","v":{"v":0.16108840000000002,"d":"0.16109"}},null,{"$f":"SUM(T372:T421)","v":{"v":0,"d":"0.00000"}},{"$nulls":23},"2",null,"D","1",{"$nulls":3},"ROZPOCET",{"$nulls":11},{"$f":"SUM(BK372:BK421)","v":{"v":11856.660000000002,"d":"11,856.66"}}]
[null,null,"84","K","771111011","Příprava podkladu před provedením dlažby vysátí podlah","m2",2.994,17.89,{"$f":"ROUND(I372*H372,2)","v":53.56},"CS ÚRS 2025 01",null,"","základní",null,{"$f":"O372*H372","v":{"v":0,"d":"0.00000"}},{"v":0,"d":"0.00000"},{"$f":"Q372*H372","v":{"v":0,"d":"0.00000"}},{"v":0,"d":"0.00000"},{"$f":"S372*H372","v":{"v":0,"d":"0.00000"}},{"$nulls":23},"16",null,"K","2",{"$nulls":3},"ROZPOCET",{"$nulls":5},{"$f":"IF(N372=\"základní\",J372,0)","v":53.56},{"$f":"IF(N372=\"snížená\",J372,0)","v":{"v":0,"d":"0.00"}},{"$f":"IF(N372=\"zákl. přenesená\",J372,0)","v":{"v":0,"d":"0.00"}},{"$f":"IF(N372=\"sníž. přenesená\",J372,0)","v":{"v":0,"d":"0.00"}},{"$f":"IF(N372=\"nulová\",J372,0)","v":{"v":0,"d":"0.00"}},"1",{"$f":"ROUND(I372*H372,2)","v":53.56},"16","-1274129144"]
[{"$nulls":3},"Online PSC",null,"https://podminky.urs.cz/item/CS_URS_2025_01/771111011",{"$nulls":39},"Online PSC","2"]
[{"$nulls":3},"VV","","\"WC\"",null,"",{"$nulls":37},"VV","2","1","True","0","ROZPOCET"]
[{"$nulls":3},"VV","","0,82*1,55",null,1.271,{"$nulls":37},"VV","2","2","True","0","ROZPOCET"]
[{"$nulls":3},"VV","","\"koupelna\"",null,"",{"$nulls":37},"VV","2","1","True","0","ROZPOCET"]
[{"$nulls":3},"VV","","1,46*0,55+0,92*1",null,1.723,{"$nulls":37},"VV","2","2","True","0","ROZPOCET"]
[{"$nulls":3},"VV","","Součet",null,2.994,{"$nulls":37},"VV","2","4","True","1","ROZPOCET"]
[null,null,"85","K","771121011","Nátěr penetrační na podlahu","m2",2.994,27.31,{"$f":"ROUND(I379*H379,2)","v":81.77},"CS ÚRS 2025 01",null,"","základní",null,{"$f":"O379*H379","v":{"v":0,"d":"0.00000"}},{"v":0.0003,"d":"0.00030"},{"$f":"Q379*H379","v":{"v":0.0008982,"d":"0.00090"}},{"v":0,"d":"0.00000"},{"$f":"S379*H379","v":{"v":0,"d":"0.00000"}},{"$nulls":23},"16",null,"K","2",{"$nulls":3},"ROZPOCET",{"$nulls":5},{"$f":"IF(N379=\"základní\",J379,0)","v":81.77},{"$f":"IF(N379=\"snížená\",J379,0)","v":{"v":0,"d":"0.00"}},{"$f":"IF(N379=\"zákl. přenesená\",J379,0)","v":{"v":0,"d":"0.00"}},{"$f":"IF(N379=\"sníž. přenesená\",J379,0)","v":{"v":0,"d":"0.00"}},{"$f":"IF(N379=\"nulová\",J379,0)","v":{"v":0,"d":"0.00"}},"1",{"$f":"ROUND(I379*H379,2)","v":81.77},"16","1091278466"]
[{"$nulls":3},"Online PSC",null,"https://podminky.urs.cz/item/CS_URS_2025_01/771121011",{"$nulls":39},"Online PSC","2"]
[null,null,"86","K","771151024","Příprava podkladu před provedením dlažby samonivelační stěrka min. pevnosti 30 MPa, tloušťky přes 8 do 10 mm","m2",2.994,641.32,{"$f":"ROUND(I381*H381,2)","v":{"v":1920.11,"d":"1,920.11"}},"CS ÚRS 2025 01",null,"","základní",null,{"$f":"O381*H381","v":{"v":0,"d":"0.00000"}},{"v":0.015,"d":"0.01500"},{"$f":"Q381*H381","v":0.04491},{"v":0,"d":"0.00000"},{"$f":"S381*H381","v":{"v":0,"d":"0.00000"}},{"$nulls":23},"16",null,"K","2",{"$nulls":3},"ROZPOCET",{"$nulls":5},{"$f":"IF(N381=\"základní\",J381,0)","v":{"v":1920.11,"d":"1,920.11"}},{"$f":"IF(N381=\"snížená\",J381,0)","v":{"v":0,"d":"0.00"}},{"$f":"IF(N381=\"zákl. přenesená\",J381,0)","v":{"v":0,"d":"0.00"}},{"$f":"IF(N381=\"sníž. přenesená\",J381,0)","v":{"v":0,"d":"0.00"}},{"$f":"IF(N381=\"nulová\",J381,0)","v":{"v":0,"d":"0.00"}},"1",{"$f":"ROUND(I381*H381,2)","v":{"v":1920.11,"d":"1,920.11"}},"16","-739266912"]
[{"$nulls":3},"Online PSC",null,"https://podminky.urs.cz/item/CS_URS_2025_01/771151024",{"$nulls":39},"Online PSC","2"]
[null,null,"87","K","771161022","Příprava podkladu před provedením dlažby montáž profilu ukončujícího profilu pro schodové hrany a ukončení dlažby","m",{"v":1.4,"d":"1.400"},{"v":119.6,"d":"119.60"},{"$f":"ROUND(I383*H383,2)","v":167.44},"CS ÚRS 2025 01",null,"","základní",null,{"$f":"O383*H383","v":{"v":0,"d":"0.00000"}},0.00034,{"$f":"Q383*H383","v":{"v":0.000476,"d":"0.00048"}},{"v":0,"d":"0.00000"},{"$f":"S383*H383","v":{"v":0,"d":"0.00000"}},{"$nulls":23},"16",null,"K","2",{"$nulls":3},"ROZPOCET",{"$nulls":5},{"$f":"IF(N383=\"základní\",J383,0)","v":167.44},{"$f":"IF(N383=\"snížená\",J383,0)","v":{"v":0,"d":"0.00"}},{"$f":"IF(N383=\"zákl. přenesená\",J383,0)","v":{"v":0,"d":"0.00"}},{"$f":"IF(N383=\"sníž. přenesená\",J383,0)","v":{"v":0,"d":"0.00"}},{"$f":"IF(N383=\"nulová\",J383,0)","v":{"v":0,"d":"0.00"}},"1",{"$f":"ROUND(I383*H383,2)","v":167.44},"16","1579847369"]
[{"$nulls":3},"Online PSC",null,"https://podminky.urs.cz/item/CS_URS_2025_01/771161022",{"$nulls":39},"Online PSC","2"]
[{"$nulls":3},"VV","","\"ve dveřích místo prahu\"",null,"",{"$nulls":37},"VV","2","1","True","0","ROZPOCET"]
[{"$nulls":3},"VV","","\"WC\"",null,"",{"$nulls":37},"VV","2","1","True","0","ROZPOCET"]
[{"$nulls":3},"VV","","0,7",null,{"v":0.7,"d":"0.700"},{"$nulls":37},"VV","2","2","True","0","ROZPOCET"]
[{"$nulls":3},"VV","","\"koupelna\"",null,"",{"$nulls":37},"VV","2","1","True","0","ROZPOCET"]
[{"$nulls":3},"VV","","0,7",null,{"v":0.7,"d":"0.700"},{"$nulls":37},"VV","2","2","True","0","ROZPOCET"]
[{"$nulls":3},"VV","","Součet",null,{"v":1.4,"d":"1.400"},{"$nulls":37},"VV","2","4","True","1","ROZPOCET"]
[null,null,"88","M","19416008","lišta ukončovací hliníková 10mm","m",{"v":1.4,"d":"1.400"},55.09,{"$f":"ROUND(I391*H391,2)","v":77.13},"CS ÚRS 2025 01",null,"","základní",null,{"$f":"O391*H391","v":{"v":0,"d":"0.00000"}},{"v":1.2E-4,"d":"0.00012"},{"$f":"Q391*H391","v":{"v":0.000168,"d":"0.00017"}},{"v":0,"d":"0.00000"},{"$f":"S391*H391","v":{"v":0,"d":"0.00000"}},{"$nulls":23},"32",null,"M","2",{"$nulls":3},"ROZPOCET",{"$nulls":5},{"$f":"IF(N391=\"základní\",J391,0)","v":77.13},{"$f":"IF(N391=\"snížená\",J391,0)","v":{"v":0,"d":"0.00"}},{"$f":"IF(N391=\"zákl. přenesená\",J391,0)","v":{"v":0,"d":"0.00"}},{"$f":"IF(N391=\"sníž. přenesená\",J391,0)","v":{"v":0,"d":"0.00"}},{"$f":"IF(N391=\"nulová\",J391,0)","v":{"v":0,"d":"0.00"}},"1",{"$f":"ROUND(I391*H391,2)","v":77.13},"16","1696368230"]
[null,null,"89","K","771574416","Montáž podlah z dlaždic keramických lepených cementovým flexibilním lepidlem hladkých, tloušťky do 10 mm přes 9 do 12 ks/m2","m2",2.994,800.47,{"$f":"ROUND(I392*H392,2)","v":{"v":2396.61,"d":"2,396.61"}},"CS ÚRS 2025 01",null,"","základní",null,{"$f":"O392*H392","v":{"v":0,"d":"0.00000"}},{"v":0.006,"d":"0.00600"},{"$f":"Q392*H392","v":{"v":0.017964,"d":"0.01796"}},{"v":0,"d":"0.00000"},{"$f":"S392*H392","v":{"v":0,"d":"0.00000"}},{"$nulls":23},"16",null,"K","2",{"$nulls":3},"ROZPOCET",{"$nulls":5},{"$f":"IF(N392=\"základní\",J392,0)","v":{"v":2396.61,"d":"2,396.61"}},{"$f":"IF(N392=\"snížená\",J392,0)","v":{"v":0,"d":"0.00"}},{"$f":"IF(N392=\"zákl. přenesená\",J392,0)","v":{"v":0,"d":"0.00"}},{"$f":"IF(N392=\"sníž. přenesená\",J392,0)","v":{"v":0,"d":"0.00"}},{"$f":"IF(N392=\"nulová\",J392,0)","v":{"v":0,"d":"0.00"}},"1",{"$f":"ROUND(I392*H392,2)","v":{"v":2396.61,"d":"2,396.61"}},"16","528537537"]
[{"$nulls":3},"Online PSC",null,"https://podminky.urs.cz/item/CS_URS_2025_01/771574416",{"$nulls":39},"Online PSC","2"]
[null,null,"90","M","59761409.R","dlažba keramická slinutá protiskluzná do interiéru i exteriéru - bude upřesněno investorem","m2",{"v":4,"d":"4.000"},452.97,{"$f":"ROUND(I394*H394,2)","v":{"v":1811.88,"d":"1,811.88"}},"vlastní",null,"","základní",null,{"$f":"O394*H394","v":{"v":0,"d":"0.00000"}},{"v":0.0192,"d":"0.01920"},{"$f":"Q394*H394","v":{"v":0.0768,"d":"0.07680"}},{"v":0,"d":"0.00000"},{"$f":"S394*H394","v":{"v":0,"d":"0.00000"}},{"$nulls":23},"32",null,"M","2",{"$nulls":3},"ROZPOCET",{"$nulls":5},{"$f":"IF(N394=\"základní\",J394,0)","v":{"v":1811.88,"d":"1,811.88"}},{"$f":"IF(N394=\"snížená\",J394,0)","v":{"v":0,"d":"0.00"}},{"$f":"IF(N394=\"zákl. přenesená\",J394,0)","v":{"v":0,"d":"0.00"}},{"$f":"IF(N394=\"sníž. přenesená\",J394,0)","v":{"v":0,"d":"0.00"}},{"$f":"IF(N394=\"nulová\",J394,0)","v":{"v":0,"d":"0.00"}},"1",{"$f":"ROUND(I394*H394,2)","v":{"v":1811.88,"d":"1,811.88"}},"16","-534872157"]
[null,null,"91","K","771591112","Izolace podlahy pod dlažbu nátěrem nebo stěrkou ve dvou vrstvách","m2",2.994,452.03,{"$f":"ROUND(I395*H395,2)","v":{"v":1353.38,"d":"1,353.38"}},"CS ÚRS 2025 01",null,"","základní",null,{"$f":"O395*H395","v":{"v":0,"d":"0.00000"}},{"v":1.5E-3,"d":"0.00150"},{"$f":"Q395*H395","v":{"v":0.004491,"d":"0.00449"}},{"v":0,"d":"0.00000"},{"$f":"S395*H395","v":{"v":0,"d":"0.00000"}},{"$nulls":23},"16",null,"K","2",{"$nulls":3},"ROZPOCET",{"$nulls":5},{"$f":"IF(N395=\"základní\",J395,0)","v":{"v":1353.38,"d":"1,353.38"}},{"$f":"IF(N395=\"snížená\",J395,0)","v":{"v":0,"d":"0.00"}},{"$f":"IF(N395=\"zákl. přenesená\",J395,0)","v":{"v":0,"d":"0.00"}},{"$f":"IF(N395=\"sníž. přenesená\",J395,0)","v":{"v":0,"d":"0.00"}},{"$f":"IF(N395=\"nulová\",J395,0)","v":{"v":0,"d":"0.00"}},"1",{"$f":"ROUND(I395*H395,2)","v":{"v":1353.38,"d":"1,353.38"}},"16","-1097880162"]
[{"$nulls":3},"Online PSC",null,"https://podminky.urs.cz/item/CS_URS_2025_01/771591112",{"$nulls":39},"Online PSC","2"]
[null,null,"92","K","771591184","Podlahy - dokončovací práce pracnější řezání dlaždic keramických rovné","m",{"v":5,"d":"5.000"},120.54,{"$f":"ROUND(I397*H397,2)","v":{"v":602.7,"d":"602.70"}},"CS ÚRS 2025 01",null,"","základní",null,{"$f":"O397*H397","v":{"v":0,"d":"0.00000"}},{"v":0,"d":"0.00000"},{"$f":"Q397*H397","v":{"v":0,"d":"0.00000"}},{"v":0,"d":"0.00000"},{"$f":"S397*H397","v":{"v":0,"d":"0.00000"}},{"$nulls":23},"16",null,"K","2",{"$nulls":3},"ROZPOCET",{"$nulls":5},{"$f":"IF(N397=\"základní\",J397,0)","v":{"v":602.7,"d":"602.70"}},{"$f":"IF(N397=\"snížená\",J397,0)","v":{"v":0,"d":"0.00"}},{"$f":"IF(N397=\"zákl. přenesená\",J397,0)","v":{"v":0,"d":"0.00"}},{"$f":"IF(N397=\"sníž. přenesená\",J397,0)","v":{"v":0,"d":"0.00"}},{"$f":"IF(N397=\"nulová\",J397,0)","v":{"v":0,"d":"0.00"}},"1",{"$f":"ROUND(I397*H397,2)","v":{"v":602.7,"d":"602.70"}},"16","-773480512"]
[{"$nulls":3},"Online PSC",null,"https://podminky.urs.cz/item/CS_URS_2025_01/771591184",{"$nulls":39},"Online PSC","2"]
[{"$nulls":3},"VV","","\"dle potřeby\"",null,"",{"$nulls":37},"VV","2","1","True","0","ROZPOCET"]
[{"$nulls":3},"VV","","5",null,{"v":5,"d":"5.000"},{"$nulls":37},"VV","2","2","True","1","ROZPOCET"]
[null,null,"93","K","771591241","Izolace podlahy pod dlažbu těsnícími izolačními pásy vnitřní kout","kus",{"v":9,"d":"9.000"},{"v":187.4,"d":"187.40"},{"$f":"ROUND(I401*H401,2)","v":{"v":1686.6,"d":"1,686.60"}},"CS ÚRS 2025 01",null,"","základní",null,{"$f":"O401*H401","v":{"v":0,"d":"0.00000"}},0.00021,{"$f":"Q401*H401","v":{"v":1.8900000000000002E-3,"d":"0.00189"}},{"v":0,"d":"0.00000"},{"$f":"S401*H401","v":{"v":0,"d":"0.00000"}},{"$nulls":23},"16",null,"K","2",{"$nulls":3},"ROZPOCET",{"$nulls":5},{"$f":"IF(N401=\"základní\",J401,0)","v":{"v":1686.6,"d":"1,686.60"}},{"$f":"IF(N401=\"snížená\",J401,0)","v":{"v":0,"d":"0.00"}},{"$f":"IF(N401=\"zákl. přenesená\",J401,0)","v":{"v":0,"d":"0.00"}},{"$f":"IF(N401=\"sníž. přenesená\",J401,0)","v":{"v":0,"d":"0.00"}},{"$f":"IF(N401=\"nulová\",J401,0)","v":{"v":0,"d":"0.00"}},"1",{"$f":"ROUND(I401*H401,2)","v":{"v":1686.6,"d":"1,686.60"}},"16","-1414733943"]
[{"$nulls":3},"Online PSC",null,"https://podminky.urs.cz/item/CS_URS_2025_01/771591241",{"$nulls":39},"Online PSC","2"]
[{"$nulls":3},"VV","","\"WC\"",null,"",{"$nulls":37},"VV","2","1","True","0","ROZPOCET"]
[{"$nulls":3},"VV","","4",null,{"v":4,"d":"4.000"},{"$nulls":37},"VV","2","2","True","0","ROZPOCET"]
[{"$nulls":3},"VV","","\"koupelna\"",null,"",{"$nulls":37},"VV","2","1","True","0","ROZPOCET"]
[{"$nulls":3},"VV","","5",null,{"v":5,"d":"5.000"},{"$nulls":37},"VV","2","2","True","0","ROZPOCET"]
[{"$nulls":3},"VV","","Součet",null,{"v":9,"d":"9.000"},{"$nulls":37},"VV","2","4","True","1","ROZPOCET"]
[null,null,"94","K","771591242","Izolace podlahy pod dlažbu těsnícími izolačními pásy vnější roh","kus",{"v":1,"d":"1.000"},{"v":187.4,"d":"187.40"},{"$f":"ROUND(I408*H408,2)","v":{"v":187.4,"d":"187.40"}},"CS ÚRS 2025 01",null,"","základní",null,{"$f":"O408*H408","v":{"v":0,"d":"0.00000"}},{"v":0.0002,"d":"0.00020"},{"$f":"Q408*H408","v":{"v":0.0002,"d":"0.00020"}},{"v":0,"d":"0.00000"},{"$f":"S408*H408","v":{"v":0,"d":"0.00000"}},{"$nulls":23},"16",null,"K","2",{"$nulls":3},"ROZPOCET",{"$nulls":5},{"$f":"IF(N408=\"základní\",J408,0)","v":{"v":187.4,"d":"187.40"}},{"$f":"IF(N408=\"snížená\",J408,0)","v":{"v":0,"d":"0.00"}},{"$f":"IF(N408=\"zákl. přenesená\",J408,0)","v":{"v":0,"d":"0.00"}},{"$f":"IF(N408=\"sníž. přenesená\",J408,0)","v":{"v":0,"d":"0.00"}},{"$f":"IF(N408=\"nulová\",J408,0)","v":{"v":0,"d":"0.00"}},"1",{"$f":"ROUND(I408*H408,2)","v":{"v":187.4,"d":"187.40"}},"16","228734064"]
[{"$nulls":3},"Online PSC",null,"https://podminky.urs.cz/item/CS_URS_2025_01/771591242",{"$nulls":39},"Online PSC","2"]
[{"$nulls":3},"VV","","\"koupelna\"",null,"",{"$nulls":37},"VV","2","1","True","0","ROZPOCET"]
[{"$nulls":3},"VV","","1",null,{"v":1,"d":"1.000"},{"$nulls":37},"VV","2","2","True","0","ROZPOCET"]
[{"$nulls":3},"VV","","Součet",null,{"v":1,"d":"1.000"},{"$nulls":37},"VV","2","4","True","1","ROZPOCET"]
[null,null,"95","K","771591264","Izolace podlahy pod dlažbu těsnícími izolačními pásy mezi podlahou a stěnu","m",{"v":9.36,"d":"9.360"},140.32,{"$f":"ROUND(I413*H413,2)","v":{"v":1313.4,"d":"1,313.40"}},"CS ÚRS 2025 01",null,"","základní",null,{"$f":"O413*H413","v":{"v":0,"d":"0.00000"}},{"v":1.42E-3,"d":"0.00142"},{"$f":"Q413*H413","v":{"v":0.0132912,"d":"0.01329"}},{"v":0,"d":"0.00000"},{"$f":"S413*H413","v":{"v":0,"d":"0.00000"}},{"$nulls":23},"16",null,"K","2",{"$nulls":3},"ROZPOCET",{"$nulls":5},{"$f":"IF(N413=\"základní\",J413,0)","v":{"v":1313.4,"d":"1,313.40"}},{"$f":"IF(N413=\"snížená\",J413,0)","v":{"v":0,"d":"0.00"}},{"$f":"IF(N413=\"zákl. přenesená\",J413,0)","v":{"v":0,"d":"0.00"}},{"$f":"IF(N413=\"sníž. přenesená\",J413,0)","v":{"v":0,"d":"0.00"}},{"$f":"IF(N413=\"nulová\",J413,0)","v":{"v":0,"d":"0.00"}},"1",{"$f":"ROUND(I413*H413,2)","v":{"v":1313.4,"d":"1,313.40"}},"16","1025144960"]
[{"$nulls":3},"Online PSC",null,"https://podminky.urs.cz/item/CS_URS_2025_01/771591264",{"$nulls":39},"Online PSC","2"]
[{"$nulls":3},"VV","","\"WC\"",null,"",{"$nulls":37},"VV","2","1","True","0","ROZPOCET"]
[{"$nulls":3},"VV","","0,82*2+1,55*2-0,7",null,{"v":4.04,"d":"4.040"},{"$nulls":37},"VV","2","2","True","0","ROZPOCET"]
[{"$nulls":3},"VV","","\"koupelna\"",null,"",{"$nulls":37},"VV","2","1","True","0","ROZPOCET"]
[{"$nulls":3},"VV","","1,46*2+1,55*2-0,7",null,{"v":5.32,"d":"5.320"},{"$nulls":37},"VV","2","2","True","0","ROZPOCET"]
[{"$nulls":3},"VV","","Součet",null,{"v":9.36,"d":"9.360"},{"$nulls":37},"VV","2","4","True","1","ROZPOCET"]
[null,null,"96","K","998771103","Přesun hmot pro podlahy z dlaždic stanovený z hmotnosti přesunovaného materiálu vodorovná dopravní vzdálenost do 50 m základní v objektech výšky přes 12 do 24 m","t",0.161,{"v":1271.33,"d":"1,271.33"},{"$f":"ROUND(I420*H420,2)","v":204.68},"CS ÚRS 2025 01",null,"","základní",null,{"$f":"O420*H420","v":{"v":0,"d":"0.00000"}},{"v":0,"d":"0.00000"},{"$f":"Q420*H420","v":{"v":0,"d":"0.00000"}},{"v":0,"d":"0.00000"},{"$f":"S420*H420","v":{"v":0,"d":"0.00000"}},{"$nulls":23},"16",null,"K","2",{"$nulls":3},"ROZPOCET",{"$nulls":5},{"$f":"IF(N420=\"základní\",J420,0)","v":204.68},{"$f":"IF(N420=\"snížená\",J420,0)","v":{"v":0,"d":"0.00"}},{"$f":"IF(N420=\"zákl. přenesená\",J420,0)","v":{"v":0,"d":"0.00"}},{"$f":"IF(N420=\"sníž. přenesená\",J420,0)","v":{"v":0,"d":"0.00"}},{"$f":"IF(N420=\"nulová\",J420,0)","v":{"v":0,"d":"0.00"}},"1",{"$f":"ROUND(I420*H420,2)","v":204.68},"16","-1316656413"]
[{"$nulls":3},"Online PSC",null,"https://podminky.urs.cz/item/CS_URS_2025_01/998771103",{"$nulls":39},"Online PSC","2"]
[{"$nulls":3},"D","781","Dokončovací práce - obklady",{"$nulls":3},{"$f":"BK422","v":{"v":30234.920000000002,"d":"30,234.92"}},{"$nulls":5},{"$f":"SUM(P423:P451)","v":{"v":0,"d":"0.00000"}},null,{"$f":"SUM(R423:R451)","v":0.34126},null,{"$f":"SUM(T423:T451)","v":{"v":0,"d":"0.00000"}},{"$nulls":23},"2",null,"D","1",{"$nulls":3},"ROZPOCET",{"$nulls":11},{"$f":"SUM(BK423:BK451)","v":{"v":30234.920000000002,"d":"30,234.92"}}]
[null,null,"97","K","781111011","Příprava podkladu před provedením obkladu oprášení (ometení) stěny","m2",{"v":16.7,"d":"16.700"},17.89,{"$f":"ROUND(I423*H423,2)","v":298.76},"CS ÚRS 2025 01",null,"","základní",null,{"$f":"O423*H423","v":{"v":0,"d":"0.00000"}},{"v":0,"d":"0.00000"},{"$f":"Q423*H423","v":{"v":0,"d":"0.00000"}},{"v":0,"d":"0.00000"},{"$f":"S423*H423","v":{"v":0,"d":"0.00000"}},{"$nulls":23},"16",null,"K","2",{"$nulls":3},"ROZPOCET",{"$nulls":5},{"$f":"IF(N423=\"základní\",J423,0)","v":298.76},{"$f":"IF(N423=\"snížená\",J423,0)","v":{"v":0,"d":"0.00"}},{"$f":"IF(N423=\"zákl. přenesená\",J423,0)","v":{"v":0,"d":"0.00"}},{"$f":"IF(N423=\"sníž. přenesená\",J423,0)","v":{"v":0,"d":"0.00"}},{"$f":"IF(N423=\"nulová\",J423,0)","v":{"v":0,"d":"0.00"}},"1",{"$f":"ROUND(I423*H423,2)","v":298.76},"16","1247688888"]
[{"$nulls":3},"Online PSC",null,"https://podminky.urs.cz/item/CS_URS_2025_01/781111011",{"$nulls":39},"Online PSC","2"]
[{"$nulls":3},"VV","","\"WC\"",null,"",{"$nulls":37},"VV","2","1","True","0","ROZPOCET"]
[{"$nulls":3},"VV","","(0,82*2+1,55*2)*1,5-(0,7*1,5)",null,{"v":6.06,"d":"6.060"},{"$nulls":37},"VV","2","2","True","0","ROZPOCET"]
[{"$nulls":3},"VV","","\"koupelna\"",null,"",{"$nulls":37},"VV","2","1","True","0","ROZPOCET"]
[{"$nulls":3},"VV","","(1,46*2+1,55*2)*2-(0,7*2)",null,{"v":10.64,"d":"10.640"},{"$nulls":37},"VV","2","2","True","0","ROZPOCET"]
[{"$nulls":3},"VV","","Součet",null,{"v":16.7,"d":"16.700"},{"$nulls":37},"VV","2","4","True","1","ROZPOCET"]
[null,null,"98","K","781121011","Nátěr penetrační na stěnu","m2",{"v":16.7,"d":"16.700"},27.31,{"$f":"ROUND(I430*H430,2)","v":456.08},"CS ÚRS 2025 01",null,"","základní",null,{"$f":"O430*H430","v":{"v":0,"d":"0.00000"}},{"v":0.0003,"d":"0.00030"},{"$f":"Q430*H430","v":0.00501},{"v":0,"d":"0.00000"},{"$f":"S430*H430","v":{"v":0,"d":"0.00000"}},{"$nulls":23},"16",null,"K","2",{"$nulls":3},"ROZPOCET",{"$nulls":5},{"$f":"IF(N430=\"základní\",J430,0)","v":456.08},{"$f":"IF(N430=\"snížená\",J430,0)","v":{"v":0,"d":"0.00"}},{"$f":"IF(N430=\"zákl. přenesená\",J430,0)","v":{"v":0,"d":"0.00"}},{"$f":"IF(N430=\"sníž. přenesená\",J430,0)","v":{"v":0,"d":"0.00"}},{"$f":"IF(N430=\"nulová\",J430,0)","v":{"v":0,"d":"0.00"}},"1",{"$f":"ROUND(I430*H430,2)","v":456.08},"16","-1079207580"]
[{"$nulls":3},"Online PSC",null,"https://podminky.urs.cz/item/CS_URS_2025_01/781121011",{"$nulls":39},"Online PSC","2"]
[null,null,"99","K","781131112","Izolace stěny pod obklad izolace nátěrem nebo stěrkou ve dvou vrstvách","m2",11.852,452.03,{"$f":"ROUND(I432*H432,2)","v":{"v":5357.46,"d":"5,357.46"}},"CS ÚRS 2025 01",null,"","základní",null,{"$f":"O432*H432","v":{"v":0,"d":"0.00000"}},{"v":1.5E-3,"d":"0.00150"},{"$f":"Q432*H432","v":{"v":0.017778000000000002,"d":"0.01778"}},{"v":0,"d":"0.00000"},{"$f":"S432*H432","v":{"v":0,"d":"0.00000"}},{"$nulls":23},"16",null,"K","2",{"$nulls":3},"ROZPOCET",{"$nulls":5},{"$f":"IF(N432=\"základní\",J432,0)","v":{"v":5357.46,"d":"5,357.46"}},{"$f":"IF(N432=\"snížená\",J432,0)","v":{"v":0,"d":"0.00"}},{"$f":"IF(N432=\"zákl. přenesená\",J432,0)","v":{"v":0,"d":"0.00"}},{"$f":"IF(N432=\"sníž. přenesená\",J432,0)","v":{"v":0,"d":"0.00"}},{"$f":"IF(N432=\"nulová\",J432,0)","v":{"v":0,"d":"0.00"}},"1",{"$f":"ROUND(I432*H432,2)","v":{"v":5357.46,"d":"5,357.46"}},"16","-966305174"]
[{"$nulls":3},"Online PSC",null,"https://podminky.urs.cz/item/CS_URS_2025_01/781131112",{"$nulls":39},"Online PSC","2"]
[{"$nulls":3},"VV","","\"WC\"",null,"",{"$nulls":37},"VV","2","1","True","0","ROZPOCET"]
[{"$nulls":3},"VV","","(0,82*2+1,55*2)*0,3-(0,7*0,3)",null,1.212,{"$nulls":37},"VV","2","2","True","0","ROZPOCET"]
[{"$nulls":3},"VV","","\"koupelna\"",null,"",{"$nulls":37},"VV","2","1","True","0","ROZPOCET"]
[{"$nulls":3},"VV","","(1,46*2+1,55*2)*2-(0,7*2)",null,{"v":10.64,"d":"10.640"},{"$nulls":37},"VV","2","2","True","0","ROZPOCET"]
[{"$nulls":3},"VV","","Součet",null,11.852,{"$nulls":37},"VV","2","4","True","1","ROZPOCET"]
[null,null,"100","K","781161021","Příprava podkladu před provedením obkladu montáž profilu ukončujícího profilu rohového, vanového","m",{"v":11.36,"d":"11.360"},150.68,{"$f":"ROUND(I439*H439,2)","v":{"v":1711.72,"d":"1,711.72"}},"CS ÚRS 2025 01",null,"","základní",null,{"$f":"O439*H439","v":{"v":0,"d":"0.00000"}},{"v":0.0002,"d":"0.00020"},{"$f":"Q439*H439","v":{"v":0.002272,"d":"0.00227"}},{"v":0,"d":"0.00000"},{"$f":"S439*H439","v":{"v":0,"d":"0.00000"}},{"$nulls":23},"16",null,"K","2",{"$nulls":3},"ROZPOCET",{"$nulls":5},{"$f":"IF(N439=\"základní\",J439,0)","v":{"v":1711.72,"d":"1,711.72"}},{"$f":"IF(N439=\"snížená\",J439,0)","v":{"v":0,"d":"0.00"}},{"$f":"IF(N439=\"zákl. přenesená\",J439,0)","v":{"v":0,"d":"0.00"}},{"$f":"IF(N439=\"sníž. přenesená\",J439,0)","v":{"v":0,"d":"0.00"}},{"$f":"IF(N439=\"nulová\",J439,0)","v":{"v":0,"d":"0.00"}},"1",{"$f":"ROUND(I439*H439,2)","v":{"v":1711.72,"d":"1,711.72"}},"16","-1119742308"]
[{"$nulls":3},"Online PSC",null,"https://podminky.urs.cz/item/CS_URS_2025_01/781161021",{"$nulls":39},"Online PSC","2"]
[{"$nulls":3},"VV","","\"WC\"",null,"",{"$nulls":37},"VV","2","1","True","0","ROZPOCET"]
[{"$nulls":3},"VV","","(0,82*2+1,55*2)-(0,7)",null,{"v":4.04,"d":"4.040"},{"$nulls":37},"VV","2","2","True","0","ROZPOCET"]
[{"$nulls":3},"VV","","\"koupelna\"",null,"",{"$nulls":37},"VV","2","1","True","0","ROZPOCET"]
[{"$nulls":3},"VV","","(1,46*2+1,55*2)-(0,7)+2",null,{"v":7.32,"d":"7.320"},{"$nulls":37},"VV","2","2","True","0","ROZPOCET"]
[{"$nulls":3},"VV","","Součet",null,{"v":11.36,"d":"11.360"},{"$nulls":37},"VV","2","4","True","1","ROZPOCET"]
[null,null,"101","M","28342005","lišta ukončovací z PVC 12,5mm","m",{"v":12,"d":"12.000"},37.95,{"$f":"ROUND(I446*H446,2)","v":{"v":455.4,"d":"455.40"}},"CS ÚRS 2025 01",null,"","základní",null,{"$f":"O446*H446","v":{"v":0,"d":"0.00000"}},{"v":0.0003,"d":"0.00030"},{"$f":"Q446*H446","v":{"v":0.0036,"d":"0.00360"}},{"v":0,"d":"0.00000"},{"$f":"S446*H446","v":{"v":0,"d":"0.00000"}},{"$nulls":23},"32",null,"M","2",{"$nulls":3},"ROZPOCET",{"$nulls":5},{"$f":"IF(N446=\"základní\",J446,0)","v":{"v":455.4,"d":"455.40"}},{"$f":"IF(N446=\"snížená\",J446,0)","v":{"v":0,"d":"0.00"}},{"$f":"IF(N446=\"zákl. přenesená\",J446,0)","v":{"v":0,"d":"0.00"}},{"$f":"IF(N446=\"sníž. přenesená\",J446,0)","v":{"v":0,"d":"0.00"}},{"$f":"IF(N446=\"nulová\",J446,0)","v":{"v":0,"d":"0.00"}},"1",{"$f":"ROUND(I446*H446,2)","v":{"v":455.4,"d":"455.40"}},"16","1468545796"]
[null,null,"102","K","781472216","Montáž keramických obkladů stěn lepených cementovým flexibilním lepidlem hladkých přes 9 do 12 ks/m2","m2",{"v":16.7,"d":"16.700"},800.51,{"$f":"ROUND(I447*H447,2)","v":{"v":13368.52,"d":"13,368.52"}},"CS ÚRS 2025 01",null,"","základní",null,{"$f":"O447*H447","v":{"v":0,"d":"0.00000"}},{"v":0.006,"d":"0.00600"},{"$f":"Q447*H447","v":{"v":0.1002,"d":"0.10020"}},{"v":0,"d":"0.00000"},{"$f":"S447*H447","v":{"v":0,"d":"0.00000"}},{"$nulls":23},"16",null,"K","2",{"$nulls":3},"ROZPOCET",{"$nulls":5},{"$f":"IF(N447=\"základní\",J447,0)","v":{"v":13368.52,"d":"13,368.52"}},{"$f":"IF(N447=\"snížená\",J447,0)","v":{"v":0,"d":"0.00"}},{"$f":"IF(N447=\"zákl. přenesená\",J447,0)","v":{"v":0,"d":"0.00"}},{"$f":"IF(N447=\"sníž. přenesená\",J447,0)","v":{"v":0,"d":"0.00"}},{"$f":"IF(N447=\"nulová\",J447,0)","v":{"v":0,"d":"0.00"}},"1",{"$f":"ROUND(I447*H447,2)","v":{"v":13368.52,"d":"13,368.52"}},"16","-1238347391"]
[{"$nulls":3},"Online PSC",null,"https://podminky.urs.cz/item/CS_URS_2025_01/781472216",{"$nulls":39},"Online PSC","2"]
[null,null,"103","M","59761026R","obklad keramický, OBKLAD - REKTIFIKOVANÝ, 80 % bílý, 20% barevný - dle výběru investora","m2",{"v":18,"d":"18.000"},452.97,{"$f":"ROUND(I449*H449,2)","v":{"v":8153.46,"d":"8,153.46"}},"vlastní",null,"","základní",null,{"$f":"O449*H449","v":{"v":0,"d":"0.00000"}},{"v":0.0118,"d":"0.01180"},{"$f":"Q449*H449","v":{"v":0.2124,"d":"0.21240"}},{"v":0,"d":"0.00000"},{"$f":"S449*H449","v":{"v":0,"d":"0.00000"}},{"$nulls":23},"32",null,"M","2",{"$nulls":3},"ROZPOCET",{"$nulls":5},{"$f":"IF(N449=\"základní\",J449,0)","v":{"v":8153.46,"d":"8,153.46"}},{"$f":"IF(N449=\"snížená\",J449,0)","v":{"v":0,"d":"0.00"}},{"$f":"IF(N449=\"zákl. přenesená\",J449,0)","v":{"v":0,"d":"0.00"}},{"$f":"IF(N449=\"sníž. přenesená\",J449,0)","v":{"v":0,"d":"0.00"}},{"$f":"IF(N449=\"nulová\",J449,0)","v":{"v":0,"d":"0.00"}},"1",{"$f":"ROUND(I449*H449,2)","v":{"v":8153.46,"d":"8,153.46"}},"16","-2050967283"]
[null,null,"104","K","998781103","Přesun hmot pro obklady keramické stanovený z hmotnosti přesunovaného materiálu vodorovná dopravní vzdálenost do 50 m základní v objektech výšky přes 12 do 24 m","t",0.341,{"v":1271.33,"d":"1,271.33"},{"$f":"ROUND(I450*H450,2)","v":433.52},"CS ÚRS 2025 01",null,"","základní",null,{"$f":"O450*H450","v":{"v":0,"d":"0.00000"}},{"v":0,"d":"0.00000"},{"$f":"Q450*H450","v":{"v":0,"d":"0.00000"}},{"v":0,"d":"0.00000"},{"$f":"S450*H450","v":{"v":0,"d":"0.00000"}},{"$nulls":23},"16",null,"K","2",{"$nulls":3},"ROZPOCET",{"$nulls":5},{"$f":"IF(N450=\"základní\",J450,0)","v":433.52},{"$f":"IF(N450=\"snížená\",J450,0)","v":{"v":0,"d":"0.00"}},{"$f":"IF(N450=\"zákl. přenesená\",J450,0)","v":{"v":0,"d":"0.00"}},{"$f":"IF(N450=\"sníž. přenesená\",J450,0)","v":{"v":0,"d":"0.00"}},{"$f":"IF(N450=\"nulová\",J450,0)","v":{"v":0,"d":"0.00"}},"1",{"$f":"ROUND(I450*H450,2)","v":433.52},"16","329643900"]
[{"$nulls":3},"Online PSC",null,"https://podminky.urs.cz/item/CS_URS_2025_01/998781103",{"$nulls":39},"Online PSC","2"]
[{"$nulls":3},"D","783","Dokončovací práce - nátěry",{"$nulls":3},{"$f":"BK452","v":{"v":1827.94,"d":"1,827.94"}},{"$nulls":5},{"$f":"SUM(P453:P466)","v":{"v":0,"d":"0.00000"}},null,{"$f":"SUM(R453:R466)","v":{"v":1.5731999999999999E-3,"d":"0.00157"}},null,{"$f":"SUM(T453:T466)","v":{"v":0,"d":"0.00000"}},{"$nulls":23},"2",null,"D","1",{"$nulls":3},"ROZPOCET",{"$nulls":11},{"$f":"SUM(BK453:BK466)","v":{"v":1827.94,"d":"1,827.94"}}]
[null,null,"105","K","783301313","Příprava podkladu zámečnických konstrukcí před provedením nátěru odmaštění odmašťovačem ředidlovým","m2",{"v":4.14,"d":"4.140"},128.98,{"$f":"ROUND(I453*H453,2)","v":533.98},"CS ÚRS 2025 01",null,"","základní",null,{"$f":"O453*H453","v":{"v":0,"d":"0.00000"}},{"v":7e-05,"d":"0.00007"},{"$f":"Q453*H453","v":{"v":2.8979999999999994E-4,"d":"0.00029"}},{"v":0,"d":"0.00000"},{"$f":"S453*H453","v":{"v":0,"d":"0.00000"}},{"$nulls":23},"16",null,"K","2",{"$nulls":3},"ROZPOCET",{"$nulls":5},{"$f":"IF(N453=\"základní\",J453,0)","v":533.98},{"$f":"IF(N453=\"snížená\",J453,0)","v":{"v":0,"d":"0.00"}},{"$f":"IF(N453=\"zákl. přenesená\",J453,0)","v":{"v":0,"d":"0.00"}},{"$f":"IF(N453=\"sníž. přenesená\",J453,0)","v":{"v":0,"d":"0.00"}},{"$f":"IF(N453=\"nulová\",J453,0)","v":{"v":0,"d":"0.00"}},"1",{"$f":"ROUND(I453*H453,2)","v":533.98},"16","-1271061212"]
[{"$nulls":3},"Online PSC",null,"https://podminky.urs.cz/item/CS_URS_2025_01/783301313",{"$nulls":39},"Online PSC","2"]
[{"$nulls":3},"VV","","\"stávající zárubně\"",null,"",{"$nulls":37},"VV","2","1","True","0","ROZPOCET"]
[{"$nulls":3},"VV","","\"koupelna\"",null,"",{"$nulls":37},"VV","2","1","True","0","ROZPOCET"]
[{"$nulls":3},"VV","","(2+0,6+2)*(0,15*3)",null,{"v":2.07,"d":"2.070"},{"$nulls":37},"VV","2","2","True","0","ROZPOCET"]
[{"$nulls":3},"VV","","\"WC\"",null,"",{"$nulls":37},"VV","2","1","True","0","ROZPOCET"]
[{"$nulls":3},"VV","","(2+0,6+2)*(0,15*3)",null,{"v":2.07,"d":"2.070"},{"$nulls":37},"VV","2","2","True","0","ROZPOCET"]
[{"$nulls":3},"VV","","Součet",null,{"v":4.14,"d":"4.140"},{"$nulls":37},"VV","2","4","True","1","ROZPOCET"]
[null,null,"106","K","783306805","Odstranění nátěrů ze zámečnických konstrukcí opálením s obroušením","m2",{"v":4.14,"d":"4.140"},54.59,{"$f":"ROUND(I461*H461,2)","v":{"v":226,"d":"226.00"}},"CS ÚRS 2025 01",null,"","základní",null,{"$f":"O461*H461","v":{"v":0,"d":"0.00000"}},{"v":2e-05,"d":"0.00002"},{"$f":"Q461*H461","v":{"v":8.2800000000000007E-5,"d":"0.00008"}},{"v":0,"d":"0.00000"},{"$f":"S461*H461","v":{"v":0,"d":"0.00000"}},{"$nulls":23},"16",null,"K","2",{"$nulls":3},"ROZPOCET",{"$nulls":5},{"$f":"IF(N461=\"základní\",J461,0)","v":{"v":226,"d":"226.00"}},{"$f":"IF(N461=\"snížená\",J461,0)","v":{"v":0,"d":"0.00"}},{"$f":"IF(N461=\"zákl. přenesená\",J461,0)","v":{"v":0,"d":"0.00"}},{"$f":"IF(N461=\"sníž. přenesená\",J461,0)","v":{"v":0,"d":"0.00"}},{"$f":"IF(N461=\"nulová\",J461,0)","v":{"v":0,"d":"0.00"}},"1",{"$f":"ROUND(I461*H461,2)","v":{"v":226,"d":"226.00"}},"16","-330920839"]
[{"$nulls":3},"Online PSC",null,"https://podminky.urs.cz/item/CS_URS_2025_01/783306805",{"$nulls":39},"Online PSC","2"]
[null,null,"107","K","783314201","Základní antikorozní nátěr zámečnických konstrukcí jednonásobný syntetický standardní","m2",{"v":4.14,"d":"4.140"},128.98,{"$f":"ROUND(I463*H463,2)","v":533.98},"CS ÚRS 2025 01",null,"","základní",null,{"$f":"O463*H463","v":{"v":0,"d":"0.00000"}},0.00017,{"$f":"Q463*H463","v":{"v":0.0007038,"d":"0.00070"}},{"v":0,"d":"0.00000"},{"$f":"S463*H463","v":{"v":0,"d":"0.00000"}},{"$nulls":23},"16",null,"K","2",{"$nulls":3},"ROZPOCET",{"$nulls":5},{"$f":"IF(N463=\"základní\",J463,0)","v":533.98},{"$f":"IF(N463=\"snížená\",J463,0)","v":{"v":0,"d":"0.00"}},{"$f":"IF(N463=\"zákl. přenesená\",J463,0)","v":{"v":0,"d":"0.00"}},{"$f":"IF(N463=\"sníž. přenesená\",J463,0)","v":{"v":0,"d":"0.00"}},{"$f":"IF(N463=\"nulová\",J463,0)","v":{"v":0,"d":"0.00"}},"1",{"$f":"ROUND(I463*H463,2)","v":533.98},"16","1041459270"]
[{"$nulls":3},"Online PSC",null,"https://podminky.urs.cz/item/CS_URS_2025_01/783314201",{"$nulls":39},"Online PSC","2"]
[null,null,"108","K","783317101","Krycí nátěr (email) zámečnických konstrukcí jednonásobný syntetický standardní","m2",{"v":4.14,"d":"4.140"},128.98,{"$f":"ROUND(I465*H465,2)","v":533.98},"CS ÚRS 2025 01",null,"","základní",null,{"$f":"O465*H465","v":{"v":0,"d":"0.00000"}},{"v":1.2E-4,"d":"0.00012"},{"$f":"Q465*H465","v":{"v":4.9679999999999993E-4,"d":"0.00050"}},{"v":0,"d":"0.00000"},{"$f":"S465*H465","v":{"v":0,"d":"0.00000"}},{"$nulls":23},"16",null,"K","2",{"$nulls":3},"ROZPOCET",{"$nulls":5},{"$f":"IF(N465=\"základní\",J465,0)","v":533.98},{"$f":"IF(N465=\"snížená\",J465,0)","v":{"v":0,"d":"0.00"}},{"$f":"IF(N465=\"zákl. přenesená\",J465,0)","v":{"v":0,"d":"0.00"}},{"$f":"IF(N465=\"sníž. přenesená\",J465,0)","v":{"v":0,"d":"0.00"}},{"$f":"IF(N465=\"nulová\",J465,0)","v":{"v":0,"d":"0.00"}},"1",{"$f":"ROUND(I465*H465,2)","v":533.98},"16","882363332"]
[{"$nulls":3},"Online PSC",null,"https://podminky.urs.cz/item/CS_URS_2025_01/783317101",{"$nulls":39},"Online PSC","2"]
[{"$nulls":3},"D","784","Dokončovací práce - malby a tapety",{"$nulls":3},{"$f":"BK467","v":{"v":1396.53,"d":"1,396.53"}},{"$nulls":5},{"$f":"SUM(P468:P484)","v":{"v":0,"d":"0.00000"}},null,{"$f":"SUM(R468:R484)","v":{"v":0.005146205,"d":"0.00515"}},null,{"$f":"SUM(T468:T484)","v":{"v":0,"d":"0.00000"}},{"$nulls":23},"2",null,"D","1",{"$nulls":3},"ROZPOCET",{"$nulls":11},{"$f":"SUM(BK468:BK484)","v":{"v":1396.53,"d":"1,396.53"}}]
[null,null,"109","K","784111001","Oprášení (ometení) podkladu v místnostech výšky do 3,80 m","m2",10.825,17.89,{"$f":"ROUND(I468*H468,2)","v":193.66},"CS ÚRS 2025 01",null,"","základní",null,{"$f":"O468*H468","v":{"v":0,"d":"0.00000"}},{"v":0,"d":"0.00000"},{"$f":"Q468*H468","v":{"v":0,"d":"0.00000"}},{"v":0,"d":"0.00000"},{"$f":"S468*H468","v":{"v":0,"d":"0.00000"}},{"$nulls":23},"16",null,"K","2",{"$nulls":3},"ROZPOCET",{"$nulls":5},{"$f":"IF(N468=\"základní\",J468,0)","v":193.66},{"$f":"IF(N468=\"snížená\",J468,0)","v":{"v":0,"d":"0.00"}},{"$f":"IF(N468=\"zákl. přenesená\",J468,0)","v":{"v":0,"d":"0.00"}},{"$f":"IF(N468=\"sníž. přenesená\",J468,0)","v":{"v":0,"d":"0.00"}},{"$f":"IF(N468=\"nulová\",J468,0)","v":{"v":0,"d":"0.00"}},"1",{"$f":"ROUND(I468*H468,2)","v":193.66},"16","-625302664"]
[{"$nulls":3},"Online PSC",null,"https://podminky.urs.cz/item/CS_URS_2025_01/784111001",{"$nulls":39},"Online PSC","2"]
[{"$nulls":3},"VV","","stropy",null,"",{"$nulls":37},"VV","2","1","True","0","ROZPOCET"]
[{"$nulls":3},"VV","","\"WC\"",null,"",{"$nulls":37},"VV","2","1","True","0","ROZPOCET"]
[{"$nulls":3},"VV","","0,82*1,55",null,1.271,{"$nulls":37},"VV","2","2","True","0","ROZPOCET"]
[{"$nulls":3},"VV","","\"koupelna\"",null,"",{"$nulls":37},"VV","2","1","True","0","ROZPOCET"]
[{"$nulls":3},"VV","","1,46*0,55+0,92*1",null,1.723,{"$nulls":37},"VV","2","2","True","0","ROZPOCET"]
[{"$nulls":3},"VV","","\"stěny mimo obklad\"",null,"",{"$nulls":37},"VV","2","1","True","0","ROZPOCET"]
[{"$nulls":3},"VV","","\"WC\"",null,"",{"$nulls":37},"VV","2","1","True","0","ROZPOCET"]
[{"$nulls":3},"VV","","(0,82*2+1,55*2)*(2,54-1,5)-(0,7*(2-1,5))",null,{"v":4.58,"d":"4.580"},{"$nulls":37},"VV","2","2","True","0","ROZPOCET"]
[{"$nulls":3},"VV","","\"koupelna\"",null,"",{"$nulls":37},"VV","2","1","True","0","ROZPOCET"]
[{"$nulls":3},"VV","","(1,46*2+1,55*2)*(2,54-2)",null,3.251,{"$nulls":37},"VV","2","2","True","0","ROZPOCET"]
[{"$nulls":3},"VV","","Součet",null,10.825,{"$nulls":37},"VV","2","4","True","1","ROZPOCET"]
[null,null,"110","K","784181101","Penetrace podkladu jednonásobná základní akrylátová bezbarvá v místnostech výšky do 3,80 m","m2",10.825,27.31,{"$f":"ROUND(I481*H481,2)","v":295.63},"CS ÚRS 2025 01",null,"","základní",null,{"$f":"O481*H481","v":{"v":0,"d":"0.00000"}},{"v":0.0002,"d":"0.00020"},{"$f":"Q481*H481","v":{"v":0.002165,"d":"0.00217"}},{"v":0,"d":"0.00000"},{"$f":"S481*H481","v":{"v":0,"d":"0.00000"}},{"$nulls":23},"16",null,"K","2",{"$nulls":3},"ROZPOCET",{"$nulls":5},{"$f":"IF(N481=\"základní\",J481,0)","v":295.63},{"$f":"IF(N481=\"snížená\",J481,0)","v":{"v":0,"d":"0.00"}},{"$f":"IF(N481=\"zákl. přenesená\",J481,0)","v":{"v":0,"d":"0.00"}},{"$f":"IF(N481=\"sníž. přenesená\",J481,0)","v":{"v":0,"d":"0.00"}},{"$f":"IF(N481=\"nulová\",J481,0)","v":{"v":0,"d":"0.00"}},"1",{"$f":"ROUND(I481*H481,2)","v":295.63},"16","1963468056"]
[{"$nulls":3},"Online PSC",null,"https://podminky.urs.cz/item/CS_URS_2025_01/784181101",{"$nulls":39},"Online PSC","2"]
[null,null,"111","K","784211121","Dvojnásobné bílé malby ze směsí za mokra středně oděruvzdorných v místnostech v do 3,80 m","m2",10.825,83.81,{"$f":"ROUND(I483*H483,2)","v":907.24},"CS ÚRS 2025 01",null,"","základní",null,{"$f":"O483*H483","v":{"v":0,"d":"0.00000"}},{"v":0.0002754,"d":"0.00028"},{"$f":"Q483*H483","v":{"v":2.9812050000000002E-3,"d":"0.00298"}},{"v":0,"d":"0.00000"},{"$f":"S483*H483","v":{"v":0,"d":"0.00000"}},{"$nulls":23},"16",null,"K","2",{"$nulls":3},"ROZPOCET",{"$nulls":5},{"$f":"IF(N483=\"základní\",J483,0)","v":907.24},{"$f":"IF(N483=\"snížená\",J483,0)","v":{"v":0,"d":"0.00"}},{"$f":"IF(N483=\"zákl. přenesená\",J483,0)","v":{"v":0,"d":"0.00"}},{"$f":"IF(N483=\"sníž. přenesená\",J483,0)","v":{"v":0,"d":"0.00"}},{"$f":"IF(N483=\"nulová\",J483,0)","v":{"v":0,"d":"0.00"}},"1",{"$f":"ROUND(I483*H483,2)","v":907.24},"16","-1497367732"]
[{"$nulls":3},"Online PSC",null,"https://podminky.urs.cz/item/CS_URS_2025_01/784211121",{"$nulls":39},"Online PSC","2"]
[{"$nulls":3},"D","VRN","Vedlejší rozpočtové náklady",{"$nulls":3},{"$f":"BK485","v":{"v":3060.62,"d":"3,060.62"}},{"$nulls":5},{"$f":"P486","v":{"v":0,"d":"0.00000"}},null,{"$f":"R486","v":{"v":0,"d":"0.00000"}},null,{"$f":"T486","v":{"v":0,"d":"0.00000"}},{"$nulls":23},"5",null,"D","0",{"$nulls":3},"ROZPOCET",{"$nulls":11},{"$f":"BK486","v":{"v":3060.62,"d":"3,060.62"}}]
[{"$nulls":3},"D","VRN4","Inženýrská činnost",{"$nulls":3},{"$f":"BK486","v":{"v":3060.62,"d":"3,060.62"}},{"$nulls":5},{"$f":"SUM(P487:P488)","v":{"v":0,"d":"0.00000"}},null,{"$f":"SUM(R487:R488)","v":{"v":0,"d":"0.00000"}},null,{"$f":"SUM(T487:T488)","v":{"v":0,"d":"0.00000"}},{"$nulls":23},"5",null,"D","1",{"$nulls":3},"ROZPOCET",{"$nulls":11},{"$f":"SUM(BK487:BK488)","v":{"v":3060.62,"d":"3,060.62"}}]
[null,null,"112","K","043203003","Rozbor vody zkrácený z umyvadla","soubor",{"v":1,"d":"1.000"},{"v":3060.62,"d":"3,060.62"},{"$f":"ROUND(I487*H487,2)","v":{"v":3060.62,"d":"3,060.62"}},"CS ÚRS 2025 01",null,"","základní",null,{"$f":"O487*H487","v":{"v":0,"d":"0.00000"}},{"v":0,"d":"0.00000"},{"$f":"Q487*H487","v":{"v":0,"d":"0.00000"}},{"v":0,"d":"0.00000"},{"$f":"S487*H487","v":{"v":0,"d":"0.00000"}},{"$nulls":23},"1024",null,"K","2",{"$nulls":3},"ROZPOCET",{"$nulls":5},{"$f":"IF(N487=\"základní\",J487,0)","v":{"v":3060.62,"d":"3,060.62"}},{"$f":"IF(N487=\"snížená\",J487,0)","v":{"v":0,"d":"0.00"}},{"$f":"IF(N487=\"zákl. přenesená\",J487,0)","v":{"v":0,"d":"0.00"}},{"$f":"IF(N487=\"sníž. přenesená\",J487,0)","v":{"v":0,"d":"0.00"}},{"$f":"IF(N487=\"nulová\",J487,0)","v":{"v":0,"d":"0.00"}},"1",{"$f":"ROUND(I487*H487,2)","v":{"v":3060.62,"d":"3,060.62"}},"1024","10625605"]
[{"$nulls":3},"Online PSC",null,"https://podminky.urs.cz/item/CS_URS_2025_01/043203003",{"$nulls":39},"Online PSC","2"]

{"sheet":"05 - 6.NP - č. 628 - Koup...","index":5,"n_rows":577,"n_cols":65,"rows_kept":577,"merged":[[1,11,1,21],[6,4,6,7],[8,4,8,7],[17,4,17,7],[26,4,26,7],[47,4,47,7],[49,4,49,7],[88,4,88,7],[90,4,90,7]]}
[]
[{"$nulls":45},"{dbd4fc0f-fecb-484a-97f6-83eaf7055950}"]
[{"$nulls":45},"2"]
[{"$nulls":3},"KRYCÍ LIST SOUPISU PRACÍ",{"$nulls":8},"v ---  níže se nacházejí doplnkové a pomocné údaje k sestavám  --- v",{"$nulls":32},"False"]
[]
[{"$nulls":3},"Stavba:"]
[{"$nulls":4},{"$f":"'Rekapitulace stavby'!K6","v":"Rekonstrukce hygienických prostor ISŠT, Benešov, Černoleská 1997"}]
[{"$nulls":3},"Objekt:"]
[{"$nulls":4},"05 - 6.NP - č. 628 - Koupelna typ B"]
[]
[{"$nulls":3},"KSO:",null,"",null,null,"CC-CZ:",""]
[{"$nulls":3},"Místo:",null,"Benešov, Černoleská 1997",null,null,"Datum:",{"$f":"'Rekapitulace stavby'!AN8","v":"2025-08-11"}]
[]
[{"$nulls":3},"Zadavatel:",{"$nulls":4},"IČ:","18620442"]
[{"$nulls":4},"Integrovaná střední škola technická",{"$nulls":3},"DIČ:",""]
[]
[{"$nulls":3},"Účastník:",{"$nulls":4},"IČ:",{"$f":"'Rekapitulace stavby'!AN13","v":"24832898"}]
[{"$nulls":4},{"$f":"'Rekapitulace stavby'!E14","v":"OTISTAV s.r.o."},{"$nulls":3},"DIČ:",{"$f":"'Rekapitulace stavby'!AN14","v":"CZ24832898"}]
[]
[{"$nulls":3},"Projektant:",{"$nulls":4},"IČ:",""]
[{"$nulls":4},"Ing. arch. Ondřej Lovíšek",{"$nulls":3},"DIČ:",""]
[]
[{"$nulls":3},"Zpracovatel:",{"$nulls":4},"IČ:",{"$f":"IF('Rekapitulace stavby'!AN19=\"\",\"\",'Rekapitulace stavby'!AN19)","v":""}]
[{"$nulls":4},{"$f":"IF('Rekapitulace stavby'!E20=\"\",\"\",'Rekapitulace stavby'!E20)","v":" "},{"$nulls":3},"DIČ:",{"$f":"IF('Rekapitulace stavby'!AN20=\"\",\"\",'Rekapitulace stavby'!AN20)","v":""}]
[]
[{"$nulls":3},"Poznámka:"]
[{"$nulls":4},""]
[]
[]
[{"$nulls":3},"Cena bez DPH",{"$nulls":5},{"$f":"ROUND(J99, 2)","v":{"v":188318.82,"d":"188,318.82"}}]
[]
[{"$nulls":5},"Základ daně",null,null,"Sazba daně","Výše daně"]
[{"$nulls":3},"DPH","základní",{"$f":"ROUND((SUM(BE99:BE577)),  2)","v":{"v":188318.82,"d":"188,318.82"}},null,null,{"v":0.21,"d":"21.00%"},{"$f":"ROUND(((SUM(BE99:BE577))*I33),  2)","v":{"v":39546.95,"d":"39,546.95"}}]
[{"$nulls":4},"snížená",{"$f":"ROUND((SUM(BF99:BF577)),  2)","v":{"v":0,"d":"0.00"}},null,null,{"v":0.12,"d":"12.00%"},{"$f":"ROUND(((SUM(BF99:BF577))*I34),  2)","v":{"v":0,"d":"0.00"}}]
[{"$nulls":4},"zákl. přenesená",{"$f":"ROUND((SUM(BG99:BG577)),  2)","v":{"v":0,"d":"0.00"}},null,null,{"v":0.21,"d":"21.00%"},{"$f":"0","v":{"v":0,"d":"0.00"}}]
[{"$nulls":4},"sníž. přenesená",{"$f":"ROUND((SUM(BH99:BH577)),  2)","v":{"v":0,"d":"0.00"}},null,null,{"v":0.12,"d":"12.00%"},{"$f":"0","v":{"v":0,"d":"0.00"}}]
[{"$nulls":4},"nulová",{"$f":"ROUND((SUM(BI99:BI577)),  2)","v":{"v":0,"d":"0.00"}},null,null,{"v":0,"d":"0.00%"},{"$f":"0","v":{"v":0,"d":"0.00"}}]
[]
[{"$nulls":3},"Cena s DPH",null,null,"v","CZK",null,{"$f":"SUM(J30:J37)","v":{"v":227865.77000000002,"d":"227,865.77"}}]
[]
[]
[]
[]
[]
[null,null,"REKAPITULACE ČLENĚNÍ SOUPISU PRACÍ"]
[]
[null,null,"Stavba:"]
[{"$nulls":4},{"$f":"E7","v":"Rekonstrukce hygienických prostor ISŠT, Benešov, Černoleská 1997"}]
[null,null,"Objekt:"]
[{"$nulls":4},{"$f":"E9","v":"05 - 6.NP - č. 628 - Koupelna typ B"}]
[]
[null,null,"Místo:",null,null,{"$f":"F12","v":"Benešov, Černoleská 1997"},null,null,"Datum:",{"$f":"IF(J12=\"\",\"\",J12)","v":"2025-08-11"}]
[]
[null,null,"Zadavatel:",null,null,{"$f":"E15","v":"Integrovaná střední škola technická"},null,null,"Projektant:",{"$f":"E21","v":"Ing. arch. Ondřej Lovíšek"}]
[null,null,"Účastník:",null,null,{"$f":"IF(E18=\"\",\"\",E18)","v":"OTISTAV s.r.o."},null,null,"Zpracovatel:",{"$f":"E24","v":" "}]
[]
[null,null,"Kód dílu - Popis",{"$nulls":6},"Cena celkem [CZK]"]
[]
[null,null,"Náklady stavby celkem",{"$nulls":6},{"$f":"J99","v":{"v":188318.82,"d":"188,318.82"}},{"$nulls":36},"-1"]
[{"$nulls":3},"HSV - Práce a dodávky HSV",{"$nulls":5},{"$f":"J100","v":{"v":64595.37000000001,"d":"64,595.37"}}]
[{"$nulls":3},"    6 - Úpravy povrchů, podlahy a osazování výplní",{"$nulls":5},{"$f":"J101","v":{"v":38726.520000000004,"d":"38,726.52"}}]
[{"$nulls":3},"    9 - Ostatní konstrukce a práce, bourání",{"$nulls":5},{"$f":"J158","v":{"v":15672.980000000001,"d":"15,672.98"}}]
[{"$nulls":3},"    997 - Přesun sutě",{"$nulls":5},{"$f":"J216","v":{"v":6673.009999999999,"d":"6,673.01"}}]
[{"$nulls":3},"    998 - Přesun hmot",{"$nulls":5},{"$f":"J228","v":{"v":3522.86,"d":"3,522.86"}}]
[{"$nulls":3},"PSV - Práce a dodávky PSV",{"$nulls":5},{"$f":"J231","v":{"v":120662.83,"d":"120,662.83"}}]
[{"$nulls":3},"    721 - Zdravotechnika - vnitřní kanalizace",{"$nulls":5},{"$f":"J232","v":{"v":6827.78,"d":"6,827.78"}}]
[{"$nulls":3},"    722 - Zdravotechnika - vnitřní vodovod",{"$nulls":5},{"$f":"J257","v":{"v":7628.460000000001,"d":"7,628.46"}}]
[{"$nulls":3},"    725 - Zdravotechnika - zařizovací předměty",{"$nulls":5},{"$f":"J273","v":{"v":34615.7,"d":"34,615.70"}}]
[{"$nulls":3},"    741 - Elektroinstalace - silnoproud",{"$nulls":5},{"$f":"J314","v":{"v":6690.61,"d":"6,690.61"}}]
[{"$nulls":3},"    751 - Vzduchotechnika",{"$nulls":5},{"$f":"J366","v":{"v":1391.25,"d":"1,391.25"}}]
[{"$nulls":3},"    763 - Konstrukce suché výstavby",{"$nulls":5},{"$f":"J383","v":{"v":1486.28,"d":"1,486.28"}}]
[{"$nulls":3},"    766 - Konstrukce truhlářské",{"$nulls":5},{"$f":"J390","v":{"v":12137.230000000001,"d":"12,137.23"}}]
[{"$nulls":3},"    767 - Konstrukce zámečnické",{"$nulls":5},{"$f":"J437","v":{"v":1144.53,"d":"1,144.53"}}]
[{"$nulls":3},"    771 - Podlahy z dlaždic",{"$nulls":5},{"$f":"J451","v":{"v":13658.140000000001,"d":"13,658.14"}}]
[{"$nulls":3},"    781 - Dokončovací práce - obklady",{"$nulls":5},{"$f":"J505","v":{"v":31430.96,"d":"31,430.96"}}]
[{"$nulls":3},"    783 - Dokončovací práce - nátěry",{"$nulls":5},{"$f":"J542","v":{"v":1827.94,"d":"1,827.94"}}]
[{"$nulls":3},"    784 - Dokončovací práce - malby a tapety",{"$nulls":5},{"$f":"J559","v":{"v":1823.95,"d":"1,823.95"}}]
[{"$nulls":3},"VRN - Vedlejší rozpočtové náklady",{"$nulls":5},{"$f":"J574","v":{"v":3060.62,"d":"3,060.62"}}]
[{"$nulls":3},"    VRN4 - Inženýrská činnost",{"$nulls":5},{"$f":"J575","v":{"v":3060.62,"d":"3,060.62"}}]
[]
[]
[]
[]
[]
[]
[null,null,"SOUPIS PRACÍ"]
[]
[null,null,"Stavba:"]
[{"$nulls":4},{"$f":"E7","v":"Rekonstrukce hygienických prostor ISŠT, Benešov, Černoleská 1997"}]
[null,null,"Objekt:"]
[{"$nulls":4},{"$f":"E9","v":"05 - 6.NP - č. 628 - Koupelna typ B"}]
[]
[null,null,"Místo:",null,null,{"$f":"F12","v":"Benešov, Černoleská 1997"},null,null,"Datum:",{"$f":"IF(J12=\"\",\"\",J12)","v":"2025-08-11"}]
[]
[null,null,"Zadavatel:",null,null,{"$f":"E15","v":"Integrovaná střední škola technická"},null,null,"Projektant:",{"$f":"E21","v":"Ing. arch. Ondřej Lovíšek"}]
[null,null,"Účastník:",null,null,{"$f":"IF(E18=\"\",\"\",E18)","v":"OTISTAV s.r.o."},null,null,"Zpracovatel:",{"$f":"E24","v":" "}]
[]
[null,null,"PČ","Typ","Kód","Popis","MJ","Množství","J.cena [CZK]","Cena celkem [CZK]","Cenová soustava",null,"","DPH","J. Nh [h]","Nh celkem [h]","J. hmotnost [t]","Hmotnost celkem [t]","J. suť [t]","Suť Celkem [t]"]
[null,null,"Náklady soupisu celkem",{"$nulls":6},{"$f":"BK99","v":{"v":188318.82,"d":"188,318.82"}},{"$nulls":5},{"$f":"P100+P231+P574","v":{"v":0,"d":"0.00000"}},null,{"$f":"R100+R231+R574","v":{"v":3.5393803351999997,"d":"3.53938"}},null,{"$f":"T100+T231+T574","v":{"v":2.5308450000000002,"d":"2.53085"}},{"$nulls":25},"D","-1",{"$nulls":15},{"$f":"BK100+BK231+BK574","v":{"v":188318.82,"d":"188,318.82"}}]
[{"$nulls":3},"D","HSV","Práce a dodávky HSV",{"$nulls":3},{"$f":"BK100","v":{"v":64595.37000000001,"d":"64,595.37"}},{"$nulls":5},{"$f":"P101+P158+P216+P228","v":{"v":0,"d":"0.00000"}},null,{"$f":"R101+R158+R216+R228","v":{"v":2.77128593,"d":"2.77129"}},null,{"$f":"T101+T158+T216+T228","v":{"v":2.4029550000000004,"d":"2.40296"}},{"$nulls":23},"1",null,"D","0",{"$nulls":3},"ROZPOCET",{"$nulls":11},{"$f":"BK101+BK158+BK216+BK228","v":{"v":64595.37000000001,"d":"64,595.37"}}]
[{"$nulls":3},"D","6","Úpravy povrchů, podlahy a osazování výplní",{"$nulls":3},{"$f":"BK101","v":{"v":38726.520000000004,"d":"38,726.52"}},{"$nulls":5},{"$f":"SUM(P102:P157)","v":{"v":0,"d":"0.00000"}},null,{"$f":"SUM(R102:R157)","v":{"v":2.77083692,"d":"2.77084"}},null,{"$f":"SUM(T102:T157)","v":{"v":0,"d":"0.00000"}},{"$nulls":23},"1",null,"D","1",{"$nulls":3},"ROZPOCET",{"$nulls":11},{"$f":"SUM(BK102:BK157)","v":{"v":38726.520000000004,"d":"38,726.52"}}]
[null,null,"1","K","612135101","Hrubá výplň rýh maltou jakékoli šířky rýhy ve stěnách","m2",{"v":3,"d":"3.000"},{"v":706.3,"d":"706.30"},{"$f":"ROUND(I102*H102,2)","v":{"v":2118.9,"d":"2,118.90"}},"CS ÚRS 2025 01",null,"","základní",null,{"$f":"O102*H102","v":{"v":0,"d":"0.00000"}},{"v":0.056,"d":"0.05600"},{"$f":"Q102*H102","v":{"v":0.168,"d":"0.16800"}},{"v":0,"d":"0.00000"},{"$f":"S102*H102","v":{"v":0,"d":"0.00000"}},{"$nulls":23},"4",null,"K","2",{"$nulls":3},"ROZPOCET",{"$nulls":5},{"$f":"IF(N102=\"základní\",J102,0)","v":{"v":2118.9,"d":"2,118.90"}},{"$f":"IF(N102=\"snížená\",J102,0)","v":{"v":0,"d":"0.00"}},{"$f":"IF(N102=\"zákl. přenesená\",J102,0)","v":{"v":0,"d":"0.00"}},{"$f":"IF(N102=\"sníž. přenesená\",J102,0)","v":{"v":0,"d":"0.00"}},{"$f":"IF(N102=\"nulová\",J102,0)","v":{"v":0,"d":"0.00"}},"1",{"$f":"ROUND(I102*H102,2)","v":{"v":2118.9,"d":"2,118.90"}},"4","-1289229463"]
[{"$nulls":3},"Online PSC",null,"https://podminky.urs.cz/item/CS_URS_2025_01/612135101",{"$nulls":39},"Online PSC","2"]
[{"$nulls":3},"VV","","\"zapravení rýh ve zdivu po rozvodech vody, kanalizace\"",null,"",{"$nulls":37},"VV","2","1","True","0","ROZPOCET"]
[{"$nulls":3},"VV","","10*0,3",null,{"v":3,"d":"3.000"},{"$nulls":37},"VV","2","2","True","1","ROZPOCET"]
[null,null,"2","K","611142001","Pletivo vnitřních ploch v ploše nebo pruzích, na plném podkladu sklovláknité vtlačené do tmelu včetně tmelu stropů","m2",3.377,291.94,{"$f":"ROUND(I106*H106,2)","v":985.88},"CS ÚRS 2025 01",null,"","základní",null,{"$f":"O106*H106","v":{"v":0,"d":"0.00000"}},0.00438,{"$f":"Q106*H106","v":{"v":0.01479126,"d":"0.01479"}},{"v":0,"d":"0.00000"},{"$f":"S106*H106","v":{"v":0,"d":"0.00000"}},{"$nulls":23},"4",null,"K","2",{"$nulls":3},"ROZPOCET",{"$nulls":5},{"$f":"IF(N106=\"základní\",J106,0)","v":985.88},{"$f":"IF(N106=\"snížená\",J106,0)","v":{"v":0,"d":"0.00"}},{"$f":"IF(N106=\"zákl. přenesená\",J106,0)","v":{"v":0,"d":"0.00"}},{"$f":"IF(N106=\"sníž. přenesená\",J106,0)","v":{"v":0,"d":"0.00"}},{"$f":"IF(N106=\"nulová\",J106,0)","v":{"v":0,"d":"0.00"}},"1",{"$f":"ROUND(I106*H106,2)","v":985.88},"4","1575989164"]
[{"$nulls":3},"Online PSC",null,"https://podminky.urs.cz/item/CS_URS_2025_01/611142001",{"$nulls":39},"Online PSC","2"]
[{"$nulls":3},"VV","","\"prostor umyvadel\"",null,"",{"$nulls":37},"VV","2","1","True","0","ROZPOCET"]
[{"$nulls":3},"VV","","1,42*0,82",null,1.164,{"$nulls":37},"VV","2","2","True","0","ROZPOCET"]
[{"$nulls":3},"VV","","\"sprcha\"",null,"",{"$nulls":37},"VV","2","1","True","0","ROZPOCET"]
[{"$nulls":3},"VV","","1,42*0,9",null,1.278,{"$nulls":37},"VV","2","2","True","0","ROZPOCET"]
[{"$nulls":3},"VV","","\"WC\"",null,"",{"$nulls":37},"VV","2","1","True","0","ROZPOCET"]
[{"$nulls":3},"VV","","0,82*1,14",null,0.935,{"$nulls":37},"VV","2","2","True","0","ROZPOCET"]
[{"$nulls":3},"VV","","Součet",null,3.377,{"$nulls":37},"VV","2","4","True","1","ROZPOCET"]
[null,null,"3","K","611131121","Podkladní a spojovací vrstva vnitřních omítaných ploch penetrace disperzní nanášená ručně stropů","m2",3.377,55.56,{"$f":"ROUND(I115*H115,2)","v":187.63},"CS ÚRS 2025 01",null,"","základní",null,{"$f":"O115*H115","v":{"v":0,"d":"0.00000"}},0.00026,{"$f":"Q115*H115","v":{"v":8.7801999999999986E-4,"d":"0.00088"}},{"v":0,"d":"0.00000"},{"$f":"S115*H115","v":{"v":0,"d":"0.00000"}},{"$nulls":23},"4",null,"K","2",{"$nulls":3},"ROZPOCET",{"$nulls":5},{"$f":"IF(N115=\"základní\",J115,0)","v":187.63},{"$f":"IF(N115=\"snížená\",J115,0)","v":{"v":0,"d":"0.00"}},{"$f":"IF(N115=\"zákl. přenesená\",J115,0)","v":{"v":0,"d":"0.00"}},{"$f":"IF(N115=\"sníž. přenesená\",J115,0)","v":{"v":0,"d":"0.00"}},{"$f":"IF(N115=\"nulová\",J115,0)","v":{"v":0,"d":"0.00"}},"1",{"$f":"ROUND(I115*H115,2)","v":187.63},"4","-58793847"]
[{"$nulls":3},"Online PSC",null,"https://podminky.urs.cz/item/CS_URS_2025_01/611131121",{"$nulls":39},"Online PSC","2"]
[null,null,"4","K","611321141","Omítka vápenocementová vnitřních ploch nanášená ručně dvouvrstvá, tloušťky jádrové omítky do 10 mm a tloušťky štuku do 3 mm štuková vodorovných konstrukcí stropů rovných","m2",3.377,602.71,{"$f":"ROUND(I117*H117,2)","v":{"v":2035.35,"d":"2,035.35"}},"CS ÚRS 2025 01",null,"","základní",null,{"$f":"O117*H117","v":{"v":0,"d":"0.00000"}},0.01838,{"$f":"Q117*H117","v":{"v":0.06206926,"d":"0.06207"}},{"v":0,"d":"0.00000"},{"$f":"S117*H117","v":{"v":0,"d":"0.00000"}},{"$nulls":23},"4",null,"K","2",{"$nulls":3},"ROZPOCET",{"$nulls":5},{"$f":"IF(N117=\"základní\",J117,0)","v":{"v":2035.35,"d":"2,035.35"}},{"$f":"IF(N117=\"snížená\",J117,0)","v":{"v":0,"d":"0.00"}},{"$f":"IF(N117=\"zákl. přenesená\",J117,0)","v":{"v":0,"d":"0.00"}},{"$f":"IF(N117=\"sníž. přenesená\",J117,0)","v":{"v":0,"d":"0.00"}},{"$f":"IF(N117=\"nulová\",J117,0)","v":{"v":0,"d":"0.00"}},"1",{"$f":"ROUND(I117*H117,2)","v":{"v":2035.35,"d":"2,035.35"}},"4","1864216325"]
[{"$nulls":3},"Online PSC",null,"https://podminky.urs.cz/item/CS_URS_2025_01/611321141",{"$nulls":39},"Online PSC","2"]
[null,null,"5","K","612135001","Vyrovnání podkladu vnitřních stěn maltou vápenocementovou tl do 10 mm","m2",26.715,{"v":273.1,"d":"273.10"},{"$f":"ROUND(I119*H119,2)","v":{"v":7295.87,"d":"7,295.87"}},"CS ÚRS 2025 01",null,"","základní",null,{"$f":"O119*H119","v":{"v":0,"d":"0.00000"}},0.02048,{"$f":"Q119*H119","v":{"v":0.5471232,"d":"0.54712"}},{"v":0,"d":"0.00000"},{"$f":"S119*H119","v":{"v":0,"d":"0.00000"}},{"$nulls":23},"4",null,"K","2",{"$nulls":3},"ROZPOCET",{"$nulls":5},{"$f":"IF(N119=\"základní\",J119,0)","v":{"v":7295.87,"d":"7,295.87"}},{"$f":"IF(N119=\"snížená\",J119,0)","v":{"v":0,"d":"0.00"}},{"$f":"IF(N119=\"zákl. přenesená\",J119,0)","v":{"v":0,"d":"0.00"}},{"$f":"IF(N119=\"sníž. přenesená\",J119,0)","v":{"v":0,"d":"0.00"}},{"$f":"IF(N119=\"nulová\",J119,0)","v":{"v":0,"d":"0.00"}},"1",{"$f":"ROUND(I119*H119,2)","v":{"v":7295.87,"d":"7,295.87"}},"4","-558823241"]
[{"$nulls":3},"Online PSC",null,"https://podminky.urs.cz/item/CS_URS_2025_01/612135001",{"$nulls":39},"Online PSC","2"]
[{"$nulls":3},"VV","","\"místy nutné vyrovnání stěn až 5cm, vyrovnání v celé ploše i v místech obkladů\"",null,"",{"$nulls":37},"VV","2","1","True","0","ROZPOCET"]
[{"$nulls":3},"VV","","\"prostor umyvadel\"",null,"",{"$nulls":37},"VV","2","1","True","0","ROZPOCET"]
[{"$nulls":3},"VV","","(1,42+0,82*2)*2,54",null,7.772,{"$nulls":37},"VV","2","2","True","0","ROZPOCET"]
[{"$nulls":3},"VV","","\"sprcha\"",null,"",{"$nulls":37},"VV","2","1","True","0","ROZPOCET"]
[{"$nulls":3},"VV","","(1,42*2+0,9*2)*2,54-(0,7*2)",null,10.386,{"$nulls":37},"VV","2","2","True","0","ROZPOCET"]
[{"$nulls":3},"VV","","\"WC\"",null,"",{"$nulls":37},"VV","2","1","True","0","ROZPOCET"]
[{"$nulls":3},"VV","","(0,82*2+1,14*2)*2,54-(0,7*2)",null,8.557,{"$nulls":37},"VV","2","2","True","0","ROZPOCET"]
[{"$nulls":3},"VV","","Součet",null,26.715,{"$nulls":37},"VV","2","4","True","1","ROZPOCET"]
[null,null,"6","K","612135091","Vyrovnání nerovností podkladu vnitřních omítaných ploch Příplatek k ceně za každých dalších 5 mm tloušťky podkladní vrstvy přes 10 mm maltou vápenocementovou stěn","m2",213.718,55.56,{"$f":"ROUND(I129*H129,2)","v":{"v":11874.17,"d":"11,874.17"}},"CS ÚRS 2025 01",null,"","základní",null,{"$f":"O129*H129","v":{"v":0,"d":"0.00000"}},{"v":0.0079,"d":"0.00790"},{"$f":"Q129*H129","v":{"v":1.6883722,"d":"1.68837"}},{"v":0,"d":"0.00000"},{"$f":"S129*H129","v":{"v":0,"d":"0.00000"}},{"$nulls":23},"4",null,"K","2",{"$nulls":3},"ROZPOCET",{"$nulls":5},{"$f":"IF(N129=\"základní\",J129,0)","v":{"v":11874.17,"d":"11,874.17"}},{"$f":"IF(N129=\"snížená\",J129,0)","v":{"v":0,"d":"0.00"}},{"$f":"IF(N129=\"zákl. přenesená\",J129,0)","v":{"v":0,"d":"0.00"}},{"$f":"IF(N129=\"sníž. přenesená\",J129,0)","v":{"v":0,"d":"0.00"}},{"$f":"IF(N129=\"nulová\",J129,0)","v":{"v":0,"d":"0.00"}},"1",{"$f":"ROUND(I129*H129,2)","v":{"v":11874.17,"d":"11,874.17"}},"4","2051524646"]
[{"$nulls":3},"Online PSC",null,"https://podminky.urs.cz/item/CS_URS_2025_01/612135091",{"$nulls":39},"Online PSC","2"]
[{"$nulls":3},"VV","","\"místy nutné vyrovnání stěn až 5cm, vyrovnání v celé ploše i v místech obkladů\"",null,"",{"$nulls":37},"VV","2","1","True","0","ROZPOCET"]
[{"$nulls":3},"VV","","\"prostor umyvadel\"",null,"",{"$nulls":37},"VV","2","1","True","0","ROZPOCET"]
[{"$nulls":3},"VV","","(1,42+0,82*2)*2,54*8",null,62.179,{"$nulls":37},"VV","2","2","True","0","ROZPOCET"]
[{"$nulls":3},"VV","","\"sprcha\"",null,"",{"$nulls":37},"VV","2","1","True","0","ROZPOCET"]
[{"$nulls":3},"VV","","((1,42*2+0,9*2)*2,54-(0,7*2))*8",null,83.085,{"$nulls":37},"VV","2","2","True","0","ROZPOCET"]
[{"$nulls":3},"VV","","\"WC\"",null,"",{"$nulls":37},"VV","2","1","True","0","ROZPOCET"]
[{"$nulls":3},"VV","","((0,82*2+1,14*2)*2,54-(0,7*2))*8",null,68.454,{"$nulls":37},"VV","2","2","True","0","ROZPOCET"]
[{"$nulls":3},"VV","","Součet",null,213.718,{"$nulls":37},"VV","2","4","True","1","ROZPOCET"]
[null,null,"7","K","612142001","Pletivo vnitřních ploch v ploše nebo pruzích, na plném podkladu sklovláknité vtlačené do tmelu včetně tmelu stěn","m2",26.715,291.94,{"$f":"ROUND(I139*H139,2)","v":{"v":7799.18,"d":"7,799.18"}},"CS ÚRS 2025 01",null,"","základní",null,{"$f":"O139*H139","v":{"v":0,"d":"0.00000"}},0.00438,{"$f":"Q139*H139","v":{"v":0.11701170000000001,"d":"0.11701"}},{"v":0,"d":"0.00000"},{"$f":"S139*H139","v":{"v":0,"d":"0.00000"}},{"$nulls":23},"4",null,"K","2",{"$nulls":3},"ROZPOCET",{"$nulls":5},{"$f":"IF(N139=\"základní\",J139,0)","v":{"v":7799.18,"d":"7,799.18"}},{"$f":"IF(N139=\"snížená\",J139,0)","v":{"v":0,"d":"0.00"}},{"$f":"IF(N139=\"zákl. přenesená\",J139,0)","v":{"v":0,"d":"0.00"}},{"$f":"IF(N139=\"sníž. přenesená\",J139,0)","v":{"v":0,"d":"0.00"}},{"$f":"IF(N139=\"nulová\",J139,0)","v":{"v":0,"d":"0.00"}},"1",{"$f":"ROUND(I139*H139,2)","v":{"v":7799.18,"d":"7,799.18"}},"4","332087584"]
[{"$nulls":3},"Online PSC",null,"https://podminky.urs.cz/item/CS_URS_2025_01/612142001",{"$nulls":39},"Online PSC","2"]
[null,null,"8","K","612131121","Podkladní a spojovací vrstva vnitřních omítaných ploch penetrace disperzní nanášená ručně stěn","m2",9.227,55.56,{"$f":"ROUND(I141*H141,2)","v":512.65},"CS ÚRS 2025 01",null,"","základní",null,{"$f":"O141*H141","v":{"v":0,"d":"0.00000"}},0.00026,{"$f":"Q141*H141","v":{"v":2.39902E-3,"d":"0.00240"}},{"v":0,"d":"0.00000"},{"$f":"S141*H141","v":{"v":0,"d":"0.00000"}},{"$nulls":23},"4",null,"K","2",{"$nulls":3},"ROZPOCET",{"$nulls":5},{"$f":"IF(N141=\"základní\",J141,0)","v":512.65},{"$f":"IF(N141=\"snížená\",J141,0)","v":{"v":0,"d":"0.00"}},{"$f":"IF(N141=\"zákl. přenesená\",J141,0)","v":{"v":0,"d":"0.00"}},{"$f":"IF(N141=\"sníž. přenesená\",J141,0)","v":{"v":0,"d":"0.00"}},{"$f":"IF(N141=\"nulová\",J141,0)","v":{"v":0,"d":"0.00"}},"1",{"$f":"ROUND(I141*H141,2)","v":512.65},"4","1054322622"]
[{"$nulls":3},"Online PSC",null,"https://podminky.urs.cz/item/CS_URS_2025_01/612131121",{"$nulls":39},"Online PSC","2"]
[{"$nulls":3},"VV","","\"v místech mimo obklad\"",null,"",{"$nulls":37},"VV","2","1","True","0","ROZPOCET"]
[{"$nulls":3},"VV","","\"prostor umyvadel\"",null,"",{"$nulls":37},"VV","2","1","True","0","ROZPOCET"]
[{"$nulls":3},"VV","","(1,42+0,82*2)*(2,54-1,53)",null,3.091,{"$nulls":37},"VV","2","2","True","0","ROZPOCET"]
[{"$nulls":3},"VV","","\"sprcha\"",null,"",{"$nulls":37},"VV","2","1","True","0","ROZPOCET"]
[{"$nulls":3},"VV","","(1,42*2+0,9*2)*(2,54-2)",null,2.506,{"$nulls":37},"VV","2","2","True","0","ROZPOCET"]
[{"$nulls":3},"VV","","\"WC\"",null,"",{"$nulls":37},"VV","2","1","True","0","ROZPOCET"]
[{"$nulls":3},"VV","","(0,82*2+1,14*2)*(2,54-1,53)-(0,7*0,47)",null,{"v":3.63,"d":"3.630"},{"$nulls":37},"VV","2","2","True","0","ROZPOCET"]
[{"$nulls":3},"VV","","Součet",null,9.227,{"$nulls":37},"VV","2","4","True","1","ROZPOCET"]
[null,null,"9","K","612321141","Omítka vápenocementová vnitřních ploch nanášená ručně dvouvrstvá, tloušťky jádrové omítky do 10 mm a tloušťky štuku do 3 mm štuková svislých konstrukcí stěn","m2",9.227,602.71,{"$f":"ROUND(I151*H151,2)","v":{"v":5561.21,"d":"5,561.21"}},"CS ÚRS 2025 01",null,"","základní",null,{"$f":"O151*H151","v":{"v":0,"d":"0.00000"}},0.01838,{"$f":"Q151*H151","v":{"v":0.16959226000000002,"d":"0.16959"}},{"v":0,"d":"0.00000"},{"$f":"S151*H151","v":{"v":0,"d":"0.00000"}},{"$nulls":23},"4",null,"K","2",{"$nulls":3},"ROZPOCET",{"$nulls":5},{"$f":"IF(N151=\"základní\",J151,0)","v":{"v":5561.21,"d":"5,561.21"}},{"$f":"IF(N151=\"snížená\",J151,0)","v":{"v":0,"d":"0.00"}},{"$f":"IF(N151=\"zákl. přenesená\",J151,0)","v":{"v":0,"d":"0.00"}},{"$f":"IF(N151=\"sníž. přenesená\",J151,0)","v":{"v":0,"d":"0.00"}},{"$f":"IF(N151=\"nulová\",J151,0)","v":{"v":0,"d":"0.00"}},"1",{"$f":"ROUND(I151*H151,2)","v":{"v":5561.21,"d":"5,561.21"}},"4","-896685535"]
[{"$nulls":3},"Online PSC",null,"https://podminky.urs.cz/item/CS_URS_2025_01/612321141",{"$nulls":39},"Online PSC","2"]
[null,null,"10","K","622143003","Montáž omítkových profilů plastových, pozinkovaných nebo dřevěných upevněných vtlačením do podkladní vrstvy nebo přibitím rohových s tkaninou","m",{"v":5.08,"d":"5.080"},55.56,{"$f":"ROUND(I153*H153,2)","v":282.24},"CS ÚRS 2025 01",null,"","základní",null,{"$f":"O153*H153","v":{"v":0,"d":"0.00000"}},{"v":0,"d":"0.00000"},{"$f":"Q153*H153","v":{"v":0,"d":"0.00000"}},{"v":0,"d":"0.00000"},{"$f":"S153*H153","v":{"v":0,"d":"0.00000"}},{"$nulls":23},"4",null,"K","2",{"$nulls":3},"ROZPOCET",{"$nulls":5},{"$f":"IF(N153=\"základní\",J153,0)","v":282.24},{"$f":"IF(N153=\"snížená\",J153,0)","v":{"v":0,"d":"0.00"}},{"$f":"IF(N153=\"zákl. přenesená\",J153,0)","v":{"v":0,"d":"0.00"}},{"$f":"IF(N153=\"sníž. přenesená\",J153,0)","v":{"v":0,"d":"0.00"}},{"$f":"IF(N153=\"nulová\",J153,0)","v":{"v":0,"d":"0.00"}},"1",{"$f":"ROUND(I153*H153,2)","v":282.24},"4","-1082416522"]
[{"$nulls":3},"Online PSC",null,"https://podminky.urs.cz/item/CS_URS_2025_01/622143003",{"$nulls":39},"Online PSC","2"]
[{"$nulls":3},"VV","","\"prostor umyvadel\"",null,"",{"$nulls":37},"VV","2","1","True","0","ROZPOCET"]
[{"$nulls":3},"VV","","2,54*2",null,{"v":5.08,"d":"5.080"},{"$nulls":37},"VV","2","2","True","1","ROZPOCET"]
[null,null,"11","M","28341033","profil ukončovací PVC pro napojení různých povrchových úprav","m",{"v":6,"d":"6.000"},12.24,{"$f":"ROUND(I157*H157,2)","v":73.44},"CS ÚRS 2025 01",null,"","základní",null,{"$f":"O157*H157","v":{"v":0,"d":"0.00000"}},{"v":1E-4,"d":"0.00010"},{"$f":"Q157*H157","v":{"v":6.0000000000000006E-4,"d":"0.00060"}},{"v":0,"d":"0.00000"},{"$f":"S157*H157","v":{"v":0,"d":"0.00000"}},{"$nulls":23},"8",null,"M","2",{"$nulls":3},"ROZPOCET",{"$nulls":5},{"$f":"IF(N157=\"základní\",J157,0)","v":73.44},{"$f":"IF(N157=\"snížená\",J157,0)","v":{"v":0,"d":"0.00"}},{"$f":"IF(N157=\"zákl. přenesená\",J157,0)","v":{"v":0,"d":"0.00"}},{"$f":"IF(N157=\"sníž. přenesená\",J157,0)","v":{"v":0,"d":"0.00"}},{"$f":"IF(N157=\"nulová\",J157,0)","v":{"v":0,"d":"0.00"}},"1",{"$f":"ROUND(I157*H157,2)","v":73.44},"4","829015234"]
[{"$nulls":3},"D","9","Ostatní konstrukce a práce, bourání",{"$nulls":3},{"$f":"BK158","v":{"v":15672.980000000001,"d":"15,672.98"}},{"$nulls":5},{"$f":"SUM(P159:P215)","v":{"v":0,"d":"0.00000"}},null,{"$f":"SUM(R159:R215)","v":{"v":4.4900999999999996E-4,"d":"0.00045"}},null,{"$f":"SUM(T159:T215)","v":{"v":2.4029550000000004,"d":"2.40296"}},{"$nulls":23},"1",null,"D","1",{"$nulls":3},"ROZPOCET",{"$nulls":11},{"$f":"SUM(BK159:BK215)","v":{"v":15672.980000000001,"d":"15,672.98"}}]
[null,null,"12","K","949101111","Lešení pomocné pracovní pro objekty pozemních staveb pro zatížení do 150 kg/m2, o výšce lešeňové podlahy do 1,9 m","m2",3.377,46.14,{"$f":"ROUND(I159*H159,2)","v":155.81},"CS ÚRS 2025 01",null,"","základní",null,{"$f":"O159*H159","v":{"v":0,"d":"0.00000"}},0.00013,{"$f":"Q159*H159","v":{"v":4.3900999999999993E-4,"d":"0.00044"}},{"v":0,"d":"0.00000"},{"$f":"S159*H159","v":{"v":0,"d":"0.00000"}},{"$nulls":23},"4",null,"K","2",{"$nulls":3},"ROZPOCET",{"$nulls":5},{"$f":"IF(N159=\"základní\",J159,0)","v":155.81},{"$f":"IF(N159=\"snížená\",J159,0)","v":{"v":0,"d":"0.00"}},{"$f":"IF(N159=\"zákl. přenesená\",J159,0)","v":{"v":0,"d":"0.00"}},{"$f":"IF(N159=\"sníž. přenesená\",J159,0)","v":{"v":0,"d":"0.00"}},{"$f":"IF(N159=\"nulová\",J159,0)","v":{"v":0,"d":"0.00"}},"1",{"$f":"ROUND(I159*H159,2)","v":155.81},"4","-264864067"]
[{"$nulls":3},"Online PSC",null,"https://podminky.urs.cz/item/CS_URS_2025_01/949101111",{"$nulls":39},"Online PSC","2"]
[{"$nulls":3},"VV","","\"prostor umyvadel\"",null,"",{"$nulls":37},"VV","2","1","True","0","ROZPOCET"]
[{"$nulls":3},"VV","","1,42*0,82",null,1.164,{"$nulls":37},"VV","2","2","True","0","ROZPOCET"]
[{"$nulls":3},"VV","","\"sprcha\"",null,"",{"$nulls":37},"VV","2","1","True","0","ROZPOCET"]
[{"$nulls":3},"VV","","1,42*0,9",null,1.278,{"$nulls":37},"VV","2","2","True","0","ROZPOCET"]
[{"$nulls":3},"VV","","\"WC\"",null,"",{"$nulls":37},"VV","2","1","True","0","ROZPOCET"]
[{"$nulls":3},"VV","","0,82*1,14",null,0.935,{"$nulls":37},"VV","2","2","True","0","ROZPOCET"]
[{"$nulls":3},"VV","","Součet",null,3.377,{"$nulls":37},"VV","2","4","True","1","ROZPOCET"]
[null,null,"13","K","978059541","Odsekání obkladů stěn včetně otlučení podkladní omítky až na zdivo z obkládaček vnitřních, z jakýchkoliv materiálů, plochy přes 1 m2","m2",{"v":19.96,"d":"19.960"},226.01,{"$f":"ROUND(I168*H168,2)","v":{"v":4511.16,"d":"4,511.16"}},"CS ÚRS 2025 01",null,"","základní",null,{"$f":"O168*H168","v":{"v":0,"d":"0.00000"}},{"v":0,"d":"0.00000"},{"$f":"Q168*H168","v":{"v":0,"d":"0.00000"}},{"v":0.068,"d":"0.06800"},{"$f":"S168*H168","v":{"v":1.3572800000000003,"d":"1.35728"}},{"$nulls":23},"4",null,"K","2",{"$nulls":3},"ROZPOCET",{"$nulls":5},{"$f":"IF(N168=\"základní\",J168,0)","v":{"v":4511.16,"d":"4,511.16"}},{"$f":"IF(N168=\"snížená\",J168,0)","v":{"v":0,"d":"0.00"}},{"$f":"IF(N168=\"zákl. přenesená\",J168,0)","v":{"v":0,"d":"0.00"}},{"$f":"IF(N168=\"sníž. přenesená\",J168,0)","v":{"v":0,"d":"0.00"}},{"$f":"IF(N168=\"nulová\",J168,0)","v":{"v":0,"d":"0.00"}},"1",{"$f":"ROUND(I168*H168,2)","v":{"v":4511.16,"d":"4,511.16"}},"4","-1238564972"]
[{"$nulls":3},"Online PSC",null,"https://podminky.urs.cz/item/CS_URS_2025_01/978059541",{"$nulls":39},"Online PSC","2"]
[{"$nulls":3},"VV","","\"prostor umyvadel\"",null,"",{"$nulls":37},"VV","2","1","True","0","ROZPOCET"]
[{"$nulls":3},"VV","","(1,42+0,82*2)*1,53",null,4.682,{"$nulls":37},"VV","2","2","True","0","ROZPOCET"]
[{"$nulls":3},"VV","","\"sprcha\"",null,"",{"$nulls":37},"VV","2","1","True","0","ROZPOCET"]
[{"$nulls":3},"VV","","(1,42*2+0,9*2)*2",null,{"v":9.28,"d":"9.280"},{"$nulls":37},"VV","2","2","True","0","ROZPOCET"]
[{"$nulls":3},"VV","","\"WC\"",null,"",{"$nulls":37},"VV","2","1","True","0","ROZPOCET"]
[{"$nulls":3},"VV","","(0,82*2+1,14*2)*1,53",null,5.998,{"$nulls":37},"VV","2","2","True","0","ROZPOCET"]
[{"$nulls":3},"VV","","Součet",null,{"v":19.96,"d":"19.960"},{"$nulls":37},"VV","2","4","True","1","ROZPOCET"]
[null,null,"14","K","965081223","Bourání podlah z dlaždic bez podkladního lože nebo mazaniny, s jakoukoliv výplní spár keramických nebo xylolitových tl. přes 10 mm plochy přes 1 m2","m2",3.917,226.01,{"$f":"ROUND(I177*H177,2)","v":885.28},"CS ÚRS 2025 01",null,"","základní",null,{"$f":"O177*H177","v":{"v":0,"d":"0.00000"}},{"v":0,"d":"0.00000"},{"$f":"Q177*H177","v":{"v":0,"d":"0.00000"}},{"v":0.057,"d":"0.05700"},{"$f":"S177*H177","v":{"v":0.223269,"d":"0.22327"}},{"$nulls":23},"4",null,"K","2",{"$nulls":3},"ROZPOCET",{"$nulls":5},{"$f":"IF(N177=\"základní\",J177,0)","v":885.28},{"$f":"IF(N177=\"snížená\",J177,0)","v":{"v":0,"d":"0.00"}},{"$f":"IF(N177=\"zákl. přenesená\",J177,0)","v":{"v":0,"d":"0.00"}},{"$f":"IF(N177=\"sníž. přenesená\",J177,0)","v":{"v":0,"d":"0.00"}},{"$f":"IF(N177=\"nulová\",J177,0)","v":{"v":0,"d":"0.00"}},"1",{"$f":"ROUND(I177*H177,2)","v":885.28},"4","-1389090483"]
[{"$nulls":3},"Online PSC",null,"https://podminky.urs.cz/item/CS_URS_2025_01/965081223",{"$nulls":39},"Online PSC","2"]
[{"$nulls":3},"VV","","\"prostor umyvadel\"",null,"",{"$nulls":37},"VV","2","1","True","0","ROZPOCET"]
[{"$nulls":3},"VV","","1,42*0,82",null,1.164,{"$nulls":37},"VV","2","2","True","0","ROZPOCET"]
[{"$nulls":3},"VV","","\"sprcha\"",null,"",{"$nulls":37},"VV","2","1","True","0","ROZPOCET"]
[{"$nulls":3},"VV","","1,42*0,9+(0,2+0,2+0,2)*0,9",null,1.818,{"$nulls":37},"VV","2","2","True","0","ROZPOCET"]
[{"$nulls":3},"VV","","\"WC\"",null,"",{"$nulls":37},"VV","2","1","True","0","ROZPOCET"]
[{"$nulls":3},"VV","","0,82*1,14",null,0.935,{"$nulls":37},"VV","2","2","True","0","ROZPOCET"]
[{"$nulls":3},"VV","","Součet",null,3.917,{"$nulls":37},"VV","2","4","True","1","ROZPOCET"]
[null,null,"15","K","962031133","Bourání příček nebo přizdívek z cihel pálených plných nebo dutých, tl. přes 100 do 150 mm","m2",{"v":0.18,"d":"0.180"},226.01,{"$f":"ROUND(I186*H186,2)","v":40.68},"CS ÚRS 2025 01",null,"","základní",null,{"$f":"O186*H186","v":{"v":0,"d":"0.00000"}},{"v":0,"d":"0.00000"},{"$f":"Q186*H186","v":{"v":0,"d":"0.00000"}},{"v":0.261,"d":"0.26100"},{"$f":"S186*H186","v":0.04698},{"$nulls":23},"4",null,"K","2",{"$nulls":3},"ROZPOCET",{"$nulls":5},{"$f":"IF(N186=\"základní\",J186,0)","v":40.68},{"$f":"IF(N186=\"snížená\",J186,0)","v":{"v":0,"d":"0.00"}},{"$f":"IF(N186=\"zákl. přenesená\",J186,0)","v":{"v":0,"d":"0.00"}},{"$f":"IF(N186=\"sníž. přenesená\",J186,0)","v":{"v":0,"d":"0.00"}},{"$f":"IF(N186=\"nulová\",J186,0)","v":{"v":0,"d":"0.00"}},"1",{"$f":"ROUND(I186*H186,2)","v":40.68},"4","-432159224"]
[{"$nulls":3},"Online PSC",null,"https://podminky.urs.cz/item/CS_URS_2025_01/962031133",{"$nulls":39},"Online PSC","2"]
[{"$nulls":3},"VV","","\"sprcha - schod zděné vaničky\"",null,"",{"$nulls":37},"VV","2","1","True","0","ROZPOCET"]
[{"$nulls":3},"VV","","0,2*0,9",null,{"v":0.18,"d":"0.180"},{"$nulls":37},"VV","2","2","True","1","ROZPOCET"]
[null,null,"16","K","96904111R","Vybourání vnitřního plastového potrubí do DN 200 včetně vysekání drážky","m",{"v":18,"d":"18.000"},226.01,{"$f":"ROUND(I190*H190,2)","v":{"v":4068.18,"d":"4,068.18"}},"vlastní",null,"","základní",null,{"$f":"O190*H190","v":{"v":0,"d":"0.00000"}},{"v":0,"d":"0.00000"},{"$f":"Q190*H190","v":{"v":0,"d":"0.00000"}},{"v":0.0065,"d":"0.00650"},{"$f":"S190*H190","v":{"v":0.11699999999999999,"d":"0.11700"}},{"$nulls":23},"4",null,"K","2",{"$nulls":3},"ROZPOCET",{"$nulls":5},{"$f":"IF(N190=\"základní\",J190,0)","v":{"v":4068.18,"d":"4,068.18"}},{"$f":"IF(N190=\"snížená\",J190,0)","v":{"v":0,"d":"0.00"}},{"$f":"IF(N190=\"zákl. přenesená\",J190,0)","v":{"v":0,"d":"0.00"}},{"$f":"IF(N190=\"sníž. přenesená\",J190,0)","v":{"v":0,"d":"0.00"}},{"$f":"IF(N190=\"nulová\",J190,0)","v":{"v":0,"d":"0.00"}},"1",{"$f":"ROUND(I190*H190,2)","v":{"v":4068.18,"d":"4,068.18"}},"4","1592636687"]
[{"$nulls":3},"VV","","\"odpadní potrubí, vodovod ve zdivu a v podlaze\"",null,"",{"$nulls":37},"VV","2","1","True","0","ROZPOCET"]
[{"$nulls":3},"VV","","18",null,{"v":18,"d":"18.000"},{"$nulls":37},"VV","2","2","True","1","ROZPOCET"]
[null,null,"17","K","971033331","Vybourání otvorů ve zdivu základovém nebo nadzákladovém z cihel, tvárnic, příčkovek z cihel pálených na maltu vápennou nebo vápenocementovou plochy do 0,09 m2, tl. do 150 mm","kus",{"v":2,"d":"2.000"},84.76,{"$f":"ROUND(I193*H193,2)","v":169.52},"CS ÚRS 2025 01",null,"","základní",null,{"$f":"O193*H193","v":{"v":0,"d":"0.00000"}},{"v":0,"d":"0.00000"},{"$f":"Q193*H193","v":{"v":0,"d":"0.00000"}},{"v":0.025,"d":"0.02500"},{"$f":"S193*H193","v":{"v":0.05,"d":"0.05000"}},{"$nulls":23},"16",null,"K","2",{"$nulls":3},"ROZPOCET",{"$nulls":5},{"$f":"IF(N193=\"základní\",J193,0)","v":169.52},{"$f":"IF(N193=\"snížená\",J193,0)","v":{"v":0,"d":"0.00"}},{"$f":"IF(N193=\"zákl. přenesená\",J193,0)","v":{"v":0,"d":"0.00"}},{"$f":"IF(N193=\"sníž. přenesená\",J193,0)","v":{"v":0,"d":"0.00"}},{"$f":"IF(N193=\"nulová\",J193,0)","v":{"v":0,"d":"0.00"}},"1",{"$f":"ROUND(I193*H193,2)","v":169.52},"16","-1269997224"]
[{"$nulls":3},"Online PSC",null,"https://podminky.urs.cz/item/CS_URS_2025_01/971033331",{"$nulls":39},"Online PSC","2"]
[{"$nulls":3},"VV","","\"otvor do stoupací šachty\"",null,"",{"$nulls":37},"VV","2","1","True","0","ROZPOCET"]
[{"$nulls":3},"VV","","2",null,{"v":2,"d":"2.000"},{"$nulls":37},"VV","2","2","True","1","ROZPOCET"]
[null,null,"18","K","978011191","Otlučení vápenných nebo vápenocementových omítek vnitřních ploch stropů, v rozsahu přes 50 do 100 %","m2",3.377,226.01,{"$f":"ROUND(I197*H197,2)","v":763.24},"CS ÚRS 2025 01",null,"","základní",null,{"$f":"O197*H197","v":{"v":0,"d":"0.00000"}},{"v":0,"d":"0.00000"},{"$f":"Q197*H197","v":{"v":0,"d":"0.00000"}},{"v":0.05,"d":"0.05000"},{"$f":"S197*H197","v":0.16885},{"$nulls":23},"4",null,"K","2",{"$nulls":3},"ROZPOCET",{"$nulls":5},{"$f":"IF(N197=\"základní\",J197,0)","v":763.24},{"$f":"IF(N197=\"snížená\",J197,0)","v":{"v":0,"d":"0.00"}},{"$f":"IF(N197=\"zákl. přenesená\",J197,0)","v":{"v":0,"d":"0.00"}},{"$f":"IF(N197=\"sníž. přenesená\",J197,0)","v":{"v":0,"d":"0.00"}},{"$f":"IF(N197=\"nulová\",J197,0)","v":{"v":0,"d":"0.00"}},"1",{"$f":"ROUND(I197*H197,2)","v":763.24},"4","970832870"]
[{"$nulls":3},"Online PSC",null,"https://podminky.urs.cz/item/CS_URS_2025_01/978011191",{"$nulls":39},"Online PSC","2"]
[{"$nulls":3},"VV","","\"prostor umyvadel\"",null,"",{"$nulls":37},"VV","2","1","True","0","ROZPOCET"]
[{"$nulls":3},"VV","","1,42*0,82",null,1.164,{"$nulls":37},"VV","2","2","True","0","ROZPOCET"]
[{"$nulls":3},"VV","","\"sprcha\"",null,"",{"$nulls":37},"VV","2","1","True","0","ROZPOCET"]
[{"$nulls":3},"VV","","1,42*0,9",null,1.278,{"$nulls":37},"VV","2","2","True","0","ROZPOCET"]
[{"$nulls":3},"VV","","\"WC\"",null,"",{"$nulls":37},"VV","2","1","True","0","ROZPOCET"]
[{"$nulls":3},"VV","","0,82*1,14",null,0.935,{"$nulls":37},"VV","2","2","True","0","ROZPOCET"]
[{"$nulls":3},"VV","","Součet",null,3.377,{"$nulls":37},"VV","2","4","True","1","ROZPOCET"]
[null,null,"19","K","978013191","Otlučení vápenných nebo vápenocementových omítek vnitřních ploch stěn s vyškrabáním spar, s očištěním zdiva, v rozsahu přes 50 do 100 %","m2",9.556,226.01,{"$f":"ROUND(I206*H206,2)","v":{"v":2159.75,"d":"2,159.75"}},"CS ÚRS 2025 01",null,"","základní",null,{"$f":"O206*H206","v":{"v":0,"d":"0.00000"}},{"v":0,"d":"0.00000"},{"$f":"Q206*H206","v":{"v":0,"d":"0.00000"}},{"v":0.046,"d":"0.04600"},{"$f":"S206*H206","v":{"v":0.43957599999999997,"d":"0.43958"}},{"$nulls":23},"4",null,"K","2",{"$nulls":3},"ROZPOCET",{"$nulls":5},{"$f":"IF(N206=\"základní\",J206,0)","v":{"v":2159.75,"d":"2,159.75"}},{"$f":"IF(N206=\"snížená\",J206,0)","v":{"v":0,"d":"0.00"}},{"$f":"IF(N206=\"zákl. přenesená\",J206,0)","v":{"v":0,"d":"0.00"}},{"$f":"IF(N206=\"sníž. přenesená\",J206,0)","v":{"v":0,"d":"0.00"}},{"$f":"IF(N206=\"nulová\",J206,0)","v":{"v":0,"d":"0.00"}},"1",{"$f":"ROUND(I206*H206,2)","v":{"v":2159.75,"d":"2,159.75"}},"4","1989102358"]
[{"$nulls":3},"Online PSC",null,"https://podminky.urs.cz/item/CS_URS_2025_01/978013191",{"$nulls":39},"Online PSC","2"]
[{"$nulls":3},"VV","","\"prostor umyvadel\"",null,"",{"$nulls":37},"VV","2","1","True","0","ROZPOCET"]
[{"$nulls":3},"VV","","(1,42+0,82*2)*(2,54-1,53)",null,3.091,{"$nulls":37},"VV","2","2","True","0","ROZPOCET"]
[{"$nulls":3},"VV","","\"sprcha\"",null,"",{"$nulls":37},"VV","2","1","True","0","ROZPOCET"]
[{"$nulls":3},"VV","","(1,42*2+0,9*2)*(2,54-2)",null,2.506,{"$nulls":37},"VV","2","2","True","0","ROZPOCET"]
[{"$nulls":3},"VV","","\"WC\"",null,"",{"$nulls":37},"VV","2","1","True","0","ROZPOCET"]
[{"$nulls":3},"VV","","(0,82*2+1,14*2)*(2,54-1,53)",null,3.959,{"$nulls":37},"VV","2","2","True","0","ROZPOCET"]
[{"$nulls":3},"VV","","Součet",null,9.556,{"$nulls":37},"VV","2","4","True","1","ROZPOCET"]
[null,null,"20","K","95290110R","Čištění budov - závěrečný úklid, umytí obkladů, zařizovacích předmětů, dveří, zametení a vytření podlahy, a další potřebné práce","kpl",{"v":1,"d":"1.000"},{"v":2919.36,"d":"2,919.36"},{"$f":"ROUND(I215*H215,2)","v":{"v":2919.36,"d":"2,919.36"}},"vlastní",null,"","základní",null,{"$f":"O215*H215","v":{"v":0,"d":"0.00000"}},{"v":1e-05,"d":"0.00001"},{"$f":"Q215*H215","v":{"v":1e-05,"d":"0.00001"}},{"v":0,"d":"0.00000"},{"$f":"S215*H215","v":{"v":0,"d":"0.00000"}},{"$nulls":23},"4",null,"K","2",{"$nulls":3},"ROZPOCET",{"$nulls":5},{"$f":"IF(N215=\"základní\",J215,0)","v":{"v":2919.36,"d":"2,919.36"}},{"$f":"IF(N215=\"snížená\",J215,0)","v":{"v":0,"d":"0.00"}},{"$f":"IF(N215=\"zákl. přenesená\",J215,0)","v":{"v":0,"d":"0.00"}},{"$f":"IF(N215=\"sníž. přenesená\",J215,0)","v":{"v":0,"d":"0.00"}},{"$f":"IF(N215=\"nulová\",J215,0)","v":{"v":0,"d":"0.00"}},"1",{"$f":"ROUND(I215*H215,2)","v":{"v":2919.36,"d":"2,919.36"}},"4","-289929788"]
[{"$nulls":3},"D","997","Přesun sutě",{"$nulls":3},{"$f":"BK216","v":{"v":6673.009999999999,"d":"6,673.01"}},{"$nulls":5},{"$f":"SUM(P217:P227)","v":{"v":0,"d":"0.00000"}},null,{"$f":"SUM(R217:R227)","v":{"v":0,"d":"0.00000"}},null,{"$f":"SUM(T217:T227)","v":{"v":0,"d":"0.00000"}},{"$nulls":23},"1",null,"D","1",{"$nulls":3},"ROZPOCET",{"$nulls":11},{"$f":"SUM(BK217:BK227)","v":{"v":6673.009999999999,"d":"6,673.01"}}]
[null,null,"21","K","997013117","Vnitrostaveništní doprava suti a vybouraných hmot vodorovně do 50 m s naložením základní pro budovy a haly výšky přes 21 do 24 m","t",2.531,{"v":1271.33,"d":"1,271.33"},{"$f":"ROUND(I217*H217,2)","v":{"v":3217.74,"d":"3,217.74"}},"CS ÚRS 2025 01",null,"","základní",null,{"$f":"O217*H217","v":{"v":0,"d":"0.00000"}},{"v":0,"d":"0.00000"},{"$f":"Q217*H217","v":{"v":0,"d":"0.00000"}},{"v":0,"d":"0.00000"},{"$f":"S217*H217","v":{"v":0,"d":"0.00000"}},{"$nulls":23},"4",null,"K","2",{"$nulls":3},"ROZPOCET",{"$nulls":5},{"$f":"IF(N217=\"základní\",J217,0)","v":{"v":3217.74,"d":"3,217.74"}},{"$f":"IF(N217=\"snížená\",J217,0)","v":{"v":0,"d":"0.00"}},{"$f":"IF(N217=\"zákl. přenesená\",J217,0)","v":{"v":0,"d":"0.00"}},{"$f":"IF(N217=\"sníž. přenesená\",J217,0)","v":{"v":0,"d":"0.00"}},{"$f":"IF(N217=\"nulová\",J217,0)","v":{"v":0,"d":"0.00"}},"1",{"$f":"ROUND(I217*H217,2)","v":{"v":3217.74,"d":"3,217.74"}},"4","1997577997"]
[{"$nulls":3},"Online PSC",null,"https://podminky.urs.cz/item/CS_URS_2025_01/997013117",{"$nulls":39},"Online PSC","2"]
[null,null,"22","K","997013501","Odvoz suti a vybouraných hmot na skládku nebo meziskládku se složením, na vzdálenost do 1 km","t",2.531,452.03,{"$f":"ROUND(I219*H219,2)","v":{"v":1144.09,"d":"1,144.09"}},"CS ÚRS 2025 01",null,"","základní",null,{"$f":"O219*H219","v":{"v":0,"d":"0.00000"}},{"v":0,"d":"0.00000"},{"$f":"Q219*H219","v":{"v":0,"d":"0.00000"}},{"v":0,"d":"0.00000"},{"$f":"S219*H219","v":{"v":0,"d":"0.00000"}},{"$nulls":23},"4",null,"K","2",{"$nulls":3},"ROZPOCET",{"$nulls":5},{"$f":"IF(N219=\"základní\",J219,0)","v":{"v":1144.09,"d":"1,144.09"}},{"$f":"IF(N219=\"snížená\",J219,0)","v":{"v":0,"d":"0.00"}},{"$f":"IF(N219=\"zákl. přenesená\",J219,0)","v":{"v":0,"d":"0.00"}},{"$f":"IF(N219=\"sníž. přenesená\",J219,0)","v":{"v":0,"d":"0.00"}},{"$f":"IF(N219=\"nulová\",J219,0)","v":{"v":0,"d":"0.00"}},"1",{"$f":"ROUND(I219*H219,2)","v":{"v":1144.09,"d":"1,144.09"}},"4","-2025577218"]
[{"$nulls":3},"Online PSC",null,"https://podminky.urs.cz/item/CS_URS_2025_01/997013501",{"$nulls":39},"Online PSC","2"]
[null,null,"23","K","997013509","Odvoz suti a vybouraných hmot na skládku nebo meziskládku se složením, na vzdálenost Příplatek k ceně za každý další započatý 1 km přes 1 km","t",22.779,12.52,{"$f":"ROUND(I221*H221,2)","v":285.19},"CS ÚRS 2025 01",null,"","základní",null,{"$f":"O221*H221","v":{"v":0,"d":"0.00000"}},{"v":0,"d":"0.00000"},{"$f":"Q221*H221","v":{"v":0,"d":"0.00000"}},{"v":0,"d":"0.00000"},{"$f":"S221*H221","v":{"v":0,"d":"0.00000"}},{"$nulls":23},"4",null,"K","2",{"$nulls":3},"ROZPOCET",{"$nulls":5},{"$f":"IF(N221=\"základní\",J221,0)","v":285.19},{"$f":"IF(N221=\"snížená\",J221,0)","v":{"v":0,"d":"0.00"}},{"$f":"IF(N221=\"zákl. přenesená\",J221,0)","v":{"v":0,"d":"0.00"}},{"$f":"IF(N221=\"sníž. přenesená\",J221,0)","v":{"v":0,"d":"0.00"}},{"$f":"IF(N221=\"nulová\",J221,0)","v":{"v":0,"d":"0.00"}},"1",{"$f":"ROUND(I221*H221,2)","v":285.19},"4","-1380485949"]
[{"$nulls":3},"Online PSC",null,"https://podminky.urs.cz/item/CS_URS_2025_01/997013509",{"$nulls":39},"Online PSC","2"]
[{"$nulls":3},"VV","","2,531*9",null,22.779,{"$nulls":37},"VV","2","2","True","1","ROZPOCET"]
[null,null,"24","K","997013609","Poplatek za uložení stavebního odpadu na skládce (skládkovné) ze směsí nebo oddělených frakcí betonu, cihel a keramických výrobků zatříděného do Katalogu odpadů pod kódem 17 01 07","t",2.286,800.47,{"$f":"ROUND(I224*H224,2)","v":{"v":1829.87,"d":"1,829.87"}},"CS ÚRS 2025 01",null,"","základní",null,{"$f":"O224*H224","v":{"v":0,"d":"0.00000"}},{"v":0,"d":"0.00000"},{"$f":"Q224*H224","v":{"v":0,"d":"0.00000"}},{"v":0,"d":"0.00000"},{"$f":"S224*H224","v":{"v":0,"d":"0.00000"}},{"$nulls":23},"4",null,"K","2",{"$nulls":3},"ROZPOCET",{"$nulls":5},{"$f":"IF(N224=\"základní\",J224,0)","v":{"v":1829.87,"d":"1,829.87"}},{"$f":"IF(N224=\"snížená\",J224,0)","v":{"v":0,"d":"0.00"}},{"$f":"IF(N224=\"zákl. přenesená\",J224,0)","v":{"v":0,"d":"0.00"}},{"$f":"IF(N224=\"sníž. přenesená\",J224,0)","v":{"v":0,"d":"0.00"}},{"$f":"IF(N224=\"nulová\",J224,0)","v":{"v":0,"d":"0.00"}},"1",{"$f":"ROUND(I224*H224,2)","v":{"v":1829.87,"d":"1,829.87"}},"4","-464478931"]
[{"$nulls":3},"Online PSC",null,"https://podminky.urs.cz/item/CS_URS_2025_01/997013609",{"$nulls":39},"Online PSC","2"]
[null,null,"25","K","997013631","Poplatek za uložení stavebního odpadu na skládce (skládkovné) směsného stavebního a demoličního zatříděného do Katalogu odpadů pod kódem 17 09 04","t",0.245,800.47,{"$f":"ROUND(I226*H226,2)","v":196.12},"CS ÚRS 2025 01",null,"","základní",null,{"$f":"O226*H226","v":{"v":0,"d":"0.00000"}},{"v":0,"d":"0.00000"},{"$f":"Q226*H226","v":{"v":0,"d":"0.00000"}},{"v":0,"d":"0.00000"},{"$f":"S226*H226","v":{"v":0,"d":"0.00000"}},{"$nulls":23},"4",null,"K","2",{"$nulls":3},"ROZPOCET",{"$nulls":5},{"$f":"IF(N226=\"základní\",J226,0)","v":196.12},{"$f":"IF(N226=\"snížená\",J226,0)","v":{"v":0,"d":"0.00"}},{"$f":"IF(N226=\"zákl. přenesená\",J226,0)","v":{"v":0,"d":"0.00"}},{"$f":"IF(N226=\"sníž. přenesená\",J226,0)","v":{"v":0,"d":"0.00"}},{"$f":"IF(N226=\"nulová\",J226,0)","v":{"v":0,"d":"0.00"}},"1",{"$f":"ROUND(I226*H226,2)","v":196.12},"4","-1849174508"]
[{"$nulls":3},"Online PSC",null,"https://podminky.urs.cz/item/CS_URS_2025_01/997013631",{"$nulls":39},"Online PSC","2"]
[{"$nulls":3},"D","998","Přesun hmot",{"$nulls":3},{"$f":"BK228","v":{"v":3522.86,"d":"3,522.86"}},{"$nulls":5},{"$f":"SUM(P229:P230)","v":{"v":0,"d":"0.00000"}},null,{"$f":"SUM(R229:R230)","v":{"v":0,"d":"0.00000"}},null,{"$f":"SUM(T229:T230)","v":{"v":0,"d":"0.00000"}},{"$nulls":23},"1",null,"D","1",{"$nulls":3},"ROZPOCET",{"$nulls":11},{"$f":"SUM(BK229:BK230)","v":{"v":3522.86,"d":"3,522.86"}}]
[null,null,"26","K","998011003","Přesun hmot pro budovy občanské výstavby, bydlení, výrobu a služby s nosnou svislou konstrukcí zděnou z cihel, tvárnic nebo kamene vodorovná dopravní vzdálenost do 100 m základní pro budovy výšky přes 12 do 24 m","t",2.771,{"v":1271.33,"d":"1,271.33"},{"$f":"ROUND(I229*H229,2)","v":{"v":3522.86,"d":"3,522.86"}},"CS ÚRS 2025 01",null,"","základní",null,{"$f":"O229*H229","v":{"v":0,"d":"0.00000"}},{"v":0,"d":"0.00000"},{"$f":"Q229*H229","v":{"v":0,"d":"0.00000"}},{"v":0,"d":"0.00000"},{"$f":"S229*H229","v":{"v":0,"d":"0.00000"}},{"$nulls":23},"4",null,"K","2",{"$nulls":3},"ROZPOCET",{"$nulls":5},{"$f":"IF(N229=\"základní\",J229,0)","v":{"v":3522.86,"d":"3,522.86"}},{"$f":"IF(N229=\"snížená\",J229,0)","v":{"v":0,"d":"0.00"}},{"$f":"IF(N229=\"zákl. přenesená\",J229,0)","v":{"v":0,"d":"0.00"}},{"$f":"IF(N229=\"sníž. přenesená\",J229,0)","v":{"v":0,"d":"0.00"}},{"$f":"IF(N229=\"nulová\",J229,0)","v":{"v":0,"d":"0.00"}},"1",{"$f":"ROUND(I229*H229,2)","v":{"v":3522.86,"d":"3,522.86"}},"4","-809637624"]
[{"$nulls":3},"Online PSC",null,"https://podminky.urs.cz/item/CS_URS_2025_01/998011003",{"$nulls":39},"Online PSC","2"]
[{"$nulls":3},"D","PSV","Práce a dodávky PSV",{"$nulls":3},{"$f":"BK231","v":{"v":120662.83,"d":"120,662.83"}},{"$nulls":5},{"$f":"P232+P257+P273+P314+P366+P383+P390+P437+P451+P505+P542+P559","v":{"v":0,"d":"0.00000"}},null,{"$f":"R232+R257+R273+R314+R366+R383+R390+R437+R451+R505+R542+R559","v":{"v":0.7680944052,"d":"0.76809"}},null,{"$f":"T232+T257+T273+T314+T366+T383+T390+T437+T451+T505+T542+T559","v":0.12789},{"$nulls":23},"2",null,"D","0",{"$nulls":3},"ROZPOCET",{"$nulls":11},{"$f":"BK232+BK257+BK273+BK314+BK366+BK383+BK390+BK437+BK451+BK505+BK542+BK559","v":{"v":120662.83,"d":"120,662.83"}}]
[{"$nulls":3},"D","721","Zdravotechnika - vnitřní kanalizace",{"$nulls":3},{"$f":"BK232","v":{"v":6827.78,"d":"6,827.78"}},{"$nulls":5},{"$f":"SUM(P233:P256)","v":{"v":0,"d":"0.00000"}},null,{"$f":"SUM(R233:R256)","v":{"v":0.015220000000000001,"d":"0.01522"}},null,{"$f":"SUM(T233:T256)","v":{"v":0,"d":"0.00000"}},{"$nulls":23},"2",null,"D","1",{"$nulls":3},"ROZPOCET",{"$nulls":11},{"$f":"SUM(BK233:BK256)","v":{"v":6827.78,"d":"6,827.78"}}]
[null,null,"27","K","721174004","Potrubí z trub polypropylenových svodné (ležaté) DN 75","m",{"v":2,"d":"2.000"},452.03,{"$f":"ROUND(I233*H233,2)","v":904.06},"CS ÚRS 2025 01",null,"","základní",null,{"$f":"O233*H233","v":{"v":0,"d":"0.00000"}},0.00071,{"$f":"Q233*H233","v":{"v":1.42E-3,"d":"0.00142"}},{"v":0,"d":"0.00000"},{"$f":"S233*H233","v":{"v":0,"d":"0.00000"}},{"$nulls":23},"16",null,"K","2",{"$nulls":3},"ROZPOCET",{"$nulls":5},{"$f":"IF(N233=\"základní\",J233,0)","v":904.06},{"$f":"IF(N233=\"snížená\",J233,0)","v":{"v":0,"d":"0.00"}},{"$f":"IF(N233=\"zákl. přenesená\",J233,0)","v":{"v":0,"d":"0.00"}},{"$f":"IF(N233=\"sníž. přenesená\",J233,0)","v":{"v":0,"d":"0.00"}},{"$f":"IF(N233=\"nulová\",J233,0)","v":{"v":0,"d":"0.00"}},"1",{"$f":"ROUND(I233*H233,2)","v":904.06},"16","-1565255594"]
[{"$nulls":3},"Online PSC",null,"https://podminky.urs.cz/item/CS_URS_2025_01/721174004",{"$nulls":39},"Online PSC","2"]
[{"$nulls":3},"VV","","\"prostor umyvadel\"",null,"",{"$nulls":37},"VV","2","1","True","0","ROZPOCET"]
[{"$nulls":3},"VV","","2",null,{"v":2,"d":"2.000"},{"$nulls":37},"VV","2","2","True","1","ROZPOCET"]
[null,null,"28","K","721174005","Potrubí z trub polypropylenových svodné (ležaté) DN 110","m",{"v":6,"d":"6.000"},555.62,{"$f":"ROUND(I237*H237,2)","v":{"v":3333.72,"d":"3,333.72"}},"CS ÚRS 2025 01",null,"","základní",null,{"$f":"O237*H237","v":{"v":0,"d":"0.00000"}},0.00206,{"$f":"Q237*H237","v":{"v":0.012360000000000001,"d":"0.01236"}},{"v":0,"d":"0.00000"},{"$f":"S237*H237","v":{"v":0,"d":"0.00000"}},{"$nulls":23},"16",null,"K","2",{"$nulls":3},"ROZPOCET",{"$nulls":5},{"$f":"IF(N237=\"základní\",J237,0)","v":{"v":3333.72,"d":"3,333.72"}},{"$f":"IF(N237=\"snížená\",J237,0)","v":{"v":0,"d":"0.00"}},{"$f":"IF(N237=\"zákl. přenesená\",J237,0)","v":{"v":0,"d":"0.00"}},{"$f":"IF(N237=\"sníž. přenesená\",J237,0)","v":{"v":0,"d":"0.00"}},{"$f":"IF(N237=\"nulová\",J237,0)","v":{"v":0,"d":"0.00"}},"1",{"$f":"ROUND(I237*H237,2)","v":{"v":3333.72,"d":"3,333.72"}},"16","-369844456"]
[{"$nulls":3},"Online PSC",null,"https://podminky.urs.cz/item/CS_URS_2025_01/721174005",{"$nulls":39},"Online PSC","2"]
[{"$nulls":3},"VV","","\"prostor umyvadel\"",null,"",{"$nulls":37},"VV","2","1","True","0","ROZPOCET"]
[{"$nulls":3},"VV","","2",null,{"v":2,"d":"2.000"},{"$nulls":37},"VV","2","2","True","0","ROZPOCET"]
[{"$nulls":3},"VV","","\"sprcha\"",null,"",{"$nulls":37},"VV","2","1","True","0","ROZPOCET"]
[{"$nulls":3},"VV","","2",null,{"v":2,"d":"2.000"},{"$nulls":37},"VV","2","2","True","0","ROZPOCET"]
[{"$nulls":3},"VV","","\"WC\"",null,"",{"$nulls":37},"VV","2","1","True","0","ROZPOCET"]
[{"$nulls":3},"VV","","2",null,{"v":2,"d":"2.000"},{"$nulls":37},"VV","2","2","True","0","ROZPOCET"]
[{"$nulls":3},"VV","","Součet",null,{"v":6,"d":"6.000"},{"$nulls":37},"VV","2","4","True","1","ROZPOCET"]
[null,null,"29","K","721174043","Potrubí z trub polypropylenových připojovací DN 50","m",{"v":3,"d":"3.000"},395.53,{"$f":"ROUND(I246*H246,2)","v":{"v":1186.59,"d":"1,186.59"}},"CS ÚRS 2025 01",null,"","základní",null,{"$f":"O246*H246","v":{"v":0,"d":"0.00000"}},0.00048,{"$f":"Q246*H246","v":0.00144},{"v":0,"d":"0.00000"},{"$f":"S246*H246","v":{"v":0,"d":"0.00000"}},{"$nulls":23},"16",null,"K","2",{"$nulls":3},"ROZPOCET",{"$nulls":5},{"$f":"IF(N246=\"základní\",J246,0)","v":{"v":1186.59,"d":"1,186.59"}},{"$f":"IF(N246=\"snížená\",J246,0)","v":{"v":0,"d":"0.00"}},{"$f":"IF(N246=\"zákl. přenesená\",J246,0)","v":{"v":0,"d":"0.00"}},{"$f":"IF(N246=\"sníž. přenesená\",J246,0)","v":{"v":0,"d":"0.00"}},{"$f":"IF(N246=\"nulová\",J246,0)","v":{"v":0,"d":"0.00"}},"1",{"$f":"ROUND(I246*H246,2)","v":{"v":1186.59,"d":"1,186.59"}},"16","10737146"]
[{"$nulls":3},"Online PSC",null,"https://podminky.urs.cz/item/CS_URS_2025_01/721174043",{"$nulls":39},"Online PSC","2"]
[{"$nulls":3},"VV","","\"prostor umyvadel\"",null,"",{"$nulls":37},"VV","2","1","True","0","ROZPOCET"]
[{"$nulls":3},"VV","","3",null,{"v":3,"d":"3.000"},{"$nulls":37},"VV","2","2","True","1","ROZPOCET"]
[null,null,"30","K","721194105","Vyměření přípojek na potrubí vyvedení a upevnění odpadních výpustek DN 50","kus",{"v":2,"d":"2.000"},103.59,{"$f":"ROUND(I250*H250,2)","v":207.18},"CS ÚRS 2025 01",null,"","základní",null,{"$f":"O250*H250","v":{"v":0,"d":"0.00000"}},{"v":0,"d":"0.00000"},{"$f":"Q250*H250","v":{"v":0,"d":"0.00000"}},{"v":0,"d":"0.00000"},{"$f":"S250*H250","v":{"v":0,"d":"0.00000"}},{"$nulls":23},"16",null,"K","2",{"$nulls":3},"ROZPOCET",{"$nulls":5},{"$f":"IF(N250=\"základní\",J250,0)","v":207.18},{"$f":"IF(N250=\"snížená\",J250,0)","v":{"v":0,"d":"0.00"}},{"$f":"IF(N250=\"zákl. přenesená\",J250,0)","v":{"v":0,"d":"0.00"}},{"$f":"IF(N250=\"sníž. přenesená\",J250,0)","v":{"v":0,"d":"0.00"}},{"$f":"IF(N250=\"nulová\",J250,0)","v":{"v":0,"d":"0.00"}},"1",{"$f":"ROUND(I250*H250,2)","v":207.18},"16","1906867419"]
[{"$nulls":3},"Online PSC",null,"https://podminky.urs.cz/item/CS_URS_2025_01/721194105",{"$nulls":39},"Online PSC","2"]
[null,null,"31","K","721194109","Vyměření přípojek na potrubí vyvedení a upevnění odpadních výpustek DN 110","kus",{"v":2,"d":"2.000"},141.26,{"$f":"ROUND(I252*H252,2)","v":282.52},"CS ÚRS 2025 01",null,"","základní",null,{"$f":"O252*H252","v":{"v":0,"d":"0.00000"}},{"v":0,"d":"0.00000"},{"$f":"Q252*H252","v":{"v":0,"d":"0.00000"}},{"v":0,"d":"0.00000"},{"$f":"S252*H252","v":{"v":0,"d":"0.00000"}},{"$nulls":23},"16",null,"K","2",{"$nulls":3},"ROZPOCET",{"$nulls":5},{"$f":"IF(N252=\"základní\",J252,0)","v":282.52},{"$f":"IF(N252=\"snížená\",J252,0)","v":{"v":0,"d":"0.00"}},{"$f":"IF(N252=\"zákl. přenesená\",J252,0)","v":{"v":0,"d":"0.00"}},{"$f":"IF(N252=\"sníž. přenesená\",J252,0)","v":{"v":0,"d":"0.00"}},{"$f":"IF(N252=\"nulová\",J252,0)","v":{"v":0,"d":"0.00"}},"1",{"$f":"ROUND(I252*H252,2)","v":282.52},"16","-1293533382"]
[{"$nulls":3},"Online PSC",null,"https://podminky.urs.cz/item/CS_URS_2025_01/721194109",{"$nulls":39},"Online PSC","2"]
[null,null,"32","K","72119410R","Zřízení přípojky na stávající odpadní potrubí v šachtě včetně potřebného materiálu","kpl",{"v":1,"d":"1.000"},894.64,{"$f":"ROUND(I254*H254,2)","v":894.64},"vlastní",null,"","základní",null,{"$f":"O254*H254","v":{"v":0,"d":"0.00000"}},{"v":0,"d":"0.00000"},{"$f":"Q254*H254","v":{"v":0,"d":"0.00000"}},{"v":0,"d":"0.00000"},{"$f":"S254*H254","v":{"v":0,"d":"0.00000"}},{"$nulls":23},"16",null,"K","2",{"$nulls":3},"ROZPOCET",{"$nulls":5},{"$f":"IF(N254=\"základní\",J254,0)","v":894.64},{"$f":"IF(N254=\"snížená\",J254,0)","v":{"v":0,"d":"0.00"}},{"$f":"IF(N254=\"zákl. přenesená\",J254,0)","v":{"v":0,"d":"0.00"}},{"$f":"IF(N254=\"sníž. přenesená\",J254,0)","v":{"v":0,"d":"0.00"}},{"$f":"IF(N254=\"nulová\",J254,0)","v":{"v":0,"d":"0.00"}},"1",{"$f":"ROUND(I254*H254,2)","v":894.64},"16","868113307"]
[null,null,"33","K","998721103","Přesun hmot pro vnitřní kanalizaci stanovený z hmotnosti přesunovaného materiálu vodorovná dopravní vzdálenost do 50 m základní v objektech výšky přes 12 do 24 m","t",0.015,{"v":1271.33,"d":"1,271.33"},{"$f":"ROUND(I255*H255,2)","v":19.07},"CS ÚRS 2025 01",null,"","základní",null,{"$f":"O255*H255","v":{"v":0,"d":"0.00000"}},{"v":0,"d":"0.00000"},{"$f":"Q255*H255","v":{"v":0,"d":"0.00000"}},{"v":0,"d":"0.00000"},{"$f":"S255*H255","v":{"v":0,"d":"0.00000"}},{"$nulls":23},"16",null,"K","2",{"$nulls":3},"ROZPOCET",{"$nulls":5},{"$f":"IF(N255=\"základní\",J255,0)","v":19.07},{"$f":"IF(N255=\"snížená\",J255,0)","v":{"v":0,"d":"0.00"}},{"$f":"IF(N255=\"zákl. přenesená\",J255,0)","v":{"v":0,"d":"0.00"}},{"$f":"IF(N255=\"sníž. přenesená\",J255,0)","v":{"v":0,"d":"0.00"}},{"$f":"IF(N255=\"nulová\",J255,0)","v":{"v":0,"d":"0.00"}},"1",{"$f":"ROUND(I255*H255,2)","v":19.07},"16","1362457834"]
[{"$nulls":3},"Online PSC",null,"https://podminky.urs.cz/item/CS_URS_2025_01/998721103",{"$nulls":39},"Online PSC","2"]
[{"$nulls":3},"D","722","Zdravotechnika - vnitřní vodovod",{"$nulls":3},{"$f":"BK257","v":{"v":7628.460000000001,"d":"7,628.46"}},{"$nulls":5},{"$f":"SUM(P258:P272)","v":{"v":0,"d":"0.00000"}},null,{"$f":"SUM(R258:R272)","v":{"v":0.013399999999999999,"d":"0.01340"}},null,{"$f":"SUM(T258:T272)","v":{"v":0,"d":"0.00000"}},{"$nulls":23},"2",null,"D","1",{"$nulls":3},"ROZPOCET",{"$nulls":11},{"$f":"SUM(BK258:BK272)","v":{"v":7628.460000000001,"d":"7,628.46"}}]
[null,null,"34","K","722174003","Potrubí z plastových trubek z polypropylenu PPR svařovaných polyfúzně PN 16 (SDR 7,4) D 25 x 3,5","m",{"v":5,"d":"5.000"},414.36,{"$f":"ROUND(I258*H258,2)","v":{"v":2071.8,"d":"2,071.80"}},"CS ÚRS 2025 01",null,"","základní",null,{"$f":"O258*H258","v":{"v":0,"d":"0.00000"}},{"v":1.16E-3,"d":"0.00116"},{"$f":"Q258*H258","v":{"v":0.0058,"d":"0.00580"}},{"v":0,"d":"0.00000"},{"$f":"S258*H258","v":{"v":0,"d":"0.00000"}},{"$nulls":23},"16",null,"K","2",{"$nulls":3},"ROZPOCET",{"$nulls":5},{"$f":"IF(N258=\"základní\",J258,0)","v":{"v":2071.8,"d":"2,071.80"}},{"$f":"IF(N258=\"snížená\",J258,0)","v":{"v":0,"d":"0.00"}},{"$f":"IF(N258=\"zákl. přenesená\",J258,0)","v":{"v":0,"d":"0.00"}},{"$f":"IF(N258=\"sníž. přenesená\",J258,0)","v":{"v":0,"d":"0.00"}},{"$f":"IF(N258=\"nulová\",J258,0)","v":{"v":0,"d":"0.00"}},"1",{"$f":"ROUND(I258*H258,2)","v":{"v":2071.8,"d":"2,071.80"}},"16","1162783971"]
[{"$nulls":3},"Online PSC",null,"https://podminky.urs.cz/item/CS_URS_2025_01/722174003",{"$nulls":39},"Online PSC","2"]
[null,null,"35","K","722174023","Potrubí z plastových trubek z polypropylenu PPR svařovaných polyfúzně PN 20 (SDR 6) D 25 x 4,2","m",{"v":5,"d":"5.000"},452.03,{"$f":"ROUND(I260*H260,2)","v":{"v":2260.15,"d":"2,260.15"}},"CS ÚRS 2025 01",null,"","základní",null,{"$f":"O260*H260","v":{"v":0,"d":"0.00000"}},0.00126,{"$f":"Q260*H260","v":{"v":6.3E-3,"d":"0.00630"}},{"v":0,"d":"0.00000"},{"$f":"S260*H260","v":{"v":0,"d":"0.00000"}},{"$nulls":23},"16",null,"K","2",{"$nulls":3},"ROZPOCET",{"$nulls":5},{"$f":"IF(N260=\"základní\",J260,0)","v":{"v":2260.15,"d":"2,260.15"}},{"$f":"IF(N260=\"snížená\",J260,0)","v":{"v":0,"d":"0.00"}},{"$f":"IF(N260=\"zákl. přenesená\",J260,0)","v":{"v":0,"d":"0.00"}},{"$f":"IF(N260=\"sníž. přenesená\",J260,0)","v":{"v":0,"d":"0.00"}},{"$f":"IF(N260=\"nulová\",J260,0)","v":{"v":0,"d":"0.00"}},"1",{"$f":"ROUND(I260*H260,2)","v":{"v":2260.15,"d":"2,260.15"}},"16","125689196"]
[{"$nulls":3},"Online PSC",null,"https://podminky.urs.cz/item/CS_URS_2025_01/722174023",{"$nulls":39},"Online PSC","2"]
[null,null,"36","K","722181212","Ochrana potrubí termoizolačními trubicemi z pěnového polyetylenu PE přilepenými v příčných a podélných spojích, tloušťky izolace do 6 mm, vnitřního průměru izolace DN přes 22 do 32 mm","m",{"v":10,"d":"10.000"},67.33,{"$f":"ROUND(I262*H262,2)","v":{"v":673.3,"d":"673.30"}},"CS ÚRS 2025 01",null,"","základní",null,{"$f":"O262*H262","v":{"v":0,"d":"0.00000"}},{"v":4e-05,"d":"0.00004"},{"$f":"Q262*H262","v":{"v":0.0004,"d":"0.00040"}},{"v":0,"d":"0.00000"},{"$f":"S262*H262","v":{"v":0,"d":"0.00000"}},{"$nulls":23},"16",null,"K","2",{"$nulls":3},"ROZPOCET",{"$nulls":5},{"$f":"IF(N262=\"základní\",J262,0)","v":{"v":673.3,"d":"673.30"}},{"$f":"IF(N262=\"snížená\",J262,0)","v":{"v":0,"d":"0.00"}},{"$f":"IF(N262=\"zákl. přenesená\",J262,0)","v":{"v":0,"d":"0.00"}},{"$f":"IF(N262=\"sníž. přenesená\",J262,0)","v":{"v":0,"d":"0.00"}},{"$f":"IF(N262=\"nulová\",J262,0)","v":{"v":0,"d":"0.00"}},"1",{"$f":"ROUND(I262*H262,2)","v":{"v":673.3,"d":"673.30"}},"16","1037954024"]
[{"$nulls":3},"Online PSC",null,"https://podminky.urs.cz/item/CS_URS_2025_01/722181212",{"$nulls":39},"Online PSC","2"]
[null,null,"37","K","722220153","Armatury s jedním závitem plastové (PPR) PN 20 (SDR 6) DN 25 x G 3/4\"","kus",{"v":4,"d":"4.000"},218.48,{"$f":"ROUND(I264*H264,2)","v":873.92},"CS ÚRS 2025 01",null,"","základní",null,{"$f":"O264*H264","v":{"v":0,"d":"0.00000"}},{"v":0.0002,"d":"0.00020"},{"$f":"Q264*H264","v":{"v":0.0008,"d":"0.00080"}},{"v":0,"d":"0.00000"},{"$f":"S264*H264","v":{"v":0,"d":"0.00000"}},{"$nulls":23},"16",null,"K","2",{"$nulls":3},"ROZPOCET",{"$nulls":5},{"$f":"IF(N264=\"základní\",J264,0)","v":873.92},{"$f":"IF(N264=\"snížená\",J264,0)","v":{"v":0,"d":"0.00"}},{"$f":"IF(N264=\"zákl. přenesená\",J264,0)","v":{"v":0,"d":"0.00"}},{"$f":"IF(N264=\"sníž. přenesená\",J264,0)","v":{"v":0,"d":"0.00"}},{"$f":"IF(N264=\"nulová\",J264,0)","v":{"v":0,"d":"0.00"}},"1",{"$f":"ROUND(I264*H264,2)","v":873.92},"16","-523537750"]
[{"$nulls":3},"Online PSC",null,"https://podminky.urs.cz/item/CS_URS_2025_01/722220153",{"$nulls":39},"Online PSC","2"]
[null,null,"38","K","722190401","Zřízení přípojek na potrubí vyvedení a upevnění výpustek do DN 25","kus",{"v":4,"d":"4.000"},150.68,{"$f":"ROUND(I266*H266,2)","v":602.72},"CS ÚRS 2025 01",null,"","základní",null,{"$f":"O266*H266","v":{"v":0,"d":"0.00000"}},{"v":0,"d":"0.00000"},{"$f":"Q266*H266","v":{"v":0,"d":"0.00000"}},{"v":0,"d":"0.00000"},{"$f":"S266*H266","v":{"v":0,"d":"0.00000"}},{"$nulls":23},"16",null,"K","2",{"$nulls":3},"ROZPOCET",{"$nulls":5},{"$f":"IF(N266=\"základní\",J266,0)","v":602.72},{"$f":"IF(N266=\"snížená\",J266,0)","v":{"v":0,"d":"0.00"}},{"$f":"IF(N266=\"zákl. přenesená\",J266,0)","v":{"v":0,"d":"0.00"}},{"$f":"IF(N266=\"sníž. přenesená\",J266,0)","v":{"v":0,"d":"0.00"}},{"$f":"IF(N266=\"nulová\",J266,0)","v":{"v":0,"d":"0.00"}},"1",{"$f":"ROUND(I266*H266,2)","v":602.72},"16","230328589"]
[{"$nulls":3},"Online PSC",null,"https://podminky.urs.cz/item/CS_URS_2025_01/722190401",{"$nulls":39},"Online PSC","2"]
[null,null,"39","K","72219040R","Zřízení přípojek na stávající potrubí v šachtě včetně potřebného materiálu","kpl",{"v":1,"d":"1.000"},894.64,{"$f":"ROUND(I268*H268,2)","v":894.64},"vlastní",null,"","základní",null,{"$f":"O268*H268","v":{"v":0,"d":"0.00000"}},{"v":0,"d":"0.00000"},{"$f":"Q268*H268","v":{"v":0,"d":"0.00000"}},{"v":0,"d":"0.00000"},{"$f":"S268*H268","v":{"v":0,"d":"0.00000"}},{"$nulls":23},"16",null,"K","2",{"$nulls":3},"ROZPOCET",{"$nulls":5},{"$f":"IF(N268=\"základní\",J268,0)","v":894.64},{"$f":"IF(N268=\"snížená\",J268,0)","v":{"v":0,"d":"0.00"}},{"$f":"IF(N268=\"zákl. přenesená\",J268,0)","v":{"v":0,"d":"0.00"}},{"$f":"IF(N268=\"sníž. přenesená\",J268,0)","v":{"v":0,"d":"0.00"}},{"$f":"IF(N268=\"nulová\",J268,0)","v":{"v":0,"d":"0.00"}},"1",{"$f":"ROUND(I268*H268,2)","v":894.64},"16","435937680"]
[null,null,"40","K","722290234","Zkoušky, proplach a desinfekce vodovodního potrubí proplach a desinfekce vodovodního potrubí do DN 80","m",{"v":10,"d":"10.000"},23.54,{"$f":"ROUND(I269*H269,2)","v":{"v":235.4,"d":"235.40"}},"CS ÚRS 2025 01",null,"","základní",null,{"$f":"O269*H269","v":{"v":0,"d":"0.00000"}},{"v":1e-05,"d":"0.00001"},{"$f":"Q269*H269","v":{"v":1E-4,"d":"0.00010"}},{"v":0,"d":"0.00000"},{"$f":"S269*H269","v":{"v":0,"d":"0.00000"}},{"$nulls":23},"16",null,"K","2",{"$nulls":3},"ROZPOCET",{"$nulls":5},{"$f":"IF(N269=\"základní\",J269,0)","v":{"v":235.4,"d":"235.40"}},{"$f":"IF(N269=\"snížená\",J269,0)","v":{"v":0,"d":"0.00"}},{"$f":"IF(N269=\"zákl. přenesená\",J269,0)","v":{"v":0,"d":"0.00"}},{"$f":"IF(N269=\"sníž. přenesená\",J269,0)","v":{"v":0,"d":"0.00"}},{"$f":"IF(N269=\"nulová\",J269,0)","v":{"v":0,"d":"0.00"}},"1",{"$f":"ROUND(I269*H269,2)","v":{"v":235.4,"d":"235.40"}},"16","721872300"]
[{"$nulls":3},"Online PSC",null,"https://podminky.urs.cz/item/CS_URS_2025_01/722290234",{"$nulls":39},"Online PSC","2"]
[null,null,"41","K","998722103","Přesun hmot pro vnitřní vodovod stanovený z hmotnosti přesunovaného materiálu vodorovná dopravní vzdálenost do 50 m základní v objektech výšky přes 12 do 24 m","t",0.013,{"v":1271.33,"d":"1,271.33"},{"$f":"ROUND(I271*H271,2)","v":16.53},"CS ÚRS 2025 01",null,"","základní",null,{"$f":"O271*H271","v":{"v":0,"d":"0.00000"}},{"v":0,"d":"0.00000"},{"$f":"Q271*H271","v":{"v":0,"d":"0.00000"}},{"v":0,"d":"0.00000"},{"$f":"S271*H271","v":{"v":0,"d":"0.00000"}},{"$nulls":23},"16",null,"K","2",{"$nulls":3},"ROZPOCET",{"$nulls":5},{"$f":"IF(N271=\"základní\",J271,0)","v":16.53},{"$f":"IF(N271=\"snížená\",J271,0)","v":{"v":0,"d":"0.00"}},{"$f":"IF(N271=\"zákl. přenesená\",J271,0)","v":{"v":0,"d":"0.00"}},{"$f":"IF(N271=\"sníž. přenesená\",J271,0)","v":{"v":0,"d":"0.00"}},{"$f":"IF(N271=\"nulová\",J271,0)","v":{"v":0,"d":"0.00"}},"1",{"$f":"ROUND(I271*H271,2)","v":16.53},"16","73872537"]
[{"$nulls":3},"Online PSC",null,"https://podminky.urs.cz/item/CS_URS_2025_01/998722103",{"$nulls":39},"Online PSC","2"]
[{"$nulls":3},"D","725","Zdravotechnika - zařizovací předměty",{"$nulls":3},{"$f":"BK273","v":{"v":34615.7,"d":"34,615.70"}},{"$nulls":5},{"$f":"SUM(P274:P313)","v":{"v":0,"d":"0.00000"}},null,{"$f":"SUM(R274:R313)","v":{"v":0.08892000000000001,"d":"0.08892"}},null,{"$f":"SUM(T274:T313)","v":0.06899},{"$nulls":23},"2",null,"D","1",{"$nulls":3},"ROZPOCET",{"$nulls":11},{"$f":"SUM(BK274:BK313)","v":{"v":34615.7,"d":"34,615.70"}}]
[null,null,"42","K","725820801","Demontáž baterií nástěnných do G 3/4","soubor",{"v":2,"d":"2.000"},84.76,{"$f":"ROUND(I274*H274,2)","v":169.52},"CS ÚRS 2025 01",null,"","základní",null,{"$f":"O274*H274","v":{"v":0,"d":"0.00000"}},{"v":0,"d":"0.00000"},{"$f":"Q274*H274","v":{"v":0,"d":"0.00000"}},{"v":1.56E-3,"d":"0.00156"},{"$f":"S274*H274","v":0.00312},{"$nulls":23},"16",null,"K","2",{"$nulls":3},"ROZPOCET",{"$nulls":5},{"$f":"IF(N274=\"základní\",J274,0)","v":169.52},{"$f":"IF(N274=\"snížená\",J274,0)","v":{"v":0,"d":"0.00"}},{"$f":"IF(N274=\"zákl. přenesená\",J274,0)","v":{"v":0,"d":"0.00"}},{"$f":"IF(N274=\"sníž. přenesená\",J274,0)","v":{"v":0,"d":"0.00"}},{"$f":"IF(N274=\"nulová\",J274,0)","v":{"v":0,"d":"0.00"}},"1",{"$f":"ROUND(I274*H274,2)","v":169.52},"16","2005645435"]
[{"$nulls":3},"Online PSC",null,"https://podminky.urs.cz/item/CS_URS_2025_01/725820801",{"$nulls":39},"Online PSC","2"]
[null,null,"43","K","725840851","Demontáž baterií sprchových nástěnných","kus",{"v":1,"d":"1.000"},84.76,{"$f":"ROUND(I276*H276,2)","v":84.76},"CS ÚRS 2025 01",null,"","základní",null,{"$f":"O276*H276","v":{"v":0,"d":"0.00000"}},{"v":0,"d":"0.00000"},{"$f":"Q276*H276","v":{"v":0,"d":"0.00000"}},{"v":7.62E-3,"d":"0.00762"},{"$f":"S276*H276","v":{"v":7.62E-3,"d":"0.00762"}},{"$nulls":23},"16",null,"K","2",{"$nulls":3},"ROZPOCET",{"$nulls":5},{"$f":"IF(N276=\"základní\",J276,0)","v":84.76},{"$f":"IF(N276=\"snížená\",J276,0)","v":{"v":0,"d":"0.00"}},{"$f":"IF(N276=\"zákl. přenesená\",J276,0)","v":{"v":0,"d":"0.00"}},{"$f":"IF(N276=\"sníž. přenesená\",J276,0)","v":{"v":0,"d":"0.00"}},{"$f":"IF(N276=\"nulová\",J276,0)","v":{"v":0,"d":"0.00"}},"1",{"$f":"ROUND(I276*H276,2)","v":84.76},"16","-561053602"]
[{"$nulls":3},"Online PSC",null,"https://podminky.urs.cz/item/CS_URS_2025_01/725840851",{"$nulls":39},"Online PSC","2"]
[null,null,"44","K","725110811","Demontáž klozetů splachovacích s nádrží nebo tlakovým splachovačem","soubor",{"v":1,"d":"1.000"},235.43,{"$f":"ROUND(I278*H278,2)","v":235.43},"CS ÚRS 2025 01",null,"","základní",null,{"$f":"O278*H278","v":{"v":0,"d":"0.00000"}},{"v":0,"d":"0.00000"},{"$f":"Q278*H278","v":{"v":0,"d":"0.00000"}},0.01933,{"$f":"S278*H278","v":0.01933},{"$nulls":23},"16",null,"K","2",{"$nulls":3},"ROZPOCET",{"$nulls":5},{"$f":"IF(N278=\"základní\",J278,0)","v":235.43},{"$f":"IF(N278=\"snížená\",J278,0)","v":{"v":0,"d":"0.00"}},{"$f":"IF(N278=\"zákl. přenesená\",J278,0)","v":{"v":0,"d":"0.00"}},{"$f":"IF(N278=\"sníž. přenesená\",J278,0)","v":{"v":0,"d":"0.00"}},{"$f":"IF(N278=\"nulová\",J278,0)","v":{"v":0,"d":"0.00"}},"1",{"$f":"ROUND(I278*H278,2)","v":235.43},"16","-914164696"]
[{"$nulls":3},"Online PSC",null,"https://podminky.urs.cz/item/CS_URS_2025_01/725110811",{"$nulls":39},"Online PSC","2"]
[null,null,"45","K","725210821","Demontáž umyvadel bez výtokových armatur umyvadel","soubor",{"v":2,"d":"2.000"},235.43,{"$f":"ROUND(I280*H280,2)","v":470.86},"CS ÚRS 2025 01",null,"","základní",null,{"$f":"O280*H280","v":{"v":0,"d":"0.00000"}},{"v":0,"d":"0.00000"},{"$f":"Q280*H280","v":{"v":0,"d":"0.00000"}},0.01946,{"$f":"S280*H280","v":0.03892},{"$nulls":23},"16",null,"K","2",{"$nulls":3},"ROZPOCET",{"$nulls":5},{"$f":"IF(N280=\"základní\",J280,0)","v":470.86},{"$f":"IF(N280=\"snížená\",J280,0)","v":{"v":0,"d":"0.00"}},{"$f":"IF(N280=\"zákl. přenesená\",J280,0)","v":{"v":0,"d":"0.00"}},{"$f":"IF(N280=\"sníž. přenesená\",J280,0)","v":{"v":0,"d":"0.00"}},{"$f":"IF(N280=\"nulová\",J280,0)","v":{"v":0,"d":"0.00"}},"1",{"$f":"ROUND(I280*H280,2)","v":470.86},"16","472655249"]
[{"$nulls":3},"Online PSC",null,"https://podminky.urs.cz/item/CS_URS_2025_01/725210821",{"$nulls":39},"Online PSC","2"]
[null,null,"46","K","725813111","Ventily rohové bez připojovací trubičky nebo flexi hadičky G 1/2\"","soubor",{"v":5,"d":"5.000"},235.43,{"$f":"ROUND(I282*H282,2)","v":{"v":1177.15,"d":"1,177.15"}},"CS ÚRS 2025 01",null,"","základní",null,{"$f":"O282*H282","v":{"v":0,"d":"0.00000"}},0.00024,{"$f":"Q282*H282","v":{"v":1.2000000000000001E-3,"d":"0.00120"}},{"v":0,"d":"0.00000"},{"$f":"S282*H282","v":{"v":0,"d":"0.00000"}},{"$nulls":23},"16",null,"K","2",{"$nulls":3},"ROZPOCET",{"$nulls":5},{"$f":"IF(N282=\"základní\",J282,0)","v":{"v":1177.15,"d":"1,177.15"}},{"$f":"IF(N282=\"snížená\",J282,0)","v":{"v":0,"d":"0.00"}},{"$f":"IF(N282=\"zákl. přenesená\",J282,0)","v":{"v":0,"d":"0.00"}},{"$f":"IF(N282=\"sníž. přenesená\",J282,0)","v":{"v":0,"d":"0.00"}},{"$f":"IF(N282=\"nulová\",J282,0)","v":{"v":0,"d":"0.00"}},"1",{"$f":"ROUND(I282*H282,2)","v":{"v":1177.15,"d":"1,177.15"}},"16","1846644488"]
[{"$nulls":3},"Online PSC",null,"https://podminky.urs.cz/item/CS_URS_2025_01/725813111",{"$nulls":39},"Online PSC","2"]
[{"$nulls":3},"VV","","\"prostor umyvadel\"",null,"",{"$nulls":37},"VV","2","1","True","0","ROZPOCET"]
[{"$nulls":3},"VV","","2*2",null,{"v":4,"d":"4.000"},{"$nulls":37},"VV","2","2","True","0","ROZPOCET"]
[{"$nulls":3},"VV","","\"sprcha\"",null,"",{"$nulls":37},"VV","2","1","True","0","ROZPOCET"]
[{"$nulls":3},"VV","","0",null,{"v":0,"d":"0.000"},{"$nulls":37},"VV","2","2","True","0","ROZPOCET"]
[{"$nulls":3},"VV","","\"WC\"",null,"",{"$nulls":37},"VV","2","1","True","0","ROZPOCET"]
[{"$nulls":3},"VV","","1",null,{"v":1,"d":"1.000"},{"$nulls":37},"VV","2","2","True","0","ROZPOCET"]
[{"$nulls":3},"VV","","Součet",null,{"v":5,"d":"5.000"},{"$nulls":37},"VV","2","4","True","1","ROZPOCET"]
[null,null,"47","M","55190005","flexi hadice ohebná k baterii D 8x12mm F 1/2\"xM10 500mm","m",{"v":2.5,"d":"2.500"},159.15,{"$f":"ROUND(I291*H291,2)","v":397.88},"CS ÚRS 2025 01",null,"","základní",null,{"$f":"O291*H291","v":{"v":0,"d":"0.00000"}},0.00018,{"$f":"Q291*H291","v":{"v":4.5000000000000004E-4,"d":"0.00045"}},{"v":0,"d":"0.00000"},{"$f":"S291*H291","v":{"v":0,"d":"0.00000"}},{"$nulls":23},"32",null,"M","2",{"$nulls":3},"ROZPOCET",{"$nulls":5},{"$f":"IF(N291=\"základní\",J291,0)","v":397.88},{"$f":"IF(N291=\"snížená\",J291,0)","v":{"v":0,"d":"0.00"}},{"$f":"IF(N291=\"zákl. přenesená\",J291,0)","v":{"v":0,"d":"0.00"}},{"$f":"IF(N291=\"sníž. přenesená\",J291,0)","v":{"v":0,"d":"0.00"}},{"$f":"IF(N291=\"nulová\",J291,0)","v":{"v":0,"d":"0.00"}},"1",{"$f":"ROUND(I291*H291,2)","v":397.88},"16","874528139"]
[{"$nulls":3},"VV","","5*0,5",null,{"v":2.5,"d":"2.500"},{"$nulls":37},"VV","2","2","True","1","ROZPOCET"]
[null,null,"48","K","725112011","Zařízení záchodů klozety keramické standardní samostatně stojící s plochým splachováním odpad vodorovný","soubor",{"v":1,"d":"1.000"},{"v":4002.34,"d":"4,002.34"},{"$f":"ROUND(I293*H293,2)","v":{"v":4002.34,"d":"4,002.34"}},"CS ÚRS 2025 01",null,"","základní",null,{"$f":"O293*H293","v":{"v":0,"d":"0.00000"}},0.01387,{"$f":"Q293*H293","v":0.01387},{"v":0,"d":"0.00000"},{"$f":"S293*H293","v":{"v":0,"d":"0.00000"}},{"$nulls":23},"16",null,"K","2",{"$nulls":3},"ROZPOCET",{"$nulls":5},{"$f":"IF(N293=\"základní\",J293,0)","v":{"v":4002.34,"d":"4,002.34"}},{"$f":"IF(N293=\"snížená\",J293,0)","v":{"v":0,"d":"0.00"}},{"$f":"IF(N293=\"zákl. přenesená\",J293,0)","v":{"v":0,"d":"0.00"}},{"$f":"IF(N293=\"sníž. přenesená\",J293,0)","v":{"v":0,"d":"0.00"}},{"$f":"IF(N293=\"nulová\",J293,0)","v":{"v":0,"d":"0.00"}},"1",{"$f":"ROUND(I293*H293,2)","v":{"v":4002.34,"d":"4,002.34"}},"16","-305216758"]
[{"$nulls":3},"Online PSC",null,"https://podminky.urs.cz/item/CS_URS_2025_01/725112011",{"$nulls":39},"Online PSC","2"]
[null,null,"49","K","725291650","Montáž doplňků zařízení koupelen a záchodů toaletní desky rovné","kus",{"v":1,"d":"1.000"},207.18,{"$f":"ROUND(I295*H295,2)","v":207.18},"CS ÚRS 2025 01",null,"","základní",null,{"$f":"O295*H295","v":{"v":0,"d":"0.00000"}},{"v":0,"d":"0.00000"},{"$f":"Q295*H295","v":{"v":0,"d":"0.00000"}},{"v":0,"d":"0.00000"},{"$f":"S295*H295","v":{"v":0,"d":"0.00000"}},{"$nulls":23},"16",null,"K","2",{"$nulls":3},"ROZPOCET",{"$nulls":5},{"$f":"IF(N295=\"základní\",J295,0)","v":207.18},{"$f":"IF(N295=\"snížená\",J295,0)","v":{"v":0,"d":"0.00"}},{"$f":"IF(N295=\"zákl. přenesená\",J295,0)","v":{"v":0,"d":"0.00"}},{"$f":"IF(N295=\"sníž. přenesená\",J295,0)","v":{"v":0,"d":"0.00"}},{"$f":"IF(N295=\"nulová\",J295,0)","v":{"v":0,"d":"0.00"}},"1",{"$f":"ROUND(I295*H295,2)","v":207.18},"16","993927515"]
[{"$nulls":3},"Online PSC",null,"https://podminky.urs.cz/item/CS_URS_2025_01/725291650",{"$nulls":39},"Online PSC","2"]
[null,null,"50","M","64294623","deska bílá z duroplastu s pomalým sklápěním","kus",{"v":1,"d":"1.000"},{"v":1129.98,"d":"1,129.98"},{"$f":"ROUND(I297*H297,2)","v":{"v":1129.98,"d":"1,129.98"}},"CS ÚRS 2025 01",null,"","základní",null,{"$f":"O297*H297","v":{"v":0,"d":"0.00000"}},{"v":0.0024,"d":"0.00240"},{"$f":"Q297*H297","v":{"v":0.0024,"d":"0.00240"}},{"v":0,"d":"0.00000"},{"$f":"S297*H297","v":{"v":0,"d":"0.00000"}},{"$nulls":23},"32",null,"M","2",{"$nulls":3},"ROZPOCET",{"$nulls":5},{"$f":"IF(N297=\"základní\",J297,0)","v":{"v":1129.98,"d":"1,129.98"}},{"$f":"IF(N297=\"snížená\",J297,0)","v":{"v":0,"d":"0.00"}},{"$f":"IF(N297=\"zákl. přenesená\",J297,0)","v":{"v":0,"d":"0.00"}},{"$f":"IF(N297=\"sníž. přenesená\",J297,0)","v":{"v":0,"d":"0.00"}},{"$f":"IF(N297=\"nulová\",J297,0)","v":{"v":0,"d":"0.00"}},"1",{"$f":"ROUND(I297*H297,2)","v":{"v":1129.98,"d":"1,129.98"}},"16","1993374614"]
[null,null,"51","K","725241901","Sprchové vaničky montáž sprchových vaniček","soubor",{"v":1,"d":"1.000"},{"v":2448.49,"d":"2,448.49"},{"$f":"ROUND(I298*H298,2)","v":{"v":2448.49,"d":"2,448.49"}},"CS ÚRS 2025 01",null,"","základní",null,{"$f":"O298*H298","v":{"v":0,"d":"0.00000"}},0.00583,{"$f":"Q298*H298","v":0.00583},{"v":0,"d":"0.00000"},{"$f":"S298*H298","v":{"v":0,"d":"0.00000"}},{"$nulls":23},"16",null,"K","2",{"$nulls":3},"ROZPOCET",{"$nulls":5},{"$f":"IF(N298=\"základní\",J298,0)","v":{"v":2448.49,"d":"2,448.49"}},{"$f":"IF(N298=\"snížená\",J298,0)","v":{"v":0,"d":"0.00"}},{"$f":"IF(N298=\"zákl. přenesená\",J298,0)","v":{"v":0,"d":"0.00"}},{"$f":"IF(N298=\"sníž. přenesená\",J298,0)","v":{"v":0,"d":"0.00"}},{"$f":"IF(N298=\"nulová\",J298,0)","v":{"v":0,"d":"0.00"}},"1",{"$f":"ROUND(I298*H298,2)","v":{"v":2448.49,"d":"2,448.49"}},"16","2029854859"]
[{"$nulls":3},"Online PSC",null,"https://podminky.urs.cz/item/CS_URS_2025_01/725241901",{"$nulls":39},"Online PSC","2"]
[null,null,"52","M","55423024R","vanička sprchová akrylátová samonosná bílá 900x750x185mm","kus",{"v":1,"d":"1.000"},{"v":4468.5,"d":"4,468.50"},{"$f":"ROUND(I300*H300,2)","v":{"v":4468.5,"d":"4,468.50"}},"vlastní",null,"","základní",null,{"$f":"O300*H300","v":{"v":0,"d":"0.00000"}},{"v":0.013,"d":"0.01300"},{"$f":"Q300*H300","v":{"v":0.013,"d":"0.01300"}},{"v":0,"d":"0.00000"},{"$f":"S300*H300","v":{"v":0,"d":"0.00000"}},{"$nulls":23},"32",null,"M","2",{"$nulls":3},"ROZPOCET",{"$nulls":5},{"$f":"IF(N300=\"základní\",J300,0)","v":{"v":4468.5,"d":"4,468.50"}},{"$f":"IF(N300=\"snížená\",J300,0)","v":{"v":0,"d":"0.00"}},{"$f":"IF(N300=\"zákl. přenesená\",J300,0)","v":{"v":0,"d":"0.00"}},{"$f":"IF(N300=\"sníž. přenesená\",J300,0)","v":{"v":0,"d":"0.00"}},{"$f":"IF(N300=\"nulová\",J300,0)","v":{"v":0,"d":"0.00"}},"1",{"$f":"ROUND(I300*H300,2)","v":{"v":4468.5,"d":"4,468.50"}},"16","-189771087"]
[null,null,"53","K","72586550R","Zápachové uzávěrky zařizovacích předmětů odpadní soupravy se zápachovou uzávěrkou sprchové vaničky","kus",{"v":1,"d":"1.000"},800.47,{"$f":"ROUND(I301*H301,2)","v":800.47},"vlastní",null,"","základní",null,{"$f":"O301*H301","v":{"v":0,"d":"0.00000"}},0.00285,{"$f":"Q301*H301","v":0.00285},{"v":0,"d":"0.00000"},{"$f":"S301*H301","v":{"v":0,"d":"0.00000"}},{"$nulls":23},"16",null,"K","2",{"$nulls":3},"ROZPOCET",{"$nulls":5},{"$f":"IF(N301=\"základní\",J301,0)","v":800.47},{"$f":"IF(N301=\"snížená\",J301,0)","v":{"v":0,"d":"0.00"}},{"$f":"IF(N301=\"zákl. přenesená\",J301,0)","v":{"v":0,"d":"0.00"}},{"$f":"IF(N301=\"sníž. přenesená\",J301,0)","v":{"v":0,"d":"0.00"}},{"$f":"IF(N301=\"nulová\",J301,0)","v":{"v":0,"d":"0.00"}},"1",{"$f":"ROUND(I301*H301,2)","v":800.47},"16","1565311296"]
[null,null,"54","K","725244103","Sprchové dveře a zástěny dveře sprchové do niky rámové se skleněnou výplní tl. 5 mm otvíravé jednokřídlové, na vaničku šířky 900 mm","soubor",{"v":1,"d":"1.000"},{"v":7062.96,"d":"7,062.96"},{"$f":"ROUND(I302*H302,2)","v":{"v":7062.96,"d":"7,062.96"}},"CS ÚRS 2025 01",null,"","základní",null,{"$f":"O302*H302","v":{"v":0,"d":"0.00000"}},{"v":0.0201,"d":"0.02010"},{"$f":"Q302*H302","v":{"v":0.0201,"d":"0.02010"}},{"v":0,"d":"0.00000"},{"$f":"S302*H302","v":{"v":0,"d":"0.00000"}},{"$nulls":23},"16",null,"K","2",{"$nulls":3},"ROZPOCET",{"$nulls":5},{"$f":"IF(N302=\"základní\",J302,0)","v":{"v":7062.96,"d":"7,062.96"}},{"$f":"IF(N302=\"snížená\",J302,0)","v":{"v":0,"d":"0.00"}},{"$f":"IF(N302=\"zákl. přenesená\",J302,0)","v":{"v":0,"d":"0.00"}},{"$f":"IF(N302=\"sníž. přenesená\",J302,0)","v":{"v":0,"d":"0.00"}},{"$f":"IF(N302=\"nulová\",J302,0)","v":{"v":0,"d":"0.00"}},"1",{"$f":"ROUND(I302*H302,2)","v":{"v":7062.96,"d":"7,062.96"}},"16","795755241"]
[{"$nulls":3},"Online PSC",null,"https://podminky.urs.cz/item/CS_URS_2025_01/725244103",{"$nulls":39},"Online PSC","2"]
[null,null,"55","K","725841322R","Baterie sprchová nástěnná se sprchovým setem s roztečí 150 mm - chrom","soubor",{"v":1,"d":"1.000"},{"v":1638.71,"d":"1,638.71"},{"$f":"ROUND(I304*H304,2)","v":{"v":1638.71,"d":"1,638.71"}},"vlastní",null,"","základní",null,{"$f":"O304*H304","v":{"v":0,"d":"0.00000"}},{"v":2.14E-3,"d":"0.00214"},{"$f":"Q304*H304","v":{"v":2.14E-3,"d":"0.00214"}},{"v":0,"d":"0.00000"},{"$f":"S304*H304","v":{"v":0,"d":"0.00000"}},{"$nulls":23},"16",null,"K","2",{"$nulls":3},"ROZPOCET",{"$nulls":5},{"$f":"IF(N304=\"základní\",J304,0)","v":{"v":1638.71,"d":"1,638.71"}},{"$f":"IF(N304=\"snížená\",J304,0)","v":{"v":0,"d":"0.00"}},{"$f":"IF(N304=\"zákl. přenesená\",J304,0)","v":{"v":0,"d":"0.00"}},{"$f":"IF(N304=\"sníž. přenesená\",J304,0)","v":{"v":0,"d":"0.00"}},{"$f":"IF(N304=\"nulová\",J304,0)","v":{"v":0,"d":"0.00"}},"1",{"$f":"ROUND(I304*H304,2)","v":{"v":1638.71,"d":"1,638.71"}},"16","-767835850"]
[null,null,"56","K","725211661R","Umyvadlo keramické bílé zápustné šířky 560 mm připevněné do desky včetně přepadu","soubor",{"v":2,"d":"2.000"},{"v":2683.92,"d":"2,683.92"},{"$f":"ROUND(I305*H305,2)","v":{"v":5367.84,"d":"5,367.84"}},"vlastní",null,"","základní",null,{"$f":"O305*H305","v":{"v":0,"d":"0.00000"}},0.01046,{"$f":"Q305*H305","v":0.02092},{"v":0,"d":"0.00000"},{"$f":"S305*H305","v":{"v":0,"d":"0.00000"}},{"$nulls":23},"16",null,"K","2",{"$nulls":3},"ROZPOCET",{"$nulls":5},{"$f":"IF(N305=\"základní\",J305,0)","v":{"v":5367.84,"d":"5,367.84"}},{"$f":"IF(N305=\"snížená\",J305,0)","v":{"v":0,"d":"0.00"}},{"$f":"IF(N305=\"zákl. přenesená\",J305,0)","v":{"v":0,"d":"0.00"}},{"$f":"IF(N305=\"sníž. přenesená\",J305,0)","v":{"v":0,"d":"0.00"}},{"$f":"IF(N305=\"nulová\",J305,0)","v":{"v":0,"d":"0.00"}},"1",{"$f":"ROUND(I305*H305,2)","v":{"v":5367.84,"d":"5,367.84"}},"16","31809193"]
[null,null,"57","K","725865501","Zápachové uzávěrky zařizovacích předmětů odpadní soupravy se zápachovou uzávěrkou DN 40/50","kus",{"v":2,"d":"2.000"},725.13,{"$f":"ROUND(I306*H306,2)","v":{"v":1450.26,"d":"1,450.26"}},"CS ÚRS 2025 01",null,"","základní",null,{"$f":"O306*H306","v":{"v":0,"d":"0.00000"}},0.00128,{"$f":"Q306*H306","v":0.00256},{"v":0,"d":"0.00000"},{"$f":"S306*H306","v":{"v":0,"d":"0.00000"}},{"$nulls":23},"16",null,"K","2",{"$nulls":3},"ROZPOCET",{"$nulls":5},{"$f":"IF(N306=\"základní\",J306,0)","v":{"v":1450.26,"d":"1,450.26"}},{"$f":"IF(N306=\"snížená\",J306,0)","v":{"v":0,"d":"0.00"}},{"$f":"IF(N306=\"zákl. přenesená\",J306,0)","v":{"v":0,"d":"0.00"}},{"$f":"IF(N306=\"sníž. přenesená\",J306,0)","v":{"v":0,"d":"0.00"}},{"$f":"IF(N306=\"nulová\",J306,0)","v":{"v":0,"d":"0.00"}},"1",{"$f":"ROUND(I306*H306,2)","v":{"v":1450.26,"d":"1,450.26"}},"16","-895291148"]
[{"$nulls":3},"Online PSC",null,"https://podminky.urs.cz/item/CS_URS_2025_01/725865501",{"$nulls":39},"Online PSC","2"]
[{"$nulls":3},"VV","","\"chrom\"",null,"",{"$nulls":37},"VV","2","1","True","0","ROZPOCET"]
[{"$nulls":3},"VV","","2",null,{"v":2,"d":"2.000"},{"$nulls":37},"VV","2","2","True","1","ROZPOCET"]
[null,null,"58","K","725822611","Baterie umyvadlová stojánková páková bez výpusti - chrom","soubor",{"v":2,"d":"2.000"},{"v":1695.11,"d":"1,695.11"},{"$f":"ROUND(I310*H310,2)","v":{"v":3390.22,"d":"3,390.22"}},"CS ÚRS 2025 01",null,"","základní",null,{"$f":"O310*H310","v":{"v":0,"d":"0.00000"}},{"v":1.8E-3,"d":"0.00180"},{"$f":"Q310*H310","v":{"v":0.0036,"d":"0.00360"}},{"v":0,"d":"0.00000"},{"$f":"S310*H310","v":{"v":0,"d":"0.00000"}},{"$nulls":23},"16",null,"K","2",{"$nulls":3},"ROZPOCET",{"$nulls":5},{"$f":"IF(N310=\"základní\",J310,0)","v":{"v":3390.22,"d":"3,390.22"}},{"$f":"IF(N310=\"snížená\",J310,0)","v":{"v":0,"d":"0.00"}},{"$f":"IF(N310=\"zákl. přenesená\",J310,0)","v":{"v":0,"d":"0.00"}},{"$f":"IF(N310=\"sníž. přenesená\",J310,0)","v":{"v":0,"d":"0.00"}},{"$f":"IF(N310=\"nulová\",J310,0)","v":{"v":0,"d":"0.00"}},"1",{"$f":"ROUND(I310*H310,2)","v":{"v":3390.22,"d":"3,390.22"}},"16","1367580556"]
[{"$nulls":3},"Online PSC",null,"https://podminky.urs.cz/item/CS_URS_2025_01/725822611",{"$nulls":39},"Online PSC","2"]
[null,null,"59","K","998725103","Přesun hmot pro zařizovací předměty stanovený z hmotnosti přesunovaného materiálu vodorovná dopravní vzdálenost do 50 m základní v objektech výšky přes 12 do 24 m","t",0.089,{"v":1271.33,"d":"1,271.33"},{"$f":"ROUND(I312*H312,2)","v":113.15},"CS ÚRS 2025 01",null,"","základní",null,{"$f":"O312*H312","v":{"v":0,"d":"0.00000"}},{"v":0,"d":"0.00000"},{"$f":"Q312*H312","v":{"v":0,"d":"0.00000"}},{"v":0,"d":"0.00000"},{"$f":"S312*H312","v":{"v":0,"d":"0.00000"}},{"$nulls":23},"16",null,"K","2",{"$nulls":3},"ROZPOCET",{"$nulls":5},{"$f":"IF(N312=\"základní\",J312,0)","v":113.15},{"$f":"IF(N312=\"snížená\",J312,0)","v":{"v":0,"d":"0.00"}},{"$f":"IF(N312=\"zákl. přenesená\",J312,0)","v":{"v":0,"d":"0.00"}},{"$f":"IF(N312=\"sníž. přenesená\",J312,0)","v":{"v":0,"d":"0.00"}},{"$f":"IF(N312=\"nulová\",J312,0)","v":{"v":0,"d":"0.00"}},"1",{"$f":"ROUND(I312*H312,2)","v":113.15},"16","-1178815574"]
[{"$nulls":3},"Online PSC",null,"https://podminky.urs.cz/item/CS_URS_2025_01/998725103",{"$nulls":39},"Online PSC","2"]
[{"$nulls":3},"D","741","Elektroinstalace - silnoproud",{"$nulls":3},{"$f":"BK314","v":{"v":6690.61,"d":"6,690.61"}},{"$nulls":5},{"$f":"SUM(P315:P365)","v":{"v":0,"d":"0.00000"}},null,{"$f":"SUM(R315:R365)","v":0.00204},null,{"$f":"SUM(T315:T365)","v":{"v":0.0083,"d":"0.00830"}},{"$nulls":23},"2",null,"D","1",{"$nulls":3},"ROZPOCET",{"$nulls":11},{"$f":"SUM(BK315:BK365)","v":{"v":6690.61,"d":"6,690.61"}}]
[null,null,"60","K","74131180R","Demontáž spínačů nástěnných normálních vnitřních","kus",{"v":5,"d":"5.000"},55.56,{"$f":"ROUND(I315*H315,2)","v":{"v":277.8,"d":"277.80"}},"vlastní",null,"","základní",null,{"$f":"O315*H315","v":{"v":0,"d":"0.00000"}},{"v":0,"d":"0.00000"},{"$f":"Q315*H315","v":{"v":0,"d":"0.00000"}},{"v":5e-05,"d":"0.00005"},{"$f":"S315*H315","v":0.00025},{"$nulls":23},"16",null,"K","2",{"$nulls":3},"ROZPOCET",{"$nulls":5},{"$f":"IF(N315=\"základní\",J315,0)","v":{"v":277.8,"d":"277.80"}},{"$f":"IF(N315=\"snížená\",J315,0)","v":{"v":0,"d":"0.00"}},{"$f":"IF(N315=\"zákl. přenesená\",J315,0)","v":{"v":0,"d":"0.00"}},{"$f":"IF(N315=\"sníž. přenesená\",J315,0)","v":{"v":0,"d":"0.00"}},{"$f":"IF(N315=\"nulová\",J315,0)","v":{"v":0,"d":"0.00"}},"1",{"$f":"ROUND(I315*H315,2)","v":{"v":277.8,"d":"277.80"}},"16","-1574855798"]
[{"$nulls":3},"VV","","\"spínače, tlačítka ventilátorů\"",null,"",{"$nulls":37},"VV","2","1","True","0","ROZPOCET"]
[{"$nulls":3},"VV","","\"prostor umyvadel\"",null,"",{"$nulls":37},"VV","2","1","True","0","ROZPOCET"]
[{"$nulls":3},"VV","","1",null,{"v":1,"d":"1.000"},{"$nulls":37},"VV","2","2","True","0","ROZPOCET"]
[{"$nulls":3},"VV","","\"sprcha\"",null,"",{"$nulls":37},"VV","2","1","True","0","ROZPOCET"]
[{"$nulls":3},"VV","","2",null,{"v":2,"d":"2.000"},{"$nulls":37},"VV","2","2","True","0","ROZPOCET"]
[{"$nulls":3},"VV","","\"WC\"",null,"",{"$nulls":37},"VV","2","1","True","0","ROZPOCET"]
[{"$nulls":3},"VV","","2",null,{"v":2,"d":"2.000"},{"$nulls":37},"VV","2","2","True","0","ROZPOCET"]
[{"$nulls":3},"VV","","Součet",null,{"v":5,"d":"5.000"},{"$nulls":37},"VV","2","4","True","1","ROZPOCET"]
[null,null,"61","K","74131582R","Demontáž zásuvek domovních normální prostředí šroubových bez zachování funkčnosti","kus",{"v":1,"d":"1.000"},55.56,{"$f":"ROUND(I324*H324,2)","v":55.56},"vlastní",null,"","základní",null,{"$f":"O324*H324","v":{"v":0,"d":"0.00000"}},{"v":0,"d":"0.00000"},{"$f":"Q324*H324","v":{"v":0,"d":"0.00000"}},{"v":5e-05,"d":"0.00005"},{"$f":"S324*H324","v":{"v":5e-05,"d":"0.00005"}},{"$nulls":23},"16",null,"K","2",{"$nulls":3},"ROZPOCET",{"$nulls":5},{"$f":"IF(N324=\"základní\",J324,0)","v":55.56},{"$f":"IF(N324=\"snížená\",J324,0)","v":{"v":0,"d":"0.00"}},{"$f":"IF(N324=\"zákl. přenesená\",J324,0)","v":{"v":0,"d":"0.00"}},{"$f":"IF(N324=\"sníž. přenesená\",J324,0)","v":{"v":0,"d":"0.00"}},{"$f":"IF(N324=\"nulová\",J324,0)","v":{"v":0,"d":"0.00"}},"1",{"$f":"ROUND(I324*H324,2)","v":55.56},"16","-1075994714"]
[{"$nulls":3},"VV","","\"prostor umyvadel\"",null,"",{"$nulls":37},"VV","2","1","True","0","ROZPOCET"]
[{"$nulls":3},"VV","","1",null,{"v":1,"d":"1.000"},{"$nulls":37},"VV","2","2","True","1","ROZPOCET"]
[null,null,"62","K","741371813","Demontáž svítidel bez zachování funkčnosti (do suti) interiérových modulového systému bodových nastavitelných","kus",{"v":4,"d":"4.000"},93.23,{"$f":"ROUND(I327*H327,2)","v":372.92},"CS ÚRS 2025 01",null,"","základní",null,{"$f":"O327*H327","v":{"v":0,"d":"0.00000"}},{"v":0,"d":"0.00000"},{"$f":"Q327*H327","v":{"v":0,"d":"0.00000"}},{"v":2E-3,"d":"0.00200"},{"$f":"S327*H327","v":{"v":0.008,"d":"0.00800"}},{"$nulls":23},"16",null,"K","2",{"$nulls":3},"ROZPOCET",{"$nulls":5},{"$f":"IF(N327=\"základní\",J327,0)","v":372.92},{"$f":"IF(N327=\"snížená\",J327,0)","v":{"v":0,"d":"0.00"}},{"$f":"IF(N327=\"zákl. přenesená\",J327,0)","v":{"v":0,"d":"0.00"}},{"$f":"IF(N327=\"sníž. přenesená\",J327,0)","v":{"v":0,"d":"0.00"}},{"$f":"IF(N327=\"nulová\",J327,0)","v":{"v":0,"d":"0.00"}},"1",{"$f":"ROUND(I327*H327,2)","v":372.92},"16","-771045298"]
[{"$nulls":3},"Online PSC",null,"https://podminky.urs.cz/item/CS_URS_2025_01/741371813",{"$nulls":39},"Online PSC","2"]
[{"$nulls":3},"VV","","\"prostor umyvadel\"",null,"",{"$nulls":37},"VV","2","1","True","0","ROZPOCET"]
[{"$nulls":3},"VV","","2",null,{"v":2,"d":"2.000"},{"$nulls":37},"VV","2","2","True","0","ROZPOCET"]
[{"$nulls":3},"VV","","\"sprcha\"",null,"",{"$nulls":37},"VV","2","1","True","0","ROZPOCET"]
[{"$nulls":3},"VV","","1",null,{"v":1,"d":"1.000"},{"$nulls":37},"VV","2","2","True","0","ROZPOCET"]
[{"$nulls":3},"VV","","\"WC\"",null,"",{"$nulls":37},"VV","2","1","True","0","ROZPOCET"]
[{"$nulls":3},"VV","","1",null,{"v":1,"d":"1.000"},{"$nulls":37},"VV","2","2","True","0","ROZPOCET"]
[{"$nulls":3},"VV","","Součet",null,{"v":4,"d":"4.000"},{"$nulls":37},"VV","2","4","True","1","ROZPOCET"]
[null,null,"63","K","741372012","Montáž svítidel s integrovaným zdrojem LED se zapojením vodičů interiérových přisazených nástěnných reflektorových bez pohybového čidla","kus",{"v":4,"d":"4.000"},{"v":329.6,"d":"329.60"},{"$f":"ROUND(I336*H336,2)","v":{"v":1318.4,"d":"1,318.40"}},"CS ÚRS 2025 01",null,"","základní",null,{"$f":"O336*H336","v":{"v":0,"d":"0.00000"}},{"v":0,"d":"0.00000"},{"$f":"Q336*H336","v":{"v":0,"d":"0.00000"}},{"v":0,"d":"0.00000"},{"$f":"S336*H336","v":{"v":0,"d":"0.00000"}},{"$nulls":23},"16",null,"K","2",{"$nulls":3},"ROZPOCET",{"$nulls":5},{"$f":"IF(N336=\"základní\",J336,0)","v":{"v":1318.4,"d":"1,318.40"}},{"$f":"IF(N336=\"snížená\",J336,0)","v":{"v":0,"d":"0.00"}},{"$f":"IF(N336=\"zákl. přenesená\",J336,0)","v":{"v":0,"d":"0.00"}},{"$f":"IF(N336=\"sníž. přenesená\",J336,0)","v":{"v":0,"d":"0.00"}},{"$f":"IF(N336=\"nulová\",J336,0)","v":{"v":0,"d":"0.00"}},"1",{"$f":"ROUND(I336*H336,2)","v":{"v":1318.4,"d":"1,318.40"}},"16","-1837774067"]
[{"$nulls":3},"Online PSC",null,"https://podminky.urs.cz/item/CS_URS_2025_01/741372012",{"$nulls":39},"Online PSC","2"]
[null,null,"64","M","34835008R","LED svítidlo nástěnné, vhodné do koupelny, IP ochrana: krytí IP44, výkon 5-9 W, světelný tok 400-800 lm","kus",{"v":4,"d":"4.000"},531.32,{"$f":"ROUND(I338*H338,2)","v":{"v":2125.28,"d":"2,125.28"}},"vlastní",null,"","základní",null,{"$f":"O338*H338","v":{"v":0,"d":"0.00000"}},0.00034,{"$f":"Q338*H338","v":0.00136},{"v":0,"d":"0.00000"},{"$f":"S338*H338","v":{"v":0,"d":"0.00000"}},{"$nulls":23},"32",null,"M","2",{"$nulls":3},"ROZPOCET",{"$nulls":5},{"$f":"IF(N338=\"základní\",J338,0)","v":{"v":2125.28,"d":"2,125.28"}},{"$f":"IF(N338=\"snížená\",J338,0)","v":{"v":0,"d":"0.00"}},{"$f":"IF(N338=\"zákl. přenesená\",J338,0)","v":{"v":0,"d":"0.00"}},{"$f":"IF(N338=\"sníž. přenesená\",J338,0)","v":{"v":0,"d":"0.00"}},{"$f":"IF(N338=\"nulová\",J338,0)","v":{"v":0,"d":"0.00"}},"1",{"$f":"ROUND(I338*H338,2)","v":{"v":2125.28,"d":"2,125.28"}},"16","277047188"]
[null,null,"65","K","741313043","Montáž zásuvek domovních se zapojením vodičů šroubové připojení polozapuštěných nebo zapuštěných 10/16 A, provedení 2x (2P + PE) dvojnásobná","kus",{"v":1,"d":"1.000"},169.51,{"$f":"ROUND(I339*H339,2)","v":169.51},"CS ÚRS 2025 01",null,"","základní",null,{"$f":"O339*H339","v":{"v":0,"d":"0.00000"}},{"v":0,"d":"0.00000"},{"$f":"Q339*H339","v":{"v":0,"d":"0.00000"}},{"v":0,"d":"0.00000"},{"$f":"S339*H339","v":{"v":0,"d":"0.00000"}},{"$nulls":23},"16",null,"K","2",{"$nulls":3},"ROZPOCET",{"$nulls":5},{"$f":"IF(N339=\"základní\",J339,0)","v":169.51},{"$f":"IF(N339=\"snížená\",J339,0)","v":{"v":0,"d":"0.00"}},{"$f":"IF(N339=\"zákl. přenesená\",J339,0)","v":{"v":0,"d":"0.00"}},{"$f":"IF(N339=\"sníž. přenesená\",J339,0)","v":{"v":0,"d":"0.00"}},{"$f":"IF(N339=\"nulová\",J339,0)","v":{"v":0,"d":"0.00"}},"1",{"$f":"ROUND(I339*H339,2)","v":169.51},"16","1582548898"]
[{"$nulls":3},"Online PSC",null,"https://podminky.urs.cz/item/CS_URS_2025_01/741313043",{"$nulls":39},"Online PSC","2"]
[null,null,"66","M","34555201","zásuvka zápustná dvojnásobná chráněná, šroubové svorky","kus",{"v":1,"d":"1.000"},176.29,{"$f":"ROUND(I341*H341,2)","v":176.29},"CS ÚRS 2025 01",null,"","základní",null,{"$f":"O341*H341","v":{"v":0,"d":"0.00000"}},{"v":9e-05,"d":"0.00009"},{"$f":"Q341*H341","v":{"v":9e-05,"d":"0.00009"}},{"v":0,"d":"0.00000"},{"$f":"S341*H341","v":{"v":0,"d":"0.00000"}},{"$nulls":23},"32",null,"M","2",{"$nulls":3},"ROZPOCET",{"$nulls":5},{"$f":"IF(N341=\"základní\",J341,0)","v":176.29},{"$f":"IF(N341=\"snížená\",J341,0)","v":{"v":0,"d":"0.00"}},{"$f":"IF(N341=\"zákl. přenesená\",J341,0)","v":{"v":0,"d":"0.00"}},{"$f":"IF(N341=\"sníž. přenesená\",J341,0)","v":{"v":0,"d":"0.00"}},{"$f":"IF(N341=\"nulová\",J341,0)","v":{"v":0,"d":"0.00"}},"1",{"$f":"ROUND(I341*H341,2)","v":176.29},"16","-1242238877"]
[null,null,"67","K","741310251","Montáž spínačů jedno nebo dvoupólových polozapuštěných nebo zapuštěných se zapojením vodičů šroubové připojení, pro prostředí venkovní nebo mokré spínačů, řazení 1-jednopólových","kus",{"v":3,"d":"3.000"},184.58,{"$f":"ROUND(I342*H342,2)","v":553.74},"CS ÚRS 2025 01",null,"","základní",null,{"$f":"O342*H342","v":{"v":0,"d":"0.00000"}},{"v":0,"d":"0.00000"},{"$f":"Q342*H342","v":{"v":0,"d":"0.00000"}},{"v":0,"d":"0.00000"},{"$f":"S342*H342","v":{"v":0,"d":"0.00000"}},{"$nulls":23},"16",null,"K","2",{"$nulls":3},"ROZPOCET",{"$nulls":5},{"$f":"IF(N342=\"základní\",J342,0)","v":553.74},{"$f":"IF(N342=\"snížená\",J342,0)","v":{"v":0,"d":"0.00"}},{"$f":"IF(N342=\"zákl. přenesená\",J342,0)","v":{"v":0,"d":"0.00"}},{"$f":"IF(N342=\"sníž. přenesená\",J342,0)","v":{"v":0,"d":"0.00"}},{"$f":"IF(N342=\"nulová\",J342,0)","v":{"v":0,"d":"0.00"}},"1",{"$f":"ROUND(I342*H342,2)","v":553.74},"16","659521631"]
[{"$nulls":3},"Online PSC",null,"https://podminky.urs.cz/item/CS_URS_2025_01/741310251",{"$nulls":39},"Online PSC","2"]
[{"$nulls":3},"VV","","\"spínač osvětlení včetně montáže rámečku a krytu\"",null,"",{"$nulls":37},"VV","2","1","True","0","ROZPOCET"]
[{"$nulls":3},"VV","","\"prostor umyvadel\"",null,"",{"$nulls":37},"VV","2","1","True","0","ROZPOCET"]
[{"$nulls":3},"VV","","1",null,{"v":1,"d":"1.000"},{"$nulls":37},"VV","2","2","True","0","ROZPOCET"]
[{"$nulls":3},"VV","","\"sprcha\"",null,"",{"$nulls":37},"VV","2","1","True","0","ROZPOCET"]
[{"$nulls":3},"VV","","1",null,{"v":1,"d":"1.000"},{"$nulls":37},"VV","2","2","True","0","ROZPOCET"]
[{"$nulls":3},"VV","","\"WC\"",null,"",{"$nulls":37},"VV","2","1","True","0","ROZPOCET"]
[{"$nulls":3},"VV","","1",null,{"v":1,"d":"1.000"},{"$nulls":37},"VV","2","2","True","0","ROZPOCET"]
[{"$nulls":3},"VV","","Součet",null,{"v":3,"d":"3.000"},{"$nulls":37},"VV","2","4","True","1","ROZPOCET"]
[null,null,"68","M","34535025","přístroj spínače zápustného jednopólového, s krytem, řazení 1, IP44, šroubové svorky, bílý","kus",{"v":3,"d":"3.000"},140.67,{"$f":"ROUND(I352*H352,2)","v":422.01},"CS ÚRS 2025 01",null,"","základní",null,{"$f":"O352*H352","v":{"v":0,"d":"0.00000"}},{"v":8e-05,"d":"0.00008"},{"$f":"Q352*H352","v":{"v":2.4000000000000003E-4,"d":"0.00024"}},{"v":0,"d":"0.00000"},{"$f":"S352*H352","v":{"v":0,"d":"0.00000"}},{"$nulls":23},"32",null,"M","2",{"$nulls":3},"ROZPOCET",{"$nulls":5},{"$f":"IF(N352=\"základní\",J352,0)","v":422.01},{"$f":"IF(N352=\"snížená\",J352,0)","v":{"v":0,"d":"0.00"}},{"$f":"IF(N352=\"zákl. přenesená\",J352,0)","v":{"v":0,"d":"0.00"}},{"$f":"IF(N352=\"sníž. přenesená\",J352,0)","v":{"v":0,"d":"0.00"}},{"$f":"IF(N352=\"nulová\",J352,0)","v":{"v":0,"d":"0.00"}},"1",{"$f":"ROUND(I352*H352,2)","v":422.01},"16","1309406907"]
[null,null,"69","M","34535013","přístroj přepínače sériového zápustného, s krytem, řazení 5, IP44, šroubové svorky","kus",{"v":3,"d":"3.000"},210.08,{"$f":"ROUND(I353*H353,2)","v":630.24},"CS ÚRS 2025 01",null,"","základní",null,{"$f":"O353*H353","v":{"v":0,"d":"0.00000"}},{"v":8e-05,"d":"0.00008"},{"$f":"Q353*H353","v":{"v":2.4000000000000003E-4,"d":"0.00024"}},{"v":0,"d":"0.00000"},{"$f":"S353*H353","v":{"v":0,"d":"0.00000"}},{"$nulls":23},"32",null,"M","2",{"$nulls":3},"ROZPOCET",{"$nulls":5},{"$f":"IF(N353=\"základní\",J353,0)","v":630.24},{"$f":"IF(N353=\"snížená\",J353,0)","v":{"v":0,"d":"0.00"}},{"$f":"IF(N353=\"zákl. přenesená\",J353,0)","v":{"v":0,"d":"0.00"}},{"$f":"IF(N353=\"sníž. přenesená\",J353,0)","v":{"v":0,"d":"0.00"}},{"$f":"IF(N353=\"nulová\",J353,0)","v":{"v":0,"d":"0.00"}},"1",{"$f":"ROUND(I353*H353,2)","v":630.24},"16","1198668523"]
[null,null,"70","M","34539059","rámeček jednonásobný, bílý","kus",{"v":3,"d":"3.000"},22.04,{"$f":"ROUND(I354*H354,2)","v":66.12},"CS ÚRS 2025 01",null,"","základní",null,{"$f":"O354*H354","v":{"v":0,"d":"0.00000"}},{"v":1e-05,"d":"0.00001"},{"$f":"Q354*H354","v":{"v":3.0000000000000004E-5,"d":"0.00003"}},{"v":0,"d":"0.00000"},{"$f":"S354*H354","v":{"v":0,"d":"0.00000"}},{"$nulls":23},"32",null,"M","2",{"$nulls":3},"ROZPOCET",{"$nulls":5},{"$f":"IF(N354=\"základní\",J354,0)","v":66.12},{"$f":"IF(N354=\"snížená\",J354,0)","v":{"v":0,"d":"0.00"}},{"$f":"IF(N354=\"zákl. přenesená\",J354,0)","v":{"v":0,"d":"0.00"}},{"$f":"IF(N354=\"sníž. přenesená\",J354,0)","v":{"v":0,"d":"0.00"}},{"$f":"IF(N354=\"nulová\",J354,0)","v":{"v":0,"d":"0.00"}},"1",{"$f":"ROUND(I354*H354,2)","v":66.12},"16","1931847663"]
[null,null,"71","K","741310201","Montáž spínačů jedno nebo dvoupólových polozapuštěných nebo zapuštěných se zapojením vodičů šroubové připojení, pro prostředí normální spínačů, řazení 1-jednopólových","kus",{"v":2,"d":"2.000"},169.51,{"$f":"ROUND(I355*H355,2)","v":339.02},"CS ÚRS 2025 01",null,"","základní",null,{"$f":"O355*H355","v":{"v":0,"d":"0.00000"}},{"v":0,"d":"0.00000"},{"$f":"Q355*H355","v":{"v":0,"d":"0.00000"}},{"v":0,"d":"0.00000"},{"$f":"S355*H355","v":{"v":0,"d":"0.00000"}},{"$nulls":23},"16",null,"K","2",{"$nulls":3},"ROZPOCET",{"$nulls":5},{"$f":"IF(N355=\"základní\",J355,0)","v":339.02},{"$f":"IF(N355=\"snížená\",J355,0)","v":{"v":0,"d":"0.00"}},{"$f":"IF(N355=\"zákl. přenesená\",J355,0)","v":{"v":0,"d":"0.00"}},{"$f":"IF(N355=\"sníž. přenesená\",J355,0)","v":{"v":0,"d":"0.00"}},{"$f":"IF(N355=\"nulová\",J355,0)","v":{"v":0,"d":"0.00"}},"1",{"$f":"ROUND(I355*H355,2)","v":339.02},"16","-1121039654"]
[{"$nulls":3},"Online PSC",null,"https://podminky.urs.cz/item/CS_URS_2025_01/741310201",{"$nulls":39},"Online PSC","2"]
[{"$nulls":3},"VV","","\"spínač ventilátorů včetně montáže rámečku a krytu\"",null,"",{"$nulls":37},"VV","2","1","True","0","ROZPOCET"]
[{"$nulls":3},"VV","","\"sprcha\"",null,"",{"$nulls":37},"VV","2","1","True","0","ROZPOCET"]
[{"$nulls":3},"VV","","1",null,{"v":1,"d":"1.000"},{"$nulls":37},"VV","2","2","True","0","ROZPOCET"]
[{"$nulls":3},"VV","","\"WC\"",null,"",{"$nulls":37},"VV","2","1","True","0","ROZPOCET"]
[{"$nulls":3},"VV","","1",null,{"v":1,"d":"1.000"},{"$nulls":37},"VV","2","2","True","0","ROZPOCET"]
[{"$nulls":3},"VV","","Součet",null,{"v":2,"d":"2.000"},{"$nulls":37},"VV","2","4","True","1","ROZPOCET"]
[null,null,"72","M","34535000","spínač kompletní, zápustný, jednopólový, řazení 1, šroubové svorky","kus",{"v":2,"d":"2.000"},90.59,{"$f":"ROUND(I363*H363,2)","v":181.18},"CS ÚRS 2025 01",null,"","základní",null,{"$f":"O363*H363","v":{"v":0,"d":"0.00000"}},{"v":4e-05,"d":"0.00004"},{"$f":"Q363*H363","v":{"v":8e-05,"d":"0.00008"}},{"v":0,"d":"0.00000"},{"$f":"S363*H363","v":{"v":0,"d":"0.00000"}},{"$nulls":23},"32",null,"M","2",{"$nulls":3},"ROZPOCET",{"$nulls":5},{"$f":"IF(N363=\"základní\",J363,0)","v":181.18},{"$f":"IF(N363=\"snížená\",J363,0)","v":{"v":0,"d":"0.00"}},{"$f":"IF(N363=\"zákl. přenesená\",J363,0)","v":{"v":0,"d":"0.00"}},{"$f":"IF(N363=\"sníž. přenesená\",J363,0)","v":{"v":0,"d":"0.00"}},{"$f":"IF(N363=\"nulová\",J363,0)","v":{"v":0,"d":"0.00"}},"1",{"$f":"ROUND(I363*H363,2)","v":181.18},"16","309604022"]
[null,null,"73","K","998741103","Přesun hmot pro silnoproud stanovený z hmotnosti přesunovaného materiálu vodorovná dopravní vzdálenost do 50 m základní v objektech výšky přes 12 do 24 m","t",{"v":2E-3,"d":"0.002"},{"v":1271.33,"d":"1,271.33"},{"$f":"ROUND(I364*H364,2)","v":2.54},"CS ÚRS 2025 01",null,"","základní",null,{"$f":"O364*H364","v":{"v":0,"d":"0.00000"}},{"v":0,"d":"0.00000"},{"$f":"Q364*H364","v":{"v":0,"d":"0.00000"}},{"v":0,"d":"0.00000"},{"$f":"S364*H364","v":{"v":0,"d":"0.00000"}},{"$nulls":23},"16",null,"K","2",{"$nulls":3},"ROZPOCET",{"$nulls":5},{"$f":"IF(N364=\"základní\",J364,0)","v":2.54},{"$f":"IF(N364=\"snížená\",J364,0)","v":{"v":0,"d":"0.00"}},{"$f":"IF(N364=\"zákl. přenesená\",J364,0)","v":{"v":0,"d":"0.00"}},{"$f":"IF(N364=\"sníž. přenesená\",J364,0)","v":{"v":0,"d":"0.00"}},{"$f":"IF(N364=\"nulová\",J364,0)","v":{"v":0,"d":"0.00"}},"1",{"$f":"ROUND(I364*H364,2)","v":2.54},"16","-1547396781"]
[{"$nulls":3},"Online PSC",null,"https://podminky.urs.cz/item/CS_URS_2025_01/998741103",{"$nulls":39},"Online PSC","2"]
[{"$nulls":3},"D","751","Vzduchotechnika",{"$nulls":3},{"$f":"BK366","v":{"v":1391.25,"d":"1,391.25"}},{"$nulls":5},{"$f":"SUM(P367:P382)","v":{"v":0,"d":"0.00000"}},null,{"$f":"SUM(R367:R382)","v":{"v":0.0007,"d":"0.00070"}},null,{"$f":"SUM(T367:T382)","v":{"v":1E-4,"d":"0.00010"}},{"$nulls":23},"2",null,"D","1",{"$nulls":3},"ROZPOCET",{"$nulls":11},{"$f":"SUM(BK367:BK382)","v":{"v":1391.25,"d":"1,391.25"}}]
[null,null,"74","K","751398821.R","Demontáž ostatních zařízení větrací mřížky průřezu do 0,040 m2","kus",{"v":2,"d":"2.000"},226.01,{"$f":"ROUND(I367*H367,2)","v":452.02},"vlastní",null,"","základní",null,{"$f":"O367*H367","v":{"v":0,"d":"0.00000"}},{"v":0,"d":"0.00000"},{"$f":"Q367*H367","v":{"v":0,"d":"0.00000"}},{"v":5e-05,"d":"0.00005"},{"$f":"S367*H367","v":{"v":1E-4,"d":"0.00010"}},{"$nulls":23},"16",null,"K","2",{"$nulls":3},"ROZPOCET",{"$nulls":5},{"$f":"IF(N367=\"základní\",J367,0)","v":452.02},{"$f":"IF(N367=\"snížená\",J367,0)","v":{"v":0,"d":"0.00"}},{"$f":"IF(N367=\"zákl. přenesená\",J367,0)","v":{"v":0,"d":"0.00"}},{"$f":"IF(N367=\"sníž. přenesená\",J367,0)","v":{"v":0,"d":"0.00"}},{"$f":"IF(N367=\"nulová\",J367,0)","v":{"v":0,"d":"0.00"}},"1",{"$f":"ROUND(I367*H367,2)","v":452.02},"16","-85192511"]
[{"$nulls":3},"VV","","\"sprcha\"",null,"",{"$nulls":37},"VV","2","1","True","0","ROZPOCET"]
[{"$nulls":3},"VV","","1",null,{"v":1,"d":"1.000"},{"$nulls":37},"VV","2","2","True","0","ROZPOCET"]
[{"$nulls":3},"VV","","\"WC\"",null,"",{"$nulls":37},"VV","2","1","True","0","ROZPOCET"]
[{"$nulls":3},"VV","","1",null,{"v":1,"d":"1.000"},{"$nulls":37},"VV","2","2","True","0","ROZPOCET"]
[{"$nulls":3},"VV","","Součet",null,{"v":2,"d":"2.000"},{"$nulls":37},"VV","2","4","True","1","ROZPOCET"]
[null,null,"75","K","767810112","Montáž větracích mřížek ocelových čtyřhranných, průřezu přes 0,01 do 0,04 m2","kus",{"v":2,"d":"2.000"},280.63,{"$f":"ROUND(I373*H373,2)","v":561.26},"CS ÚRS 2025 01",null,"","základní",null,{"$f":"O373*H373","v":{"v":0,"d":"0.00000"}},{"v":0,"d":"0.00000"},{"$f":"Q373*H373","v":{"v":0,"d":"0.00000"}},{"v":0,"d":"0.00000"},{"$f":"S373*H373","v":{"v":0,"d":"0.00000"}},{"$nulls":23},"16",null,"K","2",{"$nulls":3},"ROZPOCET",{"$nulls":5},{"$f":"IF(N373=\"základní\",J373,0)","v":561.26},{"$f":"IF(N373=\"snížená\",J373,0)","v":{"v":0,"d":"0.00"}},{"$f":"IF(N373=\"zákl. přenesená\",J373,0)","v":{"v":0,"d":"0.00"}},{"$f":"IF(N373=\"sníž. přenesená\",J373,0)","v":{"v":0,"d":"0.00"}},{"$f":"IF(N373=\"nulová\",J373,0)","v":{"v":0,"d":"0.00"}},"1",{"$f":"ROUND(I373*H373,2)","v":561.26},"16","1395611353"]
[{"$nulls":3},"Online PSC",null,"https://podminky.urs.cz/item/CS_URS_2025_01/767810112",{"$nulls":39},"Online PSC","2"]
[{"$nulls":3},"VV","","\"sprcha\"",null,"",{"$nulls":37},"VV","2","1","True","0","ROZPOCET"]
[{"$nulls":3},"VV","","1",null,{"v":1,"d":"1.000"},{"$nulls":37},"VV","2","2","True","0","ROZPOCET"]
[{"$nulls":3},"VV","","\"WC\"",null,"",{"$nulls":37},"VV","2","1","True","0","ROZPOCET"]
[{"$nulls":3},"VV","","1",null,{"v":1,"d":"1.000"},{"$nulls":37},"VV","2","2","True","0","ROZPOCET"]
[{"$nulls":3},"VV","","Součet",null,{"v":2,"d":"2.000"},{"$nulls":37},"VV","2","4","True","1","ROZPOCET"]
[null,null,"76","M","55341426.R","mřížka větrací nerezová se síťovinou 200x100mm","kus",{"v":2,"d":"2.000"},188.35,{"$f":"ROUND(I380*H380,2)","v":{"v":376.7,"d":"376.70"}},"vlastní",null,"","základní",null,{"$f":"O380*H380","v":{"v":0,"d":"0.00000"}},{"v":3.5E-4,"d":"0.00035"},{"$f":"Q380*H380","v":{"v":0.0007,"d":"0.00070"}},{"v":0,"d":"0.00000"},{"$f":"S380*H380","v":{"v":0,"d":"0.00000"}},{"$nulls":23},"32",null,"M","2",{"$nulls":3},"ROZPOCET",{"$nulls":5},{"$f":"IF(N380=\"základní\",J380,0)","v":{"v":376.7,"d":"376.70"}},{"$f":"IF(N380=\"snížená\",J380,0)","v":{"v":0,"d":"0.00"}},{"$f":"IF(N380=\"zákl. přenesená\",J380,0)","v":{"v":0,"d":"0.00"}},{"$f":"IF(N380=\"sníž. přenesená\",J380,0)","v":{"v":0,"d":"0.00"}},{"$f":"IF(N380=\"nulová\",J380,0)","v":{"v":0,"d":"0.00"}},"1",{"$f":"ROUND(I380*H380,2)","v":{"v":376.7,"d":"376.70"}},"16","-672310296"]
[null,null,"77","K","998751102","Přesun hmot pro vzduchotechniku stanovený z hmotnosti přesunovaného materiálu vodorovná dopravní vzdálenost do 100 m základní v objektech výšky přes 12 do 24 m","t",{"v":1E-3,"d":"0.001"},{"v":1271.33,"d":"1,271.33"},{"$f":"ROUND(I381*H381,2)","v":1.27},"CS ÚRS 2025 01",null,"","základní",null,{"$f":"O381*H381","v":{"v":0,"d":"0.00000"}},{"v":0,"d":"0.00000"},{"$f":"Q381*H381","v":{"v":0,"d":"0.00000"}},{"v":0,"d":"0.00000"},{"$f":"S381*H381","v":{"v":0,"d":"0.00000"}},{"$nulls":23},"16",null,"K","2",{"$nulls":3},"ROZPOCET",{"$nulls":5},{"$f":"IF(N381=\"základní\",J381,0)","v":1.27},{"$f":"IF(N381=\"snížená\",J381,0)","v":{"v":0,"d":"0.00"}},{"$f":"IF(N381=\"zákl. přenesená\",J381,0)","v":{"v":0,"d":"0.00"}},{"$f":"IF(N381=\"sníž. přenesená\",J381,0)","v":{"v":0,"d":"0.00"}},{"$f":"IF(N381=\"nulová\",J381,0)","v":{"v":0,"d":"0.00"}},"1",{"$f":"ROUND(I381*H381,2)","v":1.27},"16","-941082759"]
[{"$nulls":3},"Online PSC",null,"https://podminky.urs.cz/item/CS_URS_2025_01/998751102",{"$nulls":39},"Online PSC","2"]
[{"$nulls":3},"D","763","Konstrukce suché výstavby",{"$nulls":3},{"$f":"BK383","v":{"v":1486.28,"d":"1,486.28"}},{"$nulls":5},{"$f":"SUM(P384:P389)","v":{"v":0,"d":"0.00000"}},null,{"$f":"SUM(R384:R389)","v":{"v":0.014858399999999999,"d":"0.01486"}},null,{"$f":"SUM(T384:T389)","v":{"v":0,"d":"0.00000"}},{"$nulls":23},"2",null,"D","1",{"$nulls":3},"ROZPOCET",{"$nulls":11},{"$f":"SUM(BK384:BK389)","v":{"v":1486.28,"d":"1,486.28"}}]
[null,null,"78","K","763164541","Obklad konstrukcí sádrokartonovými deskami včetně ochranných úhelníků ve tvaru L rozvinuté šíře přes 0,4 do 0,8 m, opláštěný deskou impregnovanou H2, tl. 12,5 mm","m",{"v":1.64,"d":"1.640"},894.64,{"$f":"ROUND(I384*H384,2)","v":{"v":1467.21,"d":"1,467.21"}},"CS ÚRS 2025 01",null,"","základní",null,{"$f":"O384*H384","v":{"v":0,"d":"0.00000"}},0.00906,{"$f":"Q384*H384","v":{"v":0.014858399999999999,"d":"0.01486"}},{"v":0,"d":"0.00000"},{"$f":"S384*H384","v":{"v":0,"d":"0.00000"}},{"$nulls":23},"16",null,"K","2",{"$nulls":3},"ROZPOCET",{"$nulls":5},{"$f":"IF(N384=\"základní\",J384,0)","v":{"v":1467.21,"d":"1,467.21"}},{"$f":"IF(N384=\"snížená\",J384,0)","v":{"v":0,"d":"0.00"}},{"$f":"IF(N384=\"zákl. přenesená\",J384,0)","v":{"v":0,"d":"0.00"}},{"$f":"IF(N384=\"sníž. přenesená\",J384,0)","v":{"v":0,"d":"0.00"}},{"$f":"IF(N384=\"nulová\",J384,0)","v":{"v":0,"d":"0.00"}},"1",{"$f":"ROUND(I384*H384,2)","v":{"v":1467.21,"d":"1,467.21"}},"16","1122615993"]
[{"$nulls":3},"Online PSC",null,"https://podminky.urs.cz/item/CS_URS_2025_01/763164541",{"$nulls":39},"Online PSC","2"]
[{"$nulls":3},"VV","","\"WC\"",null,"",{"$nulls":37},"VV","2","1","True","0","ROZPOCET"]
[{"$nulls":3},"VV","","0,82*2",null,{"v":1.64,"d":"1.640"},{"$nulls":37},"VV","2","2","True","1","ROZPOCET"]
[null,null,"79","K","998763303","Přesun hmot pro konstrukce montované z desek sádrokartonových, sádrovláknitých, cementovláknitých nebo cementových stanovený z hmotnosti přesunovaného materiálu vodorovná dopravní vzdálenost do 50 m základní v objektech výšky přes 12 do 24 m","t",0.015,{"v":1271.33,"d":"1,271.33"},{"$f":"ROUND(I388*H388,2)","v":19.07},"CS ÚRS 2025 01",null,"","základní",null,{"$f":"O388*H388","v":{"v":0,"d":"0.00000"}},{"v":0,"d":"0.00000"},{"$f":"Q388*H388","v":{"v":0,"d":"0.00000"}},{"v":0,"d":"0.00000"},{"$f":"S388*H388","v":{"v":0,"d":"0.00000"}},{"$nulls":23},"16",null,"K","2",{"$nulls":3},"ROZPOCET",{"$nulls":5},{"$f":"IF(N388=\"základní\",J388,0)","v":19.07},{"$f":"IF(N388=\"snížená\",J388,0)","v":{"v":0,"d":"0.00"}},{"$f":"IF(N388=\"zákl. přenesená\",J388,0)","v":{"v":0,"d":"0.00"}},{"$f":"IF(N388=\"sníž. přenesená\",J388,0)","v":{"v":0,"d":"0.00"}},{"$f":"IF(N388=\"nulová\",J388,0)","v":{"v":0,"d":"0.00"}},"1",{"$f":"ROUND(I388*H388,2)","v":19.07},"16","-794487481"]
[{"$nulls":3},"Online PSC",null,"https://podminky.urs.cz/item/CS_URS_2025_01/998763303",{"$nulls":39},"Online PSC","2"]
[{"$nulls":3},"D","766","Konstrukce truhlářské",{"$nulls":3},{"$f":"BK390","v":{"v":12137.230000000001,"d":"12,137.23"}},{"$nulls":5},{"$f":"SUM(P391:P436)","v":{"v":0,"d":"0.00000"}},null,{"$f":"SUM(R391:R436)","v":{"v":0.0722,"d":"0.07220"}},null,{"$f":"SUM(T391:T436)","v":{"v":0.05,"d":"0.05000"}},{"$nulls":23},"2",null,"D","1",{"$nulls":3},"ROZPOCET",{"$nulls":11},{"$f":"SUM(BK391:BK436)","v":{"v":12137.230000000001,"d":"12,137.23"}}]
[null,null,"80","K","766491851","Demontáž ostatních truhlářských konstrukcí prahů dveří jednokřídlových","kus",{"v":2,"d":"2.000"},36.73,{"$f":"ROUND(I391*H391,2)","v":73.46},"CS ÚRS 2025 01",null,"","základní",null,{"$f":"O391*H391","v":{"v":0,"d":"0.00000"}},{"v":0,"d":"0.00000"},{"$f":"Q391*H391","v":{"v":0,"d":"0.00000"}},{"v":1E-3,"d":"0.00100"},{"$f":"S391*H391","v":{"v":2E-3,"d":"0.00200"}},{"$nulls":23},"16",null,"K","2",{"$nulls":3},"ROZPOCET",{"$nulls":5},{"$f":"IF(N391=\"základní\",J391,0)","v":73.46},{"$f":"IF(N391=\"snížená\",J391,0)","v":{"v":0,"d":"0.00"}},{"$f":"IF(N391=\"zákl. přenesená\",J391,0)","v":{"v":0,"d":"0.00"}},{"$f":"IF(N391=\"sníž. přenesená\",J391,0)","v":{"v":0,"d":"0.00"}},{"$f":"IF(N391=\"nulová\",J391,0)","v":{"v":0,"d":"0.00"}},"1",{"$f":"ROUND(I391*H391,2)","v":73.46},"16","-1550289720"]
[{"$nulls":3},"Online PSC",null,"https://podminky.urs.cz/item/CS_URS_2025_01/766491851",{"$nulls":39},"Online PSC","2"]
[{"$nulls":3},"VV","","\"prostor umyvadel\"",null,"",{"$nulls":37},"VV","2","1","True","0","ROZPOCET"]
[{"$nulls":3},"VV","","0",null,{"v":0,"d":"0.000"},{"$nulls":37},"VV","2","2","True","0","ROZPOCET"]
[{"$nulls":3},"VV","","\"sprcha\"",null,"",{"$nulls":37},"VV","2","1","True","0","ROZPOCET"]
[{"$nulls":3},"VV","","1",null,{"v":1,"d":"1.000"},{"$nulls":37},"VV","2","2","True","0","ROZPOCET"]
[{"$nulls":3},"VV","","\"WC\"",null,"",{"$nulls":37},"VV","2","1","True","0","ROZPOCET"]
[{"$nulls":3},"VV","","1",null,{"v":1,"d":"1.000"},{"$nulls":37},"VV","2","2","True","0","ROZPOCET"]
[{"$nulls":3},"VV","","Součet",null,{"v":2,"d":"2.000"},{"$nulls":37},"VV","2","4","True","1","ROZPOCET"]
[null,null,"81","K","766691914","Ostatní práce vyvěšení nebo zavěšení křídel dřevěných dveřních, plochy do 2 m2","kus",{"v":2,"d":"2.000"},36.73,{"$f":"ROUND(I400*H400,2)","v":73.46},"CS ÚRS 2025 01",null,"","základní",null,{"$f":"O400*H400","v":{"v":0,"d":"0.00000"}},{"v":0,"d":"0.00000"},{"$f":"Q400*H400","v":{"v":0,"d":"0.00000"}},{"v":0.024,"d":"0.02400"},{"$f":"S400*H400","v":{"v":0.048,"d":"0.04800"}},{"$nulls":23},"16",null,"K","2",{"$nulls":3},"ROZPOCET",{"$nulls":5},{"$f":"IF(N400=\"základní\",J400,0)","v":73.46},{"$f":"IF(N400=\"snížená\",J400,0)","v":{"v":0,"d":"0.00"}},{"$f":"IF(N400=\"zákl. přenesená\",J400,0)","v":{"v":0,"d":"0.00"}},{"$f":"IF(N400=\"sníž. přenesená\",J400,0)","v":{"v":0,"d":"0.00"}},{"$f":"IF(N400=\"nulová\",J400,0)","v":{"v":0,"d":"0.00"}},"1",{"$f":"ROUND(I400*H400,2)","v":73.46},"16","1726677900"]
[{"$nulls":3},"Online PSC",null,"https://podminky.urs.cz/item/CS_URS_2025_01/766691914",{"$nulls":39},"Online PSC","2"]
[{"$nulls":3},"VV","","\"prostor umyvadel\"",null,"",{"$nulls":37},"VV","2","1","True","0","ROZPOCET"]
[{"$nulls":3},"VV","","0",null,{"v":0,"d":"0.000"},{"$nulls":37},"VV","2","2","True","0","ROZPOCET"]
[{"$nulls":3},"VV","","\"sprcha\"",null,"",{"$nulls":37},"VV","2","1","True","0","ROZPOCET"]
[{"$nulls":3},"VV","","1",null,{"v":1,"d":"1.000"},{"$nulls":37},"VV","2","2","True","0","ROZPOCET"]
[{"$nulls":3},"VV","","\"WC\"",null,"",{"$nulls":37},"VV","2","1","True","0","ROZPOCET"]
[{"$nulls":3},"VV","","1",null,{"v":1,"d":"1.000"},{"$nulls":37},"VV","2","2","True","0","ROZPOCET"]
[{"$nulls":3},"VV","","Součet",null,{"v":2,"d":"2.000"},{"$nulls":37},"VV","2","4","True","1","ROZPOCET"]
[null,null,"82","K","766660001","Montáž dveřních křídel dřevěných nebo plastových otevíravých do ocelové zárubně povrchově upravených jednokřídlových, šířky do 800 mm","kus",{"v":2,"d":"2.000"},800.47,{"$f":"ROUND(I409*H409,2)","v":{"v":1600.94,"d":"1,600.94"}},"CS ÚRS 2025 01",null,"","základní",null,{"$f":"O409*H409","v":{"v":0,"d":"0.00000"}},{"v":0,"d":"0.00000"},{"$f":"Q409*H409","v":{"v":0,"d":"0.00000"}},{"v":0,"d":"0.00000"},{"$f":"S409*H409","v":{"v":0,"d":"0.00000"}},{"$nulls":23},"16",null,"K","2",{"$nulls":3},"ROZPOCET",{"$nulls":5},{"$f":"IF(N409=\"základní\",J409,0)","v":{"v":1600.94,"d":"1,600.94"}},{"$f":"IF(N409=\"snížená\",J409,0)","v":{"v":0,"d":"0.00"}},{"$f":"IF(N409=\"zákl. přenesená\",J409,0)","v":{"v":0,"d":"0.00"}},{"$f":"IF(N409=\"sníž. přenesená\",J409,0)","v":{"v":0,"d":"0.00"}},{"$f":"IF(N409=\"nulová\",J409,0)","v":{"v":0,"d":"0.00"}},"1",{"$f":"ROUND(I409*H409,2)","v":{"v":1600.94,"d":"1,600.94"}},"16","-1298377421"]
[{"$nulls":3},"Online PSC",null,"https://podminky.urs.cz/item/CS_URS_2025_01/766660001",{"$nulls":39},"Online PSC","2"]
[{"$nulls":3},"VV","","\"prostor umyvadel\"",null,"",{"$nulls":37},"VV","2","1","True","0","ROZPOCET"]
[{"$nulls":3},"VV","","0",null,{"v":0,"d":"0.000"},{"$nulls":37},"VV","2","2","True","0","ROZPOCET"]
[{"$nulls":3},"VV","","\"sprcha\"",null,"",{"$nulls":37},"VV","2","1","True","0","ROZPOCET"]
[{"$nulls":3},"VV","","1",null,{"v":1,"d":"1.000"},{"$nulls":37},"VV","2","2","True","0","ROZPOCET"]
[{"$nulls":3},"VV","","\"WC\"",null,"",{"$nulls":37},"VV","2","1","True","0","ROZPOCET"]
[{"$nulls":3},"VV","","1",null,{"v":1,"d":"1.000"},{"$nulls":37},"VV","2","2","True","0","ROZPOCET"]
[{"$nulls":3},"VV","","Součet",null,{"v":2,"d":"2.000"},{"$nulls":37},"VV","2","4","True","1","ROZPOCET"]
[null,null,"83","M","MSN.0027212.URS","dveře interiérové jednokřídlé plné, voština, CPL standard, 60x197","kus",{"v":2,"d":"2.000"},{"v":2892.89,"d":"2,892.89"},{"$f":"ROUND(I418*H418,2)","v":{"v":5785.78,"d":"5,785.78"}},"vlastní",null,"","základní",null,{"$f":"O418*H418","v":{"v":0,"d":"0.00000"}},{"v":0.013,"d":"0.01300"},{"$f":"Q418*H418","v":{"v":0.026,"d":"0.02600"}},{"v":0,"d":"0.00000"},{"$f":"S418*H418","v":{"v":0,"d":"0.00000"}},{"$nulls":23},"32",null,"M","2",{"$nulls":3},"ROZPOCET",{"$nulls":5},{"$f":"IF(N418=\"základní\",J418,0)","v":{"v":5785.78,"d":"5,785.78"}},{"$f":"IF(N418=\"snížená\",J418,0)","v":{"v":0,"d":"0.00"}},{"$f":"IF(N418=\"zákl. přenesená\",J418,0)","v":{"v":0,"d":"0.00"}},{"$f":"IF(N418=\"sníž. přenesená\",J418,0)","v":{"v":0,"d":"0.00"}},{"$f":"IF(N418=\"nulová\",J418,0)","v":{"v":0,"d":"0.00"}},"1",{"$f":"ROUND(I418*H418,2)","v":{"v":5785.78,"d":"5,785.78"}},"16","-320003817"]
[null,null,"84","K","953962112","Kotva chemická s vyvrtáním otvoru do zdiva z plných cihel tmel, hloubka 80 mm, velikost M 10","kus",{"v":4,"d":"4.000"},84.76,{"$f":"ROUND(I419*H419,2)","v":339.04},"CS ÚRS 2025 01",null,"","základní",null,{"$f":"O419*H419","v":{"v":0,"d":"0.00000"}},{"v":1e-05,"d":"0.00001"},{"$f":"Q419*H419","v":{"v":4e-05,"d":"0.00004"}},{"v":0,"d":"0.00000"},{"$f":"S419*H419","v":{"v":0,"d":"0.00000"}},{"$nulls":23},"16",null,"K","2",{"$nulls":3},"ROZPOCET",{"$nulls":5},{"$f":"IF(N419=\"základní\",J419,0)","v":339.04},{"$f":"IF(N419=\"snížená\",J419,0)","v":{"v":0,"d":"0.00"}},{"$f":"IF(N419=\"zákl. přenesená\",J419,0)","v":{"v":0,"d":"0.00"}},{"$f":"IF(N419=\"sníž. přenesená\",J419,0)","v":{"v":0,"d":"0.00"}},{"$f":"IF(N419=\"nulová\",J419,0)","v":{"v":0,"d":"0.00"}},"1",{"$f":"ROUND(I419*H419,2)","v":339.04},"16","1062320997"]
[{"$nulls":3},"Online PSC",null,"https://podminky.urs.cz/item/CS_URS_2025_01/953962112",{"$nulls":39},"Online PSC","2"]
[{"$nulls":3},"VV","","\"pro uchycení desky umyvadel\"",null,"",{"$nulls":37},"VV","2","1","True","0","ROZPOCET"]
[{"$nulls":3},"VV","","4",null,{"v":4,"d":"4.000"},{"$nulls":37},"VV","2","2","True","1","ROZPOCET"]
[null,null,"85","K","953965115","Kotva chemická s vyvrtáním otvoru kotevní šrouby pro chemické kotvy, velikost M 10, délka 130 mm","kus",{"v":4,"d":"4.000"},84.76,{"$f":"ROUND(I423*H423,2)","v":339.04},"CS ÚRS 2025 01",null,"","základní",null,{"$f":"O423*H423","v":{"v":0,"d":"0.00000"}},{"v":7e-05,"d":"0.00007"},{"$f":"Q423*H423","v":0.00028},{"v":0,"d":"0.00000"},{"$f":"S423*H423","v":{"v":0,"d":"0.00000"}},{"$nulls":23},"16",null,"K","2",{"$nulls":3},"ROZPOCET",{"$nulls":5},{"$f":"IF(N423=\"základní\",J423,0)","v":339.04},{"$f":"IF(N423=\"snížená\",J423,0)","v":{"v":0,"d":"0.00"}},{"$f":"IF(N423=\"zákl. přenesená\",J423,0)","v":{"v":0,"d":"0.00"}},{"$f":"IF(N423=\"sníž. přenesená\",J423,0)","v":{"v":0,"d":"0.00"}},{"$f":"IF(N423=\"nulová\",J423,0)","v":{"v":0,"d":"0.00"}},"1",{"$f":"ROUND(I423*H423,2)","v":339.04},"16","-141035641"]
[{"$nulls":3},"Online PSC",null,"https://podminky.urs.cz/item/CS_URS_2025_01/953965115",{"$nulls":39},"Online PSC","2"]
[null,null,"86","K","953941211","Osazování drobných kovových předmětů se zalitím maltou cementovou, do vysekaných kapes nebo připravených otvorů konzol nebo kotev, např. pro schodišťová madla do zdí, radiátorové konzoly apod.","kus",{"v":4,"d":"4.000"},113.01,{"$f":"ROUND(I425*H425,2)","v":452.04},"CS ÚRS 2025 01",null,"","základní",null,{"$f":"O425*H425","v":{"v":0,"d":"0.00000"}},0.00234,{"$f":"Q425*H425","v":0.00936},{"v":0,"d":"0.00000"},{"$f":"S425*H425","v":{"v":0,"d":"0.00000"}},{"$nulls":23},"16",null,"K","2",{"$nulls":3},"ROZPOCET",{"$nulls":5},{"$f":"IF(N425=\"základní\",J425,0)","v":452.04},{"$f":"IF(N425=\"snížená\",J425,0)","v":{"v":0,"d":"0.00"}},{"$f":"IF(N425=\"zákl. přenesená\",J425,0)","v":{"v":0,"d":"0.00"}},{"$f":"IF(N425=\"sníž. přenesená\",J425,0)","v":{"v":0,"d":"0.00"}},{"$f":"IF(N425=\"nulová\",J425,0)","v":{"v":0,"d":"0.00"}},"1",{"$f":"ROUND(I425*H425,2)","v":452.04},"16","2127586384"]
[{"$nulls":3},"Online PSC",null,"https://podminky.urs.cz/item/CS_URS_2025_01/953941211",{"$nulls":39},"Online PSC","2"]
[null,null,"87","M","42392872R","konzole na zeď pro uchycení desky","kus",{"v":4,"d":"4.000"},244.85,{"$f":"ROUND(I427*H427,2)","v":{"v":979.4,"d":"979.40"}},"vlastní",null,"","základní",null,{"$f":"O427*H427","v":{"v":0,"d":"0.00000"}},{"v":5.8E-4,"d":"0.00058"},{"$f":"Q427*H427","v":{"v":2.32E-3,"d":"0.00232"}},{"v":0,"d":"0.00000"},{"$f":"S427*H427","v":{"v":0,"d":"0.00000"}},{"$nulls":23},"32",null,"M","2",{"$nulls":3},"ROZPOCET",{"$nulls":5},{"$f":"IF(N427=\"základní\",J427,0)","v":{"v":979.4,"d":"979.40"}},{"$f":"IF(N427=\"snížená\",J427,0)","v":{"v":0,"d":"0.00"}},{"$f":"IF(N427=\"zákl. přenesená\",J427,0)","v":{"v":0,"d":"0.00"}},{"$f":"IF(N427=\"sníž. přenesená\",J427,0)","v":{"v":0,"d":"0.00"}},{"$f":"IF(N427=\"nulová\",J427,0)","v":{"v":0,"d":"0.00"}},"1",{"$f":"ROUND(I427*H427,2)","v":{"v":979.4,"d":"979.40"}},"16","1706365322"]
[null,null,"88","K","766693412","Montáž ostatních truhlářských konstrukcí umyvadlových desek bez výřezu, délky jednoho dílu přes 1000 do 2000 mm","kus",{"v":1,"d":"1.000"},894.64,{"$f":"ROUND(I428*H428,2)","v":894.64},"CS ÚRS 2025 01",null,"","základní",null,{"$f":"O428*H428","v":{"v":0,"d":"0.00000"}},{"v":0,"d":"0.00000"},{"$f":"Q428*H428","v":{"v":0,"d":"0.00000"}},{"v":0,"d":"0.00000"},{"$f":"S428*H428","v":{"v":0,"d":"0.00000"}},{"$nulls":23},"16",null,"K","2",{"$nulls":3},"ROZPOCET",{"$nulls":5},{"$f":"IF(N428=\"základní\",J428,0)","v":894.64},{"$f":"IF(N428=\"snížená\",J428,0)","v":{"v":0,"d":"0.00"}},{"$f":"IF(N428=\"zákl. přenesená\",J428,0)","v":{"v":0,"d":"0.00"}},{"$f":"IF(N428=\"sníž. přenesená\",J428,0)","v":{"v":0,"d":"0.00"}},{"$f":"IF(N428=\"nulová\",J428,0)","v":{"v":0,"d":"0.00"}},"1",{"$f":"ROUND(I428*H428,2)","v":894.64},"16","1998732683"]
[{"$nulls":3},"Online PSC",null,"https://podminky.urs.cz/item/CS_URS_2025_01/766693412",{"$nulls":39},"Online PSC","2"]
[null,null,"89","M","60722275.R","deska dřevotřísková laminovaná dřevěný dekor 1420 x 600 x (35-50) mm, ABS hrany","kus",{"v":1,"d":"1.000"},{"v":1163.03,"d":"1,163.03"},{"$f":"ROUND(I430*H430,2)","v":{"v":1163.03,"d":"1,163.03"}},"vlastní",null,"","základní",null,{"$f":"O430*H430","v":{"v":0,"d":"0.00000"}},{"v":0.0342,"d":"0.03420"},{"$f":"Q430*H430","v":{"v":0.0342,"d":"0.03420"}},{"v":0,"d":"0.00000"},{"$f":"S430*H430","v":{"v":0,"d":"0.00000"}},{"$nulls":23},"32",null,"M","2",{"$nulls":3},"ROZPOCET",{"$nulls":5},{"$f":"IF(N430=\"základní\",J430,0)","v":{"v":1163.03,"d":"1,163.03"}},{"$f":"IF(N430=\"snížená\",J430,0)","v":{"v":0,"d":"0.00"}},{"$f":"IF(N430=\"zákl. přenesená\",J430,0)","v":{"v":0,"d":"0.00"}},{"$f":"IF(N430=\"sníž. přenesená\",J430,0)","v":{"v":0,"d":"0.00"}},{"$f":"IF(N430=\"nulová\",J430,0)","v":{"v":0,"d":"0.00"}},"1",{"$f":"ROUND(I430*H430,2)","v":{"v":1163.03,"d":"1,163.03"}},"16","1416112654"]
[null,null,"90","K","766693421","Montáž ostatních truhlářských konstrukcí umyvadlových desek Příplatek k ceně za vyřezání otvoru pro umyvadlo","kus",{"v":2,"d":"2.000"},134.67,{"$f":"ROUND(I431*H431,2)","v":269.34},"CS ÚRS 2025 01",null,"","základní",null,{"$f":"O431*H431","v":{"v":0,"d":"0.00000"}},{"v":0,"d":"0.00000"},{"$f":"Q431*H431","v":{"v":0,"d":"0.00000"}},{"v":0,"d":"0.00000"},{"$f":"S431*H431","v":{"v":0,"d":"0.00000"}},{"$nulls":23},"16",null,"K","2",{"$nulls":3},"ROZPOCET",{"$nulls":5},{"$f":"IF(N431=\"základní\",J431,0)","v":269.34},{"$f":"IF(N431=\"snížená\",J431,0)","v":{"v":0,"d":"0.00"}},{"$f":"IF(N431=\"zákl. přenesená\",J431,0)","v":{"v":0,"d":"0.00"}},{"$f":"IF(N431=\"sníž. přenesená\",J431,0)","v":{"v":0,"d":"0.00"}},{"$f":"IF(N431=\"nulová\",J431,0)","v":{"v":0,"d":"0.00"}},"1",{"$f":"ROUND(I431*H431,2)","v":269.34},"16","1520247320"]
[{"$nulls":3},"Online PSC",null,"https://podminky.urs.cz/item/CS_URS_2025_01/766693421",{"$nulls":39},"Online PSC","2"]
[null,null,"91","K","766693422","Montáž ostatních truhlářských konstrukcí umyvadlových desek Příplatek k ceně za vyvrtání otvoru pro baterii","kus",{"v":2,"d":"2.000"},37.76,{"$f":"ROUND(I433*H433,2)","v":75.52},"CS ÚRS 2025 01",null,"","základní",null,{"$f":"O433*H433","v":{"v":0,"d":"0.00000"}},{"v":0,"d":"0.00000"},{"$f":"Q433*H433","v":{"v":0,"d":"0.00000"}},{"v":0,"d":"0.00000"},{"$f":"S433*H433","v":{"v":0,"d":"0.00000"}},{"$nulls":23},"16",null,"K","2",{"$nulls":3},"ROZPOCET",{"$nulls":5},{"$f":"IF(N433=\"základní\",J433,0)","v":75.52},{"$f":"IF(N433=\"snížená\",J433,0)","v":{"v":0,"d":"0.00"}},{"$f":"IF(N433=\"zákl. přenesená\",J433,0)","v":{"v":0,"d":"0.00"}},{"$f":"IF(N433=\"sníž. přenesená\",J433,0)","v":{"v":0,"d":"0.00"}},{"$f":"IF(N433=\"nulová\",J433,0)","v":{"v":0,"d":"0.00"}},"1",{"$f":"ROUND(I433*H433,2)","v":75.52},"16","-1784903161"]
[{"$nulls":3},"Online PSC",null,"https://podminky.urs.cz/item/CS_URS_2025_01/766693422",{"$nulls":39},"Online PSC","2"]
[null,null,"92","K","998766103","Přesun hmot pro konstrukce truhlářské stanovený z hmotnosti přesunovaného materiálu vodorovná dopravní vzdálenost do 50 m základní v objektech výšky přes 12 do 24 m","t",0.072,{"v":1271.33,"d":"1,271.33"},{"$f":"ROUND(I435*H435,2)","v":91.54},"CS ÚRS 2025 01",null,"","základní",null,{"$f":"O435*H435","v":{"v":0,"d":"0.00000"}},{"v":0,"d":"0.00000"},{"$f":"Q435*H435","v":{"v":0,"d":"0.00000"}},{"v":0,"d":"0.00000"},{"$f":"S435*H435","v":{"v":0,"d":"0.00000"}},{"$nulls":23},"16",null,"K","2",{"$nulls":3},"ROZPOCET",{"$nulls":5},{"$f":"IF(N435=\"základní\",J435,0)","v":91.54},{"$f":"IF(N435=\"snížená\",J435,0)","v":{"v":0,"d":"0.00"}},{"$f":"IF(N435=\"zákl. přenesená\",J435,0)","v":{"v":0,"d":"0.00"}},{"$f":"IF(N435=\"sníž. přenesená\",J435,0)","v":{"v":0,"d":"0.00"}},{"$f":"IF(N435=\"nulová\",J435,0)","v":{"v":0,"d":"0.00"}},"1",{"$f":"ROUND(I435*H435,2)","v":91.54},"16","1988815644"]
[{"$nulls":3},"Online PSC",null,"https://podminky.urs.cz/item/CS_URS_2025_01/998766103",{"$nulls":39},"Online PSC","2"]
[{"$nulls":3},"D","767","Konstrukce zámečnické",{"$nulls":3},{"$f":"BK437","v":{"v":1144.53,"d":"1,144.53"}},{"$nulls":5},{"$f":"SUM(P438:P450)","v":{"v":0,"d":"0.00000"}},null,{"$f":"SUM(R438:R450)","v":{"v":1.4116999999999999E-3,"d":"0.00141"}},null,{"$f":"SUM(T438:T450)","v":{"v":0.0005,"d":"0.00050"}},{"$nulls":23},"2",null,"D","1",{"$nulls":3},"ROZPOCET",{"$nulls":11},{"$f":"SUM(BK438:BK450)","v":{"v":1144.53,"d":"1,144.53"}}]
[null,null,"93","K","742110871","Demontáž dvířek revizních","kus",{"v":1,"d":"1.000"},226.01,{"$f":"ROUND(I438*H438,2)","v":226.01},"CS ÚRS 2025 01",null,"","základní",null,{"$f":"O438*H438","v":{"v":0,"d":"0.00000"}},{"v":0,"d":"0.00000"},{"$f":"Q438*H438","v":{"v":0,"d":"0.00000"}},{"v":0.0005,"d":"0.00050"},{"$f":"S438*H438","v":{"v":0.0005,"d":"0.00050"}},{"$nulls":23},"16",null,"K","2",{"$nulls":3},"ROZPOCET",{"$nulls":5},{"$f":"IF(N438=\"základní\",J438,0)","v":226.01},{"$f":"IF(N438=\"snížená\",J438,0)","v":{"v":0,"d":"0.00"}},{"$f":"IF(N438=\"zákl. přenesená\",J438,0)","v":{"v":0,"d":"0.00"}},{"$f":"IF(N438=\"sníž. přenesená\",J438,0)","v":{"v":0,"d":"0.00"}},{"$f":"IF(N438=\"nulová\",J438,0)","v":{"v":0,"d":"0.00"}},"1",{"$f":"ROUND(I438*H438,2)","v":226.01},"16","-617531771"]
[{"$nulls":3},"Online PSC",null,"https://podminky.urs.cz/item/CS_URS_2025_01/742110871",{"$nulls":39},"Online PSC","2"]
[{"$nulls":3},"VV","","\"WC\"",null,"",{"$nulls":37},"VV","2","1","True","0","ROZPOCET"]
[{"$nulls":3},"VV","","1",null,{"v":1,"d":"1.000"},{"$nulls":37},"VV","2","2","True","1","ROZPOCET"]
[null,null,"94","K","767646411","Montáž revizních dveří a dvířek hliníkových, ocelových nebo plastových s rámem jednokřídlových, plochy do 0,5 m2","m2",{"v":0.09,"d":"0.090"},{"v":3662.28,"d":"3,662.28"},{"$f":"ROUND(I442*H442,2)","v":329.61},"CS ÚRS 2025 01",null,"","základní",null,{"$f":"O442*H442","v":{"v":0,"d":"0.00000"}},0.00013,{"$f":"Q442*H442","v":{"v":1.1699999999999998E-5,"d":"0.00001"}},{"v":0,"d":"0.00000"},{"$f":"S442*H442","v":{"v":0,"d":"0.00000"}},{"$nulls":23},"16",null,"K","2",{"$nulls":3},"ROZPOCET",{"$nulls":5},{"$f":"IF(N442=\"základní\",J442,0)","v":329.61},{"$f":"IF(N442=\"snížená\",J442,0)","v":{"v":0,"d":"0.00"}},{"$f":"IF(N442=\"zákl. přenesená\",J442,0)","v":{"v":0,"d":"0.00"}},{"$f":"IF(N442=\"sníž. přenesená\",J442,0)","v":{"v":0,"d":"0.00"}},{"$f":"IF(N442=\"nulová\",J442,0)","v":{"v":0,"d":"0.00"}},"1",{"$f":"ROUND(I442*H442,2)","v":329.61},"16","-783951110"]
[{"$nulls":3},"Online PSC",null,"https://podminky.urs.cz/item/CS_URS_2025_01/767646411",{"$nulls":39},"Online PSC","2"]
[{"$nulls":3},"VV","","0,3*0,3",null,{"v":0.09,"d":"0.090"},{"$nulls":37},"VV","2","2","True","1","ROZPOCET"]
[null,null,"95","M","59030711","dvířka revizní jednokřídlá s automatickým zámkem 300x300mm","kus",{"v":1,"d":"1.000"},587.64,{"$f":"ROUND(I445*H445,2)","v":587.64},"CS ÚRS 2025 01",null,"","základní",null,{"$f":"O445*H445","v":{"v":0,"d":"0.00000"}},{"v":1.4E-3,"d":"0.00140"},{"$f":"Q445*H445","v":{"v":1.4E-3,"d":"0.00140"}},{"v":0,"d":"0.00000"},{"$f":"S445*H445","v":{"v":0,"d":"0.00000"}},{"$nulls":23},"32",null,"M","2",{"$nulls":3},"ROZPOCET",{"$nulls":5},{"$f":"IF(N445=\"základní\",J445,0)","v":587.64},{"$f":"IF(N445=\"snížená\",J445,0)","v":{"v":0,"d":"0.00"}},{"$f":"IF(N445=\"zákl. přenesená\",J445,0)","v":{"v":0,"d":"0.00"}},{"$f":"IF(N445=\"sníž. přenesená\",J445,0)","v":{"v":0,"d":"0.00"}},{"$f":"IF(N445=\"nulová\",J445,0)","v":{"v":0,"d":"0.00"}},"1",{"$f":"ROUND(I445*H445,2)","v":587.64},"16","-1379540020"]
[{"$nulls":3},"VV","","\"nerez\"",null,"",{"$nulls":37},"VV","2","1","True","0","ROZPOCET"]
[{"$nulls":3},"VV","","\"WC\"",null,"",{"$nulls":37},"VV","2","1","True","0","ROZPOCET"]
[{"$nulls":3},"VV","","1",null,{"v":1,"d":"1.000"},{"$nulls":37},"VV","2","2","True","1","ROZPOCET"]
[null,null,"96","K","998767103","Přesun hmot pro zámečnické konstrukce stanovený z hmotnosti přesunovaného materiálu vodorovná dopravní vzdálenost do 50 m základní v objektech výšky přes 12 do 24 m","t",{"v":1E-3,"d":"0.001"},{"v":1271.33,"d":"1,271.33"},{"$f":"ROUND(I449*H449,2)","v":1.27},"CS ÚRS 2025 01",null,"","základní",null,{"$f":"O449*H449","v":{"v":0,"d":"0.00000"}},{"v":0,"d":"0.00000"},{"$f":"Q449*H449","v":{"v":0,"d":"0.00000"}},{"v":0,"d":"0.00000"},{"$f":"S449*H449","v":{"v":0,"d":"0.00000"}},{"$nulls":23},"16",null,"K","2",{"$nulls":3},"ROZPOCET",{"$nulls":5},{"$f":"IF(N449=\"základní\",J449,0)","v":1.27},{"$f":"IF(N449=\"snížená\",J449,0)","v":{"v":0,"d":"0.00"}},{"$f":"IF(N449=\"zákl. přenesená\",J449,0)","v":{"v":0,"d":"0.00"}},{"$f":"IF(N449=\"sníž. přenesená\",J449,0)","v":{"v":0,"d":"0.00"}},{"$f":"IF(N449=\"nulová\",J449,0)","v":{"v":0,"d":"0.00"}},"1",{"$f":"ROUND(I449*H449,2)","v":1.27},"16","-1984887834"]
[{"$nulls":3},"Online PSC",null,"https://podminky.urs.cz/item/CS_URS_2025_01/998767103",{"$nulls":39},"Online PSC","2"]
[{"$nulls":3},"D","771","Podlahy z dlaždic",{"$nulls":3},{"$f":"BK451","v":{"v":13658.140000000001,"d":"13,658.14"}},{"$nulls":5},{"$f":"SUM(P452:P504)","v":{"v":0,"d":"0.00000"}},null,{"$f":"SUM(R452:R504)","v":{"v":0.1928932,"d":"0.19289"}},null,{"$f":"SUM(T452:T504)","v":{"v":0,"d":"0.00000"}},{"$nulls":23},"2",null,"D","1",{"$nulls":3},"ROZPOCET",{"$nulls":11},{"$f":"SUM(BK452:BK504)","v":{"v":13658.140000000001,"d":"13,658.14"}}]
[null,null,"97","K","771111011","Příprava podkladu před provedením dlažby vysátí podlah","m2",3.377,17.89,{"$f":"ROUND(I452*H452,2)","v":60.41},"CS ÚRS 2025 01",null,"","základní",null,{"$f":"O452*H452","v":{"v":0,"d":"0.00000"}},{"v":0,"d":"0.00000"},{"$f":"Q452*H452","v":{"v":0,"d":"0.00000"}},{"v":0,"d":"0.00000"},{"$f":"S452*H452","v":{"v":0,"d":"0.00000"}},{"$nulls":23},"16",null,"K","2",{"$nulls":3},"ROZPOCET",{"$nulls":5},{"$f":"IF(N452=\"základní\",J452,0)","v":60.41},{"$f":"IF(N452=\"snížená\",J452,0)","v":{"v":0,"d":"0.00"}},{"$f":"IF(N452=\"zákl. přenesená\",J452,0)","v":{"v":0,"d":"0.00"}},{"$f":"IF(N452=\"sníž. přenesená\",J452,0)","v":{"v":0,"d":"0.00"}},{"$f":"IF(N452=\"nulová\",J452,0)","v":{"v":0,"d":"0.00"}},"1",{"$f":"ROUND(I452*H452,2)","v":60.41},"16","1654080822"]
[{"$nulls":3},"Online PSC",null,"https://podminky.urs.cz/item/CS_URS_2025_01/771111011",{"$nulls":39},"Online PSC","2"]
[{"$nulls":3},"VV","","\"prostor umyvadel\"",null,"",{"$nulls":37},"VV","2","1","True","0","ROZPOCET"]
[{"$nulls":3},"VV","","1,42*0,82",null,1.164,{"$nulls":37},"VV","2","2","True","0","ROZPOCET"]
[{"$nulls":3},"VV","","\"sprcha\"",null,"",{"$nulls":37},"VV","2","1","True","0","ROZPOCET"]
[{"$nulls":3},"VV","","1,42*0,9",null,1.278,{"$nulls":37},"VV","2","2","True","0","ROZPOCET"]
[{"$nulls":3},"VV","","\"WC\"",null,"",{"$nulls":37},"VV","2","1","True","0","ROZPOCET"]
[{"$nulls":3},"VV","","0,82*1,14",null,0.935,{"$nulls":37},"VV","2","2","True","0","ROZPOCET"]
[{"$nulls":3},"VV","","Součet",null,3.377,{"$nulls":37},"VV","2","4","True","1","ROZPOCET"]
[null,null,"98","K","771121011","Nátěr penetrační na podlahu","m2",3.377,27.31,{"$f":"ROUND(I461*H461,2)","v":92.23},"CS ÚRS 2025 01",null,"","základní",null,{"$f":"O461*H461","v":{"v":0,"d":"0.00000"}},{"v":0.0003,"d":"0.00030"},{"$f":"Q461*H461","v":{"v":1.0130999999999999E-3,"d":"0.00101"}},{"v":0,"d":"0.00000"},{"$f":"S461*H461","v":{"v":0,"d":"0.00000"}},{"$nulls":23},"16",null,"K","2",{"$nulls":3},"ROZPOCET",{"$nulls":5},{"$f":"IF(N461=\"základní\",J461,0)","v":92.23},{"$f":"IF(N461=\"snížená\",J461,0)","v":{"v":0,"d":"0.00"}},{"$f":"IF(N461=\"zákl. přenesená\",J461,0)","v":{"v":0,"d":"0.00"}},{"$f":"IF(N461=\"sníž. přenesená\",J461,0)","v":{"v":0,"d":"0.00"}},{"$f":"IF(N461=\"nulová\",J461,0)","v":{"v":0,"d":"0.00"}},"1",{"$f":"ROUND(I461*H461,2)","v":92.23},"16","760209300"]
[{"$nulls":3},"Online PSC",null,"https://podminky.urs.cz/item/CS_URS_2025_01/771121011",{"$nulls":39},"Online PSC","2"]
[null,null,"99","K","771151024","Příprava podkladu před provedením dlažby samonivelační stěrka min. pevnosti 30 MPa, tloušťky přes 8 do 10 mm","m2",3.377,641.32,{"$f":"ROUND(I463*H463,2)","v":{"v":2165.74,"d":"2,165.74"}},"CS ÚRS 2025 01",null,"","základní",null,{"$f":"O463*H463","v":{"v":0,"d":"0.00000"}},{"v":0.015,"d":"0.01500"},{"$f":"Q463*H463","v":{"v":0.05065499999999999,"d":"0.05066"}},{"v":0,"d":"0.00000"},{"$f":"S463*H463","v":{"v":0,"d":"0.00000"}},{"$nulls":23},"16",null,"K","2",{"$nulls":3},"ROZPOCET",{"$nulls":5},{"$f":"IF(N463=\"základní\",J463,0)","v":{"v":2165.74,"d":"2,165.74"}},{"$f":"IF(N463=\"snížená\",J463,0)","v":{"v":0,"d":"0.00"}},{"$f":"IF(N463=\"zákl. přenesená\",J463,0)","v":{"v":0,"d":"0.00"}},{"$f":"IF(N463=\"sníž. přenesená\",J463,0)","v":{"v":0,"d":"0.00"}},{"$f":"IF(N463=\"nulová\",J463,0)","v":{"v":0,"d":"0.00"}},"1",{"$f":"ROUND(I463*H463,2)","v":{"v":2165.74,"d":"2,165.74"}},"16","-1272749984"]
[{"$nulls":3},"Online PSC",null,"https://podminky.urs.cz/item/CS_URS_2025_01/771151024",{"$nulls":39},"Online PSC","2"]
[null,null,"100","K","771591112","Izolace podlahy pod dlažbu nátěrem nebo stěrkou ve dvou vrstvách","m2",3.377,452.03,{"$f":"ROUND(I465*H465,2)","v":{"v":1526.51,"d":"1,526.51"}},"CS ÚRS 2025 01",null,"","základní",null,{"$f":"O465*H465","v":{"v":0,"d":"0.00000"}},{"v":1.5E-3,"d":"0.00150"},{"$f":"Q465*H465","v":{"v":0.0050655,"d":"0.00507"}},{"v":0,"d":"0.00000"},{"$f":"S465*H465","v":{"v":0,"d":"0.00000"}},{"$nulls":23},"16",null,"K","2",{"$nulls":3},"ROZPOCET",{"$nulls":5},{"$f":"IF(N465=\"základní\",J465,0)","v":{"v":1526.51,"d":"1,526.51"}},{"$f":"IF(N465=\"snížená\",J465,0)","v":{"v":0,"d":"0.00"}},{"$f":"IF(N465=\"zákl. přenesená\",J465,0)","v":{"v":0,"d":"0.00"}},{"$f":"IF(N465=\"sníž. přenesená\",J465,0)","v":{"v":0,"d":"0.00"}},{"$f":"IF(N465=\"nulová\",J465,0)","v":{"v":0,"d":"0.00"}},"1",{"$f":"ROUND(I465*H465,2)","v":{"v":1526.51,"d":"1,526.51"}},"16","-1757120717"]
[{"$nulls":3},"Online PSC",null,"https://podminky.urs.cz/item/CS_URS_2025_01/771591112",{"$nulls":39},"Online PSC","2"]
[null,null,"101","K","771591184","Podlahy - dokončovací práce pracnější řezání dlaždic keramických rovné","m",{"v":5,"d":"5.000"},120.54,{"$f":"ROUND(I467*H467,2)","v":{"v":602.7,"d":"602.70"}},"CS ÚRS 2025 01",null,"","základní",null,{"$f":"O467*H467","v":{"v":0,"d":"0.00000"}},{"v":0,"d":"0.00000"},{"$f":"Q467*H467","v":{"v":0,"d":"0.00000"}},{"v":0,"d":"0.00000"},{"$f":"S467*H467","v":{"v":0,"d":"0.00000"}},{"$nulls":23},"16",null,"K","2",{"$nulls":3},"ROZPOCET",{"$nulls":5},{"$f":"IF(N467=\"základní\",J467,0)","v":{"v":602.7,"d":"602.70"}},{"$f":"IF(N467=\"snížená\",J467,0)","v":{"v":0,"d":"0.00"}},{"$f":"IF(N467=\"zákl. přenesená\",J467,0)","v":{"v":0,"d":"0.00"}},{"$f":"IF(N467=\"sníž. přenesená\",J467,0)","v":{"v":0,"d":"0.00"}},{"$f":"IF(N467=\"nulová\",J467,0)","v":{"v":0,"d":"0.00"}},"1",{"$f":"ROUND(I467*H467,2)","v":{"v":602.7,"d":"602.70"}},"16","-1417751629"]
[{"$nulls":3},"Online PSC",null,"https://podminky.urs.cz/item/CS_URS_2025_01/771591184",{"$nulls":39},"Online PSC","2"]
[{"$nulls":3},"VV","","\"dle potřeby\"",null,"",{"$nulls":37},"VV","2","1","True","0","ROZPOCET"]
[{"$nulls":3},"VV","","5",null,{"v":5,"d":"5.000"},{"$nulls":37},"VV","2","2","True","1","ROZPOCET"]
[null,null,"102","K","771591241","Izolace podlahy pod dlažbu těsnícími izolačními pásy vnitřní kout","kus",{"v":10,"d":"10.000"},{"v":187.4,"d":"187.40"},{"$f":"ROUND(I471*H471,2)","v":{"v":1874,"d":"1,874.00"}},"CS ÚRS 2025 01",null,"","základní",null,{"$f":"O471*H471","v":{"v":0,"d":"0.00000"}},0.00021,{"$f":"Q471*H471","v":{"v":2.1000000000000003E-3,"d":"0.00210"}},{"v":0,"d":"0.00000"},{"$f":"S471*H471","v":{"v":0,"d":"0.00000"}},{"$nulls":23},"16",null,"K","2",{"$nulls":3},"ROZPOCET",{"$nulls":5},{"$f":"IF(N471=\"základní\",J471,0)","v":{"v":1874,"d":"1,874.00"}},{"$f":"IF(N471=\"snížená\",J471,0)","v":{"v":0,"d":"0.00"}},{"$f":"IF(N471=\"zákl. přenesená\",J471,0)","v":{"v":0,"d":"0.00"}},{"$f":"IF(N471=\"sníž. přenesená\",J471,0)","v":{"v":0,"d":"0.00"}},{"$f":"IF(N471=\"nulová\",J471,0)","v":{"v":0,"d":"0.00"}},"1",{"$f":"ROUND(I471*H471,2)","v":{"v":1874,"d":"1,874.00"}},"16","1354673630"]
[{"$nulls":3},"Online PSC",null,"https://podminky.urs.cz/item/CS_URS_2025_01/771591241",{"$nulls":39},"Online PSC","2"]
[{"$nulls":3},"VV","","\"prostor umyvadel\"",null,"",{"$nulls":37},"VV","2","1","True","0","ROZPOCET"]
[{"$nulls":3},"VV","","2",null,{"v":2,"d":"2.000"},{"$nulls":37},"VV","2","2","True","0","ROZPOCET"]
[{"$nulls":3},"VV","","\"sprcha\"",null,"",{"$nulls":37},"VV","2","1","True","0","ROZPOCET"]
[{"$nulls":3},"VV","","4",null,{"v":4,"d":"4.000"},{"$nulls":37},"VV","2","2","True","0","ROZPOCET"]
[{"$nulls":3},"VV","","\"WC\"",null,"",{"$nulls":37},"VV","2","1","True","0","ROZPOCET"]
[{"$nulls":3},"VV","","4",null,{"v":4,"d":"4.000"},{"$nulls":37},"VV","2","2","True","0","ROZPOCET"]
[{"$nulls":3},"VV","","Součet",null,{"v":10,"d":"10.000"},{"$nulls":37},"VV","2","4","True","1","ROZPOCET"]
[null,null,"103","K","771591264","Izolace podlahy pod dlažbu těsnícími izolačními pásy mezi podlahou a stěnu","m",{"v":11.62,"d":"11.620"},140.32,{"$f":"ROUND(I480*H480,2)","v":{"v":1630.52,"d":"1,630.52"}},"CS ÚRS 2025 01",null,"","základní",null,{"$f":"O480*H480","v":{"v":0,"d":"0.00000"}},{"v":1.42E-3,"d":"0.00142"},{"$f":"Q480*H480","v":{"v":0.0165004,"d":"0.01650"}},{"v":0,"d":"0.00000"},{"$f":"S480*H480","v":{"v":0,"d":"0.00000"}},{"$nulls":23},"16",null,"K","2",{"$nulls":3},"ROZPOCET",{"$nulls":5},{"$f":"IF(N480=\"základní\",J480,0)","v":{"v":1630.52,"d":"1,630.52"}},{"$f":"IF(N480=\"snížená\",J480,0)","v":{"v":0,"d":"0.00"}},{"$f":"IF(N480=\"zákl. přenesená\",J480,0)","v":{"v":0,"d":"0.00"}},{"$f":"IF(N480=\"sníž. přenesená\",J480,0)","v":{"v":0,"d":"0.00"}},{"$f":"IF(N480=\"nulová\",J480,0)","v":{"v":0,"d":"0.00"}},"1",{"$f":"ROUND(I480*H480,2)","v":{"v":1630.52,"d":"1,630.52"}},"16","-148263112"]
[{"$nulls":3},"Online PSC",null,"https://podminky.urs.cz/item/CS_URS_2025_01/771591264",{"$nulls":39},"Online PSC","2"]
[{"$nulls":3},"VV","","\"prostor umyvadel\"",null,"",{"$nulls":37},"VV","2","1","True","0","ROZPOCET"]
[{"$nulls":3},"VV","","1,42+0,82*2",null,{"v":3.06,"d":"3.060"},{"$nulls":37},"VV","2","2","True","0","ROZPOCET"]
[{"$nulls":3},"VV","","\"sprcha\"",null,"",{"$nulls":37},"VV","2","1","True","0","ROZPOCET"]
[{"$nulls":3},"VV","","1,42*2+0,9*2",null,{"v":4.64,"d":"4.640"},{"$nulls":37},"VV","2","2","True","0","ROZPOCET"]
[{"$nulls":3},"VV","","\"WC\"",null,"",{"$nulls":37},"VV","2","1","True","0","ROZPOCET"]
[{"$nulls":3},"VV","","0,82*2+1,14*2",null,{"v":3.92,"d":"3.920"},{"$nulls":37},"VV","2","2","True","0","ROZPOCET"]
[{"$nulls":3},"VV","","Součet",null,{"v":11.62,"d":"11.620"},{"$nulls":37},"VV","2","4","True","1","ROZPOCET"]
[null,null,"104","K","771161022","Příprava podkladu před provedením dlažby montáž profilu ukončujícího profilu pro schodové hrany a ukončení dlažby","m",{"v":2.82,"d":"2.820"},{"v":119.6,"d":"119.60"},{"$f":"ROUND(I489*H489,2)","v":337.27},"CS ÚRS 2025 01",null,"","základní",null,{"$f":"O489*H489","v":{"v":0,"d":"0.00000"}},0.00034,{"$f":"Q489*H489","v":{"v":9.588E-4,"d":"0.00096"}},{"v":0,"d":"0.00000"},{"$f":"S489*H489","v":{"v":0,"d":"0.00000"}},{"$nulls":23},"16",null,"K","2",{"$nulls":3},"ROZPOCET",{"$nulls":5},{"$f":"IF(N489=\"základní\",J489,0)","v":337.27},{"$f":"IF(N489=\"snížená\",J489,0)","v":{"v":0,"d":"0.00"}},{"$f":"IF(N489=\"zákl. přenesená\",J489,0)","v":{"v":0,"d":"0.00"}},{"$f":"IF(N489=\"sníž. přenesená\",J489,0)","v":{"v":0,"d":"0.00"}},{"$f":"IF(N489=\"nulová\",J489,0)","v":{"v":0,"d":"0.00"}},"1",{"$f":"ROUND(I489*H489,2)","v":337.27},"16","109877044"]
[{"$nulls":3},"Online PSC",null,"https://podminky.urs.cz/item/CS_URS_2025_01/771161022",{"$nulls":39},"Online PSC","2"]
[{"$nulls":3},"VV","","\"ukončovací lišta ve dveřích, oddělení od ostatního prostoru\"",null,"",{"$nulls":37},"VV","2","1","True","0","ROZPOCET"]
[{"$nulls":3},"VV","","\"prostor umyvadel\"",null,"",{"$nulls":37},"VV","2","1","True","0","ROZPOCET"]
[{"$nulls":3},"VV","","1,42",null,{"v":1.42,"d":"1.420"},{"$nulls":37},"VV","2","2","True","0","ROZPOCET"]
[{"$nulls":3},"VV","","\"sprcha\"",null,"",{"$nulls":37},"VV","2","1","True","0","ROZPOCET"]
[{"$nulls":3},"VV","","0,7",null,{"v":0.7,"d":"0.700"},{"$nulls":37},"VV","2","2","True","0","ROZPOCET"]
[{"$nulls":3},"VV","","\"WC\"",null,"",{"$nulls":37},"VV","2","1","True","0","ROZPOCET"]
[{"$nulls":3},"VV","","0,7",null,{"v":0.7,"d":"0.700"},{"$nulls":37},"VV","2","2","True","0","ROZPOCET"]
[{"$nulls":3},"VV","","Součet",null,{"v":2.82,"d":"2.820"},{"$nulls":37},"VV","2","4","True","1","ROZPOCET"]
[null,null,"105","M","19416008","lišta ukončovací hliníková 10mm","m",{"v":2.82,"d":"2.820"},55.09,{"$f":"ROUND(I499*H499,2)","v":155.35},"CS ÚRS 2025 01",null,"","základní",null,{"$f":"O499*H499","v":{"v":0,"d":"0.00000"}},{"v":1.2E-4,"d":"0.00012"},{"$f":"Q499*H499","v":{"v":0.0003384,"d":"0.00034"}},{"v":0,"d":"0.00000"},{"$f":"S499*H499","v":{"v":0,"d":"0.00000"}},{"$nulls":23},"32",null,"M","2",{"$nulls":3},"ROZPOCET",{"$nulls":5},{"$f":"IF(N499=\"základní\",J499,0)","v":155.35},{"$f":"IF(N499=\"snížená\",J499,0)","v":{"v":0,"d":"0.00"}},{"$f":"IF(N499=\"zákl. přenesená\",J499,0)","v":{"v":0,"d":"0.00"}},{"$f":"IF(N499=\"sníž. přenesená\",J499,0)","v":{"v":0,"d":"0.00"}},{"$f":"IF(N499=\"nulová\",J499,0)","v":{"v":0,"d":"0.00"}},"1",{"$f":"ROUND(I499*H499,2)","v":155.35},"16","155910785"]
[null,null,"106","K","771574416","Montáž podlah z dlaždic keramických lepených cementovým flexibilním lepidlem hladkých, tloušťky do 10 mm přes 9 do 12 ks/m2","m2",3.377,800.47,{"$f":"ROUND(I500*H500,2)","v":{"v":2703.19,"d":"2,703.19"}},"CS ÚRS 2025 01",null,"","základní",null,{"$f":"O500*H500","v":{"v":0,"d":"0.00000"}},{"v":0.006,"d":"0.00600"},{"$f":"Q500*H500","v":{"v":0.020262,"d":"0.02026"}},{"v":0,"d":"0.00000"},{"$f":"S500*H500","v":{"v":0,"d":"0.00000"}},{"$nulls":23},"16",null,"K","2",{"$nulls":3},"ROZPOCET",{"$nulls":5},{"$f":"IF(N500=\"základní\",J500,0)","v":{"v":2703.19,"d":"2,703.19"}},{"$f":"IF(N500=\"snížená\",J500,0)","v":{"v":0,"d":"0.00"}},{"$f":"IF(N500=\"zákl. přenesená\",J500,0)","v":{"v":0,"d":"0.00"}},{"$f":"IF(N500=\"sníž. přenesená\",J500,0)","v":{"v":0,"d":"0.00"}},{"$f":"IF(N500=\"nulová\",J500,0)","v":{"v":0,"d":"0.00"}},"1",{"$f":"ROUND(I500*H500,2)","v":{"v":2703.19,"d":"2,703.19"}},"16","1094763972"]
[{"$nulls":3},"Online PSC",null,"https://podminky.urs.cz/item/CS_URS_2025_01/771574416",{"$nulls":39},"Online PSC","2"]
[null,null,"107","M","59761409.R","dlažba keramická slinutá protiskluzná do interiéru i exteriéru - bude upřesněno investorem","m2",{"v":5,"d":"5.000"},452.97,{"$f":"ROUND(I502*H502,2)","v":{"v":2264.85,"d":"2,264.85"}},"vlastní",null,"","základní",null,{"$f":"O502*H502","v":{"v":0,"d":"0.00000"}},{"v":0.0192,"d":"0.01920"},{"$f":"Q502*H502","v":{"v":0.09599999999999999,"d":"0.09600"}},{"v":0,"d":"0.00000"},{"$f":"S502*H502","v":{"v":0,"d":"0.00000"}},{"$nulls":23},"32",null,"M","2",{"$nulls":3},"ROZPOCET",{"$nulls":5},{"$f":"IF(N502=\"základní\",J502,0)","v":{"v":2264.85,"d":"2,264.85"}},{"$f":"IF(N502=\"snížená\",J502,0)","v":{"v":0,"d":"0.00"}},{"$f":"IF(N502=\"zákl. přenesená\",J502,0)","v":{"v":0,"d":"0.00"}},{"$f":"IF(N502=\"sníž. přenesená\",J502,0)","v":{"v":0,"d":"0.00"}},{"$f":"IF(N502=\"nulová\",J502,0)","v":{"v":0,"d":"0.00"}},"1",{"$f":"ROUND(I502*H502,2)","v":{"v":2264.85,"d":"2,264.85"}},"16","379911173"]
[null,null,"108","K","998771103","Přesun hmot pro podlahy z dlaždic stanovený z hmotnosti přesunovaného materiálu vodorovná dopravní vzdálenost do 50 m základní v objektech výšky přes 12 do 24 m","t",0.193,{"v":1271.33,"d":"1,271.33"},{"$f":"ROUND(I503*H503,2)","v":245.37},"CS ÚRS 2025 01",null,"","základní",null,{"$f":"O503*H503","v":{"v":0,"d":"0.00000"}},{"v":0,"d":"0.00000"},{"$f":"Q503*H503","v":{"v":0,"d":"0.00000"}},{"v":0,"d":"0.00000"},{"$f":"S503*H503","v":{"v":0,"d":"0.00000"}},{"$nulls":23},"16",null,"K","2",{"$nulls":3},"ROZPOCET",{"$nulls":5},{"$f":"IF(N503=\"základní\",J503,0)","v":245.37},{"$f":"IF(N503=\"snížená\",J503,0)","v":{"v":0,"d":"0.00"}},{"$f":"IF(N503=\"zákl. přenesená\",J503,0)","v":{"v":0,"d":"0.00"}},{"$f":"IF(N503=\"sníž. přenesená\",J503,0)","v":{"v":0,"d":"0.00"}},{"$f":"IF(N503=\"nulová\",J503,0)","v":{"v":0,"d":"0.00"}},"1",{"$f":"ROUND(I503*H503,2)","v":245.37},"16","1180974272"]
[{"$nulls":3},"Online PSC",null,"https://podminky.urs.cz/item/CS_URS_2025_01/998771103",{"$nulls":39},"Online PSC","2"]
[{"$nulls":3},"D","781","Dokončovací práce - obklady",{"$nulls":3},{"$f":"BK505","v":{"v":31430.96,"d":"31,430.96"}},{"$nulls":5},{"$f":"SUM(P506:P541)","v":{"v":0,"d":"0.00000"}},null,{"$f":"SUM(R506:R541)","v":{"v":0.3581567,"d":"0.35816"}},null,{"$f":"SUM(T506:T541)","v":{"v":0,"d":"0.00000"}},{"$nulls":23},"2",null,"D","1",{"$nulls":3},"ROZPOCET",{"$nulls":11},{"$f":"SUM(BK506:BK541)","v":{"v":31430.96,"d":"31,430.96"}}]
[null,null,"109","K","781111011","Příprava podkladu před provedením obkladu oprášení (ometení) stěny","m2",17.489,17.89,{"$f":"ROUND(I506*H506,2)","v":312.88},"CS ÚRS 2025 01",null,"","základní",null,{"$f":"O506*H506","v":{"v":0,"d":"0.00000"}},{"v":0,"d":"0.00000"},{"$f":"Q506*H506","v":{"v":0,"d":"0.00000"}},{"v":0,"d":"0.00000"},{"$f":"S506*H506","v":{"v":0,"d":"0.00000"}},{"$nulls":23},"16",null,"K","2",{"$nulls":3},"ROZPOCET",{"$nulls":5},{"$f":"IF(N506=\"základní\",J506,0)","v":312.88},{"$f":"IF(N506=\"snížená\",J506,0)","v":{"v":0,"d":"0.00"}},{"$f":"IF(N506=\"zákl. přenesená\",J506,0)","v":{"v":0,"d":"0.00"}},{"$f":"IF(N506=\"sníž. přenesená\",J506,0)","v":{"v":0,"d":"0.00"}},{"$f":"IF(N506=\"nulová\",J506,0)","v":{"v":0,"d":"0.00"}},"1",{"$f":"ROUND(I506*H506,2)","v":312.88},"16","207010006"]
[{"$nulls":3},"Online PSC",null,"https://podminky.urs.cz/item/CS_URS_2025_01/781111011",{"$nulls":39},"Online PSC","2"]
[{"$nulls":3},"VV","","\"prostor umyvadel\"",null,"",{"$nulls":37},"VV","2","1","True","0","ROZPOCET"]
[{"$nulls":3},"VV","","(1,42+0,82*2)*1,53",null,4.682,{"$nulls":37},"VV","2","2","True","0","ROZPOCET"]
[{"$nulls":3},"VV","","\"sprcha\"",null,"",{"$nulls":37},"VV","2","1","True","0","ROZPOCET"]
[{"$nulls":3},"VV","","(1,42*2+0,9*2)*2-(0,7*2)",null,{"v":7.88,"d":"7.880"},{"$nulls":37},"VV","2","2","True","0","ROZPOCET"]
[{"$nulls":3},"VV","","\"WC\"",null,"",{"$nulls":37},"VV","2","1","True","0","ROZPOCET"]
[{"$nulls":3},"VV","","(0,82*2+1,14*2)*1,53-(0,7*1,53)",null,4.927,{"$nulls":37},"VV","2","2","True","0","ROZPOCET"]
[{"$nulls":3},"VV","","Součet",null,17.489,{"$nulls":37},"VV","2","4","True","1","ROZPOCET"]
[null,null,"110","K","781121011","Nátěr penetrační na stěnu","m2",17.489,27.31,{"$f":"ROUND(I515*H515,2)","v":477.62},"CS ÚRS 2025 01",null,"","základní",null,{"$f":"O515*H515","v":{"v":0,"d":"0.00000"}},{"v":0.0003,"d":"0.00030"},{"$f":"Q515*H515","v":{"v":5.2467E-3,"d":"0.00525"}},{"v":0,"d":"0.00000"},{"$f":"S515*H515","v":{"v":0,"d":"0.00000"}},{"$nulls":23},"16",null,"K","2",{"$nulls":3},"ROZPOCET",{"$nulls":5},{"$f":"IF(N515=\"základní\",J515,0)","v":477.62},{"$f":"IF(N515=\"snížená\",J515,0)","v":{"v":0,"d":"0.00"}},{"$f":"IF(N515=\"zákl. přenesená\",J515,0)","v":{"v":0,"d":"0.00"}},{"$f":"IF(N515=\"sníž. přenesená\",J515,0)","v":{"v":0,"d":"0.00"}},{"$f":"IF(N515=\"nulová\",J515,0)","v":{"v":0,"d":"0.00"}},"1",{"$f":"ROUND(I515*H515,2)","v":477.62},"16","-60586925"]
[{"$nulls":3},"Online PSC",null,"https://podminky.urs.cz/item/CS_URS_2025_01/781121011",{"$nulls":39},"Online PSC","2"]
[null,null,"111","K","781131112","Izolace stěny pod obklad izolace nátěrem nebo stěrkou ve dvou vrstvách","m2",{"v":11.08,"d":"11.080"},452.03,{"$f":"ROUND(I517*H517,2)","v":{"v":5008.49,"d":"5,008.49"}},"CS ÚRS 2025 01",null,"","základní",null,{"$f":"O517*H517","v":{"v":0,"d":"0.00000"}},{"v":1.5E-3,"d":"0.00150"},{"$f":"Q517*H517","v":0.01662},{"v":0,"d":"0.00000"},{"$f":"S517*H517","v":{"v":0,"d":"0.00000"}},{"$nulls":23},"16",null,"K","2",{"$nulls":3},"ROZPOCET",{"$nulls":5},{"$f":"IF(N517=\"základní\",J517,0)","v":{"v":5008.49,"d":"5,008.49"}},{"$f":"IF(N517=\"snížená\",J517,0)","v":{"v":0,"d":"0.00"}},{"$f":"IF(N517=\"zákl. přenesená\",J517,0)","v":{"v":0,"d":"0.00"}},{"$f":"IF(N517=\"sníž. přenesená\",J517,0)","v":{"v":0,"d":"0.00"}},{"$f":"IF(N517=\"nulová\",J517,0)","v":{"v":0,"d":"0.00"}},"1",{"$f":"ROUND(I517*H517,2)","v":{"v":5008.49,"d":"5,008.49"}},"16","1756561883"]
[{"$nulls":3},"Online PSC",null,"https://podminky.urs.cz/item/CS_URS_2025_01/781131112",{"$nulls":39},"Online PSC","2"]
[{"$nulls":3},"VV","","\"prostor umyvadel\"",null,"",{"$nulls":37},"VV","2","1","True","0","ROZPOCET"]
[{"$nulls":3},"VV","","(1,42+0,82*2)*1,53",null,4.682,{"$nulls":37},"VV","2","2","True","0","ROZPOCET"]
[{"$nulls":3},"VV","","\"sprcha\"",null,"",{"$nulls":37},"VV","2","1","True","0","ROZPOCET"]
[{"$nulls":3},"VV","","(0,8+0,9+0,8)*2+(0,62+0,9+0,62-0,7)*0,3",null,5.432,{"$nulls":37},"VV","2","2","True","0","ROZPOCET"]
[{"$nulls":3},"VV","","\"WC\"",null,"",{"$nulls":37},"VV","2","1","True","0","ROZPOCET"]
[{"$nulls":3},"VV","","(0,82*2+1,14*2-0,7)*0,3",null,0.966,{"$nulls":37},"VV","2","2","True","0","ROZPOCET"]
[{"$nulls":3},"VV","","Součet",null,{"v":11.08,"d":"11.080"},{"$nulls":37},"VV","2","4","True","1","ROZPOCET"]
[null,null,"112","K","781161021","Příprava podkladu před provedením obkladu montáž profilu ukončujícího profilu rohového, vanového","m",{"v":13.28,"d":"13.280"},150.68,{"$f":"ROUND(I526*H526,2)","v":{"v":2001.03,"d":"2,001.03"}},"CS ÚRS 2025 01",null,"","základní",null,{"$f":"O526*H526","v":{"v":0,"d":"0.00000"}},{"v":0.0002,"d":"0.00020"},{"$f":"Q526*H526","v":{"v":0.002656,"d":"0.00266"}},{"v":0,"d":"0.00000"},{"$f":"S526*H526","v":{"v":0,"d":"0.00000"}},{"$nulls":23},"16",null,"K","2",{"$nulls":3},"ROZPOCET",{"$nulls":5},{"$f":"IF(N526=\"základní\",J526,0)","v":{"v":2001.03,"d":"2,001.03"}},{"$f":"IF(N526=\"snížená\",J526,0)","v":{"v":0,"d":"0.00"}},{"$f":"IF(N526=\"zákl. přenesená\",J526,0)","v":{"v":0,"d":"0.00"}},{"$f":"IF(N526=\"sníž. přenesená\",J526,0)","v":{"v":0,"d":"0.00"}},{"$f":"IF(N526=\"nulová\",J526,0)","v":{"v":0,"d":"0.00"}},"1",{"$f":"ROUND(I526*H526,2)","v":{"v":2001.03,"d":"2,001.03"}},"16","196276235"]
[{"$nulls":3},"Online PSC",null,"https://podminky.urs.cz/item/CS_URS_2025_01/781161021",{"$nulls":39},"Online PSC","2"]
[{"$nulls":3},"VV","","\"lišty plastové zaoblené\"",null,"",{"$nulls":37},"VV","2","1","True","0","ROZPOCET"]
[{"$nulls":3},"VV","","\"prostor umyvadel\"",null,"",{"$nulls":37},"VV","2","1","True","0","ROZPOCET"]
[{"$nulls":3},"VV","","(1,42+0,82*2)+(1,53*2)",null,{"v":6.12,"d":"6.120"},{"$nulls":37},"VV","2","2","True","0","ROZPOCET"]
[{"$nulls":3},"VV","","\"sprcha\"",null,"",{"$nulls":37},"VV","2","1","True","0","ROZPOCET"]
[{"$nulls":3},"VV","","(1,42*2+0,9*2)-(0,7)",null,{"v":3.94,"d":"3.940"},{"$nulls":37},"VV","2","2","True","0","ROZPOCET"]
[{"$nulls":3},"VV","","\"WC\"",null,"",{"$nulls":37},"VV","2","1","True","0","ROZPOCET"]
[{"$nulls":3},"VV","","(0,82*2+1,14*2)-(0,7)",null,{"v":3.22,"d":"3.220"},{"$nulls":37},"VV","2","2","True","0","ROZPOCET"]
[{"$nulls":3},"VV","","Součet",null,{"v":13.280000000000001,"d":"13.280"},{"$nulls":37},"VV","2","4","True","1","ROZPOCET"]
[null,null,"113","M","28342005","lišta ukončovací z PVC 12,5mm","m",{"v":15,"d":"15.000"},37.95,{"$f":"ROUND(I536*H536,2)","v":569.25},"CS ÚRS 2025 01",null,"","základní",null,{"$f":"O536*H536","v":{"v":0,"d":"0.00000"}},{"v":0.0003,"d":"0.00030"},{"$f":"Q536*H536","v":{"v":0.0045,"d":"0.00450"}},{"v":0,"d":"0.00000"},{"$f":"S536*H536","v":{"v":0,"d":"0.00000"}},{"$nulls":23},"32",null,"M","2",{"$nulls":3},"ROZPOCET",{"$nulls":5},{"$f":"IF(N536=\"základní\",J536,0)","v":569.25},{"$f":"IF(N536=\"snížená\",J536,0)","v":{"v":0,"d":"0.00"}},{"$f":"IF(N536=\"zákl. přenesená\",J536,0)","v":{"v":0,"d":"0.00"}},{"$f":"IF(N536=\"sníž. přenesená\",J536,0)","v":{"v":0,"d":"0.00"}},{"$f":"IF(N536=\"nulová\",J536,0)","v":{"v":0,"d":"0.00"}},"1",{"$f":"ROUND(I536*H536,2)","v":569.25},"16","-1691619190"]
[null,null,"114","K","781472216","Montáž keramických obkladů stěn lepených cementovým flexibilním lepidlem hladkých přes 9 do 12 ks/m2","m2",17.489,800.51,{"$f":"ROUND(I537*H537,2)","v":{"v":14000.12,"d":"14,000.12"}},"CS ÚRS 2025 01",null,"","základní",null,{"$f":"O537*H537","v":{"v":0,"d":"0.00000"}},{"v":0.006,"d":"0.00600"},{"$f":"Q537*H537","v":{"v":0.10493400000000001,"d":"0.10493"}},{"v":0,"d":"0.00000"},{"$f":"S537*H537","v":{"v":0,"d":"0.00000"}},{"$nulls":23},"16",null,"K","2",{"$nulls":3},"ROZPOCET",{"$nulls":5},{"$f":"IF(N537=\"základní\",J537,0)","v":{"v":14000.12,"d":"14,000.12"}},{"$f":"IF(N537=\"snížená\",J537,0)","v":{"v":0,"d":"0.00"}},{"$f":"IF(N537=\"zákl. přenesená\",J537,0)","v":{"v":0,"d":"0.00"}},{"$f":"IF(N537=\"sníž. přenesená\",J537,0)","v":{"v":0,"d":"0.00"}},{"$f":"IF(N537=\"nulová\",J537,0)","v":{"v":0,"d":"0.00"}},"1",{"$f":"ROUND(I537*H537,2)","v":{"v":14000.12,"d":"14,000.12"}},"16","1183124899"]
[{"$nulls":3},"Online PSC",null,"https://podminky.urs.cz/item/CS_URS_2025_01/781472216",{"$nulls":39},"Online PSC","2"]
[null,null,"115","M","59761026R","obklad keramický, OBKLAD - REKTIFIKOVANÝ, 80 % bílý, 20% barevný - dle výběru investora","m2",{"v":19,"d":"19.000"},452.97,{"$f":"ROUND(I539*H539,2)","v":{"v":8606.43,"d":"8,606.43"}},"vlastní",null,"","základní",null,{"$f":"O539*H539","v":{"v":0,"d":"0.00000"}},{"v":0.0118,"d":"0.01180"},{"$f":"Q539*H539","v":{"v":0.22419999999999998,"d":"0.22420"}},{"v":0,"d":"0.00000"},{"$f":"S539*H539","v":{"v":0,"d":"0.00000"}},{"$nulls":23},"32",null,"M","2",{"$nulls":3},"ROZPOCET",{"$nulls":5},{"$f":"IF(N539=\"základní\",J539,0)","v":{"v":8606.43,"d":"8,606.43"}},{"$f":"IF(N539=\"snížená\",J539,0)","v":{"v":0,"d":"0.00"}},{"$f":"IF(N539=\"zákl. přenesená\",J539,0)","v":{"v":0,"d":"0.00"}},{"$f":"IF(N539=\"sníž. přenesená\",J539,0)","v":{"v":0,"d":"0.00"}},{"$f":"IF(N539=\"nulová\",J539,0)","v":{"v":0,"d":"0.00"}},"1",{"$f":"ROUND(I539*H539,2)","v":{"v":8606.43,"d":"8,606.43"}},"16","1592493313"]
[null,null,"116","K","998781103","Přesun hmot pro obklady keramické stanovený z hmotnosti přesunovaného materiálu vodorovná dopravní vzdálenost do 50 m základní v objektech výšky přes 12 do 24 m","t",0.358,{"v":1271.33,"d":"1,271.33"},{"$f":"ROUND(I540*H540,2)","v":455.14},"CS ÚRS 2025 01",null,"","základní",null,{"$f":"O540*H540","v":{"v":0,"d":"0.00000"}},{"v":0,"d":"0.00000"},{"$f":"Q540*H540","v":{"v":0,"d":"0.00000"}},{"v":0,"d":"0.00000"},{"$f":"S540*H540","v":{"v":0,"d":"0.00000"}},{"$nulls":23},"16",null,"K","2",{"$nulls":3},"ROZPOCET",{"$nulls":5},{"$f":"IF(N540=\"základní\",J540,0)","v":455.14},{"$f":"IF(N540=\"snížená\",J540,0)","v":{"v":0,"d":"0.00"}},{"$f":"IF(N540=\"zákl. přenesená\",J540,0)","v":{"v":0,"d":"0.00"}},{"$f":"IF(N540=\"sníž. přenesená\",J540,0)","v":{"v":0,"d":"0.00"}},{"$f":"IF(N540=\"nulová\",J540,0)","v":{"v":0,"d":"0.00"}},"1",{"$f":"ROUND(I540*H540,2)","v":455.14},"16","1413563590"]
[{"$nulls":3},"Online PSC",null,"https://podminky.urs.cz/item/CS_URS_2025_01/998781103",{"$nulls":39},"Online PSC","2"]
[{"$nulls":3},"D","783","Dokončovací práce - nátěry",{"$nulls":3},{"$f":"BK542","v":{"v":1827.94,"d":"1,827.94"}},{"$nulls":5},{"$f":"SUM(P543:P558)","v":{"v":0,"d":"0.00000"}},null,{"$f":"SUM(R543:R558)","v":{"v":1.5731999999999999E-3,"d":"0.00157"}},null,{"$f":"SUM(T543:T558)","v":{"v":0,"d":"0.00000"}},{"$nulls":23},"2",null,"D","1",{"$nulls":3},"ROZPOCET",{"$nulls":11},{"$f":"SUM(BK543:BK558)","v":{"v":1827.94,"d":"1,827.94"}}]
[null,null,"117","K","783306805","Odstranění nátěrů ze zámečnických konstrukcí opálením s obroušením","m2",{"v":4.14,"d":"4.140"},54.59,{"$f":"ROUND(I543*H543,2)","v":{"v":226,"d":"226.00"}},"CS ÚRS 2025 01",null,"","základní",null,{"$f":"O543*H543","v":{"v":0,"d":"0.00000"}},{"v":2e-05,"d":"0.00002"},{"$f":"Q543*H543","v":{"v":8.2800000000000007E-5,"d":"0.00008"}},{"v":0,"d":"0.00000"},{"$f":"S543*H543","v":{"v":0,"d":"0.00000"}},{"$nulls":23},"16",null,"K","2",{"$nulls":3},"ROZPOCET",{"$nulls":5},{"$f":"IF(N543=\"základní\",J543,0)","v":{"v":226,"d":"226.00"}},{"$f":"IF(N543=\"snížená\",J543,0)","v":{"v":0,"d":"0.00"}},{"$f":"IF(N543=\"zákl. přenesená\",J543,0)","v":{"v":0,"d":"0.00"}},{"$f":"IF(N543=\"sníž. přenesená\",J543,0)","v":{"v":0,"d":"0.00"}},{"$f":"IF(N543=\"nulová\",J543,0)","v":{"v":0,"d":"0.00"}},"1",{"$f":"ROUND(I543*H543,2)","v":{"v":226,"d":"226.00"}},"16","-629401242"]
[{"$nulls":3},"Online PSC",null,"https://podminky.urs.cz/item/CS_URS_2025_01/783306805",{"$nulls":39},"Online PSC","2"]
[{"$nulls":3},"VV","","\"stávající zárubně\"",null,"",{"$nulls":37},"VV","2","1","True","0","ROZPOCET"]
[{"$nulls":3},"VV","","\"prostor umyvadel\"",null,"",{"$nulls":37},"VV","2","1","True","0","ROZPOCET"]
[{"$nulls":3},"VV","","0",null,{"v":0,"d":"0.000"},{"$nulls":37},"VV","2","2","True","0","ROZPOCET"]
[{"$nulls":3},"VV","","\"sprcha\"",null,"",{"$nulls":37},"VV","2","1","True","0","ROZPOCET"]
[{"$nulls":3},"VV","","(2+0,6+2)*(0,15*3)",null,{"v":2.07,"d":"2.070"},{"$nulls":37},"VV","2","2","True","0","ROZPOCET"]
[{"$nulls":3},"VV","","\"WC\"",null,"",{"$nulls":37},"VV","2","1","True","0","ROZPOCET"]
[{"$nulls":3},"VV","","(2+0,6+2)*(0,15*3)",null,{"v":2.07,"d":"2.070"},{"$nulls":37},"VV","2","2","True","0","ROZPOCET"]
[{"$nulls":3},"VV","","Součet",null,{"v":4.14,"d":"4.140"},{"$nulls":37},"VV","2","4","True","1","ROZPOCET"]
[null,null,"118","K","783301313","Příprava podkladu zámečnických konstrukcí před provedením nátěru odmaštění odmašťovačem ředidlovým","m2",{"v":4.14,"d":"4.140"},128.98,{"$f":"ROUND(I553*H553,2)","v":533.98},"CS ÚRS 2025 01",null,"","základní",null,{"$f":"O553*H553","v":{"v":0,"d":"0.00000"}},{"v":7e-05,"d":"0.00007"},{"$f":"Q553*H553","v":{"v":2.8979999999999994E-4,"d":"0.00029"}},{"v":0,"d":"0.00000"},{"$f":"S553*H553","v":{"v":0,"d":"0.00000"}},{"$nulls":23},"16",null,"K","2",{"$nulls":3},"ROZPOCET",{"$nulls":5},{"$f":"IF(N553=\"základní\",J553,0)","v":533.98},{"$f":"IF(N553=\"snížená\",J553,0)","v":{"v":0,"d":"0.00"}},{"$f":"IF(N553=\"zákl. přenesená\",J553,0)","v":{"v":0,"d":"0.00"}},{"$f":"IF(N553=\"sníž. přenesená\",J553,0)","v":{"v":0,"d":"0.00"}},{"$f":"IF(N553=\"nulová\",J553,0)","v":{"v":0,"d":"0.00"}},"1",{"$f":"ROUND(I553*H553,2)","v":533.98},"16","-187625780"]
[{"$nulls":3},"Online PSC",null,"https://podminky.urs.cz/item/CS_URS_2025_01/783301313",{"$nulls":39},"Online PSC","2"]
[null,null,"119","K","783314201","Základní antikorozní nátěr zámečnických konstrukcí jednonásobný syntetický standardní","m2",{"v":4.14,"d":"4.140"},128.98,{"$f":"ROUND(I555*H555,2)","v":533.98},"CS ÚRS 2025 01",null,"","základní",null,{"$f":"O555*H555","v":{"v":0,"d":"0.00000"}},0.00017,{"$f":"Q555*H555","v":{"v":0.0007038,"d":"0.00070"}},{"v":0,"d":"0.00000"},{"$f":"S555*H555","v":{"v":0,"d":"0.00000"}},{"$nulls":23},"16",null,"K","2",{"$nulls":3},"ROZPOCET",{"$nulls":5},{"$f":"IF(N555=\"základní\",J555,0)","v":533.98},{"$f":"IF(N555=\"snížená\",J555,0)","v":{"v":0,"d":"0.00"}},{"$f":"IF(N555=\"zákl. přenesená\",J555,0)","v":{"v":0,"d":"0.00"}},{"$f":"IF(N555=\"sníž. přenesená\",J555,0)","v":{"v":0,"d":"0.00"}},{"$f":"IF(N555=\"nulová\",J555,0)","v":{"v":0,"d":"0.00"}},"1",{"$f":"ROUND(I555*H555,2)","v":533.98},"16","506202775"]
[{"$nulls":3},"Online PSC",null,"https://podminky.urs.cz/item/CS_URS_2025_01/783314201",{"$nulls":39},"Online PSC","2"]
[null,null,"120","K","783317101","Krycí nátěr (email) zámečnických konstrukcí jednonásobný syntetický standardní","m2",{"v":4.14,"d":"4.140"},128.98,{"$f":"ROUND(I557*H557,2)","v":533.98},"CS ÚRS 2025 01",null,"","základní",null,{"$f":"O557*H557","v":{"v":0,"d":"0.00000"}},{"v":1.2E-4,"d":"0.00012"},{"$f":"Q557*H557","v":{"v":4.9679999999999993E-4,"d":"0.00050"}},{"v":0,"d":"0.00000"},{"$f":"S557*H557","v":{"v":0,"d":"0.00000"}},{"$nulls":23},"16",null,"K","2",{"$nulls":3},"ROZPOCET",{"$nulls":5},{"$f":"IF(N557=\"základní\",J557,0)","v":533.98},{"$f":"IF(N557=\"snížená\",J557,0)","v":{"v":0,"d":"0.00"}},{"$f":"IF(N557=\"zákl. přenesená\",J557,0)","v":{"v":0,"d":"0.00"}},{"$f":"IF(N557=\"sníž. přenesená\",J557,0)","v":{"v":0,"d":"0.00"}},{"$f":"IF(N557=\"nulová\",J557,0)","v":{"v":0,"d":"0.00"}},"1",{"$f":"ROUND(I557*H557,2)","v":533.98},"16","-1766083860"]
[{"$nulls":3},"Online PSC",null,"https://podminky.urs.cz/item/CS_URS_2025_01/783317101",{"$nulls":39},"Online PSC","2"]
[{"$nulls":3},"D","784","Dokončovací práce - malby a tapety",{"$nulls":3},{"$f":"BK559","v":{"v":1823.95,"d":"1,823.95"}},{"$nulls":5},{"$f":"SUM(P560:P573)","v":{"v":0,"d":"0.00000"}},null,{"$f":"SUM(R560:R573)","v":{"v":0.0067212052,"d":"0.00672"}},null,{"$f":"SUM(T560:T573)","v":{"v":0,"d":"0.00000"}},{"$nulls":23},"2",null,"D","1",{"$nulls":3},"ROZPOCET",{"$nulls":11},{"$f":"SUM(BK560:BK573)","v":{"v":1823.95,"d":"1,823.95"}}]
[null,null,"121","K","784111001","Oprášení (ometení) podkladu v místnostech výšky do 3,80 m","m2",14.138,17.89,{"$f":"ROUND(I560*H560,2)","v":252.93},"CS ÚRS 2025 01",null,"","základní",null,{"$f":"O560*H560","v":{"v":0,"d":"0.00000"}},{"v":0,"d":"0.00000"},{"$f":"Q560*H560","v":{"v":0,"d":"0.00000"}},{"v":0,"d":"0.00000"},{"$f":"S560*H560","v":{"v":0,"d":"0.00000"}},{"$nulls":23},"16",null,"K","2",{"$nulls":3},"ROZPOCET",{"$nulls":5},{"$f":"IF(N560=\"základní\",J560,0)","v":252.93},{"$f":"IF(N560=\"snížená\",J560,0)","v":{"v":0,"d":"0.00"}},{"$f":"IF(N560=\"zákl. přenesená\",J560,0)","v":{"v":0,"d":"0.00"}},{"$f":"IF(N560=\"sníž. přenesená\",J560,0)","v":{"v":0,"d":"0.00"}},{"$f":"IF(N560=\"nulová\",J560,0)","v":{"v":0,"d":"0.00"}},"1",{"$f":"ROUND(I560*H560,2)","v":252.93},"16","1802915896"]
[{"$nulls":3},"Online PSC",null,"https://podminky.urs.cz/item/CS_URS_2025_01/784111001",{"$nulls":39},"Online PSC","2"]
[null,null,"122","K","784181101","Penetrace podkladu jednonásobná základní akrylátová bezbarvá v místnostech výšky do 3,80 m","m2",14.138,27.31,{"$f":"ROUND(I562*H562,2)","v":386.11},"CS ÚRS 2025 01",null,"","základní",null,{"$f":"O562*H562","v":{"v":0,"d":"0.00000"}},{"v":0.0002,"d":"0.00020"},{"$f":"Q562*H562","v":{"v":2.8276E-3,"d":"0.00283"}},{"v":0,"d":"0.00000"},{"$f":"S562*H562","v":{"v":0,"d":"0.00000"}},{"$nulls":23},"16",null,"K","2",{"$nulls":3},"ROZPOCET",{"$nulls":5},{"$f":"IF(N562=\"základní\",J562,0)","v":386.11},{"$f":"IF(N562=\"snížená\",J562,0)","v":{"v":0,"d":"0.00"}},{"$f":"IF(N562=\"zákl. přenesená\",J562,0)","v":{"v":0,"d":"0.00"}},{"$f":"IF(N562=\"sníž. přenesená\",J562,0)","v":{"v":0,"d":"0.00"}},{"$f":"IF(N562=\"nulová\",J562,0)","v":{"v":0,"d":"0.00"}},"1",{"$f":"ROUND(I562*H562,2)","v":386.11},"16","-1091699298"]
[{"$nulls":3},"Online PSC",null,"https://podminky.urs.cz/item/CS_URS_2025_01/784181101",{"$nulls":39},"Online PSC","2"]
[{"$nulls":3},"VV","","\"stěny, stropy\"",null,"",{"$nulls":37},"VV","2","1","True","0","ROZPOCET"]
[{"$nulls":3},"VV","","\"prostor umyvadel\"",null,"",{"$nulls":37},"VV","2","1","True","0","ROZPOCET"]
[{"$nulls":3},"VV","","(1,42+0,82*2)*(2,54-1,53)+(1,42*0,82)",null,4.255,{"$nulls":37},"VV","2","2","True","0","ROZPOCET"]
[{"$nulls":3},"VV","","\"sprcha\"",null,"",{"$nulls":37},"VV","2","1","True","0","ROZPOCET"]
[{"$nulls":3},"VV","","(1,42*2+0,9*2)*(2,54-2)+(1,42+0,9)",null,4.826,{"$nulls":37},"VV","2","2","True","0","ROZPOCET"]
[{"$nulls":3},"VV","","\"WC\"",null,"",{"$nulls":37},"VV","2","1","True","0","ROZPOCET"]
[{"$nulls":3},"VV","","(0,82*2+1,14*2)*(2,54-1,53)-(0,7*(2-1,53))+(0,82*0,6+0,82*1,14)",null,5.057,{"$nulls":37},"VV","2","2","True","0","ROZPOCET"]
[{"$nulls":3},"VV","","Součet",null,14.138,{"$nulls":37},"VV","2","4","True","1","ROZPOCET"]
[null,null,"123","K","784211121","Dvojnásobné bílé malby ze směsí za mokra středně oděruvzdorných v místnostech v do 3,80 m","m2",14.138,83.81,{"$f":"ROUND(I572*H572,2)","v":{"v":1184.91,"d":"1,184.91"}},"CS ÚRS 2025 01",null,"","základní",null,{"$f":"O572*H572","v":{"v":0,"d":"0.00000"}},{"v":0.0002754,"d":"0.00028"},{"$f":"Q572*H572","v":{"v":0.0038936052,"d":"0.00389"}},{"v":0,"d":"0.00000"},{"$f":"S572*H572","v":{"v":0,"d":"0.00000"}},{"$nulls":23},"16",null,"K","2",{"$nulls":3},"ROZPOCET",{"$nulls":5},{"$f":"IF(N572=\"základní\",J572,0)","v":{"v":1184.91,"d":"1,184.91"}},{"$f":"IF(N572=\"snížená\",J572,0)","v":{"v":0,"d":"0.00"}},{"$f":"IF(N572=\"zákl. přenesená\",J572,0)","v":{"v":0,"d":"0.00"}},{"$f":"IF(N572=\"sníž. přenesená\",J572,0)","v":{"v":0,"d":"0.00"}},{"$f":"IF(N572=\"nulová\",J572,0)","v":{"v":0,"d":"0.00"}},"1",{"$f":"ROUND(I572*H572,2)","v":{"v":1184.91,"d":"1,184.91"}},"16","1198252868"]
[{"$nulls":3},"Online PSC",null,"https://podminky.urs.cz/item/CS_URS_2025_01/784211121",{"$nulls":39},"Online PSC","2"]
[{"$nulls":3},"D","VRN","Vedlejší rozpočtové náklady",{"$nulls":3},{"$f":"BK574","v":{"v":3060.62,"d":"3,060.62"}},{"$nulls":5},{"$f":"P575","v":{"v":0,"d":"0.00000"}},null,{"$f":"R575","v":{"v":0,"d":"0.00000"}},null,{"$f":"T575","v":{"v":0,"d":"0.00000"}},{"$nulls":23},"5",null,"D","0",{"$nulls":3},"ROZPOCET",{"$nulls":11},{"$f":"BK575","v":{"v":3060.62,"d":"3,060.62"}}]
[{"$nulls":3},"D","VRN4","Inženýrská činnost",{"$nulls":3},{"$f":"BK575","v":{"v":3060.62,"d":"3,060.62"}},{"$nulls":5},{"$f":"SUM(P576:P577)","v":{"v":0,"d":"0.00000"}},null,{"$f":"SUM(R576:R577)","v":{"v":0,"d":"0.00000"}},null,{"$f":"SUM(T576:T577)","v":{"v":0,"d":"0.00000"}},{"$nulls":23},"5",null,"D","1",{"$nulls":3},"ROZPOCET",{"$nulls":11},{"$f":"SUM(BK576:BK577)","v":{"v":3060.62,"d":"3,060.62"}}]
[null,null,"124","K","043203003","Rozbor vody zkrácený z umyvadla","soubor",{"v":1,"d":"1.000"},{"v":3060.62,"d":"3,060.62"},{"$f":"ROUND(I576*H576,2)","v":{"v":3060.62,"d":"3,060.62"}},"CS ÚRS 2025 01",null,"","základní",null,{"$f":"O576*H576","v":{"v":0,"d":"0.00000"}},{"v":0,"d":"0.00000"},{"$f":"Q576*H576","v":{"v":0,"d":"0.00000"}},{"v":0,"d":"0.00000"},{"$f":"S576*H576","v":{"v":0,"d":"0.00000"}},{"$nulls":23},"1024",null,"K","2",{"$nulls":3},"ROZPOCET",{"$nulls":5},{"$f":"IF(N576=\"základní\",J576,0)","v":{"v":3060.62,"d":"3,060.62"}},{"$f":"IF(N576=\"snížená\",J576,0)","v":{"v":0,"d":"0.00"}},{"$f":"IF(N576=\"zákl. přenesená\",J576,0)","v":{"v":0,"d":"0.00"}},{"$f":"IF(N576=\"sníž. přenesená\",J576,0)","v":{"v":0,"d":"0.00"}},{"$f":"IF(N576=\"nulová\",J576,0)","v":{"v":0,"d":"0.00"}},"1",{"$f":"ROUND(I576*H576,2)","v":{"v":3060.62,"d":"3,060.62"}},"1024","-844301074"]
[{"$nulls":3},"Online PSC",null,"https://podminky.urs.cz/item/CS_URS_2025_01/043203003",{"$nulls":39},"Online PSC","2"]

{"sheet":"06 - 6.NP - č. 629 - Koup...","index":6,"n_rows":577,"n_cols":65,"rows_kept":577,"merged":[[1,11,1,21],[6,4,6,7],[8,4,8,7],[17,4,17,7],[26,4,26,7],[47,4,47,7],[49,4,49,7],[88,4,88,7],[90,4,90,7]]}
[]
[{"$nulls":45},"{8c8092fd-35d6-4c98-8501-18b16538dec8}"]
[{"$nulls":45},"2"]
[{"$nulls":3},"KRYCÍ LIST SOUPISU PRACÍ",{"$nulls":8},"v ---  níže se nacházejí doplnkové a pomocné údaje k sestavám  --- v",{"$nulls":32},"False"]
[]
[{"$nulls":3},"Stavba:"]
[{"$nulls":4},{"$f":"'Rekapitulace stavby'!K6","v":"Rekonstrukce hygienických prostor ISŠT, Benešov, Černoleská 1997"}]
[{"$nulls":3},"Objekt:"]
[{"$nulls":4},"06 - 6.NP - č. 629 - Koupelna typ B"]
[]
[{"$nulls":3},"KSO:",null,"",null,null,"CC-CZ:",""]
[{"$nulls":3},"Místo:",null,"Benešov, Černoleská 1997",null,null,"Datum:",{"$f":"'Rekapitulace stavby'!AN8","v":"2025-08-11"}]
[]
[{"$nulls":3},"Zadavatel:",{"$nulls":4},"IČ:","18620442"]
[{"$nulls":4},"Integrovaná střední škola technická",{"$nulls":3},"DIČ:",""]
[]
[{"$nulls":3},"Účastník:",{"$nulls":4},"IČ:",{"$f":"'Rekapitulace stavby'!AN13","v":"24832898"}]
[{"$nulls":4},{"$f":"'Rekapitulace stavby'!E14","v":"OTISTAV s.r.o."},{"$nulls":3},"DIČ:",{"$f":"'Rekapitulace stavby'!AN14","v":"CZ24832898"}]
[]
[{"$nulls":3},"Projektant:",{"$nulls":4},"IČ:",""]
[{"$nulls":4},"Ing. arch. Ondřej Lovíšek",{"$nulls":3},"DIČ:",""]
[]
[{"$nulls":3},"Zpracovatel:",{"$nulls":4},"IČ:",{"$f":"IF('Rekapitulace stavby'!AN19=\"\",\"\",'Rekapitulace stavby'!AN19)","v":""}]
[{"$nulls":4},{"$f":"IF('Rekapitulace stavby'!E20=\"\",\"\",'Rekapitulace stavby'!E20)","v":" "},{"$nulls":3},"DIČ:",{"$f":"IF('Rekapitulace stavby'!AN20=\"\",\"\",'Rekapitulace stavby'!AN20)","v":""}]
[]
[{"$nulls":3},"Poznámka:"]
[{"$nulls":4},""]
[]
[]
[{"$nulls":3},"Cena bez DPH",{"$nulls":5},{"$f":"ROUND(J99, 2)","v":{"v":188318.82,"d":"188,318.82"}}]
[]
[{"$nulls":5},"Základ daně",null,null,"Sazba daně","Výše daně"]
[{"$nulls":3},"DPH","základní",{"$f":"ROUND((SUM(BE99:BE577)),  2)","v":{"v":188318.82,"d":"188,318.82"}},null,null,{"v":0.21,"d":"21.00%"},{"$f":"ROUND(((SUM(BE99:BE577))*I33),  2)","v":{"v":39546.95,"d":"39,546.95"}}]
[{"$nulls":4},"snížená",{"$f":"ROUND((SUM(BF99:BF577)),  2)","v":{"v":0,"d":"0.00"}},null,null,{"v":0.12,"d":"12.00%"},{"$f":"ROUND(((SUM(BF99:BF577))*I34),  2)","v":{"v":0,"d":"0.00"}}]
[{"$nulls":4},"zákl. přenesená",{"$f":"ROUND((SUM(BG99:BG577)),  2)","v":{"v":0,"d":"0.00"}},null,null,{"v":0.21,"d":"21.00%"},{"$f":"0","v":{"v":0,"d":"0.00"}}]
[{"$nulls":4},"sníž. přenesená",{"$f":"ROUND((SUM(BH99:BH577)),  2)","v":{"v":0,"d":"0.00"}},null,null,{"v":0.12,"d":"12.00%"},{"$f":"0","v":{"v":0,"d":"0.00"}}]
[{"$nulls":4},"nulová",{"$f":"ROUND((SUM(BI99:BI577)),  2)","v":{"v":0,"d":"0.00"}},null,null,{"v":0,"d":"0.00%"},{"$f":"0","v":{"v":0,"d":"0.00"}}]
[]
[{"$nulls":3},"Cena s DPH",null,null,"v","CZK",null,{"$f":"SUM(J30:J37)","v":{"v":227865.77000000002,"d":"227,865.77"}}]
[]
[]
[]
[]
[]
[null,null,"REKAPITULACE ČLENĚNÍ SOUPISU PRACÍ"]
[]
[null,null,"Stavba:"]
[{"$nulls":4},{"$f":"E7","v":"Rekonstrukce hygienických prostor ISŠT, Benešov, Černoleská 1997"}]
[null,null,"Objekt:"]
[{"$nulls":4},{"$f":"E9","v":"06 - 6.NP - č. 629 - Koupelna typ B"}]
[]
[null,null,"Místo:",null,null,{"$f":"F12","v":"Benešov, Černoleská 1997"},null,null,"Datum:",{"$f":"IF(J12=\"\",\"\",J12)","v":"2025-08-11"}]
[]
[null,null,"Zadavatel:",null,null,{"$f":"E15","v":"Integrovaná střední škola technická"},null,null,"Projektant:",{"$f":"E21","v":"Ing. arch. Ondřej Lovíšek"}]
[null,null,"Účastník:",null,null,{"$f":"IF(E18=\"\",\"\",E18)","v":"OTISTAV s.r.o."},null,null,"Zpracovatel:",{"$f":"E24","v":" "}]
[]
[null,null,"Kód dílu - Popis",{"$nulls":6},"Cena celkem [CZK]"]
[]
[null,null,"Náklady stavby celkem",{"$nulls":6},{"$f":"J99","v":{"v":188318.82,"d":"188,318.82"}},{"$nulls":36},"-1"]
[{"$nulls":3},"HSV - Práce a dodávky HSV",{"$nulls":5},{"$f":"J100","v":{"v":64595.37000000001,"d":"64,595.37"}}]
[{"$nulls":3},"    6 - Úpravy povrchů, podlahy a osazování výplní",{"$nulls":5},{"$f":"J101","v":{"v":38726.520000000004,"d":"38,726.52"}}]
[{"$nulls":3},"    9 - Ostatní konstrukce a práce, bourání",{"$nulls":5},{"$f":"J158","v":{"v":15672.980000000001,"d":"15,672.98"}}]
[{"$nulls":3},"    997 - Přesun sutě",{"$nulls":5},{"$f":"J216","v":{"v":6673.009999999999,"d":"6,673.01"}}]
[{"$nulls":3},"    998 - Přesun hmot",{"$nulls":5},{"$f":"J228","v":{"v":3522.86,"d":"3,522.86"}}]
[{"$nulls":3},"PSV - Práce a dodávky PSV",{"$nulls":5},{"$f":"J231","v":{"v":120662.83,"d":"120,662.83"}}]
[{"$nulls":3},"    721 - Zdravotechnika - vnitřní kanalizace",{"$nulls":5},{"$f":"J232","v":{"v":6827.78,"d":"6,827.78"}}]
[{"$nulls":3},"    722 - Zdravotechnika - vnitřní vodovod",{"$nulls":5},{"$f":"J257","v":{"v":7628.460000000001,"d":"7,628.46"}}]
[{"$nulls":3},"    725 - Zdravotechnika - zařizovací předměty",{"$nulls":5},{"$f":"J273","v":{"v":34615.7,"d":"34,615.70"}}]
[{"$nulls":3},"    741 - Elektroinstalace - silnoproud",{"$nulls":5},{"$f":"J314","v":{"v":6690.61,"d":"6,690.61"}}]
[{"$nulls":3},"    751 - Vzduchotechnika",{"$nulls":5},{"$f":"J366","v":{"v":1391.25,"d":"1,391.25"}}]
[{"$nulls":3},"    763 - Konstrukce suché výstavby",{"$nulls":5},{"$f":"J383","v":{"v":1486.28,"d":"1,486.28"}}]
[{"$nulls":3},"    766 - Konstrukce truhlářské",{"$nulls":5},{"$f":"J390","v":{"v":12137.230000000001,"d":"12,137.23"}}]
[{"$nulls":3},"    767 - Konstrukce zámečnické",{"$nulls":5},{"$f":"J437","v":{"v":1144.53,"d":"1,144.53"}}]
[{"$nulls":3},"    771 - Podlahy z dlaždic",{"$nulls":5},{"$f":"J451","v":{"v":13658.140000000001,"d":"13,658.14"}}]
[{"$nulls":3},"    781 - Dokončovací práce - obklady",{"$nulls":5},{"$f":"J505","v":{"v":31430.96,"d":"31,430.96"}}]
[{"$nulls":3},"    783 - Dokončovací práce - nátěry",{"$nulls":5},{"$f":"J542","v":{"v":1827.94,"d":"1,827.94"}}]
[{"$nulls":3},"    784 - Dokončovací práce - malby a tapety",{"$nulls":5},{"$f":"J559","v":{"v":1823.95,"d":"1,823.95"}}]
[{"$nulls":3},"VRN - Vedlejší rozpočtové náklady",{"$nulls":5},{"$f":"J574","v":{"v":3060.62,"d":"3,060.62"}}]
[{"$nulls":3},"    VRN4 - Inženýrská činnost",{"$nulls":5},{"$f":"J575","v":{"v":3060.62,"d":"3,060.62"}}]
[]
[]
[]
[]
[]
[]
[null,null,"SOUPIS PRACÍ"]
[]
[null,null,"Stavba:"]
[{"$nulls":4},{"$f":"E7","v":"Rekonstrukce hygienických prostor ISŠT, Benešov, Černoleská 1997"}]
[null,null,"Objekt:"]
[{"$nulls":4},{"$f":"E9","v":"06 - 6.NP - č. 629 - Koupelna typ B"}]
[]
[null,null,"Místo:",null,null,{"$f":"F12","v":"Benešov, Černoleská 1997"},null,null,"Datum:",{"$f":"IF(J12=\"\",\"\",J12)","v":"2025-08-11"}]
[]
[null,null,"Zadavatel:",null,null,{"$f":"E15","v":"Integrovaná střední škola technická"},null,null,"Projektant:",{"$f":"E21","v":"Ing. arch. Ondřej Lovíšek"}]
[null,null,"Účastník:",null,null,{"$f":"IF(E18=\"\",\"\",E18)","v":"OTISTAV s.r.o."},null,null,"Zpracovatel:",{"$f":"E24","v":" "}]
[]
[null,null,"PČ","Typ","Kód","Popis","MJ","Množství","J.cena [CZK]","Cena celkem [CZK]","Cenová soustava",null,"","DPH","J. Nh [h]","Nh celkem [h]","J. hmotnost [t]","Hmotnost celkem [t]","J. suť [t]","Suť Celkem [t]"]
[null,null,"Náklady soupisu celkem",{"$nulls":6},{"$f":"BK99","v":{"v":188318.82,"d":"188,318.82"}},{"$nulls":5},{"$f":"P100+P231+P574","v":{"v":0,"d":"0.00000"}},null,{"$f":"R100+R231+R574","v":{"v":3.5393803351999997,"d":"3.53938"}},null,{"$f":"T100+T231+T574","v":{"v":2.5308450000000002,"d":"2.53085"}},{"$nulls":25},"D","-1",{"$nulls":15},{"$f":"BK100+BK231+BK574","v":{"v":188318.82,"d":"188,318.82"}}]
[{"$nulls":3},"D","HSV","Práce a dodávky HSV",{"$nulls":3},{"$f":"BK100","v":{"v":64595.37000000001,"d":"64,595.37"}},{"$nulls":5},{"$f":"P101+P158+P216+P228","v":{"v":0,"d":"0.00000"}},null,{"$f":"R101+R158+R216+R228","v":{"v":2.77128593,"d":"2.77129"}},null,{"$f":"T101+T158+T216+T228","v":{"v":2.4029550000000004,"d":"2.40296"}},{"$nulls":23},"1",null,"D","0",{"$nulls":3},"ROZPOCET",{"$nulls":11},{"$f":"BK101+BK158+BK216+BK228","v":{"v":64595.37000000001,"d":"64,595.37"}}]
[{"$nulls":3},"D","6","Úpravy povrchů, podlahy a osazování výplní",{"$nulls":3},{"$f":"BK101","v":{"v":38726.520000000004,"d":"38,726.52"}},{"$nulls":5},{"$f":"SUM(P102:P157)","v":{"v":0,"d":"0.00000"}},null,{"$f":"SUM(R102:R157)","v":{"v":2.77083692,"d":"2.77084"}},null,{"$f":"SUM(T102:T157)","v":{"v":0,"d":"0.00000"}},{"$nulls":23},"1",null,"D","1",{"$nulls":3},"ROZPOCET",{"$nulls":11},{"$f":"SUM(BK102:BK157)","v":{"v":38726.520000000004,"d":"38,726.52"}}]
[null,null,"1","K","612135101","Hrubá výplň rýh maltou jakékoli šířky rýhy ve stěnách","m2",{"v":3,"d":"3.000"},{"v":706.3,"d":"706.30"},{"$f":"ROUND(I102*H102,2)","v":{"v":2118.9,"d":"2,118.90"}},"CS ÚRS 2025 01",null,"","základní",null,{"$f":"O102*H102","v":{"v":0,"d":"0.00000"}},{"v":0.056,"d":"0.05600"},{"$f":"Q102*H102","v":{"v":0.168,"d":"0.16800"}},{"v":0,"d":"0.00000"},{"$f":"S102*H102","v":{"v":0,"d":"0.00000"}},{"$nulls":23},"4",null,"K","2",{"$nulls":3},"ROZPOCET",{"$nulls":5},{"$f":"IF(N102=\"základní\",J102,0)","v":{"v":2118.9,"d":"2,118.90"}},{"$f":"IF(N102=\"snížená\",J102,0)","v":{"v":0,"d":"0.00"}},{"$f":"IF(N102=\"zákl. přenesená\",J102,0)","v":{"v":0,"d":"0.00"}},{"$f":"IF(N102=\"sníž. přenesená\",J102,0)","v":{"v":0,"d":"0.00"}},{"$f":"IF(N102=\"nulová\",J102,0)","v":{"v":0,"d":"0.00"}},"1",{"$f":"ROUND(I102*H102,2)","v":{"v":2118.9,"d":"2,118.90"}},"4","-1289229463"]
[{"$nulls":3},"Online PSC",null,"https://podminky.urs.cz/item/CS_URS_2025_01/612135101",{"$nulls":39},"Online PSC","2"]
[{"$nulls":3},"VV","","\"zapravení rýh ve zdivu po rozvodech vody, kanalizace\"",null,"",{"$nulls":37},"VV","2","1","True","0","ROZPOCET"]
[{"$nulls":3},"VV","","10*0,3",null,{"v":3,"d":"3.000"},{"$nulls":37},"VV","2","2","True","1","ROZPOCET"]
[null,null,"2","K","611142001","Pletivo vnitřních ploch v ploše nebo pruzích, na plném podkladu sklovláknité vtlačené do tmelu včetně tmelu stropů","m2",3.377,291.94,{"$f":"ROUND(I106*H106,2)","v":985.88},"CS ÚRS 2025 01",null,"","základní",null,{"$f":"O106*H106","v":{"v":0,"d":"0.00000"}},0.00438,{"$f":"Q106*H106","v":{"v":0.01479126,"d":"0.01479"}},{"v":0,"d":"0.00000"},{"$f":"S106*H106","v":{"v":0,"d":"0.00000"}},{"$nulls":23},"4",null,"K","2",{"$nulls":3},"ROZPOCET",{"$nulls":5},{"$f":"IF(N106=\"základní\",J106,0)","v":985.88},{"$f":"IF(N106=\"snížená\",J106,0)","v":{"v":0,"d":"0.00"}},{"$f":"IF(N106=\"zákl. přenesená\",J106,0)","v":{"v":0,"d":"0.00"}},{"$f":"IF(N106=\"sníž. přenesená\",J106,0)","v":{"v":0,"d":"0.00"}},{"$f":"IF(N106=\"nulová\",J106,0)","v":{"v":0,"d":"0.00"}},"1",{"$f":"ROUND(I106*H106,2)","v":985.88},"4","1575989164"]
[{"$nulls":3},"Online PSC",null,"https://podminky.urs.cz/item/CS_URS_2025_01/611142001",{"$nulls":39},"Online PSC","2"]
[{"$nulls":3},"VV","","\"prostor umyvadel\"",null,"",{"$nulls":37},"VV","2","1","True","0","ROZPOCET"]
[{"$nulls":3},"VV","","1,42*0,82",null,1.164,{"$nulls":37},"VV","2","2","True","0","ROZPOCET"]
[{"$nulls":3},"VV","","\"sprcha\"",null,"",{"$nulls":37},"VV","2","1","True","0","ROZPOCET"]
[{"$nulls":3},"VV","","1,42*0,9",null,1.278,{"$nulls":37},"VV","2","2","True","0","ROZPOCET"]
[{"$nulls":3},"VV","","\"WC\"",null,"",{"$nulls":37},"VV","2","1","True","0","ROZPOCET"]
[{"$nulls":3},"VV","","0,82*1,14",null,0.935,{"$nulls":37},"VV","2","2","True","0","ROZPOCET"]
[{"$nulls":3},"VV","","Součet",null,3.377,{"$nulls":37},"VV","2","4","True","1","ROZPOCET"]
[null,null,"3","K","611131121","Podkladní a spojovací vrstva vnitřních omítaných ploch penetrace disperzní nanášená ručně stropů","m2",3.377,55.56,{"$f":"ROUND(I115*H115,2)","v":187.63},"CS ÚRS 2025 01",null,"","základní",null,{"$f":"O115*H115","v":{"v":0,"d":"0.00000"}},0.00026,{"$f":"Q115*H115","v":{"v":8.7801999999999986E-4,"d":"0.00088"}},{"v":0,"d":"0.00000"},{"$f":"S115*H115","v":{"v":0,"d":"0.00000"}},{"$nulls":23},"4",null,"K","2",{"$nulls":3},"ROZPOCET",{"$nulls":5},{"$f":"IF(N115=\"základní\",J115,0)","v":187.63},{"$f":"IF(N115=\"snížená\",J115,0)","v":{"v":0,"d":"0.00"}},{"$f":"IF(N115=\"zákl. přenesená\",J115,0)","v":{"v":0,"d":"0.00"}},{"$f":"IF(N115=\"sníž. přenesená\",J115,0)","v":{"v":0,"d":"0.00"}},{"$f":"IF(N115=\"nulová\",J115,0)","v":{"v":0,"d":"0.00"}},"1",{"$f":"ROUND(I115*H115,2)","v":187.63},"4","-58793847"]
[{"$nulls":3},"Online PSC",null,"https://podminky.urs.cz/item/CS_URS_2025_01/611131121",{"$nulls":39},"Online PSC","2"]
[null,null,"4","K","611321141","Omítka vápenocementová vnitřních ploch nanášená ručně dvouvrstvá, tloušťky jádrové omítky do 10 mm a tloušťky štuku do 3 mm štuková vodorovných konstrukcí stropů rovných","m2",3.377,602.71,{"$f":"ROUND(I117*H117,2)","v":{"v":2035.35,"d":"2,035.35"}},"CS ÚRS 2025 01",null,"","základní",null,{"$f":"O117*H117","v":{"v":0,"d":"0.00000"}},0.01838,{"$f":"Q117*H117","v":{"v":0.06206926,"d":"0.06207"}},{"v":0,"d":"0.00000"},{"$f":"S117*H117","v":{"v":0,"d":"0.00000"}},{"$nulls":23},"4",null,"K","2",{"$nulls":3},"ROZPOCET",{"$nulls":5},{"$f":"IF(N117=\"základní\",J117,0)","v":{"v":2035.35,"d":"2,035.35"}},{"$f":"IF(N117=\"snížená\",J117,0)","v":{"v":0,"d":"0.00"}},{"$f":"IF(N117=\"zákl. přenesená\",J117,0)","v":{"v":0,"d":"0.00"}},{"$f":"IF(N117=\"sníž. přenesená\",J117,0)","v":{"v":0,"d":"0.00"}},{"$f":"IF(N117=\"nulová\",J117,0)","v":{"v":0,"d":"0.00"}},"1",{"$f":"ROUND(I117*H117,2)","v":{"v":2035.35,"d":"2,035.35"}},"4","1864216325"]
[{"$nulls":3},"Online PSC",null,"https://podminky.urs.cz/item/CS_URS_2025_01/611321141",{"$nulls":39},"Online PSC","2"]
[null,null,"5","K","612135001","Vyrovnání podkladu vnitřních stěn maltou vápenocementovou tl do 10 mm","m2",26.715,{"v":273.1,"d":"273.10"},{"$f":"ROUND(I119*H119,2)","v":{"v":7295.87,"d":"7,295.87"}},"CS ÚRS 2025 01",null,"","základní",null,{"$f":"O119*H119","v":{"v":0,"d":"0.00000"}},0.02048,{"$f":"Q119*H119","v":{"v":0.5471232,"d":"0.54712"}},{"v":0,"d":"0.00000"},{"$f":"S119*H119","v":{"v":0,"d":"0.00000"}},{"$nulls":23},"4",null,"K","2",{"$nulls":3},"ROZPOCET",{"$nulls":5},{"$f":"IF(N119=\"základní\",J119,0)","v":{"v":7295.87,"d":"7,295.87"}},{"$f":"IF(N119=\"snížená\",J119,0)","v":{"v":0,"d":"0.00"}},{"$f":"IF(N119=\"zákl. přenesená\",J119,0)","v":{"v":0,"d":"0.00"}},{"$f":"IF(N119=\"sníž. přenesená\",J119,0)","v":{"v":0,"d":"0.00"}},{"$f":"IF(N119=\"nulová\",J119,0)","v":{"v":0,"d":"0.00"}},"1",{"$f":"ROUND(I119*H119,2)","v":{"v":7295.87,"d":"7,295.87"}},"4","-558823241"]
[{"$nulls":3},"Online PSC",null,"https://podminky.urs.cz/item/CS_URS_2025_01/612135001",{"$nulls":39},"Online PSC","2"]
[{"$nulls":3},"VV","","\"místy nutné vyrovnání stěn až 5cm, vyrovnání v celé ploše i v místech obkladů\"",null,"",{"$nulls":37},"VV","2","1","True","0","ROZPOCET"]
[{"$nulls":3},"VV","","\"prostor umyvadel\"",null,"",{"$nulls":37},"VV","2","1","True","0","ROZPOCET"]
[{"$nulls":3},"VV","","(1,42+0,82*2)*2,54",null,7.772,{"$nulls":37},"VV","2","2","True","0","ROZPOCET"]
[{"$nulls":3},"VV","","\"sprcha\"",null,"",{"$nulls":37},"VV","2","1","True","0","ROZPOCET"]
[{"$nulls":3},"VV","","(1,42*2+0,9*2)*2,54-(0,7*2)",null,10.386,{"$nulls":37},"VV","2","2","True","0","ROZPOCET"]
[{"$nulls":3},"VV","","\"WC\"",null,"",{"$nulls":37},"VV","2","1","True","0","ROZPOCET"]
[{"$nulls":3},"VV","","(0,82*2+1,14*2)*2,54-(0,7*2)",null,8.557,{"$nulls":37},"VV","2","2","True","0","ROZPOCET"]
[{"$nulls":3},"VV","","Součet",null,26.715,{"$nulls":37},"VV","2","4","True","1","ROZPOCET"]
[null,null,"6","K","612135091","Vyrovnání nerovností podkladu vnitřních omítaných ploch Příplatek k ceně za každých dalších 5 mm tloušťky podkladní vrstvy přes 10 mm maltou vápenocementovou stěn","m2",213.718,55.56,{"$f":"ROUND(I129*H129,2)","v":{"v":11874.17,"d":"11,874.17"}},"CS ÚRS 2025 01",null,"","základní",null,{"$f":"O129*H129","v":{"v":0,"d":"0.00000"}},{"v":0.0079,"d":"0.00790"},{"$f":"Q129*H129","v":{"v":1.6883722,"d":"1.68837"}},{"v":0,"d":"0.00000"},{"$f":"S129*H129","v":{"v":0,"d":"0.00000"}},{"$nulls":23},"4",null,"K","2",{"$nulls":3},"ROZPOCET",{"$nulls":5},{"$f":"IF(N129=\"základní\",J129,0)","v":{"v":11874.17,"d":"11,874.17"}},{"$f":"IF(N129=\"snížená\",J129,0)","v":{"v":0,"d":"0.00"}},{"$f":"IF(N129=\"zákl. přenesená\",J129,0)","v":{"v":0,"d":"0.00"}},{"$f":"IF(N129=\"sníž. přenesená\",J129,0)","v":{"v":0,"d":"0.00"}},{"$f":"IF(N129=\"nulová\",J129,0)","v":{"v":0,"d":"0.00"}},"1",{"$f":"ROUND(I129*H129,2)","v":{"v":11874.17,"d":"11,874.17"}},"4","2051524646"]
[{"$nulls":3},"Online PSC",null,"https://podminky.urs.cz/item/CS_URS_2025_01/612135091",{"$nulls":39},"Online PSC","2"]
[{"$nulls":3},"VV","","\"místy nutné vyrovnání stěn až 5cm, vyrovnání v celé ploše i v místech obkladů\"",null,"",{"$nulls":37},"VV","2","1","True","0","ROZPOCET"]
[{"$nulls":3},"VV","","\"prostor umyvadel\"",null,"",{"$nulls":37},"VV","2","1","True","0","ROZPOCET"]
[{"$nulls":3},"VV","","(1,42+0,82*2)*2,54*8",null,62.179,{"$nulls":37},"VV","2","2","True","0","ROZPOCET"]
[{"$nulls":3},"VV","","\"sprcha\"",null,"",{"$nulls":37},"VV","2","1","True","0","ROZPOCET"]
[{"$nulls":3},"VV","","((1,42*2+0,9*2)*2,54-(0,7*2))*8",null,83.085,{"$nulls":37},"VV","2","2","True","0","ROZPOCET"]
[{"$nulls":3},"VV","","\"WC\"",null,"",{"$nulls":37},"VV","2","1","True","0","ROZPOCET"]
[{"$nulls":3},"VV","","((0,82*2+1,14*2)*2,54-(0,7*2))*8",null,68.454,{"$nulls":37},"VV","2","2","True","0","ROZPOCET"]
[{"$nulls":3},"VV","","Součet",null,213.718,{"$nulls":37},"VV","2","4","True","1","ROZPOCET"]
[null,null,"7","K","612142001","Pletivo vnitřních ploch v ploše nebo pruzích, na plném podkladu sklovláknité vtlačené do tmelu včetně tmelu stěn","m2",26.715,291.94,{"$f":"ROUND(I139*H139,2)","v":{"v":7799.18,"d":"7,799.18"}},"CS ÚRS 2025 01",null,"","základní",null,{"$f":"O139*H139","v":{"v":0,"d":"0.00000"}},0.00438,{"$f":"Q139*H139","v":{"v":0.11701170000000001,"d":"0.11701"}},{"v":0,"d":"0.00000"},{"$f":"S139*H139","v":{"v":0,"d":"0.00000"}},{"$nulls":23},"4",null,"K","2",{"$nulls":3},"ROZPOCET",{"$nulls":5},{"$f":"IF(N139=\"základní\",J139,0)","v":{"v":7799.18,"d":"7,799.18"}},{"$f":"IF(N139=\"snížená\",J139,0)","v":{"v":0,"d":"0.00"}},{"$f":"IF(N139=\"zákl. přenesená\",J139,0)","v":{"v":0,"d":"0.00"}},{"$f":"IF(N139=\"sníž. přenesená\",J139,0)","v":{"v":0,"d":"0.00"}},{"$f":"IF(N139=\"nulová\",J139,0)","v":{"v":0,"d":"0.00"}},"1",{"$f":"ROUND(I139*H139,2)","v":{"v":7799.18,"d":"7,799.18"}},"4","332087584"]
[{"$nulls":3},"Online PSC",null,"https://podminky.urs.cz/item/CS_URS_2025_01/612142001",{"$nulls":39},"Online PSC","2"]
[null,null,"8","K","612131121","Podkladní a spojovací vrstva vnitřních omítaných ploch penetrace disperzní nanášená ručně stěn","m2",9.227,55.56,{"$f":"ROUND(I141*H141,2)","v":512.65},"CS ÚRS 2025 01",null,"","základní",null,{"$f":"O141*H141","v":{"v":0,"d":"0.00000"}},0.00026,{"$f":"Q141*H141","v":{"v":2.39902E-3,"d":"0.00240"}},{"v":0,"d":"0.00000"},{"$f":"S141*H141","v":{"v":0,"d":"0.00000"}},{"$nulls":23},"4",null,"K","2",{"$nulls":3},"ROZPOCET",{"$nulls":5},{"$f":"IF(N141=\"základní\",J141,0)","v":512.65},{"$f":"IF(N141=\"snížená\",J141,0)","v":{"v":0,"d":"0.00"}},{"$f":"IF(N141=\"zákl. přenesená\",J141,0)","v":{"v":0,"d":"0.00"}},{"$f":"IF(N141=\"sníž. přenesená\",J141,0)","v":{"v":0,"d":"0.00"}},{"$f":"IF(N141=\"nulová\",J141,0)","v":{"v":0,"d":"0.00"}},"1",{"$f":"ROUND(I141*H141,2)","v":512.65},"4","1054322622"]
[{"$nulls":3},"Online PSC",null,"https://podminky.urs.cz/item/CS_URS_2025_01/612131121",{"$nulls":39},"Online PSC","2"]
[{"$nulls":3},"VV","","\"v místech mimo obklad\"",null,"",{"$nulls":37},"VV","2","1","True","0","ROZPOCET"]
[{"$nulls":3},"VV","","\"prostor umyvadel\"",null,"",{"$nulls":37},"VV","2","1","True","0","ROZPOCET"]
[{"$nulls":3},"VV","","(1,42+0,82*2)*(2,54-1,53)",null,3.091,{"$nulls":37},"VV","2","2","True","0","ROZPOCET"]
[{"$nulls":3},"VV","","\"sprcha\"",null,"",{"$nulls":37},"VV","2","1","True","0","ROZPOCET"]
[{"$nulls":3},"VV","","(1,42*2+0,9*2)*(2,54-2)",null,2.506,{"$nulls":37},"VV","2","2","True","0","ROZPOCET"]
[{"$nulls":3},"VV","","\"WC\"",null,"",{"$nulls":37},"VV","2","1","True","0","ROZPOCET"]
[{"$nulls":3},"VV","","(0,82*2+1,14*2)*(2,54-1,53)-(0,7*0,47)",null,{"v":3.63,"d":"3.630"},{"$nulls":37},"VV","2","2","True","0","ROZPOCET"]
[{"$nulls":3},"VV","","Součet",null,9.227,{"$nulls":37},"VV","2","4","True","1","ROZPOCET"]
[null,null,"9","K","612321141","Omítka vápenocementová vnitřních ploch nanášená ručně dvouvrstvá, tloušťky jádrové omítky do 10 mm a tloušťky štuku do 3 mm štuková svislých konstrukcí stěn","m2",9.227,602.71,{"$f":"ROUND(I151*H151,2)","v":{"v":5561.21,"d":"5,561.21"}},"CS ÚRS 2025 01",null,"","základní",null,{"$f":"O151*H151","v":{"v":0,"d":"0.00000"}},0.01838,{"$f":"Q151*H151","v":{"v":0.16959226000000002,"d":"0.16959"}},{"v":0,"d":"0.00000"},{"$f":"S151*H151","v":{"v":0,"d":"0.00000"}},{"$nulls":23},"4",null,"K","2",{"$nulls":3},"ROZPOCET",{"$nulls":5},{"$f":"IF(N151=\"základní\",J151,0)","v":{"v":5561.21,"d":"5,561.21"}},{"$f":"IF(N151=\"snížená\",J151,0)","v":{"v":0,"d":"0.00"}},{"$f":"IF(N151=\"zákl. přenesená\",J151,0)","v":{"v":0,"d":"0.00"}},{"$f":"IF(N151=\"sníž. přenesená\",J151,0)","v":{"v":0,"d":"0.00"}},{"$f":"IF(N151=\"nulová\",J151,0)","v":{"v":0,"d":"0.00"}},"1",{"$f":"ROUND(I151*H151,2)","v":{"v":5561.21,"d":"5,561.21"}},"4","-896685535"]
[{"$nulls":3},"Online PSC",null,"https://podminky.urs.cz/item/CS_URS_2025_01/612321141",{"$nulls":39},"Online PSC","2"]
[null,null,"10","K","622143003","Montáž omítkových profilů plastových, pozinkovaných nebo dřevěných upevněných vtlačením do podkladní vrstvy nebo přibitím rohových s tkaninou","m",{"v":5.08,"d":"5.080"},55.56,{"$f":"ROUND(I153*H153,2)","v":282.24},"CS ÚRS 2025 01",null,"","základní",null,{"$f":"O153*H153","v":{"v":0,"d":"0.00000"}},{"v":0,"d":"0.00000"},{"$f":"Q153*H153","v":{"v":0,"d":"0.00000"}},{"v":0,"d":"0.00000"},{"$f":"S153*H153","v":{"v":0,"d":"0.00000"}},{"$nulls":23},"4",null,"K","2",{"$nulls":3},"ROZPOCET",{"$nulls":5},{"$f":"IF(N153=\"základní\",J153,0)","v":282.24},{"$f":"IF(N153=\"snížená\",J153,0)","v":{"v":0,"d":"0.00"}},{"$f":"IF(N153=\"zákl. přenesená\",J153,0)","v":{"v":0,"d":"0.00"}},{"$f":"IF(N153=\"sníž. přenesená\",J153,0)","v":{"v":0,"d":"0.00"}},{"$f":"IF(N153=\"nulová\",J153,0)","v":{"v":0,"d":"0.00"}},"1",{"$f":"ROUND(I153*H153,2)","v":282.24},"4","-1082416522"]
[{"$nulls":3},"Online PSC",null,"https://podminky.urs.cz/item/CS_URS_2025_01/622143003",{"$nulls":39},"Online PSC","2"]
[{"$nulls":3},"VV","","\"prostor umyvadel\"",null,"",{"$nulls":37},"VV","2","1","True","0","ROZPOCET"]
[{"$nulls":3},"VV","","2,54*2",null,{"v":5.08,"d":"5.080"},{"$nulls":37},"VV","2","2","True","1","ROZPOCET"]
[null,null,"11","M","28341033","profil ukončovací PVC pro napojení různých povrchových úprav","m",{"v":6,"d":"6.000"},12.24,{"$f":"ROUND(I157*H157,2)","v":73.44},"CS ÚRS 2025 01",null,"","základní",null,{"$f":"O157*H157","v":{"v":0,"d":"0.00000"}},{"v":1E-4,"d":"0.00010"},{"$f":"Q157*H157","v":{"v":6.0000000000000006E-4,"d":"0.00060"}},{"v":0,"d":"0.00000"},{"$f":"S157*H157","v":{"v":0,"d":"0.00000"}},{"$nulls":23},"8",null,"M","2",{"$nulls":3},"ROZPOCET",{"$nulls":5},{"$f":"IF(N157=\"základní\",J157,0)","v":73.44},{"$f":"IF(N157=\"snížená\",J157,0)","v":{"v":0,"d":"0.00"}},{"$f":"IF(N157=\"zákl. přenesená\",J157,0)","v":{"v":0,"d":"0.00"}},{"$f":"IF(N157=\"sníž. přenesená\",J157,0)","v":{"v":0,"d":"0.00"}},{"$f":"IF(N157=\"nulová\",J157,0)","v":{"v":0,"d":"0.00"}},"1",{"$f":"ROUND(I157*H157,2)","v":73.44},"4","829015234"]
[{"$nulls":3},"D","9","Ostatní konstrukce a práce, bourání",{"$nulls":3},{"$f":"BK158","v":{"v":15672.980000000001,"d":"15,672.98"}},{"$nulls":5},{"$f":"SUM(P159:P215)","v":{"v":0,"d":"0.00000"}},null,{"$f":"SUM(R159:R215)","v":{"v":4.4900999999999996E-4,"d":"0.00045"}},null,{"$f":"SUM(T159:T215)","v":{"v":2.4029550000000004,"d":"2.40296"}},{"$nulls":23},"1",null,"D","1",{"$nulls":3},"ROZPOCET",{"$nulls":11},{"$f":"SUM(BK159:BK215)","v":{"v":15672.980000000001,"d":"15,672.98"}}]
[null,null,"12","K","949101111","Lešení pomocné pracovní pro objekty pozemních staveb pro zatížení do 150 kg/m2, o výšce lešeňové podlahy do 1,9 m","m2",3.377,46.14,{"$f":"ROUND(I159*H159,2)","v":155.81},"CS ÚRS 2025 01",null,"","základní",null,{"$f":"O159*H159","v":{"v":0,"d":"0.00000"}},0.00013,{"$f":"Q159*H159","v":{"v":4.3900999999999993E-4,"d":"0.00044"}},{"v":0,"d":"0.00000"},{"$f":"S159*H159","v":{"v":0,"d":"0.00000"}},{"$nulls":23},"4",null,"K","2",{"$nulls":3},"ROZPOCET",{"$nulls":5},{"$f":"IF(N159=\"základní\",J159,0)","v":155.81},{"$f":"IF(N159=\"snížená\",J159,0)","v":{"v":0,"d":"0.00"}},{"$f":"IF(N159=\"zákl. přenesená\",J159,0)","v":{"v":0,"d":"0.00"}},{"$f":"IF(N159=\"sníž. přenesená\",J159,0)","v":{"v":0,"d":"0.00"}},{"$f":"IF(N159=\"nulová\",J159,0)","v":{"v":0,"d":"0.00"}},"1",{"$f":"ROUND(I159*H159,2)","v":155.81},"4","-264864067"]
[{"$nulls":3},"Online PSC",null,"https://podminky.urs.cz/item/CS_URS_2025_01/949101111",{"$nulls":39},"Online PSC","2"]
[{"$nulls":3},"VV","","\"prostor umyvadel\"",null,"",{"$nulls":37},"VV","2","1","True","0","ROZPOCET"]
[{"$nulls":3},"VV","","1,42*0,82",null,1.164,{"$nulls":37},"VV","2","2","True","0","ROZPOCET"]
[{"$nulls":3},"VV","","\"sprcha\"",null,"",{"$nulls":37},"VV","2","1","True","0","ROZPOCET"]
[{"$nulls":3},"VV","","1,42*0,9",null,1.278,{"$nulls":37},"VV","2","2","True","0","ROZPOCET"]
[{"$nulls":3},"VV","","\"WC\"",null,"",{"$nulls":37},"VV","2","1","True","0","ROZPOCET"]
[{"$nulls":3},"VV","","0,82*1,14",null,0.935,{"$nulls":37},"VV","2","2","True","0","ROZPOCET"]
[{"$nulls":3},"VV","","Součet",null,3.377,{"$nulls":37},"VV","2","4","True","1","ROZPOCET"]
[null,null,"13","K","978059541","Odsekání obkladů stěn včetně otlučení podkladní omítky až na zdivo z obkládaček vnitřních, z jakýchkoliv materiálů, plochy přes 1 m2","m2",{"v":19.96,"d":"19.960"},226.01,{"$f":"ROUND(I168*H168,2)","v":{"v":4511.16,"d":"4,511.16"}},"CS ÚRS 2025 01",null,"","základní",null,{"$f":"O168*H168","v":{"v":0,"d":"0.00000"}},{"v":0,"d":"0.00000"},{"$f":"Q168*H168","v":{"v":0,"d":"0.00000"}},{"v":0.068,"d":"0.06800"},{"$f":"S168*H168","v":{"v":1.3572800000000003,"d":"1.35728"}},{"$nulls":23},"4",null,"K","2",{"$nulls":3},"ROZPOCET",{"$nulls":5},{"$f":"IF(N168=\"základní\",J168,0)","v":{"v":4511.16,"d":"4,511.16"}},{"$f":"IF(N168=\"snížená\",J168,0)","v":{"v":0,"d":"0.00"}},{"$f":"IF(N168=\"zákl. přenesená\",J168,0)","v":{"v":0,"d":"0.00"}},{"$f":"IF(N168=\"sníž. přenesená\",J168,0)","v":{"v":0,"d":"0.00"}},{"$f":"IF(N168=\"nulová\",J168,0)","v":{"v":0,"d":"0.00"}},"1",{"$f":"ROUND(I168*H168,2)","v":{"v":4511.16,"d":"4,511.16"}},"4","-1238564972"]
[{"$nulls":3},"Online PSC",null,"https://podminky.urs.cz/item/CS_URS_2025_01/978059541",{"$nulls":39},"Online PSC","2"]
[{"$nulls":3},"VV","","\"prostor umyvadel\"",null,"",{"$nulls":37},"VV","2","1","True","0","ROZPOCET"]
[{"$nulls":3},"VV","","(1,42+0,82*2)*1,53",null,4.682,{"$nulls":37},"VV","2","2","True","0","ROZPOCET"]
[{"$nulls":3},"VV","","\"sprcha\"",null,"",{"$nulls":37},"VV","2","1","True","0","ROZPOCET"]
[{"$nulls":3},"VV","","(1,42*2+0,9*2)*2",null,{"v":9.28,"d":"9.280"},{"$nulls":37},"VV","2","2","True","0","ROZPOCET"]
[{"$nulls":3},"VV","","\"WC\"",null,"",{"$nulls":37},"VV","2","1","True","0","ROZPOCET"]
[{"$nulls":3},"VV","","(0,82*2+1,14*2)*1,53",null,5.998,{"$nulls":37},"VV","2","2","True","0","ROZPOCET"]
[{"$nulls":3},"VV","","Součet",null,{"v":19.96,"d":"19.960"},{"$nulls":37},"VV","2","4","True","1","ROZPOCET"]
[null,null,"14","K","965081223","Bourání podlah z dlaždic bez podkladního lože nebo mazaniny, s jakoukoliv výplní spár keramických nebo xylolitových tl. přes 10 mm plochy přes 1 m2","m2",3.917,226.01,{"$f":"ROUND(I177*H177,2)","v":885.28},"CS ÚRS 2025 01",null,"","základní",null,{"$f":"O177*H177","v":{"v":0,"d":"0.00000"}},{"v":0,"d":"0.00000"},{"$f":"Q177*H177","v":{"v":0,"d":"0.00000"}},{"v":0.057,"d":"0.05700"},{"$f":"S177*H177","v":{"v":0.223269,"d":"0.22327"}},{"$nulls":23},"4",null,"K","2",{"$nulls":3},"ROZPOCET",{"$nulls":5},{"$f":"IF(N177=\"základní\",J177,0)","v":885.28},{"$f":"IF(N177=\"snížená\",J177,0)","v":{"v":0,"d":"0.00"}},{"$f":"IF(N177=\"zákl. přenesená\",J177,0)","v":{"v":0,"d":"0.00"}},{"$f":"IF(N177=\"sníž. přenesená\",J177,0)","v":{"v":0,"d":"0.00"}},{"$f":"IF(N177=\"nulová\",J177,0)","v":{"v":0,"d":"0.00"}},"1",{"$f":"ROUND(I177*H177,2)","v":885.28},"4","-1389090483"]
[{"$nulls":3},"Online PSC",null,"https://podminky.urs.cz/item/CS_URS_2025_01/965081223",{"$nulls":39},"Online PSC","2"]
[{"$nulls":3},"VV","","\"prostor umyvadel\"",null,"",{"$nulls":37},"VV","2","1","True","0","ROZPOCET"]
[{"$nulls":3},"VV","","1,42*0,82",null,1.164,{"$nulls":37},"VV","2","2","True","0","ROZPOCET"]
[{"$nulls":3},"VV","","\"sprcha\"",null,"",{"$nulls":37},"VV","2","1","True","0","ROZPOCET"]
[{"$nulls":3},"VV","","1,42*0,9+(0,2+0,2+0,2)*0,9",null,1.818,{"$nulls":37},"VV","2","2","True","0","ROZPOCET"]
[{"$nulls":3},"VV","","\"WC\"",null,"",{"$nulls":37},"VV","2","1","True","0","ROZPOCET"]
[{"$nulls":3},"VV","","0,82*1,14",null,0.935,{"$nulls":37},"VV","2","2","True","0","ROZPOCET"]
[{"$nulls":3},"VV","","Součet",null,3.917,{"$nulls":37},"VV","2","4","True","1","ROZPOCET"]
[null,null,"15","K","962031133","Bourání příček nebo přizdívek z cihel pálených plných nebo dutých, tl. přes 100 do 150 mm","m2",{"v":0.18,"d":"0.180"},226.01,{"$f":"ROUND(I186*H186,2)","v":40.68},"CS ÚRS 2025 01",null,"","základní",null,{"$f":"O186*H186","v":{"v":0,"d":"0.00000"}},{"v":0,"d":"0.00000"},{"$f":"Q186*H186","v":{"v":0,"d":"0.00000"}},{"v":0.261,"d":"0.26100"},{"$f":"S186*H186","v":0.04698},{"$nulls":23},"4",null,"K","2",{"$nulls":3},"ROZPOCET",{"$nulls":5},{"$f":"IF(N186=\"základní\",J186,0)","v":40.68},{"$f":"IF(N186=\"snížená\",J186,0)","v":{"v":0,"d":"0.00"}},{"$f":"IF(N186=\"zákl. přenesená\",J186,0)","v":{"v":0,"d":"0.00"}},{"$f":"IF(N186=\"sníž. přenesená\",J186,0)","v":{"v":0,"d":"0.00"}},{"$f":"IF(N186=\"nulová\",J186,0)","v":{"v":0,"d":"0.00"}},"1",{"$f":"ROUND(I186*H186,2)","v":40.68},"4","-432159224"]
[{"$nulls":3},"Online PSC",null,"https://podminky.urs.cz/item/CS_URS_2025_01/962031133",{"$nulls":39},"Online PSC","2"]
[{"$nulls":3},"VV","","\"sprcha - schod zděné vaničky\"",null,"",{"$nulls":37},"VV","2","1","True","0","ROZPOCET"]
[{"$nulls":3},"VV","","0,2*0,9",null,{"v":0.18,"d":"0.180"},{"$nulls":37},"VV","2","2","True","1","ROZPOCET"]
[null,null,"16","K","96904111R","Vybourání vnitřního plastového potrubí do DN 200 včetně vysekání drážky","m",{"v":18,"d":"18.000"},226.01,{"$f":"ROUND(I190*H190,2)","v":{"v":4068.18,"d":"4,068.18"}},"vlastní",null,"","základní",null,{"$f":"O190*H190","v":{"v":0,"d":"0.00000"}},{"v":0,"d":"0.00000"},{"$f":"Q190*H190","v":{"v":0,"d":"0.00000"}},{"v":0.0065,"d":"0.00650"},{"$f":"S190*H190","v":{"v":0.11699999999999999,"d":"0.11700"}},{"$nulls":23},"4",null,"K","2",{"$nulls":3},"ROZPOCET",{"$nulls":5},{"$f":"IF(N190=\"základní\",J190,0)","v":{"v":4068.18,"d":"4,068.18"}},{"$f":"IF(N190=\"snížená\",J190,0)","v":{"v":0,"d":"0.00"}},{"$f":"IF(N190=\"zákl. přenesená\",J190,0)","v":{"v":0,"d":"0.00"}},{"$f":"IF(N190=\"sníž. přenesená\",J190,0)","v":{"v":0,"d":"0.00"}},{"$f":"IF(N190=\"nulová\",J190,0)","v":{"v":0,"d":"0.00"}},"1",{"$f":"ROUND(I190*H190,2)","v":{"v":4068.18,"d":"4,068.18"}},"4","1592636687"]
[{"$nulls":3},"VV","","\"odpadní potrubí, vodovod ve zdivu a v podlaze\"",null,"",{"$nulls":37},"VV","2","1","True","0","ROZPOCET"]
[{"$nulls":3},"VV","","18",null,{"v":18,"d":"18.000"},{"$nulls":37},"VV","2","2","True","1","ROZPOCET"]
[null,null,"17","K","971033331","Vybourání otvorů ve zdivu základovém nebo nadzákladovém z cihel, tvárnic, příčkovek z cihel pálených na maltu vápennou nebo vápenocementovou plochy do 0,09 m2, tl. do 150 mm","kus",{"v":2,"d":"2.000"},84.76,{"$f":"ROUND(I193*H193,2)","v":169.52},"CS ÚRS 2025 01",null,"","základní",null,{"$f":"O193*H193","v":{"v":0,"d":"0.00000"}},{"v":0,"d":"0.00000"},{"$f":"Q193*H193","v":{"v":0,"d":"0.00000"}},{"v":0.025,"d":"0.02500"},{"$f":"S193*H193","v":{"v":0.05,"d":"0.05000"}},{"$nulls":23},"16",null,"K","2",{"$nulls":3},"ROZPOCET",{"$nulls":5},{"$f":"IF(N193=\"základní\",J193,0)","v":169.52},{"$f":"IF(N193=\"snížená\",J193,0)","v":{"v":0,"d":"0.00"}},{"$f":"IF(N193=\"zákl. přenesená\",J193,0)","v":{"v":0,"d":"0.00"}},{"$f":"IF(N193=\"sníž. přenesená\",J193,0)","v":{"v":0,"d":"0.00"}},{"$f":"IF(N193=\"nulová\",J193,0)","v":{"v":0,"d":"0.00"}},"1",{"$f":"ROUND(I193*H193,2)","v":169.52},"16","-1269997224"]
[{"$nulls":3},"Online PSC",null,"https://podminky.urs.cz/item/CS_URS_2025_01/971033331",{"$nulls":39},"Online PSC","2"]
[{"$nulls":3},"VV","","\"otvor do stoupací šachty\"",null,"",{"$nulls":37},"VV","2","1","True","0","ROZPOCET"]
[{"$nulls":3},"VV","","2",null,{"v":2,"d":"2.000"},{"$nulls":37},"VV","2","2","True","1","ROZPOCET"]
[null,null,"18","K","978011191","Otlučení vápenných nebo vápenocementových omítek vnitřních ploch stropů, v rozsahu přes 50 do 100 %","m2",3.377,226.01,{"$f":"ROUND(I197*H197,2)","v":763.24},"CS ÚRS 2025 01",null,"","základní",null,{"$f":"O197*H197","v":{"v":0,"d":"0.00000"}},{"v":0,"d":"0.00000"},{"$f":"Q197*H197","v":{"v":0,"d":"0.00000"}},{"v":0.05,"d":"0.05000"},{"$f":"S197*H197","v":0.16885},{"$nulls":23},"4",null,"K","2",{"$nulls":3},"ROZPOCET",{"$nulls":5},{"$f":"IF(N197=\"základní\",J197,0)","v":763.24},{"$f":"IF(N197=\"snížená\",J197,0)","v":{"v":0,"d":"0.00"}},{"$f":"IF(N197=\"zákl. přenesená\",J197,0)","v":{"v":0,"d":"0.00"}},{"$f":"IF(N197=\"sníž. přenesená\",J197,0)","v":{"v":0,"d":"0.00"}},{"$f":"IF(N197=\"nulová\",J197,0)","v":{"v":0,"d":"0.00"}},"1",{"$f":"ROUND(I197*H197,2)","v":763.24},"4","970832870"]
[{"$nulls":3},"Online PSC",null,"https://podminky.urs.cz/item/CS_URS_2025_01/978011191",{"$nulls":39},"Online PSC","2"]
[{"$nulls":3},"VV","","\"prostor umyvadel\"",null,"",{"$nulls":37},"VV","2","1","True","0","ROZPOCET"]
[{"$nulls":3},"VV","","1,42*0,82",null,1.164,{"$nulls":37},"VV","2","2","True","0","ROZPOCET"]
[{"$nulls":3},"VV","","\"sprcha\"",null,"",{"$nulls":37},"VV","2","1","True","0","ROZPOCET"]
[{"$nulls":3},"VV","","1,42*0,9",null,1.278,{"$nulls":37},"VV","2","2","True","0","ROZPOCET"]
[{"$nulls":3},"VV","","\"WC\"",null,"",{"$nulls":37},"VV","2","1","True","0","ROZPOCET"]
[{"$nulls":3},"VV","","0,82*1,14",null,0.935,{"$nulls":37},"VV","2","2","True","0","ROZPOCET"]
[{"$nulls":3},"VV","","Součet",null,3.377,{"$nulls":37},"VV","2","4","True","1","ROZPOCET"]
[null,null,"19","K","978013191","Otlučení vápenných nebo vápenocementových omítek vnitřních ploch stěn s vyškrabáním spar, s očištěním zdiva, v rozsahu přes 50 do 100 %","m2",9.556,226.01,{"$f":"ROUND(I206*H206,2)","v":{"v":2159.75,"d":"2,159.75"}},"CS ÚRS 2025 01",null,"","základní",null,{"$f":"O206*H206","v":{"v":0,"d":"0.00000"}},{"v":0,"d":"0.00000"},{"$f":"Q206*H206","v":{"v":0,"d":"0.00000"}},{"v":0.046,"d":"0.04600"},{"$f":"S206*H206","v":{"v":0.43957599999999997,"d":"0.43958"}},{"$nulls":23},"4",null,"K","2",{"$nulls":3},"ROZPOCET",{"$nulls":5},{"$f":"IF(N206=\"základní\",J206,0)","v":{"v":2159.75,"d":"2,159.75"}},{"$f":"IF(N206=\"snížená\",J206,0)","v":{"v":0,"d":"0.00"}},{"$f":"IF(N206=\"zákl. přenesená\",J206,0)","v":{"v":0,"d":"0.00"}},{"$f":"IF(N206=\"sníž. přenesená\",J206,0)","v":{"v":0,"d":"0.00"}},{"$f":"IF(N206=\"nulová\",J206,0)","v":{"v":0,"d":"0.00"}},"1",{"$f":"ROUND(I206*H206,2)","v":{"v":2159.75,"d":"2,159.75"}},"4","1989102358"]
[{"$nulls":3},"Online PSC",null,"https://podminky.urs.cz/item/CS_URS_2025_01/978013191",{"$nulls":39},"Online PSC","2"]
[{"$nulls":3},"VV","","\"prostor umyvadel\"",null,"",{"$nulls":37},"VV","2","1","True","0","ROZPOCET"]
[{"$nulls":3},"VV","","(1,42+0,82*2)*(2,54-1,53)",null,3.091,{"$nulls":37},"VV","2","2","True","0","ROZPOCET"]
[{"$nulls":3},"VV","","\"sprcha\"",null,"",{"$nulls":37},"VV","2","1","True","0","ROZPOCET"]
[{"$nulls":3},"VV","","(1,42*2+0,9*2)*(2,54-2)",null,2.506,{"$nulls":37},"VV","2","2","True","0","ROZPOCET"]
[{"$nulls":3},"VV","","\"WC\"",null,"",{"$nulls":37},"VV","2","1","True","0","ROZPOCET"]
[{"$nulls":3},"VV","","(0,82*2+1,14*2)*(2,54-1,53)",null,3.959,{"$nulls":37},"VV","2","2","True","0","ROZPOCET"]
[{"$nulls":3},"VV","","Součet",null,9.556,{"$nulls":37},"VV","2","4","True","1","ROZPOCET"]
[null,null,"20","K","95290110R","Čištění budov - závěrečný úklid, umytí obkladů, zařizovacích předmětů, dveří, zametení a vytření podlahy, a další potřebné práce","kpl",{"v":1,"d":"1.000"},{"v":2919.36,"d":"2,919.36"},{"$f":"ROUND(I215*H215,2)","v":{"v":2919.36,"d":"2,919.36"}},"vlastní",null,"","základní",null,{"$f":"O215*H215","v":{"v":0,"d":"0.00000"}},{"v":1e-05,"d":"0.00001"},{"$f":"Q215*H215","v":{"v":1e-05,"d":"0.00001"}},{"v":0,"d":"0.00000"},{"$f":"S215*H215","v":{"v":0,"d":"0.00000"}},{"$nulls":23},"4",null,"K","2",{"$nulls":3},"ROZPOCET",{"$nulls":5},{"$f":"IF(N215=\"základní\",J215,0)","v":{"v":2919.36,"d":"2,919.36"}},{"$f":"IF(N215=\"snížená\",J215,0)","v":{"v":0,"d":"0.00"}},{"$f":"IF(N215=\"zákl. přenesená\",J215,0)","v":{"v":0,"d":"0.00"}},{"$f":"IF(N215=\"sníž. přenesená\",J215,0)","v":{"v":0,"d":"0.00"}},{"$f":"IF(N215=\"nulová\",J215,0)","v":{"v":0,"d":"0.00"}},"1",{"$f":"ROUND(I215*H215,2)","v":{"v":2919.36,"d":"2,919.36"}},"4","-289929788"]
[{"$nulls":3},"D","997","Přesun sutě",{"$nulls":3},{"$f":"BK216","v":{"v":6673.009999999999,"d":"6,673.01"}},{"$nulls":5},{"$f":"SUM(P217:P227)","v":{"v":0,"d":"0.00000"}},null,{"$f":"SUM(R217:R227)","v":{"v":0,"d":"0.00000"}},null,{"$f":"SUM(T217:T227)","v":{"v":0,"d":"0.00000"}},{"$nulls":23},"1",null,"D","1",{"$nulls":3},"ROZPOCET",{"$nulls":11},{"$f":"SUM(BK217:BK227)","v":{"v":6673.009999999999,"d":"6,673.01"}}]
[null,null,"21","K","997013117","Vnitrostaveništní doprava suti a vybouraných hmot vodorovně do 50 m s naložením základní pro budovy a haly výšky přes 21 do 24 m","t",2.531,{"v":1271.33,"d":"1,271.33"},{"$f":"ROUND(I217*H217,2)","v":{"v":3217.74,"d":"3,217.74"}},"CS ÚRS 2025 01",null,"","základní",null,{"$f":"O217*H217","v":{"v":0,"d":"0.00000"}},{"v":0,"d":"0.00000"},{"$f":"Q217*H217","v":{"v":0,"d":"0.00000"}},{"v":0,"d":"0.00000"},{"$f":"S217*H217","v":{"v":0,"d":"0.00000"}},{"$nulls":23},"4",null,"K","2",{"$nulls":3},"ROZPOCET",{"$nulls":5},{"$f":"IF(N217=\"základní\",J217,0)","v":{"v":3217.74,"d":"3,217.74"}},{"$f":"IF(N217=\"snížená\",J217,0)","v":{"v":0,"d":"0.00"}},{"$f":"IF(N217=\"zákl. přenesená\",J217,0)","v":{"v":0,"d":"0.00"}},{"$f":"IF(N217=\"sníž. přenesená\",J217,0)","v":{"v":0,"d":"0.00"}},{"$f":"IF(N217=\"nulová\",J217,0)","v":{"v":0,"d":"0.00"}},"1",{"$f":"ROUND(I217*H217,2)","v":{"v":3217.74,"d":"3,217.74"}},"4","1997577997"]
[{"$nulls":3},"Online PSC",null,"https://podminky.urs.cz/item/CS_URS_2025_01/997013117",{"$nulls":39},"Online PSC","2"]
[null,null,"22","K","997013501","Odvoz suti a vybouraných hmot na skládku nebo meziskládku se složením, na vzdálenost do 1 km","t",2.531,452.03,{"$f":"ROUND(I219*H219,2)","v":{"v":1144.09,"d":"1,144.09"}},"CS ÚRS 2025 01",null,"","základní",null,{"$f":"O219*H219","v":{"v":0,"d":"0.00000"}},{"v":0,"d":"0.00000"},{"$f":"Q219*H219","v":{"v":0,"d":"0.00000"}},{"v":0,"d":"0.00000"},{"$f":"S219*H219","v":{"v":0,"d":"0.00000"}},{"$nulls":23},"4",null,"K","2",{"$nulls":3},"ROZPOCET",{"$nulls":5},{"$f":"IF(N219=\"základní\",J219,0)","v":{"v":1144.09,"d":"1,144.09"}},{"$f":"IF(N219=\"snížená\",J219,0)","v":{"v":0,"d":"0.00"}},{"$f":"IF(N219=\"zákl. přenesená\",J219,0)","v":{"v":0,"d":"0.00"}},{"$f":"IF(N219=\"sníž. přenesená\",J219,0)","v":{"v":0,"d":"0.00"}},{"$f":"IF(N219=\"nulová\",J219,0)","v":{"v":0,"d":"0.00"}},"1",{"$f":"ROUND(I219*H219,2)","v":{"v":1144.09,"d":"1,144.09"}},"4","-2025577218"]
[{"$nulls":3},"Online PSC",null,"https://podminky.urs.cz/item/CS_URS_2025_01/997013501",{"$nulls":39},"Online PSC","2"]
[null,null,"23","K","997013509","Odvoz suti a vybouraných hmot na skládku nebo meziskládku se složením, na vzdálenost Příplatek k ceně za každý další započatý 1 km přes 1 km","t",22.779,12.52,{"$f":"ROUND(I221*H221,2)","v":285.19},"CS ÚRS 2025 01",null,"","základní",null,{"$f":"O221*H221","v":{"v":0,"d":"0.00000"}},{"v":0,"d":"0.00000"},{"$f":"Q221*H221","v":{"v":0,"d":"0.00000"}},{"v":0,"d":"0.00000"},{"$f":"S221*H221","v":{"v":0,"d":"0.00000"}},{"$nulls":23},"4",null,"K","2",{"$nulls":3},"ROZPOCET",{"$nulls":5},{"$f":"IF(N221=\"základní\",J221,0)","v":285.19},{"$f":"IF(N221=\"snížená\",J221,0)","v":{"v":0,"d":"0.00"}},{"$f":"IF(N221=\"zákl. přenesená\",J221,0)","v":{"v":0,"d":"0.00"}},{"$f":"IF(N221=\"sníž. přenesená\",J221,0)","v":{"v":0,"d":"0.00"}},{"$f":"IF(N221=\"nulová\",J221,0)","v":{"v":0,"d":"0.00"}},"1",{"$f":"ROUND(I221*H221,2)","v":285.19},"4","-1380485949"]
[{"$nulls":3},"Online PSC",null,"https://podminky.urs.cz/item/CS_URS_2025_01/997013509",{"$nulls":39},"Online PSC","2"]
[{"$nulls":3},"VV","","2,531*9",null,22.779,{"$nulls":37},"VV","2","2","True","1","ROZPOCET"]
[null,null,"24","K","997013609","Poplatek za uložení stavebního odpadu na skládce (skládkovné) ze směsí nebo oddělených frakcí betonu, cihel a keramických výrobků zatříděného do Katalogu odpadů pod kódem 17 01 07","t",2.286,800.47,{"$f":"ROUND(I224*H224,2)","v":{"v":1829.87,"d":"1,829.87"}},"CS ÚRS 2025 01",null,"","základní",null,{"$f":"O224*H224","v":{"v":0,"d":"0.00000"}},{"v":0,"d":"0.00000"},{"$f":"Q224*H224","v":{"v":0,"d":"0.00000"}},{"v":0,"d":"0.00000"},{"$f":"S224*H224","v":{"v":0,"d":"0.00000"}},{"$nulls":23},"4",null,"K","2",{"$nulls":3},"ROZPOCET",{"$nulls":5},{"$f":"IF(N224=\"základní\",J224,0)","v":{"v":1829.87,"d":"1,829.87"}},{"$f":"IF(N224=\"snížená\",J224,0)","v":{"v":0,"d":"0.00"}},{"$f":"IF(N224=\"zákl. přenesená\",J224,0)","v":{"v":0,"d":"0.00"}},{"$f":"IF(N224=\"sníž. přenesená\",J224,0)","v":{"v":0,"d":"0.00"}},{"$f":"IF(N224=\"nulová\",J224,0)","v":{"v":0,"d":"0.00"}},"1",{"$f":"ROUND(I224*H224,2)","v":{"v":1829.87,"d":"1,829.87"}},"4","-464478931"]
[{"$nulls":3},"Online PSC",null,"https://podminky.urs.cz/item/CS_URS_2025_01/997013609",{"$nulls":39},"Online PSC","2"]
[null,null,"25","K","997013631","Poplatek za uložení stavebního odpadu na skládce (skládkovné) směsného stavebního a demoličního zatříděného do Katalogu odpadů pod kódem 17 09 04","t",0.245,800.47,{"$f":"ROUND(I226*H226,2)","v":196.12},"CS ÚRS 2025 01",null,"","základní",null,{"$f":"O226*H226","v":{"v":0,"d":"0.00000"}},{"v":0,"d":"0.00000"},{"$f":"Q226*H226","v":{"v":0,"d":"0.00000"}},{"v":0,"d":"0.00000"},{"$f":"S226*H226","v":{"v":0,"d":"0.00000"}},{"$nulls":23},"4",null,"K","2",{"$nulls":3},"ROZPOCET",{"$nulls":5},{"$f":"IF(N226=\"základní\",J226,0)","v":196.12},{"$f":"IF(N226=\"snížená\",J226,0)","v":{"v":0,"d":"0.00"}},{"$f":"IF(N226=\"zákl. přenesená\",J226,0)","v":{"v":0,"d":"0.00"}},{"$f":"IF(N226=\"sníž. přenesená\",J226,0)","v":{"v":0,"d":"0.00"}},{"$f":"IF(N226=\"nulová\",J226,0)","v":{"v":0,"d":"0.00"}},"1",{"$f":"ROUND(I226*H226,2)","v":196.12},"4","-1849174508"]
[{"$nulls":3},"Online PSC",null,"https://podminky.urs.cz/item/CS_URS_2025_01/997013631",{"$nulls":39},"Online PSC","2"]
[{"$nulls":3},"D","998","Přesun hmot",{"$nulls":3},{"$f":"BK228","v":{"v":3522.86,"d":"3,522.86"}},{"$nulls":5},{"$f":"SUM(P229:P230)","v":{"v":0,"d":"0.00000"}},null,{"$f":"SUM(R229:R230)","v":{"v":0,"d":"0.00000"}},null,{"$f":"SUM(T229:T230)","v":{"v":0,"d":"0.00000"}},{"$nulls":23},"1",null,"D","1",{"$nulls":3},"ROZPOCET",{"$nulls":11},{"$f":"SUM(BK229:BK230)","v":{"v":3522.86,"d":"3,522.86"}}]
[null,null,"26","K","998011003","Přesun hmot pro budovy občanské výstavby, bydlení, výrobu a služby s nosnou svislou konstrukcí zděnou z cihel, tvárnic nebo kamene vodorovná dopravní vzdálenost do 100 m základní pro budovy výšky přes 12 do 24 m","t",2.771,{"v":1271.33,"d":"1,271.33"},{"$f":"ROUND(I229*H229,2)","v":{"v":3522.86,"d":"3,522.86"}},"CS ÚRS 2025 01",null,"","základní",null,{"$f":"O229*H229","v":{"v":0,"d":"0.00000"}},{"v":0,"d":"0.00000"},{"$f":"Q229*H229","v":{"v":0,"d":"0.00000"}},{"v":0,"d":"0.00000"},{"$f":"S229*H229","v":{"v":0,"d":"0.00000"}},{"$nulls":23},"4",null,"K","2",{"$nulls":3},"ROZPOCET",{"$nulls":5},{"$f":"IF(N229=\"základní\",J229,0)","v":{"v":3522.86,"d":"3,522.86"}},{"$f":"IF(N229=\"snížená\",J229,0)","v":{"v":0,"d":"0.00"}},{"$f":"IF(N229=\"zákl. přenesená\",J229,0)","v":{"v":0,"d":"0.00"}},{"$f":"IF(N229=\"sníž. přenesená\",J229,0)","v":{"v":0,"d":"0.00"}},{"$f":"IF(N229=\"nulová\",J229,0)","v":{"v":0,"d":"0.00"}},"1",{"$f":"ROUND(I229*H229,2)","v":{"v":3522.86,"d":"3,522.86"}},"4","-809637624"]
[{"$nulls":3},"Online PSC",null,"https://podminky.urs.cz/item/CS_URS_2025_01/998011003",{"$nulls":39},"Online PSC","2"]
[{"$nulls":3},"D","PSV","Práce a dodávky PSV",{"$nulls":3},{"$f":"BK231","v":{"v":120662.83,"d":"120,662.83"}},{"$nulls":5},{"$f":"P232+P257+P273+P314+P366+P383+P390+P437+P451+P505+P542+P559","v":{"v":0,"d":"0.00000"}},null,{"$f":"R232+R257+R273+R314+R366+R383+R390+R437+R451+R505+R542+R559","v":{"v":0.7680944052,"d":"0.76809"}},null,{"$f":"T232+T257+T273+T314+T366+T383+T390+T437+T451+T505+T542+T559","v":0.12789},{"$nulls":23},"2",null,"D","0",{"$nulls":3},"ROZPOCET",{"$nulls":11},{"$f":"BK232+BK257+BK273+BK314+BK366+BK383+BK390+BK437+BK451+BK505+BK542+BK559","v":{"v":120662.83,"d":"120,662.83"}}]
[{"$nulls":3},"D","721","Zdravotechnika - vnitřní kanalizace",{"$nulls":3},{"$f":"BK232","v":{"v":6827.78,"d":"6,827.78"}},{"$nulls":5},{"$f":"SUM(P233:P256)","v":{"v":0,"d":"0.00000"}},null,{"$f":"SUM(R233:R256)","v":{"v":0.015220000000000001,"d":"0.01522"}},null,{"$f":"SUM(T233:T256)","v":{"v":0,"d":"0.00000"}},{"$nulls":23},"2",null,"D","1",{"$nulls":3},"ROZPOCET",{"$nulls":11},{"$f":"SUM(BK233:BK256)","v":{"v":6827.78,"d":"6,827.78"}}]
[null,null,"27","K","721174004","Potrubí z trub polypropylenových svodné (ležaté) DN 75","m",{"v":2,"d":"2.000"},452.03,{"$f":"ROUND(I233*H233,2)","v":904.06},"CS ÚRS 2025 01",null,"","základní",null,{"$f":"O233*H233","v":{"v":0,"d":"0.00000"}},0.00071,{"$f":"Q233*H233","v":{"v":1.42E-3,"d":"0.00142"}},{"v":0,"d":"0.00000"},{"$f":"S233*H233","v":{"v":0,"d":"0.00000"}},{"$nulls":23},"16",null,"K","2",{"$nulls":3},"ROZPOCET",{"$nulls":5},{"$f":"IF(N233=\"základní\",J233,0)","v":904.06},{"$f":"IF(N233=\"snížená\",J233,0)","v":{"v":0,"d":"0.00"}},{"$f":"IF(N233=\"zákl. přenesená\",J233,0)","v":{"v":0,"d":"0.00"}},{"$f":"IF(N233=\"sníž. přenesená\",J233,0)","v":{"v":0,"d":"0.00"}},{"$f":"IF(N233=\"nulová\",J233,0)","v":{"v":0,"d":"0.00"}},"1",{"$f":"ROUND(I233*H233,2)","v":904.06},"16","-1565255594"]
[{"$nulls":3},"Online PSC",null,"https://podminky.urs.cz/item/CS_URS_2025_01/721174004",{"$nulls":39},"Online PSC","2"]
[{"$nulls":3},"VV","","\"prostor umyvadel\"",null,"",{"$nulls":37},"VV","2","1","True","0","ROZPOCET"]
[{"$nulls":3},"VV","","2",null,{"v":2,"d":"2.000"},{"$nulls":37},"VV","2","2","True","1","ROZPOCET"]
[null,null,"28","K","721174005","Potrubí z trub polypropylenových svodné (ležaté) DN 110","m",{"v":6,"d":"6.000"},555.62,{"$f":"ROUND(I237*H237,2)","v":{"v":3333.72,"d":"3,333.72"}},"CS ÚRS 2025 01",null,"","základní",null,{"$f":"O237*H237","v":{"v":0,"d":"0.00000"}},0.00206,{"$f":"Q237*H237","v":{"v":0.012360000000000001,"d":"0.01236"}},{"v":0,"d":"0.00000"},{"$f":"S237*H237","v":{"v":0,"d":"0.00000"}},{"$nulls":23},"16",null,"K","2",{"$nulls":3},"ROZPOCET",{"$nulls":5},{"$f":"IF(N237=\"základní\",J237,0)","v":{"v":3333.72,"d":"3,333.72"}},{"$f":"IF(N237=\"snížená\",J237,0)","v":{"v":0,"d":"0.00"}},{"$f":"IF(N237=\"zákl. přenesená\",J237,0)","v":{"v":0,"d":"0.00"}},{"$f":"IF(N237=\"sníž. přenesená\",J237,0)","v":{"v":0,"d":"0.00"}},{"$f":"IF(N237=\"nulová\",J237,0)","v":{"v":0,"d":"0.00"}},"1",{"$f":"ROUND(I237*H237,2)","v":{"v":3333.72,"d":"3,333.72"}},"16","-369844456"]
[{"$nulls":3},"Online PSC",null,"https://podminky.urs.cz/item/CS_URS_2025_01/721174005",{"$nulls":39},"Online PSC","2"]
[{"$nulls":3},"VV","","\"prostor umyvadel\"",null,"",{"$nulls":37},"VV","2","1","True","0","ROZPOCET"]
[{"$nulls":3},"VV","","2",null,{"v":2,"d":"2.000"},{"$nulls":37},"VV","2","2","True","0","ROZPOCET"]
[{"$nulls":3},"VV","","\"sprcha\"",null,"",{"$nulls":37},"VV","2","1","True","0","ROZPOCET"]
[{"$nulls":3},"VV","","2",null,{"v":2,"d":"2.000"},{"$nulls":37},"VV","2","2","True","0","ROZPOCET"]
[{"$nulls":3},"VV","","\"WC\"",null,"",{"$nulls":37},"VV","2","1","True","0","ROZPOCET"]
[{"$nulls":3},"VV","","2",null,{"v":2,"d":"2.000"},{"$nulls":37},"VV","2","2","True","0","ROZPOCET"]
[{"$nulls":3},"VV","","Součet",null,{"v":6,"d":"6.000"},{"$nulls":37},"VV","2","4","True","1","ROZPOCET"]
[null,null,"29","K","721174043","Potrubí z trub polypropylenových připojovací DN 50","m",{"v":3,"d":"3.000"},395.53,{"$f":"ROUND(I246*H246,2)","v":{"v":1186.59,"d":"1,186.59"}},"CS ÚRS 2025 01",null,"","základní",null,{"$f":"O246*H246","v":{"v":0,"d":"0.00000"}},0.00048,{"$f":"Q246*H246","v":0.00144},{"v":0,"d":"0.00000"},{"$f":"S246*H246","v":{"v":0,"d":"0.00000"}},{"$nulls":23},"16",null,"K","2",{"$nulls":3},"ROZPOCET",{"$nulls":5},{"$f":"IF(N246=\"základní\",J246,0)","v":{"v":1186.59,"d":"1,186.59"}},{"$f":"IF(N246=\"snížená\",J246,0)","v":{"v":0,"d":"0.00"}},{"$f":"IF(N246=\"zákl. přenesená\",J246,0)","v":{"v":0,"d":"0.00"}},{"$f":"IF(N246=\"sníž. přenesená\",J246,0)","v":{"v":0,"d":"0.00"}},{"$f":"IF(N246=\"nulová\",J246,0)","v":{"v":0,"d":"0.00"}},"1",{"$f":"ROUND(I246*H246,2)","v":{"v":1186.59,"d":"1,186.59"}},"16","10737146"]
[{"$nulls":3},"Online PSC",null,"https://podminky.urs.cz/item/CS_URS_2025_01/721174043",{"$nulls":39},"Online PSC","2"]
[{"$nulls":3},"VV","","\"prostor umyvadel\"",null,"",{"$nulls":37},"VV","2","1","True","0","ROZPOCET"]
[{"$nulls":3},"VV","","3",null,{"v":3,"d":"3.000"},{"$nulls":37},"VV","2","2","True","1","ROZPOCET"]
[null,null,"30","K","721194105","Vyměření přípojek na potrubí vyvedení a upevnění odpadních výpustek DN 50","kus",{"v":2,"d":"2.000"},103.59,{"$f":"ROUND(I250*H250,2)","v":207.18},"CS ÚRS 2025 01",null,"","základní",null,{"$f":"O250*H250","v":{"v":0,"d":"0.00000"}},{"v":0,"d":"0.00000"},{"$f":"Q250*H250","v":{"v":0,"d":"0.00000"}},{"v":0,"d":"0.00000"},{"$f":"S250*H250","v":{"v":0,"d":"0.00000"}},{"$nulls":23},"16",null,"K","2",{"$nulls":3},"ROZPOCET",{"$nulls":5},{"$f":"IF(N250=\"základní\",J250,0)","v":207.18},{"$f":"IF(N250=\"snížená\",J250,0)","v":{"v":0,"d":"0.00"}},{"$f":"IF(N250=\"zákl. přenesená\",J250,0)","v":{"v":0,"d":"0.00"}},{"$f":"IF(N250=\"sníž. přenesená\",J250,0)","v":{"v":0,"d":"0.00"}},{"$f":"IF(N250=\"nulová\",J250,0)","v":{"v":0,"d":"0.00"}},"1",{"$f":"ROUND(I250*H250,2)","v":207.18},"16","1906867419"]
[{"$nulls":3},"Online PSC",null,"https://podminky.urs.cz/item/CS_URS_2025_01/721194105",{"$nulls":39},"Online PSC","2"]
[null,null,"31","K","721194109","Vyměření přípojek na potrubí vyvedení a upevnění odpadních výpustek DN 110","kus",{"v":2,"d":"2.000"},141.26,{"$f":"ROUND(I252*H252,2)","v":282.52},"CS ÚRS 2025 01",null,"","základní",null,{"$f":"O252*H252","v":{"v":0,"d":"0.00000"}},{"v":0,"d":"0.00000"},{"$f":"Q252*H252","v":{"v":0,"d":"0.00000"}},{"v":0,"d":"0.00000"},{"$f":"S252*H252","v":{"v":0,"d":"0.00000"}},{"$nulls":23},"16",null,"K","2",{"$nulls":3},"ROZPOCET",{"$nulls":5},{"$f":"IF(N252=\"základní\",J252,0)","v":282.52},{"$f":"IF(N252=\"snížená\",J252,0)","v":{"v":0,"d":"0.00"}},{"$f":"IF(N252=\"zákl. přenesená\",J252,0)","v":{"v":0,"d":"0.00"}},{"$f":"IF(N252=\"sníž. přenesená\",J252,0)","v":{"v":0,"d":"0.00"}},{"$f":"IF(N252=\"nulová\",J252,0)","v":{"v":0,"d":"0.00"}},"1",{"$f":"ROUND(I252*H252,2)","v":282.52},"16","-1293533382"]
[{"$nulls":3},"Online PSC",null,"https://podminky.urs.cz/item/CS_URS_2025_01/721194109",{"$nulls":39},"Online PSC","2"]
[null,null,"32","K","72119410R","Zřízení přípojky na stávající odpadní potrubí v šachtě včetně potřebného materiálu","kpl",{"v":1,"d":"1.000"},894.64,{"$f":"ROUND(I254*H254,2)","v":894.64},"vlastní",null,"","základní",null,{"$f":"O254*H254","v":{"v":0,"d":"0.00000"}},{"v":0,"d":"0.00000"},{"$f":"Q254*H254","v":{"v":0,"d":"0.00000"}},{"v":0,"d":"0.00000"},{"$f":"S254*H254","v":{"v":0,"d":"0.00000"}},{"$nulls":23},"16",null,"K","2",{"$nulls":3},"ROZPOCET",{"$nulls":5},{"$f":"IF(N254=\"základní\",J254,0)","v":894.64},{"$f":"IF(N254=\"snížená\",J254,0)","v":{"v":0,"d":"0.00"}},{"$f":"IF(N254=\"zákl. přenesená\",J254,0)","v":{"v":0,"d":"0.00"}},{"$f":"IF(N254=\"sníž. přenesená\",J254,0)","v":{"v":0,"d":"0.00"}},{"$f":"IF(N254=\"nulová\",J254,0)","v":{"v":0,"d":"0.00"}},"1",{"$f":"ROUND(I254*H254,2)","v":894.64},"16","868113307"]
[null,null,"33","K","998721103","Přesun hmot pro vnitřní kanalizaci stanovený z hmotnosti přesunovaného materiálu vodorovná dopravní vzdálenost do 50 m základní v objektech výšky přes 12 do 24 m","t",0.015,{"v":1271.33,"d":"1,271.33"},{"$f":"ROUND(I255*H255,2)","v":19.07},"CS ÚRS 2025 01",null,"","základní",null,{"$f":"O255*H255","v":{"v":0,"d":"0.00000"}},{"v":0,"d":"0.00000"},{"$f":"Q255*H255","v":{"v":0,"d":"0.00000"}},{"v":0,"d":"0.00000"},{"$f":"S255*H255","v":{"v":0,"d":"0.00000"}},{"$nulls":23},"16",null,"K","2",{"$nulls":3},"ROZPOCET",{"$nulls":5},{"$f":"IF(N255=\"základní\",J255,0)","v":19.07},{"$f":"IF(N255=\"snížená\",J255,0)","v":{"v":0,"d":"0.00"}},{"$f":"IF(N255=\"zákl. přenesená\",J255,0)","v":{"v":0,"d":"0.00"}},{"$f":"IF(N255=\"sníž. přenesená\",J255,0)","v":{"v":0,"d":"0.00"}},{"$f":"IF(N255=\"nulová\",J255,0)","v":{"v":0,"d":"0.00"}},"1",{"$f":"ROUND(I255*H255,2)","v":19.07},"16","1362457834"]
[{"$nulls":3},"Online PSC",null,"https://podminky.urs.cz/item/CS_URS_2025_01/998721103",{"$nulls":39},"Online PSC","2"]
[{"$nulls":3},"D","722","Zdravotechnika - vnitřní vodovod",{"$nulls":3},{"$f":"BK257","v":{"v":7628.460000000001,"d":"7,628.46"}},{"$nulls":5},{"$f":"SUM(P258:P272)","v":{"v":0,"d":"0.00000"}},null,{"$f":"SUM(R258:R272)","v":{"v":0.013399999999999999,"d":"0.01340"}},null,{"$f":"SUM(T258:T272)","v":{"v":0,"d":"0.00000"}},{"$nulls":23},"2",null,"D","1",{"$nulls":3},"ROZPOCET",{"$nulls":11},{"$f":"SUM(BK258:BK272)","v":{"v":7628.460000000001,"d":"7,628.46"}}]
[null,null,"34","K","722174003","Potrubí z plastových trubek z polypropylenu PPR svařovaných polyfúzně PN 16 (SDR 7,4) D 25 x 3,5","m",{"v":5,"d":"5.000"},414.36,{"$f":"ROUND(I258*H258,2)","v":{"v":2071.8,"d":"2,071.80"}},"CS ÚRS 2025 01",null,"","základní",null,{"$f":"O258*H258","v":{"v":0,"d":"0.00000"}},{"v":1.16E-3,"d":"0.00116"},{"$f":"Q258*H258","v":{"v":0.0058,"d":"0.00580"}},{"v":0,"d":"0.00000"},{"$f":"S258*H258","v":{"v":0,"d":"0.00000"}},{"$nulls":23},"16",null,"K","2",{"$nulls":3},"ROZPOCET",{"$nulls":5},{"$f":"IF(N258=\"základní\",J258,0)","v":{"v":2071.8,"d":"2,071.80"}},{"$f":"IF(N258=\"snížená\",J258,0)","v":{"v":0,"d":"0.00"}},{"$f":"IF(N258=\"zákl. přenesená\",J258,0)","v":{"v":0,"d":"0.00"}},{"$f":"IF(N258=\"sníž. přenesená\",J258,0)","v":{"v":0,"d":"0.00"}},{"$f":"IF(N258=\"nulová\",J258,0)","v":{"v":0,"d":"0.00"}},"1",{"$f":"ROUND(I258*H258,2)","v":{"v":2071.8,"d":"2,071.80"}},"16","1162783971"]
[{"$nulls":3},"Online PSC",null,"https://podminky.urs.cz/item/CS_URS_2025_01/722174003",{"$nulls":39},"Online PSC","2"]
[null,null,"35","K","722174023","Potrubí z plastových trubek z polypropylenu PPR svařovaných polyfúzně PN 20 (SDR 6) D 25 x 4,2","m",{"v":5,"d":"5.000"},452.03,{"$f":"ROUND(I260*H260,2)","v":{"v":2260.15,"d":"2,260.15"}},"CS ÚRS 2025 01",null,"","základní",null,{"$f":"O260*H260","v":{"v":0,"d":"0.00000"}},0.00126,{"$f":"Q260*H260","v":{"v":6.3E-3,"d":"0.00630"}},{"v":0,"d":"0.00000"},{"$f":"S260*H260","v":{"v":0,"d":"0.00000"}},{"$nulls":23},"16",null,"K","2",{"$nulls":3},"ROZPOCET",{"$nulls":5},{"$f":"IF(N260=\"základní\",J260,0)","v":{"v":2260.15,"d":"2,260.15"}},{"$f":"IF(N260=\"snížená\",J260,0)","v":{"v":0,"d":"0.00"}},{"$f":"IF(N260=\"zákl. přenesená\",J260,0)","v":{"v":0,"d":"0.00"}},{"$f":"IF(N260=\"sníž. přenesená\",J260,0)","v":{"v":0,"d":"0.00"}},{"$f":"IF(N260=\"nulová\",J260,0)","v":{"v":0,"d":"0.00"}},"1",{"$f":"ROUND(I260*H260,2)","v":{"v":2260.15,"d":"2,260.15"}},"16","125689196"]
[{"$nulls":3},"Online PSC",null,"https://podminky.urs.cz/item/CS_URS_2025_01/722174023",{"$nulls":39},"Online PSC","2"]
[null,null,"36","K","722181212","Ochrana potrubí termoizolačními trubicemi z pěnového polyetylenu PE přilepenými v příčných a podélných spojích, tloušťky izolace do 6 mm, vnitřního průměru izolace DN přes 22 do 32 mm","m",{"v":10,"d":"10.000"},67.33,{"$f":"ROUND(I262*H262,2)","v":{"v":673.3,"d":"673.30"}},"CS ÚRS 2025 01",null,"","základní",null,{"$f":"O262*H262","v":{"v":0,"d":"0.00000"}},{"v":4e-05,"d":"0.00004"},{"$f":"Q262*H262","v":{"v":0.0004,"d":"0.00040"}},{"v":0,"d":"0.00000"},{"$f":"S262*H262","v":{"v":0,"d":"0.00000"}},{"$nulls":23},"16",null,"K","2",{"$nulls":3},"ROZPOCET",{"$nulls":5},{"$f":"IF(N262=\"základní\",J262,0)","v":{"v":673.3,"d":"673.30"}},{"$f":"IF(N262=\"snížená\",J262,0)","v":{"v":0,"d":"0.00"}},{"$f":"IF(N262=\"zákl. přenesená\",J262,0)","v":{"v":0,"d":"0.00"}},{"$f":"IF(N262=\"sníž. přenesená\",J262,0)","v":{"v":0,"d":"0.00"}},{"$f":"IF(N262=\"nulová\",J262,0)","v":{"v":0,"d":"0.00"}},"1",{"$f":"ROUND(I262*H262,2)","v":{"v":673.3,"d":"673.30"}},"16","1037954024"]
[{"$nulls":3},"Online PSC",null,"https://podminky.urs.cz/item/CS_URS_2025_01/722181212",{"$nulls":39},"Online PSC","2"]
[null,null,"37","K","722220153","Armatury s jedním závitem plastové (PPR) PN 20 (SDR 6) DN 25 x G 3/4\"","kus",{"v":4,"d":"4.000"},218.48,{"$f":"ROUND(I264*H264,2)","v":873.92},"CS ÚRS 2025 01",null,"","základní",null,{"$f":"O264*H264","v":{"v":0,"d":"0.00000"}},{"v":0.0002,"d":"0.00020"},{"$f":"Q264*H264","v":{"v":0.0008,"d":"0.00080"}},{"v":0,"d":"0.00000"},{"$f":"S264*H264","v":{"v":0,"d":"0.00000"}},{"$nulls":23},"16",null,"K","2",{"$nulls":3},"ROZPOCET",{"$nulls":5},{"$f":"IF(N264=\"základní\",J264,0)","v":873.92},{"$f":"IF(N264=\"snížená\",J264,0)","v":{"v":0,"d":"0.00"}},{"$f":"IF(N264=\"zákl. přenesená\",J264,0)","v":{"v":0,"d":"0.00"}},{"$f":"IF(N264=\"sníž. přenesená\",J264,0)","v":{"v":0,"d":"0.00"}},{"$f":"IF(N264=\"nulová\",J264,0)","v":{"v":0,"d":"0.00"}},"1",{"$f":"ROUND(I264*H264,2)","v":873.92},"16","-523537750"]
[{"$nulls":3},"Online PSC",null,"https://podminky.urs.cz/item/CS_URS_2025_01/722220153",{"$nulls":39},"Online PSC","2"]
[null,null,"38","K","722190401","Zřízení přípojek na potrubí vyvedení a upevnění výpustek do DN 25","kus",{"v":4,"d":"4.000"},150.68,{"$f":"ROUND(I266*H266,2)","v":602.72},"CS ÚRS 2025 01",null,"","základní",null,{"$f":"O266*H266","v":{"v":0,"d":"0.00000"}},{"v":0,"d":"0.00000"},{"$f":"Q266*H266","v":{"v":0,"d":"0.00000"}},{"v":0,"d":"0.00000"},{"$f":"S266*H266","v":{"v":0,"d":"0.00000"}},{"$nulls":23},"16",null,"K","2",{"$nulls":3},"ROZPOCET",{"$nulls":5},{"$f":"IF(N266=\"základní\",J266,0)","v":602.72},{"$f":"IF(N266=\"snížená\",J266,0)","v":{"v":0,"d":"0.00"}},{"$f":"IF(N266=\"zákl. přenesená\",J266,0)","v":{"v":0,"d":"0.00"}},{"$f":"IF(N266=\"sníž. přenesená\",J266,0)","v":{"v":0,"d":"0.00"}},{"$f":"IF(N266=\"nulová\",J266,0)","v":{"v":0,"d":"0.00"}},"1",{"$f":"ROUND(I266*H266,2)","v":602.72},"16","230328589"]
[{"$nulls":3},"Online PSC",null,"https://podminky.urs.cz/item/CS_URS_2025_01/722190401",{"$nulls":39},"Online PSC","2"]
[null,null,"39","K","72219040R","Zřízení přípojek na stávající potrubí v šachtě včetně potřebného materiálu","kpl",{"v":1,"d":"1.000"},894.64,{"$f":"ROUND(I268*H268,2)","v":894.64},"vlastní",null,"","základní",null,{"$f":"O268*H268","v":{"v":0,"d":"0.00000"}},{"v":0,"d":"0.00000"},{"$f":"Q268*H268","v":{"v":0,"d":"0.00000"}},{"v":0,"d":"0.00000"},{"$f":"S268*H268","v":{"v":0,"d":"0.00000"}},{"$nulls":23},"16",null,"K","2",{"$nulls":3},"ROZPOCET",{"$nulls":5},{"$f":"IF(N268=\"základní\",J268,0)","v":894.64},{"$f":"IF(N268=\"snížená\",J268,0)","v":{"v":0,"d":"0.00"}},{"$f":"IF(N268=\"zákl. přenesená\",J268,0)","v":{"v":0,"d":"0.00"}},{"$f":"IF(N268=\"sníž. přenesená\",J268,0)","v":{"v":0,"d":"0.00"}},{"$f":"IF(N268=\"nulová\",J268,0)","v":{"v":0,"d":"0.00"}},"1",{"$f":"ROUND(I268*H268,2)","v":894.64},"16","435937680"]
[null,null,"40","K","722290234","Zkoušky, proplach a desinfekce vodovodního potrubí proplach a desinfekce vodovodního potrubí do DN 80","m",{"v":10,"d":"10.000"},23.54,{"$f":"ROUND(I269*H269,2)","v":{"v":235.4,"d":"235.40"}},"CS ÚRS 2025 01",null,"","základní",null,{"$f":"O269*H269","v":{"v":0,"d":"0.00000"}},{"v":1e-05,"d":"0.00001"},{"$f":"Q269*H269","v":{"v":1E-4,"d":"0.00010"}},{"v":0,"d":"0.00000"},{"$f":"S269*H269","v":{"v":0,"d":"0.00000"}},{"$nulls":23},"16",null,"K","2",{"$nulls":3},"ROZPOCET",{"$nulls":5},{"$f":"IF(N269=\"základní\",J269,0)","v":{"v":235.4,"d":"235.40"}},{"$f":"IF(N269=\"snížená\",J269,0)","v":{"v":0,"d":"0.00"}},{"$f":"IF(N269=\"zákl. přenesená\",J269,0)","v":{"v":0,"d":"0.00"}},{"$f":"IF(N269=\"sníž. přenesená\",J269,0)","v":{"v":0,"d":"0.00"}},{"$f":"IF(N269=\"nulová\",J269,0)","v":{"v":0,"d":"0.00"}},"1",{"$f":"ROUND(I269*H269,2)","v":{"v":235.4,"d":"235.40"}},"16","721872300"]
[{"$nulls":3},"Online PSC",null,"https://podminky.urs.cz/item/CS_URS_2025_01/722290234",{"$nulls":39},"Online PSC","2"]
[null,null,"41","K","998722103","Přesun hmot pro vnitřní vodovod stanovený z hmotnosti přesunovaného materiálu vodorovná dopravní vzdálenost do 50 m základní v objektech výšky přes 12 do 24 m","t",0.013,{"v":1271.33,"d":"1,271.33"},{"$f":"ROUND(I271*H271,2)","v":16.53},"CS ÚRS 2025 01",null,"","základní",null,{"$f":"O271*H271","v":{"v":0,"d":"0.00000"}},{"v":0,"d":"0.00000"},{"$f":"Q271*H271","v":{"v":0,"d":"0.00000"}},{"v":0,"d":"0.00000"},{"$f":"S271*H271","v":{"v":0,"d":"0.00000"}},{"$nulls":23},"16",null,"K","2",{"$nulls":3},"ROZPOCET",{"$nulls":5},{"$f":"IF(N271=\"základní\",J271,0)","v":16.53},{"$f":"IF(N271=\"snížená\",J271,0)","v":{"v":0,"d":"0.00"}},{"$f":"IF(N271=\"zákl. přenesená\",J271,0)","v":{"v":0,"d":"0.00"}},{"$f":"IF(N271=\"sníž. přenesená\",J271,0)","v":{"v":0,"d":"0.00"}},{"$f":"IF(N271=\"nulová\",J271,0)","v":{"v":0,"d":"0.00"}},"1",{"$f":"ROUND(I271*H271,2)","v":16.53},"16","73872537"]
[{"$nulls":3},"Online PSC",null,"https://podminky.urs.cz/item/CS_URS_2025_01/998722103",{"$nulls":39},"Online PSC","2"]
[{"$nulls":3},"D","725","Zdravotechnika - zařizovací předměty",{"$nulls":3},{"$f":"BK273","v":{"v":34615.7,"d":"34,615.70"}},{"$nulls":5},{"$f":"SUM(P274:P313)","v":{"v":0,"d":"0.00000"}},null,{"$f":"SUM(R274:R313)","v":{"v":0.08892000000000001,"d":"0.08892"}},null,{"$f":"SUM(T274:T313)","v":0.06899},{"$nulls":23},"2",null,"D","1",{"$nulls":3},"ROZPOCET",{"$nulls":11},{"$f":"SUM(BK274:BK313)","v":{"v":34615.7,"d":"34,615.70"}}]
[null,null,"42","K","725820801","Demontáž baterií nástěnných do G 3/4","soubor",{"v":2,"d":"2.000"},84.76,{"$f":"ROUND(I274*H274,2)","v":169.52},"CS ÚRS 2025 01",null,"","základní",null,{"$f":"O274*H274","v":{"v":0,"d":"0.00000"}},{"v":0,"d":"0.00000"},{"$f":"Q274*H274","v":{"v":0,"d":"0.00000"}},{"v":1.56E-3,"d":"0.00156"},{"$f":"S274*H274","v":0.00312},{"$nulls":23},"16",null,"K","2",{"$nulls":3},"ROZPOCET",{"$nulls":5},{"$f":"IF(N274=\"základní\",J274,0)","v":169.52},{"$f":"IF(N274=\"snížená\",J274,0)","v":{"v":0,"d":"0.00"}},{"$f":"IF(N274=\"zákl. přenesená\",J274,0)","v":{"v":0,"d":"0.00"}},{"$f":"IF(N274=\"sníž. přenesená\",J274,0)","v":{"v":0,"d":"0.00"}},{"$f":"IF(N274=\"nulová\",J274,0)","v":{"v":0,"d":"0.00"}},"1",{"$f":"ROUND(I274*H274,2)","v":169.52},"16","2005645435"]
[{"$nulls":3},"Online PSC",null,"https://podminky.urs.cz/item/CS_URS_2025_01/725820801",{"$nulls":39},"Online PSC","2"]
[null,null,"43","K","725840851","Demontáž baterií sprchových nástěnných","kus",{"v":1,"d":"1.000"},84.76,{"$f":"ROUND(I276*H276,2)","v":84.76},"CS ÚRS 2025 01",null,"","základní",null,{"$f":"O276*H276","v":{"v":0,"d":"0.00000"}},{"v":0,"d":"0.00000"},{"$f":"Q276*H276","v":{"v":0,"d":"0.00000"}},{"v":7.62E-3,"d":"0.00762"},{"$f":"S276*H276","v":{"v":7.62E-3,"d":"0.00762"}},{"$nulls":23},"16",null,"K","2",{"$nulls":3},"ROZPOCET",{"$nulls":5},{"$f":"IF(N276=\"základní\",J276,0)","v":84.76},{"$f":"IF(N276=\"snížená\",J276,0)","v":{"v":0,"d":"0.00"}},{"$f":"IF(N276=\"zákl. přenesená\",J276,0)","v":{"v":0,"d":"0.00"}},{"$f":"IF(N276=\"sníž. přenesená\",J276,0)","v":{"v":0,"d":"0.00"}},{"$f":"IF(N276=\"nulová\",J276,0)","v":{"v":0,"d":"0.00"}},"1",{"$f":"ROUND(I276*H276,2)","v":84.76},"16","-561053602"]
[{"$nulls":3},"Online PSC",null,"https://podminky.urs.cz/item/CS_URS_2025_01/725840851",{"$nulls":39},"Online PSC","2"]
[null,null,"44","K","725110811","Demontáž klozetů splachovacích s nádrží nebo tlakovým splachovačem","soubor",{"v":1,"d":"1.000"},235.43,{"$f":"ROUND(I278*H278,2)","v":235.43},"CS ÚRS 2025 01",null,"","základní",null,{"$f":"O278*H278","v":{"v":0,"d":"0.00000"}},{"v":0,"d":"0.00000"},{"$f":"Q278*H278","v":{"v":0,"d":"0.00000"}},0.01933,{"$f":"S278*H278","v":0.01933},{"$nulls":23},"16",null,"K","2",{"$nulls":3},"ROZPOCET",{"$nulls":5},{"$f":"IF(N278=\"základní\",J278,0)","v":235.43},{"$f":"IF(N278=\"snížená\",J278,0)","v":{"v":0,"d":"0.00"}},{"$f":"IF(N278=\"zákl. přenesená\",J278,0)","v":{"v":0,"d":"0.00"}},{"$f":"IF(N278=\"sníž. přenesená\",J278,0)","v":{"v":0,"d":"0.00"}},{"$f":"IF(N278=\"nulová\",J278,0)","v":{"v":0,"d":"0.00"}},"1",{"$f":"ROUND(I278*H278,2)","v":235.43},"16","-914164696"]
[{"$nulls":3},"Online PSC",null,"https://podminky.urs.cz/item/CS_URS_2025_01/725110811",{"$nulls":39},"Online PSC","2"]
[null,null,"45","K","725210821","Demontáž umyvadel bez výtokových armatur umyvadel","soubor",{"v":2,"d":"2.000"},235.43,{"$f":"ROUND(I280*H280,2)","v":470.86},"CS ÚRS 2025 01",null,"","základní",null,{"$f":"O280*H280","v":{"v":0,"d":"0.00000"}},{"v":0,"d":"0.00000"},{"$f":"Q280*H280","v":{"v":0,"d":"0.00000"}},0.01946,{"$f":"S280*H280","v":0.03892},{"$nulls":23},"16",null,"K","2",{"$nulls":3},"ROZPOCET",{"$nulls":5},{"$f":"IF(N280=\"základní\",J280,0)","v":470.86},{"$f":"IF(N280=\"snížená\",J280,0)","v":{"v":0,"d":"0.00"}},{"$f":"IF(N280=\"zákl. přenesená\",J280,0)","v":{"v":0,"d":"0.00"}},{"$f":"IF(N280=\"sníž. přenesená\",J280,0)","v":{"v":0,"d":"0.00"}},{"$f":"IF(N280=\"nulová\",J280,0)","v":{"v":0,"d":"0.00"}},"1",{"$f":"ROUND(I280*H280,2)","v":470.86},"16","472655249"]
[{"$nulls":3},"Online PSC",null,"https://podminky.urs.cz/item/CS_URS_2025_01/725210821",{"$nulls":39},"Online PSC","2"]
[null,null,"46","K","725813111","Ventily rohové bez připojovací trubičky nebo flexi hadičky G 1/2\"","soubor",{"v":5,"d":"5.000"},235.43,{"$f":"ROUND(I282*H282,2)","v":{"v":1177.15,"d":"1,177.15"}},"CS ÚRS 2025 01",null,"","základní",null,{"$f":"O282*H282","v":{"v":0,"d":"0.00000"}},0.00024,{"$f":"Q282*H282","v":{"v":1.2000000000000001E-3,"d":"0.00120"}},{"v":0,"d":"0.00000"},{"$f":"S282*H282","v":{"v":0,"d":"0.00000"}},{"$nulls":23},"16",null,"K","2",{"$nulls":3},"ROZPOCET",{"$nulls":5},{"$f":"IF(N282=\"základní\",J282,0)","v":{"v":1177.15,"d":"1,177.15"}},{"$f":"IF(N282=\"snížená\",J282,0)","v":{"v":0,"d":"0.00"}},{"$f":"IF(N282=\"zákl. přenesená\",J282,0)","v":{"v":0,"d":"0.00"}},{"$f":"IF(N282=\"sníž. přenesená\",J282,0)","v":{"v":0,"d":"0.00"}},{"$f":"IF(N282=\"nulová\",J282,0)","v":{"v":0,"d":"0.00"}},"1",{"$f":"ROUND(I282*H282,2)","v":{"v":1177.15,"d":"1,177.15"}},"16","1846644488"]
[{"$nulls":3},"Online PSC",null,"https://podminky.urs.cz/item/CS_URS_2025_01/725813111",{"$nulls":39},"Online PSC","2"]
[{"$nulls":3},"VV","","\"prostor umyvadel\"",null,"",{"$nulls":37},"VV","2","1","True","0","ROZPOCET"]
[{"$nulls":3},"VV","","2*2",null,{"v":4,"d":"4.000"},{"$nulls":37},"VV","2","2","True","0","ROZPOCET"]
[{"$nulls":3},"VV","","\"sprcha\"",null,"",{"$nulls":37},"VV","2","1","True","0","ROZPOCET"]
[{"$nulls":3},"VV","","0",null,{"v":0,"d":"0.000"},{"$nulls":37},"VV","2","2","True","0","ROZPOCET"]
[{"$nulls":3},"VV","","\"WC\"",null,"",{"$nulls":37},"VV","2","1","True","0","ROZPOCET"]
[{"$nulls":3},"VV","","1",null,{"v":1,"d":"1.000"},{"$nulls":37},"VV","2","2","True","0","ROZPOCET"]
[{"$nulls":3},"VV","","Součet",null,{"v":5,"d":"5.000"},{"$nulls":37},"VV","2","4","True","1","ROZPOCET"]
[null,null,"47","M","55190005","flexi hadice ohebná k baterii D 8x12mm F 1/2\"xM10 500mm","m",{"v":2.5,"d":"2.500"},159.15,{"$f":"ROUND(I291*H291,2)","v":397.88},"CS ÚRS 2025 01",null,"","základní",null,{"$f":"O291*H291","v":{"v":0,"d":"0.00000"}},0.00018,{"$f":"Q291*H291","v":{"v":4.5000000000000004E-4,"d":"0.00045"}},{"v":0,"d":"0.00000"},{"$f":"S291*H291","v":{"v":0,"d":"0.00000"}},{"$nulls":23},"32",null,"M","2",{"$nulls":3},"ROZPOCET",{"$nulls":5},{"$f":"IF(N291=\"základní\",J291,0)","v":397.88},{"$f":"IF(N291=\"snížená\",J291,0)","v":{"v":0,"d":"0.00"}},{"$f":"IF(N291=\"zákl. přenesená\",J291,0)","v":{"v":0,"d":"0.00"}},{"$f":"IF(N291=\"sníž. přenesená\",J291,0)","v":{"v":0,"d":"0.00"}},{"$f":"IF(N291=\"nulová\",J291,0)","v":{"v":0,"d":"0.00"}},"1",{"$f":"ROUND(I291*H291,2)","v":397.88},"16","874528139"]
[{"$nulls":3},"VV","","5*0,5",null,{"v":2.5,"d":"2.500"},{"$nulls":37},"VV","2","2","True","1","ROZPOCET"]
[null,null,"48","K","725112011","Zařízení záchodů klozety keramické standardní samostatně stojící s plochým splachováním odpad vodorovný","soubor",{"v":1,"d":"1.000"},{"v":4002.34,"d":"4,002.34"},{"$f":"ROUND(I293*H293,2)","v":{"v":4002.34,"d":"4,002.34"}},"CS ÚRS 2025 01",null,"","základní",null,{"$f":"O293*H293","v":{"v":0,"d":"0.00000"}},0.01387,{"$f":"Q293*H293","v":0.01387},{"v":0,"d":"0.00000"},{"$f":"S293*H293","v":{"v":0,"d":"0.00000"}},{"$nulls":23},"16",null,"K","2",{"$nulls":3},"ROZPOCET",{"$nulls":5},{"$f":"IF(N293=\"základní\",J293,0)","v":{"v":4002.34,"d":"4,002.34"}},{"$f":"IF(N293=\"snížená\",J293,0)","v":{"v":0,"d":"0.00"}},{"$f":"IF(N293=\"zákl. přenesená\",J293,0)","v":{"v":0,"d":"0.00"}},{"$f":"IF(N293=\"sníž. přenesená\",J293,0)","v":{"v":0,"d":"0.00"}},{"$f":"IF(N293=\"nulová\",J293,0)","v":{"v":0,"d":"0.00"}},"1",{"$f":"ROUND(I293*H293,2)","v":{"v":4002.34,"d":"4,002.34"}},"16","-305216758"]
[{"$nulls":3},"Online PSC",null,"https://podminky.urs.cz/item/CS_URS_2025_01/725112011",{"$nulls":39},"Online PSC","2"]
[null,null,"49","K","725291650","Montáž doplňků zařízení koupelen a záchodů toaletní desky rovné","kus",{"v":1,"d":"1.000"},207.18,{"$f":"ROUND(I295*H295,2)","v":207.18},"CS ÚRS 2025 01",null,"","základní",null,{"$f":"O295*H295","v":{"v":0,"d":"0.00000"}},{"v":0,"d":"0.00000"},{"$f":"Q295*H295","v":{"v":0,"d":"0.00000"}},{"v":0,"d":"0.00000"},{"$f":"S295*H295","v":{"v":0,"d":"0.00000"}},{"$nulls":23},"16",null,"K","2",{"$nulls":3},"ROZPOCET",{"$nulls":5},{"$f":"IF(N295=\"základní\",J295,0)","v":207.18},{"$f":"IF(N295=\"snížená\",J295,0)","v":{"v":0,"d":"0.00"}},{"$f":"IF(N295=\"zákl. přenesená\",J295,0)","v":{"v":0,"d":"0.00"}},{"$f":"IF(N295=\"sníž. přenesená\",J295,0)","v":{"v":0,"d":"0.00"}},{"$f":"IF(N295=\"nulová\",J295,0)","v":{"v":0,"d":"0.00"}},"1",{"$f":"ROUND(I295*H295,2)","v":207.18},"16","993927515"]
[{"$nulls":3},"Online PSC",null,"https://podminky.urs.cz/item/CS_URS_2025_01/725291650",{"$nulls":39},"Online PSC","2"]
[null,null,"50","M","64294623","deska bílá z duroplastu s pomalým sklápěním","kus",{"v":1,"d":"1.000"},{"v":1129.98,"d":"1,129.98"},{"$f":"ROUND(I297*H297,2)","v":{"v":1129.98,"d":"1,129.98"}},"CS ÚRS 2025 01",null,"","základní",null,{"$f":"O297*H297","v":{"v":0,"d":"0.00000"}},{"v":0.0024,"d":"0.00240"},{"$f":"Q297*H297","v":{"v":0.0024,"d":"0.00240"}},{"v":0,"d":"0.00000"},{"$f":"S297*H297","v":{"v":0,"d":"0.00000"}},{"$nulls":23},"32",null,"M","2",{"$nulls":3},"ROZPOCET",{"$nulls":5},{"$f":"IF(N297=\"základní\",J297,0)","v":{"v":1129.98,"d":"1,129.98"}},{"$f":"IF(N297=\"snížená\",J297,0)","v":{"v":0,"d":"0.00"}},{"$f":"IF(N297=\"zákl. přenesená\",J297,0)","v":{"v":0,"d":"0.00"}},{"$f":"IF(N297=\"sníž. přenesená\",J297,0)","v":{"v":0,"d":"0.00"}},{"$f":"IF(N297=\"nulová\",J297,0)","v":{"v":0,"d":"0.00"}},"1",{"$f":"ROUND(I297*H297,2)","v":{"v":1129.98,"d":"1,129.98"}},"16","1993374614"]
[null,null,"51","K","725241901","Sprchové vaničky montáž sprchových vaniček","soubor",{"v":1,"d":"1.000"},{"v":2448.49,"d":"2,448.49"},{"$f":"ROUND(I298*H298,2)","v":{"v":2448.49,"d":"2,448.49"}},"CS ÚRS 2025 01",null,"","základní",null,{"$f":"O298*H298","v":{"v":0,"d":"0.00000"}},0.00583,{"$f":"Q298*H298","v":0.00583},{"v":0,"d":"0.00000"},{"$f":"S298*H298","v":{"v":0,"d":"0.00000"}},{"$nulls":23},"16",null,"K","2",{"$nulls":3},"ROZPOCET",{"$nulls":5},{"$f":"IF(N298=\"základní\",J298,0)","v":{"v":2448.49,"d":"2,448.49"}},{"$f":"IF(N298=\"snížená\",J298,0)","v":{"v":0,"d":"0.00"}},{"$f":"IF(N298=\"zákl. přenesená\",J298,0)","v":{"v":0,"d":"0.00"}},{"$f":"IF(N298=\"sníž. přenesená\",J298,0)","v":{"v":0,"d":"0.00"}},{"$f":"IF(N298=\"nulová\",J298,0)","v":{"v":0,"d":"0.00"}},"1",{"$f":"ROUND(I298*H298,2)","v":{"v":2448.49,"d":"2,448.49"}},"16","2029854859"]
[{"$nulls":3},"Online PSC",null,"https://podminky.urs.cz/item/CS_URS_2025_01/725241901",{"$nulls":39},"Online PSC","2"]
[null,null,"52","M","55423024R","vanička sprchová akrylátová samonosná bílá 900x750x185mm","kus",{"v":1,"d":"1.000"},{"v":4468.5,"d":"4,468.50"},{"$f":"ROUND(I300*H300,2)","v":{"v":4468.5,"d":"4,468.50"}},"vlastní",null,"","základní",null,{"$f":"O300*H300","v":{"v":0,"d":"0.00000"}},{"v":0.013,"d":"0.01300"},{"$f":"Q300*H300","v":{"v":0.013,"d":"0.01300"}},{"v":0,"d":"0.00000"},{"$f":"S300*H300","v":{"v":0,"d":"0.00000"}},{"$nulls":23},"32",null,"M","2",{"$nulls":3},"ROZPOCET",{"$nulls":5},{"$f":"IF(N300=\"základní\",J300,0)","v":{"v":4468.5,"d":"4,468.50"}},{"$f":"IF(N300=\"snížená\",J300,0)","v":{"v":0,"d":"0.00"}},{"$f":"IF(N300=\"zákl. přenesená\",J300,0)","v":{"v":0,"d":"0.00"}},{"$f":"IF(N300=\"sníž. přenesená\",J300,0)","v":{"v":0,"d":"0.00"}},{"$f":"IF(N300=\"nulová\",J300,0)","v":{"v":0,"d":"0.00"}},"1",{"$f":"ROUND(I300*H300,2)","v":{"v":4468.5,"d":"4,468.50"}},"16","-189771087"]
[null,null,"53","K","72586550R","Zápachové uzávěrky zařizovacích předmětů odpadní soupravy se zápachovou uzávěrkou sprchové vaničky","kus",{"v":1,"d":"1.000"},800.47,{"$f":"ROUND(I301*H301,2)","v":800.47},"vlastní",null,"","základní",null,{"$f":"O301*H301","v":{"v":0,"d":"0.00000"}},0.00285,{"$f":"Q301*H301","v":0.00285},{"v":0,"d":"0.00000"},{"$f":"S301*H301","v":{"v":0,"d":"0.00000"}},{"$nulls":23},"16",null,"K","2",{"$nulls":3},"ROZPOCET",{"$nulls":5},{"$f":"IF(N301=\"základní\",J301,0)","v":800.47},{"$f":"IF(N301=\"snížená\",J301,0)","v":{"v":0,"d":"0.00"}},{"$f":"IF(N301=\"zákl. přenesená\",J301,0)","v":{"v":0,"d":"0.00"}},{"$f":"IF(N301=\"sníž. přenesená\",J301,0)","v":{"v":0,"d":"0.00"}},{"$f":"IF(N301=\"nulová\",J301,0)","v":{"v":0,"d":"0.00"}},"1",{"$f":"ROUND(I301*H301,2)","v":800.47},"16","1565311296"]
[null,null,"54","K","725244103","Sprchové dveře a zástěny dveře sprchové do niky rámové se skleněnou výplní tl. 5 mm otvíravé jednokřídlové, na vaničku šířky 900 mm","soubor",{"v":1,"d":"1.000"},{"v":7062.96,"d":"7,062.96"},{"$f":"ROUND(I302*H302,2)","v":{"v":7062.96,"d":"7,062.96"}},"CS ÚRS 2025 01",null,"","základní",null,{"$f":"O302*H302","v":{"v":0,"d":"0.00000"}},{"v":0.0201,"d":"0.02010"},{"$f":"Q302*H302","v":{"v":0.0201,"d":"0.02010"}},{"v":0,"d":"0.00000"},{"$f":"S302*H302","v":{"v":0,"d":"0.00000"}},{"$nulls":23},"16",null,"K","2",{"$nulls":3},"ROZPOCET",{"$nulls":5},{"$f":"IF(N302=\"základní\",J302,0)","v":{"v":7062.96,"d":"7,062.96"}},{"$f":"IF(N302=\"snížená\",J302,0)","v":{"v":0,"d":"0.00"}},{"$f":"IF(N302=\"zákl. přenesená\",J302,0)","v":{"v":0,"d":"0.00"}},{"$f":"IF(N302=\"sníž. přenesená\",J302,0)","v":{"v":0,"d":"0.00"}},{"$f":"IF(N302=\"nulová\",J302,0)","v":{"v":0,"d":"0.00"}},"1",{"$f":"ROUND(I302*H302,2)","v":{"v":7062.96,"d":"7,062.96"}},"16","795755241"]
[{"$nulls":3},"Online PSC",null,"https://podminky.urs.cz/item/CS_URS_2025_01/725244103",{"$nulls":39},"Online PSC","2"]
[null,null,"55","K","725841322R","Baterie sprchová nástěnná se sprchovým setem s roztečí 150 mm - chrom","soubor",{"v":1,"d":"1.000"},{"v":1638.71,"d":"1,638.71"},{"$f":"ROUND(I304*H304,2)","v":{"v":1638.71,"d":"1,638.71"}},"vlastní",null,"","základní",null,{"$f":"O304*H304","v":{"v":0,"d":"0.00000"}},{"v":2.14E-3,"d":"0.00214"},{"$f":"Q304*H304","v":{"v":2.14E-3,"d":"0.00214"}},{"v":0,"d":"0.00000"},{"$f":"S304*H304","v":{"v":0,"d":"0.00000"}},{"$nulls":23},"16",null,"K","2",{"$nulls":3},"ROZPOCET",{"$nulls":5},{"$f":"IF(N304=\"základní\",J304,0)","v":{"v":1638.71,"d":"1,638.71"}},{"$f":"IF(N304=\"snížená\",J304,0)","v":{"v":0,"d":"0.00"}},{"$f":"IF(N304=\"zákl. přenesená\",J304,0)","v":{"v":0,"d":"0.00"}},{"$f":"IF(N304=\"sníž. přenesená\",J304,0)","v":{"v":0,"d":"0.00"}},{"$f":"IF(N304=\"nulová\",J304,0)","v":{"v":0,"d":"0.00"}},"1",{"$f":"ROUND(I304*H304,2)","v":{"v":1638.71,"d":"1,638.71"}},"16","-767835850"]
[null,null,"56","K","725211661R","Umyvadlo keramické bílé zápustné šířky 560 mm připevněné do desky včetně přepadu","soubor",{"v":2,"d":"2.000"},{"v":2683.92,"d":"2,683.92"},{"$f":"ROUND(I305*H305,2)","v":{"v":5367.84,"d":"5,367.84"}},"vlastní",null,"","základní",null,{"$f":"O305*H305","v":{"v":0,"d":"0.00000"}},0.01046,{"$f":"Q305*H305","v":0.02092},{"v":0,"d":"0.00000"},{"$f":"S305*H305","v":{"v":0,"d":"0.00000"}},{"$nulls":23},"16",null,"K","2",{"$nulls":3},"ROZPOCET",{"$nulls":5},{"$f":"IF(N305=\"základní\",J305,0)","v":{"v":5367.84,"d":"5,367.84"}},{"$f":"IF(N305=\"snížená\",J305,0)","v":{"v":0,"d":"0.00"}},{"$f":"IF(N305=\"zákl. přenesená\",J305,0)","v":{"v":0,"d":"0.00"}},{"$f":"IF(N305=\"sníž. přenesená\",J305,0)","v":{"v":0,"d":"0.00"}},{"$f":"IF(N305=\"nulová\",J305,0)","v":{"v":0,"d":"0.00"}},"1",{"$f":"ROUND(I305*H305,2)","v":{"v":5367.84,"d":"5,367.84"}},"16","31809193"]
[null,null,"57","K","725865501","Zápachové uzávěrky zařizovacích předmětů odpadní soupravy se zápachovou uzávěrkou DN 40/50","kus",{"v":2,"d":"2.000"},725.13,{"$f":"ROUND(I306*H306,2)","v":{"v":1450.26,"d":"1,450.26"}},"CS ÚRS 2025 01",null,"","základní",null,{"$f":"O306*H306","v":{"v":0,"d":"0.00000"}},0.00128,{"$f":"Q306*H306","v":0.00256},{"v":0,"d":"0.00000"},{"$f":"S306*H306","v":{"v":0,"d":"0.00000"}},{"$nulls":23},"16",null,"K","2",{"$nulls":3},"ROZPOCET",{"$nulls":5},{"$f":"IF(N306=\"základní\",J306,0)","v":{"v":1450.26,"d":"1,450.26"}},{"$f":"IF(N306=\"snížená\",J306,0)","v":{"v":0,"d":"0.00"}},{"$f":"IF(N306=\"zákl. přenesená\",J306,0)","v":{"v":0,"d":"0.00"}},{"$f":"IF(N306=\"sníž. přenesená\",J306,0)","v":{"v":0,"d":"0.00"}},{"$f":"IF(N306=\"nulová\",J306,0)","v":{"v":0,"d":"0.00"}},"1",{"$f":"ROUND(I306*H306,2)","v":{"v":1450.26,"d":"1,450.26"}},"16","-895291148"]
[{"$nulls":3},"Online PSC",null,"https://podminky.urs.cz/item/CS_URS_2025_01/725865501",{"$nulls":39},"Online PSC","2"]
[{"$nulls":3},"VV","","\"chrom\"",null,"",{"$nulls":37},"VV","2","1","True","0","ROZPOCET"]
[{"$nulls":3},"VV","","2",null,{"v":2,"d":"2.000"},{"$nulls":37},"VV","2","2","True","1","ROZPOCET"]
[null,null,"58","K","725822611","Baterie umyvadlová stojánková páková bez výpusti - chrom","soubor",{"v":2,"d":"2.000"},{"v":1695.11,"d":"1,695.11"},{"$f":"ROUND(I310*H310,2)","v":{"v":3390.22,"d":"3,390.22"}},"CS ÚRS 2025 01",null,"","základní",null,{"$f":"O310*H310","v":{"v":0,"d":"0.00000"}},{"v":1.8E-3,"d":"0.00180"},{"$f":"Q310*H310","v":{"v":0.0036,"d":"0.00360"}},{"v":0,"d":"0.00000"},{"$f":"S310*H310","v":{"v":0,"d":"0.00000"}},{"$nulls":23},"16",null,"K","2",{"$nulls":3},"ROZPOCET",{"$nulls":5},{"$f":"IF(N310=\"základní\",J310,0)","v":{"v":3390.22,"d":"3,390.22"}},{"$f":"IF(N310=\"snížená\",J310,0)","v":{"v":0,"d":"0.00"}},{"$f":"IF(N310=\"zákl. přenesená\",J310,0)","v":{"v":0,"d":"0.00"}},{"$f":"IF(N310=\"sníž. přenesená\",J310,0)","v":{"v":0,"d":"0.00"}},{"$f":"IF(N310=\"nulová\",J310,0)","v":{"v":0,"d":"0.00"}},"1",{"$f":"ROUND(I310*H310,2)","v":{"v":3390.22,"d":"3,390.22"}},"16","1367580556"]
[{"$nulls":3},"Online PSC",null,"https://podminky.urs.cz/item/CS_URS_2025_01/725822611",{"$nulls":39},"Online PSC","2"]
[null,null,"59","K","998725103","Přesun hmot pro zařizovací předměty stanovený z hmotnosti přesunovaného materiálu vodorovná dopravní vzdálenost do 50 m základní v objektech výšky přes 12 do 24 m","t",0.089,{"v":1271.33,"d":"1,271.33"},{"$f":"ROUND(I312*H312,2)","v":113.15},"CS ÚRS 2025 01",null,"","základní",null,{"$f":"O312*H312","v":{"v":0,"d":"0.00000"}},{"v":0,"d":"0.00000"},{"$f":"Q312*H312","v":{"v":0,"d":"0.00000"}},{"v":0,"d":"0.00000"},{"$f":"S312*H312","v":{"v":0,"d":"0.00000"}},{"$nulls":23},"16",null,"K","2",{"$nulls":3},"ROZPOCET",{"$nulls":5},{"$f":"IF(N312=\"základní\",J312,0)","v":113.15},{"$f":"IF(N312=\"snížená\",J312,0)","v":{"v":0,"d":"0.00"}},{"$f":"IF(N312=\"zákl. přenesená\",J312,0)","v":{"v":0,"d":"0.00"}},{"$f":"IF(N312=\"sníž. přenesená\",J312,0)","v":{"v":0,"d":"0.00"}},{"$f":"IF(N312=\"nulová\",J312,0)","v":{"v":0,"d":"0.00"}},"1",{"$f":"ROUND(I312*H312,2)","v":113.15},"16","-1178815574"]
[{"$nulls":3},"Online PSC",null,"https://podminky.urs.cz/item/CS_URS_2025_01/998725103",{"$nulls":39},"Online PSC","2"]
[{"$nulls":3},"D","741","Elektroinstalace - silnoproud",{"$nulls":3},{"$f":"BK314","v":{"v":6690.61,"d":"6,690.61"}},{"$nulls":5},{"$f":"SUM(P315:P365)","v":{"v":0,"d":"0.00000"}},null,{"$f":"SUM(R315:R365)","v":0.00204},null,{"$f":"SUM(T315:T365)","v":{"v":0.0083,"d":"0.00830"}},{"$nulls":23},"2",null,"D","1",{"$nulls":3},"ROZPOCET",{"$nulls":11},{"$f":"SUM(BK315:BK365)","v":{"v":6690.61,"d":"6,690.61"}}]
[null,null,"60","K","74131180R","Demontáž spínačů nástěnných normálních vnitřních","kus",{"v":5,"d":"5.000"},55.56,{"$f":"ROUND(I315*H315,2)","v":{"v":277.8,"d":"277.80"}},"vlastní",null,"","základní",null,{"$f":"O315*H315","v":{"v":0,"d":"0.00000"}},{"v":0,"d":"0.00000"},{"$f":"Q315*H315","v":{"v":0,"d":"0.00000"}},{"v":5e-05,"d":"0.00005"},{"$f":"S315*H315","v":0.00025},{"$nulls":23},"16",null,"K","2",{"$nulls":3},"ROZPOCET",{"$nulls":5},{"$f":"IF(N315=\"základní\",J315,0)","v":{"v":277.8,"d":"277.80"}},{"$f":"IF(N315=\"snížená\",J315,0)","v":{"v":0,"d":"0.00"}},{"$f":"IF(N315=\"zákl. přenesená\",J315,0)","v":{"v":0,"d":"0.00"}},{"$f":"IF(N315=\"sníž. přenesená\",J315,0)","v":{"v":0,"d":"0.00"}},{"$f":"IF(N315=\"nulová\",J315,0)","v":{"v":0,"d":"0.00"}},"1",{"$f":"ROUND(I315*H315,2)","v":{"v":277.8,"d":"277.80"}},"16","-1574855798"]
[{"$nulls":3},"VV","","\"spínače, tlačítka ventilátorů\"",null,"",{"$nulls":37},"VV","2","1","True","0","ROZPOCET"]
[{"$nulls":3},"VV","","\"prostor umyvadel\"",null,"",{"$nulls":37},"VV","2","1","True","0","ROZPOCET"]
[{"$nulls":3},"VV","","1",null,{"v":1,"d":"1.000"},{"$nulls":37},"VV","2","2","True","0","ROZPOCET"]
[{"$nulls":3},"VV","","\"sprcha\"",null,"",{"$nulls":37},"VV","2","1","True","0","ROZPOCET"]
[{"$nulls":3},"VV","","2",null,{"v":2,"d":"2.000"},{"$nulls":37},"VV","2","2","True","0","ROZPOCET"]
[{"$nulls":3},"VV","","\"WC\"",null,"",{"$nulls":37},"VV","2","1","True","0","ROZPOCET"]
[{"$nulls":3},"VV","","2",null,{"v":2,"d":"2.000"},{"$nulls":37},"VV","2","2","True","0","ROZPOCET"]
[{"$nulls":3},"VV","","Součet",null,{"v":5,"d":"5.000"},{"$nulls":37},"VV","2","4","True","1","ROZPOCET"]
[null,null,"61","K","74131582R","Demontáž zásuvek domovních normální prostředí šroubových bez zachování funkčnosti","kus",{"v":1,"d":"1.000"},55.56,{"$f":"ROUND(I324*H324,2)","v":55.56},"vlastní",null,"","základní",null,{"$f":"O324*H324","v":{"v":0,"d":"0.00000"}},{"v":0,"d":"0.00000"},{"$f":"Q324*H324","v":{"v":0,"d":"0.00000"}},{"v":5e-05,"d":"0.00005"},{"$f":"S324*H324","v":{"v":5e-05,"d":"0.00005"}},{"$nulls":23},"16",null,"K","2",{"$nulls":3},"ROZPOCET",{"$nulls":5},{"$f":"IF(N324=\"základní\",J324,0)","v":55.56},{"$f":"IF(N324=\"snížená\",J324,0)","v":{"v":0,"d":"0.00"}},{"$f":"IF(N324=\"zákl. přenesená\",J324,0)","v":{"v":0,"d":"0.00"}},{"$f":"IF(N324=\"sníž. přenesená\",J324,0)","v":{"v":0,"d":"0.00"}},{"$f":"IF(N324=\"nulová\",J324,0)","v":{"v":0,"d":"0.00"}},"1",{"$f":"ROUND(I324*H324,2)","v":55.56},"16","-1075994714"]
[{"$nulls":3},"VV","","\"prostor umyvadel\"",null,"",{"$nulls":37},"VV","2","1","True","0","ROZPOCET"]
[{"$nulls":3},"VV","","1",null,{"v":1,"d":"1.000"},{"$nulls":37},"VV","2","2","True","1","ROZPOCET"]
[null,null,"62","K","741371813","Demontáž svítidel bez zachování funkčnosti (do suti) interiérových modulového systému bodových nastavitelných","kus",{"v":4,"d":"4.000"},93.23,{"$f":"ROUND(I327*H327,2)","v":372.92},"CS ÚRS 2025 01",null,"","základní",null,{"$f":"O327*H327","v":{"v":0,"d":"0.00000"}},{"v":0,"d":"0.00000"},{"$f":"Q327*H327","v":{"v":0,"d":"0.00000"}},{"v":2E-3,"d":"0.00200"},{"$f":"S327*H327","v":{"v":0.008,"d":"0.00800"}},{"$nulls":23},"16",null,"K","2",{"$nulls":3},"ROZPOCET",{"$nulls":5},{"$f":"IF(N327=\"základní\",J327,0)","v":372.92},{"$f":"IF(N327=\"snížená\",J327,0)","v":{"v":0,"d":"0.00"}},{"$f":"IF(N327=\"zákl. přenesená\",J327,0)","v":{"v":0,"d":"0.00"}},{"$f":"IF(N327=\"sníž. přenesená\",J327,0)","v":{"v":0,"d":"0.00"}},{"$f":"IF(N327=\"nulová\",J327,0)","v":{"v":0,"d":"0.00"}},"1",{"$f":"ROUND(I327*H327,2)","v":372.92},"16","-771045298"]
[{"$nulls":3},"Online PSC",null,"https://podminky.urs.cz/item/CS_URS_2025_01/741371813",{"$nulls":39},"Online PSC","2"]
[{"$nulls":3},"VV","","\"prostor umyvadel\"",null,"",{"$nulls":37},"VV","2","1","True","0","ROZPOCET"]
[{"$nulls":3},"VV","","2",null,{"v":2,"d":"2.000"},{"$nulls":37},"VV","2","2","True","0","ROZPOCET"]
[{"$nulls":3},"VV","","\"sprcha\"",null,"",{"$nulls":37},"VV","2","1","True","0","ROZPOCET"]
[{"$nulls":3},"VV","","1",null,{"v":1,"d":"1.000"},{"$nulls":37},"VV","2","2","True","0","ROZPOCET"]
[{"$nulls":3},"VV","","\"WC\"",null,"",{"$nulls":37},"VV","2","1","True","0","ROZPOCET"]
[{"$nulls":3},"VV","","1",null,{"v":1,"d":"1.000"},{"$nulls":37},"VV","2","2","True","0","ROZPOCET"]
[{"$nulls":3},"VV","","Součet",null,{"v":4,"d":"4.000"},{"$nulls":37},"VV","2","4","True","1","ROZPOCET"]
[null,null,"63","K","741372012","Montáž svítidel s integrovaným zdrojem LED se zapojením vodičů interiérových přisazených nástěnných reflektorových bez pohybového čidla","kus",{"v":4,"d":"4.000"},{"v":329.6,"d":"329.60"},{"$f":"ROUND(I336*H336,2)","v":{"v":1318.4,"d":"1,318.40"}},"CS ÚRS 2025 01",null,"","základní",null,{"$f":"O336*H336","v":{"v":0,"d":"0.00000"}},{"v":0,"d":"0.00000"},{"$f":"Q336*H336","v":{"v":0,"d":"0.00000"}},{"v":0,"d":"0.00000"},{"$f":"S336*H336","v":{"v":0,"d":"0.00000"}},{"$nulls":23},"16",null,"K","2",{"$nulls":3},"ROZPOCET",{"$nulls":5},{"$f":"IF(N336=\"základní\",J336,0)","v":{"v":1318.4,"d":"1,318.40"}},{"$f":"IF(N336=\"snížená\",J336,0)","v":{"v":0,"d":"0.00"}},{"$f":"IF(N336=\"zákl. přenesená\",J336,0)","v":{"v":0,"d":"0.00"}},{"$f":"IF(N336=\"sníž. přenesená\",J336,0)","v":{"v":0,"d":"0.00"}},{"$f":"IF(N336=\"nulová\",J336,0)","v":{"v":0,"d":"0.00"}},"1",{"$f":"ROUND(I336*H336,2)","v":{"v":1318.4,"d":"1,318.40"}},"16","-1837774067"]
[{"$nulls":3},"Online PSC",null,"https://podminky.urs.cz/item/CS_URS_2025_01/741372012",{"$nulls":39},"Online PSC","2"]
[null,null,"64","M","34835008R","LED svítidlo nástěnné, vhodné do koupelny, IP ochrana: krytí IP44, výkon 5-9 W, světelný tok 400-800 lm","kus",{"v":4,"d":"4.000"},531.32,{"$f":"ROUND(I338*H338,2)","v":{"v":2125.28,"d":"2,125.28"}},"vlastní",null,"","základní",null,{"$f":"O338*H338","v":{"v":0,"d":"0.00000"}},0.00034,{"$f":"Q338*H338","v":0.00136},{"v":0,"d":"0.00000"},{"$f":"S338*H338","v":{"v":0,"d":"0.00000"}},{"$nulls":23},"32",null,"M","2",{"$nulls":3},"ROZPOCET",{"$nulls":5},{"$f":"IF(N338=\"základní\",J338,0)","v":{"v":2125.28,"d":"2,125.28"}},{"$f":"IF(N338=\"snížená\",J338,0)","v":{"v":0,"d":"0.00"}},{"$f":"IF(N338=\"zákl. přenesená\",J338,0)","v":{"v":0,"d":"0.00"}},{"$f":"IF(N338=\"sníž. přenesená\",J338,0)","v":{"v":0,"d":"0.00"}},{"$f":"IF(N338=\"nulová\",J338,0)","v":{"v":0,"d":"0.00"}},"1",{"$f":"ROUND(I338*H338,2)","v":{"v":2125.28,"d":"2,125.28"}},"16","277047188"]
[null,null,"65","K","741313043","Montáž zásuvek domovních se zapojením vodičů šroubové připojení polozapuštěných nebo zapuštěných 10/16 A, provedení 2x (2P + PE) dvojnásobná","kus",{"v":1,"d":"1.000"},169.51,{"$f":"ROUND(I339*H339,2)","v":169.51},"CS ÚRS 2025 01",null,"","základní",null,{"$f":"O339*H339","v":{"v":0,"d":"0.00000"}},{"v":0,"d":"0.00000"},{"$f":"Q339*H339","v":{"v":0,"d":"0.00000"}},{"v":0,"d":"0.00000"},{"$f":"S339*H339","v":{"v":0,"d":"0.00000"}},{"$nulls":23},"16",null,"K","2",{"$nulls":3},"ROZPOCET",{"$nulls":5},{"$f":"IF(N339=\"základní\",J339,0)","v":169.51},{"$f":"IF(N339=\"snížená\",J339,0)","v":{"v":0,"d":"0.00"}},{"$f":"IF(N339=\"zákl. přenesená\",J339,0)","v":{"v":0,"d":"0.00"}},{"$f":"IF(N339=\"sníž. přenesená\",J339,0)","v":{"v":0,"d":"0.00"}},{"$f":"IF(N339=\"nulová\",J339,0)","v":{"v":0,"d":"0.00"}},"1",{"$f":"ROUND(I339*H339,2)","v":169.51},"16","1582548898"]
[{"$nulls":3},"Online PSC",null,"https://podminky.urs.cz/item/CS_URS_2025_01/741313043",{"$nulls":39},"Online PSC","2"]
[null,null,"66","M","34555201","zásuvka zápustná dvojnásobná chráněná, šroubové svorky","kus",{"v":1,"d":"1.000"},176.29,{"$f":"ROUND(I341*H341,2)","v":176.29},"CS ÚRS 2025 01",null,"","základní",null,{"$f":"O341*H341","v":{"v":0,"d":"0.00000"}},{"v":9e-05,"d":"0.00009"},{"$f":"Q341*H341","v":{"v":9e-05,"d":"0.00009"}},{"v":0,"d":"0.00000"},{"$f":"S341*H341","v":{"v":0,"d":"0.00000"}},{"$nulls":23},"32",null,"M","2",{"$nulls":3},"ROZPOCET",{"$nulls":5},{"$f":"IF(N341=\"základní\",J341,0)","v":176.29},{"$f":"IF(N341=\"snížená\",J341,0)","v":{"v":0,"d":"0.00"}},{"$f":"IF(N341=\"zákl. přenesená\",J341,0)","v":{"v":0,"d":"0.00"}},{"$f":"IF(N341=\"sníž. přenesená\",J341,0)","v":{"v":0,"d":"0.00"}},{"$f":"IF(N341=\"nulová\",J341,0)","v":{"v":0,"d":"0.00"}},"1",{"$f":"ROUND(I341*H341,2)","v":176.29},"16","-1242238877"]
[null,null,"67","K","741310251","Montáž spínačů jedno nebo dvoupólových polozapuštěných nebo zapuštěných se zapojením vodičů šroubové připojení, pro prostředí venkovní nebo mokré spínačů, řazení 1-jednopólových","kus",{"v":3,"d":"3.000"},184.58,{"$f":"ROUND(I342*H342,2)","v":553.74},"CS ÚRS 2025 01",null,"","základní",null,{"$f":"O342*H342","v":{"v":0,"d":"0.00000"}},{"v":0,"d":"0.00000"},{"$f":"Q342*H342","v":{"v":0,"d":"0.00000"}},{"v":0,"d":"0.00000"},{"$f":"S342*H342","v":{"v":0,"d":"0.00000"}},{"$nulls":23},"16",null,"K","2",{"$nulls":3},"ROZPOCET",{"$nulls":5},{"$f":"IF(N342=\"základní\",J342,0)","v":553.74},{"$f":"IF(N342=\"snížená\",J342,0)","v":{"v":0,"d":"0.00"}},{"$f":"IF(N342=\"zákl. přenesená\",J342,0)","v":{"v":0,"d":"0.00"}},{"$f":"IF(N342=\"sníž. přenesená\",J342,0)","v":{"v":0,"d":"0.00"}},{"$f":"IF(N342=\"nulová\",J342,0)","v":{"v":0,"d":"0.00"}},"1",{"$f":"ROUND(I342*H342,2)","v":553.74},"16","659521631"]
[{"$nulls":3},"Online PSC",null,"https://podminky.urs.cz/item/CS_URS_2025_01/741310251",{"$nulls":39},"Online PSC","2"]
[{"$nulls":3},"VV","","\"spínač osvětlení včetně montáže rámečku a krytu\"",null,"",{"$nulls":37},"VV","2","1","True","0","ROZPOCET"]
[{"$nulls":3},"VV","","\"prostor umyvadel\"",null,"",{"$nulls":37},"VV","2","1","True","0","ROZPOCET"]
[{"$nulls":3},"VV","","1",null,{"v":1,"d":"1.000"},{"$nulls":37},"VV","2","2","True","0","ROZPOCET"]
[{"$nulls":3},"VV","","\"sprcha\"",null,"",{"$nulls":37},"VV","2","1","True","0","ROZPOCET"]
[{"$nulls":3},"VV","","1",null,{"v":1,"d":"1.000"},{"$nulls":37},"VV","2","2","True","0","ROZPOCET"]
[{"$nulls":3},"VV","","\"WC\"",null,"",{"$nulls":37},"VV","2","1","True","0","ROZPOCET"]
[{"$nulls":3},"VV","","1",null,{"v":1,"d":"1.000"},{"$nulls":37},"VV","2","2","True","0","ROZPOCET"]
[{"$nulls":3},"VV","","Součet",null,{"v":3,"d":"3.000"},{"$nulls":37},"VV","2","4","True","1","ROZPOCET"]
[null,null,"68","M","34535025","přístroj spínače zápustného jednopólového, s krytem, řazení 1, IP44, šroubové svorky, bílý","kus",{"v":3,"d":"3.000"},140.67,{"$f":"ROUND(I352*H352,2)","v":422.01},"CS ÚRS 2025 01",null,"","základní",null,{"$f":"O352*H352","v":{"v":0,"d":"0.00000"}},{"v":8e-05,"d":"0.00008"},{"$f":"Q352*H352","v":{"v":2.4000000000000003E-4,"d":"0.00024"}},{"v":0,"d":"0.00000"},{"$f":"S352*H352","v":{"v":0,"d":"0.00000"}},{"$nulls":23},"32",null,"M","2",{"$nulls":3},"ROZPOCET",{"$nulls":5},{"$f":"IF(N352=\"základní\",J352,0)","v":422.01},{"$f":"IF(N352=\"snížená\",J352,0)","v":{"v":0,"d":"0.00"}},{"$f":"IF(N352=\"zákl. přenesená\",J352,0)","v":{"v":0,"d":"0.00"}},{"$f":"IF(N352=\"sníž. přenesená\",J352,0)","v":{"v":0,"d":"0.00"}},{"$f":"IF(N352=\"nulová\",J352,0)","v":{"v":0,"d":"0.00"}},"1",{"$f":"ROUND(I352*H352,2)","v":422.01},"16","1309406907"]
[null,null,"69","M","34535013","přístroj přepínače sériového zápustného, s krytem, řazení 5, IP44, šroubové svorky","kus",{"v":3,"d":"3.000"},210.08,{"$f":"ROUND(I353*H353,2)","v":630.24},"CS ÚRS 2025 01",null,"","základní",null,{"$f":"O353*H353","v":{"v":0,"d":"0.00000"}},{"v":8e-05,"d":"0.00008"},{"$f":"Q353*H353","v":{"v":2.4000000000000003E-4,"d":"0.00024"}},{"v":0,"d":"0.00000"},{"$f":"S353*H353","v":{"v":0,"d":"0.00000"}},{"$nulls":23},"32",null,"M","2",{"$nulls":3},"ROZPOCET",{"$nulls":5},{"$f":"IF(N353=\"základní\",J353,0)","v":630.24},{"$f":"IF(N353=\"snížená\",J353,0)","v":{"v":0,"d":"0.00"}},{"$f":"IF(N353=\"zákl. přenesená\",J353,0)","v":{"v":0,"d":"0.00"}},{"$f":"IF(N353=\"sníž. přenesená\",J353,0)","v":{"v":0,"d":"0.00"}},{"$f":"IF(N353=\"nulová\",J353,0)","v":{"v":0,"d":"0.00"}},"1",{"$f":"ROUND(I353*H353,2)","v":630.24},"16","1198668523"]
[null,null,"70","M","34539059","rámeček jednonásobný, bílý","kus",{"v":3,"d":"3.000"},22.04,{"$f":"ROUND(I354*H354,2)","v":66.12},"CS ÚRS 2025 01",null,"","základní",null,{"$f":"O354*H354","v":{"v":0,"d":"0.00000"}},{"v":1e-05,"d":"0.00001"},{"$f":"Q354*H354","v":{"v":3.0000000000000004E-5,"d":"0.00003"}},{"v":0,"d":"0.00000"},{"$f":"S354*H354","v":{"v":0,"d":"0.00000"}},{"$nulls":23},"32",null,"M","2",{"$nulls":3},"ROZPOCET",{"$nulls":5},{"$f":"IF(N354=\"základní\",J354,0)","v":66.12},{"$f":"IF(N354=\"snížená\",J354,0)","v":{"v":0,"d":"0.00"}},{"$f":"IF(N354=\"zákl. přenesená\",J354,0)","v":{"v":0,"d":"0.00"}},{"$f":"IF(N354=\"sníž. přenesená\",J354,0)","v":{"v":0,"d":"0.00"}},{"$f":"IF(N354=\"nulová\",J354,0)","v":{"v":0,"d":"0.00"}},"1",{"$f":"ROUND(I354*H354,2)","v":66.12},"16","1931847663"]
[null,null,"71","K","741310201","Montáž spínačů jedno nebo dvoupólových polozapuštěných nebo zapuštěných se zapojením vodičů šroubové připojení, pro prostředí normální spínačů, řazení 1-jednopólových","kus",{"v":2,"d":"2.000"},169.51,{"$f":"ROUND(I355*H355,2)","v":339.02},"CS ÚRS 2025 01",null,"","základní",null,{"$f":"O355*H355","v":{"v":0,"d":"0.00000"}},{"v":0,"d":"0.00000"},{"$f":"Q355*H355","v":{"v":0,"d":"0.00000"}},{"v":0,"d":"0.00000"},{"$f":"S355*H355","v":{"v":0,"d":"0.00000"}},{"$nulls":23},"16",null,"K","2",{"$nulls":3},"ROZPOCET",{"$nulls":5},{"$f":"IF(N355=\"základní\",J355,0)","v":339.02},{"$f":"IF(N355=\"snížená\",J355,0)","v":{"v":0,"d":"0.00"}},{"$f":"IF(N355=\"zákl. přenesená\",J355,0)","v":{"v":0,"d":"0.00"}},{"$f":"IF(N355=\"sníž. přenesená\",J355,0)","v":{"v":0,"d":"0.00"}},{"$f":"IF(N355=\"nulová\",J355,0)","v":{"v":0,"d":"0.00"}},"1",{"$f":"ROUND(I355*H355,2)","v":339.02},"16","-1121039654"]
[{"$nulls":3},"Online PSC",null,"https://podminky.urs.cz/item/CS_URS_2025_01/741310201",{"$nulls":39},"Online PSC","2"]
[{"$nulls":3},"VV","","\"spínač ventilátorů včetně montáže rámečku a krytu\"",null,"",{"$nulls":37},"VV","2","1","True","0","ROZPOCET"]
[{"$nulls":3},"VV","","\"sprcha\"",null,"",{"$nulls":37},"VV","2","1","True","0","ROZPOCET"]
[{"$nulls":3},"VV","","1",null,{"v":1,"d":"1.000"},{"$nulls":37},"VV","2","2","True","0","ROZPOCET"]
[{"$nulls":3},"VV","","\"WC\"",null,"",{"$nulls":37},"VV","2","1","True","0","ROZPOCET"]
[{"$nulls":3},"VV","","1",null,{"v":1,"d":"1.000"},{"$nulls":37},"VV","2","2","True","0","ROZPOCET"]
[{"$nulls":3},"VV","","Součet",null,{"v":2,"d":"2.000"},{"$nulls":37},"VV","2","4","True","1","ROZPOCET"]
[null,null,"72","M","34535000","spínač kompletní, zápustný, jednopólový, řazení 1, šroubové svorky","kus",{"v":2,"d":"2.000"},90.59,{"$f":"ROUND(I363*H363,2)","v":181.18},"CS ÚRS 2025 01",null,"","základní",null,{"$f":"O363*H363","v":{"v":0,"d":"0.00000"}},{"v":4e-05,"d":"0.00004"},{"$f":"Q363*H363","v":{"v":8e-05,"d":"0.00008"}},{"v":0,"d":"0.00000"},{"$f":"S363*H363","v":{"v":0,"d":"0.00000"}},{"$nulls":23},"32",null,"M","2",{"$nulls":3},"ROZPOCET",{"$nulls":5},{"$f":"IF(N363=\"základní\",J363,0)","v":181.18},{"$f":"IF(N363=\"snížená\",J363,0)","v":{"v":0,"d":"0.00"}},{"$f":"IF(N363=\"zákl. přenesená\",J363,0)","v":{"v":0,"d":"0.00"}},{"$f":"IF(N363=\"sníž. přenesená\",J363,0)","v":{"v":0,"d":"0.00"}},{"$f":"IF(N363=\"nulová\",J363,0)","v":{"v":0,"d":"0.00"}},"1",{"$f":"ROUND(I363*H363,2)","v":181.18},"16","309604022"]
[null,null,"73","K","998741103","Přesun hmot pro silnoproud stanovený z hmotnosti přesunovaného materiálu vodorovná dopravní vzdálenost do 50 m základní v objektech výšky přes 12 do 24 m","t",{"v":2E-3,"d":"0.002"},{"v":1271.33,"d":"1,271.33"},{"$f":"ROUND(I364*H364,2)","v":2.54},"CS ÚRS 2025 01",null,"","základní",null,{"$f":"O364*H364","v":{"v":0,"d":"0.00000"}},{"v":0,"d":"0.00000"},{"$f":"Q364*H364","v":{"v":0,"d":"0.00000"}},{"v":0,"d":"0.00000"},{"$f":"S364*H364","v":{"v":0,"d":"0.00000"}},{"$nulls":23},"16",null,"K","2",{"$nulls":3},"ROZPOCET",{"$nulls":5},{"$f":"IF(N364=\"základní\",J364,0)","v":2.54},{"$f":"IF(N364=\"snížená\",J364,0)","v":{"v":0,"d":"0.00"}},{"$f":"IF(N364=\"zákl. přenesená\",J364,0)","v":{"v":0,"d":"0.00"}},{"$f":"IF(N364=\"sníž. přenesená\",J364,0)","v":{"v":0,"d":"0.00"}},{"$f":"IF(N364=\"nulová\",J364,0)","v":{"v":0,"d":"0.00"}},"1",{"$f":"ROUND(I364*H364,2)","v":2.54},"16","-1547396781"]
[{"$nulls":3},"Online PSC",null,"https://podminky.urs.cz/item/CS_URS_2025_01/998741103",{"$nulls":39},"Online PSC","2"]
[{"$nulls":3},"D","751","Vzduchotechnika",{"$nulls":3},{"$f":"BK366","v":{"v":1391.25,"d":"1,391.25"}},{"$nulls":5},{"$f":"SUM(P367:P382)","v":{"v":0,"d":"0.00000"}},null,{"$f":"SUM(R367:R382)","v":{"v":0.0007,"d":"0.00070"}},null,{"$f":"SUM(T367:T382)","v":{"v":1E-4,"d":"0.00010"}},{"$nulls":23},"2",null,"D","1",{"$nulls":3},"ROZPOCET",{"$nulls":11},{"$f":"SUM(BK367:BK382)","v":{"v":1391.25,"d":"1,391.25"}}]
[null,null,"74","K","751398821.R","Demontáž ostatních zařízení větrací mřížky průřezu do 0,040 m2","kus",{"v":2,"d":"2.000"},226.01,{"$f":"ROUND(I367*H367,2)","v":452.02},"vlastní",null,"","základní",null,{"$f":"O367*H367","v":{"v":0,"d":"0.00000"}},{"v":0,"d":"0.00000"},{"$f":"Q367*H367","v":{"v":0,"d":"0.00000"}},{"v":5e-05,"d":"0.00005"},{"$f":"S367*H367","v":{"v":1E-4,"d":"0.00010"}},{"$nulls":23},"16",null,"K","2",{"$nulls":3},"ROZPOCET",{"$nulls":5},{"$f":"IF(N367=\"základní\",J367,0)","v":452.02},{"$f":"IF(N367=\"snížená\",J367,0)","v":{"v":0,"d":"0.00"}},{"$f":"IF(N367=\"zákl. přenesená\",J367,0)","v":{"v":0,"d":"0.00"}},{"$f":"IF(N367=\"sníž. přenesená\",J367,0)","v":{"v":0,"d":"0.00"}},{"$f":"IF(N367=\"nulová\",J367,0)","v":{"v":0,"d":"0.00"}},"1",{"$f":"ROUND(I367*H367,2)","v":452.02},"16","-85192511"]
[{"$nulls":3},"VV","","\"sprcha\"",null,"",{"$nulls":37},"VV","2","1","True","0","ROZPOCET"]
[{"$nulls":3},"VV","","1",null,{"v":1,"d":"1.000"},{"$nulls":37},"VV","2","2","True","0","ROZPOCET"]
[{"$nulls":3},"VV","","\"WC\"",null,"",{"$nulls":37},"VV","2","1","True","0","ROZPOCET"]
[{"$nulls":3},"VV","","1",null,{"v":1,"d":"1.000"},{"$nulls":37},"VV","2","2","True","0","ROZPOCET"]
[{"$nulls":3},"VV","","Součet",null,{"v":2,"d":"2.000"},{"$nulls":37},"VV","2","4","True","1","ROZPOCET"]
[null,null,"75","K","767810112","Montáž větracích mřížek ocelových čtyřhranných, průřezu přes 0,01 do 0,04 m2","kus",{"v":2,"d":"2.000"},280.63,{"$f":"ROUND(I373*H373,2)","v":561.26},"CS ÚRS 2025 01",null,"","základní",null,{"$f":"O373*H373","v":{"v":0,"d":"0.00000"}},{"v":0,"d":"0.00000"},{"$f":"Q373*H373","v":{"v":0,"d":"0.00000"}},{"v":0,"d":"0.00000"},{"$f":"S373*H373","v":{"v":0,"d":"0.00000"}},{"$nulls":23},"16",null,"K","2",{"$nulls":3},"ROZPOCET",{"$nulls":5},{"$f":"IF(N373=\"základní\",J373,0)","v":561.26},{"$f":"IF(N373=\"snížená\",J373,0)","v":{"v":0,"d":"0.00"}},{"$f":"IF(N373=\"zákl. přenesená\",J373,0)","v":{"v":0,"d":"0.00"}},{"$f":"IF(N373=\"sníž. přenesená\",J373,0)","v":{"v":0,"d":"0.00"}},{"$f":"IF(N373=\"nulová\",J373,0)","v":{"v":0,"d":"0.00"}},"1",{"$f":"ROUND(I373*H373,2)","v":561.26},"16","1395611353"]
[{"$nulls":3},"Online PSC",null,"https://podminky.urs.cz/item/CS_URS_2025_01/767810112",{"$nulls":39},"Online PSC","2"]
[{"$nulls":3},"VV","","\"sprcha\"",null,"",{"$nulls":37},"VV","2","1","True","0","ROZPOCET"]
[{"$nulls":3},"VV","","1",null,{"v":1,"d":"1.000"},{"$nulls":37},"VV","2","2","True","0","ROZPOCET"]
[{"$nulls":3},"VV","","\"WC\"",null,"",{"$nulls":37},"VV","2","1","True","0","ROZPOCET"]
[{"$nulls":3},"VV","","1",null,{"v":1,"d":"1.000"},{"$nulls":37},"VV","2","2","True","0","ROZPOCET"]
[{"$nulls":3},"VV","","Součet",null,{"v":2,"d":"2.000"},{"$nulls":37},"VV","2","4","True","1","ROZPOCET"]
[null,null,"76","M","55341426.R","mřížka větrací nerezová se síťovinou 200x100mm","kus",{"v":2,"d":"2.000"},188.35,{"$f":"ROUND(I380*H380,2)","v":{"v":376.7,"d":"376.70"}},"vlastní",null,"","základní",null,{"$f":"O380*H380","v":{"v":0,"d":"0.00000"}},{"v":3.5E-4,"d":"0.00035"},{"$f":"Q380*H380","v":{"v":0.0007,"d":"0.00070"}},{"v":0,"d":"0.00000"},{"$f":"S380*H380","v":{"v":0,"d":"0.00000"}},{"$nulls":23},"32",null,"M","2",{"$nulls":3},"ROZPOCET",{"$nulls":5},{"$f":"IF(N380=\"základní\",J380,0)","v":{"v":376.7,"d":"376.70"}},{"$f":"IF(N380=\"snížená\",J380,0)","v":{"v":0,"d":"0.00"}},{"$f":"IF(N380=\"zákl. přenesená\",J380,0)","v":{"v":0,"d":"0.00"}},{"$f":"IF(N380=\"sníž. přenesená\",J380,0)","v":{"v":0,"d":"0.00"}},{"$f":"IF(N380=\"nulová\",J380,0)","v":{"v":0,"d":"0.00"}},"1",{"$f":"ROUND(I380*H380,2)","v":{"v":376.7,"d":"376.70"}},"16","-672310296"]
[null,null,"77","K","998751102","Přesun hmot pro vzduchotechniku stanovený z hmotnosti přesunovaného materiálu vodorovná dopravní vzdálenost do 100 m základní v objektech výšky přes 12 do 24 m","t",{"v":1E-3,"d":"0.001"},{"v":1271.33,"d":"1,271.33"},{"$f":"ROUND(I381*H381,2)","v":1.27},"CS ÚRS 2025 01",null,"","základní",null,{"$f":"O381*H381","v":{"v":0,"d":"0.00000"}},{"v":0,"d":"0.00000"},{"$f":"Q381*H381","v":{"v":0,"d":"0.00000"}},{"v":0,"d":"0.00000"},{"$f":"S381*H381","v":{"v":0,"d":"0.00000"}},{"$nulls":23},"16",null,"K","2",{"$nulls":3},"ROZPOCET",{"$nulls":5},{"$f":"IF(N381=\"základní\",J381,0)","v":1.27},{"$f":"IF(N381=\"snížená\",J381,0)","v":{"v":0,"d":"0.00"}},{"$f":"IF(N381=\"zákl. přenesená\",J381,0)","v":{"v":0,"d":"0.00"}},{"$f":"IF(N381=\"sníž. přenesená\",J381,0)","v":{"v":0,"d":"0.00"}},{"$f":"IF(N381=\"nulová\",J381,0)","v":{"v":0,"d":"0.00"}},"1",{"$f":"ROUND(I381*H381,2)","v":1.27},"16","-941082759"]
[{"$nulls":3},"Online PSC",null,"https://podminky.urs.cz/item/CS_URS_2025_01/998751102",{"$nulls":39},"Online PSC","2"]
[{"$nulls":3},"D","763","Konstrukce suché výstavby",{"$nulls":3},{"$f":"BK383","v":{"v":1486.28,"d":"1,486.28"}},{"$nulls":5},{"$f":"SUM(P384:P389)","v":{"v":0,"d":"0.00000"}},null,{"$f":"SUM(R384:R389)","v":{"v":0.014858399999999999,"d":"0.01486"}},null,{"$f":"SUM(T384:T389)","v":{"v":0,"d":"0.00000"}},{"$nulls":23},"2",null,"D","1",{"$nulls":3},"ROZPOCET",{"$nulls":11},{"$f":"SUM(BK384:BK389)","v":{"v":1486.28,"d":"1,486.28"}}]
[null,null,"78","K","763164541","Obklad konstrukcí sádrokartonovými deskami včetně ochranných úhelníků ve tvaru L rozvinuté šíře přes 0,4 do 0,8 m, opláštěný deskou impregnovanou H2, tl. 12,5 mm","m",{"v":1.64,"d":"1.640"},894.64,{"$f":"ROUND(I384*H384,2)","v":{"v":1467.21,"d":"1,467.21"}},"CS ÚRS 2025 01",null,"","základní",null,{"$f":"O384*H384","v":{"v":0,"d":"0.00000"}},0.00906,{"$f":"Q384*H384","v":{"v":0.014858399999999999,"d":"0.01486"}},{"v":0,"d":"0.00000"},{"$f":"S384*H384","v":{"v":0,"d":"0.00000"}},{"$nulls":23},"16",null,"K","2",{"$nulls":3},"ROZPOCET",{"$nulls":5},{"$f":"IF(N384=\"základní\",J384,0)","v":{"v":1467.21,"d":"1,467.21"}},{"$f":"IF(N384=\"snížená\",J384,0)","v":{"v":0,"d":"0.00"}},{"$f":"IF(N384=\"zákl. přenesená\",J384,0)","v":{"v":0,"d":"0.00"}},{"$f":"IF(N384=\"sníž. přenesená\",J384,0)","v":{"v":0,"d":"0.00"}},{"$f":"IF(N384=\"nulová\",J384,0)","v":{"v":0,"d":"0.00"}},"1",{"$f":"ROUND(I384*H384,2)","v":{"v":1467.21,"d":"1,467.21"}},"16","1122615993"]
[{"$nulls":3},"Online PSC",null,"https://podminky.urs.cz/item/CS_URS_2025_01/763164541",{"$nulls":39},"Online PSC","2"]
[{"$nulls":3},"VV","","\"WC\"",null,"",{"$nulls":37},"VV","2","1","True","0","ROZPOCET"]
[{"$nulls":3},"VV","","0,82*2",null,{"v":1.64,"d":"1.640"},{"$nulls":37},"VV","2","2","True","1","ROZPOCET"]
[null,null,"79","K","998763303","Přesun hmot pro konstrukce montované z desek sádrokartonových, sádrovláknitých, cementovláknitých nebo cementových stanovený z hmotnosti přesunovaného materiálu vodorovná dopravní vzdálenost do 50 m základní v objektech výšky přes 12 do 24 m","t",0.015,{"v":1271.33,"d":"1,271.33"},{"$f":"ROUND(I388*H388,2)","v":19.07},"CS ÚRS 2025 01",null,"","základní",null,{"$f":"O388*H388","v":{"v":0,"d":"0.00000"}},{"v":0,"d":"0.00000"},{"$f":"Q388*H388","v":{"v":0,"d":"0.00000"}},{"v":0,"d":"0.00000"},{"$f":"S388*H388","v":{"v":0,"d":"0.00000"}},{"$nulls":23},"16",null,"K","2",{"$nulls":3},"ROZPOCET",{"$nulls":5},{"$f":"IF(N388=\"základní\",J388,0)","v":19.07},{"$f":"IF(N388=\"snížená\",J388,0)","v":{"v":0,"d":"0.00"}},{"$f":"IF(N388=\"zákl. přenesená\",J388,0)","v":{"v":0,"d":"0.00"}},{"$f":"IF(N388=\"sníž. přenesená\",J388,0)","v":{"v":0,"d":"0.00"}},{"$f":"IF(N388=\"nulová\",J388,0)","v":{"v":0,"d":"0.00"}},"1",{"$f":"ROUND(I388*H388,2)","v":19.07},"16","-794487481"]
[{"$nulls":3},"Online PSC",null,"https://podminky.urs.cz/item/CS_URS_2025_01/998763303",{"$nulls":39},"Online PSC","2"]
[{"$nulls":3},"D","766","Konstrukce truhlářské",{"$nulls":3},{"$f":"BK390","v":{"v":12137.230000000001,"d":"12,137.23"}},{"$nulls":5},{"$f":"SUM(P391:P436)","v":{"v":0,"d":"0.00000"}},null,{"$f":"SUM(R391:R436)","v":{"v":0.0722,"d":"0.07220"}},null,{"$f":"SUM(T391:T436)","v":{"v":0.05,"d":"0.05000"}},{"$nulls":23},"2",null,"D","1",{"$nulls":3},"ROZPOCET",{"$nulls":11},{"$f":"SUM(BK391:BK436)","v":{"v":12137.230000000001,"d":"12,137.23"}}]
[null,null,"80","K","766491851","Demontáž ostatních truhlářských konstrukcí prahů dveří jednokřídlových","kus",{"v":2,"d":"2.000"},36.73,{"$f":"ROUND(I391*H391,2)","v":73.46},"CS ÚRS 2025 01",null,"","základní",null,{"$f":"O391*H391","v":{"v":0,"d":"0.00000"}},{"v":0,"d":"0.00000"},{"$f":"Q391*H391","v":{"v":0,"d":"0.00000"}},{"v":1E-3,"d":"0.00100"},{"$f":"S391*H391","v":{"v":2E-3,"d":"0.00200"}},{"$nulls":23},"16",null,"K","2",{"$nulls":3},"ROZPOCET",{"$nulls":5},{"$f":"IF(N391=\"základní\",J391,0)","v":73.46},{"$f":"IF(N391=\"snížená\",J391,0)","v":{"v":0,"d":"0.00"}},{"$f":"IF(N391=\"zákl. přenesená\",J391,0)","v":{"v":0,"d":"0.00"}},{"$f":"IF(N391=\"sníž. přenesená\",J391,0)","v":{"v":0,"d":"0.00"}},{"$f":"IF(N391=\"nulová\",J391,0)","v":{"v":0,"d":"0.00"}},"1",{"$f":"ROUND(I391*H391,2)","v":73.46},"16","-1550289720"]
[{"$nulls":3},"Online PSC",null,"https://podminky.urs.cz/item/CS_URS_2025_01/766491851",{"$nulls":39},"Online PSC","2"]
[{"$nulls":3},"VV","","\"prostor umyvadel\"",null,"",{"$nulls":37},"VV","2","1","True","0","ROZPOCET"]
[{"$nulls":3},"VV","","0",null,{"v":0,"d":"0.000"},{"$nulls":37},"VV","2","2","True","0","ROZPOCET"]
[{"$nulls":3},"VV","","\"sprcha\"",null,"",{"$nulls":37},"VV","2","1","True","0","ROZPOCET"]
[{"$nulls":3},"VV","","1",null,{"v":1,"d":"1.000"},{"$nulls":37},"VV","2","2","True","0","ROZPOCET"]
[{"$nulls":3},"VV","","\"WC\"",null,"",{"$nulls":37},"VV","2","1","True","0","ROZPOCET"]
[{"$nulls":3},"VV","","1",null,{"v":1,"d":"1.000"},{"$nulls":37},"VV","2","2","True","0","ROZPOCET"]
[{"$nulls":3},"VV","","Součet",null,{"v":2,"d":"2.000"},{"$nulls":37},"VV","2","4","True","1","ROZPOCET"]
[null,null,"81","K","766691914","Ostatní práce vyvěšení nebo zavěšení křídel dřevěných dveřních, plochy do 2 m2","kus",{"v":2,"d":"2.000"},36.73,{"$f":"ROUND(I400*H400,2)","v":73.46},"CS ÚRS 2025 01",null,"","základní",null,{"$f":"O400*H400","v":{"v":0,"d":"0.00000"}},{"v":0,"d":"0.00000"},{"$f":"Q400*H400","v":{"v":0,"d":"0.00000"}},{"v":0.024,"d":"0.02400"},{"$f":"S400*H400","v":{"v":0.048,"d":"0.04800"}},{"$nulls":23},"16",null,"K","2",{"$nulls":3},"ROZPOCET",{"$nulls":5},{"$f":"IF(N400=\"základní\",J400,0)","v":73.46},{"$f":"IF(N400=\"snížená\",J400,0)","v":{"v":0,"d":"0.00"}},{"$f":"IF(N400=\"zákl. přenesená\",J400,0)","v":{"v":0,"d":"0.00"}},{"$f":"IF(N400=\"sníž. přenesená\",J400,0)","v":{"v":0,"d":"0.00"}},{"$f":"IF(N400=\"nulová\",J400,0)","v":{"v":0,"d":"0.00"}},"1",{"$f":"ROUND(I400*H400,2)","v":73.46},"16","1726677900"]
[{"$nulls":3},"Online PSC",null,"https://podminky.urs.cz/item/CS_URS_2025_01/766691914",{"$nulls":39},"Online PSC","2"]
[{"$nulls":3},"VV","","\"prostor umyvadel\"",null,"",{"$nulls":37},"VV","2","1","True","0","ROZPOCET"]
[{"$nulls":3},"VV","","0",null,{"v":0,"d":"0.000"},{"$nulls":37},"VV","2","2","True","0","ROZPOCET"]
[{"$nulls":3},"VV","","\"sprcha\"",null,"",{"$nulls":37},"VV","2","1","True","0","ROZPOCET"]
[{"$nulls":3},"VV","","1",null,{"v":1,"d":"1.000"},{"$nulls":37},"VV","2","2","True","0","ROZPOCET"]
[{"$nulls":3},"VV","","\"WC\"",null,"",{"$nulls":37},"VV","2","1","True","0","ROZPOCET"]
[{"$nulls":3},"VV","","1",null,{"v":1,"d":"1.000"},{"$nulls":37},"VV","2","2","True","0","ROZPOCET"]
[{"$nulls":3},"VV","","Součet",null,{"v":2,"d":"2.000"},{"$nulls":37},"VV","2","4","True","1","ROZPOCET"]
[null,null,"82","K","766660001","Montáž dveřních křídel dřevěných nebo plastových otevíravých do ocelové zárubně povrchově upravených jednokřídlových, šířky do 800 mm","kus",{"v":2,"d":"2.000"},800.47,{"$f":"ROUND(I409*H409,2)","v":{"v":1600.94,"d":"1,600.94"}},"CS ÚRS 2025 01",null,"","základní",null,{"$f":"O409*H409","v":{"v":0,"d":"0.00000"}},{"v":0,"d":"0.00000"},{"$f":"Q409*H409","v":{"v":0,"d":"0.00000"}},{"v":0,"d":"0.00000"},{"$f":"S409*H409","v":{"v":0,"d":"0.00000"}},{"$nulls":23},"16",null,"K","2",{"$nulls":3},"ROZPOCET",{"$nulls":5},{"$f":"IF(N409=\"základní\",J409,0)","v":{"v":1600.94,"d":"1,600.94"}},{"$f":"IF(N409=\"snížená\",J409,0)","v":{"v":0,"d":"0.00"}},{"$f":"IF(N409=\"zákl. přenesená\",J409,0)","v":{"v":0,"d":"0.00"}},{"$f":"IF(N409=\"sníž. přenesená\",J409,0)","v":{"v":0,"d":"0.00"}},{"$f":"IF(N409=\"nulová\",J409,0)","v":{"v":0,"d":"0.00"}},"1",{"$f":"ROUND(I409*H409,2)","v":{"v":1600.94,"d":"1,600.94"}},"16","-1298377421"]
[{"$nulls":3},"Online PSC",null,"https://podminky.urs.cz/item/CS_URS_2025_01/766660001",{"$nulls":39},"Online PSC","2"]
[{"$nulls":3},"VV","","\"prostor umyvadel\"",null,"",{"$nulls":37},"VV","2","1","True","0","ROZPOCET"]
[{"$nulls":3},"VV","","0",null,{"v":0,"d":"0.000"},{"$nulls":37},"VV","2","2","True","0","ROZPOCET"]
[{"$nulls":3},"VV","","\"sprcha\"",null,"",{"$nulls":37},"VV","2","1","True","0","ROZPOCET"]
[{"$nulls":3},"VV","","1",null,{"v":1,"d":"1.000"},{"$nulls":37},"VV","2","2","True","0","ROZPOCET"]
[{"$nulls":3},"VV","","\"WC\"",null,"",{"$nulls":37},"VV","2","1","True","0","ROZPOCET"]
[{"$nulls":3},"VV","","1",null,{"v":1,"d":"1.000"},{"$nulls":37},"VV","2","2","True","0","ROZPOCET"]
[{"$nulls":3},"VV","","Součet",null,{"v":2,"d":"2.000"},{"$nulls":37},"VV","2","4","True","1","ROZPOCET"]
[null,null,"83","M","MSN.0027212.URS","dveře interiérové jednokřídlé plné, voština, CPL standard, 60x197","kus",{"v":2,"d":"2.000"},{"v":2892.89,"d":"2,892.89"},{"$f":"ROUND(I418*H418,2)","v":{"v":5785.78,"d":"5,785.78"}},"vlastní",null,"","základní",null,{"$f":"O418*H418","v":{"v":0,"d":"0.00000"}},{"v":0.013,"d":"0.01300"},{"$f":"Q418*H418","v":{"v":0.026,"d":"0.02600"}},{"v":0,"d":"0.00000"},{"$f":"S418*H418","v":{"v":0,"d":"0.00000"}},{"$nulls":23},"32",null,"M","2",{"$nulls":3},"ROZPOCET",{"$nulls":5},{"$f":"IF(N418=\"základní\",J418,0)","v":{"v":5785.78,"d":"5,785.78"}},{"$f":"IF(N418=\"snížená\",J418,0)","v":{"v":0,"d":"0.00"}},{"$f":"IF(N418=\"zákl. přenesená\",J418,0)","v":{"v":0,"d":"0.00"}},{"$f":"IF(N418=\"sníž. přenesená\",J418,0)","v":{"v":0,"d":"0.00"}},{"$f":"IF(N418=\"nulová\",J418,0)","v":{"v":0,"d":"0.00"}},"1",{"$f":"ROUND(I418*H418,2)","v":{"v":5785.78,"d":"5,785.78"}},"16","-320003817"]
[null,null,"84","K","953962112","Kotva chemická s vyvrtáním otvoru do zdiva z plných cihel tmel, hloubka 80 mm, velikost M 10","kus",{"v":4,"d":"4.000"},84.76,{"$f":"ROUND(I419*H419,2)","v":339.04},"CS ÚRS 2025 01",null,"","základní",null,{"$f":"O419*H419","v":{"v":0,"d":"0.00000"}},{"v":1e-05,"d":"0.00001"},{"$f":"Q419*H419","v":{"v":4e-05,"d":"0.00004"}},{"v":0,"d":"0.00000"},{"$f":"S419*H419","v":{"v":0,"d":"0.00000"}},{"$nulls":23},"16",null,"K","2",{"$nulls":3},"ROZPOCET",{"$nulls":5},{"$f":"IF(N419=\"základní\",J419,0)","v":339.04},{"$f":"IF(N419=\"snížená\",J419,0)","v":{"v":0,"d":"0.00"}},{"$f":"IF(N419=\"zákl. přenesená\",J419,0)","v":{"v":0,"d":"0.00"}},{"$f":"IF(N419=\"sníž. přenesená\",J419,0)","v":{"v":0,"d":"0.00"}},{"$f":"IF(N419=\"nulová\",J419,0)","v":{"v":0,"d":"0.00"}},"1",{"$f":"ROUND(I419*H419,2)","v":339.04},"16","1062320997"]
[{"$nulls":3},"Online PSC",null,"https://podminky.urs.cz/item/CS_URS_2025_01/953962112",{"$nulls":39},"Online PSC","2"]
[{"$nulls":3},"VV","","\"pro uchycení desky umyvadel\"",null,"",{"$nulls":37},"VV","2","1","True","0","ROZPOCET"]
[{"$nulls":3},"VV","","4",null,{"v":4,"d":"4.000"},{"$nulls":37},"VV","2","2","True","1","ROZPOCET"]
[null,null,"85","K","953965115","Kotva chemická s vyvrtáním otvoru kotevní šrouby pro chemické kotvy, velikost M 10, délka 130 mm","kus",{"v":4,"d":"4.000"},84.76,{"$f":"ROUND(I423*H423,2)","v":339.04},"CS ÚRS 2025 01",null,"","základní",null,{"$f":"O423*H423","v":{"v":0,"d":"0.00000"}},{"v":7e-05,"d":"0.00007"},{"$f":"Q423*H423","v":0.00028},{"v":0,"d":"0.00000"},{"$f":"S423*H423","v":{"v":0,"d":"0.00000"}},{"$nulls":23},"16",null,"K","2",{"$nulls":3},"ROZPOCET",{"$nulls":5},{"$f":"IF(N423=\"základní\",J423,0)","v":339.04},{"$f":"IF(N423=\"snížená\",J423,0)","v":{"v":0,"d":"0.00"}},{"$f":"IF(N423=\"zákl. přenesená\",J423,0)","v":{"v":0,"d":"0.00"}},{"$f":"IF(N423=\"sníž. přenesená\",J423,0)","v":{"v":0,"d":"0.00"}},{"$f":"IF(N423=\"nulová\",J423,0)","v":{"v":0,"d":"0.00"}},"1",{"$f":"ROUND(I423*H423,2)","v":339.04},"16","-141035641"]
[{"$nulls":3},"Online PSC",null,"https://podminky.urs.cz/item/CS_URS_2025_01/953965115",{"$nulls":39},"Online PSC","2"]
[null,null,"86","K","953941211","Osazování drobných kovových předmětů se zalitím maltou cementovou, do vysekaných kapes nebo připravených otvorů konzol nebo kotev, např. pro schodišťová madla do zdí, radiátorové konzoly apod.","kus",{"v":4,"d":"4.000"},113.01,{"$f":"ROUND(I425*H425,2)","v":452.04},"CS ÚRS 2025 01",null,"","základní",null,{"$f":"O425*H425","v":{"v":0,"d":"0.00000"}},0.00234,{"$f":"Q425*H425","v":0.00936},{"v":0,"d":"0.00000"},{"$f":"S425*H425","v":{"v":0,"d":"0.00000"}},{"$nulls":23},"16",null,"K","2",{"$nulls":3},"ROZPOCET",{"$nulls":5},{"$f":"IF(N425=\"základní\",J425,0)","v":452.04},{"$f":"IF(N425=\"snížená\",J425,0)","v":{"v":0,"d":"0.00"}},{"$f":"IF(N425=\"zákl. přenesená\",J425,0)","v":{"v":0,"d":"0.00"}},{"$f":"IF(N425=\"sníž. přenesená\",J425,0)","v":{"v":0,"d":"0.00"}},{"$f":"IF(N425=\"nulová\",J425,0)","v":{"v":0,"d":"0.00"}},"1",{"$f":"ROUND(I425*H425,2)","v":452.04},"16","2127586384"]
[{"$nulls":3},"Online PSC",null,"https://podminky.urs.cz/item/CS_URS_2025_01/953941211",{"$nulls":39},"Online PSC","2"]
[null,null,"87","M","42392872R","konzole na zeď pro uchycení desky","kus",{"v":4,"d":"4.000"},244.85,{"$f":"ROUND(I427*H427,2)","v":{"v":979.4,"d":"979.40"}},"vlastní",null,"","základní",null,{"$f":"O427*H427","v":{"v":0,"d":"0.00000"}},{"v":5.8E-4,"d":"0.00058"},{"$f":"Q427*H427","v":{"v":2.32E-3,"d":"0.00232"}},{"v":0,"d":"0.00000"},{"$f":"S427*H427","v":{"v":0,"d":"0.00000"}},{"$nulls":23},"32",null,"M","2",{"$nulls":3},"ROZPOCET",{"$nulls":5},{"$f":"IF(N427=\"základní\",J427,0)","v":{"v":979.4,"d":"979.40"}},{"$f":"IF(N427=\"snížená\",J427,0)","v":{"v":0,"d":"0.00"}},{"$f":"IF(N427=\"zákl. přenesená\",J427,0)","v":{"v":0,"d":"0.00"}},{"$f":"IF(N427=\"sníž. přenesená\",J427,0)","v":{"v":0,"d":"0.00"}},{"$f":"IF(N427=\"nulová\",J427,0)","v":{"v":0,"d":"0.00"}},"1",{"$f":"ROUND(I427*H427,2)","v":{"v":979.4,"d":"979.40"}},"16","1706365322"]
[null,null,"88","K","766693412","Montáž ostatních truhlářských konstrukcí umyvadlových desek bez výřezu, délky jednoho dílu přes 1000 do 2000 mm","kus",{"v":1,"d":"1.000"},894.64,{"$f":"ROUND(I428*H428,2)","v":894.64},"CS ÚRS 2025 01",null,"","základní",null,{"$f":"O428*H428","v":{"v":0,"d":"0.00000"}},{"v":0,"d":"0.00000"},{"$f":"Q428*H428","v":{"v":0,"d":"0.00000"}},{"v":0,"d":"0.00000"},{"$f":"S428*H428","v":{"v":0,"d":"0.00000"}},{"$nulls":23},"16",null,"K","2",{"$nulls":3},"ROZPOCET",{"$nulls":5},{"$f":"IF(N428=\"základní\",J428,0)","v":894.64},{"$f":"IF(N428=\"snížená\",J428,0)","v":{"v":0,"d":"0.00"}},{"$f":"IF(N428=\"zákl. přenesená\",J428,0)","v":{"v":0,"d":"0.00"}},{"$f":"IF(N428=\"sníž. přenesená\",J428,0)","v":{"v":0,"d":"0.00"}},{"$f":"IF(N428=\"nulová\",J428,0)","v":{"v":0,"d":"0.00"}},"1",{"$f":"ROUND(I428*H428,2)","v":894.64},"16","1998732683"]
[{"$nulls":3},"Online PSC",null,"https://podminky.urs.cz/item/CS_URS_2025_01/766693412",{"$nulls":39},"Online PSC","2"]
[null,null,"89","M","60722275.R","deska dřevotřísková laminovaná dřevěný dekor 1420 x 600 x (35-50) mm, ABS hrany","kus",{"v":1,"d":"1.000"},{"v":1163.03,"d":"1,163.03"},{"$f":"ROUND(I430*H430,2)","v":{"v":1163.03,"d":"1,163.03"}},"vlastní",null,"","základní",null,{"$f":"O430*H430","v":{"v":0,"d":"0.00000"}},{"v":0.0342,"d":"0.03420"},{"$f":"Q430*H430","v":{"v":0.0342,"d":"0.03420"}},{"v":0,"d":"0.00000"},{"$f":"S430*H430","v":{"v":0,"d":"0.00000"}},{"$nulls":23},"32",null,"M","2",{"$nulls":3},"ROZPOCET",{"$nulls":5},{"$f":"IF(N430=\"základní\",J430,0)","v":{"v":1163.03,"d":"1,163.03"}},{"$f":"IF(N430=\"snížená\",J430,0)","v":{"v":0,"d":"0.00"}},{"$f":"IF(N430=\"zákl. přenesená\",J430,0)","v":{"v":0,"d":"0.00"}},{"$f":"IF(N430=\"sníž. přenesená\",J430,0)","v":{"v":0,"d":"0.00"}},{"$f":"IF(N430=\"nulová\",J430,0)","v":{"v":0,"d":"0.00"}},"1",{"$f":"ROUND(I430*H430,2)","v":{"v":1163.03,"d":"1,163.03"}},"16","1416112654"]
[null,null,"90","K","766693421","Montáž ostatních truhlářských konstrukcí umyvadlových desek Příplatek k ceně za vyřezání otvoru pro umyvadlo","kus",{"v":2,"d":"2.000"},134.67,{"$f":"ROUND(I431*H431,2)","v":269.34},"CS ÚRS 2025 01",null,"","základní",null,{"$f":"O431*H431","v":{"v":0,"d":"0.00000"}},{"v":0,"d":"0.00000"},{"$f":"Q431*H431","v":{"v":0,"d":"0.00000"}},{"v":0,"d":"0.00000"},{"$f":"S431*H431","v":{"v":0,"d":"0.00000"}},{"$nulls":23},"16",null,"K","2",{"$nulls":3},"ROZPOCET",{"$nulls":5},{"$f":"IF(N431=\"základní\",J431,0)","v":269.34},{"$f":"IF(N431=\"snížená\",J431,0)","v":{"v":0,"d":"0.00"}},{"$f":"IF(N431=\"zákl. přenesená\",J431,0)","v":{"v":0,"d":"0.00"}},{"$f":"IF(N431=\"sníž. přenesená\",J431,0)","v":{"v":0,"d":"0.00"}},{"$f":"IF(N431=\"nulová\",J431,0)","v":{"v":0,"d":"0.00"}},"1",{"$f":"ROUND(I431*H431,2)","v":269.34},"16","1520247320"]
[{"$nulls":3},"Online PSC",null,"https://podminky.urs.cz/item/CS_URS_2025_01/766693421",{"$nulls":39},"Online PSC","2"]
[null,null,"91","K","766693422","Montáž ostatních truhlářských konstrukcí umyvadlových desek Příplatek k ceně za vyvrtání otvoru pro baterii","kus",{"v":2,"d":"2.000"},37.76,{"$f":"ROUND(I433*H433,2)","v":75.52},"CS ÚRS 2025 01",null,"","základní",null,{"$f":"O433*H433","v":{"v":0,"d":"0.00000"}},{"v":0,"d":"0.00000"},{"$f":"Q433*H433","v":{"v":0,"d":"0.00000"}},{"v":0,"d":"0.00000"},{"$f":"S433*H433","v":{"v":0,"d":"0.00000"}},{"$nulls":23},"16",null,"K","2",{"$nulls":3},"ROZPOCET",{"$nulls":5},{"$f":"IF(N433=\"základní\",J433,0)","v":75.52},{"$f":"IF(N433=\"snížená\",J433,0)","v":{"v":0,"d":"0.00"}},{"$f":"IF(N433=\"zákl. přenesená\",J433,0)","v":{"v":0,"d":"0.00"}},{"$f":"IF(N433=\"sníž. přenesená\",J433,0)","v":{"v":0,"d":"0.00"}},{"$f":"IF(N433=\"nulová\",J433,0)","v":{"v":0,"d":"0.00"}},"1",{"$f":"ROUND(I433*H433,2)","v":75.52},"16","-1784903161"]
[{"$nulls":3},"Online PSC",null,"https://podminky.urs.cz/item/CS_URS_2025_01/766693422",{"$nulls":39},"Online PSC","2"]
[null,null,"92","K","998766103","Přesun hmot pro konstrukce truhlářské stanovený z hmotnosti přesunovaného materiálu vodorovná dopravní vzdálenost do 50 m základní v objektech výšky přes 12 do 24 m","t",0.072,{"v":1271.33,"d":"1,271.33"},{"$f":"ROUND(I435*H435,2)","v":91.54},"CS ÚRS 2025 01",null,"","základní",null,{"$f":"O435*H435","v":{"v":0,"d":"0.00000"}},{"v":0,"d":"0.00000"},{"$f":"Q435*H435","v":{"v":0,"d":"0.00000"}},{"v":0,"d":"0.00000"},{"$f":"S435*H435","v":{"v":0,"d":"0.00000"}},{"$nulls":23},"16",null,"K","2",{"$nulls":3},"ROZPOCET",{"$nulls":5},{"$f":"IF(N435=\"základní\",J435,0)","v":91.54},{"$f":"IF(N435=\"snížená\",J435,0)","v":{"v":0,"d":"0.00"}},{"$f":"IF(N435=\"zákl. přenesená\",J435,0)","v":{"v":0,"d":"0.00"}},{"$f":"IF(N435=\"sníž. přenesená\",J435,0)","v":{"v":0,"d":"0.00"}},{"$f":"IF(N435=\"nulová\",J435,0)","v":{"v":0,"d":"0.00"}},"1",{"$f":"ROUND(I435*H435,2)","v":91.54},"16","1988815644"]
[{"$nulls":3},"Online PSC",null,"https://podminky.urs.cz/item/CS_URS_2025_01/998766103",{"$nulls":39},"Online PSC","2"]
[{"$nulls":3},"D","767","Konstrukce zámečnické",{"$nulls":3},{"$f":"BK437","v":{"v":1144.53,"d":"1,144.53"}},{"$nulls":5},{"$f":"SUM(P438:P450)","v":{"v":0,"d":"0.00000"}},null,{"$f":"SUM(R438:R450)","v":{"v":1.4116999999999999E-3,"d":"0.00141"}},null,{"$f":"SUM(T438:T450)","v":{"v":0.0005,"d":"0.00050"}},{"$nulls":23},"2",null,"D","1",{"$nulls":3},"ROZPOCET",{"$nulls":11},{"$f":"SUM(BK438:BK450)","v":{"v":1144.53,"d":"1,144.53"}}]
[null,null,"93","K","742110871","Demontáž dvířek revizních","kus",{"v":1,"d":"1.000"},226.01,{"$f":"ROUND(I438*H438,2)","v":226.01},"CS ÚRS 2025 01",null,"","základní",null,{"$f":"O438*H438","v":{"v":0,"d":"0.00000"}},{"v":0,"d":"0.00000"},{"$f":"Q438*H438","v":{"v":0,"d":"0.00000"}},{"v":0.0005,"d":"0.00050"},{"$f":"S438*H438","v":{"v":0.0005,"d":"0.00050"}},{"$nulls":23},"16",null,"K","2",{"$nulls":3},"ROZPOCET",{"$nulls":5},{"$f":"IF(N438=\"základní\",J438,0)","v":226.01},{"$f":"IF(N438=\"snížená\",J438,0)","v":{"v":0,"d":"0.00"}},{"$f":"IF(N438=\"zákl. přenesená\",J438,0)","v":{"v":0,"d":"0.00"}},{"$f":"IF(N438=\"sníž. přenesená\",J438,0)","v":{"v":0,"d":"0.00"}},{"$f":"IF(N438=\"nulová\",J438,0)","v":{"v":0,"d":"0.00"}},"1",{"$f":"ROUND(I438*H438,2)","v":226.01},"16","-617531771"]
[{"$nulls":3},"Online PSC",null,"https://podminky.urs.cz/item/CS_URS_2025_01/742110871",{"$nulls":39},"Online PSC","2"]
[{"$nulls":3},"VV","","\"WC\"",null,"",{"$nulls":37},"VV","2","1","True","0","ROZPOCET"]
[{"$nulls":3},"VV","","1",null,{"v":1,"d":"1.000"},{"$nulls":37},"VV","2","2","True","1","ROZPOCET"]
[null,null,"94","K","767646411","Montáž revizních dveří a dvířek hliníkových, ocelových nebo plastových s rámem jednokřídlových, plochy do 0,5 m2","m2",{"v":0.09,"d":"0.090"},{"v":3662.28,"d":"3,662.28"},{"$f":"ROUND(I442*H442,2)","v":329.61},"CS ÚRS 2025 01",null,"","základní",null,{"$f":"O442*H442","v":{"v":0,"d":"0.00000"}},0.00013,{"$f":"Q442*H442","v":{"v":1.1699999999999998E-5,"d":"0.00001"}},{"v":0,"d":"0.00000"},{"$f":"S442*H442","v":{"v":0,"d":"0.00000"}},{"$nulls":23},"16",null,"K","2",{"$nulls":3},"ROZPOCET",{"$nulls":5},{"$f":"IF(N442=\"základní\",J442,0)","v":329.61},{"$f":"IF(N442=\"snížená\",J442,0)","v":{"v":0,"d":"0.00"}},{"$f":"IF(N442=\"zákl. přenesená\",J442,0)","v":{"v":0,"d":"0.00"}},{"$f":"IF(N442=\"sníž. přenesená\",J442,0)","v":{"v":0,"d":"0.00"}},{"$f":"IF(N442=\"nulová\",J442,0)","v":{"v":0,"d":"0.00"}},"1",{"$f":"ROUND(I442*H442,2)","v":329.61},"16","-783951110"]
[{"$nulls":3},"Online PSC",null,"https://podminky.urs.cz/item/CS_URS_2025_01/767646411",{"$nulls":39},"Online PSC","2"]
[{"$nulls":3},"VV","","0,3*0,3",null,{"v":0.09,"d":"0.090"},{"$nulls":37},"VV","2","2","True","1","ROZPOCET"]
[null,null,"95","M","59030711","dvířka revizní jednokřídlá s automatickým zámkem 300x300mm","kus",{"v":1,"d":"1.000"},587.64,{"$f":"ROUND(I445*H445,2)","v":587.64},"CS ÚRS 2025 01",null,"","základní",null,{"$f":"O445*H445","v":{"v":0,"d":"0.00000"}},{"v":1.4E-3,"d":"0.00140"},{"$f":"Q445*H445","v":{"v":1.4E-3,"d":"0.00140"}},{"v":0,"d":"0.00000"},{"$f":"S445*H445","v":{"v":0,"d":"0.00000"}},{"$nulls":23},"32",null,"M","2",{"$nulls":3},"ROZPOCET",{"$nulls":5},{"$f":"IF(N445=\"základní\",J445,0)","v":587.64},{"$f":"IF(N445=\"snížená\",J445,0)","v":{"v":0,"d":"0.00"}},{"$f":"IF(N445=\"zákl. přenesená\",J445,0)","v":{"v":0,"d":"0.00"}},{"$f":"IF(N445=\"sníž. přenesená\",J445,0)","v":{"v":0,"d":"0.00"}},{"$f":"IF(N445=\"nulová\",J445,0)","v":{"v":0,"d":"0.00"}},"1",{"$f":"ROUND(I445*H445,2)","v":587.64},"16","-1379540020"]
[{"$nulls":3},"VV","","\"nerez\"",null,"",{"$nulls":37},"VV","2","1","True","0","ROZPOCET"]
[{"$nulls":3},"VV","","\"WC\"",null,"",{"$nulls":37},"VV","2","1","True","0","ROZPOCET"]
[{"$nulls":3},"VV","","1",null,{"v":1,"d":"1.000"},{"$nulls":37},"VV","2","2","True","1","ROZPOCET"]
[null,null,"96","K","998767103","Přesun hmot pro zámečnické konstrukce stanovený z hmotnosti přesunovaného materiálu vodorovná dopravní vzdálenost do 50 m základní v objektech výšky přes 12 do 24 m","t",{"v":1E-3,"d":"0.001"},{"v":1271.33,"d":"1,271.33"},{"$f":"ROUND(I449*H449,2)","v":1.27},"CS ÚRS 2025 01",null,"","základní",null,{"$f":"O449*H449","v":{"v":0,"d":"0.00000"}},{"v":0,"d":"0.00000"},{"$f":"Q449*H449","v":{"v":0,"d":"0.00000"}},{"v":0,"d":"0.00000"},{"$f":"S449*H449","v":{"v":0,"d":"0.00000"}},{"$nulls":23},"16",null,"K","2",{"$nulls":3},"ROZPOCET",{"$nulls":5},{"$f":"IF(N449=\"základní\",J449,0)","v":1.27},{"$f":"IF(N449=\"snížená\",J449,0)","v":{"v":0,"d":"0.00"}},{"$f":"IF(N449=\"zákl. přenesená\",J449,0)","v":{"v":0,"d":"0.00"}},{"$f":"IF(N449=\"sníž. přenesená\",J449,0)","v":{"v":0,"d":"0.00"}},{"$f":"IF(N449=\"nulová\",J449,0)","v":{"v":0,"d":"0.00"}},"1",{"$f":"ROUND(I449*H449,2)","v":1.27},"16","-1984887834"]
[{"$nulls":3},"Online PSC",null,"https://podminky.urs.cz/item/CS_URS_2025_01/998767103",{"$nulls":39},"Online PSC","2"]
[{"$nulls":3},"D","771","Podlahy z dlaždic",{"$nulls":3},{"$f":"BK451","v":{"v":13658.140000000001,"d":"13,658.14"}},{"$nulls":5},{"$f":"SUM(P452:P504)","v":{"v":0,"d":"0.00000"}},null,{"$f":"SUM(R452:R504)","v":{"v":0.1928932,"d":"0.19289"}},null,{"$f":"SUM(T452:T504)","v":{"v":0,"d":"0.00000"}},{"$nulls":23},"2",null,"D","1",{"$nulls":3},"ROZPOCET",{"$nulls":11},{"$f":"SUM(BK452:BK504)","v":{"v":13658.140000000001,"d":"13,658.14"}}]
[null,null,"97","K","771111011","Příprava podkladu před provedením dlažby vysátí podlah","m2",3.377,17.89,{"$f":"ROUND(I452*H452,2)","v":60.41},"CS ÚRS 2025 01",null,"","základní",null,{"$f":"O452*H452","v":{"v":0,"d":"0.00000"}},{"v":0,"d":"0.00000"},{"$f":"Q452*H452","v":{"v":0,"d":"0.00000"}},{"v":0,"d":"0.00000"},{"$f":"S452*H452","v":{"v":0,"d":"0.00000"}},{"$nulls":23},"16",null,"K","2",{"$nulls":3},"ROZPOCET",{"$nulls":5},{"$f":"IF(N452=\"základní\",J452,0)","v":60.41},{"$f":"IF(N452=\"snížená\",J452,0)","v":{"v":0,"d":"0.00"}},{"$f":"IF(N452=\"zákl. přenesená\",J452,0)","v":{"v":0,"d":"0.00"}},{"$f":"IF(N452=\"sníž. přenesená\",J452,0)","v":{"v":0,"d":"0.00"}},{"$f":"IF(N452=\"nulová\",J452,0)","v":{"v":0,"d":"0.00"}},"1",{"$f":"ROUND(I452*H452,2)","v":60.41},"16","1654080822"]
[{"$nulls":3},"Online PSC",null,"https://podminky.urs.cz/item/CS_URS_2025_01/771111011",{"$nulls":39},"Online PSC","2"]
[{"$nulls":3},"VV","","\"prostor umyvadel\"",null,"",{"$nulls":37},"VV","2","1","True","0","ROZPOCET"]
[{"$nulls":3},"VV","","1,42*0,82",null,1.164,{"$nulls":37},"VV","2","2","True","0","ROZPOCET"]
[{"$nulls":3},"VV","","\"sprcha\"",null,"",{"$nulls":37},"VV","2","1","True","0","ROZPOCET"]
[{"$nulls":3},"VV","","1,42*0,9",null,1.278,{"$nulls":37},"VV","2","2","True","0","ROZPOCET"]
[{"$nulls":3},"VV","","\"WC\"",null,"",{"$nulls":37},"VV","2","1","True","0","ROZPOCET"]
[{"$nulls":3},"VV","","0,82*1,14",null,0.935,{"$nulls":37},"VV","2","2","True","0","ROZPOCET"]
[{"$nulls":3},"VV","","Součet",null,3.377,{"$nulls":37},"VV","2","4","True","1","ROZPOCET"]
[null,null,"98","K","771121011","Nátěr penetrační na podlahu","m2",3.377,27.31,{"$f":"ROUND(I461*H461,2)","v":92.23},"CS ÚRS 2025 01",null,"","základní",null,{"$f":"O461*H461","v":{"v":0,"d":"0.00000"}},{"v":0.0003,"d":"0.00030"},{"$f":"Q461*H461","v":{"v":1.0130999999999999E-3,"d":"0.00101"}},{"v":0,"d":"0.00000"},{"$f":"S461*H461","v":{"v":0,"d":"0.00000"}},{"$nulls":23},"16",null,"K","2",{"$nulls":3},"ROZPOCET",{"$nulls":5},{"$f":"IF(N461=\"základní\",J461,0)","v":92.23},{"$f":"IF(N461=\"snížená\",J461,0)","v":{"v":0,"d":"0.00"}},{"$f":"IF(N461=\"zákl. přenesená\",J461,0)","v":{"v":0,"d":"0.00"}},{"$f":"IF(N461=\"sníž. přenesená\",J461,0)","v":{"v":0,"d":"0.00"}},{"$f":"IF(N461=\"nulová\",J461,0)","v":{"v":0,"d":"0.00"}},"1",{"$f":"ROUND(I461*H461,2)","v":92.23},"16","760209300"]
[{"$nulls":3},"Online PSC",null,"https://podminky.urs.cz/item/CS_URS_2025_01/771121011",{"$nulls":39},"Online PSC","2"]
[null,null,"99","K","771151024","Příprava podkladu před provedením dlažby samonivelační stěrka min. pevnosti 30 MPa, tloušťky přes 8 do 10 mm","m2",3.377,641.32,{"$f":"ROUND(I463*H463,2)","v":{"v":2165.74,"d":"2,165.74"}},"CS ÚRS 2025 01",null,"","základní",null,{"$f":"O463*H463","v":{"v":0,"d":"0.00000"}},{"v":0.015,"d":"0.01500"},{"$f":"Q463*H463","v":{"v":0.05065499999999999,"d":"0.05066"}},{"v":0,"d":"0.00000"},{"$f":"S463*H463","v":{"v":0,"d":"0.00000"}},{"$nulls":23},"16",null,"K","2",{"$nulls":3},"ROZPOCET",{"$nulls":5},{"$f":"IF(N463=\"základní\",J463,0)","v":{"v":2165.74,"d":"2,165.74"}},{"$f":"IF(N463=\"snížená\",J463,0)","v":{"v":0,"d":"0.00"}},{"$f":"IF(N463=\"zákl. přenesená\",J463,0)","v":{"v":0,"d":"0.00"}},{"$f":"IF(N463=\"sníž. přenesená\",J463,0)","v":{"v":0,"d":"0.00"}},{"$f":"IF(N463=\"nulová\",J463,0)","v":{"v":0,"d":"0.00"}},"1",{"$f":"ROUND(I463*H463,2)","v":{"v":2165.74,"d":"2,165.74"}},"16","-1272749984"]
[{"$nulls":3},"Online PSC",null,"https://podminky.urs.cz/item/CS_URS_2025_01/771151024",{"$nulls":39},"Online PSC","2"]
[null,null,"100","K","771591112","Izolace podlahy pod dlažbu nátěrem nebo stěrkou ve dvou vrstvách","m2",3.377,452.03,{"$f":"ROUND(I465*H465,2)","v":{"v":1526.51,"d":"1,526.51"}},"CS ÚRS 2025 01",null,"","základní",null,{"$f":"O465*H465","v":{"v":0,"d":"0.00000"}},{"v":1.5E-3,"d":"0.00150"},{"$f":"Q465*H465","v":{"v":0.0050655,"d":"0.00507"}},{"v":0,"d":"0.00000"},{"$f":"S465*H465","v":{"v":0,"d":"0.00000"}},{"$nulls":23},"16",null,"K","2",{"$nulls":3},"ROZPOCET",{"$nulls":5},{"$f":"IF(N465=\"základní\",J465,0)","v":{"v":1526.51,"d":"1,526.51"}},{"$f":"IF(N465=\"snížená\",J465,0)","v":{"v":0,"d":"0.00"}},{"$f":"IF(N465=\"zákl. přenesená\",J465,0)","v":{"v":0,"d":"0.00"}},{"$f":"IF(N465=\"sníž. přenesená\",J465,0)","v":{"v":0,"d":"0.00"}},{"$f":"IF(N465=\"nulová\",J465,0)","v":{"v":0,"d":"0.00"}},"1",{"$f":"ROUND(I465*H465,2)","v":{"v":1526.51,"d":"1,526.51"}},"16","-1757120717"]
[{"$nulls":3},"Online PSC",null,"https://podminky.urs.cz/item/CS_URS_2025_01/771591112",{"$nulls":39},"Online PSC","2"]
[null,null,"101","K","771591184","Podlahy - dokončovací práce pracnější řezání dlaždic keramických rovné","m",{"v":5,"d":"5.000"},120.54,{"$f":"ROUND(I467*H467,2)","v":{"v":602.7,"d":"602.70"}},"CS ÚRS 2025 01",null,"","základní",null,{"$f":"O467*H467","v":{"v":0,"d":"0.00000"}},{"v":0,"d":"0.00000"},{"$f":"Q467*H467","v":{"v":0,"d":"0.00000"}},{"v":0,"d":"0.00000"},{"$f":"S467*H467","v":{"v":0,"d":"0.00000"}},{"$nulls":23},"16",null,"K","2",{"$nulls":3},"ROZPOCET",{"$nulls":5},{"$f":"IF(N467=\"základní\",J467,0)","v":{"v":602.7,"d":"602.70"}},{"$f":"IF(N467=\"snížená\",J467,0)","v":{"v":0,"d":"0.00"}},{"$f":"IF(N467=\"zákl. přenesená\",J467,0)","v":{"v":0,"d":"0.00"}},{"$f":"IF(N467=\"sníž. přenesená\",J467,0)","v":{"v":0,"d":"0.00"}},{"$f":"IF(N467=\"nulová\",J467,0)","v":{"v":0,"d":"0.00"}},"1",{"$f":"ROUND(I467*H467,2)","v":{"v":602.7,"d":"602.70"}},"16","-1417751629"]
[{"$nulls":3},"Online PSC",null,"https://podminky.urs.cz/item/CS_URS_2025_01/771591184",{"$nulls":39},"Online PSC","2"]
[{"$nulls":3},"VV","","\"dle potřeby\"",null,"",{"$nulls":37},"VV","2","1","True","0","ROZPOCET"]
[{"$nulls":3},"VV","","5",null,{"v":5,"d":"5.000"},{"$nulls":37},"VV","2","2","True","1","ROZPOCET"]
[null,null,"102","K","771591241","Izolace podlahy pod dlažbu těsnícími izolačními pásy vnitřní kout","kus",{"v":10,"d":"10.000"},{"v":187.4,"d":"187.40"},{"$f":"ROUND(I471*H471,2)","v":{"v":1874,"d":"1,874.00"}},"CS ÚRS 2025 01",null,"","základní",null,{"$f":"O471*H471","v":{"v":0,"d":"0.00000"}},0.00021,{"$f":"Q471*H471","v":{"v":2.1000000000000003E-3,"d":"0.00210"}},{"v":0,"d":"0.00000"},{"$f":"S471*H471","v":{"v":0,"d":"0.00000"}},{"$nulls":23},"16",null,"K","2",{"$nulls":3},"ROZPOCET",{"$nulls":5},{"$f":"IF(N471=\"základní\",J471,0)","v":{"v":1874,"d":"1,874.00"}},{"$f":"IF(N471=\"snížená\",J471,0)","v":{"v":0,"d":"0.00"}},{"$f":"IF(N471=\"zákl. přenesená\",J471,0)","v":{"v":0,"d":"0.00"}},{"$f":"IF(N471=\"sníž. přenesená\",J471,0)","v":{"v":0,"d":"0.00"}},{"$f":"IF(N471=\"nulová\",J471,0)","v":{"v":0,"d":"0.00"}},"1",{"$f":"ROUND(I471*H471,2)","v":{"v":1874,"d":"1,874.00"}},"16","1354673630"]
[{"$nulls":3},"Online PSC",null,"https://podminky.urs.cz/item/CS_URS_2025_01/771591241",{"$nulls":39},"Online PSC","2"]
[{"$nulls":3},"VV","","\"prostor umyvadel\"",null,"",{"$nulls":37},"VV","2","1","True","0","ROZPOCET"]
[{"$nulls":3},"VV","","2",null,{"v":2,"d":"2.000"},{"$nulls":37},"VV","2","2","True","0","ROZPOCET"]
[{"$nulls":3},"VV","","\"sprcha\"",null,"",{"$nulls":37},"VV","2","1","True","0","ROZPOCET"]
[{"$nulls":3},"VV","","4",null,{"v":4,"d":"4.000"},{"$nulls":37},"VV","2","2","True","0","ROZPOCET"]
[{"$nulls":3},"VV","","\"WC\"",null,"",{"$nulls":37},"VV","2","1","True","0","ROZPOCET"]
[{"$nulls":3},"VV","","4",null,{"v":4,"d":"4.000"},{"$nulls":37},"VV","2","2","True","0","ROZPOCET"]
[{"$nulls":3},"VV","","Součet",null,{"v":10,"d":"10.000"},{"$nulls":37},"VV","2","4","True","1","ROZPOCET"]
[null,null,"103","K","771591264","Izolace podlahy pod dlažbu těsnícími izolačními pásy mezi podlahou a stěnu","m",{"v":11.62,"d":"11.620"},140.32,{"$f":"ROUND(I480*H480,2)","v":{"v":1630.52,"d":"1,630.52"}},"CS ÚRS 2025 01",null,"","základní",null,{"$f":"O480*H480","v":{"v":0,"d":"0.00000"}},{"v":1.42E-3,"d":"0.00142"},{"$f":"Q480*H480","v":{"v":0.0165004,"d":"0.01650"}},{"v":0,"d":"0.00000"},{"$f":"S480*H480","v":{"v":0,"d":"0.00000"}},{"$nulls":23},"16",null,"K","2",{"$nulls":3},"ROZPOCET",{"$nulls":5},{"$f":"IF(N480=\"základní\",J480,0)","v":{"v":1630.52,"d":"1,630.52"}},{"$f":"IF(N480=\"snížená\",J480,0)","v":{"v":0,"d":"0.00"}},{"$f":"IF(N480=\"zákl. přenesená\",J480,0)","v":{"v":0,"d":"0.00"}},{"$f":"IF(N480=\"sníž. přenesená\",J480,0)","v":{"v":0,"d":"0.00"}},{"$f":"IF(N480=\"nulová\",J480,0)","v":{"v":0,"d":"0.00"}},"1",{"$f":"ROUND(I480*H480,2)","v":{"v":1630.52,"d":"1,630.52"}},"16","-148263112"]
[{"$nulls":3},"Online PSC",null,"https://podminky.urs.cz/item/CS_URS_2025_01/771591264",{"$nulls":39},"Online PSC","2"]
[{"$nulls":3},"VV","","\"prostor umyvadel\"",null,"",{"$nulls":37},"VV","2","1","True","0","ROZPOCET"]
[{"$nulls":3},"VV","","1,42+0,82*2",null,{"v":3.06,"d":"3.060"},{"$nulls":37},"VV","2","2","True","0","ROZPOCET"]
[{"$nulls":3},"VV","","\"sprcha\"",null,"",{"$nulls":37},"VV","2","1","True","0","ROZPOCET"]
[{"$nulls":3},"VV","","1,42*2+0,9*2",null,{"v":4.64,"d":"4.640"},{"$nulls":37},"VV","2","2","True","0","ROZPOCET"]
[{"$nulls":3},"VV","","\"WC\"",null,"",{"$nulls":37},"VV","2","1","True","0","ROZPOCET"]
[{"$nulls":3},"VV","","0,82*2+1,14*2",null,{"v":3.92,"d":"3.920"},{"$nulls":37},"VV","2","2","True","0","ROZPOCET"]
[{"$nulls":3},"VV","","Součet",null,{"v":11.62,"d":"11.620"},{"$nulls":37},"VV","2","4","True","1","ROZPOCET"]
[null,null,"104","K","771161022","Příprava podkladu před provedením dlažby montáž profilu ukončujícího profilu pro schodové hrany a ukončení dlažby","m",{"v":2.82,"d":"2.820"},{"v":119.6,"d":"119.60"},{"$f":"ROUND(I489*H489,2)","v":337.27},"CS ÚRS 2025 01",null,"","základní",null,{"$f":"O489*H489","v":{"v":0,"d":"0.00000"}},0.00034,{"$f":"Q489*H489","v":{"v":9.588E-4,"d":"0.00096"}},{"v":0,"d":"0.00000"},{"$f":"S489*H489","v":{"v":0,"d":"0.00000"}},{"$nulls":23},"16",null,"K","2",{"$nulls":3},"ROZPOCET",{"$nulls":5},{"$f":"IF(N489=\"základní\",J489,0)","v":337.27},{"$f":"IF(N489=\"snížená\",J489,0)","v":{"v":0,"d":"0.00"}},{"$f":"IF(N489=\"zákl. přenesená\",J489,0)","v":{"v":0,"d":"0.00"}},{"$f":"IF(N489=\"sníž. přenesená\",J489,0)","v":{"v":0,"d":"0.00"}},{"$f":"IF(N489=\"nulová\",J489,0)","v":{"v":0,"d":"0.00"}},"1",{"$f":"ROUND(I489*H489,2)","v":337.27},"16","109877044"]
[{"$nulls":3},"Online PSC",null,"https://podminky.urs.cz/item/CS_URS_2025_01/771161022",{"$nulls":39},"Online PSC","2"]
[{"$nulls":3},"VV","","\"ukončovací lišta ve dveřích, oddělení od ostatního prostoru\"",null,"",{"$nulls":37},"VV","2","1","True","0","ROZPOCET"]
[{"$nulls":3},"VV","","\"prostor umyvadel\"",null,"",{"$nulls":37},"VV","2","1","True","0","ROZPOCET"]
[{"$nulls":3},"VV","","1,42",null,{"v":1.42,"d":"1.420"},{"$nulls":37},"VV","2","2","True","0","ROZPOCET"]
[{"$nulls":3},"VV","","\"sprcha\"",null,"",{"$nulls":37},"VV","2","1","True","0","ROZPOCET"]
[{"$nulls":3},"VV","","0,7",null,{"v":0.7,"d":"0.700"},{"$nulls":37},"VV","2","2","True","0","ROZPOCET"]
[{"$nulls":3},"VV","","\"WC\"",null,"",{"$nulls":37},"VV","2","1","True","0","ROZPOCET"]
[{"$nulls":3},"VV","","0,7",null,{"v":0.7,"d":"0.700"},{"$nulls":37},"VV","2","2","True","0","ROZPOCET"]
[{"$nulls":3},"VV","","Součet",null,{"v":2.82,"d":"2.820"},{"$nulls":37},"VV","2","4","True","1","ROZPOCET"]
[null,null,"105","M","19416008","lišta ukončovací hliníková 10mm","m",{"v":2.82,"d":"2.820"},55.09,{"$f":"ROUND(I499*H499,2)","v":155.35},"CS ÚRS 2025 01",null,"","základní",null,{"$f":"O499*H499","v":{"v":0,"d":"0.00000"}},{"v":1.2E-4,"d":"0.00012"},{"$f":"Q499*H499","v":{"v":0.0003384,"d":"0.00034"}},{"v":0,"d":"0.00000"},{"$f":"S499*H499","v":{"v":0,"d":"0.00000"}},{"$nulls":23},"32",null,"M","2",{"$nulls":3},"ROZPOCET",{"$nulls":5},{"$f":"IF(N499=\"základní\",J499,0)","v":155.35},{"$f":"IF(N499=\"snížená\",J499,0)","v":{"v":0,"d":"0.00"}},{"$f":"IF(N499=\"zákl. přenesená\",J499,0)","v":{"v":0,"d":"0.00"}},{"$f":"IF(N499=\"sníž. přenesená\",J499,0)","v":{"v":0,"d":"0.00"}},{"$f":"IF(N499=\"nulová\",J499,0)","v":{"v":0,"d":"0.00"}},"1",{"$f":"ROUND(I499*H499,2)","v":155.35},"16","155910785"]
[null,null,"106","K","771574416","Montáž podlah z dlaždic keramických lepených cementovým flexibilním lepidlem hladkých, tloušťky do 10 mm přes 9 do 12 ks/m2","m2",3.377,800.47,{"$f":"ROUND(I500*H500,2)","v":{"v":2703.19,"d":"2,703.19"}},"CS ÚRS 2025 01",null,"","základní",null,{"$f":"O500*H500","v":{"v":0,"d":"0.00000"}},{"v":0.006,"d":"0.00600"},{"$f":"Q500*H500","v":{"v":0.020262,"d":"0.02026"}},{"v":0,"d":"0.00000"},{"$f":"S500*H500","v":{"v":0,"d":"0.00000"}},{"$nulls":23},"16",null,"K","2",{"$nulls":3},"ROZPOCET",{"$nulls":5},{"$f":"IF(N500=\"základní\",J500,0)","v":{"v":2703.19,"d":"2,703.19"}},{"$f":"IF(N500=\"snížená\",J500,0)","v":{"v":0,"d":"0.00"}},{"$f":"IF(N500=\"zákl. přenesená\",J500,0)","v":{"v":0,"d":"0.00"}},{"$f":"IF(N500=\"sníž. přenesená\",J500,0)","v":{"v":0,"d":"0.00"}},{"$f":"IF(N500=\"nulová\",J500,0)","v":{"v":0,"d":"0.00"}},"1",{"$f":"ROUND(I500*H500,2)","v":{"v":2703.19,"d":"2,703.19"}},"16","1094763972"]
[{"$nulls":3},"Online PSC",null,"https://podminky.urs.cz/item/CS_URS_2025_01/771574416",{"$nulls":39},"Online PSC","2"]
[null,null,"107","M","59761409.R","dlažba keramická slinutá protiskluzná do interiéru i exteriéru - bude upřesněno investorem","m2",{"v":5,"d":"5.000"},452.97,{"$f":"ROUND(I502*H502,2)","v":{"v":2264.85,"d":"2,264.85"}},"vlastní",null,"","základní",null,{"$f":"O502*H502","v":{"v":0,"d":"0.00000"}},{"v":0.0192,"d":"0.01920"},{"$f":"Q502*H502","v":{"v":0.09599999999999999,"d":"0.09600"}},{"v":0,"d":"0.00000"},{"$f":"S502*H502","v":{"v":0,"d":"0.00000"}},{"$nulls":23},"32",null,"M","2",{"$nulls":3},"ROZPOCET",{"$nulls":5},{"$f":"IF(N502=\"základní\",J502,0)","v":{"v":2264.85,"d":"2,264.85"}},{"$f":"IF(N502=\"snížená\",J502,0)","v":{"v":0,"d":"0.00"}},{"$f":"IF(N502=\"zákl. přenesená\",J502,0)","v":{"v":0,"d":"0.00"}},{"$f":"IF(N502=\"sníž. přenesená\",J502,0)","v":{"v":0,"d":"0.00"}},{"$f":"IF(N502=\"nulová\",J502,0)","v":{"v":0,"d":"0.00"}},"1",{"$f":"ROUND(I502*H502,2)","v":{"v":2264.85,"d":"2,264.85"}},"16","379911173"]
[null,null,"108","K","998771103","Přesun hmot pro podlahy z dlaždic stanovený z hmotnosti přesunovaného materiálu vodorovná dopravní vzdálenost do 50 m základní v objektech výšky přes 12 do 24 m","t",0.193,{"v":1271.33,"d":"1,271.33"},{"$f":"ROUND(I503*H503,2)","v":245.37},"CS ÚRS 2025 01",null,"","základní",null,{"$f":"O503*H503","v":{"v":0,"d":"0.00000"}},{"v":0,"d":"0.00000"},{"$f":"Q503*H503","v":{"v":0,"d":"0.00000"}},{"v":0,"d":"0.00000"},{"$f":"S503*H503","v":{"v":0,"d":"0.00000"}},{"$nulls":23},"16",null,"K","2",{"$nulls":3},"ROZPOCET",{"$nulls":5},{"$f":"IF(N503=\"základní\",J503,0)","v":245.37},{"$f":"IF(N503=\"snížená\",J503,0)","v":{"v":0,"d":"0.00"}},{"$f":"IF(N503=\"zákl. přenesená\",J503,0)","v":{"v":0,"d":"0.00"}},{"$f":"IF(N503=\"sníž. přenesená\",J503,0)","v":{"v":0,"d":"0.00"}},{"$f":"IF(N503=\"nulová\",J503,0)","v":{"v":0,"d":"0.00"}},"1",{"$f":"ROUND(I503*H503,2)","v":245.37},"16","1180974272"]
[{"$nulls":3},"Online PSC",null,"https://podminky.urs.cz/item/CS_URS_2025_01/998771103",{"$nulls":39},"Online PSC","2"]
[{"$nulls":3},"D","781","Dokončovací práce - obklady",{"$nulls":3},{"$f":"BK505","v":{"v":31430.96,"d":"31,430.96"}},{"$nulls":5},{"$f":"SUM(P506:P541)","v":{"v":0,"d":"0.00000"}},null,{"$f":"SUM(R506:R541)","v":{"v":0.3581567,"d":"0.35816"}},null,{"$f":"SUM(T506:T541)","v":{"v":0,"d":"0.00000"}},{"$nulls":23},"2",null,"D","1",{"$nulls":3},"ROZPOCET",{"$nulls":11},{"$f":"SUM(BK506:BK541)","v":{"v":31430.96,"d":"31,430.96"}}]
[null,null,"109","K","781111011","Příprava podkladu před provedením obkladu oprášení (ometení) stěny","m2",17.489,17.89,{"$f":"ROUND(I506*H506,2)","v":312.88},"CS ÚRS 2025 01",null,"","základní",null,{"$f":"O506*H506","v":{"v":0,"d":"0.00000"}},{"v":0,"d":"0.00000"},{"$f":"Q506*H506","v":{"v":0,"d":"0.00000"}},{"v":0,"d":"0.00000"},{"$f":"S506*H506","v":{"v":0,"d":"0.00000"}},{"$nulls":23},"16",null,"K","2",{"$nulls":3},"ROZPOCET",{"$nulls":5},{"$f":"IF(N506=\"základní\",J506,0)","v":312.88},{"$f":"IF(N506=\"snížená\",J506,0)","v":{"v":0,"d":"0.00"}},{"$f":"IF(N506=\"zákl. přenesená\",J506,0)","v":{"v":0,"d":"0.00"}},{"$f":"IF(N506=\"sníž. přenesená\",J506,0)","v":{"v":0,"d":"0.00"}},{"$f":"IF(N506=\"nulová\",J506,0)","v":{"v":0,"d":"0.00"}},"1",{"$f":"ROUND(I506*H506,2)","v":312.88},"16","207010006"]
[{"$nulls":3},"Online PSC",null,"https://podminky.urs.cz/item/CS_URS_2025_01/781111011",{"$nulls":39},"Online PSC","2"]
[{"$nulls":3},"VV","","\"prostor umyvadel\"",null,"",{"$nulls":37},"VV","2","1","True","0","ROZPOCET"]
[{"$nulls":3},"VV","","(1,42+0,82*2)*1,53",null,4.682,{"$nulls":37},"VV","2","2","True","0","ROZPOCET"]
[{"$nulls":3},"VV","","\"sprcha\"",null,"",{"$nulls":37},"VV","2","1","True","0","ROZPOCET"]
[{"$nulls":3},"VV","","(1,42*2+0,9*2)*2-(0,7*2)",null,{"v":7.88,"d":"7.880"},{"$nulls":37},"VV","2","2","True","0","ROZPOCET"]
[{"$nulls":3},"VV","","\"WC\"",null,"",{"$nulls":37},"VV","2","1","True","0","ROZPOCET"]
[{"$nulls":3},"VV","","(0,82*2+1,14*2)*1,53-(0,7*1,53)",null,4.927,{"$nulls":37},"VV","2","2","True","0","ROZPOCET"]
[{"$nulls":3},"VV","","Součet",null,17.489,{"$nulls":37},"VV","2","4","True","1","ROZPOCET"]
[null,null,"110","K","781121011","Nátěr penetrační na stěnu","m2",17.489,27.31,{"$f":"ROUND(I515*H515,2)","v":477.62},"CS ÚRS 2025 01",null,"","základní",null,{"$f":"O515*H515","v":{"v":0,"d":"0.00000"}},{"v":0.0003,"d":"0.00030"},{"$f":"Q515*H515","v":{"v":5.2467E-3,"d":"0.00525"}},{"v":0,"d":"0.00000"},{"$f":"S515*H515","v":{"v":0,"d":"0.00000"}},{"$nulls":23},"16",null,"K","2",{"$nulls":3},"ROZPOCET",{"$nulls":5},{"$f":"IF(N515=\"základní\",J515,0)","v":477.62},{"$f":"IF(N515=\"snížená\",J515,0)","v":{"v":0,"d":"0.00"}},{"$f":"IF(N515=\"zákl. přenesená\",J515,0)","v":{"v":0,"d":"0.00"}},{"$f":"IF(N515=\"sníž. přenesená\",J515,0)","v":{"v":0,"d":"0.00"}},{"$f":"IF(N515=\"nulová\",J515,0)","v":{"v":0,"d":"0.00"}},"1",{"$f":"ROUND(I515*H515,2)","v":477.62},"16","-60586925"]
[{"$nulls":3},"Online PSC",null,"https://podminky.urs.cz/item/CS_URS_2025_01/781121011",{"$nulls":39},"Online PSC","2"]
[null,null,"111","K","781131112","Izolace stěny pod obklad izolace nátěrem nebo stěrkou ve dvou vrstvách","m2",{"v":11.08,"d":"11.080"},452.03,{"$f":"ROUND(I517*H517,2)","v":{"v":5008.49,"d":"5,008.49"}},"CS ÚRS 2025 01",null,"","základní",null,{"$f":"O517*H517","v":{"v":0,"d":"0.00000"}},{"v":1.5E-3,"d":"0.00150"},{"$f":"Q517*H517","v":0.01662},{"v":0,"d":"0.00000"},{"$f":"S517*H517","v":{"v":0,"d":"0.00000"}},{"$nulls":23},"16",null,"K","2",{"$nulls":3},"ROZPOCET",{"$nulls":5},{"$f":"IF(N517=\"základní\",J517,0)","v":{"v":5008.49,"d":"5,008.49"}},{"$f":"IF(N517=\"snížená\",J517,0)","v":{"v":0,"d":"0.00"}},{"$f":"IF(N517=\"zákl. přenesená\",J517,0)","v":{"v":0,"d":"0.00"}},{"$f":"IF(N517=\"sníž. přenesená\",J517,0)","v":{"v":0,"d":"0.00"}},{"$f":"IF(N517=\"nulová\",J517,0)","v":{"v":0,"d":"0.00"}},"1",{"$f":"ROUND(I517*H517,2)","v":{"v":5008.49,"d":"5,008.49"}},"16","1756561883"]
[{"$nulls":3},"Online PSC",null,"https://podminky.urs.cz/item/CS_URS_2025_01/781131112",{"$nulls":39},"Online PSC","2"]
[{"$nulls":3},"VV","","\"prostor umyvadel\"",null,"",{"$nulls":37},"VV","2","1","True","0","ROZPOCET"]
[{"$nulls":3},"VV","","(1,42+0,82*2)*1,53",null,4.682,{"$nulls":37},"VV","2","2","True","0","ROZPOCET"]
[{"$nulls":3},"VV","","\"sprcha\"",null,"",{"$nulls":37},"VV","2","1","True","0","ROZPOCET"]
[{"$nulls":3},"VV","","(0,8+0,9+0,8)*2+(0,62+0,9+0,62-0,7)*0,3",null,5.432,{"$nulls":37},"VV","2","2","True","0","ROZPOCET"]
[{"$nulls":3},"VV","","\"WC\"",null,"",{"$nulls":37},"VV","2","1","True","0","ROZPOCET"]
[{"$nulls":3},"VV","","(0,82*2+1,14*2-0,7)*0,3",null,0.966,{"$nulls":37},"VV","2","2","True","0","ROZPOCET"]
[{"$nulls":3},"VV","","Součet",null,{"v":11.08,"d":"11.080"},{"$nulls":37},"VV","2","4","True","1","ROZPOCET"]
[null,null,"112","K","781161021","Příprava podkladu před provedením obkladu montáž profilu ukončujícího profilu rohového, vanového","m",{"v":13.28,"d":"13.280"},150.68,{"$f":"ROUND(I526*H526,2)","v":{"v":2001.03,"d":"2,001.03"}},"CS ÚRS 2025 01",null,"","základní",null,{"$f":"O526*H526","v":{"v":0,"d":"0.00000"}},{"v":0.0002,"d":"0.00020"},{"$f":"Q526*H526","v":{"v":0.002656,"d":"0.00266"}},{"v":0,"d":"0.00000"},{"$f":"S526*H526","v":{"v":0,"d":"0.00000"}},{"$nulls":23},"16",null,"K","2",{"$nulls":3},"ROZPOCET",{"$nulls":5},{"$f":"IF(N526=\"základní\",J526,0)","v":{"v":2001.03,"d":"2,001.03"}},{"$f":"IF(N526=\"snížená\",J526,0)","v":{"v":0,"d":"0.00"}},{"$f":"IF(N526=\"zákl. přenesená\",J526,0)","v":{"v":0,"d":"0.00"}},{"$f":"IF(N526=\"sníž. přenesená\",J526,0)","v":{"v":0,"d":"0.00"}},{"$f":"IF(N526=\"nulová\",J526,0)","v":{"v":0,"d":"0.00"}},"1",{"$f":"ROUND(I526*H526,2)","v":{"v":2001.03,"d":"2,001.03"}},"16","196276235"]
[{"$nulls":3},"Online PSC",null,"https://podminky.urs.cz/item/CS_URS_2025_01/781161021",{"$nulls":39},"Online PSC","2"]
[{"$nulls":3},"VV","","\"lišty plastové zaoblené\"",null,"",{"$nulls":37},"VV","2","1","True","0","ROZPOCET"]
[{"$nulls":3},"VV","","\"prostor umyvadel\"",null,"",{"$nulls":37},"VV","2","1","True","0","ROZPOCET"]
[{"$nulls":3},"VV","","(1,42+0,82*2)+(1,53*2)",null,{"v":6.12,"d":"6.120"},{"$nulls":37},"VV","2","2","True","0","ROZPOCET"]
[{"$nulls":3},"VV","","\"sprcha\"",null,"",{"$nulls":37},"VV","2","1","True","0","ROZPOCET"]
[{"$nulls":3},"VV","","(1,42*2+0,9*2)-(0,7)",null,{"v":3.94,"d":"3.940"},{"$nulls":37},"VV","2","2","True","0","ROZPOCET"]
[{"$nulls":3},"VV","","\"WC\"",null,"",{"$nulls":37},"VV","2","1","True","0","ROZPOCET"]
[{"$nulls":3},"VV","","(0,82*2+1,14*2)-(0,7)",null,{"v":3.22,"d":"3.220"},{"$nulls":37},"VV","2","2","True","0","ROZPOCET"]
[{"$nulls":3},"VV","","Součet",null,{"v":13.280000000000001,"d":"13.280"},{"$nulls":37},"VV","2","4","True","1","ROZPOCET"]
[null,null,"113","M","28342005","lišta ukončovací z PVC 12,5mm","m",{"v":15,"d":"15.000"},37.95,{"$f":"ROUND(I536*H536,2)","v":569.25},"CS ÚRS 2025 01",null,"","základní",null,{"$f":"O536*H536","v":{"v":0,"d":"0.00000"}},{"v":0.0003,"d":"0.00030"},{"$f":"Q536*H536","v":{"v":0.0045,"d":"0.00450"}},{"v":0,"d":"0.00000"},{"$f":"S536*H536","v":{"v":0,"d":"0.00000"}},{"$nulls":23},"32",null,"M","2",{"$nulls":3},"ROZPOCET",{"$nulls":5},{"$f":"IF(N536=\"základní\",J536,0)","v":569.25},{"$f":"IF(N536=\"snížená\",J536,0)","v":{"v":0,"d":"0.00"}},{"$f":"IF(N536=\"zákl. přenesená\",J536,0)","v":{"v":0,"d":"0.00"}},{"$f":"IF(N536=\"sníž. přenesená\",J536,0)","v":{"v":0,"d":"0.00"}},{"$f":"IF(N536=\"nulová\",J536,0)","v":{"v":0,"d":"0.00"}},"1",{"$f":"ROUND(I536*H536,2)","v":569.25},"16","-1691619190"]
[null,null,"114","K","781472216","Montáž keramických obkladů stěn lepených cementovým flexibilním lepidlem hladkých přes 9 do 12 ks/m2","m2",17.489,800.51,{"$f":"ROUND(I537*H537,2)","v":{"v":14000.12,"d":"14,000.12"}},"CS ÚRS 2025 01",null,"","základní",null,{"$f":"O537*H537","v":{"v":0,"d":"0.00000"}},{"v":0.006,"d":"0.00600"},{"$f":"Q537*H537","v":{"v":0.10493400000000001,"d":"0.10493"}},{"v":0,"d":"0.00000"},{"$f":"S537*H537","v":{"v":0,"d":"0.00000"}},{"$nulls":23},"16",null,"K","2",{"$nulls":3},"ROZPOCET",{"$nulls":5},{"$f":"IF(N537=\"základní\",J537,0)","v":{"v":14000.12,"d":"14,000.12"}},{"$f":"IF(N537=\"snížená\",J537,0)","v":{"v":0,"d":"0.00"}},{"$f":"IF(N537=\"zákl. přenesená\",J537,0)","v":{"v":0,"d":"0.00"}},{"$f":"IF(N537=\"sníž. přenesená\",J537,0)","v":{"v":0,"d":"0.00"}},{"$f":"IF(N537=\"nulová\",J537,0)","v":{"v":0,"d":"0.00"}},"1",{"$f":"ROUND(I537*H537,2)","v":{"v":14000.12,"d":"14,000.12"}},"16","1183124899"]
[{"$nulls":3},"Online PSC",null,"https://podminky.urs.cz/item/CS_URS_2025_01/781472216",{"$nulls":39},"Online PSC","2"]
[null,null,"115","M","59761026R","obklad keramický, OBKLAD - REKTIFIKOVANÝ, 80 % bílý, 20% barevný - dle výběru investora","m2",{"v":19,"d":"19.000"},452.97,{"$f":"ROUND(I539*H539,2)","v":{"v":8606.43,"d":"8,606.43"}},"vlastní",null,"","základní",null,{"$f":"O539*H539","v":{"v":0,"d":"0.00000"}},{"v":0.0118,"d":"0.01180"},{"$f":"Q539*H539","v":{"v":0.22419999999999998,"d":"0.22420"}},{"v":0,"d":"0.00000"},{"$f":"S539*H539","v":{"v":0,"d":"0.00000"}},{"$nulls":23},"32",null,"M","2",{"$nulls":3},"ROZPOCET",{"$nulls":5},{"$f":"IF(N539=\"základní\",J539,0)","v":{"v":8606.43,"d":"8,606.43"}},{"$f":"IF(N539=\"snížená\",J539,0)","v":{"v":0,"d":"0.00"}},{"$f":"IF(N539=\"zákl. přenesená\",J539,0)","v":{"v":0,"d":"0.00"}},{"$f":"IF(N539=\"sníž. přenesená\",J539,0)","v":{"v":0,"d":"0.00"}},{"$f":"IF(N539=\"nulová\",J539,0)","v":{"v":0,"d":"0.00"}},"1",{"$f":"ROUND(I539*H539,2)","v":{"v":8606.43,"d":"8,606.43"}},"16","1592493313"]
[null,null,"116","K","998781103","Přesun hmot pro obklady keramické stanovený z hmotnosti přesunovaného materiálu vodorovná dopravní vzdálenost do 50 m základní v objektech výšky přes 12 do 24 m","t",0.358,{"v":1271.33,"d":"1,271.33"},{"$f":"ROUND(I540*H540,2)","v":455.14},"CS ÚRS 2025 01",null,"","základní",null,{"$f":"O540*H540","v":{"v":0,"d":"0.00000"}},{"v":0,"d":"0.00000"},{"$f":"Q540*H540","v":{"v":0,"d":"0.00000"}},{"v":0,"d":"0.00000"},{"$f":"S540*H540","v":{"v":0,"d":"0.00000"}},{"$nulls":23},"16",null,"K","2",{"$nulls":3},"ROZPOCET",{"$nulls":5},{"$f":"IF(N540=\"základní\",J540,0)","v":455.14},{"$f":"IF(N540=\"snížená\",J540,0)","v":{"v":0,"d":"0.00"}},{"$f":"IF(N540=\"zákl. přenesená\",J540,0)","v":{"v":0,"d":"0.00"}},{"$f":"IF(N540=\"sníž. přenesená\",J540,0)","v":{"v":0,"d":"0.00"}},{"$f":"IF(N540=\"nulová\",J540,0)","v":{"v":0,"d":"0.00"}},"1",{"$f":"ROUND(I540*H540,2)","v":455.14},"16","1413563590"]
[{"$nulls":3},"Online PSC",null,"https://podminky.urs.cz/item/CS_URS_2025_01/998781103",{"$nulls":39},"Online PSC","2"]
[{"$nulls":3},"D","783","Dokončovací práce - nátěry",{"$nulls":3},{"$f":"BK542","v":{"v":1827.94,"d":"1,827.94"}},{"$nulls":5},{"$f":"SUM(P543:P558)","v":{"v":0,"d":"0.00000"}},null,{"$f":"SUM(R543:R558)","v":{"v":1.5731999999999999E-3,"d":"0.00157"}},null,{"$f":"SUM(T543:T558)","v":{"v":0,"d":"0.00000"}},{"$nulls":23},"2",null,"D","1",{"$nulls":3},"ROZPOCET",{"$nulls":11},{"$f":"SUM(BK543:BK558)","v":{"v":1827.94,"d":"1,827.94"}}]
[null,null,"117","K","783306805","Odstranění nátěrů ze zámečnických konstrukcí opálením s obroušením","m2",{"v":4.14,"d":"4.140"},54.59,{"$f":"ROUND(I543*H543,2)","v":{"v":226,"d":"226.00"}},"CS ÚRS 2025 01",null,"","základní",null,{"$f":"O543*H543","v":{"v":0,"d":"0.00000"}},{"v":2e-05,"d":"0.00002"},{"$f":"Q543*H543","v":{"v":8.2800000000000007E-5,"d":"0.00008"}},{"v":0,"d":"0.00000"},{"$f":"S543*H543","v":{"v":0,"d":"0.00000"}},{"$nulls":23},"16",null,"K","2",{"$nulls":3},"ROZPOCET",{"$nulls":5},{"$f":"IF(N543=\"základní\",J543,0)","v":{"v":226,"d":"226.00"}},{"$f":"IF(N543=\"snížená\",J543,0)","v":{"v":0,"d":"0.00"}},{"$f":"IF(N543=\"zákl. přenesená\",J543,0)","v":{"v":0,"d":"0.00"}},{"$f":"IF(N543=\"sníž. přenesená\",J543,0)","v":{"v":0,"d":"0.00"}},{"$f":"IF(N543=\"nulová\",J543,0)","v":{"v":0,"d":"0.00"}},"1",{"$f":"ROUND(I543*H543,2)","v":{"v":226,"d":"226.00"}},"16","-629401242"]
[{"$nulls":3},"Online PSC",null,"https://podminky.urs.cz/item/CS_URS_2025_01/783306805",{"$nulls":39},"Online PSC","2"]
[{"$nulls":3},"VV","","\"stávající zárubně\"",null,"",{"$nulls":37},"VV","2","1","True","0","ROZPOCET"]
[{"$nulls":3},"VV","","\"prostor umyvadel\"",null,"",{"$nulls":37},"VV","2","1","True","0","ROZPOCET"]
[{"$nulls":3},"VV","","0",null,{"v":0,"d":"0.000"},{"$nulls":37},"VV","2","2","True","0","ROZPOCET"]
[{"$nulls":3},"VV","","\"sprcha\"",null,"",{"$nulls":37},"VV","2","1","True","0","ROZPOCET"]
[{"$nulls":3},"VV","","(2+0,6+2)*(0,15*3)",null,{"v":2.07,"d":"2.070"},{"$nulls":37},"VV","2","2","True","0","ROZPOCET"]
[{"$nulls":3},"VV","","\"WC\"",null,"",{"$nulls":37},"VV","2","1","True","0","ROZPOCET"]
[{"$nulls":3},"VV","","(2+0,6+2)*(0,15*3)",null,{"v":2.07,"d":"2.070"},{"$nulls":37},"VV","2","2","True","0","ROZPOCET"]
[{"$nulls":3},"VV","","Součet",null,{"v":4.14,"d":"4.140"},{"$nulls":37},"VV","2","4","True","1","ROZPOCET"]
[null,null,"118","K","783301313","Příprava podkladu zámečnických konstrukcí před provedením nátěru odmaštění odmašťovačem ředidlovým","m2",{"v":4.14,"d":"4.140"},128.98,{"$f":"ROUND(I553*H553,2)","v":533.98},"CS ÚRS 2025 01",null,"","základní",null,{"$f":"O553*H553","v":{"v":0,"d":"0.00000"}},{"v":7e-05,"d":"0.00007"},{"$f":"Q553*H553","v":{"v":2.8979999999999994E-4,"d":"0.00029"}},{"v":0,"d":"0.00000"},{"$f":"S553*H553","v":{"v":0,"d":"0.00000"}},{"$nulls":23},"16",null,"K","2",{"$nulls":3},"ROZPOCET",{"$nulls":5},{"$f":"IF(N553=\"základní\",J553,0)","v":533.98},{"$f":"IF(N553=\"snížená\",J553,0)","v":{"v":0,"d":"0.00"}},{"$f":"IF(N553=\"zákl. přenesená\",J553,0)","v":{"v":0,"d":"0.00"}},{"$f":"IF(N553=\"sníž. přenesená\",J553,0)","v":{"v":0,"d":"0.00"}},{"$f":"IF(N553=\"nulová\",J553,0)","v":{"v":0,"d":"0.00"}},"1",{"$f":"ROUND(I553*H553,2)","v":533.98},"16","-187625780"]
[{"$nulls":3},"Online PSC",null,"https://podminky.urs.cz/item/CS_URS_2025_01/783301313",{"$nulls":39},"Online PSC","2"]
[null,null,"119","K","783314201","Základní antikorozní nátěr zámečnických konstrukcí jednonásobný syntetický standardní","m2",{"v":4.14,"d":"4.140"},128.98,{"$f":"ROUND(I555*H555,2)","v":533.98},"CS ÚRS 2025 01",null,"","základní",null,{"$f":"O555*H555","v":{"v":0,"d":"0.00000"}},0.00017,{"$f":"Q555*H555","v":{"v":0.0007038,"d":"0.00070"}},{"v":0,"d":"0.00000"},{"$f":"S555*H555","v":{"v":0,"d":"0.00000"}},{"$nulls":23},"16",null,"K","2",{"$nulls":3},"ROZPOCET",{"$nulls":5},{"$f":"IF(N555=\"základní\",J555,0)","v":533.98},{"$f":"IF(N555=\"snížená\",J555,0)","v":{"v":0,"d":"0.00"}},{"$f":"IF(N555=\"zákl. přenesená\",J555,0)","v":{"v":0,"d":"0.00"}},{"$f":"IF(N555=\"sníž. přenesená\",J555,0)","v":{"v":0,"d":"0.00"}},{"$f":"IF(N555=\"nulová\",J555,0)","v":{"v":0,"d":"0.00"}},"1",{"$f":"ROUND(I555*H555,2)","v":533.98},"16","506202775"]
[{"$nulls":3},"Online PSC",null,"https://podminky.urs.cz/item/CS_URS_2025_01/783314201",{"$nulls":39},"Online PSC","2"]
[null,null,"120","K","783317101","Krycí nátěr (email) zámečnických konstrukcí jednonásobný syntetický standardní","m2",{"v":4.14,"d":"4.140"},128.98,{"$f":"ROUND(I557*H557,2)","v":533.98},"CS ÚRS 2025 01",null,"","základní",null,{"$f":"O557*H557","v":{"v":0,"d":"0.00000"}},{"v":1.2E-4,"d":"0.00012"},{"$f":"Q557*H557","v":{"v":4.9679999999999993E-4,"d":"0.00050"}},{"v":0,"d":"0.00000"},{"$f":"S557*H557","v":{"v":0,"d":"0.00000"}},{"$nulls":23},"16",null,"K","2",{"$nulls":3},"ROZPOCET",{"$nulls":5},{"$f":"IF(N557=\"základní\",J557,0)","v":533.98},{"$f":"IF(N557=\"snížená\",J557,0)","v":{"v":0,"d":"0.00"}},{"$f":"IF(N557=\"zákl. přenesená\",J557,0)","v":{"v":0,"d":"0.00"}},{"$f":"IF(N557=\"sníž. přenesená\",J557,0)","v":{"v":0,"d":"0.00"}},{"$f":"IF(N557=\"nulová\",J557,0)","v":{"v":0,"d":"0.00"}},"1",{"$f":"ROUND(I557*H557,2)","v":533.98},"16","-1766083860"]
[{"$nulls":3},"Online PSC",null,"https://podminky.urs.cz/item/CS_URS_2025_01/783317101",{"$nulls":39},"Online PSC","2"]
[{"$nulls":3},"D","784","Dokončovací práce - malby a tapety",{"$nulls":3},{"$f":"BK559","v":{"v":1823.95,"d":"1,823.95"}},{"$nulls":5},{"$f":"SUM(P560:P573)","v":{"v":0,"d":"0.00000"}},null,{"$f":"SUM(R560:R573)","v":{"v":0.0067212052,"d":"0.00672"}},null,{"$f":"SUM(T560:T573)","v":{"v":0,"d":"0.00000"}},{"$nulls":23},"2",null,"D","1",{"$nulls":3},"ROZPOCET",{"$nulls":11},{"$f":"SUM(BK560:BK573)","v":{"v":1823.95,"d":"1,823.95"}}]
[null,null,"121","K","784111001","Oprášení (ometení) podkladu v místnostech výšky do 3,80 m","m2",14.138,17.89,{"$f":"ROUND(I560*H560,2)","v":252.93},"CS ÚRS 2025 01",null,"","základní",null,{"$f":"O560*H560","v":{"v":0,"d":"0.00000"}},{"v":0,"d":"0.00000"},{"$f":"Q560*H560","v":{"v":0,"d":"0.00000"}},{"v":0,"d":"0.00000"},{"$f":"S560*H560","v":{"v":0,"d":"0.00000"}},{"$nulls":23},"16",null,"K","2",{"$nulls":3},"ROZPOCET",{"$nulls":5},{"$f":"IF(N560=\"základní\",J560,0)","v":252.93},{"$f":"IF(N560=\"snížená\",J560,0)","v":{"v":0,"d":"0.00"}},{"$f":"IF(N560=\"zákl. přenesená\",J560,0)","v":{"v":0,"d":"0.00"}},{"$f":"IF(N560=\"sníž. přenesená\",J560,0)","v":{"v":0,"d":"0.00"}},{"$f":"IF(N560=\"nulová\",J560,0)","v":{"v":0,"d":"0.00"}},"1",{"$f":"ROUND(I560*H560,2)","v":252.93},"16","1568881765"]
[{"$nulls":3},"Online PSC",null,"https://podminky.urs.cz/item/CS_URS_2025_01/784111001",{"$nulls":39},"Online PSC","2"]
[null,null,"122","K","784181101","Penetrace podkladu jednonásobná základní akrylátová bezbarvá v místnostech výšky do 3,80 m","m2",14.138,27.31,{"$f":"ROUND(I562*H562,2)","v":386.11},"CS ÚRS 2025 01",null,"","základní",null,{"$f":"O562*H562","v":{"v":0,"d":"0.00000"}},{"v":0.0002,"d":"0.00020"},{"$f":"Q562*H562","v":{"v":2.8276E-3,"d":"0.00283"}},{"v":0,"d":"0.00000"},{"$f":"S562*H562","v":{"v":0,"d":"0.00000"}},{"$nulls":23},"16",null,"K","2",{"$nulls":3},"ROZPOCET",{"$nulls":5},{"$f":"IF(N562=\"základní\",J562,0)","v":386.11},{"$f":"IF(N562=\"snížená\",J562,0)","v":{"v":0,"d":"0.00"}},{"$f":"IF(N562=\"zákl. přenesená\",J562,0)","v":{"v":0,"d":"0.00"}},{"$f":"IF(N562=\"sníž. přenesená\",J562,0)","v":{"v":0,"d":"0.00"}},{"$f":"IF(N562=\"nulová\",J562,0)","v":{"v":0,"d":"0.00"}},"1",{"$f":"ROUND(I562*H562,2)","v":386.11},"16","-1829314275"]
[{"$nulls":3},"Online PSC",null,"https://podminky.urs.cz/item/CS_URS_2025_01/784181101",{"$nulls":39},"Online PSC","2"]
[{"$nulls":3},"VV","","\"stěny, stropy\"",null,"",{"$nulls":37},"VV","2","1","True","0","ROZPOCET"]
[{"$nulls":3},"VV","","\"prostor umyvadel\"",null,"",{"$nulls":37},"VV","2","1","True","0","ROZPOCET"]
[{"$nulls":3},"VV","","(1,42+0,82*2)*(2,54-1,53)+(1,42*0,82)",null,4.255,{"$nulls":37},"VV","2","2","True","0","ROZPOCET"]
[{"$nulls":3},"VV","","\"sprcha\"",null,"",{"$nulls":37},"VV","2","1","True","0","ROZPOCET"]
[{"$nulls":3},"VV","","(1,42*2+0,9*2)*(2,54-2)+(1,42+0,9)",null,4.826,{"$nulls":37},"VV","2","2","True","0","ROZPOCET"]
[{"$nulls":3},"VV","","\"WC\"",null,"",{"$nulls":37},"VV","2","1","True","0","ROZPOCET"]
[{"$nulls":3},"VV","","(0,82*2+1,14*2)*(2,54-1,53)-(0,7*(2-1,53))+(0,82*0,6+0,82*1,14)",null,5.057,{"$nulls":37},"VV","2","2","True","0","ROZPOCET"]
[{"$nulls":3},"VV","","Součet",null,14.138,{"$nulls":37},"VV","2","4","True","1","ROZPOCET"]
[null,null,"123","K","784211121","Dvojnásobné bílé malby ze směsí za mokra středně oděruvzdorných v místnostech v do 3,80 m","m2",14.138,83.81,{"$f":"ROUND(I572*H572,2)","v":{"v":1184.91,"d":"1,184.91"}},"CS ÚRS 2025 01",null,"","základní",null,{"$f":"O572*H572","v":{"v":0,"d":"0.00000"}},{"v":0.0002754,"d":"0.00028"},{"$f":"Q572*H572","v":{"v":0.0038936052,"d":"0.00389"}},{"v":0,"d":"0.00000"},{"$f":"S572*H572","v":{"v":0,"d":"0.00000"}},{"$nulls":23},"16",null,"K","2",{"$nulls":3},"ROZPOCET",{"$nulls":5},{"$f":"IF(N572=\"základní\",J572,0)","v":{"v":1184.91,"d":"1,184.91"}},{"$f":"IF(N572=\"snížená\",J572,0)","v":{"v":0,"d":"0.00"}},{"$f":"IF(N572=\"zákl. přenesená\",J572,0)","v":{"v":0,"d":"0.00"}},{"$f":"IF(N572=\"sníž. přenesená\",J572,0)","v":{"v":0,"d":"0.00"}},{"$f":"IF(N572=\"nulová\",J572,0)","v":{"v":0,"d":"0.00"}},"1",{"$f":"ROUND(I572*H572,2)","v":{"v":1184.91,"d":"1,184.91"}},"16","-1873479724"]
[{"$nulls":3},"Online PSC",null,"https://podminky.urs.cz/item/CS_URS_2025_01/784211121",{"$nulls":39},"Online PSC","2"]
[{"$nulls":3},"D","VRN","Vedlejší rozpočtové náklady",{"$nulls":3},{"$f":"BK574","v":{"v":3060.62,"d":"3,060.62"}},{"$nulls":5},{"$f":"P575","v":{"v":0,"d":"0.00000"}},null,{"$f":"R575","v":{"v":0,"d":"0.00000"}},null,{"$f":"T575","v":{"v":0,"d":"0.00000"}},{"$nulls":23},"5",null,"D","0",{"$nulls":3},"ROZPOCET",{"$nulls":11},{"$f":"BK575","v":{"v":3060.62,"d":"3,060.62"}}]
[{"$nulls":3},"D","VRN4","Inženýrská činnost",{"$nulls":3},{"$f":"BK575","v":{"v":3060.62,"d":"3,060.62"}},{"$nulls":5},{"$f":"SUM(P576:P577)","v":{"v":0,"d":"0.00000"}},null,{"$f":"SUM(R576:R577)","v":{"v":0,"d":"0.00000"}},null,{"$f":"SUM(T576:T577)","v":{"v":0,"d":"0.00000"}},{"$nulls":23},"5",null,"D","1",{"$nulls":3},"ROZPOCET",{"$nulls":11},{"$f":"SUM(BK576:BK577)","v":{"v":3060.62,"d":"3,060.62"}}]
[null,null,"124","K","043203003","Rozbor vody zkrácený z umyvadla","soubor",{"v":1,"d":"1.000"},{"v":3060.62,"d":"3,060.62"},{"$f":"ROUND(I576*H576,2)","v":{"v":3060.62,"d":"3,060.62"}},"CS ÚRS 2025 01",null,"","základní",null,{"$f":"O576*H576","v":{"v":0,"d":"0.00000"}},{"v":0,"d":"0.00000"},{"$f":"Q576*H576","v":{"v":0,"d":"0.00000"}},{"v":0,"d":"0.00000"},{"$f":"S576*H576","v":{"v":0,"d":"0.00000"}},{"$nulls":23},"1024",null,"K","2",{"$nulls":3},"ROZPOCET",{"$nulls":5},{"$f":"IF(N576=\"základní\",J576,0)","v":{"v":3060.62,"d":"3,060.62"}},{"$f":"IF(N576=\"snížená\",J576,0)","v":{"v":0,"d":"0.00"}},{"$f":"IF(N576=\"zákl. přenesená\",J576,0)","v":{"v":0,"d":"0.00"}},{"$f":"IF(N576=\"sníž. přenesená\",J576,0)","v":{"v":0,"d":"0.00"}},{"$f":"IF(N576=\"nulová\",J576,0)","v":{"v":0,"d":"0.00"}},"1",{"$f":"ROUND(I576*H576,2)","v":{"v":3060.62,"d":"3,060.62"}},"1024","-844301074"]
[{"$nulls":3},"Online PSC",null,"https://podminky.urs.cz/item/CS_URS_2025_01/043203003",{"$nulls":39},"Online PSC","2"]

{"sheet":"07 - 6.NP - č. 621a - Kou...","index":7,"n_rows":488,"n_cols":65,"rows_kept":488,"merged":[[1,11,1,21],[6,4,6,7],[8,4,8,7],[17,4,17,7],[26,4,26,7],[47,4,47,7],[49,4,49,7],[87,4,87,7],[89,4,89,7]]}
[]
[{"$nulls":45},"{7e72d039-acc5-4cc8-99d2-231fd996fe30}"]
[{"$nulls":45},"2"]
[{"$nulls":3},"KRYCÍ LIST SOUPISU PRACÍ",{"$nulls":8},"v ---  níže se nacházejí doplnkové a pomocné údaje k sestavám  --- v",{"$nulls":32},"False"]
[]
[{"$nulls":3},"Stavba:"]
[{"$nulls":4},{"$f":"'Rekapitulace stavby'!K6","v":"Rekonstrukce hygienických prostor ISŠT, Benešov, Černoleská 1997"}]
[{"$nulls":3},"Objekt:"]
[{"$nulls":4},"07 - 6.NP - č. 621a - Koupelna typ A1"]
[]
[{"$nulls":3},"KSO:",null,"",null,null,"CC-CZ:",""]
[{"$nulls":3},"Místo:",null,"Benešov, Černoleská 1997",null,null,"Datum:",{"$f":"'Rekapitulace stavby'!AN8","v":"2025-08-11"}]
[]
[{"$nulls":3},"Zadavatel:",{"$nulls":4},"IČ:","18620442"]
[{"$nulls":4},"Integrovaná střední škola technická",{"$nulls":3},"DIČ:",""]
[]
[{"$nulls":3},"Účastník:",{"$nulls":4},"IČ:",{"$f":"'Rekapitulace stavby'!AN13","v":"24832898"}]
[{"$nulls":4},{"$f":"'Rekapitulace stavby'!E14","v":"OTISTAV s.r.o."},{"$nulls":3},"DIČ:",{"$f":"'Rekapitulace stavby'!AN14","v":"CZ24832898"}]
[]
[{"$nulls":3},"Projektant:",{"$nulls":4},"IČ:",""]
[{"$nulls":4},"Ing. arch. Ondřej Lovíšek",{"$nulls":3},"DIČ:",""]
[]
[{"$nulls":3},"Zpracovatel:",{"$nulls":4},"IČ:",{"$f":"IF('Rekapitulace stavby'!AN19=\"\",\"\",'Rekapitulace stavby'!AN19)","v":""}]
[{"$nulls":4},{"$f":"IF('Rekapitulace stavby'!E20=\"\",\"\",'Rekapitulace stavby'!E20)","v":" "},{"$nulls":3},"DIČ:",{"$f":"IF('Rekapitulace stavby'!AN20=\"\",\"\",'Rekapitulace stavby'!AN20)","v":""}]
[]
[{"$nulls":3},"Poznámka:"]
[{"$nulls":4},""]
[]
[]
[{"$nulls":3},"Cena bez DPH",{"$nulls":5},{"$f":"ROUND(J98, 2)","v":{"v":155241.1,"d":"155,241.10"}}]
[]
[{"$nulls":5},"Základ daně",null,null,"Sazba daně","Výše daně"]
[{"$nulls":3},"DPH","základní",{"$f":"ROUND((SUM(BE98:BE488)),  2)","v":{"v":155241.1,"d":"155,241.10"}},null,null,{"v":0.21,"d":"21.00%"},{"$f":"ROUND(((SUM(BE98:BE488))*I33),  2)","v":{"v":32600.63,"d":"32,600.63"}}]
[{"$nulls":4},"snížená",{"$f":"ROUND((SUM(BF98:BF488)),  2)","v":{"v":0,"d":"0.00"}},null,null,{"v":0.12,"d":"12.00%"},{"$f":"ROUND(((SUM(BF98:BF488))*I34),  2)","v":{"v":0,"d":"0.00"}}]
[{"$nulls":4},"zákl. přenesená",{"$f":"ROUND((SUM(BG98:BG488)),  2)","v":{"v":0,"d":"0.00"}},null,null,{"v":0.21,"d":"21.00%"},{"$f":"0","v":{"v":0,"d":"0.00"}}]
[{"$nulls":4},"sníž. přenesená",{"$f":"ROUND((SUM(BH98:BH488)),  2)","v":{"v":0,"d":"0.00"}},null,null,{"v":0.12,"d":"12.00%"},{"$f":"0","v":{"v":0,"d":"0.00"}}]
[{"$nulls":4},"nulová",{"$f":"ROUND((SUM(BI98:BI488)),  2)","v":{"v":0,"d":"0.00"}},null,null,{"v":0,"d":"0.00%"},{"$f":"0","v":{"v":0,"d":"0.00"}}]
[]
[{"$nulls":3},"Cena s DPH",null,null,"v","CZK",null,{"$f":"SUM(J30:J37)","v":{"v":187841.73,"d":"187,841.73"}}]
[]
[]
[]
[]
[]
[null,null,"REKAPITULACE ČLENĚNÍ SOUPISU PRACÍ"]
[]
[null,null,"Stavba:"]
[{"$nulls":4},{"$f":"E7","v":"Rekonstrukce hygienických prostor ISŠT, Benešov, Černoleská 1997"}]
[null,null,"Objekt:"]
[{"$nulls":4},{"$f":"E9","v":"07 - 6.NP - č. 621a - Koupelna typ A1"}]
[]
[null,null,"Místo:",null,null,{"$f":"F12","v":"Benešov, Černoleská 1997"},null,null,"Datum:",{"$f":"IF(J12=\"\",\"\",J12)","v":"2025-08-11"}]
[]
[null,null,"Zadavatel:",null,null,{"$f":"E15","v":"Integrovaná střední škola technická"},null,null,"Projektant:",{"$f":"E21","v":"Ing. arch. Ondřej Lovíšek"}]
[null,null,"Účastník:",null,null,{"$f":"IF(E18=\"\",\"\",E18)","v":"OTISTAV s.r.o."},null,null,"Zpracovatel:",{"$f":"E24","v":" "}]
[]
[null,null,"Kód dílu - Popis",{"$nulls":6},"Cena celkem [CZK]"]
[]
[null,null,"Náklady stavby celkem",{"$nulls":6},{"$f":"J98","v":{"v":155241.09999999998,"d":"155,241.10"}},{"$nulls":36},"-1"]
[{"$nulls":3},"HSV - Práce a dodávky HSV",{"$nulls":5},{"$f":"J99","v":{"v":57434.92999999999,"d":"57,434.93"}}]
[{"$nulls":3},"    6 - Úpravy povrchů, podlahy a osazování výplní",{"$nulls":5},{"$f":"J100","v":{"v":34779.88,"d":"34,779.88"}}]
[{"$nulls":3},"    9 - Ostatní konstrukce a práce, bourání",{"$nulls":5},{"$f":"J139","v":{"v":13337.61,"d":"13,337.61"}}]
[{"$nulls":3},"    997 - Přesun sutě",{"$nulls":5},{"$f":"J191","v":{"v":6103.52,"d":"6,103.52"}}]
[{"$nulls":3},"    998 - Přesun hmot",{"$nulls":5},{"$f":"J203","v":{"v":3213.92,"d":"3,213.92"}}]
[{"$nulls":3},"PSV - Práce a dodávky PSV",{"$nulls":5},{"$f":"J206","v":{"v":94745.55,"d":"94,745.55"}}]
[{"$nulls":3},"    721 - Zdravotechnika - vnitřní kanalizace",{"$nulls":5},{"$f":"J207","v":{"v":6328.660000000001,"d":"6,328.66"}}]
[{"$nulls":3},"    722 - Zdravotechnika - vnitřní vodovod",{"$nulls":5},{"$f":"J221","v":{"v":7259.3,"d":"7,259.30"}}]
[{"$nulls":3},"    725 - Zdravotechnika - zařizovací předměty",{"$nulls":5},{"$f":"J237","v":{"v":21096.22,"d":"21,096.22"}}]
[{"$nulls":3},"    741 - Elektroinstalace - silnoproud",{"$nulls":5},{"$f":"J273","v":{"v":4781.040000000001,"d":"4,781.04"}}]
[{"$nulls":3},"    751 - Vzduchotechnika",{"$nulls":5},{"$f":"J326","v":{"v":1391.25,"d":"1,391.25"}}]
[{"$nulls":3},"    766 - Konstrukce truhlářské",{"$nulls":5},{"$f":"J338","v":{"v":7566.69,"d":"7,566.69"}}]
[{"$nulls":3},"    767 - Konstrukce zámečnické",{"$nulls":5},{"$f":"J358","v":{"v":1144.53,"d":"1,144.53"}}]
[{"$nulls":3},"    771 - Podlahy z dlaždic",{"$nulls":5},{"$f":"J371","v":{"v":12045.759999999998,"d":"12,045.76"}}]
[{"$nulls":3},"    781 - Dokončovací práce - obklady",{"$nulls":5},{"$f":"J422","v":{"v":29893.559999999998,"d":"29,893.56"}}]
[{"$nulls":3},"    783 - Dokončovací práce - nátěry",{"$nulls":5},{"$f":"J452","v":{"v":1827.94,"d":"1,827.94"}}]
[{"$nulls":3},"    784 - Dokončovací práce - malby a tapety",{"$nulls":5},{"$f":"J467","v":{"v":1410.6,"d":"1,410.60"}}]
[{"$nulls":3},"VRN - Vedlejší rozpočtové náklady",{"$nulls":5},{"$f":"J485","v":{"v":3060.62,"d":"3,060.62"}}]
[{"$nulls":3},"    VRN4 - Inženýrská činnost",{"$nulls":5},{"$f":"J486","v":{"v":3060.62,"d":"3,060.62"}}]
[]
[]
[]
[]
[]
[]
[null,null,"SOUPIS PRACÍ"]
[]
[null,null,"Stavba:"]
[{"$nulls":4},{"$f":"E7","v":"Rekonstrukce hygienických prostor ISŠT, Benešov, Černoleská 1997"}]
[null,null,"Objekt:"]
[{"$nulls":4},{"$f":"E9","v":"07 - 6.NP - č. 621a - Koupelna typ A1"}]
[]
[null,null,"Místo:",null,null,{"$f":"F12","v":"Benešov, Černoleská 1997"},null,null,"Datum:",{"$f":"IF(J12=\"\",\"\",J12)","v":"2025-08-11"}]
[]
[null,null,"Zadavatel:",null,null,{"$f":"E15","v":"Integrovaná střední škola technická"},null,null,"Projektant:",{"$f":"E21","v":"Ing. arch. Ondřej Lovíšek"}]
[null,null,"Účastník:",null,null,{"$f":"IF(E18=\"\",\"\",E18)","v":"OTISTAV s.r.o."},null,null,"Zpracovatel:",{"$f":"E24","v":" "}]
[]
[null,null,"PČ","Typ","Kód","Popis","MJ","Množství","J.cena [CZK]","Cena celkem [CZK]","Cenová soustava",null,"","DPH","J. Nh [h]","Nh celkem [h]","J. hmotnost [t]","Hmotnost celkem [t]","J. suť [t]","Suť Celkem [t]"]
[null,null,"Náklady soupisu celkem",{"$nulls":6},{"$f":"BK98","v":{"v":155241.09999999998,"d":"155,241.10"}},{"$nulls":5},{"$f":"P99+P206+P485","v":{"v":0,"d":"0.00000"}},null,{"$f":"R99+R206+R485","v":{"v":3.1644057236,"d":"3.16441"}},null,{"$f":"T99+T206+T485","v":{"v":2.314996,"d":"2.31500"}},{"$nulls":25},"D","-1",{"$nulls":15},{"$f":"BK99+BK206+BK485","v":{"v":155241.09999999998,"d":"155,241.10"}}]
[{"$nulls":3},"D","HSV","Práce a dodávky HSV",{"$nulls":3},{"$f":"BK99","v":{"v":57434.92999999999,"d":"57,434.93"}},{"$nulls":5},{"$f":"P100+P139+P191+P203","v":{"v":0,"d":"0.00000"}},null,{"$f":"R100+R139+R191+R203","v":{"v":2.5281064,"d":"2.52811"}},null,{"$f":"T100+T139+T191+T203","v":{"v":2.212126,"d":"2.21213"}},{"$nulls":23},"1",null,"D","0",{"$nulls":3},"ROZPOCET",{"$nulls":11},{"$f":"BK100+BK139+BK191+BK203","v":{"v":57434.92999999999,"d":"57,434.93"}}]
[{"$nulls":3},"D","6","Úpravy povrchů, podlahy a osazování výplní",{"$nulls":3},{"$f":"BK100","v":{"v":34779.88,"d":"34,779.88"}},{"$nulls":5},{"$f":"SUM(P101:P138)","v":{"v":0,"d":"0.00000"}},null,{"$f":"SUM(R101:R138)","v":{"v":2.52769392,"d":"2.52769"}},null,{"$f":"SUM(T101:T138)","v":{"v":0,"d":"0.00000"}},{"$nulls":23},"1",null,"D","1",{"$nulls":3},"ROZPOCET",{"$nulls":11},{"$f":"SUM(BK101:BK138)","v":{"v":34779.88,"d":"34,779.88"}}]
[null,null,"1","K","612135101","Hrubá výplň rýh maltou jakékoli šířky rýhy ve stěnách","m2",{"v":3,"d":"3.000"},{"v":706.3,"d":"706.30"},{"$f":"ROUND(I101*H101,2)","v":{"v":2118.9,"d":"2,118.90"}},"CS ÚRS 2025 01",null,"","základní",null,{"$f":"O101*H101","v":{"v":0,"d":"0.00000"}},{"v":0.056,"d":"0.05600"},{"$f":"Q101*H101","v":{"v":0.168,"d":"0.16800"}},{"v":0,"d":"0.00000"},{"$f":"S101*H101","v":{"v":0,"d":"0.00000"}},{"$nulls":23},"4",null,"K","2",{"$nulls":3},"ROZPOCET",{"$nulls":5},{"$f":"IF(N101=\"základní\",J101,0)","v":{"v":2118.9,"d":"2,118.90"}},{"$f":"IF(N101=\"snížená\",J101,0)","v":{"v":0,"d":"0.00"}},{"$f":"IF(N101=\"zákl. přenesená\",J101,0)","v":{"v":0,"d":"0.00"}},{"$f":"IF(N101=\"sníž. přenesená\",J101,0)","v":{"v":0,"d":"0.00"}},{"$f":"IF(N101=\"nulová\",J101,0)","v":{"v":0,"d":"0.00"}},"1",{"$f":"ROUND(I101*H101,2)","v":{"v":2118.9,"d":"2,118.90"}},"4","-1226278407"]
[{"$nulls":3},"Online PSC",null,"https://podminky.urs.cz/item/CS_URS_2025_01/612135101",{"$nulls":39},"Online PSC","2"]
[{"$nulls":3},"VV","","\"zapravení rýh ve zdivu po rozvodech vody, kanalizace\"",null,"",{"$nulls":37},"VV","2","1","True","0","ROZPOCET"]
[{"$nulls":3},"VV","","10*0,3",null,{"v":3,"d":"3.000"},{"$nulls":37},"VV","2","2","True","1","ROZPOCET"]
[null,null,"2","K","611131121","Podkladní a spojovací vrstva vnitřních omítaných ploch penetrace disperzní nanášená ručně stropů","m2",3.096,55.56,{"$f":"ROUND(I105*H105,2)","v":172.01},"CS ÚRS 2025 01",null,"","základní",null,{"$f":"O105*H105","v":{"v":0,"d":"0.00000"}},0.00026,{"$f":"Q105*H105","v":{"v":0.00080496,"d":"0.00080"}},{"v":0,"d":"0.00000"},{"$f":"S105*H105","v":{"v":0,"d":"0.00000"}},{"$nulls":23},"4",null,"K","2",{"$nulls":3},"ROZPOCET",{"$nulls":5},{"$f":"IF(N105=\"základní\",J105,0)","v":172.01},{"$f":"IF(N105=\"snížená\",J105,0)","v":{"v":0,"d":"0.00"}},{"$f":"IF(N105=\"zákl. přenesená\",J105,0)","v":{"v":0,"d":"0.00"}},{"$f":"IF(N105=\"sníž. přenesená\",J105,0)","v":{"v":0,"d":"0.00"}},{"$f":"IF(N105=\"nulová\",J105,0)","v":{"v":0,"d":"0.00"}},"1",{"$f":"ROUND(I105*H105,2)","v":172.01},"4","1824693536"]
[{"$nulls":3},"Online PSC",null,"https://podminky.urs.cz/item/CS_URS_2025_01/611131121",{"$nulls":39},"Online PSC","2"]
[{"$nulls":3},"VV","","\"WC\"",null,"",{"$nulls":37},"VV","2","1","True","0","ROZPOCET"]
[{"$nulls":3},"VV","","0,82*1,6",null,1.312,{"$nulls":37},"VV","2","2","True","0","ROZPOCET"]
[{"$nulls":3},"VV","","\"koupelna\"",null,"",{"$nulls":37},"VV","2","1","True","0","ROZPOCET"]
[{"$nulls":3},"VV","","1,72*0,85+0,92*0,35",null,1.784,{"$nulls":37},"VV","2","2","True","0","ROZPOCET"]
[{"$nulls":3},"VV","","Součet",null,3.096,{"$nulls":37},"VV","2","4","True","1","ROZPOCET"]
[null,null,"3","K","611142001","Pletivo vnitřních ploch v ploše nebo pruzích, na plném podkladu sklovláknité vtlačené do tmelu včetně tmelu stropů","m2",3.096,291.94,{"$f":"ROUND(I112*H112,2)","v":903.85},"CS ÚRS 2025 01",null,"","základní",null,{"$f":"O112*H112","v":{"v":0,"d":"0.00000"}},0.00438,{"$f":"Q112*H112","v":{"v":0.013560480000000001,"d":"0.01356"}},{"v":0,"d":"0.00000"},{"$f":"S112*H112","v":{"v":0,"d":"0.00000"}},{"$nulls":23},"4",null,"K","2",{"$nulls":3},"ROZPOCET",{"$nulls":5},{"$f":"IF(N112=\"základní\",J112,0)","v":903.85},{"$f":"IF(N112=\"snížená\",J112,0)","v":{"v":0,"d":"0.00"}},{"$f":"IF(N112=\"zákl. přenesená\",J112,0)","v":{"v":0,"d":"0.00"}},{"$f":"IF(N112=\"sníž. přenesená\",J112,0)","v":{"v":0,"d":"0.00"}},{"$f":"IF(N112=\"nulová\",J112,0)","v":{"v":0,"d":"0.00"}},"1",{"$f":"ROUND(I112*H112,2)","v":903.85},"4","1051918594"]
[{"$nulls":3},"Online PSC",null,"https://podminky.urs.cz/item/CS_URS_2025_01/611142001",{"$nulls":39},"Online PSC","2"]
[null,null,"4","K","611321141","Omítka vápenocementová vnitřních ploch nanášená ručně dvouvrstvá, tloušťky jádrové omítky do 10 mm a tloušťky štuku do 3 mm štuková vodorovných konstrukcí stropů rovných","m2",3.096,602.71,{"$f":"ROUND(I114*H114,2)","v":{"v":1865.99,"d":"1,865.99"}},"CS ÚRS 2025 01",null,"","základní",null,{"$f":"O114*H114","v":{"v":0,"d":"0.00000"}},0.01838,{"$f":"Q114*H114","v":{"v":0.05690448,"d":"0.05690"}},{"v":0,"d":"0.00000"},{"$f":"S114*H114","v":{"v":0,"d":"0.00000"}},{"$nulls":23},"4",null,"K","2",{"$nulls":3},"ROZPOCET",{"$nulls":5},{"$f":"IF(N114=\"základní\",J114,0)","v":{"v":1865.99,"d":"1,865.99"}},{"$f":"IF(N114=\"snížená\",J114,0)","v":{"v":0,"d":"0.00"}},{"$f":"IF(N114=\"zákl. přenesená\",J114,0)","v":{"v":0,"d":"0.00"}},{"$f":"IF(N114=\"sníž. přenesená\",J114,0)","v":{"v":0,"d":"0.00"}},{"$f":"IF(N114=\"nulová\",J114,0)","v":{"v":0,"d":"0.00"}},"1",{"$f":"ROUND(I114*H114,2)","v":{"v":1865.99,"d":"1,865.99"}},"4","-348378221"]
[{"$nulls":3},"Online PSC",null,"https://podminky.urs.cz/item/CS_URS_2025_01/611321141",{"$nulls":39},"Online PSC","2"]
[null,null,"5","K","612135001","Vyrovnání podkladu vnitřních stěn maltou vápenocementovou tl do 10 mm","m2",24.328,{"v":273.1,"d":"273.10"},{"$f":"ROUND(I116*H116,2)","v":{"v":6643.98,"d":"6,643.98"}},"CS ÚRS 2025 01",null,"","základní",null,{"$f":"O116*H116","v":{"v":0,"d":"0.00000"}},0.02048,{"$f":"Q116*H116","v":{"v":0.49823744000000003,"d":"0.49824"}},{"v":0,"d":"0.00000"},{"$f":"S116*H116","v":{"v":0,"d":"0.00000"}},{"$nulls":23},"4",null,"K","2",{"$nulls":3},"ROZPOCET",{"$nulls":5},{"$f":"IF(N116=\"základní\",J116,0)","v":{"v":6643.98,"d":"6,643.98"}},{"$f":"IF(N116=\"snížená\",J116,0)","v":{"v":0,"d":"0.00"}},{"$f":"IF(N116=\"zákl. přenesená\",J116,0)","v":{"v":0,"d":"0.00"}},{"$f":"IF(N116=\"sníž. přenesená\",J116,0)","v":{"v":0,"d":"0.00"}},{"$f":"IF(N116=\"nulová\",J116,0)","v":{"v":0,"d":"0.00"}},"1",{"$f":"ROUND(I116*H116,2)","v":{"v":6643.98,"d":"6,643.98"}},"4","1742351383"]
[{"$nulls":3},"Online PSC",null,"https://podminky.urs.cz/item/CS_URS_2025_01/612135001",{"$nulls":39},"Online PSC","2"]
[{"$nulls":3},"VV","","\"místy nutné vyrovnání stěn až 5cm, vyrovnání v celé ploše i v místech obkladů\"",null,"",{"$nulls":37},"VV","2","1","True","0","ROZPOCET"]
[{"$nulls":3},"VV","","\"WC\"",null,"",{"$nulls":37},"VV","2","1","True","0","ROZPOCET"]
[{"$nulls":3},"VV","","(0,82*2+1,6*2)*2,54-(0,7*2)",null,10.894,{"$nulls":37},"VV","2","2","True","0","ROZPOCET"]
[{"$nulls":3},"VV","","\"koupelna\"",null,"",{"$nulls":37},"VV","2","1","True","0","ROZPOCET"]
[{"$nulls":3},"VV","","(1,72*2+1,2*2)*2,54-(0,7*2)",null,13.434,{"$nulls":37},"VV","2","2","True","0","ROZPOCET"]
[{"$nulls":3},"VV","","Součet",null,24.328,{"$nulls":37},"VV","2","4","True","1","ROZPOCET"]
[null,null,"6","K","612135091","Vyrovnání nerovností podkladu vnitřních omítaných ploch Příplatek k ceně za každých dalších 5 mm tloušťky podkladní vrstvy přes 10 mm maltou vápenocementovou stěn","m2",194.624,55.56,{"$f":"ROUND(I124*H124,2)","v":{"v":10813.31,"d":"10,813.31"}},"CS ÚRS 2025 01",null,"","základní",null,{"$f":"O124*H124","v":{"v":0,"d":"0.00000"}},{"v":0.0079,"d":"0.00790"},{"$f":"Q124*H124","v":{"v":1.5375296,"d":"1.53753"}},{"v":0,"d":"0.00000"},{"$f":"S124*H124","v":{"v":0,"d":"0.00000"}},{"$nulls":23},"4",null,"K","2",{"$nulls":3},"ROZPOCET",{"$nulls":5},{"$f":"IF(N124=\"základní\",J124,0)","v":{"v":10813.31,"d":"10,813.31"}},{"$f":"IF(N124=\"snížená\",J124,0)","v":{"v":0,"d":"0.00"}},{"$f":"IF(N124=\"zákl. přenesená\",J124,0)","v":{"v":0,"d":"0.00"}},{"$f":"IF(N124=\"sníž. přenesená\",J124,0)","v":{"v":0,"d":"0.00"}},{"$f":"IF(N124=\"nulová\",J124,0)","v":{"v":0,"d":"0.00"}},"1",{"$f":"ROUND(I124*H124,2)","v":{"v":10813.31,"d":"10,813.31"}},"4","-149725129"]
[{"$nulls":3},"Online PSC",null,"https://podminky.urs.cz/item/CS_URS_2025_01/612135091",{"$nulls":39},"Online PSC","2"]
[{"$nulls":3},"VV","","24,328*8",null,194.624,{"$nulls":37},"VV","2","2","True","1","ROZPOCET"]
[null,null,"7","K","612142001","Pletivo vnitřních ploch v ploše nebo pruzích, na plném podkladu sklovláknité vtlačené do tmelu včetně tmelu stěn","m2",24.328,291.94,{"$f":"ROUND(I127*H127,2)","v":{"v":7102.32,"d":"7,102.32"}},"CS ÚRS 2025 01",null,"","základní",null,{"$f":"O127*H127","v":{"v":0,"d":"0.00000"}},0.00438,{"$f":"Q127*H127","v":{"v":0.10655664000000001,"d":"0.10656"}},{"v":0,"d":"0.00000"},{"$f":"S127*H127","v":{"v":0,"d":"0.00000"}},{"$nulls":23},"4",null,"K","2",{"$nulls":3},"ROZPOCET",{"$nulls":5},{"$f":"IF(N127=\"základní\",J127,0)","v":{"v":7102.32,"d":"7,102.32"}},{"$f":"IF(N127=\"snížená\",J127,0)","v":{"v":0,"d":"0.00"}},{"$f":"IF(N127=\"zákl. přenesená\",J127,0)","v":{"v":0,"d":"0.00"}},{"$f":"IF(N127=\"sníž. přenesená\",J127,0)","v":{"v":0,"d":"0.00"}},{"$f":"IF(N127=\"nulová\",J127,0)","v":{"v":0,"d":"0.00"}},"1",{"$f":"ROUND(I127*H127,2)","v":{"v":7102.32,"d":"7,102.32"}},"4","974999523"]
[{"$nulls":3},"Online PSC",null,"https://podminky.urs.cz/item/CS_URS_2025_01/612142001",{"$nulls":39},"Online PSC","2"]
[null,null,"8","K","612131121","Podkladní a spojovací vrstva vnitřních omítaných ploch penetrace disperzní nanášená ručně stěn","m2",7.838,55.56,{"$f":"ROUND(I129*H129,2)","v":435.48},"CS ÚRS 2025 01",null,"","základní",null,{"$f":"O129*H129","v":{"v":0,"d":"0.00000"}},0.00026,{"$f":"Q129*H129","v":{"v":2.0378799999999997E-3,"d":"0.00204"}},{"v":0,"d":"0.00000"},{"$f":"S129*H129","v":{"v":0,"d":"0.00000"}},{"$nulls":23},"4",null,"K","2",{"$nulls":3},"ROZPOCET",{"$nulls":5},{"$f":"IF(N129=\"základní\",J129,0)","v":435.48},{"$f":"IF(N129=\"snížená\",J129,0)","v":{"v":0,"d":"0.00"}},{"$f":"IF(N129=\"zákl. přenesená\",J129,0)","v":{"v":0,"d":"0.00"}},{"$f":"IF(N129=\"sníž. přenesená\",J129,0)","v":{"v":0,"d":"0.00"}},{"$f":"IF(N129=\"nulová\",J129,0)","v":{"v":0,"d":"0.00"}},"1",{"$f":"ROUND(I129*H129,2)","v":435.48},"4","61208206"]
[{"$nulls":3},"Online PSC",null,"https://podminky.urs.cz/item/CS_URS_2025_01/612131121",{"$nulls":39},"Online PSC","2"]
[{"$nulls":3},"VV","","\"mimo obklad\"",null,"",{"$nulls":37},"VV","2","1","True","0","ROZPOCET"]
[{"$nulls":3},"VV","","\"WC\"",null,"",{"$nulls":37},"VV","2","1","True","0","ROZPOCET"]
[{"$nulls":3},"VV","","(0,82*2+1,6*2)*(2,54-1,5)-(0,7*(2-1,5))",null,4.684,{"$nulls":37},"VV","2","2","True","0","ROZPOCET"]
[{"$nulls":3},"VV","","\"koupelna\"",null,"",{"$nulls":37},"VV","2","1","True","0","ROZPOCET"]
[{"$nulls":3},"VV","","(1,72*2+1,2*2)*(2,54-2)",null,3.154,{"$nulls":37},"VV","2","2","True","0","ROZPOCET"]
[{"$nulls":3},"VV","","Součet",null,7.838,{"$nulls":37},"VV","2","4","True","1","ROZPOCET"]
[null,null,"9","K","612321141","Omítka vápenocementová vnitřních ploch nanášená ručně dvouvrstvá, tloušťky jádrové omítky do 10 mm a tloušťky štuku do 3 mm štuková svislých konstrukcí stěn","m2",7.838,602.71,{"$f":"ROUND(I137*H137,2)","v":{"v":4724.04,"d":"4,724.04"}},"CS ÚRS 2025 01",null,"","základní",null,{"$f":"O137*H137","v":{"v":0,"d":"0.00000"}},0.01838,{"$f":"Q137*H137","v":{"v":0.14406244,"d":"0.14406"}},{"v":0,"d":"0.00000"},{"$f":"S137*H137","v":{"v":0,"d":"0.00000"}},{"$nulls":23},"4",null,"K","2",{"$nulls":3},"ROZPOCET",{"$nulls":5},{"$f":"IF(N137=\"základní\",J137,0)","v":{"v":4724.04,"d":"4,724.04"}},{"$f":"IF(N137=\"snížená\",J137,0)","v":{"v":0,"d":"0.00"}},{"$f":"IF(N137=\"zákl. přenesená\",J137,0)","v":{"v":0,"d":"0.00"}},{"$f":"IF(N137=\"sníž. přenesená\",J137,0)","v":{"v":0,"d":"0.00"}},{"$f":"IF(N137=\"nulová\",J137,0)","v":{"v":0,"d":"0.00"}},"1",{"$f":"ROUND(I137*H137,2)","v":{"v":4724.04,"d":"4,724.04"}},"4","1839442943"]
[{"$nulls":3},"Online PSC",null,"https://podminky.urs.cz/item/CS_URS_2025_01/612321141",{"$nulls":39},"Online PSC","2"]
[{"$nulls":3},"D","9","Ostatní konstrukce a práce, bourání",{"$nulls":3},{"$f":"BK139","v":{"v":13337.61,"d":"13,337.61"}},{"$nulls":5},{"$f":"SUM(P140:P190)","v":{"v":0,"d":"0.00000"}},null,{"$f":"SUM(R140:R190)","v":{"v":0.00041248,"d":"0.00041"}},null,{"$f":"SUM(T140:T190)","v":{"v":2.212126,"d":"2.21213"}},{"$nulls":23},"1",null,"D","1",{"$nulls":3},"ROZPOCET",{"$nulls":11},{"$f":"SUM(BK140:BK190)","v":{"v":13337.61,"d":"13,337.61"}}]
[null,null,"10","K","949101111","Lešení pomocné pracovní pro objekty pozemních staveb pro zatížení do 150 kg/m2, o výšce lešeňové podlahy do 1,9 m","m2",3.096,46.14,{"$f":"ROUND(I140*H140,2)","v":142.85},"CS ÚRS 2025 01",null,"","základní",null,{"$f":"O140*H140","v":{"v":0,"d":"0.00000"}},0.00013,{"$f":"Q140*H140","v":{"v":0.00040248,"d":"0.00040"}},{"v":0,"d":"0.00000"},{"$f":"S140*H140","v":{"v":0,"d":"0.00000"}},{"$nulls":23},"4",null,"K","2",{"$nulls":3},"ROZPOCET",{"$nulls":5},{"$f":"IF(N140=\"základní\",J140,0)","v":142.85},{"$f":"IF(N140=\"snížená\",J140,0)","v":{"v":0,"d":"0.00"}},{"$f":"IF(N140=\"zákl. přenesená\",J140,0)","v":{"v":0,"d":"0.00"}},{"$f":"IF(N140=\"sníž. přenesená\",J140,0)","v":{"v":0,"d":"0.00"}},{"$f":"IF(N140=\"nulová\",J140,0)","v":{"v":0,"d":"0.00"}},"1",{"$f":"ROUND(I140*H140,2)","v":142.85},"4","-1053352852"]
[{"$nulls":3},"Online PSC",null,"https://podminky.urs.cz/item/CS_URS_2025_01/949101111",{"$nulls":39},"Online PSC","2"]
[{"$nulls":3},"VV","","\"WC\"",null,"",{"$nulls":37},"VV","2","1","True","0","ROZPOCET"]
[{"$nulls":3},"VV","","0,82*1,6",null,1.312,{"$nulls":37},"VV","2","2","True","0","ROZPOCET"]
[{"$nulls":3},"VV","","\"koupelna\"",null,"",{"$nulls":37},"VV","2","1","True","0","ROZPOCET"]
[{"$nulls":3},"VV","","1,72*0,85+0,92*0,35",null,1.784,{"$nulls":37},"VV","2","2","True","0","ROZPOCET"]
[{"$nulls":3},"VV","","Součet",null,3.096,{"$nulls":37},"VV","2","4","True","1","ROZPOCET"]
[null,null,"11","K","978059541","Odsekání obkladů stěn včetně otlučení podkladní omítky až na zdivo z obkládaček vnitřních, z jakýchkoliv materiálů, plochy přes 1 m2","m2",{"v":16.49,"d":"16.490"},226.01,{"$f":"ROUND(I147*H147,2)","v":{"v":3726.9,"d":"3,726.90"}},"CS ÚRS 2025 01",null,"","základní",null,{"$f":"O147*H147","v":{"v":0,"d":"0.00000"}},{"v":0,"d":"0.00000"},{"$f":"Q147*H147","v":{"v":0,"d":"0.00000"}},{"v":0.068,"d":"0.06800"},{"$f":"S147*H147","v":{"v":1.1213199999999999,"d":"1.12132"}},{"$nulls":23},"4",null,"K","2",{"$nulls":3},"ROZPOCET",{"$nulls":5},{"$f":"IF(N147=\"základní\",J147,0)","v":{"v":3726.9,"d":"3,726.90"}},{"$f":"IF(N147=\"snížená\",J147,0)","v":{"v":0,"d":"0.00"}},{"$f":"IF(N147=\"zákl. přenesená\",J147,0)","v":{"v":0,"d":"0.00"}},{"$f":"IF(N147=\"sníž. přenesená\",J147,0)","v":{"v":0,"d":"0.00"}},{"$f":"IF(N147=\"nulová\",J147,0)","v":{"v":0,"d":"0.00"}},"1",{"$f":"ROUND(I147*H147,2)","v":{"v":3726.9,"d":"3,726.90"}},"4","-780803390"]
[{"$nulls":3},"Online PSC",null,"https://podminky.urs.cz/item/CS_URS_2025_01/978059541",{"$nulls":39},"Online PSC","2"]
[{"$nulls":3},"VV","","\"WC\"",null,"",{"$nulls":37},"VV","2","1","True","0","ROZPOCET"]
[{"$nulls":3},"VV","","(0,82*2+1,6*2)*1,5-(0,7*1,5)",null,{"v":6.21,"d":"6.210"},{"$nulls":37},"VV","2","2","True","0","ROZPOCET"]
[{"$nulls":3},"VV","","\"koupelna\"",null,"",{"$nulls":37},"VV","2","1","True","0","ROZPOCET"]
[{"$nulls":3},"VV","","(1,72*2+1,2*2)*2-(0,7*2)",null,{"v":10.28,"d":"10.280"},{"$nulls":37},"VV","2","2","True","0","ROZPOCET"]
[{"$nulls":3},"VV","","Součet",null,{"v":16.49,"d":"16.490"},{"$nulls":37},"VV","2","4","True","1","ROZPOCET"]
[null,null,"12","K","965081223","Bourání podlah z dlaždic bez podkladního lože nebo mazaniny, s jakoukoliv výplní spár keramických nebo xylolitových tl. přes 10 mm plochy přes 1 m2","m2",3.479,226.01,{"$f":"ROUND(I154*H154,2)","v":786.29},"CS ÚRS 2025 01",null,"","základní",null,{"$f":"O154*H154","v":{"v":0,"d":"0.00000"}},{"v":0,"d":"0.00000"},{"$f":"Q154*H154","v":{"v":0,"d":"0.00000"}},{"v":0.057,"d":"0.05700"},{"$f":"S154*H154","v":{"v":0.198303,"d":"0.19830"}},{"$nulls":23},"4",null,"K","2",{"$nulls":3},"ROZPOCET",{"$nulls":5},{"$f":"IF(N154=\"základní\",J154,0)","v":786.29},{"$f":"IF(N154=\"snížená\",J154,0)","v":{"v":0,"d":"0.00"}},{"$f":"IF(N154=\"zákl. přenesená\",J154,0)","v":{"v":0,"d":"0.00"}},{"$f":"IF(N154=\"sníž. přenesená\",J154,0)","v":{"v":0,"d":"0.00"}},{"$f":"IF(N154=\"nulová\",J154,0)","v":{"v":0,"d":"0.00"}},"1",{"$f":"ROUND(I154*H154,2)","v":786.29},"4","-1527297072"]
[{"$nulls":3},"Online PSC",null,"https://podminky.urs.cz/item/CS_URS_2025_01/965081223",{"$nulls":39},"Online PSC","2"]
[{"$nulls":3},"VV","","\"WC\"",null,"",{"$nulls":37},"VV","2","1","True","0","ROZPOCET"]
[{"$nulls":3},"VV","","0,82*1,6",null,1.312,{"$nulls":37},"VV","2","2","True","0","ROZPOCET"]
[{"$nulls":3},"VV","","\"koupelna\"",null,"",{"$nulls":37},"VV","2","1","True","0","ROZPOCET"]
[{"$nulls":3},"VV","","1,72*0,85+0,92*0,35+0,85*0,15+0,85*0,3",null,2.167,{"$nulls":37},"VV","2","2","True","0","ROZPOCET"]
[{"$nulls":3},"VV","","Součet",null,3.479,{"$nulls":37},"VV","2","4","True","1","ROZPOCET"]
[null,null,"13","K","962031133","Bourání příček nebo přizdívek z cihel pálených plných nebo dutých, tl. přes 100 do 150 mm","m2",0.255,226.01,{"$f":"ROUND(I161*H161,2)","v":57.63},"CS ÚRS 2025 01",null,"","základní",null,{"$f":"O161*H161","v":{"v":0,"d":"0.00000"}},{"v":0,"d":"0.00000"},{"$f":"Q161*H161","v":{"v":0,"d":"0.00000"}},{"v":0.261,"d":"0.26100"},{"$f":"S161*H161","v":{"v":0.066555,"d":"0.06656"}},{"$nulls":23},"4",null,"K","2",{"$nulls":3},"ROZPOCET",{"$nulls":5},{"$f":"IF(N161=\"základní\",J161,0)","v":57.63},{"$f":"IF(N161=\"snížená\",J161,0)","v":{"v":0,"d":"0.00"}},{"$f":"IF(N161=\"zákl. přenesená\",J161,0)","v":{"v":0,"d":"0.00"}},{"$f":"IF(N161=\"sníž. přenesená\",J161,0)","v":{"v":0,"d":"0.00"}},{"$f":"IF(N161=\"nulová\",J161,0)","v":{"v":0,"d":"0.00"}},"1",{"$f":"ROUND(I161*H161,2)","v":57.63},"4","-2022469073"]
[{"$nulls":3},"Online PSC",null,"https://podminky.urs.cz/item/CS_URS_2025_01/962031133",{"$nulls":39},"Online PSC","2"]
[{"$nulls":3},"VV","","\"koupelna zděná vanička\"",null,"",{"$nulls":37},"VV","2","1","True","0","ROZPOCET"]
[{"$nulls":3},"VV","","0,85*0,3",null,0.255,{"$nulls":37},"VV","2","2","True","1","ROZPOCET"]
[null,null,"14","K","965042221","Bourání mazanin betonových nebo z litého asfaltu tl. přes 100 mm, plochy do 1 m2","m3",0.083,{"v":4237.78,"d":"4,237.78"},{"$f":"ROUND(I165*H165,2)","v":351.74},"CS ÚRS 2025 01",null,"","základní",null,{"$f":"O165*H165","v":{"v":0,"d":"0.00000"}},{"v":0,"d":"0.00000"},{"$f":"Q165*H165","v":{"v":0,"d":"0.00000"}},{"v":2.2,"d":"2.20000"},{"$f":"S165*H165","v":{"v":0.1826,"d":"0.18260"}},{"$nulls":23},"4",null,"K","2",{"$nulls":3},"ROZPOCET",{"$nulls":5},{"$f":"IF(N165=\"základní\",J165,0)","v":351.74},{"$f":"IF(N165=\"snížená\",J165,0)","v":{"v":0,"d":"0.00"}},{"$f":"IF(N165=\"zákl. přenesená\",J165,0)","v":{"v":0,"d":"0.00"}},{"$f":"IF(N165=\"sníž. přenesená\",J165,0)","v":{"v":0,"d":"0.00"}},{"$f":"IF(N165=\"nulová\",J165,0)","v":{"v":0,"d":"0.00"}},"1",{"$f":"ROUND(I165*H165,2)","v":351.74},"4","988123403"]
[{"$nulls":3},"Online PSC",null,"https://podminky.urs.cz/item/CS_URS_2025_01/965042221",{"$nulls":39},"Online PSC","2"]
[{"$nulls":3},"VV","","\"koupelna - zděna vanička\"",null,"",{"$nulls":37},"VV","2","1","True","0","ROZPOCET"]
[{"$nulls":3},"VV","","0,65*0,85*0,15",null,0.083,{"$nulls":37},"VV","2","2","True","1","ROZPOCET"]
[null,null,"15","K","96904111R","Vybourání vnitřního plastového potrubí do DN 200 včetně vysekání drážky","m",{"v":12,"d":"12.000"},226.01,{"$f":"ROUND(I169*H169,2)","v":{"v":2712.12,"d":"2,712.12"}},"vlastní",null,"","základní",null,{"$f":"O169*H169","v":{"v":0,"d":"0.00000"}},{"v":0,"d":"0.00000"},{"$f":"Q169*H169","v":{"v":0,"d":"0.00000"}},{"v":0.0065,"d":"0.00650"},{"$f":"S169*H169","v":{"v":0.078,"d":"0.07800"}},{"$nulls":23},"4",null,"K","2",{"$nulls":3},"ROZPOCET",{"$nulls":5},{"$f":"IF(N169=\"základní\",J169,0)","v":{"v":2712.12,"d":"2,712.12"}},{"$f":"IF(N169=\"snížená\",J169,0)","v":{"v":0,"d":"0.00"}},{"$f":"IF(N169=\"zákl. přenesená\",J169,0)","v":{"v":0,"d":"0.00"}},{"$f":"IF(N169=\"sníž. přenesená\",J169,0)","v":{"v":0,"d":"0.00"}},{"$f":"IF(N169=\"nulová\",J169,0)","v":{"v":0,"d":"0.00"}},"1",{"$f":"ROUND(I169*H169,2)","v":{"v":2712.12,"d":"2,712.12"}},"4","2128134802"]
[{"$nulls":3},"VV","","\"odpadní potrubí, vodovod ve zdivu a v podlaze\"",null,"",{"$nulls":37},"VV","2","1","True","0","ROZPOCET"]
[{"$nulls":3},"VV","","12",null,{"v":12,"d":"12.000"},{"$nulls":37},"VV","2","2","True","1","ROZPOCET"]
[null,null,"16","K","971033331","Vybourání otvorů ve zdivu základovém nebo nadzákladovém z cihel, tvárnic, příčkovek z cihel pálených na maltu vápennou nebo vápenocementovou plochy do 0,09 m2, tl. do 150 mm","kus",{"v":2,"d":"2.000"},84.76,{"$f":"ROUND(I172*H172,2)","v":169.52},"CS ÚRS 2025 01",null,"","základní",null,{"$f":"O172*H172","v":{"v":0,"d":"0.00000"}},{"v":0,"d":"0.00000"},{"$f":"Q172*H172","v":{"v":0,"d":"0.00000"}},{"v":0.025,"d":"0.02500"},{"$f":"S172*H172","v":{"v":0.05,"d":"0.05000"}},{"$nulls":23},"16",null,"K","2",{"$nulls":3},"ROZPOCET",{"$nulls":5},{"$f":"IF(N172=\"základní\",J172,0)","v":169.52},{"$f":"IF(N172=\"snížená\",J172,0)","v":{"v":0,"d":"0.00"}},{"$f":"IF(N172=\"zákl. přenesená\",J172,0)","v":{"v":0,"d":"0.00"}},{"$f":"IF(N172=\"sníž. přenesená\",J172,0)","v":{"v":0,"d":"0.00"}},{"$f":"IF(N172=\"nulová\",J172,0)","v":{"v":0,"d":"0.00"}},"1",{"$f":"ROUND(I172*H172,2)","v":169.52},"16","202370975"]
[{"$nulls":3},"Online PSC",null,"https://podminky.urs.cz/item/CS_URS_2025_01/971033331",{"$nulls":39},"Online PSC","2"]
[{"$nulls":3},"VV","","\"otvor do stoupací šachty\"",null,"",{"$nulls":37},"VV","2","1","True","0","ROZPOCET"]
[{"$nulls":3},"VV","","2",null,{"v":2,"d":"2.000"},{"$nulls":37},"VV","2","2","True","1","ROZPOCET"]
[null,null,"17","K","978011191","Otlučení vápenných nebo vápenocementových omítek vnitřních ploch stropů, v rozsahu přes 50 do 100 %","m2",3.096,226.01,{"$f":"ROUND(I176*H176,2)","v":699.73},"CS ÚRS 2025 01",null,"","základní",null,{"$f":"O176*H176","v":{"v":0,"d":"0.00000"}},{"v":0,"d":"0.00000"},{"$f":"Q176*H176","v":{"v":0,"d":"0.00000"}},{"v":0.05,"d":"0.05000"},{"$f":"S176*H176","v":{"v":0.15480000000000002,"d":"0.15480"}},{"$nulls":23},"4",null,"K","2",{"$nulls":3},"ROZPOCET",{"$nulls":5},{"$f":"IF(N176=\"základní\",J176,0)","v":699.73},{"$f":"IF(N176=\"snížená\",J176,0)","v":{"v":0,"d":"0.00"}},{"$f":"IF(N176=\"zákl. přenesená\",J176,0)","v":{"v":0,"d":"0.00"}},{"$f":"IF(N176=\"sníž. přenesená\",J176,0)","v":{"v":0,"d":"0.00"}},{"$f":"IF(N176=\"nulová\",J176,0)","v":{"v":0,"d":"0.00"}},"1",{"$f":"ROUND(I176*H176,2)","v":699.73},"4","214013648"]
[{"$nulls":3},"Online PSC",null,"https://podminky.urs.cz/item/CS_URS_2025_01/978011191",{"$nulls":39},"Online PSC","2"]
[{"$nulls":3},"VV","","\"WC\"",null,"",{"$nulls":37},"VV","2","1","True","0","ROZPOCET"]
[{"$nulls":3},"VV","","0,82*1,6",null,1.312,{"$nulls":37},"VV","2","2","True","0","ROZPOCET"]
[{"$nulls":3},"VV","","\"koupelna\"",null,"",{"$nulls":37},"VV","2","1","True","0","ROZPOCET"]
[{"$nulls":3},"VV","","1,72*0,85+0,92*0,35",null,1.784,{"$nulls":37},"VV","2","2","True","0","ROZPOCET"]
[{"$nulls":3},"VV","","Součet",null,3.096,{"$nulls":37},"VV","2","4","True","1","ROZPOCET"]
[null,null,"18","K","978013191","Otlučení vápenných nebo vápenocementových omítek vnitřních ploch stěn s vyškrabáním spar, s očištěním zdiva, v rozsahu přes 50 do 100 %","m2",7.838,226.01,{"$f":"ROUND(I183*H183,2)","v":{"v":1771.47,"d":"1,771.47"}},"CS ÚRS 2025 01",null,"","základní",null,{"$f":"O183*H183","v":{"v":0,"d":"0.00000"}},{"v":0,"d":"0.00000"},{"$f":"Q183*H183","v":{"v":0,"d":"0.00000"}},{"v":0.046,"d":"0.04600"},{"$f":"S183*H183","v":{"v":0.360548,"d":"0.36055"}},{"$nulls":23},"4",null,"K","2",{"$nulls":3},"ROZPOCET",{"$nulls":5},{"$f":"IF(N183=\"základní\",J183,0)","v":{"v":1771.47,"d":"1,771.47"}},{"$f":"IF(N183=\"snížená\",J183,0)","v":{"v":0,"d":"0.00"}},{"$f":"IF(N183=\"zákl. přenesená\",J183,0)","v":{"v":0,"d":"0.00"}},{"$f":"IF(N183=\"sníž. přenesená\",J183,0)","v":{"v":0,"d":"0.00"}},{"$f":"IF(N183=\"nulová\",J183,0)","v":{"v":0,"d":"0.00"}},"1",{"$f":"ROUND(I183*H183,2)","v":{"v":1771.47,"d":"1,771.47"}},"4","1747160337"]
[{"$nulls":3},"Online PSC",null,"https://podminky.urs.cz/item/CS_URS_2025_01/978013191",{"$nulls":39},"Online PSC","2"]
[{"$nulls":3},"VV","","\"WC\"",null,"",{"$nulls":37},"VV","2","1","True","0","ROZPOCET"]
[{"$nulls":3},"VV","","(0,82*2+1,6*2)*(2,54-1,5)-(0,7*(2-1,5))",null,4.684,{"$nulls":37},"VV","2","2","True","0","ROZPOCET"]
[{"$nulls":3},"VV","","\"koupelna\"",null,"",{"$nulls":37},"VV","2","1","True","0","ROZPOCET"]
[{"$nulls":3},"VV","","(1,72*2+1,2*2)*(2,54-2)",null,3.154,{"$nulls":37},"VV","2","2","True","0","ROZPOCET"]
[{"$nulls":3},"VV","","Součet",null,7.838,{"$nulls":37},"VV","2","4","True","1","ROZPOCET"]
[null,null,"19","K","95290110R","Čištění budov - závěrečný úklid, umytí obkladů, zařizovacích předmětů, dveří, zametení a vytření podlahy, a další potřebné práce","kpl",{"v":1,"d":"1.000"},{"v":2919.36,"d":"2,919.36"},{"$f":"ROUND(I190*H190,2)","v":{"v":2919.36,"d":"2,919.36"}},"vlastní",null,"","základní",null,{"$f":"O190*H190","v":{"v":0,"d":"0.00000"}},{"v":1e-05,"d":"0.00001"},{"$f":"Q190*H190","v":{"v":1e-05,"d":"0.00001"}},{"v":0,"d":"0.00000"},{"$f":"S190*H190","v":{"v":0,"d":"0.00000"}},{"$nulls":23},"4",null,"K","2",{"$nulls":3},"ROZPOCET",{"$nulls":5},{"$f":"IF(N190=\"základní\",J190,0)","v":{"v":2919.36,"d":"2,919.36"}},{"$f":"IF(N190=\"snížená\",J190,0)","v":{"v":0,"d":"0.00"}},{"$f":"IF(N190=\"zákl. přenesená\",J190,0)","v":{"v":0,"d":"0.00"}},{"$f":"IF(N190=\"sníž. přenesená\",J190,0)","v":{"v":0,"d":"0.00"}},{"$f":"IF(N190=\"nulová\",J190,0)","v":{"v":0,"d":"0.00"}},"1",{"$f":"ROUND(I190*H190,2)","v":{"v":2919.36,"d":"2,919.36"}},"4","1540369999"]
[{"$nulls":3},"D","997","Přesun sutě",{"$nulls":3},{"$f":"BK191","v":{"v":6103.52,"d":"6,103.52"}},{"$nulls":5},{"$f":"SUM(P192:P202)","v":{"v":0,"d":"0.00000"}},null,{"$f":"SUM(R192:R202)","v":{"v":0,"d":"0.00000"}},null,{"$f":"SUM(T192:T202)","v":{"v":0,"d":"0.00000"}},{"$nulls":23},"1",null,"D","1",{"$nulls":3},"ROZPOCET",{"$nulls":11},{"$f":"SUM(BK192:BK202)","v":{"v":6103.52,"d":"6,103.52"}}]
[null,null,"20","K","997013117","Vnitrostaveništní doprava suti a vybouraných hmot vodorovně do 50 m s naložením základní pro budovy a haly výšky přes 21 do 24 m","t",2.315,{"v":1271.33,"d":"1,271.33"},{"$f":"ROUND(I192*H192,2)","v":{"v":2943.13,"d":"2,943.13"}},"CS ÚRS 2025 01",null,"","základní",null,{"$f":"O192*H192","v":{"v":0,"d":"0.00000"}},{"v":0,"d":"0.00000"},{"$f":"Q192*H192","v":{"v":0,"d":"0.00000"}},{"v":0,"d":"0.00000"},{"$f":"S192*H192","v":{"v":0,"d":"0.00000"}},{"$nulls":23},"4",null,"K","2",{"$nulls":3},"ROZPOCET",{"$nulls":5},{"$f":"IF(N192=\"základní\",J192,0)","v":{"v":2943.13,"d":"2,943.13"}},{"$f":"IF(N192=\"snížená\",J192,0)","v":{"v":0,"d":"0.00"}},{"$f":"IF(N192=\"zákl. přenesená\",J192,0)","v":{"v":0,"d":"0.00"}},{"$f":"IF(N192=\"sníž. přenesená\",J192,0)","v":{"v":0,"d":"0.00"}},{"$f":"IF(N192=\"nulová\",J192,0)","v":{"v":0,"d":"0.00"}},"1",{"$f":"ROUND(I192*H192,2)","v":{"v":2943.13,"d":"2,943.13"}},"4","-370797371"]
[{"$nulls":3},"Online PSC",null,"https://podminky.urs.cz/item/CS_URS_2025_01/997013117",{"$nulls":39},"Online PSC","2"]
[null,null,"21","K","997013501","Odvoz suti a vybouraných hmot na skládku nebo meziskládku se složením, na vzdálenost do 1 km","t",2.315,452.03,{"$f":"ROUND(I194*H194,2)","v":{"v":1046.45,"d":"1,046.45"}},"CS ÚRS 2025 01",null,"","základní",null,{"$f":"O194*H194","v":{"v":0,"d":"0.00000"}},{"v":0,"d":"0.00000"},{"$f":"Q194*H194","v":{"v":0,"d":"0.00000"}},{"v":0,"d":"0.00000"},{"$f":"S194*H194","v":{"v":0,"d":"0.00000"}},{"$nulls":23},"4",null,"K","2",{"$nulls":3},"ROZPOCET",{"$nulls":5},{"$f":"IF(N194=\"základní\",J194,0)","v":{"v":1046.45,"d":"1,046.45"}},{"$f":"IF(N194=\"snížená\",J194,0)","v":{"v":0,"d":"0.00"}},{"$f":"IF(N194=\"zákl. přenesená\",J194,0)","v":{"v":0,"d":"0.00"}},{"$f":"IF(N194=\"sníž. přenesená\",J194,0)","v":{"v":0,"d":"0.00"}},{"$f":"IF(N194=\"nulová\",J194,0)","v":{"v":0,"d":"0.00"}},"1",{"$f":"ROUND(I194*H194,2)","v":{"v":1046.45,"d":"1,046.45"}},"4","1979065705"]
[{"$nulls":3},"Online PSC",null,"https://podminky.urs.cz/item/CS_URS_2025_01/997013501",{"$nulls":39},"Online PSC","2"]
[null,null,"22","K","997013509","Odvoz suti a vybouraných hmot na skládku nebo meziskládku se složením, na vzdálenost Příplatek k ceně za každý další započatý 1 km přes 1 km","t",20.835,12.52,{"$f":"ROUND(I196*H196,2)","v":260.85},"CS ÚRS 2025 01",null,"","základní",null,{"$f":"O196*H196","v":{"v":0,"d":"0.00000"}},{"v":0,"d":"0.00000"},{"$f":"Q196*H196","v":{"v":0,"d":"0.00000"}},{"v":0,"d":"0.00000"},{"$f":"S196*H196","v":{"v":0,"d":"0.00000"}},{"$nulls":23},"4",null,"K","2",{"$nulls":3},"ROZPOCET",{"$nulls":5},{"$f":"IF(N196=\"základní\",J196,0)","v":260.85},{"$f":"IF(N196=\"snížená\",J196,0)","v":{"v":0,"d":"0.00"}},{"$f":"IF(N196=\"zákl. přenesená\",J196,0)","v":{"v":0,"d":"0.00"}},{"$f":"IF(N196=\"sníž. přenesená\",J196,0)","v":{"v":0,"d":"0.00"}},{"$f":"IF(N196=\"nulová\",J196,0)","v":{"v":0,"d":"0.00"}},"1",{"$f":"ROUND(I196*H196,2)","v":260.85},"4","-555659992"]
[{"$nulls":3},"Online PSC",null,"https://podminky.urs.cz/item/CS_URS_2025_01/997013509",{"$nulls":39},"Online PSC","2"]
[{"$nulls":3},"VV","","2,315*9",null,20.835,{"$nulls":37},"VV","2","2","True","1","ROZPOCET"]
[null,null,"23","K","997013609","Poplatek za uložení stavebního odpadu na skládce (skládkovné) ze směsí nebo oddělených frakcí betonu, cihel a keramických výrobků zatříděného do Katalogu odpadů pod kódem 17 01 07","t",2.134,800.47,{"$f":"ROUND(I199*H199,2)","v":{"v":1708.2,"d":"1,708.20"}},"CS ÚRS 2025 01",null,"","základní",null,{"$f":"O199*H199","v":{"v":0,"d":"0.00000"}},{"v":0,"d":"0.00000"},{"$f":"Q199*H199","v":{"v":0,"d":"0.00000"}},{"v":0,"d":"0.00000"},{"$f":"S199*H199","v":{"v":0,"d":"0.00000"}},{"$nulls":23},"4",null,"K","2",{"$nulls":3},"ROZPOCET",{"$nulls":5},{"$f":"IF(N199=\"základní\",J199,0)","v":{"v":1708.2,"d":"1,708.20"}},{"$f":"IF(N199=\"snížená\",J199,0)","v":{"v":0,"d":"0.00"}},{"$f":"IF(N199=\"zákl. přenesená\",J199,0)","v":{"v":0,"d":"0.00"}},{"$f":"IF(N199=\"sníž. přenesená\",J199,0)","v":{"v":0,"d":"0.00"}},{"$f":"IF(N199=\"nulová\",J199,0)","v":{"v":0,"d":"0.00"}},"1",{"$f":"ROUND(I199*H199,2)","v":{"v":1708.2,"d":"1,708.20"}},"4","-1179118999"]
[{"$nulls":3},"Online PSC",null,"https://podminky.urs.cz/item/CS_URS_2025_01/997013609",{"$nulls":39},"Online PSC","2"]
[null,null,"24","K","997013631","Poplatek za uložení stavebního odpadu na skládce (skládkovné) směsného stavebního a demoličního zatříděného do Katalogu odpadů pod kódem 17 09 04","t",0.181,800.47,{"$f":"ROUND(I201*H201,2)","v":144.89},"CS ÚRS 2025 01",null,"","základní",null,{"$f":"O201*H201","v":{"v":0,"d":"0.00000"}},{"v":0,"d":"0.00000"},{"$f":"Q201*H201","v":{"v":0,"d":"0.00000"}},{"v":0,"d":"0.00000"},{"$f":"S201*H201","v":{"v":0,"d":"0.00000"}},{"$nulls":23},"4",null,"K","2",{"$nulls":3},"ROZPOCET",{"$nulls":5},{"$f":"IF(N201=\"základní\",J201,0)","v":144.89},{"$f":"IF(N201=\"snížená\",J201,0)","v":{"v":0,"d":"0.00"}},{"$f":"IF(N201=\"zákl. přenesená\",J201,0)","v":{"v":0,"d":"0.00"}},{"$f":"IF(N201=\"sníž. přenesená\",J201,0)","v":{"v":0,"d":"0.00"}},{"$f":"IF(N201=\"nulová\",J201,0)","v":{"v":0,"d":"0.00"}},"1",{"$f":"ROUND(I201*H201,2)","v":144.89},"4","-115562789"]
[{"$nulls":3},"Online PSC",null,"https://podminky.urs.cz/item/CS_URS_2025_01/997013631",{"$nulls":39},"Online PSC","2"]
[{"$nulls":3},"D","998","Přesun hmot",{"$nulls":3},{"$f":"BK203","v":{"v":3213.92,"d":"3,213.92"}},{"$nulls":5},{"$f":"SUM(P204:P205)","v":{"v":0,"d":"0.00000"}},null,{"$f":"SUM(R204:R205)","v":{"v":0,"d":"0.00000"}},null,{"$f":"SUM(T204:T205)","v":{"v":0,"d":"0.00000"}},{"$nulls":23},"1",null,"D","1",{"$nulls":3},"ROZPOCET",{"$nulls":11},{"$f":"SUM(BK204:BK205)","v":{"v":3213.92,"d":"3,213.92"}}]
[null,null,"25","K","998011003","Přesun hmot pro budovy občanské výstavby, bydlení, výrobu a služby s nosnou svislou konstrukcí zděnou z cihel, tvárnic nebo kamene vodorovná dopravní vzdálenost do 100 m základní pro budovy výšky přes 12 do 24 m","t",2.528,{"v":1271.33,"d":"1,271.33"},{"$f":"ROUND(I204*H204,2)","v":{"v":3213.92,"d":"3,213.92"}},"CS ÚRS 2025 01",null,"","základní",null,{"$f":"O204*H204","v":{"v":0,"d":"0.00000"}},{"v":0,"d":"0.00000"},{"$f":"Q204*H204","v":{"v":0,"d":"0.00000"}},{"v":0,"d":"0.00000"},{"$f":"S204*H204","v":{"v":0,"d":"0.00000"}},{"$nulls":23},"4",null,"K","2",{"$nulls":3},"ROZPOCET",{"$nulls":5},{"$f":"IF(N204=\"základní\",J204,0)","v":{"v":3213.92,"d":"3,213.92"}},{"$f":"IF(N204=\"snížená\",J204,0)","v":{"v":0,"d":"0.00"}},{"$f":"IF(N204=\"zákl. přenesená\",J204,0)","v":{"v":0,"d":"0.00"}},{"$f":"IF(N204=\"sníž. přenesená\",J204,0)","v":{"v":0,"d":"0.00"}},{"$f":"IF(N204=\"nulová\",J204,0)","v":{"v":0,"d":"0.00"}},"1",{"$f":"ROUND(I204*H204,2)","v":{"v":3213.92,"d":"3,213.92"}},"4","-2014951034"]
[{"$nulls":3},"Online PSC",null,"https://podminky.urs.cz/item/CS_URS_2025_01/998011003",{"$nulls":39},"Online PSC","2"]
[{"$nulls":3},"D","PSV","Práce a dodávky PSV",{"$nulls":3},{"$f":"BK206","v":{"v":94745.55,"d":"94,745.55"}},{"$nulls":5},{"$f":"P207+P221+P237+P273+P326+P338+P358+P371+P422+P452+P467","v":{"v":0,"d":"0.00000"}},null,{"$f":"R207+R221+R237+R273+R326+R338+R358+R371+R422+R452+R467","v":{"v":0.6362993236000001,"d":"0.63630"}},null,{"$f":"T207+T221+T237+T273+T326+T338+T358+T371+T422+T452+T467","v":{"v":0.10287000000000002,"d":"0.10287"}},{"$nulls":23},"2",null,"D","0",{"$nulls":3},"ROZPOCET",{"$nulls":11},{"$f":"BK207+BK221+BK237+BK273+BK326+BK338+BK358+BK371+BK422+BK452+BK467","v":{"v":94745.55,"d":"94,745.55"}}]
[{"$nulls":3},"D","721","Zdravotechnika - vnitřní kanalizace",{"$nulls":3},{"$f":"BK207","v":{"v":6328.660000000001,"d":"6,328.66"}},{"$nulls":5},{"$f":"SUM(P208:P220)","v":{"v":0,"d":"0.00000"}},null,{"$f":"SUM(R208:R220)","v":{"v":0.014740000000000001,"d":"0.01474"}},null,{"$f":"SUM(T208:T220)","v":{"v":0,"d":"0.00000"}},{"$nulls":23},"2",null,"D","1",{"$nulls":3},"ROZPOCET",{"$nulls":11},{"$f":"SUM(BK208:BK220)","v":{"v":6328.660000000001,"d":"6,328.66"}}]
[null,null,"26","K","721174004","Potrubí z trub polypropylenových svodné (ležaté) DN 75","m",{"v":2,"d":"2.000"},452.03,{"$f":"ROUND(I208*H208,2)","v":904.06},"CS ÚRS 2025 01",null,"","základní",null,{"$f":"O208*H208","v":{"v":0,"d":"0.00000"}},0.00071,{"$f":"Q208*H208","v":{"v":1.42E-3,"d":"0.00142"}},{"v":0,"d":"0.00000"},{"$f":"S208*H208","v":{"v":0,"d":"0.00000"}},{"$nulls":23},"16",null,"K","2",{"$nulls":3},"ROZPOCET",{"$nulls":5},{"$f":"IF(N208=\"základní\",J208,0)","v":904.06},{"$f":"IF(N208=\"snížená\",J208,0)","v":{"v":0,"d":"0.00"}},{"$f":"IF(N208=\"zákl. přenesená\",J208,0)","v":{"v":0,"d":"0.00"}},{"$f":"IF(N208=\"sníž. přenesená\",J208,0)","v":{"v":0,"d":"0.00"}},{"$f":"IF(N208=\"nulová\",J208,0)","v":{"v":0,"d":"0.00"}},"1",{"$f":"ROUND(I208*H208,2)","v":904.06},"16","-1664681501"]
[{"$nulls":3},"Online PSC",null,"https://podminky.urs.cz/item/CS_URS_2025_01/721174004",{"$nulls":39},"Online PSC","2"]
[null,null,"27","K","721174005","Potrubí z trub polypropylenových svodné (ležaté) DN 110","m",{"v":6,"d":"6.000"},555.62,{"$f":"ROUND(I210*H210,2)","v":{"v":3333.72,"d":"3,333.72"}},"CS ÚRS 2025 01",null,"","základní",null,{"$f":"O210*H210","v":{"v":0,"d":"0.00000"}},0.00206,{"$f":"Q210*H210","v":{"v":0.012360000000000001,"d":"0.01236"}},{"v":0,"d":"0.00000"},{"$f":"S210*H210","v":{"v":0,"d":"0.00000"}},{"$nulls":23},"16",null,"K","2",{"$nulls":3},"ROZPOCET",{"$nulls":5},{"$f":"IF(N210=\"základní\",J210,0)","v":{"v":3333.72,"d":"3,333.72"}},{"$f":"IF(N210=\"snížená\",J210,0)","v":{"v":0,"d":"0.00"}},{"$f":"IF(N210=\"zákl. přenesená\",J210,0)","v":{"v":0,"d":"0.00"}},{"$f":"IF(N210=\"sníž. přenesená\",J210,0)","v":{"v":0,"d":"0.00"}},{"$f":"IF(N210=\"nulová\",J210,0)","v":{"v":0,"d":"0.00"}},"1",{"$f":"ROUND(I210*H210,2)","v":{"v":3333.72,"d":"3,333.72"}},"16","-555077723"]
[{"$nulls":3},"Online PSC",null,"https://podminky.urs.cz/item/CS_URS_2025_01/721174005",{"$nulls":39},"Online PSC","2"]
[null,null,"28","K","721174043","Potrubí z trub polypropylenových připojovací DN 50","m",{"v":2,"d":"2.000"},395.53,{"$f":"ROUND(I212*H212,2)","v":791.06},"CS ÚRS 2025 01",null,"","základní",null,{"$f":"O212*H212","v":{"v":0,"d":"0.00000"}},0.00048,{"$f":"Q212*H212","v":0.00096},{"v":0,"d":"0.00000"},{"$f":"S212*H212","v":{"v":0,"d":"0.00000"}},{"$nulls":23},"16",null,"K","2",{"$nulls":3},"ROZPOCET",{"$nulls":5},{"$f":"IF(N212=\"základní\",J212,0)","v":791.06},{"$f":"IF(N212=\"snížená\",J212,0)","v":{"v":0,"d":"0.00"}},{"$f":"IF(N212=\"zákl. přenesená\",J212,0)","v":{"v":0,"d":"0.00"}},{"$f":"IF(N212=\"sníž. přenesená\",J212,0)","v":{"v":0,"d":"0.00"}},{"$f":"IF(N212=\"nulová\",J212,0)","v":{"v":0,"d":"0.00"}},"1",{"$f":"ROUND(I212*H212,2)","v":791.06},"16","-1667721294"]
[{"$nulls":3},"Online PSC",null,"https://podminky.urs.cz/item/CS_URS_2025_01/721174043",{"$nulls":39},"Online PSC","2"]
[null,null,"29","K","721194105","Vyměření přípojek na potrubí vyvedení a upevnění odpadních výpustek DN 50","kus",{"v":1,"d":"1.000"},103.59,{"$f":"ROUND(I214*H214,2)","v":103.59},"CS ÚRS 2025 01",null,"","základní",null,{"$f":"O214*H214","v":{"v":0,"d":"0.00000"}},{"v":0,"d":"0.00000"},{"$f":"Q214*H214","v":{"v":0,"d":"0.00000"}},{"v":0,"d":"0.00000"},{"$f":"S214*H214","v":{"v":0,"d":"0.00000"}},{"$nulls":23},"16",null,"K","2",{"$nulls":3},"ROZPOCET",{"$nulls":5},{"$f":"IF(N214=\"základní\",J214,0)","v":103.59},{"$f":"IF(N214=\"snížená\",J214,0)","v":{"v":0,"d":"0.00"}},{"$f":"IF(N214=\"zákl. přenesená\",J214,0)","v":{"v":0,"d":"0.00"}},{"$f":"IF(N214=\"sníž. přenesená\",J214,0)","v":{"v":0,"d":"0.00"}},{"$f":"IF(N214=\"nulová\",J214,0)","v":{"v":0,"d":"0.00"}},"1",{"$f":"ROUND(I214*H214,2)","v":103.59},"16","1685146820"]
[{"$nulls":3},"Online PSC",null,"https://podminky.urs.cz/item/CS_URS_2025_01/721194105",{"$nulls":39},"Online PSC","2"]
[null,null,"30","K","721194109","Vyměření přípojek na potrubí vyvedení a upevnění odpadních výpustek DN 110","kus",{"v":2,"d":"2.000"},141.26,{"$f":"ROUND(I216*H216,2)","v":282.52},"CS ÚRS 2025 01",null,"","základní",null,{"$f":"O216*H216","v":{"v":0,"d":"0.00000"}},{"v":0,"d":"0.00000"},{"$f":"Q216*H216","v":{"v":0,"d":"0.00000"}},{"v":0,"d":"0.00000"},{"$f":"S216*H216","v":{"v":0,"d":"0.00000"}},{"$nulls":23},"16",null,"K","2",{"$nulls":3},"ROZPOCET",{"$nulls":5},{"$f":"IF(N216=\"základní\",J216,0)","v":282.52},{"$f":"IF(N216=\"snížená\",J216,0)","v":{"v":0,"d":"0.00"}},{"$f":"IF(N216=\"zákl. přenesená\",J216,0)","v":{"v":0,"d":"0.00"}},{"$f":"IF(N216=\"sníž. přenesená\",J216,0)","v":{"v":0,"d":"0.00"}},{"$f":"IF(N216=\"nulová\",J216,0)","v":{"v":0,"d":"0.00"}},"1",{"$f":"ROUND(I216*H216,2)","v":282.52},"16","490790385"]
[{"$nulls":3},"Online PSC",null,"https://podminky.urs.cz/item/CS_URS_2025_01/721194109",{"$nulls":39},"Online PSC","2"]
[null,null,"31","K","72119410R","Zřízení přípojky na stávající odpadní potrubí v šachtě včetně potřebného materiálu","kpl",{"v":1,"d":"1.000"},894.64,{"$f":"ROUND(I218*H218,2)","v":894.64},"vlastní",null,"","základní",null,{"$f":"O218*H218","v":{"v":0,"d":"0.00000"}},{"v":0,"d":"0.00000"},{"$f":"Q218*H218","v":{"v":0,"d":"0.00000"}},{"v":0,"d":"0.00000"},{"$f":"S218*H218","v":{"v":0,"d":"0.00000"}},{"$nulls":23},"16",null,"K","2",{"$nulls":3},"ROZPOCET",{"$nulls":5},{"$f":"IF(N218=\"základní\",J218,0)","v":894.64},{"$f":"IF(N218=\"snížená\",J218,0)","v":{"v":0,"d":"0.00"}},{"$f":"IF(N218=\"zákl. přenesená\",J218,0)","v":{"v":0,"d":"0.00"}},{"$f":"IF(N218=\"sníž. přenesená\",J218,0)","v":{"v":0,"d":"0.00"}},{"$f":"IF(N218=\"nulová\",J218,0)","v":{"v":0,"d":"0.00"}},"1",{"$f":"ROUND(I218*H218,2)","v":894.64},"16","811328558"]
[null,null,"32","K","998721103","Přesun hmot pro vnitřní kanalizaci stanovený z hmotnosti přesunovaného materiálu vodorovná dopravní vzdálenost do 50 m základní v objektech výšky přes 12 do 24 m","t",0.015,{"v":1271.33,"d":"1,271.33"},{"$f":"ROUND(I219*H219,2)","v":19.07},"CS ÚRS 2025 01",null,"","základní",null,{"$f":"O219*H219","v":{"v":0,"d":"0.00000"}},{"v":0,"d":"0.00000"},{"$f":"Q219*H219","v":{"v":0,"d":"0.00000"}},{"v":0,"d":"0.00000"},{"$f":"S219*H219","v":{"v":0,"d":"0.00000"}},{"$nulls":23},"16",null,"K","2",{"$nulls":3},"ROZPOCET",{"$nulls":5},{"$f":"IF(N219=\"základní\",J219,0)","v":19.07},{"$f":"IF(N219=\"snížená\",J219,0)","v":{"v":0,"d":"0.00"}},{"$f":"IF(N219=\"zákl. přenesená\",J219,0)","v":{"v":0,"d":"0.00"}},{"$f":"IF(N219=\"sníž. přenesená\",J219,0)","v":{"v":0,"d":"0.00"}},{"$f":"IF(N219=\"nulová\",J219,0)","v":{"v":0,"d":"0.00"}},"1",{"$f":"ROUND(I219*H219,2)","v":19.07},"16","-532162592"]
[{"$nulls":3},"Online PSC",null,"https://podminky.urs.cz/item/CS_URS_2025_01/998721103",{"$nulls":39},"Online PSC","2"]
[{"$nulls":3},"D","722","Zdravotechnika - vnitřní vodovod",{"$nulls":3},{"$f":"BK221","v":{"v":7259.3,"d":"7,259.30"}},{"$nulls":5},{"$f":"SUM(P222:P236)","v":{"v":0,"d":"0.00000"}},null,{"$f":"SUM(R222:R236)","v":{"v":0.013199999999999998,"d":"0.01320"}},null,{"$f":"SUM(T222:T236)","v":{"v":0,"d":"0.00000"}},{"$nulls":23},"2",null,"D","1",{"$nulls":3},"ROZPOCET",{"$nulls":11},{"$f":"SUM(BK222:BK236)","v":{"v":7259.3,"d":"7,259.30"}}]
[null,null,"33","K","722174003","Potrubí z plastových trubek z polypropylenu PPR svařovaných polyfúzně PN 16 (SDR 7,4) D 25 x 3,5","m",{"v":5,"d":"5.000"},414.36,{"$f":"ROUND(I222*H222,2)","v":{"v":2071.8,"d":"2,071.80"}},"CS ÚRS 2025 01",null,"","základní",null,{"$f":"O222*H222","v":{"v":0,"d":"0.00000"}},{"v":1.16E-3,"d":"0.00116"},{"$f":"Q222*H222","v":{"v":0.0058,"d":"0.00580"}},{"v":0,"d":"0.00000"},{"$f":"S222*H222","v":{"v":0,"d":"0.00000"}},{"$nulls":23},"16",null,"K","2",{"$nulls":3},"ROZPOCET",{"$nulls":5},{"$f":"IF(N222=\"základní\",J222,0)","v":{"v":2071.8,"d":"2,071.80"}},{"$f":"IF(N222=\"snížená\",J222,0)","v":{"v":0,"d":"0.00"}},{"$f":"IF(N222=\"zákl. přenesená\",J222,0)","v":{"v":0,"d":"0.00"}},{"$f":"IF(N222=\"sníž. přenesená\",J222,0)","v":{"v":0,"d":"0.00"}},{"$f":"IF(N222=\"nulová\",J222,0)","v":{"v":0,"d":"0.00"}},"1",{"$f":"ROUND(I222*H222,2)","v":{"v":2071.8,"d":"2,071.80"}},"16","-1311765262"]
[{"$nulls":3},"Online PSC",null,"https://podminky.urs.cz/item/CS_URS_2025_01/722174003",{"$nulls":39},"Online PSC","2"]
[null,null,"34","K","722174023","Potrubí z plastových trubek z polypropylenu PPR svařovaných polyfúzně PN 20 (SDR 6) D 25 x 4,2","m",{"v":5,"d":"5.000"},452.03,{"$f":"ROUND(I224*H224,2)","v":{"v":2260.15,"d":"2,260.15"}},"CS ÚRS 2025 01",null,"","základní",null,{"$f":"O224*H224","v":{"v":0,"d":"0.00000"}},0.00126,{"$f":"Q224*H224","v":{"v":6.3E-3,"d":"0.00630"}},{"v":0,"d":"0.00000"},{"$f":"S224*H224","v":{"v":0,"d":"0.00000"}},{"$nulls":23},"16",null,"K","2",{"$nulls":3},"ROZPOCET",{"$nulls":5},{"$f":"IF(N224=\"základní\",J224,0)","v":{"v":2260.15,"d":"2,260.15"}},{"$f":"IF(N224=\"snížená\",J224,0)","v":{"v":0,"d":"0.00"}},{"$f":"IF(N224=\"zákl. přenesená\",J224,0)","v":{"v":0,"d":"0.00"}},{"$f":"IF(N224=\"sníž. přenesená\",J224,0)","v":{"v":0,"d":"0.00"}},{"$f":"IF(N224=\"nulová\",J224,0)","v":{"v":0,"d":"0.00"}},"1",{"$f":"ROUND(I224*H224,2)","v":{"v":2260.15,"d":"2,260.15"}},"16","-621957167"]
[{"$nulls":3},"Online PSC",null,"https://podminky.urs.cz/item/CS_URS_2025_01/722174023",{"$nulls":39},"Online PSC","2"]
[null,null,"35","K","722181212","Ochrana potrubí termoizolačními trubicemi z pěnového polyetylenu PE přilepenými v příčných a podélných spojích, tloušťky izolace do 6 mm, vnitřního průměru izolace DN přes 22 do 32 mm","m",{"v":10,"d":"10.000"},67.33,{"$f":"ROUND(I226*H226,2)","v":{"v":673.3,"d":"673.30"}},"CS ÚRS 2025 01",null,"","základní",null,{"$f":"O226*H226","v":{"v":0,"d":"0.00000"}},{"v":4e-05,"d":"0.00004"},{"$f":"Q226*H226","v":{"v":0.0004,"d":"0.00040"}},{"v":0,"d":"0.00000"},{"$f":"S226*H226","v":{"v":0,"d":"0.00000"}},{"$nulls":23},"16",null,"K","2",{"$nulls":3},"ROZPOCET",{"$nulls":5},{"$f":"IF(N226=\"základní\",J226,0)","v":{"v":673.3,"d":"673.30"}},{"$f":"IF(N226=\"snížená\",J226,0)","v":{"v":0,"d":"0.00"}},{"$f":"IF(N226=\"zákl. přenesená\",J226,0)","v":{"v":0,"d":"0.00"}},{"$f":"IF(N226=\"sníž. přenesená\",J226,0)","v":{"v":0,"d":"0.00"}},{"$f":"IF(N226=\"nulová\",J226,0)","v":{"v":0,"d":"0.00"}},"1",{"$f":"ROUND(I226*H226,2)","v":{"v":673.3,"d":"673.30"}},"16","1823329832"]
[{"$nulls":3},"Online PSC",null,"https://podminky.urs.cz/item/CS_URS_2025_01/722181212",{"$nulls":39},"Online PSC","2"]
[null,null,"36","K","722190401","Zřízení přípojek na potrubí vyvedení a upevnění výpustek do DN 25","kus",{"v":3,"d":"3.000"},150.68,{"$f":"ROUND(I228*H228,2)","v":452.04},"CS ÚRS 2025 01",null,"","základní",null,{"$f":"O228*H228","v":{"v":0,"d":"0.00000"}},{"v":0,"d":"0.00000"},{"$f":"Q228*H228","v":{"v":0,"d":"0.00000"}},{"v":0,"d":"0.00000"},{"$f":"S228*H228","v":{"v":0,"d":"0.00000"}},{"$nulls":23},"16",null,"K","2",{"$nulls":3},"ROZPOCET",{"$nulls":5},{"$f":"IF(N228=\"základní\",J228,0)","v":452.04},{"$f":"IF(N228=\"snížená\",J228,0)","v":{"v":0,"d":"0.00"}},{"$f":"IF(N228=\"zákl. přenesená\",J228,0)","v":{"v":0,"d":"0.00"}},{"$f":"IF(N228=\"sníž. přenesená\",J228,0)","v":{"v":0,"d":"0.00"}},{"$f":"IF(N228=\"nulová\",J228,0)","v":{"v":0,"d":"0.00"}},"1",{"$f":"ROUND(I228*H228,2)","v":452.04},"16","882248425"]
[{"$nulls":3},"Online PSC",null,"https://podminky.urs.cz/item/CS_URS_2025_01/722190401",{"$nulls":39},"Online PSC","2"]
[null,null,"37","K","72219040R","Zřízení přípojek na stávající potrubí v šachtě včetně potřebného materiálu","kpl",{"v":1,"d":"1.000"},894.64,{"$f":"ROUND(I230*H230,2)","v":894.64},"vlastní",null,"","základní",null,{"$f":"O230*H230","v":{"v":0,"d":"0.00000"}},{"v":0,"d":"0.00000"},{"$f":"Q230*H230","v":{"v":0,"d":"0.00000"}},{"v":0,"d":"0.00000"},{"$f":"S230*H230","v":{"v":0,"d":"0.00000"}},{"$nulls":23},"16",null,"K","2",{"$nulls":3},"ROZPOCET",{"$nulls":5},{"$f":"IF(N230=\"základní\",J230,0)","v":894.64},{"$f":"IF(N230=\"snížená\",J230,0)","v":{"v":0,"d":"0.00"}},{"$f":"IF(N230=\"zákl. přenesená\",J230,0)","v":{"v":0,"d":"0.00"}},{"$f":"IF(N230=\"sníž. přenesená\",J230,0)","v":{"v":0,"d":"0.00"}},{"$f":"IF(N230=\"nulová\",J230,0)","v":{"v":0,"d":"0.00"}},"1",{"$f":"ROUND(I230*H230,2)","v":894.64},"16","-1054159394"]
[null,null,"38","K","722220153","Armatury s jedním závitem plastové (PPR) PN 20 (SDR 6) DN 25 x G 3/4\"","kus",{"v":3,"d":"3.000"},218.48,{"$f":"ROUND(I231*H231,2)","v":655.44},"CS ÚRS 2025 01",null,"","základní",null,{"$f":"O231*H231","v":{"v":0,"d":"0.00000"}},{"v":0.0002,"d":"0.00020"},{"$f":"Q231*H231","v":{"v":6.0000000000000006E-4,"d":"0.00060"}},{"v":0,"d":"0.00000"},{"$f":"S231*H231","v":{"v":0,"d":"0.00000"}},{"$nulls":23},"16",null,"K","2",{"$nulls":3},"ROZPOCET",{"$nulls":5},{"$f":"IF(N231=\"základní\",J231,0)","v":655.44},{"$f":"IF(N231=\"snížená\",J231,0)","v":{"v":0,"d":"0.00"}},{"$f":"IF(N231=\"zákl. přenesená\",J231,0)","v":{"v":0,"d":"0.00"}},{"$f":"IF(N231=\"sníž. přenesená\",J231,0)","v":{"v":0,"d":"0.00"}},{"$f":"IF(N231=\"nulová\",J231,0)","v":{"v":0,"d":"0.00"}},"1",{"$f":"ROUND(I231*H231,2)","v":655.44},"16","-1334044520"]
[{"$nulls":3},"Online PSC",null,"https://podminky.urs.cz/item/CS_URS_2025_01/722220153",{"$nulls":39},"Online PSC","2"]
[null,null,"39","K","722290234","Zkoušky, proplach a desinfekce vodovodního potrubí proplach a desinfekce vodovodního potrubí do DN 80","m",{"v":10,"d":"10.000"},23.54,{"$f":"ROUND(I233*H233,2)","v":{"v":235.4,"d":"235.40"}},"CS ÚRS 2025 01",null,"","základní",null,{"$f":"O233*H233","v":{"v":0,"d":"0.00000"}},{"v":1e-05,"d":"0.00001"},{"$f":"Q233*H233","v":{"v":1E-4,"d":"0.00010"}},{"v":0,"d":"0.00000"},{"$f":"S233*H233","v":{"v":0,"d":"0.00000"}},{"$nulls":23},"16",null,"K","2",{"$nulls":3},"ROZPOCET",{"$nulls":5},{"$f":"IF(N233=\"základní\",J233,0)","v":{"v":235.4,"d":"235.40"}},{"$f":"IF(N233=\"snížená\",J233,0)","v":{"v":0,"d":"0.00"}},{"$f":"IF(N233=\"zákl. přenesená\",J233,0)","v":{"v":0,"d":"0.00"}},{"$f":"IF(N233=\"sníž. přenesená\",J233,0)","v":{"v":0,"d":"0.00"}},{"$f":"IF(N233=\"nulová\",J233,0)","v":{"v":0,"d":"0.00"}},"1",{"$f":"ROUND(I233*H233,2)","v":{"v":235.4,"d":"235.40"}},"16","1495600197"]
[{"$nulls":3},"Online PSC",null,"https://podminky.urs.cz/item/CS_URS_2025_01/722290234",{"$nulls":39},"Online PSC","2"]
[null,null,"40","K","998722103","Přesun hmot pro vnitřní vodovod stanovený z hmotnosti přesunovaného materiálu vodorovná dopravní vzdálenost do 50 m základní v objektech výšky přes 12 do 24 m","t",0.013,{"v":1271.33,"d":"1,271.33"},{"$f":"ROUND(I235*H235,2)","v":16.53},"CS ÚRS 2025 01",null,"","základní",null,{"$f":"O235*H235","v":{"v":0,"d":"0.00000"}},{"v":0,"d":"0.00000"},{"$f":"Q235*H235","v":{"v":0,"d":"0.00000"}},{"v":0,"d":"0.00000"},{"$f":"S235*H235","v":{"v":0,"d":"0.00000"}},{"$nulls":23},"16",null,"K","2",{"$nulls":3},"ROZPOCET",{"$nulls":5},{"$f":"IF(N235=\"základní\",J235,0)","v":16.53},{"$f":"IF(N235=\"snížená\",J235,0)","v":{"v":0,"d":"0.00"}},{"$f":"IF(N235=\"zákl. přenesená\",J235,0)","v":{"v":0,"d":"0.00"}},{"$f":"IF(N235=\"sníž. přenesená\",J235,0)","v":{"v":0,"d":"0.00"}},{"$f":"IF(N235=\"nulová\",J235,0)","v":{"v":0,"d":"0.00"}},"1",{"$f":"ROUND(I235*H235,2)","v":16.53},"16","-2110014948"]
[{"$nulls":3},"Online PSC",null,"https://podminky.urs.cz/item/CS_URS_2025_01/998722103",{"$nulls":39},"Online PSC","2"]
[{"$nulls":3},"D","725","Zdravotechnika - zařizovací předměty",{"$nulls":3},{"$f":"BK237","v":{"v":21096.22,"d":"21,096.22"}},{"$nulls":5},{"$f":"SUM(P238:P272)","v":{"v":0,"d":"0.00000"}},null,{"$f":"SUM(R238:R272)","v":{"v":0.06939000000000001,"d":"0.06939"}},null,{"$f":"SUM(T238:T272)","v":{"v":0.047970000000000006,"d":"0.04797"}},{"$nulls":23},"2",null,"D","1",{"$nulls":3},"ROZPOCET",{"$nulls":11},{"$f":"SUM(BK238:BK272)","v":{"v":21096.22,"d":"21,096.22"}}]
[null,null,"41","K","725110811","Demontáž klozetů splachovacích s nádrží nebo tlakovým splachovačem","soubor",{"v":1,"d":"1.000"},235.43,{"$f":"ROUND(I238*H238,2)","v":235.43},"CS ÚRS 2025 01",null,"","základní",null,{"$f":"O238*H238","v":{"v":0,"d":"0.00000"}},{"v":0,"d":"0.00000"},{"$f":"Q238*H238","v":{"v":0,"d":"0.00000"}},0.01933,{"$f":"S238*H238","v":0.01933},{"$nulls":23},"16",null,"K","2",{"$nulls":3},"ROZPOCET",{"$nulls":5},{"$f":"IF(N238=\"základní\",J238,0)","v":235.43},{"$f":"IF(N238=\"snížená\",J238,0)","v":{"v":0,"d":"0.00"}},{"$f":"IF(N238=\"zákl. přenesená\",J238,0)","v":{"v":0,"d":"0.00"}},{"$f":"IF(N238=\"sníž. přenesená\",J238,0)","v":{"v":0,"d":"0.00"}},{"$f":"IF(N238=\"nulová\",J238,0)","v":{"v":0,"d":"0.00"}},"1",{"$f":"ROUND(I238*H238,2)","v":235.43},"16","-246495543"]
[{"$nulls":3},"Online PSC",null,"https://podminky.urs.cz/item/CS_URS_2025_01/725110811",{"$nulls":39},"Online PSC","2"]
[null,null,"42","K","725210821","Demontáž umyvadel bez výtokových armatur umyvadel","soubor",{"v":1,"d":"1.000"},235.43,{"$f":"ROUND(I240*H240,2)","v":235.43},"CS ÚRS 2025 01",null,"","základní",null,{"$f":"O240*H240","v":{"v":0,"d":"0.00000"}},{"v":0,"d":"0.00000"},{"$f":"Q240*H240","v":{"v":0,"d":"0.00000"}},0.01946,{"$f":"S240*H240","v":0.01946},{"$nulls":23},"16",null,"K","2",{"$nulls":3},"ROZPOCET",{"$nulls":5},{"$f":"IF(N240=\"základní\",J240,0)","v":235.43},{"$f":"IF(N240=\"snížená\",J240,0)","v":{"v":0,"d":"0.00"}},{"$f":"IF(N240=\"zákl. přenesená\",J240,0)","v":{"v":0,"d":"0.00"}},{"$f":"IF(N240=\"sníž. přenesená\",J240,0)","v":{"v":0,"d":"0.00"}},{"$f":"IF(N240=\"nulová\",J240,0)","v":{"v":0,"d":"0.00"}},"1",{"$f":"ROUND(I240*H240,2)","v":235.43},"16","551959161"]
[{"$nulls":3},"Online PSC",null,"https://podminky.urs.cz/item/CS_URS_2025_01/725210821",{"$nulls":39},"Online PSC","2"]
[null,null,"43","K","725820801","Demontáž baterií nástěnných do G 3/4","soubor",{"v":1,"d":"1.000"},84.76,{"$f":"ROUND(I242*H242,2)","v":84.76},"CS ÚRS 2025 01",null,"","základní",null,{"$f":"O242*H242","v":{"v":0,"d":"0.00000"}},{"v":0,"d":"0.00000"},{"$f":"Q242*H242","v":{"v":0,"d":"0.00000"}},{"v":1.56E-3,"d":"0.00156"},{"$f":"S242*H242","v":{"v":1.56E-3,"d":"0.00156"}},{"$nulls":23},"16",null,"K","2",{"$nulls":3},"ROZPOCET",{"$nulls":5},{"$f":"IF(N242=\"základní\",J242,0)","v":84.76},{"$f":"IF(N242=\"snížená\",J242,0)","v":{"v":0,"d":"0.00"}},{"$f":"IF(N242=\"zákl. přenesená\",J242,0)","v":{"v":0,"d":"0.00"}},{"$f":"IF(N242=\"sníž. přenesená\",J242,0)","v":{"v":0,"d":"0.00"}},{"$f":"IF(N242=\"nulová\",J242,0)","v":{"v":0,"d":"0.00"}},"1",{"$f":"ROUND(I242*H242,2)","v":84.76},"16","-879959601"]
[{"$nulls":3},"Online PSC",null,"https://podminky.urs.cz/item/CS_URS_2025_01/725820801",{"$nulls":39},"Online PSC","2"]
[null,null,"44","K","725840851","Demontáž baterií sprchových nástěnných","kus",{"v":1,"d":"1.000"},84.76,{"$f":"ROUND(I244*H244,2)","v":84.76},"CS ÚRS 2025 01",null,"","základní",null,{"$f":"O244*H244","v":{"v":0,"d":"0.00000"}},{"v":0,"d":"0.00000"},{"$f":"Q244*H244","v":{"v":0,"d":"0.00000"}},{"v":7.62E-3,"d":"0.00762"},{"$f":"S244*H244","v":{"v":7.62E-3,"d":"0.00762"}},{"$nulls":23},"16",null,"K","2",{"$nulls":3},"ROZPOCET",{"$nulls":5},{"$f":"IF(N244=\"základní\",J244,0)","v":84.76},{"$f":"IF(N244=\"snížená\",J244,0)","v":{"v":0,"d":"0.00"}},{"$f":"IF(N244=\"zákl. přenesená\",J244,0)","v":{"v":0,"d":"0.00"}},{"$f":"IF(N244=\"sníž. přenesená\",J244,0)","v":{"v":0,"d":"0.00"}},{"$f":"IF(N244=\"nulová\",J244,0)","v":{"v":0,"d":"0.00"}},"1",{"$f":"ROUND(I244*H244,2)","v":84.76},"16","1248187691"]
[{"$nulls":3},"Online PSC",null,"https://podminky.urs.cz/item/CS_URS_2025_01/725840851",{"$nulls":39},"Online PSC","2"]
[null,null,"45","K","725112011","Zařízení záchodů klozety keramické standardní samostatně stojící s plochým splachováním odpad vodorovný","soubor",{"v":1,"d":"1.000"},{"v":4002.34,"d":"4,002.34"},{"$f":"ROUND(I246*H246,2)","v":{"v":4002.34,"d":"4,002.34"}},"CS ÚRS 2025 01",null,"","základní",null,{"$f":"O246*H246","v":{"v":0,"d":"0.00000"}},0.01387,{"$f":"Q246*H246","v":0.01387},{"v":0,"d":"0.00000"},{"$f":"S246*H246","v":{"v":0,"d":"0.00000"}},{"$nulls":23},"16",null,"K","2",{"$nulls":3},"ROZPOCET",{"$nulls":5},{"$f":"IF(N246=\"základní\",J246,0)","v":{"v":4002.34,"d":"4,002.34"}},{"$f":"IF(N246=\"snížená\",J246,0)","v":{"v":0,"d":"0.00"}},{"$f":"IF(N246=\"zákl. přenesená\",J246,0)","v":{"v":0,"d":"0.00"}},{"$f":"IF(N246=\"sníž. přenesená\",J246,0)","v":{"v":0,"d":"0.00"}},{"$f":"IF(N246=\"nulová\",J246,0)","v":{"v":0,"d":"0.00"}},"1",{"$f":"ROUND(I246*H246,2)","v":{"v":4002.34,"d":"4,002.34"}},"16","1089537571"]
[{"$nulls":3},"Online PSC",null,"https://podminky.urs.cz/item/CS_URS_2025_01/725112011",{"$nulls":39},"Online PSC","2"]
[null,null,"46","K","725211601","Umyvadla keramická bílá bez výtokových armatur připevněná na stěnu šrouby bez sloupu nebo krytu na sifon, šířka umyvadla 500 mm","soubor",{"v":1,"d":"1.000"},{"v":2683.92,"d":"2,683.92"},{"$f":"ROUND(I248*H248,2)","v":{"v":2683.92,"d":"2,683.92"}},"CS ÚRS 2025 01",null,"","základní",null,{"$f":"O248*H248","v":{"v":0,"d":"0.00000"}},0.01247,{"$f":"Q248*H248","v":0.01247},{"v":0,"d":"0.00000"},{"$f":"S248*H248","v":{"v":0,"d":"0.00000"}},{"$nulls":23},"16",null,"K","2",{"$nulls":3},"ROZPOCET",{"$nulls":5},{"$f":"IF(N248=\"základní\",J248,0)","v":{"v":2683.92,"d":"2,683.92"}},{"$f":"IF(N248=\"snížená\",J248,0)","v":{"v":0,"d":"0.00"}},{"$f":"IF(N248=\"zákl. přenesená\",J248,0)","v":{"v":0,"d":"0.00"}},{"$f":"IF(N248=\"sníž. přenesená\",J248,0)","v":{"v":0,"d":"0.00"}},{"$f":"IF(N248=\"nulová\",J248,0)","v":{"v":0,"d":"0.00"}},"1",{"$f":"ROUND(I248*H248,2)","v":{"v":2683.92,"d":"2,683.92"}},"16","1943181894"]
[{"$nulls":3},"Online PSC",null,"https://podminky.urs.cz/item/CS_URS_2025_01/725211601",{"$nulls":39},"Online PSC","2"]
[null,null,"47","K","725822611","Baterie umyvadlová stojánková páková bez výpusti - chrom","soubor",{"v":1,"d":"1.000"},{"v":1695.11,"d":"1,695.11"},{"$f":"ROUND(I250*H250,2)","v":{"v":1695.11,"d":"1,695.11"}},"CS ÚRS 2025 01",null,"","základní",null,{"$f":"O250*H250","v":{"v":0,"d":"0.00000"}},{"v":1.8E-3,"d":"0.00180"},{"$f":"Q250*H250","v":{"v":1.8E-3,"d":"0.00180"}},{"v":0,"d":"0.00000"},{"$f":"S250*H250","v":{"v":0,"d":"0.00000"}},{"$nulls":23},"16",null,"K","2",{"$nulls":3},"ROZPOCET",{"$nulls":5},{"$f":"IF(N250=\"základní\",J250,0)","v":{"v":1695.11,"d":"1,695.11"}},{"$f":"IF(N250=\"snížená\",J250,0)","v":{"v":0,"d":"0.00"}},{"$f":"IF(N250=\"zákl. přenesená\",J250,0)","v":{"v":0,"d":"0.00"}},{"$f":"IF(N250=\"sníž. přenesená\",J250,0)","v":{"v":0,"d":"0.00"}},{"$f":"IF(N250=\"nulová\",J250,0)","v":{"v":0,"d":"0.00"}},"1",{"$f":"ROUND(I250*H250,2)","v":{"v":1695.11,"d":"1,695.11"}},"16","1637807363"]
[{"$nulls":3},"Online PSC",null,"https://podminky.urs.cz/item/CS_URS_2025_01/725822611",{"$nulls":39},"Online PSC","2"]
[null,null,"48","K","725865501","Zápachové uzávěrky zařizovacích předmětů odpadní soupravy se zápachovou uzávěrkou DN 40/50","kus",{"v":1,"d":"1.000"},725.13,{"$f":"ROUND(I252*H252,2)","v":725.13},"CS ÚRS 2025 01",null,"","základní",null,{"$f":"O252*H252","v":{"v":0,"d":"0.00000"}},0.00128,{"$f":"Q252*H252","v":0.00128},{"v":0,"d":"0.00000"},{"$f":"S252*H252","v":{"v":0,"d":"0.00000"}},{"$nulls":23},"16",null,"K","2",{"$nulls":3},"ROZPOCET",{"$nulls":5},{"$f":"IF(N252=\"základní\",J252,0)","v":725.13},{"$f":"IF(N252=\"snížená\",J252,0)","v":{"v":0,"d":"0.00"}},{"$f":"IF(N252=\"zákl. přenesená\",J252,0)","v":{"v":0,"d":"0.00"}},{"$f":"IF(N252=\"sníž. přenesená\",J252,0)","v":{"v":0,"d":"0.00"}},{"$f":"IF(N252=\"nulová\",J252,0)","v":{"v":0,"d":"0.00"}},"1",{"$f":"ROUND(I252*H252,2)","v":725.13},"16","-1863436506"]
[{"$nulls":3},"Online PSC",null,"https://podminky.urs.cz/item/CS_URS_2025_01/725865501",{"$nulls":39},"Online PSC","2"]
[{"$nulls":3},"VV","","\"sifon - chrom\"",null,"",{"$nulls":37},"VV","2","1","True","0","ROZPOCET"]
[{"$nulls":3},"VV","","1",null,{"v":1,"d":"1.000"},{"$nulls":37},"VV","2","2","True","1","ROZPOCET"]
[null,null,"49","K","725241123","Sprchové vaničky akrylátové obdélníkové 900x800 mm","soubor",{"v":1,"d":"1.000"},{"v":4468.5,"d":"4,468.50"},{"$f":"ROUND(I256*H256,2)","v":{"v":4468.5,"d":"4,468.50"}},"CS ÚRS 2025 01",null,"","základní",null,{"$f":"O256*H256","v":{"v":0,"d":"0.00000"}},0.01699,{"$f":"Q256*H256","v":0.01699},{"v":0,"d":"0.00000"},{"$f":"S256*H256","v":{"v":0,"d":"0.00000"}},{"$nulls":23},"16",null,"K","2",{"$nulls":3},"ROZPOCET",{"$nulls":5},{"$f":"IF(N256=\"základní\",J256,0)","v":{"v":4468.5,"d":"4,468.50"}},{"$f":"IF(N256=\"snížená\",J256,0)","v":{"v":0,"d":"0.00"}},{"$f":"IF(N256=\"zákl. přenesená\",J256,0)","v":{"v":0,"d":"0.00"}},{"$f":"IF(N256=\"sníž. přenesená\",J256,0)","v":{"v":0,"d":"0.00"}},{"$f":"IF(N256=\"nulová\",J256,0)","v":{"v":0,"d":"0.00"}},"1",{"$f":"ROUND(I256*H256,2)","v":{"v":4468.5,"d":"4,468.50"}},"16","-742980301"]
[{"$nulls":3},"Online PSC",null,"https://podminky.urs.cz/item/CS_URS_2025_01/725241123",{"$nulls":39},"Online PSC","2"]
[null,null,"50","K","725841322R","Baterie sprchová nástěnná se sprchovým setem s roztečí 150 mm - chrom","soubor",{"v":1,"d":"1.000"},{"v":1638.67,"d":"1,638.67"},{"$f":"ROUND(I258*H258,2)","v":{"v":1638.67,"d":"1,638.67"}},"vlastní",null,"","základní",null,{"$f":"O258*H258","v":{"v":0,"d":"0.00000"}},{"v":2.14E-3,"d":"0.00214"},{"$f":"Q258*H258","v":{"v":2.14E-3,"d":"0.00214"}},{"v":0,"d":"0.00000"},{"$f":"S258*H258","v":{"v":0,"d":"0.00000"}},{"$nulls":23},"16",null,"K","2",{"$nulls":3},"ROZPOCET",{"$nulls":5},{"$f":"IF(N258=\"základní\",J258,0)","v":{"v":1638.67,"d":"1,638.67"}},{"$f":"IF(N258=\"snížená\",J258,0)","v":{"v":0,"d":"0.00"}},{"$f":"IF(N258=\"zákl. přenesená\",J258,0)","v":{"v":0,"d":"0.00"}},{"$f":"IF(N258=\"sníž. přenesená\",J258,0)","v":{"v":0,"d":"0.00"}},{"$f":"IF(N258=\"nulová\",J258,0)","v":{"v":0,"d":"0.00"}},"1",{"$f":"ROUND(I258*H258,2)","v":{"v":1638.67,"d":"1,638.67"}},"16","966066261"]
[null,null,"51","K","72522610.R","D+M sprchová tyč rovná 90x25mm, černá, včetně závěsu","soubor",{"v":1,"d":"1.000"},{"v":2872.27,"d":"2,872.27"},{"$f":"ROUND(I259*H259,2)","v":{"v":2872.27,"d":"2,872.27"}},"vlastní",null,"","základní",null,{"$f":"O259*H259","v":{"v":0,"d":"0.00000"}},0.01745,{"$f":"Q259*H259","v":0.01745},{"v":0,"d":"0.00000"},{"$f":"S259*H259","v":{"v":0,"d":"0.00000"}},{"$nulls":23},"16",null,"K","2",{"$nulls":3},"ROZPOCET",{"$nulls":5},{"$f":"IF(N259=\"základní\",J259,0)","v":{"v":2872.27,"d":"2,872.27"}},{"$f":"IF(N259=\"snížená\",J259,0)","v":{"v":0,"d":"0.00"}},{"$f":"IF(N259=\"zákl. přenesená\",J259,0)","v":{"v":0,"d":"0.00"}},{"$f":"IF(N259=\"sníž. přenesená\",J259,0)","v":{"v":0,"d":"0.00"}},{"$f":"IF(N259=\"nulová\",J259,0)","v":{"v":0,"d":"0.00"}},"1",{"$f":"ROUND(I259*H259,2)","v":{"v":2872.27,"d":"2,872.27"}},"16","-1952143643"]
[null,null,"52","K","725291650","Montáž doplňků zařízení koupelen a záchodů toaletní desky rovné","kus",{"v":1,"d":"1.000"},207.18,{"$f":"ROUND(I260*H260,2)","v":207.18},"CS ÚRS 2025 01",null,"","základní",null,{"$f":"O260*H260","v":{"v":0,"d":"0.00000"}},{"v":0,"d":"0.00000"},{"$f":"Q260*H260","v":{"v":0,"d":"0.00000"}},{"v":0,"d":"0.00000"},{"$f":"S260*H260","v":{"v":0,"d":"0.00000"}},{"$nulls":23},"16",null,"K","2",{"$nulls":3},"ROZPOCET",{"$nulls":5},{"$f":"IF(N260=\"základní\",J260,0)","v":207.18},{"$f":"IF(N260=\"snížená\",J260,0)","v":{"v":0,"d":"0.00"}},{"$f":"IF(N260=\"zákl. přenesená\",J260,0)","v":{"v":0,"d":"0.00"}},{"$f":"IF(N260=\"sníž. přenesená\",J260,0)","v":{"v":0,"d":"0.00"}},{"$f":"IF(N260=\"nulová\",J260,0)","v":{"v":0,"d":"0.00"}},"1",{"$f":"ROUND(I260*H260,2)","v":207.18},"16","894285253"]
[{"$nulls":3},"Online PSC",null,"https://podminky.urs.cz/item/CS_URS_2025_01/725291650",{"$nulls":39},"Online PSC","2"]
[null,null,"53","M","64294623","deska bílá z duroplastu s pomalým sklápěním","kus",{"v":1,"d":"1.000"},{"v":1129.98,"d":"1,129.98"},{"$f":"ROUND(I262*H262,2)","v":{"v":1129.98,"d":"1,129.98"}},"CS ÚRS 2025 01",null,"","základní",null,{"$f":"O262*H262","v":{"v":0,"d":"0.00000"}},{"v":0.0024,"d":"0.00240"},{"$f":"Q262*H262","v":{"v":0.0024,"d":"0.00240"}},{"v":0,"d":"0.00000"},{"$f":"S262*H262","v":{"v":0,"d":"0.00000"}},{"$nulls":23},"32",null,"M","2",{"$nulls":3},"ROZPOCET",{"$nulls":5},{"$f":"IF(N262=\"základní\",J262,0)","v":{"v":1129.98,"d":"1,129.98"}},{"$f":"IF(N262=\"snížená\",J262,0)","v":{"v":0,"d":"0.00"}},{"$f":"IF(N262=\"zákl. přenesená\",J262,0)","v":{"v":0,"d":"0.00"}},{"$f":"IF(N262=\"sníž. přenesená\",J262,0)","v":{"v":0,"d":"0.00"}},{"$f":"IF(N262=\"nulová\",J262,0)","v":{"v":0,"d":"0.00"}},"1",{"$f":"ROUND(I262*H262,2)","v":{"v":1129.98,"d":"1,129.98"}},"16","-1568576447"]
[null,null,"54","K","725813111","Ventily rohové bez připojovací trubičky nebo flexi hadičky G 1/2\"","soubor",{"v":3,"d":"3.000"},235.43,{"$f":"ROUND(I263*H263,2)","v":706.29},"CS ÚRS 2025 01",null,"","základní",null,{"$f":"O263*H263","v":{"v":0,"d":"0.00000"}},0.00024,{"$f":"Q263*H263","v":0.00072},{"v":0,"d":"0.00000"},{"$f":"S263*H263","v":{"v":0,"d":"0.00000"}},{"$nulls":23},"16",null,"K","2",{"$nulls":3},"ROZPOCET",{"$nulls":5},{"$f":"IF(N263=\"základní\",J263,0)","v":706.29},{"$f":"IF(N263=\"snížená\",J263,0)","v":{"v":0,"d":"0.00"}},{"$f":"IF(N263=\"zákl. přenesená\",J263,0)","v":{"v":0,"d":"0.00"}},{"$f":"IF(N263=\"sníž. přenesená\",J263,0)","v":{"v":0,"d":"0.00"}},{"$f":"IF(N263=\"nulová\",J263,0)","v":{"v":0,"d":"0.00"}},"1",{"$f":"ROUND(I263*H263,2)","v":706.29},"16","-15294637"]
[{"$nulls":3},"Online PSC",null,"https://podminky.urs.cz/item/CS_URS_2025_01/725813111",{"$nulls":39},"Online PSC","2"]
[{"$nulls":3},"VV","","\"WC\"",null,"",{"$nulls":37},"VV","2","1","True","0","ROZPOCET"]
[{"$nulls":3},"VV","","1",null,{"v":1,"d":"1.000"},{"$nulls":37},"VV","2","2","True","0","ROZPOCET"]
[{"$nulls":3},"VV","","\"koupelna\"",null,"",{"$nulls":37},"VV","2","1","True","0","ROZPOCET"]
[{"$nulls":3},"VV","","2",null,{"v":2,"d":"2.000"},{"$nulls":37},"VV","2","2","True","0","ROZPOCET"]
[{"$nulls":3},"VV","","Součet",null,{"v":3,"d":"3.000"},{"$nulls":37},"VV","2","4","True","1","ROZPOCET"]
[null,null,"55","M","55190005","flexi hadice ohebná k baterii D 8x12mm F 1/2\"xM10 500mm","m",{"v":1.5,"d":"1.500"},159.15,{"$f":"ROUND(I270*H270,2)","v":238.73},"CS ÚRS 2025 01",null,"","základní",null,{"$f":"O270*H270","v":{"v":0,"d":"0.00000"}},0.00018,{"$f":"Q270*H270","v":{"v":2.7E-4,"d":"0.00027"}},{"v":0,"d":"0.00000"},{"$f":"S270*H270","v":{"v":0,"d":"0.00000"}},{"$nulls":23},"32",null,"M","2",{"$nulls":3},"ROZPOCET",{"$nulls":5},{"$f":"IF(N270=\"základní\",J270,0)","v":238.73},{"$f":"IF(N270=\"snížená\",J270,0)","v":{"v":0,"d":"0.00"}},{"$f":"IF(N270=\"zákl. přenesená\",J270,0)","v":{"v":0,"d":"0.00"}},{"$f":"IF(N270=\"sníž. přenesená\",J270,0)","v":{"v":0,"d":"0.00"}},{"$f":"IF(N270=\"nulová\",J270,0)","v":{"v":0,"d":"0.00"}},"1",{"$f":"ROUND(I270*H270,2)","v":238.73},"16","-14837260"]
[null,null,"56","K","998725103","Přesun hmot pro zařizovací předměty stanovený z hmotnosti přesunovaného materiálu vodorovná dopravní vzdálenost do 50 m základní v objektech výšky přes 12 do 24 m","t",0.069,{"v":1271.33,"d":"1,271.33"},{"$f":"ROUND(I271*H271,2)","v":87.72},"CS ÚRS 2025 01",null,"","základní",null,{"$f":"O271*H271","v":{"v":0,"d":"0.00000"}},{"v":0,"d":"0.00000"},{"$f":"Q271*H271","v":{"v":0,"d":"0.00000"}},{"v":0,"d":"0.00000"},{"$f":"S271*H271","v":{"v":0,"d":"0.00000"}},{"$nulls":23},"16",null,"K","2",{"$nulls":3},"ROZPOCET",{"$nulls":5},{"$f":"IF(N271=\"základní\",J271,0)","v":87.72},{"$f":"IF(N271=\"snížená\",J271,0)","v":{"v":0,"d":"0.00"}},{"$f":"IF(N271=\"zákl. přenesená\",J271,0)","v":{"v":0,"d":"0.00"}},{"$f":"IF(N271=\"sníž. přenesená\",J271,0)","v":{"v":0,"d":"0.00"}},{"$f":"IF(N271=\"nulová\",J271,0)","v":{"v":0,"d":"0.00"}},"1",{"$f":"ROUND(I271*H271,2)","v":87.72},"16","-1131079625"]
[{"$nulls":3},"Online PSC",null,"https://podminky.urs.cz/item/CS_URS_2025_01/998725103",{"$nulls":39},"Online PSC","2"]
[{"$nulls":3},"D","741","Elektroinstalace - silnoproud",{"$nulls":3},{"$f":"BK273","v":{"v":4781.040000000001,"d":"4,781.04"}},{"$nulls":5},{"$f":"SUM(P274:P325)","v":{"v":0,"d":"0.00000"}},null,{"$f":"SUM(R274:R325)","v":0.00136},null,{"$f":"SUM(T274:T325)","v":{"v":4.3E-3,"d":"0.00430"}},{"$nulls":23},"2",null,"D","1",{"$nulls":3},"ROZPOCET",{"$nulls":11},{"$f":"SUM(BK274:BK325)","v":{"v":4781.040000000001,"d":"4,781.04"}}]
[null,null,"57","K","74131180R","Demontáž spínačů nástěnných normálních vnitřních","kus",{"v":5,"d":"5.000"},55.56,{"$f":"ROUND(I274*H274,2)","v":{"v":277.8,"d":"277.80"}},"vlastní",null,"","základní",null,{"$f":"O274*H274","v":{"v":0,"d":"0.00000"}},{"v":0,"d":"0.00000"},{"$f":"Q274*H274","v":{"v":0,"d":"0.00000"}},{"v":5e-05,"d":"0.00005"},{"$f":"S274*H274","v":0.00025},{"$nulls":23},"16",null,"K","2",{"$nulls":3},"ROZPOCET",{"$nulls":5},{"$f":"IF(N274=\"základní\",J274,0)","v":{"v":277.8,"d":"277.80"}},{"$f":"IF(N274=\"snížená\",J274,0)","v":{"v":0,"d":"0.00"}},{"$f":"IF(N274=\"zákl. přenesená\",J274,0)","v":{"v":0,"d":"0.00"}},{"$f":"IF(N274=\"sníž. přenesená\",J274,0)","v":{"v":0,"d":"0.00"}},{"$f":"IF(N274=\"nulová\",J274,0)","v":{"v":0,"d":"0.00"}},"1",{"$f":"ROUND(I274*H274,2)","v":{"v":277.8,"d":"277.80"}},"16","1471550852"]
[{"$nulls":3},"VV","","\"WC - tlačítko ventilátoru, spínač\"",null,"",{"$nulls":37},"VV","2","1","True","0","ROZPOCET"]
[{"$nulls":3},"VV","","3",null,{"v":3,"d":"3.000"},{"$nulls":37},"VV","2","2","True","0","ROZPOCET"]
[{"$nulls":3},"VV","","\"koupelna - tlačítko ventilátoru, spínač\"",null,"",{"$nulls":37},"VV","2","1","True","0","ROZPOCET"]
[{"$nulls":3},"VV","","2",null,{"v":2,"d":"2.000"},{"$nulls":37},"VV","2","2","True","0","ROZPOCET"]
[{"$nulls":3},"VV","","Součet",null,{"v":5,"d":"5.000"},{"$nulls":37},"VV","2","4","True","1","ROZPOCET"]
[null,null,"58","K","74131582R","Demontáž zásuvek domovních normální prostředí šroubových bez zachování funkčnosti","kus",{"v":1,"d":"1.000"},55.56,{"$f":"ROUND(I280*H280,2)","v":55.56},"vlastní",null,"","základní",null,{"$f":"O280*H280","v":{"v":0,"d":"0.00000"}},{"v":0,"d":"0.00000"},{"$f":"Q280*H280","v":{"v":0,"d":"0.00000"}},{"v":5e-05,"d":"0.00005"},{"$f":"S280*H280","v":{"v":5e-05,"d":"0.00005"}},{"$nulls":23},"16",null,"K","2",{"$nulls":3},"ROZPOCET",{"$nulls":5},{"$f":"IF(N280=\"základní\",J280,0)","v":55.56},{"$f":"IF(N280=\"snížená\",J280,0)","v":{"v":0,"d":"0.00"}},{"$f":"IF(N280=\"zákl. přenesená\",J280,0)","v":{"v":0,"d":"0.00"}},{"$f":"IF(N280=\"sníž. přenesená\",J280,0)","v":{"v":0,"d":"0.00"}},{"$f":"IF(N280=\"nulová\",J280,0)","v":{"v":0,"d":"0.00"}},"1",{"$f":"ROUND(I280*H280,2)","v":55.56},"16","336152236"]
[{"$nulls":3},"VV","","\"koupelna - tlačítko ventilátoru, spínač\"",null,"",{"$nulls":37},"VV","2","1","True","0","ROZPOCET"]
[{"$nulls":3},"VV","","1",null,{"v":1,"d":"1.000"},{"$nulls":37},"VV","2","2","True","1","ROZPOCET"]
[null,null,"59","K","741371813","Demontáž svítidel bez zachování funkčnosti (do suti) interiérových modulového systému bodových nastavitelných","kus",{"v":2,"d":"2.000"},93.23,{"$f":"ROUND(I283*H283,2)","v":186.46},"CS ÚRS 2025 01",null,"","základní",null,{"$f":"O283*H283","v":{"v":0,"d":"0.00000"}},{"v":0,"d":"0.00000"},{"$f":"Q283*H283","v":{"v":0,"d":"0.00000"}},{"v":2E-3,"d":"0.00200"},{"$f":"S283*H283","v":{"v":0.004,"d":"0.00400"}},{"$nulls":23},"16",null,"K","2",{"$nulls":3},"ROZPOCET",{"$nulls":5},{"$f":"IF(N283=\"základní\",J283,0)","v":186.46},{"$f":"IF(N283=\"snížená\",J283,0)","v":{"v":0,"d":"0.00"}},{"$f":"IF(N283=\"zákl. přenesená\",J283,0)","v":{"v":0,"d":"0.00"}},{"$f":"IF(N283=\"sníž. přenesená\",J283,0)","v":{"v":0,"d":"0.00"}},{"$f":"IF(N283=\"nulová\",J283,0)","v":{"v":0,"d":"0.00"}},"1",{"$f":"ROUND(I283*H283,2)","v":186.46},"16","-1428998892"]
[{"$nulls":3},"Online PSC",null,"https://podminky.urs.cz/item/CS_URS_2025_01/741371813",{"$nulls":39},"Online PSC","2"]
[{"$nulls":3},"VV","","\"WC\"",null,"",{"$nulls":37},"VV","2","1","True","0","ROZPOCET"]
[{"$nulls":3},"VV","","1",null,{"v":1,"d":"1.000"},{"$nulls":37},"VV","2","2","True","0","ROZPOCET"]
[{"$nulls":3},"VV","","\"koupelna\"",null,"",{"$nulls":37},"VV","2","1","True","0","ROZPOCET"]
[{"$nulls":3},"VV","","1",null,{"v":1,"d":"1.000"},{"$nulls":37},"VV","2","2","True","0","ROZPOCET"]
[{"$nulls":3},"VV","","Součet",null,{"v":2,"d":"2.000"},{"$nulls":37},"VV","2","4","True","1","ROZPOCET"]
[null,null,"60","K","741310201","Montáž spínačů jedno nebo dvoupólových polozapuštěných nebo zapuštěných se zapojením vodičů šroubové připojení, pro prostředí normální spínačů, řazení 1-jednopólových","kus",{"v":2,"d":"2.000"},169.51,{"$f":"ROUND(I290*H290,2)","v":339.02},"CS ÚRS 2025 01",null,"","základní",null,{"$f":"O290*H290","v":{"v":0,"d":"0.00000"}},{"v":0,"d":"0.00000"},{"$f":"Q290*H290","v":{"v":0,"d":"0.00000"}},{"v":0,"d":"0.00000"},{"$f":"S290*H290","v":{"v":0,"d":"0.00000"}},{"$nulls":23},"16",null,"K","2",{"$nulls":3},"ROZPOCET",{"$nulls":5},{"$f":"IF(N290=\"základní\",J290,0)","v":339.02},{"$f":"IF(N290=\"snížená\",J290,0)","v":{"v":0,"d":"0.00"}},{"$f":"IF(N290=\"zákl. přenesená\",J290,0)","v":{"v":0,"d":"0.00"}},{"$f":"IF(N290=\"sníž. přenesená\",J290,0)","v":{"v":0,"d":"0.00"}},{"$f":"IF(N290=\"nulová\",J290,0)","v":{"v":0,"d":"0.00"}},"1",{"$f":"ROUND(I290*H290,2)","v":339.02},"16","-1498433658"]
[{"$nulls":3},"Online PSC",null,"https://podminky.urs.cz/item/CS_URS_2025_01/741310201",{"$nulls":39},"Online PSC","2"]
[{"$nulls":3},"VV","","\"včetně montáže rámečku, krytu\"",null,"",{"$nulls":37},"VV","2","1","True","0","ROZPOCET"]
[{"$nulls":3},"VV","","\"WC - tlačítko ventilátoru\"",null,"",{"$nulls":37},"VV","2","1","True","0","ROZPOCET"]
[{"$nulls":3},"VV","","1",null,{"v":1,"d":"1.000"},{"$nulls":37},"VV","2","2","True","0","ROZPOCET"]
[{"$nulls":3},"VV","","\"koupelna - tlačítko ventilátoru\"",null,"",{"$nulls":37},"VV","2","1","True","0","ROZPOCET"]
[{"$nulls":3},"VV","","1",null,{"v":1,"d":"1.000"},{"$nulls":37},"VV","2","2","True","0","ROZPOCET"]
[{"$nulls":3},"VV","","Součet",null,{"v":2,"d":"2.000"},{"$nulls":37},"VV","2","4","True","1","ROZPOCET"]
[null,null,"61","M","34535000","spínač kompletní, zápustný, jednopólový, řazení 1, šroubové svorky","kus",{"v":2,"d":"2.000"},90.59,{"$f":"ROUND(I298*H298,2)","v":181.18},"CS ÚRS 2025 01",null,"","základní",null,{"$f":"O298*H298","v":{"v":0,"d":"0.00000"}},{"v":4e-05,"d":"0.00004"},{"$f":"Q298*H298","v":{"v":8e-05,"d":"0.00008"}},{"v":0,"d":"0.00000"},{"$f":"S298*H298","v":{"v":0,"d":"0.00000"}},{"$nulls":23},"32",null,"M","2",{"$nulls":3},"ROZPOCET",{"$nulls":5},{"$f":"IF(N298=\"základní\",J298,0)","v":181.18},{"$f":"IF(N298=\"snížená\",J298,0)","v":{"v":0,"d":"0.00"}},{"$f":"IF(N298=\"zákl. přenesená\",J298,0)","v":{"v":0,"d":"0.00"}},{"$f":"IF(N298=\"sníž. přenesená\",J298,0)","v":{"v":0,"d":"0.00"}},{"$f":"IF(N298=\"nulová\",J298,0)","v":{"v":0,"d":"0.00"}},"1",{"$f":"ROUND(I298*H298,2)","v":181.18},"16","1770159029"]
[null,null,"62","K","741310251","Montáž spínačů jedno nebo dvoupólových polozapuštěných nebo zapuštěných se zapojením vodičů šroubové připojení, pro prostředí venkovní nebo mokré spínačů, řazení 1-jednopólových","kus",{"v":3,"d":"3.000"},184.58,{"$f":"ROUND(I299*H299,2)","v":553.74},"CS ÚRS 2025 01",null,"","základní",null,{"$f":"O299*H299","v":{"v":0,"d":"0.00000"}},{"v":0,"d":"0.00000"},{"$f":"Q299*H299","v":{"v":0,"d":"0.00000"}},{"v":0,"d":"0.00000"},{"$f":"S299*H299","v":{"v":0,"d":"0.00000"}},{"$nulls":23},"16",null,"K","2",{"$nulls":3},"ROZPOCET",{"$nulls":5},{"$f":"IF(N299=\"základní\",J299,0)","v":553.74},{"$f":"IF(N299=\"snížená\",J299,0)","v":{"v":0,"d":"0.00"}},{"$f":"IF(N299=\"zákl. přenesená\",J299,0)","v":{"v":0,"d":"0.00"}},{"$f":"IF(N299=\"sníž. přenesená\",J299,0)","v":{"v":0,"d":"0.00"}},{"$f":"IF(N299=\"nulová\",J299,0)","v":{"v":0,"d":"0.00"}},"1",{"$f":"ROUND(I299*H299,2)","v":553.74},"16","-2028220329"]
[{"$nulls":3},"Online PSC",null,"https://podminky.urs.cz/item/CS_URS_2025_01/741310251",{"$nulls":39},"Online PSC","2"]
[{"$nulls":3},"VV","","\"WC - spínač osvětlení\"",null,"",{"$nulls":37},"VV","2","1","True","0","ROZPOCET"]
[{"$nulls":3},"VV","","2",null,{"v":2,"d":"2.000"},{"$nulls":37},"VV","2","2","True","0","ROZPOCET"]
[{"$nulls":3},"VV","","\"koupelna - spínač osvětlení\"",null,"",{"$nulls":37},"VV","2","1","True","0","ROZPOCET"]
[{"$nulls":3},"VV","","1",null,{"v":1,"d":"1.000"},{"$nulls":37},"VV","2","2","True","0","ROZPOCET"]
[{"$nulls":3},"VV","","Součet",null,{"v":3,"d":"3.000"},{"$nulls":37},"VV","2","4","True","1","ROZPOCET"]
[null,null,"63","M","34535025","přístroj spínače zápustného jednopólového, s krytem, řazení 1, IP44, šroubové svorky, bílý","kus",{"v":3,"d":"3.000"},140.67,{"$f":"ROUND(I306*H306,2)","v":422.01},"CS ÚRS 2025 01",null,"","základní",null,{"$f":"O306*H306","v":{"v":0,"d":"0.00000"}},{"v":8e-05,"d":"0.00008"},{"$f":"Q306*H306","v":{"v":2.4000000000000003E-4,"d":"0.00024"}},{"v":0,"d":"0.00000"},{"$f":"S306*H306","v":{"v":0,"d":"0.00000"}},{"$nulls":23},"32",null,"M","2",{"$nulls":3},"ROZPOCET",{"$nulls":5},{"$f":"IF(N306=\"základní\",J306,0)","v":422.01},{"$f":"IF(N306=\"snížená\",J306,0)","v":{"v":0,"d":"0.00"}},{"$f":"IF(N306=\"zákl. přenesená\",J306,0)","v":{"v":0,"d":"0.00"}},{"$f":"IF(N306=\"sníž. přenesená\",J306,0)","v":{"v":0,"d":"0.00"}},{"$f":"IF(N306=\"nulová\",J306,0)","v":{"v":0,"d":"0.00"}},"1",{"$f":"ROUND(I306*H306,2)","v":422.01},"16","-938748783"]
[null,null,"64","M","34535013","přístroj přepínače sériového zápustného, s krytem, řazení 5, IP44, šroubové svorky","kus",{"v":3,"d":"3.000"},210.08,{"$f":"ROUND(I307*H307,2)","v":630.24},"CS ÚRS 2025 01",null,"","základní",null,{"$f":"O307*H307","v":{"v":0,"d":"0.00000"}},{"v":8e-05,"d":"0.00008"},{"$f":"Q307*H307","v":{"v":2.4000000000000003E-4,"d":"0.00024"}},{"v":0,"d":"0.00000"},{"$f":"S307*H307","v":{"v":0,"d":"0.00000"}},{"$nulls":23},"32",null,"M","2",{"$nulls":3},"ROZPOCET",{"$nulls":5},{"$f":"IF(N307=\"základní\",J307,0)","v":630.24},{"$f":"IF(N307=\"snížená\",J307,0)","v":{"v":0,"d":"0.00"}},{"$f":"IF(N307=\"zákl. přenesená\",J307,0)","v":{"v":0,"d":"0.00"}},{"$f":"IF(N307=\"sníž. přenesená\",J307,0)","v":{"v":0,"d":"0.00"}},{"$f":"IF(N307=\"nulová\",J307,0)","v":{"v":0,"d":"0.00"}},"1",{"$f":"ROUND(I307*H307,2)","v":630.24},"16","14913059"]
[null,null,"65","M","34539059","rámeček jednonásobný, bílý","kus",{"v":3,"d":"3.000"},22.04,{"$f":"ROUND(I308*H308,2)","v":66.12},"CS ÚRS 2025 01",null,"","základní",null,{"$f":"O308*H308","v":{"v":0,"d":"0.00000"}},{"v":1e-05,"d":"0.00001"},{"$f":"Q308*H308","v":{"v":3.0000000000000004E-5,"d":"0.00003"}},{"v":0,"d":"0.00000"},{"$f":"S308*H308","v":{"v":0,"d":"0.00000"}},{"$nulls":23},"32",null,"M","2",{"$nulls":3},"ROZPOCET",{"$nulls":5},{"$f":"IF(N308=\"základní\",J308,0)","v":66.12},{"$f":"IF(N308=\"snížená\",J308,0)","v":{"v":0,"d":"0.00"}},{"$f":"IF(N308=\"zákl. přenesená\",J308,0)","v":{"v":0,"d":"0.00"}},{"$f":"IF(N308=\"sníž. přenesená\",J308,0)","v":{"v":0,"d":"0.00"}},{"$f":"IF(N308=\"nulová\",J308,0)","v":{"v":0,"d":"0.00"}},"1",{"$f":"ROUND(I308*H308,2)","v":66.12},"16","-702833628"]
[null,null,"66","K","741313043","Montáž zásuvek domovních se zapojením vodičů šroubové připojení polozapuštěných nebo zapuštěných 10/16 A, provedení 2x (2P + PE) dvojnásobná","kus",{"v":1,"d":"1.000"},169.51,{"$f":"ROUND(I309*H309,2)","v":169.51},"CS ÚRS 2025 01",null,"","základní",null,{"$f":"O309*H309","v":{"v":0,"d":"0.00000"}},{"v":0,"d":"0.00000"},{"$f":"Q309*H309","v":{"v":0,"d":"0.00000"}},{"v":0,"d":"0.00000"},{"$f":"S309*H309","v":{"v":0,"d":"0.00000"}},{"$nulls":23},"16",null,"K","2",{"$nulls":3},"ROZPOCET",{"$nulls":5},{"$f":"IF(N309=\"základní\",J309,0)","v":169.51},{"$f":"IF(N309=\"snížená\",J309,0)","v":{"v":0,"d":"0.00"}},{"$f":"IF(N309=\"zákl. přenesená\",J309,0)","v":{"v":0,"d":"0.00"}},{"$f":"IF(N309=\"sníž. přenesená\",J309,0)","v":{"v":0,"d":"0.00"}},{"$f":"IF(N309=\"nulová\",J309,0)","v":{"v":0,"d":"0.00"}},"1",{"$f":"ROUND(I309*H309,2)","v":169.51},"16","1780925666"]
[{"$nulls":3},"Online PSC",null,"https://podminky.urs.cz/item/CS_URS_2025_01/741313043",{"$nulls":39},"Online PSC","2"]
[{"$nulls":3},"VV","","\"koupelna\"",null,"",{"$nulls":37},"VV","2","1","True","0","ROZPOCET"]
[{"$nulls":3},"VV","","1",null,{"v":1,"d":"1.000"},{"$nulls":37},"VV","2","2","True","1","ROZPOCET"]
[null,null,"67","M","34555201","zásuvka zápustná dvojnásobná chráněná, šroubové svorky","kus",{"v":1,"d":"1.000"},176.29,{"$f":"ROUND(I313*H313,2)","v":176.29},"CS ÚRS 2025 01",null,"","základní",null,{"$f":"O313*H313","v":{"v":0,"d":"0.00000"}},{"v":9e-05,"d":"0.00009"},{"$f":"Q313*H313","v":{"v":9e-05,"d":"0.00009"}},{"v":0,"d":"0.00000"},{"$f":"S313*H313","v":{"v":0,"d":"0.00000"}},{"$nulls":23},"32",null,"M","2",{"$nulls":3},"ROZPOCET",{"$nulls":5},{"$f":"IF(N313=\"základní\",J313,0)","v":176.29},{"$f":"IF(N313=\"snížená\",J313,0)","v":{"v":0,"d":"0.00"}},{"$f":"IF(N313=\"zákl. přenesená\",J313,0)","v":{"v":0,"d":"0.00"}},{"$f":"IF(N313=\"sníž. přenesená\",J313,0)","v":{"v":0,"d":"0.00"}},{"$f":"IF(N313=\"nulová\",J313,0)","v":{"v":0,"d":"0.00"}},"1",{"$f":"ROUND(I313*H313,2)","v":176.29},"16","747925429"]
[null,null,"68","K","741372012","Montáž svítidel s integrovaným zdrojem LED se zapojením vodičů interiérových přisazených nástěnných reflektorových bez pohybového čidla","kus",{"v":2,"d":"2.000"},{"v":329.6,"d":"329.60"},{"$f":"ROUND(I314*H314,2)","v":{"v":659.2,"d":"659.20"}},"CS ÚRS 2025 01",null,"","základní",null,{"$f":"O314*H314","v":{"v":0,"d":"0.00000"}},{"v":0,"d":"0.00000"},{"$f":"Q314*H314","v":{"v":0,"d":"0.00000"}},{"v":0,"d":"0.00000"},{"$f":"S314*H314","v":{"v":0,"d":"0.00000"}},{"$nulls":23},"16",null,"K","2",{"$nulls":3},"ROZPOCET",{"$nulls":5},{"$f":"IF(N314=\"základní\",J314,0)","v":{"v":659.2,"d":"659.20"}},{"$f":"IF(N314=\"snížená\",J314,0)","v":{"v":0,"d":"0.00"}},{"$f":"IF(N314=\"zákl. přenesená\",J314,0)","v":{"v":0,"d":"0.00"}},{"$f":"IF(N314=\"sníž. přenesená\",J314,0)","v":{"v":0,"d":"0.00"}},{"$f":"IF(N314=\"nulová\",J314,0)","v":{"v":0,"d":"0.00"}},"1",{"$f":"ROUND(I314*H314,2)","v":{"v":659.2,"d":"659.20"}},"16","1624421801"]
[{"$nulls":3},"Online PSC",null,"https://podminky.urs.cz/item/CS_URS_2025_01/741372012",{"$nulls":39},"Online PSC","2"]
[{"$nulls":3},"VV","","\"WC\"",null,"",{"$nulls":37},"VV","2","1","True","0","ROZPOCET"]
[{"$nulls":3},"VV","","1",null,{"v":1,"d":"1.000"},{"$nulls":37},"VV","2","2","True","0","ROZPOCET"]
[{"$nulls":3},"VV","","\"koupelna\"",null,"",{"$nulls":37},"VV","2","1","True","0","ROZPOCET"]
[{"$nulls":3},"VV","","1",null,{"v":1,"d":"1.000"},{"$nulls":37},"VV","2","2","True","0","ROZPOCET"]
[{"$nulls":3},"VV","","Součet",null,{"v":2,"d":"2.000"},{"$nulls":37},"VV","2","4","True","1","ROZPOCET"]
[null,null,"69","M","34835008R","LED svítidlo nástěnné, vhodné do koupelny, IP ochrana: krytí IP44","kus",{"v":2,"d":"2.000"},531.32,{"$f":"ROUND(I321*H321,2)","v":{"v":1062.64,"d":"1,062.64"}},"vlastní",null,"","základní",null,{"$f":"O321*H321","v":{"v":0,"d":"0.00000"}},0.00034,{"$f":"Q321*H321","v":0.00068},{"v":0,"d":"0.00000"},{"$f":"S321*H321","v":{"v":0,"d":"0.00000"}},{"$nulls":23},"32",null,"M","2",{"$nulls":3},"ROZPOCET",{"$nulls":5},{"$f":"IF(N321=\"základní\",J321,0)","v":{"v":1062.64,"d":"1,062.64"}},{"$f":"IF(N321=\"snížená\",J321,0)","v":{"v":0,"d":"0.00"}},{"$f":"IF(N321=\"zákl. přenesená\",J321,0)","v":{"v":0,"d":"0.00"}},{"$f":"IF(N321=\"sníž. přenesená\",J321,0)","v":{"v":0,"d":"0.00"}},{"$f":"IF(N321=\"nulová\",J321,0)","v":{"v":0,"d":"0.00"}},"1",{"$f":"ROUND(I321*H321,2)","v":{"v":1062.64,"d":"1,062.64"}},"16","1575519134"]
[{"$nulls":3},"VV","","\"výkon 5-9 W, světelný tok 400-800 lm\"",null,"",{"$nulls":37},"VV","2","1","True","0","ROZPOCET"]
[{"$nulls":3},"VV","","2",null,{"v":2,"d":"2.000"},{"$nulls":37},"VV","2","2","True","1","ROZPOCET"]
[null,null,"70","K","998741103","Přesun hmot pro silnoproud stanovený z hmotnosti přesunovaného materiálu vodorovná dopravní vzdálenost do 50 m základní v objektech výšky přes 12 do 24 m","t",{"v":1E-3,"d":"0.001"},{"v":1271.33,"d":"1,271.33"},{"$f":"ROUND(I324*H324,2)","v":1.27},"CS ÚRS 2025 01",null,"","základní",null,{"$f":"O324*H324","v":{"v":0,"d":"0.00000"}},{"v":0,"d":"0.00000"},{"$f":"Q324*H324","v":{"v":0,"d":"0.00000"}},{"v":0,"d":"0.00000"},{"$f":"S324*H324","v":{"v":0,"d":"0.00000"}},{"$nulls":23},"16",null,"K","2",{"$nulls":3},"ROZPOCET",{"$nulls":5},{"$f":"IF(N324=\"základní\",J324,0)","v":1.27},{"$f":"IF(N324=\"snížená\",J324,0)","v":{"v":0,"d":"0.00"}},{"$f":"IF(N324=\"zákl. přenesená\",J324,0)","v":{"v":0,"d":"0.00"}},{"$f":"IF(N324=\"sníž. přenesená\",J324,0)","v":{"v":0,"d":"0.00"}},{"$f":"IF(N324=\"nulová\",J324,0)","v":{"v":0,"d":"0.00"}},"1",{"$f":"ROUND(I324*H324,2)","v":1.27},"16","1900762462"]
[{"$nulls":3},"Online PSC",null,"https://podminky.urs.cz/item/CS_URS_2025_01/998741103",{"$nulls":39},"Online PSC","2"]
[{"$nulls":3},"D","751","Vzduchotechnika",{"$nulls":3},{"$f":"BK326","v":{"v":1391.25,"d":"1,391.25"}},{"$nulls":5},{"$f":"SUM(P327:P337)","v":{"v":0,"d":"0.00000"}},null,{"$f":"SUM(R327:R337)","v":{"v":0.0007,"d":"0.00070"}},null,{"$f":"SUM(T327:T337)","v":{"v":1E-4,"d":"0.00010"}},{"$nulls":23},"2",null,"D","1",{"$nulls":3},"ROZPOCET",{"$nulls":11},{"$f":"SUM(BK327:BK337)","v":{"v":1391.25,"d":"1,391.25"}}]
[null,null,"71","K","751398821.R","Demontáž ostatních zařízení větrací mřížky průřezu do 0,040 m2","kus",{"v":2,"d":"2.000"},226.01,{"$f":"ROUND(I327*H327,2)","v":452.02},"vlastní",null,"","základní",null,{"$f":"O327*H327","v":{"v":0,"d":"0.00000"}},{"v":0,"d":"0.00000"},{"$f":"Q327*H327","v":{"v":0,"d":"0.00000"}},{"v":5e-05,"d":"0.00005"},{"$f":"S327*H327","v":{"v":1E-4,"d":"0.00010"}},{"$nulls":23},"16",null,"K","2",{"$nulls":3},"ROZPOCET",{"$nulls":5},{"$f":"IF(N327=\"základní\",J327,0)","v":452.02},{"$f":"IF(N327=\"snížená\",J327,0)","v":{"v":0,"d":"0.00"}},{"$f":"IF(N327=\"zákl. přenesená\",J327,0)","v":{"v":0,"d":"0.00"}},{"$f":"IF(N327=\"sníž. přenesená\",J327,0)","v":{"v":0,"d":"0.00"}},{"$f":"IF(N327=\"nulová\",J327,0)","v":{"v":0,"d":"0.00"}},"1",{"$f":"ROUND(I327*H327,2)","v":452.02},"16","236361926"]
[{"$nulls":3},"VV","","\"WC\"",null,"",{"$nulls":37},"VV","2","1","True","0","ROZPOCET"]
[{"$nulls":3},"VV","","1",null,{"v":1,"d":"1.000"},{"$nulls":37},"VV","2","2","True","0","ROZPOCET"]
[{"$nulls":3},"VV","","\"koupelna\"",null,"",{"$nulls":37},"VV","2","1","True","0","ROZPOCET"]
[{"$nulls":3},"VV","","1",null,{"v":1,"d":"1.000"},{"$nulls":37},"VV","2","2","True","0","ROZPOCET"]
[{"$nulls":3},"VV","","Součet",null,{"v":2,"d":"2.000"},{"$nulls":37},"VV","2","4","True","1","ROZPOCET"]
[null,null,"72","K","767810112","Montáž větracích mřížek ocelových čtyřhranných, průřezu přes 0,01 do 0,04 m2","kus",{"v":2,"d":"2.000"},280.63,{"$f":"ROUND(I333*H333,2)","v":561.26},"CS ÚRS 2025 01",null,"","základní",null,{"$f":"O333*H333","v":{"v":0,"d":"0.00000"}},{"v":0,"d":"0.00000"},{"$f":"Q333*H333","v":{"v":0,"d":"0.00000"}},{"v":0,"d":"0.00000"},{"$f":"S333*H333","v":{"v":0,"d":"0.00000"}},{"$nulls":23},"16",null,"K","2",{"$nulls":3},"ROZPOCET",{"$nulls":5},{"$f":"IF(N333=\"základní\",J333,0)","v":561.26},{"$f":"IF(N333=\"snížená\",J333,0)","v":{"v":0,"d":"0.00"}},{"$f":"IF(N333=\"zákl. přenesená\",J333,0)","v":{"v":0,"d":"0.00"}},{"$f":"IF(N333=\"sníž. přenesená\",J333,0)","v":{"v":0,"d":"0.00"}},{"$f":"IF(N333=\"nulová\",J333,0)","v":{"v":0,"d":"0.00"}},"1",{"$f":"ROUND(I333*H333,2)","v":561.26},"16","-1896636078"]
[{"$nulls":3},"Online PSC",null,"https://podminky.urs.cz/item/CS_URS_2025_01/767810112",{"$nulls":39},"Online PSC","2"]
[null,null,"73","M","55341426.R","mřížka větrací nerezová se síťovinou 200x100mm","kus",{"v":2,"d":"2.000"},188.35,{"$f":"ROUND(I335*H335,2)","v":{"v":376.7,"d":"376.70"}},"vlastní",null,"","základní",null,{"$f":"O335*H335","v":{"v":0,"d":"0.00000"}},{"v":3.5E-4,"d":"0.00035"},{"$f":"Q335*H335","v":{"v":0.0007,"d":"0.00070"}},{"v":0,"d":"0.00000"},{"$f":"S335*H335","v":{"v":0,"d":"0.00000"}},{"$nulls":23},"32",null,"M","2",{"$nulls":3},"ROZPOCET",{"$nulls":5},{"$f":"IF(N335=\"základní\",J335,0)","v":{"v":376.7,"d":"376.70"}},{"$f":"IF(N335=\"snížená\",J335,0)","v":{"v":0,"d":"0.00"}},{"$f":"IF(N335=\"zákl. přenesená\",J335,0)","v":{"v":0,"d":"0.00"}},{"$f":"IF(N335=\"sníž. přenesená\",J335,0)","v":{"v":0,"d":"0.00"}},{"$f":"IF(N335=\"nulová\",J335,0)","v":{"v":0,"d":"0.00"}},"1",{"$f":"ROUND(I335*H335,2)","v":{"v":376.7,"d":"376.70"}},"16","-1485656491"]
[null,null,"74","K","998751102","Přesun hmot pro vzduchotechniku stanovený z hmotnosti přesunovaného materiálu vodorovná dopravní vzdálenost do 100 m základní v objektech výšky přes 12 do 24 m","t",{"v":1E-3,"d":"0.001"},{"v":1271.33,"d":"1,271.33"},{"$f":"ROUND(I336*H336,2)","v":1.27},"CS ÚRS 2025 01",null,"","základní",null,{"$f":"O336*H336","v":{"v":0,"d":"0.00000"}},{"v":0,"d":"0.00000"},{"$f":"Q336*H336","v":{"v":0,"d":"0.00000"}},{"v":0,"d":"0.00000"},{"$f":"S336*H336","v":{"v":0,"d":"0.00000"}},{"$nulls":23},"16",null,"K","2",{"$nulls":3},"ROZPOCET",{"$nulls":5},{"$f":"IF(N336=\"základní\",J336,0)","v":1.27},{"$f":"IF(N336=\"snížená\",J336,0)","v":{"v":0,"d":"0.00"}},{"$f":"IF(N336=\"zákl. přenesená\",J336,0)","v":{"v":0,"d":"0.00"}},{"$f":"IF(N336=\"sníž. přenesená\",J336,0)","v":{"v":0,"d":"0.00"}},{"$f":"IF(N336=\"nulová\",J336,0)","v":{"v":0,"d":"0.00"}},"1",{"$f":"ROUND(I336*H336,2)","v":1.27},"16","-1571768699"]
[{"$nulls":3},"Online PSC",null,"https://podminky.urs.cz/item/CS_URS_2025_01/998751102",{"$nulls":39},"Online PSC","2"]
[{"$nulls":3},"D","766","Konstrukce truhlářské",{"$nulls":3},{"$f":"BK338","v":{"v":7566.69,"d":"7,566.69"}},{"$nulls":5},{"$f":"SUM(P339:P357)","v":{"v":0,"d":"0.00000"}},null,{"$f":"SUM(R339:R357)","v":{"v":0.026,"d":"0.02600"}},null,{"$f":"SUM(T339:T357)","v":{"v":0.05,"d":"0.05000"}},{"$nulls":23},"2",null,"D","1",{"$nulls":3},"ROZPOCET",{"$nulls":11},{"$f":"SUM(BK339:BK357)","v":{"v":7566.69,"d":"7,566.69"}}]
[null,null,"75","K","766691914","Ostatní práce vyvěšení nebo zavěšení křídel dřevěných dveřních, plochy do 2 m2","kus",{"v":2,"d":"2.000"},36.73,{"$f":"ROUND(I339*H339,2)","v":73.46},"CS ÚRS 2025 01",null,"","základní",null,{"$f":"O339*H339","v":{"v":0,"d":"0.00000"}},{"v":0,"d":"0.00000"},{"$f":"Q339*H339","v":{"v":0,"d":"0.00000"}},{"v":0.024,"d":"0.02400"},{"$f":"S339*H339","v":{"v":0.048,"d":"0.04800"}},{"$nulls":23},"16",null,"K","2",{"$nulls":3},"ROZPOCET",{"$nulls":5},{"$f":"IF(N339=\"základní\",J339,0)","v":73.46},{"$f":"IF(N339=\"snížená\",J339,0)","v":{"v":0,"d":"0.00"}},{"$f":"IF(N339=\"zákl. přenesená\",J339,0)","v":{"v":0,"d":"0.00"}},{"$f":"IF(N339=\"sníž. přenesená\",J339,0)","v":{"v":0,"d":"0.00"}},{"$f":"IF(N339=\"nulová\",J339,0)","v":{"v":0,"d":"0.00"}},"1",{"$f":"ROUND(I339*H339,2)","v":73.46},"16","-559773667"]
[{"$nulls":3},"Online PSC",null,"https://podminky.urs.cz/item/CS_URS_2025_01/766691914",{"$nulls":39},"Online PSC","2"]
[{"$nulls":3},"VV","","\"WC\"",null,"",{"$nulls":37},"VV","2","1","True","0","ROZPOCET"]
[{"$nulls":3},"VV","","1",null,{"v":1,"d":"1.000"},{"$nulls":37},"VV","2","2","True","0","ROZPOCET"]
[{"$nulls":3},"VV","","\"koupelna\"",null,"",{"$nulls":37},"VV","2","1","True","0","ROZPOCET"]
[{"$nulls":3},"VV","","1",null,{"v":1,"d":"1.000"},{"$nulls":37},"VV","2","2","True","0","ROZPOCET"]
[{"$nulls":3},"VV","","Součet",null,{"v":2,"d":"2.000"},{"$nulls":37},"VV","2","4","True","1","ROZPOCET"]
[null,null,"76","K","766491851","Demontáž ostatních truhlářských konstrukcí prahů dveří jednokřídlových","kus",{"v":2,"d":"2.000"},36.73,{"$f":"ROUND(I346*H346,2)","v":73.46},"CS ÚRS 2025 01",null,"","základní",null,{"$f":"O346*H346","v":{"v":0,"d":"0.00000"}},{"v":0,"d":"0.00000"},{"$f":"Q346*H346","v":{"v":0,"d":"0.00000"}},{"v":1E-3,"d":"0.00100"},{"$f":"S346*H346","v":{"v":2E-3,"d":"0.00200"}},{"$nulls":23},"16",null,"K","2",{"$nulls":3},"ROZPOCET",{"$nulls":5},{"$f":"IF(N346=\"základní\",J346,0)","v":73.46},{"$f":"IF(N346=\"snížená\",J346,0)","v":{"v":0,"d":"0.00"}},{"$f":"IF(N346=\"zákl. přenesená\",J346,0)","v":{"v":0,"d":"0.00"}},{"$f":"IF(N346=\"sníž. přenesená\",J346,0)","v":{"v":0,"d":"0.00"}},{"$f":"IF(N346=\"nulová\",J346,0)","v":{"v":0,"d":"0.00"}},"1",{"$f":"ROUND(I346*H346,2)","v":73.46},"16","52388442"]
[{"$nulls":3},"Online PSC",null,"https://podminky.urs.cz/item/CS_URS_2025_01/766491851",{"$nulls":39},"Online PSC","2"]
[{"$nulls":3},"VV","","\"WC\"",null,"",{"$nulls":37},"VV","2","1","True","0","ROZPOCET"]
[{"$nulls":3},"VV","","1",null,{"v":1,"d":"1.000"},{"$nulls":37},"VV","2","2","True","0","ROZPOCET"]
[{"$nulls":3},"VV","","\"koupelna\"",null,"",{"$nulls":37},"VV","2","1","True","0","ROZPOCET"]
[{"$nulls":3},"VV","","1",null,{"v":1,"d":"1.000"},{"$nulls":37},"VV","2","2","True","0","ROZPOCET"]
[{"$nulls":3},"VV","","Součet",null,{"v":2,"d":"2.000"},{"$nulls":37},"VV","2","4","True","1","ROZPOCET"]
[null,null,"77","K","766660001","Montáž dveřních křídel dřevěných nebo plastových otevíravých do ocelové zárubně povrchově upravených jednokřídlových, šířky do 800 mm","kus",{"v":2,"d":"2.000"},800.47,{"$f":"ROUND(I353*H353,2)","v":{"v":1600.94,"d":"1,600.94"}},"CS ÚRS 2025 01",null,"","základní",null,{"$f":"O353*H353","v":{"v":0,"d":"0.00000"}},{"v":0,"d":"0.00000"},{"$f":"Q353*H353","v":{"v":0,"d":"0.00000"}},{"v":0,"d":"0.00000"},{"$f":"S353*H353","v":{"v":0,"d":"0.00000"}},{"$nulls":23},"16",null,"K","2",{"$nulls":3},"ROZPOCET",{"$nulls":5},{"$f":"IF(N353=\"základní\",J353,0)","v":{"v":1600.94,"d":"1,600.94"}},{"$f":"IF(N353=\"snížená\",J353,0)","v":{"v":0,"d":"0.00"}},{"$f":"IF(N353=\"zákl. přenesená\",J353,0)","v":{"v":0,"d":"0.00"}},{"$f":"IF(N353=\"sníž. přenesená\",J353,0)","v":{"v":0,"d":"0.00"}},{"$f":"IF(N353=\"nulová\",J353,0)","v":{"v":0,"d":"0.00"}},"1",{"$f":"ROUND(I353*H353,2)","v":{"v":1600.94,"d":"1,600.94"}},"16","-1307132109"]
[{"$nulls":3},"Online PSC",null,"https://podminky.urs.cz/item/CS_URS_2025_01/766660001",{"$nulls":39},"Online PSC","2"]
[null,null,"78","M","MSN.0027212.URS","dveře interiérové jednokřídlé plné, voština, CPL standard, 60x197","kus",{"v":2,"d":"2.000"},{"v":2892.89,"d":"2,892.89"},{"$f":"ROUND(I355*H355,2)","v":{"v":5785.78,"d":"5,785.78"}},"vlastní",null,"","základní",null,{"$f":"O355*H355","v":{"v":0,"d":"0.00000"}},{"v":0.013,"d":"0.01300"},{"$f":"Q355*H355","v":{"v":0.026,"d":"0.02600"}},{"v":0,"d":"0.00000"},{"$f":"S355*H355","v":{"v":0,"d":"0.00000"}},{"$nulls":23},"32",null,"M","2",{"$nulls":3},"ROZPOCET",{"$nulls":5},{"$f":"IF(N355=\"základní\",J355,0)","v":{"v":5785.78,"d":"5,785.78"}},{"$f":"IF(N355=\"snížená\",J355,0)","v":{"v":0,"d":"0.00"}},{"$f":"IF(N355=\"zákl. přenesená\",J355,0)","v":{"v":0,"d":"0.00"}},{"$f":"IF(N355=\"sníž. přenesená\",J355,0)","v":{"v":0,"d":"0.00"}},{"$f":"IF(N355=\"nulová\",J355,0)","v":{"v":0,"d":"0.00"}},"1",{"$f":"ROUND(I355*H355,2)","v":{"v":5785.78,"d":"5,785.78"}},"16","-226724276"]
[null,null,"79","K","998766103","Přesun hmot pro konstrukce truhlářské stanovený z hmotnosti přesunovaného materiálu vodorovná dopravní vzdálenost do 50 m základní v objektech výšky přes 12 do 24 m","t",0.026,{"v":1271.33,"d":"1,271.33"},{"$f":"ROUND(I356*H356,2)","v":33.05},"CS ÚRS 2025 01",null,"","základní",null,{"$f":"O356*H356","v":{"v":0,"d":"0.00000"}},{"v":0,"d":"0.00000"},{"$f":"Q356*H356","v":{"v":0,"d":"0.00000"}},{"v":0,"d":"0.00000"},{"$f":"S356*H356","v":{"v":0,"d":"0.00000"}},{"$nulls":23},"16",null,"K","2",{"$nulls":3},"ROZPOCET",{"$nulls":5},{"$f":"IF(N356=\"základní\",J356,0)","v":33.05},{"$f":"IF(N356=\"snížená\",J356,0)","v":{"v":0,"d":"0.00"}},{"$f":"IF(N356=\"zákl. přenesená\",J356,0)","v":{"v":0,"d":"0.00"}},{"$f":"IF(N356=\"sníž. přenesená\",J356,0)","v":{"v":0,"d":"0.00"}},{"$f":"IF(N356=\"nulová\",J356,0)","v":{"v":0,"d":"0.00"}},"1",{"$f":"ROUND(I356*H356,2)","v":33.05},"16","-136847672"]
[{"$nulls":3},"Online PSC",null,"https://podminky.urs.cz/item/CS_URS_2025_01/998766103",{"$nulls":39},"Online PSC","2"]
[{"$nulls":3},"D","767","Konstrukce zámečnické",{"$nulls":3},{"$f":"BK358","v":{"v":1144.53,"d":"1,144.53"}},{"$nulls":5},{"$f":"SUM(P359:P370)","v":{"v":0,"d":"0.00000"}},null,{"$f":"SUM(R359:R370)","v":{"v":1.4116999999999999E-3,"d":"0.00141"}},null,{"$f":"SUM(T359:T370)","v":{"v":0.0005,"d":"0.00050"}},{"$nulls":23},"2",null,"D","1",{"$nulls":3},"ROZPOCET",{"$nulls":11},{"$f":"SUM(BK359:BK370)","v":{"v":1144.53,"d":"1,144.53"}}]
[null,null,"80","K","742110871","Demontáž dvířek revizních","kus",{"v":1,"d":"1.000"},226.01,{"$f":"ROUND(I359*H359,2)","v":226.01},"CS ÚRS 2025 01",null,"","základní",null,{"$f":"O359*H359","v":{"v":0,"d":"0.00000"}},{"v":0,"d":"0.00000"},{"$f":"Q359*H359","v":{"v":0,"d":"0.00000"}},{"v":0.0005,"d":"0.00050"},{"$f":"S359*H359","v":{"v":0.0005,"d":"0.00050"}},{"$nulls":23},"16",null,"K","2",{"$nulls":3},"ROZPOCET",{"$nulls":5},{"$f":"IF(N359=\"základní\",J359,0)","v":226.01},{"$f":"IF(N359=\"snížená\",J359,0)","v":{"v":0,"d":"0.00"}},{"$f":"IF(N359=\"zákl. přenesená\",J359,0)","v":{"v":0,"d":"0.00"}},{"$f":"IF(N359=\"sníž. přenesená\",J359,0)","v":{"v":0,"d":"0.00"}},{"$f":"IF(N359=\"nulová\",J359,0)","v":{"v":0,"d":"0.00"}},"1",{"$f":"ROUND(I359*H359,2)","v":226.01},"16","-1905908820"]
[{"$nulls":3},"Online PSC",null,"https://podminky.urs.cz/item/CS_URS_2025_01/742110871",{"$nulls":39},"Online PSC","2"]
[{"$nulls":3},"VV","","\"koupelna\"",null,"",{"$nulls":37},"VV","2","1","True","0","ROZPOCET"]
[{"$nulls":3},"VV","","1",null,{"v":1,"d":"1.000"},{"$nulls":37},"VV","2","2","True","0","ROZPOCET"]
[{"$nulls":3},"VV","","Součet",null,{"v":1,"d":"1.000"},{"$nulls":37},"VV","2","4","True","1","ROZPOCET"]
[null,null,"81","K","767646411","Montáž revizních dveří a dvířek hliníkových, ocelových nebo plastových s rámem jednokřídlových, plochy do 0,5 m2","m2",{"v":0.09,"d":"0.090"},{"v":3662.28,"d":"3,662.28"},{"$f":"ROUND(I364*H364,2)","v":329.61},"CS ÚRS 2025 01",null,"","základní",null,{"$f":"O364*H364","v":{"v":0,"d":"0.00000"}},0.00013,{"$f":"Q364*H364","v":{"v":1.1699999999999998E-5,"d":"0.00001"}},{"v":0,"d":"0.00000"},{"$f":"S364*H364","v":{"v":0,"d":"0.00000"}},{"$nulls":23},"16",null,"K","2",{"$nulls":3},"ROZPOCET",{"$nulls":5},{"$f":"IF(N364=\"základní\",J364,0)","v":329.61},{"$f":"IF(N364=\"snížená\",J364,0)","v":{"v":0,"d":"0.00"}},{"$f":"IF(N364=\"zákl. přenesená\",J364,0)","v":{"v":0,"d":"0.00"}},{"$f":"IF(N364=\"sníž. přenesená\",J364,0)","v":{"v":0,"d":"0.00"}},{"$f":"IF(N364=\"nulová\",J364,0)","v":{"v":0,"d":"0.00"}},"1",{"$f":"ROUND(I364*H364,2)","v":329.61},"16","-321336471"]
[{"$nulls":3},"Online PSC",null,"https://podminky.urs.cz/item/CS_URS_2025_01/767646411",{"$nulls":39},"Online PSC","2"]
[{"$nulls":3},"VV","","\"koupelna\"",null,"",{"$nulls":37},"VV","2","1","True","0","ROZPOCET"]
[{"$nulls":3},"VV","","0,3*0,3",null,{"v":0.09,"d":"0.090"},{"$nulls":37},"VV","2","2","True","1","ROZPOCET"]
[null,null,"82","M","59030711","dvířka revizní jednokřídlá s automatickým zámkem 300x300mm","kus",{"v":1,"d":"1.000"},587.64,{"$f":"ROUND(I368*H368,2)","v":587.64},"CS ÚRS 2025 01",null,"","základní",null,{"$f":"O368*H368","v":{"v":0,"d":"0.00000"}},{"v":1.4E-3,"d":"0.00140"},{"$f":"Q368*H368","v":{"v":1.4E-3,"d":"0.00140"}},{"v":0,"d":"0.00000"},{"$f":"S368*H368","v":{"v":0,"d":"0.00000"}},{"$nulls":23},"32",null,"M","2",{"$nulls":3},"ROZPOCET",{"$nulls":5},{"$f":"IF(N368=\"základní\",J368,0)","v":587.64},{"$f":"IF(N368=\"snížená\",J368,0)","v":{"v":0,"d":"0.00"}},{"$f":"IF(N368=\"zákl. přenesená\",J368,0)","v":{"v":0,"d":"0.00"}},{"$f":"IF(N368=\"sníž. přenesená\",J368,0)","v":{"v":0,"d":"0.00"}},{"$f":"IF(N368=\"nulová\",J368,0)","v":{"v":0,"d":"0.00"}},"1",{"$f":"ROUND(I368*H368,2)","v":587.64},"16","-629299423"]
[null,null,"83","K","998767103","Přesun hmot pro zámečnické konstrukce stanovený z hmotnosti přesunovaného materiálu vodorovná dopravní vzdálenost do 50 m základní v objektech výšky přes 12 do 24 m","t",{"v":1E-3,"d":"0.001"},{"v":1271.33,"d":"1,271.33"},{"$f":"ROUND(I369*H369,2)","v":1.27},"CS ÚRS 2025 01",null,"","základní",null,{"$f":"O369*H369","v":{"v":0,"d":"0.00000"}},{"v":0,"d":"0.00000"},{"$f":"Q369*H369","v":{"v":0,"d":"0.00000"}},{"v":0,"d":"0.00000"},{"$f":"S369*H369","v":{"v":0,"d":"0.00000"}},{"$nulls":23},"16",null,"K","2",{"$nulls":3},"ROZPOCET",{"$nulls":5},{"$f":"IF(N369=\"základní\",J369,0)","v":1.27},{"$f":"IF(N369=\"snížená\",J369,0)","v":{"v":0,"d":"0.00"}},{"$f":"IF(N369=\"zákl. přenesená\",J369,0)","v":{"v":0,"d":"0.00"}},{"$f":"IF(N369=\"sníž. přenesená\",J369,0)","v":{"v":0,"d":"0.00"}},{"$f":"IF(N369=\"nulová\",J369,0)","v":{"v":0,"d":"0.00"}},"1",{"$f":"ROUND(I369*H369,2)","v":1.27},"16","161172912"]
[{"$nulls":3},"Online PSC",null,"https://podminky.urs.cz/item/CS_URS_2025_01/998767103",{"$nulls":39},"Online PSC","2"]
[{"$nulls":3},"D","771","Podlahy z dlaždic",{"$nulls":3},{"$f":"BK371","v":{"v":12045.759999999998,"d":"12,045.76"}},{"$nulls":5},{"$f":"SUM(P372:P421)","v":{"v":0,"d":"0.00000"}},null,{"$f":"SUM(R372:R421)","v":{"v":0.1633004,"d":"0.16330"}},null,{"$f":"SUM(T372:T421)","v":{"v":0,"d":"0.00000"}},{"$nulls":23},"2",null,"D","1",{"$nulls":3},"ROZPOCET",{"$nulls":11},{"$f":"SUM(BK372:BK421)","v":{"v":12045.759999999998,"d":"12,045.76"}}]
[null,null,"84","K","771111011","Příprava podkladu před provedením dlažby vysátí podlah","m2",3.096,17.89,{"$f":"ROUND(I372*H372,2)","v":55.39},"CS ÚRS 2025 01",null,"","základní",null,{"$f":"O372*H372","v":{"v":0,"d":"0.00000"}},{"v":0,"d":"0.00000"},{"$f":"Q372*H372","v":{"v":0,"d":"0.00000"}},{"v":0,"d":"0.00000"},{"$f":"S372*H372","v":{"v":0,"d":"0.00000"}},{"$nulls":23},"16",null,"K","2",{"$nulls":3},"ROZPOCET",{"$nulls":5},{"$f":"IF(N372=\"základní\",J372,0)","v":55.39},{"$f":"IF(N372=\"snížená\",J372,0)","v":{"v":0,"d":"0.00"}},{"$f":"IF(N372=\"zákl. přenesená\",J372,0)","v":{"v":0,"d":"0.00"}},{"$f":"IF(N372=\"sníž. přenesená\",J372,0)","v":{"v":0,"d":"0.00"}},{"$f":"IF(N372=\"nulová\",J372,0)","v":{"v":0,"d":"0.00"}},"1",{"$f":"ROUND(I372*H372,2)","v":55.39},"16","-1669843448"]
[{"$nulls":3},"Online PSC",null,"https://podminky.urs.cz/item/CS_URS_2025_01/771111011",{"$nulls":39},"Online PSC","2"]
[{"$nulls":3},"VV","","\"WC\"",null,"",{"$nulls":37},"VV","2","1","True","0","ROZPOCET"]
[{"$nulls":3},"VV","","0,82*1,6",null,1.312,{"$nulls":37},"VV","2","2","True","0","ROZPOCET"]
[{"$nulls":3},"VV","","\"koupelna\"",null,"",{"$nulls":37},"VV","2","1","True","0","ROZPOCET"]
[{"$nulls":3},"VV","","1,72*0,85+0,92*0,35",null,1.784,{"$nulls":37},"VV","2","2","True","0","ROZPOCET"]
[{"$nulls":3},"VV","","Součet",null,3.096,{"$nulls":37},"VV","2","4","True","1","ROZPOCET"]
[null,null,"85","K","771121011","Nátěr penetrační na podlahu","m2",3.096,27.31,{"$f":"ROUND(I379*H379,2)","v":84.55},"CS ÚRS 2025 01",null,"","základní",null,{"$f":"O379*H379","v":{"v":0,"d":"0.00000"}},{"v":0.0003,"d":"0.00030"},{"$f":"Q379*H379","v":{"v":9.2879999999999992E-4,"d":"0.00093"}},{"v":0,"d":"0.00000"},{"$f":"S379*H379","v":{"v":0,"d":"0.00000"}},{"$nulls":23},"16",null,"K","2",{"$nulls":3},"ROZPOCET",{"$nulls":5},{"$f":"IF(N379=\"základní\",J379,0)","v":84.55},{"$f":"IF(N379=\"snížená\",J379,0)","v":{"v":0,"d":"0.00"}},{"$f":"IF(N379=\"zákl. přenesená\",J379,0)","v":{"v":0,"d":"0.00"}},{"$f":"IF(N379=\"sníž. přenesená\",J379,0)","v":{"v":0,"d":"0.00"}},{"$f":"IF(N379=\"nulová\",J379,0)","v":{"v":0,"d":"0.00"}},"1",{"$f":"ROUND(I379*H379,2)","v":84.55},"16","1962576135"]
[{"$nulls":3},"Online PSC",null,"https://podminky.urs.cz/item/CS_URS_2025_01/771121011",{"$nulls":39},"Online PSC","2"]
[null,null,"86","K","771151024","Příprava podkladu před provedením dlažby samonivelační stěrka min. pevnosti 30 MPa, tloušťky přes 8 do 10 mm","m2",3.096,641.32,{"$f":"ROUND(I381*H381,2)","v":{"v":1985.53,"d":"1,985.53"}},"CS ÚRS 2025 01",null,"","základní",null,{"$f":"O381*H381","v":{"v":0,"d":"0.00000"}},{"v":0.015,"d":"0.01500"},{"$f":"Q381*H381","v":0.04644},{"v":0,"d":"0.00000"},{"$f":"S381*H381","v":{"v":0,"d":"0.00000"}},{"$nulls":23},"16",null,"K","2",{"$nulls":3},"ROZPOCET",{"$nulls":5},{"$f":"IF(N381=\"základní\",J381,0)","v":{"v":1985.53,"d":"1,985.53"}},{"$f":"IF(N381=\"snížená\",J381,0)","v":{"v":0,"d":"0.00"}},{"$f":"IF(N381=\"zákl. přenesená\",J381,0)","v":{"v":0,"d":"0.00"}},{"$f":"IF(N381=\"sníž. přenesená\",J381,0)","v":{"v":0,"d":"0.00"}},{"$f":"IF(N381=\"nulová\",J381,0)","v":{"v":0,"d":"0.00"}},"1",{"$f":"ROUND(I381*H381,2)","v":{"v":1985.53,"d":"1,985.53"}},"16","-1535999887"]
[{"$nulls":3},"Online PSC",null,"https://podminky.urs.cz/item/CS_URS_2025_01/771151024",{"$nulls":39},"Online PSC","2"]
[null,null,"87","K","771591112","Izolace podlahy pod dlažbu nátěrem nebo stěrkou ve dvou vrstvách","m2",3.096,452.03,{"$f":"ROUND(I383*H383,2)","v":{"v":1399.48,"d":"1,399.48"}},"CS ÚRS 2025 01",null,"","základní",null,{"$f":"O383*H383","v":{"v":0,"d":"0.00000"}},{"v":1.5E-3,"d":"0.00150"},{"$f":"Q383*H383","v":{"v":4.6440000000000006E-3,"d":"0.00464"}},{"v":0,"d":"0.00000"},{"$f":"S383*H383","v":{"v":0,"d":"0.00000"}},{"$nulls":23},"16",null,"K","2",{"$nulls":3},"ROZPOCET",{"$nulls":5},{"$f":"IF(N383=\"základní\",J383,0)","v":{"v":1399.48,"d":"1,399.48"}},{"$f":"IF(N383=\"snížená\",J383,0)","v":{"v":0,"d":"0.00"}},{"$f":"IF(N383=\"zákl. přenesená\",J383,0)","v":{"v":0,"d":"0.00"}},{"$f":"IF(N383=\"sníž. přenesená\",J383,0)","v":{"v":0,"d":"0.00"}},{"$f":"IF(N383=\"nulová\",J383,0)","v":{"v":0,"d":"0.00"}},"1",{"$f":"ROUND(I383*H383,2)","v":{"v":1399.48,"d":"1,399.48"}},"16","1335536035"]
[{"$nulls":3},"Online PSC",null,"https://podminky.urs.cz/item/CS_URS_2025_01/771591112",{"$nulls":39},"Online PSC","2"]
[null,null,"88","K","771591241","Izolace podlahy pod dlažbu těsnícími izolačními pásy vnitřní kout","kus",{"v":9,"d":"9.000"},{"v":187.4,"d":"187.40"},{"$f":"ROUND(I385*H385,2)","v":{"v":1686.6,"d":"1,686.60"}},"CS ÚRS 2025 01",null,"","základní",null,{"$f":"O385*H385","v":{"v":0,"d":"0.00000"}},0.00021,{"$f":"Q385*H385","v":{"v":1.8900000000000002E-3,"d":"0.00189"}},{"v":0,"d":"0.00000"},{"$f":"S385*H385","v":{"v":0,"d":"0.00000"}},{"$nulls":23},"16",null,"K","2",{"$nulls":3},"ROZPOCET",{"$nulls":5},{"$f":"IF(N385=\"základní\",J385,0)","v":{"v":1686.6,"d":"1,686.60"}},{"$f":"IF(N385=\"snížená\",J385,0)","v":{"v":0,"d":"0.00"}},{"$f":"IF(N385=\"zákl. přenesená\",J385,0)","v":{"v":0,"d":"0.00"}},{"$f":"IF(N385=\"sníž. přenesená\",J385,0)","v":{"v":0,"d":"0.00"}},{"$f":"IF(N385=\"nulová\",J385,0)","v":{"v":0,"d":"0.00"}},"1",{"$f":"ROUND(I385*H385,2)","v":{"v":1686.6,"d":"1,686.60"}},"16","1635801809"]
[{"$nulls":3},"Online PSC",null,"https://podminky.urs.cz/item/CS_URS_2025_01/771591241",{"$nulls":39},"Online PSC","2"]
[{"$nulls":3},"VV","","\"WC\"",null,"",{"$nulls":37},"VV","2","1","True","0","ROZPOCET"]
[{"$nulls":3},"VV","","4",null,{"v":4,"d":"4.000"},{"$nulls":37},"VV","2","2","True","0","ROZPOCET"]
[{"$nulls":3},"VV","","\"koupelna\"",null,"",{"$nulls":37},"VV","2","1","True","0","ROZPOCET"]
[{"$nulls":3},"VV","","5",null,{"v":5,"d":"5.000"},{"$nulls":37},"VV","2","2","True","0","ROZPOCET"]
[{"$nulls":3},"VV","","Součet",null,{"v":9,"d":"9.000"},{"$nulls":37},"VV","2","4","True","1","ROZPOCET"]
[null,null,"89","K","771591242","Izolace podlahy pod dlažbu těsnícími izolačními pásy vnější roh","kus",{"v":1,"d":"1.000"},{"v":187.4,"d":"187.40"},{"$f":"ROUND(I392*H392,2)","v":{"v":187.4,"d":"187.40"}},"CS ÚRS 2025 01",null,"","základní",null,{"$f":"O392*H392","v":{"v":0,"d":"0.00000"}},{"v":0.0002,"d":"0.00020"},{"$f":"Q392*H392","v":{"v":0.0002,"d":"0.00020"}},{"v":0,"d":"0.00000"},{"$f":"S392*H392","v":{"v":0,"d":"0.00000"}},{"$nulls":23},"16",null,"K","2",{"$nulls":3},"ROZPOCET",{"$nulls":5},{"$f":"IF(N392=\"základní\",J392,0)","v":{"v":187.4,"d":"187.40"}},{"$f":"IF(N392=\"snížená\",J392,0)","v":{"v":0,"d":"0.00"}},{"$f":"IF(N392=\"zákl. přenesená\",J392,0)","v":{"v":0,"d":"0.00"}},{"$f":"IF(N392=\"sníž. přenesená\",J392,0)","v":{"v":0,"d":"0.00"}},{"$f":"IF(N392=\"nulová\",J392,0)","v":{"v":0,"d":"0.00"}},"1",{"$f":"ROUND(I392*H392,2)","v":{"v":187.4,"d":"187.40"}},"16","1669866113"]
[{"$nulls":3},"Online PSC",null,"https://podminky.urs.cz/item/CS_URS_2025_01/771591242",{"$nulls":39},"Online PSC","2"]
[{"$nulls":3},"VV","","\"koupelna\"",null,"",{"$nulls":37},"VV","2","1","True","0","ROZPOCET"]
[{"$nulls":3},"VV","","1",null,{"v":1,"d":"1.000"},{"$nulls":37},"VV","2","2","True","0","ROZPOCET"]
[{"$nulls":3},"VV","","Součet",null,{"v":1,"d":"1.000"},{"$nulls":37},"VV","2","4","True","1","ROZPOCET"]
[null,null,"90","K","771591264","Izolace podlahy pod dlažbu těsnícími izolačními pásy mezi podlahou a stěnu","m",{"v":9.28,"d":"9.280"},140.32,{"$f":"ROUND(I397*H397,2)","v":{"v":1302.17,"d":"1,302.17"}},"CS ÚRS 2025 01",null,"","základní",null,{"$f":"O397*H397","v":{"v":0,"d":"0.00000"}},{"v":1.42E-3,"d":"0.00142"},{"$f":"Q397*H397","v":{"v":0.0131776,"d":"0.01318"}},{"v":0,"d":"0.00000"},{"$f":"S397*H397","v":{"v":0,"d":"0.00000"}},{"$nulls":23},"16",null,"K","2",{"$nulls":3},"ROZPOCET",{"$nulls":5},{"$f":"IF(N397=\"základní\",J397,0)","v":{"v":1302.17,"d":"1,302.17"}},{"$f":"IF(N397=\"snížená\",J397,0)","v":{"v":0,"d":"0.00"}},{"$f":"IF(N397=\"zákl. přenesená\",J397,0)","v":{"v":0,"d":"0.00"}},{"$f":"IF(N397=\"sníž. přenesená\",J397,0)","v":{"v":0,"d":"0.00"}},{"$f":"IF(N397=\"nulová\",J397,0)","v":{"v":0,"d":"0.00"}},"1",{"$f":"ROUND(I397*H397,2)","v":{"v":1302.17,"d":"1,302.17"}},"16","-306662136"]
[{"$nulls":3},"Online PSC",null,"https://podminky.urs.cz/item/CS_URS_2025_01/771591264",{"$nulls":39},"Online PSC","2"]
[{"$nulls":3},"VV","","\"WC\"",null,"",{"$nulls":37},"VV","2","1","True","0","ROZPOCET"]
[{"$nulls":3},"VV","","0,82*2+1,6*2-0,7",null,{"v":4.14,"d":"4.140"},{"$nulls":37},"VV","2","2","True","0","ROZPOCET"]
[{"$nulls":3},"VV","","\"koupelna\"",null,"",{"$nulls":37},"VV","2","1","True","0","ROZPOCET"]
[{"$nulls":3},"VV","","1,72*2+1,2*2-0,7",null,{"v":5.14,"d":"5.140"},{"$nulls":37},"VV","2","2","True","0","ROZPOCET"]
[{"$nulls":3},"VV","","Součet",null,{"v":9.28,"d":"9.280"},{"$nulls":37},"VV","2","4","True","1","ROZPOCET"]
[null,null,"91","K","771161022","Příprava podkladu před provedením dlažby montáž profilu ukončujícího profilu pro schodové hrany a ukončení dlažby","m",{"v":1.4,"d":"1.400"},{"v":119.6,"d":"119.60"},{"$f":"ROUND(I404*H404,2)","v":167.44},"CS ÚRS 2025 01",null,"","základní",null,{"$f":"O404*H404","v":{"v":0,"d":"0.00000"}},0.00034,{"$f":"Q404*H404","v":{"v":0.000476,"d":"0.00048"}},{"v":0,"d":"0.00000"},{"$f":"S404*H404","v":{"v":0,"d":"0.00000"}},{"$nulls":23},"16",null,"K","2",{"$nulls":3},"ROZPOCET",{"$nulls":5},{"$f":"IF(N404=\"základní\",J404,0)","v":167.44},{"$f":"IF(N404=\"snížená\",J404,0)","v":{"v":0,"d":"0.00"}},{"$f":"IF(N404=\"zákl. přenesená\",J404,0)","v":{"v":0,"d":"0.00"}},{"$f":"IF(N404=\"sníž. přenesená\",J404,0)","v":{"v":0,"d":"0.00"}},{"$f":"IF(N404=\"nulová\",J404,0)","v":{"v":0,"d":"0.00"}},"1",{"$f":"ROUND(I404*H404,2)","v":167.44},"16","76299284"]
[{"$nulls":3},"Online PSC",null,"https://podminky.urs.cz/item/CS_URS_2025_01/771161022",{"$nulls":39},"Online PSC","2"]
[{"$nulls":3},"VV","","\"ve dveřích místo prahu\"",null,"",{"$nulls":37},"VV","2","1","True","0","ROZPOCET"]
[{"$nulls":3},"VV","","\"WC\"",null,"",{"$nulls":37},"VV","2","1","True","0","ROZPOCET"]
[{"$nulls":3},"VV","","0,7",null,{"v":0.7,"d":"0.700"},{"$nulls":37},"VV","2","2","True","0","ROZPOCET"]
[{"$nulls":3},"VV","","\"koupelna\"",null,"",{"$nulls":37},"VV","2","1","True","0","ROZPOCET"]
[{"$nulls":3},"VV","","0,7",null,{"v":0.7,"d":"0.700"},{"$nulls":37},"VV","2","2","True","0","ROZPOCET"]
[{"$nulls":3},"VV","","Součet",null,{"v":1.4,"d":"1.400"},{"$nulls":37},"VV","2","4","True","1","ROZPOCET"]
[null,null,"92","M","19416008","lišta ukončovací hliníková 10mm","m",{"v":1.4,"d":"1.400"},55.09,{"$f":"ROUND(I412*H412,2)","v":77.13},"CS ÚRS 2025 01",null,"","základní",null,{"$f":"O412*H412","v":{"v":0,"d":"0.00000"}},{"v":1.2E-4,"d":"0.00012"},{"$f":"Q412*H412","v":{"v":0.000168,"d":"0.00017"}},{"v":0,"d":"0.00000"},{"$f":"S412*H412","v":{"v":0,"d":"0.00000"}},{"$nulls":23},"32",null,"M","2",{"$nulls":3},"ROZPOCET",{"$nulls":5},{"$f":"IF(N412=\"základní\",J412,0)","v":77.13},{"$f":"IF(N412=\"snížená\",J412,0)","v":{"v":0,"d":"0.00"}},{"$f":"IF(N412=\"zákl. přenesená\",J412,0)","v":{"v":0,"d":"0.00"}},{"$f":"IF(N412=\"sníž. přenesená\",J412,0)","v":{"v":0,"d":"0.00"}},{"$f":"IF(N412=\"nulová\",J412,0)","v":{"v":0,"d":"0.00"}},"1",{"$f":"ROUND(I412*H412,2)","v":77.13},"16","1332405169"]
[null,null,"93","K","771574416","Montáž podlah z dlaždic keramických lepených cementovým flexibilním lepidlem hladkých, tloušťky do 10 mm přes 9 do 12 ks/m2","m2",3.096,800.47,{"$f":"ROUND(I413*H413,2)","v":{"v":2478.26,"d":"2,478.26"}},"CS ÚRS 2025 01",null,"","základní",null,{"$f":"O413*H413","v":{"v":0,"d":"0.00000"}},{"v":0.006,"d":"0.00600"},{"$f":"Q413*H413","v":{"v":0.018576000000000002,"d":"0.01858"}},{"v":0,"d":"0.00000"},{"$f":"S413*H413","v":{"v":0,"d":"0.00000"}},{"$nulls":23},"16",null,"K","2",{"$nulls":3},"ROZPOCET",{"$nulls":5},{"$f":"IF(N413=\"základní\",J413,0)","v":{"v":2478.26,"d":"2,478.26"}},{"$f":"IF(N413=\"snížená\",J413,0)","v":{"v":0,"d":"0.00"}},{"$f":"IF(N413=\"zákl. přenesená\",J413,0)","v":{"v":0,"d":"0.00"}},{"$f":"IF(N413=\"sníž. přenesená\",J413,0)","v":{"v":0,"d":"0.00"}},{"$f":"IF(N413=\"nulová\",J413,0)","v":{"v":0,"d":"0.00"}},"1",{"$f":"ROUND(I413*H413,2)","v":{"v":2478.26,"d":"2,478.26"}},"16","1731678607"]
[{"$nulls":3},"Online PSC",null,"https://podminky.urs.cz/item/CS_URS_2025_01/771574416",{"$nulls":39},"Online PSC","2"]
[null,null,"94","M","59761409.R","dlažba keramická slinutá protiskluzná do interiéru i exteriéru - bude upřesněno investorem","m2",{"v":4,"d":"4.000"},452.97,{"$f":"ROUND(I415*H415,2)","v":{"v":1811.88,"d":"1,811.88"}},"vlastní",null,"","základní",null,{"$f":"O415*H415","v":{"v":0,"d":"0.00000"}},{"v":0.0192,"d":"0.01920"},{"$f":"Q415*H415","v":{"v":0.0768,"d":"0.07680"}},{"v":0,"d":"0.00000"},{"$f":"S415*H415","v":{"v":0,"d":"0.00000"}},{"$nulls":23},"32",null,"M","2",{"$nulls":3},"ROZPOCET",{"$nulls":5},{"$f":"IF(N415=\"základní\",J415,0)","v":{"v":1811.88,"d":"1,811.88"}},{"$f":"IF(N415=\"snížená\",J415,0)","v":{"v":0,"d":"0.00"}},{"$f":"IF(N415=\"zákl. přenesená\",J415,0)","v":{"v":0,"d":"0.00"}},{"$f":"IF(N415=\"sníž. přenesená\",J415,0)","v":{"v":0,"d":"0.00"}},{"$f":"IF(N415=\"nulová\",J415,0)","v":{"v":0,"d":"0.00"}},"1",{"$f":"ROUND(I415*H415,2)","v":{"v":1811.88,"d":"1,811.88"}},"16","1923774711"]
[null,null,"95","K","771591184","Podlahy - dokončovací práce pracnější řezání dlaždic keramických rovné","m",{"v":5,"d":"5.000"},120.54,{"$f":"ROUND(I416*H416,2)","v":{"v":602.7,"d":"602.70"}},"CS ÚRS 2025 01",null,"","základní",null,{"$f":"O416*H416","v":{"v":0,"d":"0.00000"}},{"v":0,"d":"0.00000"},{"$f":"Q416*H416","v":{"v":0,"d":"0.00000"}},{"v":0,"d":"0.00000"},{"$f":"S416*H416","v":{"v":0,"d":"0.00000"}},{"$nulls":23},"16",null,"K","2",{"$nulls":3},"ROZPOCET",{"$nulls":5},{"$f":"IF(N416=\"základní\",J416,0)","v":{"v":602.7,"d":"602.70"}},{"$f":"IF(N416=\"snížená\",J416,0)","v":{"v":0,"d":"0.00"}},{"$f":"IF(N416=\"zákl. přenesená\",J416,0)","v":{"v":0,"d":"0.00"}},{"$f":"IF(N416=\"sníž. přenesená\",J416,0)","v":{"v":0,"d":"0.00"}},{"$f":"IF(N416=\"nulová\",J416,0)","v":{"v":0,"d":"0.00"}},"1",{"$f":"ROUND(I416*H416,2)","v":{"v":602.7,"d":"602.70"}},"16","1695732647"]
[{"$nulls":3},"Online PSC",null,"https://podminky.urs.cz/item/CS_URS_2025_01/771591184",{"$nulls":39},"Online PSC","2"]
[{"$nulls":3},"VV","","\"dle potřeby\"",null,"",{"$nulls":37},"VV","2","1","True","0","ROZPOCET"]
[{"$nulls":3},"VV","","5",null,{"v":5,"d":"5.000"},{"$nulls":37},"VV","2","2","True","1","ROZPOCET"]
[null,null,"96","K","998771103","Přesun hmot pro podlahy z dlaždic stanovený z hmotnosti přesunovaného materiálu vodorovná dopravní vzdálenost do 50 m základní v objektech výšky přes 12 do 24 m","t",0.163,{"v":1271.33,"d":"1,271.33"},{"$f":"ROUND(I420*H420,2)","v":207.23},"CS ÚRS 2025 01",null,"","základní",null,{"$f":"O420*H420","v":{"v":0,"d":"0.00000"}},{"v":0,"d":"0.00000"},{"$f":"Q420*H420","v":{"v":0,"d":"0.00000"}},{"v":0,"d":"0.00000"},{"$f":"S420*H420","v":{"v":0,"d":"0.00000"}},{"$nulls":23},"16",null,"K","2",{"$nulls":3},"ROZPOCET",{"$nulls":5},{"$f":"IF(N420=\"základní\",J420,0)","v":207.23},{"$f":"IF(N420=\"snížená\",J420,0)","v":{"v":0,"d":"0.00"}},{"$f":"IF(N420=\"zákl. přenesená\",J420,0)","v":{"v":0,"d":"0.00"}},{"$f":"IF(N420=\"sníž. přenesená\",J420,0)","v":{"v":0,"d":"0.00"}},{"$f":"IF(N420=\"nulová\",J420,0)","v":{"v":0,"d":"0.00"}},"1",{"$f":"ROUND(I420*H420,2)","v":207.23},"16","-2024529477"]
[{"$nulls":3},"Online PSC",null,"https://podminky.urs.cz/item/CS_URS_2025_01/998771103",{"$nulls":39},"Online PSC","2"]
[{"$nulls":3},"D","781","Dokončovací práce - obklady",{"$nulls":3},{"$f":"BK422","v":{"v":29893.559999999998,"d":"29,893.56"}},{"$nulls":5},{"$f":"SUM(P423:P451)","v":{"v":0,"d":"0.00000"}},null,{"$f":"SUM(R423:R451)","v":{"v":0.339426,"d":"0.33943"}},null,{"$f":"SUM(T423:T451)","v":{"v":0,"d":"0.00000"}},{"$nulls":23},"2",null,"D","1",{"$nulls":3},"ROZPOCET",{"$nulls":11},{"$f":"SUM(BK423:BK451)","v":{"v":29893.559999999998,"d":"29,893.56"}}]
[null,null,"97","K","781111011","Příprava podkladu před provedením obkladu oprášení (ometení) stěny","m2",{"v":16.49,"d":"16.490"},17.89,{"$f":"ROUND(I423*H423,2)","v":295.01},"CS ÚRS 2025 01",null,"","základní",null,{"$f":"O423*H423","v":{"v":0,"d":"0.00000"}},{"v":0,"d":"0.00000"},{"$f":"Q423*H423","v":{"v":0,"d":"0.00000"}},{"v":0,"d":"0.00000"},{"$f":"S423*H423","v":{"v":0,"d":"0.00000"}},{"$nulls":23},"16",null,"K","2",{"$nulls":3},"ROZPOCET",{"$nulls":5},{"$f":"IF(N423=\"základní\",J423,0)","v":295.01},{"$f":"IF(N423=\"snížená\",J423,0)","v":{"v":0,"d":"0.00"}},{"$f":"IF(N423=\"zákl. přenesená\",J423,0)","v":{"v":0,"d":"0.00"}},{"$f":"IF(N423=\"sníž. přenesená\",J423,0)","v":{"v":0,"d":"0.00"}},{"$f":"IF(N423=\"nulová\",J423,0)","v":{"v":0,"d":"0.00"}},"1",{"$f":"ROUND(I423*H423,2)","v":295.01},"16","1026558681"]
[{"$nulls":3},"Online PSC",null,"https://podminky.urs.cz/item/CS_URS_2025_01/781111011",{"$nulls":39},"Online PSC","2"]
[{"$nulls":3},"VV","","\"WC\"",null,"",{"$nulls":37},"VV","2","1","True","0","ROZPOCET"]
[{"$nulls":3},"VV","","(0,82*2+1,6*2)*1,5-(0,7*1,5)",null,{"v":6.21,"d":"6.210"},{"$nulls":37},"VV","2","2","True","0","ROZPOCET"]
[{"$nulls":3},"VV","","\"koupelna\"",null,"",{"$nulls":37},"VV","2","1","True","0","ROZPOCET"]
[{"$nulls":3},"VV","","(1,72*2+1,2*2)*2-(0,7*2)",null,{"v":10.28,"d":"10.280"},{"$nulls":37},"VV","2","2","True","0","ROZPOCET"]
[{"$nulls":3},"VV","","Součet",null,{"v":16.49,"d":"16.490"},{"$nulls":37},"VV","2","4","True","1","ROZPOCET"]
[null,null,"98","K","781121011","Nátěr penetrační na stěnu","m2",{"v":16.49,"d":"16.490"},27.31,{"$f":"ROUND(I430*H430,2)","v":450.34},"CS ÚRS 2025 01",null,"","základní",null,{"$f":"O430*H430","v":{"v":0,"d":"0.00000"}},{"v":0.0003,"d":"0.00030"},{"$f":"Q430*H430","v":{"v":0.004946999999999999,"d":"0.00495"}},{"v":0,"d":"0.00000"},{"$f":"S430*H430","v":{"v":0,"d":"0.00000"}},{"$nulls":23},"16",null,"K","2",{"$nulls":3},"ROZPOCET",{"$nulls":5},{"$f":"IF(N430=\"základní\",J430,0)","v":450.34},{"$f":"IF(N430=\"snížená\",J430,0)","v":{"v":0,"d":"0.00"}},{"$f":"IF(N430=\"zákl. přenesená\",J430,0)","v":{"v":0,"d":"0.00"}},{"$f":"IF(N430=\"sníž. přenesená\",J430,0)","v":{"v":0,"d":"0.00"}},{"$f":"IF(N430=\"nulová\",J430,0)","v":{"v":0,"d":"0.00"}},"1",{"$f":"ROUND(I430*H430,2)","v":450.34},"16","1144367307"]
[{"$nulls":3},"Online PSC",null,"https://podminky.urs.cz/item/CS_URS_2025_01/781121011",{"$nulls":39},"Online PSC","2"]
[null,null,"99","K","781131112","Izolace stěny pod obklad izolace nátěrem nebo stěrkou ve dvou vrstvách","m2",11.522,452.03,{"$f":"ROUND(I432*H432,2)","v":{"v":5208.29,"d":"5,208.29"}},"CS ÚRS 2025 01",null,"","základní",null,{"$f":"O432*H432","v":{"v":0,"d":"0.00000"}},{"v":1.5E-3,"d":"0.00150"},{"$f":"Q432*H432","v":{"v":0.017283,"d":"0.01728"}},{"v":0,"d":"0.00000"},{"$f":"S432*H432","v":{"v":0,"d":"0.00000"}},{"$nulls":23},"16",null,"K","2",{"$nulls":3},"ROZPOCET",{"$nulls":5},{"$f":"IF(N432=\"základní\",J432,0)","v":{"v":5208.29,"d":"5,208.29"}},{"$f":"IF(N432=\"snížená\",J432,0)","v":{"v":0,"d":"0.00"}},{"$f":"IF(N432=\"zákl. přenesená\",J432,0)","v":{"v":0,"d":"0.00"}},{"$f":"IF(N432=\"sníž. přenesená\",J432,0)","v":{"v":0,"d":"0.00"}},{"$f":"IF(N432=\"nulová\",J432,0)","v":{"v":0,"d":"0.00"}},"1",{"$f":"ROUND(I432*H432,2)","v":{"v":5208.29,"d":"5,208.29"}},"16","1233848470"]
[{"$nulls":3},"Online PSC",null,"https://podminky.urs.cz/item/CS_URS_2025_01/781131112",{"$nulls":39},"Online PSC","2"]
[{"$nulls":3},"VV","","\"WC\"",null,"",{"$nulls":37},"VV","2","1","True","0","ROZPOCET"]
[{"$nulls":3},"VV","","(0,82*2+1,6*2)*0,3-(0,7*0,3)",null,1.242,{"$nulls":37},"VV","2","2","True","0","ROZPOCET"]
[{"$nulls":3},"VV","","\"koupelna\"",null,"",{"$nulls":37},"VV","2","1","True","0","ROZPOCET"]
[{"$nulls":3},"VV","","(1,72*2+1,2*2)*2-(0,7*2)",null,{"v":10.28,"d":"10.280"},{"$nulls":37},"VV","2","2","True","0","ROZPOCET"]
[{"$nulls":3},"VV","","Součet",null,{"v":11.521999999999998,"d":"11.522"},{"$nulls":37},"VV","2","4","True","1","ROZPOCET"]
[null,null,"100","K","781161021","Příprava podkladu před provedením obkladu montáž profilu ukončujícího profilu rohového, vanového","m",{"v":11.28,"d":"11.280"},150.68,{"$f":"ROUND(I439*H439,2)","v":{"v":1699.67,"d":"1,699.67"}},"CS ÚRS 2025 01",null,"","základní",null,{"$f":"O439*H439","v":{"v":0,"d":"0.00000"}},{"v":0.0002,"d":"0.00020"},{"$f":"Q439*H439","v":{"v":0.002256,"d":"0.00226"}},{"v":0,"d":"0.00000"},{"$f":"S439*H439","v":{"v":0,"d":"0.00000"}},{"$nulls":23},"16",null,"K","2",{"$nulls":3},"ROZPOCET",{"$nulls":5},{"$f":"IF(N439=\"základní\",J439,0)","v":{"v":1699.67,"d":"1,699.67"}},{"$f":"IF(N439=\"snížená\",J439,0)","v":{"v":0,"d":"0.00"}},{"$f":"IF(N439=\"zákl. přenesená\",J439,0)","v":{"v":0,"d":"0.00"}},{"$f":"IF(N439=\"sníž. přenesená\",J439,0)","v":{"v":0,"d":"0.00"}},{"$f":"IF(N439=\"nulová\",J439,0)","v":{"v":0,"d":"0.00"}},"1",{"$f":"ROUND(I439*H439,2)","v":{"v":1699.67,"d":"1,699.67"}},"16","1584902252"]
[{"$nulls":3},"Online PSC",null,"https://podminky.urs.cz/item/CS_URS_2025_01/781161021",{"$nulls":39},"Online PSC","2"]
[{"$nulls":3},"VV","","\"WC\"",null,"",{"$nulls":37},"VV","2","1","True","0","ROZPOCET"]
[{"$nulls":3},"VV","","(0,82*2+1,6*2)-(0,7)",null,{"v":4.14,"d":"4.140"},{"$nulls":37},"VV","2","2","True","0","ROZPOCET"]
[{"$nulls":3},"VV","","\"koupelna\"",null,"",{"$nulls":37},"VV","2","1","True","0","ROZPOCET"]
[{"$nulls":3},"VV","","(1,72*2+1,2*2)-(0,7)+2",null,{"v":7.14,"d":"7.140"},{"$nulls":37},"VV","2","2","True","0","ROZPOCET"]
[{"$nulls":3},"VV","","Součet",null,{"v":11.28,"d":"11.280"},{"$nulls":37},"VV","2","4","True","1","ROZPOCET"]
[null,null,"101","M","28342005","lišta ukončovací z PVC 12,5mm","m",{"v":12,"d":"12.000"},37.95,{"$f":"ROUND(I446*H446,2)","v":{"v":455.4,"d":"455.40"}},"CS ÚRS 2025 01",null,"","základní",null,{"$f":"O446*H446","v":{"v":0,"d":"0.00000"}},{"v":0.0003,"d":"0.00030"},{"$f":"Q446*H446","v":{"v":0.0036,"d":"0.00360"}},{"v":0,"d":"0.00000"},{"$f":"S446*H446","v":{"v":0,"d":"0.00000"}},{"$nulls":23},"32",null,"M","2",{"$nulls":3},"ROZPOCET",{"$nulls":5},{"$f":"IF(N446=\"základní\",J446,0)","v":{"v":455.4,"d":"455.40"}},{"$f":"IF(N446=\"snížená\",J446,0)","v":{"v":0,"d":"0.00"}},{"$f":"IF(N446=\"zákl. přenesená\",J446,0)","v":{"v":0,"d":"0.00"}},{"$f":"IF(N446=\"sníž. přenesená\",J446,0)","v":{"v":0,"d":"0.00"}},{"$f":"IF(N446=\"nulová\",J446,0)","v":{"v":0,"d":"0.00"}},"1",{"$f":"ROUND(I446*H446,2)","v":{"v":455.4,"d":"455.40"}},"16","2093723723"]
[null,null,"102","K","781472216","Montáž keramických obkladů stěn lepených cementovým flexibilním lepidlem hladkých přes 9 do 12 ks/m2","m2",{"v":16.49,"d":"16.490"},800.51,{"$f":"ROUND(I447*H447,2)","v":{"v":13200.41,"d":"13,200.41"}},"CS ÚRS 2025 01",null,"","základní",null,{"$f":"O447*H447","v":{"v":0,"d":"0.00000"}},{"v":0.006,"d":"0.00600"},{"$f":"Q447*H447","v":{"v":0.09893999999999999,"d":"0.09894"}},{"v":0,"d":"0.00000"},{"$f":"S447*H447","v":{"v":0,"d":"0.00000"}},{"$nulls":23},"16",null,"K","2",{"$nulls":3},"ROZPOCET",{"$nulls":5},{"$f":"IF(N447=\"základní\",J447,0)","v":{"v":13200.41,"d":"13,200.41"}},{"$f":"IF(N447=\"snížená\",J447,0)","v":{"v":0,"d":"0.00"}},{"$f":"IF(N447=\"zákl. přenesená\",J447,0)","v":{"v":0,"d":"0.00"}},{"$f":"IF(N447=\"sníž. přenesená\",J447,0)","v":{"v":0,"d":"0.00"}},{"$f":"IF(N447=\"nulová\",J447,0)","v":{"v":0,"d":"0.00"}},"1",{"$f":"ROUND(I447*H447,2)","v":{"v":13200.41,"d":"13,200.41"}},"16","-541645592"]
[{"$nulls":3},"Online PSC",null,"https://podminky.urs.cz/item/CS_URS_2025_01/781472216",{"$nulls":39},"Online PSC","2"]
[null,null,"103","M","59761026R","obklad keramický, OBKLAD - REKTIFIKOVANÝ, 80 % bílý, 20% barevný - dle výběru investora","m2",{"v":18,"d":"18.000"},452.97,{"$f":"ROUND(I449*H449,2)","v":{"v":8153.46,"d":"8,153.46"}},"vlastní",null,"","základní",null,{"$f":"O449*H449","v":{"v":0,"d":"0.00000"}},{"v":0.0118,"d":"0.01180"},{"$f":"Q449*H449","v":{"v":0.2124,"d":"0.21240"}},{"v":0,"d":"0.00000"},{"$f":"S449*H449","v":{"v":0,"d":"0.00000"}},{"$nulls":23},"32",null,"M","2",{"$nulls":3},"ROZPOCET",{"$nulls":5},{"$f":"IF(N449=\"základní\",J449,0)","v":{"v":8153.46,"d":"8,153.46"}},{"$f":"IF(N449=\"snížená\",J449,0)","v":{"v":0,"d":"0.00"}},{"$f":"IF(N449=\"zákl. přenesená\",J449,0)","v":{"v":0,"d":"0.00"}},{"$f":"IF(N449=\"sníž. přenesená\",J449,0)","v":{"v":0,"d":"0.00"}},{"$f":"IF(N449=\"nulová\",J449,0)","v":{"v":0,"d":"0.00"}},"1",{"$f":"ROUND(I449*H449,2)","v":{"v":8153.46,"d":"8,153.46"}},"16","-2075654801"]
[null,null,"104","K","998781103","Přesun hmot pro obklady keramické stanovený z hmotnosti přesunovaného materiálu vodorovná dopravní vzdálenost do 50 m základní v objektech výšky přes 12 do 24 m","t",0.339,{"v":1271.33,"d":"1,271.33"},{"$f":"ROUND(I450*H450,2)","v":430.98},"CS ÚRS 2025 01",null,"","základní",null,{"$f":"O450*H450","v":{"v":0,"d":"0.00000"}},{"v":0,"d":"0.00000"},{"$f":"Q450*H450","v":{"v":0,"d":"0.00000"}},{"v":0,"d":"0.00000"},{"$f":"S450*H450","v":{"v":0,"d":"0.00000"}},{"$nulls":23},"16",null,"K","2",{"$nulls":3},"ROZPOCET",{"$nulls":5},{"$f":"IF(N450=\"základní\",J450,0)","v":430.98},{"$f":"IF(N450=\"snížená\",J450,0)","v":{"v":0,"d":"0.00"}},{"$f":"IF(N450=\"zákl. přenesená\",J450,0)","v":{"v":0,"d":"0.00"}},{"$f":"IF(N450=\"sníž. přenesená\",J450,0)","v":{"v":0,"d":"0.00"}},{"$f":"IF(N450=\"nulová\",J450,0)","v":{"v":0,"d":"0.00"}},"1",{"$f":"ROUND(I450*H450,2)","v":430.98},"16","-1221543561"]
[{"$nulls":3},"Online PSC",null,"https://podminky.urs.cz/item/CS_URS_2025_01/998781103",{"$nulls":39},"Online PSC","2"]
[{"$nulls":3},"D","783","Dokončovací práce - nátěry",{"$nulls":3},{"$f":"BK452","v":{"v":1827.94,"d":"1,827.94"}},{"$nulls":5},{"$f":"SUM(P453:P466)","v":{"v":0,"d":"0.00000"}},null,{"$f":"SUM(R453:R466)","v":{"v":1.5731999999999999E-3,"d":"0.00157"}},null,{"$f":"SUM(T453:T466)","v":{"v":0,"d":"0.00000"}},{"$nulls":23},"2",null,"D","1",{"$nulls":3},"ROZPOCET",{"$nulls":11},{"$f":"SUM(BK453:BK466)","v":{"v":1827.94,"d":"1,827.94"}}]
[null,null,"105","K","783306805","Odstranění nátěrů ze zámečnických konstrukcí opálením s obroušením","m2",{"v":4.14,"d":"4.140"},54.59,{"$f":"ROUND(I453*H453,2)","v":{"v":226,"d":"226.00"}},"CS ÚRS 2025 01",null,"","základní",null,{"$f":"O453*H453","v":{"v":0,"d":"0.00000"}},{"v":2e-05,"d":"0.00002"},{"$f":"Q453*H453","v":{"v":8.2800000000000007E-5,"d":"0.00008"}},{"v":0,"d":"0.00000"},{"$f":"S453*H453","v":{"v":0,"d":"0.00000"}},{"$nulls":23},"16",null,"K","2",{"$nulls":3},"ROZPOCET",{"$nulls":5},{"$f":"IF(N453=\"základní\",J453,0)","v":{"v":226,"d":"226.00"}},{"$f":"IF(N453=\"snížená\",J453,0)","v":{"v":0,"d":"0.00"}},{"$f":"IF(N453=\"zákl. přenesená\",J453,0)","v":{"v":0,"d":"0.00"}},{"$f":"IF(N453=\"sníž. přenesená\",J453,0)","v":{"v":0,"d":"0.00"}},{"$f":"IF(N453=\"nulová\",J453,0)","v":{"v":0,"d":"0.00"}},"1",{"$f":"ROUND(I453*H453,2)","v":{"v":226,"d":"226.00"}},"16","265601871"]
[{"$nulls":3},"Online PSC",null,"https://podminky.urs.cz/item/CS_URS_2025_01/783306805",{"$nulls":39},"Online PSC","2"]
[null,null,"106","K","783301313","Příprava podkladu zámečnických konstrukcí před provedením nátěru odmaštění odmašťovačem ředidlovým","m2",{"v":4.14,"d":"4.140"},128.98,{"$f":"ROUND(I455*H455,2)","v":533.98},"CS ÚRS 2025 01",null,"","základní",null,{"$f":"O455*H455","v":{"v":0,"d":"0.00000"}},{"v":7e-05,"d":"0.00007"},{"$f":"Q455*H455","v":{"v":2.8979999999999994E-4,"d":"0.00029"}},{"v":0,"d":"0.00000"},{"$f":"S455*H455","v":{"v":0,"d":"0.00000"}},{"$nulls":23},"16",null,"K","2",{"$nulls":3},"ROZPOCET",{"$nulls":5},{"$f":"IF(N455=\"základní\",J455,0)","v":533.98},{"$f":"IF(N455=\"snížená\",J455,0)","v":{"v":0,"d":"0.00"}},{"$f":"IF(N455=\"zákl. přenesená\",J455,0)","v":{"v":0,"d":"0.00"}},{"$f":"IF(N455=\"sníž. přenesená\",J455,0)","v":{"v":0,"d":"0.00"}},{"$f":"IF(N455=\"nulová\",J455,0)","v":{"v":0,"d":"0.00"}},"1",{"$f":"ROUND(I455*H455,2)","v":533.98},"16","1120825173"]
[{"$nulls":3},"Online PSC",null,"https://podminky.urs.cz/item/CS_URS_2025_01/783301313",{"$nulls":39},"Online PSC","2"]
[{"$nulls":3},"VV","","\"stávající zárubně\"",null,"",{"$nulls":37},"VV","2","1","True","0","ROZPOCET"]
[{"$nulls":3},"VV","","\"koupelna\"",null,"",{"$nulls":37},"VV","2","1","True","0","ROZPOCET"]
[{"$nulls":3},"VV","","(2+0,6+2)*(0,15*3)",null,{"v":2.07,"d":"2.070"},{"$nulls":37},"VV","2","2","True","0","ROZPOCET"]
[{"$nulls":3},"VV","","\"WC\"",null,"",{"$nulls":37},"VV","2","1","True","0","ROZPOCET"]
[{"$nulls":3},"VV","","(2+0,6+2)*(0,15*3)",null,{"v":2.07,"d":"2.070"},{"$nulls":37},"VV","2","2","True","0","ROZPOCET"]
[{"$nulls":3},"VV","","Součet",null,{"v":4.14,"d":"4.140"},{"$nulls":37},"VV","2","4","True","1","ROZPOCET"]
[null,null,"107","K","783314201","Základní antikorozní nátěr zámečnických konstrukcí jednonásobný syntetický standardní","m2",{"v":4.14,"d":"4.140"},128.98,{"$f":"ROUND(I463*H463,2)","v":533.98},"CS ÚRS 2025 01",null,"","základní",null,{"$f":"O463*H463","v":{"v":0,"d":"0.00000"}},0.00017,{"$f":"Q463*H463","v":{"v":0.0007038,"d":"0.00070"}},{"v":0,"d":"0.00000"},{"$f":"S463*H463","v":{"v":0,"d":"0.00000"}},{"$nulls":23},"16",null,"K","2",{"$nulls":3},"ROZPOCET",{"$nulls":5},{"$f":"IF(N463=\"základní\",J463,0)","v":533.98},{"$f":"IF(N463=\"snížená\",J463,0)","v":{"v":0,"d":"0.00"}},{"$f":"IF(N463=\"zákl. přenesená\",J463,0)","v":{"v":0,"d":"0.00"}},{"$f":"IF(N463=\"sníž. přenesená\",J463,0)","v":{"v":0,"d":"0.00"}},{"$f":"IF(N463=\"nulová\",J463,0)","v":{"v":0,"d":"0.00"}},"1",{"$f":"ROUND(I463*H463,2)","v":533.98},"16","-205956475"]
[{"$nulls":3},"Online PSC",null,"https://podminky.urs.cz/item/CS_URS_2025_01/783314201",{"$nulls":39},"Online PSC","2"]
[null,null,"108","K","783317101","Krycí nátěr (email) zámečnických konstrukcí jednonásobný syntetický standardní","m2",{"v":4.14,"d":"4.140"},128.98,{"$f":"ROUND(I465*H465,2)","v":533.98},"CS ÚRS 2025 01",null,"","základní",null,{"$f":"O465*H465","v":{"v":0,"d":"0.00000"}},{"v":1.2E-4,"d":"0.00012"},{"$f":"Q465*H465","v":{"v":4.9679999999999993E-4,"d":"0.00050"}},{"v":0,"d":"0.00000"},{"$f":"S465*H465","v":{"v":0,"d":"0.00000"}},{"$nulls":23},"16",null,"K","2",{"$nulls":3},"ROZPOCET",{"$nulls":5},{"$f":"IF(N465=\"základní\",J465,0)","v":533.98},{"$f":"IF(N465=\"snížená\",J465,0)","v":{"v":0,"d":"0.00"}},{"$f":"IF(N465=\"zákl. přenesená\",J465,0)","v":{"v":0,"d":"0.00"}},{"$f":"IF(N465=\"sníž. přenesená\",J465,0)","v":{"v":0,"d":"0.00"}},{"$f":"IF(N465=\"nulová\",J465,0)","v":{"v":0,"d":"0.00"}},"1",{"$f":"ROUND(I465*H465,2)","v":533.98},"16","-1540557770"]
[{"$nulls":3},"Online PSC",null,"https://podminky.urs.cz/item/CS_URS_2025_01/783317101",{"$nulls":39},"Online PSC","2"]
[{"$nulls":3},"D","784","Dokončovací práce - malby a tapety",{"$nulls":3},{"$f":"BK467","v":{"v":1410.6,"d":"1,410.60"}},{"$nulls":5},{"$f":"SUM(P468:P484)","v":{"v":0,"d":"0.00000"}},null,{"$f":"SUM(R468:R484)","v":{"v":0.005198023600000001,"d":"0.00520"}},null,{"$f":"SUM(T468:T484)","v":{"v":0,"d":"0.00000"}},{"$nulls":23},"2",null,"D","1",{"$nulls":3},"ROZPOCET",{"$nulls":11},{"$f":"SUM(BK468:BK484)","v":{"v":1410.6,"d":"1,410.60"}}]
[null,null,"109","K","784111001","Oprášení (ometení) podkladu v místnostech výšky do 3,80 m","m2",10.934,17.89,{"$f":"ROUND(I468*H468,2)","v":195.61},"CS ÚRS 2025 01",null,"","základní",null,{"$f":"O468*H468","v":{"v":0,"d":"0.00000"}},{"v":0,"d":"0.00000"},{"$f":"Q468*H468","v":{"v":0,"d":"0.00000"}},{"v":0,"d":"0.00000"},{"$f":"S468*H468","v":{"v":0,"d":"0.00000"}},{"$nulls":23},"16",null,"K","2",{"$nulls":3},"ROZPOCET",{"$nulls":5},{"$f":"IF(N468=\"základní\",J468,0)","v":195.61},{"$f":"IF(N468=\"snížená\",J468,0)","v":{"v":0,"d":"0.00"}},{"$f":"IF(N468=\"zákl. přenesená\",J468,0)","v":{"v":0,"d":"0.00"}},{"$f":"IF(N468=\"sníž. přenesená\",J468,0)","v":{"v":0,"d":"0.00"}},{"$f":"IF(N468=\"nulová\",J468,0)","v":{"v":0,"d":"0.00"}},"1",{"$f":"ROUND(I468*H468,2)","v":195.61},"16","1256704042"]
[{"$nulls":3},"Online PSC",null,"https://podminky.urs.cz/item/CS_URS_2025_01/784111001",{"$nulls":39},"Online PSC","2"]
[{"$nulls":3},"VV","","stropy",null,"",{"$nulls":37},"VV","2","1","True","0","ROZPOCET"]
[{"$nulls":3},"VV","","\"WC\"",null,"",{"$nulls":37},"VV","2","1","True","0","ROZPOCET"]
[{"$nulls":3},"VV","","0,82*1,6",null,1.312,{"$nulls":37},"VV","2","2","True","0","ROZPOCET"]
[{"$nulls":3},"VV","","\"koupelna\"",null,"",{"$nulls":37},"VV","2","1","True","0","ROZPOCET"]
[{"$nulls":3},"VV","","1,72*0,85+0,92*0,35",null,1.784,{"$nulls":37},"VV","2","2","True","0","ROZPOCET"]
[{"$nulls":3},"VV","","\"stěny mimo obklad\"",null,"",{"$nulls":37},"VV","2","1","True","0","ROZPOCET"]
[{"$nulls":3},"VV","","\"WC\"",null,"",{"$nulls":37},"VV","2","1","True","0","ROZPOCET"]
[{"$nulls":3},"VV","","(0,82*2+1,6*2)*(2,54-1,5)-(0,7*(2-1,5))",null,4.684,{"$nulls":37},"VV","2","2","True","0","ROZPOCET"]
[{"$nulls":3},"VV","","\"koupelna\"",null,"",{"$nulls":37},"VV","2","1","True","0","ROZPOCET"]
[{"$nulls":3},"VV","","(1,72*2+1,2*2)*(2,54-2)",null,3.154,{"$nulls":37},"VV","2","2","True","0","ROZPOCET"]
[{"$nulls":3},"VV","","Součet",null,{"v":10.934000000000001,"d":"10.934"},{"$nulls":37},"VV","2","4","True","1","ROZPOCET"]
[null,null,"110","K","784181101","Penetrace podkladu jednonásobná základní akrylátová bezbarvá v místnostech výšky do 3,80 m","m2",10.934,27.31,{"$f":"ROUND(I481*H481,2)","v":298.61},"CS ÚRS 2025 01",null,"","základní",null,{"$f":"O481*H481","v":{"v":0,"d":"0.00000"}},{"v":0.0002,"d":"0.00020"},{"$f":"Q481*H481","v":{"v":2.1868E-3,"d":"0.00219"}},{"v":0,"d":"0.00000"},{"$f":"S481*H481","v":{"v":0,"d":"0.00000"}},{"$nulls":23},"16",null,"K","2",{"$nulls":3},"ROZPOCET",{"$nulls":5},{"$f":"IF(N481=\"základní\",J481,0)","v":298.61},{"$f":"IF(N481=\"snížená\",J481,0)","v":{"v":0,"d":"0.00"}},{"$f":"IF(N481=\"zákl. přenesená\",J481,0)","v":{"v":0,"d":"0.00"}},{"$f":"IF(N481=\"sníž. přenesená\",J481,0)","v":{"v":0,"d":"0.00"}},{"$f":"IF(N481=\"nulová\",J481,0)","v":{"v":0,"d":"0.00"}},"1",{"$f":"ROUND(I481*H481,2)","v":298.61},"16","899921752"]
[{"$nulls":3},"Online PSC",null,"https://podminky.urs.cz/item/CS_URS_2025_01/784181101",{"$nulls":39},"Online PSC","2"]
[null,null,"111","K","784211121","Dvojnásobné bílé malby ze směsí za mokra středně oděruvzdorných v místnostech v do 3,80 m","m2",10.934,83.81,{"$f":"ROUND(I483*H483,2)","v":916.38},"CS ÚRS 2025 01",null,"","základní",null,{"$f":"O483*H483","v":{"v":0,"d":"0.00000"}},{"v":0.0002754,"d":"0.00028"},{"$f":"Q483*H483","v":{"v":0.0030112236,"d":"0.00301"}},{"v":0,"d":"0.00000"},{"$f":"S483*H483","v":{"v":0,"d":"0.00000"}},{"$nulls":23},"16",null,"K","2",{"$nulls":3},"ROZPOCET",{"$nulls":5},{"$f":"IF(N483=\"základní\",J483,0)","v":916.38},{"$f":"IF(N483=\"snížená\",J483,0)","v":{"v":0,"d":"0.00"}},{"$f":"IF(N483=\"zákl. přenesená\",J483,0)","v":{"v":0,"d":"0.00"}},{"$f":"IF(N483=\"sníž. přenesená\",J483,0)","v":{"v":0,"d":"0.00"}},{"$f":"IF(N483=\"nulová\",J483,0)","v":{"v":0,"d":"0.00"}},"1",{"$f":"ROUND(I483*H483,2)","v":916.38},"16","-1276299957"]
[{"$nulls":3},"Online PSC",null,"https://podminky.urs.cz/item/CS_URS_2025_01/784211121",{"$nulls":39},"Online PSC","2"]
[{"$nulls":3},"D","VRN","Vedlejší rozpočtové náklady",{"$nulls":3},{"$f":"BK485","v":{"v":3060.62,"d":"3,060.62"}},{"$nulls":5},{"$f":"P486","v":{"v":0,"d":"0.00000"}},null,{"$f":"R486","v":{"v":0,"d":"0.00000"}},null,{"$f":"T486","v":{"v":0,"d":"0.00000"}},{"$nulls":23},"5",null,"D","0",{"$nulls":3},"ROZPOCET",{"$nulls":11},{"$f":"BK486","v":{"v":3060.62,"d":"3,060.62"}}]
[{"$nulls":3},"D","VRN4","Inženýrská činnost",{"$nulls":3},{"$f":"BK486","v":{"v":3060.62,"d":"3,060.62"}},{"$nulls":5},{"$f":"SUM(P487:P488)","v":{"v":0,"d":"0.00000"}},null,{"$f":"SUM(R487:R488)","v":{"v":0,"d":"0.00000"}},null,{"$f":"SUM(T487:T488)","v":{"v":0,"d":"0.00000"}},{"$nulls":23},"5",null,"D","1",{"$nulls":3},"ROZPOCET",{"$nulls":11},{"$f":"SUM(BK487:BK488)","v":{"v":3060.62,"d":"3,060.62"}}]
[null,null,"112","K","043203003","Rozbor vody zkrácený z umyvadla","soubor",{"v":1,"d":"1.000"},{"v":3060.62,"d":"3,060.62"},{"$f":"ROUND(I487*H487,2)","v":{"v":3060.62,"d":"3,060.62"}},"CS ÚRS 2025 01",null,"","základní",null,{"$f":"O487*H487","v":{"v":0,"d":"0.00000"}},{"v":0,"d":"0.00000"},{"$f":"Q487*H487","v":{"v":0,"d":"0.00000"}},{"v":0,"d":"0.00000"},{"$f":"S487*H487","v":{"v":0,"d":"0.00000"}},{"$nulls":23},"1024",null,"K","2",{"$nulls":3},"ROZPOCET",{"$nulls":5},{"$f":"IF(N487=\"základní\",J487,0)","v":{"v":3060.62,"d":"3,060.62"}},{"$f":"IF(N487=\"snížená\",J487,0)","v":{"v":0,"d":"0.00"}},{"$f":"IF(N487=\"zákl. přenesená\",J487,0)","v":{"v":0,"d":"0.00"}},{"$f":"IF(N487=\"sníž. přenesená\",J487,0)","v":{"v":0,"d":"0.00"}},{"$f":"IF(N487=\"nulová\",J487,0)","v":{"v":0,"d":"0.00"}},"1",{"$f":"ROUND(I487*H487,2)","v":{"v":3060.62,"d":"3,060.62"}},"1024","1553234256"]
[{"$nulls":3},"Online PSC",null,"https://podminky.urs.cz/item/CS_URS_2025_01/043203003",{"$nulls":39},"Online PSC","2"]

{"sheet":"08 - 6.NP - č. 614a - Kou...","index":8,"n_rows":488,"n_cols":65,"rows_kept":488,"merged":[[1,11,1,21],[6,4,6,7],[8,4,8,7],[17,4,17,7],[26,4,26,7],[47,4,47,7],[49,4,49,7],[87,4,87,7],[89,4,89,7]]}
[]
[{"$nulls":45},"{1b9f5fea-0f32-43d9-b457-164c5e520301}"]
[{"$nulls":45},"2"]
[{"$nulls":3},"KRYCÍ LIST SOUPISU PRACÍ",{"$nulls":8},"v ---  níže se nacházejí doplnkové a pomocné údaje k sestavám  --- v",{"$nulls":32},"False"]
[]
[{"$nulls":3},"Stavba:"]
[{"$nulls":4},{"$f":"'Rekapitulace stavby'!K6","v":"Rekonstrukce hygienických prostor ISŠT, Benešov, Černoleská 1997"}]
[{"$nulls":3},"Objekt:"]
[{"$nulls":4},"08 - 6.NP - č. 614a - Koupelna typ A2"]
[]
[{"$nulls":3},"KSO:",null,"",null,null,"CC-CZ:",""]
[{"$nulls":3},"Místo:",null,"Benešov, Černoleská 1997",null,null,"Datum:",{"$f":"'Rekapitulace stavby'!AN8","v":"2025-08-11"}]
[]
[{"$nulls":3},"Zadavatel:",{"$nulls":4},"IČ:","18620442"]
[{"$nulls":4},"Integrovaná střední škola technická",{"$nulls":3},"DIČ:",""]
[]
[{"$nulls":3},"Účastník:",{"$nulls":4},"IČ:",{"$f":"'Rekapitulace stavby'!AN13","v":"24832898"}]
[{"$nulls":4},{"$f":"'Rekapitulace stavby'!E14","v":"OTISTAV s.r.o."},{"$nulls":3},"DIČ:",{"$f":"'Rekapitulace stavby'!AN14","v":"CZ24832898"}]
[]
[{"$nulls":3},"Projektant:",{"$nulls":4},"IČ:",""]
[{"$nulls":4},"Ing. arch. Ondřej Lovíšek",{"$nulls":3},"DIČ:",""]
[]
[{"$nulls":3},"Zpracovatel:",{"$nulls":4},"IČ:",{"$f":"IF('Rekapitulace stavby'!AN19=\"\",\"\",'Rekapitulace stavby'!AN19)","v":""}]
[{"$nulls":4},{"$f":"IF('Rekapitulace stavby'!E20=\"\",\"\",'Rekapitulace stavby'!E20)","v":" "},{"$nulls":3},"DIČ:",{"$f":"IF('Rekapitulace stavby'!AN20=\"\",\"\",'Rekapitulace stavby'!AN20)","v":""}]
[]
[{"$nulls":3},"Poznámka:"]
[{"$nulls":4},""]
[]
[]
[{"$nulls":3},"Cena bez DPH",{"$nulls":5},{"$f":"ROUND(J98, 2)","v":{"v":155502.3,"d":"155,502.30"}}]
[]
[{"$nulls":5},"Základ daně",null,null,"Sazba daně","Výše daně"]
[{"$nulls":3},"DPH","základní",{"$f":"ROUND((SUM(BE98:BE488)),  2)","v":{"v":155502.3,"d":"155,502.30"}},null,null,{"v":0.21,"d":"21.00%"},{"$f":"ROUND(((SUM(BE98:BE488))*I33),  2)","v":{"v":32655.48,"d":"32,655.48"}}]
[{"$nulls":4},"snížená",{"$f":"ROUND((SUM(BF98:BF488)),  2)","v":{"v":0,"d":"0.00"}},null,null,{"v":0.12,"d":"12.00%"},{"$f":"ROUND(((SUM(BF98:BF488))*I34),  2)","v":{"v":0,"d":"0.00"}}]
[{"$nulls":4},"zákl. přenesená",{"$f":"ROUND((SUM(BG98:BG488)),  2)","v":{"v":0,"d":"0.00"}},null,null,{"v":0.21,"d":"21.00%"},{"$f":"0","v":{"v":0,"d":"0.00"}}]
[{"$nulls":4},"sníž. přenesená",{"$f":"ROUND((SUM(BH98:BH488)),  2)","v":{"v":0,"d":"0.00"}},null,null,{"v":0.12,"d":"12.00%"},{"$f":"0","v":{"v":0,"d":"0.00"}}]
[{"$nulls":4},"nulová",{"$f":"ROUND((SUM(BI98:BI488)),  2)","v":{"v":0,"d":"0.00"}},null,null,{"v":0,"d":"0.00%"},{"$f":"0","v":{"v":0,"d":"0.00"}}]
[]
[{"$nulls":3},"Cena s DPH",null,null,"v","CZK",null,{"$f":"SUM(J30:J37)","v":{"v":188157.78,"d":"188,157.78"}}]
[]
[]
[]
[]
[]
[null,null,"REKAPITULACE ČLENĚNÍ SOUPISU PRACÍ"]
[]
[null,null,"Stavba:"]
[{"$nulls":4},{"$f":"E7","v":"Rekonstrukce hygienických prostor ISŠT, Benešov, Černoleská 1997"}]
[null,null,"Objekt:"]
[{"$nulls":4},{"$f":"E9","v":"08 - 6.NP - č. 614a - Koupelna typ A2"}]
[]
[null,null,"Místo:",null,null,{"$f":"F12","v":"Benešov, Černoleská 1997"},null,null,"Datum:",{"$f":"IF(J12=\"\",\"\",J12)","v":"2025-08-11"}]
[]
[null,null,"Zadavatel:",null,null,{"$f":"E15","v":"Integrovaná střední škola technická"},null,null,"Projektant:",{"$f":"E21","v":"Ing. arch. Ondřej Lovíšek"}]
[null,null,"Účastník:",null,null,{"$f":"IF(E18=\"\",\"\",E18)","v":"OTISTAV s.r.o."},null,null,"Zpracovatel:",{"$f":"E24","v":" "}]
[]
[null,null,"Kód dílu - Popis",{"$nulls":6},"Cena celkem [CZK]"]
[]
[null,null,"Náklady stavby celkem",{"$nulls":6},{"$f":"J98","v":{"v":155502.30000000002,"d":"155,502.30"}},{"$nulls":36},"-1"]
[{"$nulls":3},"HSV - Práce a dodávky HSV",{"$nulls":5},{"$f":"J99","v":{"v":57560.450000000004,"d":"57,560.45"}}]
[{"$nulls":3},"    6 - Úpravy povrchů, podlahy a osazování výplní",{"$nulls":5},{"$f":"J100","v":{"v":34853.15000000001,"d":"34,853.15"}}]
[{"$nulls":3},"    9 - Ostatní konstrukce a práce, bourání",{"$nulls":5},{"$f":"J139","v":{"v":13344.42,"d":"13,344.42"}}]
[{"$nulls":3},"    997 - Přesun sutě",{"$nulls":5},{"$f":"J191","v":{"v":6129.890000000001,"d":"6,129.89"}}]
[{"$nulls":3},"    998 - Přesun hmot",{"$nulls":5},{"$f":"J203","v":{"v":3232.99,"d":"3,232.99"}}]
[{"$nulls":3},"PSV - Práce a dodávky PSV",{"$nulls":5},{"$f":"J206","v":{"v":94881.23000000001,"d":"94,881.23"}}]
[{"$nulls":3},"    721 - Zdravotechnika - vnitřní kanalizace",{"$nulls":5},{"$f":"J207","v":{"v":6328.660000000001,"d":"6,328.66"}}]
[{"$nulls":3},"    722 - Zdravotechnika - vnitřní vodovod",{"$nulls":5},{"$f":"J221","v":{"v":7259.3,"d":"7,259.30"}}]
[{"$nulls":3},"    725 - Zdravotechnika - zařizovací předměty",{"$nulls":5},{"$f":"J237","v":{"v":21093.710000000003,"d":"21,093.71"}}]
[{"$nulls":3},"    741 - Elektroinstalace - silnoproud",{"$nulls":5},{"$f":"J273","v":{"v":4781.040000000001,"d":"4,781.04"}}]
[{"$nulls":3},"    751 - Vzduchotechnika",{"$nulls":5},{"$f":"J326","v":{"v":1391.25,"d":"1,391.25"}}]
[{"$nulls":3},"    766 - Konstrukce truhlářské",{"$nulls":5},{"$f":"J338","v":{"v":7566.69,"d":"7,566.69"}}]
[{"$nulls":3},"    767 - Konstrukce zámečnické",{"$nulls":5},{"$f":"J358","v":{"v":1144.53,"d":"1,144.53"}}]
[{"$nulls":3},"    771 - Podlahy z dlaždic",{"$nulls":5},{"$f":"J371","v":{"v":11856.660000000002,"d":"11,856.66"}}]
[{"$nulls":3},"    781 - Dokončovací práce - obklady",{"$nulls":5},{"$f":"J422","v":{"v":30234.920000000002,"d":"30,234.92"}}]
[{"$nulls":3},"    783 - Dokončovací práce - nátěry",{"$nulls":5},{"$f":"J452","v":{"v":1827.94,"d":"1,827.94"}}]
[{"$nulls":3},"    784 - Dokončovací práce - malby a tapety",{"$nulls":5},{"$f":"J467","v":{"v":1396.53,"d":"1,396.53"}}]
[{"$nulls":3},"VRN - Vedlejší rozpočtové náklady",{"$nulls":5},{"$f":"J485","v":{"v":3060.62,"d":"3,060.62"}}]
[{"$nulls":3},"    VRN4 - Inženýrská činnost",{"$nulls":5},{"$f":"J486","v":{"v":3060.62,"d":"3,060.62"}}]
[]
[]
[]
[]
[]
[]
[null,null,"SOUPIS PRACÍ"]
[]
[null,null,"Stavba:"]
[{"$nulls":4},{"$f":"E7","v":"Rekonstrukce hygienických prostor ISŠT, Benešov, Černoleská 1997"}]
[null,null,"Objekt:"]
[{"$nulls":4},{"$f":"E9","v":"08 - 6.NP - č. 614a - Koupelna typ A2"}]
[]
[null,null,"Místo:",null,null,{"$f":"F12","v":"Benešov, Černoleská 1997"},null,null,"Datum:",{"$f":"IF(J12=\"\",\"\",J12)","v":"2025-08-11"}]
[]
[null,null,"Zadavatel:",null,null,{"$f":"E15","v":"Integrovaná střední škola technická"},null,null,"Projektant:",{"$f":"E21","v":"Ing. arch. Ondřej Lovíšek"}]
[null,null,"Účastník:",null,null,{"$f":"IF(E18=\"\",\"\",E18)","v":"OTISTAV s.r.o."},null,null,"Zpracovatel:",{"$f":"E24","v":" "}]
[]
[null,null,"PČ","Typ","Kód","Popis","MJ","Množství","J.cena [CZK]","Cena celkem [CZK]","Cenová soustava",null,"","DPH","J. Nh [h]","Nh celkem [h]","J. hmotnost [t]","Hmotnost celkem [t]","J. suť [t]","Suť Celkem [t]"]
[null,null,"Náklady soupisu celkem",{"$nulls":6},{"$f":"BK98","v":{"v":155502.30000000002,"d":"155,502.30"}},{"$nulls":5},{"$f":"P99+P206+P485","v":{"v":0,"d":"0.00000"}},null,{"$f":"R99+R206+R485","v":{"v":3.176421305,"d":"3.17642"}},null,{"$f":"T99+T206+T485","v":{"v":2.3252879999999996,"d":"2.32529"}},{"$nulls":25},"D","-1",{"$nulls":15},{"$f":"BK99+BK206+BK485","v":{"v":155502.30000000002,"d":"155,502.30"}}]
[{"$nulls":3},"D","HSV","Práce a dodávky HSV",{"$nulls":3},{"$f":"BK99","v":{"v":57560.450000000004,"d":"57,560.45"}},{"$nulls":5},{"$f":"P100+P139+P191+P203","v":{"v":0,"d":"0.00000"}},null,{"$f":"R100+R139+R191+R203","v":{"v":2.5425717999999997,"d":"2.54257"}},null,{"$f":"T100+T139+T191+T203","v":{"v":2.222418,"d":"2.22242"}},{"$nulls":23},"1",null,"D","0",{"$nulls":3},"ROZPOCET",{"$nulls":11},{"$f":"BK100+BK139+BK191+BK203","v":{"v":57560.450000000004,"d":"57,560.45"}}]
[{"$nulls":3},"D","6","Úpravy povrchů, podlahy a osazování výplní",{"$nulls":3},{"$f":"BK100","v":{"v":34853.15000000001,"d":"34,853.15"}},{"$nulls":5},{"$f":"SUM(P101:P138)","v":{"v":0,"d":"0.00000"}},null,{"$f":"SUM(R101:R138)","v":{"v":2.54217258,"d":"2.54217"}},null,{"$f":"SUM(T101:T138)","v":{"v":0,"d":"0.00000"}},{"$nulls":23},"1",null,"D","1",{"$nulls":3},"ROZPOCET",{"$nulls":11},{"$f":"SUM(BK101:BK138)","v":{"v":34853.15000000001,"d":"34,853.15"}}]
[null,null,"1","K","612135101","Hrubá výplň rýh maltou jakékoli šířky rýhy ve stěnách","m2",{"v":3,"d":"3.000"},{"v":706.3,"d":"706.30"},{"$f":"ROUND(I101*H101,2)","v":{"v":2118.9,"d":"2,118.90"}},"CS ÚRS 2025 01",null,"","základní",null,{"$f":"O101*H101","v":{"v":0,"d":"0.00000"}},{"v":0.056,"d":"0.05600"},{"$f":"Q101*H101","v":{"v":0.168,"d":"0.16800"}},{"v":0,"d":"0.00000"},{"$f":"S101*H101","v":{"v":0,"d":"0.00000"}},{"$nulls":23},"4",null,"K","2",{"$nulls":3},"ROZPOCET",{"$nulls":5},{"$f":"IF(N101=\"základní\",J101,0)","v":{"v":2118.9,"d":"2,118.90"}},{"$f":"IF(N101=\"snížená\",J101,0)","v":{"v":0,"d":"0.00"}},{"$f":"IF(N101=\"zákl. přenesená\",J101,0)","v":{"v":0,"d":"0.00"}},{"$f":"IF(N101=\"sníž. přenesená\",J101,0)","v":{"v":0,"d":"0.00"}},{"$f":"IF(N101=\"nulová\",J101,0)","v":{"v":0,"d":"0.00"}},"1",{"$f":"ROUND(I101*H101,2)","v":{"v":2118.9,"d":"2,118.90"}},"4","-1242534876"]
[{"$nulls":3},"Online PSC",null,"https://podminky.urs.cz/item/CS_URS_2025_01/612135101",{"$nulls":39},"Online PSC","2"]
[{"$nulls":3},"VV","","\"zapravení rýh ve zdivu po rozvodech vody, kanalizace\"",null,"",{"$nulls":37},"VV","2","1","True","0","ROZPOCET"]
[{"$nulls":3},"VV","","10*0,3",null,{"v":3,"d":"3.000"},{"$nulls":37},"VV","2","2","True","1","ROZPOCET"]
[null,null,"2","K","611131121","Podkladní a spojovací vrstva vnitřních omítaných ploch penetrace disperzní nanášená ručně stropů","m2",2.994,55.56,{"$f":"ROUND(I105*H105,2)","v":166.35},"CS ÚRS 2025 01",null,"","základní",null,{"$f":"O105*H105","v":{"v":0,"d":"0.00000"}},0.00026,{"$f":"Q105*H105","v":{"v":0.00077844,"d":"0.00078"}},{"v":0,"d":"0.00000"},{"$f":"S105*H105","v":{"v":0,"d":"0.00000"}},{"$nulls":23},"4",null,"K","2",{"$nulls":3},"ROZPOCET",{"$nulls":5},{"$f":"IF(N105=\"základní\",J105,0)","v":166.35},{"$f":"IF(N105=\"snížená\",J105,0)","v":{"v":0,"d":"0.00"}},{"$f":"IF(N105=\"zákl. přenesená\",J105,0)","v":{"v":0,"d":"0.00"}},{"$f":"IF(N105=\"sníž. přenesená\",J105,0)","v":{"v":0,"d":"0.00"}},{"$f":"IF(N105=\"nulová\",J105,0)","v":{"v":0,"d":"0.00"}},"1",{"$f":"ROUND(I105*H105,2)","v":166.35},"4","-346936540"]
[{"$nulls":3},"Online PSC",null,"https://podminky.urs.cz/item/CS_URS_2025_01/611131121",{"$nulls":39},"Online PSC","2"]
[{"$nulls":3},"VV","","\"WC\"",null,"",{"$nulls":37},"VV","2","1","True","0","ROZPOCET"]
[{"$nulls":3},"VV","","0,82*1,55",null,1.271,{"$nulls":37},"VV","2","2","True","0","ROZPOCET"]
[{"$nulls":3},"VV","","\"koupelna\"",null,"",{"$nulls":37},"VV","2","1","True","0","ROZPOCET"]
[{"$nulls":3},"VV","","1,46*0,55+0,92*1",null,1.723,{"$nulls":37},"VV","2","2","True","0","ROZPOCET"]
[{"$nulls":3},"VV","","Součet",null,2.994,{"$nulls":37},"VV","2","4","True","1","ROZPOCET"]
[null,null,"3","K","611142001","Pletivo vnitřních ploch v ploše nebo pruzích, na plném podkladu sklovláknité vtlačené do tmelu včetně tmelu stropů","m2",2.994,291.94,{"$f":"ROUND(I112*H112,2)","v":874.07},"CS ÚRS 2025 01",null,"","základní",null,{"$f":"O112*H112","v":{"v":0,"d":"0.00000"}},0.00438,{"$f":"Q112*H112","v":{"v":0.013113720000000002,"d":"0.01311"}},{"v":0,"d":"0.00000"},{"$f":"S112*H112","v":{"v":0,"d":"0.00000"}},{"$nulls":23},"4",null,"K","2",{"$nulls":3},"ROZPOCET",{"$nulls":5},{"$f":"IF(N112=\"základní\",J112,0)","v":874.07},{"$f":"IF(N112=\"snížená\",J112,0)","v":{"v":0,"d":"0.00"}},{"$f":"IF(N112=\"zákl. přenesená\",J112,0)","v":{"v":0,"d":"0.00"}},{"$f":"IF(N112=\"sníž. přenesená\",J112,0)","v":{"v":0,"d":"0.00"}},{"$f":"IF(N112=\"nulová\",J112,0)","v":{"v":0,"d":"0.00"}},"1",{"$f":"ROUND(I112*H112,2)","v":874.07},"4","-1360084983"]
[{"$nulls":3},"Online PSC",null,"https://podminky.urs.cz/item/CS_URS_2025_01/611142001",{"$nulls":39},"Online PSC","2"]
[null,null,"4","K","611321141","Omítka vápenocementová vnitřních ploch nanášená ručně dvouvrstvá, tloušťky jádrové omítky do 10 mm a tloušťky štuku do 3 mm štuková vodorovných konstrukcí stropů rovných","m2",2.944,602.71,{"$f":"ROUND(I114*H114,2)","v":{"v":1774.38,"d":"1,774.38"}},"CS ÚRS 2025 01",null,"","základní",null,{"$f":"O114*H114","v":{"v":0,"d":"0.00000"}},0.01838,{"$f":"Q114*H114","v":{"v":0.05411072,"d":"0.05411"}},{"v":0,"d":"0.00000"},{"$f":"S114*H114","v":{"v":0,"d":"0.00000"}},{"$nulls":23},"4",null,"K","2",{"$nulls":3},"ROZPOCET",{"$nulls":5},{"$f":"IF(N114=\"základní\",J114,0)","v":{"v":1774.38,"d":"1,774.38"}},{"$f":"IF(N114=\"snížená\",J114,0)","v":{"v":0,"d":"0.00"}},{"$f":"IF(N114=\"zákl. přenesená\",J114,0)","v":{"v":0,"d":"0.00"}},{"$f":"IF(N114=\"sníž. přenesená\",J114,0)","v":{"v":0,"d":"0.00"}},{"$f":"IF(N114=\"nulová\",J114,0)","v":{"v":0,"d":"0.00"}},"1",{"$f":"ROUND(I114*H114,2)","v":{"v":1774.38,"d":"1,774.38"}},"4","-149324158"]
[{"$nulls":3},"Online PSC",null,"https://podminky.urs.cz/item/CS_URS_2025_01/611321141",{"$nulls":39},"Online PSC","2"]
[null,null,"5","K","612135001","Vyrovnání podkladu vnitřních stěn maltou vápenocementovou tl do 10 mm","m2",24.531,{"v":273.1,"d":"273.10"},{"$f":"ROUND(I116*H116,2)","v":{"v":6699.42,"d":"6,699.42"}},"CS ÚRS 2025 01",null,"","základní",null,{"$f":"O116*H116","v":{"v":0,"d":"0.00000"}},0.02048,{"$f":"Q116*H116","v":{"v":0.50239488,"d":"0.50239"}},{"v":0,"d":"0.00000"},{"$f":"S116*H116","v":{"v":0,"d":"0.00000"}},{"$nulls":23},"4",null,"K","2",{"$nulls":3},"ROZPOCET",{"$nulls":5},{"$f":"IF(N116=\"základní\",J116,0)","v":{"v":6699.42,"d":"6,699.42"}},{"$f":"IF(N116=\"snížená\",J116,0)","v":{"v":0,"d":"0.00"}},{"$f":"IF(N116=\"zákl. přenesená\",J116,0)","v":{"v":0,"d":"0.00"}},{"$f":"IF(N116=\"sníž. přenesená\",J116,0)","v":{"v":0,"d":"0.00"}},{"$f":"IF(N116=\"nulová\",J116,0)","v":{"v":0,"d":"0.00"}},"1",{"$f":"ROUND(I116*H116,2)","v":{"v":6699.42,"d":"6,699.42"}},"4","-80760066"]
[{"$nulls":3},"Online PSC",null,"https://podminky.urs.cz/item/CS_URS_2025_01/612135001",{"$nulls":39},"Online PSC","2"]
[{"$nulls":3},"VV","","\"místy nutné vyrovnání stěn až 5cm, vyrovnání v celé ploše i v místech obkladů\"",null,"",{"$nulls":37},"VV","2","1","True","0","ROZPOCET"]
[{"$nulls":3},"VV","","\"WC\"",null,"",{"$nulls":37},"VV","2","1","True","0","ROZPOCET"]
[{"$nulls":3},"VV","","(0,82*2+1,55*2)*2,54-(0,7*2)",null,{"v":10.64,"d":"10.640"},{"$nulls":37},"VV","2","2","True","0","ROZPOCET"]
[{"$nulls":3},"VV","","\"koupelna\"",null,"",{"$nulls":37},"VV","2","1","True","0","ROZPOCET"]
[{"$nulls":3},"VV","","(1,46*2+1,55*2)*2,54-(0,7*2)",null,13.891,{"$nulls":37},"VV","2","2","True","0","ROZPOCET"]
[{"$nulls":3},"VV","","Součet",null,24.531,{"$nulls":37},"VV","2","4","True","1","ROZPOCET"]
[null,null,"6","K","612135091","Vyrovnání nerovností podkladu vnitřních omítaných ploch Příplatek k ceně za každých dalších 5 mm tloušťky podkladní vrstvy přes 10 mm maltou vápenocementovou stěn","m2",196.248,55.56,{"$f":"ROUND(I124*H124,2)","v":{"v":10903.54,"d":"10,903.54"}},"CS ÚRS 2025 01",null,"","základní",null,{"$f":"O124*H124","v":{"v":0,"d":"0.00000"}},{"v":0.0079,"d":"0.00790"},{"$f":"Q124*H124","v":{"v":1.5503592000000002,"d":"1.55036"}},{"v":0,"d":"0.00000"},{"$f":"S124*H124","v":{"v":0,"d":"0.00000"}},{"$nulls":23},"4",null,"K","2",{"$nulls":3},"ROZPOCET",{"$nulls":5},{"$f":"IF(N124=\"základní\",J124,0)","v":{"v":10903.54,"d":"10,903.54"}},{"$f":"IF(N124=\"snížená\",J124,0)","v":{"v":0,"d":"0.00"}},{"$f":"IF(N124=\"zákl. přenesená\",J124,0)","v":{"v":0,"d":"0.00"}},{"$f":"IF(N124=\"sníž. přenesená\",J124,0)","v":{"v":0,"d":"0.00"}},{"$f":"IF(N124=\"nulová\",J124,0)","v":{"v":0,"d":"0.00"}},"1",{"$f":"ROUND(I124*H124,2)","v":{"v":10903.54,"d":"10,903.54"}},"4","351683337"]
[{"$nulls":3},"Online PSC",null,"https://podminky.urs.cz/item/CS_URS_2025_01/612135091",{"$nulls":39},"Online PSC","2"]
[{"$nulls":3},"VV","","24,531*8",null,196.248,{"$nulls":37},"VV","2","2","True","1","ROZPOCET"]
[null,null,"7","K","612142001","Pletivo vnitřních ploch v ploše nebo pruzích, na plném podkladu sklovláknité vtlačené do tmelu včetně tmelu stěn","m2",24.531,291.94,{"$f":"ROUND(I127*H127,2)","v":{"v":7161.58,"d":"7,161.58"}},"CS ÚRS 2025 01",null,"","základní",null,{"$f":"O127*H127","v":{"v":0,"d":"0.00000"}},0.00438,{"$f":"Q127*H127","v":{"v":0.10744578,"d":"0.10745"}},{"v":0,"d":"0.00000"},{"$f":"S127*H127","v":{"v":0,"d":"0.00000"}},{"$nulls":23},"4",null,"K","2",{"$nulls":3},"ROZPOCET",{"$nulls":5},{"$f":"IF(N127=\"základní\",J127,0)","v":{"v":7161.58,"d":"7,161.58"}},{"$f":"IF(N127=\"snížená\",J127,0)","v":{"v":0,"d":"0.00"}},{"$f":"IF(N127=\"zákl. přenesená\",J127,0)","v":{"v":0,"d":"0.00"}},{"$f":"IF(N127=\"sníž. přenesená\",J127,0)","v":{"v":0,"d":"0.00"}},{"$f":"IF(N127=\"nulová\",J127,0)","v":{"v":0,"d":"0.00"}},"1",{"$f":"ROUND(I127*H127,2)","v":{"v":7161.58,"d":"7,161.58"}},"4","-1900061653"]
[{"$nulls":3},"Online PSC",null,"https://podminky.urs.cz/item/CS_URS_2025_01/612142001",{"$nulls":39},"Online PSC","2"]
[null,null,"8","K","612131121","Podkladní a spojovací vrstva vnitřních omítaných ploch penetrace disperzní nanášená ručně stěn","m2",7.831,55.56,{"$f":"ROUND(I129*H129,2)","v":435.09},"CS ÚRS 2025 01",null,"","základní",null,{"$f":"O129*H129","v":{"v":0,"d":"0.00000"}},0.00026,{"$f":"Q129*H129","v":{"v":0.00203606,"d":"0.00204"}},{"v":0,"d":"0.00000"},{"$f":"S129*H129","v":{"v":0,"d":"0.00000"}},{"$nulls":23},"4",null,"K","2",{"$nulls":3},"ROZPOCET",{"$nulls":5},{"$f":"IF(N129=\"základní\",J129,0)","v":435.09},{"$f":"IF(N129=\"snížená\",J129,0)","v":{"v":0,"d":"0.00"}},{"$f":"IF(N129=\"zákl. přenesená\",J129,0)","v":{"v":0,"d":"0.00"}},{"$f":"IF(N129=\"sníž. přenesená\",J129,0)","v":{"v":0,"d":"0.00"}},{"$f":"IF(N129=\"nulová\",J129,0)","v":{"v":0,"d":"0.00"}},"1",{"$f":"ROUND(I129*H129,2)","v":435.09},"4","2136395647"]
[{"$nulls":3},"Online PSC",null,"https://podminky.urs.cz/item/CS_URS_2025_01/612131121",{"$nulls":39},"Online PSC","2"]
[{"$nulls":3},"VV","","\"mimo obklad\"",null,"",{"$nulls":37},"VV","2","1","True","0","ROZPOCET"]
[{"$nulls":3},"VV","","\"WC\"",null,"",{"$nulls":37},"VV","2","1","True","0","ROZPOCET"]
[{"$nulls":3},"VV","","(0,82*2+1,55*2)*(2,54-1,5)-(0,7*(2-1,5))",null,{"v":4.58,"d":"4.580"},{"$nulls":37},"VV","2","2","True","0","ROZPOCET"]
[{"$nulls":3},"VV","","\"koupelna\"",null,"",{"$nulls":37},"VV","2","1","True","0","ROZPOCET"]
[{"$nulls":3},"VV","","(1,46*2+1,55*2)*(2,54-2)",null,3.251,{"$nulls":37},"VV","2","2","True","0","ROZPOCET"]
[{"$nulls":3},"VV","","Součet",null,7.831,{"$nulls":37},"VV","2","4","True","1","ROZPOCET"]
[null,null,"9","K","612321141","Omítka vápenocementová vnitřních ploch nanášená ručně dvouvrstvá, tloušťky jádrové omítky do 10 mm a tloušťky štuku do 3 mm štuková svislých konstrukcí stěn","m2",7.831,602.71,{"$f":"ROUND(I137*H137,2)","v":{"v":4719.82,"d":"4,719.82"}},"CS ÚRS 2025 01",null,"","základní",null,{"$f":"O137*H137","v":{"v":0,"d":"0.00000"}},0.01838,{"$f":"Q137*H137","v":{"v":0.14393378,"d":"0.14393"}},{"v":0,"d":"0.00000"},{"$f":"S137*H137","v":{"v":0,"d":"0.00000"}},{"$nulls":23},"4",null,"K","2",{"$nulls":3},"ROZPOCET",{"$nulls":5},{"$f":"IF(N137=\"základní\",J137,0)","v":{"v":4719.82,"d":"4,719.82"}},{"$f":"IF(N137=\"snížená\",J137,0)","v":{"v":0,"d":"0.00"}},{"$f":"IF(N137=\"zákl. přenesená\",J137,0)","v":{"v":0,"d":"0.00"}},{"$f":"IF(N137=\"sníž. přenesená\",J137,0)","v":{"v":0,"d":"0.00"}},{"$f":"IF(N137=\"nulová\",J137,0)","v":{"v":0,"d":"0.00"}},"1",{"$f":"ROUND(I137*H137,2)","v":{"v":4719.82,"d":"4,719.82"}},"4","-338269980"]
[{"$nulls":3},"Online PSC",null,"https://podminky.urs.cz/item/CS_URS_2025_01/612321141",{"$nulls":39},"Online PSC","2"]
[{"$nulls":3},"D","9","Ostatní konstrukce a práce, bourání",{"$nulls":3},{"$f":"BK139","v":{"v":13344.42,"d":"13,344.42"}},{"$nulls":5},{"$f":"SUM(P140:P190)","v":{"v":0,"d":"0.00000"}},null,{"$f":"SUM(R140:R190)","v":{"v":3.9922000000000004E-4,"d":"0.00040"}},null,{"$f":"SUM(T140:T190)","v":{"v":2.222418,"d":"2.22242"}},{"$nulls":23},"1",null,"D","1",{"$nulls":3},"ROZPOCET",{"$nulls":11},{"$f":"SUM(BK140:BK190)","v":{"v":13344.42,"d":"13,344.42"}}]
[null,null,"10","K","949101111","Lešení pomocné pracovní pro objekty pozemních staveb pro zatížení do 150 kg/m2, o výšce lešeňové podlahy do 1,9 m","m2",2.994,46.14,{"$f":"ROUND(I140*H140,2)","v":138.14},"CS ÚRS 2025 01",null,"","základní",null,{"$f":"O140*H140","v":{"v":0,"d":"0.00000"}},0.00013,{"$f":"Q140*H140","v":{"v":0.00038922,"d":"0.00039"}},{"v":0,"d":"0.00000"},{"$f":"S140*H140","v":{"v":0,"d":"0.00000"}},{"$nulls":23},"4",null,"K","2",{"$nulls":3},"ROZPOCET",{"$nulls":5},{"$f":"IF(N140=\"základní\",J140,0)","v":138.14},{"$f":"IF(N140=\"snížená\",J140,0)","v":{"v":0,"d":"0.00"}},{"$f":"IF(N140=\"zákl. přenesená\",J140,0)","v":{"v":0,"d":"0.00"}},{"$f":"IF(N140=\"sníž. přenesená\",J140,0)","v":{"v":0,"d":"0.00"}},{"$f":"IF(N140=\"nulová\",J140,0)","v":{"v":0,"d":"0.00"}},"1",{"$f":"ROUND(I140*H140,2)","v":138.14},"4","1793863383"]
[{"$nulls":3},"Online PSC",null,"https://podminky.urs.cz/item/CS_URS_2025_01/949101111",{"$nulls":39},"Online PSC","2"]
[{"$nulls":3},"VV","","\"WC\"",null,"",{"$nulls":37},"VV","2","1","True","0","ROZPOCET"]
[{"$nulls":3},"VV","","0,82*1,55",null,1.271,{"$nulls":37},"VV","2","2","True","0","ROZPOCET"]
[{"$nulls":3},"VV","","\"koupelna\"",null,"",{"$nulls":37},"VV","2","1","True","0","ROZPOCET"]
[{"$nulls":3},"VV","","1,46*0,55+0,92*1",null,1.723,{"$nulls":37},"VV","2","2","True","0","ROZPOCET"]
[{"$nulls":3},"VV","","Součet",null,2.994,{"$nulls":37},"VV","2","4","True","1","ROZPOCET"]
[null,null,"11","K","978059541","Odsekání obkladů stěn včetně otlučení podkladní omítky až na zdivo z obkládaček vnitřních, z jakýchkoliv materiálů, plochy přes 1 m2","m2",{"v":16.7,"d":"16.700"},226.01,{"$f":"ROUND(I147*H147,2)","v":{"v":3774.37,"d":"3,774.37"}},"CS ÚRS 2025 01",null,"","základní",null,{"$f":"O147*H147","v":{"v":0,"d":"0.00000"}},{"v":0,"d":"0.00000"},{"$f":"Q147*H147","v":{"v":0,"d":"0.00000"}},{"v":0.068,"d":"0.06800"},{"$f":"S147*H147","v":{"v":1.1356,"d":"1.13560"}},{"$nulls":23},"4",null,"K","2",{"$nulls":3},"ROZPOCET",{"$nulls":5},{"$f":"IF(N147=\"základní\",J147,0)","v":{"v":3774.37,"d":"3,774.37"}},{"$f":"IF(N147=\"snížená\",J147,0)","v":{"v":0,"d":"0.00"}},{"$f":"IF(N147=\"zákl. přenesená\",J147,0)","v":{"v":0,"d":"0.00"}},{"$f":"IF(N147=\"sníž. přenesená\",J147,0)","v":{"v":0,"d":"0.00"}},{"$f":"IF(N147=\"nulová\",J147,0)","v":{"v":0,"d":"0.00"}},"1",{"$f":"ROUND(I147*H147,2)","v":{"v":3774.37,"d":"3,774.37"}},"4","1455582169"]
[{"$nulls":3},"Online PSC",null,"https://podminky.urs.cz/item/CS_URS_2025_01/978059541",{"$nulls":39},"Online PSC","2"]
[{"$nulls":3},"VV","","\"WC\"",null,"",{"$nulls":37},"VV","2","1","True","0","ROZPOCET"]
[{"$nulls":3},"VV","","(0,82*2+1,55*2)*1,5-(0,7*1,5)",null,{"v":6.06,"d":"6.060"},{"$nulls":37},"VV","2","2","True","0","ROZPOCET"]
[{"$nulls":3},"VV","","\"koupelna\"",null,"",{"$nulls":37},"VV","2","1","True","0","ROZPOCET"]
[{"$nulls":3},"VV","","(1,46*2+1,55*2)*2-(0,7*2)",null,{"v":10.64,"d":"10.640"},{"$nulls":37},"VV","2","2","True","0","ROZPOCET"]
[{"$nulls":3},"VV","","Součet",null,{"v":16.7,"d":"16.700"},{"$nulls":37},"VV","2","4","True","1","ROZPOCET"]
[null,null,"12","K","978013191","Otlučení vápenných nebo vápenocementových omítek vnitřních ploch stěn s vyškrabáním spar, s očištěním zdiva, v rozsahu přes 50 do 100 %","m2",7.831,226.01,{"$f":"ROUND(I154*H154,2)","v":{"v":1769.88,"d":"1,769.88"}},"CS ÚRS 2025 01",null,"","základní",null,{"$f":"O154*H154","v":{"v":0,"d":"0.00000"}},{"v":0,"d":"0.00000"},{"$f":"Q154*H154","v":{"v":0,"d":"0.00000"}},{"v":0.046,"d":"0.04600"},{"$f":"S154*H154","v":{"v":0.360226,"d":"0.36023"}},{"$nulls":23},"4",null,"K","2",{"$nulls":3},"ROZPOCET",{"$nulls":5},{"$f":"IF(N154=\"základní\",J154,0)","v":{"v":1769.88,"d":"1,769.88"}},{"$f":"IF(N154=\"snížená\",J154,0)","v":{"v":0,"d":"0.00"}},{"$f":"IF(N154=\"zákl. přenesená\",J154,0)","v":{"v":0,"d":"0.00"}},{"$f":"IF(N154=\"sníž. přenesená\",J154,0)","v":{"v":0,"d":"0.00"}},{"$f":"IF(N154=\"nulová\",J154,0)","v":{"v":0,"d":"0.00"}},"1",{"$f":"ROUND(I154*H154,2)","v":{"v":1769.88,"d":"1,769.88"}},"4","615735065"]
[{"$nulls":3},"Online PSC",null,"https://podminky.urs.cz/item/CS_URS_2025_01/978013191",{"$nulls":39},"Online PSC","2"]
[{"$nulls":3},"VV","","\"WC\"",null,"",{"$nulls":37},"VV","2","1","True","0","ROZPOCET"]
[{"$nulls":3},"VV","","(0,82*2+1,55*2)*(2,54-1,5)-(0,7*(2-1,5))",null,{"v":4.58,"d":"4.580"},{"$nulls":37},"VV","2","2","True","0","ROZPOCET"]
[{"$nulls":3},"VV","","\"koupelna\"",null,"",{"$nulls":37},"VV","2","1","True","0","ROZPOCET"]
[{"$nulls":3},"VV","","(1,46*2+1,55*2)*(2,54-2)",null,3.251,{"$nulls":37},"VV","2","2","True","0","ROZPOCET"]
[{"$nulls":3},"VV","","Součet",null,7.831,{"$nulls":37},"VV","2","4","True","1","ROZPOCET"]
[null,null,"13","K","978011191","Otlučení vápenných nebo vápenocementových omítek vnitřních ploch stropů, v rozsahu přes 50 do 100 %","m2",2.994,226.01,{"$f":"ROUND(I161*H161,2)","v":676.67},"CS ÚRS 2025 01",null,"","základní",null,{"$f":"O161*H161","v":{"v":0,"d":"0.00000"}},{"v":0,"d":"0.00000"},{"$f":"Q161*H161","v":{"v":0,"d":"0.00000"}},{"v":0.05,"d":"0.05000"},{"$f":"S161*H161","v":{"v":0.14970000000000003,"d":"0.14970"}},{"$nulls":23},"4",null,"K","2",{"$nulls":3},"ROZPOCET",{"$nulls":5},{"$f":"IF(N161=\"základní\",J161,0)","v":676.67},{"$f":"IF(N161=\"snížená\",J161,0)","v":{"v":0,"d":"0.00"}},{"$f":"IF(N161=\"zákl. přenesená\",J161,0)","v":{"v":0,"d":"0.00"}},{"$f":"IF(N161=\"sníž. přenesená\",J161,0)","v":{"v":0,"d":"0.00"}},{"$f":"IF(N161=\"nulová\",J161,0)","v":{"v":0,"d":"0.00"}},"1",{"$f":"ROUND(I161*H161,2)","v":676.67},"4","376840278"]
[{"$nulls":3},"Online PSC",null,"https://podminky.urs.cz/item/CS_URS_2025_01/978011191",{"$nulls":39},"Online PSC","2"]
[{"$nulls":3},"VV","","\"WC\"",null,"",{"$nulls":37},"VV","2","1","True","0","ROZPOCET"]
[{"$nulls":3},"VV","","0,82*1,55",null,1.271,{"$nulls":37},"VV","2","2","True","0","ROZPOCET"]
[{"$nulls":3},"VV","","\"koupelna\"",null,"",{"$nulls":37},"VV","2","1","True","0","ROZPOCET"]
[{"$nulls":3},"VV","","1,46*0,55+0,92*1",null,1.723,{"$nulls":37},"VV","2","2","True","0","ROZPOCET"]
[{"$nulls":3},"VV","","Součet",null,2.994,{"$nulls":37},"VV","2","4","True","1","ROZPOCET"]
[null,null,"14","K","962031133","Bourání příček nebo přizdívek z cihel pálených plných nebo dutých, tl. přes 100 do 150 mm","m2",0.276,226.01,{"$f":"ROUND(I168*H168,2)","v":62.38},"CS ÚRS 2025 01",null,"","základní",null,{"$f":"O168*H168","v":{"v":0,"d":"0.00000"}},{"v":0,"d":"0.00000"},{"$f":"Q168*H168","v":{"v":0,"d":"0.00000"}},{"v":0.261,"d":"0.26100"},{"$f":"S168*H168","v":{"v":0.072036,"d":"0.07204"}},{"$nulls":23},"4",null,"K","2",{"$nulls":3},"ROZPOCET",{"$nulls":5},{"$f":"IF(N168=\"základní\",J168,0)","v":62.38},{"$f":"IF(N168=\"snížená\",J168,0)","v":{"v":0,"d":"0.00"}},{"$f":"IF(N168=\"zákl. přenesená\",J168,0)","v":{"v":0,"d":"0.00"}},{"$f":"IF(N168=\"sníž. přenesená\",J168,0)","v":{"v":0,"d":"0.00"}},{"$f":"IF(N168=\"nulová\",J168,0)","v":{"v":0,"d":"0.00"}},"1",{"$f":"ROUND(I168*H168,2)","v":62.38},"4","-1356082875"]
[{"$nulls":3},"Online PSC",null,"https://podminky.urs.cz/item/CS_URS_2025_01/962031133",{"$nulls":39},"Online PSC","2"]
[{"$nulls":3},"VV","","\"koupelna zděná vanička\"",null,"",{"$nulls":37},"VV","2","1","True","0","ROZPOCET"]
[{"$nulls":3},"VV","","0,92*0,3",null,0.276,{"$nulls":37},"VV","2","2","True","1","ROZPOCET"]
[null,null,"15","K","965042221","Bourání mazanin betonových nebo z litého asfaltu tl. přes 100 mm, plochy do 1 m2","m3",0.083,{"v":4237.78,"d":"4,237.78"},{"$f":"ROUND(I172*H172,2)","v":351.74},"CS ÚRS 2025 01",null,"","základní",null,{"$f":"O172*H172","v":{"v":0,"d":"0.00000"}},{"v":0,"d":"0.00000"},{"$f":"Q172*H172","v":{"v":0,"d":"0.00000"}},{"v":2.2,"d":"2.20000"},{"$f":"S172*H172","v":{"v":0.1826,"d":"0.18260"}},{"$nulls":23},"4",null,"K","2",{"$nulls":3},"ROZPOCET",{"$nulls":5},{"$f":"IF(N172=\"základní\",J172,0)","v":351.74},{"$f":"IF(N172=\"snížená\",J172,0)","v":{"v":0,"d":"0.00"}},{"$f":"IF(N172=\"zákl. přenesená\",J172,0)","v":{"v":0,"d":"0.00"}},{"$f":"IF(N172=\"sníž. přenesená\",J172,0)","v":{"v":0,"d":"0.00"}},{"$f":"IF(N172=\"nulová\",J172,0)","v":{"v":0,"d":"0.00"}},"1",{"$f":"ROUND(I172*H172,2)","v":351.74},"4","1235498339"]
[{"$nulls":3},"Online PSC",null,"https://podminky.urs.cz/item/CS_URS_2025_01/965042221",{"$nulls":39},"Online PSC","2"]
[{"$nulls":3},"VV","","\"koupelna - zděna vanička\"",null,"",{"$nulls":37},"VV","2","1","True","0","ROZPOCET"]
[{"$nulls":3},"VV","","0,92*0,6*0,15",null,0.083,{"$nulls":37},"VV","2","2","True","1","ROZPOCET"]
[null,null,"16","K","965081223","Bourání podlah z dlaždic bez podkladního lože nebo mazaniny, s jakoukoliv výplní spár keramických nebo xylolitových tl. přes 10 mm plochy přes 1 m2","m2",3.408,226.01,{"$f":"ROUND(I176*H176,2)","v":770.24},"CS ÚRS 2025 01",null,"","základní",null,{"$f":"O176*H176","v":{"v":0,"d":"0.00000"}},{"v":0,"d":"0.00000"},{"$f":"Q176*H176","v":{"v":0,"d":"0.00000"}},{"v":0.057,"d":"0.05700"},{"$f":"S176*H176","v":{"v":0.194256,"d":"0.19426"}},{"$nulls":23},"4",null,"K","2",{"$nulls":3},"ROZPOCET",{"$nulls":5},{"$f":"IF(N176=\"základní\",J176,0)","v":770.24},{"$f":"IF(N176=\"snížená\",J176,0)","v":{"v":0,"d":"0.00"}},{"$f":"IF(N176=\"zákl. přenesená\",J176,0)","v":{"v":0,"d":"0.00"}},{"$f":"IF(N176=\"sníž. přenesená\",J176,0)","v":{"v":0,"d":"0.00"}},{"$f":"IF(N176=\"nulová\",J176,0)","v":{"v":0,"d":"0.00"}},"1",{"$f":"ROUND(I176*H176,2)","v":770.24},"4","1812029727"]
[{"$nulls":3},"Online PSC",null,"https://podminky.urs.cz/item/CS_URS_2025_01/965081223",{"$nulls":39},"Online PSC","2"]
[{"$nulls":3},"VV","","\"WC\"",null,"",{"$nulls":37},"VV","2","1","True","0","ROZPOCET"]
[{"$nulls":3},"VV","","0,82*1,55",null,1.271,{"$nulls":37},"VV","2","2","True","0","ROZPOCET"]
[{"$nulls":3},"VV","","\"koupelna\"",null,"",{"$nulls":37},"VV","2","1","True","0","ROZPOCET"]
[{"$nulls":3},"VV","","1,46*0,55+0,92*1+0,92*0,15+0,92*0,3",null,2.137,{"$nulls":37},"VV","2","2","True","0","ROZPOCET"]
[{"$nulls":3},"VV","","Součet",null,3.408,{"$nulls":37},"VV","2","4","True","1","ROZPOCET"]
[null,null,"17","K","96904111R","Vybourání vnitřního plastového potrubí do DN 200 včetně vysekání drážky","m",{"v":12,"d":"12.000"},226.01,{"$f":"ROUND(I183*H183,2)","v":{"v":2712.12,"d":"2,712.12"}},"vlastní",null,"","základní",null,{"$f":"O183*H183","v":{"v":0,"d":"0.00000"}},{"v":0,"d":"0.00000"},{"$f":"Q183*H183","v":{"v":0,"d":"0.00000"}},{"v":0.0065,"d":"0.00650"},{"$f":"S183*H183","v":{"v":0.078,"d":"0.07800"}},{"$nulls":23},"4",null,"K","2",{"$nulls":3},"ROZPOCET",{"$nulls":5},{"$f":"IF(N183=\"základní\",J183,0)","v":{"v":2712.12,"d":"2,712.12"}},{"$f":"IF(N183=\"snížená\",J183,0)","v":{"v":0,"d":"0.00"}},{"$f":"IF(N183=\"zákl. přenesená\",J183,0)","v":{"v":0,"d":"0.00"}},{"$f":"IF(N183=\"sníž. přenesená\",J183,0)","v":{"v":0,"d":"0.00"}},{"$f":"IF(N183=\"nulová\",J183,0)","v":{"v":0,"d":"0.00"}},"1",{"$f":"ROUND(I183*H183,2)","v":{"v":2712.12,"d":"2,712.12"}},"4","-433937087"]
[{"$nulls":3},"VV","","\"odpadní potrubí, vodovod ve zdivu a v podlaze\"",null,"",{"$nulls":37},"VV","2","1","True","0","ROZPOCET"]
[{"$nulls":3},"VV","","12",null,{"v":12,"d":"12.000"},{"$nulls":37},"VV","2","2","True","1","ROZPOCET"]
[null,null,"18","K","971033331","Vybourání otvorů ve zdivu základovém nebo nadzákladovém z cihel, tvárnic, příčkovek z cihel pálených na maltu vápennou nebo vápenocementovou plochy do 0,09 m2, tl. do 150 mm","kus",{"v":2,"d":"2.000"},84.76,{"$f":"ROUND(I186*H186,2)","v":169.52},"CS ÚRS 2025 01",null,"","základní",null,{"$f":"O186*H186","v":{"v":0,"d":"0.00000"}},{"v":0,"d":"0.00000"},{"$f":"Q186*H186","v":{"v":0,"d":"0.00000"}},{"v":0.025,"d":"0.02500"},{"$f":"S186*H186","v":{"v":0.05,"d":"0.05000"}},{"$nulls":23},"16",null,"K","2",{"$nulls":3},"ROZPOCET",{"$nulls":5},{"$f":"IF(N186=\"základní\",J186,0)","v":169.52},{"$f":"IF(N186=\"snížená\",J186,0)","v":{"v":0,"d":"0.00"}},{"$f":"IF(N186=\"zákl. přenesená\",J186,0)","v":{"v":0,"d":"0.00"}},{"$f":"IF(N186=\"sníž. přenesená\",J186,0)","v":{"v":0,"d":"0.00"}},{"$f":"IF(N186=\"nulová\",J186,0)","v":{"v":0,"d":"0.00"}},"1",{"$f":"ROUND(I186*H186,2)","v":169.52},"16","958251055"]
[{"$nulls":3},"Online PSC",null,"https://podminky.urs.cz/item/CS_URS_2025_01/971033331",{"$nulls":39},"Online PSC","2"]
[{"$nulls":3},"VV","","\"otvor do stoupací šachty\"",null,"",{"$nulls":37},"VV","2","1","True","0","ROZPOCET"]
[{"$nulls":3},"VV","","2",null,{"v":2,"d":"2.000"},{"$nulls":37},"VV","2","2","True","1","ROZPOCET"]
[null,null,"19","K","95290110R","Čištění budov - závěrečný úklid, umytí obkladů, zařizovacích předmětů, dveří, zametení a vytření podlahy, a další potřebné práce","kpl",{"v":1,"d":"1.000"},{"v":2919.36,"d":"2,919.36"},{"$f":"ROUND(I190*H190,2)","v":{"v":2919.36,"d":"2,919.36"}},"vlastní",null,"","základní",null,{"$f":"O190*H190","v":{"v":0,"d":"0.00000"}},{"v":1e-05,"d":"0.00001"},{"$f":"Q190*H190","v":{"v":1e-05,"d":"0.00001"}},{"v":0,"d":"0.00000"},{"$f":"S190*H190","v":{"v":0,"d":"0.00000"}},{"$nulls":23},"4",null,"K","2",{"$nulls":3},"ROZPOCET",{"$nulls":5},{"$f":"IF(N190=\"základní\",J190,0)","v":{"v":2919.36,"d":"2,919.36"}},{"$f":"IF(N190=\"snížená\",J190,0)","v":{"v":0,"d":"0.00"}},{"$f":"IF(N190=\"zákl. přenesená\",J190,0)","v":{"v":0,"d":"0.00"}},{"$f":"IF(N190=\"sníž. přenesená\",J190,0)","v":{"v":0,"d":"0.00"}},{"$f":"IF(N190=\"nulová\",J190,0)","v":{"v":0,"d":"0.00"}},"1",{"$f":"ROUND(I190*H190,2)","v":{"v":2919.36,"d":"2,919.36"}},"4","-1297926385"]
[{"$nulls":3},"D","997","Přesun sutě",{"$nulls":3},{"$f":"BK191","v":{"v":6129.890000000001,"d":"6,129.89"}},{"$nulls":5},{"$f":"SUM(P192:P202)","v":{"v":0,"d":"0.00000"}},null,{"$f":"SUM(R192:R202)","v":{"v":0,"d":"0.00000"}},null,{"$f":"SUM(T192:T202)","v":{"v":0,"d":"0.00000"}},{"$nulls":23},"1",null,"D","1",{"$nulls":3},"ROZPOCET",{"$nulls":11},{"$f":"SUM(BK192:BK202)","v":{"v":6129.890000000001,"d":"6,129.89"}}]
[null,null,"20","K","997013117","Vnitrostaveništní doprava suti a vybouraných hmot vodorovně do 50 m s naložením základní pro budovy a haly výšky přes 21 do 24 m","t",2.325,{"v":1271.33,"d":"1,271.33"},{"$f":"ROUND(I192*H192,2)","v":{"v":2955.84,"d":"2,955.84"}},"CS ÚRS 2025 01",null,"","základní",null,{"$f":"O192*H192","v":{"v":0,"d":"0.00000"}},{"v":0,"d":"0.00000"},{"$f":"Q192*H192","v":{"v":0,"d":"0.00000"}},{"v":0,"d":"0.00000"},{"$f":"S192*H192","v":{"v":0,"d":"0.00000"}},{"$nulls":23},"4",null,"K","2",{"$nulls":3},"ROZPOCET",{"$nulls":5},{"$f":"IF(N192=\"základní\",J192,0)","v":{"v":2955.84,"d":"2,955.84"}},{"$f":"IF(N192=\"snížená\",J192,0)","v":{"v":0,"d":"0.00"}},{"$f":"IF(N192=\"zákl. přenesená\",J192,0)","v":{"v":0,"d":"0.00"}},{"$f":"IF(N192=\"sníž. přenesená\",J192,0)","v":{"v":0,"d":"0.00"}},{"$f":"IF(N192=\"nulová\",J192,0)","v":{"v":0,"d":"0.00"}},"1",{"$f":"ROUND(I192*H192,2)","v":{"v":2955.84,"d":"2,955.84"}},"4","1992079148"]
[{"$nulls":3},"Online PSC",null,"https://podminky.urs.cz/item/CS_URS_2025_01/997013117",{"$nulls":39},"Online PSC","2"]
[null,null,"21","K","997013501","Odvoz suti a vybouraných hmot na skládku nebo meziskládku se složením, na vzdálenost do 1 km","t",2.325,452.03,{"$f":"ROUND(I194*H194,2)","v":{"v":1050.97,"d":"1,050.97"}},"CS ÚRS 2025 01",null,"","základní",null,{"$f":"O194*H194","v":{"v":0,"d":"0.00000"}},{"v":0,"d":"0.00000"},{"$f":"Q194*H194","v":{"v":0,"d":"0.00000"}},{"v":0,"d":"0.00000"},{"$f":"S194*H194","v":{"v":0,"d":"0.00000"}},{"$nulls":23},"4",null,"K","2",{"$nulls":3},"ROZPOCET",{"$nulls":5},{"$f":"IF(N194=\"základní\",J194,0)","v":{"v":1050.97,"d":"1,050.97"}},{"$f":"IF(N194=\"snížená\",J194,0)","v":{"v":0,"d":"0.00"}},{"$f":"IF(N194=\"zákl. přenesená\",J194,0)","v":{"v":0,"d":"0.00"}},{"$f":"IF(N194=\"sníž. přenesená\",J194,0)","v":{"v":0,"d":"0.00"}},{"$f":"IF(N194=\"nulová\",J194,0)","v":{"v":0,"d":"0.00"}},"1",{"$f":"ROUND(I194*H194,2)","v":{"v":1050.97,"d":"1,050.97"}},"4","767975410"]
[{"$nulls":3},"Online PSC",null,"https://podminky.urs.cz/item/CS_URS_2025_01/997013501",{"$nulls":39},"Online PSC","2"]
[null,null,"22","K","997013509","Odvoz suti a vybouraných hmot na skládku nebo meziskládku se složením, na vzdálenost Příplatek k ceně za každý další započatý 1 km přes 1 km","t",20.925,12.52,{"$f":"ROUND(I196*H196,2)","v":261.98},"CS ÚRS 2025 01",null,"","základní",null,{"$f":"O196*H196","v":{"v":0,"d":"0.00000"}},{"v":0,"d":"0.00000"},{"$f":"Q196*H196","v":{"v":0,"d":"0.00000"}},{"v":0,"d":"0.00000"},{"$f":"S196*H196","v":{"v":0,"d":"0.00000"}},{"$nulls":23},"4",null,"K","2",{"$nulls":3},"ROZPOCET",{"$nulls":5},{"$f":"IF(N196=\"základní\",J196,0)","v":261.98},{"$f":"IF(N196=\"snížená\",J196,0)","v":{"v":0,"d":"0.00"}},{"$f":"IF(N196=\"zákl. přenesená\",J196,0)","v":{"v":0,"d":"0.00"}},{"$f":"IF(N196=\"sníž. přenesená\",J196,0)","v":{"v":0,"d":"0.00"}},{"$f":"IF(N196=\"nulová\",J196,0)","v":{"v":0,"d":"0.00"}},"1",{"$f":"ROUND(I196*H196,2)","v":261.98},"4","-1657303445"]
[{"$nulls":3},"Online PSC",null,"https://podminky.urs.cz/item/CS_URS_2025_01/997013509",{"$nulls":39},"Online PSC","2"]
[{"$nulls":3},"VV","","2,325*9",null,20.925,{"$nulls":37},"VV","2","2","True","1","ROZPOCET"]
[null,null,"23","K","997013609","Poplatek za uložení stavebního odpadu na skládce (skládkovné) ze směsí nebo oddělených frakcí betonu, cihel a keramických výrobků zatříděného do Katalogu odpadů pod kódem 17 01 07","t",2.144,800.47,{"$f":"ROUND(I199*H199,2)","v":{"v":1716.21,"d":"1,716.21"}},"CS ÚRS 2025 01",null,"","základní",null,{"$f":"O199*H199","v":{"v":0,"d":"0.00000"}},{"v":0,"d":"0.00000"},{"$f":"Q199*H199","v":{"v":0,"d":"0.00000"}},{"v":0,"d":"0.00000"},{"$f":"S199*H199","v":{"v":0,"d":"0.00000"}},{"$nulls":23},"4",null,"K","2",{"$nulls":3},"ROZPOCET",{"$nulls":5},{"$f":"IF(N199=\"základní\",J199,0)","v":{"v":1716.21,"d":"1,716.21"}},{"$f":"IF(N199=\"snížená\",J199,0)","v":{"v":0,"d":"0.00"}},{"$f":"IF(N199=\"zákl. přenesená\",J199,0)","v":{"v":0,"d":"0.00"}},{"$f":"IF(N199=\"sníž. přenesená\",J199,0)","v":{"v":0,"d":"0.00"}},{"$f":"IF(N199=\"nulová\",J199,0)","v":{"v":0,"d":"0.00"}},"1",{"$f":"ROUND(I199*H199,2)","v":{"v":1716.21,"d":"1,716.21"}},"4","48170418"]
[{"$nulls":3},"Online PSC",null,"https://podminky.urs.cz/item/CS_URS_2025_01/997013609",{"$nulls":39},"Online PSC","2"]
[null,null,"24","K","997013631","Poplatek za uložení stavebního odpadu na skládce (skládkovné) směsného stavebního a demoličního zatříděného do Katalogu odpadů pod kódem 17 09 04","t",0.181,800.47,{"$f":"ROUND(I201*H201,2)","v":144.89},"CS ÚRS 2025 01",null,"","základní",null,{"$f":"O201*H201","v":{"v":0,"d":"0.00000"}},{"v":0,"d":"0.00000"},{"$f":"Q201*H201","v":{"v":0,"d":"0.00000"}},{"v":0,"d":"0.00000"},{"$f":"S201*H201","v":{"v":0,"d":"0.00000"}},{"$nulls":23},"4",null,"K","2",{"$nulls":3},"ROZPOCET",{"$nulls":5},{"$f":"IF(N201=\"základní\",J201,0)","v":144.89},{"$f":"IF(N201=\"snížená\",J201,0)","v":{"v":0,"d":"0.00"}},{"$f":"IF(N201=\"zákl. přenesená\",J201,0)","v":{"v":0,"d":"0.00"}},{"$f":"IF(N201=\"sníž. přenesená\",J201,0)","v":{"v":0,"d":"0.00"}},{"$f":"IF(N201=\"nulová\",J201,0)","v":{"v":0,"d":"0.00"}},"1",{"$f":"ROUND(I201*H201,2)","v":144.89},"4","1839804260"]
[{"$nulls":3},"Online PSC",null,"https://podminky.urs.cz/item/CS_URS_2025_01/997013631",{"$nulls":39},"Online PSC","2"]
[{"$nulls":3},"D","998","Přesun hmot",{"$nulls":3},{"$f":"BK203","v":{"v":3232.99,"d":"3,232.99"}},{"$nulls":5},{"$f":"SUM(P204:P205)","v":{"v":0,"d":"0.00000"}},null,{"$f":"SUM(R204:R205)","v":{"v":0,"d":"0.00000"}},null,{"$f":"SUM(T204:T205)","v":{"v":0,"d":"0.00000"}},{"$nulls":23},"1",null,"D","1",{"$nulls":3},"ROZPOCET",{"$nulls":11},{"$f":"SUM(BK204:BK205)","v":{"v":3232.99,"d":"3,232.99"}}]
[null,null,"25","K","998011003","Přesun hmot pro budovy občanské výstavby, bydlení, výrobu a služby s nosnou svislou konstrukcí zděnou z cihel, tvárnic nebo kamene vodorovná dopravní vzdálenost do 100 m základní pro budovy výšky přes 12 do 24 m","t",2.543,{"v":1271.33,"d":"1,271.33"},{"$f":"ROUND(I204*H204,2)","v":{"v":3232.99,"d":"3,232.99"}},"CS ÚRS 2025 01",null,"","základní",null,{"$f":"O204*H204","v":{"v":0,"d":"0.00000"}},{"v":0,"d":"0.00000"},{"$f":"Q204*H204","v":{"v":0,"d":"0.00000"}},{"v":0,"d":"0.00000"},{"$f":"S204*H204","v":{"v":0,"d":"0.00000"}},{"$nulls":23},"4",null,"K","2",{"$nulls":3},"ROZPOCET",{"$nulls":5},{"$f":"IF(N204=\"základní\",J204,0)","v":{"v":3232.99,"d":"3,232.99"}},{"$f":"IF(N204=\"snížená\",J204,0)","v":{"v":0,"d":"0.00"}},{"$f":"IF(N204=\"zákl. přenesená\",J204,0)","v":{"v":0,"d":"0.00"}},{"$f":"IF(N204=\"sníž. přenesená\",J204,0)","v":{"v":0,"d":"0.00"}},{"$f":"IF(N204=\"nulová\",J204,0)","v":{"v":0,"d":"0.00"}},"1",{"$f":"ROUND(I204*H204,2)","v":{"v":3232.99,"d":"3,232.99"}},"4","-1458507871"]
[{"$nulls":3},"Online PSC",null,"https://podminky.urs.cz/item/CS_URS_2025_01/998011003",{"$nulls":39},"Online PSC","2"]
[{"$nulls":3},"D","PSV","Práce a dodávky PSV",{"$nulls":3},{"$f":"BK206","v":{"v":94881.23000000001,"d":"94,881.23"}},{"$nulls":5},{"$f":"P207+P221+P237+P273+P326+P338+P358+P371+P422+P452+P467","v":{"v":0,"d":"0.00000"}},null,{"$f":"R207+R221+R237+R273+R326+R338+R358+R371+R422+R452+R467","v":{"v":0.633849505,"d":"0.63385"}},null,{"$f":"T207+T221+T237+T273+T326+T338+T358+T371+T422+T452+T467","v":0.10287},{"$nulls":23},"2",null,"D","0",{"$nulls":3},"ROZPOCET",{"$nulls":11},{"$f":"BK207+BK221+BK237+BK273+BK326+BK338+BK358+BK371+BK422+BK452+BK467","v":{"v":94881.23000000001,"d":"94,881.23"}}]
[{"$nulls":3},"D","721","Zdravotechnika - vnitřní kanalizace",{"$nulls":3},{"$f":"BK207","v":{"v":6328.660000000001,"d":"6,328.66"}},{"$nulls":5},{"$f":"SUM(P208:P220)","v":{"v":0,"d":"0.00000"}},null,{"$f":"SUM(R208:R220)","v":{"v":0.014740000000000001,"d":"0.01474"}},null,{"$f":"SUM(T208:T220)","v":{"v":0,"d":"0.00000"}},{"$nulls":23},"2",null,"D","1",{"$nulls":3},"ROZPOCET",{"$nulls":11},{"$f":"SUM(BK208:BK220)","v":{"v":6328.660000000001,"d":"6,328.66"}}]
[null,null,"26","K","721174004","Potrubí z trub polypropylenových svodné (ležaté) DN 75","m",{"v":2,"d":"2.000"},452.03,{"$f":"ROUND(I208*H208,2)","v":904.06},"CS ÚRS 2025 01",null,"","základní",null,{"$f":"O208*H208","v":{"v":0,"d":"0.00000"}},0.00071,{"$f":"Q208*H208","v":{"v":1.42E-3,"d":"0.00142"}},{"v":0,"d":"0.00000"},{"$f":"S208*H208","v":{"v":0,"d":"0.00000"}},{"$nulls":23},"16",null,"K","2",{"$nulls":3},"ROZPOCET",{"$nulls":5},{"$f":"IF(N208=\"základní\",J208,0)","v":904.06},{"$f":"IF(N208=\"snížená\",J208,0)","v":{"v":0,"d":"0.00"}},{"$f":"IF(N208=\"zákl. přenesená\",J208,0)","v":{"v":0,"d":"0.00"}},{"$f":"IF(N208=\"sníž. přenesená\",J208,0)","v":{"v":0,"d":"0.00"}},{"$f":"IF(N208=\"nulová\",J208,0)","v":{"v":0,"d":"0.00"}},"1",{"$f":"ROUND(I208*H208,2)","v":904.06},"16","811842008"]
[{"$nulls":3},"Online PSC",null,"https://podminky.urs.cz/item/CS_URS_2025_01/721174004",{"$nulls":39},"Online PSC","2"]
[null,null,"27","K","721174005","Potrubí z trub polypropylenových svodné (ležaté) DN 110","m",{"v":6,"d":"6.000"},555.62,{"$f":"ROUND(I210*H210,2)","v":{"v":3333.72,"d":"3,333.72"}},"CS ÚRS 2025 01",null,"","základní",null,{"$f":"O210*H210","v":{"v":0,"d":"0.00000"}},0.00206,{"$f":"Q210*H210","v":{"v":0.012360000000000001,"d":"0.01236"}},{"v":0,"d":"0.00000"},{"$f":"S210*H210","v":{"v":0,"d":"0.00000"}},{"$nulls":23},"16",null,"K","2",{"$nulls":3},"ROZPOCET",{"$nulls":5},{"$f":"IF(N210=\"základní\",J210,0)","v":{"v":3333.72,"d":"3,333.72"}},{"$f":"IF(N210=\"snížená\",J210,0)","v":{"v":0,"d":"0.00"}},{"$f":"IF(N210=\"zákl. přenesená\",J210,0)","v":{"v":0,"d":"0.00"}},{"$f":"IF(N210=\"sníž. přenesená\",J210,0)","v":{"v":0,"d":"0.00"}},{"$f":"IF(N210=\"nulová\",J210,0)","v":{"v":0,"d":"0.00"}},"1",{"$f":"ROUND(I210*H210,2)","v":{"v":3333.72,"d":"3,333.72"}},"16","-323528108"]
[{"$nulls":3},"Online PSC",null,"https://podminky.urs.cz/item/CS_URS_2025_01/721174005",{"$nulls":39},"Online PSC","2"]
[null,null,"28","K","721174043","Potrubí z trub polypropylenových připojovací DN 50","m",{"v":2,"d":"2.000"},395.53,{"$f":"ROUND(I212*H212,2)","v":791.06},"CS ÚRS 2025 01",null,"","základní",null,{"$f":"O212*H212","v":{"v":0,"d":"0.00000"}},0.00048,{"$f":"Q212*H212","v":0.00096},{"v":0,"d":"0.00000"},{"$f":"S212*H212","v":{"v":0,"d":"0.00000"}},{"$nulls":23},"16",null,"K","2",{"$nulls":3},"ROZPOCET",{"$nulls":5},{"$f":"IF(N212=\"základní\",J212,0)","v":791.06},{"$f":"IF(N212=\"snížená\",J212,0)","v":{"v":0,"d":"0.00"}},{"$f":"IF(N212=\"zákl. přenesená\",J212,0)","v":{"v":0,"d":"0.00"}},{"$f":"IF(N212=\"sníž. přenesená\",J212,0)","v":{"v":0,"d":"0.00"}},{"$f":"IF(N212=\"nulová\",J212,0)","v":{"v":0,"d":"0.00"}},"1",{"$f":"ROUND(I212*H212,2)","v":791.06},"16","-600474156"]
[{"$nulls":3},"Online PSC",null,"https://podminky.urs.cz/item/CS_URS_2025_01/721174043",{"$nulls":39},"Online PSC","2"]
[null,null,"29","K","721194105","Vyměření přípojek na potrubí vyvedení a upevnění odpadních výpustek DN 50","kus",{"v":1,"d":"1.000"},103.59,{"$f":"ROUND(I214*H214,2)","v":103.59},"CS ÚRS 2025 01",null,"","základní",null,{"$f":"O214*H214","v":{"v":0,"d":"0.00000"}},{"v":0,"d":"0.00000"},{"$f":"Q214*H214","v":{"v":0,"d":"0.00000"}},{"v":0,"d":"0.00000"},{"$f":"S214*H214","v":{"v":0,"d":"0.00000"}},{"$nulls":23},"16",null,"K","2",{"$nulls":3},"ROZPOCET",{"$nulls":5},{"$f":"IF(N214=\"základní\",J214,0)","v":103.59},{"$f":"IF(N214=\"snížená\",J214,0)","v":{"v":0,"d":"0.00"}},{"$f":"IF(N214=\"zákl. přenesená\",J214,0)","v":{"v":0,"d":"0.00"}},{"$f":"IF(N214=\"sníž. přenesená\",J214,0)","v":{"v":0,"d":"0.00"}},{"$f":"IF(N214=\"nulová\",J214,0)","v":{"v":0,"d":"0.00"}},"1",{"$f":"ROUND(I214*H214,2)","v":103.59},"16","-1415471354"]
[{"$nulls":3},"Online PSC",null,"https://podminky.urs.cz/item/CS_URS_2025_01/721194105",{"$nulls":39},"Online PSC","2"]
[null,null,"30","K","721194109","Vyměření přípojek na potrubí vyvedení a upevnění odpadních výpustek DN 110","kus",{"v":2,"d":"2.000"},141.26,{"$f":"ROUND(I216*H216,2)","v":282.52},"CS ÚRS 2025 01",null,"","základní",null,{"$f":"O216*H216","v":{"v":0,"d":"0.00000"}},{"v":0,"d":"0.00000"},{"$f":"Q216*H216","v":{"v":0,"d":"0.00000"}},{"v":0,"d":"0.00000"},{"$f":"S216*H216","v":{"v":0,"d":"0.00000"}},{"$nulls":23},"16",null,"K","2",{"$nulls":3},"ROZPOCET",{"$nulls":5},{"$f":"IF(N216=\"základní\",J216,0)","v":282.52},{"$f":"IF(N216=\"snížená\",J216,0)","v":{"v":0,"d":"0.00"}},{"$f":"IF(N216=\"zákl. přenesená\",J216,0)","v":{"v":0,"d":"0.00"}},{"$f":"IF(N216=\"sníž. přenesená\",J216,0)","v":{"v":0,"d":"0.00"}},{"$f":"IF(N216=\"nulová\",J216,0)","v":{"v":0,"d":"0.00"}},"1",{"$f":"ROUND(I216*H216,2)","v":282.52},"16","245161197"]
[{"$nulls":3},"Online PSC",null,"https://podminky.urs.cz/item/CS_URS_2025_01/721194109",{"$nulls":39},"Online PSC","2"]
[null,null,"31","K","72119410R","Zřízení přípojky na stávající odpadní potrubí v šachtě včetně potřebného materiálu","kpl",{"v":1,"d":"1.000"},894.64,{"$f":"ROUND(I218*H218,2)","v":894.64},"vlastní",null,"","základní",null,{"$f":"O218*H218","v":{"v":0,"d":"0.00000"}},{"v":0,"d":"0.00000"},{"$f":"Q218*H218","v":{"v":0,"d":"0.00000"}},{"v":0,"d":"0.00000"},{"$f":"S218*H218","v":{"v":0,"d":"0.00000"}},{"$nulls":23},"16",null,"K","2",{"$nulls":3},"ROZPOCET",{"$nulls":5},{"$f":"IF(N218=\"základní\",J218,0)","v":894.64},{"$f":"IF(N218=\"snížená\",J218,0)","v":{"v":0,"d":"0.00"}},{"$f":"IF(N218=\"zákl. přenesená\",J218,0)","v":{"v":0,"d":"0.00"}},{"$f":"IF(N218=\"sníž. přenesená\",J218,0)","v":{"v":0,"d":"0.00"}},{"$f":"IF(N218=\"nulová\",J218,0)","v":{"v":0,"d":"0.00"}},"1",{"$f":"ROUND(I218*H218,2)","v":894.64},"16","-1468356644"]
[null,null,"32","K","998721103","Přesun hmot pro vnitřní kanalizaci stanovený z hmotnosti přesunovaného materiálu vodorovná dopravní vzdálenost do 50 m základní v objektech výšky přes 12 do 24 m","t",0.015,{"v":1271.33,"d":"1,271.33"},{"$f":"ROUND(I219*H219,2)","v":19.07},"CS ÚRS 2025 01",null,"","základní",null,{"$f":"O219*H219","v":{"v":0,"d":"0.00000"}},{"v":0,"d":"0.00000"},{"$f":"Q219*H219","v":{"v":0,"d":"0.00000"}},{"v":0,"d":"0.00000"},{"$f":"S219*H219","v":{"v":0,"d":"0.00000"}},{"$nulls":23},"16",null,"K","2",{"$nulls":3},"ROZPOCET",{"$nulls":5},{"$f":"IF(N219=\"základní\",J219,0)","v":19.07},{"$f":"IF(N219=\"snížená\",J219,0)","v":{"v":0,"d":"0.00"}},{"$f":"IF(N219=\"zákl. přenesená\",J219,0)","v":{"v":0,"d":"0.00"}},{"$f":"IF(N219=\"sníž. přenesená\",J219,0)","v":{"v":0,"d":"0.00"}},{"$f":"IF(N219=\"nulová\",J219,0)","v":{"v":0,"d":"0.00"}},"1",{"$f":"ROUND(I219*H219,2)","v":19.07},"16","1289171962"]
[{"$nulls":3},"Online PSC",null,"https://podminky.urs.cz/item/CS_URS_2025_01/998721103",{"$nulls":39},"Online PSC","2"]
[{"$nulls":3},"D","722","Zdravotechnika - vnitřní vodovod",{"$nulls":3},{"$f":"BK221","v":{"v":7259.3,"d":"7,259.30"}},{"$nulls":5},{"$f":"SUM(P222:P236)","v":{"v":0,"d":"0.00000"}},null,{"$f":"SUM(R222:R236)","v":{"v":0.013199999999999998,"d":"0.01320"}},null,{"$f":"SUM(T222:T236)","v":{"v":0,"d":"0.00000"}},{"$nulls":23},"2",null,"D","1",{"$nulls":3},"ROZPOCET",{"$nulls":11},{"$f":"SUM(BK222:BK236)","v":{"v":7259.3,"d":"7,259.30"}}]
[null,null,"33","K","722174003","Potrubí z plastových trubek z polypropylenu PPR svařovaných polyfúzně PN 16 (SDR 7,4) D 25 x 3,5","m",{"v":5,"d":"5.000"},414.36,{"$f":"ROUND(I222*H222,2)","v":{"v":2071.8,"d":"2,071.80"}},"CS ÚRS 2025 01",null,"","základní",null,{"$f":"O222*H222","v":{"v":0,"d":"0.00000"}},{"v":1.16E-3,"d":"0.00116"},{"$f":"Q222*H222","v":{"v":0.0058,"d":"0.00580"}},{"v":0,"d":"0.00000"},{"$f":"S222*H222","v":{"v":0,"d":"0.00000"}},{"$nulls":23},"16",null,"K","2",{"$nulls":3},"ROZPOCET",{"$nulls":5},{"$f":"IF(N222=\"základní\",J222,0)","v":{"v":2071.8,"d":"2,071.80"}},{"$f":"IF(N222=\"snížená\",J222,0)","v":{"v":0,"d":"0.00"}},{"$f":"IF(N222=\"zákl. přenesená\",J222,0)","v":{"v":0,"d":"0.00"}},{"$f":"IF(N222=\"sníž. přenesená\",J222,0)","v":{"v":0,"d":"0.00"}},{"$f":"IF(N222=\"nulová\",J222,0)","v":{"v":0,"d":"0.00"}},"1",{"$f":"ROUND(I222*H222,2)","v":{"v":2071.8,"d":"2,071.80"}},"16","1509720658"]
[{"$nulls":3},"Online PSC",null,"https://podminky.urs.cz/item/CS_URS_2025_01/722174003",{"$nulls":39},"Online PSC","2"]
[null,null,"34","K","722174023","Potrubí z plastových trubek z polypropylenu PPR svařovaných polyfúzně PN 20 (SDR 6) D 25 x 4,2","m",{"v":5,"d":"5.000"},452.03,{"$f":"ROUND(I224*H224,2)","v":{"v":2260.15,"d":"2,260.15"}},"CS ÚRS 2025 01",null,"","základní",null,{"$f":"O224*H224","v":{"v":0,"d":"0.00000"}},0.00126,{"$f":"Q224*H224","v":{"v":6.3E-3,"d":"0.00630"}},{"v":0,"d":"0.00000"},{"$f":"S224*H224","v":{"v":0,"d":"0.00000"}},{"$nulls":23},"16",null,"K","2",{"$nulls":3},"ROZPOCET",{"$nulls":5},{"$f":"IF(N224=\"základní\",J224,0)","v":{"v":2260.15,"d":"2,260.15"}},{"$f":"IF(N224=\"snížená\",J224,0)","v":{"v":0,"d":"0.00"}},{"$f":"IF(N224=\"zákl. přenesená\",J224,0)","v":{"v":0,"d":"0.00"}},{"$f":"IF(N224=\"sníž. přenesená\",J224,0)","v":{"v":0,"d":"0.00"}},{"$f":"IF(N224=\"nulová\",J224,0)","v":{"v":0,"d":"0.00"}},"1",{"$f":"ROUND(I224*H224,2)","v":{"v":2260.15,"d":"2,260.15"}},"16","1246698481"]
[{"$nulls":3},"Online PSC",null,"https://podminky.urs.cz/item/CS_URS_2025_01/722174023",{"$nulls":39},"Online PSC","2"]
[null,null,"35","K","722181212","Ochrana potrubí termoizolačními trubicemi z pěnového polyetylenu PE přilepenými v příčných a podélných spojích, tloušťky izolace do 6 mm, vnitřního průměru izolace DN přes 22 do 32 mm","m",{"v":10,"d":"10.000"},67.33,{"$f":"ROUND(I226*H226,2)","v":{"v":673.3,"d":"673.30"}},"CS ÚRS 2025 01",null,"","základní",null,{"$f":"O226*H226","v":{"v":0,"d":"0.00000"}},{"v":4e-05,"d":"0.00004"},{"$f":"Q226*H226","v":{"v":0.0004,"d":"0.00040"}},{"v":0,"d":"0.00000"},{"$f":"S226*H226","v":{"v":0,"d":"0.00000"}},{"$nulls":23},"16",null,"K","2",{"$nulls":3},"ROZPOCET",{"$nulls":5},{"$f":"IF(N226=\"základní\",J226,0)","v":{"v":673.3,"d":"673.30"}},{"$f":"IF(N226=\"snížená\",J226,0)","v":{"v":0,"d":"0.00"}},{"$f":"IF(N226=\"zákl. přenesená\",J226,0)","v":{"v":0,"d":"0.00"}},{"$f":"IF(N226=\"sníž. přenesená\",J226,0)","v":{"v":0,"d":"0.00"}},{"$f":"IF(N226=\"nulová\",J226,0)","v":{"v":0,"d":"0.00"}},"1",{"$f":"ROUND(I226*H226,2)","v":{"v":673.3,"d":"673.30"}},"16","1088239333"]
[{"$nulls":3},"Online PSC",null,"https://podminky.urs.cz/item/CS_URS_2025_01/722181212",{"$nulls":39},"Online PSC","2"]
[null,null,"36","K","722190401","Zřízení přípojek na potrubí vyvedení a upevnění výpustek do DN 25","kus",{"v":3,"d":"3.000"},150.68,{"$f":"ROUND(I228*H228,2)","v":452.04},"CS ÚRS 2025 01",null,"","základní",null,{"$f":"O228*H228","v":{"v":0,"d":"0.00000"}},{"v":0,"d":"0.00000"},{"$f":"Q228*H228","v":{"v":0,"d":"0.00000"}},{"v":0,"d":"0.00000"},{"$f":"S228*H228","v":{"v":0,"d":"0.00000"}},{"$nulls":23},"16",null,"K","2",{"$nulls":3},"ROZPOCET",{"$nulls":5},{"$f":"IF(N228=\"základní\",J228,0)","v":452.04},{"$f":"IF(N228=\"snížená\",J228,0)","v":{"v":0,"d":"0.00"}},{"$f":"IF(N228=\"zákl. přenesená\",J228,0)","v":{"v":0,"d":"0.00"}},{"$f":"IF(N228=\"sníž. přenesená\",J228,0)","v":{"v":0,"d":"0.00"}},{"$f":"IF(N228=\"nulová\",J228,0)","v":{"v":0,"d":"0.00"}},"1",{"$f":"ROUND(I228*H228,2)","v":452.04},"16","-1842229073"]
[{"$nulls":3},"Online PSC",null,"https://podminky.urs.cz/item/CS_URS_2025_01/722190401",{"$nulls":39},"Online PSC","2"]
[null,null,"37","K","72219040R","Zřízení přípojek na stávající potrubí v šachtě včetně potřebného materiálu","kpl",{"v":1,"d":"1.000"},894.64,{"$f":"ROUND(I230*H230,2)","v":894.64},"vlastní",null,"","základní",null,{"$f":"O230*H230","v":{"v":0,"d":"0.00000"}},{"v":0,"d":"0.00000"},{"$f":"Q230*H230","v":{"v":0,"d":"0.00000"}},{"v":0,"d":"0.00000"},{"$f":"S230*H230","v":{"v":0,"d":"0.00000"}},{"$nulls":23},"16",null,"K","2",{"$nulls":3},"ROZPOCET",{"$nulls":5},{"$f":"IF(N230=\"základní\",J230,0)","v":894.64},{"$f":"IF(N230=\"snížená\",J230,0)","v":{"v":0,"d":"0.00"}},{"$f":"IF(N230=\"zákl. přenesená\",J230,0)","v":{"v":0,"d":"0.00"}},{"$f":"IF(N230=\"sníž. přenesená\",J230,0)","v":{"v":0,"d":"0.00"}},{"$f":"IF(N230=\"nulová\",J230,0)","v":{"v":0,"d":"0.00"}},"1",{"$f":"ROUND(I230*H230,2)","v":894.64},"16","139111246"]
[null,null,"38","K","722220153","Armatury s jedním závitem plastové (PPR) PN 20 (SDR 6) DN 25 x G 3/4\"","kus",{"v":3,"d":"3.000"},218.48,{"$f":"ROUND(I231*H231,2)","v":655.44},"CS ÚRS 2025 01",null,"","základní",null,{"$f":"O231*H231","v":{"v":0,"d":"0.00000"}},{"v":0.0002,"d":"0.00020"},{"$f":"Q231*H231","v":{"v":6.0000000000000006E-4,"d":"0.00060"}},{"v":0,"d":"0.00000"},{"$f":"S231*H231","v":{"v":0,"d":"0.00000"}},{"$nulls":23},"16",null,"K","2",{"$nulls":3},"ROZPOCET",{"$nulls":5},{"$f":"IF(N231=\"základní\",J231,0)","v":655.44},{"$f":"IF(N231=\"snížená\",J231,0)","v":{"v":0,"d":"0.00"}},{"$f":"IF(N231=\"zákl. přenesená\",J231,0)","v":{"v":0,"d":"0.00"}},{"$f":"IF(N231=\"sníž. přenesená\",J231,0)","v":{"v":0,"d":"0.00"}},{"$f":"IF(N231=\"nulová\",J231,0)","v":{"v":0,"d":"0.00"}},"1",{"$f":"ROUND(I231*H231,2)","v":655.44},"16","-1071472819"]
[{"$nulls":3},"Online PSC",null,"https://podminky.urs.cz/item/CS_URS_2025_01/722220153",{"$nulls":39},"Online PSC","2"]
[null,null,"39","K","722290234","Zkoušky, proplach a desinfekce vodovodního potrubí proplach a desinfekce vodovodního potrubí do DN 80","m",{"v":10,"d":"10.000"},23.54,{"$f":"ROUND(I233*H233,2)","v":{"v":235.4,"d":"235.40"}},"CS ÚRS 2025 01",null,"","základní",null,{"$f":"O233*H233","v":{"v":0,"d":"0.00000"}},{"v":1e-05,"d":"0.00001"},{"$f":"Q233*H233","v":{"v":1E-4,"d":"0.00010"}},{"v":0,"d":"0.00000"},{"$f":"S233*H233","v":{"v":0,"d":"0.00000"}},{"$nulls":23},"16",null,"K","2",{"$nulls":3},"ROZPOCET",{"$nulls":5},{"$f":"IF(N233=\"základní\",J233,0)","v":{"v":235.4,"d":"235.40"}},{"$f":"IF(N233=\"snížená\",J233,0)","v":{"v":0,"d":"0.00"}},{"$f":"IF(N233=\"zákl. přenesená\",J233,0)","v":{"v":0,"d":"0.00"}},{"$f":"IF(N233=\"sníž. přenesená\",J233,0)","v":{"v":0,"d":"0.00"}},{"$f":"IF(N233=\"nulová\",J233,0)","v":{"v":0,"d":"0.00"}},"1",{"$f":"ROUND(I233*H233,2)","v":{"v":235.4,"d":"235.40"}},"16","1369300247"]
[{"$nulls":3},"Online PSC",null,"https://podminky.urs.cz/item/CS_URS_2025_01/722290234",{"$nulls":39},"Online PSC","2"]
[null,null,"40","K","998722103","Přesun hmot pro vnitřní vodovod stanovený z hmotnosti přesunovaného materiálu vodorovná dopravní vzdálenost do 50 m základní v objektech výšky přes 12 do 24 m","t",0.013,{"v":1271.33,"d":"1,271.33"},{"$f":"ROUND(I235*H235,2)","v":16.53},"CS ÚRS 2025 01",null,"","základní",null,{"$f":"O235*H235","v":{"v":0,"d":"0.00000"}},{"v":0,"d":"0.00000"},{"$f":"Q235*H235","v":{"v":0,"d":"0.00000"}},{"v":0,"d":"0.00000"},{"$f":"S235*H235","v":{"v":0,"d":"0.00000"}},{"$nulls":23},"16",null,"K","2",{"$nulls":3},"ROZPOCET",{"$nulls":5},{"$f":"IF(N235=\"základní\",J235,0)","v":16.53},{"$f":"IF(N235=\"snížená\",J235,0)","v":{"v":0,"d":"0.00"}},{"$f":"IF(N235=\"zákl. přenesená\",J235,0)","v":{"v":0,"d":"0.00"}},{"$f":"IF(N235=\"sníž. přenesená\",J235,0)","v":{"v":0,"d":"0.00"}},{"$f":"IF(N235=\"nulová\",J235,0)","v":{"v":0,"d":"0.00"}},"1",{"$f":"ROUND(I235*H235,2)","v":16.53},"16","1125949559"]
[{"$nulls":3},"Online PSC",null,"https://podminky.urs.cz/item/CS_URS_2025_01/998722103",{"$nulls":39},"Online PSC","2"]
[{"$nulls":3},"D","725","Zdravotechnika - zařizovací předměty",{"$nulls":3},{"$f":"BK237","v":{"v":21093.710000000003,"d":"21,093.71"}},{"$nulls":5},{"$f":"SUM(P238:P272)","v":{"v":0,"d":"0.00000"}},null,{"$f":"SUM(R238:R272)","v":0.06737},null,{"$f":"SUM(T238:T272)","v":0.04797},{"$nulls":23},"2",null,"D","1",{"$nulls":3},"ROZPOCET",{"$nulls":11},{"$f":"SUM(BK238:BK272)","v":{"v":21093.710000000003,"d":"21,093.71"}}]
[null,null,"41","K","725110811","Demontáž klozetů splachovacích s nádrží nebo tlakovým splachovačem","soubor",{"v":1,"d":"1.000"},235.43,{"$f":"ROUND(I238*H238,2)","v":235.43},"CS ÚRS 2025 01",null,"","základní",null,{"$f":"O238*H238","v":{"v":0,"d":"0.00000"}},{"v":0,"d":"0.00000"},{"$f":"Q238*H238","v":{"v":0,"d":"0.00000"}},0.01933,{"$f":"S238*H238","v":0.01933},{"$nulls":23},"16",null,"K","2",{"$nulls":3},"ROZPOCET",{"$nulls":5},{"$f":"IF(N238=\"základní\",J238,0)","v":235.43},{"$f":"IF(N238=\"snížená\",J238,0)","v":{"v":0,"d":"0.00"}},{"$f":"IF(N238=\"zákl. přenesená\",J238,0)","v":{"v":0,"d":"0.00"}},{"$f":"IF(N238=\"sníž. přenesená\",J238,0)","v":{"v":0,"d":"0.00"}},{"$f":"IF(N238=\"nulová\",J238,0)","v":{"v":0,"d":"0.00"}},"1",{"$f":"ROUND(I238*H238,2)","v":235.43},"16","-1534473654"]
[{"$nulls":3},"Online PSC",null,"https://podminky.urs.cz/item/CS_URS_2025_01/725110811",{"$nulls":39},"Online PSC","2"]
[null,null,"42","K","725820801","Demontáž baterií nástěnných do G 3/4","soubor",{"v":1,"d":"1.000"},84.76,{"$f":"ROUND(I240*H240,2)","v":84.76},"CS ÚRS 2025 01",null,"","základní",null,{"$f":"O240*H240","v":{"v":0,"d":"0.00000"}},{"v":0,"d":"0.00000"},{"$f":"Q240*H240","v":{"v":0,"d":"0.00000"}},{"v":1.56E-3,"d":"0.00156"},{"$f":"S240*H240","v":{"v":1.56E-3,"d":"0.00156"}},{"$nulls":23},"16",null,"K","2",{"$nulls":3},"ROZPOCET",{"$nulls":5},{"$f":"IF(N240=\"základní\",J240,0)","v":84.76},{"$f":"IF(N240=\"snížená\",J240,0)","v":{"v":0,"d":"0.00"}},{"$f":"IF(N240=\"zákl. přenesená\",J240,0)","v":{"v":0,"d":"0.00"}},{"$f":"IF(N240=\"sníž. přenesená\",J240,0)","v":{"v":0,"d":"0.00"}},{"$f":"IF(N240=\"nulová\",J240,0)","v":{"v":0,"d":"0.00"}},"1",{"$f":"ROUND(I240*H240,2)","v":84.76},"16","2040919691"]
[{"$nulls":3},"Online PSC",null,"https://podminky.urs.cz/item/CS_URS_2025_01/725820801",{"$nulls":39},"Online PSC","2"]
[null,null,"43","K","725210821","Demontáž umyvadel bez výtokových armatur umyvadel","soubor",{"v":1,"d":"1.000"},235.43,{"$f":"ROUND(I242*H242,2)","v":235.43},"CS ÚRS 2025 01",null,"","základní",null,{"$f":"O242*H242","v":{"v":0,"d":"0.00000"}},{"v":0,"d":"0.00000"},{"$f":"Q242*H242","v":{"v":0,"d":"0.00000"}},0.01946,{"$f":"S242*H242","v":0.01946},{"$nulls":23},"16",null,"K","2",{"$nulls":3},"ROZPOCET",{"$nulls":5},{"$f":"IF(N242=\"základní\",J242,0)","v":235.43},{"$f":"IF(N242=\"snížená\",J242,0)","v":{"v":0,"d":"0.00"}},{"$f":"IF(N242=\"zákl. přenesená\",J242,0)","v":{"v":0,"d":"0.00"}},{"$f":"IF(N242=\"sníž. přenesená\",J242,0)","v":{"v":0,"d":"0.00"}},{"$f":"IF(N242=\"nulová\",J242,0)","v":{"v":0,"d":"0.00"}},"1",{"$f":"ROUND(I242*H242,2)","v":235.43},"16","-317337856"]
[{"$nulls":3},"Online PSC",null,"https://podminky.urs.cz/item/CS_URS_2025_01/725210821",{"$nulls":39},"Online PSC","2"]
[null,null,"44","K","725840851","Demontáž baterií sprchových nástěnných","kus",{"v":1,"d":"1.000"},84.76,{"$f":"ROUND(I244*H244,2)","v":84.76},"CS ÚRS 2025 01",null,"","základní",null,{"$f":"O244*H244","v":{"v":0,"d":"0.00000"}},{"v":0,"d":"0.00000"},{"$f":"Q244*H244","v":{"v":0,"d":"0.00000"}},{"v":7.62E-3,"d":"0.00762"},{"$f":"S244*H244","v":{"v":7.62E-3,"d":"0.00762"}},{"$nulls":23},"16",null,"K","2",{"$nulls":3},"ROZPOCET",{"$nulls":5},{"$f":"IF(N244=\"základní\",J244,0)","v":84.76},{"$f":"IF(N244=\"snížená\",J244,0)","v":{"v":0,"d":"0.00"}},{"$f":"IF(N244=\"zákl. přenesená\",J244,0)","v":{"v":0,"d":"0.00"}},{"$f":"IF(N244=\"sníž. přenesená\",J244,0)","v":{"v":0,"d":"0.00"}},{"$f":"IF(N244=\"nulová\",J244,0)","v":{"v":0,"d":"0.00"}},"1",{"$f":"ROUND(I244*H244,2)","v":84.76},"16","-1086024295"]
[{"$nulls":3},"Online PSC",null,"https://podminky.urs.cz/item/CS_URS_2025_01/725840851",{"$nulls":39},"Online PSC","2"]
[null,null,"45","K","725112011","Zařízení záchodů klozety keramické standardní samostatně stojící s plochým splachováním odpad vodorovný","soubor",{"v":1,"d":"1.000"},{"v":4002.34,"d":"4,002.34"},{"$f":"ROUND(I246*H246,2)","v":{"v":4002.34,"d":"4,002.34"}},"CS ÚRS 2025 01",null,"","základní",null,{"$f":"O246*H246","v":{"v":0,"d":"0.00000"}},0.01387,{"$f":"Q246*H246","v":0.01387},{"v":0,"d":"0.00000"},{"$f":"S246*H246","v":{"v":0,"d":"0.00000"}},{"$nulls":23},"16",null,"K","2",{"$nulls":3},"ROZPOCET",{"$nulls":5},{"$f":"IF(N246=\"základní\",J246,0)","v":{"v":4002.34,"d":"4,002.34"}},{"$f":"IF(N246=\"snížená\",J246,0)","v":{"v":0,"d":"0.00"}},{"$f":"IF(N246=\"zákl. přenesená\",J246,0)","v":{"v":0,"d":"0.00"}},{"$f":"IF(N246=\"sníž. přenesená\",J246,0)","v":{"v":0,"d":"0.00"}},{"$f":"IF(N246=\"nulová\",J246,0)","v":{"v":0,"d":"0.00"}},"1",{"$f":"ROUND(I246*H246,2)","v":{"v":4002.34,"d":"4,002.34"}},"16","117942680"]
[{"$nulls":3},"Online PSC",null,"https://podminky.urs.cz/item/CS_URS_2025_01/725112011",{"$nulls":39},"Online PSC","2"]
[null,null,"46","K","725291650","Montáž doplňků zařízení koupelen a záchodů toaletní desky rovné","kus",{"v":1,"d":"1.000"},207.18,{"$f":"ROUND(I248*H248,2)","v":207.18},"CS ÚRS 2025 01",null,"","základní",null,{"$f":"O248*H248","v":{"v":0,"d":"0.00000"}},{"v":0,"d":"0.00000"},{"$f":"Q248*H248","v":{"v":0,"d":"0.00000"}},{"v":0,"d":"0.00000"},{"$f":"S248*H248","v":{"v":0,"d":"0.00000"}},{"$nulls":23},"16",null,"K","2",{"$nulls":3},"ROZPOCET",{"$nulls":5},{"$f":"IF(N248=\"základní\",J248,0)","v":207.18},{"$f":"IF(N248=\"snížená\",J248,0)","v":{"v":0,"d":"0.00"}},{"$f":"IF(N248=\"zákl. přenesená\",J248,0)","v":{"v":0,"d":"0.00"}},{"$f":"IF(N248=\"sníž. přenesená\",J248,0)","v":{"v":0,"d":"0.00"}},{"$f":"IF(N248=\"nulová\",J248,0)","v":{"v":0,"d":"0.00"}},"1",{"$f":"ROUND(I248*H248,2)","v":207.18},"16","-1435885514"]
[{"$nulls":3},"Online PSC",null,"https://podminky.urs.cz/item/CS_URS_2025_01/725291650",{"$nulls":39},"Online PSC","2"]
[null,null,"47","M","64294623","deska bílá z duroplastu s pomalým sklápěním","kus",{"v":1,"d":"1.000"},{"v":1129.98,"d":"1,129.98"},{"$f":"ROUND(I250*H250,2)","v":{"v":1129.98,"d":"1,129.98"}},"CS ÚRS 2025 01",null,"","základní",null,{"$f":"O250*H250","v":{"v":0,"d":"0.00000"}},{"v":0.0024,"d":"0.00240"},{"$f":"Q250*H250","v":{"v":0.0024,"d":"0.00240"}},{"v":0,"d":"0.00000"},{"$f":"S250*H250","v":{"v":0,"d":"0.00000"}},{"$nulls":23},"32",null,"M","2",{"$nulls":3},"ROZPOCET",{"$nulls":5},{"$f":"IF(N250=\"základní\",J250,0)","v":{"v":1129.98,"d":"1,129.98"}},{"$f":"IF(N250=\"snížená\",J250,0)","v":{"v":0,"d":"0.00"}},{"$f":"IF(N250=\"zákl. přenesená\",J250,0)","v":{"v":0,"d":"0.00"}},{"$f":"IF(N250=\"sníž. přenesená\",J250,0)","v":{"v":0,"d":"0.00"}},{"$f":"IF(N250=\"nulová\",J250,0)","v":{"v":0,"d":"0.00"}},"1",{"$f":"ROUND(I250*H250,2)","v":{"v":1129.98,"d":"1,129.98"}},"16","-1883658536"]
[null,null,"48","K","725211601","Umyvadla keramická bílá bez výtokových armatur připevněná na stěnu šrouby bez sloupu nebo krytu na sifon, šířka umyvadla 500 mm","soubor",{"v":1,"d":"1.000"},{"v":2683.92,"d":"2,683.92"},{"$f":"ROUND(I251*H251,2)","v":{"v":2683.92,"d":"2,683.92"}},"CS ÚRS 2025 01",null,"","základní",null,{"$f":"O251*H251","v":{"v":0,"d":"0.00000"}},0.01247,{"$f":"Q251*H251","v":0.01247},{"v":0,"d":"0.00000"},{"$f":"S251*H251","v":{"v":0,"d":"0.00000"}},{"$nulls":23},"16",null,"K","2",{"$nulls":3},"ROZPOCET",{"$nulls":5},{"$f":"IF(N251=\"základní\",J251,0)","v":{"v":2683.92,"d":"2,683.92"}},{"$f":"IF(N251=\"snížená\",J251,0)","v":{"v":0,"d":"0.00"}},{"$f":"IF(N251=\"zákl. přenesená\",J251,0)","v":{"v":0,"d":"0.00"}},{"$f":"IF(N251=\"sníž. přenesená\",J251,0)","v":{"v":0,"d":"0.00"}},{"$f":"IF(N251=\"nulová\",J251,0)","v":{"v":0,"d":"0.00"}},"1",{"$f":"ROUND(I251*H251,2)","v":{"v":2683.92,"d":"2,683.92"}},"16","-44764707"]
[{"$nulls":3},"Online PSC",null,"https://podminky.urs.cz/item/CS_URS_2025_01/725211601",{"$nulls":39},"Online PSC","2"]
[null,null,"49","K","725865501","Zápachové uzávěrky zařizovacích předmětů odpadní soupravy se zápachovou uzávěrkou DN 40/50","kus",{"v":1,"d":"1.000"},725.13,{"$f":"ROUND(I253*H253,2)","v":725.13},"CS ÚRS 2025 01",null,"","základní",null,{"$f":"O253*H253","v":{"v":0,"d":"0.00000"}},0.00128,{"$f":"Q253*H253","v":0.00128},{"v":0,"d":"0.00000"},{"$f":"S253*H253","v":{"v":0,"d":"0.00000"}},{"$nulls":23},"16",null,"K","2",{"$nulls":3},"ROZPOCET",{"$nulls":5},{"$f":"IF(N253=\"základní\",J253,0)","v":725.13},{"$f":"IF(N253=\"snížená\",J253,0)","v":{"v":0,"d":"0.00"}},{"$f":"IF(N253=\"zákl. přenesená\",J253,0)","v":{"v":0,"d":"0.00"}},{"$f":"IF(N253=\"sníž. přenesená\",J253,0)","v":{"v":0,"d":"0.00"}},{"$f":"IF(N253=\"nulová\",J253,0)","v":{"v":0,"d":"0.00"}},"1",{"$f":"ROUND(I253*H253,2)","v":725.13},"16","388038833"]
[{"$nulls":3},"Online PSC",null,"https://podminky.urs.cz/item/CS_URS_2025_01/725865501",{"$nulls":39},"Online PSC","2"]
[{"$nulls":3},"VV","","\"sifon - chrom\"",null,"",{"$nulls":37},"VV","2","1","True","0","ROZPOCET"]
[{"$nulls":3},"VV","","1",null,{"v":1,"d":"1.000"},{"$nulls":37},"VV","2","2","True","1","ROZPOCET"]
[null,null,"50","K","725822611","Baterie umyvadlová stojánková páková bez výpusti - chrom","soubor",{"v":1,"d":"1.000"},{"v":1695.11,"d":"1,695.11"},{"$f":"ROUND(I257*H257,2)","v":{"v":1695.11,"d":"1,695.11"}},"CS ÚRS 2025 01",null,"","základní",null,{"$f":"O257*H257","v":{"v":0,"d":"0.00000"}},{"v":1.8E-3,"d":"0.00180"},{"$f":"Q257*H257","v":{"v":1.8E-3,"d":"0.00180"}},{"v":0,"d":"0.00000"},{"$f":"S257*H257","v":{"v":0,"d":"0.00000"}},{"$nulls":23},"16",null,"K","2",{"$nulls":3},"ROZPOCET",{"$nulls":5},{"$f":"IF(N257=\"základní\",J257,0)","v":{"v":1695.11,"d":"1,695.11"}},{"$f":"IF(N257=\"snížená\",J257,0)","v":{"v":0,"d":"0.00"}},{"$f":"IF(N257=\"zákl. přenesená\",J257,0)","v":{"v":0,"d":"0.00"}},{"$f":"IF(N257=\"sníž. přenesená\",J257,0)","v":{"v":0,"d":"0.00"}},{"$f":"IF(N257=\"nulová\",J257,0)","v":{"v":0,"d":"0.00"}},"1",{"$f":"ROUND(I257*H257,2)","v":{"v":1695.11,"d":"1,695.11"}},"16","563295256"]
[{"$nulls":3},"Online PSC",null,"https://podminky.urs.cz/item/CS_URS_2025_01/725822611",{"$nulls":39},"Online PSC","2"]
[null,null,"51","K","725241112","Sprchové vaničky akrylátové čtvercové 900x900 mm","soubor",{"v":1,"d":"1.000"},{"v":4468.5,"d":"4,468.50"},{"$f":"ROUND(I259*H259,2)","v":{"v":4468.5,"d":"4,468.50"}},"CS ÚRS 2025 01",null,"","základní",null,{"$f":"O259*H259","v":{"v":0,"d":"0.00000"}},0.01497,{"$f":"Q259*H259","v":0.01497},{"v":0,"d":"0.00000"},{"$f":"S259*H259","v":{"v":0,"d":"0.00000"}},{"$nulls":23},"16",null,"K","2",{"$nulls":3},"ROZPOCET",{"$nulls":5},{"$f":"IF(N259=\"základní\",J259,0)","v":{"v":4468.5,"d":"4,468.50"}},{"$f":"IF(N259=\"snížená\",J259,0)","v":{"v":0,"d":"0.00"}},{"$f":"IF(N259=\"zákl. přenesená\",J259,0)","v":{"v":0,"d":"0.00"}},{"$f":"IF(N259=\"sníž. přenesená\",J259,0)","v":{"v":0,"d":"0.00"}},{"$f":"IF(N259=\"nulová\",J259,0)","v":{"v":0,"d":"0.00"}},"1",{"$f":"ROUND(I259*H259,2)","v":{"v":4468.5,"d":"4,468.50"}},"16","83245370"]
[{"$nulls":3},"Online PSC",null,"https://podminky.urs.cz/item/CS_URS_2025_01/725241112",{"$nulls":39},"Online PSC","2"]
[null,null,"52","K","725813111","Ventily rohové bez připojovací trubičky nebo flexi hadičky G 1/2\"","soubor",{"v":3,"d":"3.000"},235.43,{"$f":"ROUND(I261*H261,2)","v":706.29},"CS ÚRS 2025 01",null,"","základní",null,{"$f":"O261*H261","v":{"v":0,"d":"0.00000"}},0.00024,{"$f":"Q261*H261","v":0.00072},{"v":0,"d":"0.00000"},{"$f":"S261*H261","v":{"v":0,"d":"0.00000"}},{"$nulls":23},"16",null,"K","2",{"$nulls":3},"ROZPOCET",{"$nulls":5},{"$f":"IF(N261=\"základní\",J261,0)","v":706.29},{"$f":"IF(N261=\"snížená\",J261,0)","v":{"v":0,"d":"0.00"}},{"$f":"IF(N261=\"zákl. přenesená\",J261,0)","v":{"v":0,"d":"0.00"}},{"$f":"IF(N261=\"sníž. přenesená\",J261,0)","v":{"v":0,"d":"0.00"}},{"$f":"IF(N261=\"nulová\",J261,0)","v":{"v":0,"d":"0.00"}},"1",{"$f":"ROUND(I261*H261,2)","v":706.29},"16","1394589271"]
[{"$nulls":3},"Online PSC",null,"https://podminky.urs.cz/item/CS_URS_2025_01/725813111",{"$nulls":39},"Online PSC","2"]
[{"$nulls":3},"VV","","\"WC\"",null,"",{"$nulls":37},"VV","2","1","True","0","ROZPOCET"]
[{"$nulls":3},"VV","","1",null,{"v":1,"d":"1.000"},{"$nulls":37},"VV","2","2","True","0","ROZPOCET"]
[{"$nulls":3},"VV","","\"koupelna\"",null,"",{"$nulls":37},"VV","2","1","True","0","ROZPOCET"]
[{"$nulls":3},"VV","","2",null,{"v":2,"d":"2.000"},{"$nulls":37},"VV","2","2","True","0","ROZPOCET"]
[{"$nulls":3},"VV","","Součet",null,{"v":3,"d":"3.000"},{"$nulls":37},"VV","2","4","True","1","ROZPOCET"]
[null,null,"53","M","55190005","flexi hadice ohebná k baterii D 8x12mm F 1/2\"xM10 500mm","m",{"v":1.5,"d":"1.500"},159.15,{"$f":"ROUND(I268*H268,2)","v":238.73},"CS ÚRS 2025 01",null,"","základní",null,{"$f":"O268*H268","v":{"v":0,"d":"0.00000"}},0.00018,{"$f":"Q268*H268","v":{"v":2.7E-4,"d":"0.00027"}},{"v":0,"d":"0.00000"},{"$f":"S268*H268","v":{"v":0,"d":"0.00000"}},{"$nulls":23},"32",null,"M","2",{"$nulls":3},"ROZPOCET",{"$nulls":5},{"$f":"IF(N268=\"základní\",J268,0)","v":238.73},{"$f":"IF(N268=\"snížená\",J268,0)","v":{"v":0,"d":"0.00"}},{"$f":"IF(N268=\"zákl. přenesená\",J268,0)","v":{"v":0,"d":"0.00"}},{"$f":"IF(N268=\"sníž. přenesená\",J268,0)","v":{"v":0,"d":"0.00"}},{"$f":"IF(N268=\"nulová\",J268,0)","v":{"v":0,"d":"0.00"}},"1",{"$f":"ROUND(I268*H268,2)","v":238.73},"16","1001090004"]
[null,null,"54","K","725841322R","Baterie sprchová nástěnná se sprchovým setem s roztečí 150 mm - chrom","soubor",{"v":1,"d":"1.000"},{"v":1638.7,"d":"1,638.70"},{"$f":"ROUND(I269*H269,2)","v":{"v":1638.7,"d":"1,638.70"}},"vlastní",null,"","základní",null,{"$f":"O269*H269","v":{"v":0,"d":"0.00000"}},{"v":2.14E-3,"d":"0.00214"},{"$f":"Q269*H269","v":{"v":2.14E-3,"d":"0.00214"}},{"v":0,"d":"0.00000"},{"$f":"S269*H269","v":{"v":0,"d":"0.00000"}},{"$nulls":23},"16",null,"K","2",{"$nulls":3},"ROZPOCET",{"$nulls":5},{"$f":"IF(N269=\"základní\",J269,0)","v":{"v":1638.7,"d":"1,638.70"}},{"$f":"IF(N269=\"snížená\",J269,0)","v":{"v":0,"d":"0.00"}},{"$f":"IF(N269=\"zákl. přenesená\",J269,0)","v":{"v":0,"d":"0.00"}},{"$f":"IF(N269=\"sníž. přenesená\",J269,0)","v":{"v":0,"d":"0.00"}},{"$f":"IF(N269=\"nulová\",J269,0)","v":{"v":0,"d":"0.00"}},"1",{"$f":"ROUND(I269*H269,2)","v":{"v":1638.7,"d":"1,638.70"}},"16","1968582639"]
[null,null,"55","K","72522610.R","D+M sprchová tyč rovná 90x25mm, černá, včetně závěsu","soubor",{"v":1,"d":"1.000"},{"v":2872.27,"d":"2,872.27"},{"$f":"ROUND(I270*H270,2)","v":{"v":2872.27,"d":"2,872.27"}},"vlastní",null,"","základní",null,{"$f":"O270*H270","v":{"v":0,"d":"0.00000"}},0.01745,{"$f":"Q270*H270","v":0.01745},{"v":0,"d":"0.00000"},{"$f":"S270*H270","v":{"v":0,"d":"0.00000"}},{"$nulls":23},"16",null,"K","2",{"$nulls":3},"ROZPOCET",{"$nulls":5},{"$f":"IF(N270=\"základní\",J270,0)","v":{"v":2872.27,"d":"2,872.27"}},{"$f":"IF(N270=\"snížená\",J270,0)","v":{"v":0,"d":"0.00"}},{"$f":"IF(N270=\"zákl. přenesená\",J270,0)","v":{"v":0,"d":"0.00"}},{"$f":"IF(N270=\"sníž. přenesená\",J270,0)","v":{"v":0,"d":"0.00"}},{"$f":"IF(N270=\"nulová\",J270,0)","v":{"v":0,"d":"0.00"}},"1",{"$f":"ROUND(I270*H270,2)","v":{"v":2872.27,"d":"2,872.27"}},"16","411261335"]
[null,null,"56","K","998725103","Přesun hmot pro zařizovací předměty stanovený z hmotnosti přesunovaného materiálu vodorovná dopravní vzdálenost do 50 m základní v objektech výšky přes 12 do 24 m","t",0.067,{"v":1271.33,"d":"1,271.33"},{"$f":"ROUND(I271*H271,2)","v":85.18},"CS ÚRS 2025 01",null,"","základní",null,{"$f":"O271*H271","v":{"v":0,"d":"0.00000"}},{"v":0,"d":"0.00000"},{"$f":"Q271*H271","v":{"v":0,"d":"0.00000"}},{"v":0,"d":"0.00000"},{"$f":"S271*H271","v":{"v":0,"d":"0.00000"}},{"$nulls":23},"16",null,"K","2",{"$nulls":3},"ROZPOCET",{"$nulls":5},{"$f":"IF(N271=\"základní\",J271,0)","v":85.18},{"$f":"IF(N271=\"snížená\",J271,0)","v":{"v":0,"d":"0.00"}},{"$f":"IF(N271=\"zákl. přenesená\",J271,0)","v":{"v":0,"d":"0.00"}},{"$f":"IF(N271=\"sníž. přenesená\",J271,0)","v":{"v":0,"d":"0.00"}},{"$f":"IF(N271=\"nulová\",J271,0)","v":{"v":0,"d":"0.00"}},"1",{"$f":"ROUND(I271*H271,2)","v":85.18},"16","-1443572115"]
[{"$nulls":3},"Online PSC",null,"https://podminky.urs.cz/item/CS_URS_2025_01/998725103",{"$nulls":39},"Online PSC","2"]
[{"$nulls":3},"D","741","Elektroinstalace - silnoproud",{"$nulls":3},{"$f":"BK273","v":{"v":4781.040000000001,"d":"4,781.04"}},{"$nulls":5},{"$f":"SUM(P274:P325)","v":{"v":0,"d":"0.00000"}},null,{"$f":"SUM(R274:R325)","v":0.00136},null,{"$f":"SUM(T274:T325)","v":{"v":4.3E-3,"d":"0.00430"}},{"$nulls":23},"2",null,"D","1",{"$nulls":3},"ROZPOCET",{"$nulls":11},{"$f":"SUM(BK274:BK325)","v":{"v":4781.040000000001,"d":"4,781.04"}}]
[null,null,"57","K","74131180R","Demontáž spínačů nástěnných normálních vnitřních","kus",{"v":5,"d":"5.000"},55.56,{"$f":"ROUND(I274*H274,2)","v":{"v":277.8,"d":"277.80"}},"vlastní",null,"","základní",null,{"$f":"O274*H274","v":{"v":0,"d":"0.00000"}},{"v":0,"d":"0.00000"},{"$f":"Q274*H274","v":{"v":0,"d":"0.00000"}},{"v":5e-05,"d":"0.00005"},{"$f":"S274*H274","v":0.00025},{"$nulls":23},"16",null,"K","2",{"$nulls":3},"ROZPOCET",{"$nulls":5},{"$f":"IF(N274=\"základní\",J274,0)","v":{"v":277.8,"d":"277.80"}},{"$f":"IF(N274=\"snížená\",J274,0)","v":{"v":0,"d":"0.00"}},{"$f":"IF(N274=\"zákl. přenesená\",J274,0)","v":{"v":0,"d":"0.00"}},{"$f":"IF(N274=\"sníž. přenesená\",J274,0)","v":{"v":0,"d":"0.00"}},{"$f":"IF(N274=\"nulová\",J274,0)","v":{"v":0,"d":"0.00"}},"1",{"$f":"ROUND(I274*H274,2)","v":{"v":277.8,"d":"277.80"}},"16","584628752"]
[{"$nulls":3},"VV","","\"WC - tlačítko ventilátoru, spínač\"",null,"",{"$nulls":37},"VV","2","1","True","0","ROZPOCET"]
[{"$nulls":3},"VV","","3",null,{"v":3,"d":"3.000"},{"$nulls":37},"VV","2","2","True","0","ROZPOCET"]
[{"$nulls":3},"VV","","\"koupelna - tlačítko ventilátoru, spínač\"",null,"",{"$nulls":37},"VV","2","1","True","0","ROZPOCET"]
[{"$nulls":3},"VV","","2",null,{"v":2,"d":"2.000"},{"$nulls":37},"VV","2","2","True","0","ROZPOCET"]
[{"$nulls":3},"VV","","Součet",null,{"v":5,"d":"5.000"},{"$nulls":37},"VV","2","4","True","1","ROZPOCET"]
[null,null,"58","K","74131582R","Demontáž zásuvek domovních normální prostředí šroubových bez zachování funkčnosti","kus",{"v":1,"d":"1.000"},55.56,{"$f":"ROUND(I280*H280,2)","v":55.56},"vlastní",null,"","základní",null,{"$f":"O280*H280","v":{"v":0,"d":"0.00000"}},{"v":0,"d":"0.00000"},{"$f":"Q280*H280","v":{"v":0,"d":"0.00000"}},{"v":5e-05,"d":"0.00005"},{"$f":"S280*H280","v":{"v":5e-05,"d":"0.00005"}},{"$nulls":23},"16",null,"K","2",{"$nulls":3},"ROZPOCET",{"$nulls":5},{"$f":"IF(N280=\"základní\",J280,0)","v":55.56},{"$f":"IF(N280=\"snížená\",J280,0)","v":{"v":0,"d":"0.00"}},{"$f":"IF(N280=\"zákl. přenesená\",J280,0)","v":{"v":0,"d":"0.00"}},{"$f":"IF(N280=\"sníž. přenesená\",J280,0)","v":{"v":0,"d":"0.00"}},{"$f":"IF(N280=\"nulová\",J280,0)","v":{"v":0,"d":"0.00"}},"1",{"$f":"ROUND(I280*H280,2)","v":55.56},"16","-76674498"]
[{"$nulls":3},"VV","","\"koupelna - tlačítko ventilátoru, spínač\"",null,"",{"$nulls":37},"VV","2","1","True","0","ROZPOCET"]
[{"$nulls":3},"VV","","1",null,{"v":1,"d":"1.000"},{"$nulls":37},"VV","2","2","True","1","ROZPOCET"]
[null,null,"59","K","741371813","Demontáž svítidel bez zachování funkčnosti (do suti) interiérových modulového systému bodových nastavitelných","kus",{"v":2,"d":"2.000"},93.23,{"$f":"ROUND(I283*H283,2)","v":186.46},"CS ÚRS 2025 01",null,"","základní",null,{"$f":"O283*H283","v":{"v":0,"d":"0.00000"}},{"v":0,"d":"0.00000"},{"$f":"Q283*H283","v":{"v":0,"d":"0.00000"}},{"v":2E-3,"d":"0.00200"},{"$f":"S283*H283","v":{"v":0.004,"d":"0.00400"}},{"$nulls":23},"16",null,"K","2",{"$nulls":3},"ROZPOCET",{"$nulls":5},{"$f":"IF(N283=\"základní\",J283,0)","v":186.46},{"$f":"IF(N283=\"snížená\",J283,0)","v":{"v":0,"d":"0.00"}},{"$f":"IF(N283=\"zákl. přenesená\",J283,0)","v":{"v":0,"d":"0.00"}},{"$f":"IF(N283=\"sníž. přenesená\",J283,0)","v":{"v":0,"d":"0.00"}},{"$f":"IF(N283=\"nulová\",J283,0)","v":{"v":0,"d":"0.00"}},"1",{"$f":"ROUND(I283*H283,2)","v":186.46},"16","846744948"]
[{"$nulls":3},"Online PSC",null,"https://podminky.urs.cz/item/CS_URS_2025_01/741371813",{"$nulls":39},"Online PSC","2"]
[{"$nulls":3},"VV","","\"WC\"",null,"",{"$nulls":37},"VV","2","1","True","0","ROZPOCET"]
[{"$nulls":3},"VV","","1",null,{"v":1,"d":"1.000"},{"$nulls":37},"VV","2","2","True","0","ROZPOCET"]
[{"$nulls":3},"VV","","\"koupelna\"",null,"",{"$nulls":37},"VV","2","1","True","0","ROZPOCET"]
[{"$nulls":3},"VV","","1",null,{"v":1,"d":"1.000"},{"$nulls":37},"VV","2","2","True","0","ROZPOCET"]
[{"$nulls":3},"VV","","Součet",null,{"v":2,"d":"2.000"},{"$nulls":37},"VV","2","4","True","1","ROZPOCET"]
[null,null,"60","K","741310201","Montáž spínačů jedno nebo dvoupólových polozapuštěných nebo zapuštěných se zapojením vodičů šroubové připojení, pro prostředí normální spínačů, řazení 1-jednopólových","kus",{"v":2,"d":"2.000"},169.51,{"$f":"ROUND(I290*H290,2)","v":339.02},"CS ÚRS 2025 01",null,"","základní",null,{"$f":"O290*H290","v":{"v":0,"d":"0.00000"}},{"v":0,"d":"0.00000"},{"$f":"Q290*H290","v":{"v":0,"d":"0.00000"}},{"v":0,"d":"0.00000"},{"$f":"S290*H290","v":{"v":0,"d":"0.00000"}},{"$nulls":23},"16",null,"K","2",{"$nulls":3},"ROZPOCET",{"$nulls":5},{"$f":"IF(N290=\"základní\",J290,0)","v":339.02},{"$f":"IF(N290=\"snížená\",J290,0)","v":{"v":0,"d":"0.00"}},{"$f":"IF(N290=\"zákl. přenesená\",J290,0)","v":{"v":0,"d":"0.00"}},{"$f":"IF(N290=\"sníž. přenesená\",J290,0)","v":{"v":0,"d":"0.00"}},{"$f":"IF(N290=\"nulová\",J290,0)","v":{"v":0,"d":"0.00"}},"1",{"$f":"ROUND(I290*H290,2)","v":339.02},"16","260351499"]
[{"$nulls":3},"Online PSC",null,"https://podminky.urs.cz/item/CS_URS_2025_01/741310201",{"$nulls":39},"Online PSC","2"]
[{"$nulls":3},"VV","","\"včetně montáže rámečku, krytu\"",null,"",{"$nulls":37},"VV","2","1","True","0","ROZPOCET"]
[{"$nulls":3},"VV","","\"WC - tlačítko ventilátoru\"",null,"",{"$nulls":37},"VV","2","1","True","0","ROZPOCET"]
[{"$nulls":3},"VV","","1",null,{"v":1,"d":"1.000"},{"$nulls":37},"VV","2","2","True","0","ROZPOCET"]
[{"$nulls":3},"VV","","\"koupelna - tlačítko ventilátoru\"",null,"",{"$nulls":37},"VV","2","1","True","0","ROZPOCET"]
[{"$nulls":3},"VV","","1",null,{"v":1,"d":"1.000"},{"$nulls":37},"VV","2","2","True","0","ROZPOCET"]
[{"$nulls":3},"VV","","Součet",null,{"v":2,"d":"2.000"},{"$nulls":37},"VV","2","4","True","1","ROZPOCET"]
[null,null,"61","M","34535000","spínač kompletní, zápustný, jednopólový, řazení 1, šroubové svorky","kus",{"v":2,"d":"2.000"},90.59,{"$f":"ROUND(I298*H298,2)","v":181.18},"CS ÚRS 2025 01",null,"","základní",null,{"$f":"O298*H298","v":{"v":0,"d":"0.00000"}},{"v":4e-05,"d":"0.00004"},{"$f":"Q298*H298","v":{"v":8e-05,"d":"0.00008"}},{"v":0,"d":"0.00000"},{"$f":"S298*H298","v":{"v":0,"d":"0.00000"}},{"$nulls":23},"32",null,"M","2",{"$nulls":3},"ROZPOCET",{"$nulls":5},{"$f":"IF(N298=\"základní\",J298,0)","v":181.18},{"$f":"IF(N298=\"snížená\",J298,0)","v":{"v":0,"d":"0.00"}},{"$f":"IF(N298=\"zákl. přenesená\",J298,0)","v":{"v":0,"d":"0.00"}},{"$f":"IF(N298=\"sníž. přenesená\",J298,0)","v":{"v":0,"d":"0.00"}},{"$f":"IF(N298=\"nulová\",J298,0)","v":{"v":0,"d":"0.00"}},"1",{"$f":"ROUND(I298*H298,2)","v":181.18},"16","-126413091"]
[null,null,"62","K","741310251","Montáž spínačů jedno nebo dvoupólových polozapuštěných nebo zapuštěných se zapojením vodičů šroubové připojení, pro prostředí venkovní nebo mokré spínačů, řazení 1-jednopólových","kus",{"v":3,"d":"3.000"},184.58,{"$f":"ROUND(I299*H299,2)","v":553.74},"CS ÚRS 2025 01",null,"","základní",null,{"$f":"O299*H299","v":{"v":0,"d":"0.00000"}},{"v":0,"d":"0.00000"},{"$f":"Q299*H299","v":{"v":0,"d":"0.00000"}},{"v":0,"d":"0.00000"},{"$f":"S299*H299","v":{"v":0,"d":"0.00000"}},{"$nulls":23},"16",null,"K","2",{"$nulls":3},"ROZPOCET",{"$nulls":5},{"$f":"IF(N299=\"základní\",J299,0)","v":553.74},{"$f":"IF(N299=\"snížená\",J299,0)","v":{"v":0,"d":"0.00"}},{"$f":"IF(N299=\"zákl. přenesená\",J299,0)","v":{"v":0,"d":"0.00"}},{"$f":"IF(N299=\"sníž. přenesená\",J299,0)","v":{"v":0,"d":"0.00"}},{"$f":"IF(N299=\"nulová\",J299,0)","v":{"v":0,"d":"0.00"}},"1",{"$f":"ROUND(I299*H299,2)","v":553.74},"16","2091932083"]
[{"$nulls":3},"Online PSC",null,"https://podminky.urs.cz/item/CS_URS_2025_01/741310251",{"$nulls":39},"Online PSC","2"]
[{"$nulls":3},"VV","","\"WC - spínač osvětlení\"",null,"",{"$nulls":37},"VV","2","1","True","0","ROZPOCET"]
[{"$nulls":3},"VV","","2",null,{"v":2,"d":"2.000"},{"$nulls":37},"VV","2","2","True","0","ROZPOCET"]
[{"$nulls":3},"VV","","\"koupelna - spínač osvětlení\"",null,"",{"$nulls":37},"VV","2","1","True","0","ROZPOCET"]
[{"$nulls":3},"VV","","1",null,{"v":1,"d":"1.000"},{"$nulls":37},"VV","2","2","True","0","ROZPOCET"]
[{"$nulls":3},"VV","","Součet",null,{"v":3,"d":"3.000"},{"$nulls":37},"VV","2","4","True","1","ROZPOCET"]
[null,null,"63","M","34535025","přístroj spínače zápustného jednopólového, s krytem, řazení 1, IP44, šroubové svorky, bílý","kus",{"v":3,"d":"3.000"},140.67,{"$f":"ROUND(I306*H306,2)","v":422.01},"CS ÚRS 2025 01",null,"","základní",null,{"$f":"O306*H306","v":{"v":0,"d":"0.00000"}},{"v":8e-05,"d":"0.00008"},{"$f":"Q306*H306","v":{"v":2.4000000000000003E-4,"d":"0.00024"}},{"v":0,"d":"0.00000"},{"$f":"S306*H306","v":{"v":0,"d":"0.00000"}},{"$nulls":23},"32",null,"M","2",{"$nulls":3},"ROZPOCET",{"$nulls":5},{"$f":"IF(N306=\"základní\",J306,0)","v":422.01},{"$f":"IF(N306=\"snížená\",J306,0)","v":{"v":0,"d":"0.00"}},{"$f":"IF(N306=\"zákl. přenesená\",J306,0)","v":{"v":0,"d":"0.00"}},{"$f":"IF(N306=\"sníž. přenesená\",J306,0)","v":{"v":0,"d":"0.00"}},{"$f":"IF(N306=\"nulová\",J306,0)","v":{"v":0,"d":"0.00"}},"1",{"$f":"ROUND(I306*H306,2)","v":422.01},"16","237330932"]
[null,null,"64","M","34535013","přístroj přepínače sériového zápustného, s krytem, řazení 5, IP44, šroubové svorky","kus",{"v":3,"d":"3.000"},210.08,{"$f":"ROUND(I307*H307,2)","v":630.24},"CS ÚRS 2025 01",null,"","základní",null,{"$f":"O307*H307","v":{"v":0,"d":"0.00000"}},{"v":8e-05,"d":"0.00008"},{"$f":"Q307*H307","v":{"v":2.4000000000000003E-4,"d":"0.00024"}},{"v":0,"d":"0.00000"},{"$f":"S307*H307","v":{"v":0,"d":"0.00000"}},{"$nulls":23},"32",null,"M","2",{"$nulls":3},"ROZPOCET",{"$nulls":5},{"$f":"IF(N307=\"základní\",J307,0)","v":630.24},{"$f":"IF(N307=\"snížená\",J307,0)","v":{"v":0,"d":"0.00"}},{"$f":"IF(N307=\"zákl. přenesená\",J307,0)","v":{"v":0,"d":"0.00"}},{"$f":"IF(N307=\"sníž. přenesená\",J307,0)","v":{"v":0,"d":"0.00"}},{"$f":"IF(N307=\"nulová\",J307,0)","v":{"v":0,"d":"0.00"}},"1",{"$f":"ROUND(I307*H307,2)","v":630.24},"16","-1378676664"]
[null,null,"65","M","34539059","rámeček jednonásobný, bílý","kus",{"v":3,"d":"3.000"},22.04,{"$f":"ROUND(I308*H308,2)","v":66.12},"CS ÚRS 2025 01",null,"","základní",null,{"$f":"O308*H308","v":{"v":0,"d":"0.00000"}},{"v":1e-05,"d":"0.00001"},{"$f":"Q308*H308","v":{"v":3.0000000000000004E-5,"d":"0.00003"}},{"v":0,"d":"0.00000"},{"$f":"S308*H308","v":{"v":0,"d":"0.00000"}},{"$nulls":23},"32",null,"M","2",{"$nulls":3},"ROZPOCET",{"$nulls":5},{"$f":"IF(N308=\"základní\",J308,0)","v":66.12},{"$f":"IF(N308=\"snížená\",J308,0)","v":{"v":0,"d":"0.00"}},{"$f":"IF(N308=\"zákl. přenesená\",J308,0)","v":{"v":0,"d":"0.00"}},{"$f":"IF(N308=\"sníž. přenesená\",J308,0)","v":{"v":0,"d":"0.00"}},{"$f":"IF(N308=\"nulová\",J308,0)","v":{"v":0,"d":"0.00"}},"1",{"$f":"ROUND(I308*H308,2)","v":66.12},"16","-1247509249"]
[null,null,"66","K","741313043","Montáž zásuvek domovních se zapojením vodičů šroubové připojení polozapuštěných nebo zapuštěných 10/16 A, provedení 2x (2P + PE) dvojnásobná","kus",{"v":1,"d":"1.000"},169.51,{"$f":"ROUND(I309*H309,2)","v":169.51},"CS ÚRS 2025 01",null,"","základní",null,{"$f":"O309*H309","v":{"v":0,"d":"0.00000"}},{"v":0,"d":"0.00000"},{"$f":"Q309*H309","v":{"v":0,"d":"0.00000"}},{"v":0,"d":"0.00000"},{"$f":"S309*H309","v":{"v":0,"d":"0.00000"}},{"$nulls":23},"16",null,"K","2",{"$nulls":3},"ROZPOCET",{"$nulls":5},{"$f":"IF(N309=\"základní\",J309,0)","v":169.51},{"$f":"IF(N309=\"snížená\",J309,0)","v":{"v":0,"d":"0.00"}},{"$f":"IF(N309=\"zákl. přenesená\",J309,0)","v":{"v":0,"d":"0.00"}},{"$f":"IF(N309=\"sníž. přenesená\",J309,0)","v":{"v":0,"d":"0.00"}},{"$f":"IF(N309=\"nulová\",J309,0)","v":{"v":0,"d":"0.00"}},"1",{"$f":"ROUND(I309*H309,2)","v":169.51},"16","598430580"]
[{"$nulls":3},"Online PSC",null,"https://podminky.urs.cz/item/CS_URS_2025_01/741313043",{"$nulls":39},"Online PSC","2"]
[{"$nulls":3},"VV","","\"koupelna\"",null,"",{"$nulls":37},"VV","2","1","True","0","ROZPOCET"]
[{"$nulls":3},"VV","","1",null,{"v":1,"d":"1.000"},{"$nulls":37},"VV","2","2","True","1","ROZPOCET"]
[null,null,"67","M","34555201","zásuvka zápustná dvojnásobná chráněná, šroubové svorky","kus",{"v":1,"d":"1.000"},176.29,{"$f":"ROUND(I313*H313,2)","v":176.29},"CS ÚRS 2025 01",null,"","základní",null,{"$f":"O313*H313","v":{"v":0,"d":"0.00000"}},{"v":9e-05,"d":"0.00009"},{"$f":"Q313*H313","v":{"v":9e-05,"d":"0.00009"}},{"v":0,"d":"0.00000"},{"$f":"S313*H313","v":{"v":0,"d":"0.00000"}},{"$nulls":23},"32",null,"M","2",{"$nulls":3},"ROZPOCET",{"$nulls":5},{"$f":"IF(N313=\"základní\",J313,0)","v":176.29},{"$f":"IF(N313=\"snížená\",J313,0)","v":{"v":0,"d":"0.00"}},{"$f":"IF(N313=\"zákl. přenesená\",J313,0)","v":{"v":0,"d":"0.00"}},{"$f":"IF(N313=\"sníž. přenesená\",J313,0)","v":{"v":0,"d":"0.00"}},{"$f":"IF(N313=\"nulová\",J313,0)","v":{"v":0,"d":"0.00"}},"1",{"$f":"ROUND(I313*H313,2)","v":176.29},"16","-722185972"]
[null,null,"68","K","741372012","Montáž svítidel s integrovaným zdrojem LED se zapojením vodičů interiérových přisazených nástěnných reflektorových bez pohybového čidla","kus",{"v":2,"d":"2.000"},{"v":329.6,"d":"329.60"},{"$f":"ROUND(I314*H314,2)","v":{"v":659.2,"d":"659.20"}},"CS ÚRS 2025 01",null,"","základní",null,{"$f":"O314*H314","v":{"v":0,"d":"0.00000"}},{"v":0,"d":"0.00000"},{"$f":"Q314*H314","v":{"v":0,"d":"0.00000"}},{"v":0,"d":"0.00000"},{"$f":"S314*H314","v":{"v":0,"d":"0.00000"}},{"$nulls":23},"16",null,"K","2",{"$nulls":3},"ROZPOCET",{"$nulls":5},{"$f":"IF(N314=\"základní\",J314,0)","v":{"v":659.2,"d":"659.20"}},{"$f":"IF(N314=\"snížená\",J314,0)","v":{"v":0,"d":"0.00"}},{"$f":"IF(N314=\"zákl. přenesená\",J314,0)","v":{"v":0,"d":"0.00"}},{"$f":"IF(N314=\"sníž. přenesená\",J314,0)","v":{"v":0,"d":"0.00"}},{"$f":"IF(N314=\"nulová\",J314,0)","v":{"v":0,"d":"0.00"}},"1",{"$f":"ROUND(I314*H314,2)","v":{"v":659.2,"d":"659.20"}},"16","1792175307"]
[{"$nulls":3},"Online PSC",null,"https://podminky.urs.cz/item/CS_URS_2025_01/741372012",{"$nulls":39},"Online PSC","2"]
[{"$nulls":3},"VV","","\"WC\"",null,"",{"$nulls":37},"VV","2","1","True","0","ROZPOCET"]
[{"$nulls":3},"VV","","1",null,{"v":1,"d":"1.000"},{"$nulls":37},"VV","2","2","True","0","ROZPOCET"]
[{"$nulls":3},"VV","","\"koupelna\"",null,"",{"$nulls":37},"VV","2","1","True","0","ROZPOCET"]
[{"$nulls":3},"VV","","1",null,{"v":1,"d":"1.000"},{"$nulls":37},"VV","2","2","True","0","ROZPOCET"]
[{"$nulls":3},"VV","","Součet",null,{"v":2,"d":"2.000"},{"$nulls":37},"VV","2","4","True","1","ROZPOCET"]
[null,null,"69","M","34835008R","LED svítidlo nástěnné, vhodné do koupelny, IP ochrana: krytí IP44","kus",{"v":2,"d":"2.000"},531.32,{"$f":"ROUND(I321*H321,2)","v":{"v":1062.64,"d":"1,062.64"}},"vlastní",null,"","základní",null,{"$f":"O321*H321","v":{"v":0,"d":"0.00000"}},0.00034,{"$f":"Q321*H321","v":0.00068},{"v":0,"d":"0.00000"},{"$f":"S321*H321","v":{"v":0,"d":"0.00000"}},{"$nulls":23},"32",null,"M","2",{"$nulls":3},"ROZPOCET",{"$nulls":5},{"$f":"IF(N321=\"základní\",J321,0)","v":{"v":1062.64,"d":"1,062.64"}},{"$f":"IF(N321=\"snížená\",J321,0)","v":{"v":0,"d":"0.00"}},{"$f":"IF(N321=\"zákl. přenesená\",J321,0)","v":{"v":0,"d":"0.00"}},{"$f":"IF(N321=\"sníž. přenesená\",J321,0)","v":{"v":0,"d":"0.00"}},{"$f":"IF(N321=\"nulová\",J321,0)","v":{"v":0,"d":"0.00"}},"1",{"$f":"ROUND(I321*H321,2)","v":{"v":1062.64,"d":"1,062.64"}},"16","-1697217787"]
[{"$nulls":3},"VV","","\"výkon 5-9 W, světelný tok 400-800 lm\"",null,"",{"$nulls":37},"VV","2","1","True","0","ROZPOCET"]
[{"$nulls":3},"VV","","2",null,{"v":2,"d":"2.000"},{"$nulls":37},"VV","2","2","True","1","ROZPOCET"]
[null,null,"70","K","998741103","Přesun hmot pro silnoproud stanovený z hmotnosti přesunovaného materiálu vodorovná dopravní vzdálenost do 50 m základní v objektech výšky přes 12 do 24 m","t",{"v":1E-3,"d":"0.001"},{"v":1271.33,"d":"1,271.33"},{"$f":"ROUND(I324*H324,2)","v":1.27},"CS ÚRS 2025 01",null,"","základní",null,{"$f":"O324*H324","v":{"v":0,"d":"0.00000"}},{"v":0,"d":"0.00000"},{"$f":"Q324*H324","v":{"v":0,"d":"0.00000"}},{"v":0,"d":"0.00000"},{"$f":"S324*H324","v":{"v":0,"d":"0.00000"}},{"$nulls":23},"16",null,"K","2",{"$nulls":3},"ROZPOCET",{"$nulls":5},{"$f":"IF(N324=\"základní\",J324,0)","v":1.27},{"$f":"IF(N324=\"snížená\",J324,0)","v":{"v":0,"d":"0.00"}},{"$f":"IF(N324=\"zákl. přenesená\",J324,0)","v":{"v":0,"d":"0.00"}},{"$f":"IF(N324=\"sníž. přenesená\",J324,0)","v":{"v":0,"d":"0.00"}},{"$f":"IF(N324=\"nulová\",J324,0)","v":{"v":0,"d":"0.00"}},"1",{"$f":"ROUND(I324*H324,2)","v":1.27},"16","129704927"]
[{"$nulls":3},"Online PSC",null,"https://podminky.urs.cz/item/CS_URS_2025_01/998741103",{"$nulls":39},"Online PSC","2"]
[{"$nulls":3},"D","751","Vzduchotechnika",{"$nulls":3},{"$f":"BK326","v":{"v":1391.25,"d":"1,391.25"}},{"$nulls":5},{"$f":"SUM(P327:P337)","v":{"v":0,"d":"0.00000"}},null,{"$f":"SUM(R327:R337)","v":{"v":0.0007,"d":"0.00070"}},null,{"$f":"SUM(T327:T337)","v":{"v":1E-4,"d":"0.00010"}},{"$nulls":23},"2",null,"D","1",{"$nulls":3},"ROZPOCET",{"$nulls":11},{"$f":"SUM(BK327:BK337)","v":{"v":1391.25,"d":"1,391.25"}}]
[null,null,"71","K","751398821.R","Demontáž ostatních zařízení větrací mřížky průřezu do 0,040 m2","kus",{"v":2,"d":"2.000"},226.01,{"$f":"ROUND(I327*H327,2)","v":452.02},"vlastní",null,"","základní",null,{"$f":"O327*H327","v":{"v":0,"d":"0.00000"}},{"v":0,"d":"0.00000"},{"$f":"Q327*H327","v":{"v":0,"d":"0.00000"}},{"v":5e-05,"d":"0.00005"},{"$f":"S327*H327","v":{"v":1E-4,"d":"0.00010"}},{"$nulls":23},"16",null,"K","2",{"$nulls":3},"ROZPOCET",{"$nulls":5},{"$f":"IF(N327=\"základní\",J327,0)","v":452.02},{"$f":"IF(N327=\"snížená\",J327,0)","v":{"v":0,"d":"0.00"}},{"$f":"IF(N327=\"zákl. přenesená\",J327,0)","v":{"v":0,"d":"0.00"}},{"$f":"IF(N327=\"sníž. přenesená\",J327,0)","v":{"v":0,"d":"0.00"}},{"$f":"IF(N327=\"nulová\",J327,0)","v":{"v":0,"d":"0.00"}},"1",{"$f":"ROUND(I327*H327,2)","v":452.02},"16","-785017352"]
[{"$nulls":3},"VV","","\"WC\"",null,"",{"$nulls":37},"VV","2","1","True","0","ROZPOCET"]
[{"$nulls":3},"VV","","1",null,{"v":1,"d":"1.000"},{"$nulls":37},"VV","2","2","True","0","ROZPOCET"]
[{"$nulls":3},"VV","","\"koupelna\"",null,"",{"$nulls":37},"VV","2","1","True","0","ROZPOCET"]
[{"$nulls":3},"VV","","1",null,{"v":1,"d":"1.000"},{"$nulls":37},"VV","2","2","True","0","ROZPOCET"]
[{"$nulls":3},"VV","","Součet",null,{"v":2,"d":"2.000"},{"$nulls":37},"VV","2","4","True","1","ROZPOCET"]
[null,null,"72","K","767810112","Montáž větracích mřížek ocelových čtyřhranných, průřezu přes 0,01 do 0,04 m2","kus",{"v":2,"d":"2.000"},280.63,{"$f":"ROUND(I333*H333,2)","v":561.26},"CS ÚRS 2025 01",null,"","základní",null,{"$f":"O333*H333","v":{"v":0,"d":"0.00000"}},{"v":0,"d":"0.00000"},{"$f":"Q333*H333","v":{"v":0,"d":"0.00000"}},{"v":0,"d":"0.00000"},{"$f":"S333*H333","v":{"v":0,"d":"0.00000"}},{"$nulls":23},"16",null,"K","2",{"$nulls":3},"ROZPOCET",{"$nulls":5},{"$f":"IF(N333=\"základní\",J333,0)","v":561.26},{"$f":"IF(N333=\"snížená\",J333,0)","v":{"v":0,"d":"0.00"}},{"$f":"IF(N333=\"zákl. přenesená\",J333,0)","v":{"v":0,"d":"0.00"}},{"$f":"IF(N333=\"sníž. přenesená\",J333,0)","v":{"v":0,"d":"0.00"}},{"$f":"IF(N333=\"nulová\",J333,0)","v":{"v":0,"d":"0.00"}},"1",{"$f":"ROUND(I333*H333,2)","v":561.26},"16","1477859966"]
[{"$nulls":3},"Online PSC",null,"https://podminky.urs.cz/item/CS_URS_2025_01/767810112",{"$nulls":39},"Online PSC","2"]
[null,null,"73","M","55341426.R","mřížka větrací nerezová se síťovinou 200x100mm","kus",{"v":2,"d":"2.000"},188.35,{"$f":"ROUND(I335*H335,2)","v":{"v":376.7,"d":"376.70"}},"vlastní",null,"","základní",null,{"$f":"O335*H335","v":{"v":0,"d":"0.00000"}},{"v":3.5E-4,"d":"0.00035"},{"$f":"Q335*H335","v":{"v":0.0007,"d":"0.00070"}},{"v":0,"d":"0.00000"},{"$f":"S335*H335","v":{"v":0,"d":"0.00000"}},{"$nulls":23},"32",null,"M","2",{"$nulls":3},"ROZPOCET",{"$nulls":5},{"$f":"IF(N335=\"základní\",J335,0)","v":{"v":376.7,"d":"376.70"}},{"$f":"IF(N335=\"snížená\",J335,0)","v":{"v":0,"d":"0.00"}},{"$f":"IF(N335=\"zákl. přenesená\",J335,0)","v":{"v":0,"d":"0.00"}},{"$f":"IF(N335=\"sníž. přenesená\",J335,0)","v":{"v":0,"d":"0.00"}},{"$f":"IF(N335=\"nulová\",J335,0)","v":{"v":0,"d":"0.00"}},"1",{"$f":"ROUND(I335*H335,2)","v":{"v":376.7,"d":"376.70"}},"16","-1092532507"]
[null,null,"74","K","998751102","Přesun hmot pro vzduchotechniku stanovený z hmotnosti přesunovaného materiálu vodorovná dopravní vzdálenost do 100 m základní v objektech výšky přes 12 do 24 m","t",{"v":1E-3,"d":"0.001"},{"v":1271.33,"d":"1,271.33"},{"$f":"ROUND(I336*H336,2)","v":1.27},"CS ÚRS 2025 01",null,"","základní",null,{"$f":"O336*H336","v":{"v":0,"d":"0.00000"}},{"v":0,"d":"0.00000"},{"$f":"Q336*H336","v":{"v":0,"d":"0.00000"}},{"v":0,"d":"0.00000"},{"$f":"S336*H336","v":{"v":0,"d":"0.00000"}},{"$nulls":23},"16",null,"K","2",{"$nulls":3},"ROZPOCET",{"$nulls":5},{"$f":"IF(N336=\"základní\",J336,0)","v":1.27},{"$f":"IF(N336=\"snížená\",J336,0)","v":{"v":0,"d":"0.00"}},{"$f":"IF(N336=\"zákl. přenesená\",J336,0)","v":{"v":0,"d":"0.00"}},{"$f":"IF(N336=\"sníž. přenesená\",J336,0)","v":{"v":0,"d":"0.00"}},{"$f":"IF(N336=\"nulová\",J336,0)","v":{"v":0,"d":"0.00"}},"1",{"$f":"ROUND(I336*H336,2)","v":1.27},"16","1367817108"]
[{"$nulls":3},"Online PSC",null,"https://podminky.urs.cz/item/CS_URS_2025_01/998751102",{"$nulls":39},"Online PSC","2"]
[{"$nulls":3},"D","766","Konstrukce truhlářské",{"$nulls":3},{"$f":"BK338","v":{"v":7566.69,"d":"7,566.69"}},{"$nulls":5},{"$f":"SUM(P339:P357)","v":{"v":0,"d":"0.00000"}},null,{"$f":"SUM(R339:R357)","v":{"v":0.026,"d":"0.02600"}},null,{"$f":"SUM(T339:T357)","v":{"v":0.05,"d":"0.05000"}},{"$nulls":23},"2",null,"D","1",{"$nulls":3},"ROZPOCET",{"$nulls":11},{"$f":"SUM(BK339:BK357)","v":{"v":7566.69,"d":"7,566.69"}}]
[null,null,"75","K","766691914","Ostatní práce vyvěšení nebo zavěšení křídel dřevěných dveřních, plochy do 2 m2","kus",{"v":2,"d":"2.000"},36.73,{"$f":"ROUND(I339*H339,2)","v":73.46},"CS ÚRS 2025 01",null,"","základní",null,{"$f":"O339*H339","v":{"v":0,"d":"0.00000"}},{"v":0,"d":"0.00000"},{"$f":"Q339*H339","v":{"v":0,"d":"0.00000"}},{"v":0.024,"d":"0.02400"},{"$f":"S339*H339","v":{"v":0.048,"d":"0.04800"}},{"$nulls":23},"16",null,"K","2",{"$nulls":3},"ROZPOCET",{"$nulls":5},{"$f":"IF(N339=\"základní\",J339,0)","v":73.46},{"$f":"IF(N339=\"snížená\",J339,0)","v":{"v":0,"d":"0.00"}},{"$f":"IF(N339=\"zákl. přenesená\",J339,0)","v":{"v":0,"d":"0.00"}},{"$f":"IF(N339=\"sníž. přenesená\",J339,0)","v":{"v":0,"d":"0.00"}},{"$f":"IF(N339=\"nulová\",J339,0)","v":{"v":0,"d":"0.00"}},"1",{"$f":"ROUND(I339*H339,2)","v":73.46},"16","1201282084"]
[{"$nulls":3},"Online PSC",null,"https://podminky.urs.cz/item/CS_URS_2025_01/766691914",{"$nulls":39},"Online PSC","2"]
[{"$nulls":3},"VV","","\"WC\"",null,"",{"$nulls":37},"VV","2","1","True","0","ROZPOCET"]
[{"$nulls":3},"VV","","1",null,{"v":1,"d":"1.000"},{"$nulls":37},"VV","2","2","True","0","ROZPOCET"]
[{"$nulls":3},"VV","","\"koupelna\"",null,"",{"$nulls":37},"VV","2","1","True","0","ROZPOCET"]
[{"$nulls":3},"VV","","1",null,{"v":1,"d":"1.000"},{"$nulls":37},"VV","2","2","True","0","ROZPOCET"]
[{"$nulls":3},"VV","","Součet",null,{"v":2,"d":"2.000"},{"$nulls":37},"VV","2","4","True","1","ROZPOCET"]
[null,null,"76","K","766491851","Demontáž ostatních truhlářských konstrukcí prahů dveří jednokřídlových","kus",{"v":2,"d":"2.000"},36.73,{"$f":"ROUND(I346*H346,2)","v":73.46},"CS ÚRS 2025 01",null,"","základní",null,{"$f":"O346*H346","v":{"v":0,"d":"0.00000"}},{"v":0,"d":"0.00000"},{"$f":"Q346*H346","v":{"v":0,"d":"0.00000"}},{"v":1E-3,"d":"0.00100"},{"$f":"S346*H346","v":{"v":2E-3,"d":"0.00200"}},{"$nulls":23},"16",null,"K","2",{"$nulls":3},"ROZPOCET",{"$nulls":5},{"$f":"IF(N346=\"základní\",J346,0)","v":73.46},{"$f":"IF(N346=\"snížená\",J346,0)","v":{"v":0,"d":"0.00"}},{"$f":"IF(N346=\"zákl. přenesená\",J346,0)","v":{"v":0,"d":"0.00"}},{"$f":"IF(N346=\"sníž. přenesená\",J346,0)","v":{"v":0,"d":"0.00"}},{"$f":"IF(N346=\"nulová\",J346,0)","v":{"v":0,"d":"0.00"}},"1",{"$f":"ROUND(I346*H346,2)","v":73.46},"16","-1652732895"]
[{"$nulls":3},"Online PSC",null,"https://podminky.urs.cz/item/CS_URS_2025_01/766491851",{"$nulls":39},"Online PSC","2"]
[{"$nulls":3},"VV","","\"WC\"",null,"",{"$nulls":37},"VV","2","1","True","0","ROZPOCET"]
[{"$nulls":3},"VV","","1",null,{"v":1,"d":"1.000"},{"$nulls":37},"VV","2","2","True","0","ROZPOCET"]
[{"$nulls":3},"VV","","\"koupelna\"",null,"",{"$nulls":37},"VV","2","1","True","0","ROZPOCET"]
[{"$nulls":3},"VV","","1",null,{"v":1,"d":"1.000"},{"$nulls":37},"VV","2","2","True","0","ROZPOCET"]
[{"$nulls":3},"VV","","Součet",null,{"v":2,"d":"2.000"},{"$nulls":37},"VV","2","4","True","1","ROZPOCET"]
[null,null,"77","K","766660001","Montáž dveřních křídel dřevěných nebo plastových otevíravých do ocelové zárubně povrchově upravených jednokřídlových, šířky do 800 mm","kus",{"v":2,"d":"2.000"},800.47,{"$f":"ROUND(I353*H353,2)","v":{"v":1600.94,"d":"1,600.94"}},"CS ÚRS 2025 01",null,"","základní",null,{"$f":"O353*H353","v":{"v":0,"d":"0.00000"}},{"v":0,"d":"0.00000"},{"$f":"Q353*H353","v":{"v":0,"d":"0.00000"}},{"v":0,"d":"0.00000"},{"$f":"S353*H353","v":{"v":0,"d":"0.00000"}},{"$nulls":23},"16",null,"K","2",{"$nulls":3},"ROZPOCET",{"$nulls":5},{"$f":"IF(N353=\"základní\",J353,0)","v":{"v":1600.94,"d":"1,600.94"}},{"$f":"IF(N353=\"snížená\",J353,0)","v":{"v":0,"d":"0.00"}},{"$f":"IF(N353=\"zákl. přenesená\",J353,0)","v":{"v":0,"d":"0.00"}},{"$f":"IF(N353=\"sníž. přenesená\",J353,0)","v":{"v":0,"d":"0.00"}},{"$f":"IF(N353=\"nulová\",J353,0)","v":{"v":0,"d":"0.00"}},"1",{"$f":"ROUND(I353*H353,2)","v":{"v":1600.94,"d":"1,600.94"}},"16","-751722318"]
[{"$nulls":3},"Online PSC",null,"https://podminky.urs.cz/item/CS_URS_2025_01/766660001",{"$nulls":39},"Online PSC","2"]
[null,null,"78","M","MSN.0027212.URS","dveře interiérové jednokřídlé plné, voština, CPL standard, 60x197","kus",{"v":2,"d":"2.000"},{"v":2892.89,"d":"2,892.89"},{"$f":"ROUND(I355*H355,2)","v":{"v":5785.78,"d":"5,785.78"}},"vlastní",null,"","základní",null,{"$f":"O355*H355","v":{"v":0,"d":"0.00000"}},{"v":0.013,"d":"0.01300"},{"$f":"Q355*H355","v":{"v":0.026,"d":"0.02600"}},{"v":0,"d":"0.00000"},{"$f":"S355*H355","v":{"v":0,"d":"0.00000"}},{"$nulls":23},"32",null,"M","2",{"$nulls":3},"ROZPOCET",{"$nulls":5},{"$f":"IF(N355=\"základní\",J355,0)","v":{"v":5785.78,"d":"5,785.78"}},{"$f":"IF(N355=\"snížená\",J355,0)","v":{"v":0,"d":"0.00"}},{"$f":"IF(N355=\"zákl. přenesená\",J355,0)","v":{"v":0,"d":"0.00"}},{"$f":"IF(N355=\"sníž. přenesená\",J355,0)","v":{"v":0,"d":"0.00"}},{"$f":"IF(N355=\"nulová\",J355,0)","v":{"v":0,"d":"0.00"}},"1",{"$f":"ROUND(I355*H355,2)","v":{"v":5785.78,"d":"5,785.78"}},"16","2080428189"]
[null,null,"79","K","998766103","Přesun hmot pro konstrukce truhlářské stanovený z hmotnosti přesunovaného materiálu vodorovná dopravní vzdálenost do 50 m základní v objektech výšky přes 12 do 24 m","t",0.026,{"v":1271.33,"d":"1,271.33"},{"$f":"ROUND(I356*H356,2)","v":33.05},"CS ÚRS 2025 01",null,"","základní",null,{"$f":"O356*H356","v":{"v":0,"d":"0.00000"}},{"v":0,"d":"0.00000"},{"$f":"Q356*H356","v":{"v":0,"d":"0.00000"}},{"v":0,"d":"0.00000"},{"$f":"S356*H356","v":{"v":0,"d":"0.00000"}},{"$nulls":23},"16",null,"K","2",{"$nulls":3},"ROZPOCET",{"$nulls":5},{"$f":"IF(N356=\"základní\",J356,0)","v":33.05},{"$f":"IF(N356=\"snížená\",J356,0)","v":{"v":0,"d":"0.00"}},{"$f":"IF(N356=\"zákl. přenesená\",J356,0)","v":{"v":0,"d":"0.00"}},{"$f":"IF(N356=\"sníž. přenesená\",J356,0)","v":{"v":0,"d":"0.00"}},{"$f":"IF(N356=\"nulová\",J356,0)","v":{"v":0,"d":"0.00"}},"1",{"$f":"ROUND(I356*H356,2)","v":33.05},"16","-1241877543"]
[{"$nulls":3},"Online PSC",null,"https://podminky.urs.cz/item/CS_URS_2025_01/998766103",{"$nulls":39},"Online PSC","2"]
[{"$nulls":3},"D","767","Konstrukce zámečnické",{"$nulls":3},{"$f":"BK358","v":{"v":1144.53,"d":"1,144.53"}},{"$nulls":5},{"$f":"SUM(P359:P370)","v":{"v":0,"d":"0.00000"}},null,{"$f":"SUM(R359:R370)","v":{"v":1.4116999999999999E-3,"d":"0.00141"}},null,{"$f":"SUM(T359:T370)","v":{"v":0.0005,"d":"0.00050"}},{"$nulls":23},"2",null,"D","1",{"$nulls":3},"ROZPOCET",{"$nulls":11},{"$f":"SUM(BK359:BK370)","v":{"v":1144.53,"d":"1,144.53"}}]
[null,null,"80","K","742110871","Demontáž dvířek revizních","kus",{"v":1,"d":"1.000"},226.01,{"$f":"ROUND(I359*H359,2)","v":226.01},"CS ÚRS 2025 01",null,"","základní",null,{"$f":"O359*H359","v":{"v":0,"d":"0.00000"}},{"v":0,"d":"0.00000"},{"$f":"Q359*H359","v":{"v":0,"d":"0.00000"}},{"v":0.0005,"d":"0.00050"},{"$f":"S359*H359","v":{"v":0.0005,"d":"0.00050"}},{"$nulls":23},"16",null,"K","2",{"$nulls":3},"ROZPOCET",{"$nulls":5},{"$f":"IF(N359=\"základní\",J359,0)","v":226.01},{"$f":"IF(N359=\"snížená\",J359,0)","v":{"v":0,"d":"0.00"}},{"$f":"IF(N359=\"zákl. přenesená\",J359,0)","v":{"v":0,"d":"0.00"}},{"$f":"IF(N359=\"sníž. přenesená\",J359,0)","v":{"v":0,"d":"0.00"}},{"$f":"IF(N359=\"nulová\",J359,0)","v":{"v":0,"d":"0.00"}},"1",{"$f":"ROUND(I359*H359,2)","v":226.01},"16","-272839155"]
[{"$nulls":3},"Online PSC",null,"https://podminky.urs.cz/item/CS_URS_2025_01/742110871",{"$nulls":39},"Online PSC","2"]
[{"$nulls":3},"VV","","\"koupelna\"",null,"",{"$nulls":37},"VV","2","1","True","0","ROZPOCET"]
[{"$nulls":3},"VV","","1",null,{"v":1,"d":"1.000"},{"$nulls":37},"VV","2","2","True","0","ROZPOCET"]
[{"$nulls":3},"VV","","Součet",null,{"v":1,"d":"1.000"},{"$nulls":37},"VV","2","4","True","1","ROZPOCET"]
[null,null,"81","K","767646411","Montáž revizních dveří a dvířek hliníkových, ocelových nebo plastových s rámem jednokřídlových, plochy do 0,5 m2","m2",{"v":0.09,"d":"0.090"},{"v":3662.28,"d":"3,662.28"},{"$f":"ROUND(I364*H364,2)","v":329.61},"CS ÚRS 2025 01",null,"","základní",null,{"$f":"O364*H364","v":{"v":0,"d":"0.00000"}},0.00013,{"$f":"Q364*H364","v":{"v":1.1699999999999998E-5,"d":"0.00001"}},{"v":0,"d":"0.00000"},{"$f":"S364*H364","v":{"v":0,"d":"0.00000"}},{"$nulls":23},"16",null,"K","2",{"$nulls":3},"ROZPOCET",{"$nulls":5},{"$f":"IF(N364=\"základní\",J364,0)","v":329.61},{"$f":"IF(N364=\"snížená\",J364,0)","v":{"v":0,"d":"0.00"}},{"$f":"IF(N364=\"zákl. přenesená\",J364,0)","v":{"v":0,"d":"0.00"}},{"$f":"IF(N364=\"sníž. přenesená\",J364,0)","v":{"v":0,"d":"0.00"}},{"$f":"IF(N364=\"nulová\",J364,0)","v":{"v":0,"d":"0.00"}},"1",{"$f":"ROUND(I364*H364,2)","v":329.61},"16","324251521"]
[{"$nulls":3},"Online PSC",null,"https://podminky.urs.cz/item/CS_URS_2025_01/767646411",{"$nulls":39},"Online PSC","2"]
[{"$nulls":3},"VV","","\"koupelna\"",null,"",{"$nulls":37},"VV","2","1","True","0","ROZPOCET"]
[{"$nulls":3},"VV","","0,3*0,3",null,{"v":0.09,"d":"0.090"},{"$nulls":37},"VV","2","2","True","1","ROZPOCET"]
[null,null,"82","M","59030711","dvířka revizní jednokřídlá s automatickým zámkem 300x300mm","kus",{"v":1,"d":"1.000"},587.64,{"$f":"ROUND(I368*H368,2)","v":587.64},"CS ÚRS 2025 01",null,"","základní",null,{"$f":"O368*H368","v":{"v":0,"d":"0.00000"}},{"v":1.4E-3,"d":"0.00140"},{"$f":"Q368*H368","v":{"v":1.4E-3,"d":"0.00140"}},{"v":0,"d":"0.00000"},{"$f":"S368*H368","v":{"v":0,"d":"0.00000"}},{"$nulls":23},"32",null,"M","2",{"$nulls":3},"ROZPOCET",{"$nulls":5},{"$f":"IF(N368=\"základní\",J368,0)","v":587.64},{"$f":"IF(N368=\"snížená\",J368,0)","v":{"v":0,"d":"0.00"}},{"$f":"IF(N368=\"zákl. přenesená\",J368,0)","v":{"v":0,"d":"0.00"}},{"$f":"IF(N368=\"sníž. přenesená\",J368,0)","v":{"v":0,"d":"0.00"}},{"$f":"IF(N368=\"nulová\",J368,0)","v":{"v":0,"d":"0.00"}},"1",{"$f":"ROUND(I368*H368,2)","v":587.64},"16","1034244800"]
[null,null,"83","K","998767103","Přesun hmot pro zámečnické konstrukce stanovený z hmotnosti přesunovaného materiálu vodorovná dopravní vzdálenost do 50 m základní v objektech výšky přes 12 do 24 m","t",{"v":1E-3,"d":"0.001"},{"v":1271.33,"d":"1,271.33"},{"$f":"ROUND(I369*H369,2)","v":1.27},"CS ÚRS 2025 01",null,"","základní",null,{"$f":"O369*H369","v":{"v":0,"d":"0.00000"}},{"v":0,"d":"0.00000"},{"$f":"Q369*H369","v":{"v":0,"d":"0.00000"}},{"v":0,"d":"0.00000"},{"$f":"S369*H369","v":{"v":0,"d":"0.00000"}},{"$nulls":23},"16",null,"K","2",{"$nulls":3},"ROZPOCET",{"$nulls":5},{"$f":"IF(N369=\"základní\",J369,0)","v":1.27},{"$f":"IF(N369=\"snížená\",J369,0)","v":{"v":0,"d":"0.00"}},{"$f":"IF(N369=\"zákl. přenesená\",J369,0)","v":{"v":0,"d":"0.00"}},{"$f":"IF(N369=\"sníž. přenesená\",J369,0)","v":{"v":0,"d":"0.00"}},{"$f":"IF(N369=\"nulová\",J369,0)","v":{"v":0,"d":"0.00"}},"1",{"$f":"ROUND(I369*H369,2)","v":1.27},"16","-769694328"]
[{"$nulls":3},"Online PSC",null,"https://podminky.urs.cz/item/CS_URS_2025_01/998767103",{"$nulls":39},"Online PSC","2"]
[{"$nulls":3},"D","771","Podlahy z dlaždic",{"$nulls":3},{"$f":"BK371","v":{"v":11856.660000000002,"d":"11,856.66"}},{"$nulls":5},{"$f":"SUM(P372:P421)","v":{"v":0,"d":"0.00000"}},null,{"$f":"SUM(R372:R421)","v":{"v":0.16108840000000002,"d":"0.16109"}},null,{"$f":"SUM(T372:T421)","v":{"v":0,"d":"0.00000"}},{"$nulls":23},"2",null,"D","1",{"$nulls":3},"ROZPOCET",{"$nulls":11},{"$f":"SUM(BK372:BK421)","v":{"v":11856.660000000002,"d":"11,856.66"}}]
[null,null,"84","K","771111011","Příprava podkladu před provedením dlažby vysátí podlah","m2",2.994,17.89,{"$f":"ROUND(I372*H372,2)","v":53.56},"CS ÚRS 2025 01",null,"","základní",null,{"$f":"O372*H372","v":{"v":0,"d":"0.00000"}},{"v":0,"d":"0.00000"},{"$f":"Q372*H372","v":{"v":0,"d":"0.00000"}},{"v":0,"d":"0.00000"},{"$f":"S372*H372","v":{"v":0,"d":"0.00000"}},{"$nulls":23},"16",null,"K","2",{"$nulls":3},"ROZPOCET",{"$nulls":5},{"$f":"IF(N372=\"základní\",J372,0)","v":53.56},{"$f":"IF(N372=\"snížená\",J372,0)","v":{"v":0,"d":"0.00"}},{"$f":"IF(N372=\"zákl. přenesená\",J372,0)","v":{"v":0,"d":"0.00"}},{"$f":"IF(N372=\"sníž. přenesená\",J372,0)","v":{"v":0,"d":"0.00"}},{"$f":"IF(N372=\"nulová\",J372,0)","v":{"v":0,"d":"0.00"}},"1",{"$f":"ROUND(I372*H372,2)","v":53.56},"16","-1274129144"]
[{"$nulls":3},"Online PSC",null,"https://podminky.urs.cz/item/CS_URS_2025_01/771111011",{"$nulls":39},"Online PSC","2"]
[{"$nulls":3},"VV","","\"WC\"",null,"",{"$nulls":37},"VV","2","1","True","0","ROZPOCET"]
[{"$nulls":3},"VV","","0,82*1,55",null,1.271,{"$nulls":37},"VV","2","2","True","0","ROZPOCET"]
[{"$nulls":3},"VV","","\"koupelna\"",null,"",{"$nulls":37},"VV","2","1","True","0","ROZPOCET"]
[{"$nulls":3},"VV","","1,46*0,55+0,92*1",null,1.723,{"$nulls":37},"VV","2","2","True","0","ROZPOCET"]
[{"$nulls":3},"VV","","Součet",null,2.994,{"$nulls":37},"VV","2","4","True","1","ROZPOCET"]
[null,null,"85","K","771121011","Nátěr penetrační na podlahu","m2",2.994,27.31,{"$f":"ROUND(I379*H379,2)","v":81.77},"CS ÚRS 2025 01",null,"","základní",null,{"$f":"O379*H379","v":{"v":0,"d":"0.00000"}},{"v":0.0003,"d":"0.00030"},{"$f":"Q379*H379","v":{"v":0.0008982,"d":"0.00090"}},{"v":0,"d":"0.00000"},{"$f":"S379*H379","v":{"v":0,"d":"0.00000"}},{"$nulls":23},"16",null,"K","2",{"$nulls":3},"ROZPOCET",{"$nulls":5},{"$f":"IF(N379=\"základní\",J379,0)","v":81.77},{"$f":"IF(N379=\"snížená\",J379,0)","v":{"v":0,"d":"0.00"}},{"$f":"IF(N379=\"zákl. přenesená\",J379,0)","v":{"v":0,"d":"0.00"}},{"$f":"IF(N379=\"sníž. přenesená\",J379,0)","v":{"v":0,"d":"0.00"}},{"$f":"IF(N379=\"nulová\",J379,0)","v":{"v":0,"d":"0.00"}},"1",{"$f":"ROUND(I379*H379,2)","v":81.77},"16","1091278466"]
[{"$nulls":3},"Online PSC",null,"https://podminky.urs.cz/item/CS_URS_2025_01/771121011",{"$nulls":39},"Online PSC","2"]
[null,null,"86","K","771151024","Příprava podkladu před provedením dlažby samonivelační stěrka min. pevnosti 30 MPa, tloušťky přes 8 do 10 mm","m2",2.994,641.32,{"$f":"ROUND(I381*H381,2)","v":{"v":1920.11,"d":"1,920.11"}},"CS ÚRS 2025 01",null,"","základní",null,{"$f":"O381*H381","v":{"v":0,"d":"0.00000"}},{"v":0.015,"d":"0.01500"},{"$f":"Q381*H381","v":0.04491},{"v":0,"d":"0.00000"},{"$f":"S381*H381","v":{"v":0,"d":"0.00000"}},{"$nulls":23},"16",null,"K","2",{"$nulls":3},"ROZPOCET",{"$nulls":5},{"$f":"IF(N381=\"základní\",J381,0)","v":{"v":1920.11,"d":"1,920.11"}},{"$f":"IF(N381=\"snížená\",J381,0)","v":{"v":0,"d":"0.00"}},{"$f":"IF(N381=\"zákl. přenesená\",J381,0)","v":{"v":0,"d":"0.00"}},{"$f":"IF(N381=\"sníž. přenesená\",J381,0)","v":{"v":0,"d":"0.00"}},{"$f":"IF(N381=\"nulová\",J381,0)","v":{"v":0,"d":"0.00"}},"1",{"$f":"ROUND(I381*H381,2)","v":{"v":1920.11,"d":"1,920.11"}},"16","-739266912"]
[{"$nulls":3},"Online PSC",null,"https://podminky.urs.cz/item/CS_URS_2025_01/771151024",{"$nulls":39},"Online PSC","2"]
[null,null,"87","K","771161022","Příprava podkladu před provedením dlažby montáž profilu ukončujícího profilu pro schodové hrany a ukončení dlažby","m",{"v":1.4,"d":"1.400"},{"v":119.6,"d":"119.60"},{"$f":"ROUND(I383*H383,2)","v":167.44},"CS ÚRS 2025 01",null,"","základní",null,{"$f":"O383*H383","v":{"v":0,"d":"0.00000"}},0.00034,{"$f":"Q383*H383","v":{"v":0.000476,"d":"0.00048"}},{"v":0,"d":"0.00000"},{"$f":"S383*H383","v":{"v":0,"d":"0.00000"}},{"$nulls":23},"16",null,"K","2",{"$nulls":3},"ROZPOCET",{"$nulls":5},{"$f":"IF(N383=\"základní\",J383,0)","v":167.44},{"$f":"IF(N383=\"snížená\",J383,0)","v":{"v":0,"d":"0.00"}},{"$f":"IF(N383=\"zákl. přenesená\",J383,0)","v":{"v":0,"d":"0.00"}},{"$f":"IF(N383=\"sníž. přenesená\",J383,0)","v":{"v":0,"d":"0.00"}},{"$f":"IF(N383=\"nulová\",J383,0)","v":{"v":0,"d":"0.00"}},"1",{"$f":"ROUND(I383*H383,2)","v":167.44},"16","1579847369"]
[{"$nulls":3},"Online PSC",null,"https://podminky.urs.cz/item/CS_URS_2025_01/771161022",{"$nulls":39},"Online PSC","2"]
[{"$nulls":3},"VV","","\"ve dveřích místo prahu\"",null,"",{"$nulls":37},"VV","2","1","True","0","ROZPOCET"]
[{"$nulls":3},"VV","","\"WC\"",null,"",{"$nulls":37},"VV","2","1","True","0","ROZPOCET"]
[{"$nulls":3},"VV","","0,7",null,{"v":0.7,"d":"0.700"},{"$nulls":37},"VV","2","2","True","0","ROZPOCET"]
[{"$nulls":3},"VV","","\"koupelna\"",null,"",{"$nulls":37},"VV","2","1","True","0","ROZPOCET"]
[{"$nulls":3},"VV","","0,7",null,{"v":0.7,"d":"0.700"},{"$nulls":37},"VV","2","2","True","0","ROZPOCET"]
[{"$nulls":3},"VV","","Součet",null,{"v":1.4,"d":"1.400"},{"$nulls":37},"VV","2","4","True","1","ROZPOCET"]
[null,null,"88","M","19416008","lišta ukončovací hliníková 10mm","m",{"v":1.4,"d":"1.400"},55.09,{"$f":"ROUND(I391*H391,2)","v":77.13},"CS ÚRS 2025 01",null,"","základní",null,{"$f":"O391*H391","v":{"v":0,"d":"0.00000"}},{"v":1.2E-4,"d":"0.00012"},{"$f":"Q391*H391","v":{"v":0.000168,"d":"0.00017"}},{"v":0,"d":"0.00000"},{"$f":"S391*H391","v":{"v":0,"d":"0.00000"}},{"$nulls":23},"32",null,"M","2",{"$nulls":3},"ROZPOCET",{"$nulls":5},{"$f":"IF(N391=\"základní\",J391,0)","v":77.13},{"$f":"IF(N391=\"snížená\",J391,0)","v":{"v":0,"d":"0.00"}},{"$f":"IF(N391=\"zákl. přenesená\",J391,0)","v":{"v":0,"d":"0.00"}},{"$f":"IF(N391=\"sníž. přenesená\",J391,0)","v":{"v":0,"d":"0.00"}},{"$f":"IF(N391=\"nulová\",J391,0)","v":{"v":0,"d":"0.00"}},"1",{"$f":"ROUND(I391*H391,2)","v":77.13},"16","1696368230"]
[null,null,"89","K","771574416","Montáž podlah z dlaždic keramických lepených cementovým flexibilním lepidlem hladkých, tloušťky do 10 mm přes 9 do 12 ks/m2","m2",2.994,800.47,{"$f":"ROUND(I392*H392,2)","v":{"v":2396.61,"d":"2,396.61"}},"CS ÚRS 2025 01",null,"","základní",null,{"$f":"O392*H392","v":{"v":0,"d":"0.00000"}},{"v":0.006,"d":"0.00600"},{"$f":"Q392*H392","v":{"v":0.017964,"d":"0.01796"}},{"v":0,"d":"0.00000"},{"$f":"S392*H392","v":{"v":0,"d":"0.00000"}},{"$nulls":23},"16",null,"K","2",{"$nulls":3},"ROZPOCET",{"$nulls":5},{"$f":"IF(N392=\"základní\",J392,0)","v":{"v":2396.61,"d":"2,396.61"}},{"$f":"IF(N392=\"snížená\",J392,0)","v":{"v":0,"d":"0.00"}},{"$f":"IF(N392=\"zákl. přenesená\",J392,0)","v":{"v":0,"d":"0.00"}},{"$f":"IF(N392=\"sníž. přenesená\",J392,0)","v":{"v":0,"d":"0.00"}},{"$f":"IF(N392=\"nulová\",J392,0)","v":{"v":0,"d":"0.00"}},"1",{"$f":"ROUND(I392*H392,2)","v":{"v":2396.61,"d":"2,396.61"}},"16","528537537"]
[{"$nulls":3},"Online PSC",null,"https://podminky.urs.cz/item/CS_URS_2025_01/771574416",{"$nulls":39},"Online PSC","2"]
[null,null,"90","M","59761409.R","dlažba keramická slinutá protiskluzná do interiéru i exteriéru - bude upřesněno investorem","m2",{"v":4,"d":"4.000"},452.97,{"$f":"ROUND(I394*H394,2)","v":{"v":1811.88,"d":"1,811.88"}},"vlastní",null,"","základní",null,{"$f":"O394*H394","v":{"v":0,"d":"0.00000"}},{"v":0.0192,"d":"0.01920"},{"$f":"Q394*H394","v":{"v":0.0768,"d":"0.07680"}},{"v":0,"d":"0.00000"},{"$f":"S394*H394","v":{"v":0,"d":"0.00000"}},{"$nulls":23},"32",null,"M","2",{"$nulls":3},"ROZPOCET",{"$nulls":5},{"$f":"IF(N394=\"základní\",J394,0)","v":{"v":1811.88,"d":"1,811.88"}},{"$f":"IF(N394=\"snížená\",J394,0)","v":{"v":0,"d":"0.00"}},{"$f":"IF(N394=\"zákl. přenesená\",J394,0)","v":{"v":0,"d":"0.00"}},{"$f":"IF(N394=\"sníž. přenesená\",J394,0)","v":{"v":0,"d":"0.00"}},{"$f":"IF(N394=\"nulová\",J394,0)","v":{"v":0,"d":"0.00"}},"1",{"$f":"ROUND(I394*H394,2)","v":{"v":1811.88,"d":"1,811.88"}},"16","-534872157"]
[null,null,"91","K","771591112","Izolace podlahy pod dlažbu nátěrem nebo stěrkou ve dvou vrstvách","m2",2.994,452.03,{"$f":"ROUND(I395*H395,2)","v":{"v":1353.38,"d":"1,353.38"}},"CS ÚRS 2025 01",null,"","základní",null,{"$f":"O395*H395","v":{"v":0,"d":"0.00000"}},{"v":1.5E-3,"d":"0.00150"},{"$f":"Q395*H395","v":{"v":0.004491,"d":"0.00449"}},{"v":0,"d":"0.00000"},{"$f":"S395*H395","v":{"v":0,"d":"0.00000"}},{"$nulls":23},"16",null,"K","2",{"$nulls":3},"ROZPOCET",{"$nulls":5},{"$f":"IF(N395=\"základní\",J395,0)","v":{"v":1353.38,"d":"1,353.38"}},{"$f":"IF(N395=\"snížená\",J395,0)","v":{"v":0,"d":"0.00"}},{"$f":"IF(N395=\"zákl. přenesená\",J395,0)","v":{"v":0,"d":"0.00"}},{"$f":"IF(N395=\"sníž. přenesená\",J395,0)","v":{"v":0,"d":"0.00"}},{"$f":"IF(N395=\"nulová\",J395,0)","v":{"v":0,"d":"0.00"}},"1",{"$f":"ROUND(I395*H395,2)","v":{"v":1353.38,"d":"1,353.38"}},"16","-1097880162"]
[{"$nulls":3},"Online PSC",null,"https://podminky.urs.cz/item/CS_URS_2025_01/771591112",{"$nulls":39},"Online PSC","2"]
[null,null,"92","K","771591184","Podlahy - dokončovací práce pracnější řezání dlaždic keramických rovné","m",{"v":5,"d":"5.000"},120.54,{"$f":"ROUND(I397*H397,2)","v":{"v":602.7,"d":"602.70"}},"CS ÚRS 2025 01",null,"","základní",null,{"$f":"O397*H397","v":{"v":0,"d":"0.00000"}},{"v":0,"d":"0.00000"},{"$f":"Q397*H397","v":{"v":0,"d":"0.00000"}},{"v":0,"d":"0.00000"},{"$f":"S397*H397","v":{"v":0,"d":"0.00000"}},{"$nulls":23},"16",null,"K","2",{"$nulls":3},"ROZPOCET",{"$nulls":5},{"$f":"IF(N397=\"základní\",J397,0)","v":{"v":602.7,"d":"602.70"}},{"$f":"IF(N397=\"snížená\",J397,0)","v":{"v":0,"d":"0.00"}},{"$f":"IF(N397=\"zákl. přenesená\",J397,0)","v":{"v":0,"d":"0.00"}},{"$f":"IF(N397=\"sníž. přenesená\",J397,0)","v":{"v":0,"d":"0.00"}},{"$f":"IF(N397=\"nulová\",J397,0)","v":{"v":0,"d":"0.00"}},"1",{"$f":"ROUND(I397*H397,2)","v":{"v":602.7,"d":"602.70"}},"16","-773480512"]
[{"$nulls":3},"Online PSC",null,"https://podminky.urs.cz/item/CS_URS_2025_01/771591184",{"$nulls":39},"Online PSC","2"]
[{"$nulls":3},"VV","","\"dle potřeby\"",null,"",{"$nulls":37},"VV","2","1","True","0","ROZPOCET"]
[{"$nulls":3},"VV","","5",null,{"v":5,"d":"5.000"},{"$nulls":37},"VV","2","2","True","1","ROZPOCET"]
[null,null,"93","K","771591241","Izolace podlahy pod dlažbu těsnícími izolačními pásy vnitřní kout","kus",{"v":9,"d":"9.000"},{"v":187.4,"d":"187.40"},{"$f":"ROUND(I401*H401,2)","v":{"v":1686.6,"d":"1,686.60"}},"CS ÚRS 2025 01",null,"","základní",null,{"$f":"O401*H401","v":{"v":0,"d":"0.00000"}},0.00021,{"$f":"Q401*H401","v":{"v":1.8900000000000002E-3,"d":"0.00189"}},{"v":0,"d":"0.00000"},{"$f":"S401*H401","v":{"v":0,"d":"0.00000"}},{"$nulls":23},"16",null,"K","2",{"$nulls":3},"ROZPOCET",{"$nulls":5},{"$f":"IF(N401=\"základní\",J401,0)","v":{"v":1686.6,"d":"1,686.60"}},{"$f":"IF(N401=\"snížená\",J401,0)","v":{"v":0,"d":"0.00"}},{"$f":"IF(N401=\"zákl. přenesená\",J401,0)","v":{"v":0,"d":"0.00"}},{"$f":"IF(N401=\"sníž. přenesená\",J401,0)","v":{"v":0,"d":"0.00"}},{"$f":"IF(N401=\"nulová\",J401,0)","v":{"v":0,"d":"0.00"}},"1",{"$f":"ROUND(I401*H401,2)","v":{"v":1686.6,"d":"1,686.60"}},"16","-1414733943"]
[{"$nulls":3},"Online PSC",null,"https://podminky.urs.cz/item/CS_URS_2025_01/771591241",{"$nulls":39},"Online PSC","2"]
[{"$nulls":3},"VV","","\"WC\"",null,"",{"$nulls":37},"VV","2","1","True","0","ROZPOCET"]
[{"$nulls":3},"VV","","4",null,{"v":4,"d":"4.000"},{"$nulls":37},"VV","2","2","True","0","ROZPOCET"]
[{"$nulls":3},"VV","","\"koupelna\"",null,"",{"$nulls":37},"VV","2","1","True","0","ROZPOCET"]
[{"$nulls":3},"VV","","5",null,{"v":5,"d":"5.000"},{"$nulls":37},"VV","2","2","True","0","ROZPOCET"]
[{"$nulls":3},"VV","","Součet",null,{"v":9,"d":"9.000"},{"$nulls":37},"VV","2","4","True","1","ROZPOCET"]
[null,null,"94","K","771591242","Izolace podlahy pod dlažbu těsnícími izolačními pásy vnější roh","kus",{"v":1,"d":"1.000"},{"v":187.4,"d":"187.40"},{"$f":"ROUND(I408*H408,2)","v":{"v":187.4,"d":"187.40"}},"CS ÚRS 2025 01",null,"","základní",null,{"$f":"O408*H408","v":{"v":0,"d":"0.00000"}},{"v":0.0002,"d":"0.00020"},{"$f":"Q408*H408","v":{"v":0.0002,"d":"0.00020"}},{"v":0,"d":"0.00000"},{"$f":"S408*H408","v":{"v":0,"d":"0.00000"}},{"$nulls":23},"16",null,"K","2",{"$nulls":3},"ROZPOCET",{"$nulls":5},{"$f":"IF(N408=\"základní\",J408,0)","v":{"v":187.4,"d":"187.40"}},{"$f":"IF(N408=\"snížená\",J408,0)","v":{"v":0,"d":"0.00"}},{"$f":"IF(N408=\"zákl. přenesená\",J408,0)","v":{"v":0,"d":"0.00"}},{"$f":"IF(N408=\"sníž. přenesená\",J408,0)","v":{"v":0,"d":"0.00"}},{"$f":"IF(N408=\"nulová\",J408,0)","v":{"v":0,"d":"0.00"}},"1",{"$f":"ROUND(I408*H408,2)","v":{"v":187.4,"d":"187.40"}},"16","228734064"]
[{"$nulls":3},"Online PSC",null,"https://podminky.urs.cz/item/CS_URS_2025_01/771591242",{"$nulls":39},"Online PSC","2"]
[{"$nulls":3},"VV","","\"koupelna\"",null,"",{"$nulls":37},"VV","2","1","True","0","ROZPOCET"]
[{"$nulls":3},"VV","","1",null,{"v":1,"d":"1.000"},{"$nulls":37},"VV","2","2","True","0","ROZPOCET"]
[{"$nulls":3},"VV","","Součet",null,{"v":1,"d":"1.000"},{"$nulls":37},"VV","2","4","True","1","ROZPOCET"]
[null,null,"95","K","771591264","Izolace podlahy pod dlažbu těsnícími izolačními pásy mezi podlahou a stěnu","m",{"v":9.36,"d":"9.360"},140.32,{"$f":"ROUND(I413*H413,2)","v":{"v":1313.4,"d":"1,313.40"}},"CS ÚRS 2025 01",null,"","základní",null,{"$f":"O413*H413","v":{"v":0,"d":"0.00000"}},{"v":1.42E-3,"d":"0.00142"},{"$f":"Q413*H413","v":{"v":0.0132912,"d":"0.01329"}},{"v":0,"d":"0.00000"},{"$f":"S413*H413","v":{"v":0,"d":"0.00000"}},{"$nulls":23},"16",null,"K","2",{"$nulls":3},"ROZPOCET",{"$nulls":5},{"$f":"IF(N413=\"základní\",J413,0)","v":{"v":1313.4,"d":"1,313.40"}},{"$f":"IF(N413=\"snížená\",J413,0)","v":{"v":0,"d":"0.00"}},{"$f":"IF(N413=\"zákl. přenesená\",J413,0)","v":{"v":0,"d":"0.00"}},{"$f":"IF(N413=\"sníž. přenesená\",J413,0)","v":{"v":0,"d":"0.00"}},{"$f":"IF(N413=\"nulová\",J413,0)","v":{"v":0,"d":"0.00"}},"1",{"$f":"ROUND(I413*H413,2)","v":{"v":1313.4,"d":"1,313.40"}},"16","1025144960"]
[{"$nulls":3},"Online PSC",null,"https://podminky.urs.cz/item/CS_URS_2025_01/771591264",{"$nulls":39},"Online PSC","2"]
[{"$nulls":3},"VV","","\"WC\"",null,"",{"$nulls":37},"VV","2","1","True","0","ROZPOCET"]
[{"$nulls":3},"VV","","0,82*2+1,55*2-0,7",null,{"v":4.04,"d":"4.040"},{"$nulls":37},"VV","2","2","True","0","ROZPOCET"]
[{"$nulls":3},"VV","","\"koupelna\"",null,"",{"$nulls":37},"VV","2","1","True","0","ROZPOCET"]
[{"$nulls":3},"VV","","1,46*2+1,55*2-0,7",null,{"v":5.32,"d":"5.320"},{"$nulls":37},"VV","2","2","True","0","ROZPOCET"]
[{"$nulls":3},"VV","","Součet",null,{"v":9.36,"d":"9.360"},{"$nulls":37},"VV","2","4","True","1","ROZPOCET"]
[null,null,"96","K","998771103","Přesun hmot pro podlahy z dlaždic stanovený z hmotnosti přesunovaného materiálu vodorovná dopravní vzdálenost do 50 m základní v objektech výšky přes 12 do 24 m","t",0.161,{"v":1271.33,"d":"1,271.33"},{"$f":"ROUND(I420*H420,2)","v":204.68},"CS ÚRS 2025 01",null,"","základní",null,{"$f":"O420*H420","v":{"v":0,"d":"0.00000"}},{"v":0,"d":"0.00000"},{"$f":"Q420*H420","v":{"v":0,"d":"0.00000"}},{"v":0,"d":"0.00000"},{"$f":"S420*H420","v":{"v":0,"d":"0.00000"}},{"$nulls":23},"16",null,"K","2",{"$nulls":3},"ROZPOCET",{"$nulls":5},{"$f":"IF(N420=\"základní\",J420,0)","v":204.68},{"$f":"IF(N420=\"snížená\",J420,0)","v":{"v":0,"d":"0.00"}},{"$f":"IF(N420=\"zákl. přenesená\",J420,0)","v":{"v":0,"d":"0.00"}},{"$f":"IF(N420=\"sníž. přenesená\",J420,0)","v":{"v":0,"d":"0.00"}},{"$f":"IF(N420=\"nulová\",J420,0)","v":{"v":0,"d":"0.00"}},"1",{"$f":"ROUND(I420*H420,2)","v":204.68},"16","-1316656413"]
[{"$nulls":3},"Online PSC",null,"https://podminky.urs.cz/item/CS_URS_2025_01/998771103",{"$nulls":39},"Online PSC","2"]
[{"$nulls":3},"D","781","Dokončovací práce - obklady",{"$nulls":3},{"$f":"BK422","v":{"v":30234.920000000002,"d":"30,234.92"}},{"$nulls":5},{"$f":"SUM(P423:P451)","v":{"v":0,"d":"0.00000"}},null,{"$f":"SUM(R423:R451)","v":0.34126},null,{"$f":"SUM(T423:T451)","v":{"v":0,"d":"0.00000"}},{"$nulls":23},"2",null,"D","1",{"$nulls":3},"ROZPOCET",{"$nulls":11},{"$f":"SUM(BK423:BK451)","v":{"v":30234.920000000002,"d":"30,234.92"}}]
[null,null,"97","K","781111011","Příprava podkladu před provedením obkladu oprášení (ometení) stěny","m2",{"v":16.7,"d":"16.700"},17.89,{"$f":"ROUND(I423*H423,2)","v":298.76},"CS ÚRS 2025 01",null,"","základní",null,{"$f":"O423*H423","v":{"v":0,"d":"0.00000"}},{"v":0,"d":"0.00000"},{"$f":"Q423*H423","v":{"v":0,"d":"0.00000"}},{"v":0,"d":"0.00000"},{"$f":"S423*H423","v":{"v":0,"d":"0.00000"}},{"$nulls":23},"16",null,"K","2",{"$nulls":3},"ROZPOCET",{"$nulls":5},{"$f":"IF(N423=\"základní\",J423,0)","v":298.76},{"$f":"IF(N423=\"snížená\",J423,0)","v":{"v":0,"d":"0.00"}},{"$f":"IF(N423=\"zákl. přenesená\",J423,0)","v":{"v":0,"d":"0.00"}},{"$f":"IF(N423=\"sníž. přenesená\",J423,0)","v":{"v":0,"d":"0.00"}},{"$f":"IF(N423=\"nulová\",J423,0)","v":{"v":0,"d":"0.00"}},"1",{"$f":"ROUND(I423*H423,2)","v":298.76},"16","1247688888"]
[{"$nulls":3},"Online PSC",null,"https://podminky.urs.cz/item/CS_URS_2025_01/781111011",{"$nulls":39},"Online PSC","2"]
[{"$nulls":3},"VV","","\"WC\"",null,"",{"$nulls":37},"VV","2","1","True","0","ROZPOCET"]
[{"$nulls":3},"VV","","(0,82*2+1,55*2)*1,5-(0,7*1,5)",null,{"v":6.06,"d":"6.060"},{"$nulls":37},"VV","2","2","True","0","ROZPOCET"]
[{"$nulls":3},"VV","","\"koupelna\"",null,"",{"$nulls":37},"VV","2","1","True","0","ROZPOCET"]
[{"$nulls":3},"VV","","(1,46*2+1,55*2)*2-(0,7*2)",null,{"v":10.64,"d":"10.640"},{"$nulls":37},"VV","2","2","True","0","ROZPOCET"]
[{"$nulls":3},"VV","","Součet",null,{"v":16.7,"d":"16.700"},{"$nulls":37},"VV","2","4","True","1","ROZPOCET"]
[null,null,"98","K","781121011","Nátěr penetrační na stěnu","m2",{"v":16.7,"d":"16.700"},27.31,{"$f":"ROUND(I430*H430,2)","v":456.08},"CS ÚRS 2025 01",null,"","základní",null,{"$f":"O430*H430","v":{"v":0,"d":"0.00000"}},{"v":0.0003,"d":"0.00030"},{"$f":"Q430*H430","v":0.00501},{"v":0,"d":"0.00000"},{"$f":"S430*H430","v":{"v":0,"d":"0.00000"}},{"$nulls":23},"16",null,"K","2",{"$nulls":3},"ROZPOCET",{"$nulls":5},{"$f":"IF(N430=\"základní\",J430,0)","v":456.08},{"$f":"IF(N430=\"snížená\",J430,0)","v":{"v":0,"d":"0.00"}},{"$f":"IF(N430=\"zákl. přenesená\",J430,0)","v":{"v":0,"d":"0.00"}},{"$f":"IF(N430=\"sníž. přenesená\",J430,0)","v":{"v":0,"d":"0.00"}},{"$f":"IF(N430=\"nulová\",J430,0)","v":{"v":0,"d":"0.00"}},"1",{"$f":"ROUND(I430*H430,2)","v":456.08},"16","-1079207580"]
[{"$nulls":3},"Online PSC",null,"https://podminky.urs.cz/item/CS_URS_2025_01/781121011",{"$nulls":39},"Online PSC","2"]
[null,null,"99","K","781131112","Izolace stěny pod obklad izolace nátěrem nebo stěrkou ve dvou vrstvách","m2",11.852,452.03,{"$f":"ROUND(I432*H432,2)","v":{"v":5357.46,"d":"5,357.46"}},"CS ÚRS 2025 01",null,"","základní",null,{"$f":"O432*H432","v":{"v":0,"d":"0.00000"}},{"v":1.5E-3,"d":"0.00150"},{"$f":"Q432*H432","v":{"v":0.017778000000000002,"d":"0.01778"}},{"v":0,"d":"0.00000"},{"$f":"S432*H432","v":{"v":0,"d":"0.00000"}},{"$nulls":23},"16",null,"K","2",{"$nulls":3},"ROZPOCET",{"$nulls":5},{"$f":"IF(N432=\"základní\",J432,0)","v":{"v":5357.46,"d":"5,357.46"}},{"$f":"IF(N432=\"snížená\",J432,0)","v":{"v":0,"d":"0.00"}},{"$f":"IF(N432=\"zákl. přenesená\",J432,0)","v":{"v":0,"d":"0.00"}},{"$f":"IF(N432=\"sníž. přenesená\",J432,0)","v":{"v":0,"d":"0.00"}},{"$f":"IF(N432=\"nulová\",J432,0)","v":{"v":0,"d":"0.00"}},"1",{"$f":"ROUND(I432*H432,2)","v":{"v":5357.46,"d":"5,357.46"}},"16","-966305174"]
[{"$nulls":3},"Online PSC",null,"https://podminky.urs.cz/item/CS_URS_2025_01/781131112",{"$nulls":39},"Online PSC","2"]
[{"$nulls":3},"VV","","\"WC\"",null,"",{"$nulls":37},"VV","2","1","True","0","ROZPOCET"]
[{"$nulls":3},"VV","","(0,82*2+1,55*2)*0,3-(0,7*0,3)",null,1.212,{"$nulls":37},"VV","2","2","True","0","ROZPOCET"]
[{"$nulls":3},"VV","","\"koupelna\"",null,"",{"$nulls":37},"VV","2","1","True","0","ROZPOCET"]
[{"$nulls":3},"VV","","(1,46*2+1,55*2)*2-(0,7*2)",null,{"v":10.64,"d":"10.640"},{"$nulls":37},"VV","2","2","True","0","ROZPOCET"]
[{"$nulls":3},"VV","","Součet",null,11.852,{"$nulls":37},"VV","2","4","True","1","ROZPOCET"]
[null,null,"100","K","781161021","Příprava podkladu před provedením obkladu montáž profilu ukončujícího profilu rohového, vanového","m",{"v":11.36,"d":"11.360"},150.68,{"$f":"ROUND(I439*H439,2)","v":{"v":1711.72,"d":"1,711.72"}},"CS ÚRS 2025 01",null,"","základní",null,{"$f":"O439*H439","v":{"v":0,"d":"0.00000"}},{"v":0.0002,"d":"0.00020"},{"$f":"Q439*H439","v":{"v":0.002272,"d":"0.00227"}},{"v":0,"d":"0.00000"},{"$f":"S439*H439","v":{"v":0,"d":"0.00000"}},{"$nulls":23},"16",null,"K","2",{"$nulls":3},"ROZPOCET",{"$nulls":5},{"$f":"IF(N439=\"základní\",J439,0)","v":{"v":1711.72,"d":"1,711.72"}},{"$f":"IF(N439=\"snížená\",J439,0)","v":{"v":0,"d":"0.00"}},{"$f":"IF(N439=\"zákl. přenesená\",J439,0)","v":{"v":0,"d":"0.00"}},{"$f":"IF(N439=\"sníž. přenesená\",J439,0)","v":{"v":0,"d":"0.00"}},{"$f":"IF(N439=\"nulová\",J439,0)","v":{"v":0,"d":"0.00"}},"1",{"$f":"ROUND(I439*H439,2)","v":{"v":1711.72,"d":"1,711.72"}},"16","-1119742308"]
[{"$nulls":3},"Online PSC",null,"https://podminky.urs.cz/item/CS_URS_2025_01/781161021",{"$nulls":39},"Online PSC","2"]
[{"$nulls":3},"VV","","\"WC\"",null,"",{"$nulls":37},"VV","2","1","True","0","ROZPOCET"]
[{"$nulls":3},"VV","","(0,82*2+1,55*2)-(0,7)",null,{"v":4.04,"d":"4.040"},{"$nulls":37},"VV","2","2","True","0","ROZPOCET"]
[{"$nulls":3},"VV","","\"koupelna\"",null,"",{"$nulls":37},"VV","2","1","True","0","ROZPOCET"]
[{"$nulls":3},"VV","","(1,46*2+1,55*2)-(0,7)+2",null,{"v":7.32,"d":"7.320"},{"$nulls":37},"VV","2","2","True","0","ROZPOCET"]
[{"$nulls":3},"VV","","Součet",null,{"v":11.36,"d":"11.360"},{"$nulls":37},"VV","2","4","True","1","ROZPOCET"]
[null,null,"101","M","28342005","lišta ukončovací z PVC 12,5mm","m",{"v":12,"d":"12.000"},37.95,{"$f":"ROUND(I446*H446,2)","v":{"v":455.4,"d":"455.40"}},"CS ÚRS 2025 01",null,"","základní",null,{"$f":"O446*H446","v":{"v":0,"d":"0.00000"}},{"v":0.0003,"d":"0.00030"},{"$f":"Q446*H446","v":{"v":0.0036,"d":"0.00360"}},{"v":0,"d":"0.00000"},{"$f":"S446*H446","v":{"v":0,"d":"0.00000"}},{"$nulls":23},"32",null,"M","2",{"$nulls":3},"ROZPOCET",{"$nulls":5},{"$f":"IF(N446=\"základní\",J446,0)","v":{"v":455.4,"d":"455.40"}},{"$f":"IF(N446=\"snížená\",J446,0)","v":{"v":0,"d":"0.00"}},{"$f":"IF(N446=\"zákl. přenesená\",J446,0)","v":{"v":0,"d":"0.00"}},{"$f":"IF(N446=\"sníž. přenesená\",J446,0)","v":{"v":0,"d":"0.00"}},{"$f":"IF(N446=\"nulová\",J446,0)","v":{"v":0,"d":"0.00"}},"1",{"$f":"ROUND(I446*H446,2)","v":{"v":455.4,"d":"455.40"}},"16","1468545796"]
[null,null,"102","K","781472216","Montáž keramických obkladů stěn lepených cementovým flexibilním lepidlem hladkých přes 9 do 12 ks/m2","m2",{"v":16.7,"d":"16.700"},800.51,{"$f":"ROUND(I447*H447,2)","v":{"v":13368.52,"d":"13,368.52"}},"CS ÚRS 2025 01",null,"","základní",null,{"$f":"O447*H447","v":{"v":0,"d":"0.00000"}},{"v":0.006,"d":"0.00600"},{"$f":"Q447*H447","v":{"v":0.1002,"d":"0.10020"}},{"v":0,"d":"0.00000"},{"$f":"S447*H447","v":{"v":0,"d":"0.00000"}},{"$nulls":23},"16",null,"K","2",{"$nulls":3},"ROZPOCET",{"$nulls":5},{"$f":"IF(N447=\"základní\",J447,0)","v":{"v":13368.52,"d":"13,368.52"}},{"$f":"IF(N447=\"snížená\",J447,0)","v":{"v":0,"d":"0.00"}},{"$f":"IF(N447=\"zákl. přenesená\",J447,0)","v":{"v":0,"d":"0.00"}},{"$f":"IF(N447=\"sníž. přenesená\",J447,0)","v":{"v":0,"d":"0.00"}},{"$f":"IF(N447=\"nulová\",J447,0)","v":{"v":0,"d":"0.00"}},"1",{"$f":"ROUND(I447*H447,2)","v":{"v":13368.52,"d":"13,368.52"}},"16","-1238347391"]
[{"$nulls":3},"Online PSC",null,"https://podminky.urs.cz/item/CS_URS_2025_01/781472216",{"$nulls":39},"Online PSC","2"]
[null,null,"103","M","59761026R","obklad keramický, OBKLAD - REKTIFIKOVANÝ, 80 % bílý, 20% barevný - dle výběru investora","m2",{"v":18,"d":"18.000"},452.97,{"$f":"ROUND(I449*H449,2)","v":{"v":8153.46,"d":"8,153.46"}},"vlastní",null,"","základní",null,{"$f":"O449*H449","v":{"v":0,"d":"0.00000"}},{"v":0.0118,"d":"0.01180"},{"$f":"Q449*H449","v":{"v":0.2124,"d":"0.21240"}},{"v":0,"d":"0.00000"},{"$f":"S449*H449","v":{"v":0,"d":"0.00000"}},{"$nulls":23},"32",null,"M","2",{"$nulls":3},"ROZPOCET",{"$nulls":5},{"$f":"IF(N449=\"základní\",J449,0)","v":{"v":8153.46,"d":"8,153.46"}},{"$f":"IF(N449=\"snížená\",J449,0)","v":{"v":0,"d":"0.00"}},{"$f":"IF(N449=\"zákl. přenesená\",J449,0)","v":{"v":0,"d":"0.00"}},{"$f":"IF(N449=\"sníž. přenesená\",J449,0)","v":{"v":0,"d":"0.00"}},{"$f":"IF(N449=\"nulová\",J449,0)","v":{"v":0,"d":"0.00"}},"1",{"$f":"ROUND(I449*H449,2)","v":{"v":8153.46,"d":"8,153.46"}},"16","-2050967283"]
[null,null,"104","K","998781103","Přesun hmot pro obklady keramické stanovený z hmotnosti přesunovaného materiálu vodorovná dopravní vzdálenost do 50 m základní v objektech výšky přes 12 do 24 m","t",0.341,{"v":1271.33,"d":"1,271.33"},{"$f":"ROUND(I450*H450,2)","v":433.52},"CS ÚRS 2025 01",null,"","základní",null,{"$f":"O450*H450","v":{"v":0,"d":"0.00000"}},{"v":0,"d":"0.00000"},{"$f":"Q450*H450","v":{"v":0,"d":"0.00000"}},{"v":0,"d":"0.00000"},{"$f":"S450*H450","v":{"v":0,"d":"0.00000"}},{"$nulls":23},"16",null,"K","2",{"$nulls":3},"ROZPOCET",{"$nulls":5},{"$f":"IF(N450=\"základní\",J450,0)","v":433.52},{"$f":"IF(N450=\"snížená\",J450,0)","v":{"v":0,"d":"0.00"}},{"$f":"IF(N450=\"zákl. přenesená\",J450,0)","v":{"v":0,"d":"0.00"}},{"$f":"IF(N450=\"sníž. přenesená\",J450,0)","v":{"v":0,"d":"0.00"}},{"$f":"IF(N450=\"nulová\",J450,0)","v":{"v":0,"d":"0.00"}},"1",{"$f":"ROUND(I450*H450,2)","v":433.52},"16","329643900"]
[{"$nulls":3},"Online PSC",null,"https://podminky.urs.cz/item/CS_URS_2025_01/998781103",{"$nulls":39},"Online PSC","2"]
[{"$nulls":3},"D","783","Dokončovací práce - nátěry",{"$nulls":3},{"$f":"BK452","v":{"v":1827.94,"d":"1,827.94"}},{"$nulls":5},{"$f":"SUM(P453:P466)","v":{"v":0,"d":"0.00000"}},null,{"$f":"SUM(R453:R466)","v":{"v":1.5731999999999999E-3,"d":"0.00157"}},null,{"$f":"SUM(T453:T466)","v":{"v":0,"d":"0.00000"}},{"$nulls":23},"2",null,"D","1",{"$nulls":3},"ROZPOCET",{"$nulls":11},{"$f":"SUM(BK453:BK466)","v":{"v":1827.94,"d":"1,827.94"}}]
[null,null,"105","K","783301313","Příprava podkladu zámečnických konstrukcí před provedením nátěru odmaštění odmašťovačem ředidlovým","m2",{"v":4.14,"d":"4.140"},128.98,{"$f":"ROUND(I453*H453,2)","v":533.98},"CS ÚRS 2025 01",null,"","základní",null,{"$f":"O453*H453","v":{"v":0,"d":"0.00000"}},{"v":7e-05,"d":"0.00007"},{"$f":"Q453*H453","v":{"v":2.8979999999999994E-4,"d":"0.00029"}},{"v":0,"d":"0.00000"},{"$f":"S453*H453","v":{"v":0,"d":"0.00000"}},{"$nulls":23},"16",null,"K","2",{"$nulls":3},"ROZPOCET",{"$nulls":5},{"$f":"IF(N453=\"základní\",J453,0)","v":533.98},{"$f":"IF(N453=\"snížená\",J453,0)","v":{"v":0,"d":"0.00"}},{"$f":"IF(N453=\"zákl. přenesená\",J453,0)","v":{"v":0,"d":"0.00"}},{"$f":"IF(N453=\"sníž. přenesená\",J453,0)","v":{"v":0,"d":"0.00"}},{"$f":"IF(N453=\"nulová\",J453,0)","v":{"v":0,"d":"0.00"}},"1",{"$f":"ROUND(I453*H453,2)","v":533.98},"16","-1271061212"]
[{"$nulls":3},"Online PSC",null,"https://podminky.urs.cz/item/CS_URS_2025_01/783301313",{"$nulls":39},"Online PSC","2"]
[{"$nulls":3},"VV","","\"stávající zárubně\"",null,"",{"$nulls":37},"VV","2","1","True","0","ROZPOCET"]
[{"$nulls":3},"VV","","\"koupelna\"",null,"",{"$nulls":37},"VV","2","1","True","0","ROZPOCET"]
[{"$nulls":3},"VV","","(2+0,6+2)*(0,15*3)",null,{"v":2.07,"d":"2.070"},{"$nulls":37},"VV","2","2","True","0","ROZPOCET"]
[{"$nulls":3},"VV","","\"WC\"",null,"",{"$nulls":37},"VV","2","1","True","0","ROZPOCET"]
[{"$nulls":3},"VV","","(2+0,6+2)*(0,15*3)",null,{"v":2.07,"d":"2.070"},{"$nulls":37},"VV","2","2","True","0","ROZPOCET"]
[{"$nulls":3},"VV","","Součet",null,{"v":4.14,"d":"4.140"},{"$nulls":37},"VV","2","4","True","1","ROZPOCET"]
[null,null,"106","K","783306805","Odstranění nátěrů ze zámečnických konstrukcí opálením s obroušením","m2",{"v":4.14,"d":"4.140"},54.59,{"$f":"ROUND(I461*H461,2)","v":{"v":226,"d":"226.00"}},"CS ÚRS 2025 01",null,"","základní",null,{"$f":"O461*H461","v":{"v":0,"d":"0.00000"}},{"v":2e-05,"d":"0.00002"},{"$f":"Q461*H461","v":{"v":8.2800000000000007E-5,"d":"0.00008"}},{"v":0,"d":"0.00000"},{"$f":"S461*H461","v":{"v":0,"d":"0.00000"}},{"$nulls":23},"16",null,"K","2",{"$nulls":3},"ROZPOCET",{"$nulls":5},{"$f":"IF(N461=\"základní\",J461,0)","v":{"v":226,"d":"226.00"}},{"$f":"IF(N461=\"snížená\",J461,0)","v":{"v":0,"d":"0.00"}},{"$f":"IF(N461=\"zákl. přenesená\",J461,0)","v":{"v":0,"d":"0.00"}},{"$f":"IF(N461=\"sníž. přenesená\",J461,0)","v":{"v":0,"d":"0.00"}},{"$f":"IF(N461=\"nulová\",J461,0)","v":{"v":0,"d":"0.00"}},"1",{"$f":"ROUND(I461*H461,2)","v":{"v":226,"d":"226.00"}},"16","-330920839"]
[{"$nulls":3},"Online PSC",null,"https://podminky.urs.cz/item/CS_URS_2025_01/783306805",{"$nulls":39},"Online PSC","2"]
[null,null,"107","K","783314201","Základní antikorozní nátěr zámečnických konstrukcí jednonásobný syntetický standardní","m2",{"v":4.14,"d":"4.140"},128.98,{"$f":"ROUND(I463*H463,2)","v":533.98},"CS ÚRS 2025 01",null,"","základní",null,{"$f":"O463*H463","v":{"v":0,"d":"0.00000"}},0.00017,{"$f":"Q463*H463","v":{"v":0.0007038,"d":"0.00070"}},{"v":0,"d":"0.00000"},{"$f":"S463*H463","v":{"v":0,"d":"0.00000"}},{"$nulls":23},"16",null,"K","2",{"$nulls":3},"ROZPOCET",{"$nulls":5},{"$f":"IF(N463=\"základní\",J463,0)","v":533.98},{"$f":"IF(N463=\"snížená\",J463,0)","v":{"v":0,"d":"0.00"}},{"$f":"IF(N463=\"zákl. přenesená\",J463,0)","v":{"v":0,"d":"0.00"}},{"$f":"IF(N463=\"sníž. přenesená\",J463,0)","v":{"v":0,"d":"0.00"}},{"$f":"IF(N463=\"nulová\",J463,0)","v":{"v":0,"d":"0.00"}},"1",{"$f":"ROUND(I463*H463,2)","v":533.98},"16","1041459270"]
[{"$nulls":3},"Online PSC",null,"https://podminky.urs.cz/item/CS_URS_2025_01/783314201",{"$nulls":39},"Online PSC","2"]
[null,null,"108","K","783317101","Krycí nátěr (email) zámečnických konstrukcí jednonásobný syntetický standardní","m2",{"v":4.14,"d":"4.140"},128.98,{"$f":"ROUND(I465*H465,2)","v":533.98},"CS ÚRS 2025 01",null,"","základní",null,{"$f":"O465*H465","v":{"v":0,"d":"0.00000"}},{"v":1.2E-4,"d":"0.00012"},{"$f":"Q465*H465","v":{"v":4.9679999999999993E-4,"d":"0.00050"}},{"v":0,"d":"0.00000"},{"$f":"S465*H465","v":{"v":0,"d":"0.00000"}},{"$nulls":23},"16",null,"K","2",{"$nulls":3},"ROZPOCET",{"$nulls":5},{"$f":"IF(N465=\"základní\",J465,0)","v":533.98},{"$f":"IF(N465=\"snížená\",J465,0)","v":{"v":0,"d":"0.00"}},{"$f":"IF(N465=\"zákl. přenesená\",J465,0)","v":{"v":0,"d":"0.00"}},{"$f":"IF(N465=\"sníž. přenesená\",J465,0)","v":{"v":0,"d":"0.00"}},{"$f":"IF(N465=\"nulová\",J465,0)","v":{"v":0,"d":"0.00"}},"1",{"$f":"ROUND(I465*H465,2)","v":533.98},"16","882363332"]
[{"$nulls":3},"Online PSC",null,"https://podminky.urs.cz/item/CS_URS_2025_01/783317101",{"$nulls":39},"Online PSC","2"]
[{"$nulls":3},"D","784","Dokončovací práce - malby a tapety",{"$nulls":3},{"$f":"BK467","v":{"v":1396.53,"d":"1,396.53"}},{"$nulls":5},{"$f":"SUM(P468:P484)","v":{"v":0,"d":"0.00000"}},null,{"$f":"SUM(R468:R484)","v":{"v":0.005146205,"d":"0.00515"}},null,{"$f":"SUM(T468:T484)","v":{"v":0,"d":"0.00000"}},{"$nulls":23},"2",null,"D","1",{"$nulls":3},"ROZPOCET",{"$nulls":11},{"$f":"SUM(BK468:BK484)","v":{"v":1396.53,"d":"1,396.53"}}]
[null,null,"109","K","784111001","Oprášení (ometení) podkladu v místnostech výšky do 3,80 m","m2",10.825,17.89,{"$f":"ROUND(I468*H468,2)","v":193.66},"CS ÚRS 2025 01",null,"","základní",null,{"$f":"O468*H468","v":{"v":0,"d":"0.00000"}},{"v":0,"d":"0.00000"},{"$f":"Q468*H468","v":{"v":0,"d":"0.00000"}},{"v":0,"d":"0.00000"},{"$f":"S468*H468","v":{"v":0,"d":"0.00000"}},{"$nulls":23},"16",null,"K","2",{"$nulls":3},"ROZPOCET",{"$nulls":5},{"$f":"IF(N468=\"základní\",J468,0)","v":193.66},{"$f":"IF(N468=\"snížená\",J468,0)","v":{"v":0,"d":"0.00"}},{"$f":"IF(N468=\"zákl. přenesená\",J468,0)","v":{"v":0,"d":"0.00"}},{"$f":"IF(N468=\"sníž. přenesená\",J468,0)","v":{"v":0,"d":"0.00"}},{"$f":"IF(N468=\"nulová\",J468,0)","v":{"v":0,"d":"0.00"}},"1",{"$f":"ROUND(I468*H468,2)","v":193.66},"16","-625302664"]
[{"$nulls":3},"Online PSC",null,"https://podminky.urs.cz/item/CS_URS_2025_01/784111001",{"$nulls":39},"Online PSC","2"]
[{"$nulls":3},"VV","","stropy",null,"",{"$nulls":37},"VV","2","1","True","0","ROZPOCET"]
[{"$nulls":3},"VV","","\"WC\"",null,"",{"$nulls":37},"VV","2","1","True","0","ROZPOCET"]
[{"$nulls":3},"VV","","0,82*1,55",null,1.271,{"$nulls":37},"VV","2","2","True","0","ROZPOCET"]
[{"$nulls":3},"VV","","\"koupelna\"",null,"",{"$nulls":37},"VV","2","1","True","0","ROZPOCET"]
[{"$nulls":3},"VV","","1,46*0,55+0,92*1",null,1.723,{"$nulls":37},"VV","2","2","True","0","ROZPOCET"]
[{"$nulls":3},"VV","","\"stěny mimo obklad\"",null,"",{"$nulls":37},"VV","2","1","True","0","ROZPOCET"]
[{"$nulls":3},"VV","","\"WC\"",null,"",{"$nulls":37},"VV","2","1","True","0","ROZPOCET"]
[{"$nulls":3},"VV","","(0,82*2+1,55*2)*(2,54-1,5)-(0,7*(2-1,5))",null,{"v":4.58,"d":"4.580"},{"$nulls":37},"VV","2","2","True","0","ROZPOCET"]
[{"$nulls":3},"VV","","\"koupelna\"",null,"",{"$nulls":37},"VV","2","1","True","0","ROZPOCET"]
[{"$nulls":3},"VV","","(1,46*2+1,55*2)*(2,54-2)",null,3.251,{"$nulls":37},"VV","2","2","True","0","ROZPOCET"]
[{"$nulls":3},"VV","","Součet",null,10.825,{"$nulls":37},"VV","2","4","True","1","ROZPOCET"]
[null,null,"110","K","784181101","Penetrace podkladu jednonásobná základní akrylátová bezbarvá v místnostech výšky do 3,80 m","m2",10.825,27.31,{"$f":"ROUND(I481*H481,2)","v":295.63},"CS ÚRS 2025 01",null,"","základní",null,{"$f":"O481*H481","v":{"v":0,"d":"0.00000"}},{"v":0.0002,"d":"0.00020"},{"$f":"Q481*H481","v":{"v":0.002165,"d":"0.00217"}},{"v":0,"d":"0.00000"},{"$f":"S481*H481","v":{"v":0,"d":"0.00000"}},{"$nulls":23},"16",null,"K","2",{"$nulls":3},"ROZPOCET",{"$nulls":5},{"$f":"IF(N481=\"základní\",J481,0)","v":295.63},{"$f":"IF(N481=\"snížená\",J481,0)","v":{"v":0,"d":"0.00"}},{"$f":"IF(N481=\"zákl. přenesená\",J481,0)","v":{"v":0,"d":"0.00"}},{"$f":"IF(N481=\"sníž. přenesená\",J481,0)","v":{"v":0,"d":"0.00"}},{"$f":"IF(N481=\"nulová\",J481,0)","v":{"v":0,"d":"0.00"}},"1",{"$f":"ROUND(I481*H481,2)","v":295.63},"16","1963468056"]
[{"$nulls":3},"Online PSC",null,"https://podminky.urs.cz/item/CS_URS_2025_01/784181101",{"$nulls":39},"Online PSC","2"]
[null,null,"111","K","784211121","Dvojnásobné bílé malby ze směsí za mokra středně oděruvzdorných v místnostech v do 3,80 m","m2",10.825,83.81,{"$f":"ROUND(I483*H483,2)","v":907.24},"CS ÚRS 2025 01",null,"","základní",null,{"$f":"O483*H483","v":{"v":0,"d":"0.00000"}},{"v":0.0002754,"d":"0.00028"},{"$f":"Q483*H483","v":{"v":2.9812050000000002E-3,"d":"0.00298"}},{"v":0,"d":"0.00000"},{"$f":"S483*H483","v":{"v":0,"d":"0.00000"}},{"$nulls":23},"16",null,"K","2",{"$nulls":3},"ROZPOCET",{"$nulls":5},{"$f":"IF(N483=\"základní\",J483,0)","v":907.24},{"$f":"IF(N483=\"snížená\",J483,0)","v":{"v":0,"d":"0.00"}},{"$f":"IF(N483=\"zákl. přenesená\",J483,0)","v":{"v":0,"d":"0.00"}},{"$f":"IF(N483=\"sníž. přenesená\",J483,0)","v":{"v":0,"d":"0.00"}},{"$f":"IF(N483=\"nulová\",J483,0)","v":{"v":0,"d":"0.00"}},"1",{"$f":"ROUND(I483*H483,2)","v":907.24},"16","-1497367732"]
[{"$nulls":3},"Online PSC",null,"https://podminky.urs.cz/item/CS_URS_2025_01/784211121",{"$nulls":39},"Online PSC","2"]
[{"$nulls":3},"D","VRN","Vedlejší rozpočtové náklady",{"$nulls":3},{"$f":"BK485","v":{"v":3060.62,"d":"3,060.62"}},{"$nulls":5},{"$f":"P486","v":{"v":0,"d":"0.00000"}},null,{"$f":"R486","v":{"v":0,"d":"0.00000"}},null,{"$f":"T486","v":{"v":0,"d":"0.00000"}},{"$nulls":23},"5",null,"D","0",{"$nulls":3},"ROZPOCET",{"$nulls":11},{"$f":"BK486","v":{"v":3060.62,"d":"3,060.62"}}]
[{"$nulls":3},"D","VRN4","Inženýrská činnost",{"$nulls":3},{"$f":"BK486","v":{"v":3060.62,"d":"3,060.62"}},{"$nulls":5},{"$f":"SUM(P487:P488)","v":{"v":0,"d":"0.00000"}},null,{"$f":"SUM(R487:R488)","v":{"v":0,"d":"0.00000"}},null,{"$f":"SUM(T487:T488)","v":{"v":0,"d":"0.00000"}},{"$nulls":23},"5",null,"D","1",{"$nulls":3},"ROZPOCET",{"$nulls":11},{"$f":"SUM(BK487:BK488)","v":{"v":3060.62,"d":"3,060.62"}}]
[null,null,"112","K","043203003","Rozbor vody zkrácený z umyvadla","soubor",{"v":1,"d":"1.000"},{"v":3060.62,"d":"3,060.62"},{"$f":"ROUND(I487*H487,2)","v":{"v":3060.62,"d":"3,060.62"}},"CS ÚRS 2025 01",null,"","základní",null,{"$f":"O487*H487","v":{"v":0,"d":"0.00000"}},{"v":0,"d":"0.00000"},{"$f":"Q487*H487","v":{"v":0,"d":"0.00000"}},{"v":0,"d":"0.00000"},{"$f":"S487*H487","v":{"v":0,"d":"0.00000"}},{"$nulls":23},"1024",null,"K","2",{"$nulls":3},"ROZPOCET",{"$nulls":5},{"$f":"IF(N487=\"základní\",J487,0)","v":{"v":3060.62,"d":"3,060.62"}},{"$f":"IF(N487=\"snížená\",J487,0)","v":{"v":0,"d":"0.00"}},{"$f":"IF(N487=\"zákl. přenesená\",J487,0)","v":{"v":0,"d":"0.00"}},{"$f":"IF(N487=\"sníž. přenesená\",J487,0)","v":{"v":0,"d":"0.00"}},{"$f":"IF(N487=\"nulová\",J487,0)","v":{"v":0,"d":"0.00"}},"1",{"$f":"ROUND(I487*H487,2)","v":{"v":3060.62,"d":"3,060.62"}},"1024","10625605"]
[{"$nulls":3},"Online PSC",null,"https://podminky.urs.cz/item/CS_URS_2025_01/043203003",{"$nulls":39},"Online PSC","2"]

{"sheet":"VRN - Vedlejší rozpočtové...","index":9,"n_rows":91,"n_cols":65,"rows_kept":91,"merged":[[1,11,1,21],[6,4,6,7],[8,4,8,7],[17,4,17,7],[26,4,26,7],[47,4,47,7],[49,4,49,7],[71,4,71,7],[73,4,73,7]]}
[]
[{"$nulls":45},"{bc929385-14e1-4e65-b0e6-897c3f94e34e}"]
[{"$nulls":45},"2"]
[{"$nulls":3},"KRYCÍ LIST SOUPISU PRACÍ",{"$nulls":8},"v ---  níže se nacházejí doplnkové a pomocné údaje k sestavám  --- v",{"$nulls":32},"False"]
[]
[{"$nulls":3},"Stavba:"]
[{"$nulls":4},{"$f":"'Rekapitulace stavby'!K6","v":"Rekonstrukce hygienických prostor ISŠT, Benešov, Černoleská 1997"}]
[{"$nulls":3},"Objekt:"]
[{"$nulls":4},"VRN - Vedlejší rozpočtové náklady"]
[]
[{"$nulls":3},"KSO:",null,"",null,null,"CC-CZ:",""]
[{"$nulls":3},"Místo:",null,"Benešov, Černoleská 1997",null,null,"Datum:",{"$f":"'Rekapitulace stavby'!AN8","v":"2025-08-11"}]
[]
[{"$nulls":3},"Zadavatel:",{"$nulls":4},"IČ:","18620442"]
[{"$nulls":4},"Integrovaná střední škola technická",{"$nulls":3},"DIČ:",""]
[]
[{"$nulls":3},"Účastník:",{"$nulls":4},"IČ:",{"$f":"'Rekapitulace stavby'!AN13","v":"24832898"}]
[{"$nulls":4},{"$f":"'Rekapitulace stavby'!E14","v":"OTISTAV s.r.o."},{"$nulls":3},"DIČ:",{"$f":"'Rekapitulace stavby'!AN14","v":"CZ24832898"}]
[]
[{"$nulls":3},"Projektant:",{"$nulls":4},"IČ:",""]
[{"$nulls":4},"Ing. arch. Ondřej Lovíšek",{"$nulls":3},"DIČ:",""]
[]
[{"$nulls":3},"Zpracovatel:",{"$nulls":4},"IČ:",{"$f":"IF('Rekapitulace stavby'!AN19=\"\",\"\",'Rekapitulace stavby'!AN19)","v":""}]
[{"$nulls":4},{"$f":"IF('Rekapitulace stavby'!E20=\"\",\"\",'Rekapitulace stavby'!E20)","v":" "},{"$nulls":3},"DIČ:",{"$f":"IF('Rekapitulace stavby'!AN20=\"\",\"\",'Rekapitulace stavby'!AN20)","v":""}]
[]
[{"$nulls":3},"Poznámka:"]
[{"$nulls":4},""]
[]
[]
[{"$nulls":3},"Cena bez DPH",{"$nulls":5},{"$f":"ROUND(J82, 2)","v":{"v":14125.92,"d":"14,125.92"}}]
[]
[{"$nulls":5},"Základ daně",null,null,"Sazba daně","Výše daně"]
[{"$nulls":3},"DPH","základní",{"$f":"ROUND((SUM(BE82:BE91)),  2)","v":{"v":14125.92,"d":"14,125.92"}},null,null,{"v":0.21,"d":"21.00%"},{"$f":"ROUND(((SUM(BE82:BE91))*I33),  2)","v":{"v":2966.44,"d":"2,966.44"}}]
[{"$nulls":4},"snížená",{"$f":"ROUND((SUM(BF82:BF91)),  2)","v":{"v":0,"d":"0.00"}},null,null,{"v":0.12,"d":"12.00%"},{"$f":"ROUND(((SUM(BF82:BF91))*I34),  2)","v":{"v":0,"d":"0.00"}}]
[{"$nulls":4},"zákl. přenesená",{"$f":"ROUND((SUM(BG82:BG91)),  2)","v":{"v":0,"d":"0.00"}},null,null,{"v":0.21,"d":"21.00%"},{"$f":"0","v":{"v":0,"d":"0.00"}}]
[{"$nulls":4},"sníž. přenesená",{"$f":"ROUND((SUM(BH82:BH91)),  2)","v":{"v":0,"d":"0.00"}},null,null,{"v":0.12,"d":"12.00%"},{"$f":"0","v":{"v":0,"d":"0.00"}}]
[{"$nulls":4},"nulová",{"$f":"ROUND((SUM(BI82:BI91)),  2)","v":{"v":0,"d":"0.00"}},null,null,{"v":0,"d":"0.00%"},{"$f":"0","v":{"v":0,"d":"0.00"}}]
[]
[{"$nulls":3},"Cena s DPH",null,null,"v","CZK",null,{"$f":"SUM(J30:J37)","v":{"v":17092.36,"d":"17,092.36"}}]
[]
[]
[]
[]
[]
[null,null,"REKAPITULACE ČLENĚNÍ SOUPISU PRACÍ"]
[]
[null,null,"Stavba:"]
[{"$nulls":4},{"$f":"E7","v":"Rekonstrukce hygienických prostor ISŠT, Benešov, Černoleská 1997"}]
[null,null,"Objekt:"]
[{"$nulls":4},{"$f":"E9","v":"VRN - Vedlejší rozpočtové náklady"}]
[]
[null,null,"Místo:",null,null,{"$f":"F12","v":"Benešov, Černoleská 1997"},null,null,"Datum:",{"$f":"IF(J12=\"\",\"\",J12)","v":"2025-08-11"}]
[]
[null,null,"Zadavatel:",null,null,{"$f":"E15","v":"Integrovaná střední škola technická"},null,null,"Projektant:",{"$f":"E21","v":"Ing. arch. Ondřej Lovíšek"}]
[null,null,"Účastník:",null,null,{"$f":"IF(E18=\"\",\"\",E18)","v":"OTISTAV s.r.o."},null,null,"Zpracovatel:",{"$f":"E24","v":" "}]
[]
[null,null,"Kód dílu - Popis",{"$nulls":6},"Cena celkem [CZK]"]
[]
[null,null,"Náklady stavby celkem",{"$nulls":6},{"$f":"J82","v":{"v":14125.920000000002,"d":"14,125.92"}},{"$nulls":36},"-1"]
[{"$nulls":3},"VRN - Vedlejší rozpočtové náklady",{"$nulls":5},{"$f":"J83","v":{"v":14125.920000000002,"d":"14,125.92"}}]
[{"$nulls":3},"    VRN1 - Průzkumné, geodetické a projektové práce",{"$nulls":5},{"$f":"J84","v":{"v":4708.64,"d":"4,708.64"}}]
[{"$nulls":3},"    VRN3 - Zařízení staveniště",{"$nulls":5},{"$f":"J87","v":{"v":9417.28,"d":"9,417.28"}}]
[]
[]
[]
[]
[]
[]
[null,null,"SOUPIS PRACÍ"]
[]
[null,null,"Stavba:"]
[{"$nulls":4},{"$f":"E7","v":"Rekonstrukce hygienických prostor ISŠT, Benešov, Černoleská 1997"}]
[null,null,"Objekt:"]
[{"$nulls":4},{"$f":"E9","v":"VRN - Vedlejší rozpočtové náklady"}]
[]
[null,null,"Místo:",null,null,{"$f":"F12","v":"Benešov, Černoleská 1997"},null,null,"Datum:",{"$f":"IF(J12=\"\",\"\",J12)","v":"2025-08-11"}]
[]
[null,null,"Zadavatel:",null,null,{"$f":"E15","v":"Integrovaná střední škola technická"},null,null,"Projektant:",{"$f":"E21","v":"Ing. arch. Ondřej Lovíšek"}]
[null,null,"Účastník:",null,null,{"$f":"IF(E18=\"\",\"\",E18)","v":"OTISTAV s.r.o."},null,null,"Zpracovatel:",{"$f":"E24","v":" "}]
[]
[null,null,"PČ","Typ","Kód","Popis","MJ","Množství","J.cena [CZK]","Cena celkem [CZK]","Cenová soustava",null,"","DPH","J. Nh [h]","Nh celkem [h]","J. hmotnost [t]","Hmotnost celkem [t]","J. suť [t]","Suť Celkem [t]"]
[null,null,"Náklady soupisu celkem",{"$nulls":6},{"$f":"BK82","v":{"v":14125.920000000002,"d":"14,125.92"}},{"$nulls":5},{"$f":"P83","v":{"v":0,"d":"0.00000"}},null,{"$f":"R83","v":{"v":0,"d":"0.00000"}},null,{"$f":"T83","v":{"v":0,"d":"0.00000"}},{"$nulls":25},"D","-1",{"$nulls":15},{"$f":"BK83","v":{"v":14125.920000000002,"d":"14,125.92"}}]
[{"$nulls":3},"D","VRN","Vedlejší rozpočtové náklady",{"$nulls":3},{"$f":"BK83","v":{"v":14125.920000000002,"d":"14,125.92"}},{"$nulls":5},{"$f":"P84+P87","v":{"v":0,"d":"0.00000"}},null,{"$f":"R84+R87","v":{"v":0,"d":"0.00000"}},null,{"$f":"T84+T87","v":{"v":0,"d":"0.00000"}},{"$nulls":23},"5",null,"D","0",{"$nulls":3},"ROZPOCET",{"$nulls":11},{"$f":"BK84+BK87","v":{"v":14125.920000000002,"d":"14,125.92"}}]
[{"$nulls":3},"D","VRN1","Průzkumné, geodetické a projektové práce",{"$nulls":3},{"$f":"BK84","v":{"v":4708.64,"d":"4,708.64"}},{"$nulls":5},{"$f":"SUM(P85:P86)","v":{"v":0,"d":"0.00000"}},null,{"$f":"SUM(R85:R86)","v":{"v":0,"d":"0.00000"}},null,{"$f":"SUM(T85:T86)","v":{"v":0,"d":"0.00000"}},{"$nulls":23},"5",null,"D","1",{"$nulls":3},"ROZPOCET",{"$nulls":11},{"$f":"SUM(BK85:BK86)","v":{"v":4708.64,"d":"4,708.64"}}]
[null,null,"1","K","013254000","Dokumentace skutečného provedení stavby","soubor",{"v":1,"d":"1.000"},{"v":4708.64,"d":"4,708.64"},{"$f":"ROUND(I85*H85,2)","v":{"v":4708.64,"d":"4,708.64"}},"CS ÚRS 2024 01",null,"","základní",null,{"$f":"O85*H85","v":{"v":0,"d":"0.00000"}},{"v":0,"d":"0.00000"},{"$f":"Q85*H85","v":{"v":0,"d":"0.00000"}},{"v":0,"d":"0.00000"},{"$f":"S85*H85","v":{"v":0,"d":"0.00000"}},{"$nulls":23},"1024",null,"K","2",{"$nulls":3},"ROZPOCET",{"$nulls":5},{"$f":"IF(N85=\"základní\",J85,0)","v":{"v":4708.64,"d":"4,708.64"}},{"$f":"IF(N85=\"snížená\",J85,0)","v":{"v":0,"d":"0.00"}},{"$f":"IF(N85=\"zákl. přenesená\",J85,0)","v":{"v":0,"d":"0.00"}},{"$f":"IF(N85=\"sníž. přenesená\",J85,0)","v":{"v":0,"d":"0.00"}},{"$f":"IF(N85=\"nulová\",J85,0)","v":{"v":0,"d":"0.00"}},"1",{"$f":"ROUND(I85*H85,2)","v":{"v":4708.64,"d":"4,708.64"}},"1024","1627237480"]
[{"$nulls":3},"Online PSC",null,"https://podminky.urs.cz/item/CS_URS_2024_01/013254000",{"$nulls":39},"Online PSC","2"]
[{"$nulls":3},"D","VRN3","Zařízení staveniště",{"$nulls":3},{"$f":"BK87","v":{"v":9417.28,"d":"9,417.28"}},{"$nulls":5},{"$f":"SUM(P88:P91)","v":{"v":0,"d":"0.00000"}},null,{"$f":"SUM(R88:R91)","v":{"v":0,"d":"0.00000"}},null,{"$f":"SUM(T88:T91)","v":{"v":0,"d":"0.00000"}},{"$nulls":23},"5",null,"D","1",{"$nulls":3},"ROZPOCET",{"$nulls":11},{"$f":"SUM(BK88:BK91)","v":{"v":9417.28,"d":"9,417.28"}}]
[null,null,"2","K","032903000","Zařízení staveniště","soubor",{"v":1,"d":"1.000"},{"v":4708.64,"d":"4,708.64"},{"$f":"ROUND(I88*H88,2)","v":{"v":4708.64,"d":"4,708.64"}},"CS ÚRS 2024 01",null,"","základní",null,{"$f":"O88*H88","v":{"v":0,"d":"0.00000"}},{"v":0,"d":"0.00000"},{"$f":"Q88*H88","v":{"v":0,"d":"0.00000"}},{"v":0,"d":"0.00000"},{"$f":"S88*H88","v":{"v":0,"d":"0.00000"}},{"$nulls":23},"1024",null,"K","2",{"$nulls":3},"ROZPOCET",{"$nulls":5},{"$f":"IF(N88=\"základní\",J88,0)","v":{"v":4708.64,"d":"4,708.64"}},{"$f":"IF(N88=\"snížená\",J88,0)","v":{"v":0,"d":"0.00"}},{"$f":"IF(N88=\"zákl. přenesená\",J88,0)","v":{"v":0,"d":"0.00"}},{"$f":"IF(N88=\"sníž. přenesená\",J88,0)","v":{"v":0,"d":"0.00"}},{"$f":"IF(N88=\"nulová\",J88,0)","v":{"v":0,"d":"0.00"}},"1",{"$f":"ROUND(I88*H88,2)","v":{"v":4708.64,"d":"4,708.64"}},"1024","-491734467"]
[{"$nulls":3},"Online PSC",null,"https://podminky.urs.cz/item/CS_URS_2024_01/032903000",{"$nulls":39},"Online PSC","2"]
[null,null,"3","K","034703000","Ochranné konstrukce - zakrývání ploch a kontrukcí před poškozením","soubor",{"v":1,"d":"1.000"},{"v":4708.64,"d":"4,708.64"},{"$f":"ROUND(I90*H90,2)","v":{"v":4708.64,"d":"4,708.64"}},"CS ÚRS 2025 01",null,"","základní",null,{"$f":"O90*H90","v":{"v":0,"d":"0.00000"}},{"v":0,"d":"0.00000"},{"$f":"Q90*H90","v":{"v":0,"d":"0.00000"}},{"v":0,"d":"0.00000"},{"$f":"S90*H90","v":{"v":0,"d":"0.00000"}},{"$nulls":23},"1024",null,"K","2",{"$nulls":3},"ROZPOCET",{"$nulls":5},{"$f":"IF(N90=\"základní\",J90,0)","v":{"v":4708.64,"d":"4,708.64"}},{"$f":"IF(N90=\"snížená\",J90,0)","v":{"v":0,"d":"0.00"}},{"$f":"IF(N90=\"zákl. přenesená\",J90,0)","v":{"v":0,"d":"0.00"}},{"$f":"IF(N90=\"sníž. přenesená\",J90,0)","v":{"v":0,"d":"0.00"}},{"$f":"IF(N90=\"nulová\",J90,0)","v":{"v":0,"d":"0.00"}},"1",{"$f":"ROUND(I90*H90,2)","v":{"v":4708.64,"d":"4,708.64"}},"1024","-794109491"]
[{"$nulls":3},"Online PSC",null,"https://podminky.urs.cz/item/CS_URS_2025_01/034703000",{"$nulls":39},"Online PSC","2"]

{"sheet":"Pokyny pro vyplnění","index":10,"n_rows":218,"n_cols":10,"rows_kept":218,"merged":[[2,2,2,9],[3,2,3,9],[5,2,5,9],[6,2,6,9],[8,2,8,9],[9,3,9,9],[10,3,10,9],[14,3,14,9],[15,3,15,9],[16,3,16,9],[17,5,17,9],[18,5,18,9],[19,5,19,9],[20,5,20,9],[21,5,21,9],[22,5,22,9],[24,2,24,9],[25,2,25,9],[26,3,26,9],[27,3,27,9],[29,3,29,9],[30,3,30,9],[32,3,32,9],[33,3,33,9],[34,3,34,9],[35,6,35,9],[36,6,36,9],[37,6,37,9],[38,6,38,9],[39,6,39,9],[40,6,40,9],[41,6,41,9],[42,6,42,9],[43,6,43,9],[44,6,44,9],[46,3,46,9],[47,4,47,9],[48,4,48,9],[49,4,49,9],[50,3,50,9],[51,2,51,9],[53,2,53,9],[54,2,54,9],[56,2,56,9],[57,3,57,9],[58,3,58,9],[59,3,59,9],[60,3,60,9],[61,3,61,9],[62,3,62,9],[64,3,64,9],[65,3,65,9],[66,3,66,9],[67,3,67,9],[68,3,68,9],[69,3,69,9],[74,2,74,9],[101,2,101,9],[121,2,121,9],[146,2,146,9],[164,2,164,9],[199,2,199,9],[200,7,200,9],[202,7,202,9],[203,7,203,9],[204,7,204,9],[205,7,205,9],[206,7,206,9],[208,7,208,9],[209,7,209,9],[210,7,210,9],[211,7,211,9],[212,7,212,9],[214,7,214,9],[215,7,215,9],[216,7,216,9],[217,7,217,9]]}
[]
[]
[null,null,"Struktura údajů, formát souboru a metodika pro zpracování"]
[null,null,"Struktura"]
[]
[null,null,"Soubor je složen ze záložky Rekapitulace stavby a záložek s názvem soupisu prací pro jednotlivé objekty ve formátu XLSX. Každá ze záložek přitom obsahuje"]
[null,null,"ještě samostatné sestavy vymezené orámovaním a nadpisem sestavy."]
[]
[null,null,"Rekapitulace stavby obsahuje sestavu Rekapitulace stavby a Rekapitulace objektů stavby a soupisů prací."]
[{"$nulls":3},"V sestavě Rekapitulace stavby jsou uvedeny informace identifikující předmět veřejné zakázky na stavební práce, KSO, CC-CZ, CZ-CPV, CZ-CPA a rekapitulaci "]
[{"$nulls":3},"celkové nabídkové ceny účastníka."]
[]
[{"$nulls":3},"Termínem \"učastník\" (resp. zhotovitel) se myslí \"účastník zadávacího řízení\" ve smyslu zákona o zadávání veřejných zakázek. "]
[]
[{"$nulls":3},"V sestavě Rekapitulace objektů stavby a soupisů prací je uvedena rekapitulace stavebních objektů, inženýrských objektů, provozních souborů,"]
[{"$nulls":3},"vedlejších a ostatních nákladů a ostatních nákladů s rekapitulací nabídkové ceny za jednotlivé soupisy prací. Na základě údaje Typ je možné"]
[{"$nulls":3},"identifikovat, zda se jedná o objekt nebo soupis prací pro daný objekt:"]
[{"$nulls":4},"STA","Stavební objekt pozemní"]
[{"$nulls":4},"ING","Stavební objekt inženýrský"]
[{"$nulls":4},"PRO","Provozní soubor"]
[{"$nulls":4},"VON","Vedlejší a ostatní náklady"]
[{"$nulls":4},"OST","Ostatní"]
[{"$nulls":4},"Soupis","Soupis prací pro daný typ objektu"]
[]
[null,null,"Soupis prací pro jednotlivé objekty obsahuje sestavy Krycí list soupisu prací, Rekapitulace členění soupisu prací, Soupis prací. Za soupis prací může být považován"]
[null,null,"i objekt stavby v případě, že neobsahuje podřízenou zakázku."]
[{"$nulls":3},"Krycí list soupisu obsahuje rekapitulaci informací o předmětu veřejné zakázky ze sestavy Rekapitulace stavby, informaci o zařazení objektu do KSO, "]
[{"$nulls":3},"CC-CZ, CZ-CPV, CZ-CPA a rekapitulaci celkové nabídkové ceny účastníka za aktuální soupis prací."]
[]
[{"$nulls":3},"Rekapitulace členění soupisu prací obsahuje rekapitulaci soupisu prací ve všech úrovních členění soupisu tak, jak byla tato členění použita (např. "]
[{"$nulls":3},"stavební díly, funkční díly, případně jiné členění) s rekapitulací nabídkové ceny."]
[]
[{"$nulls":3},"Soupis prací obsahuje položky veškerých stavebních nebo montážních prací, dodávek materiálů a služeb nezbytných pro zhotovení stavebního objektu,"]
[{"$nulls":3},"inženýrského objektu, provozního souboru, vedlejších a ostatních nákladů."]
[{"$nulls":3},"Pro položky soupisu prací se zobrazují následující informace:"]
[{"$nulls":4},"PČ",null,"Pořadové číslo položky v aktuálním soupisu"]
[{"$nulls":4},"TYP",null,"Typ položky: K - konstrukce, M - materiál, PP - plný popis, PSC - poznámka k souboru cen,  P - poznámka k položce, VV - výkaz výměr, FIG - rozpad figur"]
[{"$nulls":4},"Kód",null,"Kód položky"]
[{"$nulls":4},"Popis",null,"Zkrácený popis položky"]
[{"$nulls":4},"MJ",null,"Měrná jednotka položky"]
[{"$nulls":4},"Množství",null,"Množství v měrné jednotce"]
[{"$nulls":4},"J.cena",null,"Jednotková cena položky. Zadaní může obsahovat namísto J.ceny sloupce J.materiál a J.montáž, jejichž součet definuje "]
[{"$nulls":6},"J.cenu položky."]
[{"$nulls":4},"Cena celkem ",null,"Celková cena položky daná jako součin množství a j.ceny"]
[{"$nulls":4},"Cenová soustava",null,"Příslušnost položky do cenové soustavy"]
[]
[{"$nulls":3},"Ke každé položce soupisu prací se na samostatných řádcích může zobrazovat:"]
[{"$nulls":4},"Plný popis položky"]
[{"$nulls":4},"Poznámka k souboru cen a poznámka zadavatele"]
[{"$nulls":4},"Výkaz výměr"]
[{"$nulls":3},"Pokud je k řádku výkazu výměr evidovaný údaj ve sloupci Kód, jedná se o definovaný odkaz, na který se může odvolávat výkaz výměr z jiné položky."]
[null,null,"Metodika pro zpracování "]
[]
[null,null,"Jednotlivé sestavy jsou v souboru provázány. Editovatelné pole jsou zvýrazněny žlutým podbarvením, ostatní pole neslouží k editaci a nesmí být jakkoliv"]
[null,null,"modifikovány."]
[]
[null,null,"Účastník je pro podání nabídky povinen vyplnit žlutě podbarvená pole: "]
[{"$nulls":3},"Pole Účastník v sestavě Rekapitulace stavby - zde účastník vyplní svůj název (název subjektu) "]
[{"$nulls":3},"Pole IČ a DIČ v sestavě Rekapitulace stavby - zde účastník vyplní svoje IČ a DIČ"]
[{"$nulls":3},"Datum v sestavě Rekapitulace stavby - zde účastník vyplní datum vytvoření nabídky"]
[{"$nulls":3},"J.cena = jednotková cena v sestavě Soupis prací o maximálním počtu desetinných míst uvedených v poli"]
[{"$nulls":3},"- pokud sestavy soupisů prací obsahují pole J.cena, měla by být všechna tato pole vyplněna nenulovými"]
[{"$nulls":3},"Poznámka - nepovinný údaj pro položku soupisu"]
[]
[{"$nulls":3},"V případě, že sestavy soupisů prací neobsahují pole J.cena, potom ve všech soupisech prací obsahují pole:"]
[{"$nulls":3}," - J.materiál - jednotková cena materiálu "]
[{"$nulls":3}," - J.montáž - jednotková cena montáže"]
[{"$nulls":3},"Účastník v tomto případě by měl vyplnit všechna pole J.materiál a pole J.montáž nenulovými kladnými číslicemi. V případech, kdy položka"]
[{"$nulls":3},"neobsahuje žádný materiál je přípustné, aby pole J.materiál bylo vyplněno nulou. V případech, kdy položka neobsahuje žádnou montáž je přípustné,"]
[{"$nulls":3},"aby pole J.montáž bylo vyplněno nulou. Obě pole - J.materiál, J.Montáž u jedné položky by však neměly být vyplněny nulou."]
[]
[]
[]
[]
[null,null,"Rekapitulace stavby"]
[null,null,"Název",null,null,"Povinný",null,"Popis","Typ","Max. počet"]
[null,null,"atributu",null,null,"(A/N)",{"$nulls":3},"znaků"]
[]
[null,null,"Kód",null,null,"A",null,"Kód stavby","String",20]
[null,null,"Stavba",null,null,"A",null,"Název stavby","String",120]
[null,null,"Místo",null,null,"N",null,"Místo stavby","String",50]
[null,null,"Datum",null,null,"A",null,"Datum vykonaného exportu","Date"]
[null,null,"KSO",null,null,"N",null,"Klasifikace stavebního objektu","String",15]
[null,null,"CC-CZ",null,null,"N",null,"Klasifikace stavbeních děl","String",15]
[null,null,"CZ-CPV",null,null,"N",null,"Společný slovník pro veřejné zakázky","String",20]
[null,null,"CZ-CPA",null,null,"N",null,"Klasifikace produkce podle činností","String",20]
[null,null,"Zadavatel",null,null,"N",null,"Zadavatel zadaní","String",50]
[null,null,"IČ",null,null,"N",null,"IČ zadavatele zadaní","String",20]
[null,null,"DIČ",null,null,"N",null,"DIČ zadavatele zadaní","String",20]
[null,null,"Účastník",null,null,"N",null,"Účastník veřejné zakázky","String",50]
[null,null,"Projektant",null,null,"N",null,"Projektant","String",50]
[null,null,"Poznámka",null,null,"N",null,"Poznámka k zadání","String",255]
[null,null,"Sazba DPH",null,null,"A",null,"Rekapitulace sazeb DPH u položek soupisů","eGSazbaDph"]
[null,null,"Základna DPH",null,null,"A",null,"Základna DPH určena součtem celkové ceny z položek soupisů","Double"]
[null,null,"Hodnota DPH",null,null,"A",null,"Hodnota DPH","Double"]
[null,null,"Cena bez DPH",null,null,"A",null,"Celková cena bez DPH za celou stavbu. Sčítává se ze všech listů.","Double"]
[null,null,"Cena s DPH",null,null,"A",null,"Celková cena s DPH za celou stavbu","Double"]
[]
[]
[]
[]
[null,null,"Rekapitulace objektů stavby a soupisů prací"]
[null,null,"Název",null,null,"Povinný",null,"Popis","Typ","Max. počet"]
[null,null,"atributu",null,null,"(A/N)",{"$nulls":3},"znaků"]
[]
[null,null,"Kód",null,null,"A",null,"Přebírá se z Rekapitulace stavby","String",20]
[null,null,"Stavba",null,null,"A",null,"Přebírá se z Rekapitulace stavby","String",120]
[null,null,"Místo",null,null,"N",null,"Přebírá se z Rekapitulace stavby","String",50]
[null,null,"Datum",null,null,"A",null,"Přebírá se z Rekapitulace stavby","Date"]
[null,null,"Zadavatel",null,null,"N",null,"Přebírá se z Rekapitulace stavby","String",50]
[null,null,"Projektant",null,null,"N",null,"Přebírá se z Rekapitulace stavby","String",50]
[null,null,"Účastník",null,null,"N",null,"Přebírá se z Rekapitulace stavby","String",50]
[null,null,"Kód",null,null,"A",null,"Kód objektu","String",20]
[null,null,"Objektu, Soupis prací",null,null,"A",null,"Název objektu","String",120]
[null,null,"Cena bez DPH",null,null,"A",null,"Cena bez DPH za daný objekt","Double"]
[null,null,"Cena s DPH",null,null,"A",null,"Cena spolu s DPH za daný objekt","Double"]
[null,null,"Typ",null,null,"A",null,"Typ zakázky","eGTypZakazky"]
[]
[]
[]
[]
[null,null,"Krycí list soupisu"]
[null,null,"Název",null,null,"Povinný",null,"Popis","Typ","Max. počet"]
[null,null,"atributu",null,null,"(A/N)",{"$nulls":3},"znaků"]
[]
[null,null,"Stavba",null,null,"A",null,"Přebírá se z Rekapitulace stavby","String",120]
[null,null,"Objekt",null,null,"A",null,"Kód a název objektu","String","20 + 120"]
[null,null,"Soupis",null,null,"A",null,"Kód a název soupisu","String","20 + 120"]
[null,null,"KSO",null,null,"N",null,"Klasifikace stavebního objektu","String",15]
[null,null,"CC-CZ",null,null,"N",null,"Klasifikace stavbeních děl","String",15]
[null,null,"CZ-CPV",null,null,"N",null,"Společný slovník pro veřejné zakázky","String",20]
[null,null,"CZ-CPA",null,null,"N",null,"Klasifikace produkce podle činností","String",20]
[null,null,"Místo",null,null,"N",null,"Přebírá se z Rekapitulace stavby","String",50]
[null,null,"Zadavatel",null,null,"N",null,"Přebírá se z Rekapitulace stavby","String",50]
[null,null,"Účastník",null,null,"N",null,"Přebírá se z Rekapitulace stavby","String",50]
[null,null,"Projektant",null,null,"N",null,"Přebírá se z Rekapitulace stavby","String",50]
[null,null,"Poznámka",null,null,"N",null,"Poznámka k soupisu prací","String",255]
[null,null,"Sazba DPH",null,null,"A",null,"Rekapitulace sazeb DPH na položkách aktuálního soupisu","eGSazbaDph"]
[null,null,"Základna DPH",null,null,"A",null,"Základna DPH určena součtem celkové ceny z položek aktuálního soupisu","Double"]
[null,null,"Hodnota DPH",null,null,"A",null,"Hodnota DPH","Double"]
[null,null,"Cena bez DPH",null,null,"A",null,"Cena bez DPH za daný soupis","Double"]
[null,null,"Cena s DPH",null,null,"A",null,"Cena s DPH za daný soupis","Double"]
[]
[]
[]
[]
[null,null,"Rekapitulace členění soupisu prací"]
[null,null,"Název",null,null,"Povinný",null,"Popis","Typ","Max. počet"]
[null,null,"atributu",null,null,"(A/N)",{"$nulls":3},"znaků"]
[]
[null,null,"Stavba",null,null,"A",null,"Přebírá se z Rekapitulace stavby","String",120]
[null,null,"Objekt",null,null,"A",null,"Kód a název objektu, přebírá se z Krycího listu soupisu","String","20 + 120"]
[null,null,"Soupis",null,null,"A",null,"Kód a název objektu, přebírá se z Krycího listu soupisu","String","20 + 120"]
[null,null,"Místo",null,null,"N",null,"Přebírá se z Rekapitulace stavby","String",50]
[null,null,"Datum",null,null,"A",null,"Přebírá se z Rekapitulace stavby","Date"]
[null,null,"Zadavatel",null,null,"N",null,"Přebírá se z Rekapitulace stavby","String",50]
[null,null,"Projektant",null,null,"N",null,"Přebírá se z Rekapitulace stavby","String",50]
[null,null,"Účastník",null,null,"N",null,"Přebírá se z Rekapitulace stavby","String",50]
[null,null,"Kód dílu - Popis",null,null,"A",null,"Kód a název dílu ze soupisu","String","20 + 100"]
[null,null,"Cena celkem",null,null,"A",null,"Cena celkem za díl ze soupisu","Double"]
[]
[]
[]
[]
[null,null,"Soupis prací"]
[null,null,"Název",null,null,"Povinný",null,"Popis","Typ","Max. počet"]
[null,null,"atributu",null,null,"(A/N)",{"$nulls":3},"znaků"]
[]
[null,null,"Stavba",null,null,"A",null,"Přebírá se z Rekapitulace stavby","String",120]
[null,null,"Objekt",null,null,"A",null,"Kód a název objektu","String","20 + 120"]
[null,null,"Soupis",null,null,"A",null,"Přebírá se z Krycího listu soupisu","String","20 + 120"]
[null,null,"Místo",null,null,"N",null,"Přebírá se z Krycího listu soupisu","String",50]
[null,null,"Datum",null,null,"A",null,"Přebírá se z Krycího listu soupisu","Date"]
[null,null,"Zadavatel",null,null,"N",null,"Přebírá se z Krycího listu soupisu","String",50]
[null,null,"Projektant",null,null,"N",null,"Přebírá se z Krycího listu soupisu","String",50]
[null,null,"Účastník",null,null,"N",null,"Přebírá se z Krycího listu soupisu","String",50]
[null,null,"PČ",null,null,"A",null,"Pořadové číslo položky soupisu","Long"]
[null,null,"Typ",null,null,"A",null,"Typ položky soupisu","eGTypPolozky",1]
[null,null,"Kód",null,null,"A",null,"Kód položky ze soupisu","String",20]
[null,null,"Popis",null,null,"A",null,"Popis položky ze soupisu","String",255]
[null,null,"MJ",null,null,"A",null,"Měrná jednotka položky","String",10]
[null,null,"Množství",null,null,"A",null,"Množství položky soupisu","Double"]
[null,null,"J.Cena",null,null,"A",null,"Jednotková cena položky","Double"]
[null,null,"Cena celkem",null,null,"A",null,"Cena celkem vyčíslena jako J.Cena * Množství","Double"]
[null,null,"Cenová soustava",null,null,"N",null,"Zařazení položky do cenové soustavy","String",50]
[null,null,"p",null,null,"N",null,"Poznámka položky ze soupisu","Memo"]
[null,null,"psc",null,null,"N",null,"Poznámka k souboru cen ze soupisu","Memo"]
[null,null,"pp",null,null,"N",null,"Plný popis položky ze soupisu","Memo"]
[null,null,"vv",null,null,"N",null,"Výkaz výměr (figura, výraz, výměra) ze soupisu","Text,Text,Double","20, 150"]
[null,null,"fig",null,null,"N",null,"Rozpad figur","Text,Text,Double","20, 150"]
[null,null,"DPH",null,null,"A",null,"Sazba DPH pro položku","eGSazbaDPH"]
[null,null,"Hmotnost",null,null,"A",null,"Hmotnost položky ze soupisu","Double"]
[null,null,"Suť",null,null,"A",null,"Suť položky ze soupisu","Double"]
[null,null,"Nh",null,null,"N",null,"Normohodiny položky ze soupisu","Double"]
[]
[]
[]
[]
[]
[null,null,"Datová věta"]
[null,null,"Typ věty",null,null,"Hodnota",null,"Význam"]
[]
[null,null,"eGSazbaDPH",null,null,"základní",null,"Základní sazba DPH"]
[{"$nulls":5},"snížená",null,"Snížená sazba DPH"]
[{"$nulls":5},"nulová",null,"Nulová sazba DPH"]
[{"$nulls":5},"zákl. přenesená",null,"Základní sazba DPH přenesená"]
[{"$nulls":5},"sníž. přenesená",null,"Snížená sazba DPH přenesená"]
[]
[null,null,"eGTypZakazky",null,null,"STA",null,"Stavební objekt"]
[{"$nulls":5},"PRO",null,"Provozní soubor"]
[{"$nulls":5},"ING",null,"Inženýrský objekt"]
[{"$nulls":5},"VON",null,"Vedlejší a ostatní náklady"]
[{"$nulls":5},"OST",null,"Ostatní náklady"]
[]
[null,null,"eGTypPolozky",null,null,1,null,"Položka typu HSV"]
[{"$nulls":5},2,null,"Položka typu PSV"]
[{"$nulls":5},3,null,"Položka typu M"]
[{"$nulls":5},4,null,"Položka typu OST"]